{"text_format":"3","workbook":"xlsx","n_sheets":2,"sheets":["META","0033_ASR-EW-2020_GKL_WTS"],"not_rendered":{"defined_names":1},"read":"whole","date_system":"1900"}

{"sheet":"META","index":0,"n_rows":28,"n_cols":2,"rows_kept":28}
["Variable","Beschreibung"]
["BL_KZ","Bundeslandkennzahl"]
["BKZ","Bezirkskennzahl"]
["GKZ","Gemeindekennzahl"]
["GEM_FL_ha","Gemeindefläche [ha]"]
["GEM_EW","EinwohnerInnen in der Gemeinde"]
["GEM_EW_ha","EinwohnerInnendichte der Gemeinde [EW/ha]"]
["GEM_Status","Gemeindestatus"]
["URTYP","Urtyp"]
["ZSP_NR","Zählsprengelnummer"]
["ZSP_FL_ha","Zählsprengelfläche [ha]"]
["ZSP_EW","EinwohnerInnen im Zählsprengel"]
["ZSP_EW_ha","EinwohnerInnendichte des Zählsprengels [EW/ha]"]
["ASR_FL_ha","ASR-Fläche [ha]"]
["EW_FAKT","EW-Faktor = EW-Anteil im ASR gemäß URTYP-Kalibrierung NÖ adressgenau"]
["ASR_EW","EinwohnerInnen im ASR"]
["nASR_EW","EinwohnerInnen im Nicht-ASR"]
["ASR_0_1","Lage der GKLp_ID\n- 0 --> nicht im ASR \n- 1 --> im ASR"]
["ASRp_ID","Eindeutige ID des ASR-Parts"]
["ASRp_FL_ha","Fläche des ASRp"]
["ASRP_EWAnt","EW-Anteil im ASRp \n- 0 = nicht-ASR \n- >0 = im ASR"]
["ASRp_EW","EinwohnerInnen im ASRp"]
["ASRZSP_Ant","Anteil des ASR am ZSP"]
["GKLp_ID","Eindeutige ID des GKL-Parts"]
["GKL","Güteklasse des GKLp"]
["GKL_FL_ha","Fläche des GKLp"]
["GKLanASRp","Anteil des GKLp am ASRp"]
["GKL_EW","EinwohnerInnen im GKLp"]

{"sheet":"0033_ASR-EW-2020_GKL_WTS","index":1,"n_rows":337919,"n_cols":27,"rows_kept":2250,"cut":true,"bounds":{"rows_first":1000,"rows_last":250,"rows_between":1000,"halvings":1}}
["BL_KZ","BKZ","GKZ","GEM_FL_ha","GEM_EW","GEM_EW_ha","GEM_Status","URTYP","ZSP_NR","ZSP_FL_ha","ZSP_EW","ZSP_EW_ha","ASR_FL_ha","EW_FAKT","ASR_EW","nASR_EW","ASR_0_1","ASRp_ID","ASRp_FL_ha","ASRP_EWAnt","ASRp_EW","ASRZSP_Ant","GKLp_ID","GKL","GKL_FL_ha","GKLanASRp","GKL_EW"]
[2,203,20302,{"v":3646.44541299999,"d":"3,646.45"},1212,{"v":0.332378484,"d":"0.33"}," ",430,20302000,{"v":3646.44541312999,"d":"3,646.45"},1212,{"v":0.332378484,"d":"0.33"},{"v":0,"d":"0.00"},{"v":0.905906425,"d":"0.91"},{"v":1097.958587,"d":"1,097.96"},{"v":114.041413199999,"d":"114.04"},0,"0_20302000_517",{"v":3530.37678009999,"d":"3,530.38"},{"v":0,"d":"0.00"},{"v":114.041413199999,"d":"114.04"},{"v":0,"d":"0.00"},"0_20302000_517_0","außerhalb GKL",{"v":3347.59871857999,"d":"3,347.60"},{"v":0.948227038386,"d":"0.95"},{"v":108.137151492,"d":"108.14"}]
[2,203,20302,{"v":3646.44541299999,"d":"3,646.45"},1212,{"v":0.332378484,"d":"0.33"}," ",430,20302000,{"v":3646.44541312999,"d":"3,646.45"},1212,{"v":0.332378484,"d":"0.33"},{"v":0,"d":"0.00"},{"v":0.905906425,"d":"0.91"},{"v":1097.958587,"d":"1,097.96"},{"v":114.041413199999,"d":"114.04"},0,"0_20302000_517",{"v":3530.37678009999,"d":"3,530.38"},{"v":0,"d":"0.00"},{"v":114.041413199999,"d":"114.04"},{"v":0,"d":"0.00"},"0_20302000_517_1","E",{"v":0.03395449819,"d":"0.03"},{"v":9.617811442e-06,"d":"0.00"},{"v":0.00109682880873,"d":"0.00"}]
[2,203,20302,{"v":3646.44541299999,"d":"3,646.45"},1212,{"v":0.332378484,"d":"0.33"}," ",430,20302000,{"v":3646.44541312999,"d":"3,646.45"},1212,{"v":0.332378484,"d":"0.33"},{"v":0,"d":"0.00"},{"v":0.905906425,"d":"0.91"},{"v":1097.958587,"d":"1,097.96"},{"v":114.041413199999,"d":"114.04"},0,"0_20302000_517",{"v":3530.37678009999,"d":"3,530.38"},{"v":0,"d":"0.00"},{"v":114.041413199999,"d":"114.04"},{"v":0,"d":"0.00"},"0_20302000_517_2","E",{"v":0.00426064384259,"d":"0.00"},{"v":1.206852443E-6,"d":"0.00"},{"v":1.3763115815E-4,"d":"0.00"}]
[2,203,20302,{"v":3646.44541299999,"d":"3,646.45"},1212,{"v":0.332378484,"d":"0.33"}," ",430,20302000,{"v":3646.44541312999,"d":"3,646.45"},1212,{"v":0.332378484,"d":"0.33"},{"v":0,"d":"0.00"},{"v":0.905906425,"d":"0.91"},{"v":1097.958587,"d":"1,097.96"},{"v":114.041413199999,"d":"114.04"},0,"0_20302000_517",{"v":3530.37678009999,"d":"3,530.38"},{"v":0,"d":"0.00"},{"v":114.041413199999,"d":"114.04"},{"v":0,"d":"0.00"},"0_20302000_517_3","E",{"v":0.0150619010433,"d":"0.02"},{"v":4.266372113e-06,"d":"0.00"},{"v":0.000486543105013,"d":"0.00"}]
[2,203,20302,{"v":3646.44541299999,"d":"3,646.45"},1212,{"v":0.332378484,"d":"0.33"}," ",430,20302000,{"v":3646.44541312999,"d":"3,646.45"},1212,{"v":0.332378484,"d":"0.33"},{"v":0,"d":"0.00"},{"v":0.905906425,"d":"0.91"},{"v":1097.958587,"d":"1,097.96"},{"v":114.041413199999,"d":"114.04"},0,"0_20302000_517",{"v":3530.37678009999,"d":"3,530.38"},{"v":0,"d":"0.00"},{"v":114.041413199999,"d":"114.04"},{"v":0,"d":"0.00"},"0_20302000_517_4","E",{"v":0.673366569965,"d":"0.67"},{"v":1.90735043852E-4,"d":"0.00"},{"v":0.0217516939476,"d":"0.02"}]
[2,203,20302,{"v":3646.44541299999,"d":"3,646.45"},1212,{"v":0.332378484,"d":"0.33"}," ",430,20302000,{"v":3646.44541312999,"d":"3,646.45"},1212,{"v":0.332378484,"d":"0.33"},{"v":0,"d":"0.00"},{"v":0.905906425,"d":"0.91"},{"v":1097.958587,"d":"1,097.96"},{"v":114.041413199999,"d":"114.04"},0,"0_20302000_517",{"v":3530.37678009999,"d":"3,530.38"},{"v":0,"d":"0.00"},{"v":114.041413199999,"d":"114.04"},{"v":0,"d":"0.00"},"0_20302000_517_5","E",{"v":0.00513377255832,"d":"0.01"},{"v":1.454171291e-06,"d":"0.00"},{"v":1.65835749005E-4,"d":"0.00"}]
[2,203,20302,{"v":3646.44541299999,"d":"3,646.45"},1212,{"v":0.332378484,"d":"0.33"}," ",430,20302000,{"v":3646.44541312999,"d":"3,646.45"},1212,{"v":0.332378484,"d":"0.33"},{"v":0,"d":"0.00"},{"v":0.905906425,"d":"0.91"},{"v":1097.958587,"d":"1,097.96"},{"v":114.041413199999,"d":"114.04"},0,"0_20302000_517",{"v":3530.37678009999,"d":"3,530.38"},{"v":0,"d":"0.00"},{"v":114.041413199999,"d":"114.04"},{"v":0,"d":"0.00"},"0_20302000_517_6","E",{"v":0.184083870391,"d":"0.18"},{"v":5.2142839662e-05,"d":"0.00"},{"v":0.0059464431233,"d":"0.01"}]
[2,203,20302,{"v":3646.44541299999,"d":"3,646.45"},1212,{"v":0.332378484,"d":"0.33"}," ",430,20302000,{"v":3646.44541312999,"d":"3,646.45"},1212,{"v":0.332378484,"d":"0.33"},{"v":0,"d":"0.00"},{"v":0.905906425,"d":"0.91"},{"v":1097.958587,"d":"1,097.96"},{"v":114.041413199999,"d":"114.04"},0,"0_20302000_517",{"v":3530.37678009999,"d":"3,530.38"},{"v":0,"d":"0.00"},{"v":114.041413199999,"d":"114.04"},{"v":0,"d":"0.00"},"0_20302000_517_7","E",{"v":0.169873106328,"d":"0.17"},{"v":4.8117557108e-05,"d":"0.00"},{"v":0.00548739421229,"d":"0.01"}]
[2,203,20302,{"v":3646.44541299999,"d":"3,646.45"},1212,{"v":0.332378484,"d":"0.33"}," ",430,20302000,{"v":3646.44541312999,"d":"3,646.45"},1212,{"v":0.332378484,"d":"0.33"},{"v":0,"d":"0.00"},{"v":0.905906425,"d":"0.91"},{"v":1097.958587,"d":"1,097.96"},{"v":114.041413199999,"d":"114.04"},0,"0_20302000_517",{"v":3530.37678009999,"d":"3,530.38"},{"v":0,"d":"0.00"},{"v":114.041413199999,"d":"114.04"},{"v":0,"d":"0.00"},"0_20302000_517_8","E",{"v":0.017598416359,"d":"0.02"},{"v":4.984855004e-06,"d":"0.00"},{"v":0.000568479909276,"d":"0.00"}]
[2,203,20302,{"v":3646.44541299999,"d":"3,646.45"},1212,{"v":0.332378484,"d":"0.33"}," ",430,20302000,{"v":3646.44541312999,"d":"3,646.45"},1212,{"v":0.332378484,"d":"0.33"},{"v":0,"d":"0.00"},{"v":0.905906425,"d":"0.91"},{"v":1097.958587,"d":"1,097.96"},{"v":114.041413199999,"d":"114.04"},0,"0_20302000_517",{"v":3530.37678009999,"d":"3,530.38"},{"v":0,"d":"0.00"},{"v":114.041413199999,"d":"114.04"},{"v":0,"d":"0.00"},"0_20302000_517_9","E",{"v":15.4760405011,"d":"15.48"},{"v":0.00438367955181,"d":"0.00"},{"v":0.499921011104,"d":"0.50"}]
[2,203,20302,{"v":3646.44541299999,"d":"3,646.45"},1212,{"v":0.332378484,"d":"0.33"}," ",430,20302000,{"v":3646.44541312999,"d":"3,646.45"},1212,{"v":0.332378484,"d":"0.33"},{"v":0,"d":"0.00"},{"v":0.905906425,"d":"0.91"},{"v":1097.958587,"d":"1,097.96"},{"v":114.041413199999,"d":"114.04"},0,"0_20302000_517",{"v":3530.37678009999,"d":"3,530.38"},{"v":0,"d":"0.00"},{"v":114.041413199999,"d":"114.04"},{"v":0,"d":"0.00"},"0_20302000_517_10","F",{"v":0.174445710036,"d":"0.17"},{"v":4.9412774019e-05,"d":"0.00"},{"v":0.00563510257922,"d":"0.01"}]
[2,203,20302,{"v":3646.44541299999,"d":"3,646.45"},1212,{"v":0.332378484,"d":"0.33"}," ",430,20302000,{"v":3646.44541312999,"d":"3,646.45"},1212,{"v":0.332378484,"d":"0.33"},{"v":0,"d":"0.00"},{"v":0.905906425,"d":"0.91"},{"v":1097.958587,"d":"1,097.96"},{"v":114.041413199999,"d":"114.04"},0,"0_20302000_517",{"v":3530.37678009999,"d":"3,530.38"},{"v":0,"d":"0.00"},{"v":114.041413199999,"d":"114.04"},{"v":0,"d":"0.00"},"0_20302000_517_11","F",{"v":2.64287406419,"d":"2.64"},{"v":7.48609632572E-4,"d":"0.00"},{"v":0.0853725004336,"d":"0.09"}]
[2,203,20302,{"v":3646.44541299999,"d":"3,646.45"},1212,{"v":0.332378484,"d":"0.33"}," ",430,20302000,{"v":3646.44541312999,"d":"3,646.45"},1212,{"v":0.332378484,"d":"0.33"},{"v":0,"d":"0.00"},{"v":0.905906425,"d":"0.91"},{"v":1097.958587,"d":"1,097.96"},{"v":114.041413199999,"d":"114.04"},0,"0_20302000_517",{"v":3530.37678009999,"d":"3,530.38"},{"v":0,"d":"0.00"},{"v":114.041413199999,"d":"114.04"},{"v":0,"d":"0.00"},"0_20302000_517_12","F",{"v":0.23011236871,"d":"0.23"},{"v":6.5180682698e-05,"d":"0.00"},{"v":0.00743329716828,"d":"0.01"}]
[2,203,20302,{"v":3646.44541299999,"d":"3,646.45"},1212,{"v":0.332378484,"d":"0.33"}," ",430,20302000,{"v":3646.44541312999,"d":"3,646.45"},1212,{"v":0.332378484,"d":"0.33"},{"v":0,"d":"0.00"},{"v":0.905906425,"d":"0.91"},{"v":1097.958587,"d":"1,097.96"},{"v":114.041413199999,"d":"114.04"},0,"0_20302000_517",{"v":3530.37678009999,"d":"3,530.38"},{"v":0,"d":"0.00"},{"v":114.041413199999,"d":"114.04"},{"v":0,"d":"0.00"},"0_20302000_517_13","F",{"v":2.51552170763,"d":"2.52"},{"v":0.00071253632808,"d":"0.00"},{"v":0.0812586498106,"d":"0.08"}]
[2,203,20302,{"v":3646.44541299999,"d":"3,646.45"},1212,{"v":0.332378484,"d":"0.33"}," ",430,20302000,{"v":3646.44541312999,"d":"3,646.45"},1212,{"v":0.332378484,"d":"0.33"},{"v":0,"d":"0.00"},{"v":0.905906425,"d":"0.91"},{"v":1097.958587,"d":"1,097.96"},{"v":114.041413199999,"d":"114.04"},0,"0_20302000_517",{"v":3530.37678009999,"d":"3,530.38"},{"v":0,"d":"0.00"},{"v":114.041413199999,"d":"114.04"},{"v":0,"d":"0.00"},"0_20302000_517_14","F",{"v":9.62910208255,"d":"9.63"},{"v":0.00272749983425,"d":"0.00"},{"v":0.311047935601,"d":"0.31"}]
[2,203,20302,{"v":3646.44541299999,"d":"3,646.45"},1212,{"v":0.332378484,"d":"0.33"}," ",430,20302000,{"v":3646.44541312999,"d":"3,646.45"},1212,{"v":0.332378484,"d":"0.33"},{"v":0,"d":"0.00"},{"v":0.905906425,"d":"0.91"},{"v":1097.958587,"d":"1,097.96"},{"v":114.041413199999,"d":"114.04"},0,"0_20302000_517",{"v":3530.37678009999,"d":"3,530.38"},{"v":0,"d":"0.00"},{"v":114.041413199999,"d":"114.04"},{"v":0,"d":"0.00"},"0_20302000_517_15","F",{"v":0.498702968787,"d":"0.50"},{"v":0.000141260550885,"d":"0.00"},{"v":0.0161095528523,"d":"0.02"}]
[2,203,20302,{"v":3646.44541299999,"d":"3,646.45"},1212,{"v":0.332378484,"d":"0.33"}," ",430,20302000,{"v":3646.44541312999,"d":"3,646.45"},1212,{"v":0.332378484,"d":"0.33"},{"v":0,"d":"0.00"},{"v":0.905906425,"d":"0.91"},{"v":1097.958587,"d":"1,097.96"},{"v":114.041413199999,"d":"114.04"},0,"0_20302000_517",{"v":3530.37678009999,"d":"3,530.38"},{"v":0,"d":"0.00"},{"v":114.041413199999,"d":"114.04"},{"v":0,"d":"0.00"},"0_20302000_517_16","F",{"v":0.653666372965,"d":"0.65"},{"v":0.000185154847111,"d":"0.00"},{"v":0.0211153204254,"d":"0.02"}]
[2,203,20302,{"v":3646.44541299999,"d":"3,646.45"},1212,{"v":0.332378484,"d":"0.33"}," ",430,20302000,{"v":3646.44541312999,"d":"3,646.45"},1212,{"v":0.332378484,"d":"0.33"},{"v":0,"d":"0.00"},{"v":0.905906425,"d":"0.91"},{"v":1097.958587,"d":"1,097.96"},{"v":114.041413199999,"d":"114.04"},0,"0_20302000_517",{"v":3530.37678009999,"d":"3,530.38"},{"v":0,"d":"0.00"},{"v":114.041413199999,"d":"114.04"},{"v":0,"d":"0.00"},"0_20302000_517_17","F",{"v":1.88010633497,"d":"1.88"},{"v":0.000532551184216,"d":"0.00"},{"v":0.0607328896493,"d":"0.06"}]
[2,203,20302,{"v":3646.44541299999,"d":"3,646.45"},1212,{"v":0.332378484,"d":"0.33"}," ",430,20302000,{"v":3646.44541312999,"d":"3,646.45"},1212,{"v":0.332378484,"d":"0.33"},{"v":0,"d":"0.00"},{"v":0.905906425,"d":"0.91"},{"v":1097.958587,"d":"1,097.96"},{"v":114.041413199999,"d":"114.04"},0,"0_20302000_517",{"v":3530.37678009999,"d":"3,530.38"},{"v":0,"d":"0.00"},{"v":114.041413199999,"d":"114.04"},{"v":0,"d":"0.00"},"0_20302000_517_18","F",{"v":5.15981110174,"d":"5.16"},{"v":0.00146154686118,"d":"0.00"},{"v":0.166676869507,"d":"0.17"}]
[2,203,20302,{"v":3646.44541299999,"d":"3,646.45"},1212,{"v":0.332378484,"d":"0.33"}," ",430,20302000,{"v":3646.44541312999,"d":"3,646.45"},1212,{"v":0.332378484,"d":"0.33"},{"v":0,"d":"0.00"},{"v":0.905906425,"d":"0.91"},{"v":1097.958587,"d":"1,097.96"},{"v":114.041413199999,"d":"114.04"},0,"0_20302000_517",{"v":3530.37678009999,"d":"3,530.38"},{"v":0,"d":"0.00"},{"v":114.041413199999,"d":"114.04"},{"v":0,"d":"0.00"},"0_20302000_517_19","F",{"v":1.74211512056,"d":"1.74"},{"v":0.000493464360626,"d":"0.00"},{"v":0.0562753730496,"d":"0.06"}]
[2,203,20302,{"v":3646.44541299999,"d":"3,646.45"},1212,{"v":0.332378484,"d":"0.33"}," ",430,20302000,{"v":3646.44541312999,"d":"3,646.45"},1212,{"v":0.332378484,"d":"0.33"},{"v":0,"d":"0.00"},{"v":0.905906425,"d":"0.91"},{"v":1097.958587,"d":"1,097.96"},{"v":114.041413199999,"d":"114.04"},0,"0_20302000_517",{"v":3530.37678009999,"d":"3,530.38"},{"v":0,"d":"0.00"},{"v":114.041413199999,"d":"114.04"},{"v":0,"d":"0.00"},"0_20302000_517_20","F",{"v":4.6844351764e-05,"d":"0.00"},{"v":1.3268938E-8,"d":"0.00"},{"v":1.513208478E-6,"d":"0.00"}]
[2,203,20302,{"v":3646.44541299999,"d":"3,646.45"},1212,{"v":0.332378484,"d":"0.33"}," ",430,20302000,{"v":3646.44541312999,"d":"3,646.45"},1212,{"v":0.332378484,"d":"0.33"},{"v":0,"d":"0.00"},{"v":0.905906425,"d":"0.91"},{"v":1097.958587,"d":"1,097.96"},{"v":114.041413199999,"d":"114.04"},0,"0_20302000_517",{"v":3530.37678009999,"d":"3,530.38"},{"v":0,"d":"0.00"},{"v":114.041413199999,"d":"114.04"},{"v":0,"d":"0.00"},"0_20302000_517_21","F",{"v":5.07448118267,"d":"5.07"},{"v":0.00143737665942,"d":"0.00"},{"v":0.163920465541,"d":"0.16"}]
[2,203,20302,{"v":3646.44541299999,"d":"3,646.45"},1212,{"v":0.332378484,"d":"0.33"}," ",430,20302000,{"v":3646.44541312999,"d":"3,646.45"},1212,{"v":0.332378484,"d":"0.33"},{"v":0,"d":"0.00"},{"v":0.905906425,"d":"0.91"},{"v":1097.958587,"d":"1,097.96"},{"v":114.041413199999,"d":"114.04"},0,"0_20302000_517",{"v":3530.37678009999,"d":"3,530.38"},{"v":0,"d":"0.00"},{"v":114.041413199999,"d":"114.04"},{"v":0,"d":"0.00"},"0_20302000_517_22","F",{"v":15.7450096904,"d":"15.75"},{"v":4.45986665762E-3,"d":"0.00"},{"v":0.508609496319,"d":"0.51"}]
[2,203,20302,{"v":3646.44541299999,"d":"3,646.45"},1212,{"v":0.332378484,"d":"0.33"}," ",430,20302000,{"v":3646.44541312999,"d":"3,646.45"},1212,{"v":0.332378484,"d":"0.33"},{"v":0,"d":"0.00"},{"v":0.905906425,"d":"0.91"},{"v":1097.958587,"d":"1,097.96"},{"v":114.041413199999,"d":"114.04"},0,"0_20302000_517",{"v":3530.37678009999,"d":"3,530.38"},{"v":0,"d":"0.00"},{"v":114.041413199999,"d":"114.04"},{"v":0,"d":"0.00"},"0_20302000_517_23","F",{"v":0.461723653035,"d":"0.46"},{"v":0.000130785942066,"d":"0.00"},{"v":0.0149150136599,"d":"0.01"}]
[2,203,20302,{"v":3646.44541299999,"d":"3,646.45"},1212,{"v":0.332378484,"d":"0.33"}," ",430,20302000,{"v":3646.44541312999,"d":"3,646.45"},1212,{"v":0.332378484,"d":"0.33"},{"v":0,"d":"0.00"},{"v":0.905906425,"d":"0.91"},{"v":1097.958587,"d":"1,097.96"},{"v":114.041413199999,"d":"114.04"},0,"0_20302000_517",{"v":3530.37678009999,"d":"3,530.38"},{"v":0,"d":"0.00"},{"v":114.041413199999,"d":"114.04"},{"v":0,"d":"0.00"},"0_20302000_517_24","F",{"v":0.271825280952,"d":"0.27"},{"v":7.6996110581e-05,"d":"0.00"},{"v":0.00878074526153,"d":"0.01"}]
[2,203,20302,{"v":3646.44541299999,"d":"3,646.45"},1212,{"v":0.332378484,"d":"0.33"}," ",430,20302000,{"v":3646.44541312999,"d":"3,646.45"},1212,{"v":0.332378484,"d":"0.33"},{"v":0,"d":"0.00"},{"v":0.905906425,"d":"0.91"},{"v":1097.958587,"d":"1,097.96"},{"v":114.041413199999,"d":"114.04"},0,"0_20302000_517",{"v":3530.37678009999,"d":"3,530.38"},{"v":0,"d":"0.00"},{"v":114.041413199999,"d":"114.04"},{"v":0,"d":"0.00"},"0_20302000_517_25","G",{"v":10.6309281055,"d":"10.63"},{"v":0.00301127295121,"d":"0.00"},{"v":0.343409822887,"d":"0.34"}]
[2,203,20302,{"v":3646.44541299999,"d":"3,646.45"},1212,{"v":0.332378484,"d":"0.33"}," ",430,20302000,{"v":3646.44541312999,"d":"3,646.45"},1212,{"v":0.332378484,"d":"0.33"},{"v":0,"d":"0.00"},{"v":0.905906425,"d":"0.91"},{"v":1097.958587,"d":"1,097.96"},{"v":114.041413199999,"d":"114.04"},0,"0_20302000_517",{"v":3530.37678009999,"d":"3,530.38"},{"v":0,"d":"0.00"},{"v":114.041413199999,"d":"114.04"},{"v":0,"d":"0.00"},"0_20302000_517_26","G",{"v":44.3497561207,"d":"44.35"},{"v":0.0125623294292,"d":"0.01"},{"v":1.43262580119,"d":"1.43"}]
[2,203,20302,{"v":3646.44541299999,"d":"3,646.45"},1212,{"v":0.332378484,"d":"0.33"}," ",430,20302000,{"v":3646.44541312999,"d":"3,646.45"},1212,{"v":0.332378484,"d":"0.33"},{"v":0,"d":"0.00"},{"v":0.905906425,"d":"0.91"},{"v":1097.958587,"d":"1,097.96"},{"v":114.041413199999,"d":"114.04"},0,"0_20302000_517",{"v":3530.37678009999,"d":"3,530.38"},{"v":0,"d":"0.00"},{"v":114.041413199999,"d":"114.04"},{"v":0,"d":"0.00"},"0_20302000_517_27","G",{"v":0.96491799517,"d":"0.96"},{"v":0.000273318700885,"d":"0.00"},{"v":0.0311696509029,"d":"0.03"}]
[2,203,20302,{"v":3646.44541299999,"d":"3,646.45"},1212,{"v":0.332378484,"d":"0.33"}," ",430,20302000,{"v":3646.44541312999,"d":"3,646.45"},1212,{"v":0.332378484,"d":"0.33"},{"v":0,"d":"0.00"},{"v":0.905906425,"d":"0.91"},{"v":1097.958587,"d":"1,097.96"},{"v":114.041413199999,"d":"114.04"},0,"0_20302000_517",{"v":3530.37678009999,"d":"3,530.38"},{"v":0,"d":"0.00"},{"v":114.041413199999,"d":"114.04"},{"v":0,"d":"0.00"},"0_20302000_517_28","G",{"v":29.1732960424,"d":"29.17"},{"v":0.00826350779521,"d":"0.01"},{"v":0.942382106955,"d":"0.94"}]
[2,203,20302,{"v":3646.44541299999,"d":"3,646.45"},1212,{"v":0.332378484,"d":"0.33"}," ",430,20302000,{"v":3646.44541312999,"d":"3,646.45"},1212,{"v":0.332378484,"d":"0.33"},{"v":0,"d":"0.00"},{"v":0.905906425,"d":"0.91"},{"v":1097.958587,"d":"1,097.96"},{"v":114.041413199999,"d":"114.04"},0,"0_20302000_517",{"v":3530.37678009999,"d":"3,530.38"},{"v":0,"d":"0.00"},{"v":114.041413199999,"d":"114.04"},{"v":0,"d":"0.00"},"0_20302000_517_29","G",{"v":0.0014440564515,"d":"0.00"},{"v":4.09037488e-07,"d":"0.00"},{"v":4.6647213237E-5,"d":"0.00"}]
[2,203,20302,{"v":3646.44541299999,"d":"3,646.45"},1212,{"v":0.332378484,"d":"0.33"}," ",430,20302000,{"v":3646.44541312999,"d":"3,646.45"},1212,{"v":0.332378484,"d":"0.33"},{"v":0,"d":"0.00"},{"v":0.905906425,"d":"0.91"},{"v":1097.958587,"d":"1,097.96"},{"v":114.041413199999,"d":"114.04"},0,"0_20302000_517",{"v":3530.37678009999,"d":"3,530.38"},{"v":0,"d":"0.00"},{"v":114.041413199999,"d":"114.04"},{"v":0,"d":"0.00"},"0_20302000_517_30","G",{"v":6.53844732586,"d":"6.54"},{"v":0.00185205368524,"d":"0.00"},{"v":0.211210819587,"d":"0.21"}]
[2,203,20302,{"v":3646.44541299999,"d":"3,646.45"},1212,{"v":0.332378484,"d":"0.33"}," ",430,20302000,{"v":3646.44541312999,"d":"3,646.45"},1212,{"v":0.332378484,"d":"0.33"},{"v":0,"d":"0.00"},{"v":0.905906425,"d":"0.91"},{"v":1097.958587,"d":"1,097.96"},{"v":114.041413199999,"d":"114.04"},0,"0_20302000_517",{"v":3530.37678009999,"d":"3,530.38"},{"v":0,"d":"0.00"},{"v":114.041413199999,"d":"114.04"},{"v":0,"d":"0.00"},"0_20302000_517_31","G",{"v":22.2682715808,"d":"22.27"},{"v":0.00630761897889,"d":"0.01"},{"v":0.71932978228,"d":"0.72"}]
[2,203,20302,{"v":3646.44541299999,"d":"3,646.45"},1212,{"v":0.332378484,"d":"0.33"}," ",430,20302000,{"v":3646.44541312999,"d":"3,646.45"},1212,{"v":0.332378484,"d":"0.33"},{"v":0,"d":"0.00"},{"v":0.905906425,"d":"0.91"},{"v":1097.958587,"d":"1,097.96"},{"v":114.041413199999,"d":"114.04"},0,"0_20302000_517",{"v":3530.37678009999,"d":"3,530.38"},{"v":0,"d":"0.00"},{"v":114.041413199999,"d":"114.04"},{"v":0,"d":"0.00"},"0_20302000_517_32","G",{"v":5.59208252858,"d":"5.59"},{"v":0.00158399028684,"d":"0.00"},{"v":0.180640490806,"d":"0.18"}]
[2,203,20305,{"v":20535.02271,"d":"20,535.02"},6886,{"v":0.335329554,"d":"0.34"},"ST",430,20305040,{"v":2352.40320186,"d":"2,352.40"},482,{"v":0.204896847,"d":"0.20"},{"v":0,"d":"0.00"},{"v":0.905906425,"d":"0.91"},{"v":436.6468967,"d":"436.65"},{"v":45.3531032599999,"d":"45.35"},0,"0_20305040_525",{"v":2295.03670714,"d":"2,295.04"},{"v":0,"d":"0.00"},{"v":45.3531032599999,"d":"45.35"},{"v":0,"d":"0.00"},"0_20305040_525_33","außerhalb GKL",{"v":2180.31993083999,"d":"2,180.32"},{"v":0.950015276033,"d":"0.95"},{"v":43.0861409124999,"d":"43.09"}]
[2,203,20305,{"v":20535.02271,"d":"20,535.02"},6886,{"v":0.335329554,"d":"0.34"},"ST",430,20305040,{"v":2352.40320186,"d":"2,352.40"},482,{"v":0.204896847,"d":"0.20"},{"v":0,"d":"0.00"},{"v":0.905906425,"d":"0.91"},{"v":436.6468967,"d":"436.65"},{"v":45.3531032599999,"d":"45.35"},0,"0_20305040_525",{"v":2295.03670714,"d":"2,295.04"},{"v":0,"d":"0.00"},{"v":45.3531032599999,"d":"45.35"},{"v":0,"d":"0.00"},"0_20305040_525_34","außerhalb GKL",{"v":0.0539200925229,"d":"0.05"},{"v":2.3494217916e-05,"d":"0.00"},{"v":0.00106553569116,"d":"0.00"}]
[2,203,20305,{"v":20535.02271,"d":"20,535.02"},6886,{"v":0.335329554,"d":"0.34"},"ST",430,20305040,{"v":2352.40320186,"d":"2,352.40"},482,{"v":0.204896847,"d":"0.20"},{"v":0,"d":"0.00"},{"v":0.905906425,"d":"0.91"},{"v":436.6468967,"d":"436.65"},{"v":45.3531032599999,"d":"45.35"},0,"0_20305040_525",{"v":2295.03670714,"d":"2,295.04"},{"v":0,"d":"0.00"},{"v":45.3531032599999,"d":"45.35"},{"v":0,"d":"0.00"},"0_20305040_525_35","E",{"v":0.259746189824,"d":"0.26"},{"v":1.13177357476E-4,"d":"0.00"},{"v":0.0051329443803,"d":"0.01"}]
[2,203,20305,{"v":20535.02271,"d":"20,535.02"},6886,{"v":0.335329554,"d":"0.34"},"ST",430,20305040,{"v":2352.40320186,"d":"2,352.40"},482,{"v":0.204896847,"d":"0.20"},{"v":0,"d":"0.00"},{"v":0.905906425,"d":"0.91"},{"v":436.6468967,"d":"436.65"},{"v":45.3531032599999,"d":"45.35"},0,"0_20305040_525",{"v":2295.03670714,"d":"2,295.04"},{"v":0,"d":"0.00"},{"v":45.3531032599999,"d":"45.35"},{"v":0,"d":"0.00"},"0_20305040_525_36","E",{"v":0.00510693350077,"d":"0.01"},{"v":2.225207765E-6,"d":"0.00"},{"v":1.00920077523E-4,"d":"0.00"}]
[2,203,20305,{"v":20535.02271,"d":"20,535.02"},6886,{"v":0.335329554,"d":"0.34"},"ST",430,20305040,{"v":2352.40320186,"d":"2,352.40"},482,{"v":0.204896847,"d":"0.20"},{"v":0,"d":"0.00"},{"v":0.905906425,"d":"0.91"},{"v":436.6468967,"d":"436.65"},{"v":45.3531032599999,"d":"45.35"},0,"0_20305040_525",{"v":2295.03670714,"d":"2,295.04"},{"v":0,"d":"0.00"},{"v":45.3531032599999,"d":"45.35"},{"v":0,"d":"0.00"},"0_20305040_525_37","E",{"v":0.209068969253,"d":"0.21"},{"v":9.1096133061E-5,"d":"0.00"},{"v":0.00413149232929,"d":"0.00"}]
[2,203,20305,{"v":20535.02271,"d":"20,535.02"},6886,{"v":0.335329554,"d":"0.34"},"ST",430,20305040,{"v":2352.40320186,"d":"2,352.40"},482,{"v":0.204896847,"d":"0.20"},{"v":0,"d":"0.00"},{"v":0.905906425,"d":"0.91"},{"v":436.6468967,"d":"436.65"},{"v":45.3531032599999,"d":"45.35"},0,"0_20305040_525",{"v":2295.03670714,"d":"2,295.04"},{"v":0,"d":"0.00"},{"v":45.3531032599999,"d":"45.35"},{"v":0,"d":"0.00"},"0_20305040_525_38","E",{"v":1.35935180772,"d":"1.36"},{"v":0.000592300682377,"d":"0.00"},{"v":0.0268626740088,"d":"0.03"}]
[2,203,20305,{"v":20535.02271,"d":"20,535.02"},6886,{"v":0.335329554,"d":"0.34"},"ST",430,20305040,{"v":2352.40320186,"d":"2,352.40"},482,{"v":0.204896847,"d":"0.20"},{"v":0,"d":"0.00"},{"v":0.905906425,"d":"0.91"},{"v":436.6468967,"d":"436.65"},{"v":45.3531032599999,"d":"45.35"},0,"0_20305040_525",{"v":2295.03670714,"d":"2,295.04"},{"v":0,"d":"0.00"},{"v":45.3531032599999,"d":"45.35"},{"v":0,"d":"0.00"},"0_20305040_525_39","E",{"v":0.326972614486,"d":"0.33"},{"v":0.000142469448732,"d":"0.00"},{"v":0.00646143161974,"d":"0.01"}]
[2,203,20305,{"v":20535.02271,"d":"20,535.02"},6886,{"v":0.335329554,"d":"0.34"},"ST",430,20305040,{"v":2352.40320186,"d":"2,352.40"},482,{"v":0.204896847,"d":"0.20"},{"v":0,"d":"0.00"},{"v":0.905906425,"d":"0.91"},{"v":436.6468967,"d":"436.65"},{"v":45.3531032599999,"d":"45.35"},0,"0_20305040_525",{"v":2295.03670714,"d":"2,295.04"},{"v":0,"d":"0.00"},{"v":45.3531032599999,"d":"45.35"},{"v":0,"d":"0.00"},"0_20305040_525_40","E",{"v":0.0210762929773,"d":"0.02"},{"v":9.183423041e-06,"d":"0.00"},{"v":0.000416496733479,"d":"0.00"}]
[2,203,20305,{"v":20535.02271,"d":"20,535.02"},6886,{"v":0.335329554,"d":"0.34"},"ST",430,20305040,{"v":2352.40320186,"d":"2,352.40"},482,{"v":0.204896847,"d":"0.20"},{"v":0,"d":"0.00"},{"v":0.905906425,"d":"0.91"},{"v":436.6468967,"d":"436.65"},{"v":45.3531032599999,"d":"45.35"},0,"0_20305040_525",{"v":2295.03670714,"d":"2,295.04"},{"v":0,"d":"0.00"},{"v":45.3531032599999,"d":"45.35"},{"v":0,"d":"0.00"},"0_20305040_525_41","F",{"v":7.93276511648,"d":"7.93"},{"v":0.00345648724999,"d":"0.00"},{"v":0.156762423166,"d":"0.16"}]
[2,203,20305,{"v":20535.02271,"d":"20,535.02"},6886,{"v":0.335329554,"d":"0.34"},"ST",430,20305040,{"v":2352.40320186,"d":"2,352.40"},482,{"v":0.204896847,"d":"0.20"},{"v":0,"d":"0.00"},{"v":0.905906425,"d":"0.91"},{"v":436.6468967,"d":"436.65"},{"v":45.3531032599999,"d":"45.35"},0,"0_20305040_525",{"v":2295.03670714,"d":"2,295.04"},{"v":0,"d":"0.00"},{"v":45.3531032599999,"d":"45.35"},{"v":0,"d":"0.00"},"0_20305040_525_42","F",{"v":0.00639109453395,"d":"0.01"},{"v":2.784746106E-6,"d":"0.00"},{"v":0.000126296877711,"d":"0.00"}]
[2,203,20305,{"v":20535.02271,"d":"20,535.02"},6886,{"v":0.335329554,"d":"0.34"},"ST",430,20305040,{"v":2352.40320186,"d":"2,352.40"},482,{"v":0.204896847,"d":"0.20"},{"v":0,"d":"0.00"},{"v":0.905906425,"d":"0.91"},{"v":436.6468967,"d":"436.65"},{"v":45.3531032599999,"d":"45.35"},0,"0_20305040_525",{"v":2295.03670714,"d":"2,295.04"},{"v":0,"d":"0.00"},{"v":45.3531032599999,"d":"45.35"},{"v":0,"d":"0.00"},"0_20305040_525_43","F",{"v":0.393649990939,"d":"0.39"},{"v":0.000171522307122,"d":"0.00"},{"v":0.0077790689063,"d":"0.01"}]
[2,203,20305,{"v":20535.02271,"d":"20,535.02"},6886,{"v":0.335329554,"d":"0.34"},"ST",430,20305040,{"v":2352.40320186,"d":"2,352.40"},482,{"v":0.204896847,"d":"0.20"},{"v":0,"d":"0.00"},{"v":0.905906425,"d":"0.91"},{"v":436.6468967,"d":"436.65"},{"v":45.3531032599999,"d":"45.35"},0,"0_20305040_525",{"v":2295.03670714,"d":"2,295.04"},{"v":0,"d":"0.00"},{"v":45.3531032599999,"d":"45.35"},{"v":0,"d":"0.00"},"0_20305040_525_44","F",{"v":0.330169892009,"d":"0.33"},{"v":1.43862575697E-4,"d":"0.00"},{"v":0.00652461425084,"d":"0.01"}]
[2,203,20305,{"v":20535.02271,"d":"20,535.02"},6886,{"v":0.335329554,"d":"0.34"},"ST",430,20305040,{"v":2352.40320186,"d":"2,352.40"},482,{"v":0.204896847,"d":"0.20"},{"v":0,"d":"0.00"},{"v":0.905906425,"d":"0.91"},{"v":436.6468967,"d":"436.65"},{"v":45.3531032599999,"d":"45.35"},0,"0_20305040_525",{"v":2295.03670714,"d":"2,295.04"},{"v":0,"d":"0.00"},{"v":45.3531032599999,"d":"45.35"},{"v":0,"d":"0.00"},"0_20305040_525_45","F",{"v":1.79456233387,"d":"1.79"},{"v":7.81931865528E-4,"d":"0.00"},{"v":0.0354630366396,"d":"0.04"}]
[2,203,20305,{"v":20535.02271,"d":"20,535.02"},6886,{"v":0.335329554,"d":"0.34"},"ST",430,20305040,{"v":2352.40320186,"d":"2,352.40"},482,{"v":0.204896847,"d":"0.20"},{"v":0,"d":"0.00"},{"v":0.905906425,"d":"0.91"},{"v":436.6468967,"d":"436.65"},{"v":45.3531032599999,"d":"45.35"},0,"0_20305040_525",{"v":2295.03670714,"d":"2,295.04"},{"v":0,"d":"0.00"},{"v":45.3531032599999,"d":"45.35"},{"v":0,"d":"0.00"},"0_20305040_525_46","F",{"v":14.6734637077,"d":"14.67"},{"v":0.00639356384238,"d":"0.01"},{"v":0.289967961143,"d":"0.29"}]
[2,203,20305,{"v":20535.02271,"d":"20,535.02"},6886,{"v":0.335329554,"d":"0.34"},"ST",430,20305040,{"v":2352.40320186,"d":"2,352.40"},482,{"v":0.204896847,"d":"0.20"},{"v":0,"d":"0.00"},{"v":0.905906425,"d":"0.91"},{"v":436.6468967,"d":"436.65"},{"v":45.3531032599999,"d":"45.35"},0,"0_20305040_525",{"v":2295.03670714,"d":"2,295.04"},{"v":0,"d":"0.00"},{"v":45.3531032599999,"d":"45.35"},{"v":0,"d":"0.00"},"0_20305040_525_47","F",{"v":3.3728749861,"d":"3.37"},{"v":0.00146963879733,"d":"0.00"},{"v":0.0666526801302,"d":"0.07"}]
[2,203,20305,{"v":20535.02271,"d":"20,535.02"},6886,{"v":0.335329554,"d":"0.34"},"ST",430,20305040,{"v":2352.40320186,"d":"2,352.40"},482,{"v":0.204896847,"d":"0.20"},{"v":0,"d":"0.00"},{"v":0.905906425,"d":"0.91"},{"v":436.6468967,"d":"436.65"},{"v":45.3531032599999,"d":"45.35"},0,"0_20305040_525",{"v":2295.03670714,"d":"2,295.04"},{"v":0,"d":"0.00"},{"v":45.3531032599999,"d":"45.35"},{"v":0,"d":"0.00"},"0_20305040_525_48","F",{"v":1.50561200823,"d":"1.51"},{"v":0.000656029597935,"d":"0.00"},{"v":0.0297529780968,"d":"0.03"}]
[2,203,20305,{"v":20535.02271,"d":"20,535.02"},6886,{"v":0.335329554,"d":"0.34"},"ST",430,20305040,{"v":2352.40320186,"d":"2,352.40"},482,{"v":0.204896847,"d":"0.20"},{"v":0,"d":"0.00"},{"v":0.905906425,"d":"0.91"},{"v":436.6468967,"d":"436.65"},{"v":45.3531032599999,"d":"45.35"},0,"0_20305040_525",{"v":2295.03670714,"d":"2,295.04"},{"v":0,"d":"0.00"},{"v":45.3531032599999,"d":"45.35"},{"v":0,"d":"0.00"},"0_20305040_525_49","G",{"v":70.8343425249999,"d":"70.83"},{"v":0.0308641436124,"d":"0.03"},{"v":1.39978469228,"d":"1.40"}]
[2,203,20305,{"v":20535.02271,"d":"20,535.02"},6886,{"v":0.335329554,"d":"0.34"},"ST",430,20305040,{"v":2352.40320186,"d":"2,352.40"},482,{"v":0.204896847,"d":"0.20"},{"v":0,"d":"0.00"},{"v":0.905906425,"d":"0.91"},{"v":436.6468967,"d":"436.65"},{"v":45.3531032599999,"d":"45.35"},0,"0_20305040_525",{"v":2295.03670714,"d":"2,295.04"},{"v":0,"d":"0.00"},{"v":45.3531032599999,"d":"45.35"},{"v":0,"d":"0.00"},"0_20305040_525_50","G",{"v":11.6377017465999,"d":"11.64"},{"v":0.00507081290264,"d":"0.01"},{"v":0.229977101186,"d":"0.23"}]
[2,203,20305,{"v":20535.02271,"d":"20,535.02"},6886,{"v":0.335329554,"d":"0.34"},"ST",430,20305041,{"v":1544.29173134,"d":"1,544.29"},487,{"v":0.315354923,"d":"0.32"},{"v":0,"d":"0.00"},{"v":0.905906425,"d":"0.91"},{"v":441.1764289,"d":"441.18"},{"v":45.8235711399999,"d":"45.82"},0,"0_20305041_526",{"v":1482.81351005,"d":"1,482.81"},{"v":0,"d":"0.00"},{"v":45.8235711399999,"d":"45.82"},{"v":0,"d":"0.00"},"0_20305041_526_51","außerhalb GKL",{"v":1393.84057348,"d":"1,393.84"},{"v":0.939997217474,"d":"0.94"},{"v":43.0740293663,"d":"43.07"}]
[2,203,20305,{"v":20535.02271,"d":"20,535.02"},6886,{"v":0.335329554,"d":"0.34"},"ST",430,20305041,{"v":1544.29173134,"d":"1,544.29"},487,{"v":0.315354923,"d":"0.32"},{"v":0,"d":"0.00"},{"v":0.905906425,"d":"0.91"},{"v":441.1764289,"d":"441.18"},{"v":45.8235711399999,"d":"45.82"},0,"0_20305041_526",{"v":1482.81351005,"d":"1,482.81"},{"v":0,"d":"0.00"},{"v":45.8235711399999,"d":"45.82"},{"v":0,"d":"0.00"},"0_20305041_526_52","E",{"v":0.00661042766901,"d":"0.01"},{"v":4.458030376e-06,"d":"0.00"},{"v":2.04282872056E-4,"d":"0.00"}]
[2,203,20305,{"v":20535.02271,"d":"20,535.02"},6886,{"v":0.335329554,"d":"0.34"},"ST",430,20305041,{"v":1544.29173134,"d":"1,544.29"},487,{"v":0.315354923,"d":"0.32"},{"v":0,"d":"0.00"},{"v":0.905906425,"d":"0.91"},{"v":441.1764289,"d":"441.18"},{"v":45.8235711399999,"d":"45.82"},0,"0_20305041_526",{"v":1482.81351005,"d":"1,482.81"},{"v":0,"d":"0.00"},{"v":45.8235711399999,"d":"45.82"},{"v":0,"d":"0.00"},"0_20305041_526_53","E",{"v":0.0145985990068,"d":"0.01"},{"v":9.845202318e-06,"d":"0.00"},{"v":0.000451142328822,"d":"0.00"}]
[2,203,20305,{"v":20535.02271,"d":"20,535.02"},6886,{"v":0.335329554,"d":"0.34"},"ST",430,20305041,{"v":1544.29173134,"d":"1,544.29"},487,{"v":0.315354923,"d":"0.32"},{"v":0,"d":"0.00"},{"v":0.905906425,"d":"0.91"},{"v":441.1764289,"d":"441.18"},{"v":45.8235711399999,"d":"45.82"},0,"0_20305041_526",{"v":1482.81351005,"d":"1,482.81"},{"v":0,"d":"0.00"},{"v":45.8235711399999,"d":"45.82"},{"v":0,"d":"0.00"},"0_20305041_526_54","E",{"v":1.51530380029,"d":"1.52"},{"v":0.00102191124509,"d":"0.00"},{"v":0.0468276226381,"d":"0.05"}]
[2,203,20305,{"v":20535.02271,"d":"20,535.02"},6886,{"v":0.335329554,"d":"0.34"},"ST",430,20305041,{"v":1544.29173134,"d":"1,544.29"},487,{"v":0.315354923,"d":"0.32"},{"v":0,"d":"0.00"},{"v":0.905906425,"d":"0.91"},{"v":441.1764289,"d":"441.18"},{"v":45.8235711399999,"d":"45.82"},0,"0_20305041_526",{"v":1482.81351005,"d":"1,482.81"},{"v":0,"d":"0.00"},{"v":45.8235711399999,"d":"45.82"},{"v":0,"d":"0.00"},"0_20305041_526_55","E",{"v":2.793763713,"d":"2.79"},{"v":0.0018840964788,"d":"0.00"},{"v":0.0863360290309,"d":"0.09"}]
[2,203,20305,{"v":20535.02271,"d":"20,535.02"},6886,{"v":0.335329554,"d":"0.34"},"ST",430,20305041,{"v":1544.29173134,"d":"1,544.29"},487,{"v":0.315354923,"d":"0.32"},{"v":0,"d":"0.00"},{"v":0.905906425,"d":"0.91"},{"v":441.1764289,"d":"441.18"},{"v":45.8235711399999,"d":"45.82"},0,"0_20305041_526",{"v":1482.81351005,"d":"1,482.81"},{"v":0,"d":"0.00"},{"v":45.8235711399999,"d":"45.82"},{"v":0,"d":"0.00"},"0_20305041_526_56","E",{"v":0.320099400917,"d":"0.32"},{"v":0.000215873000042,"d":"0.00"},{"v":0.00989207177463,"d":"0.01"}]
[2,203,20305,{"v":20535.02271,"d":"20,535.02"},6886,{"v":0.335329554,"d":"0.34"},"ST",430,20305041,{"v":1544.29173134,"d":"1,544.29"},487,{"v":0.315354923,"d":"0.32"},{"v":0,"d":"0.00"},{"v":0.905906425,"d":"0.91"},{"v":441.1764289,"d":"441.18"},{"v":45.8235711399999,"d":"45.82"},0,"0_20305041_526",{"v":1482.81351005,"d":"1,482.81"},{"v":0,"d":"0.00"},{"v":45.8235711399999,"d":"45.82"},{"v":0,"d":"0.00"},"0_20305041_526_57","F",{"v":0.213519608692,"d":"0.21"},{"v":1.43996266048E-4,"d":"0.00"},{"v":0.00659842314114,"d":"0.01"}]
[2,203,20305,{"v":20535.02271,"d":"20,535.02"},6886,{"v":0.335329554,"d":"0.34"},"ST",430,20305041,{"v":1544.29173134,"d":"1,544.29"},487,{"v":0.315354923,"d":"0.32"},{"v":0,"d":"0.00"},{"v":0.905906425,"d":"0.91"},{"v":441.1764289,"d":"441.18"},{"v":45.8235711399999,"d":"45.82"},0,"0_20305041_526",{"v":1482.81351005,"d":"1,482.81"},{"v":0,"d":"0.00"},{"v":45.8235711399999,"d":"45.82"},{"v":0,"d":"0.00"},"0_20305041_526_58","F",{"v":8.4896260886E-5,"d":"0.00"},{"v":5.7253498e-08,"d":"0.00"},{"v":2.623559756e-06,"d":"0.00"}]
[2,203,20305,{"v":20535.02271,"d":"20,535.02"},6886,{"v":0.335329554,"d":"0.34"},"ST",430,20305041,{"v":1544.29173134,"d":"1,544.29"},487,{"v":0.315354923,"d":"0.32"},{"v":0,"d":"0.00"},{"v":0.905906425,"d":"0.91"},{"v":441.1764289,"d":"441.18"},{"v":45.8235711399999,"d":"45.82"},0,"0_20305041_526",{"v":1482.81351005,"d":"1,482.81"},{"v":0,"d":"0.00"},{"v":45.8235711399999,"d":"45.82"},{"v":0,"d":"0.00"},"0_20305041_526_59","F",{"v":0.708227358803,"d":"0.71"},{"v":0.00047762402622,"d":"0.00"},{"v":0.0218864385437,"d":"0.02"}]
[2,203,20305,{"v":20535.02271,"d":"20,535.02"},6886,{"v":0.335329554,"d":"0.34"},"ST",430,20305041,{"v":1544.29173134,"d":"1,544.29"},487,{"v":0.315354923,"d":"0.32"},{"v":0,"d":"0.00"},{"v":0.905906425,"d":"0.91"},{"v":441.1764289,"d":"441.18"},{"v":45.8235711399999,"d":"45.82"},0,"0_20305041_526",{"v":1482.81351005,"d":"1,482.81"},{"v":0,"d":"0.00"},{"v":45.8235711399999,"d":"45.82"},{"v":0,"d":"0.00"},"0_20305041_526_60","F",{"v":19.274974825,"d":"19.27"},{"v":0.0129989204269,"d":"0.01"},{"v":0.595656954925,"d":"0.60"}]
[2,203,20305,{"v":20535.02271,"d":"20,535.02"},6886,{"v":0.335329554,"d":"0.34"},"ST",430,20305041,{"v":1544.29173134,"d":"1,544.29"},487,{"v":0.315354923,"d":"0.32"},{"v":0,"d":"0.00"},{"v":0.905906425,"d":"0.91"},{"v":441.1764289,"d":"441.18"},{"v":45.8235711399999,"d":"45.82"},0,"0_20305041_526",{"v":1482.81351005,"d":"1,482.81"},{"v":0,"d":"0.00"},{"v":45.8235711399999,"d":"45.82"},{"v":0,"d":"0.00"},"0_20305041_526_61","F",{"v":3.19196998514,"d":"3.19"},{"v":0.00215264425601,"d":"0.00"},{"v":0.0986418472044,"d":"0.10"}]
[2,203,20305,{"v":20535.02271,"d":"20,535.02"},6886,{"v":0.335329554,"d":"0.34"},"ST",430,20305041,{"v":1544.29173134,"d":"1,544.29"},487,{"v":0.315354923,"d":"0.32"},{"v":0,"d":"0.00"},{"v":0.905906425,"d":"0.91"},{"v":441.1764289,"d":"441.18"},{"v":45.8235711399999,"d":"45.82"},0,"0_20305041_526",{"v":1482.81351005,"d":"1,482.81"},{"v":0,"d":"0.00"},{"v":45.8235711399999,"d":"45.82"},{"v":0,"d":"0.00"},"0_20305041_526_62","G",{"v":0.0964644361698,"d":"0.10"},{"v":6.5055002208e-05,"d":"0.00"},{"v":0.00298105252167,"d":"0.00"}]
[2,203,20305,{"v":20535.02271,"d":"20,535.02"},6886,{"v":0.335329554,"d":"0.34"},"ST",430,20305041,{"v":1544.29173134,"d":"1,544.29"},487,{"v":0.315354923,"d":"0.32"},{"v":0,"d":"0.00"},{"v":0.905906425,"d":"0.91"},{"v":441.1764289,"d":"441.18"},{"v":45.8235711399999,"d":"45.82"},0,"0_20305041_526",{"v":1482.81351005,"d":"1,482.81"},{"v":0,"d":"0.00"},{"v":45.8235711399999,"d":"45.82"},{"v":0,"d":"0.00"},"0_20305041_526_63","G",{"v":48.4848497001,"d":"48.48"},{"v":0.0326978742583,"d":"0.03"},{"v":1.4983333672,"d":"1.50"}]
[2,203,20305,{"v":20535.02271,"d":"20,535.02"},6886,{"v":0.335329554,"d":"0.34"},"ST",430,20305041,{"v":1544.29173134,"d":"1,544.29"},487,{"v":0.315354923,"d":"0.32"},{"v":0,"d":"0.00"},{"v":0.905906425,"d":"0.91"},{"v":441.1764289,"d":"441.18"},{"v":45.8235711399999,"d":"45.82"},0,"0_20305041_526",{"v":1482.81351005,"d":"1,482.81"},{"v":0,"d":"0.00"},{"v":45.8235711399999,"d":"45.82"},{"v":0,"d":"0.00"},"0_20305041_526_64","G",{"v":2.52629327035,"d":"2.53"},{"v":1.70371611347E-3,"d":"0.00"},{"v":0.078070356528,"d":"0.08"}]
[2,203,20305,{"v":20535.02271,"d":"20,535.02"},6886,{"v":0.335329554,"d":"0.34"},"ST",430,20305041,{"v":1544.29173134,"d":"1,544.29"},487,{"v":0.315354923,"d":"0.32"},{"v":0,"d":"0.00"},{"v":0.905906425,"d":"0.91"},{"v":441.1764289,"d":"441.18"},{"v":45.8235711399999,"d":"45.82"},0,"0_20305041_526",{"v":1482.81351005,"d":"1,482.81"},{"v":0,"d":"0.00"},{"v":45.8235711399999,"d":"45.82"},{"v":0,"d":"0.00"},"0_20305041_526_65","G",{"v":0.0165800843531,"d":"0.02"},{"v":1.1181503433E-5,"d":"0.00"},{"v":0.000512376418014,"d":"0.00"}]
[2,203,20305,{"v":20535.02271,"d":"20,535.02"},6886,{"v":0.335329554,"d":"0.34"},"ST",430,20305041,{"v":1544.29173134,"d":"1,544.29"},487,{"v":0.315354923,"d":"0.32"},{"v":0,"d":"0.00"},{"v":0.905906425,"d":"0.91"},{"v":441.1764289,"d":"441.18"},{"v":45.8235711399999,"d":"45.82"},0,"0_20305041_526",{"v":1482.81351005,"d":"1,482.81"},{"v":0,"d":"0.00"},{"v":45.8235711399999,"d":"45.82"},{"v":0,"d":"0.00"},"0_20305041_526_66","G",{"v":9.80959646266,"d":"9.81"},{"v":0.00661552946218,"d":"0.01"},{"v":0.303147184939,"d":"0.30"}]
[2,203,20306,{"v":9907.99414699999,"d":"9,907.99"},2502,{"v":0.252523363,"d":"0.25"},"M",430,20306000,{"v":3446.21801485,"d":"3,446.22"},772,{"v":0.224013686,"d":"0.22"},{"v":0,"d":"0.00"},{"v":0.905906425,"d":"0.91"},{"v":699.359759899999,"d":"699.36"},{"v":72.6402400799999,"d":"72.64"},0,"0_20306000_528",{"v":3345.27384292999,"d":"3,345.27"},{"v":0,"d":"0.00"},{"v":72.6402400799999,"d":"72.64"},{"v":0,"d":"0.00"},"0_20306000_528_67","außerhalb GKL",{"v":3212.32856226,"d":"3,212.33"},{"v":0.960258774943,"d":"0.96"},{"v":69.7534279508,"d":"69.75"}]
[2,203,20306,{"v":9907.99414699999,"d":"9,907.99"},2502,{"v":0.252523363,"d":"0.25"},"M",430,20306000,{"v":3446.21801485,"d":"3,446.22"},772,{"v":0.224013686,"d":"0.22"},{"v":0,"d":"0.00"},{"v":0.905906425,"d":"0.91"},{"v":699.359759899999,"d":"699.36"},{"v":72.6402400799999,"d":"72.64"},0,"0_20306000_528",{"v":3345.27384292999,"d":"3,345.27"},{"v":0,"d":"0.00"},{"v":72.6402400799999,"d":"72.64"},{"v":0,"d":"0.00"},"0_20306000_528_68","E",{"v":0.254452271365,"d":"0.25"},{"v":7.6063211358e-05,"d":"0.00"},{"v":0.00552524993429,"d":"0.01"}]
[2,203,20306,{"v":9907.99414699999,"d":"9,907.99"},2502,{"v":0.252523363,"d":"0.25"},"M",430,20306000,{"v":3446.21801485,"d":"3,446.22"},772,{"v":0.224013686,"d":"0.22"},{"v":0,"d":"0.00"},{"v":0.905906425,"d":"0.91"},{"v":699.359759899999,"d":"699.36"},{"v":72.6402400799999,"d":"72.64"},0,"0_20306000_528",{"v":3345.27384292999,"d":"3,345.27"},{"v":0,"d":"0.00"},{"v":72.6402400799999,"d":"72.64"},{"v":0,"d":"0.00"},"0_20306000_528_69","E",{"v":0.14166207769,"d":"0.14"},{"v":4.2346930129e-05,"d":"0.00"},{"v":3.07609117124E-3,"d":"0.00"}]
[2,203,20306,{"v":9907.99414699999,"d":"9,907.99"},2502,{"v":0.252523363,"d":"0.25"},"M",430,20306000,{"v":3446.21801485,"d":"3,446.22"},772,{"v":0.224013686,"d":"0.22"},{"v":0,"d":"0.00"},{"v":0.905906425,"d":"0.91"},{"v":699.359759899999,"d":"699.36"},{"v":72.6402400799999,"d":"72.64"},0,"0_20306000_528",{"v":3345.27384292999,"d":"3,345.27"},{"v":0,"d":"0.00"},{"v":72.6402400799999,"d":"72.64"},{"v":0,"d":"0.00"},"0_20306000_528_70","E",{"v":7.34183834293,"d":"7.34"},{"v":0.00219468978853,"d":"0.00"},{"v":0.15942279314,"d":"0.16"}]
[2,203,20306,{"v":9907.99414699999,"d":"9,907.99"},2502,{"v":0.252523363,"d":"0.25"},"M",430,20306000,{"v":3446.21801485,"d":"3,446.22"},772,{"v":0.224013686,"d":"0.22"},{"v":0,"d":"0.00"},{"v":0.905906425,"d":"0.91"},{"v":699.359759899999,"d":"699.36"},{"v":72.6402400799999,"d":"72.64"},0,"0_20306000_528",{"v":3345.27384292999,"d":"3,345.27"},{"v":0,"d":"0.00"},{"v":72.6402400799999,"d":"72.64"},{"v":0,"d":"0.00"},"0_20306000_528_71","E",{"v":0.0142192553444,"d":"0.01"},{"v":4.250550482e-06,"d":"0.00"},{"v":0.000308761007461,"d":"0.00"}]
[2,203,20306,{"v":9907.99414699999,"d":"9,907.99"},2502,{"v":0.252523363,"d":"0.25"},"M",430,20306000,{"v":3446.21801485,"d":"3,446.22"},772,{"v":0.224013686,"d":"0.22"},{"v":0,"d":"0.00"},{"v":0.905906425,"d":"0.91"},{"v":699.359759899999,"d":"699.36"},{"v":72.6402400799999,"d":"72.64"},0,"0_20306000_528",{"v":3345.27384292999,"d":"3,345.27"},{"v":0,"d":"0.00"},{"v":72.6402400799999,"d":"72.64"},{"v":0,"d":"0.00"},"0_20306000_528_72","E",{"v":0.106279954411,"d":"0.11"},{"v":3.1770180679e-05,"d":"0.00"},{"v":0.00230779355191,"d":"0.00"}]
[2,203,20306,{"v":9907.99414699999,"d":"9,907.99"},2502,{"v":0.252523363,"d":"0.25"},"M",430,20306000,{"v":3446.21801485,"d":"3,446.22"},772,{"v":0.224013686,"d":"0.22"},{"v":0,"d":"0.00"},{"v":0.905906425,"d":"0.91"},{"v":699.359759899999,"d":"699.36"},{"v":72.6402400799999,"d":"72.64"},0,"0_20306000_528",{"v":3345.27384292999,"d":"3,345.27"},{"v":0,"d":"0.00"},{"v":72.6402400799999,"d":"72.64"},{"v":0,"d":"0.00"},"0_20306000_528_73","E",{"v":0.339797900773,"d":"0.34"},{"v":1.01575511222E-4,"d":"0.00"},{"v":0.00737846952141,"d":"0.01"}]
[2,203,20306,{"v":9907.99414699999,"d":"9,907.99"},2502,{"v":0.252523363,"d":"0.25"},"M",430,20306000,{"v":3446.21801485,"d":"3,446.22"},772,{"v":0.224013686,"d":"0.22"},{"v":0,"d":"0.00"},{"v":0.905906425,"d":"0.91"},{"v":699.359759899999,"d":"699.36"},{"v":72.6402400799999,"d":"72.64"},0,"0_20306000_528",{"v":3345.27384292999,"d":"3,345.27"},{"v":0,"d":"0.00"},{"v":72.6402400799999,"d":"72.64"},{"v":0,"d":"0.00"},"0_20306000_528_74","E",{"v":0.595969182791,"d":"0.60"},{"v":1.78152585042E-4,"d":"0.00"},{"v":0.0129410465483,"d":"0.01"}]
[2,203,20306,{"v":9907.99414699999,"d":"9,907.99"},2502,{"v":0.252523363,"d":"0.25"},"M",430,20306000,{"v":3446.21801485,"d":"3,446.22"},772,{"v":0.224013686,"d":"0.22"},{"v":0,"d":"0.00"},{"v":0.905906425,"d":"0.91"},{"v":699.359759899999,"d":"699.36"},{"v":72.6402400799999,"d":"72.64"},0,"0_20306000_528",{"v":3345.27384292999,"d":"3,345.27"},{"v":0,"d":"0.00"},{"v":72.6402400799999,"d":"72.64"},{"v":0,"d":"0.00"},"0_20306000_528_75","F",{"v":1.15149519076,"d":"1.15"},{"v":0.000344215524596,"d":"0.00"},{"v":0.0250038983459,"d":"0.03"}]
[2,203,20306,{"v":9907.99414699999,"d":"9,907.99"},2502,{"v":0.252523363,"d":"0.25"},"M",430,20306000,{"v":3446.21801485,"d":"3,446.22"},772,{"v":0.224013686,"d":"0.22"},{"v":0,"d":"0.00"},{"v":0.905906425,"d":"0.91"},{"v":699.359759899999,"d":"699.36"},{"v":72.6402400799999,"d":"72.64"},0,"0_20306000_528",{"v":3345.27384292999,"d":"3,345.27"},{"v":0,"d":"0.00"},{"v":72.6402400799999,"d":"72.64"},{"v":0,"d":"0.00"},"0_20306000_528_76","F",{"v":0.511471777523,"d":"0.51"},{"v":0.000152893844133,"d":"0.00"},{"v":0.0111062455446,"d":"0.01"}]
[2,203,20306,{"v":9907.99414699999,"d":"9,907.99"},2502,{"v":0.252523363,"d":"0.25"},"M",430,20306000,{"v":3446.21801485,"d":"3,446.22"},772,{"v":0.224013686,"d":"0.22"},{"v":0,"d":"0.00"},{"v":0.905906425,"d":"0.91"},{"v":699.359759899999,"d":"699.36"},{"v":72.6402400799999,"d":"72.64"},0,"0_20306000_528",{"v":3345.27384292999,"d":"3,345.27"},{"v":0,"d":"0.00"},{"v":72.6402400799999,"d":"72.64"},{"v":0,"d":"0.00"},"0_20306000_528_77","F",{"v":0.1036819385,"d":"0.10"},{"v":3.0993557887e-05,"d":"0.00"},{"v":2.25137948587E-3,"d":"0.00"}]
[2,203,20306,{"v":9907.99414699999,"d":"9,907.99"},2502,{"v":0.252523363,"d":"0.25"},"M",430,20306000,{"v":3446.21801485,"d":"3,446.22"},772,{"v":0.224013686,"d":"0.22"},{"v":0,"d":"0.00"},{"v":0.905906425,"d":"0.91"},{"v":699.359759899999,"d":"699.36"},{"v":72.6402400799999,"d":"72.64"},0,"0_20306000_528",{"v":3345.27384292999,"d":"3,345.27"},{"v":0,"d":"0.00"},{"v":72.6402400799999,"d":"72.64"},{"v":0,"d":"0.00"},"0_20306000_528_78","F",{"v":17.7828803475999,"d":"17.78"},{"v":0.00531582201714,"d":"0.01"},{"v":0.386142587548,"d":"0.39"}]
[2,203,20306,{"v":9907.99414699999,"d":"9,907.99"},2502,{"v":0.252523363,"d":"0.25"},"M",430,20306000,{"v":3446.21801485,"d":"3,446.22"},772,{"v":0.224013686,"d":"0.22"},{"v":0,"d":"0.00"},{"v":0.905906425,"d":"0.91"},{"v":699.359759899999,"d":"699.36"},{"v":72.6402400799999,"d":"72.64"},0,"0_20306000_528",{"v":3345.27384292999,"d":"3,345.27"},{"v":0,"d":"0.00"},{"v":72.6402400799999,"d":"72.64"},{"v":0,"d":"0.00"},"0_20306000_528_79","F",{"v":0.141827855344,"d":"0.14"},{"v":4.2396485909e-05,"d":"0.00"},{"v":0.00307969091499,"d":"0.00"}]
[2,203,20306,{"v":9907.99414699999,"d":"9,907.99"},2502,{"v":0.252523363,"d":"0.25"},"M",430,20306000,{"v":3446.21801485,"d":"3,446.22"},772,{"v":0.224013686,"d":"0.22"},{"v":0,"d":"0.00"},{"v":0.905906425,"d":"0.91"},{"v":699.359759899999,"d":"699.36"},{"v":72.6402400799999,"d":"72.64"},0,"0_20306000_528",{"v":3345.27384292999,"d":"3,345.27"},{"v":0,"d":"0.00"},{"v":72.6402400799999,"d":"72.64"},{"v":0,"d":"0.00"},"0_20306000_528_80","F",{"v":2.33349649779,"d":"2.33"},{"v":0.000697550217816,"d":"0.00"},{"v":0.05067021529,"d":"0.05"}]
[2,203,20306,{"v":9907.99414699999,"d":"9,907.99"},2502,{"v":0.252523363,"d":"0.25"},"M",430,20306000,{"v":3446.21801485,"d":"3,446.22"},772,{"v":0.224013686,"d":"0.22"},{"v":0,"d":"0.00"},{"v":0.905906425,"d":"0.91"},{"v":699.359759899999,"d":"699.36"},{"v":72.6402400799999,"d":"72.64"},0,"0_20306000_528",{"v":3345.27384292999,"d":"3,345.27"},{"v":0,"d":"0.00"},{"v":72.6402400799999,"d":"72.64"},{"v":0,"d":"0.00"},"0_20306000_528_81","F",{"v":9.61208695561,"d":"9.61"},{"v":0.00287333336729,"d":"0.00"},{"v":0.20871962563,"d":"0.21"}]
[2,203,20306,{"v":9907.99414699999,"d":"9,907.99"},2502,{"v":0.252523363,"d":"0.25"},"M",430,20306000,{"v":3446.21801485,"d":"3,446.22"},772,{"v":0.224013686,"d":"0.22"},{"v":0,"d":"0.00"},{"v":0.905906425,"d":"0.91"},{"v":699.359759899999,"d":"699.36"},{"v":72.6402400799999,"d":"72.64"},0,"0_20306000_528",{"v":3345.27384292999,"d":"3,345.27"},{"v":0,"d":"0.00"},{"v":72.6402400799999,"d":"72.64"},{"v":0,"d":"0.00"},"0_20306000_528_82","F",{"v":1.01613811152E-3,"d":"0.00"},{"v":3.03753343e-07,"d":"0.00"},{"v":2.2064715728E-5,"d":"0.00"}]
[2,203,20306,{"v":9907.99414699999,"d":"9,907.99"},2502,{"v":0.252523363,"d":"0.25"},"M",430,20306000,{"v":3446.21801485,"d":"3,446.22"},772,{"v":0.224013686,"d":"0.22"},{"v":0,"d":"0.00"},{"v":0.905906425,"d":"0.91"},{"v":699.359759899999,"d":"699.36"},{"v":72.6402400799999,"d":"72.64"},0,"0_20306000_528",{"v":3345.27384292999,"d":"3,345.27"},{"v":0,"d":"0.00"},{"v":72.6402400799999,"d":"72.64"},{"v":0,"d":"0.00"},"0_20306000_528_83","F",{"v":0.372253957476,"d":"0.37"},{"v":1.11277573961E-4,"d":"0.00"},{"v":0.00808322968805,"d":"0.01"}]
[2,203,20306,{"v":9907.99414699999,"d":"9,907.99"},2502,{"v":0.252523363,"d":"0.25"},"M",430,20306000,{"v":3446.21801485,"d":"3,446.22"},772,{"v":0.224013686,"d":"0.22"},{"v":0,"d":"0.00"},{"v":0.905906425,"d":"0.91"},{"v":699.359759899999,"d":"699.36"},{"v":72.6402400799999,"d":"72.64"},0,"0_20306000_528",{"v":3345.27384292999,"d":"3,345.27"},{"v":0,"d":"0.00"},{"v":72.6402400799999,"d":"72.64"},{"v":0,"d":"0.00"},"0_20306000_528_84","F",{"v":1.12200249781,"d":"1.12"},{"v":0.000335399297783,"d":"0.00"},{"v":0.0243634855136,"d":"0.02"}]
[2,203,20306,{"v":9907.99414699999,"d":"9,907.99"},2502,{"v":0.252523363,"d":"0.25"},"M",430,20306000,{"v":3446.21801485,"d":"3,446.22"},772,{"v":0.224013686,"d":"0.22"},{"v":0,"d":"0.00"},{"v":0.905906425,"d":"0.91"},{"v":699.359759899999,"d":"699.36"},{"v":72.6402400799999,"d":"72.64"},0,"0_20306000_528",{"v":3345.27384292999,"d":"3,345.27"},{"v":0,"d":"0.00"},{"v":72.6402400799999,"d":"72.64"},{"v":0,"d":"0.00"},"0_20306000_528_85","F",{"v":0.796961020371,"d":"0.80"},{"v":0.000238234912235,"d":"0.00"},{"v":0.0173054412202,"d":"0.02"}]
[2,203,20306,{"v":9907.99414699999,"d":"9,907.99"},2502,{"v":0.252523363,"d":"0.25"},"M",430,20306000,{"v":3446.21801485,"d":"3,446.22"},772,{"v":0.224013686,"d":"0.22"},{"v":0,"d":"0.00"},{"v":0.905906425,"d":"0.91"},{"v":699.359759899999,"d":"699.36"},{"v":72.6402400799999,"d":"72.64"},0,"0_20306000_528",{"v":3345.27384292999,"d":"3,345.27"},{"v":0,"d":"0.00"},{"v":72.6402400799999,"d":"72.64"},{"v":0,"d":"0.00"},"0_20306000_528_86","G",{"v":14.4886342044,"d":"14.49"},{"v":0.00433107568608,"d":"0.00"},{"v":0.314610377642,"d":"0.31"}]
[2,203,20306,{"v":9907.99414699999,"d":"9,907.99"},2502,{"v":0.252523363,"d":"0.25"},"M",430,20306000,{"v":3446.21801485,"d":"3,446.22"},772,{"v":0.224013686,"d":"0.22"},{"v":0,"d":"0.00"},{"v":0.905906425,"d":"0.91"},{"v":699.359759899999,"d":"699.36"},{"v":72.6402400799999,"d":"72.64"},0,"0_20306000_528",{"v":3345.27384292999,"d":"3,345.27"},{"v":0,"d":"0.00"},{"v":72.6402400799999,"d":"72.64"},{"v":0,"d":"0.00"},"0_20306000_528_87","G",{"v":1.0831398368,"d":"1.08"},{"v":0.000323782114008,"d":"0.00"},{"v":0.0235196104952,"d":"0.02"}]
[2,203,20306,{"v":9907.99414699999,"d":"9,907.99"},2502,{"v":0.252523363,"d":"0.25"},"M",430,20306000,{"v":3446.21801485,"d":"3,446.22"},772,{"v":0.224013686,"d":"0.22"},{"v":0,"d":"0.00"},{"v":0.905906425,"d":"0.91"},{"v":699.359759899999,"d":"699.36"},{"v":72.6402400799999,"d":"72.64"},0,"0_20306000_528",{"v":3345.27384292999,"d":"3,345.27"},{"v":0,"d":"0.00"},{"v":72.6402400799999,"d":"72.64"},{"v":0,"d":"0.00"},"0_20306000_528_88","G",{"v":11.5725611653,"d":"11.57"},{"v":0.00345937633469,"d":"0.00"},{"v":0.251289927479,"d":"0.25"}]
[2,203,20306,{"v":9907.99414699999,"d":"9,907.99"},2502,{"v":0.252523363,"d":"0.25"},"M",430,20306000,{"v":3446.21801485,"d":"3,446.22"},772,{"v":0.224013686,"d":"0.22"},{"v":0,"d":"0.00"},{"v":0.905906425,"d":"0.91"},{"v":699.359759899999,"d":"699.36"},{"v":72.6402400799999,"d":"72.64"},0,"0_20306000_528",{"v":3345.27384292999,"d":"3,345.27"},{"v":0,"d":"0.00"},{"v":72.6402400799999,"d":"72.64"},{"v":0,"d":"0.00"},"0_20306000_528_89","G",{"v":0.000958585116661,"d":"0.00"},{"v":2.86549072E-7,"d":"0.00"},{"v":2.0814993415e-05,"d":"0.00"}]
[2,203,20306,{"v":9907.99414699999,"d":"9,907.99"},2502,{"v":0.252523363,"d":"0.25"},"M",430,20306000,{"v":3446.21801485,"d":"3,446.22"},772,{"v":0.224013686,"d":"0.22"},{"v":0,"d":"0.00"},{"v":0.905906425,"d":"0.91"},{"v":699.359759899999,"d":"699.36"},{"v":72.6402400799999,"d":"72.64"},0,"0_20306000_528",{"v":3345.27384292999,"d":"3,345.27"},{"v":0,"d":"0.00"},{"v":72.6402400799999,"d":"72.64"},{"v":0,"d":"0.00"},"0_20306000_528_90","G",{"v":0.33408872311,"d":"0.33"},{"v":9.9868871368e-05,"d":"0.00"},{"v":0.00725449879268,"d":"0.01"}]
[2,203,20306,{"v":9907.99414699999,"d":"9,907.99"},2502,{"v":0.252523363,"d":"0.25"},"M",430,20306000,{"v":3446.21801485,"d":"3,446.22"},772,{"v":0.224013686,"d":"0.22"},{"v":0,"d":"0.00"},{"v":0.905906425,"d":"0.91"},{"v":699.359759899999,"d":"699.36"},{"v":72.6402400799999,"d":"72.64"},0,"0_20306000_528",{"v":3345.27384292999,"d":"3,345.27"},{"v":0,"d":"0.00"},{"v":72.6402400799999,"d":"72.64"},{"v":0,"d":"0.00"},"0_20306000_528_91","G",{"v":61.4818894052,"d":"61.48"},{"v":0.018378731396,"d":"0.02"},{"v":1.33503546097,"d":"1.34"}]
[2,203,20306,{"v":9907.99414699999,"d":"9,907.99"},2502,{"v":0.252523363,"d":"0.25"},"M",430,20306000,{"v":3446.21801485,"d":"3,446.22"},772,{"v":0.224013686,"d":"0.22"},{"v":0,"d":"0.00"},{"v":0.905906425,"d":"0.91"},{"v":699.359759899999,"d":"699.36"},{"v":72.6402400799999,"d":"72.64"},0,"0_20306000_528",{"v":3345.27384292999,"d":"3,345.27"},{"v":0,"d":"0.00"},{"v":72.6402400799999,"d":"72.64"},{"v":0,"d":"0.00"},"0_20306000_528_92","G",{"v":0.693875106683,"d":"0.69"},{"v":2.07419523561E-4,"d":"0.00"},{"v":0.0150670039888,"d":"0.02"}]
[2,203,20306,{"v":9907.99414699999,"d":"9,907.99"},2502,{"v":0.252523363,"d":"0.25"},"M",430,20306000,{"v":3446.21801485,"d":"3,446.22"},772,{"v":0.224013686,"d":"0.22"},{"v":0,"d":"0.00"},{"v":0.905906425,"d":"0.91"},{"v":699.359759899999,"d":"699.36"},{"v":72.6402400799999,"d":"72.64"},0,"0_20306000_528",{"v":3345.27384292999,"d":"3,345.27"},{"v":0,"d":"0.00"},{"v":72.6402400799999,"d":"72.64"},{"v":0,"d":"0.00"},"0_20306000_528_93","G",{"v":0.041799864714,"d":"0.04"},{"v":1.2495199699E-5,"d":"0.00"},{"v":0.000907654305954,"d":"0.00"}]
[2,203,20306,{"v":9907.99414699999,"d":"9,907.99"},2502,{"v":0.252523363,"d":"0.25"},"M",430,20306000,{"v":3446.21801485,"d":"3,446.22"},772,{"v":0.224013686,"d":"0.22"},{"v":0,"d":"0.00"},{"v":0.905906425,"d":"0.91"},{"v":699.359759899999,"d":"699.36"},{"v":72.6402400799999,"d":"72.64"},0,"0_20306000_528",{"v":3345.27384292999,"d":"3,345.27"},{"v":0,"d":"0.00"},{"v":72.6402400799999,"d":"72.64"},{"v":0,"d":"0.00"},"0_20306000_528_94","G",{"v":0.524940608459,"d":"0.52"},{"v":1.56920070854E-4,"d":"0.00"},{"v":0.0113987116202,"d":"0.01"}]
[2,203,20306,{"v":9907.99414699999,"d":"9,907.99"},2502,{"v":0.252523363,"d":"0.25"},"M",430,20306001,{"v":5490.31015208,"d":"5,490.31"},1469,{"v":0.267562298,"d":"0.27"},{"v":0,"d":"0.00"},{"v":0.905906425,"d":"0.91"},{"v":1330.776538,"d":"1,330.78"},{"v":138.223462,"d":"138.22"},0,"0_20306001_529",{"v":5360.82149687,"d":"5,360.82"},{"v":0,"d":"0.00"},{"v":138.223462,"d":"138.22"},{"v":0,"d":"0.00"},"0_20306001_529_95","außerhalb GKL",{"v":5165.60569977999,"d":"5,165.61"},{"v":0.963584723497,"d":"0.96"},{"v":133.190016412,"d":"133.19"}]
[2,203,20306,{"v":9907.99414699999,"d":"9,907.99"},2502,{"v":0.252523363,"d":"0.25"},"M",430,20306001,{"v":5490.31015208,"d":"5,490.31"},1469,{"v":0.267562298,"d":"0.27"},{"v":0,"d":"0.00"},{"v":0.905906425,"d":"0.91"},{"v":1330.776538,"d":"1,330.78"},{"v":138.223462,"d":"138.22"},0,"0_20306001_529",{"v":5360.82149687,"d":"5,360.82"},{"v":0,"d":"0.00"},{"v":138.223462,"d":"138.22"},{"v":0,"d":"0.00"},"0_20306001_529_96","E",{"v":8.94796572641,"d":"8.95"},{"v":0.00166914077099,"d":"0.00"},{"v":0.230714415932,"d":"0.23"}]
[2,203,20306,{"v":9907.99414699999,"d":"9,907.99"},2502,{"v":0.252523363,"d":"0.25"},"M",430,20306001,{"v":5490.31015208,"d":"5,490.31"},1469,{"v":0.267562298,"d":"0.27"},{"v":0,"d":"0.00"},{"v":0.905906425,"d":"0.91"},{"v":1330.776538,"d":"1,330.78"},{"v":138.223462,"d":"138.22"},0,"0_20306001_529",{"v":5360.82149687,"d":"5,360.82"},{"v":0,"d":"0.00"},{"v":138.223462,"d":"138.22"},{"v":0,"d":"0.00"},"0_20306001_529_97","E",{"v":0.059568238749,"d":"0.06"},{"v":1.111177434e-05,"d":"0.00"},{"v":1.53590791821E-3,"d":"0.00"}]
[2,203,20306,{"v":9907.99414699999,"d":"9,907.99"},2502,{"v":0.252523363,"d":"0.25"},"M",430,20306001,{"v":5490.31015208,"d":"5,490.31"},1469,{"v":0.267562298,"d":"0.27"},{"v":0,"d":"0.00"},{"v":0.905906425,"d":"0.91"},{"v":1330.776538,"d":"1,330.78"},{"v":138.223462,"d":"138.22"},0,"0_20306001_529",{"v":5360.82149687,"d":"5,360.82"},{"v":0,"d":"0.00"},{"v":138.223462,"d":"138.22"},{"v":0,"d":"0.00"},"0_20306001_529_98","E",{"v":4.59597537855,"d":"4.60"},{"v":0.000857326695402,"d":"0.00"},{"v":0.118502663903,"d":"0.12"}]
[2,203,20306,{"v":9907.99414699999,"d":"9,907.99"},2502,{"v":0.252523363,"d":"0.25"},"M",430,20306001,{"v":5490.31015208,"d":"5,490.31"},1469,{"v":0.267562298,"d":"0.27"},{"v":0,"d":"0.00"},{"v":0.905906425,"d":"0.91"},{"v":1330.776538,"d":"1,330.78"},{"v":138.223462,"d":"138.22"},0,"0_20306001_529",{"v":5360.82149687,"d":"5,360.82"},{"v":0,"d":"0.00"},{"v":138.223462,"d":"138.22"},{"v":0,"d":"0.00"},"0_20306001_529_99","E",{"v":0.0103711689315,"d":"0.01"},{"v":1.934623068e-06,"d":"0.00"},{"v":0.00026741029813,"d":"0.00"}]
[2,203,20306,{"v":9907.99414699999,"d":"9,907.99"},2502,{"v":0.252523363,"d":"0.25"},"M",430,20306001,{"v":5490.31015208,"d":"5,490.31"},1469,{"v":0.267562298,"d":"0.27"},{"v":0,"d":"0.00"},{"v":0.905906425,"d":"0.91"},{"v":1330.776538,"d":"1,330.78"},{"v":138.223462,"d":"138.22"},0,"0_20306001_529",{"v":5360.82149687,"d":"5,360.82"},{"v":0,"d":"0.00"},{"v":138.223462,"d":"138.22"},{"v":0,"d":"0.00"},"0_20306001_529_100","E",{"v":0.136098079209,"d":"0.14"},{"v":2.5387541683e-05,"d":"0.00"},{"v":0.00350915390315,"d":"0.00"}]
[2,203,20306,{"v":9907.99414699999,"d":"9,907.99"},2502,{"v":0.252523363,"d":"0.25"},"M",430,20306001,{"v":5490.31015208,"d":"5,490.31"},1469,{"v":0.267562298,"d":"0.27"},{"v":0,"d":"0.00"},{"v":0.905906425,"d":"0.91"},{"v":1330.776538,"d":"1,330.78"},{"v":138.223462,"d":"138.22"},0,"0_20306001_529",{"v":5360.82149687,"d":"5,360.82"},{"v":0,"d":"0.00"},{"v":138.223462,"d":"138.22"},{"v":0,"d":"0.00"},"0_20306001_529_101","E",{"v":0.232993548209,"d":"0.23"},{"v":4.3462284343e-05,"d":"0.00"},{"v":0.00600750740832,"d":"0.01"}]
[2,203,20306,{"v":9907.99414699999,"d":"9,907.99"},2502,{"v":0.252523363,"d":"0.25"},"M",430,20306001,{"v":5490.31015208,"d":"5,490.31"},1469,{"v":0.267562298,"d":"0.27"},{"v":0,"d":"0.00"},{"v":0.905906425,"d":"0.91"},{"v":1330.776538,"d":"1,330.78"},{"v":138.223462,"d":"138.22"},0,"0_20306001_529",{"v":5360.82149687,"d":"5,360.82"},{"v":0,"d":"0.00"},{"v":138.223462,"d":"138.22"},{"v":0,"d":"0.00"},"0_20306001_529_102","E",{"v":1.466529462E-6,"d":"0.00"},{"v":2.73564e-10,"d":"0.00"},{"v":3.7813007e-08,"d":"0.00"}]
[2,203,20306,{"v":9907.99414699999,"d":"9,907.99"},2502,{"v":0.252523363,"d":"0.25"},"M",430,20306001,{"v":5490.31015208,"d":"5,490.31"},1469,{"v":0.267562298,"d":"0.27"},{"v":0,"d":"0.00"},{"v":0.905906425,"d":"0.91"},{"v":1330.776538,"d":"1,330.78"},{"v":138.223462,"d":"138.22"},0,"0_20306001_529",{"v":5360.82149687,"d":"5,360.82"},{"v":0,"d":"0.00"},{"v":138.223462,"d":"138.22"},{"v":0,"d":"0.00"},"0_20306001_529_103","F",{"v":1.54370673943,"d":"1.54"},{"v":0.000287960854569,"d":"0.00"},{"v":0.039802946239,"d":"0.04"}]
[2,203,20306,{"v":9907.99414699999,"d":"9,907.99"},2502,{"v":0.252523363,"d":"0.25"},"M",430,20306001,{"v":5490.31015208,"d":"5,490.31"},1469,{"v":0.267562298,"d":"0.27"},{"v":0,"d":"0.00"},{"v":0.905906425,"d":"0.91"},{"v":1330.776538,"d":"1,330.78"},{"v":138.223462,"d":"138.22"},0,"0_20306001_529",{"v":5360.82149687,"d":"5,360.82"},{"v":0,"d":"0.00"},{"v":138.223462,"d":"138.22"},{"v":0,"d":"0.00"},"0_20306001_529_104","F",{"v":25.172751548,"d":"25.17"},{"v":0.00469568918918,"d":"0.00"},{"v":0.649054416204,"d":"0.65"}]
[2,203,20306,{"v":9907.99414699999,"d":"9,907.99"},2502,{"v":0.252523363,"d":"0.25"},"M",430,20306001,{"v":5490.31015208,"d":"5,490.31"},1469,{"v":0.267562298,"d":"0.27"},{"v":0,"d":"0.00"},{"v":0.905906425,"d":"0.91"},{"v":1330.776538,"d":"1,330.78"},{"v":138.223462,"d":"138.22"},0,"0_20306001_529",{"v":5360.82149687,"d":"5,360.82"},{"v":0,"d":"0.00"},{"v":138.223462,"d":"138.22"},{"v":0,"d":"0.00"},"0_20306001_529_105","F",{"v":0.530270580509,"d":"0.53"},{"v":9.891591817e-05,"d":"0.00"},{"v":0.0136725006564,"d":"0.01"}]
[2,203,20306,{"v":9907.99414699999,"d":"9,907.99"},2502,{"v":0.252523363,"d":"0.25"},"M",430,20306001,{"v":5490.31015208,"d":"5,490.31"},1469,{"v":0.267562298,"d":"0.27"},{"v":0,"d":"0.00"},{"v":0.905906425,"d":"0.91"},{"v":1330.776538,"d":"1,330.78"},{"v":138.223462,"d":"138.22"},0,"0_20306001_529",{"v":5360.82149687,"d":"5,360.82"},{"v":0,"d":"0.00"},{"v":138.223462,"d":"138.22"},{"v":0,"d":"0.00"},"0_20306001_529_106","F",{"v":0.456472729908,"d":"0.46"},{"v":8.514977232e-05,"d":"0.00"},{"v":0.0117696963186,"d":"0.01"}]
[2,203,20306,{"v":9907.99414699999,"d":"9,907.99"},2502,{"v":0.252523363,"d":"0.25"},"M",430,20306001,{"v":5490.31015208,"d":"5,490.31"},1469,{"v":0.267562298,"d":"0.27"},{"v":0,"d":"0.00"},{"v":0.905906425,"d":"0.91"},{"v":1330.776538,"d":"1,330.78"},{"v":138.223462,"d":"138.22"},0,"0_20306001_529",{"v":5360.82149687,"d":"5,360.82"},{"v":0,"d":"0.00"},{"v":138.223462,"d":"138.22"},{"v":0,"d":"0.00"},"0_20306001_529_107","F",{"v":2.69945163405,"d":"2.70"},{"v":5.03551859659E-4,"d":"0.00"},{"v":0.0696026813386,"d":"0.07"}]
[2,203,20306,{"v":9907.99414699999,"d":"9,907.99"},2502,{"v":0.252523363,"d":"0.25"},"M",430,20306001,{"v":5490.31015208,"d":"5,490.31"},1469,{"v":0.267562298,"d":"0.27"},{"v":0,"d":"0.00"},{"v":0.905906425,"d":"0.91"},{"v":1330.776538,"d":"1,330.78"},{"v":138.223462,"d":"138.22"},0,"0_20306001_529",{"v":5360.82149687,"d":"5,360.82"},{"v":0,"d":"0.00"},{"v":138.223462,"d":"138.22"},{"v":0,"d":"0.00"},"0_20306001_529_108","F",{"v":0.213994957678,"d":"0.21"},{"v":3.9918314349e-05,"d":"0.00"},{"v":0.00551764760645,"d":"0.01"}]
[2,203,20306,{"v":9907.99414699999,"d":"9,907.99"},2502,{"v":0.252523363,"d":"0.25"},"M",430,20306001,{"v":5490.31015208,"d":"5,490.31"},1469,{"v":0.267562298,"d":"0.27"},{"v":0,"d":"0.00"},{"v":0.905906425,"d":"0.91"},{"v":1330.776538,"d":"1,330.78"},{"v":138.223462,"d":"138.22"},0,"0_20306001_529",{"v":5360.82149687,"d":"5,360.82"},{"v":0,"d":"0.00"},{"v":138.223462,"d":"138.22"},{"v":0,"d":"0.00"},"0_20306001_529_109","F",{"v":0.0120954632396,"d":"0.01"},{"v":2.25627047e-06,"d":"0.00"},{"v":0.000311869515605,"d":"0.00"}]
[2,203,20306,{"v":9907.99414699999,"d":"9,907.99"},2502,{"v":0.252523363,"d":"0.25"},"M",430,20306001,{"v":5490.31015208,"d":"5,490.31"},1469,{"v":0.267562298,"d":"0.27"},{"v":0,"d":"0.00"},{"v":0.905906425,"d":"0.91"},{"v":1330.776538,"d":"1,330.78"},{"v":138.223462,"d":"138.22"},0,"0_20306001_529",{"v":5360.82149687,"d":"5,360.82"},{"v":0,"d":"0.00"},{"v":138.223462,"d":"138.22"},{"v":0,"d":"0.00"},"0_20306001_529_110","F",{"v":7.70066405503,"d":"7.70"},{"v":0.00143647089528,"d":"0.00"},{"v":0.198553980208,"d":"0.20"}]
[2,203,20306,{"v":9907.99414699999,"d":"9,907.99"},2502,{"v":0.252523363,"d":"0.25"},"M",430,20306001,{"v":5490.31015208,"d":"5,490.31"},1469,{"v":0.267562298,"d":"0.27"},{"v":0,"d":"0.00"},{"v":0.905906425,"d":"0.91"},{"v":1330.776538,"d":"1,330.78"},{"v":138.223462,"d":"138.22"},0,"0_20306001_529",{"v":5360.82149687,"d":"5,360.82"},{"v":0,"d":"0.00"},{"v":138.223462,"d":"138.22"},{"v":0,"d":"0.00"},"0_20306001_529_111","F",{"v":10.0632310886,"d":"10.06"},{"v":0.0018771807818,"d":"0.00"},{"v":0.25947042646,"d":"0.26"}]
[2,203,20306,{"v":9907.99414699999,"d":"9,907.99"},2502,{"v":0.252523363,"d":"0.25"},"M",430,20306001,{"v":5490.31015208,"d":"5,490.31"},1469,{"v":0.267562298,"d":"0.27"},{"v":0,"d":"0.00"},{"v":0.905906425,"d":"0.91"},{"v":1330.776538,"d":"1,330.78"},{"v":138.223462,"d":"138.22"},0,"0_20306001_529",{"v":5360.82149687,"d":"5,360.82"},{"v":0,"d":"0.00"},{"v":138.223462,"d":"138.22"},{"v":0,"d":"0.00"},"0_20306001_529_112","F",{"v":3.05819159393,"d":"3.06"},{"v":0.00057047070038,"d":"0.00"},{"v":0.0788524351761,"d":"0.08"}]
[2,203,20306,{"v":9907.99414699999,"d":"9,907.99"},2502,{"v":0.252523363,"d":"0.25"},"M",430,20306001,{"v":5490.31015208,"d":"5,490.31"},1469,{"v":0.267562298,"d":"0.27"},{"v":0,"d":"0.00"},{"v":0.905906425,"d":"0.91"},{"v":1330.776538,"d":"1,330.78"},{"v":138.223462,"d":"138.22"},0,"0_20306001_529",{"v":5360.82149687,"d":"5,360.82"},{"v":0,"d":"0.00"},{"v":138.223462,"d":"138.22"},{"v":0,"d":"0.00"},"0_20306001_529_113","F",{"v":0.640082791878,"d":"0.64"},{"v":1.19400131538E-4,"d":"0.00"},{"v":0.0165038995444,"d":"0.02"}]
[2,203,20306,{"v":9907.99414699999,"d":"9,907.99"},2502,{"v":0.252523363,"d":"0.25"},"M",430,20306001,{"v":5490.31015208,"d":"5,490.31"},1469,{"v":0.267562298,"d":"0.27"},{"v":0,"d":"0.00"},{"v":0.905906425,"d":"0.91"},{"v":1330.776538,"d":"1,330.78"},{"v":138.223462,"d":"138.22"},0,"0_20306001_529",{"v":5360.82149687,"d":"5,360.82"},{"v":0,"d":"0.00"},{"v":138.223462,"d":"138.22"},{"v":0,"d":"0.00"},"0_20306001_529_114","F",{"v":0.130180575057,"d":"0.13"},{"v":2.4283698894E-5,"d":"0.00"},{"v":3.35657693136E-3,"d":"0.00"}]
[2,203,20306,{"v":9907.99414699999,"d":"9,907.99"},2502,{"v":0.252523363,"d":"0.25"},"M",430,20306001,{"v":5490.31015208,"d":"5,490.31"},1469,{"v":0.267562298,"d":"0.27"},{"v":0,"d":"0.00"},{"v":0.905906425,"d":"0.91"},{"v":1330.776538,"d":"1,330.78"},{"v":138.223462,"d":"138.22"},0,"0_20306001_529",{"v":5360.82149687,"d":"5,360.82"},{"v":0,"d":"0.00"},{"v":138.223462,"d":"138.22"},{"v":0,"d":"0.00"},"0_20306001_529_115","F",{"v":0.000493380096662,"d":"0.00"},{"v":9.203442e-08,"d":"0.00"},{"v":1.2721316142E-5,"d":"0.00"}]
[2,203,20306,{"v":9907.99414699999,"d":"9,907.99"},2502,{"v":0.252523363,"d":"0.25"},"M",430,20306001,{"v":5490.31015208,"d":"5,490.31"},1469,{"v":0.267562298,"d":"0.27"},{"v":0,"d":"0.00"},{"v":0.905906425,"d":"0.91"},{"v":1330.776538,"d":"1,330.78"},{"v":138.223462,"d":"138.22"},0,"0_20306001_529",{"v":5360.82149687,"d":"5,360.82"},{"v":0,"d":"0.00"},{"v":138.223462,"d":"138.22"},{"v":0,"d":"0.00"},"0_20306001_529_116","F",{"v":0.286016994693,"d":"0.29"},{"v":5.3353202464e-05,"d":"0.00"},{"v":0.00737466435329,"d":"0.01"}]
[2,203,20306,{"v":9907.99414699999,"d":"9,907.99"},2502,{"v":0.252523363,"d":"0.25"},"M",430,20306001,{"v":5490.31015208,"d":"5,490.31"},1469,{"v":0.267562298,"d":"0.27"},{"v":0,"d":"0.00"},{"v":0.905906425,"d":"0.91"},{"v":1330.776538,"d":"1,330.78"},{"v":138.223462,"d":"138.22"},0,"0_20306001_529",{"v":5360.82149687,"d":"5,360.82"},{"v":0,"d":"0.00"},{"v":138.223462,"d":"138.22"},{"v":0,"d":"0.00"},"0_20306001_529_117","G",{"v":5.90907457733,"d":"5.91"},{"v":1.10227034808E-3,"d":"0.00"},{"v":0.152359623572,"d":"0.15"}]
[2,203,20306,{"v":9907.99414699999,"d":"9,907.99"},2502,{"v":0.252523363,"d":"0.25"},"M",430,20306001,{"v":5490.31015208,"d":"5,490.31"},1469,{"v":0.267562298,"d":"0.27"},{"v":0,"d":"0.00"},{"v":0.905906425,"d":"0.91"},{"v":1330.776538,"d":"1,330.78"},{"v":138.223462,"d":"138.22"},0,"0_20306001_529",{"v":5360.82149687,"d":"5,360.82"},{"v":0,"d":"0.00"},{"v":138.223462,"d":"138.22"},{"v":0,"d":"0.00"},"0_20306001_529_118","G",{"v":1.28929475605E-3,"d":"0.00"},{"v":2.40503206E-7,"d":"0.00"},{"v":3.3243185736e-05,"d":"0.00"}]
[2,203,20306,{"v":9907.99414699999,"d":"9,907.99"},2502,{"v":0.252523363,"d":"0.25"},"M",430,20306001,{"v":5490.31015208,"d":"5,490.31"},1469,{"v":0.267562298,"d":"0.27"},{"v":0,"d":"0.00"},{"v":0.905906425,"d":"0.91"},{"v":1330.776538,"d":"1,330.78"},{"v":138.223462,"d":"138.22"},0,"0_20306001_529",{"v":5360.82149687,"d":"5,360.82"},{"v":0,"d":"0.00"},{"v":138.223462,"d":"138.22"},{"v":0,"d":"0.00"},"0_20306001_529_119","G",{"v":72.3160021266999,"d":"72.32"},{"v":0.0134897239479,"d":"0.01"},{"v":1.8645963455,"d":"1.86"}]
[2,203,20306,{"v":9907.99414699999,"d":"9,907.99"},2502,{"v":0.252523363,"d":"0.25"},"M",430,20306001,{"v":5490.31015208,"d":"5,490.31"},1469,{"v":0.267562298,"d":"0.27"},{"v":0,"d":"0.00"},{"v":0.905906425,"d":"0.91"},{"v":1330.776538,"d":"1,330.78"},{"v":138.223462,"d":"138.22"},0,"0_20306001_529",{"v":5360.82149687,"d":"5,360.82"},{"v":0,"d":"0.00"},{"v":138.223462,"d":"138.22"},{"v":0,"d":"0.00"},"0_20306001_529_120","G",{"v":50.4988533459999,"d":"50.50"},{"v":0.0094199841154,"d":"0.01"},{"v":1.30206281642,"d":"1.30"}]
[2,203,20306,{"v":9907.99414699999,"d":"9,907.99"},2502,{"v":0.252523363,"d":"0.25"},"M",430,20306002,{"v":971.465980432,"d":"971.47"},261,{"v":0.268666124,"d":"0.27"},{"v":0,"d":"0.00"},{"v":0.905906425,"d":"0.91"},{"v":236.4415769,"d":"236.44"},{"v":24.55842313,"d":"24.56"},0,"0_20306002_530",{"v":938.480808185,"d":"938.48"},{"v":0,"d":"0.00"},{"v":24.55842313,"d":"24.56"},{"v":0,"d":"0.00"},"0_20306002_530_121","außerhalb GKL",{"v":880.808154615,"d":"880.81"},{"v":0.938546794919,"d":"0.94"},{"v":23.0492293169,"d":"23.05"}]
[2,203,20306,{"v":9907.99414699999,"d":"9,907.99"},2502,{"v":0.252523363,"d":"0.25"},"M",430,20306002,{"v":971.465980432,"d":"971.47"},261,{"v":0.268666124,"d":"0.27"},{"v":0,"d":"0.00"},{"v":0.905906425,"d":"0.91"},{"v":236.4415769,"d":"236.44"},{"v":24.55842313,"d":"24.56"},0,"0_20306002_530",{"v":938.480808185,"d":"938.48"},{"v":0,"d":"0.00"},{"v":24.55842313,"d":"24.56"},{"v":0,"d":"0.00"},"0_20306002_530_122","E",{"v":2.15808559427,"d":"2.16"},{"v":0.00229955218631,"d":"0.00"},{"v":0.0564733756009,"d":"0.06"}]
[2,203,20306,{"v":9907.99414699999,"d":"9,907.99"},2502,{"v":0.252523363,"d":"0.25"},"M",430,20306002,{"v":971.465980432,"d":"971.47"},261,{"v":0.268666124,"d":"0.27"},{"v":0,"d":"0.00"},{"v":0.905906425,"d":"0.91"},{"v":236.4415769,"d":"236.44"},{"v":24.55842313,"d":"24.56"},0,"0_20306002_530",{"v":938.480808185,"d":"938.48"},{"v":0,"d":"0.00"},{"v":24.55842313,"d":"24.56"},{"v":0,"d":"0.00"},"0_20306002_530_123","E",{"v":1.52913331384E-3,"d":"0.00"},{"v":1.629370894e-06,"d":"0.00"},{"v":4.0014779861e-05,"d":"0.00"}]
[2,203,20306,{"v":9907.99414699999,"d":"9,907.99"},2502,{"v":0.252523363,"d":"0.25"},"M",430,20306002,{"v":971.465980432,"d":"971.47"},261,{"v":0.268666124,"d":"0.27"},{"v":0,"d":"0.00"},{"v":0.905906425,"d":"0.91"},{"v":236.4415769,"d":"236.44"},{"v":24.55842313,"d":"24.56"},0,"0_20306002_530",{"v":938.480808185,"d":"938.48"},{"v":0,"d":"0.00"},{"v":24.55842313,"d":"24.56"},{"v":0,"d":"0.00"},"0_20306002_530_124","E",{"v":0.619234332341,"d":"0.62"},{"v":0.000659826313911,"d":"0.00"},{"v":0.0162042938093,"d":"0.02"}]
[2,203,20306,{"v":9907.99414699999,"d":"9,907.99"},2502,{"v":0.252523363,"d":"0.25"},"M",430,20306002,{"v":971.465980432,"d":"971.47"},261,{"v":0.268666124,"d":"0.27"},{"v":0,"d":"0.00"},{"v":0.905906425,"d":"0.91"},{"v":236.4415769,"d":"236.44"},{"v":24.55842313,"d":"24.56"},0,"0_20306002_530",{"v":938.480808185,"d":"938.48"},{"v":0,"d":"0.00"},{"v":24.55842313,"d":"24.56"},{"v":0,"d":"0.00"},"0_20306002_530_125","F",{"v":0.169193272319,"d":"0.17"},{"v":0.000180284211295,"d":"0.00"},{"v":0.00442749594464,"d":"0.00"}]
[2,203,20306,{"v":9907.99414699999,"d":"9,907.99"},2502,{"v":0.252523363,"d":"0.25"},"M",430,20306002,{"v":971.465980432,"d":"971.47"},261,{"v":0.268666124,"d":"0.27"},{"v":0,"d":"0.00"},{"v":0.905906425,"d":"0.91"},{"v":236.4415769,"d":"236.44"},{"v":24.55842313,"d":"24.56"},0,"0_20306002_530",{"v":938.480808185,"d":"938.48"},{"v":0,"d":"0.00"},{"v":24.55842313,"d":"24.56"},{"v":0,"d":"0.00"},"0_20306002_530_126","F",{"v":11.9624692289,"d":"11.96"},{"v":0.0127466317101,"d":"0.01"},{"v":0.313037175019,"d":"0.31"}]
[2,203,20306,{"v":9907.99414699999,"d":"9,907.99"},2502,{"v":0.252523363,"d":"0.25"},"M",430,20306002,{"v":971.465980432,"d":"971.47"},261,{"v":0.268666124,"d":"0.27"},{"v":0,"d":"0.00"},{"v":0.905906425,"d":"0.91"},{"v":236.4415769,"d":"236.44"},{"v":24.55842313,"d":"24.56"},0,"0_20306002_530",{"v":938.480808185,"d":"938.48"},{"v":0,"d":"0.00"},{"v":24.55842313,"d":"24.56"},{"v":0,"d":"0.00"},"0_20306002_530_127","F",{"v":0.156461670616,"d":"0.16"},{"v":1.66718029022E-4,"d":"0.00"},{"v":0.00409433190012,"d":"0.00"}]
[2,203,20306,{"v":9907.99414699999,"d":"9,907.99"},2502,{"v":0.252523363,"d":"0.25"},"M",430,20306002,{"v":971.465980432,"d":"971.47"},261,{"v":0.268666124,"d":"0.27"},{"v":0,"d":"0.00"},{"v":0.905906425,"d":"0.91"},{"v":236.4415769,"d":"236.44"},{"v":24.55842313,"d":"24.56"},0,"0_20306002_530",{"v":938.480808185,"d":"938.48"},{"v":0,"d":"0.00"},{"v":24.55842313,"d":"24.56"},{"v":0,"d":"0.00"},"0_20306002_530_128","F",{"v":0.142822762681,"d":"0.14"},{"v":0.000152185064879,"d":"0.00"},{"v":0.00373742521736,"d":"0.00"}]
[2,203,20306,{"v":9907.99414699999,"d":"9,907.99"},2502,{"v":0.252523363,"d":"0.25"},"M",430,20306002,{"v":971.465980432,"d":"971.47"},261,{"v":0.268666124,"d":"0.27"},{"v":0,"d":"0.00"},{"v":0.905906425,"d":"0.91"},{"v":236.4415769,"d":"236.44"},{"v":24.55842313,"d":"24.56"},0,"0_20306002_530",{"v":938.480808185,"d":"938.48"},{"v":0,"d":"0.00"},{"v":24.55842313,"d":"24.56"},{"v":0,"d":"0.00"},"0_20306002_530_129","F",{"v":1.29705738969,"d":"1.30"},{"v":0.00138208195456,"d":"0.00"},{"v":0.0339417534404,"d":"0.03"}]
[2,203,20306,{"v":9907.99414699999,"d":"9,907.99"},2502,{"v":0.252523363,"d":"0.25"},"M",430,20306002,{"v":971.465980432,"d":"971.47"},261,{"v":0.268666124,"d":"0.27"},{"v":0,"d":"0.00"},{"v":0.905906425,"d":"0.91"},{"v":236.4415769,"d":"236.44"},{"v":24.55842313,"d":"24.56"},0,"0_20306002_530",{"v":938.480808185,"d":"938.48"},{"v":0,"d":"0.00"},{"v":24.55842313,"d":"24.56"},{"v":0,"d":"0.00"},"0_20306002_530_130","G",{"v":40.9869777599,"d":"40.99"},{"v":0.0436737516659,"d":"0.04"},{"v":1.07255847309,"d":"1.07"}]
[2,203,20306,{"v":9907.99414699999,"d":"9,907.99"},2502,{"v":0.252523363,"d":"0.25"},"M",430,20306002,{"v":971.465980432,"d":"971.47"},261,{"v":0.268666124,"d":"0.27"},{"v":0,"d":"0.00"},{"v":0.905906425,"d":"0.91"},{"v":236.4415769,"d":"236.44"},{"v":24.55842313,"d":"24.56"},0,"0_20306002_530",{"v":938.480808185,"d":"938.48"},{"v":0,"d":"0.00"},{"v":24.55842313,"d":"24.56"},{"v":0,"d":"0.00"},"0_20306002_530_131","G",{"v":0.178750892006,"d":"0.18"},{"v":1.90468351028E-4,"d":"0.00"},{"v":0.00467760235742,"d":"0.00"}]
[2,203,20306,{"v":9907.99414699999,"d":"9,907.99"},2502,{"v":0.252523363,"d":"0.25"},"M",430,20306002,{"v":971.465980432,"d":"971.47"},261,{"v":0.268666124,"d":"0.27"},{"v":0,"d":"0.00"},{"v":0.905906425,"d":"0.91"},{"v":236.4415769,"d":"236.44"},{"v":24.55842313,"d":"24.56"},0,"0_20306002_530",{"v":938.480808185,"d":"938.48"},{"v":0,"d":"0.00"},{"v":24.55842313,"d":"24.56"},{"v":0,"d":"0.00"},"0_20306002_530_132","G",{"v":7.1533974888e-05,"d":"0.00"},{"v":7.6223162e-08,"d":"0.00"},{"v":1.87192067E-6,"d":"0.00"}]
[2,203,20307,{"v":15457.40134,"d":"15,457.40"},3346,{"v":0.216465881,"d":"0.22"},"M",430,20307000,{"v":299.682535299999,"d":"299.68"},1486,{"v":4.958580581,"d":"4.96"},{"v":0,"d":"0.00"},{"v":0.905906425,"d":"0.91"},{"v":1346.17694699999,"d":"1,346.18"},{"v":139.823052799999,"d":"139.82"},0,"0_20307000_531",{"v":179.539250571999,"d":"179.54"},{"v":0,"d":"0.00"},{"v":139.823052799999,"d":"139.82"},{"v":0,"d":"0.00"},"0_20307000_531_133","außerhalb GKL",{"v":0.431271016182,"d":"0.43"},{"v":0.00240209878791,"d":"0.00"},{"v":0.335868785653,"d":"0.34"}]
[2,203,20307,{"v":15457.40134,"d":"15,457.40"},3346,{"v":0.216465881,"d":"0.22"},"M",430,20307000,{"v":299.682535299999,"d":"299.68"},1486,{"v":4.958580581,"d":"4.96"},{"v":0,"d":"0.00"},{"v":0.905906425,"d":"0.91"},{"v":1346.17694699999,"d":"1,346.18"},{"v":139.823052799999,"d":"139.82"},0,"0_20307000_531",{"v":179.539250571999,"d":"179.54"},{"v":0,"d":"0.00"},{"v":139.823052799999,"d":"139.82"},{"v":0,"d":"0.00"},"0_20307000_531_134","außerhalb GKL",{"v":1.75167883689,"d":"1.75"},{"v":0.0097565230517,"d":"0.01"},{"v":1.3641868378,"d":"1.36"}]
[2,203,20307,{"v":15457.40134,"d":"15,457.40"},3346,{"v":0.216465881,"d":"0.22"},"M",430,20307000,{"v":299.682535299999,"d":"299.68"},1486,{"v":4.958580581,"d":"4.96"},{"v":0,"d":"0.00"},{"v":0.905906425,"d":"0.91"},{"v":1346.17694699999,"d":"1,346.18"},{"v":139.823052799999,"d":"139.82"},0,"0_20307000_531",{"v":179.539250571999,"d":"179.54"},{"v":0,"d":"0.00"},{"v":139.823052799999,"d":"139.82"},{"v":0,"d":"0.00"},"0_20307000_531_135","außerhalb GKL",{"v":0.100882486504,"d":"0.10"},{"v":0.00056189655567,"d":"0.00"},{"v":0.0785660917716,"d":"0.08"}]
[2,203,20307,{"v":15457.40134,"d":"15,457.40"},3346,{"v":0.216465881,"d":"0.22"},"M",430,20307000,{"v":299.682535299999,"d":"299.68"},1486,{"v":4.958580581,"d":"4.96"},{"v":0,"d":"0.00"},{"v":0.905906425,"d":"0.91"},{"v":1346.17694699999,"d":"1,346.18"},{"v":139.823052799999,"d":"139.82"},0,"0_20307000_531",{"v":179.539250571999,"d":"179.54"},{"v":0,"d":"0.00"},{"v":139.823052799999,"d":"139.82"},{"v":0,"d":"0.00"},"0_20307000_531_136","außerhalb GKL",{"v":0.0348154603856,"d":"0.03"},{"v":0.000193915593803,"d":"0.00"},{"v":0.0271138703111,"d":"0.03"}]
[2,203,20307,{"v":15457.40134,"d":"15,457.40"},3346,{"v":0.216465881,"d":"0.22"},"M",430,20307000,{"v":299.682535299999,"d":"299.68"},1486,{"v":4.958580581,"d":"4.96"},{"v":0,"d":"0.00"},{"v":0.905906425,"d":"0.91"},{"v":1346.17694699999,"d":"1,346.18"},{"v":139.823052799999,"d":"139.82"},0,"0_20307000_531",{"v":179.539250571999,"d":"179.54"},{"v":0,"d":"0.00"},{"v":139.823052799999,"d":"139.82"},{"v":0,"d":"0.00"},"0_20307000_531_137","außerhalb GKL",{"v":1.12197696888,"d":"1.12"},{"v":0.00624920158297,"d":"0.01"},{"v":0.873782442893,"d":"0.87"}]
[2,203,20307,{"v":15457.40134,"d":"15,457.40"},3346,{"v":0.216465881,"d":"0.22"},"M",430,20307000,{"v":299.682535299999,"d":"299.68"},1486,{"v":4.958580581,"d":"4.96"},{"v":0,"d":"0.00"},{"v":0.905906425,"d":"0.91"},{"v":1346.17694699999,"d":"1,346.18"},{"v":139.823052799999,"d":"139.82"},0,"0_20307000_531",{"v":179.539250571999,"d":"179.54"},{"v":0,"d":"0.00"},{"v":139.823052799999,"d":"139.82"},{"v":0,"d":"0.00"},"0_20307000_531_138","außerhalb GKL",{"v":8.36865180225,"d":"8.37"},{"v":0.046611823184,"d":"0.05"},{"v":6.51740741416,"d":"6.52"}]
[2,203,20307,{"v":15457.40134,"d":"15,457.40"},3346,{"v":0.216465881,"d":"0.22"},"M",430,20307000,{"v":299.682535299999,"d":"299.68"},1486,{"v":4.958580581,"d":"4.96"},{"v":0,"d":"0.00"},{"v":0.905906425,"d":"0.91"},{"v":1346.17694699999,"d":"1,346.18"},{"v":139.823052799999,"d":"139.82"},0,"0_20307000_531",{"v":179.539250571999,"d":"179.54"},{"v":0,"d":"0.00"},{"v":139.823052799999,"d":"139.82"},{"v":0,"d":"0.00"},"0_20307000_531_139","außerhalb GKL",{"v":13.6768216971999,"d":"13.68"},{"v":0.0761773353382,"d":"0.08"},{"v":10.6513475812,"d":"10.65"}]
[2,203,20307,{"v":15457.40134,"d":"15,457.40"},3346,{"v":0.216465881,"d":"0.22"},"M",430,20307000,{"v":299.682535299999,"d":"299.68"},1486,{"v":4.958580581,"d":"4.96"},{"v":0,"d":"0.00"},{"v":0.905906425,"d":"0.91"},{"v":1346.17694699999,"d":"1,346.18"},{"v":139.823052799999,"d":"139.82"},0,"0_20307000_531",{"v":179.539250571999,"d":"179.54"},{"v":0,"d":"0.00"},{"v":139.823052799999,"d":"139.82"},{"v":0,"d":"0.00"},"0_20307000_531_140","außerhalb GKL",{"v":0.330454014583,"d":"0.33"},{"v":1.8405669709E-3,"d":"0.00"},{"v":0.257353692754,"d":"0.26"}]
[2,203,20307,{"v":15457.40134,"d":"15,457.40"},3346,{"v":0.216465881,"d":"0.22"},"M",430,20307000,{"v":299.682535299999,"d":"299.68"},1486,{"v":4.958580581,"d":"4.96"},{"v":0,"d":"0.00"},{"v":0.905906425,"d":"0.91"},{"v":1346.17694699999,"d":"1,346.18"},{"v":139.823052799999,"d":"139.82"},0,"0_20307000_531",{"v":179.539250571999,"d":"179.54"},{"v":0,"d":"0.00"},{"v":139.823052799999,"d":"139.82"},{"v":0,"d":"0.00"},"0_20307000_531_141","D",{"v":0.504577834103,"d":"0.50"},{"v":0.00281040403419,"d":"0.00"},{"v":0.392959271662,"d":"0.39"}]
[2,203,20307,{"v":15457.40134,"d":"15,457.40"},3346,{"v":0.216465881,"d":"0.22"},"M",430,20307000,{"v":299.682535299999,"d":"299.68"},1486,{"v":4.958580581,"d":"4.96"},{"v":0,"d":"0.00"},{"v":0.905906425,"d":"0.91"},{"v":1346.17694699999,"d":"1,346.18"},{"v":139.823052799999,"d":"139.82"},0,"0_20307000_531",{"v":179.539250571999,"d":"179.54"},{"v":0,"d":"0.00"},{"v":139.823052799999,"d":"139.82"},{"v":0,"d":"0.00"},"0_20307000_531_142","D",{"v":0.509197181995,"d":"0.51"},{"v":0.0028361329368,"d":"0.00"},{"v":0.39655676537,"d":"0.40"}]
[2,203,20307,{"v":15457.40134,"d":"15,457.40"},3346,{"v":0.216465881,"d":"0.22"},"M",430,20307000,{"v":299.682535299999,"d":"299.68"},1486,{"v":4.958580581,"d":"4.96"},{"v":0,"d":"0.00"},{"v":0.905906425,"d":"0.91"},{"v":1346.17694699999,"d":"1,346.18"},{"v":139.823052799999,"d":"139.82"},0,"0_20307000_531",{"v":179.539250571999,"d":"179.54"},{"v":0,"d":"0.00"},{"v":139.823052799999,"d":"139.82"},{"v":0,"d":"0.00"},"0_20307000_531_143","D",{"v":4.48903482684,"d":"4.49"},{"v":0.0250030832397,"d":"0.03"},{"v":3.49600742799,"d":"3.50"}]
[2,203,20307,{"v":15457.40134,"d":"15,457.40"},3346,{"v":0.216465881,"d":"0.22"},"M",430,20307000,{"v":299.682535299999,"d":"299.68"},1486,{"v":4.958580581,"d":"4.96"},{"v":0,"d":"0.00"},{"v":0.905906425,"d":"0.91"},{"v":1346.17694699999,"d":"1,346.18"},{"v":139.823052799999,"d":"139.82"},0,"0_20307000_531",{"v":179.539250571999,"d":"179.54"},{"v":0,"d":"0.00"},{"v":139.823052799999,"d":"139.82"},{"v":0,"d":"0.00"},"0_20307000_531_144","D",{"v":0.0775624577076,"d":"0.08"},{"v":0.000432008362854,"d":"0.00"},{"v":0.0604047281294,"d":"0.06"}]
[2,203,20307,{"v":15457.40134,"d":"15,457.40"},3346,{"v":0.216465881,"d":"0.22"},"M",430,20307000,{"v":299.682535299999,"d":"299.68"},1486,{"v":4.958580581,"d":"4.96"},{"v":0,"d":"0.00"},{"v":0.905906425,"d":"0.91"},{"v":1346.17694699999,"d":"1,346.18"},{"v":139.823052799999,"d":"139.82"},0,"0_20307000_531",{"v":179.539250571999,"d":"179.54"},{"v":0,"d":"0.00"},{"v":139.823052799999,"d":"139.82"},{"v":0,"d":"0.00"},"0_20307000_531_145","E",{"v":0.164309909132,"d":"0.16"},{"v":0.000915175420464,"d":"0.00"},{"v":0.127962621137,"d":"0.13"}]
[2,203,20307,{"v":15457.40134,"d":"15,457.40"},3346,{"v":0.216465881,"d":"0.22"},"M",430,20307000,{"v":299.682535299999,"d":"299.68"},1486,{"v":4.958580581,"d":"4.96"},{"v":0,"d":"0.00"},{"v":0.905906425,"d":"0.91"},{"v":1346.17694699999,"d":"1,346.18"},{"v":139.823052799999,"d":"139.82"},0,"0_20307000_531",{"v":179.539250571999,"d":"179.54"},{"v":0,"d":"0.00"},{"v":139.823052799999,"d":"139.82"},{"v":0,"d":"0.00"},"0_20307000_531_146","E",{"v":0.0151542636465,"d":"0.02"},{"v":8.4406410288e-05,"d":"0.00"},{"v":0.0118019619623,"d":"0.01"}]
[2,203,20307,{"v":15457.40134,"d":"15,457.40"},3346,{"v":0.216465881,"d":"0.22"},"M",430,20307000,{"v":299.682535299999,"d":"299.68"},1486,{"v":4.958580581,"d":"4.96"},{"v":0,"d":"0.00"},{"v":0.905906425,"d":"0.91"},{"v":1346.17694699999,"d":"1,346.18"},{"v":139.823052799999,"d":"139.82"},0,"0_20307000_531",{"v":179.539250571999,"d":"179.54"},{"v":0,"d":"0.00"},{"v":139.823052799999,"d":"139.82"},{"v":0,"d":"0.00"},"0_20307000_531_147","E",{"v":0.0389383533951,"d":"0.04"},{"v":2.16879335694E-4,"d":"0.00"},{"v":0.030324730806,"d":"0.03"}]
[2,203,20307,{"v":15457.40134,"d":"15,457.40"},3346,{"v":0.216465881,"d":"0.22"},"M",430,20307000,{"v":299.682535299999,"d":"299.68"},1486,{"v":4.958580581,"d":"4.96"},{"v":0,"d":"0.00"},{"v":0.905906425,"d":"0.91"},{"v":1346.17694699999,"d":"1,346.18"},{"v":139.823052799999,"d":"139.82"},0,"0_20307000_531",{"v":179.539250571999,"d":"179.54"},{"v":0,"d":"0.00"},{"v":139.823052799999,"d":"139.82"},{"v":0,"d":"0.00"},"0_20307000_531_148","E",{"v":0.0152499565837,"d":"0.02"},{"v":8.4939402026e-05,"d":"0.00"},{"v":0.0118764864942,"d":"0.01"}]
[2,203,20307,{"v":15457.40134,"d":"15,457.40"},3346,{"v":0.216465881,"d":"0.22"},"M",430,20307000,{"v":299.682535299999,"d":"299.68"},1486,{"v":4.958580581,"d":"4.96"},{"v":0,"d":"0.00"},{"v":0.905906425,"d":"0.91"},{"v":1346.17694699999,"d":"1,346.18"},{"v":139.823052799999,"d":"139.82"},0,"0_20307000_531",{"v":179.539250571999,"d":"179.54"},{"v":0,"d":"0.00"},{"v":139.823052799999,"d":"139.82"},{"v":0,"d":"0.00"},"0_20307000_531_149","E",{"v":0.187217904046,"d":"0.19"},{"v":0.00104276866172,"d":"0.00"},{"v":0.145803097646,"d":"0.15"}]
[2,203,20307,{"v":15457.40134,"d":"15,457.40"},3346,{"v":0.216465881,"d":"0.22"},"M",430,20307000,{"v":299.682535299999,"d":"299.68"},1486,{"v":4.958580581,"d":"4.96"},{"v":0,"d":"0.00"},{"v":0.905906425,"d":"0.91"},{"v":1346.17694699999,"d":"1,346.18"},{"v":139.823052799999,"d":"139.82"},0,"0_20307000_531",{"v":179.539250571999,"d":"179.54"},{"v":0,"d":"0.00"},{"v":139.823052799999,"d":"139.82"},{"v":0,"d":"0.00"},"0_20307000_531_150","E",{"v":0.288252183211,"d":"0.29"},{"v":0.00160551067409,"d":"0.00"},{"v":0.224487403754,"d":"0.22"}]
[2,203,20307,{"v":15457.40134,"d":"15,457.40"},3346,{"v":0.216465881,"d":"0.22"},"M",430,20307000,{"v":299.682535299999,"d":"299.68"},1486,{"v":4.958580581,"d":"4.96"},{"v":0,"d":"0.00"},{"v":0.905906425,"d":"0.91"},{"v":1346.17694699999,"d":"1,346.18"},{"v":139.823052799999,"d":"139.82"},0,"0_20307000_531",{"v":179.539250571999,"d":"179.54"},{"v":0,"d":"0.00"},{"v":139.823052799999,"d":"139.82"},{"v":0,"d":"0.00"},"0_20307000_531_151","E",{"v":0.318583426632,"d":"0.32"},{"v":0.00177445001924,"d":"0.00"},{"v":0.248109018731,"d":"0.25"}]
[2,203,20307,{"v":15457.40134,"d":"15,457.40"},3346,{"v":0.216465881,"d":"0.22"},"M",430,20307000,{"v":299.682535299999,"d":"299.68"},1486,{"v":4.958580581,"d":"4.96"},{"v":0,"d":"0.00"},{"v":0.905906425,"d":"0.91"},{"v":1346.17694699999,"d":"1,346.18"},{"v":139.823052799999,"d":"139.82"},0,"0_20307000_531",{"v":179.539250571999,"d":"179.54"},{"v":0,"d":"0.00"},{"v":139.823052799999,"d":"139.82"},{"v":0,"d":"0.00"},"0_20307000_531_152","E",{"v":0.224485476188,"d":"0.22"},{"v":0.00125034205876,"d":"0.00"},{"v":0.1748266437,"d":"0.17"}]
[2,203,20307,{"v":15457.40134,"d":"15,457.40"},3346,{"v":0.216465881,"d":"0.22"},"M",430,20307000,{"v":299.682535299999,"d":"299.68"},1486,{"v":4.958580581,"d":"4.96"},{"v":0,"d":"0.00"},{"v":0.905906425,"d":"0.91"},{"v":1346.17694699999,"d":"1,346.18"},{"v":139.823052799999,"d":"139.82"},0,"0_20307000_531",{"v":179.539250571999,"d":"179.54"},{"v":0,"d":"0.00"},{"v":139.823052799999,"d":"139.82"},{"v":0,"d":"0.00"},"0_20307000_531_153","E",{"v":0.516516175075,"d":"0.52"},{"v":2.87689835749E-3,"d":"0.00"},{"v":0.40225671094,"d":"0.40"}]
[2,203,20307,{"v":15457.40134,"d":"15,457.40"},3346,{"v":0.216465881,"d":"0.22"},"M",430,20307000,{"v":299.682535299999,"d":"299.68"},1486,{"v":4.958580581,"d":"4.96"},{"v":0,"d":"0.00"},{"v":0.905906425,"d":"0.91"},{"v":1346.17694699999,"d":"1,346.18"},{"v":139.823052799999,"d":"139.82"},0,"0_20307000_531",{"v":179.539250571999,"d":"179.54"},{"v":0,"d":"0.00"},{"v":139.823052799999,"d":"139.82"},{"v":0,"d":"0.00"},"0_20307000_531_154","E",{"v":1.0931422999,"d":"1.09"},{"v":0.00608859787716,"d":"0.01"},{"v":0.851326342456,"d":"0.85"}]
[2,203,20307,{"v":15457.40134,"d":"15,457.40"},3346,{"v":0.216465881,"d":"0.22"},"M",430,20307000,{"v":299.682535299999,"d":"299.68"},1486,{"v":4.958580581,"d":"4.96"},{"v":0,"d":"0.00"},{"v":0.905906425,"d":"0.91"},{"v":1346.17694699999,"d":"1,346.18"},{"v":139.823052799999,"d":"139.82"},0,"0_20307000_531",{"v":179.539250571999,"d":"179.54"},{"v":0,"d":"0.00"},{"v":139.823052799999,"d":"139.82"},{"v":0,"d":"0.00"},"0_20307000_531_155","E",{"v":2.34903486022,"d":"2.35"},{"v":0.0130836842236,"d":"0.01"},{"v":1.82940067001,"d":"1.83"}]
[2,203,20307,{"v":15457.40134,"d":"15,457.40"},3346,{"v":0.216465881,"d":"0.22"},"M",430,20307000,{"v":299.682535299999,"d":"299.68"},1486,{"v":4.958580581,"d":"4.96"},{"v":0,"d":"0.00"},{"v":0.905906425,"d":"0.91"},{"v":1346.17694699999,"d":"1,346.18"},{"v":139.823052799999,"d":"139.82"},0,"0_20307000_531",{"v":179.539250571999,"d":"179.54"},{"v":0,"d":"0.00"},{"v":139.823052799999,"d":"139.82"},{"v":0,"d":"0.00"},"0_20307000_531_156","E",{"v":0.072525444372,"d":"0.07"},{"v":0.000403953141951,"d":"0.00"},{"v":0.0564819614957,"d":"0.06"}]
[2,203,20307,{"v":15457.40134,"d":"15,457.40"},3346,{"v":0.216465881,"d":"0.22"},"M",430,20307000,{"v":299.682535299999,"d":"299.68"},1486,{"v":4.958580581,"d":"4.96"},{"v":0,"d":"0.00"},{"v":0.905906425,"d":"0.91"},{"v":1346.17694699999,"d":"1,346.18"},{"v":139.823052799999,"d":"139.82"},0,"0_20307000_531",{"v":179.539250571999,"d":"179.54"},{"v":0,"d":"0.00"},{"v":139.823052799999,"d":"139.82"},{"v":0,"d":"0.00"},"0_20307000_531_157","E",{"v":0.264683447771,"d":"0.26"},{"v":0.00147423723185,"d":"0.00"},{"v":0.206132350309,"d":"0.21"}]
[2,203,20307,{"v":15457.40134,"d":"15,457.40"},3346,{"v":0.216465881,"d":"0.22"},"M",430,20307000,{"v":299.682535299999,"d":"299.68"},1486,{"v":4.958580581,"d":"4.96"},{"v":0,"d":"0.00"},{"v":0.905906425,"d":"0.91"},{"v":1346.17694699999,"d":"1,346.18"},{"v":139.823052799999,"d":"139.82"},0,"0_20307000_531",{"v":179.539250571999,"d":"179.54"},{"v":0,"d":"0.00"},{"v":139.823052799999,"d":"139.82"},{"v":0,"d":"0.00"},"0_20307000_531_158","E",{"v":0.00650695964343,"d":"0.01"},{"v":3.6242546533e-05,"d":"0.00"},{"v":0.00506754349755,"d":"0.01"}]
[2,203,20307,{"v":15457.40134,"d":"15,457.40"},3346,{"v":0.216465881,"d":"0.22"},"M",430,20307000,{"v":299.682535299999,"d":"299.68"},1486,{"v":4.958580581,"d":"4.96"},{"v":0,"d":"0.00"},{"v":0.905906425,"d":"0.91"},{"v":1346.17694699999,"d":"1,346.18"},{"v":139.823052799999,"d":"139.82"},0,"0_20307000_531",{"v":179.539250571999,"d":"179.54"},{"v":0,"d":"0.00"},{"v":139.823052799999,"d":"139.82"},{"v":0,"d":"0.00"},"0_20307000_531_159","E",{"v":1.88026645811,"d":"1.88"},{"v":0.0104727320189,"d":"0.01"},{"v":1.46432936204,"d":"1.46"}]
[2,203,20307,{"v":15457.40134,"d":"15,457.40"},3346,{"v":0.216465881,"d":"0.22"},"M",430,20307000,{"v":299.682535299999,"d":"299.68"},1486,{"v":4.958580581,"d":"4.96"},{"v":0,"d":"0.00"},{"v":0.905906425,"d":"0.91"},{"v":1346.17694699999,"d":"1,346.18"},{"v":139.823052799999,"d":"139.82"},0,"0_20307000_531",{"v":179.539250571999,"d":"179.54"},{"v":0,"d":"0.00"},{"v":139.823052799999,"d":"139.82"},{"v":0,"d":"0.00"},"0_20307000_531_160","E",{"v":1.73218210269,"d":"1.73"},{"v":0.00964792989372,"d":"0.01"},{"v":1.34900301094,"d":"1.35"}]
[2,203,20307,{"v":15457.40134,"d":"15,457.40"},3346,{"v":0.216465881,"d":"0.22"},"M",430,20307000,{"v":299.682535299999,"d":"299.68"},1486,{"v":4.958580581,"d":"4.96"},{"v":0,"d":"0.00"},{"v":0.905906425,"d":"0.91"},{"v":1346.17694699999,"d":"1,346.18"},{"v":139.823052799999,"d":"139.82"},0,"0_20307000_531",{"v":179.539250571999,"d":"179.54"},{"v":0,"d":"0.00"},{"v":139.823052799999,"d":"139.82"},{"v":0,"d":"0.00"},"0_20307000_531_161","E",{"v":2.38587716352,"d":"2.39"},{"v":0.0132888889528,"d":"0.01"},{"v":1.8580930217,"d":"1.86"}]
[2,203,20307,{"v":15457.40134,"d":"15,457.40"},3346,{"v":0.216465881,"d":"0.22"},"M",430,20307000,{"v":299.682535299999,"d":"299.68"},1486,{"v":4.958580581,"d":"4.96"},{"v":0,"d":"0.00"},{"v":0.905906425,"d":"0.91"},{"v":1346.17694699999,"d":"1,346.18"},{"v":139.823052799999,"d":"139.82"},0,"0_20307000_531",{"v":179.539250571999,"d":"179.54"},{"v":0,"d":"0.00"},{"v":139.823052799999,"d":"139.82"},{"v":0,"d":"0.00"},"0_20307000_531_162","E",{"v":0.00588159408473,"d":"0.01"},{"v":3.2759377495e-05,"d":"0.00"},{"v":0.00458051616923,"d":"0.00"}]
[2,203,20307,{"v":15457.40134,"d":"15,457.40"},3346,{"v":0.216465881,"d":"0.22"},"M",430,20307000,{"v":299.682535299999,"d":"299.68"},1486,{"v":4.958580581,"d":"4.96"},{"v":0,"d":"0.00"},{"v":0.905906425,"d":"0.91"},{"v":1346.17694699999,"d":"1,346.18"},{"v":139.823052799999,"d":"139.82"},0,"0_20307000_531",{"v":179.539250571999,"d":"179.54"},{"v":0,"d":"0.00"},{"v":139.823052799999,"d":"139.82"},{"v":0,"d":"0.00"},"0_20307000_531_163","F",{"v":0.0724191861138,"d":"0.07"},{"v":0.000403361303353,"d":"0.00"},{"v":0.0563992088162,"d":"0.06"}]
[2,203,20307,{"v":15457.40134,"d":"15,457.40"},3346,{"v":0.216465881,"d":"0.22"},"M",430,20307000,{"v":299.682535299999,"d":"299.68"},1486,{"v":4.958580581,"d":"4.96"},{"v":0,"d":"0.00"},{"v":0.905906425,"d":"0.91"},{"v":1346.17694699999,"d":"1,346.18"},{"v":139.823052799999,"d":"139.82"},0,"0_20307000_531",{"v":179.539250571999,"d":"179.54"},{"v":0,"d":"0.00"},{"v":139.823052799999,"d":"139.82"},{"v":0,"d":"0.00"},"0_20307000_531_164","F",{"v":1.40888987521,"d":"1.41"},{"v":0.00784725273566,"d":"0.01"},{"v":1.09722683359,"d":"1.10"}]
[2,203,20307,{"v":15457.40134,"d":"15,457.40"},3346,{"v":0.216465881,"d":"0.22"},"M",430,20307000,{"v":299.682535299999,"d":"299.68"},1486,{"v":4.958580581,"d":"4.96"},{"v":0,"d":"0.00"},{"v":0.905906425,"d":"0.91"},{"v":1346.17694699999,"d":"1,346.18"},{"v":139.823052799999,"d":"139.82"},0,"0_20307000_531",{"v":179.539250571999,"d":"179.54"},{"v":0,"d":"0.00"},{"v":139.823052799999,"d":"139.82"},{"v":0,"d":"0.00"},"0_20307000_531_165","F",{"v":1.96981357329,"d":"1.97"},{"v":0.0109714926793,"d":"0.01"},{"v":1.53406760019,"d":"1.53"}]
[2,203,20307,{"v":15457.40134,"d":"15,457.40"},3346,{"v":0.216465881,"d":"0.22"},"M",430,20307000,{"v":299.682535299999,"d":"299.68"},1486,{"v":4.958580581,"d":"4.96"},{"v":0,"d":"0.00"},{"v":0.905906425,"d":"0.91"},{"v":1346.17694699999,"d":"1,346.18"},{"v":139.823052799999,"d":"139.82"},0,"0_20307000_531",{"v":179.539250571999,"d":"179.54"},{"v":0,"d":"0.00"},{"v":139.823052799999,"d":"139.82"},{"v":0,"d":"0.00"},"0_20307000_531_166","F",{"v":1.18134677703,"d":"1.18"},{"v":0.00657988029507,"d":"0.01"},{"v":0.920018949915,"d":"0.92"}]
[2,203,20307,{"v":15457.40134,"d":"15,457.40"},3346,{"v":0.216465881,"d":"0.22"},"M",430,20307000,{"v":299.682535299999,"d":"299.68"},1486,{"v":4.958580581,"d":"4.96"},{"v":0,"d":"0.00"},{"v":0.905906425,"d":"0.91"},{"v":1346.17694699999,"d":"1,346.18"},{"v":139.823052799999,"d":"139.82"},0,"0_20307000_531",{"v":179.539250571999,"d":"179.54"},{"v":0,"d":"0.00"},{"v":139.823052799999,"d":"139.82"},{"v":0,"d":"0.00"},"0_20307000_531_167","F",{"v":0.160395963402,"d":"0.16"},{"v":0.000893375475786,"d":"0.00"},{"v":0.124914486321,"d":"0.12"}]
[2,203,20307,{"v":15457.40134,"d":"15,457.40"},3346,{"v":0.216465881,"d":"0.22"},"M",430,20307000,{"v":299.682535299999,"d":"299.68"},1486,{"v":4.958580581,"d":"4.96"},{"v":0,"d":"0.00"},{"v":0.905906425,"d":"0.91"},{"v":1346.17694699999,"d":"1,346.18"},{"v":139.823052799999,"d":"139.82"},0,"0_20307000_531",{"v":179.539250571999,"d":"179.54"},{"v":0,"d":"0.00"},{"v":139.823052799999,"d":"139.82"},{"v":0,"d":"0.00"},"0_20307000_531_168","F",{"v":14.2131419413,"d":"14.21"},{"v":0.0791645386511,"d":"0.08"},{"v":11.0690274677,"d":"11.07"}]
[2,203,20307,{"v":15457.40134,"d":"15,457.40"},3346,{"v":0.216465881,"d":"0.22"},"M",430,20307000,{"v":299.682535299999,"d":"299.68"},1486,{"v":4.958580581,"d":"4.96"},{"v":0,"d":"0.00"},{"v":0.905906425,"d":"0.91"},{"v":1346.17694699999,"d":"1,346.18"},{"v":139.823052799999,"d":"139.82"},0,"0_20307000_531",{"v":179.539250571999,"d":"179.54"},{"v":0,"d":"0.00"},{"v":139.823052799999,"d":"139.82"},{"v":0,"d":"0.00"},"0_20307000_531_169","F",{"v":0.335487770952,"d":"0.34"},{"v":1.86860405111E-3,"d":"0.00"},{"v":0.261273922901,"d":"0.26"}]
[2,203,20307,{"v":15457.40134,"d":"15,457.40"},3346,{"v":0.216465881,"d":"0.22"},"M",430,20307000,{"v":299.682535299999,"d":"299.68"},1486,{"v":4.958580581,"d":"4.96"},{"v":0,"d":"0.00"},{"v":0.905906425,"d":"0.91"},{"v":1346.17694699999,"d":"1,346.18"},{"v":139.823052799999,"d":"139.82"},0,"0_20307000_531",{"v":179.539250571999,"d":"179.54"},{"v":0,"d":"0.00"},{"v":139.823052799999,"d":"139.82"},{"v":0,"d":"0.00"},"0_20307000_531_170","F",{"v":0.0379325017923,"d":"0.04"},{"v":0.000211276930651,"d":"0.00"},{"v":0.0295413854298,"d":"0.03"}]
[2,203,20307,{"v":15457.40134,"d":"15,457.40"},3346,{"v":0.216465881,"d":"0.22"},"M",430,20307000,{"v":299.682535299999,"d":"299.68"},1486,{"v":4.958580581,"d":"4.96"},{"v":0,"d":"0.00"},{"v":0.905906425,"d":"0.91"},{"v":1346.17694699999,"d":"1,346.18"},{"v":139.823052799999,"d":"139.82"},0,"0_20307000_531",{"v":179.539250571999,"d":"179.54"},{"v":0,"d":"0.00"},{"v":139.823052799999,"d":"139.82"},{"v":0,"d":"0.00"},"0_20307000_531_171","F",{"v":0.000509902289687,"d":"0.00"},{"v":2.840060255e-06,"d":"0.00"},{"v":0.000397105894931,"d":"0.00"}]
[2,203,20307,{"v":15457.40134,"d":"15,457.40"},3346,{"v":0.216465881,"d":"0.22"},"M",430,20307000,{"v":299.682535299999,"d":"299.68"},1486,{"v":4.958580581,"d":"4.96"},{"v":0,"d":"0.00"},{"v":0.905906425,"d":"0.91"},{"v":1346.17694699999,"d":"1,346.18"},{"v":139.823052799999,"d":"139.82"},0,"0_20307000_531",{"v":179.539250571999,"d":"179.54"},{"v":0,"d":"0.00"},{"v":139.823052799999,"d":"139.82"},{"v":0,"d":"0.00"},"0_20307000_531_172","F",{"v":0.17173697812,"d":"0.17"},{"v":0.00095654280372,"d":"0.00"},{"v":0.13374673495,"d":"0.13"}]
[2,203,20307,{"v":15457.40134,"d":"15,457.40"},3346,{"v":0.216465881,"d":"0.22"},"M",430,20307000,{"v":299.682535299999,"d":"299.68"},1486,{"v":4.958580581,"d":"4.96"},{"v":0,"d":"0.00"},{"v":0.905906425,"d":"0.91"},{"v":1346.17694699999,"d":"1,346.18"},{"v":139.823052799999,"d":"139.82"},0,"0_20307000_531",{"v":179.539250571999,"d":"179.54"},{"v":0,"d":"0.00"},{"v":139.823052799999,"d":"139.82"},{"v":0,"d":"0.00"},"0_20307000_531_173","F",{"v":0.147898723982,"d":"0.15"},{"v":8.23768192809E-4,"d":"0.00"},{"v":0.115181783518,"d":"0.12"}]
[2,203,20307,{"v":15457.40134,"d":"15,457.40"},3346,{"v":0.216465881,"d":"0.22"},"M",430,20307000,{"v":299.682535299999,"d":"299.68"},1486,{"v":4.958580581,"d":"4.96"},{"v":0,"d":"0.00"},{"v":0.905906425,"d":"0.91"},{"v":1346.17694699999,"d":"1,346.18"},{"v":139.823052799999,"d":"139.82"},0,"0_20307000_531",{"v":179.539250571999,"d":"179.54"},{"v":0,"d":"0.00"},{"v":139.823052799999,"d":"139.82"},{"v":0,"d":"0.00"},"0_20307000_531_174","F",{"v":0.111052076223,"d":"0.11"},{"v":0.000618539265755,"d":"0.00"},{"v":0.0864860484145,"d":"0.09"}]
[2,203,20307,{"v":15457.40134,"d":"15,457.40"},3346,{"v":0.216465881,"d":"0.22"},"M",430,20307000,{"v":299.682535299999,"d":"299.68"},1486,{"v":4.958580581,"d":"4.96"},{"v":0,"d":"0.00"},{"v":0.905906425,"d":"0.91"},{"v":1346.17694699999,"d":"1,346.18"},{"v":139.823052799999,"d":"139.82"},0,"0_20307000_531",{"v":179.539250571999,"d":"179.54"},{"v":0,"d":"0.00"},{"v":139.823052799999,"d":"139.82"},{"v":0,"d":"0.00"},"0_20307000_531_175","F",{"v":1.89178565998,"d":"1.89"},{"v":0.0105368918159,"d":"0.01"},{"v":1.47330038072,"d":"1.47"}]
[2,203,20307,{"v":15457.40134,"d":"15,457.40"},3346,{"v":0.216465881,"d":"0.22"},"M",430,20307000,{"v":299.682535299999,"d":"299.68"},1486,{"v":4.958580581,"d":"4.96"},{"v":0,"d":"0.00"},{"v":0.905906425,"d":"0.91"},{"v":1346.17694699999,"d":"1,346.18"},{"v":139.823052799999,"d":"139.82"},0,"0_20307000_531",{"v":179.539250571999,"d":"179.54"},{"v":0,"d":"0.00"},{"v":139.823052799999,"d":"139.82"},{"v":0,"d":"0.00"},"0_20307000_531_176","F",{"v":0.0130983806909,"d":"0.01"},{"v":7.2955527269e-05,"d":"0.00"},{"v":0.0102008645413,"d":"0.01"}]
[2,203,20307,{"v":15457.40134,"d":"15,457.40"},3346,{"v":0.216465881,"d":"0.22"},"M",430,20307000,{"v":299.682535299999,"d":"299.68"},1486,{"v":4.958580581,"d":"4.96"},{"v":0,"d":"0.00"},{"v":0.905906425,"d":"0.91"},{"v":1346.17694699999,"d":"1,346.18"},{"v":139.823052799999,"d":"139.82"},0,"0_20307000_531",{"v":179.539250571999,"d":"179.54"},{"v":0,"d":"0.00"},{"v":139.823052799999,"d":"139.82"},{"v":0,"d":"0.00"},"0_20307000_531_177","F",{"v":10.7164330474,"d":"10.72"},{"v":0.0596885250064,"d":"0.06"},{"v":8.34583178352,"d":"8.35"}]
[2,203,20307,{"v":15457.40134,"d":"15,457.40"},3346,{"v":0.216465881,"d":"0.22"},"M",430,20307000,{"v":299.682535299999,"d":"299.68"},1486,{"v":4.958580581,"d":"4.96"},{"v":0,"d":"0.00"},{"v":0.905906425,"d":"0.91"},{"v":1346.17694699999,"d":"1,346.18"},{"v":139.823052799999,"d":"139.82"},0,"0_20307000_531",{"v":179.539250571999,"d":"179.54"},{"v":0,"d":"0.00"},{"v":139.823052799999,"d":"139.82"},{"v":0,"d":"0.00"},"0_20307000_531_178","F",{"v":9.77613032805,"d":"9.78"},{"v":0.0544512149678,"d":"0.05"},{"v":7.61353510547,"d":"7.61"}]
[2,203,20307,{"v":15457.40134,"d":"15,457.40"},3346,{"v":0.216465881,"d":"0.22"},"M",430,20307000,{"v":299.682535299999,"d":"299.68"},1486,{"v":4.958580581,"d":"4.96"},{"v":0,"d":"0.00"},{"v":0.905906425,"d":"0.91"},{"v":1346.17694699999,"d":"1,346.18"},{"v":139.823052799999,"d":"139.82"},0,"0_20307000_531",{"v":179.539250571999,"d":"179.54"},{"v":0,"d":"0.00"},{"v":139.823052799999,"d":"139.82"},{"v":0,"d":"0.00"},"0_20307000_531_179","F",{"v":4.12227187809,"d":"4.12"},{"v":0.0229602823057,"d":"0.02"},{"v":3.21037676513,"d":"3.21"}]
[2,203,20307,{"v":15457.40134,"d":"15,457.40"},3346,{"v":0.216465881,"d":"0.22"},"M",430,20307000,{"v":299.682535299999,"d":"299.68"},1486,{"v":4.958580581,"d":"4.96"},{"v":0,"d":"0.00"},{"v":0.905906425,"d":"0.91"},{"v":1346.17694699999,"d":"1,346.18"},{"v":139.823052799999,"d":"139.82"},0,"0_20307000_531",{"v":179.539250571999,"d":"179.54"},{"v":0,"d":"0.00"},{"v":139.823052799999,"d":"139.82"},{"v":0,"d":"0.00"},"0_20307000_531_180","F",{"v":0.0924452763777,"d":"0.09"},{"v":0.000514902875461,"d":"0.00"},{"v":0.0719952919425,"d":"0.07"}]
[2,203,20307,{"v":15457.40134,"d":"15,457.40"},3346,{"v":0.216465881,"d":"0.22"},"M",430,20307000,{"v":299.682535299999,"d":"299.68"},1486,{"v":4.958580581,"d":"4.96"},{"v":0,"d":"0.00"},{"v":0.905906425,"d":"0.91"},{"v":1346.17694699999,"d":"1,346.18"},{"v":139.823052799999,"d":"139.82"},0,"0_20307000_531",{"v":179.539250571999,"d":"179.54"},{"v":0,"d":"0.00"},{"v":139.823052799999,"d":"139.82"},{"v":0,"d":"0.00"},"0_20307000_531_181","F",{"v":0.186821481661,"d":"0.19"},{"v":1.04056066329E-3,"d":"0.00"},{"v":0.145494368565,"d":"0.15"}]
[2,203,20307,{"v":15457.40134,"d":"15,457.40"},3346,{"v":0.216465881,"d":"0.22"},"M",430,20307000,{"v":299.682535299999,"d":"299.68"},1486,{"v":4.958580581,"d":"4.96"},{"v":0,"d":"0.00"},{"v":0.905906425,"d":"0.91"},{"v":1346.17694699999,"d":"1,346.18"},{"v":139.823052799999,"d":"139.82"},0,"0_20307000_531",{"v":179.539250571999,"d":"179.54"},{"v":0,"d":"0.00"},{"v":139.823052799999,"d":"139.82"},{"v":0,"d":"0.00"},"0_20307000_531_182","F",{"v":0.00501073315327,"d":"0.01"},{"v":2.790884521e-05,"d":"0.00"},{"v":0.00390229993733,"d":"0.00"}]
[2,203,20307,{"v":15457.40134,"d":"15,457.40"},3346,{"v":0.216465881,"d":"0.22"},"M",430,20307000,{"v":299.682535299999,"d":"299.68"},1486,{"v":4.958580581,"d":"4.96"},{"v":0,"d":"0.00"},{"v":0.905906425,"d":"0.91"},{"v":1346.17694699999,"d":"1,346.18"},{"v":139.823052799999,"d":"139.82"},0,"0_20307000_531",{"v":179.539250571999,"d":"179.54"},{"v":0,"d":"0.00"},{"v":139.823052799999,"d":"139.82"},{"v":0,"d":"0.00"},"0_20307000_531_183","F",{"v":0.0655593411476,"d":"0.07"},{"v":0.000365153251664,"d":"0.00"},{"v":0.0510568423875,"d":"0.05"}]
[2,203,20307,{"v":15457.40134,"d":"15,457.40"},3346,{"v":0.216465881,"d":"0.22"},"M",430,20307000,{"v":299.682535299999,"d":"299.68"},1486,{"v":4.958580581,"d":"4.96"},{"v":0,"d":"0.00"},{"v":0.905906425,"d":"0.91"},{"v":1346.17694699999,"d":"1,346.18"},{"v":139.823052799999,"d":"139.82"},0,"0_20307000_531",{"v":179.539250571999,"d":"179.54"},{"v":0,"d":"0.00"},{"v":139.823052799999,"d":"139.82"},{"v":0,"d":"0.00"},"0_20307000_531_184","G",{"v":0.0308758106985,"d":"0.03"},{"v":0.000171972482898,"d":"0.00"},{"v":0.0240457175564,"d":"0.02"}]
[2,203,20307,{"v":15457.40134,"d":"15,457.40"},3346,{"v":0.216465881,"d":"0.22"},"M",430,20307000,{"v":299.682535299999,"d":"299.68"},1486,{"v":4.958580581,"d":"4.96"},{"v":0,"d":"0.00"},{"v":0.905906425,"d":"0.91"},{"v":1346.17694699999,"d":"1,346.18"},{"v":139.823052799999,"d":"139.82"},0,"0_20307000_531",{"v":179.539250571999,"d":"179.54"},{"v":0,"d":"0.00"},{"v":139.823052799999,"d":"139.82"},{"v":0,"d":"0.00"},"0_20307000_531_185","G",{"v":25.0276974772,"d":"25.03"},{"v":0.139399587541,"d":"0.14"},{"v":19.491275889,"d":"19.49"}]
[2,203,20307,{"v":15457.40134,"d":"15,457.40"},3346,{"v":0.216465881,"d":"0.22"},"M",430,20307000,{"v":299.682535299999,"d":"299.68"},1486,{"v":4.958580581,"d":"4.96"},{"v":0,"d":"0.00"},{"v":0.905906425,"d":"0.91"},{"v":1346.17694699999,"d":"1,346.18"},{"v":139.823052799999,"d":"139.82"},0,"0_20307000_531",{"v":179.539250571999,"d":"179.54"},{"v":0,"d":"0.00"},{"v":139.823052799999,"d":"139.82"},{"v":0,"d":"0.00"},"0_20307000_531_186","G",{"v":8.2190848748,"d":"8.22"},{"v":0.0457787634103,"d":"0.05"},{"v":6.40092645344,"d":"6.40"}]
[2,203,20307,{"v":15457.40134,"d":"15,457.40"},3346,{"v":0.216465881,"d":"0.22"},"M",430,20307000,{"v":299.682535299999,"d":"299.68"},1486,{"v":4.958580581,"d":"4.96"},{"v":0,"d":"0.00"},{"v":0.905906425,"d":"0.91"},{"v":1346.17694699999,"d":"1,346.18"},{"v":139.823052799999,"d":"139.82"},0,"0_20307000_531",{"v":179.539250571999,"d":"179.54"},{"v":0,"d":"0.00"},{"v":139.823052799999,"d":"139.82"},{"v":0,"d":"0.00"},"0_20307000_531_187","G",{"v":0.0675625002057,"d":"0.07"},{"v":0.000376310472448,"d":"0.00"},{"v":0.0526168790583,"d":"0.05"}]
[2,203,20307,{"v":15457.40134,"d":"15,457.40"},3346,{"v":0.216465881,"d":"0.22"},"M",430,20307000,{"v":299.682535299999,"d":"299.68"},1486,{"v":4.958580581,"d":"4.96"},{"v":0,"d":"0.00"},{"v":0.905906425,"d":"0.91"},{"v":1346.17694699999,"d":"1,346.18"},{"v":139.823052799999,"d":"139.82"},0,"0_20307000_531",{"v":179.539250571999,"d":"179.54"},{"v":0,"d":"0.00"},{"v":139.823052799999,"d":"139.82"},{"v":0,"d":"0.00"},"0_20307000_531_188","G",{"v":0.0598963314428,"d":"0.06"},{"v":3.33611348226E-4,"d":"0.00"},{"v":0.0466465571577,"d":"0.05"}]
[2,203,20307,{"v":15457.40134,"d":"15,457.40"},3346,{"v":0.216465881,"d":"0.22"},"M",430,20307000,{"v":299.682535299999,"d":"299.68"},1486,{"v":4.958580581,"d":"4.96"},{"v":0,"d":"0.00"},{"v":0.905906425,"d":"0.91"},{"v":1346.17694699999,"d":"1,346.18"},{"v":139.823052799999,"d":"139.82"},0,"0_20307000_531",{"v":179.539250571999,"d":"179.54"},{"v":0,"d":"0.00"},{"v":139.823052799999,"d":"139.82"},{"v":0,"d":"0.00"},"0_20307000_531_189","G",{"v":0.0745828810863,"d":"0.07"},{"v":0.000415412679114,"d":"0.00"},{"v":0.0580842689655,"d":"0.06"}]
[2,203,20307,{"v":15457.40134,"d":"15,457.40"},3346,{"v":0.216465881,"d":"0.22"},"M",430,20307000,{"v":299.682535299999,"d":"299.68"},1486,{"v":4.958580581,"d":"4.96"},{"v":0,"d":"0.00"},{"v":0.905906425,"d":"0.91"},{"v":1346.17694699999,"d":"1,346.18"},{"v":139.823052799999,"d":"139.82"},0,"0_20307000_531",{"v":179.539250571999,"d":"179.54"},{"v":0,"d":"0.00"},{"v":139.823052799999,"d":"139.82"},{"v":0,"d":"0.00"},"0_20307000_531_190","G",{"v":9.2223290256,"d":"9.22"},{"v":0.0513666454339,"d":"0.05"},{"v":7.18224117666,"d":"7.18"}]
[2,203,20307,{"v":15457.40134,"d":"15,457.40"},3346,{"v":0.216465881,"d":"0.22"},"M",430,20307000,{"v":299.682535299999,"d":"299.68"},1486,{"v":4.958580581,"d":"4.96"},{"v":0,"d":"0.00"},{"v":0.905906425,"d":"0.91"},{"v":1346.17694699999,"d":"1,346.18"},{"v":139.823052799999,"d":"139.82"},0,"0_20307000_531",{"v":179.539250571999,"d":"179.54"},{"v":0,"d":"0.00"},{"v":139.823052799999,"d":"139.82"},{"v":0,"d":"0.00"},"0_20307000_531_191","G",{"v":7.74813062637,"d":"7.75"},{"v":0.043155636451,"d":"0.04"},{"v":6.03415283411,"d":"6.03"}]
[2,203,20307,{"v":15457.40134,"d":"15,457.40"},3346,{"v":0.216465881,"d":"0.22"},"M",430,20307000,{"v":299.682535299999,"d":"299.68"},1486,{"v":4.958580581,"d":"4.96"},{"v":0,"d":"0.00"},{"v":0.905906425,"d":"0.91"},{"v":1346.17694699999,"d":"1,346.18"},{"v":139.823052799999,"d":"139.82"},0,"0_20307000_531",{"v":179.539250571999,"d":"179.54"},{"v":0,"d":"0.00"},{"v":139.823052799999,"d":"139.82"},{"v":0,"d":"0.00"},"0_20307000_531_192","G",{"v":31.7692173304,"d":"31.77"},{"v":0.176948590513,"d":"0.18"},{"v":24.7414921142,"d":"24.74"}]
[2,203,20307,{"v":15457.40134,"d":"15,457.40"},3346,{"v":0.216465881,"d":"0.22"},"M",430,20307000,{"v":299.682535299999,"d":"299.68"},1486,{"v":4.958580581,"d":"4.96"},{"v":0,"d":"0.00"},{"v":0.905906425,"d":"0.91"},{"v":1346.17694699999,"d":"1,346.18"},{"v":139.823052799999,"d":"139.82"},0,"0_20307000_531",{"v":179.539250571999,"d":"179.54"},{"v":0,"d":"0.00"},{"v":139.823052799999,"d":"139.82"},{"v":0,"d":"0.00"},"0_20307000_531_193","G",{"v":9.9297626301e-05,"d":"0.00"},{"v":5.53069181e-07,"d":"0.00"},{"v":7.733182132e-05,"d":"0.00"}]
[2,203,20307,{"v":15457.40134,"d":"15,457.40"},3346,{"v":0.216465881,"d":"0.22"},"M",430,20307000,{"v":299.682535299999,"d":"299.68"},1486,{"v":4.958580581,"d":"4.96"},{"v":0,"d":"0.00"},{"v":0.905906425,"d":"0.91"},{"v":1346.17694699999,"d":"1,346.18"},{"v":139.823052799999,"d":"139.82"},0,"0_20307000_531",{"v":179.539250571999,"d":"179.54"},{"v":0,"d":"0.00"},{"v":139.823052799999,"d":"139.82"},{"v":0,"d":"0.00"},"0_20307000_531_194","G",{"v":0.00290389475189,"d":"0.00"},{"v":1.6174149901E-5,"d":"0.00"},{"v":0.00226151901562,"d":"0.00"}]
[2,203,20307,{"v":15457.40134,"d":"15,457.40"},3346,{"v":0.216465881,"d":"0.22"},"M",430,20307000,{"v":299.682535299999,"d":"299.68"},1486,{"v":4.958580581,"d":"4.96"},{"v":0,"d":"0.00"},{"v":0.905906425,"d":"0.91"},{"v":1346.17694699999,"d":"1,346.18"},{"v":139.823052799999,"d":"139.82"},0,"0_20307000_531",{"v":179.539250571999,"d":"179.54"},{"v":0,"d":"0.00"},{"v":139.823052799999,"d":"139.82"},{"v":0,"d":"0.00"},"0_20307000_531_195","G",{"v":0.200914534374,"d":"0.20"},{"v":1.11905632743E-3,"d":"0.00"},{"v":0.156469871956,"d":"0.16"}]
[2,203,20307,{"v":15457.40134,"d":"15,457.40"},3346,{"v":0.216465881,"d":"0.22"},"M",430,20307000,{"v":299.682535299999,"d":"299.68"},1486,{"v":4.958580581,"d":"4.96"},{"v":0,"d":"0.00"},{"v":0.905906425,"d":"0.91"},{"v":1346.17694699999,"d":"1,346.18"},{"v":139.823052799999,"d":"139.82"},0,"0_20307000_531",{"v":179.539250571999,"d":"179.54"},{"v":0,"d":"0.00"},{"v":139.823052799999,"d":"139.82"},{"v":0,"d":"0.00"},"0_20307000_531_196","G",{"v":0.483566287195,"d":"0.48"},{"v":0.00269337365314,"d":"0.00"},{"v":0.376595726513,"d":"0.38"}]
[2,203,20307,{"v":15457.40134,"d":"15,457.40"},3346,{"v":0.216465881,"d":"0.22"},"M",430,20307000,{"v":299.682535299999,"d":"299.68"},1486,{"v":4.958580581,"d":"4.96"},{"v":0,"d":"0.00"},{"v":0.905906425,"d":"0.91"},{"v":1346.17694699999,"d":"1,346.18"},{"v":139.823052799999,"d":"139.82"},0,"0_20307000_531",{"v":179.539250571999,"d":"179.54"},{"v":0,"d":"0.00"},{"v":139.823052799999,"d":"139.82"},{"v":0,"d":"0.00"},"0_20307000_531_197","G",{"v":0.640655189964,"d":"0.64"},{"v":0.00356832942057,"d":"0.00"},{"v":0.49893471298,"d":"0.50"}]
[2,203,20307,{"v":15457.40134,"d":"15,457.40"},3346,{"v":0.216465881,"d":"0.22"},"M",430,20307000,{"v":299.682535299999,"d":"299.68"},1486,{"v":4.958580581,"d":"4.96"},{"v":0,"d":"0.00"},{"v":0.905906425,"d":"0.91"},{"v":1346.17694699999,"d":"1,346.18"},{"v":139.823052799999,"d":"139.82"},0,"0_20307000_531",{"v":179.539250571999,"d":"179.54"},{"v":0,"d":"0.00"},{"v":139.823052799999,"d":"139.82"},{"v":0,"d":"0.00"},"0_20307000_531_198","G",{"v":0.0418223257529,"d":"0.04"},{"v":0.000232942521592,"d":"0.00"},{"v":0.0325707344959,"d":"0.03"}]
[2,203,20307,{"v":15457.40134,"d":"15,457.40"},3346,{"v":0.216465881,"d":"0.22"},"M",430,20307000,{"v":299.682535299999,"d":"299.68"},1486,{"v":4.958580581,"d":"4.96"},{"v":0,"d":"0.00"},{"v":0.905906425,"d":"0.91"},{"v":1346.17694699999,"d":"1,346.18"},{"v":139.823052799999,"d":"139.82"},0,"0_20307000_531",{"v":179.539250571999,"d":"179.54"},{"v":0,"d":"0.00"},{"v":139.823052799999,"d":"139.82"},{"v":0,"d":"0.00"},"0_20307000_531_199","G",{"v":0.193795576651,"d":"0.19"},{"v":1.07940506621E-3,"d":"0.00"},{"v":0.150925711565,"d":"0.15"}]
[2,203,20307,{"v":15457.40134,"d":"15,457.40"},3346,{"v":0.216465881,"d":"0.22"},"M",430,20307000,{"v":299.682535299999,"d":"299.68"},1486,{"v":4.958580581,"d":"4.96"},{"v":0,"d":"0.00"},{"v":0.905906425,"d":"0.91"},{"v":1346.17694699999,"d":"1,346.18"},{"v":139.823052799999,"d":"139.82"},0,"0_20307000_531",{"v":179.539250571999,"d":"179.54"},{"v":0,"d":"0.00"},{"v":139.823052799999,"d":"139.82"},{"v":0,"d":"0.00"},"0_20307000_531_200","G",{"v":0.261285140731,"d":"0.26"},{"v":0.0014553092981,"d":"0.00"},{"v":0.203485788829,"d":"0.20"}]
[2,203,20307,{"v":15457.40134,"d":"15,457.40"},3346,{"v":0.216465881,"d":"0.22"},"M",430,20307000,{"v":299.682535299999,"d":"299.68"},1486,{"v":4.958580581,"d":"4.96"},{"v":0,"d":"0.00"},{"v":0.905906425,"d":"0.91"},{"v":1346.17694699999,"d":"1,346.18"},{"v":139.823052799999,"d":"139.82"},0,"0_20307000_531",{"v":179.539250571999,"d":"179.54"},{"v":0,"d":"0.00"},{"v":139.823052799999,"d":"139.82"},{"v":0,"d":"0.00"},"0_20307000_531_201","G",{"v":0.919000464714,"d":"0.92"},{"v":0.00511866046999,"d":"0.01"},{"v":0.715706733161,"d":"0.72"}]
[2,203,20307,{"v":15457.40134,"d":"15,457.40"},3346,{"v":0.216465881,"d":"0.22"},"M",430,20307000,{"v":299.682535299999,"d":"299.68"},1486,{"v":4.958580581,"d":"4.96"},{"v":0,"d":"0.00"},{"v":0.905906425,"d":"0.91"},{"v":1346.17694699999,"d":"1,346.18"},{"v":139.823052799999,"d":"139.82"},0,"0_20307000_531",{"v":179.539250571999,"d":"179.54"},{"v":0,"d":"0.00"},{"v":139.823052799999,"d":"139.82"},{"v":0,"d":"0.00"},"0_20307000_531_202","G",{"v":4.86222446409,"d":"4.86"},{"v":0.0270816796249,"d":"0.03"},{"v":3.78664312011,"d":"3.79"}]
[2,203,20307,{"v":15457.40134,"d":"15,457.40"},3346,{"v":0.216465881,"d":"0.22"},"M",430,20307000,{"v":299.682535299999,"d":"299.68"},1486,{"v":4.958580581,"d":"4.96"},{"v":0,"d":"0.00"},{"v":0.905906425,"d":"0.91"},{"v":1346.17694699999,"d":"1,346.18"},{"v":139.823052799999,"d":"139.82"},0,"0_20307000_531",{"v":179.539250571999,"d":"179.54"},{"v":0,"d":"0.00"},{"v":139.823052799999,"d":"139.82"},{"v":0,"d":"0.00"},"0_20307000_531_203","G",{"v":0.075461660637,"d":"0.08"},{"v":0.000420307316626,"d":"0.00"},{"v":0.0587686521248,"d":"0.06"}]
[2,203,20307,{"v":15457.40134,"d":"15,457.40"},3346,{"v":0.216465881,"d":"0.22"},"M",430,20307000,{"v":299.682535299999,"d":"299.68"},1486,{"v":4.958580581,"d":"4.96"},{"v":0,"d":"0.00"},{"v":0.905906425,"d":"0.91"},{"v":1346.17694699999,"d":"1,346.18"},{"v":139.823052799999,"d":"139.82"},0,"0_20307000_531",{"v":179.539250571999,"d":"179.54"},{"v":0,"d":"0.00"},{"v":139.823052799999,"d":"139.82"},{"v":0,"d":"0.00"},"0_20307000_531_204","G",{"v":0.000502587713124,"d":"0.00"},{"v":2.799319433e-06,"d":"0.00"},{"v":3.91409388893E-4,"d":"0.00"}]
[2,203,20307,{"v":15457.40134,"d":"15,457.40"},3346,{"v":0.216465881,"d":"0.22"},"M",430,20307000,{"v":299.682535299999,"d":"299.68"},1486,{"v":4.958580581,"d":"4.96"},{"v":0,"d":"0.00"},{"v":0.905906425,"d":"0.91"},{"v":1346.17694699999,"d":"1,346.18"},{"v":139.823052799999,"d":"139.82"},0,"0_20307000_531",{"v":179.539250571999,"d":"179.54"},{"v":0,"d":"0.00"},{"v":139.823052799999,"d":"139.82"},{"v":0,"d":"0.00"},"0_20307000_531_205","G",{"v":1.72853749169E-3,"d":"0.00"},{"v":9.627630093e-06,"d":"0.00"},{"v":1.34616463084E-3,"d":"0.00"}]
[2,203,20307,{"v":15457.40134,"d":"15,457.40"},3346,{"v":0.216465881,"d":"0.22"},"M",430,20307001,{"v":3564.41438967,"d":"3,564.41"},406,{"v":0.113903704,"d":"0.11"},{"v":0,"d":"0.00"},{"v":0.905906425,"d":"0.91"},{"v":367.798008499999,"d":"367.80"},{"v":38.20199154,"d":"38.20"},0,"0_20307001_532",{"v":3529.86478988999,"d":"3,529.86"},{"v":0,"d":"0.00"},{"v":38.20199154,"d":"38.20"},{"v":0,"d":"0.00"},"0_20307001_532_206","außerhalb GKL",{"v":3179.44119317,"d":"3,179.44"},{"v":0.900726056782,"d":"0.90"},{"v":34.4095292009999,"d":"34.41"}]
[2,203,20307,{"v":15457.40134,"d":"15,457.40"},3346,{"v":0.216465881,"d":"0.22"},"M",430,20307001,{"v":3564.41438967,"d":"3,564.41"},406,{"v":0.113903704,"d":"0.11"},{"v":0,"d":"0.00"},{"v":0.905906425,"d":"0.91"},{"v":367.798008499999,"d":"367.80"},{"v":38.20199154,"d":"38.20"},0,"0_20307001_532",{"v":3529.86478988999,"d":"3,529.86"},{"v":0,"d":"0.00"},{"v":38.20199154,"d":"38.20"},{"v":0,"d":"0.00"},"0_20307001_532_207","außerhalb GKL",{"v":0.0596725957002,"d":"0.06"},{"v":1.6905065563e-05,"d":"0.00"},{"v":6.45807171606E-4,"d":"0.00"}]
[2,203,20307,{"v":15457.40134,"d":"15,457.40"},3346,{"v":0.216465881,"d":"0.22"},"M",430,20307001,{"v":3564.41438967,"d":"3,564.41"},406,{"v":0.113903704,"d":"0.11"},{"v":0,"d":"0.00"},{"v":0.905906425,"d":"0.91"},{"v":367.798008499999,"d":"367.80"},{"v":38.20199154,"d":"38.20"},0,"0_20307001_532",{"v":3529.86478988999,"d":"3,529.86"},{"v":0,"d":"0.00"},{"v":38.20199154,"d":"38.20"},{"v":0,"d":"0.00"},"0_20307001_532_208","außerhalb GKL",{"v":0.521082903141,"d":"0.52"},{"v":0.000147621207655,"d":"0.00"},{"v":0.00563942412596,"d":"0.01"}]
[2,203,20307,{"v":15457.40134,"d":"15,457.40"},3346,{"v":0.216465881,"d":"0.22"},"M",430,20307001,{"v":3564.41438967,"d":"3,564.41"},406,{"v":0.113903704,"d":"0.11"},{"v":0,"d":"0.00"},{"v":0.905906425,"d":"0.91"},{"v":367.798008499999,"d":"367.80"},{"v":38.20199154,"d":"38.20"},0,"0_20307001_532",{"v":3529.86478988999,"d":"3,529.86"},{"v":0,"d":"0.00"},{"v":38.20199154,"d":"38.20"},{"v":0,"d":"0.00"},"0_20307001_532_209","außerhalb GKL",{"v":21.8297058513,"d":"21.83"},{"v":0.00618428952685,"d":"0.01"},{"v":0.236252176186,"d":"0.24"}]
[2,203,20307,{"v":15457.40134,"d":"15,457.40"},3346,{"v":0.216465881,"d":"0.22"},"M",430,20307001,{"v":3564.41438967,"d":"3,564.41"},406,{"v":0.113903704,"d":"0.11"},{"v":0,"d":"0.00"},{"v":0.905906425,"d":"0.91"},{"v":367.798008499999,"d":"367.80"},{"v":38.20199154,"d":"38.20"},0,"0_20307001_532",{"v":3529.86478988999,"d":"3,529.86"},{"v":0,"d":"0.00"},{"v":38.20199154,"d":"38.20"},{"v":0,"d":"0.00"},"0_20307001_532_210","außerhalb GKL",{"v":3.61921627719,"d":"3.62"},{"v":0.00102531300563,"d":"0.00"},{"v":0.0391689987669,"d":"0.04"}]
[2,203,20307,{"v":15457.40134,"d":"15,457.40"},3346,{"v":0.216465881,"d":"0.22"},"M",430,20307001,{"v":3564.41438967,"d":"3,564.41"},406,{"v":0.113903704,"d":"0.11"},{"v":0,"d":"0.00"},{"v":0.905906425,"d":"0.91"},{"v":367.798008499999,"d":"367.80"},{"v":38.20199154,"d":"38.20"},0,"0_20307001_532",{"v":3529.86478988999,"d":"3,529.86"},{"v":0,"d":"0.00"},{"v":38.20199154,"d":"38.20"},{"v":0,"d":"0.00"},"0_20307001_532_211","E",{"v":0.00024905523804,"d":"0.00"},{"v":7.0556594e-08,"d":"0.00"},{"v":2.69540242e-06,"d":"0.00"}]
[2,203,20307,{"v":15457.40134,"d":"15,457.40"},3346,{"v":0.216465881,"d":"0.22"},"M",430,20307001,{"v":3564.41438967,"d":"3,564.41"},406,{"v":0.113903704,"d":"0.11"},{"v":0,"d":"0.00"},{"v":0.905906425,"d":"0.91"},{"v":367.798008499999,"d":"367.80"},{"v":38.20199154,"d":"38.20"},0,"0_20307001_532",{"v":3529.86478988999,"d":"3,529.86"},{"v":0,"d":"0.00"},{"v":38.20199154,"d":"38.20"},{"v":0,"d":"0.00"},"0_20307001_532_212","E",{"v":0.0802517345083,"d":"0.08"},{"v":2.2735073235e-05,"d":"0.00"},{"v":0.000868525075389,"d":"0.00"}]
[2,203,20307,{"v":15457.40134,"d":"15,457.40"},3346,{"v":0.216465881,"d":"0.22"},"M",430,20307001,{"v":3564.41438967,"d":"3,564.41"},406,{"v":0.113903704,"d":"0.11"},{"v":0,"d":"0.00"},{"v":0.905906425,"d":"0.91"},{"v":367.798008499999,"d":"367.80"},{"v":38.20199154,"d":"38.20"},0,"0_20307001_532",{"v":3529.86478988999,"d":"3,529.86"},{"v":0,"d":"0.00"},{"v":38.20199154,"d":"38.20"},{"v":0,"d":"0.00"},"0_20307001_532_213","E",{"v":0.160389229473,"d":"0.16"},{"v":4.5437782754e-05,"d":"0.00"},{"v":1.73581379235E-3,"d":"0.00"}]
[2,203,20307,{"v":15457.40134,"d":"15,457.40"},3346,{"v":0.216465881,"d":"0.22"},"M",430,20307001,{"v":3564.41438967,"d":"3,564.41"},406,{"v":0.113903704,"d":"0.11"},{"v":0,"d":"0.00"},{"v":0.905906425,"d":"0.91"},{"v":367.798008499999,"d":"367.80"},{"v":38.20199154,"d":"38.20"},0,"0_20307001_532",{"v":3529.86478988999,"d":"3,529.86"},{"v":0,"d":"0.00"},{"v":38.20199154,"d":"38.20"},{"v":0,"d":"0.00"},"0_20307001_532_214","E",{"v":0.051046586792,"d":"0.05"},{"v":1.4461343374e-05,"d":"0.00"},{"v":0.00055245211725,"d":"0.00"}]
[2,203,20307,{"v":15457.40134,"d":"15,457.40"},3346,{"v":0.216465881,"d":"0.22"},"M",430,20307001,{"v":3564.41438967,"d":"3,564.41"},406,{"v":0.113903704,"d":"0.11"},{"v":0,"d":"0.00"},{"v":0.905906425,"d":"0.91"},{"v":367.798008499999,"d":"367.80"},{"v":38.20199154,"d":"38.20"},0,"0_20307001_532",{"v":3529.86478988999,"d":"3,529.86"},{"v":0,"d":"0.00"},{"v":38.20199154,"d":"38.20"},{"v":0,"d":"0.00"},"0_20307001_532_215","E",{"v":3.83344840263,"d":"3.83"},{"v":0.00108600431768,"d":"0.00"},{"v":0.0414875277564,"d":"0.04"}]
[2,203,20307,{"v":15457.40134,"d":"15,457.40"},3346,{"v":0.216465881,"d":"0.22"},"M",430,20307001,{"v":3564.41438967,"d":"3,564.41"},406,{"v":0.113903704,"d":"0.11"},{"v":0,"d":"0.00"},{"v":0.905906425,"d":"0.91"},{"v":367.798008499999,"d":"367.80"},{"v":38.20199154,"d":"38.20"},0,"0_20307001_532",{"v":3529.86478988999,"d":"3,529.86"},{"v":0,"d":"0.00"},{"v":38.20199154,"d":"38.20"},{"v":0,"d":"0.00"},"0_20307001_532_216","E",{"v":7.54952472401,"d":"7.55"},{"v":2.13875748035E-3,"d":"0.00"},{"v":0.0817047951704,"d":"0.08"}]
[2,203,20307,{"v":15457.40134,"d":"15,457.40"},3346,{"v":0.216465881,"d":"0.22"},"M",430,20307001,{"v":3564.41438967,"d":"3,564.41"},406,{"v":0.113903704,"d":"0.11"},{"v":0,"d":"0.00"},{"v":0.905906425,"d":"0.91"},{"v":367.798008499999,"d":"367.80"},{"v":38.20199154,"d":"38.20"},0,"0_20307001_532",{"v":3529.86478988999,"d":"3,529.86"},{"v":0,"d":"0.00"},{"v":38.20199154,"d":"38.20"},{"v":0,"d":"0.00"},"0_20307001_532_217","E",{"v":0.000155531814877,"d":"0.00"},{"v":4.4061692e-08,"d":"0.00"},{"v":1.683244382e-06,"d":"0.00"}]
[2,203,20307,{"v":15457.40134,"d":"15,457.40"},3346,{"v":0.216465881,"d":"0.22"},"M",430,20307001,{"v":3564.41438967,"d":"3,564.41"},406,{"v":0.113903704,"d":"0.11"},{"v":0,"d":"0.00"},{"v":0.905906425,"d":"0.91"},{"v":367.798008499999,"d":"367.80"},{"v":38.20199154,"d":"38.20"},0,"0_20307001_532",{"v":3529.86478988999,"d":"3,529.86"},{"v":0,"d":"0.00"},{"v":38.20199154,"d":"38.20"},{"v":0,"d":"0.00"},"0_20307001_532_218","F",{"v":10.1815648942999,"d":"10.18"},{"v":0.0028844064859,"d":"0.00"},{"v":0.110190072172,"d":"0.11"}]
[2,203,20307,{"v":15457.40134,"d":"15,457.40"},3346,{"v":0.216465881,"d":"0.22"},"M",430,20307001,{"v":3564.41438967,"d":"3,564.41"},406,{"v":0.113903704,"d":"0.11"},{"v":0,"d":"0.00"},{"v":0.905906425,"d":"0.91"},{"v":367.798008499999,"d":"367.80"},{"v":38.20199154,"d":"38.20"},0,"0_20307001_532",{"v":3529.86478988999,"d":"3,529.86"},{"v":0,"d":"0.00"},{"v":38.20199154,"d":"38.20"},{"v":0,"d":"0.00"},"0_20307001_532_219","F",{"v":11.6243629331,"d":"11.62"},{"v":3.29314679882E-3,"d":"0.00"},{"v":0.125804766148,"d":"0.13"}]
[2,203,20307,{"v":15457.40134,"d":"15,457.40"},3346,{"v":0.216465881,"d":"0.22"},"M",430,20307001,{"v":3564.41438967,"d":"3,564.41"},406,{"v":0.113903704,"d":"0.11"},{"v":0,"d":"0.00"},{"v":0.905906425,"d":"0.91"},{"v":367.798008499999,"d":"367.80"},{"v":38.20199154,"d":"38.20"},0,"0_20307001_532",{"v":3529.86478988999,"d":"3,529.86"},{"v":0,"d":"0.00"},{"v":38.20199154,"d":"38.20"},{"v":0,"d":"0.00"},"0_20307001_532_220","F",{"v":0.00606939860161,"d":"0.01"},{"v":1.719442234e-06,"d":"0.00"},{"v":6.5686117694e-05,"d":"0.00"}]
[2,203,20307,{"v":15457.40134,"d":"15,457.40"},3346,{"v":0.216465881,"d":"0.22"},"M",430,20307001,{"v":3564.41438967,"d":"3,564.41"},406,{"v":0.113903704,"d":"0.11"},{"v":0,"d":"0.00"},{"v":0.905906425,"d":"0.91"},{"v":367.798008499999,"d":"367.80"},{"v":38.20199154,"d":"38.20"},0,"0_20307001_532",{"v":3529.86478988999,"d":"3,529.86"},{"v":0,"d":"0.00"},{"v":38.20199154,"d":"38.20"},{"v":0,"d":"0.00"},"0_20307001_532_221","F",{"v":3.9909107843e-05,"d":"0.00"},{"v":1.1306129E-8,"d":"0.00"},{"v":4.31916657e-07,"d":"0.00"}]
[2,203,20307,{"v":15457.40134,"d":"15,457.40"},3346,{"v":0.216465881,"d":"0.22"},"M",430,20307001,{"v":3564.41438967,"d":"3,564.41"},406,{"v":0.113903704,"d":"0.11"},{"v":0,"d":"0.00"},{"v":0.905906425,"d":"0.91"},{"v":367.798008499999,"d":"367.80"},{"v":38.20199154,"d":"38.20"},0,"0_20307001_532",{"v":3529.86478988999,"d":"3,529.86"},{"v":0,"d":"0.00"},{"v":38.20199154,"d":"38.20"},{"v":0,"d":"0.00"},"0_20307001_532_222","F",{"v":1.39638720262,"d":"1.40"},{"v":0.000395592263653,"d":"0.00"},{"v":0.0151124123094,"d":"0.02"}]
[2,203,20307,{"v":15457.40134,"d":"15,457.40"},3346,{"v":0.216465881,"d":"0.22"},"M",430,20307001,{"v":3564.41438967,"d":"3,564.41"},406,{"v":0.113903704,"d":"0.11"},{"v":0,"d":"0.00"},{"v":0.905906425,"d":"0.91"},{"v":367.798008499999,"d":"367.80"},{"v":38.20199154,"d":"38.20"},0,"0_20307001_532",{"v":3529.86478988999,"d":"3,529.86"},{"v":0,"d":"0.00"},{"v":38.20199154,"d":"38.20"},{"v":0,"d":"0.00"},"0_20307001_532_223","F",{"v":0.669773740845,"d":"0.67"},{"v":0.000189744871465,"d":"0.00"},{"v":0.00724863197446,"d":"0.01"}]
[2,203,20307,{"v":15457.40134,"d":"15,457.40"},3346,{"v":0.216465881,"d":"0.22"},"M",430,20307001,{"v":3564.41438967,"d":"3,564.41"},406,{"v":0.113903704,"d":"0.11"},{"v":0,"d":"0.00"},{"v":0.905906425,"d":"0.91"},{"v":367.798008499999,"d":"367.80"},{"v":38.20199154,"d":"38.20"},0,"0_20307001_532",{"v":3529.86478988999,"d":"3,529.86"},{"v":0,"d":"0.00"},{"v":38.20199154,"d":"38.20"},{"v":0,"d":"0.00"},"0_20307001_532_224","F",{"v":5.68346145932,"d":"5.68"},{"v":0.00161010741137,"d":"0.00"},{"v":0.0615093097076,"d":"0.06"}]
[2,203,20307,{"v":15457.40134,"d":"15,457.40"},3346,{"v":0.216465881,"d":"0.22"},"M",430,20307001,{"v":3564.41438967,"d":"3,564.41"},406,{"v":0.113903704,"d":"0.11"},{"v":0,"d":"0.00"},{"v":0.905906425,"d":"0.91"},{"v":367.798008499999,"d":"367.80"},{"v":38.20199154,"d":"38.20"},0,"0_20307001_532",{"v":3529.86478988999,"d":"3,529.86"},{"v":0,"d":"0.00"},{"v":38.20199154,"d":"38.20"},{"v":0,"d":"0.00"},"0_20307001_532_225","F",{"v":0.0288632858707,"d":"0.03"},{"v":8.176881436e-06,"d":"0.00"},{"v":3.12373155427E-4,"d":"0.00"}]
[2,203,20307,{"v":15457.40134,"d":"15,457.40"},3346,{"v":0.216465881,"d":"0.22"},"M",430,20307001,{"v":3564.41438967,"d":"3,564.41"},406,{"v":0.113903704,"d":"0.11"},{"v":0,"d":"0.00"},{"v":0.905906425,"d":"0.91"},{"v":367.798008499999,"d":"367.80"},{"v":38.20199154,"d":"38.20"},0,"0_20307001_532",{"v":3529.86478988999,"d":"3,529.86"},{"v":0,"d":"0.00"},{"v":38.20199154,"d":"38.20"},{"v":0,"d":"0.00"},"0_20307001_532_226","F",{"v":0.285787905625,"d":"0.29"},{"v":8.0962847768e-05,"d":"0.00"},{"v":0.00309294202548,"d":"0.00"}]
[2,203,20307,{"v":15457.40134,"d":"15,457.40"},3346,{"v":0.216465881,"d":"0.22"},"M",430,20307001,{"v":3564.41438967,"d":"3,564.41"},406,{"v":0.113903704,"d":"0.11"},{"v":0,"d":"0.00"},{"v":0.905906425,"d":"0.91"},{"v":367.798008499999,"d":"367.80"},{"v":38.20199154,"d":"38.20"},0,"0_20307001_532",{"v":3529.86478988999,"d":"3,529.86"},{"v":0,"d":"0.00"},{"v":38.20199154,"d":"38.20"},{"v":0,"d":"0.00"},"0_20307001_532_227","F",{"v":4.52521961271,"d":"4.53"},{"v":1.28198100552E-3,"d":"0.00"},{"v":0.0489742275273,"d":"0.05"}]
[2,203,20307,{"v":15457.40134,"d":"15,457.40"},3346,{"v":0.216465881,"d":"0.22"},"M",430,20307001,{"v":3564.41438967,"d":"3,564.41"},406,{"v":0.113903704,"d":"0.11"},{"v":0,"d":"0.00"},{"v":0.905906425,"d":"0.91"},{"v":367.798008499999,"d":"367.80"},{"v":38.20199154,"d":"38.20"},0,"0_20307001_532",{"v":3529.86478988999,"d":"3,529.86"},{"v":0,"d":"0.00"},{"v":38.20199154,"d":"38.20"},{"v":0,"d":"0.00"},"0_20307001_532_228","F",{"v":0.00137064494856,"d":"0.00"},{"v":3.88299561E-7,"d":"0.00"},{"v":1.4833816547E-5,"d":"0.00"}]
[2,203,20307,{"v":15457.40134,"d":"15,457.40"},3346,{"v":0.216465881,"d":"0.22"},"M",430,20307001,{"v":3564.41438967,"d":"3,564.41"},406,{"v":0.113903704,"d":"0.11"},{"v":0,"d":"0.00"},{"v":0.905906425,"d":"0.91"},{"v":367.798008499999,"d":"367.80"},{"v":38.20199154,"d":"38.20"},0,"0_20307001_532",{"v":3529.86478988999,"d":"3,529.86"},{"v":0,"d":"0.00"},{"v":38.20199154,"d":"38.20"},{"v":0,"d":"0.00"},"0_20307001_532_229","F",{"v":0.00124772551568,"d":"0.00"},{"v":3.53476858E-7,"d":"0.00"},{"v":1.3503519945e-05,"d":"0.00"}]
[2,203,20307,{"v":15457.40134,"d":"15,457.40"},3346,{"v":0.216465881,"d":"0.22"},"M",430,20307001,{"v":3564.41438967,"d":"3,564.41"},406,{"v":0.113903704,"d":"0.11"},{"v":0,"d":"0.00"},{"v":0.905906425,"d":"0.91"},{"v":367.798008499999,"d":"367.80"},{"v":38.20199154,"d":"38.20"},0,"0_20307001_532",{"v":3529.86478988999,"d":"3,529.86"},{"v":0,"d":"0.00"},{"v":38.20199154,"d":"38.20"},{"v":0,"d":"0.00"},"0_20307001_532_230","F",{"v":0.0869929692909,"d":"0.09"},{"v":2.4644844624e-05,"d":"0.00"},{"v":0.000941482145834,"d":"0.00"}]
[2,203,20307,{"v":15457.40134,"d":"15,457.40"},3346,{"v":0.216465881,"d":"0.22"},"M",430,20307001,{"v":3564.41438967,"d":"3,564.41"},406,{"v":0.113903704,"d":"0.11"},{"v":0,"d":"0.00"},{"v":0.905906425,"d":"0.91"},{"v":367.798008499999,"d":"367.80"},{"v":38.20199154,"d":"38.20"},0,"0_20307001_532",{"v":3529.86478988999,"d":"3,529.86"},{"v":0,"d":"0.00"},{"v":38.20199154,"d":"38.20"},{"v":0,"d":"0.00"},"0_20307001_532_231","F",{"v":6.71249103584,"d":"6.71"},{"v":0.00190162837258,"d":"0.00"},{"v":0.0726459910015,"d":"0.07"}]
[2,203,20307,{"v":15457.40134,"d":"15,457.40"},3346,{"v":0.216465881,"d":"0.22"},"M",430,20307001,{"v":3564.41438967,"d":"3,564.41"},406,{"v":0.113903704,"d":"0.11"},{"v":0,"d":"0.00"},{"v":0.905906425,"d":"0.91"},{"v":367.798008499999,"d":"367.80"},{"v":38.20199154,"d":"38.20"},0,"0_20307001_532",{"v":3529.86478988999,"d":"3,529.86"},{"v":0,"d":"0.00"},{"v":38.20199154,"d":"38.20"},{"v":0,"d":"0.00"},"0_20307001_532_232","F",{"v":0.0749053837127,"d":"0.07"},{"v":2.1220468253E-5,"d":"0.00"},{"v":0.000810664148691,"d":"0.00"}]
[2,203,20307,{"v":15457.40134,"d":"15,457.40"},3346,{"v":0.216465881,"d":"0.22"},"M",430,20307001,{"v":3564.41438967,"d":"3,564.41"},406,{"v":0.113903704,"d":"0.11"},{"v":0,"d":"0.00"},{"v":0.905906425,"d":"0.91"},{"v":367.798008499999,"d":"367.80"},{"v":38.20199154,"d":"38.20"},0,"0_20307001_532",{"v":3529.86478988999,"d":"3,529.86"},{"v":0,"d":"0.00"},{"v":38.20199154,"d":"38.20"},{"v":0,"d":"0.00"},"0_20307001_532_233","F",{"v":0.00464748787231,"d":"0.00"},{"v":1.316619233E-6,"d":"0.00"},{"v":5.0297476801e-05,"d":"0.00"}]
[2,203,20307,{"v":15457.40134,"d":"15,457.40"},3346,{"v":0.216465881,"d":"0.22"},"M",430,20307001,{"v":3564.41438967,"d":"3,564.41"},406,{"v":0.113903704,"d":"0.11"},{"v":0,"d":"0.00"},{"v":0.905906425,"d":"0.91"},{"v":367.798008499999,"d":"367.80"},{"v":38.20199154,"d":"38.20"},0,"0_20307001_532",{"v":3529.86478988999,"d":"3,529.86"},{"v":0,"d":"0.00"},{"v":38.20199154,"d":"38.20"},{"v":0,"d":"0.00"},"0_20307001_532_234","F",{"v":14.0072155534,"d":"14.01"},{"v":3.96820172646E-3,"d":"0.00"},{"v":0.151593208783,"d":"0.15"}]
[2,203,20307,{"v":15457.40134,"d":"15,457.40"},3346,{"v":0.216465881,"d":"0.22"},"M",430,20307001,{"v":3564.41438967,"d":"3,564.41"},406,{"v":0.113903704,"d":"0.11"},{"v":0,"d":"0.00"},{"v":0.905906425,"d":"0.91"},{"v":367.798008499999,"d":"367.80"},{"v":38.20199154,"d":"38.20"},0,"0_20307001_532",{"v":3529.86478988999,"d":"3,529.86"},{"v":0,"d":"0.00"},{"v":38.20199154,"d":"38.20"},{"v":0,"d":"0.00"},"0_20307001_532_235","G",{"v":57.7986770678,"d":"57.80"},{"v":0.0163741900917,"d":"0.02"},{"v":0.625526671357,"d":"0.63"}]
[2,203,20307,{"v":15457.40134,"d":"15,457.40"},3346,{"v":0.216465881,"d":"0.22"},"M",430,20307001,{"v":3564.41438967,"d":"3,564.41"},406,{"v":0.113903704,"d":"0.11"},{"v":0,"d":"0.00"},{"v":0.905906425,"d":"0.91"},{"v":367.798008499999,"d":"367.80"},{"v":38.20199154,"d":"38.20"},0,"0_20307001_532",{"v":3529.86478988999,"d":"3,529.86"},{"v":0,"d":"0.00"},{"v":38.20199154,"d":"38.20"},{"v":0,"d":"0.00"},"0_20307001_532_236","G",{"v":118.593803597999,"d":"118.59"},{"v":0.0335972652374,"d":"0.03"},{"v":1.28348244237,"d":"1.28"}]
[2,203,20307,{"v":15457.40134,"d":"15,457.40"},3346,{"v":0.216465881,"d":"0.22"},"M",430,20307001,{"v":3564.41438967,"d":"3,564.41"},406,{"v":0.113903704,"d":"0.11"},{"v":0,"d":"0.00"},{"v":0.905906425,"d":"0.91"},{"v":367.798008499999,"d":"367.80"},{"v":38.20199154,"d":"38.20"},0,"0_20307001_532",{"v":3529.86478988999,"d":"3,529.86"},{"v":0,"d":"0.00"},{"v":38.20199154,"d":"38.20"},{"v":0,"d":"0.00"},"0_20307001_532_237","G",{"v":3.39530094442,"d":"3.40"},{"v":0.000961878470287,"d":"0.00"},{"v":0.0367456731844,"d":"0.04"}]
[2,203,20307,{"v":15457.40134,"d":"15,457.40"},3346,{"v":0.216465881,"d":"0.22"},"M",430,20307001,{"v":3564.41438967,"d":"3,564.41"},406,{"v":0.113903704,"d":"0.11"},{"v":0,"d":"0.00"},{"v":0.905906425,"d":"0.91"},{"v":367.798008499999,"d":"367.80"},{"v":38.20199154,"d":"38.20"},0,"0_20307001_532",{"v":3529.86478988999,"d":"3,529.86"},{"v":0,"d":"0.00"},{"v":38.20199154,"d":"38.20"},{"v":0,"d":"0.00"},"0_20307001_532_238","G",{"v":0.0174598362588,"d":"0.02"},{"v":4.946318711e-06,"d":"0.00"},{"v":0.000188959225566,"d":"0.00"}]
[2,203,20307,{"v":15457.40134,"d":"15,457.40"},3346,{"v":0.216465881,"d":"0.22"},"M",430,20307001,{"v":3564.41438967,"d":"3,564.41"},406,{"v":0.113903704,"d":"0.11"},{"v":0,"d":"0.00"},{"v":0.905906425,"d":"0.91"},{"v":367.798008499999,"d":"367.80"},{"v":38.20199154,"d":"38.20"},0,"0_20307001_532",{"v":3529.86478988999,"d":"3,529.86"},{"v":0,"d":"0.00"},{"v":38.20199154,"d":"38.20"},{"v":0,"d":"0.00"},"0_20307001_532_239","G",{"v":0.0561777568428,"d":"0.06"},{"v":1.5914988303e-05,"d":"0.00"},{"v":0.000607984248514,"d":"0.00"}]
[2,203,20307,{"v":15457.40134,"d":"15,457.40"},3346,{"v":0.216465881,"d":"0.22"},"M",430,20307001,{"v":3564.41438967,"d":"3,564.41"},406,{"v":0.113903704,"d":"0.11"},{"v":0,"d":"0.00"},{"v":0.905906425,"d":"0.91"},{"v":367.798008499999,"d":"367.80"},{"v":38.20199154,"d":"38.20"},0,"0_20307001_532",{"v":3529.86478988999,"d":"3,529.86"},{"v":0,"d":"0.00"},{"v":38.20199154,"d":"38.20"},{"v":0,"d":"0.00"},"0_20307001_532_240","G",{"v":61.4663625900999,"d":"61.47"},{"v":0.0174132342877,"d":"0.02"},{"v":0.665220228943,"d":"0.67"}]
[2,203,20307,{"v":15457.40134,"d":"15,457.40"},3346,{"v":0.216465881,"d":"0.22"},"M",430,20307001,{"v":3564.41438967,"d":"3,564.41"},406,{"v":0.113903704,"d":"0.11"},{"v":0,"d":"0.00"},{"v":0.905906425,"d":"0.91"},{"v":367.798008499999,"d":"367.80"},{"v":38.20199154,"d":"38.20"},0,"0_20307001_532",{"v":3529.86478988999,"d":"3,529.86"},{"v":0,"d":"0.00"},{"v":38.20199154,"d":"38.20"},{"v":0,"d":"0.00"},"0_20307001_532_241","G",{"v":5.89527378343E-3,"d":"0.01"},{"v":1.670113201E-6,"d":"0.00"},{"v":6.3801650377e-05,"d":"0.00"}]
[2,203,20307,{"v":15457.40134,"d":"15,457.40"},3346,{"v":0.216465881,"d":"0.22"},"M",430,20307001,{"v":3564.41438967,"d":"3,564.41"},406,{"v":0.113903704,"d":"0.11"},{"v":0,"d":"0.00"},{"v":0.905906425,"d":"0.91"},{"v":367.798008499999,"d":"367.80"},{"v":38.20199154,"d":"38.20"},0,"0_20307001_532",{"v":3529.86478988999,"d":"3,529.86"},{"v":0,"d":"0.00"},{"v":38.20199154,"d":"38.20"},{"v":0,"d":"0.00"},"0_20307001_532_242","G",{"v":12.3032849067,"d":"12.30"},{"v":0.00348548333691,"d":"0.00"},{"v":0.133152404949,"d":"0.13"}]
[2,203,20307,{"v":15457.40134,"d":"15,457.40"},3346,{"v":0.216465881,"d":"0.22"},"M",430,20307001,{"v":3564.41438967,"d":"3,564.41"},406,{"v":0.113903704,"d":"0.11"},{"v":0,"d":"0.00"},{"v":0.905906425,"d":"0.91"},{"v":367.798008499999,"d":"367.80"},{"v":38.20199154,"d":"38.20"},0,"0_20307001_532",{"v":3529.86478988999,"d":"3,529.86"},{"v":0,"d":"0.00"},{"v":38.20199154,"d":"38.20"},{"v":0,"d":"0.00"},"0_20307001_532_243","G",{"v":2.70137164517,"d":"2.70"},{"v":7.65290402314E-4,"d":"0.00"},{"v":0.0292356174748,"d":"0.03"}]
[2,203,20307,{"v":15457.40134,"d":"15,457.40"},3346,{"v":0.216465881,"d":"0.22"},"M",430,20307001,{"v":3564.41438967,"d":"3,564.41"},406,{"v":0.113903704,"d":"0.11"},{"v":0,"d":"0.00"},{"v":0.905906425,"d":"0.91"},{"v":367.798008499999,"d":"367.80"},{"v":38.20199154,"d":"38.20"},0,"0_20307001_532",{"v":3529.86478988999,"d":"3,529.86"},{"v":0,"d":"0.00"},{"v":38.20199154,"d":"38.20"},{"v":0,"d":"0.00"},"0_20307001_532_244","G",{"v":1.09011906357,"d":"1.09"},{"v":0.000308827427808,"d":"0.00"},{"v":0.0117978227844,"d":"0.01"}]
[2,203,20307,{"v":15457.40134,"d":"15,457.40"},3346,{"v":0.216465881,"d":"0.22"},"M",430,20307002,{"v":4289.05140700999,"d":"4,289.05"},768,{"v":0.179060572,"d":"0.18"},{"v":0,"d":"0.00"},{"v":0.905906425,"d":"0.91"},{"v":695.7361342,"d":"695.74"},{"v":72.26386578,"d":"72.26"},0,"0_20307002_533",{"v":4219.73738072,"d":"4,219.74"},{"v":0,"d":"0.00"},{"v":72.26386578,"d":"72.26"},{"v":0,"d":"0.00"},"0_20307002_533_245","außerhalb GKL",{"v":4115.37585619,"d":"4,115.38"},{"v":0.975268241809,"d":"0.98"},{"v":70.4766533255999,"d":"70.48"}]
[2,203,20307,{"v":15457.40134,"d":"15,457.40"},3346,{"v":0.216465881,"d":"0.22"},"M",430,20307002,{"v":4289.05140700999,"d":"4,289.05"},768,{"v":0.179060572,"d":"0.18"},{"v":0,"d":"0.00"},{"v":0.905906425,"d":"0.91"},{"v":695.7361342,"d":"695.74"},{"v":72.26386578,"d":"72.26"},0,"0_20307002_533",{"v":4219.73738072,"d":"4,219.74"},{"v":0,"d":"0.00"},{"v":72.26386578,"d":"72.26"},{"v":0,"d":"0.00"},"0_20307002_533_246","außerhalb GKL",{"v":35.6409812572,"d":"35.64"},{"v":0.0084462557836,"d":"0.01"},{"v":0.61035909429,"d":"0.61"}]
[2,203,20307,{"v":15457.40134,"d":"15,457.40"},3346,{"v":0.216465881,"d":"0.22"},"M",430,20307002,{"v":4289.05140700999,"d":"4,289.05"},768,{"v":0.179060572,"d":"0.18"},{"v":0,"d":"0.00"},{"v":0.905906425,"d":"0.91"},{"v":695.7361342,"d":"695.74"},{"v":72.26386578,"d":"72.26"},0,"0_20307002_533",{"v":4219.73738072,"d":"4,219.74"},{"v":0,"d":"0.00"},{"v":72.26386578,"d":"72.26"},{"v":0,"d":"0.00"},"0_20307002_533_247","E",{"v":0.277541739475,"d":"0.28"},{"v":6.5772277854e-05,"d":"0.00"},{"v":4.75295905888E-3,"d":"0.00"}]
[2,203,20307,{"v":15457.40134,"d":"15,457.40"},3346,{"v":0.216465881,"d":"0.22"},"M",430,20307002,{"v":4289.05140700999,"d":"4,289.05"},768,{"v":0.179060572,"d":"0.18"},{"v":0,"d":"0.00"},{"v":0.905906425,"d":"0.91"},{"v":695.7361342,"d":"695.74"},{"v":72.26386578,"d":"72.26"},0,"0_20307002_533",{"v":4219.73738072,"d":"4,219.74"},{"v":0,"d":"0.00"},{"v":72.26386578,"d":"72.26"},{"v":0,"d":"0.00"},"0_20307002_533_248","E",{"v":2.08522236259,"d":"2.09"},{"v":0.000494159274489,"d":"0.00"},{"v":0.0357098594856,"d":"0.04"}]
[2,203,20307,{"v":15457.40134,"d":"15,457.40"},3346,{"v":0.216465881,"d":"0.22"},"M",430,20307002,{"v":4289.05140700999,"d":"4,289.05"},768,{"v":0.179060572,"d":"0.18"},{"v":0,"d":"0.00"},{"v":0.905906425,"d":"0.91"},{"v":695.7361342,"d":"695.74"},{"v":72.26386578,"d":"72.26"},0,"0_20307002_533",{"v":4219.73738072,"d":"4,219.74"},{"v":0,"d":"0.00"},{"v":72.26386578,"d":"72.26"},{"v":0,"d":"0.00"},"0_20307002_533_249","F",{"v":0.066093309564,"d":"0.07"},{"v":1.5662896432e-05,"d":"0.00"},{"v":1.13186144548E-3,"d":"0.00"}]
[2,203,20307,{"v":15457.40134,"d":"15,457.40"},3346,{"v":0.216465881,"d":"0.22"},"M",430,20307002,{"v":4289.05140700999,"d":"4,289.05"},768,{"v":0.179060572,"d":"0.18"},{"v":0,"d":"0.00"},{"v":0.905906425,"d":"0.91"},{"v":695.7361342,"d":"695.74"},{"v":72.26386578,"d":"72.26"},0,"0_20307002_533",{"v":4219.73738072,"d":"4,219.74"},{"v":0,"d":"0.00"},{"v":72.26386578,"d":"72.26"},{"v":0,"d":"0.00"},"0_20307002_533_250","F",{"v":0.121635773421,"d":"0.12"},{"v":2.8825436857E-5,"d":"0.00"},{"v":0.00208303750008,"d":"0.00"}]
[2,203,20307,{"v":15457.40134,"d":"15,457.40"},3346,{"v":0.216465881,"d":"0.22"},"M",430,20307002,{"v":4289.05140700999,"d":"4,289.05"},768,{"v":0.179060572,"d":"0.18"},{"v":0,"d":"0.00"},{"v":0.905906425,"d":"0.91"},{"v":695.7361342,"d":"695.74"},{"v":72.26386578,"d":"72.26"},0,"0_20307002_533",{"v":4219.73738072,"d":"4,219.74"},{"v":0,"d":"0.00"},{"v":72.26386578,"d":"72.26"},{"v":0,"d":"0.00"},"0_20307002_533_251","F",{"v":0.23322868316,"d":"0.23"},{"v":5.5270900086E-5,"d":"0.00"},{"v":0.00399408890538,"d":"0.00"}]
[2,203,20307,{"v":15457.40134,"d":"15,457.40"},3346,{"v":0.216465881,"d":"0.22"},"M",430,20307002,{"v":4289.05140700999,"d":"4,289.05"},768,{"v":0.179060572,"d":"0.18"},{"v":0,"d":"0.00"},{"v":0.905906425,"d":"0.91"},{"v":695.7361342,"d":"695.74"},{"v":72.26386578,"d":"72.26"},0,"0_20307002_533",{"v":4219.73738072,"d":"4,219.74"},{"v":0,"d":"0.00"},{"v":72.26386578,"d":"72.26"},{"v":0,"d":"0.00"},"0_20307002_533_252","F",{"v":2.81575309691,"d":"2.82"},{"v":0.000667281596664,"d":"0.00"},{"v":0.0482203477388,"d":"0.05"}]
[2,203,20307,{"v":15457.40134,"d":"15,457.40"},3346,{"v":0.216465881,"d":"0.22"},"M",430,20307002,{"v":4289.05140700999,"d":"4,289.05"},768,{"v":0.179060572,"d":"0.18"},{"v":0,"d":"0.00"},{"v":0.905906425,"d":"0.91"},{"v":695.7361342,"d":"695.74"},{"v":72.26386578,"d":"72.26"},0,"0_20307002_533",{"v":4219.73738072,"d":"4,219.74"},{"v":0,"d":"0.00"},{"v":72.26386578,"d":"72.26"},{"v":0,"d":"0.00"},"0_20307002_533_253","F",{"v":7.0655289346,"d":"7.07"},{"v":1.67440015743E-3,"d":"0.00"},{"v":0.120998628239,"d":"0.12"}]
[2,203,20307,{"v":15457.40134,"d":"15,457.40"},3346,{"v":0.216465881,"d":"0.22"},"M",430,20307002,{"v":4289.05140700999,"d":"4,289.05"},768,{"v":0.179060572,"d":"0.18"},{"v":0,"d":"0.00"},{"v":0.905906425,"d":"0.91"},{"v":695.7361342,"d":"695.74"},{"v":72.26386578,"d":"72.26"},0,"0_20307002_533",{"v":4219.73738072,"d":"4,219.74"},{"v":0,"d":"0.00"},{"v":72.26386578,"d":"72.26"},{"v":0,"d":"0.00"},"0_20307002_533_254","F",{"v":0.00199612744466,"d":"0.00"},{"v":4.73045421e-07,"d":"0.00"},{"v":3.4184090792E-5,"d":"0.00"}]
[2,203,20307,{"v":15457.40134,"d":"15,457.40"},3346,{"v":0.216465881,"d":"0.22"},"M",430,20307002,{"v":4289.05140700999,"d":"4,289.05"},768,{"v":0.179060572,"d":"0.18"},{"v":0,"d":"0.00"},{"v":0.905906425,"d":"0.91"},{"v":695.7361342,"d":"695.74"},{"v":72.26386578,"d":"72.26"},0,"0_20307002_533",{"v":4219.73738072,"d":"4,219.74"},{"v":0,"d":"0.00"},{"v":72.26386578,"d":"72.26"},{"v":0,"d":"0.00"},"0_20307002_533_255","F",{"v":0.00293532289016,"d":"0.00"},{"v":6.95617434e-07,"d":"0.00"},{"v":5.0268004906e-05,"d":"0.00"}]
[2,203,20307,{"v":15457.40134,"d":"15,457.40"},3346,{"v":0.216465881,"d":"0.22"},"M",430,20307002,{"v":4289.05140700999,"d":"4,289.05"},768,{"v":0.179060572,"d":"0.18"},{"v":0,"d":"0.00"},{"v":0.905906425,"d":"0.91"},{"v":695.7361342,"d":"695.74"},{"v":72.26386578,"d":"72.26"},0,"0_20307002_533",{"v":4219.73738072,"d":"4,219.74"},{"v":0,"d":"0.00"},{"v":72.26386578,"d":"72.26"},{"v":0,"d":"0.00"},"0_20307002_533_256","F",{"v":3.49176368439,"d":"3.49"},{"v":0.000827483648709,"d":"0.00"},{"v":0.0597971673255,"d":"0.06"}]
[2,203,20307,{"v":15457.40134,"d":"15,457.40"},3346,{"v":0.216465881,"d":"0.22"},"M",430,20307002,{"v":4289.05140700999,"d":"4,289.05"},768,{"v":0.179060572,"d":"0.18"},{"v":0,"d":"0.00"},{"v":0.905906425,"d":"0.91"},{"v":695.7361342,"d":"695.74"},{"v":72.26386578,"d":"72.26"},0,"0_20307002_533",{"v":4219.73738072,"d":"4,219.74"},{"v":0,"d":"0.00"},{"v":72.26386578,"d":"72.26"},{"v":0,"d":"0.00"},"0_20307002_533_257","F",{"v":0.00450091024244,"d":"0.00"},{"v":1.066632787e-06,"d":"0.00"},{"v":7.707900855e-05,"d":"0.00"}]
[2,203,20307,{"v":15457.40134,"d":"15,457.40"},3346,{"v":0.216465881,"d":"0.22"},"M",430,20307002,{"v":4289.05140700999,"d":"4,289.05"},768,{"v":0.179060572,"d":"0.18"},{"v":0,"d":"0.00"},{"v":0.905906425,"d":"0.91"},{"v":695.7361342,"d":"695.74"},{"v":72.26386578,"d":"72.26"},0,"0_20307002_533",{"v":4219.73738072,"d":"4,219.74"},{"v":0,"d":"0.00"},{"v":72.26386578,"d":"72.26"},{"v":0,"d":"0.00"},"0_20307002_533_258","G",{"v":3.46913146286,"d":"3.47"},{"v":0.000822120229261,"d":"0.00"},{"v":0.0594095859023,"d":"0.06"}]
[2,203,20307,{"v":15457.40134,"d":"15,457.40"},3346,{"v":0.216465881,"d":"0.22"},"M",430,20307002,{"v":4289.05140700999,"d":"4,289.05"},768,{"v":0.179060572,"d":"0.18"},{"v":0,"d":"0.00"},{"v":0.905906425,"d":"0.91"},{"v":695.7361342,"d":"695.74"},{"v":72.26386578,"d":"72.26"},0,"0_20307002_533",{"v":4219.73738072,"d":"4,219.74"},{"v":0,"d":"0.00"},{"v":72.26386578,"d":"72.26"},{"v":0,"d":"0.00"},"0_20307002_533_259","G",{"v":33.7626479074,"d":"33.76"},{"v":0.0080011253927,"d":"0.01"},{"v":0.578192251467,"d":"0.58"}]
[2,203,20307,{"v":15457.40134,"d":"15,457.40"},3346,{"v":0.216465881,"d":"0.22"},"M",430,20307002,{"v":4289.05140700999,"d":"4,289.05"},768,{"v":0.179060572,"d":"0.18"},{"v":0,"d":"0.00"},{"v":0.905906425,"d":"0.91"},{"v":695.7361342,"d":"695.74"},{"v":72.26386578,"d":"72.26"},0,"0_20307002_533",{"v":4219.73738072,"d":"4,219.74"},{"v":0,"d":"0.00"},{"v":72.26386578,"d":"72.26"},{"v":0,"d":"0.00"},"0_20307002_533_260","G",{"v":13.8310784337,"d":"13.83"},{"v":0.00327771071652,"d":"0.00"},{"v":0.236860047284,"d":"0.24"}]
[2,203,20307,{"v":15457.40134,"d":"15,457.40"},3346,{"v":0.216465881,"d":"0.22"},"M",430,20307002,{"v":4289.05140700999,"d":"4,289.05"},768,{"v":0.179060572,"d":"0.18"},{"v":0,"d":"0.00"},{"v":0.905906425,"d":"0.91"},{"v":695.7361342,"d":"695.74"},{"v":72.26386578,"d":"72.26"},0,"0_20307002_533",{"v":4219.73738072,"d":"4,219.74"},{"v":0,"d":"0.00"},{"v":72.26386578,"d":"72.26"},{"v":0,"d":"0.00"},"0_20307002_533_261","G",{"v":1.49148551847,"d":"1.49"},{"v":0.000353454583521,"d":"0.00"},{"v":0.0255419945829,"d":"0.03"}]
[2,203,20307,{"v":15457.40134,"d":"15,457.40"},3346,{"v":0.216465881,"d":"0.22"},"M",430,20307003,{"v":3477.47410742,"d":"3,477.47"},270,{"v":0.077642562,"d":"0.08"},{"v":0,"d":"0.00"},{"v":0.905906425,"d":"0.91"},{"v":244.5947347,"d":"244.59"},{"v":25.40526531,"d":"25.41"},0,"0_20307003_534",{"v":3439.21534599999,"d":"3,439.22"},{"v":0,"d":"0.00"},{"v":25.40526531,"d":"25.41"},{"v":0,"d":"0.00"},"0_20307003_534_262","außerhalb GKL",{"v":3281.92330145,"d":"3,281.92"},{"v":0.954265136455,"d":"0.95"},{"v":24.2433589677,"d":"24.24"}]
[2,203,20307,{"v":15457.40134,"d":"15,457.40"},3346,{"v":0.216465881,"d":"0.22"},"M",430,20307003,{"v":3477.47410742,"d":"3,477.47"},270,{"v":0.077642562,"d":"0.08"},{"v":0,"d":"0.00"},{"v":0.905906425,"d":"0.91"},{"v":244.5947347,"d":"244.59"},{"v":25.40526531,"d":"25.41"},0,"0_20307003_534",{"v":3439.21534599999,"d":"3,439.22"},{"v":0,"d":"0.00"},{"v":25.40526531,"d":"25.41"},{"v":0,"d":"0.00"},"0_20307003_534_263","F",{"v":1.07014437567,"d":"1.07"},{"v":3.11159455867E-4,"d":"0.00"},{"v":0.00790508853002,"d":"0.01"}]
[2,203,20307,{"v":15457.40134,"d":"15,457.40"},3346,{"v":0.216465881,"d":"0.22"},"M",430,20307003,{"v":3477.47410742,"d":"3,477.47"},270,{"v":0.077642562,"d":"0.08"},{"v":0,"d":"0.00"},{"v":0.905906425,"d":"0.91"},{"v":244.5947347,"d":"244.59"},{"v":25.40526531,"d":"25.41"},0,"0_20307003_534",{"v":3439.21534599999,"d":"3,439.22"},{"v":0,"d":"0.00"},{"v":25.40526531,"d":"25.41"},{"v":0,"d":"0.00"},"0_20307003_534_264","F",{"v":1.1450422702,"d":"1.15"},{"v":3.32937067035E-4,"d":"0.00"},{"v":0.00845835451956,"d":"0.01"}]
[2,203,20307,{"v":15457.40134,"d":"15,457.40"},3346,{"v":0.216465881,"d":"0.22"},"M",430,20307003,{"v":3477.47410742,"d":"3,477.47"},270,{"v":0.077642562,"d":"0.08"},{"v":0,"d":"0.00"},{"v":0.905906425,"d":"0.91"},{"v":244.5947347,"d":"244.59"},{"v":25.40526531,"d":"25.41"},0,"0_20307003_534",{"v":3439.21534599999,"d":"3,439.22"},{"v":0,"d":"0.00"},{"v":25.40526531,"d":"25.41"},{"v":0,"d":"0.00"},"0_20307003_534_265","F",{"v":0.65918588963,"d":"0.66"},{"v":0.00019166752393,"d":"0.00"},{"v":0.00486936429675,"d":"0.00"}]
[2,203,20307,{"v":15457.40134,"d":"15,457.40"},3346,{"v":0.216465881,"d":"0.22"},"M",430,20307003,{"v":3477.47410742,"d":"3,477.47"},270,{"v":0.077642562,"d":"0.08"},{"v":0,"d":"0.00"},{"v":0.905906425,"d":"0.91"},{"v":244.5947347,"d":"244.59"},{"v":25.40526531,"d":"25.41"},0,"0_20307003_534",{"v":3439.21534599999,"d":"3,439.22"},{"v":0,"d":"0.00"},{"v":25.40526531,"d":"25.41"},{"v":0,"d":"0.00"},"0_20307003_534_266","F",{"v":1.34541036768,"d":"1.35"},{"v":0.000391196895898,"d":"0.00"},{"v":0.00993846092874,"d":"0.01"}]
[2,203,20307,{"v":15457.40134,"d":"15,457.40"},3346,{"v":0.216465881,"d":"0.22"},"M",430,20307003,{"v":3477.47410742,"d":"3,477.47"},270,{"v":0.077642562,"d":"0.08"},{"v":0,"d":"0.00"},{"v":0.905906425,"d":"0.91"},{"v":244.5947347,"d":"244.59"},{"v":25.40526531,"d":"25.41"},0,"0_20307003_534",{"v":3439.21534599999,"d":"3,439.22"},{"v":0,"d":"0.00"},{"v":25.40526531,"d":"25.41"},{"v":0,"d":"0.00"},"0_20307003_534_267","F",{"v":0.174848008017,"d":"0.17"},{"v":5.0839505651e-05,"d":"0.00"},{"v":0.00129159112929,"d":"0.00"}]
[2,203,20307,{"v":15457.40134,"d":"15,457.40"},3346,{"v":0.216465881,"d":"0.22"},"M",430,20307003,{"v":3477.47410742,"d":"3,477.47"},270,{"v":0.077642562,"d":"0.08"},{"v":0,"d":"0.00"},{"v":0.905906425,"d":"0.91"},{"v":244.5947347,"d":"244.59"},{"v":25.40526531,"d":"25.41"},0,"0_20307003_534",{"v":3439.21534599999,"d":"3,439.22"},{"v":0,"d":"0.00"},{"v":25.40526531,"d":"25.41"},{"v":0,"d":"0.00"},"0_20307003_534_268","F",{"v":0.584035563636,"d":"0.58"},{"v":1.6981651478E-4,"d":"0.00"},{"v":0.00431423361201,"d":"0.00"}]
[2,203,20307,{"v":15457.40134,"d":"15,457.40"},3346,{"v":0.216465881,"d":"0.22"},"M",430,20307003,{"v":3477.47410742,"d":"3,477.47"},270,{"v":0.077642562,"d":"0.08"},{"v":0,"d":"0.00"},{"v":0.905906425,"d":"0.91"},{"v":244.5947347,"d":"244.59"},{"v":25.40526531,"d":"25.41"},0,"0_20307003_534",{"v":3439.21534599999,"d":"3,439.22"},{"v":0,"d":"0.00"},{"v":25.40526531,"d":"25.41"},{"v":0,"d":"0.00"},"0_20307003_534_269","F",{"v":5.68138832648,"d":"5.68"},{"v":1.65194317741E-3,"d":"0.00"},{"v":0.0419680546991,"d":"0.04"}]
[2,203,20307,{"v":15457.40134,"d":"15,457.40"},3346,{"v":0.216465881,"d":"0.22"},"M",430,20307003,{"v":3477.47410742,"d":"3,477.47"},270,{"v":0.077642562,"d":"0.08"},{"v":0,"d":"0.00"},{"v":0.905906425,"d":"0.91"},{"v":244.5947347,"d":"244.59"},{"v":25.40526531,"d":"25.41"},0,"0_20307003_534",{"v":3439.21534599999,"d":"3,439.22"},{"v":0,"d":"0.00"},{"v":25.40526531,"d":"25.41"},{"v":0,"d":"0.00"},"0_20307003_534_270","F",{"v":0.0421167157608,"d":"0.04"},{"v":1.2246024608E-5,"d":"0.00"},{"v":0.000311113504169,"d":"0.00"}]
[2,203,20307,{"v":15457.40134,"d":"15,457.40"},3346,{"v":0.216465881,"d":"0.22"},"M",430,20307003,{"v":3477.47410742,"d":"3,477.47"},270,{"v":0.077642562,"d":"0.08"},{"v":0,"d":"0.00"},{"v":0.905906425,"d":"0.91"},{"v":244.5947347,"d":"244.59"},{"v":25.40526531,"d":"25.41"},0,"0_20307003_534",{"v":3439.21534599999,"d":"3,439.22"},{"v":0,"d":"0.00"},{"v":25.40526531,"d":"25.41"},{"v":0,"d":"0.00"},"0_20307003_534_271","F",{"v":0.526599537011,"d":"0.53"},{"v":0.000153116186116,"d":"0.00"},{"v":0.00388995733153,"d":"0.00"}]
[2,203,20307,{"v":15457.40134,"d":"15,457.40"},3346,{"v":0.216465881,"d":"0.22"},"M",430,20307003,{"v":3477.47410742,"d":"3,477.47"},270,{"v":0.077642562,"d":"0.08"},{"v":0,"d":"0.00"},{"v":0.905906425,"d":"0.91"},{"v":244.5947347,"d":"244.59"},{"v":25.40526531,"d":"25.41"},0,"0_20307003_534",{"v":3439.21534599999,"d":"3,439.22"},{"v":0,"d":"0.00"},{"v":25.40526531,"d":"25.41"},{"v":0,"d":"0.00"},"0_20307003_534_272","F",{"v":0.0342611696608,"d":"0.03"},{"v":9.961914627e-06,"d":"0.00"},{"v":0.000253085084095,"d":"0.00"}]
[2,203,20307,{"v":15457.40134,"d":"15,457.40"},3346,{"v":0.216465881,"d":"0.22"},"M",430,20307003,{"v":3477.47410742,"d":"3,477.47"},270,{"v":0.077642562,"d":"0.08"},{"v":0,"d":"0.00"},{"v":0.905906425,"d":"0.91"},{"v":244.5947347,"d":"244.59"},{"v":25.40526531,"d":"25.41"},0,"0_20307003_534",{"v":3439.21534599999,"d":"3,439.22"},{"v":0,"d":"0.00"},{"v":25.40526531,"d":"25.41"},{"v":0,"d":"0.00"},"0_20307003_534_273","F",{"v":5.25177429417,"d":"5.25"},{"v":1.52702688428E-3,"d":"0.00"},{"v":0.0387945231306,"d":"0.04"}]
[2,203,20307,{"v":15457.40134,"d":"15,457.40"},3346,{"v":0.216465881,"d":"0.22"},"M",430,20307003,{"v":3477.47410742,"d":"3,477.47"},270,{"v":0.077642562,"d":"0.08"},{"v":0,"d":"0.00"},{"v":0.905906425,"d":"0.91"},{"v":244.5947347,"d":"244.59"},{"v":25.40526531,"d":"25.41"},0,"0_20307003_534",{"v":3439.21534599999,"d":"3,439.22"},{"v":0,"d":"0.00"},{"v":25.40526531,"d":"25.41"},{"v":0,"d":"0.00"},"0_20307003_534_274","G",{"v":17.3361570747,"d":"17.34"},{"v":0.0050407303209,"d":"0.01"},{"v":0.128061091159,"d":"0.13"}]
[2,203,20307,{"v":15457.40134,"d":"15,457.40"},3346,{"v":0.216465881,"d":"0.22"},"M",430,20307003,{"v":3477.47410742,"d":"3,477.47"},270,{"v":0.077642562,"d":"0.08"},{"v":0,"d":"0.00"},{"v":0.905906425,"d":"0.91"},{"v":244.5947347,"d":"244.59"},{"v":25.40526531,"d":"25.41"},0,"0_20307003_534",{"v":3439.21534599999,"d":"3,439.22"},{"v":0,"d":"0.00"},{"v":25.40526531,"d":"25.41"},{"v":0,"d":"0.00"},"0_20307003_534_275","G",{"v":75.0511416599999,"d":"75.05"},{"v":0.0218221699165,"d":"0.02"},{"v":0.554398016369,"d":"0.55"}]
[2,203,20307,{"v":15457.40134,"d":"15,457.40"},3346,{"v":0.216465881,"d":"0.22"},"M",430,20307003,{"v":3477.47410742,"d":"3,477.47"},270,{"v":0.077642562,"d":"0.08"},{"v":0,"d":"0.00"},{"v":0.905906425,"d":"0.91"},{"v":244.5947347,"d":"244.59"},{"v":25.40526531,"d":"25.41"},0,"0_20307003_534",{"v":3439.21534599999,"d":"3,439.22"},{"v":0,"d":"0.00"},{"v":25.40526531,"d":"25.41"},{"v":0,"d":"0.00"},"0_20307003_534_276","G",{"v":20.6499820563,"d":"20.65"},{"v":6.00427131739E-3,"d":"0.01"},{"v":0.152540105812,"d":"0.15"}]
[2,203,20307,{"v":15457.40134,"d":"15,457.40"},3346,{"v":0.216465881,"d":"0.22"},"M",430,20307003,{"v":3477.47410742,"d":"3,477.47"},270,{"v":0.077642562,"d":"0.08"},{"v":0,"d":"0.00"},{"v":0.905906425,"d":"0.91"},{"v":244.5947347,"d":"244.59"},{"v":25.40526531,"d":"25.41"},0,"0_20307003_534",{"v":3439.21534599999,"d":"3,439.22"},{"v":0,"d":"0.00"},{"v":25.40526531,"d":"25.41"},{"v":0,"d":"0.00"},"0_20307003_534_277","G",{"v":0.0430192271389,"d":"0.04"},{"v":1.2508442424e-05,"d":"0.00"},{"v":0.000317780298394,"d":"0.00"}]
[2,203,20307,{"v":15457.40134,"d":"15,457.40"},3346,{"v":0.216465881,"d":"0.22"},"M",430,20307003,{"v":3477.47410742,"d":"3,477.47"},270,{"v":0.077642562,"d":"0.08"},{"v":0,"d":"0.00"},{"v":0.905906425,"d":"0.91"},{"v":244.5947347,"d":"244.59"},{"v":25.40526531,"d":"25.41"},0,"0_20307003_534",{"v":3439.21534599999,"d":"3,439.22"},{"v":0,"d":"0.00"},{"v":25.40526531,"d":"25.41"},{"v":0,"d":"0.00"},"0_20307003_534_278","G",{"v":27.6969380202999,"d":"27.70"},{"v":0.00805327239904,"d":"0.01"},{"v":0.204595521911,"d":"0.20"}]
[2,203,20307,{"v":15457.40134,"d":"15,457.40"},3346,{"v":0.216465881,"d":"0.22"},"M",430,20307004,{"v":3826.77890037999,"d":"3,826.78"},416,{"v":0.108707613,"d":"0.11"},{"v":0,"d":"0.00"},{"v":0.905906425,"d":"0.91"},{"v":376.8570727,"d":"376.86"},{"v":39.1429272999999,"d":"39.14"},0,"0_20307004_535",{"v":3791.06570158,"d":"3,791.07"},{"v":0,"d":"0.00"},{"v":39.1429272999999,"d":"39.14"},{"v":0,"d":"0.00"},"0_20307004_535_279","außerhalb GKL",{"v":3686.71988349,"d":"3,686.72"},{"v":0.972475861327,"d":"0.97"},{"v":38.0655519409,"d":"38.07"}]
[2,203,20307,{"v":15457.40134,"d":"15,457.40"},3346,{"v":0.216465881,"d":"0.22"},"M",430,20307004,{"v":3826.77890037999,"d":"3,826.78"},416,{"v":0.108707613,"d":"0.11"},{"v":0,"d":"0.00"},{"v":0.905906425,"d":"0.91"},{"v":376.8570727,"d":"376.86"},{"v":39.1429272999999,"d":"39.14"},0,"0_20307004_535",{"v":3791.06570158,"d":"3,791.07"},{"v":0,"d":"0.00"},{"v":39.1429272999999,"d":"39.14"},{"v":0,"d":"0.00"},"0_20307004_535_280","F",{"v":0.417343042221,"d":"0.42"},{"v":1.10085942865E-4,"d":"0.00"},{"v":4.30908605832E-3,"d":"0.00"}]
[2,203,20307,{"v":15457.40134,"d":"15,457.40"},3346,{"v":0.216465881,"d":"0.22"},"M",430,20307004,{"v":3826.77890037999,"d":"3,826.78"},416,{"v":0.108707613,"d":"0.11"},{"v":0,"d":"0.00"},{"v":0.905906425,"d":"0.91"},{"v":376.8570727,"d":"376.86"},{"v":39.1429272999999,"d":"39.14"},0,"0_20307004_535",{"v":3791.06570158,"d":"3,791.07"},{"v":0,"d":"0.00"},{"v":39.1429272999999,"d":"39.14"},{"v":0,"d":"0.00"},"0_20307004_535_281","F",{"v":1.85929465517,"d":"1.86"},{"v":0.000490441158642,"d":"0.00"},{"v":0.0191973026177,"d":"0.02"}]
[2,203,20307,{"v":15457.40134,"d":"15,457.40"},3346,{"v":0.216465881,"d":"0.22"},"M",430,20307004,{"v":3826.77890037999,"d":"3,826.78"},416,{"v":0.108707613,"d":"0.11"},{"v":0,"d":"0.00"},{"v":0.905906425,"d":"0.91"},{"v":376.8570727,"d":"376.86"},{"v":39.1429272999999,"d":"39.14"},0,"0_20307004_535",{"v":3791.06570158,"d":"3,791.07"},{"v":0,"d":"0.00"},{"v":39.1429272999999,"d":"39.14"},{"v":0,"d":"0.00"},"0_20307004_535_282","F",{"v":0.0470891338452,"d":"0.05"},{"v":1.2421080918e-05,"d":"0.00"},{"v":0.000486197467365,"d":"0.00"}]
[2,203,20307,{"v":15457.40134,"d":"15,457.40"},3346,{"v":0.216465881,"d":"0.22"},"M",430,20307004,{"v":3826.77890037999,"d":"3,826.78"},416,{"v":0.108707613,"d":"0.11"},{"v":0,"d":"0.00"},{"v":0.905906425,"d":"0.91"},{"v":376.8570727,"d":"376.86"},{"v":39.1429272999999,"d":"39.14"},0,"0_20307004_535",{"v":3791.06570158,"d":"3,791.07"},{"v":0,"d":"0.00"},{"v":39.1429272999999,"d":"39.14"},{"v":0,"d":"0.00"},"0_20307004_535_283","G",{"v":0.0422103998456,"d":"0.04"},{"v":1.1134177872E-5,"d":"0.00"},{"v":0.000435824314985,"d":"0.00"}]
[2,203,20307,{"v":15457.40134,"d":"15,457.40"},3346,{"v":0.216465881,"d":"0.22"},"M",430,20307004,{"v":3826.77890037999,"d":"3,826.78"},416,{"v":0.108707613,"d":"0.11"},{"v":0,"d":"0.00"},{"v":0.905906425,"d":"0.91"},{"v":376.8570727,"d":"376.86"},{"v":39.1429272999999,"d":"39.14"},0,"0_20307004_535",{"v":3791.06570158,"d":"3,791.07"},{"v":0,"d":"0.00"},{"v":39.1429272999999,"d":"39.14"},{"v":0,"d":"0.00"},"0_20307004_535_284","G",{"v":79.4286811687999,"d":"79.43"},{"v":0.0209515443469,"d":"0.02"},{"v":0.820104777193,"d":"0.82"}]
[2,203,20307,{"v":15457.40134,"d":"15,457.40"},3346,{"v":0.216465881,"d":"0.22"},"M",430,20307004,{"v":3826.77890037999,"d":"3,826.78"},416,{"v":0.108707613,"d":"0.11"},{"v":0,"d":"0.00"},{"v":0.905906425,"d":"0.91"},{"v":376.8570727,"d":"376.86"},{"v":39.1429272999999,"d":"39.14"},0,"0_20307004_535",{"v":3791.06570158,"d":"3,791.07"},{"v":0,"d":"0.00"},{"v":39.1429272999999,"d":"39.14"},{"v":0,"d":"0.00"},"0_20307004_535_285","G",{"v":0.172508971243,"d":"0.17"},{"v":4.5504083765e-05,"d":"0.00"},{"v":1.78116304266E-3,"d":"0.00"}]
[2,203,20307,{"v":15457.40134,"d":"15,457.40"},3346,{"v":0.216465881,"d":"0.22"},"M",430,20307004,{"v":3826.77890037999,"d":"3,826.78"},416,{"v":0.108707613,"d":"0.11"},{"v":0,"d":"0.00"},{"v":0.905906425,"d":"0.91"},{"v":376.8570727,"d":"376.86"},{"v":39.1429272999999,"d":"39.14"},0,"0_20307004_535",{"v":3791.06570158,"d":"3,791.07"},{"v":0,"d":"0.00"},{"v":39.1429272999999,"d":"39.14"},{"v":0,"d":"0.00"},"0_20307004_535_286","G",{"v":0.00706621862708,"d":"0.01"},{"v":1.863913523e-06,"d":"0.00"},{"v":7.2959031517e-05,"d":"0.00"}]
[2,203,20307,{"v":15457.40134,"d":"15,457.40"},3346,{"v":0.216465881,"d":"0.22"},"M",430,20307004,{"v":3826.77890037999,"d":"3,826.78"},416,{"v":0.108707613,"d":"0.11"},{"v":0,"d":"0.00"},{"v":0.905906425,"d":"0.91"},{"v":376.8570727,"d":"376.86"},{"v":39.1429272999999,"d":"39.14"},0,"0_20307004_535",{"v":3791.06570158,"d":"3,791.07"},{"v":0,"d":"0.00"},{"v":39.1429272999999,"d":"39.14"},{"v":0,"d":"0.00"},"0_20307004_535_287","G",{"v":22.3716245009999,"d":"22.37"},{"v":5.90114396901E-3,"d":"0.01"},{"v":0.230988049366,"d":"0.23"}]
[2,203,20320,{"v":5646.63504499999,"d":"5,646.64"},1241,{"v":0.21977691,"d":"0.22"}," ",430,20320000,{"v":2785.54145246999,"d":"2,785.54"},751,{"v":0.269606471,"d":"0.27"},{"v":0,"d":"0.00"},{"v":0.905906425,"d":"0.91"},{"v":680.335725,"d":"680.34"},{"v":70.664275,"d":"70.66"},0,"0_20320000_538",{"v":2694.6071375,"d":"2,694.61"},{"v":0,"d":"0.00"},{"v":70.664275,"d":"70.66"},{"v":0,"d":"0.00"},"0_20320000_538_288","außerhalb GKL",{"v":2558.56633599999,"d":"2,558.57"},{"v":0.949513678782,"d":"0.95"},{"v":67.0966957137,"d":"67.10"}]
[2,203,20320,{"v":5646.63504499999,"d":"5,646.64"},1241,{"v":0.21977691,"d":"0.22"}," ",430,20320000,{"v":2785.54145246999,"d":"2,785.54"},751,{"v":0.269606471,"d":"0.27"},{"v":0,"d":"0.00"},{"v":0.905906425,"d":"0.91"},{"v":680.335725,"d":"680.34"},{"v":70.664275,"d":"70.66"},0,"0_20320000_538",{"v":2694.6071375,"d":"2,694.61"},{"v":0,"d":"0.00"},{"v":70.664275,"d":"70.66"},{"v":0,"d":"0.00"},"0_20320000_538_289","außerhalb GKL",{"v":3.25603933841,"d":"3.26"},{"v":1.20835400942E-3,"d":"0.00"},{"v":0.085387460019,"d":"0.09"}]
[2,203,20320,{"v":5646.63504499999,"d":"5,646.64"},1241,{"v":0.21977691,"d":"0.22"}," ",430,20320000,{"v":2785.54145246999,"d":"2,785.54"},751,{"v":0.269606471,"d":"0.27"},{"v":0,"d":"0.00"},{"v":0.905906425,"d":"0.91"},{"v":680.335725,"d":"680.34"},{"v":70.664275,"d":"70.66"},0,"0_20320000_538",{"v":2694.6071375,"d":"2,694.61"},{"v":0,"d":"0.00"},{"v":70.664275,"d":"70.66"},{"v":0,"d":"0.00"},"0_20320000_538_290","außerhalb GKL",{"v":0.00367097062134,"d":"0.00"},{"v":1.362339827E-6,"d":"0.00"},{"v":9.6268756174e-05,"d":"0.00"}]
[2,203,20320,{"v":5646.63504499999,"d":"5,646.64"},1241,{"v":0.21977691,"d":"0.22"}," ",430,20320000,{"v":2785.54145246999,"d":"2,785.54"},751,{"v":0.269606471,"d":"0.27"},{"v":0,"d":"0.00"},{"v":0.905906425,"d":"0.91"},{"v":680.335725,"d":"680.34"},{"v":70.664275,"d":"70.66"},0,"0_20320000_538",{"v":2694.6071375,"d":"2,694.61"},{"v":0,"d":"0.00"},{"v":70.664275,"d":"70.66"},{"v":0,"d":"0.00"},"0_20320000_538_291","F",{"v":0.0858728113327,"d":"0.09"},{"v":3.1868397488e-05,"d":"0.00"},{"v":2.25195720392E-3,"d":"0.00"}]
[2,203,20320,{"v":5646.63504499999,"d":"5,646.64"},1241,{"v":0.21977691,"d":"0.22"}," ",430,20320000,{"v":2785.54145246999,"d":"2,785.54"},751,{"v":0.269606471,"d":"0.27"},{"v":0,"d":"0.00"},{"v":0.905906425,"d":"0.91"},{"v":680.335725,"d":"680.34"},{"v":70.664275,"d":"70.66"},0,"0_20320000_538",{"v":2694.6071375,"d":"2,694.61"},{"v":0,"d":"0.00"},{"v":70.664275,"d":"70.66"},{"v":0,"d":"0.00"},"0_20320000_538_292","F",{"v":1.39587341138,"d":"1.40"},{"v":0.00051802483262,"d":"0.00"},{"v":0.0366058492291,"d":"0.04"}]
[2,203,20320,{"v":5646.63504499999,"d":"5,646.64"},1241,{"v":0.21977691,"d":"0.22"}," ",430,20320000,{"v":2785.54145246999,"d":"2,785.54"},751,{"v":0.269606471,"d":"0.27"},{"v":0,"d":"0.00"},{"v":0.905906425,"d":"0.91"},{"v":680.335725,"d":"680.34"},{"v":70.664275,"d":"70.66"},0,"0_20320000_538",{"v":2694.6071375,"d":"2,694.61"},{"v":0,"d":"0.00"},{"v":70.664275,"d":"70.66"},{"v":0,"d":"0.00"},"0_20320000_538_293","F",{"v":1.05344365005,"d":"1.05"},{"v":0.000390945171706,"d":"0.00"},{"v":0.0276258571234,"d":"0.03"}]
[2,203,20320,{"v":5646.63504499999,"d":"5,646.64"},1241,{"v":0.21977691,"d":"0.22"}," ",430,20320000,{"v":2785.54145246999,"d":"2,785.54"},751,{"v":0.269606471,"d":"0.27"},{"v":0,"d":"0.00"},{"v":0.905906425,"d":"0.91"},{"v":680.335725,"d":"680.34"},{"v":70.664275,"d":"70.66"},0,"0_20320000_538",{"v":2694.6071375,"d":"2,694.61"},{"v":0,"d":"0.00"},{"v":70.664275,"d":"70.66"},{"v":0,"d":"0.00"},"0_20320000_538_294","F",{"v":0.00040672026151,"d":"0.00"},{"v":1.50938612e-07,"d":"0.00"},{"v":1.0665967594E-5,"d":"0.00"}]
[2,203,20320,{"v":5646.63504499999,"d":"5,646.64"},1241,{"v":0.21977691,"d":"0.22"}," ",430,20320000,{"v":2785.54145246999,"d":"2,785.54"},751,{"v":0.269606471,"d":"0.27"},{"v":0,"d":"0.00"},{"v":0.905906425,"d":"0.91"},{"v":680.335725,"d":"680.34"},{"v":70.664275,"d":"70.66"},0,"0_20320000_538",{"v":2694.6071375,"d":"2,694.61"},{"v":0,"d":"0.00"},{"v":70.664275,"d":"70.66"},{"v":0,"d":"0.00"},"0_20320000_538_295","F",{"v":4.1459653e-08,"d":"0.00"},{"v":1.5386e-11,"d":"0.00"},{"v":1.087252E-9,"d":"0.00"}]
[2,203,20320,{"v":5646.63504499999,"d":"5,646.64"},1241,{"v":0.21977691,"d":"0.22"}," ",430,20320000,{"v":2785.54145246999,"d":"2,785.54"},751,{"v":0.269606471,"d":"0.27"},{"v":0,"d":"0.00"},{"v":0.905906425,"d":"0.91"},{"v":680.335725,"d":"680.34"},{"v":70.664275,"d":"70.66"},0,"0_20320000_538",{"v":2694.6071375,"d":"2,694.61"},{"v":0,"d":"0.00"},{"v":70.664275,"d":"70.66"},{"v":0,"d":"0.00"},"0_20320000_538_296","F",{"v":15.93366479,"d":"15.93"},{"v":0.00591316803413,"d":"0.01"},{"v":0.417849732085,"d":"0.42"}]
[2,203,20320,{"v":5646.63504499999,"d":"5,646.64"},1241,{"v":0.21977691,"d":"0.22"}," ",430,20320000,{"v":2785.54145246999,"d":"2,785.54"},751,{"v":0.269606471,"d":"0.27"},{"v":0,"d":"0.00"},{"v":0.905906425,"d":"0.91"},{"v":680.335725,"d":"680.34"},{"v":70.664275,"d":"70.66"},0,"0_20320000_538",{"v":2694.6071375,"d":"2,694.61"},{"v":0,"d":"0.00"},{"v":70.664275,"d":"70.66"},{"v":0,"d":"0.00"},"0_20320000_538_297","G",{"v":0.974505110241,"d":"0.97"},{"v":0.000361650162905,"d":"0.00"},{"v":0.0255557465653,"d":"0.03"}]
[2,203,20320,{"v":5646.63504499999,"d":"5,646.64"},1241,{"v":0.21977691,"d":"0.22"}," ",430,20320000,{"v":2785.54145246999,"d":"2,785.54"},751,{"v":0.269606471,"d":"0.27"},{"v":0,"d":"0.00"},{"v":0.905906425,"d":"0.91"},{"v":680.335725,"d":"680.34"},{"v":70.664275,"d":"70.66"},0,"0_20320000_538",{"v":2694.6071375,"d":"2,694.61"},{"v":0,"d":"0.00"},{"v":70.664275,"d":"70.66"},{"v":0,"d":"0.00"},"0_20320000_538_298","G",{"v":97.6871288083,"d":"97.69"},{"v":0.0362528278979,"d":"0.04"},{"v":2.5617798001,"d":"2.56"}]
[2,203,20320,{"v":5646.63504499999,"d":"5,646.64"},1241,{"v":0.21977691,"d":"0.22"}," ",430,20320000,{"v":2785.54145246999,"d":"2,785.54"},751,{"v":0.269606471,"d":"0.27"},{"v":0,"d":"0.00"},{"v":0.905906425,"d":"0.91"},{"v":680.335725,"d":"680.34"},{"v":70.664275,"d":"70.66"},0,"0_20320000_538",{"v":2694.6071375,"d":"2,694.61"},{"v":0,"d":"0.00"},{"v":70.664275,"d":"70.66"},{"v":0,"d":"0.00"},"0_20320000_538_299","G",{"v":0.00293627599752,"d":"0.00"},{"v":1.08968612E-6,"d":"0.00"},{"v":7.7001879672E-5,"d":"0.00"}]
[2,203,20320,{"v":5646.63504499999,"d":"5,646.64"},1241,{"v":0.21977691,"d":"0.22"}," ",430,20320000,{"v":2785.54145246999,"d":"2,785.54"},751,{"v":0.269606471,"d":"0.27"},{"v":0,"d":"0.00"},{"v":0.905906425,"d":"0.91"},{"v":680.335725,"d":"680.34"},{"v":70.664275,"d":"70.66"},0,"0_20320000_538",{"v":2694.6071375,"d":"2,694.61"},{"v":0,"d":"0.00"},{"v":70.664275,"d":"70.66"},{"v":0,"d":"0.00"},"0_20320000_538_300","G",{"v":13.9043287388,"d":"13.90"},{"v":0.00516005785975,"d":"0.01"},{"v":0.364631747617,"d":"0.36"}]
[2,203,20320,{"v":5646.63504499999,"d":"5,646.64"},1241,{"v":0.21977691,"d":"0.22"}," ",430,20320000,{"v":2785.54145246999,"d":"2,785.54"},751,{"v":0.269606471,"d":"0.27"},{"v":0,"d":"0.00"},{"v":0.905906425,"d":"0.91"},{"v":680.335725,"d":"680.34"},{"v":70.664275,"d":"70.66"},0,"0_20320000_538",{"v":2694.6071375,"d":"2,694.61"},{"v":0,"d":"0.00"},{"v":70.664275,"d":"70.66"},{"v":0,"d":"0.00"},"0_20320000_538_301","G",{"v":1.58530521933,"d":"1.59"},{"v":0.000588325176338,"d":"0.00"},{"v":0.0415735720502,"d":"0.04"}]
[2,203,20320,{"v":5646.63504499999,"d":"5,646.64"},1241,{"v":0.21977691,"d":"0.22"}," ",430,20320000,{"v":2785.54145246999,"d":"2,785.54"},751,{"v":0.269606471,"d":"0.27"},{"v":0,"d":"0.00"},{"v":0.905906425,"d":"0.91"},{"v":680.335725,"d":"680.34"},{"v":70.664275,"d":"70.66"},0,"0_20320000_538",{"v":2694.6071375,"d":"2,694.61"},{"v":0,"d":"0.00"},{"v":70.664275,"d":"70.66"},{"v":0,"d":"0.00"},"0_20320000_538_302","G",{"v":0.157625608249,"d":"0.16"},{"v":5.8496693657E-5,"d":"0.00"},{"v":0.00413362644719,"d":"0.00"}]
[2,203,20321,{"v":19083.04949,"d":"19,083.05"},1288,{"v":0.067494454,"d":"0.07"}," ",430,20321000,{"v":5114.50064985999,"d":"5,114.50"},371,{"v":0.072538851,"d":"0.07"},{"v":0,"d":"0.00"},{"v":0.905906425,"d":"0.91"},{"v":336.091283599999,"d":"336.09"},{"v":34.9087164099999,"d":"34.91"},0,"0_20321000_540",{"v":5076.28014903999,"d":"5,076.28"},{"v":0,"d":"0.00"},{"v":34.9087164099999,"d":"34.91"},{"v":0,"d":"0.00"},"0_20321000_540_303","außerhalb GKL",{"v":4990.31117426,"d":"4,990.31"},{"v":0.983064572432,"d":"0.98"},{"v":34.3175223717,"d":"34.32"}]
[2,203,20321,{"v":19083.04949,"d":"19,083.05"},1288,{"v":0.067494454,"d":"0.07"}," ",430,20321000,{"v":5114.50064985999,"d":"5,114.50"},371,{"v":0.072538851,"d":"0.07"},{"v":0,"d":"0.00"},{"v":0.905906425,"d":"0.91"},{"v":336.091283599999,"d":"336.09"},{"v":34.9087164099999,"d":"34.91"},0,"0_20321000_540",{"v":5076.28014903999,"d":"5,076.28"},{"v":0,"d":"0.00"},{"v":34.9087164099999,"d":"34.91"},{"v":0,"d":"0.00"},"0_20321000_540_304","F",{"v":4.67609722868,"d":"4.68"},{"v":0.000921166108132,"d":"0.00"},{"v":0.0321567264353,"d":"0.03"}]
[2,203,20321,{"v":19083.04949,"d":"19,083.05"},1288,{"v":0.067494454,"d":"0.07"}," ",430,20321000,{"v":5114.50064985999,"d":"5,114.50"},371,{"v":0.072538851,"d":"0.07"},{"v":0,"d":"0.00"},{"v":0.905906425,"d":"0.91"},{"v":336.091283599999,"d":"336.09"},{"v":34.9087164099999,"d":"34.91"},0,"0_20321000_540",{"v":5076.28014903999,"d":"5,076.28"},{"v":0,"d":"0.00"},{"v":34.9087164099999,"d":"34.91"},{"v":0,"d":"0.00"},"0_20321000_540_305","F",{"v":0.0219141202234,"d":"0.02"},{"v":4.316964309e-06,"d":"0.00"},{"v":0.000150699682798,"d":"0.00"}]
[2,203,20321,{"v":19083.04949,"d":"19,083.05"},1288,{"v":0.067494454,"d":"0.07"}," ",430,20321000,{"v":5114.50064985999,"d":"5,114.50"},371,{"v":0.072538851,"d":"0.07"},{"v":0,"d":"0.00"},{"v":0.905906425,"d":"0.91"},{"v":336.091283599999,"d":"336.09"},{"v":34.9087164099999,"d":"34.91"},0,"0_20321000_540",{"v":5076.28014903999,"d":"5,076.28"},{"v":0,"d":"0.00"},{"v":34.9087164099999,"d":"34.91"},{"v":0,"d":"0.00"},"0_20321000_540_306","F",{"v":0.521575406126,"d":"0.52"},{"v":1.02747561366E-4,"d":"0.00"},{"v":3.58678548154E-3,"d":"0.00"}]
[2,203,20321,{"v":19083.04949,"d":"19,083.05"},1288,{"v":0.067494454,"d":"0.07"}," ",430,20321000,{"v":5114.50064985999,"d":"5,114.50"},371,{"v":0.072538851,"d":"0.07"},{"v":0,"d":"0.00"},{"v":0.905906425,"d":"0.91"},{"v":336.091283599999,"d":"336.09"},{"v":34.9087164099999,"d":"34.91"},0,"0_20321000_540",{"v":5076.28014903999,"d":"5,076.28"},{"v":0,"d":"0.00"},{"v":34.9087164099999,"d":"34.91"},{"v":0,"d":"0.00"},"0_20321000_540_307","F",{"v":1.31075709867,"d":"1.31"},{"v":0.000258212127815,"d":"0.00"},{"v":0.00901385394352,"d":"0.01"}]
[2,203,20321,{"v":19083.04949,"d":"19,083.05"},1288,{"v":0.067494454,"d":"0.07"}," ",430,20321000,{"v":5114.50064985999,"d":"5,114.50"},371,{"v":0.072538851,"d":"0.07"},{"v":0,"d":"0.00"},{"v":0.905906425,"d":"0.91"},{"v":336.091283599999,"d":"336.09"},{"v":34.9087164099999,"d":"34.91"},0,"0_20321000_540",{"v":5076.28014903999,"d":"5,076.28"},{"v":0,"d":"0.00"},{"v":34.9087164099999,"d":"34.91"},{"v":0,"d":"0.00"},"0_20321000_540_308","G",{"v":68.4824650735999,"d":"68.48"},{"v":0.0134906788166,"d":"0.01"},{"v":0.470942280987,"d":"0.47"}]
[2,203,20321,{"v":19083.04949,"d":"19,083.05"},1288,{"v":0.067494454,"d":"0.07"}," ",430,20321000,{"v":5114.50064985999,"d":"5,114.50"},371,{"v":0.072538851,"d":"0.07"},{"v":0,"d":"0.00"},{"v":0.905906425,"d":"0.91"},{"v":336.091283599999,"d":"336.09"},{"v":34.9087164099999,"d":"34.91"},0,"0_20321000_540",{"v":5076.28014903999,"d":"5,076.28"},{"v":0,"d":"0.00"},{"v":34.9087164099999,"d":"34.91"},{"v":0,"d":"0.00"},"0_20321000_540_309","G",{"v":8.10063953214,"d":"8.10"},{"v":0.00159578259952,"d":"0.00"},{"v":0.0557067222187,"d":"0.06"}]
[2,203,20321,{"v":19083.04949,"d":"19,083.05"},1288,{"v":0.067494454,"d":"0.07"}," ",430,20321000,{"v":5114.50064985999,"d":"5,114.50"},371,{"v":0.072538851,"d":"0.07"},{"v":0,"d":"0.00"},{"v":0.905906425,"d":"0.91"},{"v":336.091283599999,"d":"336.09"},{"v":34.9087164099999,"d":"34.91"},0,"0_20321000_540",{"v":5076.28014903999,"d":"5,076.28"},{"v":0,"d":"0.00"},{"v":34.9087164099999,"d":"34.91"},{"v":0,"d":"0.00"},"0_20321000_540_310","G",{"v":1.20600447743,"d":"1.21"},{"v":0.000237576422503,"d":"0.00"},{"v":0.00829348795886,"d":"0.01"}]
[2,203,20321,{"v":19083.04949,"d":"19,083.05"},1288,{"v":0.067494454,"d":"0.07"}," ",430,20321000,{"v":5114.50064985999,"d":"5,114.50"},371,{"v":0.072538851,"d":"0.07"},{"v":0,"d":"0.00"},{"v":0.905906425,"d":"0.91"},{"v":336.091283599999,"d":"336.09"},{"v":34.9087164099999,"d":"34.91"},0,"0_20321000_540",{"v":5076.28014903999,"d":"5,076.28"},{"v":0,"d":"0.00"},{"v":34.9087164099999,"d":"34.91"},{"v":0,"d":"0.00"},"0_20321000_540_311","G",{"v":0.303215439503,"d":"0.30"},{"v":5.9731817512e-05,"d":"0.00"},{"v":0.00208516107818,"d":"0.00"}]
[2,203,20321,{"v":19083.04949,"d":"19,083.05"},1288,{"v":0.067494454,"d":"0.07"}," ",430,20321000,{"v":5114.50064985999,"d":"5,114.50"},371,{"v":0.072538851,"d":"0.07"},{"v":0,"d":"0.00"},{"v":0.905906425,"d":"0.91"},{"v":336.091283599999,"d":"336.09"},{"v":34.9087164099999,"d":"34.91"},0,"0_20321000_540",{"v":5076.28014903999,"d":"5,076.28"},{"v":0,"d":"0.00"},{"v":34.9087164099999,"d":"34.91"},{"v":0,"d":"0.00"},"0_20321000_540_312","G",{"v":1.34624134677,"d":"1.35"},{"v":0.000265202334632,"d":"0.00"},{"v":0.00925787309094,"d":"0.01"}]
[2,203,20321,{"v":19083.04949,"d":"19,083.05"},1288,{"v":0.067494454,"d":"0.07"}," ",430,20321000,{"v":5114.50064985999,"d":"5,114.50"},371,{"v":0.072538851,"d":"0.07"},{"v":0,"d":"0.00"},{"v":0.905906425,"d":"0.91"},{"v":336.091283599999,"d":"336.09"},{"v":34.9087164099999,"d":"34.91"},0,"0_20321000_540",{"v":5076.28014903999,"d":"5,076.28"},{"v":0,"d":"0.00"},{"v":34.9087164099999,"d":"34.91"},{"v":0,"d":"0.00"},"0_20321000_540_313","G",{"v":6.506271911e-05,"d":"0.00"},{"v":1.2817007E-8,"d":"0.00"},{"v":4.47425269e-07,"d":"0.00"}]
[2,203,20321,{"v":19083.04949,"d":"19,083.05"},1288,{"v":0.067494454,"d":"0.07"}," ",430,20321001,{"v":3432.16519406999,"d":"3,432.17"},275,{"v":0.080124348,"d":"0.08"},{"v":0,"d":"0.00"},{"v":0.905906425,"d":"0.91"},{"v":249.124266799999,"d":"249.12"},{"v":25.8757331899999,"d":"25.88"},0,"0_20321001_541",{"v":3392.36158151,"d":"3,392.36"},{"v":0,"d":"0.00"},{"v":25.8757331899999,"d":"25.88"},{"v":0,"d":"0.00"},"0_20321001_541_314","außerhalb GKL",{"v":934.782936298999,"d":"934.78"},{"v":0.275555218345,"d":"0.28"},{"v":7.13019330901,"d":"7.13"}]
[2,203,20321,{"v":19083.04949,"d":"19,083.05"},1288,{"v":0.067494454,"d":"0.07"}," ",430,20321001,{"v":3432.16519406999,"d":"3,432.17"},275,{"v":0.080124348,"d":"0.08"},{"v":0,"d":"0.00"},{"v":0.905906425,"d":"0.91"},{"v":249.124266799999,"d":"249.12"},{"v":25.8757331899999,"d":"25.88"},0,"0_20321001_541",{"v":3392.36158151,"d":"3,392.36"},{"v":0,"d":"0.00"},{"v":25.8757331899999,"d":"25.88"},{"v":0,"d":"0.00"},"0_20321001_541_315","außerhalb GKL",{"v":2359.18283157999,"d":"2,359.18"},{"v":0.695439673777,"d":"0.70"},{"v":17.9950114484,"d":"18.00"}]
[2,203,20321,{"v":19083.04949,"d":"19,083.05"},1288,{"v":0.067494454,"d":"0.07"}," ",430,20321001,{"v":3432.16519406999,"d":"3,432.17"},275,{"v":0.080124348,"d":"0.08"},{"v":0,"d":"0.00"},{"v":0.905906425,"d":"0.91"},{"v":249.124266799999,"d":"249.12"},{"v":25.8757331899999,"d":"25.88"},0,"0_20321001_541",{"v":3392.36158151,"d":"3,392.36"},{"v":0,"d":"0.00"},{"v":25.8757331899999,"d":"25.88"},{"v":0,"d":"0.00"},"0_20321001_541_316","F",{"v":2.5829241521E-5,"d":"0.00"},{"v":7.613941e-09,"d":"0.00"},{"v":1.9701631e-07,"d":"0.00"}]
[2,203,20321,{"v":19083.04949,"d":"19,083.05"},1288,{"v":0.067494454,"d":"0.07"}," ",430,20321001,{"v":3432.16519406999,"d":"3,432.17"},275,{"v":0.080124348,"d":"0.08"},{"v":0,"d":"0.00"},{"v":0.905906425,"d":"0.91"},{"v":249.124266799999,"d":"249.12"},{"v":25.8757331899999,"d":"25.88"},0,"0_20321001_541",{"v":3392.36158151,"d":"3,392.36"},{"v":0,"d":"0.00"},{"v":25.8757331899999,"d":"25.88"},{"v":0,"d":"0.00"},"0_20321001_541_317","F",{"v":5.05461193127,"d":"5.05"},{"v":1.48999798807E-3,"d":"0.00"},{"v":0.0385547903929,"d":"0.04"}]
[2,203,20321,{"v":19083.04949,"d":"19,083.05"},1288,{"v":0.067494454,"d":"0.07"}," ",430,20321001,{"v":3432.16519406999,"d":"3,432.17"},275,{"v":0.080124348,"d":"0.08"},{"v":0,"d":"0.00"},{"v":0.905906425,"d":"0.91"},{"v":249.124266799999,"d":"249.12"},{"v":25.8757331899999,"d":"25.88"},0,"0_20321001_541",{"v":3392.36158151,"d":"3,392.36"},{"v":0,"d":"0.00"},{"v":25.8757331899999,"d":"25.88"},{"v":0,"d":"0.00"},"0_20321001_541_318","F",{"v":0.0930611981505,"d":"0.09"},{"v":2.7432570472e-05,"d":"0.00"},{"v":0.000709837874244,"d":"0.00"}]
[2,203,20321,{"v":19083.04949,"d":"19,083.05"},1288,{"v":0.067494454,"d":"0.07"}," ",430,20321001,{"v":3432.16519406999,"d":"3,432.17"},275,{"v":0.080124348,"d":"0.08"},{"v":0,"d":"0.00"},{"v":0.905906425,"d":"0.91"},{"v":249.124266799999,"d":"249.12"},{"v":25.8757331899999,"d":"25.88"},0,"0_20321001_541",{"v":3392.36158151,"d":"3,392.36"},{"v":0,"d":"0.00"},{"v":25.8757331899999,"d":"25.88"},{"v":0,"d":"0.00"},"0_20321001_541_319","F",{"v":5.40725147752,"d":"5.41"},{"v":1.59394903745E-3,"d":"0.00"},{"v":0.0412446000115,"d":"0.04"}]
[2,203,20321,{"v":19083.04949,"d":"19,083.05"},1288,{"v":0.067494454,"d":"0.07"}," ",430,20321001,{"v":3432.16519406999,"d":"3,432.17"},275,{"v":0.080124348,"d":"0.08"},{"v":0,"d":"0.00"},{"v":0.905906425,"d":"0.91"},{"v":249.124266799999,"d":"249.12"},{"v":25.8757331899999,"d":"25.88"},0,"0_20321001_541",{"v":3392.36158151,"d":"3,392.36"},{"v":0,"d":"0.00"},{"v":25.8757331899999,"d":"25.88"},{"v":0,"d":"0.00"},"0_20321001_541_320","F",{"v":1.34824425443,"d":"1.35"},{"v":0.000397435303412,"d":"0.00"},{"v":0.0102839298714,"d":"0.01"}]
[2,203,20321,{"v":19083.04949,"d":"19,083.05"},1288,{"v":0.067494454,"d":"0.07"}," ",430,20321001,{"v":3432.16519406999,"d":"3,432.17"},275,{"v":0.080124348,"d":"0.08"},{"v":0,"d":"0.00"},{"v":0.905906425,"d":"0.91"},{"v":249.124266799999,"d":"249.12"},{"v":25.8757331899999,"d":"25.88"},0,"0_20321001_541",{"v":3392.36158151,"d":"3,392.36"},{"v":0,"d":"0.00"},{"v":25.8757331899999,"d":"25.88"},{"v":0,"d":"0.00"},"0_20321001_541_321","F",{"v":2.99564686713,"d":"3.00"},{"v":8.83056477074E-4,"d":"0.00"},{"v":0.0228497337925,"d":"0.02"}]
[2,203,20321,{"v":19083.04949,"d":"19,083.05"},1288,{"v":0.067494454,"d":"0.07"}," ",430,20321001,{"v":3432.16519406999,"d":"3,432.17"},275,{"v":0.080124348,"d":"0.08"},{"v":0,"d":"0.00"},{"v":0.905906425,"d":"0.91"},{"v":249.124266799999,"d":"249.12"},{"v":25.8757331899999,"d":"25.88"},0,"0_20321001_541",{"v":3392.36158151,"d":"3,392.36"},{"v":0,"d":"0.00"},{"v":25.8757331899999,"d":"25.88"},{"v":0,"d":"0.00"},"0_20321001_541_322","G",{"v":66.6953631581999,"d":"66.70"},{"v":0.0196604523296,"d":"0.02"},{"v":0.508728618875,"d":"0.51"}]
[2,203,20321,{"v":19083.04949,"d":"19,083.05"},1288,{"v":0.067494454,"d":"0.07"}," ",430,20321001,{"v":3432.16519406999,"d":"3,432.17"},275,{"v":0.080124348,"d":"0.08"},{"v":0,"d":"0.00"},{"v":0.905906425,"d":"0.91"},{"v":249.124266799999,"d":"249.12"},{"v":25.8757331899999,"d":"25.88"},0,"0_20321001_541",{"v":3392.36158151,"d":"3,392.36"},{"v":0,"d":"0.00"},{"v":25.8757331899999,"d":"25.88"},{"v":0,"d":"0.00"},"0_20321001_541_323","G",{"v":1.15867404427,"d":"1.16"},{"v":0.000341553816252,"d":"0.00"},{"v":0.00883795541936,"d":"0.01"}]
[2,203,20321,{"v":19083.04949,"d":"19,083.05"},1288,{"v":0.067494454,"d":"0.07"}," ",430,20321001,{"v":3432.16519406999,"d":"3,432.17"},275,{"v":0.080124348,"d":"0.08"},{"v":0,"d":"0.00"},{"v":0.905906425,"d":"0.91"},{"v":249.124266799999,"d":"249.12"},{"v":25.8757331899999,"d":"25.88"},0,"0_20321001_541",{"v":3392.36158151,"d":"3,392.36"},{"v":0,"d":"0.00"},{"v":25.8757331899999,"d":"25.88"},{"v":0,"d":"0.00"},"0_20321001_541_324","G",{"v":0.432934123194,"d":"0.43"},{"v":0.000127620276551,"d":"0.00"},{"v":0.00330226822567,"d":"0.00"}]
[2,203,20321,{"v":19083.04949,"d":"19,083.05"},1288,{"v":0.067494454,"d":"0.07"}," ",430,20321001,{"v":3432.16519406999,"d":"3,432.17"},275,{"v":0.080124348,"d":"0.08"},{"v":0,"d":"0.00"},{"v":0.905906425,"d":"0.91"},{"v":249.124266799999,"d":"249.12"},{"v":25.8757331899999,"d":"25.88"},0,"0_20321001_541",{"v":3392.36158151,"d":"3,392.36"},{"v":0,"d":"0.00"},{"v":25.8757331899999,"d":"25.88"},{"v":0,"d":"0.00"},"0_20321001_541_325","G",{"v":0.110757561878,"d":"0.11"},{"v":3.2649102761e-05,"d":"0.00"},{"v":0.000844819471942,"d":"0.00"}]
[2,203,20321,{"v":19083.04949,"d":"19,083.05"},1288,{"v":0.067494454,"d":"0.07"}," ",430,20321001,{"v":3432.16519406999,"d":"3,432.17"},275,{"v":0.080124348,"d":"0.08"},{"v":0,"d":"0.00"},{"v":0.905906425,"d":"0.91"},{"v":249.124266799999,"d":"249.12"},{"v":25.8757331899999,"d":"25.88"},0,"0_20321001_541",{"v":3392.36158151,"d":"3,392.36"},{"v":0,"d":"0.00"},{"v":25.8757331899999,"d":"25.88"},{"v":0,"d":"0.00"},"0_20321001_541_326","G",{"v":0.179106587856,"d":"0.18"},{"v":5.2797021648e-05,"d":"0.00"},{"v":1.36616164539E-3,"d":"0.00"}]
[2,203,20321,{"v":19083.04949,"d":"19,083.05"},1288,{"v":0.067494454,"d":"0.07"}," ",430,20321001,{"v":3432.16519406999,"d":"3,432.17"},275,{"v":0.080124348,"d":"0.08"},{"v":0,"d":"0.00"},{"v":0.905906425,"d":"0.91"},{"v":249.124266799999,"d":"249.12"},{"v":25.8757331899999,"d":"25.88"},0,"0_20321001_541",{"v":3392.36158151,"d":"3,392.36"},{"v":0,"d":"0.00"},{"v":25.8757331899999,"d":"25.88"},{"v":0,"d":"0.00"},"0_20321001_541_327","G",{"v":0.194142379768,"d":"0.19"},{"v":5.722927085e-05,"d":"0.00"},{"v":1.48084934316E-3,"d":"0.00"}]
[2,203,20321,{"v":19083.04949,"d":"19,083.05"},1288,{"v":0.067494454,"d":"0.07"}," ",430,20321001,{"v":3432.16519406999,"d":"3,432.17"},275,{"v":0.080124348,"d":"0.08"},{"v":0,"d":"0.00"},{"v":0.905906425,"d":"0.91"},{"v":249.124266799999,"d":"249.12"},{"v":25.8757331899999,"d":"25.88"},0,"0_20321001_541",{"v":3392.36158151,"d":"3,392.36"},{"v":0,"d":"0.00"},{"v":25.8757331899999,"d":"25.88"},{"v":0,"d":"0.00"},"0_20321001_541_328","G",{"v":0.0142609181186,"d":"0.01"},{"v":4.203831984e-06,"d":"0.00"},{"v":0.000108777234801,"d":"0.00"}]
[2,203,20321,{"v":19083.04949,"d":"19,083.05"},1288,{"v":0.067494454,"d":"0.07"}," ",430,20321001,{"v":3432.16519406999,"d":"3,432.17"},275,{"v":0.080124348,"d":"0.08"},{"v":0,"d":"0.00"},{"v":0.905906425,"d":"0.91"},{"v":249.124266799999,"d":"249.12"},{"v":25.8757331899999,"d":"25.88"},0,"0_20321001_541",{"v":3392.36158151,"d":"3,392.36"},{"v":0,"d":"0.00"},{"v":25.8757331899999,"d":"25.88"},{"v":0,"d":"0.00"},"0_20321001_541_329","G",{"v":1.7320102878E-5,"d":"0.00"},{"v":5.105618e-09,"d":"0.00"},{"v":1.32111613e-07,"d":"0.00"}]
[2,203,20321,{"v":19083.04949,"d":"19,083.05"},1288,{"v":0.067494454,"d":"0.07"}," ",430,20321001,{"v":3432.16519406999,"d":"3,432.17"},275,{"v":0.080124348,"d":"0.08"},{"v":0,"d":"0.00"},{"v":0.905906425,"d":"0.91"},{"v":249.124266799999,"d":"249.12"},{"v":25.8757331899999,"d":"25.88"},0,"0_20321001_541",{"v":3392.36158151,"d":"3,392.36"},{"v":0,"d":"0.00"},{"v":25.8757331899999,"d":"25.88"},{"v":0,"d":"0.00"},"0_20321001_541_330","G",{"v":14.7117159873,"d":"14.71"},{"v":0.00433671813391,"d":"0.00"},{"v":0.112215761353,"d":"0.11"}]
[2,203,20321,{"v":19083.04949,"d":"19,083.05"},1288,{"v":0.067494454,"d":"0.07"}," ",430,20321002,{"v":5232.65538,"d":"5,232.66"},424,{"v":0.081029605,"d":"0.08"},{"v":0,"d":"0.00"},{"v":0.905906425,"d":"0.91"},{"v":384.104324099999,"d":"384.10"},{"v":39.8956759,"d":"39.90"},0,"0_20321002_542",{"v":5196.87369221999,"d":"5,196.87"},{"v":0,"d":"0.00"},{"v":39.8956759,"d":"39.90"},{"v":0,"d":"0.00"},"0_20321002_542_331","außerhalb GKL",{"v":5113.11424495,"d":"5,113.11"},{"v":0.98388272407,"d":"0.98"},{"v":39.2526662830999,"d":"39.25"}]
[2,203,20321,{"v":19083.04949,"d":"19,083.05"},1288,{"v":0.067494454,"d":"0.07"}," ",430,20321002,{"v":5232.65538,"d":"5,232.66"},424,{"v":0.081029605,"d":"0.08"},{"v":0,"d":"0.00"},{"v":0.905906425,"d":"0.91"},{"v":384.104324099999,"d":"384.10"},{"v":39.8956759,"d":"39.90"},0,"0_20321002_542",{"v":5196.87369221999,"d":"5,196.87"},{"v":0,"d":"0.00"},{"v":39.8956759,"d":"39.90"},{"v":0,"d":"0.00"},"0_20321002_542_332","außerhalb GKL",{"v":0.0161005488484,"d":"0.02"},{"v":3.098122025e-06,"d":"0.00"},{"v":0.000123601672219,"d":"0.00"}]
[2,203,20321,{"v":19083.04949,"d":"19,083.05"},1288,{"v":0.067494454,"d":"0.07"}," ",430,20321002,{"v":5232.65538,"d":"5,232.66"},424,{"v":0.081029605,"d":"0.08"},{"v":0,"d":"0.00"},{"v":0.905906425,"d":"0.91"},{"v":384.104324099999,"d":"384.10"},{"v":39.8956759,"d":"39.90"},0,"0_20321002_542",{"v":5196.87369221999,"d":"5,196.87"},{"v":0,"d":"0.00"},{"v":39.8956759,"d":"39.90"},{"v":0,"d":"0.00"},"0_20321002_542_333","außerhalb GKL",{"v":0.266836171937,"d":"0.27"},{"v":5.1345518044e-05,"d":"0.00"},{"v":0.00204846414681,"d":"0.00"}]
[2,203,20321,{"v":19083.04949,"d":"19,083.05"},1288,{"v":0.067494454,"d":"0.07"}," ",430,20321002,{"v":5232.65538,"d":"5,232.66"},424,{"v":0.081029605,"d":"0.08"},{"v":0,"d":"0.00"},{"v":0.905906425,"d":"0.91"},{"v":384.104324099999,"d":"384.10"},{"v":39.8956759,"d":"39.90"},0,"0_20321002_542",{"v":5196.87369221999,"d":"5,196.87"},{"v":0,"d":"0.00"},{"v":39.8956759,"d":"39.90"},{"v":0,"d":"0.00"},"0_20321002_542_334","G",{"v":9.77712014622,"d":"9.78"},{"v":1.88134650277E-3,"d":"0.00"},{"v":0.0750575903301,"d":"0.08"}]
[2,203,20321,{"v":19083.04949,"d":"19,083.05"},1288,{"v":0.067494454,"d":"0.07"}," ",430,20321002,{"v":5232.65538,"d":"5,232.66"},424,{"v":0.081029605,"d":"0.08"},{"v":0,"d":"0.00"},{"v":0.905906425,"d":"0.91"},{"v":384.104324099999,"d":"384.10"},{"v":39.8956759,"d":"39.90"},0,"0_20321002_542",{"v":5196.87369221999,"d":"5,196.87"},{"v":0,"d":"0.00"},{"v":39.8956759,"d":"39.90"},{"v":0,"d":"0.00"},"0_20321002_542_335","G",{"v":4.71786840786,"d":"4.72"},{"v":0.000907828184264,"d":"0.00"},{"v":0.0362184190123,"d":"0.04"}]
[2,203,20321,{"v":19083.04949,"d":"19,083.05"},1288,{"v":0.067494454,"d":"0.07"}," ",430,20321002,{"v":5232.65538,"d":"5,232.66"},424,{"v":0.081029605,"d":"0.08"},{"v":0,"d":"0.00"},{"v":0.905906425,"d":"0.91"},{"v":384.104324099999,"d":"384.10"},{"v":39.8956759,"d":"39.90"},0,"0_20321002_542",{"v":5196.87369221999,"d":"5,196.87"},{"v":0,"d":"0.00"},{"v":39.8956759,"d":"39.90"},{"v":0,"d":"0.00"},"0_20321002_542_336","G",{"v":7.39250804344,"d":"7.39"},{"v":0.00142249138256,"d":"0.00"},{"v":0.0567512551692,"d":"0.06"}]
[2,203,20321,{"v":19083.04949,"d":"19,083.05"},1288,{"v":0.067494454,"d":"0.07"}," ",430,20321002,{"v":5232.65538,"d":"5,232.66"},424,{"v":0.081029605,"d":"0.08"},{"v":0,"d":"0.00"},{"v":0.905906425,"d":"0.91"},{"v":384.104324099999,"d":"384.10"},{"v":39.8956759,"d":"39.90"},0,"0_20321002_542",{"v":5196.87369221999,"d":"5,196.87"},{"v":0,"d":"0.00"},{"v":39.8956759,"d":"39.90"},{"v":0,"d":"0.00"},"0_20321002_542_337","G",{"v":2.08898977703,"d":"2.09"},{"v":0.000401970473163,"d":"0.00"},{"v":0.0160368837187,"d":"0.02"}]
[2,203,20321,{"v":19083.04949,"d":"19,083.05"},1288,{"v":0.067494454,"d":"0.07"}," ",430,20321002,{"v":5232.65538,"d":"5,232.66"},424,{"v":0.081029605,"d":"0.08"},{"v":0,"d":"0.00"},{"v":0.905906425,"d":"0.91"},{"v":384.104324099999,"d":"384.10"},{"v":39.8956759,"d":"39.90"},0,"0_20321002_542",{"v":5196.87369221999,"d":"5,196.87"},{"v":0,"d":"0.00"},{"v":39.8956759,"d":"39.90"},{"v":0,"d":"0.00"},"0_20321002_542_338","G",{"v":3.4753560752,"d":"3.48"},{"v":0.000668739761831,"d":"0.00"},{"v":0.0266798247995,"d":"0.03"}]
[2,203,20321,{"v":19083.04949,"d":"19,083.05"},1288,{"v":0.067494454,"d":"0.07"}," ",430,20321002,{"v":5232.65538,"d":"5,232.66"},424,{"v":0.081029605,"d":"0.08"},{"v":0,"d":"0.00"},{"v":0.905906425,"d":"0.91"},{"v":384.104324099999,"d":"384.10"},{"v":39.8956759,"d":"39.90"},0,"0_20321002_542",{"v":5196.87369221999,"d":"5,196.87"},{"v":0,"d":"0.00"},{"v":39.8956759,"d":"39.90"},{"v":0,"d":"0.00"},"0_20321002_542_339","G",{"v":44.1809376946999,"d":"44.18"},{"v":0.00850144535182,"d":"0.01"},{"v":0.339170908438,"d":"0.34"}]
[2,203,20321,{"v":19083.04949,"d":"19,083.05"},1288,{"v":0.067494454,"d":"0.07"}," ",430,20321002,{"v":5232.65538,"d":"5,232.66"},424,{"v":0.081029605,"d":"0.08"},{"v":0,"d":"0.00"},{"v":0.905906425,"d":"0.91"},{"v":384.104324099999,"d":"384.10"},{"v":39.8956759,"d":"39.90"},0,"0_20321002_542",{"v":5196.87369221999,"d":"5,196.87"},{"v":0,"d":"0.00"},{"v":39.8956759,"d":"39.90"},{"v":0,"d":"0.00"},"0_20321002_542_340","G",{"v":0.172827564593,"d":"0.17"},{"v":3.3256064093e-05,"d":"0.00"},{"v":0.00132677315478,"d":"0.00"}]
[2,203,20321,{"v":19083.04949,"d":"19,083.05"},1288,{"v":0.067494454,"d":"0.07"}," ",430,20321002,{"v":5232.65538,"d":"5,232.66"},424,{"v":0.081029605,"d":"0.08"},{"v":0,"d":"0.00"},{"v":0.905906425,"d":"0.91"},{"v":384.104324099999,"d":"384.10"},{"v":39.8956759,"d":"39.90"},0,"0_20321002_542",{"v":5196.87369221999,"d":"5,196.87"},{"v":0,"d":"0.00"},{"v":39.8956759,"d":"39.90"},{"v":0,"d":"0.00"},"0_20321002_542_341","G",{"v":11.6709028442,"d":"11.67"},{"v":2.24575457004E-3,"d":"0.00"},{"v":0.0895958964773,"d":"0.09"}]
[2,203,20321,{"v":19083.04949,"d":"19,083.05"},1288,{"v":0.067494454,"d":"0.07"}," ",430,20321003,{"v":5303.72826856,"d":"5,303.73"},218,{"v":0.041103162,"d":"0.04"},{"v":0,"d":"0.00"},{"v":0.905906425,"d":"0.91"},{"v":197.4876006,"d":"197.49"},{"v":20.5123994,"d":"20.51"},0,"0_20321003_543",{"v":5284.68786261999,"d":"5,284.69"},{"v":0,"d":"0.00"},{"v":20.5123994,"d":"20.51"},{"v":0,"d":"0.00"},"0_20321003_543_342","außerhalb GKL",{"v":5254.87633505,"d":"5,254.88"},{"v":0.994358885833,"d":"0.99"},{"v":20.3966866131,"d":"20.40"}]
[2,203,20321,{"v":19083.04949,"d":"19,083.05"},1288,{"v":0.067494454,"d":"0.07"}," ",430,20321003,{"v":5303.72826856,"d":"5,303.73"},218,{"v":0.041103162,"d":"0.04"},{"v":0,"d":"0.00"},{"v":0.905906425,"d":"0.91"},{"v":197.4876006,"d":"197.49"},{"v":20.5123994,"d":"20.51"},0,"0_20321003_543",{"v":5284.68786261999,"d":"5,284.69"},{"v":0,"d":"0.00"},{"v":20.5123994,"d":"20.51"},{"v":0,"d":"0.00"},"0_20321003_543_343","außerhalb GKL",{"v":0.00362401619736,"d":"0.00"},{"v":6.85757852e-07,"d":"0.00"},{"v":1.4066538953E-5,"d":"0.00"}]
[2,203,20321,{"v":19083.04949,"d":"19,083.05"},1288,{"v":0.067494454,"d":"0.07"}," ",430,20321003,{"v":5303.72826856,"d":"5,303.73"},218,{"v":0.041103162,"d":"0.04"},{"v":0,"d":"0.00"},{"v":0.905906425,"d":"0.91"},{"v":197.4876006,"d":"197.49"},{"v":20.5123994,"d":"20.51"},0,"0_20321003_543",{"v":5284.68786261999,"d":"5,284.69"},{"v":0,"d":"0.00"},{"v":20.5123994,"d":"20.51"},{"v":0,"d":"0.00"},"0_20321003_543_344","außerhalb GKL",{"v":0.00538451243808,"d":"0.01"},{"v":1.018889399e-06,"d":"0.00"},{"v":2.0899866288e-05,"d":"0.00"}]
[2,203,20321,{"v":19083.04949,"d":"19,083.05"},1288,{"v":0.067494454,"d":"0.07"}," ",430,20321003,{"v":5303.72826856,"d":"5,303.73"},218,{"v":0.041103162,"d":"0.04"},{"v":0,"d":"0.00"},{"v":0.905906425,"d":"0.91"},{"v":197.4876006,"d":"197.49"},{"v":20.5123994,"d":"20.51"},0,"0_20321003_543",{"v":5284.68786261999,"d":"5,284.69"},{"v":0,"d":"0.00"},{"v":20.5123994,"d":"20.51"},{"v":0,"d":"0.00"},"0_20321003_543_345","G",{"v":12.585673536,"d":"12.59"},{"v":0.00238153583772,"d":"0.00"},{"v":0.0488510142887,"d":"0.05"}]
[2,203,20321,{"v":19083.04949,"d":"19,083.05"},1288,{"v":0.067494454,"d":"0.07"}," ",430,20321003,{"v":5303.72826856,"d":"5,303.73"},218,{"v":0.041103162,"d":"0.04"},{"v":0,"d":"0.00"},{"v":0.905906425,"d":"0.91"},{"v":197.4876006,"d":"197.49"},{"v":20.5123994,"d":"20.51"},0,"0_20321003_543",{"v":5284.68786261999,"d":"5,284.69"},{"v":0,"d":"0.00"},{"v":20.5123994,"d":"20.51"},{"v":0,"d":"0.00"},"0_20321003_543_346","G",{"v":15.7839713875999,"d":"15.78"},{"v":2.9867367379E-3,"d":"0.00"},{"v":0.0612651368705,"d":"0.06"}]
[2,203,20321,{"v":19083.04949,"d":"19,083.05"},1288,{"v":0.067494454,"d":"0.07"}," ",430,20321003,{"v":5303.72826856,"d":"5,303.73"},218,{"v":0.041103162,"d":"0.04"},{"v":0,"d":"0.00"},{"v":0.905906425,"d":"0.91"},{"v":197.4876006,"d":"197.49"},{"v":20.5123994,"d":"20.51"},0,"0_20321003_543",{"v":5284.68786261999,"d":"5,284.69"},{"v":0,"d":"0.00"},{"v":20.5123994,"d":"20.51"},{"v":0,"d":"0.00"},"0_20321003_543_347","G",{"v":1.17197837958,"d":"1.17"},{"v":2.21768704235E-4,"d":"0.00"},{"v":0.00454900823569,"d":"0.00"}]
[2,203,20321,{"v":19083.04949,"d":"19,083.05"},1288,{"v":0.067494454,"d":"0.07"}," ",430,20321003,{"v":5303.72826856,"d":"5,303.73"},218,{"v":0.041103162,"d":"0.04"},{"v":0,"d":"0.00"},{"v":0.905906425,"d":"0.91"},{"v":197.4876006,"d":"197.49"},{"v":20.5123994,"d":"20.51"},0,"0_20321003_543",{"v":5284.68786261999,"d":"5,284.69"},{"v":0,"d":"0.00"},{"v":20.5123994,"d":"20.51"},{"v":0,"d":"0.00"},"0_20321003_543_348","G",{"v":0.260895746115,"d":"0.26"},{"v":4.9368241398e-05,"d":"0.00"},{"v":0.00101266108523,"d":"0.00"}]
[2,206,20603,{"v":5423.585106,"d":"5,423.59"},1268,{"v":0.233793695,"d":"0.23"}," ",410,20603000,{"v":5423.58510561999,"d":"5,423.59"},1268,{"v":0.233793695,"d":"0.23"},{"v":0,"d":"0.00"},{"v":0.921559671,"d":"0.92"},{"v":1168.537663,"d":"1,168.54"},{"v":99.4623375,"d":"99.46"},0,"0_20603000_656",{"v":5324.78985077,"d":"5,324.79"},{"v":0,"d":"0.00"},{"v":99.4623375,"d":"99.46"},{"v":0,"d":"0.00"},"0_20603000_656_349","außerhalb GKL",{"v":5149.85279963999,"d":"5,149.85"},{"v":0.967146675074,"d":"0.97"},{"v":96.1946690081999,"d":"96.19"}]
[2,206,20603,{"v":5423.585106,"d":"5,423.59"},1268,{"v":0.233793695,"d":"0.23"}," ",410,20603000,{"v":5423.58510561999,"d":"5,423.59"},1268,{"v":0.233793695,"d":"0.23"},{"v":0,"d":"0.00"},{"v":0.921559671,"d":"0.92"},{"v":1168.537663,"d":"1,168.54"},{"v":99.4623375,"d":"99.46"},0,"0_20603000_656",{"v":5324.78985077,"d":"5,324.79"},{"v":0,"d":"0.00"},{"v":99.4623375,"d":"99.46"},{"v":0,"d":"0.00"},"0_20603000_656_350","außerhalb GKL",{"v":0.00169609918452,"d":"0.00"},{"v":3.18528849e-07,"d":"0.00"},{"v":3.1681623924E-5,"d":"0.00"}]
[2,206,20603,{"v":5423.585106,"d":"5,423.59"},1268,{"v":0.233793695,"d":"0.23"}," ",410,20603000,{"v":5423.58510561999,"d":"5,423.59"},1268,{"v":0.233793695,"d":"0.23"},{"v":0,"d":"0.00"},{"v":0.921559671,"d":"0.92"},{"v":1168.537663,"d":"1,168.54"},{"v":99.4623375,"d":"99.46"},0,"0_20603000_656",{"v":5324.78985077,"d":"5,324.79"},{"v":0,"d":"0.00"},{"v":99.4623375,"d":"99.46"},{"v":0,"d":"0.00"},"0_20603000_656_351","außerhalb GKL",{"v":0.0057961554663,"d":"0.01"},{"v":1.088522858e-06,"d":"0.00"},{"v":1.08267027873E-4,"d":"0.00"}]
[2,206,20603,{"v":5423.585106,"d":"5,423.59"},1268,{"v":0.233793695,"d":"0.23"}," ",410,20603000,{"v":5423.58510561999,"d":"5,423.59"},1268,{"v":0.233793695,"d":"0.23"},{"v":0,"d":"0.00"},{"v":0.921559671,"d":"0.92"},{"v":1168.537663,"d":"1,168.54"},{"v":99.4623375,"d":"99.46"},0,"0_20603000_656",{"v":5324.78985077,"d":"5,324.79"},{"v":0,"d":"0.00"},{"v":99.4623375,"d":"99.46"},{"v":0,"d":"0.00"},"0_20603000_656_352","außerhalb GKL",{"v":0.000699247127009,"d":"0.00"},{"v":1.31319197e-07,"d":"0.00"},{"v":1.3061314285E-5,"d":"0.00"}]
[2,206,20603,{"v":5423.585106,"d":"5,423.59"},1268,{"v":0.233793695,"d":"0.23"}," ",410,20603000,{"v":5423.58510561999,"d":"5,423.59"},1268,{"v":0.233793695,"d":"0.23"},{"v":0,"d":"0.00"},{"v":0.921559671,"d":"0.92"},{"v":1168.537663,"d":"1,168.54"},{"v":99.4623375,"d":"99.46"},0,"0_20603000_656",{"v":5324.78985077,"d":"5,324.79"},{"v":0,"d":"0.00"},{"v":99.4623375,"d":"99.46"},{"v":0,"d":"0.00"},"0_20603000_656_353","C",{"v":4.14065906353,"d":"4.14"},{"v":0.000777619244998,"d":"0.00"},{"v":0.0773438277925,"d":"0.08"}]
[2,206,20603,{"v":5423.585106,"d":"5,423.59"},1268,{"v":0.233793695,"d":"0.23"}," ",410,20603000,{"v":5423.58510561999,"d":"5,423.59"},1268,{"v":0.233793695,"d":"0.23"},{"v":0,"d":"0.00"},{"v":0.921559671,"d":"0.92"},{"v":1168.537663,"d":"1,168.54"},{"v":99.4623375,"d":"99.46"},0,"0_20603000_656",{"v":5324.78985077,"d":"5,324.79"},{"v":0,"d":"0.00"},{"v":99.4623375,"d":"99.46"},{"v":0,"d":"0.00"},"0_20603000_656_354","C",{"v":0.374152152289,"d":"0.37"},{"v":7.026608801e-05,"d":"0.00"},{"v":0.00698882936046,"d":"0.01"}]
[2,206,20603,{"v":5423.585106,"d":"5,423.59"},1268,{"v":0.233793695,"d":"0.23"}," ",410,20603000,{"v":5423.58510561999,"d":"5,423.59"},1268,{"v":0.233793695,"d":"0.23"},{"v":0,"d":"0.00"},{"v":0.921559671,"d":"0.92"},{"v":1168.537663,"d":"1,168.54"},{"v":99.4623375,"d":"99.46"},0,"0_20603000_656",{"v":5324.78985077,"d":"5,324.79"},{"v":0,"d":"0.00"},{"v":99.4623375,"d":"99.46"},{"v":0,"d":"0.00"},"0_20603000_656_355","C",{"v":0.00673966354872,"d":"0.01"},{"v":1.265714467e-06,"d":"0.00"},{"v":1.25890919511E-4,"d":"0.00"}]
[2,206,20603,{"v":5423.585106,"d":"5,423.59"},1268,{"v":0.233793695,"d":"0.23"}," ",410,20603000,{"v":5423.58510561999,"d":"5,423.59"},1268,{"v":0.233793695,"d":"0.23"},{"v":0,"d":"0.00"},{"v":0.921559671,"d":"0.92"},{"v":1168.537663,"d":"1,168.54"},{"v":99.4623375,"d":"99.46"},0,"0_20603000_656",{"v":5324.78985077,"d":"5,324.79"},{"v":0,"d":"0.00"},{"v":99.4623375,"d":"99.46"},{"v":0,"d":"0.00"},"0_20603000_656_356","C",{"v":0.987690975296,"d":"0.99"},{"v":1.8548919356E-4,"d":"0.00"},{"v":0.0184491887725,"d":"0.02"}]
[2,206,20603,{"v":5423.585106,"d":"5,423.59"},1268,{"v":0.233793695,"d":"0.23"}," ",410,20603000,{"v":5423.58510561999,"d":"5,423.59"},1268,{"v":0.233793695,"d":"0.23"},{"v":0,"d":"0.00"},{"v":0.921559671,"d":"0.92"},{"v":1168.537663,"d":"1,168.54"},{"v":99.4623375,"d":"99.46"},0,"0_20603000_656",{"v":5324.78985077,"d":"5,324.79"},{"v":0,"d":"0.00"},{"v":99.4623375,"d":"99.46"},{"v":0,"d":"0.00"},"0_20603000_656_357","D",{"v":0.744244013376,"d":"0.74"},{"v":1.39769649927E-4,"d":"0.00"},{"v":0.0139018160933,"d":"0.01"}]
[2,206,20603,{"v":5423.585106,"d":"5,423.59"},1268,{"v":0.233793695,"d":"0.23"}," ",410,20603000,{"v":5423.58510561999,"d":"5,423.59"},1268,{"v":0.233793695,"d":"0.23"},{"v":0,"d":"0.00"},{"v":0.921559671,"d":"0.92"},{"v":1168.537663,"d":"1,168.54"},{"v":99.4623375,"d":"99.46"},0,"0_20603000_656",{"v":5324.78985077,"d":"5,324.79"},{"v":0,"d":"0.00"},{"v":99.4623375,"d":"99.46"},{"v":0,"d":"0.00"},"0_20603000_656_358","D",{"v":0.0353402351543,"d":"0.04"},{"v":6.636925803e-06,"d":"0.00"},{"v":0.000660124154147,"d":"0.00"}]
[2,206,20603,{"v":5423.585106,"d":"5,423.59"},1268,{"v":0.233793695,"d":"0.23"}," ",410,20603000,{"v":5423.58510561999,"d":"5,423.59"},1268,{"v":0.233793695,"d":"0.23"},{"v":0,"d":"0.00"},{"v":0.921559671,"d":"0.92"},{"v":1168.537663,"d":"1,168.54"},{"v":99.4623375,"d":"99.46"},0,"0_20603000_656",{"v":5324.78985077,"d":"5,324.79"},{"v":0,"d":"0.00"},{"v":99.4623375,"d":"99.46"},{"v":0,"d":"0.00"},"0_20603000_656_359","D",{"v":7.98441914241,"d":"7.98"},{"v":0.00149948061166,"d":"0.00"},{"v":0.149141846672,"d":"0.15"}]
[2,206,20603,{"v":5423.585106,"d":"5,423.59"},1268,{"v":0.233793695,"d":"0.23"}," ",410,20603000,{"v":5423.58510561999,"d":"5,423.59"},1268,{"v":0.233793695,"d":"0.23"},{"v":0,"d":"0.00"},{"v":0.921559671,"d":"0.92"},{"v":1168.537663,"d":"1,168.54"},{"v":99.4623375,"d":"99.46"},0,"0_20603000_656",{"v":5324.78985077,"d":"5,324.79"},{"v":0,"d":"0.00"},{"v":99.4623375,"d":"99.46"},{"v":0,"d":"0.00"},"0_20603000_656_360","D",{"v":2.4030977331,"d":"2.40"},{"v":0.00045130376981,"d":"0.00"},{"v":0.0448877278679,"d":"0.04"}]
[2,206,20603,{"v":5423.585106,"d":"5,423.59"},1268,{"v":0.233793695,"d":"0.23"}," ",410,20603000,{"v":5423.58510561999,"d":"5,423.59"},1268,{"v":0.233793695,"d":"0.23"},{"v":0,"d":"0.00"},{"v":0.921559671,"d":"0.92"},{"v":1168.537663,"d":"1,168.54"},{"v":99.4623375,"d":"99.46"},0,"0_20603000_656",{"v":5324.78985077,"d":"5,324.79"},{"v":0,"d":"0.00"},{"v":99.4623375,"d":"99.46"},{"v":0,"d":"0.00"},"0_20603000_656_361","D",{"v":0.365648528718,"d":"0.37"},{"v":6.8669100371e-05,"d":"0.00"},{"v":0.00682998923694,"d":"0.01"}]
[2,206,20603,{"v":5423.585106,"d":"5,423.59"},1268,{"v":0.233793695,"d":"0.23"}," ",410,20603000,{"v":5423.58510561999,"d":"5,423.59"},1268,{"v":0.233793695,"d":"0.23"},{"v":0,"d":"0.00"},{"v":0.921559671,"d":"0.92"},{"v":1168.537663,"d":"1,168.54"},{"v":99.4623375,"d":"99.46"},0,"0_20603000_656",{"v":5324.78985077,"d":"5,324.79"},{"v":0,"d":"0.00"},{"v":99.4623375,"d":"99.46"},{"v":0,"d":"0.00"},"0_20603000_656_362","D",{"v":0.000719567912015,"d":"0.00"},{"v":1.35135457e-07,"d":"0.00"},{"v":1.3440888472E-5,"d":"0.00"}]
[2,206,20603,{"v":5423.585106,"d":"5,423.59"},1268,{"v":0.233793695,"d":"0.23"}," ",410,20603000,{"v":5423.58510561999,"d":"5,423.59"},1268,{"v":0.233793695,"d":"0.23"},{"v":0,"d":"0.00"},{"v":0.921559671,"d":"0.92"},{"v":1168.537663,"d":"1,168.54"},{"v":99.4623375,"d":"99.46"},0,"0_20603000_656",{"v":5324.78985077,"d":"5,324.79"},{"v":0,"d":"0.00"},{"v":99.4623375,"d":"99.46"},{"v":0,"d":"0.00"},"0_20603000_656_363","D",{"v":0.562634275947,"d":"0.56"},{"v":1.05663188917E-4,"d":"0.00"},{"v":0.0105095077574,"d":"0.01"}]
[2,206,20603,{"v":5423.585106,"d":"5,423.59"},1268,{"v":0.233793695,"d":"0.23"}," ",410,20603000,{"v":5423.58510561999,"d":"5,423.59"},1268,{"v":0.233793695,"d":"0.23"},{"v":0,"d":"0.00"},{"v":0.921559671,"d":"0.92"},{"v":1168.537663,"d":"1,168.54"},{"v":99.4623375,"d":"99.46"},0,"0_20603000_656",{"v":5324.78985077,"d":"5,324.79"},{"v":0,"d":"0.00"},{"v":99.4623375,"d":"99.46"},{"v":0,"d":"0.00"},"0_20603000_656_364","D",{"v":0.00540052784792,"d":"0.01"},{"v":1.014223659e-06,"d":"0.00"},{"v":0.000100877055911,"d":"0.00"}]
[2,206,20603,{"v":5423.585106,"d":"5,423.59"},1268,{"v":0.233793695,"d":"0.23"}," ",410,20603000,{"v":5423.58510561999,"d":"5,423.59"},1268,{"v":0.233793695,"d":"0.23"},{"v":0,"d":"0.00"},{"v":0.921559671,"d":"0.92"},{"v":1168.537663,"d":"1,168.54"},{"v":99.4623375,"d":"99.46"},0,"0_20603000_656",{"v":5324.78985077,"d":"5,324.79"},{"v":0,"d":"0.00"},{"v":99.4623375,"d":"99.46"},{"v":0,"d":"0.00"},"0_20603000_656_365","D",{"v":0.780864091574,"d":"0.78"},{"v":0.000146646931327,"d":"0.00"},{"v":0.014585846577,"d":"0.01"}]
[2,206,20603,{"v":5423.585106,"d":"5,423.59"},1268,{"v":0.233793695,"d":"0.23"}," ",410,20603000,{"v":5423.58510561999,"d":"5,423.59"},1268,{"v":0.233793695,"d":"0.23"},{"v":0,"d":"0.00"},{"v":0.921559671,"d":"0.92"},{"v":1168.537663,"d":"1,168.54"},{"v":99.4623375,"d":"99.46"},0,"0_20603000_656",{"v":5324.78985077,"d":"5,324.79"},{"v":0,"d":"0.00"},{"v":99.4623375,"d":"99.46"},{"v":0,"d":"0.00"},"0_20603000_656_366","D",{"v":0.0532264904376,"d":"0.05"},{"v":9.995979546e-06,"d":"0.00"},{"v":0.000994223491295,"d":"0.00"}]
[2,206,20603,{"v":5423.585106,"d":"5,423.59"},1268,{"v":0.233793695,"d":"0.23"}," ",410,20603000,{"v":5423.58510561999,"d":"5,423.59"},1268,{"v":0.233793695,"d":"0.23"},{"v":0,"d":"0.00"},{"v":0.921559671,"d":"0.92"},{"v":1168.537663,"d":"1,168.54"},{"v":99.4623375,"d":"99.46"},0,"0_20603000_656",{"v":5324.78985077,"d":"5,324.79"},{"v":0,"d":"0.00"},{"v":99.4623375,"d":"99.46"},{"v":0,"d":"0.00"},"0_20603000_656_367","E",{"v":3.16956474008,"d":"3.17"},{"v":0.000595246916575,"d":"0.00"},{"v":0.0592046497122,"d":"0.06"}]
[2,206,20603,{"v":5423.585106,"d":"5,423.59"},1268,{"v":0.233793695,"d":"0.23"}," ",410,20603000,{"v":5423.58510561999,"d":"5,423.59"},1268,{"v":0.233793695,"d":"0.23"},{"v":0,"d":"0.00"},{"v":0.921559671,"d":"0.92"},{"v":1168.537663,"d":"1,168.54"},{"v":99.4623375,"d":"99.46"},0,"0_20603000_656",{"v":5324.78985077,"d":"5,324.79"},{"v":0,"d":"0.00"},{"v":99.4623375,"d":"99.46"},{"v":0,"d":"0.00"},"0_20603000_656_368","E",{"v":0.028297564479,"d":"0.03"},{"v":5.314306343e-06,"d":"0.00"},{"v":0.000528573331064,"d":"0.00"}]
[2,206,20603,{"v":5423.585106,"d":"5,423.59"},1268,{"v":0.233793695,"d":"0.23"}," ",410,20603000,{"v":5423.58510561999,"d":"5,423.59"},1268,{"v":0.233793695,"d":"0.23"},{"v":0,"d":"0.00"},{"v":0.921559671,"d":"0.92"},{"v":1168.537663,"d":"1,168.54"},{"v":99.4623375,"d":"99.46"},0,"0_20603000_656",{"v":5324.78985077,"d":"5,324.79"},{"v":0,"d":"0.00"},{"v":99.4623375,"d":"99.46"},{"v":0,"d":"0.00"},"0_20603000_656_369","E",{"v":3.05131784971,"d":"3.05"},{"v":0.000573040051387,"d":"0.00"},{"v":0.0569959029921,"d":"0.06"}]
[2,206,20603,{"v":5423.585106,"d":"5,423.59"},1268,{"v":0.233793695,"d":"0.23"}," ",410,20603000,{"v":5423.58510561999,"d":"5,423.59"},1268,{"v":0.233793695,"d":"0.23"},{"v":0,"d":"0.00"},{"v":0.921559671,"d":"0.92"},{"v":1168.537663,"d":"1,168.54"},{"v":99.4623375,"d":"99.46"},0,"0_20603000_656",{"v":5324.78985077,"d":"5,324.79"},{"v":0,"d":"0.00"},{"v":99.4623375,"d":"99.46"},{"v":0,"d":"0.00"},"0_20603000_656_370","E",{"v":12.304752933,"d":"12.30"},{"v":0.0023108429211,"d":"0.00"},{"v":0.229841838528,"d":"0.23"}]
[2,206,20603,{"v":5423.585106,"d":"5,423.59"},1268,{"v":0.233793695,"d":"0.23"}," ",410,20603000,{"v":5423.58510561999,"d":"5,423.59"},1268,{"v":0.233793695,"d":"0.23"},{"v":0,"d":"0.00"},{"v":0.921559671,"d":"0.92"},{"v":1168.537663,"d":"1,168.54"},{"v":99.4623375,"d":"99.46"},0,"0_20603000_656",{"v":5324.78985077,"d":"5,324.79"},{"v":0,"d":"0.00"},{"v":99.4623375,"d":"99.46"},{"v":0,"d":"0.00"},"0_20603000_656_371","E",{"v":21.6437901565,"d":"21.64"},{"v":0.00406472194454,"d":"0.00"},{"v":0.404286745891,"d":"0.40"}]
[2,206,20603,{"v":5423.585106,"d":"5,423.59"},1268,{"v":0.233793695,"d":"0.23"}," ",410,20603000,{"v":5423.58510561999,"d":"5,423.59"},1268,{"v":0.233793695,"d":"0.23"},{"v":0,"d":"0.00"},{"v":0.921559671,"d":"0.92"},{"v":1168.537663,"d":"1,168.54"},{"v":99.4623375,"d":"99.46"},0,"0_20603000_656",{"v":5324.78985077,"d":"5,324.79"},{"v":0,"d":"0.00"},{"v":99.4623375,"d":"99.46"},{"v":0,"d":"0.00"},"0_20603000_656_372","E",{"v":0.000501862377382,"d":"0.00"},{"v":9.4250175E-8,"d":"0.00"},{"v":9.374342755e-06,"d":"0.00"}]
[2,206,20603,{"v":5423.585106,"d":"5,423.59"},1268,{"v":0.233793695,"d":"0.23"}," ",410,20603000,{"v":5423.58510561999,"d":"5,423.59"},1268,{"v":0.233793695,"d":"0.23"},{"v":0,"d":"0.00"},{"v":0.921559671,"d":"0.92"},{"v":1168.537663,"d":"1,168.54"},{"v":99.4623375,"d":"99.46"},0,"0_20603000_656",{"v":5324.78985077,"d":"5,324.79"},{"v":0,"d":"0.00"},{"v":99.4623375,"d":"99.46"},{"v":0,"d":"0.00"},"0_20603000_656_373","F",{"v":59.0342532160999,"d":"59.03"},{"v":0.0110866822674,"d":"0.01"},{"v":1.10270733344,"d":"1.10"}]
[2,206,20603,{"v":5423.585106,"d":"5,423.59"},1268,{"v":0.233793695,"d":"0.23"}," ",410,20603000,{"v":5423.58510561999,"d":"5,423.59"},1268,{"v":0.233793695,"d":"0.23"},{"v":0,"d":"0.00"},{"v":0.921559671,"d":"0.92"},{"v":1168.537663,"d":"1,168.54"},{"v":99.4623375,"d":"99.46"},0,"0_20603000_656",{"v":5324.78985077,"d":"5,324.79"},{"v":0,"d":"0.00"},{"v":99.4623375,"d":"99.46"},{"v":0,"d":"0.00"},"0_20603000_656_374","F",{"v":0.0989445558245,"d":"0.10"},{"v":1.8581870571e-05,"d":"0.00"},{"v":0.0018481962821,"d":"0.00"}]
[2,206,20603,{"v":5423.585106,"d":"5,423.59"},1268,{"v":0.233793695,"d":"0.23"}," ",410,20603000,{"v":5423.58510561999,"d":"5,423.59"},1268,{"v":0.233793695,"d":"0.23"},{"v":0,"d":"0.00"},{"v":0.921559671,"d":"0.92"},{"v":1168.537663,"d":"1,168.54"},{"v":99.4623375,"d":"99.46"},0,"0_20603000_656",{"v":5324.78985077,"d":"5,324.79"},{"v":0,"d":"0.00"},{"v":99.4623375,"d":"99.46"},{"v":0,"d":"0.00"},"0_20603000_656_375","F",{"v":0.00659924464291,"d":"0.01"},{"v":1.239343679e-06,"d":"0.00"},{"v":1.23268019267E-4,"d":"0.00"}]
[2,206,20603,{"v":5423.585106,"d":"5,423.59"},1268,{"v":0.233793695,"d":"0.23"}," ",410,20603000,{"v":5423.58510561999,"d":"5,423.59"},1268,{"v":0.233793695,"d":"0.23"},{"v":0,"d":"0.00"},{"v":0.921559671,"d":"0.92"},{"v":1168.537663,"d":"1,168.54"},{"v":99.4623375,"d":"99.46"},0,"0_20603000_656",{"v":5324.78985077,"d":"5,324.79"},{"v":0,"d":"0.00"},{"v":99.4623375,"d":"99.46"},{"v":0,"d":"0.00"},"0_20603000_656_376","F",{"v":0.0957176677474,"d":"0.10"},{"v":1.7975858284E-5,"d":"0.00"},{"v":1.78792088346E-3,"d":"0.00"}]
[2,206,20603,{"v":5423.585106,"d":"5,423.59"},1268,{"v":0.233793695,"d":"0.23"}," ",410,20603000,{"v":5423.58510561999,"d":"5,423.59"},1268,{"v":0.233793695,"d":"0.23"},{"v":0,"d":"0.00"},{"v":0.921559671,"d":"0.92"},{"v":1168.537663,"d":"1,168.54"},{"v":99.4623375,"d":"99.46"},0,"0_20603000_656",{"v":5324.78985077,"d":"5,324.79"},{"v":0,"d":"0.00"},{"v":99.4623375,"d":"99.46"},{"v":0,"d":"0.00"},"0_20603000_656_377","G",{"v":26.6819831253999,"d":"26.68"},{"v":0.00501089880975,"d":"0.01"},{"v":0.498395708594,"d":"0.50"}]
[2,206,20603,{"v":5423.585106,"d":"5,423.59"},1268,{"v":0.233793695,"d":"0.23"}," ",410,20603000,{"v":5423.58510561999,"d":"5,423.59"},1268,{"v":0.233793695,"d":"0.23"},{"v":0,"d":"0.00"},{"v":0.921559671,"d":"0.92"},{"v":1168.537663,"d":"1,168.54"},{"v":99.4623375,"d":"99.46"},0,"0_20603000_656",{"v":5324.78985077,"d":"5,324.79"},{"v":0,"d":"0.00"},{"v":99.4623375,"d":"99.46"},{"v":0,"d":"0.00"},"0_20603000_656_378","G",{"v":29.94623126,"d":"29.95"},{"v":0.00562392734723,"d":"0.01"},{"v":0.559368959886,"d":"0.56"}]
[2,206,20603,{"v":5423.585106,"d":"5,423.59"},1268,{"v":0.233793695,"d":"0.23"}," ",410,20603000,{"v":5423.58510561999,"d":"5,423.59"},1268,{"v":0.233793695,"d":"0.23"},{"v":0,"d":"0.00"},{"v":0.921559671,"d":"0.92"},{"v":1168.537663,"d":"1,168.54"},{"v":99.4623375,"d":"99.46"},0,"0_20603000_656",{"v":5324.78985077,"d":"5,324.79"},{"v":0,"d":"0.00"},{"v":99.4623375,"d":"99.46"},{"v":0,"d":"0.00"},"0_20603000_656_379","G",{"v":0.028750059674,"d":"0.03"},{"v":5.39928532e-06,"d":"0.00"},{"v":0.000537025538769,"d":"0.00"}]
[2,206,20603,{"v":5423.585106,"d":"5,423.59"},1268,{"v":0.233793695,"d":"0.23"}," ",410,20603000,{"v":5423.58510561999,"d":"5,423.59"},1268,{"v":0.233793695,"d":"0.23"},{"v":0,"d":"0.00"},{"v":0.921559671,"d":"0.92"},{"v":1168.537663,"d":"1,168.54"},{"v":99.4623375,"d":"99.46"},0,"0_20603000_656",{"v":5324.78985077,"d":"5,324.79"},{"v":0,"d":"0.00"},{"v":99.4623375,"d":"99.46"},{"v":0,"d":"0.00"},"0_20603000_656_380","G",{"v":0.39331892697,"d":"0.39"},{"v":7.3865624371e-05,"d":"0.00"},{"v":0.00734684766081,"d":"0.01"}]
[2,206,20604,{"v":7609.177273,"d":"7,609.18"},1590,{"v":0.208958202,"d":"0.21"}," ",410,20604000,{"v":7609.17727265,"d":"7,609.18"},1590,{"v":0.208958202,"d":"0.21"},{"v":0,"d":"0.00"},{"v":0.921559671,"d":"0.92"},{"v":1465.279876,"d":"1,465.28"},{"v":124.7201235,"d":"124.72"},0,"0_20604000_657",{"v":7441.34906074999,"d":"7,441.35"},{"v":0,"d":"0.00"},{"v":124.7201235,"d":"124.72"},{"v":0,"d":"0.00"},"0_20604000_657_381","außerhalb GKL",{"v":7266.16871319999,"d":"7,266.17"},{"v":0.976458523029,"d":"0.98"},{"v":121.784027585,"d":"121.78"}]
[2,206,20604,{"v":7609.177273,"d":"7,609.18"},1590,{"v":0.208958202,"d":"0.21"}," ",410,20604000,{"v":7609.17727265,"d":"7,609.18"},1590,{"v":0.208958202,"d":"0.21"},{"v":0,"d":"0.00"},{"v":0.921559671,"d":"0.92"},{"v":1465.279876,"d":"1,465.28"},{"v":124.7201235,"d":"124.72"},0,"0_20604000_657",{"v":7441.34906074999,"d":"7,441.35"},{"v":0,"d":"0.00"},{"v":124.7201235,"d":"124.72"},{"v":0,"d":"0.00"},"0_20604000_657_382","außerhalb GKL",{"v":7.57307613509,"d":"7.57"},{"v":1.0177020421E-3,"d":"0.00"},{"v":0.126927924377,"d":"0.13"}]
[2,206,20604,{"v":7609.177273,"d":"7,609.18"},1590,{"v":0.208958202,"d":"0.21"}," ",410,20604000,{"v":7609.17727265,"d":"7,609.18"},1590,{"v":0.208958202,"d":"0.21"},{"v":0,"d":"0.00"},{"v":0.921559671,"d":"0.92"},{"v":1465.279876,"d":"1,465.28"},{"v":124.7201235,"d":"124.72"},0,"0_20604000_657",{"v":7441.34906074999,"d":"7,441.35"},{"v":0,"d":"0.00"},{"v":124.7201235,"d":"124.72"},{"v":0,"d":"0.00"},"0_20604000_657_383","außerhalb GKL",{"v":0.159620845487,"d":"0.16"},{"v":2.1450525192E-5,"d":"0.00"},{"v":2.67531215104E-3,"d":"0.00"}]
[2,206,20604,{"v":7609.177273,"d":"7,609.18"},1590,{"v":0.208958202,"d":"0.21"}," ",410,20604000,{"v":7609.17727265,"d":"7,609.18"},1590,{"v":0.208958202,"d":"0.21"},{"v":0,"d":"0.00"},{"v":0.921559671,"d":"0.92"},{"v":1465.279876,"d":"1,465.28"},{"v":124.7201235,"d":"124.72"},0,"0_20604000_657",{"v":7441.34906074999,"d":"7,441.35"},{"v":0,"d":"0.00"},{"v":124.7201235,"d":"124.72"},{"v":0,"d":"0.00"},"0_20604000_657_384","D",{"v":0.495277885255,"d":"0.50"},{"v":6.6557539663e-05,"d":"0.00"},{"v":0.00830106456659,"d":"0.01"}]
[2,206,20604,{"v":7609.177273,"d":"7,609.18"},1590,{"v":0.208958202,"d":"0.21"}," ",410,20604000,{"v":7609.17727265,"d":"7,609.18"},1590,{"v":0.208958202,"d":"0.21"},{"v":0,"d":"0.00"},{"v":0.921559671,"d":"0.92"},{"v":1465.279876,"d":"1,465.28"},{"v":124.7201235,"d":"124.72"},0,"0_20604000_657",{"v":7441.34906074999,"d":"7,441.35"},{"v":0,"d":"0.00"},{"v":124.7201235,"d":"124.72"},{"v":0,"d":"0.00"},"0_20604000_657_385","D",{"v":4.89118382141,"d":"4.89"},{"v":0.000657297995495,"d":"0.00"},{"v":0.0819782871744,"d":"0.08"}]
[2,206,20604,{"v":7609.177273,"d":"7,609.18"},1590,{"v":0.208958202,"d":"0.21"}," ",410,20604000,{"v":7609.17727265,"d":"7,609.18"},1590,{"v":0.208958202,"d":"0.21"},{"v":0,"d":"0.00"},{"v":0.921559671,"d":"0.92"},{"v":1465.279876,"d":"1,465.28"},{"v":124.7201235,"d":"124.72"},0,"0_20604000_657",{"v":7441.34906074999,"d":"7,441.35"},{"v":0,"d":"0.00"},{"v":124.7201235,"d":"124.72"},{"v":0,"d":"0.00"},"0_20604000_657_386","D",{"v":0.053291576931,"d":"0.05"},{"v":7.161547791e-06,"d":"0.00"},{"v":0.000893189124993,"d":"0.00"}]
[2,206,20604,{"v":7609.177273,"d":"7,609.18"},1590,{"v":0.208958202,"d":"0.21"}," ",410,20604000,{"v":7609.17727265,"d":"7,609.18"},1590,{"v":0.208958202,"d":"0.21"},{"v":0,"d":"0.00"},{"v":0.921559671,"d":"0.92"},{"v":1465.279876,"d":"1,465.28"},{"v":124.7201235,"d":"124.72"},0,"0_20604000_657",{"v":7441.34906074999,"d":"7,441.35"},{"v":0,"d":"0.00"},{"v":124.7201235,"d":"124.72"},{"v":0,"d":"0.00"},"0_20604000_657_387","E",{"v":5.11234117461,"d":"5.11"},{"v":0.000687018057193,"d":"0.00"},{"v":0.0856849769398,"d":"0.09"}]
[2,206,20604,{"v":7609.177273,"d":"7,609.18"},1590,{"v":0.208958202,"d":"0.21"}," ",410,20604000,{"v":7609.17727265,"d":"7,609.18"},1590,{"v":0.208958202,"d":"0.21"},{"v":0,"d":"0.00"},{"v":0.921559671,"d":"0.92"},{"v":1465.279876,"d":"1,465.28"},{"v":124.7201235,"d":"124.72"},0,"0_20604000_657",{"v":7441.34906074999,"d":"7,441.35"},{"v":0,"d":"0.00"},{"v":124.7201235,"d":"124.72"},{"v":0,"d":"0.00"},"0_20604000_657_388","E",{"v":5.70108574769,"d":"5.70"},{"v":0.000766136046186,"d":"0.00"},{"v":0.0955525822981,"d":"0.10"}]
[2,206,20604,{"v":7609.177273,"d":"7,609.18"},1590,{"v":0.208958202,"d":"0.21"}," ",410,20604000,{"v":7609.17727265,"d":"7,609.18"},1590,{"v":0.208958202,"d":"0.21"},{"v":0,"d":"0.00"},{"v":0.921559671,"d":"0.92"},{"v":1465.279876,"d":"1,465.28"},{"v":124.7201235,"d":"124.72"},0,"0_20604000_657",{"v":7441.34906074999,"d":"7,441.35"},{"v":0,"d":"0.00"},{"v":124.7201235,"d":"124.72"},{"v":0,"d":"0.00"},"0_20604000_657_389","E",{"v":0.144997342584,"d":"0.14"},{"v":1.9485356943e-05,"d":"0.00"},{"v":0.00243021612434,"d":"0.00"}]
[2,206,20604,{"v":7609.177273,"d":"7,609.18"},1590,{"v":0.208958202,"d":"0.21"}," ",410,20604000,{"v":7609.17727265,"d":"7,609.18"},1590,{"v":0.208958202,"d":"0.21"},{"v":0,"d":"0.00"},{"v":0.921559671,"d":"0.92"},{"v":1465.279876,"d":"1,465.28"},{"v":124.7201235,"d":"124.72"},0,"0_20604000_657",{"v":7441.34906074999,"d":"7,441.35"},{"v":0,"d":"0.00"},{"v":124.7201235,"d":"124.72"},{"v":0,"d":"0.00"},"0_20604000_657_390","E",{"v":2.36812607364,"d":"2.37"},{"v":3.18238810504E-4,"d":"0.00"},{"v":0.0396907837486,"d":"0.04"}]
[2,206,20604,{"v":7609.177273,"d":"7,609.18"},1590,{"v":0.208958202,"d":"0.21"}," ",410,20604000,{"v":7609.17727265,"d":"7,609.18"},1590,{"v":0.208958202,"d":"0.21"},{"v":0,"d":"0.00"},{"v":0.921559671,"d":"0.92"},{"v":1465.279876,"d":"1,465.28"},{"v":124.7201235,"d":"124.72"},0,"0_20604000_657",{"v":7441.34906074999,"d":"7,441.35"},{"v":0,"d":"0.00"},{"v":124.7201235,"d":"124.72"},{"v":0,"d":"0.00"},"0_20604000_657_391","E",{"v":0.350984375885,"d":"0.35"},{"v":4.7166766808e-05,"d":"0.00"},{"v":0.00588264498139,"d":"0.01"}]
[2,206,20604,{"v":7609.177273,"d":"7,609.18"},1590,{"v":0.208958202,"d":"0.21"}," ",410,20604000,{"v":7609.17727265,"d":"7,609.18"},1590,{"v":0.208958202,"d":"0.21"},{"v":0,"d":"0.00"},{"v":0.921559671,"d":"0.92"},{"v":1465.279876,"d":"1,465.28"},{"v":124.7201235,"d":"124.72"},0,"0_20604000_657",{"v":7441.34906074999,"d":"7,441.35"},{"v":0,"d":"0.00"},{"v":124.7201235,"d":"124.72"},{"v":0,"d":"0.00"},"0_20604000_657_392","F",{"v":10.4004700856,"d":"10.40"},{"v":0.00139765921484,"d":"0.00"},{"v":0.174316229886,"d":"0.17"}]
[2,206,20604,{"v":7609.177273,"d":"7,609.18"},1590,{"v":0.208958202,"d":"0.21"}," ",410,20604000,{"v":7609.17727265,"d":"7,609.18"},1590,{"v":0.208958202,"d":"0.21"},{"v":0,"d":"0.00"},{"v":0.921559671,"d":"0.92"},{"v":1465.279876,"d":"1,465.28"},{"v":124.7201235,"d":"124.72"},0,"0_20604000_657",{"v":7441.34906074999,"d":"7,441.35"},{"v":0,"d":"0.00"},{"v":124.7201235,"d":"124.72"},{"v":0,"d":"0.00"},"0_20604000_657_393","F",{"v":14.9341517232999,"d":"14.93"},{"v":0.00200691455291,"d":"0.00"},{"v":0.250302630893,"d":"0.25"}]
[2,206,20604,{"v":7609.177273,"d":"7,609.18"},1590,{"v":0.208958202,"d":"0.21"}," ",410,20604000,{"v":7609.17727265,"d":"7,609.18"},1590,{"v":0.208958202,"d":"0.21"},{"v":0,"d":"0.00"},{"v":0.921559671,"d":"0.92"},{"v":1465.279876,"d":"1,465.28"},{"v":124.7201235,"d":"124.72"},0,"0_20604000_657",{"v":7441.34906074999,"d":"7,441.35"},{"v":0,"d":"0.00"},{"v":124.7201235,"d":"124.72"},{"v":0,"d":"0.00"},"0_20604000_657_394","F",{"v":8.49887528424999,"d":"8.50"},{"v":0.00114211485241,"d":"0.00"},{"v":0.142444705444,"d":"0.14"}]
[2,206,20604,{"v":7609.177273,"d":"7,609.18"},1590,{"v":0.208958202,"d":"0.21"}," ",410,20604000,{"v":7609.17727265,"d":"7,609.18"},1590,{"v":0.208958202,"d":"0.21"},{"v":0,"d":"0.00"},{"v":0.921559671,"d":"0.92"},{"v":1465.279876,"d":"1,465.28"},{"v":124.7201235,"d":"124.72"},0,"0_20604000_657",{"v":7441.34906074999,"d":"7,441.35"},{"v":0,"d":"0.00"},{"v":124.7201235,"d":"124.72"},{"v":0,"d":"0.00"},"0_20604000_657_395","F",{"v":4.29863752809,"d":"4.30"},{"v":0.000577669115237,"d":"0.00"},{"v":0.0720469633945,"d":"0.07"}]
[2,206,20604,{"v":7609.177273,"d":"7,609.18"},1590,{"v":0.208958202,"d":"0.21"}," ",410,20604000,{"v":7609.17727265,"d":"7,609.18"},1590,{"v":0.208958202,"d":"0.21"},{"v":0,"d":"0.00"},{"v":0.921559671,"d":"0.92"},{"v":1465.279876,"d":"1,465.28"},{"v":124.7201235,"d":"124.72"},0,"0_20604000_657",{"v":7441.34906074999,"d":"7,441.35"},{"v":0,"d":"0.00"},{"v":124.7201235,"d":"124.72"},{"v":0,"d":"0.00"},"0_20604000_657_396","G",{"v":52.2993388651999,"d":"52.30"},{"v":0.0070282066381,"d":"0.01"},{"v":0.876558799887,"d":"0.88"}]
[2,206,20604,{"v":7609.177273,"d":"7,609.18"},1590,{"v":0.208958202,"d":"0.21"}," ",410,20604000,{"v":7609.17727265,"d":"7,609.18"},1590,{"v":0.208958202,"d":"0.21"},{"v":0,"d":"0.00"},{"v":0.921559671,"d":"0.92"},{"v":1465.279876,"d":"1,465.28"},{"v":124.7201235,"d":"124.72"},0,"0_20604000_657",{"v":7441.34906074999,"d":"7,441.35"},{"v":0,"d":"0.00"},{"v":124.7201235,"d":"124.72"},{"v":0,"d":"0.00"},"0_20604000_657_397","G",{"v":2.76306340089,"d":"2.76"},{"v":0.000371312161052,"d":"0.00"},{"v":0.0463100985835,"d":"0.05"}]
[2,206,20604,{"v":7609.177273,"d":"7,609.18"},1590,{"v":0.208958202,"d":"0.21"}," ",410,20604000,{"v":7609.17727265,"d":"7,609.18"},1590,{"v":0.208958202,"d":"0.21"},{"v":0,"d":"0.00"},{"v":0.921559671,"d":"0.92"},{"v":1465.279876,"d":"1,465.28"},{"v":124.7201235,"d":"124.72"},0,"0_20604000_657",{"v":7441.34906074999,"d":"7,441.35"},{"v":0,"d":"0.00"},{"v":124.7201235,"d":"124.72"},{"v":0,"d":"0.00"},"0_20604000_657_398","G",{"v":30.6969301262,"d":"30.70"},{"v":0.00412518346816,"d":"0.00"},{"v":0.514493391609,"d":"0.51"}]
[2,206,20604,{"v":7609.177273,"d":"7,609.18"},1590,{"v":0.208958202,"d":"0.21"}," ",410,20604000,{"v":7609.17727265,"d":"7,609.18"},1590,{"v":0.208958202,"d":"0.21"},{"v":0,"d":"0.00"},{"v":0.921559671,"d":"0.92"},{"v":1465.279876,"d":"1,465.28"},{"v":124.7201235,"d":"124.72"},0,"0_20604000_657",{"v":7441.34906074999,"d":"7,441.35"},{"v":0,"d":"0.00"},{"v":124.7201235,"d":"124.72"},{"v":0,"d":"0.00"},"0_20604000_657_399","G",{"v":24.3544535555,"d":"24.35"},{"v":3.27285460696E-3,"d":"0.00"},{"v":0.408190830778,"d":"0.41"}]
[2,206,20604,{"v":7609.177273,"d":"7,609.18"},1590,{"v":0.208958202,"d":"0.21"}," ",410,20604000,{"v":7609.17727265,"d":"7,609.18"},1590,{"v":0.208958202,"d":"0.21"},{"v":0,"d":"0.00"},{"v":0.921559671,"d":"0.92"},{"v":1465.279876,"d":"1,465.28"},{"v":124.7201235,"d":"124.72"},0,"0_20604000_657",{"v":7441.34906074999,"d":"7,441.35"},{"v":0,"d":"0.00"},{"v":124.7201235,"d":"124.72"},{"v":0,"d":"0.00"},"0_20604000_657_400","G",{"v":0.0844420011571,"d":"0.08"},{"v":1.1347673717e-05,"d":"0.00"},{"v":0.00141528326745,"d":"0.00"}]
[2,206,20605,{"v":10951.08164,"d":"10,951.08"},1310,{"v":0.119622887,"d":"0.12"}," ",410,20605000,{"v":10951.0816355999,"d":"10,951.08"},1310,{"v":0.119622887,"d":"0.12"},{"v":0,"d":"0.00"},{"v":0.921559671,"d":"0.92"},{"v":1207.243169,"d":"1,207.24"},{"v":102.7568313,"d":"102.76"},0,"0_20605000_658",{"v":10815.0222649,"d":"10,815.02"},{"v":0,"d":"0.00"},{"v":102.7568313,"d":"102.76"},{"v":0,"d":"0.00"},"0_20605000_658_401","außerhalb GKL",{"v":10573.5636104,"d":"10,573.56"},{"v":0.977673771853,"d":"0.98"},{"v":100.462658841,"d":"100.46"}]
[2,206,20605,{"v":10951.08164,"d":"10,951.08"},1310,{"v":0.119622887,"d":"0.12"}," ",410,20605000,{"v":10951.0816355999,"d":"10,951.08"},1310,{"v":0.119622887,"d":"0.12"},{"v":0,"d":"0.00"},{"v":0.921559671,"d":"0.92"},{"v":1207.243169,"d":"1,207.24"},{"v":102.7568313,"d":"102.76"},0,"0_20605000_658",{"v":10815.0222649,"d":"10,815.02"},{"v":0,"d":"0.00"},{"v":102.7568313,"d":"102.76"},{"v":0,"d":"0.00"},"0_20605000_658_402","außerhalb GKL",{"v":1.62341209512,"d":"1.62"},{"v":1.50107143134E-4,"d":"0.00"},{"v":0.0154245343839,"d":"0.02"}]
[2,206,20605,{"v":10951.08164,"d":"10,951.08"},1310,{"v":0.119622887,"d":"0.12"}," ",410,20605000,{"v":10951.0816355999,"d":"10,951.08"},1310,{"v":0.119622887,"d":"0.12"},{"v":0,"d":"0.00"},{"v":0.921559671,"d":"0.92"},{"v":1207.243169,"d":"1,207.24"},{"v":102.7568313,"d":"102.76"},0,"0_20605000_658",{"v":10815.0222649,"d":"10,815.02"},{"v":0,"d":"0.00"},{"v":102.7568313,"d":"102.76"},{"v":0,"d":"0.00"},"0_20605000_658_403","außerhalb GKL",{"v":1.00672471556,"d":"1.01"},{"v":9.3085773741e-05,"d":"0.00"},{"v":0.00956519914879,"d":"0.01"}]
[2,206,20605,{"v":10951.08164,"d":"10,951.08"},1310,{"v":0.119622887,"d":"0.12"}," ",410,20605000,{"v":10951.0816355999,"d":"10,951.08"},1310,{"v":0.119622887,"d":"0.12"},{"v":0,"d":"0.00"},{"v":0.921559671,"d":"0.92"},{"v":1207.243169,"d":"1,207.24"},{"v":102.7568313,"d":"102.76"},0,"0_20605000_658",{"v":10815.0222649,"d":"10,815.02"},{"v":0,"d":"0.00"},{"v":102.7568313,"d":"102.76"},{"v":0,"d":"0.00"},"0_20605000_658_404","F",{"v":7.07167148264,"d":"7.07"},{"v":0.000653874888967,"d":"0.00"},{"v":0.0671901116569,"d":"0.07"}]
[2,206,20605,{"v":10951.08164,"d":"10,951.08"},1310,{"v":0.119622887,"d":"0.12"}," ",410,20605000,{"v":10951.0816355999,"d":"10,951.08"},1310,{"v":0.119622887,"d":"0.12"},{"v":0,"d":"0.00"},{"v":0.921559671,"d":"0.92"},{"v":1207.243169,"d":"1,207.24"},{"v":102.7568313,"d":"102.76"},0,"0_20605000_658",{"v":10815.0222649,"d":"10,815.02"},{"v":0,"d":"0.00"},{"v":102.7568313,"d":"102.76"},{"v":0,"d":"0.00"},"0_20605000_658_405","F",{"v":14.2847712476,"d":"14.28"},{"v":1.32082679977E-3,"d":"0.00"},{"v":0.13572397664,"d":"0.14"}]
[2,206,20605,{"v":10951.08164,"d":"10,951.08"},1310,{"v":0.119622887,"d":"0.12"}," ",410,20605000,{"v":10951.0816355999,"d":"10,951.08"},1310,{"v":0.119622887,"d":"0.12"},{"v":0,"d":"0.00"},{"v":0.921559671,"d":"0.92"},{"v":1207.243169,"d":"1,207.24"},{"v":102.7568313,"d":"102.76"},0,"0_20605000_658",{"v":10815.0222649,"d":"10,815.02"},{"v":0,"d":"0.00"},{"v":102.7568313,"d":"102.76"},{"v":0,"d":"0.00"},"0_20605000_658_406","F",{"v":5.98540253694,"d":"5.99"},{"v":0.000553434139139,"d":"0.00"},{"v":0.0568691384712,"d":"0.06"}]
[2,206,20605,{"v":10951.08164,"d":"10,951.08"},1310,{"v":0.119622887,"d":"0.12"}," ",410,20605000,{"v":10951.0816355999,"d":"10,951.08"},1310,{"v":0.119622887,"d":"0.12"},{"v":0,"d":"0.00"},{"v":0.921559671,"d":"0.92"},{"v":1207.243169,"d":"1,207.24"},{"v":102.7568313,"d":"102.76"},0,"0_20605000_658",{"v":10815.0222649,"d":"10,815.02"},{"v":0,"d":"0.00"},{"v":102.7568313,"d":"102.76"},{"v":0,"d":"0.00"},"0_20605000_658_407","F",{"v":0.0109291536109,"d":"0.01"},{"v":1.010553038E-6,"d":"0.00"},{"v":1.03841228094E-4,"d":"0.00"}]
[2,206,20605,{"v":10951.08164,"d":"10,951.08"},1310,{"v":0.119622887,"d":"0.12"}," ",410,20605000,{"v":10951.0816355999,"d":"10,951.08"},1310,{"v":0.119622887,"d":"0.12"},{"v":0,"d":"0.00"},{"v":0.921559671,"d":"0.92"},{"v":1207.243169,"d":"1,207.24"},{"v":102.7568313,"d":"102.76"},0,"0_20605000_658",{"v":10815.0222649,"d":"10,815.02"},{"v":0,"d":"0.00"},{"v":102.7568313,"d":"102.76"},{"v":0,"d":"0.00"},"0_20605000_658_408","F",{"v":2.09511443328,"d":"2.10"},{"v":1.93722618591E-4,"d":"0.00"},{"v":0.0199063224375,"d":"0.02"}]
[2,206,20605,{"v":10951.08164,"d":"10,951.08"},1310,{"v":0.119622887,"d":"0.12"}," ",410,20605000,{"v":10951.0816355999,"d":"10,951.08"},1310,{"v":0.119622887,"d":"0.12"},{"v":0,"d":"0.00"},{"v":0.921559671,"d":"0.92"},{"v":1207.243169,"d":"1,207.24"},{"v":102.7568313,"d":"102.76"},0,"0_20605000_658",{"v":10815.0222649,"d":"10,815.02"},{"v":0,"d":"0.00"},{"v":102.7568313,"d":"102.76"},{"v":0,"d":"0.00"},"0_20605000_658_409","F",{"v":0.736877515025,"d":"0.74"},{"v":6.8134627648e-05,"d":"0.00"},{"v":0.00700129843892,"d":"0.01"}]
[2,206,20605,{"v":10951.08164,"d":"10,951.08"},1310,{"v":0.119622887,"d":"0.12"}," ",410,20605000,{"v":10951.0816355999,"d":"10,951.08"},1310,{"v":0.119622887,"d":"0.12"},{"v":0,"d":"0.00"},{"v":0.921559671,"d":"0.92"},{"v":1207.243169,"d":"1,207.24"},{"v":102.7568313,"d":"102.76"},0,"0_20605000_658",{"v":10815.0222649,"d":"10,815.02"},{"v":0,"d":"0.00"},{"v":102.7568313,"d":"102.76"},{"v":0,"d":"0.00"},"0_20605000_658_410","F",{"v":0.55284847517,"d":"0.55"},{"v":5.1118570228e-05,"d":"0.00"},{"v":0.00525278229726,"d":"0.01"}]
[2,206,20605,{"v":10951.08164,"d":"10,951.08"},1310,{"v":0.119622887,"d":"0.12"}," ",410,20605000,{"v":10951.0816355999,"d":"10,951.08"},1310,{"v":0.119622887,"d":"0.12"},{"v":0,"d":"0.00"},{"v":0.921559671,"d":"0.92"},{"v":1207.243169,"d":"1,207.24"},{"v":102.7568313,"d":"102.76"},0,"0_20605000_658",{"v":10815.0222649,"d":"10,815.02"},{"v":0,"d":"0.00"},{"v":102.7568313,"d":"102.76"},{"v":0,"d":"0.00"},"0_20605000_658_411","F",{"v":11.1633814062999,"d":"11.16"},{"v":1.03221067261E-3,"d":"0.00"},{"v":0.106066697951,"d":"0.11"}]
[2,206,20605,{"v":10951.08164,"d":"10,951.08"},1310,{"v":0.119622887,"d":"0.12"}," ",410,20605000,{"v":10951.0816355999,"d":"10,951.08"},1310,{"v":0.119622887,"d":"0.12"},{"v":0,"d":"0.00"},{"v":0.921559671,"d":"0.92"},{"v":1207.243169,"d":"1,207.24"},{"v":102.7568313,"d":"102.76"},0,"0_20605000_658",{"v":10815.0222649,"d":"10,815.02"},{"v":0,"d":"0.00"},{"v":102.7568313,"d":"102.76"},{"v":0,"d":"0.00"},"0_20605000_658_412","G",{"v":106.528380948,"d":"106.53"},{"v":0.00985003806176,"d":"0.01"},{"v":1.01215869941,"d":"1.01"}]
[2,206,20605,{"v":10951.08164,"d":"10,951.08"},1310,{"v":0.119622887,"d":"0.12"}," ",410,20605000,{"v":10951.0816355999,"d":"10,951.08"},1310,{"v":0.119622887,"d":"0.12"},{"v":0,"d":"0.00"},{"v":0.921559671,"d":"0.92"},{"v":1207.243169,"d":"1,207.24"},{"v":102.7568313,"d":"102.76"},0,"0_20605000_658",{"v":10815.0222649,"d":"10,815.02"},{"v":0,"d":"0.00"},{"v":102.7568313,"d":"102.76"},{"v":0,"d":"0.00"},"0_20605000_658_413","G",{"v":13.5093306322999,"d":"13.51"},{"v":0.0012491264744,"d":"0.00"},{"v":0.128356278402,"d":"0.13"}]
[2,206,20605,{"v":10951.08164,"d":"10,951.08"},1310,{"v":0.119622887,"d":"0.12"}," ",410,20605000,{"v":10951.0816355999,"d":"10,951.08"},1310,{"v":0.119622887,"d":"0.12"},{"v":0,"d":"0.00"},{"v":0.921559671,"d":"0.92"},{"v":1207.243169,"d":"1,207.24"},{"v":102.7568313,"d":"102.76"},0,"0_20605000_658",{"v":10815.0222649,"d":"10,815.02"},{"v":0,"d":"0.00"},{"v":102.7568313,"d":"102.76"},{"v":0,"d":"0.00"},"0_20605000_658_414","G",{"v":16.6085779844999,"d":"16.61"},{"v":1.5356952189E-3,"d":"0.00"},{"v":0.157803174537,"d":"0.16"}]
[2,206,20605,{"v":10951.08164,"d":"10,951.08"},1310,{"v":0.119622887,"d":"0.12"}," ",410,20605000,{"v":10951.0816355999,"d":"10,951.08"},1310,{"v":0.119622887,"d":"0.12"},{"v":0,"d":"0.00"},{"v":0.921559671,"d":"0.92"},{"v":1207.243169,"d":"1,207.24"},{"v":102.7568313,"d":"102.76"},0,"0_20605000_658",{"v":10815.0222649,"d":"10,815.02"},{"v":0,"d":"0.00"},{"v":102.7568313,"d":"102.76"},{"v":0,"d":"0.00"},"0_20605000_658_415","G",{"v":0.625702258243,"d":"0.63"},{"v":5.7854920953e-05,"d":"0.00"},{"v":0.00594498835226,"d":"0.01"}]
[2,206,20605,{"v":10951.08164,"d":"10,951.08"},1310,{"v":0.119622887,"d":"0.12"}," ",410,20605000,{"v":10951.0816355999,"d":"10,951.08"},1310,{"v":0.119622887,"d":"0.12"},{"v":0,"d":"0.00"},{"v":0.921559671,"d":"0.92"},{"v":1207.243169,"d":"1,207.24"},{"v":102.7568313,"d":"102.76"},0,"0_20605000_658",{"v":10815.0222649,"d":"10,815.02"},{"v":0,"d":"0.00"},{"v":102.7568313,"d":"102.76"},{"v":0,"d":"0.00"},"0_20605000_658_416","G",{"v":0.0921088365075,"d":"0.09"},{"v":8.516749596E-6,"d":"0.00"},{"v":0.000875154201481,"d":"0.00"}]
[2,206,20605,{"v":10951.08164,"d":"10,951.08"},1310,{"v":0.119622887,"d":"0.12"}," ",410,20605000,{"v":10951.0816355999,"d":"10,951.08"},1310,{"v":0.119622887,"d":"0.12"},{"v":0,"d":"0.00"},{"v":0.921559671,"d":"0.92"},{"v":1207.243169,"d":"1,207.24"},{"v":102.7568313,"d":"102.76"},0,"0_20605000_658",{"v":10815.0222649,"d":"10,815.02"},{"v":0,"d":"0.00"},{"v":102.7568313,"d":"102.76"},{"v":0,"d":"0.00"},"0_20605000_658_417","G",{"v":16.4994422780999,"d":"16.50"},{"v":0.00152560409715,"d":"0.00"},{"v":0.156766242841,"d":"0.16"}]
[2,206,20605,{"v":10951.08164,"d":"10,951.08"},1310,{"v":0.119622887,"d":"0.12"}," ",410,20605000,{"v":10951.0816355999,"d":"10,951.08"},1310,{"v":0.119622887,"d":"0.12"},{"v":0,"d":"0.00"},{"v":0.921559671,"d":"0.92"},{"v":1207.243169,"d":"1,207.24"},{"v":102.7568313,"d":"102.76"},0,"0_20605000_658",{"v":10815.0222649,"d":"10,815.02"},{"v":0,"d":"0.00"},{"v":102.7568313,"d":"102.76"},{"v":0,"d":"0.00"},"0_20605000_658_418","G",{"v":42.9779384074999,"d":"42.98"},{"v":0.00397391122781,"d":"0.00"},{"v":0.408346525637,"d":"0.41"}]
[2,206,20605,{"v":10951.08164,"d":"10,951.08"},1310,{"v":0.119622887,"d":"0.12"}," ",410,20605000,{"v":10951.0816355999,"d":"10,951.08"},1310,{"v":0.119622887,"d":"0.12"},{"v":0,"d":"0.00"},{"v":0.921559671,"d":"0.92"},{"v":1207.243169,"d":"1,207.24"},{"v":102.7568313,"d":"102.76"},0,"0_20605000_658",{"v":10815.0222649,"d":"10,815.02"},{"v":0,"d":"0.00"},{"v":102.7568313,"d":"102.76"},{"v":0,"d":"0.00"},"0_20605000_658_419","G",{"v":7.01391538632E-4,"d":"0.00"},{"v":6.4853453e-08,"d":"0.00"},{"v":6.664135334e-06,"d":"0.00"}]
[2,206,20605,{"v":10951.08164,"d":"10,951.08"},1310,{"v":0.119622887,"d":"0.12"}," ",410,20605000,{"v":10951.0816355999,"d":"10,951.08"},1310,{"v":0.119622887,"d":"0.12"},{"v":0,"d":"0.00"},{"v":0.921559671,"d":"0.92"},{"v":1207.243169,"d":"1,207.24"},{"v":102.7568313,"d":"102.76"},0,"0_20605000_658",{"v":10815.0222649,"d":"10,815.02"},{"v":0,"d":"0.00"},{"v":102.7568313,"d":"102.76"},{"v":0,"d":"0.00"},"0_20605000_658_420","G",{"v":0.085338740382,"d":"0.09"},{"v":7.890759565e-06,"d":"0.00"},{"v":0.000810829449445,"d":"0.00"}]
[2,206,20607,{"v":9884.60477499999,"d":"9,884.60"},1188,{"v":0.120186899,"d":"0.12"}," ",430,20607000,{"v":9884.60477524,"d":"9,884.60"},1188,{"v":0.120186899,"d":"0.12"},{"v":0,"d":"0.00"},{"v":0.905906425,"d":"0.91"},{"v":1076.21683299999,"d":"1,076.22"},{"v":111.783167399999,"d":"111.78"},0,"0_20607000_659",{"v":9746.61552465,"d":"9,746.62"},{"v":0,"d":"0.00"},{"v":111.783167399999,"d":"111.78"},{"v":0,"d":"0.00"},"0_20607000_659_421","außerhalb GKL",{"v":9583.38170879999,"d":"9,583.38"},{"v":0.983252256597,"d":"0.98"},{"v":109.911051595999,"d":"109.91"}]
[2,206,20607,{"v":9884.60477499999,"d":"9,884.60"},1188,{"v":0.120186899,"d":"0.12"}," ",430,20607000,{"v":9884.60477524,"d":"9,884.60"},1188,{"v":0.120186899,"d":"0.12"},{"v":0,"d":"0.00"},{"v":0.905906425,"d":"0.91"},{"v":1076.21683299999,"d":"1,076.22"},{"v":111.783167399999,"d":"111.78"},0,"0_20607000_659",{"v":9746.61552465,"d":"9,746.62"},{"v":0,"d":"0.00"},{"v":111.783167399999,"d":"111.78"},{"v":0,"d":"0.00"},"0_20607000_659_422","außerhalb GKL",{"v":1.21405923646,"d":"1.21"},{"v":0.000124562134763,"d":"0.00"},{"v":0.0139239499619,"d":"0.01"}]
[2,206,20607,{"v":9884.60477499999,"d":"9,884.60"},1188,{"v":0.120186899,"d":"0.12"}," ",430,20607000,{"v":9884.60477524,"d":"9,884.60"},1188,{"v":0.120186899,"d":"0.12"},{"v":0,"d":"0.00"},{"v":0.905906425,"d":"0.91"},{"v":1076.21683299999,"d":"1,076.22"},{"v":111.783167399999,"d":"111.78"},0,"0_20607000_659",{"v":9746.61552465,"d":"9,746.62"},{"v":0,"d":"0.00"},{"v":111.783167399999,"d":"111.78"},{"v":0,"d":"0.00"},"0_20607000_659_423","außerhalb GKL",{"v":0.900825939286,"d":"0.90"},{"v":9.2424486942e-05,"d":"0.00"},{"v":0.0103315018957,"d":"0.01"}]
[2,206,20607,{"v":9884.60477499999,"d":"9,884.60"},1188,{"v":0.120186899,"d":"0.12"}," ",430,20607000,{"v":9884.60477524,"d":"9,884.60"},1188,{"v":0.120186899,"d":"0.12"},{"v":0,"d":"0.00"},{"v":0.905906425,"d":"0.91"},{"v":1076.21683299999,"d":"1,076.22"},{"v":111.783167399999,"d":"111.78"},0,"0_20607000_659",{"v":9746.61552465,"d":"9,746.62"},{"v":0,"d":"0.00"},{"v":111.783167399999,"d":"111.78"},{"v":0,"d":"0.00"},"0_20607000_659_424","E",{"v":1.35578384585,"d":"1.36"},{"v":1.39103039657E-4,"d":"0.00"},{"v":0.0155493783678,"d":"0.02"}]
[2,206,20607,{"v":9884.60477499999,"d":"9,884.60"},1188,{"v":0.120186899,"d":"0.12"}," ",430,20607000,{"v":9884.60477524,"d":"9,884.60"},1188,{"v":0.120186899,"d":"0.12"},{"v":0,"d":"0.00"},{"v":0.905906425,"d":"0.91"},{"v":1076.21683299999,"d":"1,076.22"},{"v":111.783167399999,"d":"111.78"},0,"0_20607000_659",{"v":9746.61552465,"d":"9,746.62"},{"v":0,"d":"0.00"},{"v":111.783167399999,"d":"111.78"},{"v":0,"d":"0.00"},"0_20607000_659_425","E",{"v":0.945293241768,"d":"0.95"},{"v":9.6986819617e-05,"d":"0.00"},{"v":0.0108414938929,"d":"0.01"}]
[2,206,20607,{"v":9884.60477499999,"d":"9,884.60"},1188,{"v":0.120186899,"d":"0.12"}," ",430,20607000,{"v":9884.60477524,"d":"9,884.60"},1188,{"v":0.120186899,"d":"0.12"},{"v":0,"d":"0.00"},{"v":0.905906425,"d":"0.91"},{"v":1076.21683299999,"d":"1,076.22"},{"v":111.783167399999,"d":"111.78"},0,"0_20607000_659",{"v":9746.61552465,"d":"9,746.62"},{"v":0,"d":"0.00"},{"v":111.783167399999,"d":"111.78"},{"v":0,"d":"0.00"},"0_20607000_659_426","E",{"v":0.659500423585,"d":"0.66"},{"v":6.7664557191e-05,"d":"0.00"},{"v":0.00756375852352,"d":"0.01"}]
[2,206,20607,{"v":9884.60477499999,"d":"9,884.60"},1188,{"v":0.120186899,"d":"0.12"}," ",430,20607000,{"v":9884.60477524,"d":"9,884.60"},1188,{"v":0.120186899,"d":"0.12"},{"v":0,"d":"0.00"},{"v":0.905906425,"d":"0.91"},{"v":1076.21683299999,"d":"1,076.22"},{"v":111.783167399999,"d":"111.78"},0,"0_20607000_659",{"v":9746.61552465,"d":"9,746.62"},{"v":0,"d":"0.00"},{"v":111.783167399999,"d":"111.78"},{"v":0,"d":"0.00"},"0_20607000_659_427","E",{"v":9.98846001419,"d":"9.99"},{"v":0.00102481317632,"d":"0.00"},{"v":0.114556862842,"d":"0.11"}]
[2,206,20607,{"v":9884.60477499999,"d":"9,884.60"},1188,{"v":0.120186899,"d":"0.12"}," ",430,20607000,{"v":9884.60477524,"d":"9,884.60"},1188,{"v":0.120186899,"d":"0.12"},{"v":0,"d":"0.00"},{"v":0.905906425,"d":"0.91"},{"v":1076.21683299999,"d":"1,076.22"},{"v":111.783167399999,"d":"111.78"},0,"0_20607000_659",{"v":9746.61552465,"d":"9,746.62"},{"v":0,"d":"0.00"},{"v":111.783167399999,"d":"111.78"},{"v":0,"d":"0.00"},"0_20607000_659_428","E",{"v":0.0492335523228,"d":"0.05"},{"v":5.051348563e-06,"d":"0.00"},{"v":0.000564655741993,"d":"0.00"}]
[2,206,20607,{"v":9884.60477499999,"d":"9,884.60"},1188,{"v":0.120186899,"d":"0.12"}," ",430,20607000,{"v":9884.60477524,"d":"9,884.60"},1188,{"v":0.120186899,"d":"0.12"},{"v":0,"d":"0.00"},{"v":0.905906425,"d":"0.91"},{"v":1076.21683299999,"d":"1,076.22"},{"v":111.783167399999,"d":"111.78"},0,"0_20607000_659",{"v":9746.61552465,"d":"9,746.62"},{"v":0,"d":"0.00"},{"v":111.783167399999,"d":"111.78"},{"v":0,"d":"0.00"},"0_20607000_659_429","E",{"v":0.0123057389141,"d":"0.01"},{"v":1.262565337e-06,"d":"0.00"},{"v":0.000141133552415,"d":"0.00"}]
[2,206,20607,{"v":9884.60477499999,"d":"9,884.60"},1188,{"v":0.120186899,"d":"0.12"}," ",430,20607000,{"v":9884.60477524,"d":"9,884.60"},1188,{"v":0.120186899,"d":"0.12"},{"v":0,"d":"0.00"},{"v":0.905906425,"d":"0.91"},{"v":1076.21683299999,"d":"1,076.22"},{"v":111.783167399999,"d":"111.78"},0,"0_20607000_659",{"v":9746.61552465,"d":"9,746.62"},{"v":0,"d":"0.00"},{"v":111.783167399999,"d":"111.78"},{"v":0,"d":"0.00"},"0_20607000_659_430","E",{"v":0.0169552496588,"d":"0.02"},{"v":1.739603826e-06,"d":"0.00"},{"v":0.000194458425709,"d":"0.00"}]
[2,206,20607,{"v":9884.60477499999,"d":"9,884.60"},1188,{"v":0.120186899,"d":"0.12"}," ",430,20607000,{"v":9884.60477524,"d":"9,884.60"},1188,{"v":0.120186899,"d":"0.12"},{"v":0,"d":"0.00"},{"v":0.905906425,"d":"0.91"},{"v":1076.21683299999,"d":"1,076.22"},{"v":111.783167399999,"d":"111.78"},0,"0_20607000_659",{"v":9746.61552465,"d":"9,746.62"},{"v":0,"d":"0.00"},{"v":111.783167399999,"d":"111.78"},{"v":0,"d":"0.00"},"0_20607000_659_431","F",{"v":5.03471468704,"d":"5.03"},{"v":0.000516560304888,"d":"0.00"},{"v":0.0577427470335,"d":"0.06"}]
[2,206,20607,{"v":9884.60477499999,"d":"9,884.60"},1188,{"v":0.120186899,"d":"0.12"}," ",430,20607000,{"v":9884.60477524,"d":"9,884.60"},1188,{"v":0.120186899,"d":"0.12"},{"v":0,"d":"0.00"},{"v":0.905906425,"d":"0.91"},{"v":1076.21683299999,"d":"1,076.22"},{"v":111.783167399999,"d":"111.78"},0,"0_20607000_659",{"v":9746.61552465,"d":"9,746.62"},{"v":0,"d":"0.00"},{"v":111.783167399999,"d":"111.78"},{"v":0,"d":"0.00"},"0_20607000_659_432","F",{"v":0.342250340966,"d":"0.34"},{"v":3.5114788318e-05,"d":"0.00"},{"v":0.00392524226078,"d":"0.00"}]
[2,206,20607,{"v":9884.60477499999,"d":"9,884.60"},1188,{"v":0.120186899,"d":"0.12"}," ",430,20607000,{"v":9884.60477524,"d":"9,884.60"},1188,{"v":0.120186899,"d":"0.12"},{"v":0,"d":"0.00"},{"v":0.905906425,"d":"0.91"},{"v":1076.21683299999,"d":"1,076.22"},{"v":111.783167399999,"d":"111.78"},0,"0_20607000_659",{"v":9746.61552465,"d":"9,746.62"},{"v":0,"d":"0.00"},{"v":111.783167399999,"d":"111.78"},{"v":0,"d":"0.00"},"0_20607000_659_433","F",{"v":2.09719177657,"d":"2.10"},{"v":0.000215171283946,"d":"0.00"},{"v":0.024052527653,"d":"0.02"}]
[2,206,20607,{"v":9884.60477499999,"d":"9,884.60"},1188,{"v":0.120186899,"d":"0.12"}," ",430,20607000,{"v":9884.60477524,"d":"9,884.60"},1188,{"v":0.120186899,"d":"0.12"},{"v":0,"d":"0.00"},{"v":0.905906425,"d":"0.91"},{"v":1076.21683299999,"d":"1,076.22"},{"v":111.783167399999,"d":"111.78"},0,"0_20607000_659",{"v":9746.61552465,"d":"9,746.62"},{"v":0,"d":"0.00"},{"v":111.783167399999,"d":"111.78"},{"v":0,"d":"0.00"},"0_20607000_659_434","F",{"v":4.81941964436,"d":"4.82"},{"v":0.000494471094317,"d":"0.00"},{"v":0.0552735451105,"d":"0.06"}]
[2,206,20607,{"v":9884.60477499999,"d":"9,884.60"},1188,{"v":0.120186899,"d":"0.12"}," ",430,20607000,{"v":9884.60477524,"d":"9,884.60"},1188,{"v":0.120186899,"d":"0.12"},{"v":0,"d":"0.00"},{"v":0.905906425,"d":"0.91"},{"v":1076.21683299999,"d":"1,076.22"},{"v":111.783167399999,"d":"111.78"},0,"0_20607000_659",{"v":9746.61552465,"d":"9,746.62"},{"v":0,"d":"0.00"},{"v":111.783167399999,"d":"111.78"},{"v":0,"d":"0.00"},"0_20607000_659_435","F",{"v":15.1805997197,"d":"15.18"},{"v":1.55752524364E-3,"d":"0.00"},{"v":0.17410510504,"d":"0.17"}]
[2,206,20607,{"v":9884.60477499999,"d":"9,884.60"},1188,{"v":0.120186899,"d":"0.12"}," ",430,20607000,{"v":9884.60477524,"d":"9,884.60"},1188,{"v":0.120186899,"d":"0.12"},{"v":0,"d":"0.00"},{"v":0.905906425,"d":"0.91"},{"v":1076.21683299999,"d":"1,076.22"},{"v":111.783167399999,"d":"111.78"},0,"0_20607000_659",{"v":9746.61552465,"d":"9,746.62"},{"v":0,"d":"0.00"},{"v":111.783167399999,"d":"111.78"},{"v":0,"d":"0.00"},"0_20607000_659_436","F",{"v":1.89136812515,"d":"1.89"},{"v":0.000194053835443,"d":"0.00"},{"v":0.0216919523719,"d":"0.02"}]
[2,206,20607,{"v":9884.60477499999,"d":"9,884.60"},1188,{"v":0.120186899,"d":"0.12"}," ",430,20607000,{"v":9884.60477524,"d":"9,884.60"},1188,{"v":0.120186899,"d":"0.12"},{"v":0,"d":"0.00"},{"v":0.905906425,"d":"0.91"},{"v":1076.21683299999,"d":"1,076.22"},{"v":111.783167399999,"d":"111.78"},0,"0_20607000_659",{"v":9746.61552465,"d":"9,746.62"},{"v":0,"d":"0.00"},{"v":111.783167399999,"d":"111.78"},{"v":0,"d":"0.00"},"0_20607000_659_437","F",{"v":3.28355568518,"d":"3.28"},{"v":3.36891885894E-4,"d":"0.00"},{"v":0.0376588420766,"d":"0.04"}]
[2,206,20607,{"v":9884.60477499999,"d":"9,884.60"},1188,{"v":0.120186899,"d":"0.12"}," ",430,20607000,{"v":9884.60477524,"d":"9,884.60"},1188,{"v":0.120186899,"d":"0.12"},{"v":0,"d":"0.00"},{"v":0.905906425,"d":"0.91"},{"v":1076.21683299999,"d":"1,076.22"},{"v":111.783167399999,"d":"111.78"},0,"0_20607000_659",{"v":9746.61552465,"d":"9,746.62"},{"v":0,"d":"0.00"},{"v":111.783167399999,"d":"111.78"},{"v":0,"d":"0.00"},"0_20607000_659_438","F",{"v":1.59595296379,"d":"1.60"},{"v":1.63744323325E-4,"d":"0.00"},{"v":0.018303859105,"d":"0.02"}]
[2,206,20607,{"v":9884.60477499999,"d":"9,884.60"},1188,{"v":0.120186899,"d":"0.12"}," ",430,20607000,{"v":9884.60477524,"d":"9,884.60"},1188,{"v":0.120186899,"d":"0.12"},{"v":0,"d":"0.00"},{"v":0.905906425,"d":"0.91"},{"v":1076.21683299999,"d":"1,076.22"},{"v":111.783167399999,"d":"111.78"},0,"0_20607000_659",{"v":9746.61552465,"d":"9,746.62"},{"v":0,"d":"0.00"},{"v":111.783167399999,"d":"111.78"},{"v":0,"d":"0.00"},"0_20607000_659_439","F",{"v":2.56195948676,"d":"2.56"},{"v":0.000262856319743,"d":"0.00"},{"v":0.029382911992,"d":"0.03"}]
[2,206,20607,{"v":9884.60477499999,"d":"9,884.60"},1188,{"v":0.120186899,"d":"0.12"}," ",430,20607000,{"v":9884.60477524,"d":"9,884.60"},1188,{"v":0.120186899,"d":"0.12"},{"v":0,"d":"0.00"},{"v":0.905906425,"d":"0.91"},{"v":1076.21683299999,"d":"1,076.22"},{"v":111.783167399999,"d":"111.78"},0,"0_20607000_659",{"v":9746.61552465,"d":"9,746.62"},{"v":0,"d":"0.00"},{"v":111.783167399999,"d":"111.78"},{"v":0,"d":"0.00"},"0_20607000_659_440","F",{"v":0.182639599704,"d":"0.18"},{"v":1.8738771345e-05,"d":"0.00"},{"v":0.00209467921413,"d":"0.00"}]
[2,206,20607,{"v":9884.60477499999,"d":"9,884.60"},1188,{"v":0.120186899,"d":"0.12"}," ",430,20607000,{"v":9884.60477524,"d":"9,884.60"},1188,{"v":0.120186899,"d":"0.12"},{"v":0,"d":"0.00"},{"v":0.905906425,"d":"0.91"},{"v":1076.21683299999,"d":"1,076.22"},{"v":111.783167399999,"d":"111.78"},0,"0_20607000_659",{"v":9746.61552465,"d":"9,746.62"},{"v":0,"d":"0.00"},{"v":111.783167399999,"d":"111.78"},{"v":0,"d":"0.00"},"0_20607000_659_441","F",{"v":2.02427807173,"d":"2.02"},{"v":0.000207690358423,"d":"0.00"},{"v":0.023216286103,"d":"0.02"}]
[2,206,20607,{"v":9884.60477499999,"d":"9,884.60"},1188,{"v":0.120186899,"d":"0.12"}," ",430,20607000,{"v":9884.60477524,"d":"9,884.60"},1188,{"v":0.120186899,"d":"0.12"},{"v":0,"d":"0.00"},{"v":0.905906425,"d":"0.91"},{"v":1076.21683299999,"d":"1,076.22"},{"v":111.783167399999,"d":"111.78"},0,"0_20607000_659",{"v":9746.61552465,"d":"9,746.62"},{"v":0,"d":"0.00"},{"v":111.783167399999,"d":"111.78"},{"v":0,"d":"0.00"},"0_20607000_659_442","F",{"v":0.0365620110664,"d":"0.04"},{"v":3.751252009e-06,"d":"0.00"},{"v":0.000419326831266,"d":"0.00"}]
[2,206,20607,{"v":9884.60477499999,"d":"9,884.60"},1188,{"v":0.120186899,"d":"0.12"}," ",430,20607000,{"v":9884.60477524,"d":"9,884.60"},1188,{"v":0.120186899,"d":"0.12"},{"v":0,"d":"0.00"},{"v":0.905906425,"d":"0.91"},{"v":1076.21683299999,"d":"1,076.22"},{"v":111.783167399999,"d":"111.78"},0,"0_20607000_659",{"v":9746.61552465,"d":"9,746.62"},{"v":0,"d":"0.00"},{"v":111.783167399999,"d":"111.78"},{"v":0,"d":"0.00"},"0_20607000_659_443","G",{"v":5.80183882574,"d":"5.80"},{"v":0.000595267024853,"d":"0.00"},{"v":0.0665408334868,"d":"0.07"}]
[2,206,20607,{"v":9884.60477499999,"d":"9,884.60"},1188,{"v":0.120186899,"d":"0.12"}," ",430,20607000,{"v":9884.60477524,"d":"9,884.60"},1188,{"v":0.120186899,"d":"0.12"},{"v":0,"d":"0.00"},{"v":0.905906425,"d":"0.91"},{"v":1076.21683299999,"d":"1,076.22"},{"v":111.783167399999,"d":"111.78"},0,"0_20607000_659",{"v":9746.61552465,"d":"9,746.62"},{"v":0,"d":"0.00"},{"v":111.783167399999,"d":"111.78"},{"v":0,"d":"0.00"},"0_20607000_659_444","G",{"v":0.84468842149,"d":"0.84"},{"v":8.6664793471E-5,"d":"0.00"},{"v":0.00968766511631,"d":"0.01"}]
[2,206,20607,{"v":9884.60477499999,"d":"9,884.60"},1188,{"v":0.120186899,"d":"0.12"}," ",430,20607000,{"v":9884.60477524,"d":"9,884.60"},1188,{"v":0.120186899,"d":"0.12"},{"v":0,"d":"0.00"},{"v":0.905906425,"d":"0.91"},{"v":1076.21683299999,"d":"1,076.22"},{"v":111.783167399999,"d":"111.78"},0,"0_20607000_659",{"v":9746.61552465,"d":"9,746.62"},{"v":0,"d":"0.00"},{"v":111.783167399999,"d":"111.78"},{"v":0,"d":"0.00"},"0_20607000_659_445","G",{"v":13.9556850932,"d":"13.96"},{"v":0.00143184934893,"d":"0.00"},{"v":0.160056655463,"d":"0.16"}]
[2,206,20607,{"v":9884.60477499999,"d":"9,884.60"},1188,{"v":0.120186899,"d":"0.12"}," ",430,20607000,{"v":9884.60477524,"d":"9,884.60"},1188,{"v":0.120186899,"d":"0.12"},{"v":0,"d":"0.00"},{"v":0.905906425,"d":"0.91"},{"v":1076.21683299999,"d":"1,076.22"},{"v":111.783167399999,"d":"111.78"},0,"0_20607000_659",{"v":9746.61552465,"d":"9,746.62"},{"v":0,"d":"0.00"},{"v":111.783167399999,"d":"111.78"},{"v":0,"d":"0.00"},"0_20607000_659_446","G",{"v":3.47934627644,"d":"3.48"},{"v":0.000356979945258,"d":"0.00"},{"v":0.0399043489792,"d":"0.04"}]
[2,206,20607,{"v":9884.60477499999,"d":"9,884.60"},1188,{"v":0.120186899,"d":"0.12"}," ",430,20607000,{"v":9884.60477524,"d":"9,884.60"},1188,{"v":0.120186899,"d":"0.12"},{"v":0,"d":"0.00"},{"v":0.905906425,"d":"0.91"},{"v":1076.21683299999,"d":"1,076.22"},{"v":111.783167399999,"d":"111.78"},0,"0_20607000_659",{"v":9746.61552465,"d":"9,746.62"},{"v":0,"d":"0.00"},{"v":111.783167399999,"d":"111.78"},{"v":0,"d":"0.00"},"0_20607000_659_447","G",{"v":11.3076522533,"d":"11.31"},{"v":0.00116016192746,"d":"0.00"},{"v":0.129686574948,"d":"0.13"}]
[2,206,20607,{"v":9884.60477499999,"d":"9,884.60"},1188,{"v":0.120186899,"d":"0.12"}," ",430,20607000,{"v":9884.60477524,"d":"9,884.60"},1188,{"v":0.120186899,"d":"0.12"},{"v":0,"d":"0.00"},{"v":0.905906425,"d":"0.91"},{"v":1076.21683299999,"d":"1,076.22"},{"v":111.783167399999,"d":"111.78"},0,"0_20607000_659",{"v":9746.61552465,"d":"9,746.62"},{"v":0,"d":"0.00"},{"v":111.783167399999,"d":"111.78"},{"v":0,"d":"0.00"},"0_20607000_659_448","G",{"v":35.0401667810999,"d":"35.04"},{"v":3.59511121501E-3,"d":"0.00"},{"v":0.401872918769,"d":"0.40"}]
[2,206,20607,{"v":9884.60477499999,"d":"9,884.60"},1188,{"v":0.120186899,"d":"0.12"}," ",430,20607000,{"v":9884.60477524,"d":"9,884.60"},1188,{"v":0.120186899,"d":"0.12"},{"v":0,"d":"0.00"},{"v":0.905906425,"d":"0.91"},{"v":1076.21683299999,"d":"1,076.22"},{"v":111.783167399999,"d":"111.78"},0,"0_20607000_659",{"v":9746.61552465,"d":"9,746.62"},{"v":0,"d":"0.00"},{"v":111.783167399999,"d":"111.78"},{"v":0,"d":"0.00"},"0_20607000_659_449","G",{"v":34.0040535567,"d":"34.00"},{"v":3.48880629083E-3,"d":"0.00"},{"v":0.389989817634,"d":"0.39"}]
[2,206,20607,{"v":9884.60477499999,"d":"9,884.60"},1188,{"v":0.120186899,"d":"0.12"}," ",430,20607000,{"v":9884.60477524,"d":"9,884.60"},1188,{"v":0.120186899,"d":"0.12"},{"v":0,"d":"0.00"},{"v":0.905906425,"d":"0.91"},{"v":1076.21683299999,"d":"1,076.22"},{"v":111.783167399999,"d":"111.78"},0,"0_20607000_659",{"v":9746.61552465,"d":"9,746.62"},{"v":0,"d":"0.00"},{"v":111.783167399999,"d":"111.78"},{"v":0,"d":"0.00"},"0_20607000_659_450","G",{"v":0.0232921067489,"d":"0.02"},{"v":2.389763574e-06,"d":"0.00"},{"v":0.00026713534162,"d":"0.00"}]
[2,206,20607,{"v":9884.60477499999,"d":"9,884.60"},1188,{"v":0.120186899,"d":"0.12"}," ",430,20607000,{"v":9884.60477524,"d":"9,884.60"},1188,{"v":0.120186899,"d":"0.12"},{"v":0,"d":"0.00"},{"v":0.905906425,"d":"0.91"},{"v":1076.21683299999,"d":"1,076.22"},{"v":111.783167399999,"d":"111.78"},0,"0_20607000_659",{"v":9746.61552465,"d":"9,746.62"},{"v":0,"d":"0.00"},{"v":111.783167399999,"d":"111.78"},{"v":0,"d":"0.00"},"0_20607000_659_451","G",{"v":0.121347312181,"d":"0.12"},{"v":1.2450199956e-05,"d":"0.00"},{"v":1.3917227859E-3,"d":"0.00"}]
[2,206,20607,{"v":9884.60477499999,"d":"9,884.60"},1188,{"v":0.120186899,"d":"0.12"}," ",430,20607000,{"v":9884.60477524,"d":"9,884.60"},1188,{"v":0.120186899,"d":"0.12"},{"v":0,"d":"0.00"},{"v":0.905906425,"d":"0.91"},{"v":1076.21683299999,"d":"1,076.22"},{"v":111.783167399999,"d":"111.78"},0,"0_20607000_659",{"v":9746.61552465,"d":"9,746.62"},{"v":0,"d":"0.00"},{"v":111.783167399999,"d":"111.78"},{"v":0,"d":"0.00"},"0_20607000_659_452","G",{"v":2.33873047168E-4,"d":"0.00"},{"v":2.3995309E-8,"d":"0.00"},{"v":2.682271596E-6,"d":"0.00"}]
[2,206,20607,{"v":9884.60477499999,"d":"9,884.60"},1188,{"v":0.120186899,"d":"0.12"}," ",430,20607000,{"v":9884.60477524,"d":"9,884.60"},1188,{"v":0.120186899,"d":"0.12"},{"v":0,"d":"0.00"},{"v":0.905906425,"d":"0.91"},{"v":1076.21683299999,"d":"1,076.22"},{"v":111.783167399999,"d":"111.78"},0,"0_20607000_659",{"v":9746.61552465,"d":"9,746.62"},{"v":0,"d":"0.00"},{"v":111.783167399999,"d":"111.78"},{"v":0,"d":"0.00"},"0_20607000_659_453","G",{"v":0.0538866281632,"d":"0.05"},{"v":5.52875283e-06,"d":"0.00"},{"v":0.00061802150309,"d":"0.00"}]
[2,206,20607,{"v":9884.60477499999,"d":"9,884.60"},1188,{"v":0.120186899,"d":"0.12"}," ",430,20607000,{"v":9884.60477524,"d":"9,884.60"},1188,{"v":0.120186899,"d":"0.12"},{"v":0,"d":"0.00"},{"v":0.905906425,"d":"0.91"},{"v":1076.21683299999,"d":"1,076.22"},{"v":111.783167399999,"d":"111.78"},0,"0_20607000_659",{"v":9746.61552465,"d":"9,746.62"},{"v":0,"d":"0.00"},{"v":111.783167399999,"d":"111.78"},{"v":0,"d":"0.00"},"0_20607000_659_454","G",{"v":0.00286186124346,"d":"0.00"},{"v":2.93626155e-07,"d":"0.00"},{"v":3.2822461668e-05,"d":"0.00"}]
[2,206,20607,{"v":9884.60477499999,"d":"9,884.60"},1188,{"v":0.120186899,"d":"0.12"}," ",430,20607000,{"v":9884.60477524,"d":"9,884.60"},1188,{"v":0.120186899,"d":"0.12"},{"v":0,"d":"0.00"},{"v":0.905906425,"d":"0.91"},{"v":1076.21683299999,"d":"1,076.22"},{"v":111.783167399999,"d":"111.78"},0,"0_20607000_659",{"v":9746.61552465,"d":"9,746.62"},{"v":0,"d":"0.00"},{"v":111.783167399999,"d":"111.78"},{"v":0,"d":"0.00"},"0_20607000_659_455","G",{"v":4.40585350638,"d":"4.41"},{"v":0.000452039325368,"d":"0.00"},{"v":0.050530387579,"d":"0.05"}]
[2,206,20609,{"v":7621.57228,"d":"7,621.57"},1733,{"v":0.227380905,"d":"0.23"},"M",410,20609000,{"v":653.855879699999,"d":"653.86"},1304,{"v":1.994323276,"d":"1.99"},{"v":0,"d":"0.00"},{"v":0.921559671,"d":"0.92"},{"v":1201.713811,"d":"1,201.71"},{"v":102.2861893,"d":"102.29"},0,"0_20609000_663",{"v":526.151863019999,"d":"526.15"},{"v":0,"d":"0.00"},{"v":102.2861893,"d":"102.29"},{"v":0,"d":"0.00"},"0_20609000_663_456","außerhalb GKL",{"v":405.339704862,"d":"405.34"},{"v":0.770385383671,"d":"0.77"},{"v":78.7997851881,"d":"78.80"}]
[2,206,20609,{"v":7621.57228,"d":"7,621.57"},1733,{"v":0.227380905,"d":"0.23"},"M",410,20609000,{"v":653.855879699999,"d":"653.86"},1304,{"v":1.994323276,"d":"1.99"},{"v":0,"d":"0.00"},{"v":0.921559671,"d":"0.92"},{"v":1201.713811,"d":"1,201.71"},{"v":102.2861893,"d":"102.29"},0,"0_20609000_663",{"v":526.151863019999,"d":"526.15"},{"v":0,"d":"0.00"},{"v":102.2861893,"d":"102.29"},{"v":0,"d":"0.00"},"0_20609000_663_457","außerhalb GKL",{"v":6.39327176415,"d":"6.39"},{"v":0.0121510009058,"d":"0.01"},{"v":1.24287957884,"d":"1.24"}]
[2,206,20609,{"v":7621.57228,"d":"7,621.57"},1733,{"v":0.227380905,"d":"0.23"},"M",410,20609000,{"v":653.855879699999,"d":"653.86"},1304,{"v":1.994323276,"d":"1.99"},{"v":0,"d":"0.00"},{"v":0.921559671,"d":"0.92"},{"v":1201.713811,"d":"1,201.71"},{"v":102.2861893,"d":"102.29"},0,"0_20609000_663",{"v":526.151863019999,"d":"526.15"},{"v":0,"d":"0.00"},{"v":102.2861893,"d":"102.29"},{"v":0,"d":"0.00"},"0_20609000_663_458","außerhalb GKL",{"v":0.0752134886664,"d":"0.08"},{"v":1.42950151758E-4,"d":"0.00"},{"v":0.0146218262832,"d":"0.01"}]
[2,206,20609,{"v":7621.57228,"d":"7,621.57"},1733,{"v":0.227380905,"d":"0.23"},"M",410,20609000,{"v":653.855879699999,"d":"653.86"},1304,{"v":1.994323276,"d":"1.99"},{"v":0,"d":"0.00"},{"v":0.921559671,"d":"0.92"},{"v":1201.713811,"d":"1,201.71"},{"v":102.2861893,"d":"102.29"},0,"0_20609000_663",{"v":526.151863019999,"d":"526.15"},{"v":0,"d":"0.00"},{"v":102.2861893,"d":"102.29"},{"v":0,"d":"0.00"},"0_20609000_663_459","außerhalb GKL",{"v":0.478253173457,"d":"0.48"},{"v":0.000908964135776,"d":"0.00"},{"v":0.0929744776589,"d":"0.09"}]
[2,206,20609,{"v":7621.57228,"d":"7,621.57"},1733,{"v":0.227380905,"d":"0.23"},"M",410,20609000,{"v":653.855879699999,"d":"653.86"},1304,{"v":1.994323276,"d":"1.99"},{"v":0,"d":"0.00"},{"v":0.921559671,"d":"0.92"},{"v":1201.713811,"d":"1,201.71"},{"v":102.2861893,"d":"102.29"},0,"0_20609000_663",{"v":526.151863019999,"d":"526.15"},{"v":0,"d":"0.00"},{"v":102.2861893,"d":"102.29"},{"v":0,"d":"0.00"},"0_20609000_663_460","außerhalb GKL",{"v":0.694980473191,"d":"0.69"},{"v":1.32087429892E-3,"d":"0.00"},{"v":0.135107198581,"d":"0.14"}]
[2,206,20609,{"v":7621.57228,"d":"7,621.57"},1733,{"v":0.227380905,"d":"0.23"},"M",410,20609000,{"v":653.855879699999,"d":"653.86"},1304,{"v":1.994323276,"d":"1.99"},{"v":0,"d":"0.00"},{"v":0.921559671,"d":"0.92"},{"v":1201.713811,"d":"1,201.71"},{"v":102.2861893,"d":"102.29"},0,"0_20609000_663",{"v":526.151863019999,"d":"526.15"},{"v":0,"d":"0.00"},{"v":102.2861893,"d":"102.29"},{"v":0,"d":"0.00"},"0_20609000_663_461","C",{"v":1.85307940088,"d":"1.85"},{"v":3.52194780846E-3,"d":"0.00"},{"v":0.360246620241,"d":"0.36"}]
[2,206,20609,{"v":7621.57228,"d":"7,621.57"},1733,{"v":0.227380905,"d":"0.23"},"M",410,20609000,{"v":653.855879699999,"d":"653.86"},1304,{"v":1.994323276,"d":"1.99"},{"v":0,"d":"0.00"},{"v":0.921559671,"d":"0.92"},{"v":1201.713811,"d":"1,201.71"},{"v":102.2861893,"d":"102.29"},0,"0_20609000_663",{"v":526.151863019999,"d":"526.15"},{"v":0,"d":"0.00"},{"v":102.2861893,"d":"102.29"},{"v":0,"d":"0.00"},"0_20609000_663_462","C",{"v":0.190806412866,"d":"0.19"},{"v":0.000362645133994,"d":"0.00"},{"v":0.0370935888244,"d":"0.04"}]
[2,206,20609,{"v":7621.57228,"d":"7,621.57"},1733,{"v":0.227380905,"d":"0.23"},"M",410,20609000,{"v":653.855879699999,"d":"653.86"},1304,{"v":1.994323276,"d":"1.99"},{"v":0,"d":"0.00"},{"v":0.921559671,"d":"0.92"},{"v":1201.713811,"d":"1,201.71"},{"v":102.2861893,"d":"102.29"},0,"0_20609000_663",{"v":526.151863019999,"d":"526.15"},{"v":0,"d":"0.00"},{"v":102.2861893,"d":"102.29"},{"v":0,"d":"0.00"},"0_20609000_663_463","D",{"v":11.2821005583,"d":"11.28"},{"v":0.0214426696003,"d":"0.02"},{"v":2.19328896183,"d":"2.19"}]
[2,206,20609,{"v":7621.57228,"d":"7,621.57"},1733,{"v":0.227380905,"d":"0.23"},"M",410,20609000,{"v":653.855879699999,"d":"653.86"},1304,{"v":1.994323276,"d":"1.99"},{"v":0,"d":"0.00"},{"v":0.921559671,"d":"0.92"},{"v":1201.713811,"d":"1,201.71"},{"v":102.2861893,"d":"102.29"},0,"0_20609000_663",{"v":526.151863019999,"d":"526.15"},{"v":0,"d":"0.00"},{"v":102.2861893,"d":"102.29"},{"v":0,"d":"0.00"},"0_20609000_663_464","D",{"v":0.247959814392,"d":"0.25"},{"v":0.000471270429356,"d":"0.00"},{"v":0.0482044563486,"d":"0.05"}]
[2,206,20609,{"v":7621.57228,"d":"7,621.57"},1733,{"v":0.227380905,"d":"0.23"},"M",410,20609000,{"v":653.855879699999,"d":"653.86"},1304,{"v":1.994323276,"d":"1.99"},{"v":0,"d":"0.00"},{"v":0.921559671,"d":"0.92"},{"v":1201.713811,"d":"1,201.71"},{"v":102.2861893,"d":"102.29"},0,"0_20609000_663",{"v":526.151863019999,"d":"526.15"},{"v":0,"d":"0.00"},{"v":102.2861893,"d":"102.29"},{"v":0,"d":"0.00"},"0_20609000_663_465","D",{"v":8.9772821486E-5,"d":"0.00"},{"v":1.70621503E-7,"d":"0.00"},{"v":1.7452223318e-05,"d":"0.00"}]
[2,206,20609,{"v":7621.57228,"d":"7,621.57"},1733,{"v":0.227380905,"d":"0.23"},"M",410,20609000,{"v":653.855879699999,"d":"653.86"},1304,{"v":1.994323276,"d":"1.99"},{"v":0,"d":"0.00"},{"v":0.921559671,"d":"0.92"},{"v":1201.713811,"d":"1,201.71"},{"v":102.2861893,"d":"102.29"},0,"0_20609000_663",{"v":526.151863019999,"d":"526.15"},{"v":0,"d":"0.00"},{"v":102.2861893,"d":"102.29"},{"v":0,"d":"0.00"},"0_20609000_663_466","D",{"v":0.258763587156,"d":"0.26"},{"v":0.000491803992997,"d":"0.00"},{"v":0.0503047563262,"d":"0.05"}]
[2,206,20609,{"v":7621.57228,"d":"7,621.57"},1733,{"v":0.227380905,"d":"0.23"},"M",410,20609000,{"v":653.855879699999,"d":"653.86"},1304,{"v":1.994323276,"d":"1.99"},{"v":0,"d":"0.00"},{"v":0.921559671,"d":"0.92"},{"v":1201.713811,"d":"1,201.71"},{"v":102.2861893,"d":"102.29"},0,"0_20609000_663",{"v":526.151863019999,"d":"526.15"},{"v":0,"d":"0.00"},{"v":102.2861893,"d":"102.29"},{"v":0,"d":"0.00"},"0_20609000_663_467","E",{"v":29.5716254684,"d":"29.57"},{"v":0.0562035935759,"d":"0.06"},{"v":5.74885141184,"d":"5.75"}]
[2,206,20609,{"v":7621.57228,"d":"7,621.57"},1733,{"v":0.227380905,"d":"0.23"},"M",410,20609000,{"v":653.855879699999,"d":"653.86"},1304,{"v":1.994323276,"d":"1.99"},{"v":0,"d":"0.00"},{"v":0.921559671,"d":"0.92"},{"v":1201.713811,"d":"1,201.71"},{"v":102.2861893,"d":"102.29"},0,"0_20609000_663",{"v":526.151863019999,"d":"526.15"},{"v":0,"d":"0.00"},{"v":102.2861893,"d":"102.29"},{"v":0,"d":"0.00"},"0_20609000_663_468","E",{"v":0.0446743775043,"d":"0.04"},{"v":8.4907762652e-05,"d":"0.00"},{"v":0.00868489148368,"d":"0.01"}]
[2,206,20609,{"v":7621.57228,"d":"7,621.57"},1733,{"v":0.227380905,"d":"0.23"},"M",410,20609000,{"v":653.855879699999,"d":"653.86"},1304,{"v":1.994323276,"d":"1.99"},{"v":0,"d":"0.00"},{"v":0.921559671,"d":"0.92"},{"v":1201.713811,"d":"1,201.71"},{"v":102.2861893,"d":"102.29"},0,"0_20609000_663",{"v":526.151863019999,"d":"526.15"},{"v":0,"d":"0.00"},{"v":102.2861893,"d":"102.29"},{"v":0,"d":"0.00"},"0_20609000_663_469","E",{"v":2.1680361955,"d":"2.17"},{"v":4.12055215971E-3,"d":"0.00"},{"v":0.421475578229,"d":"0.42"}]
[2,206,20609,{"v":7621.57228,"d":"7,621.57"},1733,{"v":0.227380905,"d":"0.23"},"M",410,20609000,{"v":653.855879699999,"d":"653.86"},1304,{"v":1.994323276,"d":"1.99"},{"v":0,"d":"0.00"},{"v":0.921559671,"d":"0.92"},{"v":1201.713811,"d":"1,201.71"},{"v":102.2861893,"d":"102.29"},0,"0_20609000_663",{"v":526.151863019999,"d":"526.15"},{"v":0,"d":"0.00"},{"v":102.2861893,"d":"102.29"},{"v":0,"d":"0.00"},"0_20609000_663_470","F",{"v":31.3403964377999,"d":"31.34"},{"v":0.0595653054575,"d":"0.06"},{"v":6.09270810974,"d":"6.09"}]
[2,206,20609,{"v":7621.57228,"d":"7,621.57"},1733,{"v":0.227380905,"d":"0.23"},"M",410,20609000,{"v":653.855879699999,"d":"653.86"},1304,{"v":1.994323276,"d":"1.99"},{"v":0,"d":"0.00"},{"v":0.921559671,"d":"0.92"},{"v":1201.713811,"d":"1,201.71"},{"v":102.2861893,"d":"102.29"},0,"0_20609000_663",{"v":526.151863019999,"d":"526.15"},{"v":0,"d":"0.00"},{"v":102.2861893,"d":"102.29"},{"v":0,"d":"0.00"},"0_20609000_663_471","F",{"v":1.05262641699,"d":"1.05"},{"v":2.00061330382E-3,"d":"0.00"},{"v":0.204635111111,"d":"0.20"}]
[2,206,20609,{"v":7621.57228,"d":"7,621.57"},1733,{"v":0.227380905,"d":"0.23"},"M",410,20609000,{"v":653.855879699999,"d":"653.86"},1304,{"v":1.994323276,"d":"1.99"},{"v":0,"d":"0.00"},{"v":0.921559671,"d":"0.92"},{"v":1201.713811,"d":"1,201.71"},{"v":102.2861893,"d":"102.29"},0,"0_20609000_663",{"v":526.151863019999,"d":"526.15"},{"v":0,"d":"0.00"},{"v":102.2861893,"d":"102.29"},{"v":0,"d":"0.00"},"0_20609000_663_472","F",{"v":2.76534875748,"d":"2.77"},{"v":0.00525579961194,"d":"0.01"},{"v":0.53759571403,"d":"0.54"}]
[2,206,20609,{"v":7621.57228,"d":"7,621.57"},1733,{"v":0.227380905,"d":"0.23"},"M",410,20609000,{"v":653.855879699999,"d":"653.86"},1304,{"v":1.994323276,"d":"1.99"},{"v":0,"d":"0.00"},{"v":0.921559671,"d":"0.92"},{"v":1201.713811,"d":"1,201.71"},{"v":102.2861893,"d":"102.29"},0,"0_20609000_663",{"v":526.151863019999,"d":"526.15"},{"v":0,"d":"0.00"},{"v":102.2861893,"d":"102.29"},{"v":0,"d":"0.00"},"0_20609000_663_473","G",{"v":0.182056004738,"d":"0.18"},{"v":0.000346014178669,"d":"0.00"},{"v":0.0353924717798,"d":"0.04"}]
[2,206,20609,{"v":7621.57228,"d":"7,621.57"},1733,{"v":0.227380905,"d":"0.23"},"M",410,20609000,{"v":653.855879699999,"d":"653.86"},1304,{"v":1.994323276,"d":"1.99"},{"v":0,"d":"0.00"},{"v":0.921559671,"d":"0.92"},{"v":1201.713811,"d":"1,201.71"},{"v":102.2861893,"d":"102.29"},0,"0_20609000_663",{"v":526.151863019999,"d":"526.15"},{"v":0,"d":"0.00"},{"v":102.2861893,"d":"102.29"},{"v":0,"d":"0.00"},"0_20609000_663_474","G",{"v":3.25220723706E-4,"d":"0.00"},{"v":6.18111892E-7,"d":"0.00"},{"v":6.3224310028e-05,"d":"0.00"}]
[2,206,20609,{"v":7621.57228,"d":"7,621.57"},1733,{"v":0.227380905,"d":"0.23"},"M",410,20609000,{"v":653.855879699999,"d":"653.86"},1304,{"v":1.994323276,"d":"1.99"},{"v":0,"d":"0.00"},{"v":0.921559671,"d":"0.92"},{"v":1201.713811,"d":"1,201.71"},{"v":102.2861893,"d":"102.29"},0,"0_20609000_663",{"v":526.151863019999,"d":"526.15"},{"v":0,"d":"0.00"},{"v":102.2861893,"d":"102.29"},{"v":0,"d":"0.00"},"0_20609000_663_475","G",{"v":9.85462494927,"d":"9.85"},{"v":0.0187296209363,"d":"0.02"},{"v":1.91578155261,"d":"1.92"}]
[2,206,20609,{"v":7621.57228,"d":"7,621.57"},1733,{"v":0.227380905,"d":"0.23"},"M",410,20609000,{"v":653.855879699999,"d":"653.86"},1304,{"v":1.994323276,"d":"1.99"},{"v":0,"d":"0.00"},{"v":0.921559671,"d":"0.92"},{"v":1201.713811,"d":"1,201.71"},{"v":102.2861893,"d":"102.29"},0,"0_20609000_663",{"v":526.151863019999,"d":"526.15"},{"v":0,"d":"0.00"},{"v":102.2861893,"d":"102.29"},{"v":0,"d":"0.00"},"0_20609000_663_476","G",{"v":2.88883718976,"d":"2.89"},{"v":0.00549050073334,"d":"0.01"},{"v":0.561602397362,"d":"0.56"}]
[2,206,20609,{"v":7621.57228,"d":"7,621.57"},1733,{"v":0.227380905,"d":"0.23"},"M",410,20609000,{"v":653.855879699999,"d":"653.86"},1304,{"v":1.994323276,"d":"1.99"},{"v":0,"d":"0.00"},{"v":0.921559671,"d":"0.92"},{"v":1201.713811,"d":"1,201.71"},{"v":102.2861893,"d":"102.29"},0,"0_20609000_663",{"v":526.151863019999,"d":"526.15"},{"v":0,"d":"0.00"},{"v":102.2861893,"d":"102.29"},{"v":0,"d":"0.00"},"0_20609000_663_477","G",{"v":0.0744748642761,"d":"0.07"},{"v":1.41546328181E-4,"d":"0.00"},{"v":0.014478234519,"d":"0.01"}]
[2,206,20609,{"v":7621.57228,"d":"7,621.57"},1733,{"v":0.227380905,"d":"0.23"},"M",410,20609000,{"v":653.855879699999,"d":"653.86"},1304,{"v":1.994323276,"d":"1.99"},{"v":0,"d":"0.00"},{"v":0.921559671,"d":"0.92"},{"v":1201.713811,"d":"1,201.71"},{"v":102.2861893,"d":"102.29"},0,"0_20609000_663",{"v":526.151863019999,"d":"526.15"},{"v":0,"d":"0.00"},{"v":102.2861893,"d":"102.29"},{"v":0,"d":"0.00"},"0_20609000_663_478","G",{"v":16.3989006022999,"d":"16.40"},{"v":0.031167618619,"d":"0.03"},{"v":3.18801693809,"d":"3.19"}]
[2,206,20609,{"v":7621.57228,"d":"7,621.57"},1733,{"v":0.227380905,"d":"0.23"},"M",410,20609000,{"v":653.855879699999,"d":"653.86"},1304,{"v":1.994323276,"d":"1.99"},{"v":0,"d":"0.00"},{"v":0.921559671,"d":"0.92"},{"v":1201.713811,"d":"1,201.71"},{"v":102.2861893,"d":"102.29"},0,"0_20609000_663",{"v":526.151863019999,"d":"526.15"},{"v":0,"d":"0.00"},{"v":102.2861893,"d":"102.29"},{"v":0,"d":"0.00"},"0_20609000_663_479","G",{"v":0.429881032129,"d":"0.43"},{"v":0.000817028432935,"d":"0.00"},{"v":0.0835707249547,"d":"0.08"}]
[2,206,20609,{"v":7621.57228,"d":"7,621.57"},1733,{"v":0.227380905,"d":"0.23"},"M",410,20609000,{"v":653.855879699999,"d":"653.86"},1304,{"v":1.994323276,"d":"1.99"},{"v":0,"d":"0.00"},{"v":0.921559671,"d":"0.92"},{"v":1201.713811,"d":"1,201.71"},{"v":102.2861893,"d":"102.29"},0,"0_20609000_663",{"v":526.151863019999,"d":"526.15"},{"v":0,"d":"0.00"},{"v":102.2861893,"d":"102.29"},{"v":0,"d":"0.00"},"0_20609000_663_480","G",{"v":2.56583219575,"d":"2.57"},{"v":0.00487660003905,"d":"0.00"},{"v":0.498808834735,"d":"0.50"}]
[2,206,20609,{"v":7621.57228,"d":"7,621.57"},1733,{"v":0.227380905,"d":"0.23"},"M",410,20609001,{"v":3178.99150533,"d":"3,178.99"},301,{"v":0.094684116,"d":"0.09"},{"v":0,"d":"0.00"},{"v":0.921559671,"d":"0.92"},{"v":277.3894609,"d":"277.39"},{"v":23.61053911,"d":"23.61"},0,"0_20609001_664",{"v":3136.62690093999,"d":"3,136.63"},{"v":0,"d":"0.00"},{"v":23.61053911,"d":"23.61"},{"v":0,"d":"0.00"},"0_20609001_664_481","außerhalb GKL",{"v":3037.56074453,"d":"3,037.56"},{"v":0.968416340375,"d":"0.97"},{"v":22.8648318792,"d":"22.86"}]
[2,206,20609,{"v":7621.57228,"d":"7,621.57"},1733,{"v":0.227380905,"d":"0.23"},"M",410,20609001,{"v":3178.99150533,"d":"3,178.99"},301,{"v":0.094684116,"d":"0.09"},{"v":0,"d":"0.00"},{"v":0.921559671,"d":"0.92"},{"v":277.3894609,"d":"277.39"},{"v":23.61053911,"d":"23.61"},0,"0_20609001_664",{"v":3136.62690093999,"d":"3,136.63"},{"v":0,"d":"0.00"},{"v":23.61053911,"d":"23.61"},{"v":0,"d":"0.00"},"0_20609001_664_482","D",{"v":0.11478777467,"d":"0.11"},{"v":3.6595928778e-05,"d":"0.00"},{"v":0.00086404960768,"d":"0.00"}]
[2,206,20609,{"v":7621.57228,"d":"7,621.57"},1733,{"v":0.227380905,"d":"0.23"},"M",410,20609001,{"v":3178.99150533,"d":"3,178.99"},301,{"v":0.094684116,"d":"0.09"},{"v":0,"d":"0.00"},{"v":0.921559671,"d":"0.92"},{"v":277.3894609,"d":"277.39"},{"v":23.61053911,"d":"23.61"},0,"0_20609001_664",{"v":3136.62690093999,"d":"3,136.63"},{"v":0,"d":"0.00"},{"v":23.61053911,"d":"23.61"},{"v":0,"d":"0.00"},"0_20609001_664_483","E",{"v":1.17042589057,"d":"1.17"},{"v":0.000373147947631,"d":"0.00"},{"v":0.00881022421136,"d":"0.01"}]
[2,206,20609,{"v":7621.57228,"d":"7,621.57"},1733,{"v":0.227380905,"d":"0.23"},"M",410,20609001,{"v":3178.99150533,"d":"3,178.99"},301,{"v":0.094684116,"d":"0.09"},{"v":0,"d":"0.00"},{"v":0.921559671,"d":"0.92"},{"v":277.3894609,"d":"277.39"},{"v":23.61053911,"d":"23.61"},0,"0_20609001_664",{"v":3136.62690093999,"d":"3,136.63"},{"v":0,"d":"0.00"},{"v":23.61053911,"d":"23.61"},{"v":0,"d":"0.00"},"0_20609001_664_484","E",{"v":0.843837980545,"d":"0.84"},{"v":0.000269027208908,"d":"0.00"},{"v":0.00635187743758,"d":"0.01"}]
[2,206,20609,{"v":7621.57228,"d":"7,621.57"},1733,{"v":0.227380905,"d":"0.23"},"M",410,20609001,{"v":3178.99150533,"d":"3,178.99"},301,{"v":0.094684116,"d":"0.09"},{"v":0,"d":"0.00"},{"v":0.921559671,"d":"0.92"},{"v":277.3894609,"d":"277.39"},{"v":23.61053911,"d":"23.61"},0,"0_20609001_664",{"v":3136.62690093999,"d":"3,136.63"},{"v":0,"d":"0.00"},{"v":23.61053911,"d":"23.61"},{"v":0,"d":"0.00"},"0_20609001_664_485","F",{"v":2.79746855222,"d":"2.80"},{"v":0.000891871631714,"d":"0.00"},{"v":0.0210575700417,"d":"0.02"}]
[2,206,20609,{"v":7621.57228,"d":"7,621.57"},1733,{"v":0.227380905,"d":"0.23"},"M",410,20609001,{"v":3178.99150533,"d":"3,178.99"},301,{"v":0.094684116,"d":"0.09"},{"v":0,"d":"0.00"},{"v":0.921559671,"d":"0.92"},{"v":277.3894609,"d":"277.39"},{"v":23.61053911,"d":"23.61"},0,"0_20609001_664",{"v":3136.62690093999,"d":"3,136.63"},{"v":0,"d":"0.00"},{"v":23.61053911,"d":"23.61"},{"v":0,"d":"0.00"},"0_20609001_664_486","F",{"v":10.569063946,"d":"10.57"},{"v":0.00336956363628,"d":"0.00"},{"v":0.079557214018,"d":"0.08"}]
[2,206,20609,{"v":7621.57228,"d":"7,621.57"},1733,{"v":0.227380905,"d":"0.23"},"M",410,20609001,{"v":3178.99150533,"d":"3,178.99"},301,{"v":0.094684116,"d":"0.09"},{"v":0,"d":"0.00"},{"v":0.921559671,"d":"0.92"},{"v":277.3894609,"d":"277.39"},{"v":23.61053911,"d":"23.61"},0,"0_20609001_664",{"v":3136.62690093999,"d":"3,136.63"},{"v":0,"d":"0.00"},{"v":23.61053911,"d":"23.61"},{"v":0,"d":"0.00"},"0_20609001_664_487","G",{"v":47.6453697585999,"d":"47.65"},{"v":0.0151900022742,"d":"0.02"},{"v":0.358644142776,"d":"0.36"}]
[2,206,20609,{"v":7621.57228,"d":"7,621.57"},1733,{"v":0.227380905,"d":"0.23"},"M",410,20609001,{"v":3178.99150533,"d":"3,178.99"},301,{"v":0.094684116,"d":"0.09"},{"v":0,"d":"0.00"},{"v":0.921559671,"d":"0.92"},{"v":277.3894609,"d":"277.39"},{"v":23.61053911,"d":"23.61"},0,"0_20609001_664",{"v":3136.62690093999,"d":"3,136.63"},{"v":0,"d":"0.00"},{"v":23.61053911,"d":"23.61"},{"v":0,"d":"0.00"},"0_20609001_664_488","G",{"v":6.16764176659,"d":"6.17"},{"v":1.96632942373E-3,"d":"0.00"},{"v":0.0464260977621,"d":"0.05"}]
[2,206,20609,{"v":7621.57228,"d":"7,621.57"},1733,{"v":0.227380905,"d":"0.23"},"M",410,20609001,{"v":3178.99150533,"d":"3,178.99"},301,{"v":0.094684116,"d":"0.09"},{"v":0,"d":"0.00"},{"v":0.921559671,"d":"0.92"},{"v":277.3894609,"d":"277.39"},{"v":23.61053911,"d":"23.61"},0,"0_20609001_664",{"v":3136.62690093999,"d":"3,136.63"},{"v":0,"d":"0.00"},{"v":23.61053911,"d":"23.61"},{"v":0,"d":"0.00"},"0_20609001_664_489","G",{"v":1.31274093719,"d":"1.31"},{"v":0.000418519951097,"d":"0.00"},{"v":0.00988148167369,"d":"0.01"}]
[2,206,20609,{"v":7621.57228,"d":"7,621.57"},1733,{"v":0.227380905,"d":"0.23"},"M",410,20609001,{"v":3178.99150533,"d":"3,178.99"},301,{"v":0.094684116,"d":"0.09"},{"v":0,"d":"0.00"},{"v":0.921559671,"d":"0.92"},{"v":277.3894609,"d":"277.39"},{"v":23.61053911,"d":"23.61"},0,"0_20609001_664",{"v":3136.62690093999,"d":"3,136.63"},{"v":0,"d":"0.00"},{"v":23.61053911,"d":"23.61"},{"v":0,"d":"0.00"},"0_20609001_664_490","G",{"v":19.2942610887,"d":"19.29"},{"v":0.00615127705591,"d":"0.01"},{"v":0.145234967505,"d":"0.15"}]
[2,206,20609,{"v":7621.57228,"d":"7,621.57"},1733,{"v":0.227380905,"d":"0.23"},"M",410,20609001,{"v":3178.99150533,"d":"3,178.99"},301,{"v":0.094684116,"d":"0.09"},{"v":0,"d":"0.00"},{"v":0.921559671,"d":"0.92"},{"v":277.3894609,"d":"277.39"},{"v":23.61053911,"d":"23.61"},0,"0_20609001_664",{"v":3136.62690093999,"d":"3,136.63"},{"v":0,"d":"0.00"},{"v":23.61053911,"d":"23.61"},{"v":0,"d":"0.00"},"0_20609001_664_491","G",{"v":9.15055871419,"d":"9.15"},{"v":2.91732456654E-3,"d":"0.00"},{"v":0.0688796057749,"d":"0.07"}]
[2,206,20609,{"v":7621.57228,"d":"7,621.57"},1733,{"v":0.227380905,"d":"0.23"},"M",410,20609002,{"v":3788.72489507999,"d":"3,788.72"},128,{"v":0.033784453,"d":"0.03"},{"v":0,"d":"0.00"},{"v":0.921559671,"d":"0.92"},{"v":117.9596379,"d":"117.96"},{"v":10.0403621399999,"d":"10.04"},0,"0_20609002_665",{"v":3786.27380032,"d":"3,786.27"},{"v":0,"d":"0.00"},{"v":10.0403621399999,"d":"10.04"},{"v":0,"d":"0.00"},"0_20609002_665_492","außerhalb GKL",{"v":3785.86332454,"d":"3,785.86"},{"v":0.999891588458,"d":"1.00"},{"v":10.0392736489,"d":"10.04"}]
[2,206,20609,{"v":7621.57228,"d":"7,621.57"},1733,{"v":0.227380905,"d":"0.23"},"M",410,20609002,{"v":3788.72489507999,"d":"3,788.72"},128,{"v":0.033784453,"d":"0.03"},{"v":0,"d":"0.00"},{"v":0.921559671,"d":"0.92"},{"v":117.9596379,"d":"117.96"},{"v":10.0403621399999,"d":"10.04"},0,"0_20609002_665",{"v":3786.27380032,"d":"3,786.27"},{"v":0,"d":"0.00"},{"v":10.0403621399999,"d":"10.04"},{"v":0,"d":"0.00"},"0_20609002_665_493","G",{"v":0.410475774935,"d":"0.41"},{"v":1.08411540365E-4,"d":"0.00"},{"v":0.00108849112542,"d":"0.00"}]
[2,206,20610,{"v":19314.8195,"d":"19,314.82"},997,{"v":0.051618396,"d":"0.05"}," ",430,20610000,{"v":19314.819499,"d":"19,314.82"},997,{"v":0.051618396,"d":"0.05"},{"v":0,"d":"0.00"},{"v":0.905906425,"d":"0.91"},{"v":903.188705499999,"d":"903.19"},{"v":93.8112945,"d":"93.81"},0,"0_20610000_666",{"v":19205.6229612999,"d":"19,205.62"},{"v":0,"d":"0.00"},{"v":93.8112945,"d":"93.81"},{"v":0,"d":"0.00"},"0_20610000_666_494","außerhalb GKL",{"v":19049.3442471,"d":"19,049.34"},{"v":0.991862866697,"d":"0.99"},{"v":93.0479394912999,"d":"93.05"}]
[2,206,20610,{"v":19314.8195,"d":"19,314.82"},997,{"v":0.051618396,"d":"0.05"}," ",430,20610000,{"v":19314.819499,"d":"19,314.82"},997,{"v":0.051618396,"d":"0.05"},{"v":0,"d":"0.00"},{"v":0.905906425,"d":"0.91"},{"v":903.188705499999,"d":"903.19"},{"v":93.8112945,"d":"93.81"},0,"0_20610000_666",{"v":19205.6229612999,"d":"19,205.62"},{"v":0,"d":"0.00"},{"v":93.8112945,"d":"93.81"},{"v":0,"d":"0.00"},"0_20610000_666_495","F",{"v":0.117541668403,"d":"0.12"},{"v":6.120169527e-06,"d":"0.00"},{"v":5.74141025928E-4,"d":"0.00"}]
[2,206,20610,{"v":19314.8195,"d":"19,314.82"},997,{"v":0.051618396,"d":"0.05"}," ",430,20610000,{"v":19314.819499,"d":"19,314.82"},997,{"v":0.051618396,"d":"0.05"},{"v":0,"d":"0.00"},{"v":0.905906425,"d":"0.91"},{"v":903.188705499999,"d":"903.19"},{"v":93.8112945,"d":"93.81"},0,"0_20610000_666",{"v":19205.6229612999,"d":"19,205.62"},{"v":0,"d":"0.00"},{"v":93.8112945,"d":"93.81"},{"v":0,"d":"0.00"},"0_20610000_666_496","F",{"v":6.93819524612,"d":"6.94"},{"v":0.000361258536633,"d":"0.00"},{"v":0.0338901309707,"d":"0.03"}]
[2,206,20610,{"v":19314.8195,"d":"19,314.82"},997,{"v":0.051618396,"d":"0.05"}," ",430,20610000,{"v":19314.819499,"d":"19,314.82"},997,{"v":0.051618396,"d":"0.05"},{"v":0,"d":"0.00"},{"v":0.905906425,"d":"0.91"},{"v":903.188705499999,"d":"903.19"},{"v":93.8112945,"d":"93.81"},0,"0_20610000_666",{"v":19205.6229612999,"d":"19,205.62"},{"v":0,"d":"0.00"},{"v":93.8112945,"d":"93.81"},{"v":0,"d":"0.00"},"0_20610000_666_497","F",{"v":0.743959485127,"d":"0.74"},{"v":3.8736545366e-05,"d":"0.00"},{"v":0.00363392546526,"d":"0.00"}]
[2,206,20610,{"v":19314.8195,"d":"19,314.82"},997,{"v":0.051618396,"d":"0.05"}," ",430,20610000,{"v":19314.819499,"d":"19,314.82"},997,{"v":0.051618396,"d":"0.05"},{"v":0,"d":"0.00"},{"v":0.905906425,"d":"0.91"},{"v":903.188705499999,"d":"903.19"},{"v":93.8112945,"d":"93.81"},0,"0_20610000_666",{"v":19205.6229612999,"d":"19,205.62"},{"v":0,"d":"0.00"},{"v":93.8112945,"d":"93.81"},{"v":0,"d":"0.00"},"0_20610000_666_498","F",{"v":0.247672368337,"d":"0.25"},{"v":1.2895825813E-5,"d":"0.00"},{"v":0.00120977411315,"d":"0.00"}]
[2,206,20610,{"v":19314.8195,"d":"19,314.82"},997,{"v":0.051618396,"d":"0.05"}," ",430,20610000,{"v":19314.819499,"d":"19,314.82"},997,{"v":0.051618396,"d":"0.05"},{"v":0,"d":"0.00"},{"v":0.905906425,"d":"0.91"},{"v":903.188705499999,"d":"903.19"},{"v":93.8112945,"d":"93.81"},0,"0_20610000_666",{"v":19205.6229612999,"d":"19,205.62"},{"v":0,"d":"0.00"},{"v":93.8112945,"d":"93.81"},{"v":0,"d":"0.00"},"0_20610000_666_499","F",{"v":0.923020772722,"d":"0.92"},{"v":4.8059923627e-05,"d":"0.00"},{"v":0.00450856364898,"d":"0.00"}]
[2,206,20610,{"v":19314.8195,"d":"19,314.82"},997,{"v":0.051618396,"d":"0.05"}," ",430,20610000,{"v":19314.819499,"d":"19,314.82"},997,{"v":0.051618396,"d":"0.05"},{"v":0,"d":"0.00"},{"v":0.905906425,"d":"0.91"},{"v":903.188705499999,"d":"903.19"},{"v":93.8112945,"d":"93.81"},0,"0_20610000_666",{"v":19205.6229612999,"d":"19,205.62"},{"v":0,"d":"0.00"},{"v":93.8112945,"d":"93.81"},{"v":0,"d":"0.00"},"0_20610000_666_500","F",{"v":0.104986465923,"d":"0.10"},{"v":5.466444183e-06,"d":"0.00"},{"v":0.000512814205145,"d":"0.00"}]
[2,206,20610,{"v":19314.8195,"d":"19,314.82"},997,{"v":0.051618396,"d":"0.05"}," ",430,20610000,{"v":19314.819499,"d":"19,314.82"},997,{"v":0.051618396,"d":"0.05"},{"v":0,"d":"0.00"},{"v":0.905906425,"d":"0.91"},{"v":903.188705499999,"d":"903.19"},{"v":93.8112945,"d":"93.81"},0,"0_20610000_666",{"v":19205.6229612999,"d":"19,205.62"},{"v":0,"d":"0.00"},{"v":93.8112945,"d":"93.81"},{"v":0,"d":"0.00"},"0_20610000_666_501","F",{"v":7.61874581705,"d":"7.62"},{"v":0.000396693501294,"d":"0.00"},{"v":0.0372143308761,"d":"0.04"}]
[2,206,20610,{"v":19314.8195,"d":"19,314.82"},997,{"v":0.051618396,"d":"0.05"}," ",430,20610000,{"v":19314.819499,"d":"19,314.82"},997,{"v":0.051618396,"d":"0.05"},{"v":0,"d":"0.00"},{"v":0.905906425,"d":"0.91"},{"v":903.188705499999,"d":"903.19"},{"v":93.8112945,"d":"93.81"},0,"0_20610000_666",{"v":19205.6229612999,"d":"19,205.62"},{"v":0,"d":"0.00"},{"v":93.8112945,"d":"93.81"},{"v":0,"d":"0.00"},"0_20610000_666_502","F",{"v":1.62886617227,"d":"1.63"},{"v":8.4811941563e-05,"d":"0.00"},{"v":0.00795631802706,"d":"0.01"}]
[2,206,20610,{"v":19314.8195,"d":"19,314.82"},997,{"v":0.051618396,"d":"0.05"}," ",430,20610000,{"v":19314.819499,"d":"19,314.82"},997,{"v":0.051618396,"d":"0.05"},{"v":0,"d":"0.00"},{"v":0.905906425,"d":"0.91"},{"v":903.188705499999,"d":"903.19"},{"v":93.8112945,"d":"93.81"},0,"0_20610000_666",{"v":19205.6229612999,"d":"19,205.62"},{"v":0,"d":"0.00"},{"v":93.8112945,"d":"93.81"},{"v":0,"d":"0.00"},"0_20610000_666_503","G",{"v":0.868154375989,"d":"0.87"},{"v":4.5203135443e-05,"d":"0.00"},{"v":0.00424056465138,"d":"0.00"}]
[2,206,20610,{"v":19314.8195,"d":"19,314.82"},997,{"v":0.051618396,"d":"0.05"}," ",430,20610000,{"v":19314.819499,"d":"19,314.82"},997,{"v":0.051618396,"d":"0.05"},{"v":0,"d":"0.00"},{"v":0.905906425,"d":"0.91"},{"v":903.188705499999,"d":"903.19"},{"v":93.8112945,"d":"93.81"},0,"0_20610000_666",{"v":19205.6229612999,"d":"19,205.62"},{"v":0,"d":"0.00"},{"v":93.8112945,"d":"93.81"},{"v":0,"d":"0.00"},"0_20610000_666_504","G",{"v":0.798693738043,"d":"0.80"},{"v":4.1586453074e-05,"d":"0.00"},{"v":0.00390127899656,"d":"0.00"}]
[2,206,20610,{"v":19314.8195,"d":"19,314.82"},997,{"v":0.051618396,"d":"0.05"}," ",430,20610000,{"v":19314.819499,"d":"19,314.82"},997,{"v":0.051618396,"d":"0.05"},{"v":0,"d":"0.00"},{"v":0.905906425,"d":"0.91"},{"v":903.188705499999,"d":"903.19"},{"v":93.8112945,"d":"93.81"},0,"0_20610000_666",{"v":19205.6229612999,"d":"19,205.62"},{"v":0,"d":"0.00"},{"v":93.8112945,"d":"93.81"},{"v":0,"d":"0.00"},"0_20610000_666_505","G",{"v":0.00132840821329,"d":"0.00"},{"v":6.9167671e-08,"d":"0.00"},{"v":6.488708768e-06,"d":"0.00"}]
[2,206,20610,{"v":19314.8195,"d":"19,314.82"},997,{"v":0.051618396,"d":"0.05"}," ",430,20610000,{"v":19314.819499,"d":"19,314.82"},997,{"v":0.051618396,"d":"0.05"},{"v":0,"d":"0.00"},{"v":0.905906425,"d":"0.91"},{"v":903.188705499999,"d":"903.19"},{"v":93.8112945,"d":"93.81"},0,"0_20610000_666",{"v":19205.6229612999,"d":"19,205.62"},{"v":0,"d":"0.00"},{"v":93.8112945,"d":"93.81"},{"v":0,"d":"0.00"},"0_20610000_666_506","G",{"v":0.165304784048,"d":"0.17"},{"v":8.607103471e-06,"d":"0.00"},{"v":0.000807443518486,"d":"0.00"}]
[2,206,20610,{"v":19314.8195,"d":"19,314.82"},997,{"v":0.051618396,"d":"0.05"}," ",430,20610000,{"v":19314.819499,"d":"19,314.82"},997,{"v":0.051618396,"d":"0.05"},{"v":0,"d":"0.00"},{"v":0.905906425,"d":"0.91"},{"v":903.188705499999,"d":"903.19"},{"v":93.8112945,"d":"93.81"},0,"0_20610000_666",{"v":19205.6229612999,"d":"19,205.62"},{"v":0,"d":"0.00"},{"v":93.8112945,"d":"93.81"},{"v":0,"d":"0.00"},"0_20610000_666_507","G",{"v":1.60770941062,"d":"1.61"},{"v":8.3710349509e-05,"d":"0.00"},{"v":0.00785297625045,"d":"0.01"}]
[2,206,20610,{"v":19314.8195,"d":"19,314.82"},997,{"v":0.051618396,"d":"0.05"}," ",430,20610000,{"v":19314.819499,"d":"19,314.82"},997,{"v":0.051618396,"d":"0.05"},{"v":0,"d":"0.00"},{"v":0.905906425,"d":"0.91"},{"v":903.188705499999,"d":"903.19"},{"v":93.8112945,"d":"93.81"},0,"0_20610000_666",{"v":19205.6229612999,"d":"19,205.62"},{"v":0,"d":"0.00"},{"v":93.8112945,"d":"93.81"},{"v":0,"d":"0.00"},"0_20610000_666_508","G",{"v":3.30752250066,"d":"3.31"},{"v":0.000172216361184,"d":"0.00"},{"v":0.0161558397768,"d":"0.02"}]
[2,206,20610,{"v":19314.8195,"d":"19,314.82"},997,{"v":0.051618396,"d":"0.05"}," ",430,20610000,{"v":19314.819499,"d":"19,314.82"},997,{"v":0.051618396,"d":"0.05"},{"v":0,"d":"0.00"},{"v":0.905906425,"d":"0.91"},{"v":903.188705499999,"d":"903.19"},{"v":93.8112945,"d":"93.81"},0,"0_20610000_666",{"v":19205.6229612999,"d":"19,205.62"},{"v":0,"d":"0.00"},{"v":93.8112945,"d":"93.81"},{"v":0,"d":"0.00"},"0_20610000_666_509","G",{"v":0.565552029514,"d":"0.57"},{"v":2.9447210885e-05,"d":"0.00"},{"v":0.00276248097251,"d":"0.00"}]
[2,206,20610,{"v":19314.8195,"d":"19,314.82"},997,{"v":0.051618396,"d":"0.05"}," ",430,20610000,{"v":19314.819499,"d":"19,314.82"},997,{"v":0.051618396,"d":"0.05"},{"v":0,"d":"0.00"},{"v":0.905906425,"d":"0.91"},{"v":903.188705499999,"d":"903.19"},{"v":93.8112945,"d":"93.81"},0,"0_20610000_666",{"v":19205.6229612999,"d":"19,205.62"},{"v":0,"d":"0.00"},{"v":93.8112945,"d":"93.81"},{"v":0,"d":"0.00"},"0_20610000_666_510","G",{"v":6.90752584322,"d":"6.91"},{"v":0.00035966163957,"d":"0.00"},{"v":0.0337403239901,"d":"0.03"}]
[2,206,20610,{"v":19314.8195,"d":"19,314.82"},997,{"v":0.051618396,"d":"0.05"}," ",430,20610000,{"v":19314.819499,"d":"19,314.82"},997,{"v":0.051618396,"d":"0.05"},{"v":0,"d":"0.00"},{"v":0.905906425,"d":"0.91"},{"v":903.188705499999,"d":"903.19"},{"v":93.8112945,"d":"93.81"},0,"0_20610000_666",{"v":19205.6229612999,"d":"19,205.62"},{"v":0,"d":"0.00"},{"v":93.8112945,"d":"93.81"},{"v":0,"d":"0.00"},"0_20610000_666_511","G",{"v":70.8056341222,"d":"70.81"},{"v":0.00368671374341,"d":"0.00"},{"v":0.34585538872,"d":"0.35"}]
[2,206,20610,{"v":19314.8195,"d":"19,314.82"},997,{"v":0.051618396,"d":"0.05"}," ",430,20610000,{"v":19314.819499,"d":"19,314.82"},997,{"v":0.051618396,"d":"0.05"},{"v":0,"d":"0.00"},{"v":0.905906425,"d":"0.91"},{"v":903.188705499999,"d":"903.19"},{"v":93.8112945,"d":"93.81"},0,"0_20610000_666",{"v":19205.6229612999,"d":"19,205.62"},{"v":0,"d":"0.00"},{"v":93.8112945,"d":"93.81"},{"v":0,"d":"0.00"},"0_20610000_666_512","G",{"v":0.0747544258717,"d":"0.07"},{"v":3.892319766e-06,"d":"0.00"},{"v":0.000365143555862,"d":"0.00"}]
[2,206,20610,{"v":19314.8195,"d":"19,314.82"},997,{"v":0.051618396,"d":"0.05"}," ",430,20610000,{"v":19314.819499,"d":"19,314.82"},997,{"v":0.051618396,"d":"0.05"},{"v":0,"d":"0.00"},{"v":0.905906425,"d":"0.91"},{"v":903.188705499999,"d":"903.19"},{"v":93.8112945,"d":"93.81"},0,"0_20610000_666",{"v":19205.6229612999,"d":"19,205.62"},{"v":0,"d":"0.00"},{"v":93.8112945,"d":"93.81"},{"v":0,"d":"0.00"},"0_20610000_666_513","G",{"v":6.57406302702,"d":"6.57"},{"v":0.000342298869465,"d":"0.00"},{"v":0.0321115000504,"d":"0.03"}]
[2,206,20610,{"v":19314.8195,"d":"19,314.82"},997,{"v":0.051618396,"d":"0.05"}," ",430,20610000,{"v":19314.819499,"d":"19,314.82"},997,{"v":0.051618396,"d":"0.05"},{"v":0,"d":"0.00"},{"v":0.905906425,"d":"0.91"},{"v":903.188705499999,"d":"903.19"},{"v":93.8112945,"d":"93.81"},0,"0_20610000_666",{"v":19205.6229612999,"d":"19,205.62"},{"v":0,"d":"0.00"},{"v":93.8112945,"d":"93.81"},{"v":0,"d":"0.00"},"0_20610000_666_514","G",{"v":37.1340136995999,"d":"37.13"},{"v":0.00193349696464,"d":"0.00"},{"v":0.181383853165,"d":"0.18"}]
[2,206,20610,{"v":19314.8195,"d":"19,314.82"},997,{"v":0.051618396,"d":"0.05"}," ",430,20610000,{"v":19314.819499,"d":"19,314.82"},997,{"v":0.051618396,"d":"0.05"},{"v":0,"d":"0.00"},{"v":0.905906425,"d":"0.91"},{"v":903.188705499999,"d":"903.19"},{"v":93.8112945,"d":"93.81"},0,"0_20610000_666",{"v":19205.6229612999,"d":"19,205.62"},{"v":0,"d":"0.00"},{"v":93.8112945,"d":"93.81"},{"v":0,"d":"0.00"},"0_20610000_666_515","G",{"v":9.14546985438,"d":"9.15"},{"v":0.00047618709754,"d":"0.00"},{"v":0.0446717280444,"d":"0.04"}]
[2,206,20611,{"v":3342.85881999999,"d":"3,342.86"},1966,{"v":0.588119363,"d":"0.59"}," ",410,20611000,{"v":1869.54258389,"d":"1,869.54"},852,{"v":0.455726447,"d":"0.46"},{"v":0,"d":"0.00"},{"v":0.921559671,"d":"0.92"},{"v":785.168839499999,"d":"785.17"},{"v":66.83116053,"d":"66.83"},0,"0_20611000_667",{"v":1810.68328195,"d":"1,810.68"},{"v":0,"d":"0.00"},{"v":66.83116053,"d":"66.83"},{"v":0,"d":"0.00"},"0_20611000_667_516","außerhalb GKL",{"v":1736.15693602999,"d":"1,736.16"},{"v":0.958840761019,"d":"0.96"},{"v":64.0804408224,"d":"64.08"}]
[2,206,20611,{"v":3342.85881999999,"d":"3,342.86"},1966,{"v":0.588119363,"d":"0.59"}," ",410,20611000,{"v":1869.54258389,"d":"1,869.54"},852,{"v":0.455726447,"d":"0.46"},{"v":0,"d":"0.00"},{"v":0.921559671,"d":"0.92"},{"v":785.168839499999,"d":"785.17"},{"v":66.83116053,"d":"66.83"},0,"0_20611000_667",{"v":1810.68328195,"d":"1,810.68"},{"v":0,"d":"0.00"},{"v":66.83116053,"d":"66.83"},{"v":0,"d":"0.00"},"0_20611000_667_517","außerhalb GKL",{"v":26.6588374124999,"d":"26.66"},{"v":0.0147230814346,"d":"0.01"},{"v":0.983960618852,"d":"0.98"}]
[2,206,20611,{"v":3342.85881999999,"d":"3,342.86"},1966,{"v":0.588119363,"d":"0.59"}," ",410,20611000,{"v":1869.54258389,"d":"1,869.54"},852,{"v":0.455726447,"d":"0.46"},{"v":0,"d":"0.00"},{"v":0.921559671,"d":"0.92"},{"v":785.168839499999,"d":"785.17"},{"v":66.83116053,"d":"66.83"},0,"0_20611000_667",{"v":1810.68328195,"d":"1,810.68"},{"v":0,"d":"0.00"},{"v":66.83116053,"d":"66.83"},{"v":0,"d":"0.00"},"0_20611000_667_518","außerhalb GKL",{"v":0.0999520128568,"d":"0.10"},{"v":5.520126786e-05,"d":"0.00"},{"v":0.00368916479382,"d":"0.00"}]
[2,206,20611,{"v":3342.85881999999,"d":"3,342.86"},1966,{"v":0.588119363,"d":"0.59"}," ",410,20611000,{"v":1869.54258389,"d":"1,869.54"},852,{"v":0.455726447,"d":"0.46"},{"v":0,"d":"0.00"},{"v":0.921559671,"d":"0.92"},{"v":785.168839499999,"d":"785.17"},{"v":66.83116053,"d":"66.83"},0,"0_20611000_667",{"v":1810.68328195,"d":"1,810.68"},{"v":0,"d":"0.00"},{"v":66.83116053,"d":"66.83"},{"v":0,"d":"0.00"},"0_20611000_667_519","außerhalb GKL",{"v":0.00286920592764,"d":"0.00"},{"v":1.584598453E-6,"d":"0.00"},{"v":1.05900553595E-4,"d":"0.00"}]
[2,206,20611,{"v":3342.85881999999,"d":"3,342.86"},1966,{"v":0.588119363,"d":"0.59"}," ",410,20611000,{"v":1869.54258389,"d":"1,869.54"},852,{"v":0.455726447,"d":"0.46"},{"v":0,"d":"0.00"},{"v":0.921559671,"d":"0.92"},{"v":785.168839499999,"d":"785.17"},{"v":66.83116053,"d":"66.83"},0,"0_20611000_667",{"v":1810.68328195,"d":"1,810.68"},{"v":0,"d":"0.00"},{"v":66.83116053,"d":"66.83"},{"v":0,"d":"0.00"},"0_20611000_667_520","außerhalb GKL",{"v":0.22882159388,"d":"0.23"},{"v":1.26373063783E-4,"d":"0.00"},{"v":0.00844565851235,"d":"0.01"}]
[2,206,20611,{"v":3342.85881999999,"d":"3,342.86"},1966,{"v":0.588119363,"d":"0.59"}," ",410,20611000,{"v":1869.54258389,"d":"1,869.54"},852,{"v":0.455726447,"d":"0.46"},{"v":0,"d":"0.00"},{"v":0.921559671,"d":"0.92"},{"v":785.168839499999,"d":"785.17"},{"v":66.83116053,"d":"66.83"},0,"0_20611000_667",{"v":1810.68328195,"d":"1,810.68"},{"v":0,"d":"0.00"},{"v":66.83116053,"d":"66.83"},{"v":0,"d":"0.00"},"0_20611000_667_521","G",{"v":0.00880455271112,"d":"0.01"},{"v":4.862558129e-06,"d":"0.00"},{"v":0.000324970402884,"d":"0.00"}]
[2,206,20611,{"v":3342.85881999999,"d":"3,342.86"},1966,{"v":0.588119363,"d":"0.59"}," ",410,20611000,{"v":1869.54258389,"d":"1,869.54"},852,{"v":0.455726447,"d":"0.46"},{"v":0,"d":"0.00"},{"v":0.921559671,"d":"0.92"},{"v":785.168839499999,"d":"785.17"},{"v":66.83116053,"d":"66.83"},0,"0_20611000_667",{"v":1810.68328195,"d":"1,810.68"},{"v":0,"d":"0.00"},{"v":66.83116053,"d":"66.83"},{"v":0,"d":"0.00"},"0_20611000_667_522","G",{"v":0.071695601886,"d":"0.07"},{"v":3.9595882174e-05,"d":"0.00"},{"v":0.00264623875788,"d":"0.00"}]
[2,206,20611,{"v":3342.85881999999,"d":"3,342.86"},1966,{"v":0.588119363,"d":"0.59"}," ",410,20611000,{"v":1869.54258389,"d":"1,869.54"},852,{"v":0.455726447,"d":"0.46"},{"v":0,"d":"0.00"},{"v":0.921559671,"d":"0.92"},{"v":785.168839499999,"d":"785.17"},{"v":66.83116053,"d":"66.83"},0,"0_20611000_667",{"v":1810.68328195,"d":"1,810.68"},{"v":0,"d":"0.00"},{"v":66.83116053,"d":"66.83"},{"v":0,"d":"0.00"},"0_20611000_667_523","G",{"v":0.0167053063276,"d":"0.02"},{"v":9.225968171e-06,"d":"0.00"},{"v":0.000616582159901,"d":"0.00"}]
[2,206,20611,{"v":3342.85881999999,"d":"3,342.86"},1966,{"v":0.588119363,"d":"0.59"}," ",410,20611000,{"v":1869.54258389,"d":"1,869.54"},852,{"v":0.455726447,"d":"0.46"},{"v":0,"d":"0.00"},{"v":0.921559671,"d":"0.92"},{"v":785.168839499999,"d":"785.17"},{"v":66.83116053,"d":"66.83"},0,"0_20611000_667",{"v":1810.68328195,"d":"1,810.68"},{"v":0,"d":"0.00"},{"v":66.83116053,"d":"66.83"},{"v":0,"d":"0.00"},"0_20611000_667_524","G",{"v":0.698577361461,"d":"0.70"},{"v":3.85808699083E-4,"d":"0.00"},{"v":0.0257840431023,"d":"0.03"}]
[2,206,20611,{"v":3342.85881999999,"d":"3,342.86"},1966,{"v":0.588119363,"d":"0.59"}," ",410,20611000,{"v":1869.54258389,"d":"1,869.54"},852,{"v":0.455726447,"d":"0.46"},{"v":0,"d":"0.00"},{"v":0.921559671,"d":"0.92"},{"v":785.168839499999,"d":"785.17"},{"v":66.83116053,"d":"66.83"},0,"0_20611000_667",{"v":1810.68328195,"d":"1,810.68"},{"v":0,"d":"0.00"},{"v":66.83116053,"d":"66.83"},{"v":0,"d":"0.00"},"0_20611000_667_525","G",{"v":43.3266156815,"d":"43.33"},{"v":0.023928323696,"d":"0.02"},{"v":1.59915764214,"d":"1.60"}]
[2,206,20611,{"v":3342.85881999999,"d":"3,342.86"},1966,{"v":0.588119363,"d":"0.59"}," ",410,20611000,{"v":1869.54258389,"d":"1,869.54"},852,{"v":0.455726447,"d":"0.46"},{"v":0,"d":"0.00"},{"v":0.921559671,"d":"0.92"},{"v":785.168839499999,"d":"785.17"},{"v":66.83116053,"d":"66.83"},0,"0_20611000_667",{"v":1810.68328195,"d":"1,810.68"},{"v":0,"d":"0.00"},{"v":66.83116053,"d":"66.83"},{"v":0,"d":"0.00"},"0_20611000_667_526","G",{"v":0.402325664227,"d":"0.40"},{"v":0.000222195492849,"d":"0.00"},{"v":0.0148495826516,"d":"0.01"}]
[2,206,20611,{"v":3342.85881999999,"d":"3,342.86"},1966,{"v":0.588119363,"d":"0.59"}," ",410,20611000,{"v":1869.54258389,"d":"1,869.54"},852,{"v":0.455726447,"d":"0.46"},{"v":0,"d":"0.00"},{"v":0.921559671,"d":"0.92"},{"v":785.168839499999,"d":"785.17"},{"v":66.83116053,"d":"66.83"},0,"0_20611000_667",{"v":1810.68328195,"d":"1,810.68"},{"v":0,"d":"0.00"},{"v":66.83116053,"d":"66.83"},{"v":0,"d":"0.00"},"0_20611000_667_527","G",{"v":0.028582592949,"d":"0.03"},{"v":1.5785528719E-5,"d":"0.00"},{"v":0.0010549652039,"d":"0.00"}]
[2,206,20611,{"v":3342.85881999999,"d":"3,342.86"},1966,{"v":0.588119363,"d":"0.59"}," ",410,20611000,{"v":1869.54258389,"d":"1,869.54"},852,{"v":0.455726447,"d":"0.46"},{"v":0,"d":"0.00"},{"v":0.921559671,"d":"0.92"},{"v":785.168839499999,"d":"785.17"},{"v":66.83116053,"d":"66.83"},0,"0_20611000_667",{"v":1810.68328195,"d":"1,810.68"},{"v":0,"d":"0.00"},{"v":66.83116053,"d":"66.83"},{"v":0,"d":"0.00"},"0_20611000_667_528","G",{"v":0.279989575514,"d":"0.28"},{"v":0.000154631999039,"d":"0.00"},{"v":0.0103342359509,"d":"0.01"}]
[2,206,20611,{"v":3342.85881999999,"d":"3,342.86"},1966,{"v":0.588119363,"d":"0.59"}," ",410,20611000,{"v":1869.54258389,"d":"1,869.54"},852,{"v":0.455726447,"d":"0.46"},{"v":0,"d":"0.00"},{"v":0.921559671,"d":"0.92"},{"v":785.168839499999,"d":"785.17"},{"v":66.83116053,"d":"66.83"},0,"0_20611000_667",{"v":1810.68328195,"d":"1,810.68"},{"v":0,"d":"0.00"},{"v":66.83116053,"d":"66.83"},{"v":0,"d":"0.00"},"0_20611000_667_529","G",{"v":1.16361325352,"d":"1.16"},{"v":0.000642637652382,"d":"0.00"},{"v":0.042948220109,"d":"0.04"}]
[2,206,20611,{"v":3342.85881999999,"d":"3,342.86"},1966,{"v":0.588119363,"d":"0.59"}," ",410,20611000,{"v":1869.54258389,"d":"1,869.54"},852,{"v":0.455726447,"d":"0.46"},{"v":0,"d":"0.00"},{"v":0.921559671,"d":"0.92"},{"v":785.168839499999,"d":"785.17"},{"v":66.83116053,"d":"66.83"},0,"0_20611000_667",{"v":1810.68328195,"d":"1,810.68"},{"v":0,"d":"0.00"},{"v":66.83116053,"d":"66.83"},{"v":0,"d":"0.00"},"0_20611000_667_530","G",{"v":1.89251247459E-3,"d":"0.00"},{"v":1.045192438e-06,"d":"0.00"},{"v":6.9851423634e-05,"d":"0.00"}]
[2,206,20611,{"v":3342.85881999999,"d":"3,342.86"},1966,{"v":0.588119363,"d":"0.59"}," ",410,20611000,{"v":1869.54258389,"d":"1,869.54"},852,{"v":0.455726447,"d":"0.46"},{"v":0,"d":"0.00"},{"v":0.921559671,"d":"0.92"},{"v":785.168839499999,"d":"785.17"},{"v":66.83116053,"d":"66.83"},0,"0_20611000_667",{"v":1810.68328195,"d":"1,810.68"},{"v":0,"d":"0.00"},{"v":66.83116053,"d":"66.83"},{"v":0,"d":"0.00"},"0_20611000_667_531","G",{"v":2.5829054337E-5,"d":"0.00"},{"v":1.4264811E-8,"d":"0.00"},{"v":9.53333857e-07,"d":"0.00"}]
[2,206,20611,{"v":3342.85881999999,"d":"3,342.86"},1966,{"v":0.588119363,"d":"0.59"}," ",410,20611000,{"v":1869.54258389,"d":"1,869.54"},852,{"v":0.455726447,"d":"0.46"},{"v":0,"d":"0.00"},{"v":0.921559671,"d":"0.92"},{"v":785.168839499999,"d":"785.17"},{"v":66.83116053,"d":"66.83"},0,"0_20611000_667",{"v":1810.68328195,"d":"1,810.68"},{"v":0,"d":"0.00"},{"v":66.83116053,"d":"66.83"},{"v":0,"d":"0.00"},"0_20611000_667_532","G",{"v":1.53703776261,"d":"1.54"},{"v":8.48871681719E-4,"d":"0.00"},{"v":0.0567310796303,"d":"0.06"}]
[2,206,20611,{"v":3342.85881999999,"d":"3,342.86"},1966,{"v":0.588119363,"d":"0.59"}," ",410,20611001,{"v":1473.31623592999,"d":"1,473.32"},1114,{"v":0.756117372,"d":"0.76"},{"v":0,"d":"0.00"},{"v":0.921559671,"d":"0.92"},{"v":1026.617473,"d":"1,026.62"},{"v":87.38252679,"d":"87.38"},0,"0_20611001_668",{"v":1356.40832761,"d":"1,356.41"},{"v":0,"d":"0.00"},{"v":87.38252679,"d":"87.38"},{"v":0,"d":"0.00"},"0_20611001_668_533","außerhalb GKL",{"v":748.533202232999,"d":"748.53"},{"v":0.551849459338,"d":"0.55"},{"v":48.2220001645999,"d":"48.22"}]
[2,206,20611,{"v":3342.85881999999,"d":"3,342.86"},1966,{"v":0.588119363,"d":"0.59"}," ",410,20611001,{"v":1473.31623592999,"d":"1,473.32"},1114,{"v":0.756117372,"d":"0.76"},{"v":0,"d":"0.00"},{"v":0.921559671,"d":"0.92"},{"v":1026.617473,"d":"1,026.62"},{"v":87.38252679,"d":"87.38"},0,"0_20611001_668",{"v":1356.40832761,"d":"1,356.41"},{"v":0,"d":"0.00"},{"v":87.38252679,"d":"87.38"},{"v":0,"d":"0.00"},"0_20611001_668_534","außerhalb GKL",{"v":137.610918249,"d":"137.61"},{"v":0.101452428039,"d":"0.10"},{"v":8.86516951103,"d":"8.87"}]
[2,206,20611,{"v":3342.85881999999,"d":"3,342.86"},1966,{"v":0.588119363,"d":"0.59"}," ",410,20611001,{"v":1473.31623592999,"d":"1,473.32"},1114,{"v":0.756117372,"d":"0.76"},{"v":0,"d":"0.00"},{"v":0.921559671,"d":"0.92"},{"v":1026.617473,"d":"1,026.62"},{"v":87.38252679,"d":"87.38"},0,"0_20611001_668",{"v":1356.40832761,"d":"1,356.41"},{"v":0,"d":"0.00"},{"v":87.38252679,"d":"87.38"},{"v":0,"d":"0.00"},"0_20611001_668_535","außerhalb GKL",{"v":2.43225246845,"d":"2.43"},{"v":1.7931565436E-3,"d":"0.00"},{"v":0.15669054971,"d":"0.16"}]
[2,206,20611,{"v":3342.85881999999,"d":"3,342.86"},1966,{"v":0.588119363,"d":"0.59"}," ",410,20611001,{"v":1473.31623592999,"d":"1,473.32"},1114,{"v":0.756117372,"d":"0.76"},{"v":0,"d":"0.00"},{"v":0.921559671,"d":"0.92"},{"v":1026.617473,"d":"1,026.62"},{"v":87.38252679,"d":"87.38"},0,"0_20611001_668",{"v":1356.40832761,"d":"1,356.41"},{"v":0,"d":"0.00"},{"v":87.38252679,"d":"87.38"},{"v":0,"d":"0.00"},"0_20611001_668_536","außerhalb GKL",{"v":2.03218661017,"d":"2.03"},{"v":1.49821154058E-3,"d":"0.00"},{"v":0.130917510082,"d":"0.13"}]
[2,206,20611,{"v":3342.85881999999,"d":"3,342.86"},1966,{"v":0.588119363,"d":"0.59"}," ",410,20611001,{"v":1473.31623592999,"d":"1,473.32"},1114,{"v":0.756117372,"d":"0.76"},{"v":0,"d":"0.00"},{"v":0.921559671,"d":"0.92"},{"v":1026.617473,"d":"1,026.62"},{"v":87.38252679,"d":"87.38"},0,"0_20611001_668",{"v":1356.40832761,"d":"1,356.41"},{"v":0,"d":"0.00"},{"v":87.38252679,"d":"87.38"},{"v":0,"d":"0.00"},"0_20611001_668_537","außerhalb GKL",{"v":0.0618258124602,"d":"0.06"},{"v":4.5580531468e-05,"d":"0.00"},{"v":0.00398294201211,"d":"0.00"}]
[2,206,20611,{"v":3342.85881999999,"d":"3,342.86"},1966,{"v":0.588119363,"d":"0.59"}," ",410,20611001,{"v":1473.31623592999,"d":"1,473.32"},1114,{"v":0.756117372,"d":"0.76"},{"v":0,"d":"0.00"},{"v":0.921559671,"d":"0.92"},{"v":1026.617473,"d":"1,026.62"},{"v":87.38252679,"d":"87.38"},0,"0_20611001_668",{"v":1356.40832761,"d":"1,356.41"},{"v":0,"d":"0.00"},{"v":87.38252679,"d":"87.38"},{"v":0,"d":"0.00"},"0_20611001_668_538","außerhalb GKL",{"v":241.451416752,"d":"241.45"},{"v":0.178007913869,"d":"0.18"},{"v":15.5547813025,"d":"15.55"}]
[2,206,20611,{"v":3342.85881999999,"d":"3,342.86"},1966,{"v":0.588119363,"d":"0.59"}," ",410,20611001,{"v":1473.31623592999,"d":"1,473.32"},1114,{"v":0.756117372,"d":"0.76"},{"v":0,"d":"0.00"},{"v":0.921559671,"d":"0.92"},{"v":1026.617473,"d":"1,026.62"},{"v":87.38252679,"d":"87.38"},0,"0_20611001_668",{"v":1356.40832761,"d":"1,356.41"},{"v":0,"d":"0.00"},{"v":87.38252679,"d":"87.38"},{"v":0,"d":"0.00"},"0_20611001_668_539","außerhalb GKL",{"v":0.0313636527783,"d":"0.03"},{"v":2.3122574626e-05,"d":"0.00"},{"v":0.0020205089967,"d":"0.00"}]
[2,206,20611,{"v":3342.85881999999,"d":"3,342.86"},1966,{"v":0.588119363,"d":"0.59"}," ",410,20611001,{"v":1473.31623592999,"d":"1,473.32"},1114,{"v":0.756117372,"d":"0.76"},{"v":0,"d":"0.00"},{"v":0.921559671,"d":"0.92"},{"v":1026.617473,"d":"1,026.62"},{"v":87.38252679,"d":"87.38"},0,"0_20611001_668",{"v":1356.40832761,"d":"1,356.41"},{"v":0,"d":"0.00"},{"v":87.38252679,"d":"87.38"},{"v":0,"d":"0.00"},"0_20611001_668_540","außerhalb GKL",{"v":0.00192774004587,"d":"0.00"},{"v":1.421209238e-06,"d":"0.00"},{"v":1.24188854325E-4,"d":"0.00"}]
[2,206,20611,{"v":3342.85881999999,"d":"3,342.86"},1966,{"v":0.588119363,"d":"0.59"}," ",410,20611001,{"v":1473.31623592999,"d":"1,473.32"},1114,{"v":0.756117372,"d":"0.76"},{"v":0,"d":"0.00"},{"v":0.921559671,"d":"0.92"},{"v":1026.617473,"d":"1,026.62"},{"v":87.38252679,"d":"87.38"},0,"0_20611001_668",{"v":1356.40832761,"d":"1,356.41"},{"v":0,"d":"0.00"},{"v":87.38252679,"d":"87.38"},{"v":0,"d":"0.00"},"0_20611001_668_541","D",{"v":13.3559021083,"d":"13.36"},{"v":0.00984652028186,"d":"0.01"},{"v":0.860413822318,"d":"0.86"}]
[2,206,20611,{"v":3342.85881999999,"d":"3,342.86"},1966,{"v":0.588119363,"d":"0.59"}," ",410,20611001,{"v":1473.31623592999,"d":"1,473.32"},1114,{"v":0.756117372,"d":"0.76"},{"v":0,"d":"0.00"},{"v":0.921559671,"d":"0.92"},{"v":1026.617473,"d":"1,026.62"},{"v":87.38252679,"d":"87.38"},0,"0_20611001_668",{"v":1356.40832761,"d":"1,356.41"},{"v":0,"d":"0.00"},{"v":87.38252679,"d":"87.38"},{"v":0,"d":"0.00"},"0_20611001_668_542","E",{"v":21.9648697209,"d":"21.96"},{"v":0.0161934052407,"d":"0.02"},{"v":1.41502066727,"d":"1.42"}]
[2,206,20611,{"v":3342.85881999999,"d":"3,342.86"},1966,{"v":0.588119363,"d":"0.59"}," ",410,20611001,{"v":1473.31623592999,"d":"1,473.32"},1114,{"v":0.756117372,"d":"0.76"},{"v":0,"d":"0.00"},{"v":0.921559671,"d":"0.92"},{"v":1026.617473,"d":"1,026.62"},{"v":87.38252679,"d":"87.38"},0,"0_20611001_668",{"v":1356.40832761,"d":"1,356.41"},{"v":0,"d":"0.00"},{"v":87.38252679,"d":"87.38"},{"v":0,"d":"0.00"},"0_20611001_668_543","F",{"v":0.00121727202095,"d":"0.00"},{"v":8.97422993e-07,"d":"0.00"},{"v":7.8419088719e-05,"d":"0.00"}]
[2,206,20611,{"v":3342.85881999999,"d":"3,342.86"},1966,{"v":0.588119363,"d":"0.59"}," ",410,20611001,{"v":1473.31623592999,"d":"1,473.32"},1114,{"v":0.756117372,"d":"0.76"},{"v":0,"d":"0.00"},{"v":0.921559671,"d":"0.92"},{"v":1026.617473,"d":"1,026.62"},{"v":87.38252679,"d":"87.38"},0,"0_20611001_668",{"v":1356.40832761,"d":"1,356.41"},{"v":0,"d":"0.00"},{"v":87.38252679,"d":"87.38"},{"v":0,"d":"0.00"},"0_20611001_668_544","F",{"v":0.0366435099331,"d":"0.04"},{"v":2.7015102449e-05,"d":"0.00"},{"v":2.36064791348E-3,"d":"0.00"}]
[2,206,20611,{"v":3342.85881999999,"d":"3,342.86"},1966,{"v":0.588119363,"d":"0.59"}," ",410,20611001,{"v":1473.31623592999,"d":"1,473.32"},1114,{"v":0.756117372,"d":"0.76"},{"v":0,"d":"0.00"},{"v":0.921559671,"d":"0.92"},{"v":1026.617473,"d":"1,026.62"},{"v":87.38252679,"d":"87.38"},0,"0_20611001_668",{"v":1356.40832761,"d":"1,356.41"},{"v":0,"d":"0.00"},{"v":87.38252679,"d":"87.38"},{"v":0,"d":"0.00"},"0_20611001_668_545","F",{"v":43.818384379,"d":"43.82"},{"v":0.0323047149498,"d":"0.03"},{"v":2.82286761954,"d":"2.82"}]
[2,206,20611,{"v":3342.85881999999,"d":"3,342.86"},1966,{"v":0.588119363,"d":"0.59"}," ",410,20611001,{"v":1473.31623592999,"d":"1,473.32"},1114,{"v":0.756117372,"d":"0.76"},{"v":0,"d":"0.00"},{"v":0.921559671,"d":"0.92"},{"v":1026.617473,"d":"1,026.62"},{"v":87.38252679,"d":"87.38"},0,"0_20611001_668",{"v":1356.40832761,"d":"1,356.41"},{"v":0,"d":"0.00"},{"v":87.38252679,"d":"87.38"},{"v":0,"d":"0.00"},"0_20611001_668_546","F",{"v":0.0870934999546,"d":"0.09"},{"v":6.4208909796e-05,"d":"0.00"},{"v":0.00561073678044,"d":"0.01"}]
[2,206,20611,{"v":3342.85881999999,"d":"3,342.86"},1966,{"v":0.588119363,"d":"0.59"}," ",410,20611001,{"v":1473.31623592999,"d":"1,473.32"},1114,{"v":0.756117372,"d":"0.76"},{"v":0,"d":"0.00"},{"v":0.921559671,"d":"0.92"},{"v":1026.617473,"d":"1,026.62"},{"v":87.38252679,"d":"87.38"},0,"0_20611001_668",{"v":1356.40832761,"d":"1,356.41"},{"v":0,"d":"0.00"},{"v":87.38252679,"d":"87.38"},{"v":0,"d":"0.00"},"0_20611001_668_547","G",{"v":6.11489885116,"d":"6.11"},{"v":0.00450815490195,"d":"0.00"},{"v":0.393933966493,"d":"0.39"}]
[2,206,20611,{"v":3342.85881999999,"d":"3,342.86"},1966,{"v":0.588119363,"d":"0.59"}," ",410,20611001,{"v":1473.31623592999,"d":"1,473.32"},1114,{"v":0.756117372,"d":"0.76"},{"v":0,"d":"0.00"},{"v":0.921559671,"d":"0.92"},{"v":1026.617473,"d":"1,026.62"},{"v":87.38252679,"d":"87.38"},0,"0_20611001_668",{"v":1356.40832761,"d":"1,356.41"},{"v":0,"d":"0.00"},{"v":87.38252679,"d":"87.38"},{"v":0,"d":"0.00"},"0_20611001_668_548","G",{"v":20.9253649732999,"d":"20.93"},{"v":0.0154270395923,"d":"0.02"},{"v":1.34805370046,"d":"1.35"}]
[2,206,20611,{"v":3342.85881999999,"d":"3,342.86"},1966,{"v":0.588119363,"d":"0.59"}," ",410,20611001,{"v":1473.31623592999,"d":"1,473.32"},1114,{"v":0.756117372,"d":"0.76"},{"v":0,"d":"0.00"},{"v":0.921559671,"d":"0.92"},{"v":1026.617473,"d":"1,026.62"},{"v":87.38252679,"d":"87.38"},0,"0_20611001_668",{"v":1356.40832761,"d":"1,356.41"},{"v":0,"d":"0.00"},{"v":87.38252679,"d":"87.38"},{"v":0,"d":"0.00"},"0_20611001_668_549","G",{"v":1.55461911035,"d":"1.55"},{"v":0.00114612914025,"d":"0.00"},{"v":0.100151660303,"d":"0.10"}]
[2,206,20611,{"v":3342.85881999999,"d":"3,342.86"},1966,{"v":0.588119363,"d":"0.59"}," ",410,20611001,{"v":1473.31623592999,"d":"1,473.32"},1114,{"v":0.756117372,"d":"0.76"},{"v":0,"d":"0.00"},{"v":0.921559671,"d":"0.92"},{"v":1026.617473,"d":"1,026.62"},{"v":87.38252679,"d":"87.38"},0,"0_20611001_668",{"v":1356.40832761,"d":"1,356.41"},{"v":0,"d":"0.00"},{"v":87.38252679,"d":"87.38"},{"v":0,"d":"0.00"},"0_20611001_668_550","G",{"v":3.21094037078,"d":"3.21"},{"v":0.00236723728793,"d":"0.00"},{"v":0.206855175731,"d":"0.21"}]
[2,206,20611,{"v":3342.85881999999,"d":"3,342.86"},1966,{"v":0.588119363,"d":"0.59"}," ",410,20611001,{"v":1473.31623592999,"d":"1,473.32"},1114,{"v":0.756117372,"d":"0.76"},{"v":0,"d":"0.00"},{"v":0.921559671,"d":"0.92"},{"v":1026.617473,"d":"1,026.62"},{"v":87.38252679,"d":"87.38"},0,"0_20611001_668",{"v":1356.40832761,"d":"1,356.41"},{"v":0,"d":"0.00"},{"v":87.38252679,"d":"87.38"},{"v":0,"d":"0.00"},"0_20611001_668_551","G",{"v":0.199060044146,"d":"0.20"},{"v":0.000146755250682,"d":"0.00"},{"v":0.0128238446243,"d":"0.01"}]
[2,206,20611,{"v":3342.85881999999,"d":"3,342.86"},1966,{"v":0.588119363,"d":"0.59"}," ",410,20611001,{"v":1473.31623592999,"d":"1,473.32"},1114,{"v":0.756117372,"d":"0.76"},{"v":0,"d":"0.00"},{"v":0.921559671,"d":"0.92"},{"v":1026.617473,"d":"1,026.62"},{"v":87.38252679,"d":"87.38"},0,"0_20611001_668",{"v":1356.40832761,"d":"1,356.41"},{"v":0,"d":"0.00"},{"v":87.38252679,"d":"87.38"},{"v":0,"d":"0.00"},"0_20611001_668_552","G",{"v":10.5420961741999,"d":"10.54"},{"v":7.77206683239E-3,"d":"0.01"},{"v":0.679142838195,"d":"0.68"}]
[2,206,20611,{"v":3342.85881999999,"d":"3,342.86"},1966,{"v":0.588119363,"d":"0.59"}," ",410,20611001,{"v":1473.31623592999,"d":"1,473.32"},1114,{"v":0.756117372,"d":"0.76"},{"v":0,"d":"0.00"},{"v":0.921559671,"d":"0.92"},{"v":1026.617473,"d":"1,026.62"},{"v":87.38252679,"d":"87.38"},0,"0_20611001_668",{"v":1356.40832761,"d":"1,356.41"},{"v":0,"d":"0.00"},{"v":87.38252679,"d":"87.38"},{"v":0,"d":"0.00"},"0_20611001_668_553","G",{"v":1.02819722481,"d":"1.03"},{"v":0.000758029277675,"d":"0.00"},{"v":0.066238513664,"d":"0.07"}]
[2,206,20611,{"v":3342.85881999999,"d":"3,342.86"},1966,{"v":0.588119363,"d":"0.59"}," ",410,20611001,{"v":1473.31623592999,"d":"1,473.32"},1114,{"v":0.756117372,"d":"0.76"},{"v":0,"d":"0.00"},{"v":0.921559671,"d":"0.92"},{"v":1026.617473,"d":"1,026.62"},{"v":87.38252679,"d":"87.38"},0,"0_20611001_668",{"v":1356.40832761,"d":"1,356.41"},{"v":0,"d":"0.00"},{"v":87.38252679,"d":"87.38"},{"v":0,"d":"0.00"},"0_20611001_668_554","G",{"v":96.5248517816,"d":"96.52"},{"v":0.0711620902178,"d":"0.07"},{"v":6.21832325489,"d":"6.22"}]
[2,206,20611,{"v":3342.85881999999,"d":"3,342.86"},1966,{"v":0.588119363,"d":"0.59"}," ",410,20611001,{"v":1473.31623592999,"d":"1,473.32"},1114,{"v":0.756117372,"d":"0.76"},{"v":0,"d":"0.00"},{"v":0.921559671,"d":"0.92"},{"v":1026.617473,"d":"1,026.62"},{"v":87.38252679,"d":"87.38"},0,"0_20611001_668",{"v":1356.40832761,"d":"1,356.41"},{"v":0,"d":"0.00"},{"v":87.38252679,"d":"87.38"},{"v":0,"d":"0.00"},"0_20611001_668_555","G",{"v":4.77779860223,"d":"4.78"},{"v":0.00352238961158,"d":"0.00"},{"v":0.307795304599,"d":"0.31"}]
[2,206,20611,{"v":3342.85881999999,"d":"3,342.86"},1966,{"v":0.588119363,"d":"0.59"}," ",410,20611001,{"v":1473.31623592999,"d":"1,473.32"},1114,{"v":0.756117372,"d":"0.76"},{"v":0,"d":"0.00"},{"v":0.921559671,"d":"0.92"},{"v":1026.617473,"d":"1,026.62"},{"v":87.38252679,"d":"87.38"},0,"0_20611001_668",{"v":1356.40832761,"d":"1,356.41"},{"v":0,"d":"0.00"},{"v":87.38252679,"d":"87.38"},{"v":0,"d":"0.00"},"0_20611001_668_556","G",{"v":0.0127940283073,"d":"0.01"},{"v":9.432283809e-06,"d":"0.00"},{"v":0.000824216792656,"d":"0.00"}]
[2,206,20611,{"v":3342.85881999999,"d":"3,342.86"},1966,{"v":0.588119363,"d":"0.59"}," ",410,20611001,{"v":1473.31623592999,"d":"1,473.32"},1114,{"v":0.756117372,"d":"0.76"},{"v":0,"d":"0.00"},{"v":0.921559671,"d":"0.92"},{"v":1026.617473,"d":"1,026.62"},{"v":87.38252679,"d":"87.38"},0,"0_20611001_668",{"v":1356.40832761,"d":"1,356.41"},{"v":0,"d":"0.00"},{"v":87.38252679,"d":"87.38"},{"v":0,"d":"0.00"},"0_20611001_668_557","G",{"v":0.0985024383555,"d":"0.10"},{"v":7.2620048366E-5,"d":"0.00"},{"v":0.00634572332186,"d":"0.01"}]
[2,206,20622,{"v":7472.93291399999,"d":"7,472.93"},824,{"v":0.110264606,"d":"0.11"}," ",410,20622000,{"v":7472.93291415,"d":"7,472.93"},824,{"v":0.110264606,"d":"0.11"},{"v":0,"d":"0.00"},{"v":0.921559671,"d":"0.92"},{"v":759.3651687,"d":"759.37"},{"v":64.6348313099999,"d":"64.63"},0,"0_20622000_678",{"v":7404.11288141,"d":"7,404.11"},{"v":0,"d":"0.00"},{"v":64.6348313099999,"d":"64.63"},{"v":0,"d":"0.00"},"0_20622000_678_558","außerhalb GKL",{"v":7216.08073645999,"d":"7,216.08"},{"v":0.974604365444,"d":"0.97"},{"v":62.9933887545,"d":"62.99"}]
[2,206,20622,{"v":7472.93291399999,"d":"7,472.93"},824,{"v":0.110264606,"d":"0.11"}," ",410,20622000,{"v":7472.93291415,"d":"7,472.93"},824,{"v":0.110264606,"d":"0.11"},{"v":0,"d":"0.00"},{"v":0.921559671,"d":"0.92"},{"v":759.3651687,"d":"759.37"},{"v":64.6348313099999,"d":"64.63"},0,"0_20622000_678",{"v":7404.11288141,"d":"7,404.11"},{"v":0,"d":"0.00"},{"v":64.6348313099999,"d":"64.63"},{"v":0,"d":"0.00"},"0_20622000_678_559","außerhalb GKL",{"v":0.00569554443921,"d":"0.01"},{"v":7.69240628e-07,"d":"0.00"},{"v":4.9719738197e-05,"d":"0.00"}]
[2,206,20622,{"v":7472.93291399999,"d":"7,472.93"},824,{"v":0.110264606,"d":"0.11"}," ",410,20622000,{"v":7472.93291415,"d":"7,472.93"},824,{"v":0.110264606,"d":"0.11"},{"v":0,"d":"0.00"},{"v":0.921559671,"d":"0.92"},{"v":759.3651687,"d":"759.37"},{"v":64.6348313099999,"d":"64.63"},0,"0_20622000_678",{"v":7404.11288141,"d":"7,404.11"},{"v":0,"d":"0.00"},{"v":64.6348313099999,"d":"64.63"},{"v":0,"d":"0.00"},"0_20622000_678_560","außerhalb GKL",{"v":6.85975207618E-3,"d":"0.01"},{"v":9.26478592E-7,"d":"0.00"},{"v":5.9882787496e-05,"d":"0.00"}]
[2,206,20622,{"v":7472.93291399999,"d":"7,472.93"},824,{"v":0.110264606,"d":"0.11"}," ",410,20622000,{"v":7472.93291415,"d":"7,472.93"},824,{"v":0.110264606,"d":"0.11"},{"v":0,"d":"0.00"},{"v":0.921559671,"d":"0.92"},{"v":759.3651687,"d":"759.37"},{"v":64.6348313099999,"d":"64.63"},0,"0_20622000_678",{"v":7404.11288141,"d":"7,404.11"},{"v":0,"d":"0.00"},{"v":64.6348313099999,"d":"64.63"},{"v":0,"d":"0.00"},"0_20622000_678_561","außerhalb GKL",{"v":0.000644721187885,"d":"0.00"},{"v":8.7076088e-08,"d":"0.00"},{"v":5.628148286e-06,"d":"0.00"}]
[2,206,20622,{"v":7472.93291399999,"d":"7,472.93"},824,{"v":0.110264606,"d":"0.11"}," ",410,20622000,{"v":7472.93291415,"d":"7,472.93"},824,{"v":0.110264606,"d":"0.11"},{"v":0,"d":"0.00"},{"v":0.921559671,"d":"0.92"},{"v":759.3651687,"d":"759.37"},{"v":64.6348313099999,"d":"64.63"},0,"0_20622000_678",{"v":7404.11288141,"d":"7,404.11"},{"v":0,"d":"0.00"},{"v":64.6348313099999,"d":"64.63"},{"v":0,"d":"0.00"},"0_20622000_678_562","außerhalb GKL",{"v":0.000615697801997,"d":"0.00"},{"v":8.3156188e-08,"d":"0.00"},{"v":5.374786177e-06,"d":"0.00"}]
[2,206,20622,{"v":7472.93291399999,"d":"7,472.93"},824,{"v":0.110264606,"d":"0.11"}," ",410,20622000,{"v":7472.93291415,"d":"7,472.93"},824,{"v":0.110264606,"d":"0.11"},{"v":0,"d":"0.00"},{"v":0.921559671,"d":"0.92"},{"v":759.3651687,"d":"759.37"},{"v":64.6348313099999,"d":"64.63"},0,"0_20622000_678",{"v":7404.11288141,"d":"7,404.11"},{"v":0,"d":"0.00"},{"v":64.6348313099999,"d":"64.63"},{"v":0,"d":"0.00"},"0_20622000_678_563","F",{"v":4.58946971698,"d":"4.59"},{"v":0.000619854098727,"d":"0.00"},{"v":0.040064165108,"d":"0.04"}]
[2,206,20622,{"v":7472.93291399999,"d":"7,472.93"},824,{"v":0.110264606,"d":"0.11"}," ",410,20622000,{"v":7472.93291415,"d":"7,472.93"},824,{"v":0.110264606,"d":"0.11"},{"v":0,"d":"0.00"},{"v":0.921559671,"d":"0.92"},{"v":759.3651687,"d":"759.37"},{"v":64.6348313099999,"d":"64.63"},0,"0_20622000_678",{"v":7404.11288141,"d":"7,404.11"},{"v":0,"d":"0.00"},{"v":64.6348313099999,"d":"64.63"},{"v":0,"d":"0.00"},"0_20622000_678_564","F",{"v":0.345041566048,"d":"0.35"},{"v":4.6601337875e-05,"d":"0.00"},{"v":0.00301206961235,"d":"0.00"}]
[2,206,20622,{"v":7472.93291399999,"d":"7,472.93"},824,{"v":0.110264606,"d":"0.11"}," ",410,20622000,{"v":7472.93291415,"d":"7,472.93"},824,{"v":0.110264606,"d":"0.11"},{"v":0,"d":"0.00"},{"v":0.921559671,"d":"0.92"},{"v":759.3651687,"d":"759.37"},{"v":64.6348313099999,"d":"64.63"},0,"0_20622000_678",{"v":7404.11288141,"d":"7,404.11"},{"v":0,"d":"0.00"},{"v":64.6348313099999,"d":"64.63"},{"v":0,"d":"0.00"},"0_20622000_678_565","F",{"v":2.22781361816,"d":"2.23"},{"v":0.000300888661997,"d":"0.00"},{"v":0.0194478879113,"d":"0.02"}]
[2,206,20622,{"v":7472.93291399999,"d":"7,472.93"},824,{"v":0.110264606,"d":"0.11"}," ",410,20622000,{"v":7472.93291415,"d":"7,472.93"},824,{"v":0.110264606,"d":"0.11"},{"v":0,"d":"0.00"},{"v":0.921559671,"d":"0.92"},{"v":759.3651687,"d":"759.37"},{"v":64.6348313099999,"d":"64.63"},0,"0_20622000_678",{"v":7404.11288141,"d":"7,404.11"},{"v":0,"d":"0.00"},{"v":64.6348313099999,"d":"64.63"},{"v":0,"d":"0.00"},"0_20622000_678_566","F",{"v":0.311479786656,"d":"0.31"},{"v":4.2068481619e-05,"d":"0.00"},{"v":2.71908921291E-3,"d":"0.00"}]
[2,206,20622,{"v":7472.93291399999,"d":"7,472.93"},824,{"v":0.110264606,"d":"0.11"}," ",410,20622000,{"v":7472.93291415,"d":"7,472.93"},824,{"v":0.110264606,"d":"0.11"},{"v":0,"d":"0.00"},{"v":0.921559671,"d":"0.92"},{"v":759.3651687,"d":"759.37"},{"v":64.6348313099999,"d":"64.63"},0,"0_20622000_678",{"v":7404.11288141,"d":"7,404.11"},{"v":0,"d":"0.00"},{"v":64.6348313099999,"d":"64.63"},{"v":0,"d":"0.00"},"0_20622000_678_567","F",{"v":0.126679394107,"d":"0.13"},{"v":1.7109327766e-05,"d":"0.00"},{"v":1.105858514E-3,"d":"0.00"}]
[2,206,20622,{"v":7472.93291399999,"d":"7,472.93"},824,{"v":0.110264606,"d":"0.11"}," ",410,20622000,{"v":7472.93291415,"d":"7,472.93"},824,{"v":0.110264606,"d":"0.11"},{"v":0,"d":"0.00"},{"v":0.921559671,"d":"0.92"},{"v":759.3651687,"d":"759.37"},{"v":64.6348313099999,"d":"64.63"},0,"0_20622000_678",{"v":7404.11288141,"d":"7,404.11"},{"v":0,"d":"0.00"},{"v":64.6348313099999,"d":"64.63"},{"v":0,"d":"0.00"},"0_20622000_678_568","F",{"v":5.7149677852,"d":"5.71"},{"v":7.7186394599E-4,"d":"0.00"},{"v":0.0498892959433,"d":"0.05"}]
[2,206,20622,{"v":7472.93291399999,"d":"7,472.93"},824,{"v":0.110264606,"d":"0.11"}," ",410,20622000,{"v":7472.93291415,"d":"7,472.93"},824,{"v":0.110264606,"d":"0.11"},{"v":0,"d":"0.00"},{"v":0.921559671,"d":"0.92"},{"v":759.3651687,"d":"759.37"},{"v":64.6348313099999,"d":"64.63"},0,"0_20622000_678",{"v":7404.11288141,"d":"7,404.11"},{"v":0,"d":"0.00"},{"v":64.6348313099999,"d":"64.63"},{"v":0,"d":"0.00"},"0_20622000_678_569","F",{"v":7.60222118703,"d":"7.60"},{"v":0.00102675652152,"d":"0.00"},{"v":0.0663642345649,"d":"0.07"}]
[2,206,20622,{"v":7472.93291399999,"d":"7,472.93"},824,{"v":0.110264606,"d":"0.11"}," ",410,20622000,{"v":7472.93291415,"d":"7,472.93"},824,{"v":0.110264606,"d":"0.11"},{"v":0,"d":"0.00"},{"v":0.921559671,"d":"0.92"},{"v":759.3651687,"d":"759.37"},{"v":64.6348313099999,"d":"64.63"},0,"0_20622000_678",{"v":7404.11288141,"d":"7,404.11"},{"v":0,"d":"0.00"},{"v":64.6348313099999,"d":"64.63"},{"v":0,"d":"0.00"},"0_20622000_678_570","F",{"v":4.97813546675,"d":"4.98"},{"v":6.72347321885E-4,"d":"0.00"},{"v":0.0434570557318,"d":"0.04"}]
[2,206,20622,{"v":7472.93291399999,"d":"7,472.93"},824,{"v":0.110264606,"d":"0.11"}," ",410,20622000,{"v":7472.93291415,"d":"7,472.93"},824,{"v":0.110264606,"d":"0.11"},{"v":0,"d":"0.00"},{"v":0.921559671,"d":"0.92"},{"v":759.3651687,"d":"759.37"},{"v":64.6348313099999,"d":"64.63"},0,"0_20622000_678",{"v":7404.11288141,"d":"7,404.11"},{"v":0,"d":"0.00"},{"v":64.6348313099999,"d":"64.63"},{"v":0,"d":"0.00"},"0_20622000_678_571","F",{"v":1.57949778269,"d":"1.58"},{"v":0.000213327080231,"d":"0.00"},{"v":0.0137883598446,"d":"0.01"}]
[2,206,20622,{"v":7472.93291399999,"d":"7,472.93"},824,{"v":0.110264606,"d":"0.11"}," ",410,20622000,{"v":7472.93291415,"d":"7,472.93"},824,{"v":0.110264606,"d":"0.11"},{"v":0,"d":"0.00"},{"v":0.921559671,"d":"0.92"},{"v":759.3651687,"d":"759.37"},{"v":64.6348313099999,"d":"64.63"},0,"0_20622000_678",{"v":7404.11288141,"d":"7,404.11"},{"v":0,"d":"0.00"},{"v":64.6348313099999,"d":"64.63"},{"v":0,"d":"0.00"},"0_20622000_678_572","G",{"v":0.0155642684274,"d":"0.02"},{"v":2.102111175e-06,"d":"0.00"},{"v":1.35869601177E-4,"d":"0.00"}]
[2,206,20622,{"v":7472.93291399999,"d":"7,472.93"},824,{"v":0.110264606,"d":"0.11"}," ",410,20622000,{"v":7472.93291415,"d":"7,472.93"},824,{"v":0.110264606,"d":"0.11"},{"v":0,"d":"0.00"},{"v":0.921559671,"d":"0.92"},{"v":759.3651687,"d":"759.37"},{"v":64.6348313099999,"d":"64.63"},0,"0_20622000_678",{"v":7404.11288141,"d":"7,404.11"},{"v":0,"d":"0.00"},{"v":64.6348313099999,"d":"64.63"},{"v":0,"d":"0.00"},"0_20622000_678_573","G",{"v":0.00812111270072,"d":"0.01"},{"v":1.096838045e-06,"d":"0.00"},{"v":7.0893942038e-05,"d":"0.00"}]
[2,206,20622,{"v":7472.93291399999,"d":"7,472.93"},824,{"v":0.110264606,"d":"0.11"}," ",410,20622000,{"v":7472.93291415,"d":"7,472.93"},824,{"v":0.110264606,"d":"0.11"},{"v":0,"d":"0.00"},{"v":0.921559671,"d":"0.92"},{"v":759.3651687,"d":"759.37"},{"v":64.6348313099999,"d":"64.63"},0,"0_20622000_678",{"v":7404.11288141,"d":"7,404.11"},{"v":0,"d":"0.00"},{"v":64.6348313099999,"d":"64.63"},{"v":0,"d":"0.00"},"0_20622000_678_574","G",{"v":0.0181617477113,"d":"0.02"},{"v":2.452926907e-06,"d":"0.00"},{"v":0.000158544516867,"d":"0.00"}]
[2,206,20622,{"v":7472.93291399999,"d":"7,472.93"},824,{"v":0.110264606,"d":"0.11"}," ",410,20622000,{"v":7472.93291415,"d":"7,472.93"},824,{"v":0.110264606,"d":"0.11"},{"v":0,"d":"0.00"},{"v":0.921559671,"d":"0.92"},{"v":759.3651687,"d":"759.37"},{"v":64.6348313099999,"d":"64.63"},0,"0_20622000_678",{"v":7404.11288141,"d":"7,404.11"},{"v":0,"d":"0.00"},{"v":64.6348313099999,"d":"64.63"},{"v":0,"d":"0.00"},"0_20622000_678_575","G",{"v":1.01635308869,"d":"1.02"},{"v":1.37268718747E-4,"d":"0.00"},{"v":0.00887234048035,"d":"0.01"}]
[2,206,20622,{"v":7472.93291399999,"d":"7,472.93"},824,{"v":0.110264606,"d":"0.11"}," ",410,20622000,{"v":7472.93291415,"d":"7,472.93"},824,{"v":0.110264606,"d":"0.11"},{"v":0,"d":"0.00"},{"v":0.921559671,"d":"0.92"},{"v":759.3651687,"d":"759.37"},{"v":64.6348313099999,"d":"64.63"},0,"0_20622000_678",{"v":7404.11288141,"d":"7,404.11"},{"v":0,"d":"0.00"},{"v":64.6348313099999,"d":"64.63"},{"v":0,"d":"0.00"},"0_20622000_678_576","G",{"v":14.2982614128,"d":"14.30"},{"v":0.00193112417947,"d":"0.00"},{"v":0.124817885579,"d":"0.12"}]
[2,206,20622,{"v":7472.93291399999,"d":"7,472.93"},824,{"v":0.110264606,"d":"0.11"}," ",410,20622000,{"v":7472.93291415,"d":"7,472.93"},824,{"v":0.110264606,"d":"0.11"},{"v":0,"d":"0.00"},{"v":0.921559671,"d":"0.92"},{"v":759.3651687,"d":"759.37"},{"v":64.6348313099999,"d":"64.63"},0,"0_20622000_678",{"v":7404.11288141,"d":"7,404.11"},{"v":0,"d":"0.00"},{"v":64.6348313099999,"d":"64.63"},{"v":0,"d":"0.00"},"0_20622000_678_577","G",{"v":0.21540086829,"d":"0.22"},{"v":2.9092056232e-05,"d":"0.00"},{"v":1.88036014698E-3,"d":"0.00"}]
[2,206,20622,{"v":7472.93291399999,"d":"7,472.93"},824,{"v":0.110264606,"d":"0.11"}," ",410,20622000,{"v":7472.93291415,"d":"7,472.93"},824,{"v":0.110264606,"d":"0.11"},{"v":0,"d":"0.00"},{"v":0.921559671,"d":"0.92"},{"v":759.3651687,"d":"759.37"},{"v":64.6348313099999,"d":"64.63"},0,"0_20622000_678",{"v":7404.11288141,"d":"7,404.11"},{"v":0,"d":"0.00"},{"v":64.6348313099999,"d":"64.63"},{"v":0,"d":"0.00"},"0_20622000_678_578","G",{"v":0.0339444054098,"d":"0.03"},{"v":4.584533752e-06,"d":"0.00"},{"v":2.96320565707E-4,"d":"0.00"}]
[2,206,20622,{"v":7472.93291399999,"d":"7,472.93"},824,{"v":0.110264606,"d":"0.11"}," ",410,20622000,{"v":7472.93291415,"d":"7,472.93"},824,{"v":0.110264606,"d":"0.11"},{"v":0,"d":"0.00"},{"v":0.921559671,"d":"0.92"},{"v":759.3651687,"d":"759.37"},{"v":64.6348313099999,"d":"64.63"},0,"0_20622000_678",{"v":7404.11288141,"d":"7,404.11"},{"v":0,"d":"0.00"},{"v":64.6348313099999,"d":"64.63"},{"v":0,"d":"0.00"},"0_20622000_678_579","G",{"v":6.71321493979,"d":"6.71"},{"v":0.00090668727602,"d":"0.00"},{"v":0.0586035791365,"d":"0.06"}]
[2,206,20622,{"v":7472.93291399999,"d":"7,472.93"},824,{"v":0.110264606,"d":"0.11"}," ",410,20622000,{"v":7472.93291415,"d":"7,472.93"},824,{"v":0.110264606,"d":"0.11"},{"v":0,"d":"0.00"},{"v":0.921559671,"d":"0.92"},{"v":759.3651687,"d":"759.37"},{"v":64.6348313099999,"d":"64.63"},0,"0_20622000_678",{"v":7404.11288141,"d":"7,404.11"},{"v":0,"d":"0.00"},{"v":64.6348313099999,"d":"64.63"},{"v":0,"d":"0.00"},"0_20622000_678_580","G",{"v":39.4305973144,"d":"39.43"},{"v":0.00532549921185,"d":"0.01"},{"v":0.344212743199,"d":"0.34"}]
[2,206,20622,{"v":7472.93291399999,"d":"7,472.93"},824,{"v":0.110264606,"d":"0.11"}," ",410,20622000,{"v":7472.93291415,"d":"7,472.93"},824,{"v":0.110264606,"d":"0.11"},{"v":0,"d":"0.00"},{"v":0.921559671,"d":"0.92"},{"v":759.3651687,"d":"759.37"},{"v":64.6348313099999,"d":"64.63"},0,"0_20622000_678",{"v":7404.11288141,"d":"7,404.11"},{"v":0,"d":"0.00"},{"v":64.6348313099999,"d":"64.63"},{"v":0,"d":"0.00"},"0_20622000_678_581","G",{"v":1.03170548652,"d":"1.03"},{"v":0.000139342214664,"d":"0.00"},{"v":9.00636053917E-3,"d":"0.01"}]
[2,206,20622,{"v":7472.93291399999,"d":"7,472.93"},824,{"v":0.110264606,"d":"0.11"}," ",410,20622000,{"v":7472.93291415,"d":"7,472.93"},824,{"v":0.110264606,"d":"0.11"},{"v":0,"d":"0.00"},{"v":0.921559671,"d":"0.92"},{"v":759.3651687,"d":"759.37"},{"v":64.6348313099999,"d":"64.63"},0,"0_20622000_678",{"v":7404.11288141,"d":"7,404.11"},{"v":0,"d":"0.00"},{"v":64.6348313099999,"d":"64.63"},{"v":0,"d":"0.00"},"0_20622000_678_582","G",{"v":0.0120350027692,"d":"0.01"},{"v":1.62544831e-06,"d":"0.00"},{"v":1.05060577312E-4,"d":"0.00"}]
[2,206,20622,{"v":7472.93291399999,"d":"7,472.93"},824,{"v":0.110264606,"d":"0.11"}," ",410,20622000,{"v":7472.93291415,"d":"7,472.93"},824,{"v":0.110264606,"d":"0.11"},{"v":0,"d":"0.00"},{"v":0.921559671,"d":"0.92"},{"v":759.3651687,"d":"759.37"},{"v":64.6348313099999,"d":"64.63"},0,"0_20622000_678",{"v":7404.11288141,"d":"7,404.11"},{"v":0,"d":"0.00"},{"v":64.6348313099999,"d":"64.63"},{"v":0,"d":"0.00"},"0_20622000_678_583","G",{"v":0.103897145988,"d":"0.10"},{"v":1.4032355753E-5,"d":"0.00"},{"v":0.000906978946984,"d":"0.00"}]
[2,206,20622,{"v":7472.93291399999,"d":"7,472.93"},824,{"v":0.110264606,"d":"0.11"}," ",410,20622000,{"v":7472.93291415,"d":"7,472.93"},824,{"v":0.110264606,"d":"0.11"},{"v":0,"d":"0.00"},{"v":0.921559671,"d":"0.92"},{"v":759.3651687,"d":"759.37"},{"v":64.6348313099999,"d":"64.63"},0,"0_20622000_678",{"v":7404.11288141,"d":"7,404.11"},{"v":0,"d":"0.00"},{"v":64.6348313099999,"d":"64.63"},{"v":0,"d":"0.00"},"0_20622000_678_584","G",{"v":78.1996805074,"d":"78.20"},{"v":0.0105616542805,"d":"0.01"},{"v":0.682650742775,"d":"0.68"}]
[2,206,20622,{"v":7472.93291399999,"d":"7,472.93"},824,{"v":0.110264606,"d":"0.11"}," ",410,20622000,{"v":7472.93291415,"d":"7,472.93"},824,{"v":0.110264606,"d":"0.11"},{"v":0,"d":"0.00"},{"v":0.921559671,"d":"0.92"},{"v":759.3651687,"d":"759.37"},{"v":64.6348313099999,"d":"64.63"},0,"0_20622000_678",{"v":7404.11288141,"d":"7,404.11"},{"v":0,"d":"0.00"},{"v":64.6348313099999,"d":"64.63"},{"v":0,"d":"0.00"},"0_20622000_678_585","G",{"v":19.4460856335999,"d":"19.45"},{"v":0.00262638967626,"d":"0.00"},{"v":0.169756253679,"d":"0.17"}]
[2,206,20625,{"v":6992.17483199999,"d":"6,992.17"},1188,{"v":0.169904218,"d":"0.17"},"M",410,20625000,{"v":1180.77447637,"d":"1,180.77"},632,{"v":0.535241922,"d":"0.54"},{"v":0,"d":"0.00"},{"v":0.921559671,"d":"0.92"},{"v":582.4257119,"d":"582.43"},{"v":49.57428809,"d":"49.57"},0,"0_20625000_680",{"v":1116.20720609,"d":"1,116.21"},{"v":0,"d":"0.00"},{"v":49.57428809,"d":"49.57"},{"v":0,"d":"0.00"},"0_20625000_680_586","außerhalb GKL",{"v":1023.21482833,"d":"1,023.21"},{"v":0.916688964869,"d":"0.92"},{"v":45.4442028332999,"d":"45.44"}]
[2,206,20625,{"v":6992.17483199999,"d":"6,992.17"},1188,{"v":0.169904218,"d":"0.17"},"M",410,20625000,{"v":1180.77447637,"d":"1,180.77"},632,{"v":0.535241922,"d":"0.54"},{"v":0,"d":"0.00"},{"v":0.921559671,"d":"0.92"},{"v":582.4257119,"d":"582.43"},{"v":49.57428809,"d":"49.57"},0,"0_20625000_680",{"v":1116.20720609,"d":"1,116.21"},{"v":0,"d":"0.00"},{"v":49.57428809,"d":"49.57"},{"v":0,"d":"0.00"},"0_20625000_680_587","außerhalb GKL",{"v":0.000190269909299,"d":"0.00"},{"v":1.70461101E-7,"d":"0.00"},{"v":8.450487729e-06,"d":"0.00"}]
[2,206,20625,{"v":6992.17483199999,"d":"6,992.17"},1188,{"v":0.169904218,"d":"0.17"},"M",410,20625000,{"v":1180.77447637,"d":"1,180.77"},632,{"v":0.535241922,"d":"0.54"},{"v":0,"d":"0.00"},{"v":0.921559671,"d":"0.92"},{"v":582.4257119,"d":"582.43"},{"v":49.57428809,"d":"49.57"},0,"0_20625000_680",{"v":1116.20720609,"d":"1,116.21"},{"v":0,"d":"0.00"},{"v":49.57428809,"d":"49.57"},{"v":0,"d":"0.00"},"0_20625000_680_588","B",{"v":0.326438475632,"d":"0.33"},{"v":0.000292453295276,"d":"0.00"},{"v":0.0144981639129,"d":"0.01"}]
[2,206,20625,{"v":6992.17483199999,"d":"6,992.17"},1188,{"v":0.169904218,"d":"0.17"},"M",410,20625000,{"v":1180.77447637,"d":"1,180.77"},632,{"v":0.535241922,"d":"0.54"},{"v":0,"d":"0.00"},{"v":0.921559671,"d":"0.92"},{"v":582.4257119,"d":"582.43"},{"v":49.57428809,"d":"49.57"},0,"0_20625000_680",{"v":1116.20720609,"d":"1,116.21"},{"v":0,"d":"0.00"},{"v":49.57428809,"d":"49.57"},{"v":0,"d":"0.00"},"0_20625000_680_589","B",{"v":3.23296862544,"d":"3.23"},{"v":0.00289638752357,"d":"0.00"},{"v":0.143586349514,"d":"0.14"}]
[2,206,20625,{"v":6992.17483199999,"d":"6,992.17"},1188,{"v":0.169904218,"d":"0.17"},"M",410,20625000,{"v":1180.77447637,"d":"1,180.77"},632,{"v":0.535241922,"d":"0.54"},{"v":0,"d":"0.00"},{"v":0.921559671,"d":"0.92"},{"v":582.4257119,"d":"582.43"},{"v":49.57428809,"d":"49.57"},0,"0_20625000_680",{"v":1116.20720609,"d":"1,116.21"},{"v":0,"d":"0.00"},{"v":49.57428809,"d":"49.57"},{"v":0,"d":"0.00"},"0_20625000_680_590","B",{"v":0.0276948781689,"d":"0.03"},{"v":2.4811592344e-05,"d":"0.00"},{"v":0.00123001702683,"d":"0.00"}]
[2,206,20625,{"v":6992.17483199999,"d":"6,992.17"},1188,{"v":0.169904218,"d":"0.17"},"M",410,20625000,{"v":1180.77447637,"d":"1,180.77"},632,{"v":0.535241922,"d":"0.54"},{"v":0,"d":"0.00"},{"v":0.921559671,"d":"0.92"},{"v":582.4257119,"d":"582.43"},{"v":49.57428809,"d":"49.57"},0,"0_20625000_680",{"v":1116.20720609,"d":"1,116.21"},{"v":0,"d":"0.00"},{"v":49.57428809,"d":"49.57"},{"v":0,"d":"0.00"},"0_20625000_680_591","C",{"v":2.00347749946,"d":"2.00"},{"v":1.79489747829E-3,"d":"0.00"},{"v":0.0889807646808,"d":"0.09"}]
[2,206,20625,{"v":6992.17483199999,"d":"6,992.17"},1188,{"v":0.169904218,"d":"0.17"},"M",410,20625000,{"v":1180.77447637,"d":"1,180.77"},632,{"v":0.535241922,"d":"0.54"},{"v":0,"d":"0.00"},{"v":0.921559671,"d":"0.92"},{"v":582.4257119,"d":"582.43"},{"v":49.57428809,"d":"49.57"},0,"0_20625000_680",{"v":1116.20720609,"d":"1,116.21"},{"v":0,"d":"0.00"},{"v":49.57428809,"d":"49.57"},{"v":0,"d":"0.00"},"0_20625000_680_592","C",{"v":3.62808068798,"d":"3.63"},{"v":0.00325036486791,"d":"0.00"},{"v":0.161134524359,"d":"0.16"}]
[2,206,20625,{"v":6992.17483199999,"d":"6,992.17"},1188,{"v":0.169904218,"d":"0.17"},"M",410,20625000,{"v":1180.77447637,"d":"1,180.77"},632,{"v":0.535241922,"d":"0.54"},{"v":0,"d":"0.00"},{"v":0.921559671,"d":"0.92"},{"v":582.4257119,"d":"582.43"},{"v":49.57428809,"d":"49.57"},0,"0_20625000_680",{"v":1116.20720609,"d":"1,116.21"},{"v":0,"d":"0.00"},{"v":49.57428809,"d":"49.57"},{"v":0,"d":"0.00"},"0_20625000_680_593","C",{"v":0.00751998327656,"d":"0.01"},{"v":6.737085405e-06,"d":"0.00"},{"v":0.00033398621273,"d":"0.00"}]
[2,206,20625,{"v":6992.17483199999,"d":"6,992.17"},1188,{"v":0.169904218,"d":"0.17"},"M",410,20625000,{"v":1180.77447637,"d":"1,180.77"},632,{"v":0.535241922,"d":"0.54"},{"v":0,"d":"0.00"},{"v":0.921559671,"d":"0.92"},{"v":582.4257119,"d":"582.43"},{"v":49.57428809,"d":"49.57"},0,"0_20625000_680",{"v":1116.20720609,"d":"1,116.21"},{"v":0,"d":"0.00"},{"v":49.57428809,"d":"49.57"},{"v":0,"d":"0.00"},"0_20625000_680_594","D",{"v":0.121707378901,"d":"0.12"},{"v":0.000109036546474,"d":"0.00"},{"v":0.00540540916724,"d":"0.01"}]
[2,206,20625,{"v":6992.17483199999,"d":"6,992.17"},1188,{"v":0.169904218,"d":"0.17"},"M",410,20625000,{"v":1180.77447637,"d":"1,180.77"},632,{"v":0.535241922,"d":"0.54"},{"v":0,"d":"0.00"},{"v":0.921559671,"d":"0.92"},{"v":582.4257119,"d":"582.43"},{"v":49.57428809,"d":"49.57"},0,"0_20625000_680",{"v":1116.20720609,"d":"1,116.21"},{"v":0,"d":"0.00"},{"v":49.57428809,"d":"49.57"},{"v":0,"d":"0.00"},"0_20625000_680_595","D",{"v":9.28803442665999,"d":"9.29"},{"v":0.00832106653315,"d":"0.01"},{"v":0.41251094953,"d":"0.41"}]
[2,206,20625,{"v":6992.17483199999,"d":"6,992.17"},1188,{"v":0.169904218,"d":"0.17"},"M",410,20625000,{"v":1180.77447637,"d":"1,180.77"},632,{"v":0.535241922,"d":"0.54"},{"v":0,"d":"0.00"},{"v":0.921559671,"d":"0.92"},{"v":582.4257119,"d":"582.43"},{"v":49.57428809,"d":"49.57"},0,"0_20625000_680",{"v":1116.20720609,"d":"1,116.21"},{"v":0,"d":"0.00"},{"v":49.57428809,"d":"49.57"},{"v":0,"d":"0.00"},"0_20625000_680_596","D",{"v":0.57905718314,"d":"0.58"},{"v":0.000518772124011,"d":"0.00"},{"v":0.0257177587288,"d":"0.03"}]
[2,206,20625,{"v":6992.17483199999,"d":"6,992.17"},1188,{"v":0.169904218,"d":"0.17"},"M",410,20625000,{"v":1180.77447637,"d":"1,180.77"},632,{"v":0.535241922,"d":"0.54"},{"v":0,"d":"0.00"},{"v":0.921559671,"d":"0.92"},{"v":582.4257119,"d":"582.43"},{"v":49.57428809,"d":"49.57"},0,"0_20625000_680",{"v":1116.20720609,"d":"1,116.21"},{"v":0,"d":"0.00"},{"v":49.57428809,"d":"49.57"},{"v":0,"d":"0.00"},"0_20625000_680_597","D",{"v":0.0823409554704,"d":"0.08"},{"v":7.376852167e-05,"d":"0.00"},{"v":0.00365702194523,"d":"0.00"}]
[2,206,20625,{"v":6992.17483199999,"d":"6,992.17"},1188,{"v":0.169904218,"d":"0.17"},"M",410,20625000,{"v":1180.77447637,"d":"1,180.77"},632,{"v":0.535241922,"d":"0.54"},{"v":0,"d":"0.00"},{"v":0.921559671,"d":"0.92"},{"v":582.4257119,"d":"582.43"},{"v":49.57428809,"d":"49.57"},0,"0_20625000_680",{"v":1116.20720609,"d":"1,116.21"},{"v":0,"d":"0.00"},{"v":49.57428809,"d":"49.57"},{"v":0,"d":"0.00"},"0_20625000_680_598","E",{"v":0.349017919064,"d":"0.35"},{"v":0.000312682015633,"d":"0.00"},{"v":0.0155009883236,"d":"0.02"}]
[2,206,20625,{"v":6992.17483199999,"d":"6,992.17"},1188,{"v":0.169904218,"d":"0.17"},"M",410,20625000,{"v":1180.77447637,"d":"1,180.77"},632,{"v":0.535241922,"d":"0.54"},{"v":0,"d":"0.00"},{"v":0.921559671,"d":"0.92"},{"v":582.4257119,"d":"582.43"},{"v":49.57428809,"d":"49.57"},0,"0_20625000_680",{"v":1116.20720609,"d":"1,116.21"},{"v":0,"d":"0.00"},{"v":49.57428809,"d":"49.57"},{"v":0,"d":"0.00"},"0_20625000_680_599","E",{"v":0.0310406968214,"d":"0.03"},{"v":2.7809081192E-5,"d":"0.00"},{"v":0.00137861540254,"d":"0.00"}]
[2,206,20625,{"v":6992.17483199999,"d":"6,992.17"},1188,{"v":0.169904218,"d":"0.17"},"M",410,20625000,{"v":1180.77447637,"d":"1,180.77"},632,{"v":0.535241922,"d":"0.54"},{"v":0,"d":"0.00"},{"v":0.921559671,"d":"0.92"},{"v":582.4257119,"d":"582.43"},{"v":49.57428809,"d":"49.57"},0,"0_20625000_680",{"v":1116.20720609,"d":"1,116.21"},{"v":0,"d":"0.00"},{"v":49.57428809,"d":"49.57"},{"v":0,"d":"0.00"},"0_20625000_680_600","E",{"v":0.0158822052335,"d":"0.02"},{"v":1.422872487E-5,"d":"0.00"},{"v":0.000705378905864,"d":"0.00"}]
[2,206,20625,{"v":6992.17483199999,"d":"6,992.17"},1188,{"v":0.169904218,"d":"0.17"},"M",410,20625000,{"v":1180.77447637,"d":"1,180.77"},632,{"v":0.535241922,"d":"0.54"},{"v":0,"d":"0.00"},{"v":0.921559671,"d":"0.92"},{"v":582.4257119,"d":"582.43"},{"v":49.57428809,"d":"49.57"},0,"0_20625000_680",{"v":1116.20720609,"d":"1,116.21"},{"v":0,"d":"0.00"},{"v":49.57428809,"d":"49.57"},{"v":0,"d":"0.00"},"0_20625000_680_601","E",{"v":5.31880442526,"d":"5.32"},{"v":0.00476506906266,"d":"0.00"},{"v":0.236224906481,"d":"0.24"}]
[2,206,20625,{"v":6992.17483199999,"d":"6,992.17"},1188,{"v":0.169904218,"d":"0.17"},"M",410,20625000,{"v":1180.77447637,"d":"1,180.77"},632,{"v":0.535241922,"d":"0.54"},{"v":0,"d":"0.00"},{"v":0.921559671,"d":"0.92"},{"v":582.4257119,"d":"582.43"},{"v":49.57428809,"d":"49.57"},0,"0_20625000_680",{"v":1116.20720609,"d":"1,116.21"},{"v":0,"d":"0.00"},{"v":49.57428809,"d":"49.57"},{"v":0,"d":"0.00"},"0_20625000_680_602","E",{"v":14.5634995912999,"d":"14.56"},{"v":0.0130473083419,"d":"0.01"},{"v":0.64681102254,"d":"0.65"}]
[2,206,20625,{"v":6992.17483199999,"d":"6,992.17"},1188,{"v":0.169904218,"d":"0.17"},"M",410,20625000,{"v":1180.77447637,"d":"1,180.77"},632,{"v":0.535241922,"d":"0.54"},{"v":0,"d":"0.00"},{"v":0.921559671,"d":"0.92"},{"v":582.4257119,"d":"582.43"},{"v":49.57428809,"d":"49.57"},0,"0_20625000_680",{"v":1116.20720609,"d":"1,116.21"},{"v":0,"d":"0.00"},{"v":49.57428809,"d":"49.57"},{"v":0,"d":"0.00"},"0_20625000_680_603","E",{"v":0.433206871952,"d":"0.43"},{"v":3.88106141573E-4,"d":"0.00"},{"v":0.0192400856718,"d":"0.02"}]
[2,206,20625,{"v":6992.17483199999,"d":"6,992.17"},1188,{"v":0.169904218,"d":"0.17"},"M",410,20625000,{"v":1180.77447637,"d":"1,180.77"},632,{"v":0.535241922,"d":"0.54"},{"v":0,"d":"0.00"},{"v":0.921559671,"d":"0.92"},{"v":582.4257119,"d":"582.43"},{"v":49.57428809,"d":"49.57"},0,"0_20625000_680",{"v":1116.20720609,"d":"1,116.21"},{"v":0,"d":"0.00"},{"v":49.57428809,"d":"49.57"},{"v":0,"d":"0.00"},"0_20625000_680_604","E",{"v":0.109472236823,"d":"0.11"},{"v":9.8075192693e-05,"d":"0.00"},{"v":4.86200785706E-3,"d":"0.00"}]
[2,206,20625,{"v":6992.17483199999,"d":"6,992.17"},1188,{"v":0.169904218,"d":"0.17"},"M",410,20625000,{"v":1180.77447637,"d":"1,180.77"},632,{"v":0.535241922,"d":"0.54"},{"v":0,"d":"0.00"},{"v":0.921559671,"d":"0.92"},{"v":582.4257119,"d":"582.43"},{"v":49.57428809,"d":"49.57"},0,"0_20625000_680",{"v":1116.20720609,"d":"1,116.21"},{"v":0,"d":"0.00"},{"v":49.57428809,"d":"49.57"},{"v":0,"d":"0.00"},"0_20625000_680_605","F",{"v":25.3999374809,"d":"25.40"},{"v":0.0227555756156,"d":"0.02"},{"v":1.12809146122,"d":"1.13"}]
[2,206,20625,{"v":6992.17483199999,"d":"6,992.17"},1188,{"v":0.169904218,"d":"0.17"},"M",410,20625000,{"v":1180.77447637,"d":"1,180.77"},632,{"v":0.535241922,"d":"0.54"},{"v":0,"d":"0.00"},{"v":0.921559671,"d":"0.92"},{"v":582.4257119,"d":"582.43"},{"v":49.57428809,"d":"49.57"},0,"0_20625000_680",{"v":1116.20720609,"d":"1,116.21"},{"v":0,"d":"0.00"},{"v":49.57428809,"d":"49.57"},{"v":0,"d":"0.00"},"0_20625000_680_606","F",{"v":0.000414477082618,"d":"0.00"},{"v":3.71326292e-07,"d":"0.00"},{"v":1.8408236561E-5,"d":"0.00"}]
[2,206,20625,{"v":6992.17483199999,"d":"6,992.17"},1188,{"v":0.169904218,"d":"0.17"},"M",410,20625000,{"v":1180.77447637,"d":"1,180.77"},632,{"v":0.535241922,"d":"0.54"},{"v":0,"d":"0.00"},{"v":0.921559671,"d":"0.92"},{"v":582.4257119,"d":"582.43"},{"v":49.57428809,"d":"49.57"},0,"0_20625000_680",{"v":1116.20720609,"d":"1,116.21"},{"v":0,"d":"0.00"},{"v":49.57428809,"d":"49.57"},{"v":0,"d":"0.00"},"0_20625000_680_607","F",{"v":0.000608969885496,"d":"0.00"},{"v":5.45570645e-07,"d":"0.00"},{"v":2.7046276334e-05,"d":"0.00"}]
[2,206,20625,{"v":6992.17483199999,"d":"6,992.17"},1188,{"v":0.169904218,"d":"0.17"},"M",410,20625000,{"v":1180.77447637,"d":"1,180.77"},632,{"v":0.535241922,"d":"0.54"},{"v":0,"d":"0.00"},{"v":0.921559671,"d":"0.92"},{"v":582.4257119,"d":"582.43"},{"v":49.57428809,"d":"49.57"},0,"0_20625000_680",{"v":1116.20720609,"d":"1,116.21"},{"v":0,"d":"0.00"},{"v":49.57428809,"d":"49.57"},{"v":0,"d":"0.00"},"0_20625000_680_608","F",{"v":14.656093157,"d":"14.66"},{"v":0.0131302620849,"d":"0.01"},{"v":0.650923395294,"d":"0.65"}]
[2,206,20625,{"v":6992.17483199999,"d":"6,992.17"},1188,{"v":0.169904218,"d":"0.17"},"M",410,20625000,{"v":1180.77447637,"d":"1,180.77"},632,{"v":0.535241922,"d":"0.54"},{"v":0,"d":"0.00"},{"v":0.921559671,"d":"0.92"},{"v":582.4257119,"d":"582.43"},{"v":49.57428809,"d":"49.57"},0,"0_20625000_680",{"v":1116.20720609,"d":"1,116.21"},{"v":0,"d":"0.00"},{"v":49.57428809,"d":"49.57"},{"v":0,"d":"0.00"},"0_20625000_680_609","F",{"v":0.778866521722,"d":"0.78"},{"v":0.00069777951394,"d":"0.00"},{"v":0.0345919226474,"d":"0.03"}]
[2,206,20625,{"v":6992.17483199999,"d":"6,992.17"},1188,{"v":0.169904218,"d":"0.17"},"M",410,20625000,{"v":1180.77447637,"d":"1,180.77"},632,{"v":0.535241922,"d":"0.54"},{"v":0,"d":"0.00"},{"v":0.921559671,"d":"0.92"},{"v":582.4257119,"d":"582.43"},{"v":49.57428809,"d":"49.57"},0,"0_20625000_680",{"v":1116.20720609,"d":"1,116.21"},{"v":0,"d":"0.00"},{"v":49.57428809,"d":"49.57"},{"v":0,"d":"0.00"},"0_20625000_680_610","F",{"v":2.89339956457,"d":"2.89"},{"v":0.00259217065504,"d":"0.00"},{"v":0.128505014831,"d":"0.13"}]
[2,206,20625,{"v":6992.17483199999,"d":"6,992.17"},1188,{"v":0.169904218,"d":"0.17"},"M",410,20625000,{"v":1180.77447637,"d":"1,180.77"},632,{"v":0.535241922,"d":"0.54"},{"v":0,"d":"0.00"},{"v":0.921559671,"d":"0.92"},{"v":582.4257119,"d":"582.43"},{"v":49.57428809,"d":"49.57"},0,"0_20625000_680",{"v":1116.20720609,"d":"1,116.21"},{"v":0,"d":"0.00"},{"v":49.57428809,"d":"49.57"},{"v":0,"d":"0.00"},"0_20625000_680_611","F",{"v":3.31444010575,"d":"3.31"},{"v":2.96937709026E-3,"d":"0.00"},{"v":0.14720475532,"d":"0.15"}]
[2,206,20625,{"v":6992.17483199999,"d":"6,992.17"},1188,{"v":0.169904218,"d":"0.17"},"M",410,20625000,{"v":1180.77447637,"d":"1,180.77"},632,{"v":0.535241922,"d":"0.54"},{"v":0,"d":"0.00"},{"v":0.921559671,"d":"0.92"},{"v":582.4257119,"d":"582.43"},{"v":49.57428809,"d":"49.57"},0,"0_20625000_680",{"v":1116.20720609,"d":"1,116.21"},{"v":0,"d":"0.00"},{"v":49.57428809,"d":"49.57"},{"v":0,"d":"0.00"},"0_20625000_680_612","G",{"v":0.47823044454,"d":"0.48"},{"v":0.000428442355443,"d":"0.00"},{"v":0.0212397247587,"d":"0.02"}]
[2,206,20625,{"v":6992.17483199999,"d":"6,992.17"},1188,{"v":0.169904218,"d":"0.17"},"M",410,20625000,{"v":1180.77447637,"d":"1,180.77"},632,{"v":0.535241922,"d":"0.54"},{"v":0,"d":"0.00"},{"v":0.921559671,"d":"0.92"},{"v":582.4257119,"d":"582.43"},{"v":49.57428809,"d":"49.57"},0,"0_20625000_680",{"v":1116.20720609,"d":"1,116.21"},{"v":0,"d":"0.00"},{"v":49.57428809,"d":"49.57"},{"v":0,"d":"0.00"},"0_20625000_680_613","G",{"v":0.00475123727549,"d":"0.00"},{"v":4.256590756E-6,"d":"0.00"},{"v":0.000211017456431,"d":"0.00"}]
[2,206,20625,{"v":6992.17483199999,"d":"6,992.17"},1188,{"v":0.169904218,"d":"0.17"},"M",410,20625000,{"v":1180.77447637,"d":"1,180.77"},632,{"v":0.535241922,"d":"0.54"},{"v":0,"d":"0.00"},{"v":0.921559671,"d":"0.92"},{"v":582.4257119,"d":"582.43"},{"v":49.57428809,"d":"49.57"},0,"0_20625000_680",{"v":1116.20720609,"d":"1,116.21"},{"v":0,"d":"0.00"},{"v":49.57428809,"d":"49.57"},{"v":0,"d":"0.00"},"0_20625000_680_614","G",{"v":0.000595993454875,"d":"0.00"},{"v":5.33945178e-07,"d":"0.00"},{"v":2.6469952058e-05,"d":"0.00"}]
[2,206,20625,{"v":6992.17483199999,"d":"6,992.17"},1188,{"v":0.169904218,"d":"0.17"},"M",410,20625000,{"v":1180.77447637,"d":"1,180.77"},632,{"v":0.535241922,"d":"0.54"},{"v":0,"d":"0.00"},{"v":0.921559671,"d":"0.92"},{"v":582.4257119,"d":"582.43"},{"v":49.57428809,"d":"49.57"},0,"0_20625000_680",{"v":1116.20720609,"d":"1,116.21"},{"v":0,"d":"0.00"},{"v":49.57428809,"d":"49.57"},{"v":0,"d":"0.00"},"0_20625000_680_615","G",{"v":0.078989145647,"d":"0.08"},{"v":7.0765665385e-05,"d":"0.00"},{"v":0.0035081574827,"d":"0.00"}]
[2,206,20625,{"v":6992.17483199999,"d":"6,992.17"},1188,{"v":0.169904218,"d":"0.17"},"M",410,20625000,{"v":1180.77447637,"d":"1,180.77"},632,{"v":0.535241922,"d":"0.54"},{"v":0,"d":"0.00"},{"v":0.921559671,"d":"0.92"},{"v":582.4257119,"d":"582.43"},{"v":49.57428809,"d":"49.57"},0,"0_20625000_680",{"v":1116.20720609,"d":"1,116.21"},{"v":0,"d":"0.00"},{"v":49.57428809,"d":"49.57"},{"v":0,"d":"0.00"},"0_20625000_680_616","G",{"v":0.647788158456,"d":"0.65"},{"v":0.000580347586829,"d":"0.00"},{"v":0.0287703184618,"d":"0.03"}]
[2,206,20625,{"v":6992.17483199999,"d":"6,992.17"},1188,{"v":0.169904218,"d":"0.17"},"M",410,20625000,{"v":1180.77447637,"d":"1,180.77"},632,{"v":0.535241922,"d":"0.54"},{"v":0,"d":"0.00"},{"v":0.921559671,"d":"0.92"},{"v":582.4257119,"d":"582.43"},{"v":49.57428809,"d":"49.57"},0,"0_20625000_680",{"v":1116.20720609,"d":"1,116.21"},{"v":0,"d":"0.00"},{"v":49.57428809,"d":"49.57"},{"v":0,"d":"0.00"},"0_20625000_680_617","G",{"v":4.61982819529,"d":"4.62"},{"v":0.0041388625428,"d":"0.00"},{"v":0.205181164062,"d":"0.21"}]
[2,206,20625,{"v":6992.17483199999,"d":"6,992.17"},1188,{"v":0.169904218,"d":"0.17"},"M",410,20625001,{"v":3544.38748239999,"d":"3,544.39"},316,{"v":0.089155038,"d":"0.09"},{"v":0,"d":"0.00"},{"v":0.921559671,"d":"0.92"},{"v":291.212855999999,"d":"291.21"},{"v":24.78714404,"d":"24.79"},0,"0_20625001_681",{"v":3507.32426914999,"d":"3,507.32"},{"v":0,"d":"0.00"},{"v":24.78714404,"d":"24.79"},{"v":0,"d":"0.00"},"0_20625001_681_618","außerhalb GKL",{"v":3483.07499271,"d":"3,483.07"},{"v":0.993086103656,"d":"0.99"},{"v":24.6157682953999,"d":"24.62"}]
[2,206,20625,{"v":6992.17483199999,"d":"6,992.17"},1188,{"v":0.169904218,"d":"0.17"},"M",410,20625001,{"v":3544.38748239999,"d":"3,544.39"},316,{"v":0.089155038,"d":"0.09"},{"v":0,"d":"0.00"},{"v":0.921559671,"d":"0.92"},{"v":291.212855999999,"d":"291.21"},{"v":24.78714404,"d":"24.79"},0,"0_20625001_681",{"v":3507.32426914999,"d":"3,507.32"},{"v":0,"d":"0.00"},{"v":24.78714404,"d":"24.79"},{"v":0,"d":"0.00"},"0_20625001_681_619","außerhalb GKL",{"v":1.09125950707,"d":"1.09"},{"v":0.000311137329579,"d":"0.00"},{"v":0.0077122058045,"d":"0.01"}]
[2,206,20625,{"v":6992.17483199999,"d":"6,992.17"},1188,{"v":0.169904218,"d":"0.17"},"M",410,20625001,{"v":3544.38748239999,"d":"3,544.39"},316,{"v":0.089155038,"d":"0.09"},{"v":0,"d":"0.00"},{"v":0.921559671,"d":"0.92"},{"v":291.212855999999,"d":"291.21"},{"v":24.78714404,"d":"24.79"},0,"0_20625001_681",{"v":3507.32426914999,"d":"3,507.32"},{"v":0,"d":"0.00"},{"v":24.78714404,"d":"24.79"},{"v":0,"d":"0.00"},"0_20625001_681_620","D",{"v":2.54588030984,"d":"2.55"},{"v":0.000725875372355,"d":"0.00"},{"v":0.0179923774097,"d":"0.02"}]
[2,206,20625,{"v":6992.17483199999,"d":"6,992.17"},1188,{"v":0.169904218,"d":"0.17"},"M",410,20625001,{"v":3544.38748239999,"d":"3,544.39"},316,{"v":0.089155038,"d":"0.09"},{"v":0,"d":"0.00"},{"v":0.921559671,"d":"0.92"},{"v":291.212855999999,"d":"291.21"},{"v":24.78714404,"d":"24.79"},0,"0_20625001_681",{"v":3507.32426914999,"d":"3,507.32"},{"v":0,"d":"0.00"},{"v":24.78714404,"d":"24.79"},{"v":0,"d":"0.00"},"0_20625001_681_621","E",{"v":4.75348331253,"d":"4.75"},{"v":1.355301919E-3,"d":"0.00"},{"v":0.0335940638839,"d":"0.03"}]
[2,206,20625,{"v":6992.17483199999,"d":"6,992.17"},1188,{"v":0.169904218,"d":"0.17"},"M",410,20625001,{"v":3544.38748239999,"d":"3,544.39"},316,{"v":0.089155038,"d":"0.09"},{"v":0,"d":"0.00"},{"v":0.921559671,"d":"0.92"},{"v":291.212855999999,"d":"291.21"},{"v":24.78714404,"d":"24.79"},0,"0_20625001_681",{"v":3507.32426914999,"d":"3,507.32"},{"v":0,"d":"0.00"},{"v":24.78714404,"d":"24.79"},{"v":0,"d":"0.00"},"0_20625001_681_622","E",{"v":0.0471262172138,"d":"0.05"},{"v":1.3436515588e-05,"d":"0.00"},{"v":0.000333052847271,"d":"0.00"}]
[2,206,20625,{"v":6992.17483199999,"d":"6,992.17"},1188,{"v":0.169904218,"d":"0.17"},"M",410,20625001,{"v":3544.38748239999,"d":"3,544.39"},316,{"v":0.089155038,"d":"0.09"},{"v":0,"d":"0.00"},{"v":0.921559671,"d":"0.92"},{"v":291.212855999999,"d":"291.21"},{"v":24.78714404,"d":"24.79"},0,"0_20625001_681",{"v":3507.32426914999,"d":"3,507.32"},{"v":0,"d":"0.00"},{"v":24.78714404,"d":"24.79"},{"v":0,"d":"0.00"},"0_20625001_681_623","E",{"v":0.000324782873236,"d":"0.00"},{"v":9.2601325e-08,"d":"0.00"},{"v":2.295322372e-06,"d":"0.00"}]
[2,206,20625,{"v":6992.17483199999,"d":"6,992.17"},1188,{"v":0.169904218,"d":"0.17"},"M",410,20625001,{"v":3544.38748239999,"d":"3,544.39"},316,{"v":0.089155038,"d":"0.09"},{"v":0,"d":"0.00"},{"v":0.921559671,"d":"0.92"},{"v":291.212855999999,"d":"291.21"},{"v":24.78714404,"d":"24.79"},0,"0_20625001_681",{"v":3507.32426914999,"d":"3,507.32"},{"v":0,"d":"0.00"},{"v":24.78714404,"d":"24.79"},{"v":0,"d":"0.00"},"0_20625001_681_624","E",{"v":0.0697973908444,"d":"0.07"},{"v":1.9900466991e-05,"d":"0.00"},{"v":0.000493275741764,"d":"0.00"}]
[2,206,20625,{"v":6992.17483199999,"d":"6,992.17"},1188,{"v":0.169904218,"d":"0.17"},"M",410,20625001,{"v":3544.38748239999,"d":"3,544.39"},316,{"v":0.089155038,"d":"0.09"},{"v":0,"d":"0.00"},{"v":0.921559671,"d":"0.92"},{"v":291.212855999999,"d":"291.21"},{"v":24.78714404,"d":"24.79"},0,"0_20625001_681",{"v":3507.32426914999,"d":"3,507.32"},{"v":0,"d":"0.00"},{"v":24.78714404,"d":"24.79"},{"v":0,"d":"0.00"},"0_20625001_681_625","F",{"v":0.713946446593,"d":"0.71"},{"v":0.000203558722207,"d":"0.00"},{"v":0.00504563936794,"d":"0.01"}]
[2,206,20625,{"v":6992.17483199999,"d":"6,992.17"},1188,{"v":0.169904218,"d":"0.17"},"M",410,20625001,{"v":3544.38748239999,"d":"3,544.39"},316,{"v":0.089155038,"d":"0.09"},{"v":0,"d":"0.00"},{"v":0.921559671,"d":"0.92"},{"v":291.212855999999,"d":"291.21"},{"v":24.78714404,"d":"24.79"},0,"0_20625001_681",{"v":3507.32426914999,"d":"3,507.32"},{"v":0,"d":"0.00"},{"v":24.78714404,"d":"24.79"},{"v":0,"d":"0.00"},"0_20625001_681_626","F",{"v":5.8077314742,"d":"5.81"},{"v":0.00165588666132,"d":"0.00"},{"v":0.0410447011881,"d":"0.04"}]
[2,206,20625,{"v":6992.17483199999,"d":"6,992.17"},1188,{"v":0.169904218,"d":"0.17"},"M",410,20625001,{"v":3544.38748239999,"d":"3,544.39"},316,{"v":0.089155038,"d":"0.09"},{"v":0,"d":"0.00"},{"v":0.921559671,"d":"0.92"},{"v":291.212855999999,"d":"291.21"},{"v":24.78714404,"d":"24.79"},0,"0_20625001_681",{"v":3507.32426914999,"d":"3,507.32"},{"v":0,"d":"0.00"},{"v":24.78714404,"d":"24.79"},{"v":0,"d":"0.00"},"0_20625001_681_627","F",{"v":0.228158310388,"d":"0.23"},{"v":6.5051957812e-05,"d":"0.00"},{"v":1.61245224836E-3,"d":"0.00"}]
[2,206,20625,{"v":6992.17483199999,"d":"6,992.17"},1188,{"v":0.169904218,"d":"0.17"},"M",410,20625001,{"v":3544.38748239999,"d":"3,544.39"},316,{"v":0.089155038,"d":"0.09"},{"v":0,"d":"0.00"},{"v":0.921559671,"d":"0.92"},{"v":291.212855999999,"d":"291.21"},{"v":24.78714404,"d":"24.79"},0,"0_20625001_681",{"v":3507.32426914999,"d":"3,507.32"},{"v":0,"d":"0.00"},{"v":24.78714404,"d":"24.79"},{"v":0,"d":"0.00"},"0_20625001_681_628","F",{"v":3.95340685948,"d":"3.95"},{"v":1.12718601307E-3,"d":"0.00"},{"v":0.0279397220658,"d":"0.03"}]
[2,206,20625,{"v":6992.17483199999,"d":"6,992.17"},1188,{"v":0.169904218,"d":"0.17"},"M",410,20625001,{"v":3544.38748239999,"d":"3,544.39"},316,{"v":0.089155038,"d":"0.09"},{"v":0,"d":"0.00"},{"v":0.921559671,"d":"0.92"},{"v":291.212855999999,"d":"291.21"},{"v":24.78714404,"d":"24.79"},0,"0_20625001_681",{"v":3507.32426914999,"d":"3,507.32"},{"v":0,"d":"0.00"},{"v":24.78714404,"d":"24.79"},{"v":0,"d":"0.00"},"0_20625001_681_629","F",{"v":0.626414826879,"d":"0.63"},{"v":1.78601913826E-4,"d":"0.00"},{"v":0.00442703136382,"d":"0.00"}]
[2,206,20625,{"v":6992.17483199999,"d":"6,992.17"},1188,{"v":0.169904218,"d":"0.17"},"M",410,20625001,{"v":3544.38748239999,"d":"3,544.39"},316,{"v":0.089155038,"d":"0.09"},{"v":0,"d":"0.00"},{"v":0.921559671,"d":"0.92"},{"v":291.212855999999,"d":"291.21"},{"v":24.78714404,"d":"24.79"},0,"0_20625001_681",{"v":3507.32426914999,"d":"3,507.32"},{"v":0,"d":"0.00"},{"v":24.78714404,"d":"24.79"},{"v":0,"d":"0.00"},"0_20625001_681_630","G",{"v":2.31567479043,"d":"2.32"},{"v":0.00066023971915,"d":"0.00"},{"v":0.0163654570195,"d":"0.02"}]
[2,206,20625,{"v":6992.17483199999,"d":"6,992.17"},1188,{"v":0.169904218,"d":"0.17"},"M",410,20625001,{"v":3544.38748239999,"d":"3,544.39"},316,{"v":0.089155038,"d":"0.09"},{"v":0,"d":"0.00"},{"v":0.921559671,"d":"0.92"},{"v":291.212855999999,"d":"291.21"},{"v":24.78714404,"d":"24.79"},0,"0_20625001_681",{"v":3507.32426914999,"d":"3,507.32"},{"v":0,"d":"0.00"},{"v":24.78714404,"d":"24.79"},{"v":0,"d":"0.00"},"0_20625001_681_631","G",{"v":0.489522491904,"d":"0.49"},{"v":1.3957149506E-4,"d":"0.00"},{"v":0.00345957875193,"d":"0.00"}]
[2,206,20625,{"v":6992.17483199999,"d":"6,992.17"},1188,{"v":0.169904218,"d":"0.17"},"M",410,20625001,{"v":3544.38748239999,"d":"3,544.39"},316,{"v":0.089155038,"d":"0.09"},{"v":0,"d":"0.00"},{"v":0.921559671,"d":"0.92"},{"v":291.212855999999,"d":"291.21"},{"v":24.78714404,"d":"24.79"},0,"0_20625001_681",{"v":3507.32426914999,"d":"3,507.32"},{"v":0,"d":"0.00"},{"v":24.78714404,"d":"24.79"},{"v":0,"d":"0.00"},"0_20625001_681_632","G",{"v":1.55397910879,"d":"1.55"},{"v":0.000443066847984,"d":"0.00"},{"v":0.0109823617803,"d":"0.01"}]
[2,206,20625,{"v":6992.17483199999,"d":"6,992.17"},1188,{"v":0.169904218,"d":"0.17"},"M",410,20625001,{"v":3544.38748239999,"d":"3,544.39"},316,{"v":0.089155038,"d":"0.09"},{"v":0,"d":"0.00"},{"v":0.921559671,"d":"0.92"},{"v":291.212855999999,"d":"291.21"},{"v":24.78714404,"d":"24.79"},0,"0_20625001_681",{"v":3507.32426914999,"d":"3,507.32"},{"v":0,"d":"0.00"},{"v":24.78714404,"d":"24.79"},{"v":0,"d":"0.00"},"0_20625001_681_633","G",{"v":0.0522174133609,"d":"0.05"},{"v":1.4888105391E-5,"d":"0.00"},{"v":0.000369033612819,"d":"0.00"}]
[2,206,20625,{"v":6992.17483199999,"d":"6,992.17"},1188,{"v":0.169904218,"d":"0.17"},"M",410,20625001,{"v":3544.38748239999,"d":"3,544.39"},316,{"v":0.089155038,"d":"0.09"},{"v":0,"d":"0.00"},{"v":0.921559671,"d":"0.92"},{"v":291.212855999999,"d":"291.21"},{"v":24.78714404,"d":"24.79"},0,"0_20625001_681",{"v":3507.32426914999,"d":"3,507.32"},{"v":0,"d":"0.00"},{"v":24.78714404,"d":"24.79"},{"v":0,"d":"0.00"},"0_20625001_681_634","G",{"v":0.000353196306303,"d":"0.00"},{"v":1.00702495e-07,"d":"0.00"},{"v":2.49612726e-06,"d":"0.00"}]
[2,206,20625,{"v":6992.17483199999,"d":"6,992.17"},1188,{"v":0.169904218,"d":"0.17"},"M",410,20625002,{"v":2267.01287326,"d":"2,267.01"},240,{"v":0.105866183,"d":"0.11"},{"v":0,"d":"0.00"},{"v":0.921559671,"d":"0.92"},{"v":221.174320999999,"d":"221.17"},{"v":18.8256790199999,"d":"18.83"},0,"0_20625002_682",{"v":2265.45543739,"d":"2,265.46"},{"v":0,"d":"0.00"},{"v":18.8256790199999,"d":"18.83"},{"v":0,"d":"0.00"},"0_20625002_682_635","außerhalb GKL",{"v":2265.45543739,"d":"2,265.46"},{"v":1,"d":"1.00"},{"v":18.8256790199999,"d":"18.83"}]
[2,206,20627,{"v":10440.2646399999,"d":"10,440.26"},2171,{"v":0.20794492,"d":"0.21"},"M",430,20627000,{"v":112.962483739999,"d":"112.96"},879,{"v":7.781344486,"d":"7.78"},{"v":0,"d":"0.00"},{"v":0.905906425,"d":"0.91"},{"v":796.291747399999,"d":"796.29"},{"v":82.70825263,"d":"82.71"},0,"0_20627000_683",{"v":30.4345613947,"d":"30.43"},{"v":0,"d":"0.00"},{"v":82.70825263,"d":"82.71"},{"v":0,"d":"0.00"},"0_20627000_683_636","außerhalb GKL",{"v":0.00806850622888,"d":"0.01"},{"v":0.000265109988747,"d":"0.00"},{"v":0.021926783924,"d":"0.02"}]
[2,206,20627,{"v":10440.2646399999,"d":"10,440.26"},2171,{"v":0.20794492,"d":"0.21"},"M",430,20627000,{"v":112.962483739999,"d":"112.96"},879,{"v":7.781344486,"d":"7.78"},{"v":0,"d":"0.00"},{"v":0.905906425,"d":"0.91"},{"v":796.291747399999,"d":"796.29"},{"v":82.70825263,"d":"82.71"},0,"0_20627000_683",{"v":30.4345613947,"d":"30.43"},{"v":0,"d":"0.00"},{"v":82.70825263,"d":"82.71"},{"v":0,"d":"0.00"},"0_20627000_683_637","außerhalb GKL",{"v":0.0360068416928,"d":"0.04"},{"v":1.18309054058E-3,"d":"0.00"},{"v":0.0978513513145,"d":"0.10"}]
[2,206,20627,{"v":10440.2646399999,"d":"10,440.26"},2171,{"v":0.20794492,"d":"0.21"},"M",430,20627000,{"v":112.962483739999,"d":"112.96"},879,{"v":7.781344486,"d":"7.78"},{"v":0,"d":"0.00"},{"v":0.905906425,"d":"0.91"},{"v":796.291747399999,"d":"796.29"},{"v":82.70825263,"d":"82.71"},0,"0_20627000_683",{"v":30.4345613947,"d":"30.43"},{"v":0,"d":"0.00"},{"v":82.70825263,"d":"82.71"},{"v":0,"d":"0.00"},"0_20627000_683_638","außerhalb GKL",{"v":0.0164576682113,"d":"0.02"},{"v":0.000540755885977,"d":"0.00"},{"v":0.0447249744285,"d":"0.04"}]
[2,206,20627,{"v":10440.2646399999,"d":"10,440.26"},2171,{"v":0.20794492,"d":"0.21"},"M",430,20627000,{"v":112.962483739999,"d":"112.96"},879,{"v":7.781344486,"d":"7.78"},{"v":0,"d":"0.00"},{"v":0.905906425,"d":"0.91"},{"v":796.291747399999,"d":"796.29"},{"v":82.70825263,"d":"82.71"},0,"0_20627000_683",{"v":30.4345613947,"d":"30.43"},{"v":0,"d":"0.00"},{"v":82.70825263,"d":"82.71"},{"v":0,"d":"0.00"},"0_20627000_683_639","D",{"v":0.157275583758,"d":"0.16"},{"v":5.16766388443E-3,"d":"0.01"},{"v":0.42740845006,"d":"0.43"}]
[2,206,20627,{"v":10440.2646399999,"d":"10,440.26"},2171,{"v":0.20794492,"d":"0.21"},"M",430,20627000,{"v":112.962483739999,"d":"112.96"},879,{"v":7.781344486,"d":"7.78"},{"v":0,"d":"0.00"},{"v":0.905906425,"d":"0.91"},{"v":796.291747399999,"d":"796.29"},{"v":82.70825263,"d":"82.71"},0,"0_20627000_683",{"v":30.4345613947,"d":"30.43"},{"v":0,"d":"0.00"},{"v":82.70825263,"d":"82.71"},{"v":0,"d":"0.00"},"0_20627000_683_640","E",{"v":0.421175567381,"d":"0.42"},{"v":0.0138387263716,"d":"0.01"},{"v":1.14457687682,"d":"1.14"}]
[2,206,20627,{"v":10440.2646399999,"d":"10,440.26"},2171,{"v":0.20794492,"d":"0.21"},"M",430,20627000,{"v":112.962483739999,"d":"112.96"},879,{"v":7.781344486,"d":"7.78"},{"v":0,"d":"0.00"},{"v":0.905906425,"d":"0.91"},{"v":796.291747399999,"d":"796.29"},{"v":82.70825263,"d":"82.71"},0,"0_20627000_683",{"v":30.4345613947,"d":"30.43"},{"v":0,"d":"0.00"},{"v":82.70825263,"d":"82.71"},{"v":0,"d":"0.00"},"0_20627000_683_641","E",{"v":0.00125264584525,"d":"0.00"},{"v":4.1158662647e-05,"d":"0.00"},{"v":3.40416106811E-3,"d":"0.00"}]
[2,206,20627,{"v":10440.2646399999,"d":"10,440.26"},2171,{"v":0.20794492,"d":"0.21"},"M",430,20627000,{"v":112.962483739999,"d":"112.96"},879,{"v":7.781344486,"d":"7.78"},{"v":0,"d":"0.00"},{"v":0.905906425,"d":"0.91"},{"v":796.291747399999,"d":"796.29"},{"v":82.70825263,"d":"82.71"},0,"0_20627000_683",{"v":30.4345613947,"d":"30.43"},{"v":0,"d":"0.00"},{"v":82.70825263,"d":"82.71"},{"v":0,"d":"0.00"},"0_20627000_683_642","E",{"v":2.96036966938,"d":"2.96"},{"v":0.0972699961398,"d":"0.10"},{"v":8.04503141404999,"d":"8.05"}]
[2,206,20627,{"v":10440.2646399999,"d":"10,440.26"},2171,{"v":0.20794492,"d":"0.21"},"M",430,20627000,{"v":112.962483739999,"d":"112.96"},879,{"v":7.781344486,"d":"7.78"},{"v":0,"d":"0.00"},{"v":0.905906425,"d":"0.91"},{"v":796.291747399999,"d":"796.29"},{"v":82.70825263,"d":"82.71"},0,"0_20627000_683",{"v":30.4345613947,"d":"30.43"},{"v":0,"d":"0.00"},{"v":82.70825263,"d":"82.71"},{"v":0,"d":"0.00"},"0_20627000_683_643","E",{"v":0.0697224416929,"d":"0.07"},{"v":0.00229089687834,"d":"0.00"},{"v":0.189476077763,"d":"0.19"}]
[2,206,20627,{"v":10440.2646399999,"d":"10,440.26"},2171,{"v":0.20794492,"d":"0.21"},"M",430,20627000,{"v":112.962483739999,"d":"112.96"},879,{"v":7.781344486,"d":"7.78"},{"v":0,"d":"0.00"},{"v":0.905906425,"d":"0.91"},{"v":796.291747399999,"d":"796.29"},{"v":82.70825263,"d":"82.71"},0,"0_20627000_683",{"v":30.4345613947,"d":"30.43"},{"v":0,"d":"0.00"},{"v":82.70825263,"d":"82.71"},{"v":0,"d":"0.00"},"0_20627000_683_644","E",{"v":0.0103630336442,"d":"0.01"},{"v":0.000340502151807,"d":"0.00"},{"v":0.0281623379927,"d":"0.03"}]
[2,206,20627,{"v":10440.2646399999,"d":"10,440.26"},2171,{"v":0.20794492,"d":"0.21"},"M",430,20627000,{"v":112.962483739999,"d":"112.96"},879,{"v":7.781344486,"d":"7.78"},{"v":0,"d":"0.00"},{"v":0.905906425,"d":"0.91"},{"v":796.291747399999,"d":"796.29"},{"v":82.70825263,"d":"82.71"},0,"0_20627000_683",{"v":30.4345613947,"d":"30.43"},{"v":0,"d":"0.00"},{"v":82.70825263,"d":"82.71"},{"v":0,"d":"0.00"},"0_20627000_683_645","F",{"v":3.00244210636,"d":"3.00"},{"v":0.0986523862599,"d":"0.10"},{"v":8.15936648534,"d":"8.16"}]
[2,206,20627,{"v":10440.2646399999,"d":"10,440.26"},2171,{"v":0.20794492,"d":"0.21"},"M",430,20627000,{"v":112.962483739999,"d":"112.96"},879,{"v":7.781344486,"d":"7.78"},{"v":0,"d":"0.00"},{"v":0.905906425,"d":"0.91"},{"v":796.291747399999,"d":"796.29"},{"v":82.70825263,"d":"82.71"},0,"0_20627000_683",{"v":30.4345613947,"d":"30.43"},{"v":0,"d":"0.00"},{"v":82.70825263,"d":"82.71"},{"v":0,"d":"0.00"},"0_20627000_683_646","F",{"v":4.25616025515,"d":"4.26"},{"v":0.139846281993,"d":"0.14"},{"v":11.5664416203999,"d":"11.57"}]
[2,206,20627,{"v":10440.2646399999,"d":"10,440.26"},2171,{"v":0.20794492,"d":"0.21"},"M",430,20627000,{"v":112.962483739999,"d":"112.96"},879,{"v":7.781344486,"d":"7.78"},{"v":0,"d":"0.00"},{"v":0.905906425,"d":"0.91"},{"v":796.291747399999,"d":"796.29"},{"v":82.70825263,"d":"82.71"},0,"0_20627000_683",{"v":30.4345613947,"d":"30.43"},{"v":0,"d":"0.00"},{"v":82.70825263,"d":"82.71"},{"v":0,"d":"0.00"},"0_20627000_683_647","F",{"v":2.50483877507,"d":"2.50"},{"v":0.0823024436786,"d":"0.08"},{"v":6.80709130384,"d":"6.81"}]
[2,206,20627,{"v":10440.2646399999,"d":"10,440.26"},2171,{"v":0.20794492,"d":"0.21"},"M",430,20627000,{"v":112.962483739999,"d":"112.96"},879,{"v":7.781344486,"d":"7.78"},{"v":0,"d":"0.00"},{"v":0.905906425,"d":"0.91"},{"v":796.291747399999,"d":"796.29"},{"v":82.70825263,"d":"82.71"},0,"0_20627000_683",{"v":30.4345613947,"d":"30.43"},{"v":0,"d":"0.00"},{"v":82.70825263,"d":"82.71"},{"v":0,"d":"0.00"},"0_20627000_683_648","G",{"v":0.69896040305,"d":"0.70"},{"v":0.022966008742,"d":"0.02"},{"v":1.89947845294,"d":"1.90"}]
[2,206,20627,{"v":10440.2646399999,"d":"10,440.26"},2171,{"v":0.20794492,"d":"0.21"},"M",430,20627000,{"v":112.962483739999,"d":"112.96"},879,{"v":7.781344486,"d":"7.78"},{"v":0,"d":"0.00"},{"v":0.905906425,"d":"0.91"},{"v":796.291747399999,"d":"796.29"},{"v":82.70825263,"d":"82.71"},0,"0_20627000_683",{"v":30.4345613947,"d":"30.43"},{"v":0,"d":"0.00"},{"v":82.70825263,"d":"82.71"},{"v":0,"d":"0.00"},"0_20627000_683_649","G",{"v":0.135458877191,"d":"0.14"},{"v":0.00445082402977,"d":"0.00"},{"v":0.368119878266,"d":"0.37"}]
[2,206,20627,{"v":10440.2646399999,"d":"10,440.26"},2171,{"v":0.20794492,"d":"0.21"},"M",430,20627000,{"v":112.962483739999,"d":"112.96"},879,{"v":7.781344486,"d":"7.78"},{"v":0,"d":"0.00"},{"v":0.905906425,"d":"0.91"},{"v":796.291747399999,"d":"796.29"},{"v":82.70825263,"d":"82.71"},0,"0_20627000_683",{"v":30.4345613947,"d":"30.43"},{"v":0,"d":"0.00"},{"v":82.70825263,"d":"82.71"},{"v":0,"d":"0.00"},"0_20627000_683_650","G",{"v":0.00265278442394,"d":"0.00"},{"v":8.7163550331e-05,"d":"0.00"},{"v":0.00720914494094,"d":"0.01"}]
[2,206,20627,{"v":10440.2646399999,"d":"10,440.26"},2171,{"v":0.20794492,"d":"0.21"},"M",430,20627000,{"v":112.962483739999,"d":"112.96"},879,{"v":7.781344486,"d":"7.78"},{"v":0,"d":"0.00"},{"v":0.905906425,"d":"0.91"},{"v":796.291747399999,"d":"796.29"},{"v":82.70825263,"d":"82.71"},0,"0_20627000_683",{"v":30.4345613947,"d":"30.43"},{"v":0,"d":"0.00"},{"v":82.70825263,"d":"82.71"},{"v":0,"d":"0.00"},"0_20627000_683_651","G",{"v":0.0514576762756,"d":"0.05"},{"v":1.69076450974E-3,"d":"0.00"},{"v":0.139840178209,"d":"0.14"}]
[2,206,20627,{"v":10440.2646399999,"d":"10,440.26"},2171,{"v":0.20794492,"d":"0.21"},"M",430,20627000,{"v":112.962483739999,"d":"112.96"},879,{"v":7.781344486,"d":"7.78"},{"v":0,"d":"0.00"},{"v":0.905906425,"d":"0.91"},{"v":796.291747399999,"d":"796.29"},{"v":82.70825263,"d":"82.71"},0,"0_20627000_683",{"v":30.4345613947,"d":"30.43"},{"v":0,"d":"0.00"},{"v":82.70825263,"d":"82.71"},{"v":0,"d":"0.00"},"0_20627000_683_652","G",{"v":0.0495122492916,"d":"0.05"},{"v":0.00162684287279,"d":"0.00"},{"v":0.134553331312,"d":"0.13"}]
[2,206,20627,{"v":10440.2646399999,"d":"10,440.26"},2171,{"v":0.20794492,"d":"0.21"},"M",430,20627000,{"v":112.962483739999,"d":"112.96"},879,{"v":7.781344486,"d":"7.78"},{"v":0,"d":"0.00"},{"v":0.905906425,"d":"0.91"},{"v":796.291747399999,"d":"796.29"},{"v":82.70825263,"d":"82.71"},0,"0_20627000_683",{"v":30.4345613947,"d":"30.43"},{"v":0,"d":"0.00"},{"v":82.70825263,"d":"82.71"},{"v":0,"d":"0.00"},"0_20627000_683_653","G",{"v":7.82959632448,"d":"7.83"},{"v":0.257260034831,"d":"0.26"},{"v":21.2775279524,"d":"21.28"}]
[2,206,20627,{"v":10440.2646399999,"d":"10,440.26"},2171,{"v":0.20794492,"d":"0.21"},"M",430,20627000,{"v":112.962483739999,"d":"112.96"},879,{"v":7.781344486,"d":"7.78"},{"v":0,"d":"0.00"},{"v":0.905906425,"d":"0.91"},{"v":796.291747399999,"d":"796.29"},{"v":82.70825263,"d":"82.71"},0,"0_20627000_683",{"v":30.4345613947,"d":"30.43"},{"v":0,"d":"0.00"},{"v":82.70825263,"d":"82.71"},{"v":0,"d":"0.00"},"0_20627000_683_654","G",{"v":0.0252663455674,"d":"0.03"},{"v":0.000830185959959,"d":"0.00"},{"v":0.0686632301062,"d":"0.07"}]
[2,206,20627,{"v":10440.2646399999,"d":"10,440.26"},2171,{"v":0.20794492,"d":"0.21"},"M",430,20627000,{"v":112.962483739999,"d":"112.96"},879,{"v":7.781344486,"d":"7.78"},{"v":0,"d":"0.00"},{"v":0.905906425,"d":"0.91"},{"v":796.291747399999,"d":"796.29"},{"v":82.70825263,"d":"82.71"},0,"0_20627000_683",{"v":30.4345613947,"d":"30.43"},{"v":0,"d":"0.00"},{"v":82.70825263,"d":"82.71"},{"v":0,"d":"0.00"},"0_20627000_683_655","G",{"v":0.367150582041,"d":"0.37"},{"v":0.012063606808,"d":"0.01"},{"v":0.997759839505,"d":"1.00"}]
[2,206,20627,{"v":10440.2646399999,"d":"10,440.26"},2171,{"v":0.20794492,"d":"0.21"},"M",430,20627000,{"v":112.962483739999,"d":"112.96"},879,{"v":7.781344486,"d":"7.78"},{"v":0,"d":"0.00"},{"v":0.905906425,"d":"0.91"},{"v":796.291747399999,"d":"796.29"},{"v":82.70825263,"d":"82.71"},0,"0_20627000_683",{"v":30.4345613947,"d":"30.43"},{"v":0,"d":"0.00"},{"v":82.70825263,"d":"82.71"},{"v":0,"d":"0.00"},"0_20627000_683_656","G",{"v":0.0298154239055,"d":"0.03"},{"v":0.000979656763205,"d":"0.00"},{"v":0.0810256990618,"d":"0.08"}]
[2,206,20627,{"v":10440.2646399999,"d":"10,440.26"},2171,{"v":0.20794492,"d":"0.21"},"M",430,20627000,{"v":112.962483739999,"d":"112.96"},879,{"v":7.781344486,"d":"7.78"},{"v":0,"d":"0.00"},{"v":0.905906425,"d":"0.91"},{"v":796.291747399999,"d":"796.29"},{"v":82.70825263,"d":"82.71"},0,"0_20627000_683",{"v":30.4345613947,"d":"30.43"},{"v":0,"d":"0.00"},{"v":82.70825263,"d":"82.71"},{"v":0,"d":"0.00"},"0_20627000_683_657","G",{"v":7.80055763406,"d":"7.80"},{"v":0.256305899497,"d":"0.26"},{"v":21.1986130862,"d":"21.20"}]
[2,206,20627,{"v":10440.2646399999,"d":"10,440.26"},2171,{"v":0.20794492,"d":"0.21"},"M",430,20627001,{"v":10327.3021559999,"d":"10,327.30"},1292,{"v":0.125105277,"d":"0.13"},{"v":0,"d":"0.00"},{"v":0.905906425,"d":"0.91"},{"v":1170.43110099999,"d":"1,170.43"},{"v":121.5688992,"d":"121.57"},0,"0_20627001_684",{"v":10160.873163,"d":"10,160.87"},{"v":0,"d":"0.00"},{"v":121.5688992,"d":"121.57"},{"v":0,"d":"0.00"},"0_20627001_684_658","außerhalb GKL",{"v":9740.81762177999,"d":"9,740.82"},{"v":0.958659503521,"d":"0.96"},{"v":116.543180551,"d":"116.54"}]
[2,206,20627,{"v":10440.2646399999,"d":"10,440.26"},2171,{"v":0.20794492,"d":"0.21"},"M",430,20627001,{"v":10327.3021559999,"d":"10,327.30"},1292,{"v":0.125105277,"d":"0.13"},{"v":0,"d":"0.00"},{"v":0.905906425,"d":"0.91"},{"v":1170.43110099999,"d":"1,170.43"},{"v":121.5688992,"d":"121.57"},0,"0_20627001_684",{"v":10160.873163,"d":"10,160.87"},{"v":0,"d":"0.00"},{"v":121.5688992,"d":"121.57"},{"v":0,"d":"0.00"},"0_20627001_684_659","außerhalb GKL",{"v":2.50124972852,"d":"2.50"},{"v":0.00024616484119,"d":"0.00"},{"v":0.0299259887652,"d":"0.03"}]
[2,206,20627,{"v":10440.2646399999,"d":"10,440.26"},2171,{"v":0.20794492,"d":"0.21"},"M",430,20627001,{"v":10327.3021559999,"d":"10,327.30"},1292,{"v":0.125105277,"d":"0.13"},{"v":0,"d":"0.00"},{"v":0.905906425,"d":"0.91"},{"v":1170.43110099999,"d":"1,170.43"},{"v":121.5688992,"d":"121.57"},0,"0_20627001_684",{"v":10160.873163,"d":"10,160.87"},{"v":0,"d":"0.00"},{"v":121.5688992,"d":"121.57"},{"v":0,"d":"0.00"},"0_20627001_684_660","außerhalb GKL",{"v":0.000507684615566,"d":"0.00"},{"v":4.9964664e-08,"d":"0.00"},{"v":6.074149226e-06,"d":"0.00"}]
[2,206,20627,{"v":10440.2646399999,"d":"10,440.26"},2171,{"v":0.20794492,"d":"0.21"},"M",430,20627001,{"v":10327.3021559999,"d":"10,327.30"},1292,{"v":0.125105277,"d":"0.13"},{"v":0,"d":"0.00"},{"v":0.905906425,"d":"0.91"},{"v":1170.43110099999,"d":"1,170.43"},{"v":121.5688992,"d":"121.57"},0,"0_20627001_684",{"v":10160.873163,"d":"10,160.87"},{"v":0,"d":"0.00"},{"v":121.5688992,"d":"121.57"},{"v":0,"d":"0.00"},"0_20627001_684_661","D",{"v":0.343576374515,"d":"0.34"},{"v":3.3813666306e-05,"d":"0.00"},{"v":0.00411069019079,"d":"0.00"}]
[2,206,20627,{"v":10440.2646399999,"d":"10,440.26"},2171,{"v":0.20794492,"d":"0.21"},"M",430,20627001,{"v":10327.3021559999,"d":"10,327.30"},1292,{"v":0.125105277,"d":"0.13"},{"v":0,"d":"0.00"},{"v":0.905906425,"d":"0.91"},{"v":1170.43110099999,"d":"1,170.43"},{"v":121.5688992,"d":"121.57"},0,"0_20627001_684",{"v":10160.873163,"d":"10,160.87"},{"v":0,"d":"0.00"},{"v":121.5688992,"d":"121.57"},{"v":0,"d":"0.00"},"0_20627001_684_662","E",{"v":18.3065064134999,"d":"18.31"},{"v":0.00180166665992,"d":"0.00"},{"v":0.219026632572,"d":"0.22"}]
[2,206,20627,{"v":10440.2646399999,"d":"10,440.26"},2171,{"v":0.20794492,"d":"0.21"},"M",430,20627001,{"v":10327.3021559999,"d":"10,327.30"},1292,{"v":0.125105277,"d":"0.13"},{"v":0,"d":"0.00"},{"v":0.905906425,"d":"0.91"},{"v":1170.43110099999,"d":"1,170.43"},{"v":121.5688992,"d":"121.57"},0,"0_20627001_684",{"v":10160.873163,"d":"10,160.87"},{"v":0,"d":"0.00"},{"v":121.5688992,"d":"121.57"},{"v":0,"d":"0.00"},"0_20627001_684_663","E",{"v":0.00380617108502,"d":"0.00"},{"v":3.74590945e-07,"d":"0.00"},{"v":4.5538608892e-05,"d":"0.00"}]
[2,206,20627,{"v":10440.2646399999,"d":"10,440.26"},2171,{"v":0.20794492,"d":"0.21"},"M",430,20627001,{"v":10327.3021559999,"d":"10,327.30"},1292,{"v":0.125105277,"d":"0.13"},{"v":0,"d":"0.00"},{"v":0.905906425,"d":"0.91"},{"v":1170.43110099999,"d":"1,170.43"},{"v":121.5688992,"d":"121.57"},0,"0_20627001_684",{"v":10160.873163,"d":"10,160.87"},{"v":0,"d":"0.00"},{"v":121.5688992,"d":"121.57"},{"v":0,"d":"0.00"},"0_20627001_684_664","E",{"v":2.18750078411,"d":"2.19"},{"v":0.000215286693281,"d":"0.00"},{"v":0.0261721663146,"d":"0.03"}]
[2,206,20627,{"v":10440.2646399999,"d":"10,440.26"},2171,{"v":0.20794492,"d":"0.21"},"M",430,20627001,{"v":10327.3021559999,"d":"10,327.30"},1292,{"v":0.125105277,"d":"0.13"},{"v":0,"d":"0.00"},{"v":0.905906425,"d":"0.91"},{"v":1170.43110099999,"d":"1,170.43"},{"v":121.5688992,"d":"121.57"},0,"0_20627001_684",{"v":10160.873163,"d":"10,160.87"},{"v":0,"d":"0.00"},{"v":121.5688992,"d":"121.57"},{"v":0,"d":"0.00"},"0_20627001_684_665","E",{"v":1.0790949013,"d":"1.08"},{"v":1.06201001035E-4,"d":"0.00"},{"v":0.0129107387898,"d":"0.01"}]
[2,206,20627,{"v":10440.2646399999,"d":"10,440.26"},2171,{"v":0.20794492,"d":"0.21"},"M",430,20627001,{"v":10327.3021559999,"d":"10,327.30"},1292,{"v":0.125105277,"d":"0.13"},{"v":0,"d":"0.00"},{"v":0.905906425,"d":"0.91"},{"v":1170.43110099999,"d":"1,170.43"},{"v":121.5688992,"d":"121.57"},0,"0_20627001_684",{"v":10160.873163,"d":"10,160.87"},{"v":0,"d":"0.00"},{"v":121.5688992,"d":"121.57"},{"v":0,"d":"0.00"},"0_20627001_684_666","E",{"v":2.01249932346,"d":"2.01"},{"v":0.00019806362024,"d":"0.00"},{"v":0.0240783762841,"d":"0.02"}]
[2,206,20627,{"v":10440.2646399999,"d":"10,440.26"},2171,{"v":0.20794492,"d":"0.21"},"M",430,20627001,{"v":10327.3021559999,"d":"10,327.30"},1292,{"v":0.125105277,"d":"0.13"},{"v":0,"d":"0.00"},{"v":0.905906425,"d":"0.91"},{"v":1170.43110099999,"d":"1,170.43"},{"v":121.5688992,"d":"121.57"},0,"0_20627001_684",{"v":10160.873163,"d":"10,160.87"},{"v":0,"d":"0.00"},{"v":121.5688992,"d":"121.57"},{"v":0,"d":"0.00"},"0_20627001_684_667","E",{"v":0.422737688345,"d":"0.42"},{"v":4.1604464652e-05,"d":"0.00"},{"v":0.00505780896956,"d":"0.01"}]
[2,206,20627,{"v":10440.2646399999,"d":"10,440.26"},2171,{"v":0.20794492,"d":"0.21"},"M",430,20627001,{"v":10327.3021559999,"d":"10,327.30"},1292,{"v":0.125105277,"d":"0.13"},{"v":0,"d":"0.00"},{"v":0.905906425,"d":"0.91"},{"v":1170.43110099999,"d":"1,170.43"},{"v":121.5688992,"d":"121.57"},0,"0_20627001_684",{"v":10160.873163,"d":"10,160.87"},{"v":0,"d":"0.00"},{"v":121.5688992,"d":"121.57"},{"v":0,"d":"0.00"},"0_20627001_684_668","E",{"v":0.0138065077332,"d":"0.01"},{"v":1.358791465e-06,"d":"0.00"},{"v":0.00016518678267,"d":"0.00"}]
[2,206,20627,{"v":10440.2646399999,"d":"10,440.26"},2171,{"v":0.20794492,"d":"0.21"},"M",430,20627001,{"v":10327.3021559999,"d":"10,327.30"},1292,{"v":0.125105277,"d":"0.13"},{"v":0,"d":"0.00"},{"v":0.905906425,"d":"0.91"},{"v":1170.43110099999,"d":"1,170.43"},{"v":121.5688992,"d":"121.57"},0,"0_20627001_684",{"v":10160.873163,"d":"10,160.87"},{"v":0,"d":"0.00"},{"v":121.5688992,"d":"121.57"},{"v":0,"d":"0.00"},"0_20627001_684_669","E",{"v":0.709323732344,"d":"0.71"},{"v":6.9809328486e-05,"d":"0.00"},{"v":8.48664321797E-3,"d":"0.01"}]
[2,206,20627,{"v":10440.2646399999,"d":"10,440.26"},2171,{"v":0.20794492,"d":"0.21"},"M",430,20627001,{"v":10327.3021559999,"d":"10,327.30"},1292,{"v":0.125105277,"d":"0.13"},{"v":0,"d":"0.00"},{"v":0.905906425,"d":"0.91"},{"v":1170.43110099999,"d":"1,170.43"},{"v":121.5688992,"d":"121.57"},0,"0_20627001_684",{"v":10160.873163,"d":"10,160.87"},{"v":0,"d":"0.00"},{"v":121.5688992,"d":"121.57"},{"v":0,"d":"0.00"},"0_20627001_684_670","E",{"v":1.91424783701E-4,"d":"0.00"},{"v":1.8839403E-8,"d":"0.00"},{"v":2.290285477e-06,"d":"0.00"}]
[2,206,20627,{"v":10440.2646399999,"d":"10,440.26"},2171,{"v":0.20794492,"d":"0.21"},"M",430,20627001,{"v":10327.3021559999,"d":"10,327.30"},1292,{"v":0.125105277,"d":"0.13"},{"v":0,"d":"0.00"},{"v":0.905906425,"d":"0.91"},{"v":1170.43110099999,"d":"1,170.43"},{"v":121.5688992,"d":"121.57"},0,"0_20627001_684",{"v":10160.873163,"d":"10,160.87"},{"v":0,"d":"0.00"},{"v":121.5688992,"d":"121.57"},{"v":0,"d":"0.00"},"0_20627001_684_671","E",{"v":5.97495625133,"d":"5.97"},{"v":0.000588035708692,"d":"0.00"},{"v":0.071486853796,"d":"0.07"}]
[2,206,20627,{"v":10440.2646399999,"d":"10,440.26"},2171,{"v":0.20794492,"d":"0.21"},"M",430,20627001,{"v":10327.3021559999,"d":"10,327.30"},1292,{"v":0.125105277,"d":"0.13"},{"v":0,"d":"0.00"},{"v":0.905906425,"d":"0.91"},{"v":1170.43110099999,"d":"1,170.43"},{"v":121.5688992,"d":"121.57"},0,"0_20627001_684",{"v":10160.873163,"d":"10,160.87"},{"v":0,"d":"0.00"},{"v":121.5688992,"d":"121.57"},{"v":0,"d":"0.00"},"0_20627001_684_672","E",{"v":5.83999772546,"d":"5.84"},{"v":5.74753530703E-4,"d":"0.00"},{"v":0.0698721540389,"d":"0.07"}]
[2,206,20627,{"v":10440.2646399999,"d":"10,440.26"},2171,{"v":0.20794492,"d":"0.21"},"M",430,20627001,{"v":10327.3021559999,"d":"10,327.30"},1292,{"v":0.125105277,"d":"0.13"},{"v":0,"d":"0.00"},{"v":0.905906425,"d":"0.91"},{"v":1170.43110099999,"d":"1,170.43"},{"v":121.5688992,"d":"121.57"},0,"0_20627001_684",{"v":10160.873163,"d":"10,160.87"},{"v":0,"d":"0.00"},{"v":121.5688992,"d":"121.57"},{"v":0,"d":"0.00"},"0_20627001_684_673","F",{"v":29.8443528206999,"d":"29.84"},{"v":0.00293718387603,"d":"0.00"},{"v":0.357070210557,"d":"0.36"}]
[2,206,20627,{"v":10440.2646399999,"d":"10,440.26"},2171,{"v":0.20794492,"d":"0.21"},"M",430,20627001,{"v":10327.3021559999,"d":"10,327.30"},1292,{"v":0.125105277,"d":"0.13"},{"v":0,"d":"0.00"},{"v":0.905906425,"d":"0.91"},{"v":1170.43110099999,"d":"1,170.43"},{"v":121.5688992,"d":"121.57"},0,"0_20627001_684",{"v":10160.873163,"d":"10,160.87"},{"v":0,"d":"0.00"},{"v":121.5688992,"d":"121.57"},{"v":0,"d":"0.00"},"0_20627001_684_674","F",{"v":0.153458573333,"d":"0.15"},{"v":1.5102892327E-5,"d":"0.00"},{"v":0.00183604199498,"d":"0.00"}]
[2,206,20627,{"v":10440.2646399999,"d":"10,440.26"},2171,{"v":0.20794492,"d":"0.21"},"M",430,20627001,{"v":10327.3021559999,"d":"10,327.30"},1292,{"v":0.125105277,"d":"0.13"},{"v":0,"d":"0.00"},{"v":0.905906425,"d":"0.91"},{"v":1170.43110099999,"d":"1,170.43"},{"v":121.5688992,"d":"121.57"},0,"0_20627001_684",{"v":10160.873163,"d":"10,160.87"},{"v":0,"d":"0.00"},{"v":121.5688992,"d":"121.57"},{"v":0,"d":"0.00"},"0_20627001_684_675","F",{"v":4.03980655757,"d":"4.04"},{"v":0.000397584586754,"d":"0.00"},{"v":0.0483339205506,"d":"0.05"}]
[2,206,20627,{"v":10440.2646399999,"d":"10,440.26"},2171,{"v":0.20794492,"d":"0.21"},"M",430,20627001,{"v":10327.3021559999,"d":"10,327.30"},1292,{"v":0.125105277,"d":"0.13"},{"v":0,"d":"0.00"},{"v":0.905906425,"d":"0.91"},{"v":1170.43110099999,"d":"1,170.43"},{"v":121.5688992,"d":"121.57"},0,"0_20627001_684",{"v":10160.873163,"d":"10,160.87"},{"v":0,"d":"0.00"},{"v":121.5688992,"d":"121.57"},{"v":0,"d":"0.00"},"0_20627001_684_676","F",{"v":0.199323346751,"d":"0.20"},{"v":1.9616753753e-05,"d":"0.00"},{"v":0.00238478715959,"d":"0.00"}]
[2,206,20627,{"v":10440.2646399999,"d":"10,440.26"},2171,{"v":0.20794492,"d":"0.21"},"M",430,20627001,{"v":10327.3021559999,"d":"10,327.30"},1292,{"v":0.125105277,"d":"0.13"},{"v":0,"d":"0.00"},{"v":0.905906425,"d":"0.91"},{"v":1170.43110099999,"d":"1,170.43"},{"v":121.5688992,"d":"121.57"},0,"0_20627001_684",{"v":10160.873163,"d":"10,160.87"},{"v":0,"d":"0.00"},{"v":121.5688992,"d":"121.57"},{"v":0,"d":"0.00"},"0_20627001_684_677","F",{"v":0.316088807872,"d":"0.32"},{"v":3.110842964e-05,"d":"0.00"},{"v":0.00378181754718,"d":"0.00"}]
[2,206,20627,{"v":10440.2646399999,"d":"10,440.26"},2171,{"v":0.20794492,"d":"0.21"},"M",430,20627001,{"v":10327.3021559999,"d":"10,327.30"},1292,{"v":0.125105277,"d":"0.13"},{"v":0,"d":"0.00"},{"v":0.905906425,"d":"0.91"},{"v":1170.43110099999,"d":"1,170.43"},{"v":121.5688992,"d":"121.57"},0,"0_20627001_684",{"v":10160.873163,"d":"10,160.87"},{"v":0,"d":"0.00"},{"v":121.5688992,"d":"121.57"},{"v":0,"d":"0.00"},"0_20627001_684_678","F",{"v":6.74105539624,"d":"6.74"},{"v":0.000663432688126,"d":"0.00"},{"v":0.0806527815888,"d":"0.08"}]
[2,206,20627,{"v":10440.2646399999,"d":"10,440.26"},2171,{"v":0.20794492,"d":"0.21"},"M",430,20627001,{"v":10327.3021559999,"d":"10,327.30"},1292,{"v":0.125105277,"d":"0.13"},{"v":0,"d":"0.00"},{"v":0.905906425,"d":"0.91"},{"v":1170.43110099999,"d":"1,170.43"},{"v":121.5688992,"d":"121.57"},0,"0_20627001_684",{"v":10160.873163,"d":"10,160.87"},{"v":0,"d":"0.00"},{"v":121.5688992,"d":"121.57"},{"v":0,"d":"0.00"},"0_20627001_684_679","F",{"v":0.00431911653067,"d":"0.00"},{"v":4.25073363E-7,"d":"0.00"},{"v":5.167570087e-05,"d":"0.00"}]
[2,206,20627,{"v":10440.2646399999,"d":"10,440.26"},2171,{"v":0.20794492,"d":"0.21"},"M",430,20627001,{"v":10327.3021559999,"d":"10,327.30"},1292,{"v":0.125105277,"d":"0.13"},{"v":0,"d":"0.00"},{"v":0.905906425,"d":"0.91"},{"v":1170.43110099999,"d":"1,170.43"},{"v":121.5688992,"d":"121.57"},0,"0_20627001_684",{"v":10160.873163,"d":"10,160.87"},{"v":0,"d":"0.00"},{"v":121.5688992,"d":"121.57"},{"v":0,"d":"0.00"},"0_20627001_684_680","F",{"v":6.58448255039,"d":"6.58"},{"v":0.000648023299254,"d":"0.00"},{"v":0.0787794791463,"d":"0.08"}]
[2,206,20627,{"v":10440.2646399999,"d":"10,440.26"},2171,{"v":0.20794492,"d":"0.21"},"M",430,20627001,{"v":10327.3021559999,"d":"10,327.30"},1292,{"v":0.125105277,"d":"0.13"},{"v":0,"d":"0.00"},{"v":0.905906425,"d":"0.91"},{"v":1170.43110099999,"d":"1,170.43"},{"v":121.5688992,"d":"121.57"},0,"0_20627001_684",{"v":10160.873163,"d":"10,160.87"},{"v":0,"d":"0.00"},{"v":121.5688992,"d":"121.57"},{"v":0,"d":"0.00"},"0_20627001_684_681","F",{"v":1.16242655099,"d":"1.16"},{"v":1.14402230236E-4,"d":"0.00"},{"v":0.0139077531958,"d":"0.01"}]
[2,206,20627,{"v":10440.2646399999,"d":"10,440.26"},2171,{"v":0.20794492,"d":"0.21"},"M",430,20627001,{"v":10327.3021559999,"d":"10,327.30"},1292,{"v":0.125105277,"d":"0.13"},{"v":0,"d":"0.00"},{"v":0.905906425,"d":"0.91"},{"v":1170.43110099999,"d":"1,170.43"},{"v":121.5688992,"d":"121.57"},0,"0_20627001_684",{"v":10160.873163,"d":"10,160.87"},{"v":0,"d":"0.00"},{"v":121.5688992,"d":"121.57"},{"v":0,"d":"0.00"},"0_20627001_684_682","F",{"v":13.8464937580999,"d":"13.85"},{"v":1.3627267594E-3,"d":"0.00"},{"v":0.165665192051,"d":"0.17"}]
[2,206,20627,{"v":10440.2646399999,"d":"10,440.26"},2171,{"v":0.20794492,"d":"0.21"},"M",430,20627001,{"v":10327.3021559999,"d":"10,327.30"},1292,{"v":0.125105277,"d":"0.13"},{"v":0,"d":"0.00"},{"v":0.905906425,"d":"0.91"},{"v":1170.43110099999,"d":"1,170.43"},{"v":121.5688992,"d":"121.57"},0,"0_20627001_684",{"v":10160.873163,"d":"10,160.87"},{"v":0,"d":"0.00"},{"v":121.5688992,"d":"121.57"},{"v":0,"d":"0.00"},"0_20627001_684_683","F",{"v":0.0601734983797,"d":"0.06"},{"v":5.922079472e-06,"d":"0.00"},{"v":0.000719940682427,"d":"0.00"}]
[2,206,20627,{"v":10440.2646399999,"d":"10,440.26"},2171,{"v":0.20794492,"d":"0.21"},"M",430,20627001,{"v":10327.3021559999,"d":"10,327.30"},1292,{"v":0.125105277,"d":"0.13"},{"v":0,"d":"0.00"},{"v":0.905906425,"d":"0.91"},{"v":1170.43110099999,"d":"1,170.43"},{"v":121.5688992,"d":"121.57"},0,"0_20627001_684",{"v":10160.873163,"d":"10,160.87"},{"v":0,"d":"0.00"},{"v":121.5688992,"d":"121.57"},{"v":0,"d":"0.00"},"0_20627001_684_684","F",{"v":0.0638212081366,"d":"0.06"},{"v":6.281075171e-06,"d":"0.00"},{"v":0.000763583394293,"d":"0.00"}]
[2,206,20627,{"v":10440.2646399999,"d":"10,440.26"},2171,{"v":0.20794492,"d":"0.21"},"M",430,20627001,{"v":10327.3021559999,"d":"10,327.30"},1292,{"v":0.125105277,"d":"0.13"},{"v":0,"d":"0.00"},{"v":0.905906425,"d":"0.91"},{"v":1170.43110099999,"d":"1,170.43"},{"v":121.5688992,"d":"121.57"},0,"0_20627001_684",{"v":10160.873163,"d":"10,160.87"},{"v":0,"d":"0.00"},{"v":121.5688992,"d":"121.57"},{"v":0,"d":"0.00"},"0_20627001_684_685","F",{"v":2.80968522949,"d":"2.81"},{"v":0.000276520057324,"d":"0.00"},{"v":0.0336162389756,"d":"0.03"}]
[2,206,20627,{"v":10440.2646399999,"d":"10,440.26"},2171,{"v":0.20794492,"d":"0.21"},"M",430,20627001,{"v":10327.3021559999,"d":"10,327.30"},1292,{"v":0.125105277,"d":"0.13"},{"v":0,"d":"0.00"},{"v":0.905906425,"d":"0.91"},{"v":1170.43110099999,"d":"1,170.43"},{"v":121.5688992,"d":"121.57"},0,"0_20627001_684",{"v":10160.873163,"d":"10,160.87"},{"v":0,"d":"0.00"},{"v":121.5688992,"d":"121.57"},{"v":0,"d":"0.00"},"0_20627001_684_686","F",{"v":11.7730651013,"d":"11.77"},{"v":1.15866667288E-3,"d":"0.00"},{"v":0.140857831962,"d":"0.14"}]
[2,206,20627,{"v":10440.2646399999,"d":"10,440.26"},2171,{"v":0.20794492,"d":"0.21"},"M",430,20627001,{"v":10327.3021559999,"d":"10,327.30"},1292,{"v":0.125105277,"d":"0.13"},{"v":0,"d":"0.00"},{"v":0.905906425,"d":"0.91"},{"v":1170.43110099999,"d":"1,170.43"},{"v":121.5688992,"d":"121.57"},0,"0_20627001_684",{"v":10160.873163,"d":"10,160.87"},{"v":0,"d":"0.00"},{"v":121.5688992,"d":"121.57"},{"v":0,"d":"0.00"},"0_20627001_684_687","F",{"v":0.0116810792115,"d":"0.01"},{"v":1.149613722E-6,"d":"0.00"},{"v":1.39757274639E-4,"d":"0.00"}]
[2,206,20627,{"v":10440.2646399999,"d":"10,440.26"},2171,{"v":0.20794492,"d":"0.21"},"M",430,20627001,{"v":10327.3021559999,"d":"10,327.30"},1292,{"v":0.125105277,"d":"0.13"},{"v":0,"d":"0.00"},{"v":0.905906425,"d":"0.91"},{"v":1170.43110099999,"d":"1,170.43"},{"v":121.5688992,"d":"121.57"},0,"0_20627001_684",{"v":10160.873163,"d":"10,160.87"},{"v":0,"d":"0.00"},{"v":121.5688992,"d":"121.57"},{"v":0,"d":"0.00"},"0_20627001_684_688","F",{"v":0.491843347809,"d":"0.49"},{"v":4.8405618289e-05,"d":"0.00"},{"v":0.00588461773046,"d":"0.01"}]
[2,206,20627,{"v":10440.2646399999,"d":"10,440.26"},2171,{"v":0.20794492,"d":"0.21"},"M",430,20627001,{"v":10327.3021559999,"d":"10,327.30"},1292,{"v":0.125105277,"d":"0.13"},{"v":0,"d":"0.00"},{"v":0.905906425,"d":"0.91"},{"v":1170.43110099999,"d":"1,170.43"},{"v":121.5688992,"d":"121.57"},0,"0_20627001_684",{"v":10160.873163,"d":"10,160.87"},{"v":0,"d":"0.00"},{"v":121.5688992,"d":"121.57"},{"v":0,"d":"0.00"},"0_20627001_684_689","F",{"v":0.0833465508978,"d":"0.08"},{"v":8.202695729e-06,"d":"0.00"},{"v":0.000997192690256,"d":"0.00"}]
[2,206,20627,{"v":10440.2646399999,"d":"10,440.26"},2171,{"v":0.20794492,"d":"0.21"},"M",430,20627001,{"v":10327.3021559999,"d":"10,327.30"},1292,{"v":0.125105277,"d":"0.13"},{"v":0,"d":"0.00"},{"v":0.905906425,"d":"0.91"},{"v":1170.43110099999,"d":"1,170.43"},{"v":121.5688992,"d":"121.57"},0,"0_20627001_684",{"v":10160.873163,"d":"10,160.87"},{"v":0,"d":"0.00"},{"v":121.5688992,"d":"121.57"},{"v":0,"d":"0.00"},"0_20627001_684_690","F",{"v":0.0466694468552,"d":"0.05"},{"v":4.593054761e-06,"d":"0.00"},{"v":0.000558372611236,"d":"0.00"}]
[2,206,20627,{"v":10440.2646399999,"d":"10,440.26"},2171,{"v":0.20794492,"d":"0.21"},"M",430,20627001,{"v":10327.3021559999,"d":"10,327.30"},1292,{"v":0.125105277,"d":"0.13"},{"v":0,"d":"0.00"},{"v":0.905906425,"d":"0.91"},{"v":1170.43110099999,"d":"1,170.43"},{"v":121.5688992,"d":"121.57"},0,"0_20627001_684",{"v":10160.873163,"d":"10,160.87"},{"v":0,"d":"0.00"},{"v":121.5688992,"d":"121.57"},{"v":0,"d":"0.00"},"0_20627001_684_691","F",{"v":0.307513773623,"d":"0.31"},{"v":3.0264502734e-05,"d":"0.00"},{"v":3.67922228223E-3,"d":"0.00"}]
[2,206,20627,{"v":10440.2646399999,"d":"10,440.26"},2171,{"v":0.20794492,"d":"0.21"},"M",430,20627001,{"v":10327.3021559999,"d":"10,327.30"},1292,{"v":0.125105277,"d":"0.13"},{"v":0,"d":"0.00"},{"v":0.905906425,"d":"0.91"},{"v":1170.43110099999,"d":"1,170.43"},{"v":121.5688992,"d":"121.57"},0,"0_20627001_684",{"v":10160.873163,"d":"10,160.87"},{"v":0,"d":"0.00"},{"v":121.5688992,"d":"121.57"},{"v":0,"d":"0.00"},"0_20627001_684_692","F",{"v":1.5998808252,"d":"1.60"},{"v":1.57455053275E-4,"d":"0.00"},{"v":0.0191416375001,"d":"0.02"}]
[2,206,20627,{"v":10440.2646399999,"d":"10,440.26"},2171,{"v":0.20794492,"d":"0.21"},"M",430,20627001,{"v":10327.3021559999,"d":"10,327.30"},1292,{"v":0.125105277,"d":"0.13"},{"v":0,"d":"0.00"},{"v":0.905906425,"d":"0.91"},{"v":1170.43110099999,"d":"1,170.43"},{"v":121.5688992,"d":"121.57"},0,"0_20627001_684",{"v":10160.873163,"d":"10,160.87"},{"v":0,"d":"0.00"},{"v":121.5688992,"d":"121.57"},{"v":0,"d":"0.00"},"0_20627001_684_693","F",{"v":0.365824231569,"d":"0.37"},{"v":3.6003227843e-05,"d":"0.00"},{"v":0.0043768727765,"d":"0.00"}]
[2,206,20627,{"v":10440.2646399999,"d":"10,440.26"},2171,{"v":0.20794492,"d":"0.21"},"M",430,20627001,{"v":10327.3021559999,"d":"10,327.30"},1292,{"v":0.125105277,"d":"0.13"},{"v":0,"d":"0.00"},{"v":0.905906425,"d":"0.91"},{"v":1170.43110099999,"d":"1,170.43"},{"v":121.5688992,"d":"121.57"},0,"0_20627001_684",{"v":10160.873163,"d":"10,160.87"},{"v":0,"d":"0.00"},{"v":121.5688992,"d":"121.57"},{"v":0,"d":"0.00"},"0_20627001_684_694","F",{"v":4.39210670568,"d":"4.39"},{"v":4.32256818407E-4,"d":"0.00"},{"v":0.0525489855854,"d":"0.05"}]
[2,206,20627,{"v":10440.2646399999,"d":"10,440.26"},2171,{"v":0.20794492,"d":"0.21"},"M",430,20627001,{"v":10327.3021559999,"d":"10,327.30"},1292,{"v":0.125105277,"d":"0.13"},{"v":0,"d":"0.00"},{"v":0.905906425,"d":"0.91"},{"v":1170.43110099999,"d":"1,170.43"},{"v":121.5688992,"d":"121.57"},0,"0_20627001_684",{"v":10160.873163,"d":"10,160.87"},{"v":0,"d":"0.00"},{"v":121.5688992,"d":"121.57"},{"v":0,"d":"0.00"},"0_20627001_684_695","F",{"v":0.054493427302,"d":"0.05"},{"v":5.363065401e-06,"d":"0.00"},{"v":6.51981957108E-4,"d":"0.00"}]
[2,206,20627,{"v":10440.2646399999,"d":"10,440.26"},2171,{"v":0.20794492,"d":"0.21"},"M",430,20627001,{"v":10327.3021559999,"d":"10,327.30"},1292,{"v":0.125105277,"d":"0.13"},{"v":0,"d":"0.00"},{"v":0.905906425,"d":"0.91"},{"v":1170.43110099999,"d":"1,170.43"},{"v":121.5688992,"d":"121.57"},0,"0_20627001_684",{"v":10160.873163,"d":"10,160.87"},{"v":0,"d":"0.00"},{"v":121.5688992,"d":"121.57"},{"v":0,"d":"0.00"},"0_20627001_684_696","G",{"v":1.87928747919,"d":"1.88"},{"v":0.000184953344958,"d":"0.00"},{"v":0.0224845745499,"d":"0.02"}]
[2,206,20627,{"v":10440.2646399999,"d":"10,440.26"},2171,{"v":0.20794492,"d":"0.21"},"M",430,20627001,{"v":10327.3021559999,"d":"10,327.30"},1292,{"v":0.125105277,"d":"0.13"},{"v":0,"d":"0.00"},{"v":0.905906425,"d":"0.91"},{"v":1170.43110099999,"d":"1,170.43"},{"v":121.5688992,"d":"121.57"},0,"0_20627001_684",{"v":10160.873163,"d":"10,160.87"},{"v":0,"d":"0.00"},{"v":121.5688992,"d":"121.57"},{"v":0,"d":"0.00"},"0_20627001_684_697","G",{"v":38.4695403007999,"d":"38.47"},{"v":0.0037860466993,"d":"0.00"},{"v":0.460265529554,"d":"0.46"}]
[2,206,20627,{"v":10440.2646399999,"d":"10,440.26"},2171,{"v":0.20794492,"d":"0.21"},"M",430,20627001,{"v":10327.3021559999,"d":"10,327.30"},1292,{"v":0.125105277,"d":"0.13"},{"v":0,"d":"0.00"},{"v":0.905906425,"d":"0.91"},{"v":1170.43110099999,"d":"1,170.43"},{"v":121.5688992,"d":"121.57"},0,"0_20627001_684",{"v":10160.873163,"d":"10,160.87"},{"v":0,"d":"0.00"},{"v":121.5688992,"d":"121.57"},{"v":0,"d":"0.00"},"0_20627001_684_698","G",{"v":9.73362782319,"d":"9.73"},{"v":0.000957951906991,"d":"0.00"},{"v":0.116457158819,"d":"0.12"}]
[2,206,20627,{"v":10440.2646399999,"d":"10,440.26"},2171,{"v":0.20794492,"d":"0.21"},"M",430,20627001,{"v":10327.3021559999,"d":"10,327.30"},1292,{"v":0.125105277,"d":"0.13"},{"v":0,"d":"0.00"},{"v":0.905906425,"d":"0.91"},{"v":1170.43110099999,"d":"1,170.43"},{"v":121.5688992,"d":"121.57"},0,"0_20627001_684",{"v":10160.873163,"d":"10,160.87"},{"v":0,"d":"0.00"},{"v":121.5688992,"d":"121.57"},{"v":0,"d":"0.00"},"0_20627001_684_699","G",{"v":1.02548350883,"d":"1.03"},{"v":1.00924742626E-4,"d":"0.00"},{"v":0.0122693098631,"d":"0.01"}]
[2,206,20627,{"v":10440.2646399999,"d":"10,440.26"},2171,{"v":0.20794492,"d":"0.21"},"M",430,20627001,{"v":10327.3021559999,"d":"10,327.30"},1292,{"v":0.125105277,"d":"0.13"},{"v":0,"d":"0.00"},{"v":0.905906425,"d":"0.91"},{"v":1170.43110099999,"d":"1,170.43"},{"v":121.5688992,"d":"121.57"},0,"0_20627001_684",{"v":10160.873163,"d":"10,160.87"},{"v":0,"d":"0.00"},{"v":121.5688992,"d":"121.57"},{"v":0,"d":"0.00"},"0_20627001_684_700","G",{"v":15.3579745439999,"d":"15.36"},{"v":0.0015114817691,"d":"0.00"},{"v":0.18374917483,"d":"0.18"}]
[2,206,20627,{"v":10440.2646399999,"d":"10,440.26"},2171,{"v":0.20794492,"d":"0.21"},"M",430,20627001,{"v":10327.3021559999,"d":"10,327.30"},1292,{"v":0.125105277,"d":"0.13"},{"v":0,"d":"0.00"},{"v":0.905906425,"d":"0.91"},{"v":1170.43110099999,"d":"1,170.43"},{"v":121.5688992,"d":"121.57"},0,"0_20627001_684",{"v":10160.873163,"d":"10,160.87"},{"v":0,"d":"0.00"},{"v":121.5688992,"d":"121.57"},{"v":0,"d":"0.00"},"0_20627001_684_701","G",{"v":0.00177057027126,"d":"0.00"},{"v":1.74253752e-07,"d":"0.00"},{"v":2.11838368E-5,"d":"0.00"}]
[2,206,20627,{"v":10440.2646399999,"d":"10,440.26"},2171,{"v":0.20794492,"d":"0.21"},"M",430,20627001,{"v":10327.3021559999,"d":"10,327.30"},1292,{"v":0.125105277,"d":"0.13"},{"v":0,"d":"0.00"},{"v":0.905906425,"d":"0.91"},{"v":1170.43110099999,"d":"1,170.43"},{"v":121.5688992,"d":"121.57"},0,"0_20627001_684",{"v":10160.873163,"d":"10,160.87"},{"v":0,"d":"0.00"},{"v":121.5688992,"d":"121.57"},{"v":0,"d":"0.00"},"0_20627001_684_702","G",{"v":0.491928749815,"d":"0.49"},{"v":4.8414023276e-05,"d":"0.00"},{"v":0.00588563951547,"d":"0.01"}]
[2,206,20627,{"v":10440.2646399999,"d":"10,440.26"},2171,{"v":0.20794492,"d":"0.21"},"M",430,20627001,{"v":10327.3021559999,"d":"10,327.30"},1292,{"v":0.125105277,"d":"0.13"},{"v":0,"d":"0.00"},{"v":0.905906425,"d":"0.91"},{"v":1170.43110099999,"d":"1,170.43"},{"v":121.5688992,"d":"121.57"},0,"0_20627001_684",{"v":10160.873163,"d":"10,160.87"},{"v":0,"d":"0.00"},{"v":121.5688992,"d":"121.57"},{"v":0,"d":"0.00"},"0_20627001_684_703","G",{"v":0.286776676803,"d":"0.29"},{"v":2.8223625293E-5,"d":"0.00"},{"v":0.00343111505832,"d":"0.00"}]
[2,206,20627,{"v":10440.2646399999,"d":"10,440.26"},2171,{"v":0.20794492,"d":"0.21"},"M",430,20627001,{"v":10327.3021559999,"d":"10,327.30"},1292,{"v":0.125105277,"d":"0.13"},{"v":0,"d":"0.00"},{"v":0.905906425,"d":"0.91"},{"v":1170.43110099999,"d":"1,170.43"},{"v":121.5688992,"d":"121.57"},0,"0_20627001_684",{"v":10160.873163,"d":"10,160.87"},{"v":0,"d":"0.00"},{"v":121.5688992,"d":"121.57"},{"v":0,"d":"0.00"},"0_20627001_684_704","G",{"v":40.0030490226999,"d":"40.00"},{"v":3.93696962662E-3,"d":"0.00"},{"v":0.478613063692,"d":"0.48"}]
[2,206,20627,{"v":10440.2646399999,"d":"10,440.26"},2171,{"v":0.20794492,"d":"0.21"},"M",430,20627001,{"v":10327.3021559999,"d":"10,327.30"},1292,{"v":0.125105277,"d":"0.13"},{"v":0,"d":"0.00"},{"v":0.905906425,"d":"0.91"},{"v":1170.43110099999,"d":"1,170.43"},{"v":121.5688992,"d":"121.57"},0,"0_20627001_684",{"v":10160.873163,"d":"10,160.87"},{"v":0,"d":"0.00"},{"v":121.5688992,"d":"121.57"},{"v":0,"d":"0.00"},"0_20627001_684_705","G",{"v":0.000917418500476,"d":"0.00"},{"v":9.0289337E-8,"d":"0.00"},{"v":1.09763753E-5,"d":"0.00"}]
[2,206,20627,{"v":10440.2646399999,"d":"10,440.26"},2171,{"v":0.20794492,"d":"0.21"},"M",430,20627001,{"v":10327.3021559999,"d":"10,327.30"},1292,{"v":0.125105277,"d":"0.13"},{"v":0,"d":"0.00"},{"v":0.905906425,"d":"0.91"},{"v":1170.43110099999,"d":"1,170.43"},{"v":121.5688992,"d":"121.57"},0,"0_20627001_684",{"v":10160.873163,"d":"10,160.87"},{"v":0,"d":"0.00"},{"v":121.5688992,"d":"121.57"},{"v":0,"d":"0.00"},"0_20627001_684_706","G",{"v":13.5956954777,"d":"13.60"},{"v":0.00133804401055,"d":"0.00"},{"v":0.162664537444,"d":"0.16"}]
[2,206,20627,{"v":10440.2646399999,"d":"10,440.26"},2171,{"v":0.20794492,"d":"0.21"},"M",430,20627001,{"v":10327.3021559999,"d":"10,327.30"},1292,{"v":0.125105277,"d":"0.13"},{"v":0,"d":"0.00"},{"v":0.905906425,"d":"0.91"},{"v":1170.43110099999,"d":"1,170.43"},{"v":121.5688992,"d":"121.57"},0,"0_20627001_684",{"v":10160.873163,"d":"10,160.87"},{"v":0,"d":"0.00"},{"v":121.5688992,"d":"121.57"},{"v":0,"d":"0.00"},"0_20627001_684_707","G",{"v":0.322797916234,"d":"0.32"},{"v":3.1768718205E-5,"d":"0.00"},{"v":0.0038620881012,"d":"0.00"}]
[2,206,20627,{"v":10440.2646399999,"d":"10,440.26"},2171,{"v":0.20794492,"d":"0.21"},"M",430,20627001,{"v":10327.3021559999,"d":"10,327.30"},1292,{"v":0.125105277,"d":"0.13"},{"v":0,"d":"0.00"},{"v":0.905906425,"d":"0.91"},{"v":1170.43110099999,"d":"1,170.43"},{"v":121.5688992,"d":"121.57"},0,"0_20627001_684",{"v":10160.873163,"d":"10,160.87"},{"v":0,"d":"0.00"},{"v":121.5688992,"d":"121.57"},{"v":0,"d":"0.00"},"0_20627001_684_708","G",{"v":0.347774761534,"d":"0.35"},{"v":3.4226857865e-05,"d":"0.00"},{"v":0.00416092143372,"d":"0.00"}]
[2,206,20627,{"v":10440.2646399999,"d":"10,440.26"},2171,{"v":0.20794492,"d":"0.21"},"M",430,20627001,{"v":10327.3021559999,"d":"10,327.30"},1292,{"v":0.125105277,"d":"0.13"},{"v":0,"d":"0.00"},{"v":0.905906425,"d":"0.91"},{"v":1170.43110099999,"d":"1,170.43"},{"v":121.5688992,"d":"121.57"},0,"0_20627001_684",{"v":10160.873163,"d":"10,160.87"},{"v":0,"d":"0.00"},{"v":121.5688992,"d":"121.57"},{"v":0,"d":"0.00"},"0_20627001_684_709","G",{"v":0.476088893748,"d":"0.48"},{"v":4.6855116299e-05,"d":"0.00"},{"v":0.00569612491031,"d":"0.01"}]
[2,206,20627,{"v":10440.2646399999,"d":"10,440.26"},2171,{"v":0.20794492,"d":"0.21"},"M",430,20627001,{"v":10327.3021559999,"d":"10,327.30"},1292,{"v":0.125105277,"d":"0.13"},{"v":0,"d":"0.00"},{"v":0.905906425,"d":"0.91"},{"v":1170.43110099999,"d":"1,170.43"},{"v":121.5688992,"d":"121.57"},0,"0_20627001_684",{"v":10160.873163,"d":"10,160.87"},{"v":0,"d":"0.00"},{"v":121.5688992,"d":"121.57"},{"v":0,"d":"0.00"},"0_20627001_684_710","G",{"v":167.367245915,"d":"167.37"},{"v":0.0164717385239,"d":"0.02"},{"v":2.00245112026,"d":"2.00"}]
[2,206,20627,{"v":10440.2646399999,"d":"10,440.26"},2171,{"v":0.20794492,"d":"0.21"},"M",430,20627001,{"v":10327.3021559999,"d":"10,327.30"},1292,{"v":0.125105277,"d":"0.13"},{"v":0,"d":"0.00"},{"v":0.905906425,"d":"0.91"},{"v":1170.43110099999,"d":"1,170.43"},{"v":121.5688992,"d":"121.57"},0,"0_20627001_684",{"v":10160.873163,"d":"10,160.87"},{"v":0,"d":"0.00"},{"v":121.5688992,"d":"121.57"},{"v":0,"d":"0.00"},"0_20627001_684_711","G",{"v":0.511287634274,"d":"0.51"},{"v":5.0319261551e-05,"d":"0.00"},{"v":0.00611725723529,"d":"0.01"}]
[2,206,20627,{"v":10440.2646399999,"d":"10,440.26"},2171,{"v":0.20794492,"d":"0.21"},"M",430,20627001,{"v":10327.3021559999,"d":"10,327.30"},1292,{"v":0.125105277,"d":"0.13"},{"v":0,"d":"0.00"},{"v":0.905906425,"d":"0.91"},{"v":1170.43110099999,"d":"1,170.43"},{"v":121.5688992,"d":"121.57"},0,"0_20627001_684",{"v":10160.873163,"d":"10,160.87"},{"v":0,"d":"0.00"},{"v":121.5688992,"d":"121.57"},{"v":0,"d":"0.00"},"0_20627001_684_712","G",{"v":0.874453504663,"d":"0.87"},{"v":8.6060862156e-05,"d":"0.00"},{"v":0.0104623242765,"d":"0.01"}]
[2,206,20627,{"v":10440.2646399999,"d":"10,440.26"},2171,{"v":0.20794492,"d":"0.21"},"M",430,20627001,{"v":10327.3021559999,"d":"10,327.30"},1292,{"v":0.125105277,"d":"0.13"},{"v":0,"d":"0.00"},{"v":0.905906425,"d":"0.91"},{"v":1170.43110099999,"d":"1,170.43"},{"v":121.5688992,"d":"121.57"},0,"0_20627001_684",{"v":10160.873163,"d":"10,160.87"},{"v":0,"d":"0.00"},{"v":121.5688992,"d":"121.57"},{"v":0,"d":"0.00"},"0_20627001_684_713","G",{"v":4.93607739984,"d":"4.94"},{"v":0.000485792640126,"d":"0.00"},{"v":0.0590572764996,"d":"0.06"}]
[2,206,20627,{"v":10440.2646399999,"d":"10,440.26"},2171,{"v":0.20794492,"d":"0.21"},"M",430,20627001,{"v":10327.3021559999,"d":"10,327.30"},1292,{"v":0.125105277,"d":"0.13"},{"v":0,"d":"0.00"},{"v":0.905906425,"d":"0.91"},{"v":1170.43110099999,"d":"1,170.43"},{"v":121.5688992,"d":"121.57"},0,"0_20627001_684",{"v":10160.873163,"d":"10,160.87"},{"v":0,"d":"0.00"},{"v":121.5688992,"d":"121.57"},{"v":0,"d":"0.00"},"0_20627001_684_714","G",{"v":0.0260969762776,"d":"0.03"},{"v":2.568379298e-06,"d":"0.00"},{"v":0.00031223504394,"d":"0.00"}]
[2,206,20631,{"v":8427.68427599999,"d":"8,427.68"},1705,{"v":0.20230943,"d":"0.20"}," ",410,20631000,{"v":7009.79644999999,"d":"7,009.80"},1424,{"v":0.203144272,"d":"0.20"},{"v":0,"d":"0.00"},{"v":0.921559671,"d":"0.92"},{"v":1312.30097099999,"d":"1,312.30"},{"v":111.6990289,"d":"111.70"},0,"0_20631000_695",{"v":6874.75597554999,"d":"6,874.76"},{"v":0,"d":"0.00"},{"v":111.6990289,"d":"111.70"},{"v":0,"d":"0.00"},"0_20631000_695_715","außerhalb GKL",{"v":6707.40584664,"d":"6,707.41"},{"v":0.975657299036,"d":"0.98"},{"v":108.979972841999,"d":"108.98"}]
[2,206,20631,{"v":8427.68427599999,"d":"8,427.68"},1705,{"v":0.20230943,"d":"0.20"}," ",410,20631000,{"v":7009.79644999999,"d":"7,009.80"},1424,{"v":0.203144272,"d":"0.20"},{"v":0,"d":"0.00"},{"v":0.921559671,"d":"0.92"},{"v":1312.30097099999,"d":"1,312.30"},{"v":111.6990289,"d":"111.70"},0,"0_20631000_695",{"v":6874.75597554999,"d":"6,874.76"},{"v":0,"d":"0.00"},{"v":111.6990289,"d":"111.70"},{"v":0,"d":"0.00"},"0_20631000_695_716","außerhalb GKL",{"v":0.185490198108,"d":"0.19"},{"v":2.6981350141E-5,"d":"0.00"},{"v":3.01379060913E-3,"d":"0.00"}]
[2,206,20631,{"v":8427.68427599999,"d":"8,427.68"},1705,{"v":0.20230943,"d":"0.20"}," ",410,20631000,{"v":7009.79644999999,"d":"7,009.80"},1424,{"v":0.203144272,"d":"0.20"},{"v":0,"d":"0.00"},{"v":0.921559671,"d":"0.92"},{"v":1312.30097099999,"d":"1,312.30"},{"v":111.6990289,"d":"111.70"},0,"0_20631000_695",{"v":6874.75597554999,"d":"6,874.76"},{"v":0,"d":"0.00"},{"v":111.6990289,"d":"111.70"},{"v":0,"d":"0.00"},"0_20631000_695_717","E",{"v":2.82440179114,"d":"2.82"},{"v":0.000410836661139,"d":"0.00"},{"v":0.0458900560857,"d":"0.05"}]
[2,206,20631,{"v":8427.68427599999,"d":"8,427.68"},1705,{"v":0.20230943,"d":"0.20"}," ",410,20631000,{"v":7009.79644999999,"d":"7,009.80"},1424,{"v":0.203144272,"d":"0.20"},{"v":0,"d":"0.00"},{"v":0.921559671,"d":"0.92"},{"v":1312.30097099999,"d":"1,312.30"},{"v":111.6990289,"d":"111.70"},0,"0_20631000_695",{"v":6874.75597554999,"d":"6,874.76"},{"v":0,"d":"0.00"},{"v":111.6990289,"d":"111.70"},{"v":0,"d":"0.00"},"0_20631000_695_718","E",{"v":0.742304517381,"d":"0.74"},{"v":1.07975398694E-4,"d":"0.00"},{"v":0.0120607471792,"d":"0.01"}]
[2,206,20631,{"v":8427.68427599999,"d":"8,427.68"},1705,{"v":0.20230943,"d":"0.20"}," ",410,20631000,{"v":7009.79644999999,"d":"7,009.80"},1424,{"v":0.203144272,"d":"0.20"},{"v":0,"d":"0.00"},{"v":0.921559671,"d":"0.92"},{"v":1312.30097099999,"d":"1,312.30"},{"v":111.6990289,"d":"111.70"},0,"0_20631000_695",{"v":6874.75597554999,"d":"6,874.76"},{"v":0,"d":"0.00"},{"v":111.6990289,"d":"111.70"},{"v":0,"d":"0.00"},"0_20631000_695_719","E",{"v":3.45309797253,"d":"3.45"},{"v":0.0005022866244,"d":"0.00"},{"v":0.0561049281749,"d":"0.06"}]
[2,206,20631,{"v":8427.68427599999,"d":"8,427.68"},1705,{"v":0.20230943,"d":"0.20"}," ",410,20631000,{"v":7009.79644999999,"d":"7,009.80"},1424,{"v":0.203144272,"d":"0.20"},{"v":0,"d":"0.00"},{"v":0.921559671,"d":"0.92"},{"v":1312.30097099999,"d":"1,312.30"},{"v":111.6990289,"d":"111.70"},0,"0_20631000_695",{"v":6874.75597554999,"d":"6,874.76"},{"v":0,"d":"0.00"},{"v":111.6990289,"d":"111.70"},{"v":0,"d":"0.00"},"0_20631000_695_720","E",{"v":8.40169359499999,"d":"8.40"},{"v":0.00122210790098,"d":"0.00"},{"v":0.13650826575,"d":"0.14"}]
[2,206,20631,{"v":8427.68427599999,"d":"8,427.68"},1705,{"v":0.20230943,"d":"0.20"}," ",410,20631000,{"v":7009.79644999999,"d":"7,009.80"},1424,{"v":0.203144272,"d":"0.20"},{"v":0,"d":"0.00"},{"v":0.921559671,"d":"0.92"},{"v":1312.30097099999,"d":"1,312.30"},{"v":111.6990289,"d":"111.70"},0,"0_20631000_695",{"v":6874.75597554999,"d":"6,874.76"},{"v":0,"d":"0.00"},{"v":111.6990289,"d":"111.70"},{"v":0,"d":"0.00"},"0_20631000_695_721","E",{"v":0.0214169995531,"d":"0.02"},{"v":3.115310511e-06,"d":"0.00"},{"v":0.000347977158832,"d":"0.00"}]
[2,206,20631,{"v":8427.68427599999,"d":"8,427.68"},1705,{"v":0.20230943,"d":"0.20"}," ",410,20631000,{"v":7009.79644999999,"d":"7,009.80"},1424,{"v":0.203144272,"d":"0.20"},{"v":0,"d":"0.00"},{"v":0.921559671,"d":"0.92"},{"v":1312.30097099999,"d":"1,312.30"},{"v":111.6990289,"d":"111.70"},0,"0_20631000_695",{"v":6874.75597554999,"d":"6,874.76"},{"v":0,"d":"0.00"},{"v":111.6990289,"d":"111.70"},{"v":0,"d":"0.00"},"0_20631000_695_722","E",{"v":0.000270699882478,"d":"0.00"},{"v":3.9375926e-08,"d":"0.00"},{"v":4.398252695e-06,"d":"0.00"}]
[2,206,20631,{"v":8427.68427599999,"d":"8,427.68"},1705,{"v":0.20230943,"d":"0.20"}," ",410,20631000,{"v":7009.79644999999,"d":"7,009.80"},1424,{"v":0.203144272,"d":"0.20"},{"v":0,"d":"0.00"},{"v":0.921559671,"d":"0.92"},{"v":1312.30097099999,"d":"1,312.30"},{"v":111.6990289,"d":"111.70"},0,"0_20631000_695",{"v":6874.75597554999,"d":"6,874.76"},{"v":0,"d":"0.00"},{"v":111.6990289,"d":"111.70"},{"v":0,"d":"0.00"},"0_20631000_695_723","E",{"v":0.0382379370147,"d":"0.04"},{"v":5.562079171e-06,"d":"0.00"},{"v":6.21278842023E-4,"d":"0.00"}]
[2,206,20631,{"v":8427.68427599999,"d":"8,427.68"},1705,{"v":0.20230943,"d":"0.20"}," ",410,20631000,{"v":7009.79644999999,"d":"7,009.80"},1424,{"v":0.203144272,"d":"0.20"},{"v":0,"d":"0.00"},{"v":0.921559671,"d":"0.92"},{"v":1312.30097099999,"d":"1,312.30"},{"v":111.6990289,"d":"111.70"},0,"0_20631000_695",{"v":6874.75597554999,"d":"6,874.76"},{"v":0,"d":"0.00"},{"v":111.6990289,"d":"111.70"},{"v":0,"d":"0.00"},"0_20631000_695_724","E",{"v":0.00925610054895,"d":"0.01"},{"v":1.346389687e-06,"d":"0.00"},{"v":1.50390420605E-4,"d":"0.00"}]
[2,206,20631,{"v":8427.68427599999,"d":"8,427.68"},1705,{"v":0.20230943,"d":"0.20"}," ",410,20631000,{"v":7009.79644999999,"d":"7,009.80"},1424,{"v":0.203144272,"d":"0.20"},{"v":0,"d":"0.00"},{"v":0.921559671,"d":"0.92"},{"v":1312.30097099999,"d":"1,312.30"},{"v":111.6990289,"d":"111.70"},0,"0_20631000_695",{"v":6874.75597554999,"d":"6,874.76"},{"v":0,"d":"0.00"},{"v":111.6990289,"d":"111.70"},{"v":0,"d":"0.00"},"0_20631000_695_725","E",{"v":0.10589463974,"d":"0.11"},{"v":1.5403403425e-05,"d":"0.00"},{"v":0.00172054520433,"d":"0.00"}]
[2,206,20631,{"v":8427.68427599999,"d":"8,427.68"},1705,{"v":0.20230943,"d":"0.20"}," ",410,20631000,{"v":7009.79644999999,"d":"7,009.80"},1424,{"v":0.203144272,"d":"0.20"},{"v":0,"d":"0.00"},{"v":0.921559671,"d":"0.92"},{"v":1312.30097099999,"d":"1,312.30"},{"v":111.6990289,"d":"111.70"},0,"0_20631000_695",{"v":6874.75597554999,"d":"6,874.76"},{"v":0,"d":"0.00"},{"v":111.6990289,"d":"111.70"},{"v":0,"d":"0.00"},"0_20631000_695_726","E",{"v":0.447171822811,"d":"0.45"},{"v":6.5045482982E-5,"d":"0.00"},{"v":0.00726551728339,"d":"0.01"}]
[2,206,20631,{"v":8427.68427599999,"d":"8,427.68"},1705,{"v":0.20230943,"d":"0.20"}," ",410,20631000,{"v":7009.79644999999,"d":"7,009.80"},1424,{"v":0.203144272,"d":"0.20"},{"v":0,"d":"0.00"},{"v":0.921559671,"d":"0.92"},{"v":1312.30097099999,"d":"1,312.30"},{"v":111.6990289,"d":"111.70"},0,"0_20631000_695",{"v":6874.75597554999,"d":"6,874.76"},{"v":0,"d":"0.00"},{"v":111.6990289,"d":"111.70"},{"v":0,"d":"0.00"},"0_20631000_695_727","E",{"v":0.00784711509225,"d":"0.01"},{"v":1.141439074e-06,"d":"0.00"},{"v":0.000127497636074,"d":"0.00"}]
[2,206,20631,{"v":8427.68427599999,"d":"8,427.68"},1705,{"v":0.20230943,"d":"0.20"}," ",410,20631000,{"v":7009.79644999999,"d":"7,009.80"},1424,{"v":0.203144272,"d":"0.20"},{"v":0,"d":"0.00"},{"v":0.921559671,"d":"0.92"},{"v":1312.30097099999,"d":"1,312.30"},{"v":111.6990289,"d":"111.70"},0,"0_20631000_695",{"v":6874.75597554999,"d":"6,874.76"},{"v":0,"d":"0.00"},{"v":111.6990289,"d":"111.70"},{"v":0,"d":"0.00"},"0_20631000_695_728","F",{"v":6.87551279774,"d":"6.88"},{"v":0.00100011008714,"d":"0.00"},{"v":0.111711325527,"d":"0.11"}]
[2,206,20631,{"v":8427.68427599999,"d":"8,427.68"},1705,{"v":0.20230943,"d":"0.20"}," ",410,20631000,{"v":7009.79644999999,"d":"7,009.80"},1424,{"v":0.203144272,"d":"0.20"},{"v":0,"d":"0.00"},{"v":0.921559671,"d":"0.92"},{"v":1312.30097099999,"d":"1,312.30"},{"v":111.6990289,"d":"111.70"},0,"0_20631000_695",{"v":6874.75597554999,"d":"6,874.76"},{"v":0,"d":"0.00"},{"v":111.6990289,"d":"111.70"},{"v":0,"d":"0.00"},"0_20631000_695_729","F",{"v":0.134289032199,"d":"0.13"},{"v":1.9533643474E-5,"d":"0.00"},{"v":0.00218188900696,"d":"0.00"}]
[2,206,20631,{"v":8427.68427599999,"d":"8,427.68"},1705,{"v":0.20230943,"d":"0.20"}," ",410,20631000,{"v":7009.79644999999,"d":"7,009.80"},1424,{"v":0.203144272,"d":"0.20"},{"v":0,"d":"0.00"},{"v":0.921559671,"d":"0.92"},{"v":1312.30097099999,"d":"1,312.30"},{"v":111.6990289,"d":"111.70"},0,"0_20631000_695",{"v":6874.75597554999,"d":"6,874.76"},{"v":0,"d":"0.00"},{"v":111.6990289,"d":"111.70"},{"v":0,"d":"0.00"},"0_20631000_695_730","F",{"v":0.0171443952447,"d":"0.02"},{"v":2.493818734e-06,"d":"0.00"},{"v":0.000278557130859,"d":"0.00"}]
[2,206,20631,{"v":8427.68427599999,"d":"8,427.68"},1705,{"v":0.20230943,"d":"0.20"}," ",410,20631000,{"v":7009.79644999999,"d":"7,009.80"},1424,{"v":0.203144272,"d":"0.20"},{"v":0,"d":"0.00"},{"v":0.921559671,"d":"0.92"},{"v":1312.30097099999,"d":"1,312.30"},{"v":111.6990289,"d":"111.70"},0,"0_20631000_695",{"v":6874.75597554999,"d":"6,874.76"},{"v":0,"d":"0.00"},{"v":111.6990289,"d":"111.70"},{"v":0,"d":"0.00"},"0_20631000_695_731","F",{"v":0.240815377982,"d":"0.24"},{"v":3.5028934676e-05,"d":"0.00"},{"v":0.00391269798672,"d":"0.00"}]
[2,206,20631,{"v":8427.68427599999,"d":"8,427.68"},1705,{"v":0.20230943,"d":"0.20"}," ",410,20631000,{"v":7009.79644999999,"d":"7,009.80"},1424,{"v":0.203144272,"d":"0.20"},{"v":0,"d":"0.00"},{"v":0.921559671,"d":"0.92"},{"v":1312.30097099999,"d":"1,312.30"},{"v":111.6990289,"d":"111.70"},0,"0_20631000_695",{"v":6874.75597554999,"d":"6,874.76"},{"v":0,"d":"0.00"},{"v":111.6990289,"d":"111.70"},{"v":0,"d":"0.00"},"0_20631000_695_732","F",{"v":11.36549693,"d":"11.37"},{"v":1.65322187004E-3,"d":"0.00"},{"v":0.18466327744,"d":"0.18"}]
[2,206,20631,{"v":8427.68427599999,"d":"8,427.68"},1705,{"v":0.20230943,"d":"0.20"}," ",410,20631000,{"v":7009.79644999999,"d":"7,009.80"},1424,{"v":0.203144272,"d":"0.20"},{"v":0,"d":"0.00"},{"v":0.921559671,"d":"0.92"},{"v":1312.30097099999,"d":"1,312.30"},{"v":111.6990289,"d":"111.70"},0,"0_20631000_695",{"v":6874.75597554999,"d":"6,874.76"},{"v":0,"d":"0.00"},{"v":111.6990289,"d":"111.70"},{"v":0,"d":"0.00"},"0_20631000_695_733","F",{"v":0.0824328597422,"d":"0.08"},{"v":1.1990659746e-05,"d":"0.00"},{"v":1.33934504954E-3,"d":"0.00"}]
[2,206,20631,{"v":8427.68427599999,"d":"8,427.68"},1705,{"v":0.20230943,"d":"0.20"}," ",410,20631000,{"v":7009.79644999999,"d":"7,009.80"},1424,{"v":0.203144272,"d":"0.20"},{"v":0,"d":"0.00"},{"v":0.921559671,"d":"0.92"},{"v":1312.30097099999,"d":"1,312.30"},{"v":111.6990289,"d":"111.70"},0,"0_20631000_695",{"v":6874.75597554999,"d":"6,874.76"},{"v":0,"d":"0.00"},{"v":111.6990289,"d":"111.70"},{"v":0,"d":"0.00"},"0_20631000_695_734","F",{"v":12.666905171,"d":"12.67"},{"v":0.00184252433338,"d":"0.00"},{"v":0.205808178763,"d":"0.21"}]
[2,206,20631,{"v":8427.68427599999,"d":"8,427.68"},1705,{"v":0.20230943,"d":"0.20"}," ",410,20631000,{"v":7009.79644999999,"d":"7,009.80"},1424,{"v":0.203144272,"d":"0.20"},{"v":0,"d":"0.00"},{"v":0.921559671,"d":"0.92"},{"v":1312.30097099999,"d":"1,312.30"},{"v":111.6990289,"d":"111.70"},0,"0_20631000_695",{"v":6874.75597554999,"d":"6,874.76"},{"v":0,"d":"0.00"},{"v":111.6990289,"d":"111.70"},{"v":0,"d":"0.00"},"0_20631000_695_735","F",{"v":0.0722685768247,"d":"0.07"},{"v":1.0512166116e-05,"d":"0.00"},{"v":1.17419874684E-3,"d":"0.00"}]
[2,206,20631,{"v":8427.68427599999,"d":"8,427.68"},1705,{"v":0.20230943,"d":"0.20"}," ",410,20631000,{"v":7009.79644999999,"d":"7,009.80"},1424,{"v":0.203144272,"d":"0.20"},{"v":0,"d":"0.00"},{"v":0.921559671,"d":"0.92"},{"v":1312.30097099999,"d":"1,312.30"},{"v":111.6990289,"d":"111.70"},0,"0_20631000_695",{"v":6874.75597554999,"d":"6,874.76"},{"v":0,"d":"0.00"},{"v":111.6990289,"d":"111.70"},{"v":0,"d":"0.00"},"0_20631000_695_736","F",{"v":0.0426058838857,"d":"0.04"},{"v":6.197439449e-06,"d":"0.00"},{"v":0.000692247968129,"d":"0.00"}]
[2,206,20631,{"v":8427.68427599999,"d":"8,427.68"},1705,{"v":0.20230943,"d":"0.20"}," ",410,20631000,{"v":7009.79644999999,"d":"7,009.80"},1424,{"v":0.203144272,"d":"0.20"},{"v":0,"d":"0.00"},{"v":0.921559671,"d":"0.92"},{"v":1312.30097099999,"d":"1,312.30"},{"v":111.6990289,"d":"111.70"},0,"0_20631000_695",{"v":6874.75597554999,"d":"6,874.76"},{"v":0,"d":"0.00"},{"v":111.6990289,"d":"111.70"},{"v":0,"d":"0.00"},"0_20631000_695_737","F",{"v":2.23964266831,"d":"2.24"},{"v":3.25777769607E-4,"d":"0.00"},{"v":0.0363890605023,"d":"0.04"}]
[2,206,20631,{"v":8427.68427599999,"d":"8,427.68"},1705,{"v":0.20230943,"d":"0.20"}," ",410,20631000,{"v":7009.79644999999,"d":"7,009.80"},1424,{"v":0.203144272,"d":"0.20"},{"v":0,"d":"0.00"},{"v":0.921559671,"d":"0.92"},{"v":1312.30097099999,"d":"1,312.30"},{"v":111.6990289,"d":"111.70"},0,"0_20631000_695",{"v":6874.75597554999,"d":"6,874.76"},{"v":0,"d":"0.00"},{"v":111.6990289,"d":"111.70"},{"v":0,"d":"0.00"},"0_20631000_695_738","F",{"v":0.289044090054,"d":"0.29"},{"v":4.2044269074e-05,"d":"0.00"},{"v":0.00469630402638,"d":"0.00"}]
[2,206,20631,{"v":8427.68427599999,"d":"8,427.68"},1705,{"v":0.20230943,"d":"0.20"}," ",410,20631000,{"v":7009.79644999999,"d":"7,009.80"},1424,{"v":0.203144272,"d":"0.20"},{"v":0,"d":"0.00"},{"v":0.921559671,"d":"0.92"},{"v":1312.30097099999,"d":"1,312.30"},{"v":111.6990289,"d":"111.70"},0,"0_20631000_695",{"v":6874.75597554999,"d":"6,874.76"},{"v":0,"d":"0.00"},{"v":111.6990289,"d":"111.70"},{"v":0,"d":"0.00"},"0_20631000_695_739","F",{"v":0.574154466272,"d":"0.57"},{"v":8.351634128e-05,"d":"0.00"},{"v":0.00932869421828,"d":"0.01"}]
[2,206,20631,{"v":8427.68427599999,"d":"8,427.68"},1705,{"v":0.20230943,"d":"0.20"}," ",410,20631000,{"v":7009.79644999999,"d":"7,009.80"},1424,{"v":0.203144272,"d":"0.20"},{"v":0,"d":"0.00"},{"v":0.921559671,"d":"0.92"},{"v":1312.30097099999,"d":"1,312.30"},{"v":111.6990289,"d":"111.70"},0,"0_20631000_695",{"v":6874.75597554999,"d":"6,874.76"},{"v":0,"d":"0.00"},{"v":111.6990289,"d":"111.70"},{"v":0,"d":"0.00"},"0_20631000_695_740","F",{"v":3.41704655842,"d":"3.42"},{"v":0.000497042596213,"d":"0.00"},{"v":0.0555191753189,"d":"0.06"}]
[2,206,20631,{"v":8427.68427599999,"d":"8,427.68"},1705,{"v":0.20230943,"d":"0.20"}," ",410,20631000,{"v":7009.79644999999,"d":"7,009.80"},1424,{"v":0.203144272,"d":"0.20"},{"v":0,"d":"0.00"},{"v":0.921559671,"d":"0.92"},{"v":1312.30097099999,"d":"1,312.30"},{"v":111.6990289,"d":"111.70"},0,"0_20631000_695",{"v":6874.75597554999,"d":"6,874.76"},{"v":0,"d":"0.00"},{"v":111.6990289,"d":"111.70"},{"v":0,"d":"0.00"},"0_20631000_695_741","F",{"v":0.000561875933019,"d":"0.00"},{"v":8.1730309e-08,"d":"0.00"},{"v":9.129196193e-06,"d":"0.00"}]
[2,206,20631,{"v":8427.68427599999,"d":"8,427.68"},1705,{"v":0.20230943,"d":"0.20"}," ",410,20631000,{"v":7009.79644999999,"d":"7,009.80"},1424,{"v":0.203144272,"d":"0.20"},{"v":0,"d":"0.00"},{"v":0.921559671,"d":"0.92"},{"v":1312.30097099999,"d":"1,312.30"},{"v":111.6990289,"d":"111.70"},0,"0_20631000_695",{"v":6874.75597554999,"d":"6,874.76"},{"v":0,"d":"0.00"},{"v":111.6990289,"d":"111.70"},{"v":0,"d":"0.00"},"0_20631000_695_742","F",{"v":1.29223256812,"d":"1.29"},{"v":0.000187967772633,"d":"0.00"},{"v":0.0209958176676,"d":"0.02"}]
[2,206,20631,{"v":8427.68427599999,"d":"8,427.68"},1705,{"v":0.20230943,"d":"0.20"}," ",410,20631000,{"v":7009.79644999999,"d":"7,009.80"},1424,{"v":0.203144272,"d":"0.20"},{"v":0,"d":"0.00"},{"v":0.921559671,"d":"0.92"},{"v":1312.30097099999,"d":"1,312.30"},{"v":111.6990289,"d":"111.70"},0,"0_20631000_695",{"v":6874.75597554999,"d":"6,874.76"},{"v":0,"d":"0.00"},{"v":111.6990289,"d":"111.70"},{"v":0,"d":"0.00"},"0_20631000_695_743","F",{"v":3.65630945533,"d":"3.66"},{"v":0.000531845707445,"d":"0.00"},{"v":0.0594066490462,"d":"0.06"}]
[2,206,20631,{"v":8427.68427599999,"d":"8,427.68"},1705,{"v":0.20230943,"d":"0.20"}," ",410,20631000,{"v":7009.79644999999,"d":"7,009.80"},1424,{"v":0.203144272,"d":"0.20"},{"v":0,"d":"0.00"},{"v":0.921559671,"d":"0.92"},{"v":1312.30097099999,"d":"1,312.30"},{"v":111.6990289,"d":"111.70"},0,"0_20631000_695",{"v":6874.75597554999,"d":"6,874.76"},{"v":0,"d":"0.00"},{"v":111.6990289,"d":"111.70"},{"v":0,"d":"0.00"},"0_20631000_695_744","F",{"v":0.992320976246,"d":"0.99"},{"v":1.44342719913E-4,"d":"0.00"},{"v":0.0161229416431,"d":"0.02"}]
[2,206,20631,{"v":8427.68427599999,"d":"8,427.68"},1705,{"v":0.20230943,"d":"0.20"}," ",410,20631000,{"v":7009.79644999999,"d":"7,009.80"},1424,{"v":0.203144272,"d":"0.20"},{"v":0,"d":"0.00"},{"v":0.921559671,"d":"0.92"},{"v":1312.30097099999,"d":"1,312.30"},{"v":111.6990289,"d":"111.70"},0,"0_20631000_695",{"v":6874.75597554999,"d":"6,874.76"},{"v":0,"d":"0.00"},{"v":111.6990289,"d":"111.70"},{"v":0,"d":"0.00"},"0_20631000_695_745","F",{"v":0.243991993383,"d":"0.24"},{"v":3.5491004226e-05,"d":"0.00"},{"v":0.00396431070676,"d":"0.00"}]
[2,206,20631,{"v":8427.68427599999,"d":"8,427.68"},1705,{"v":0.20230943,"d":"0.20"}," ",410,20631000,{"v":7009.79644999999,"d":"7,009.80"},1424,{"v":0.203144272,"d":"0.20"},{"v":0,"d":"0.00"},{"v":0.921559671,"d":"0.92"},{"v":1312.30097099999,"d":"1,312.30"},{"v":111.6990289,"d":"111.70"},0,"0_20631000_695",{"v":6874.75597554999,"d":"6,874.76"},{"v":0,"d":"0.00"},{"v":111.6990289,"d":"111.70"},{"v":0,"d":"0.00"},"0_20631000_695_746","F",{"v":0.0112493146785,"d":"0.01"},{"v":1.636322034E-6,"d":"0.00"},{"v":1.82775582122E-4,"d":"0.00"}]
[2,206,20631,{"v":8427.68427599999,"d":"8,427.68"},1705,{"v":0.20230943,"d":"0.20"}," ",410,20631000,{"v":7009.79644999999,"d":"7,009.80"},1424,{"v":0.203144272,"d":"0.20"},{"v":0,"d":"0.00"},{"v":0.921559671,"d":"0.92"},{"v":1312.30097099999,"d":"1,312.30"},{"v":111.6990289,"d":"111.70"},0,"0_20631000_695",{"v":6874.75597554999,"d":"6,874.76"},{"v":0,"d":"0.00"},{"v":111.6990289,"d":"111.70"},{"v":0,"d":"0.00"},"0_20631000_695_747","F",{"v":0.0877346813076,"d":"0.09"},{"v":1.2761861166E-5,"d":"0.00"},{"v":1.42548749915E-3,"d":"0.00"}]
[2,206,20631,{"v":8427.68427599999,"d":"8,427.68"},1705,{"v":0.20230943,"d":"0.20"}," ",410,20631000,{"v":7009.79644999999,"d":"7,009.80"},1424,{"v":0.203144272,"d":"0.20"},{"v":0,"d":"0.00"},{"v":0.921559671,"d":"0.92"},{"v":1312.30097099999,"d":"1,312.30"},{"v":111.6990289,"d":"111.70"},0,"0_20631000_695",{"v":6874.75597554999,"d":"6,874.76"},{"v":0,"d":"0.00"},{"v":111.6990289,"d":"111.70"},{"v":0,"d":"0.00"},"0_20631000_695_748","G",{"v":18.7228122484999,"d":"18.72"},{"v":0.00272341481139,"d":"0.00"},{"v":0.304202789724,"d":"0.30"}]
[2,206,20631,{"v":8427.68427599999,"d":"8,427.68"},1705,{"v":0.20230943,"d":"0.20"}," ",410,20631000,{"v":7009.79644999999,"d":"7,009.80"},1424,{"v":0.203144272,"d":"0.20"},{"v":0,"d":"0.00"},{"v":0.921559671,"d":"0.92"},{"v":1312.30097099999,"d":"1,312.30"},{"v":111.6990289,"d":"111.70"},0,"0_20631000_695",{"v":6874.75597554999,"d":"6,874.76"},{"v":0,"d":"0.00"},{"v":111.6990289,"d":"111.70"},{"v":0,"d":"0.00"},"0_20631000_695_749","G",{"v":1.85694554722E-3,"d":"0.00"},{"v":2.70110758e-07,"d":"0.00"},{"v":3.0171109358e-05,"d":"0.00"}]
[2,206,20631,{"v":8427.68427599999,"d":"8,427.68"},1705,{"v":0.20230943,"d":"0.20"}," ",410,20631000,{"v":7009.79644999999,"d":"7,009.80"},1424,{"v":0.203144272,"d":"0.20"},{"v":0,"d":"0.00"},{"v":0.921559671,"d":"0.92"},{"v":1312.30097099999,"d":"1,312.30"},{"v":111.6990289,"d":"111.70"},0,"0_20631000_695",{"v":6874.75597554999,"d":"6,874.76"},{"v":0,"d":"0.00"},{"v":111.6990289,"d":"111.70"},{"v":0,"d":"0.00"},"0_20631000_695_750","G",{"v":2.12113328074,"d":"2.12"},{"v":0.000308539428641,"d":"0.00"},{"v":0.0344635545566,"d":"0.03"}]
[2,206,20631,{"v":8427.68427599999,"d":"8,427.68"},1705,{"v":0.20230943,"d":"0.20"}," ",410,20631000,{"v":7009.79644999999,"d":"7,009.80"},1424,{"v":0.203144272,"d":"0.20"},{"v":0,"d":"0.00"},{"v":0.921559671,"d":"0.92"},{"v":1312.30097099999,"d":"1,312.30"},{"v":111.6990289,"d":"111.70"},0,"0_20631000_695",{"v":6874.75597554999,"d":"6,874.76"},{"v":0,"d":"0.00"},{"v":111.6990289,"d":"111.70"},{"v":0,"d":"0.00"},"0_20631000_695_751","G",{"v":0.0955233315045,"d":"0.10"},{"v":1.3894795953E-5,"d":"0.00"},{"v":0.00155203521467,"d":"0.00"}]
[2,206,20631,{"v":8427.68427599999,"d":"8,427.68"},1705,{"v":0.20230943,"d":"0.20"}," ",410,20631000,{"v":7009.79644999999,"d":"7,009.80"},1424,{"v":0.203144272,"d":"0.20"},{"v":0,"d":"0.00"},{"v":0.921559671,"d":"0.92"},{"v":1312.30097099999,"d":"1,312.30"},{"v":111.6990289,"d":"111.70"},0,"0_20631000_695",{"v":6874.75597554999,"d":"6,874.76"},{"v":0,"d":"0.00"},{"v":111.6990289,"d":"111.70"},{"v":0,"d":"0.00"},"0_20631000_695_752","G",{"v":0.783221213379,"d":"0.78"},{"v":1.13927129365E-4,"d":"0.00"},{"v":0.0127255497154,"d":"0.01"}]
[2,206,20631,{"v":8427.68427599999,"d":"8,427.68"},1705,{"v":0.20230943,"d":"0.20"}," ",410,20631000,{"v":7009.79644999999,"d":"7,009.80"},1424,{"v":0.203144272,"d":"0.20"},{"v":0,"d":"0.00"},{"v":0.921559671,"d":"0.92"},{"v":1312.30097099999,"d":"1,312.30"},{"v":111.6990289,"d":"111.70"},0,"0_20631000_695",{"v":6874.75597554999,"d":"6,874.76"},{"v":0,"d":"0.00"},{"v":111.6990289,"d":"111.70"},{"v":0,"d":"0.00"},"0_20631000_695_753","G",{"v":0.326937632613,"d":"0.33"},{"v":4.7556252728e-05,"d":"0.00"},{"v":0.00531198724778,"d":"0.01"}]
[2,206,20631,{"v":8427.68427599999,"d":"8,427.68"},1705,{"v":0.20230943,"d":"0.20"}," ",410,20631000,{"v":7009.79644999999,"d":"7,009.80"},1424,{"v":0.203144272,"d":"0.20"},{"v":0,"d":"0.00"},{"v":0.921559671,"d":"0.92"},{"v":1312.30097099999,"d":"1,312.30"},{"v":111.6990289,"d":"111.70"},0,"0_20631000_695",{"v":6874.75597554999,"d":"6,874.76"},{"v":0,"d":"0.00"},{"v":111.6990289,"d":"111.70"},{"v":0,"d":"0.00"},"0_20631000_695_754","G",{"v":0.000114093048425,"d":"0.00"},{"v":1.6595942E-8,"d":"0.00"},{"v":1.853750556e-06,"d":"0.00"}]
[2,206,20631,{"v":8427.68427599999,"d":"8,427.68"},1705,{"v":0.20230943,"d":"0.20"}," ",410,20631000,{"v":7009.79644999999,"d":"7,009.80"},1424,{"v":0.203144272,"d":"0.20"},{"v":0,"d":"0.00"},{"v":0.921559671,"d":"0.92"},{"v":1312.30097099999,"d":"1,312.30"},{"v":111.6990289,"d":"111.70"},0,"0_20631000_695",{"v":6874.75597554999,"d":"6,874.76"},{"v":0,"d":"0.00"},{"v":111.6990289,"d":"111.70"},{"v":0,"d":"0.00"},"0_20631000_695_755","G",{"v":17.8550909313,"d":"17.86"},{"v":0.00259719632156,"d":"0.00"},{"v":0.290104306981,"d":"0.29"}]
[2,206,20631,{"v":8427.68427599999,"d":"8,427.68"},1705,{"v":0.20230943,"d":"0.20"}," ",410,20631000,{"v":7009.79644999999,"d":"7,009.80"},1424,{"v":0.203144272,"d":"0.20"},{"v":0,"d":"0.00"},{"v":0.921559671,"d":"0.92"},{"v":1312.30097099999,"d":"1,312.30"},{"v":111.6990289,"d":"111.70"},0,"0_20631000_695",{"v":6874.75597554999,"d":"6,874.76"},{"v":0,"d":"0.00"},{"v":111.6990289,"d":"111.70"},{"v":0,"d":"0.00"},"0_20631000_695_756","G",{"v":20.0065108274,"d":"20.01"},{"v":0.00291014123244,"d":"0.00"},{"v":0.325059949625,"d":"0.33"}]
[2,206,20631,{"v":8427.68427599999,"d":"8,427.68"},1705,{"v":0.20230943,"d":"0.20"}," ",410,20631000,{"v":7009.79644999999,"d":"7,009.80"},1424,{"v":0.203144272,"d":"0.20"},{"v":0,"d":"0.00"},{"v":0.921559671,"d":"0.92"},{"v":1312.30097099999,"d":"1,312.30"},{"v":111.6990289,"d":"111.70"},0,"0_20631000_695",{"v":6874.75597554999,"d":"6,874.76"},{"v":0,"d":"0.00"},{"v":111.6990289,"d":"111.70"},{"v":0,"d":"0.00"},"0_20631000_695_757","G",{"v":2.60405591864,"d":"2.60"},{"v":3.78785214763E-4,"d":"0.00"},{"v":0.0423099406507,"d":"0.04"}]
[2,206,20631,{"v":8427.68427599999,"d":"8,427.68"},1705,{"v":0.20230943,"d":"0.20"}," ",410,20631000,{"v":7009.79644999999,"d":"7,009.80"},1424,{"v":0.203144272,"d":"0.20"},{"v":0,"d":"0.00"},{"v":0.921559671,"d":"0.92"},{"v":1312.30097099999,"d":"1,312.30"},{"v":111.6990289,"d":"111.70"},0,"0_20631000_695",{"v":6874.75597554999,"d":"6,874.76"},{"v":0,"d":"0.00"},{"v":111.6990289,"d":"111.70"},{"v":0,"d":"0.00"},"0_20631000_695_758","G",{"v":0.0736826947817,"d":"0.07"},{"v":1.0717863302E-5,"d":"0.00"},{"v":0.00119717492274,"d":"0.00"}]
[2,206,20631,{"v":8427.68427599999,"d":"8,427.68"},1705,{"v":0.20230943,"d":"0.20"}," ",410,20631000,{"v":7009.79644999999,"d":"7,009.80"},1424,{"v":0.203144272,"d":"0.20"},{"v":0,"d":"0.00"},{"v":0.921559671,"d":"0.92"},{"v":1312.30097099999,"d":"1,312.30"},{"v":111.6990289,"d":"111.70"},0,"0_20631000_695",{"v":6874.75597554999,"d":"6,874.76"},{"v":0,"d":"0.00"},{"v":111.6990289,"d":"111.70"},{"v":0,"d":"0.00"},"0_20631000_695_759","G",{"v":8.29315304208,"d":"8.29"},{"v":0.00120631962379,"d":"0.00"},{"v":0.13474473052,"d":"0.13"}]
[2,206,20631,{"v":8427.68427599999,"d":"8,427.68"},1705,{"v":0.20230943,"d":"0.20"}," ",410,20631000,{"v":7009.79644999999,"d":"7,009.80"},1424,{"v":0.203144272,"d":"0.20"},{"v":0,"d":"0.00"},{"v":0.921559671,"d":"0.92"},{"v":1312.30097099999,"d":"1,312.30"},{"v":111.6990289,"d":"111.70"},0,"0_20631000_695",{"v":6874.75597554999,"d":"6,874.76"},{"v":0,"d":"0.00"},{"v":111.6990289,"d":"111.70"},{"v":0,"d":"0.00"},"0_20631000_695_760","G",{"v":0.912333744815,"d":"0.91"},{"v":1.32707800547E-4,"d":"0.00"},{"v":0.0148233324486,"d":"0.01"}]
[2,206,20631,{"v":8427.68427599999,"d":"8,427.68"},1705,{"v":0.20230943,"d":"0.20"}," ",410,20631000,{"v":7009.79644999999,"d":"7,009.80"},1424,{"v":0.203144272,"d":"0.20"},{"v":0,"d":"0.00"},{"v":0.921559671,"d":"0.92"},{"v":1312.30097099999,"d":"1,312.30"},{"v":111.6990289,"d":"111.70"},0,"0_20631000_695",{"v":6874.75597554999,"d":"6,874.76"},{"v":0,"d":"0.00"},{"v":111.6990289,"d":"111.70"},{"v":0,"d":"0.00"},"0_20631000_695_761","G",{"v":0.0177726858041,"d":"0.02"},{"v":2.585209696e-06,"d":"0.00"},{"v":0.000288765412521,"d":"0.00"}]
[2,206,20631,{"v":8427.68427599999,"d":"8,427.68"},1705,{"v":0.20230943,"d":"0.20"}," ",410,20631000,{"v":7009.79644999999,"d":"7,009.80"},1424,{"v":0.203144272,"d":"0.20"},{"v":0,"d":"0.00"},{"v":0.921559671,"d":"0.92"},{"v":1312.30097099999,"d":"1,312.30"},{"v":111.6990289,"d":"111.70"},0,"0_20631000_695",{"v":6874.75597554999,"d":"6,874.76"},{"v":0,"d":"0.00"},{"v":111.6990289,"d":"111.70"},{"v":0,"d":"0.00"},"0_20631000_695_762","G",{"v":15.3411533464,"d":"15.34"},{"v":0.00223151969335,"d":"0.00"},{"v":0.249258582718,"d":"0.25"}]
[2,206,20631,{"v":8427.68427599999,"d":"8,427.68"},1705,{"v":0.20230943,"d":"0.20"}," ",410,20631000,{"v":7009.79644999999,"d":"7,009.80"},1424,{"v":0.203144272,"d":"0.20"},{"v":0,"d":"0.00"},{"v":0.921559671,"d":"0.92"},{"v":1312.30097099999,"d":"1,312.30"},{"v":111.6990289,"d":"111.70"},0,"0_20631000_695",{"v":6874.75597554999,"d":"6,874.76"},{"v":0,"d":"0.00"},{"v":111.6990289,"d":"111.70"},{"v":0,"d":"0.00"},"0_20631000_695_763","G",{"v":0.278102799941,"d":"0.28"},{"v":4.0452752204E-5,"d":"0.00"},{"v":0.00451853313751,"d":"0.00"}]
[2,206,20631,{"v":8427.68427599999,"d":"8,427.68"},1705,{"v":0.20230943,"d":"0.20"}," ",410,20631000,{"v":7009.79644999999,"d":"7,009.80"},1424,{"v":0.203144272,"d":"0.20"},{"v":0,"d":"0.00"},{"v":0.921559671,"d":"0.92"},{"v":1312.30097099999,"d":"1,312.30"},{"v":111.6990289,"d":"111.70"},0,"0_20631000_695",{"v":6874.75597554999,"d":"6,874.76"},{"v":0,"d":"0.00"},{"v":111.6990289,"d":"111.70"},{"v":0,"d":"0.00"},"0_20631000_695_764","G",{"v":15.5378987189999,"d":"15.54"},{"v":2.26013821789E-3,"d":"0.00"},{"v":0.252455244118,"d":"0.25"}]
[2,206,20631,{"v":8427.68427599999,"d":"8,427.68"},1705,{"v":0.20230943,"d":"0.20"}," ",410,20631000,{"v":7009.79644999999,"d":"7,009.80"},1424,{"v":0.203144272,"d":"0.20"},{"v":0,"d":"0.00"},{"v":0.921559671,"d":"0.92"},{"v":1312.30097099999,"d":"1,312.30"},{"v":111.6990289,"d":"111.70"},0,"0_20631000_695",{"v":6874.75597554999,"d":"6,874.76"},{"v":0,"d":"0.00"},{"v":111.6990289,"d":"111.70"},{"v":0,"d":"0.00"},"0_20631000_695_765","G",{"v":0.0135479184175,"d":"0.01"},{"v":1.970676263E-6,"d":"0.00"},{"v":0.000220122624895,"d":"0.00"}]
[2,206,20631,{"v":8427.68427599999,"d":"8,427.68"},1705,{"v":0.20230943,"d":"0.20"}," ",410,20631000,{"v":7009.79644999999,"d":"7,009.80"},1424,{"v":0.203144272,"d":"0.20"},{"v":0,"d":"0.00"},{"v":0.921559671,"d":"0.92"},{"v":1312.30097099999,"d":"1,312.30"},{"v":111.6990289,"d":"111.70"},0,"0_20631000_695",{"v":6874.75597554999,"d":"6,874.76"},{"v":0,"d":"0.00"},{"v":111.6990289,"d":"111.70"},{"v":0,"d":"0.00"},"0_20631000_695_766","G",{"v":0.0353930665435,"d":"0.04"},{"v":5.148265141E-6,"d":"0.00"},{"v":0.000575056216797,"d":"0.00"}]
[2,206,20631,{"v":8427.68427599999,"d":"8,427.68"},1705,{"v":0.20230943,"d":"0.20"}," ",410,20631000,{"v":7009.79644999999,"d":"7,009.80"},1424,{"v":0.203144272,"d":"0.20"},{"v":0,"d":"0.00"},{"v":0.921559671,"d":"0.92"},{"v":1312.30097099999,"d":"1,312.30"},{"v":111.6990289,"d":"111.70"},0,"0_20631000_695",{"v":6874.75597554999,"d":"6,874.76"},{"v":0,"d":"0.00"},{"v":111.6990289,"d":"111.70"},{"v":0,"d":"0.00"},"0_20631000_695_767","G",{"v":0.614144218258,"d":"0.61"},{"v":8.9333238946e-05,"d":"0.00"},{"v":0.00997843603874,"d":"0.01"}]
[2,206,20631,{"v":8427.68427599999,"d":"8,427.68"},1705,{"v":0.20230943,"d":"0.20"}," ",410,20631000,{"v":7009.79644999999,"d":"7,009.80"},1424,{"v":0.203144272,"d":"0.20"},{"v":0,"d":"0.00"},{"v":0.921559671,"d":"0.92"},{"v":1312.30097099999,"d":"1,312.30"},{"v":111.6990289,"d":"111.70"},0,"0_20631000_695",{"v":6874.75597554999,"d":"6,874.76"},{"v":0,"d":"0.00"},{"v":111.6990289,"d":"111.70"},{"v":0,"d":"0.00"},"0_20631000_695_768","G",{"v":4.7143389767e-05,"d":"0.00"},{"v":6.857464e-09,"d":"0.00"},{"v":7.6597204e-07,"d":"0.00"}]
[2,206,20631,{"v":8427.68427599999,"d":"8,427.68"},1705,{"v":0.20230943,"d":"0.20"}," ",410,20631000,{"v":7009.79644999999,"d":"7,009.80"},1424,{"v":0.203144272,"d":"0.20"},{"v":0,"d":"0.00"},{"v":0.921559671,"d":"0.92"},{"v":1312.30097099999,"d":"1,312.30"},{"v":111.6990289,"d":"111.70"},0,"0_20631000_695",{"v":6874.75597554999,"d":"6,874.76"},{"v":0,"d":"0.00"},{"v":111.6990289,"d":"111.70"},{"v":0,"d":"0.00"},"0_20631000_695_769","G",{"v":3.17680004341,"d":"3.18"},{"v":0.000462096408179,"d":"0.00"},{"v":0.0516157200518,"d":"0.05"}]
[2,206,20631,{"v":8427.68427599999,"d":"8,427.68"},1705,{"v":0.20230943,"d":"0.20"}," ",410,20631001,{"v":1417.88782603999,"d":"1,417.89"},281,{"v":0.198182109,"d":"0.20"},{"v":0,"d":"0.00"},{"v":0.921559671,"d":"0.92"},{"v":258.958267499999,"d":"258.96"},{"v":22.04173252,"d":"22.04"},0,"0_20631001_696",{"v":1387.50513165999,"d":"1,387.51"},{"v":0,"d":"0.00"},{"v":22.04173252,"d":"22.04"},{"v":0,"d":"0.00"},"0_20631001_696_770","außerhalb GKL",{"v":1361.62916575999,"d":"1,361.63"},{"v":0.981350724181,"d":"0.98"},{"v":21.6306701707,"d":"21.63"}]
[2,206,20631,{"v":8427.68427599999,"d":"8,427.68"},1705,{"v":0.20230943,"d":"0.20"}," ",410,20631001,{"v":1417.88782603999,"d":"1,417.89"},281,{"v":0.198182109,"d":"0.20"},{"v":0,"d":"0.00"},{"v":0.921559671,"d":"0.92"},{"v":258.958267499999,"d":"258.96"},{"v":22.04173252,"d":"22.04"},0,"0_20631001_696",{"v":1387.50513165999,"d":"1,387.51"},{"v":0,"d":"0.00"},{"v":22.04173252,"d":"22.04"},{"v":0,"d":"0.00"},"0_20631001_696_771","E",{"v":0.365434259746,"d":"0.37"},{"v":0.000263375068969,"d":"0.00"},{"v":0.00580524282265,"d":"0.01"}]
[2,206,20631,{"v":8427.68427599999,"d":"8,427.68"},1705,{"v":0.20230943,"d":"0.20"}," ",410,20631001,{"v":1417.88782603999,"d":"1,417.89"},281,{"v":0.198182109,"d":"0.20"},{"v":0,"d":"0.00"},{"v":0.921559671,"d":"0.92"},{"v":258.958267499999,"d":"258.96"},{"v":22.04173252,"d":"22.04"},0,"0_20631001_696",{"v":1387.50513165999,"d":"1,387.51"},{"v":0,"d":"0.00"},{"v":22.04173252,"d":"22.04"},{"v":0,"d":"0.00"},"0_20631001_696_772","F",{"v":2.90692418878,"d":"2.91"},{"v":0.0020950727478,"d":"0.00"},{"v":0.0461790331169,"d":"0.05"}]
[2,206,20631,{"v":8427.68427599999,"d":"8,427.68"},1705,{"v":0.20230943,"d":"0.20"}," ",410,20631001,{"v":1417.88782603999,"d":"1,417.89"},281,{"v":0.198182109,"d":"0.20"},{"v":0,"d":"0.00"},{"v":0.921559671,"d":"0.92"},{"v":258.958267499999,"d":"258.96"},{"v":22.04173252,"d":"22.04"},0,"0_20631001_696",{"v":1387.50513165999,"d":"1,387.51"},{"v":0,"d":"0.00"},{"v":22.04173252,"d":"22.04"},{"v":0,"d":"0.00"},"0_20631001_696_773","F",{"v":0.0878980318028,"d":"0.09"},{"v":6.3349698532e-05,"d":"0.00"},{"v":1.39633711027E-3,"d":"0.00"}]
[2,206,20631,{"v":8427.68427599999,"d":"8,427.68"},1705,{"v":0.20230943,"d":"0.20"}," ",410,20631001,{"v":1417.88782603999,"d":"1,417.89"},281,{"v":0.198182109,"d":"0.20"},{"v":0,"d":"0.00"},{"v":0.921559671,"d":"0.92"},{"v":258.958267499999,"d":"258.96"},{"v":22.04173252,"d":"22.04"},0,"0_20631001_696",{"v":1387.50513165999,"d":"1,387.51"},{"v":0,"d":"0.00"},{"v":22.04173252,"d":"22.04"},{"v":0,"d":"0.00"},"0_20631001_696_774","F",{"v":0.827148147255,"d":"0.83"},{"v":5.9614060401E-4,"d":"0.00"},{"v":0.0131399717379,"d":"0.01"}]
[2,206,20631,{"v":8427.68427599999,"d":"8,427.68"},1705,{"v":0.20230943,"d":"0.20"}," ",410,20631001,{"v":1417.88782603999,"d":"1,417.89"},281,{"v":0.198182109,"d":"0.20"},{"v":0,"d":"0.00"},{"v":0.921559671,"d":"0.92"},{"v":258.958267499999,"d":"258.96"},{"v":22.04173252,"d":"22.04"},0,"0_20631001_696",{"v":1387.50513165999,"d":"1,387.51"},{"v":0,"d":"0.00"},{"v":22.04173252,"d":"22.04"},{"v":0,"d":"0.00"},"0_20631001_696_775","F",{"v":0.441815713137,"d":"0.44"},{"v":0.000318424561507,"d":"0.00"},{"v":0.00701862901254,"d":"0.01"}]
[2,206,20631,{"v":8427.68427599999,"d":"8,427.68"},1705,{"v":0.20230943,"d":"0.20"}," ",410,20631001,{"v":1417.88782603999,"d":"1,417.89"},281,{"v":0.198182109,"d":"0.20"},{"v":0,"d":"0.00"},{"v":0.921559671,"d":"0.92"},{"v":258.958267499999,"d":"258.96"},{"v":22.04173252,"d":"22.04"},0,"0_20631001_696",{"v":1387.50513165999,"d":"1,387.51"},{"v":0,"d":"0.00"},{"v":22.04173252,"d":"22.04"},{"v":0,"d":"0.00"},"0_20631001_696_776","G",{"v":3.08794855479E-3,"d":"0.00"},{"v":2.225540277E-6,"d":"0.00"},{"v":4.9054763494e-05,"d":"0.00"}]
[2,206,20631,{"v":8427.68427599999,"d":"8,427.68"},1705,{"v":0.20230943,"d":"0.20"}," ",410,20631001,{"v":1417.88782603999,"d":"1,417.89"},281,{"v":0.198182109,"d":"0.20"},{"v":0,"d":"0.00"},{"v":0.921559671,"d":"0.92"},{"v":258.958267499999,"d":"258.96"},{"v":22.04173252,"d":"22.04"},0,"0_20631001_696",{"v":1387.50513165999,"d":"1,387.51"},{"v":0,"d":"0.00"},{"v":22.04173252,"d":"22.04"},{"v":0,"d":"0.00"},"0_20631001_696_777","G",{"v":18.9056750027,"d":"18.91"},{"v":0.0136256613192,"d":"0.01"},{"v":0.300333182206,"d":"0.30"}]
[2,206,20631,{"v":8427.68427599999,"d":"8,427.68"},1705,{"v":0.20230943,"d":"0.20"}," ",410,20631001,{"v":1417.88782603999,"d":"1,417.89"},281,{"v":0.198182109,"d":"0.20"},{"v":0,"d":"0.00"},{"v":0.921559671,"d":"0.92"},{"v":258.958267499999,"d":"258.96"},{"v":22.04173252,"d":"22.04"},0,"0_20631001_696",{"v":1387.50513165999,"d":"1,387.51"},{"v":0,"d":"0.00"},{"v":22.04173252,"d":"22.04"},{"v":0,"d":"0.00"},"0_20631001_696_778","G",{"v":0.0500742852662,"d":"0.05"},{"v":3.608944149e-05,"d":"0.00"},{"v":0.000795473816121,"d":"0.00"}]
[2,206,20631,{"v":8427.68427599999,"d":"8,427.68"},1705,{"v":0.20230943,"d":"0.20"}," ",410,20631001,{"v":1417.88782603999,"d":"1,417.89"},281,{"v":0.198182109,"d":"0.20"},{"v":0,"d":"0.00"},{"v":0.921559671,"d":"0.92"},{"v":258.958267499999,"d":"258.96"},{"v":22.04173252,"d":"22.04"},0,"0_20631001_696",{"v":1387.50513165999,"d":"1,387.51"},{"v":0,"d":"0.00"},{"v":22.04173252,"d":"22.04"},{"v":0,"d":"0.00"},"0_20631001_696_779","G",{"v":0.021715756207,"d":"0.02"},{"v":1.565093758e-05,"d":"0.00"},{"v":0.000344973779817,"d":"0.00"}]
[2,206,20631,{"v":8427.68427599999,"d":"8,427.68"},1705,{"v":0.20230943,"d":"0.20"}," ",410,20631001,{"v":1417.88782603999,"d":"1,417.89"},281,{"v":0.198182109,"d":"0.20"},{"v":0,"d":"0.00"},{"v":0.921559671,"d":"0.92"},{"v":258.958267499999,"d":"258.96"},{"v":22.04173252,"d":"22.04"},0,"0_20631001_696",{"v":1387.50513165999,"d":"1,387.51"},{"v":0,"d":"0.00"},{"v":22.04173252,"d":"22.04"},{"v":0,"d":"0.00"},"0_20631001_696_780","G",{"v":0.139615074712,"d":"0.14"},{"v":1.00623105116E-4,"d":"0.00"},{"v":0.0022179075683,"d":"0.00"}]
[2,206,20631,{"v":8427.68427599999,"d":"8,427.68"},1705,{"v":0.20230943,"d":"0.20"}," ",410,20631001,{"v":1417.88782603999,"d":"1,417.89"},281,{"v":0.198182109,"d":"0.20"},{"v":0,"d":"0.00"},{"v":0.921559671,"d":"0.92"},{"v":258.958267499999,"d":"258.96"},{"v":22.04173252,"d":"22.04"},0,"0_20631001_696",{"v":1387.50513165999,"d":"1,387.51"},{"v":0,"d":"0.00"},{"v":22.04173252,"d":"22.04"},{"v":0,"d":"0.00"},"0_20631001_696_781","G",{"v":2.12657748567,"d":"2.13"},{"v":0.0015326627896,"d":"0.00"},{"v":0.0337825432517,"d":"0.03"}]
[2,206,20636,{"v":9646.250242,"d":"9,646.25"},1524,{"v":0.157988852,"d":"0.16"}," ",430,20636000,{"v":9646.25024237,"d":"9,646.25"},1524,{"v":0.157988852,"d":"0.16"},{"v":0,"d":"0.00"},{"v":0.905906425,"d":"0.91"},{"v":1380.60139099999,"d":"1,380.60"},{"v":143.398608599999,"d":"143.40"},0,"0_20636000_718",{"v":9550.95094038999,"d":"9,550.95"},{"v":0,"d":"0.00"},{"v":143.398608599999,"d":"143.40"},{"v":0,"d":"0.00"},"0_20636000_718_782","außerhalb GKL",{"v":9258.87891836999,"d":"9,258.88"},{"v":0.969419587239,"d":"0.97"},{"v":139.013419959999,"d":"139.01"}]
[2,206,20636,{"v":9646.250242,"d":"9,646.25"},1524,{"v":0.157988852,"d":"0.16"}," ",430,20636000,{"v":9646.25024237,"d":"9,646.25"},1524,{"v":0.157988852,"d":"0.16"},{"v":0,"d":"0.00"},{"v":0.905906425,"d":"0.91"},{"v":1380.60139099999,"d":"1,380.60"},{"v":143.398608599999,"d":"143.40"},0,"0_20636000_718",{"v":9550.95094038999,"d":"9,550.95"},{"v":0,"d":"0.00"},{"v":143.398608599999,"d":"143.40"},{"v":0,"d":"0.00"},"0_20636000_718_783","außerhalb GKL",{"v":4.18523364566,"d":"4.19"},{"v":4.38200727004E-4,"d":"0.00"},{"v":0.0628373745399,"d":"0.06"}]
[2,206,20636,{"v":9646.250242,"d":"9,646.25"},1524,{"v":0.157988852,"d":"0.16"}," ",430,20636000,{"v":9646.25024237,"d":"9,646.25"},1524,{"v":0.157988852,"d":"0.16"},{"v":0,"d":"0.00"},{"v":0.905906425,"d":"0.91"},{"v":1380.60139099999,"d":"1,380.60"},{"v":143.398608599999,"d":"143.40"},0,"0_20636000_718",{"v":9550.95094038999,"d":"9,550.95"},{"v":0,"d":"0.00"},{"v":143.398608599999,"d":"143.40"},{"v":0,"d":"0.00"},"0_20636000_718_784","E",{"v":8.19113950102999,"d":"8.19"},{"v":0.00085762554453,"d":"0.00"},{"v":0.122982309785,"d":"0.12"}]
[2,206,20636,{"v":9646.250242,"d":"9,646.25"},1524,{"v":0.157988852,"d":"0.16"}," ",430,20636000,{"v":9646.25024237,"d":"9,646.25"},1524,{"v":0.157988852,"d":"0.16"},{"v":0,"d":"0.00"},{"v":0.905906425,"d":"0.91"},{"v":1380.60139099999,"d":"1,380.60"},{"v":143.398608599999,"d":"143.40"},0,"0_20636000_718",{"v":9550.95094038999,"d":"9,550.95"},{"v":0,"d":"0.00"},{"v":143.398608599999,"d":"143.40"},{"v":0,"d":"0.00"},"0_20636000_718_785","E",{"v":7.39333478549,"d":"7.39"},{"v":0.000774094101376,"d":"0.00"},{"v":0.111004017063,"d":"0.11"}]
[2,206,20636,{"v":9646.250242,"d":"9,646.25"},1524,{"v":0.157988852,"d":"0.16"}," ",430,20636000,{"v":9646.25024237,"d":"9,646.25"},1524,{"v":0.157988852,"d":"0.16"},{"v":0,"d":"0.00"},{"v":0.905906425,"d":"0.91"},{"v":1380.60139099999,"d":"1,380.60"},{"v":143.398608599999,"d":"143.40"},0,"0_20636000_718",{"v":9550.95094038999,"d":"9,550.95"},{"v":0,"d":"0.00"},{"v":143.398608599999,"d":"143.40"},{"v":0,"d":"0.00"},"0_20636000_718_786","E",{"v":6.96763844478,"d":"6.97"},{"v":0.00072952300648,"d":"0.00"},{"v":0.104612584071,"d":"0.10"}]
[2,206,20636,{"v":9646.250242,"d":"9,646.25"},1524,{"v":0.157988852,"d":"0.16"}," ",430,20636000,{"v":9646.25024237,"d":"9,646.25"},1524,{"v":0.157988852,"d":"0.16"},{"v":0,"d":"0.00"},{"v":0.905906425,"d":"0.91"},{"v":1380.60139099999,"d":"1,380.60"},{"v":143.398608599999,"d":"143.40"},0,"0_20636000_718",{"v":9550.95094038999,"d":"9,550.95"},{"v":0,"d":"0.00"},{"v":143.398608599999,"d":"143.40"},{"v":0,"d":"0.00"},"0_20636000_718_787","E",{"v":0.623961422259,"d":"0.62"},{"v":6.5329769376E-5,"d":"0.00"},{"v":0.00936819802871,"d":"0.01"}]
[2,206,20636,{"v":9646.250242,"d":"9,646.25"},1524,{"v":0.157988852,"d":"0.16"}," ",430,20636000,{"v":9646.25024237,"d":"9,646.25"},1524,{"v":0.157988852,"d":"0.16"},{"v":0,"d":"0.00"},{"v":0.905906425,"d":"0.91"},{"v":1380.60139099999,"d":"1,380.60"},{"v":143.398608599999,"d":"143.40"},0,"0_20636000_718",{"v":9550.95094038999,"d":"9,550.95"},{"v":0,"d":"0.00"},{"v":143.398608599999,"d":"143.40"},{"v":0,"d":"0.00"},"0_20636000_718_788","E",{"v":0.0573687663427,"d":"0.06"},{"v":6.006602557e-06,"d":"0.00"},{"v":0.000861338449123,"d":"0.00"}]
[2,206,20636,{"v":9646.250242,"d":"9,646.25"},1524,{"v":0.157988852,"d":"0.16"}," ",430,20636000,{"v":9646.25024237,"d":"9,646.25"},1524,{"v":0.157988852,"d":"0.16"},{"v":0,"d":"0.00"},{"v":0.905906425,"d":"0.91"},{"v":1380.60139099999,"d":"1,380.60"},{"v":143.398608599999,"d":"143.40"},0,"0_20636000_718",{"v":9550.95094038999,"d":"9,550.95"},{"v":0,"d":"0.00"},{"v":143.398608599999,"d":"143.40"},{"v":0,"d":"0.00"},"0_20636000_718_789","E",{"v":0.215628713003,"d":"0.22"},{"v":2.2576674757e-05,"d":"0.00"},{"v":0.003237463747,"d":"0.00"}]
[2,206,20636,{"v":9646.250242,"d":"9,646.25"},1524,{"v":0.157988852,"d":"0.16"}," ",430,20636000,{"v":9646.25024237,"d":"9,646.25"},1524,{"v":0.157988852,"d":"0.16"},{"v":0,"d":"0.00"},{"v":0.905906425,"d":"0.91"},{"v":1380.60139099999,"d":"1,380.60"},{"v":143.398608599999,"d":"143.40"},0,"0_20636000_718",{"v":9550.95094038999,"d":"9,550.95"},{"v":0,"d":"0.00"},{"v":143.398608599999,"d":"143.40"},{"v":0,"d":"0.00"},"0_20636000_718_790","E",{"v":0.661420314757,"d":"0.66"},{"v":6.9251775963e-05,"d":"0.00"},{"v":0.00993060831616,"d":"0.01"}]
[2,206,20636,{"v":9646.250242,"d":"9,646.25"},1524,{"v":0.157988852,"d":"0.16"}," ",430,20636000,{"v":9646.25024237,"d":"9,646.25"},1524,{"v":0.157988852,"d":"0.16"},{"v":0,"d":"0.00"},{"v":0.905906425,"d":"0.91"},{"v":1380.60139099999,"d":"1,380.60"},{"v":143.398608599999,"d":"143.40"},0,"0_20636000_718",{"v":9550.95094038999,"d":"9,550.95"},{"v":0,"d":"0.00"},{"v":143.398608599999,"d":"143.40"},{"v":0,"d":"0.00"},"0_20636000_718_791","E",{"v":10.4478534548,"d":"10.45"},{"v":1.09390714286E-3,"d":"0.00"},{"v":0.156864762224,"d":"0.16"}]
[2,206,20636,{"v":9646.250242,"d":"9,646.25"},1524,{"v":0.157988852,"d":"0.16"}," ",430,20636000,{"v":9646.25024237,"d":"9,646.25"},1524,{"v":0.157988852,"d":"0.16"},{"v":0,"d":"0.00"},{"v":0.905906425,"d":"0.91"},{"v":1380.60139099999,"d":"1,380.60"},{"v":143.398608599999,"d":"143.40"},0,"0_20636000_718",{"v":9550.95094038999,"d":"9,550.95"},{"v":0,"d":"0.00"},{"v":143.398608599999,"d":"143.40"},{"v":0,"d":"0.00"},"0_20636000_718_792","F",{"v":1.9592873707,"d":"1.96"},{"v":0.000205140554373,"d":"0.00"},{"v":0.0294168700645,"d":"0.03"}]
[2,206,20636,{"v":9646.250242,"d":"9,646.25"},1524,{"v":0.157988852,"d":"0.16"}," ",430,20636000,{"v":9646.25024237,"d":"9,646.25"},1524,{"v":0.157988852,"d":"0.16"},{"v":0,"d":"0.00"},{"v":0.905906425,"d":"0.91"},{"v":1380.60139099999,"d":"1,380.60"},{"v":143.398608599999,"d":"143.40"},0,"0_20636000_718",{"v":9550.95094038999,"d":"9,550.95"},{"v":0,"d":"0.00"},{"v":143.398608599999,"d":"143.40"},{"v":0,"d":"0.00"},"0_20636000_718_793","F",{"v":3.62814831722,"d":"3.63"},{"v":3.79872992738E-4,"d":"0.00"},{"v":0.0544732586033,"d":"0.05"}]
[2,206,20636,{"v":9646.250242,"d":"9,646.25"},1524,{"v":0.157988852,"d":"0.16"}," ",430,20636000,{"v":9646.25024237,"d":"9,646.25"},1524,{"v":0.157988852,"d":"0.16"},{"v":0,"d":"0.00"},{"v":0.905906425,"d":"0.91"},{"v":1380.60139099999,"d":"1,380.60"},{"v":143.398608599999,"d":"143.40"},0,"0_20636000_718",{"v":9550.95094038999,"d":"9,550.95"},{"v":0,"d":"0.00"},{"v":143.398608599999,"d":"143.40"},{"v":0,"d":"0.00"},"0_20636000_718_794","F",{"v":0.12983938697,"d":"0.13"},{"v":1.3594393666e-05,"d":"0.00"},{"v":1.94941713649E-3,"d":"0.00"}]
[2,206,20636,{"v":9646.250242,"d":"9,646.25"},1524,{"v":0.157988852,"d":"0.16"}," ",430,20636000,{"v":9646.25024237,"d":"9,646.25"},1524,{"v":0.157988852,"d":"0.16"},{"v":0,"d":"0.00"},{"v":0.905906425,"d":"0.91"},{"v":1380.60139099999,"d":"1,380.60"},{"v":143.398608599999,"d":"143.40"},0,"0_20636000_718",{"v":9550.95094038999,"d":"9,550.95"},{"v":0,"d":"0.00"},{"v":143.398608599999,"d":"143.40"},{"v":0,"d":"0.00"},"0_20636000_718_795","F",{"v":33.4478210146,"d":"33.45"},{"v":0.00350204091963,"d":"0.00"},{"v":0.502187795135,"d":"0.50"}]
[2,206,20636,{"v":9646.250242,"d":"9,646.25"},1524,{"v":0.157988852,"d":"0.16"}," ",430,20636000,{"v":9646.25024237,"d":"9,646.25"},1524,{"v":0.157988852,"d":"0.16"},{"v":0,"d":"0.00"},{"v":0.905906425,"d":"0.91"},{"v":1380.60139099999,"d":"1,380.60"},{"v":143.398608599999,"d":"143.40"},0,"0_20636000_718",{"v":9550.95094038999,"d":"9,550.95"},{"v":0,"d":"0.00"},{"v":143.398608599999,"d":"143.40"},{"v":0,"d":"0.00"},"0_20636000_718_796","F",{"v":16.3454428492,"d":"16.35"},{"v":1.71139428432E-3,"d":"0.00"},{"v":0.245411559137,"d":"0.25"}]
[2,206,20636,{"v":9646.250242,"d":"9,646.25"},1524,{"v":0.157988852,"d":"0.16"}," ",430,20636000,{"v":9646.25024237,"d":"9,646.25"},1524,{"v":0.157988852,"d":"0.16"},{"v":0,"d":"0.00"},{"v":0.905906425,"d":"0.91"},{"v":1380.60139099999,"d":"1,380.60"},{"v":143.398608599999,"d":"143.40"},0,"0_20636000_718",{"v":9550.95094038999,"d":"9,550.95"},{"v":0,"d":"0.00"},{"v":143.398608599999,"d":"143.40"},{"v":0,"d":"0.00"},"0_20636000_718_797","F",{"v":0.00240667116714,"d":"0.00"},{"v":2.51982361E-7,"d":"0.00"},{"v":3.613391995e-05,"d":"0.00"}]
[2,206,20636,{"v":9646.250242,"d":"9,646.25"},1524,{"v":0.157988852,"d":"0.16"}," ",430,20636000,{"v":9646.25024237,"d":"9,646.25"},1524,{"v":0.157988852,"d":"0.16"},{"v":0,"d":"0.00"},{"v":0.905906425,"d":"0.91"},{"v":1380.60139099999,"d":"1,380.60"},{"v":143.398608599999,"d":"143.40"},0,"0_20636000_718",{"v":9550.95094038999,"d":"9,550.95"},{"v":0,"d":"0.00"},{"v":143.398608599999,"d":"143.40"},{"v":0,"d":"0.00"},"0_20636000_718_798","F",{"v":2.24588867793,"d":"2.25"},{"v":0.000235148174454,"d":"0.00"},{"v":0.0337199210315,"d":"0.03"}]
[2,206,20636,{"v":9646.250242,"d":"9,646.25"},1524,{"v":0.157988852,"d":"0.16"}," ",430,20636000,{"v":9646.25024237,"d":"9,646.25"},1524,{"v":0.157988852,"d":"0.16"},{"v":0,"d":"0.00"},{"v":0.905906425,"d":"0.91"},{"v":1380.60139099999,"d":"1,380.60"},{"v":143.398608599999,"d":"143.40"},0,"0_20636000_718",{"v":9550.95094038999,"d":"9,550.95"},{"v":0,"d":"0.00"},{"v":143.398608599999,"d":"143.40"},{"v":0,"d":"0.00"},"0_20636000_718_799","F",{"v":5.13231955669,"d":"5.13"},{"v":0.000537362152598,"d":"0.00"},{"v":0.0770569849969,"d":"0.08"}]
[2,206,20636,{"v":9646.250242,"d":"9,646.25"},1524,{"v":0.157988852,"d":"0.16"}," ",430,20636000,{"v":9646.25024237,"d":"9,646.25"},1524,{"v":0.157988852,"d":"0.16"},{"v":0,"d":"0.00"},{"v":0.905906425,"d":"0.91"},{"v":1380.60139099999,"d":"1,380.60"},{"v":143.398608599999,"d":"143.40"},0,"0_20636000_718",{"v":9550.95094038999,"d":"9,550.95"},{"v":0,"d":"0.00"},{"v":143.398608599999,"d":"143.40"},{"v":0,"d":"0.00"},"0_20636000_718_800","F",{"v":1.76390730498,"d":"1.76"},{"v":0.000184683945713,"d":"0.00"},{"v":0.026483420846,"d":"0.03"}]
[2,206,20636,{"v":9646.250242,"d":"9,646.25"},1524,{"v":0.157988852,"d":"0.16"}," ",430,20636000,{"v":9646.25024237,"d":"9,646.25"},1524,{"v":0.157988852,"d":"0.16"},{"v":0,"d":"0.00"},{"v":0.905906425,"d":"0.91"},{"v":1380.60139099999,"d":"1,380.60"},{"v":143.398608599999,"d":"143.40"},0,"0_20636000_718",{"v":9550.95094038999,"d":"9,550.95"},{"v":0,"d":"0.00"},{"v":143.398608599999,"d":"143.40"},{"v":0,"d":"0.00"},"0_20636000_718_801","F",{"v":18.559186075,"d":"18.56"},{"v":0.00194317677798,"d":"0.00"},{"v":0.278648846226,"d":"0.28"}]
[2,206,20636,{"v":9646.250242,"d":"9,646.25"},1524,{"v":0.157988852,"d":"0.16"}," ",430,20636000,{"v":9646.25024237,"d":"9,646.25"},1524,{"v":0.157988852,"d":"0.16"},{"v":0,"d":"0.00"},{"v":0.905906425,"d":"0.91"},{"v":1380.60139099999,"d":"1,380.60"},{"v":143.398608599999,"d":"143.40"},0,"0_20636000_718",{"v":9550.95094038999,"d":"9,550.95"},{"v":0,"d":"0.00"},{"v":143.398608599999,"d":"143.40"},{"v":0,"d":"0.00"},"0_20636000_718_802","F",{"v":0.0155702717887,"d":"0.02"},{"v":1.630232621e-06,"d":"0.00"},{"v":0.000233773089607,"d":"0.00"}]
[2,206,20636,{"v":9646.250242,"d":"9,646.25"},1524,{"v":0.157988852,"d":"0.16"}," ",430,20636000,{"v":9646.25024237,"d":"9,646.25"},1524,{"v":0.157988852,"d":"0.16"},{"v":0,"d":"0.00"},{"v":0.905906425,"d":"0.91"},{"v":1380.60139099999,"d":"1,380.60"},{"v":143.398608599999,"d":"143.40"},0,"0_20636000_718",{"v":9550.95094038999,"d":"9,550.95"},{"v":0,"d":"0.00"},{"v":143.398608599999,"d":"143.40"},{"v":0,"d":"0.00"},"0_20636000_718_803","F",{"v":0.0750847748009,"d":"0.08"},{"v":7.861497276e-06,"d":"0.00"},{"v":0.00112732777089,"d":"0.00"}]
[2,206,20636,{"v":9646.250242,"d":"9,646.25"},1524,{"v":0.157988852,"d":"0.16"}," ",430,20636000,{"v":9646.25024237,"d":"9,646.25"},1524,{"v":0.157988852,"d":"0.16"},{"v":0,"d":"0.00"},{"v":0.905906425,"d":"0.91"},{"v":1380.60139099999,"d":"1,380.60"},{"v":143.398608599999,"d":"143.40"},0,"0_20636000_718",{"v":9550.95094038999,"d":"9,550.95"},{"v":0,"d":"0.00"},{"v":143.398608599999,"d":"143.40"},{"v":0,"d":"0.00"},"0_20636000_718_804","G",{"v":43.0032561628,"d":"43.00"},{"v":0.00450251042343,"d":"0.00"},{"v":0.645653729927,"d":"0.65"}]
[2,206,20636,{"v":9646.250242,"d":"9,646.25"},1524,{"v":0.157988852,"d":"0.16"}," ",430,20636000,{"v":9646.25024237,"d":"9,646.25"},1524,{"v":0.157988852,"d":"0.16"},{"v":0,"d":"0.00"},{"v":0.905906425,"d":"0.91"},{"v":1380.60139099999,"d":"1,380.60"},{"v":143.398608599999,"d":"143.40"},0,"0_20636000_718",{"v":9550.95094038999,"d":"9,550.95"},{"v":0,"d":"0.00"},{"v":143.398608599999,"d":"143.40"},{"v":0,"d":"0.00"},"0_20636000_718_805","G",{"v":55.1778785849,"d":"55.18"},{"v":0.00577721306803,"d":"0.01"},{"v":0.828444315541,"d":"0.83"}]
[2,206,20636,{"v":9646.250242,"d":"9,646.25"},1524,{"v":0.157988852,"d":"0.16"}," ",430,20636000,{"v":9646.25024237,"d":"9,646.25"},1524,{"v":0.157988852,"d":"0.16"},{"v":0,"d":"0.00"},{"v":0.905906425,"d":"0.91"},{"v":1380.60139099999,"d":"1,380.60"},{"v":143.398608599999,"d":"143.40"},0,"0_20636000_718",{"v":9550.95094038999,"d":"9,550.95"},{"v":0,"d":"0.00"},{"v":143.398608599999,"d":"143.40"},{"v":0,"d":"0.00"},"0_20636000_718_806","G",{"v":68.5839560299999,"d":"68.58"},{"v":0.00718085104384,"d":"0.01"},{"v":1.02972404825,"d":"1.03"}]
[2,206,20636,{"v":9646.250242,"d":"9,646.25"},1524,{"v":0.157988852,"d":"0.16"}," ",430,20636000,{"v":9646.25024237,"d":"9,646.25"},1524,{"v":0.157988852,"d":"0.16"},{"v":0,"d":"0.00"},{"v":0.905906425,"d":"0.91"},{"v":1380.60139099999,"d":"1,380.60"},{"v":143.398608599999,"d":"143.40"},0,"0_20636000_718",{"v":9550.95094038999,"d":"9,550.95"},{"v":0,"d":"0.00"},{"v":143.398608599999,"d":"143.40"},{"v":0,"d":"0.00"},"0_20636000_718_807","G",{"v":0.0678401053529,"d":"0.07"},{"v":7.102968676e-06,"d":"0.00"},{"v":1.01855582503E-3,"d":"0.00"}]
[2,206,20636,{"v":9646.250242,"d":"9,646.25"},1524,{"v":0.157988852,"d":"0.16"}," ",430,20636000,{"v":9646.25024237,"d":"9,646.25"},1524,{"v":0.157988852,"d":"0.16"},{"v":0,"d":"0.00"},{"v":0.905906425,"d":"0.91"},{"v":1380.60139099999,"d":"1,380.60"},{"v":143.398608599999,"d":"143.40"},0,"0_20636000_718",{"v":9550.95094038999,"d":"9,550.95"},{"v":0,"d":"0.00"},{"v":143.398608599999,"d":"143.40"},{"v":0,"d":"0.00"},"0_20636000_718_808","G",{"v":0.359218256173,"d":"0.36"},{"v":3.7610732001e-05,"d":"0.00"},{"v":0.00539332663736,"d":"0.01"}]
[2,206,20636,{"v":9646.250242,"d":"9,646.25"},1524,{"v":0.157988852,"d":"0.16"}," ",430,20636000,{"v":9646.25024237,"d":"9,646.25"},1524,{"v":0.157988852,"d":"0.16"},{"v":0,"d":"0.00"},{"v":0.905906425,"d":"0.91"},{"v":1380.60139099999,"d":"1,380.60"},{"v":143.398608599999,"d":"143.40"},0,"0_20636000_718",{"v":9550.95094038999,"d":"9,550.95"},{"v":0,"d":"0.00"},{"v":143.398608599999,"d":"143.40"},{"v":0,"d":"0.00"},"0_20636000_718_809","G",{"v":1.00918083033,"d":"1.01"},{"v":1.05662864005E-4,"d":"0.00"},{"v":0.015151907679,"d":"0.02"}]
[2,206,20636,{"v":9646.250242,"d":"9,646.25"},1524,{"v":0.157988852,"d":"0.16"}," ",430,20636000,{"v":9646.25024237,"d":"9,646.25"},1524,{"v":0.157988852,"d":"0.16"},{"v":0,"d":"0.00"},{"v":0.905906425,"d":"0.91"},{"v":1380.60139099999,"d":"1,380.60"},{"v":143.398608599999,"d":"143.40"},0,"0_20636000_718",{"v":9550.95094038999,"d":"9,550.95"},{"v":0,"d":"0.00"},{"v":143.398608599999,"d":"143.40"},{"v":0,"d":"0.00"},"0_20636000_718_810","G",{"v":0.437664207344,"d":"0.44"},{"v":4.5824149875e-05,"d":"0.00"},{"v":0.0065711193324,"d":"0.01"}]
[2,206,20636,{"v":9646.250242,"d":"9,646.25"},1524,{"v":0.157988852,"d":"0.16"}," ",430,20636000,{"v":9646.25024237,"d":"9,646.25"},1524,{"v":0.157988852,"d":"0.16"},{"v":0,"d":"0.00"},{"v":0.905906425,"d":"0.91"},{"v":1380.60139099999,"d":"1,380.60"},{"v":143.398608599999,"d":"143.40"},0,"0_20636000_718",{"v":9550.95094038999,"d":"9,550.95"},{"v":0,"d":"0.00"},{"v":143.398608599999,"d":"143.40"},{"v":0,"d":"0.00"},"0_20636000_718_811","G",{"v":0.25348391193,"d":"0.25"},{"v":2.6540175268E-5,"d":"0.00"},{"v":0.00380582420537,"d":"0.00"}]
[2,206,20636,{"v":9646.250242,"d":"9,646.25"},1524,{"v":0.157988852,"d":"0.16"}," ",430,20636000,{"v":9646.25024237,"d":"9,646.25"},1524,{"v":0.157988852,"d":"0.16"},{"v":0,"d":"0.00"},{"v":0.905906425,"d":"0.91"},{"v":1380.60139099999,"d":"1,380.60"},{"v":143.398608599999,"d":"143.40"},0,"0_20636000_718",{"v":9550.95094038999,"d":"9,550.95"},{"v":0,"d":"0.00"},{"v":143.398608599999,"d":"143.40"},{"v":0,"d":"0.00"},"0_20636000_718_812","G",{"v":0.0123764322225,"d":"0.01"},{"v":1.295832457E-6,"d":"0.00"},{"v":0.000185820571294,"d":"0.00"}]
[2,206,20636,{"v":9646.250242,"d":"9,646.25"},1524,{"v":0.157988852,"d":"0.16"}," ",430,20636000,{"v":9646.25024237,"d":"9,646.25"},1524,{"v":0.157988852,"d":"0.16"},{"v":0,"d":"0.00"},{"v":0.905906425,"d":"0.91"},{"v":1380.60139099999,"d":"1,380.60"},{"v":143.398608599999,"d":"143.40"},0,"0_20636000_718",{"v":9550.95094038999,"d":"9,550.95"},{"v":0,"d":"0.00"},{"v":143.398608599999,"d":"143.40"},{"v":0,"d":"0.00"},"0_20636000_718_813","G",{"v":1.06082902265,"d":"1.06"},{"v":1.11070513216E-4,"d":"0.00"},{"v":0.0159273570517,"d":"0.02"}]
[2,206,20636,{"v":9646.250242,"d":"9,646.25"},1524,{"v":0.157988852,"d":"0.16"}," ",430,20636000,{"v":9646.25024237,"d":"9,646.25"},1524,{"v":0.157988852,"d":"0.16"},{"v":0,"d":"0.00"},{"v":0.905906425,"d":"0.91"},{"v":1380.60139099999,"d":"1,380.60"},{"v":143.398608599999,"d":"143.40"},0,"0_20636000_718",{"v":9550.95094038999,"d":"9,550.95"},{"v":0,"d":"0.00"},{"v":143.398608599999,"d":"143.40"},{"v":0,"d":"0.00"},"0_20636000_718_814","G",{"v":0.0565604717442,"d":"0.06"},{"v":5.921972806E-6,"d":"0.00"},{"v":8.49202660603E-4,"d":"0.00"}]
[2,206,20636,{"v":9646.250242,"d":"9,646.25"},1524,{"v":0.157988852,"d":"0.16"}," ",430,20636000,{"v":9646.25024237,"d":"9,646.25"},1524,{"v":0.157988852,"d":"0.16"},{"v":0,"d":"0.00"},{"v":0.905906425,"d":"0.91"},{"v":1380.60139099999,"d":"1,380.60"},{"v":143.398608599999,"d":"143.40"},0,"0_20636000_718",{"v":9550.95094038999,"d":"9,550.95"},{"v":0,"d":"0.00"},{"v":143.398608599999,"d":"143.40"},{"v":0,"d":"0.00"},"0_20636000_718_815","G",{"v":1.29668939073E-3,"d":"0.00"},{"v":1.35765475E-7,"d":"0.00"},{"v":1.9468580205e-05,"d":"0.00"}]
[2,206,20637,{"v":8133.06947,"d":"8,133.07"},2039,{"v":0.250704855,"d":"0.25"},"M",410,20637000,{"v":251.700039505,"d":"251.70"},1334,{"v":5.299959438,"d":"5.30"},{"v":0,"d":"0.00"},{"v":0.921559671,"d":"0.92"},{"v":1229.360601,"d":"1,229.36"},{"v":104.6393992,"d":"104.64"},0,"0_20637000_719",{"v":163.484292184999,"d":"163.48"},{"v":0,"d":"0.00"},{"v":104.6393992,"d":"104.64"},{"v":0,"d":"0.00"},"0_20637000_719_816","außerhalb GKL",{"v":27.6849405809999,"d":"27.68"},{"v":0.169343122883,"d":"0.17"},{"v":17.7199626371,"d":"17.72"}]
[2,206,20637,{"v":8133.06947,"d":"8,133.07"},2039,{"v":0.250704855,"d":"0.25"},"M",410,20637000,{"v":251.700039505,"d":"251.70"},1334,{"v":5.299959438,"d":"5.30"},{"v":0,"d":"0.00"},{"v":0.921559671,"d":"0.92"},{"v":1229.360601,"d":"1,229.36"},{"v":104.6393992,"d":"104.64"},0,"0_20637000_719",{"v":163.484292184999,"d":"163.48"},{"v":0,"d":"0.00"},{"v":104.6393992,"d":"104.64"},{"v":0,"d":"0.00"},"0_20637000_719_817","außerhalb GKL",{"v":0.574720612171,"d":"0.57"},{"v":0.0035154485149,"d":"0.00"},{"v":0.367854420518,"d":"0.37"}]
[2,206,20637,{"v":8133.06947,"d":"8,133.07"},2039,{"v":0.250704855,"d":"0.25"},"M",410,20637000,{"v":251.700039505,"d":"251.70"},1334,{"v":5.299959438,"d":"5.30"},{"v":0,"d":"0.00"},{"v":0.921559671,"d":"0.92"},{"v":1229.360601,"d":"1,229.36"},{"v":104.6393992,"d":"104.64"},0,"0_20637000_719",{"v":163.484292184999,"d":"163.48"},{"v":0,"d":"0.00"},{"v":104.6393992,"d":"104.64"},{"v":0,"d":"0.00"},"0_20637000_719_818","außerhalb GKL",{"v":70.1189479816,"d":"70.12"},{"v":0.428903272874,"d":"0.43"},{"v":44.8801807883999,"d":"44.88"}]
[2,206,20637,{"v":8133.06947,"d":"8,133.07"},2039,{"v":0.250704855,"d":"0.25"},"M",410,20637000,{"v":251.700039505,"d":"251.70"},1334,{"v":5.299959438,"d":"5.30"},{"v":0,"d":"0.00"},{"v":0.921559671,"d":"0.92"},{"v":1229.360601,"d":"1,229.36"},{"v":104.6393992,"d":"104.64"},0,"0_20637000_719",{"v":163.484292184999,"d":"163.48"},{"v":0,"d":"0.00"},{"v":104.6393992,"d":"104.64"},{"v":0,"d":"0.00"},"0_20637000_719_819","außerhalb GKL",{"v":0.0024428623907,"d":"0.00"},{"v":1.4942489936E-5,"d":"0.00"},{"v":0.00156357316948,"d":"0.00"}]
[2,206,20637,{"v":8133.06947,"d":"8,133.07"},2039,{"v":0.250704855,"d":"0.25"},"M",410,20637000,{"v":251.700039505,"d":"251.70"},1334,{"v":5.299959438,"d":"5.30"},{"v":0,"d":"0.00"},{"v":0.921559671,"d":"0.92"},{"v":1229.360601,"d":"1,229.36"},{"v":104.6393992,"d":"104.64"},0,"0_20637000_719",{"v":163.484292184999,"d":"163.48"},{"v":0,"d":"0.00"},{"v":104.6393992,"d":"104.64"},{"v":0,"d":"0.00"},"0_20637000_719_820","außerhalb GKL",{"v":0.0311873954766,"d":"0.03"},{"v":1.90766923597E-4,"d":"0.00"},{"v":0.0199617362724,"d":"0.02"}]
[2,206,20637,{"v":8133.06947,"d":"8,133.07"},2039,{"v":0.250704855,"d":"0.25"},"M",410,20637000,{"v":251.700039505,"d":"251.70"},1334,{"v":5.299959438,"d":"5.30"},{"v":0,"d":"0.00"},{"v":0.921559671,"d":"0.92"},{"v":1229.360601,"d":"1,229.36"},{"v":104.6393992,"d":"104.64"},0,"0_20637000_719",{"v":163.484292184999,"d":"163.48"},{"v":0,"d":"0.00"},{"v":104.6393992,"d":"104.64"},{"v":0,"d":"0.00"},"0_20637000_719_821","außerhalb GKL",{"v":1.06276679314,"d":"1.06"},{"v":0.00650072724991,"d":"0.01"},{"v":0.680232193794,"d":"0.68"}]
[2,206,20637,{"v":8133.06947,"d":"8,133.07"},2039,{"v":0.250704855,"d":"0.25"},"M",410,20637000,{"v":251.700039505,"d":"251.70"},1334,{"v":5.299959438,"d":"5.30"},{"v":0,"d":"0.00"},{"v":0.921559671,"d":"0.92"},{"v":1229.360601,"d":"1,229.36"},{"v":104.6393992,"d":"104.64"},0,"0_20637000_719",{"v":163.484292184999,"d":"163.48"},{"v":0,"d":"0.00"},{"v":104.6393992,"d":"104.64"},{"v":0,"d":"0.00"},"0_20637000_719_822","außerhalb GKL",{"v":0.0252764915384,"d":"0.03"},{"v":1.54611132364E-4,"d":"0.00"},{"v":0.0161784160002,"d":"0.02"}]
[2,206,20637,{"v":8133.06947,"d":"8,133.07"},2039,{"v":0.250704855,"d":"0.25"},"M",410,20637000,{"v":251.700039505,"d":"251.70"},1334,{"v":5.299959438,"d":"5.30"},{"v":0,"d":"0.00"},{"v":0.921559671,"d":"0.92"},{"v":1229.360601,"d":"1,229.36"},{"v":104.6393992,"d":"104.64"},0,"0_20637000_719",{"v":163.484292184999,"d":"163.48"},{"v":0,"d":"0.00"},{"v":104.6393992,"d":"104.64"},{"v":0,"d":"0.00"},"0_20637000_719_823","außerhalb GKL",{"v":0.0931155000875,"d":"0.09"},{"v":0.000569568481736,"d":"0.00"},{"v":0.0595993037321,"d":"0.06"}]
[2,206,20637,{"v":8133.06947,"d":"8,133.07"},2039,{"v":0.250704855,"d":"0.25"},"M",410,20637000,{"v":251.700039505,"d":"251.70"},1334,{"v":5.299959438,"d":"5.30"},{"v":0,"d":"0.00"},{"v":0.921559671,"d":"0.92"},{"v":1229.360601,"d":"1,229.36"},{"v":104.6393992,"d":"104.64"},0,"0_20637000_719",{"v":163.484292184999,"d":"163.48"},{"v":0,"d":"0.00"},{"v":104.6393992,"d":"104.64"},{"v":0,"d":"0.00"},"0_20637000_719_824","außerhalb GKL",{"v":0.0368477785273,"d":"0.04"},{"v":0.000225390329767,"d":"0.00"},{"v":0.0235847086923,"d":"0.02"}]
[2,206,20637,{"v":8133.06947,"d":"8,133.07"},2039,{"v":0.250704855,"d":"0.25"},"M",410,20637000,{"v":251.700039505,"d":"251.70"},1334,{"v":5.299959438,"d":"5.30"},{"v":0,"d":"0.00"},{"v":0.921559671,"d":"0.92"},{"v":1229.360601,"d":"1,229.36"},{"v":104.6393992,"d":"104.64"},0,"0_20637000_719",{"v":163.484292184999,"d":"163.48"},{"v":0,"d":"0.00"},{"v":104.6393992,"d":"104.64"},{"v":0,"d":"0.00"},"0_20637000_719_825","außerhalb GKL",{"v":0.146438054878,"d":"0.15"},{"v":0.000895731650551,"d":"0.00"},{"v":0.0937288217581,"d":"0.09"}]
[2,206,20637,{"v":8133.06947,"d":"8,133.07"},2039,{"v":0.250704855,"d":"0.25"},"M",410,20637000,{"v":251.700039505,"d":"251.70"},1334,{"v":5.299959438,"d":"5.30"},{"v":0,"d":"0.00"},{"v":0.921559671,"d":"0.92"},{"v":1229.360601,"d":"1,229.36"},{"v":104.6393992,"d":"104.64"},0,"0_20637000_719",{"v":163.484292184999,"d":"163.48"},{"v":0,"d":"0.00"},{"v":104.6393992,"d":"104.64"},{"v":0,"d":"0.00"},"0_20637000_719_826","C",{"v":3.02570647577,"d":"3.03"},{"v":0.0185076280744,"d":"0.02"},{"v":1.93662708232,"d":"1.94"}]
[2,206,20637,{"v":8133.06947,"d":"8,133.07"},2039,{"v":0.250704855,"d":"0.25"},"M",410,20637000,{"v":251.700039505,"d":"251.70"},1334,{"v":5.299959438,"d":"5.30"},{"v":0,"d":"0.00"},{"v":0.921559671,"d":"0.92"},{"v":1229.360601,"d":"1,229.36"},{"v":104.6393992,"d":"104.64"},0,"0_20637000_719",{"v":163.484292184999,"d":"163.48"},{"v":0,"d":"0.00"},{"v":104.6393992,"d":"104.64"},{"v":0,"d":"0.00"},"0_20637000_719_827","D",{"v":7.31878272294,"d":"7.32"},{"v":0.044767497997,"d":"0.04"},{"v":4.68444409409,"d":"4.68"}]
[2,206,20637,{"v":8133.06947,"d":"8,133.07"},2039,{"v":0.250704855,"d":"0.25"},"M",410,20637000,{"v":251.700039505,"d":"251.70"},1334,{"v":5.299959438,"d":"5.30"},{"v":0,"d":"0.00"},{"v":0.921559671,"d":"0.92"},{"v":1229.360601,"d":"1,229.36"},{"v":104.6393992,"d":"104.64"},0,"0_20637000_719",{"v":163.484292184999,"d":"163.48"},{"v":0,"d":"0.00"},{"v":104.6393992,"d":"104.64"},{"v":0,"d":"0.00"},"0_20637000_719_828","E",{"v":3.10009578506,"d":"3.10"},{"v":0.0189626522746,"d":"0.02"},{"v":1.98424054125,"d":"1.98"}]
[2,206,20637,{"v":8133.06947,"d":"8,133.07"},2039,{"v":0.250704855,"d":"0.25"},"M",410,20637000,{"v":251.700039505,"d":"251.70"},1334,{"v":5.299959438,"d":"5.30"},{"v":0,"d":"0.00"},{"v":0.921559671,"d":"0.92"},{"v":1229.360601,"d":"1,229.36"},{"v":104.6393992,"d":"104.64"},0,"0_20637000_719",{"v":163.484292184999,"d":"163.48"},{"v":0,"d":"0.00"},{"v":104.6393992,"d":"104.64"},{"v":0,"d":"0.00"},"0_20637000_719_829","E",{"v":4.11136180694,"d":"4.11"},{"v":0.0251483598332,"d":"0.03"},{"v":2.63150926381,"d":"2.63"}]
[2,206,20637,{"v":8133.06947,"d":"8,133.07"},2039,{"v":0.250704855,"d":"0.25"},"M",410,20637000,{"v":251.700039505,"d":"251.70"},1334,{"v":5.299959438,"d":"5.30"},{"v":0,"d":"0.00"},{"v":0.921559671,"d":"0.92"},{"v":1229.360601,"d":"1,229.36"},{"v":104.6393992,"d":"104.64"},0,"0_20637000_719",{"v":163.484292184999,"d":"163.48"},{"v":0,"d":"0.00"},{"v":104.6393992,"d":"104.64"},{"v":0,"d":"0.00"},"0_20637000_719_830","E",{"v":0.184856314182,"d":"0.18"},{"v":0.00113072829023,"d":"0.00"},{"v":0.118318728948,"d":"0.12"}]
[2,206,20637,{"v":8133.06947,"d":"8,133.07"},2039,{"v":0.250704855,"d":"0.25"},"M",410,20637000,{"v":251.700039505,"d":"251.70"},1334,{"v":5.299959438,"d":"5.30"},{"v":0,"d":"0.00"},{"v":0.921559671,"d":"0.92"},{"v":1229.360601,"d":"1,229.36"},{"v":104.6393992,"d":"104.64"},0,"0_20637000_719",{"v":163.484292184999,"d":"163.48"},{"v":0,"d":"0.00"},{"v":104.6393992,"d":"104.64"},{"v":0,"d":"0.00"},"0_20637000_719_831","E",{"v":0.000718886747184,"d":"0.00"},{"v":4.397283296e-06,"d":"0.00"},{"v":0.000460129082206,"d":"0.00"}]
[2,206,20637,{"v":8133.06947,"d":"8,133.07"},2039,{"v":0.250704855,"d":"0.25"},"M",410,20637000,{"v":251.700039505,"d":"251.70"},1334,{"v":5.299959438,"d":"5.30"},{"v":0,"d":"0.00"},{"v":0.921559671,"d":"0.92"},{"v":1229.360601,"d":"1,229.36"},{"v":104.6393992,"d":"104.64"},0,"0_20637000_719",{"v":163.484292184999,"d":"163.48"},{"v":0,"d":"0.00"},{"v":104.6393992,"d":"104.64"},{"v":0,"d":"0.00"},"0_20637000_719_832","E",{"v":1.08906796962,"d":"1.09"},{"v":0.00666160617063,"d":"0.01"},{"v":0.697066467402,"d":"0.70"}]
[2,206,20637,{"v":8133.06947,"d":"8,133.07"},2039,{"v":0.250704855,"d":"0.25"},"M",410,20637000,{"v":251.700039505,"d":"251.70"},1334,{"v":5.299959438,"d":"5.30"},{"v":0,"d":"0.00"},{"v":0.921559671,"d":"0.92"},{"v":1229.360601,"d":"1,229.36"},{"v":104.6393992,"d":"104.64"},0,"0_20637000_719",{"v":163.484292184999,"d":"163.48"},{"v":0,"d":"0.00"},{"v":104.6393992,"d":"104.64"},{"v":0,"d":"0.00"},"0_20637000_719_833","F",{"v":3.93780435417,"d":"3.94"},{"v":0.0240867443688,"d":"0.02"},{"v":2.52042245944,"d":"2.52"}]
[2,206,20637,{"v":8133.06947,"d":"8,133.07"},2039,{"v":0.250704855,"d":"0.25"},"M",410,20637000,{"v":251.700039505,"d":"251.70"},1334,{"v":5.299959438,"d":"5.30"},{"v":0,"d":"0.00"},{"v":0.921559671,"d":"0.92"},{"v":1229.360601,"d":"1,229.36"},{"v":104.6393992,"d":"104.64"},0,"0_20637000_719",{"v":163.484292184999,"d":"163.48"},{"v":0,"d":"0.00"},{"v":104.6393992,"d":"104.64"},{"v":0,"d":"0.00"},"0_20637000_719_834","F",{"v":0.060113542251,"d":"0.06"},{"v":0.00036770225107,"d":"0.00"},{"v":0.0384761426365,"d":"0.04"}]
[2,206,20637,{"v":8133.06947,"d":"8,133.07"},2039,{"v":0.250704855,"d":"0.25"},"M",410,20637000,{"v":251.700039505,"d":"251.70"},1334,{"v":5.299959438,"d":"5.30"},{"v":0,"d":"0.00"},{"v":0.921559671,"d":"0.92"},{"v":1229.360601,"d":"1,229.36"},{"v":104.6393992,"d":"104.64"},0,"0_20637000_719",{"v":163.484292184999,"d":"163.48"},{"v":0,"d":"0.00"},{"v":104.6393992,"d":"104.64"},{"v":0,"d":"0.00"},"0_20637000_719_835","F",{"v":1.86338321428,"d":"1.86"},{"v":0.0113979342564,"d":"0.01"},{"v":1.19267299271,"d":"1.19"}]
[2,206,20637,{"v":8133.06947,"d":"8,133.07"},2039,{"v":0.250704855,"d":"0.25"},"M",410,20637000,{"v":251.700039505,"d":"251.70"},1334,{"v":5.299959438,"d":"5.30"},{"v":0,"d":"0.00"},{"v":0.921559671,"d":"0.92"},{"v":1229.360601,"d":"1,229.36"},{"v":104.6393992,"d":"104.64"},0,"0_20637000_719",{"v":163.484292184999,"d":"163.48"},{"v":0,"d":"0.00"},{"v":104.6393992,"d":"104.64"},{"v":0,"d":"0.00"},"0_20637000_719_836","F",{"v":1.04550163465,"d":"1.05"},{"v":0.00639511980434,"d":"0.01"},{"v":0.669181494138,"d":"0.67"}]
[2,206,20637,{"v":8133.06947,"d":"8,133.07"},2039,{"v":0.250704855,"d":"0.25"},"M",410,20637000,{"v":251.700039505,"d":"251.70"},1334,{"v":5.299959438,"d":"5.30"},{"v":0,"d":"0.00"},{"v":0.921559671,"d":"0.92"},{"v":1229.360601,"d":"1,229.36"},{"v":104.6393992,"d":"104.64"},0,"0_20637000_719",{"v":163.484292184999,"d":"163.48"},{"v":0,"d":"0.00"},{"v":104.6393992,"d":"104.64"},{"v":0,"d":"0.00"},"0_20637000_719_837","F",{"v":3.69390263764,"d":"3.69"},{"v":0.0225948474209,"d":"0.02"},{"v":2.36431125914,"d":"2.36"}]
[2,206,20637,{"v":8133.06947,"d":"8,133.07"},2039,{"v":0.250704855,"d":"0.25"},"M",410,20637000,{"v":251.700039505,"d":"251.70"},1334,{"v":5.299959438,"d":"5.30"},{"v":0,"d":"0.00"},{"v":0.921559671,"d":"0.92"},{"v":1229.360601,"d":"1,229.36"},{"v":104.6393992,"d":"104.64"},0,"0_20637000_719",{"v":163.484292184999,"d":"163.48"},{"v":0,"d":"0.00"},{"v":104.6393992,"d":"104.64"},{"v":0,"d":"0.00"},"0_20637000_719_838","G",{"v":20.9177397167,"d":"20.92"},{"v":0.127949538375,"d":"0.13"},{"v":13.3885628234999,"d":"13.39"}]
[2,206,20637,{"v":8133.06947,"d":"8,133.07"},2039,{"v":0.250704855,"d":"0.25"},"M",410,20637000,{"v":251.700039505,"d":"251.70"},1334,{"v":5.299959438,"d":"5.30"},{"v":0,"d":"0.00"},{"v":0.921559671,"d":"0.92"},{"v":1229.360601,"d":"1,229.36"},{"v":104.6393992,"d":"104.64"},0,"0_20637000_719",{"v":163.484292184999,"d":"163.48"},{"v":0,"d":"0.00"},{"v":104.6393992,"d":"104.64"},{"v":0,"d":"0.00"},"0_20637000_719_839","G",{"v":0.0818309483497,"d":"0.08"},{"v":0.000500543185257,"d":"0.00"},{"v":0.0523765381789,"d":"0.05"}]
[2,206,20637,{"v":8133.06947,"d":"8,133.07"},2039,{"v":0.250704855,"d":"0.25"},"M",410,20637000,{"v":251.700039505,"d":"251.70"},1334,{"v":5.299959438,"d":"5.30"},{"v":0,"d":"0.00"},{"v":0.921559671,"d":"0.92"},{"v":1229.360601,"d":"1,229.36"},{"v":104.6393992,"d":"104.64"},0,"0_20637000_719",{"v":163.484292184999,"d":"163.48"},{"v":0,"d":"0.00"},{"v":104.6393992,"d":"104.64"},{"v":0,"d":"0.00"},"0_20637000_719_840","G",{"v":1.6315183891,"d":"1.63"},{"v":0.00997966451268,"d":"0.01"},{"v":1.04426609882,"d":"1.04"}]
[2,206,20637,{"v":8133.06947,"d":"8,133.07"},2039,{"v":0.250704855,"d":"0.25"},"M",410,20637000,{"v":251.700039505,"d":"251.70"},1334,{"v":5.299959438,"d":"5.30"},{"v":0,"d":"0.00"},{"v":0.921559671,"d":"0.92"},{"v":1229.360601,"d":"1,229.36"},{"v":104.6393992,"d":"104.64"},0,"0_20637000_719",{"v":163.484292184999,"d":"163.48"},{"v":0,"d":"0.00"},{"v":104.6393992,"d":"104.64"},{"v":0,"d":"0.00"},"0_20637000_719_841","G",{"v":1.81693715475,"d":"1.82"},{"v":0.0111138332036,"d":"0.01"},{"v":1.16294482923,"d":"1.16"}]
[2,206,20637,{"v":8133.06947,"d":"8,133.07"},2039,{"v":0.250704855,"d":"0.25"},"M",410,20637000,{"v":251.700039505,"d":"251.70"},1334,{"v":5.299959438,"d":"5.30"},{"v":0,"d":"0.00"},{"v":0.921559671,"d":"0.92"},{"v":1229.360601,"d":"1,229.36"},{"v":104.6393992,"d":"104.64"},0,"0_20637000_719",{"v":163.484292184999,"d":"163.48"},{"v":0,"d":"0.00"},{"v":104.6393992,"d":"104.64"},{"v":0,"d":"0.00"},"0_20637000_719_842","G",{"v":0.876429336498,"d":"0.88"},{"v":0.00536093911399,"d":"0.01"},{"v":0.560965448036,"d":"0.56"}]
[2,206,20637,{"v":8133.06947,"d":"8,133.07"},2039,{"v":0.250704855,"d":"0.25"},"M",410,20637000,{"v":251.700039505,"d":"251.70"},1334,{"v":5.299959438,"d":"5.30"},{"v":0,"d":"0.00"},{"v":0.921559671,"d":"0.92"},{"v":1229.360601,"d":"1,229.36"},{"v":104.6393992,"d":"104.64"},0,"0_20637000_719",{"v":163.484292184999,"d":"163.48"},{"v":0,"d":"0.00"},{"v":104.6393992,"d":"104.64"},{"v":0,"d":"0.00"},"0_20637000_719_843","G",{"v":0.532163257665,"d":"0.53"},{"v":0.00325513387588,"d":"0.00"},{"v":0.340615253088,"d":"0.34"}]
[2,206,20637,{"v":8133.06947,"d":"8,133.07"},2039,{"v":0.250704855,"d":"0.25"},"M",410,20637000,{"v":251.700039505,"d":"251.70"},1334,{"v":5.299959438,"d":"5.30"},{"v":0,"d":"0.00"},{"v":0.921559671,"d":"0.92"},{"v":1229.360601,"d":"1,229.36"},{"v":104.6393992,"d":"104.64"},0,"0_20637000_719",{"v":163.484292184999,"d":"163.48"},{"v":0,"d":"0.00"},{"v":104.6393992,"d":"104.64"},{"v":0,"d":"0.00"},"0_20637000_719_844","G",{"v":8.41969398693,"d":"8.42"},{"v":0.0515015471786,"d":"0.05"},{"v":5.38909095464,"d":"5.39"}]
[2,206,20640,{"v":3720.582308,"d":"3,720.58"},1214,{"v":0.32629301,"d":"0.33"},"M",410,20640000,{"v":3720.58230808,"d":"3,720.58"},1214,{"v":0.32629301,"d":"0.33"},{"v":0,"d":"0.00"},{"v":0.921559671,"d":"0.92"},{"v":1118.77343999999,"d":"1,118.77"},{"v":95.2265597199999,"d":"95.23"},0,"0_20640000_723",{"v":3617.57070453999,"d":"3,617.57"},{"v":0,"d":"0.00"},{"v":95.2265597199999,"d":"95.23"},{"v":0,"d":"0.00"},"0_20640000_723_845","außerhalb GKL",{"v":3366.04830228999,"d":"3,366.05"},{"v":0.930472014843,"d":"0.93"},{"v":88.6056488891999,"d":"88.61"}]
[2,206,20640,{"v":3720.582308,"d":"3,720.58"},1214,{"v":0.32629301,"d":"0.33"},"M",410,20640000,{"v":3720.58230808,"d":"3,720.58"},1214,{"v":0.32629301,"d":"0.33"},{"v":0,"d":"0.00"},{"v":0.921559671,"d":"0.92"},{"v":1118.77343999999,"d":"1,118.77"},{"v":95.2265597199999,"d":"95.23"},0,"0_20640000_723",{"v":3617.57070453999,"d":"3,617.57"},{"v":0,"d":"0.00"},{"v":95.2265597199999,"d":"95.23"},{"v":0,"d":"0.00"},"0_20640000_723_846","außerhalb GKL",{"v":3.32521747983,"d":"3.33"},{"v":0.000919185207813,"d":"0.00"},{"v":0.0875308450855,"d":"0.09"}]
[2,206,20640,{"v":3720.582308,"d":"3,720.58"},1214,{"v":0.32629301,"d":"0.33"},"M",410,20640000,{"v":3720.58230808,"d":"3,720.58"},1214,{"v":0.32629301,"d":"0.33"},{"v":0,"d":"0.00"},{"v":0.921559671,"d":"0.92"},{"v":1118.77343999999,"d":"1,118.77"},{"v":95.2265597199999,"d":"95.23"},0,"0_20640000_723",{"v":3617.57070453999,"d":"3,617.57"},{"v":0,"d":"0.00"},{"v":95.2265597199999,"d":"95.23"},{"v":0,"d":"0.00"},"0_20640000_723_847","außerhalb GKL",{"v":0.79154703001,"d":"0.79"},{"v":2.1880623619E-4,"d":"0.00"},{"v":0.0208361651177,"d":"0.02"}]
[2,206,20640,{"v":3720.582308,"d":"3,720.58"},1214,{"v":0.32629301,"d":"0.33"},"M",410,20640000,{"v":3720.58230808,"d":"3,720.58"},1214,{"v":0.32629301,"d":"0.33"},{"v":0,"d":"0.00"},{"v":0.921559671,"d":"0.92"},{"v":1118.77343999999,"d":"1,118.77"},{"v":95.2265597199999,"d":"95.23"},0,"0_20640000_723",{"v":3617.57070453999,"d":"3,617.57"},{"v":0,"d":"0.00"},{"v":95.2265597199999,"d":"95.23"},{"v":0,"d":"0.00"},"0_20640000_723_848","außerhalb GKL",{"v":0.00997242725449,"d":"0.01"},{"v":2.75666409e-06,"d":"0.00"},{"v":0.000262507637601,"d":"0.00"}]
[2,206,20640,{"v":3720.582308,"d":"3,720.58"},1214,{"v":0.32629301,"d":"0.33"},"M",410,20640000,{"v":3720.58230808,"d":"3,720.58"},1214,{"v":0.32629301,"d":"0.33"},{"v":0,"d":"0.00"},{"v":0.921559671,"d":"0.92"},{"v":1118.77343999999,"d":"1,118.77"},{"v":95.2265597199999,"d":"95.23"},0,"0_20640000_723",{"v":3617.57070453999,"d":"3,617.57"},{"v":0,"d":"0.00"},{"v":95.2265597199999,"d":"95.23"},{"v":0,"d":"0.00"},"0_20640000_723_849","E",{"v":0.000751816277871,"d":"0.00"},{"v":2.0782352E-7,"d":"0.00"},{"v":1.9790318844e-05,"d":"0.00"}]
[2,206,20640,{"v":3720.582308,"d":"3,720.58"},1214,{"v":0.32629301,"d":"0.33"},"M",410,20640000,{"v":3720.58230808,"d":"3,720.58"},1214,{"v":0.32629301,"d":"0.33"},{"v":0,"d":"0.00"},{"v":0.921559671,"d":"0.92"},{"v":1118.77343999999,"d":"1,118.77"},{"v":95.2265597199999,"d":"95.23"},0,"0_20640000_723",{"v":3617.57070453999,"d":"3,617.57"},{"v":0,"d":"0.00"},{"v":95.2265597199999,"d":"95.23"},{"v":0,"d":"0.00"},"0_20640000_723_850","E",{"v":0.447086015279,"d":"0.45"},{"v":0.000123587360633,"d":"0.00"},{"v":0.011768799178,"d":"0.01"}]
[2,206,20640,{"v":3720.582308,"d":"3,720.58"},1214,{"v":0.32629301,"d":"0.33"},"M",410,20640000,{"v":3720.58230808,"d":"3,720.58"},1214,{"v":0.32629301,"d":"0.33"},{"v":0,"d":"0.00"},{"v":0.921559671,"d":"0.92"},{"v":1118.77343999999,"d":"1,118.77"},{"v":95.2265597199999,"d":"95.23"},0,"0_20640000_723",{"v":3617.57070453999,"d":"3,617.57"},{"v":0,"d":"0.00"},{"v":95.2265597199999,"d":"95.23"},{"v":0,"d":"0.00"},"0_20640000_723_851","E",{"v":1.71952272643,"d":"1.72"},{"v":4.75325257436E-4,"d":"0.00"},{"v":0.0452635890137,"d":"0.05"}]
[2,206,20640,{"v":3720.582308,"d":"3,720.58"},1214,{"v":0.32629301,"d":"0.33"},"M",410,20640000,{"v":3720.58230808,"d":"3,720.58"},1214,{"v":0.32629301,"d":"0.33"},{"v":0,"d":"0.00"},{"v":0.921559671,"d":"0.92"},{"v":1118.77343999999,"d":"1,118.77"},{"v":95.2265597199999,"d":"95.23"},0,"0_20640000_723",{"v":3617.57070453999,"d":"3,617.57"},{"v":0,"d":"0.00"},{"v":95.2265597199999,"d":"95.23"},{"v":0,"d":"0.00"},"0_20640000_723_852","E",{"v":1.1251868814,"d":"1.13"},{"v":0.000311033832729,"d":"0.00"},{"v":0.0296186818473,"d":"0.03"}]
[2,206,20640,{"v":3720.582308,"d":"3,720.58"},1214,{"v":0.32629301,"d":"0.33"},"M",410,20640000,{"v":3720.58230808,"d":"3,720.58"},1214,{"v":0.32629301,"d":"0.33"},{"v":0,"d":"0.00"},{"v":0.921559671,"d":"0.92"},{"v":1118.77343999999,"d":"1,118.77"},{"v":95.2265597199999,"d":"95.23"},0,"0_20640000_723",{"v":3617.57070453999,"d":"3,617.57"},{"v":0,"d":"0.00"},{"v":95.2265597199999,"d":"95.23"},{"v":0,"d":"0.00"},"0_20640000_723_853","E",{"v":7.09248860436,"d":"7.09"},{"v":0.00196056668511,"d":"0.00"},{"v":0.186698020525,"d":"0.19"}]
[2,206,20640,{"v":3720.582308,"d":"3,720.58"},1214,{"v":0.32629301,"d":"0.33"},"M",410,20640000,{"v":3720.58230808,"d":"3,720.58"},1214,{"v":0.32629301,"d":"0.33"},{"v":0,"d":"0.00"},{"v":0.921559671,"d":"0.92"},{"v":1118.77343999999,"d":"1,118.77"},{"v":95.2265597199999,"d":"95.23"},0,"0_20640000_723",{"v":3617.57070453999,"d":"3,617.57"},{"v":0,"d":"0.00"},{"v":95.2265597199999,"d":"95.23"},{"v":0,"d":"0.00"},"0_20640000_723_854","F",{"v":6.4004346904,"d":"6.40"},{"v":0.00176926319156,"d":"0.00"},{"v":0.168480846971,"d":"0.17"}]
[2,206,20640,{"v":3720.582308,"d":"3,720.58"},1214,{"v":0.32629301,"d":"0.33"},"M",410,20640000,{"v":3720.58230808,"d":"3,720.58"},1214,{"v":0.32629301,"d":"0.33"},{"v":0,"d":"0.00"},{"v":0.921559671,"d":"0.92"},{"v":1118.77343999999,"d":"1,118.77"},{"v":95.2265597199999,"d":"95.23"},0,"0_20640000_723",{"v":3617.57070453999,"d":"3,617.57"},{"v":0,"d":"0.00"},{"v":95.2265597199999,"d":"95.23"},{"v":0,"d":"0.00"},"0_20640000_723_855","F",{"v":0.000156500297602,"d":"0.00"},{"v":4.3261158e-08,"d":"0.00"},{"v":4.11961124e-06,"d":"0.00"}]
[2,206,20640,{"v":3720.582308,"d":"3,720.58"},1214,{"v":0.32629301,"d":"0.33"},"M",410,20640000,{"v":3720.58230808,"d":"3,720.58"},1214,{"v":0.32629301,"d":"0.33"},{"v":0,"d":"0.00"},{"v":0.921559671,"d":"0.92"},{"v":1118.77343999999,"d":"1,118.77"},{"v":95.2265597199999,"d":"95.23"},0,"0_20640000_723",{"v":3617.57070453999,"d":"3,617.57"},{"v":0,"d":"0.00"},{"v":95.2265597199999,"d":"95.23"},{"v":0,"d":"0.00"},"0_20640000_723_856","F",{"v":0.0793895479424,"d":"0.08"},{"v":2.1945541477e-05,"d":"0.00"},{"v":0.00208979841605,"d":"0.00"}]
[2,206,20640,{"v":3720.582308,"d":"3,720.58"},1214,{"v":0.32629301,"d":"0.33"},"M",410,20640000,{"v":3720.58230808,"d":"3,720.58"},1214,{"v":0.32629301,"d":"0.33"},{"v":0,"d":"0.00"},{"v":0.921559671,"d":"0.92"},{"v":1118.77343999999,"d":"1,118.77"},{"v":95.2265597199999,"d":"95.23"},0,"0_20640000_723",{"v":3617.57070453999,"d":"3,617.57"},{"v":0,"d":"0.00"},{"v":95.2265597199999,"d":"95.23"},{"v":0,"d":"0.00"},"0_20640000_723_857","F",{"v":8.70936298306999,"d":"8.71"},{"v":0.00240751700365,"d":"0.00"},{"v":0.229259561725,"d":"0.23"}]
[2,206,20640,{"v":3720.582308,"d":"3,720.58"},1214,{"v":0.32629301,"d":"0.33"},"M",410,20640000,{"v":3720.58230808,"d":"3,720.58"},1214,{"v":0.32629301,"d":"0.33"},{"v":0,"d":"0.00"},{"v":0.921559671,"d":"0.92"},{"v":1118.77343999999,"d":"1,118.77"},{"v":95.2265597199999,"d":"95.23"},0,"0_20640000_723",{"v":3617.57070453999,"d":"3,617.57"},{"v":0,"d":"0.00"},{"v":95.2265597199999,"d":"95.23"},{"v":0,"d":"0.00"},"0_20640000_723_858","F",{"v":0.0765152279704,"d":"0.08"},{"v":2.1150997235e-05,"d":"0.00"},{"v":0.00201413670136,"d":"0.00"}]
[2,206,20640,{"v":3720.582308,"d":"3,720.58"},1214,{"v":0.32629301,"d":"0.33"},"M",410,20640000,{"v":3720.58230808,"d":"3,720.58"},1214,{"v":0.32629301,"d":"0.33"},{"v":0,"d":"0.00"},{"v":0.921559671,"d":"0.92"},{"v":1118.77343999999,"d":"1,118.77"},{"v":95.2265597199999,"d":"95.23"},0,"0_20640000_723",{"v":3617.57070453999,"d":"3,617.57"},{"v":0,"d":"0.00"},{"v":95.2265597199999,"d":"95.23"},{"v":0,"d":"0.00"},"0_20640000_723_859","F",{"v":0.139464737474,"d":"0.14"},{"v":3.8552041927e-05,"d":"0.00"},{"v":3.67117832285E-3,"d":"0.00"}]
[2,206,20640,{"v":3720.582308,"d":"3,720.58"},1214,{"v":0.32629301,"d":"0.33"},"M",410,20640000,{"v":3720.58230808,"d":"3,720.58"},1214,{"v":0.32629301,"d":"0.33"},{"v":0,"d":"0.00"},{"v":0.921559671,"d":"0.92"},{"v":1118.77343999999,"d":"1,118.77"},{"v":95.2265597199999,"d":"95.23"},0,"0_20640000_723",{"v":3617.57070453999,"d":"3,617.57"},{"v":0,"d":"0.00"},{"v":95.2265597199999,"d":"95.23"},{"v":0,"d":"0.00"},"0_20640000_723_860","F",{"v":1.27266640597,"d":"1.27"},{"v":0.00035180139102,"d":"0.00"},{"v":0.0335008361715,"d":"0.03"}]
[2,206,20640,{"v":3720.582308,"d":"3,720.58"},1214,{"v":0.32629301,"d":"0.33"},"M",410,20640000,{"v":3720.58230808,"d":"3,720.58"},1214,{"v":0.32629301,"d":"0.33"},{"v":0,"d":"0.00"},{"v":0.921559671,"d":"0.92"},{"v":1118.77343999999,"d":"1,118.77"},{"v":95.2265597199999,"d":"95.23"},0,"0_20640000_723",{"v":3617.57070453999,"d":"3,617.57"},{"v":0,"d":"0.00"},{"v":95.2265597199999,"d":"95.23"},{"v":0,"d":"0.00"},"0_20640000_723_861","F",{"v":0.000793181293198,"d":"0.00"},{"v":2.19257993e-07,"d":"0.00"},{"v":2.087918439e-05,"d":"0.00"}]
[2,206,20640,{"v":3720.582308,"d":"3,720.58"},1214,{"v":0.32629301,"d":"0.33"},"M",410,20640000,{"v":3720.58230808,"d":"3,720.58"},1214,{"v":0.32629301,"d":"0.33"},{"v":0,"d":"0.00"},{"v":0.921559671,"d":"0.92"},{"v":1118.77343999999,"d":"1,118.77"},{"v":95.2265597199999,"d":"95.23"},0,"0_20640000_723",{"v":3617.57070453999,"d":"3,617.57"},{"v":0,"d":"0.00"},{"v":95.2265597199999,"d":"95.23"},{"v":0,"d":"0.00"},"0_20640000_723_862","F",{"v":11.4534659536,"d":"11.45"},{"v":0.00316606554206,"d":"0.00"},{"v":0.301493529418,"d":"0.30"}]
[2,206,20640,{"v":3720.582308,"d":"3,720.58"},1214,{"v":0.32629301,"d":"0.33"},"M",410,20640000,{"v":3720.58230808,"d":"3,720.58"},1214,{"v":0.32629301,"d":"0.33"},{"v":0,"d":"0.00"},{"v":0.921559671,"d":"0.92"},{"v":1118.77343999999,"d":"1,118.77"},{"v":95.2265597199999,"d":"95.23"},0,"0_20640000_723",{"v":3617.57070453999,"d":"3,617.57"},{"v":0,"d":"0.00"},{"v":95.2265597199999,"d":"95.23"},{"v":0,"d":"0.00"},"0_20640000_723_863","F",{"v":0.439496442582,"d":"0.44"},{"v":1.21489385689E-4,"d":"0.00"},{"v":0.0115690162417,"d":"0.01"}]
[2,206,20640,{"v":3720.582308,"d":"3,720.58"},1214,{"v":0.32629301,"d":"0.33"},"M",410,20640000,{"v":3720.58230808,"d":"3,720.58"},1214,{"v":0.32629301,"d":"0.33"},{"v":0,"d":"0.00"},{"v":0.921559671,"d":"0.92"},{"v":1118.77343999999,"d":"1,118.77"},{"v":95.2265597199999,"d":"95.23"},0,"0_20640000_723",{"v":3617.57070453999,"d":"3,617.57"},{"v":0,"d":"0.00"},{"v":95.2265597199999,"d":"95.23"},{"v":0,"d":"0.00"},"0_20640000_723_864","F",{"v":0.00690908113754,"d":"0.01"},{"v":1.909867616E-6,"d":"0.00"},{"v":1.81870122602E-4,"d":"0.00"}]
[2,206,20640,{"v":3720.582308,"d":"3,720.58"},1214,{"v":0.32629301,"d":"0.33"},"M",410,20640000,{"v":3720.58230808,"d":"3,720.58"},1214,{"v":0.32629301,"d":"0.33"},{"v":0,"d":"0.00"},{"v":0.921559671,"d":"0.92"},{"v":1118.77343999999,"d":"1,118.77"},{"v":95.2265597199999,"d":"95.23"},0,"0_20640000_723",{"v":3617.57070453999,"d":"3,617.57"},{"v":0,"d":"0.00"},{"v":95.2265597199999,"d":"95.23"},{"v":0,"d":"0.00"},"0_20640000_723_865","F",{"v":8.02066992,"d":"8.02"},{"v":0.00221714254539,"d":"0.00"},{"v":0.211130857006,"d":"0.21"}]
[2,206,20640,{"v":3720.582308,"d":"3,720.58"},1214,{"v":0.32629301,"d":"0.33"},"M",410,20640000,{"v":3720.58230808,"d":"3,720.58"},1214,{"v":0.32629301,"d":"0.33"},{"v":0,"d":"0.00"},{"v":0.921559671,"d":"0.92"},{"v":1118.77343999999,"d":"1,118.77"},{"v":95.2265597199999,"d":"95.23"},0,"0_20640000_723",{"v":3617.57070453999,"d":"3,617.57"},{"v":0,"d":"0.00"},{"v":95.2265597199999,"d":"95.23"},{"v":0,"d":"0.00"},"0_20640000_723_866","F",{"v":9.38302447887,"d":"9.38"},{"v":0.00259373630682,"d":"0.00"},{"v":0.246992585319,"d":"0.25"}]
[2,206,20640,{"v":3720.582308,"d":"3,720.58"},1214,{"v":0.32629301,"d":"0.33"},"M",410,20640000,{"v":3720.58230808,"d":"3,720.58"},1214,{"v":0.32629301,"d":"0.33"},{"v":0,"d":"0.00"},{"v":0.921559671,"d":"0.92"},{"v":1118.77343999999,"d":"1,118.77"},{"v":95.2265597199999,"d":"95.23"},0,"0_20640000_723",{"v":3617.57070453999,"d":"3,617.57"},{"v":0,"d":"0.00"},{"v":95.2265597199999,"d":"95.23"},{"v":0,"d":"0.00"},"0_20640000_723_867","F",{"v":0.203727719513,"d":"0.20"},{"v":5.631616799e-05,"d":"0.00"},{"v":0.00536279493431,"d":"0.01"}]
[2,206,20640,{"v":3720.582308,"d":"3,720.58"},1214,{"v":0.32629301,"d":"0.33"},"M",410,20640000,{"v":3720.58230808,"d":"3,720.58"},1214,{"v":0.32629301,"d":"0.33"},{"v":0,"d":"0.00"},{"v":0.921559671,"d":"0.92"},{"v":1118.77343999999,"d":"1,118.77"},{"v":95.2265597199999,"d":"95.23"},0,"0_20640000_723",{"v":3617.57070453999,"d":"3,617.57"},{"v":0,"d":"0.00"},{"v":95.2265597199999,"d":"95.23"},{"v":0,"d":"0.00"},"0_20640000_723_868","G",{"v":28.3720049452,"d":"28.37"},{"v":0.00784283356496,"d":"0.01"},{"v":0.746846058848,"d":"0.75"}]
[2,206,20640,{"v":3720.582308,"d":"3,720.58"},1214,{"v":0.32629301,"d":"0.33"},"M",410,20640000,{"v":3720.58230808,"d":"3,720.58"},1214,{"v":0.32629301,"d":"0.33"},{"v":0,"d":"0.00"},{"v":0.921559671,"d":"0.92"},{"v":1118.77343999999,"d":"1,118.77"},{"v":95.2265597199999,"d":"95.23"},0,"0_20640000_723",{"v":3617.57070453999,"d":"3,617.57"},{"v":0,"d":"0.00"},{"v":95.2265597199999,"d":"95.23"},{"v":0,"d":"0.00"},"0_20640000_723_869","G",{"v":84.6488427718,"d":"84.65"},{"v":0.023399360976,"d":"0.02"},{"v":2.22824064539,"d":"2.23"}]
[2,206,20640,{"v":3720.582308,"d":"3,720.58"},1214,{"v":0.32629301,"d":"0.33"},"M",410,20640000,{"v":3720.58230808,"d":"3,720.58"},1214,{"v":0.32629301,"d":"0.33"},{"v":0,"d":"0.00"},{"v":0.921559671,"d":"0.92"},{"v":1118.77343999999,"d":"1,118.77"},{"v":95.2265597199999,"d":"95.23"},0,"0_20640000_723",{"v":3617.57070453999,"d":"3,617.57"},{"v":0,"d":"0.00"},{"v":95.2265597199999,"d":"95.23"},{"v":0,"d":"0.00"},"0_20640000_723_870","G",{"v":3.50431480379,"d":"3.50"},{"v":0.000968692830079,"d":"0.00"},{"v":0.0922452856339,"d":"0.09"}]
[2,206,20640,{"v":3720.582308,"d":"3,720.58"},1214,{"v":0.32629301,"d":"0.33"},"M",410,20640000,{"v":3720.58230808,"d":"3,720.58"},1214,{"v":0.32629301,"d":"0.33"},{"v":0,"d":"0.00"},{"v":0.921559671,"d":"0.92"},{"v":1118.77343999999,"d":"1,118.77"},{"v":95.2265597199999,"d":"95.23"},0,"0_20640000_723",{"v":3617.57070453999,"d":"3,617.57"},{"v":0,"d":"0.00"},{"v":95.2265597199999,"d":"95.23"},{"v":0,"d":"0.00"},"0_20640000_723_871","G",{"v":15.4955738269999,"d":"15.50"},{"v":4.28341975668E-3,"d":"0.00"},{"v":0.407895327265,"d":"0.41"}]
[2,206,20640,{"v":3720.582308,"d":"3,720.58"},1214,{"v":0.32629301,"d":"0.33"},"M",410,20640000,{"v":3720.58230808,"d":"3,720.58"},1214,{"v":0.32629301,"d":"0.33"},{"v":0,"d":"0.00"},{"v":0.921559671,"d":"0.92"},{"v":1118.77343999999,"d":"1,118.77"},{"v":95.2265597199999,"d":"95.23"},0,"0_20640000_723",{"v":3617.57070453999,"d":"3,617.57"},{"v":0,"d":"0.00"},{"v":95.2265597199999,"d":"95.23"},{"v":0,"d":"0.00"},"0_20640000_723_872","G",{"v":0.0582211258937,"d":"0.06"},{"v":1.6093984237E-5,"d":"0.00"},{"v":1.53257475104E-3,"d":"0.00"}]
[2,206,20640,{"v":3720.582308,"d":"3,720.58"},1214,{"v":0.32629301,"d":"0.33"},"M",410,20640000,{"v":3720.58230808,"d":"3,720.58"},1214,{"v":0.32629301,"d":"0.33"},{"v":0,"d":"0.00"},{"v":0.921559671,"d":"0.92"},{"v":1118.77343999999,"d":"1,118.77"},{"v":95.2265597199999,"d":"95.23"},0,"0_20640000_723",{"v":3617.57070453999,"d":"3,617.57"},{"v":0,"d":"0.00"},{"v":95.2265597199999,"d":"95.23"},{"v":0,"d":"0.00"},"0_20640000_723_873","G",{"v":39.4538365853999,"d":"39.45"},{"v":0.0109061687546,"d":"0.01"},{"v":1.03855693023,"d":"1.04"}]
[2,206,20640,{"v":3720.582308,"d":"3,720.58"},1214,{"v":0.32629301,"d":"0.33"},"M",410,20640000,{"v":3720.58230808,"d":"3,720.58"},1214,{"v":0.32629301,"d":"0.33"},{"v":0,"d":"0.00"},{"v":0.921559671,"d":"0.92"},{"v":1118.77343999999,"d":"1,118.77"},{"v":95.2265597199999,"d":"95.23"},0,"0_20640000_723",{"v":3617.57070453999,"d":"3,617.57"},{"v":0,"d":"0.00"},{"v":95.2265597199999,"d":"95.23"},{"v":0,"d":"0.00"},"0_20640000_723_874","G",{"v":3.32825737916,"d":"3.33"},{"v":0.000920025522924,"d":"0.00"},{"v":0.0876108654026,"d":"0.09"}]
[2,206,20640,{"v":3720.582308,"d":"3,720.58"},1214,{"v":0.32629301,"d":"0.33"},"M",410,20640000,{"v":3720.58230808,"d":"3,720.58"},1214,{"v":0.32629301,"d":"0.33"},{"v":0,"d":"0.00"},{"v":0.921559671,"d":"0.92"},{"v":1118.77343999999,"d":"1,118.77"},{"v":95.2265597199999,"d":"95.23"},0,"0_20640000_723",{"v":3617.57070453999,"d":"3,617.57"},{"v":0,"d":"0.00"},{"v":95.2265597199999,"d":"95.23"},{"v":0,"d":"0.00"},"0_20640000_723_875","G",{"v":0.79216398499,"d":"0.79"},{"v":0.00021897678019,"d":"0.00"},{"v":0.0208524054361,"d":"0.02"}]
[2,206,20640,{"v":3720.582308,"d":"3,720.58"},1214,{"v":0.32629301,"d":"0.33"},"M",410,20640000,{"v":3720.58230808,"d":"3,720.58"},1214,{"v":0.32629301,"d":"0.33"},{"v":0,"d":"0.00"},{"v":0.921559671,"d":"0.92"},{"v":1118.77343999999,"d":"1,118.77"},{"v":95.2265597199999,"d":"95.23"},0,"0_20640000_723",{"v":3617.57070453999,"d":"3,617.57"},{"v":0,"d":"0.00"},{"v":95.2265597199999,"d":"95.23"},{"v":0,"d":"0.00"},"0_20640000_723_876","G",{"v":0.000200382010542,"d":"0.00"},{"v":5.5391318e-08,"d":"0.00"},{"v":5.274724685e-06,"d":"0.00"}]
[2,206,20640,{"v":3720.582308,"d":"3,720.58"},1214,{"v":0.32629301,"d":"0.33"},"M",410,20640000,{"v":3720.58230808,"d":"3,720.58"},1214,{"v":0.32629301,"d":"0.33"},{"v":0,"d":"0.00"},{"v":0.921559671,"d":"0.92"},{"v":1118.77343999999,"d":"1,118.77"},{"v":95.2265597199999,"d":"95.23"},0,"0_20640000_723",{"v":3617.57070453999,"d":"3,617.57"},{"v":0,"d":"0.00"},{"v":95.2265597199999,"d":"95.23"},{"v":0,"d":"0.00"},"0_20640000_723_877","G",{"v":15.1626640792,"d":"15.16"},{"v":0.00419139398165,"d":"0.00"},{"v":0.399132029304,"d":"0.40"}]
[2,206,20640,{"v":3720.582308,"d":"3,720.58"},1214,{"v":0.32629301,"d":"0.33"},"M",410,20640000,{"v":3720.58230808,"d":"3,720.58"},1214,{"v":0.32629301,"d":"0.33"},{"v":0,"d":"0.00"},{"v":0.921559671,"d":"0.92"},{"v":1118.77343999999,"d":"1,118.77"},{"v":95.2265597199999,"d":"95.23"},0,"0_20640000_723",{"v":3617.57070453999,"d":"3,617.57"},{"v":0,"d":"0.00"},{"v":95.2265597199999,"d":"95.23"},{"v":0,"d":"0.00"},"0_20640000_723_878","G",{"v":0.00847251730198,"d":"0.01"},{"v":2.342046084e-06,"d":"0.00"},{"v":2.2302499128E-4,"d":"0.00"}]
[5,502,50204,{"v":8209.41417999999,"d":"8,209.41"},4313,{"v":0.525372445,"d":"0.53"},"M",310,50204000,{"v":93.5842529149,"d":"93.58"},1993,{"v":21.29631789,"d":"21.30"},{"v":0,"d":"0.00"},{"v":0.969116244,"d":"0.97"},{"v":1931.44867399999,"d":"1,931.45"},{"v":61.5513264,"d":"61.55"},0,"0_50204000_4500",{"v":29.8733656235,"d":"29.87"},{"v":0,"d":"0.00"},{"v":61.5513264,"d":"61.55"},{"v":0,"d":"0.00"},"0_50204000_4500_879","außerhalb GKL",{"v":0.678052751739,"d":"0.68"},{"v":0.0226975681376,"d":"0.02"},{"v":1.39706542492,"d":"1.40"}]
[5,502,50204,{"v":8209.41417999999,"d":"8,209.41"},4313,{"v":0.525372445,"d":"0.53"},"M",310,50204000,{"v":93.5842529149,"d":"93.58"},1993,{"v":21.29631789,"d":"21.30"},{"v":0,"d":"0.00"},{"v":0.969116244,"d":"0.97"},{"v":1931.44867399999,"d":"1,931.45"},{"v":61.5513264,"d":"61.55"},0,"0_50204000_4500",{"v":29.8733656235,"d":"29.87"},{"v":0,"d":"0.00"},{"v":61.5513264,"d":"61.55"},{"v":0,"d":"0.00"},"0_50204000_4500_880","außerhalb GKL",{"v":0.0379138419547,"d":"0.04"},{"v":1.2691520076E-3,"d":"0.00"},{"v":0.078117989471,"d":"0.08"}]
[5,502,50204,{"v":8209.41417999999,"d":"8,209.41"},4313,{"v":0.525372445,"d":"0.53"},"M",310,50204000,{"v":93.5842529149,"d":"93.58"},1993,{"v":21.29631789,"d":"21.30"},{"v":0,"d":"0.00"},{"v":0.969116244,"d":"0.97"},{"v":1931.44867399999,"d":"1,931.45"},{"v":61.5513264,"d":"61.55"},0,"0_50204000_4500",{"v":29.8733656235,"d":"29.87"},{"v":0,"d":"0.00"},{"v":61.5513264,"d":"61.55"},{"v":0,"d":"0.00"},"0_50204000_4500_881","A",{"v":0.0745126457591,"d":"0.07"},{"v":0.00249428359356,"d":"0.00"},{"v":0.153526463601,"d":"0.15"}]
[5,502,50204,{"v":8209.41417999999,"d":"8,209.41"},4313,{"v":0.525372445,"d":"0.53"},"M",310,50204000,{"v":93.5842529149,"d":"93.58"},1993,{"v":21.29631789,"d":"21.30"},{"v":0,"d":"0.00"},{"v":0.969116244,"d":"0.97"},{"v":1931.44867399999,"d":"1,931.45"},{"v":61.5513264,"d":"61.55"},0,"0_50204000_4500",{"v":29.8733656235,"d":"29.87"},{"v":0,"d":"0.00"},{"v":61.5513264,"d":"61.55"},{"v":0,"d":"0.00"},"0_50204000_4500_882","A",{"v":0.156548098804,"d":"0.16"},{"v":0.00524039041255,"d":"0.01"},{"v":0.322552980746,"d":"0.32"}]
[5,502,50204,{"v":8209.41417999999,"d":"8,209.41"},4313,{"v":0.525372445,"d":"0.53"},"M",310,50204000,{"v":93.5842529149,"d":"93.58"},1993,{"v":21.29631789,"d":"21.30"},{"v":0,"d":"0.00"},{"v":0.969116244,"d":"0.97"},{"v":1931.44867399999,"d":"1,931.45"},{"v":61.5513264,"d":"61.55"},0,"0_50204000_4500",{"v":29.8733656235,"d":"29.87"},{"v":0,"d":"0.00"},{"v":61.5513264,"d":"61.55"},{"v":0,"d":"0.00"},"0_50204000_4500_883","A",{"v":0.230650952883,"d":"0.23"},{"v":0.00772095637934,"d":"0.01"},{"v":0.475235106225,"d":"0.48"}]
[5,502,50204,{"v":8209.41417999999,"d":"8,209.41"},4313,{"v":0.525372445,"d":"0.53"},"M",310,50204000,{"v":93.5842529149,"d":"93.58"},1993,{"v":21.29631789,"d":"21.30"},{"v":0,"d":"0.00"},{"v":0.969116244,"d":"0.97"},{"v":1931.44867399999,"d":"1,931.45"},{"v":61.5513264,"d":"61.55"},0,"0_50204000_4500",{"v":29.8733656235,"d":"29.87"},{"v":0,"d":"0.00"},{"v":61.5513264,"d":"61.55"},{"v":0,"d":"0.00"},"0_50204000_4500_884","A",{"v":4.49001657527E-4,"d":"0.00"},{"v":1.5030166443e-05,"d":"0.00"},{"v":0.000925126680567,"d":"0.00"}]
[5,502,50204,{"v":8209.41417999999,"d":"8,209.41"},4313,{"v":0.525372445,"d":"0.53"},"M",310,50204000,{"v":93.5842529149,"d":"93.58"},1993,{"v":21.29631789,"d":"21.30"},{"v":0,"d":"0.00"},{"v":0.969116244,"d":"0.97"},{"v":1931.44867399999,"d":"1,931.45"},{"v":61.5513264,"d":"61.55"},0,"0_50204000_4500",{"v":29.8733656235,"d":"29.87"},{"v":0,"d":"0.00"},{"v":61.5513264,"d":"61.55"},{"v":0,"d":"0.00"},"0_50204000_4500_885","A",{"v":0.341256932309,"d":"0.34"},{"v":0.0114234511307,"d":"0.01"},{"v":0.70312856916,"d":"0.70"}]
[5,502,50204,{"v":8209.41417999999,"d":"8,209.41"},4313,{"v":0.525372445,"d":"0.53"},"M",310,50204000,{"v":93.5842529149,"d":"93.58"},1993,{"v":21.29631789,"d":"21.30"},{"v":0,"d":"0.00"},{"v":0.969116244,"d":"0.97"},{"v":1931.44867399999,"d":"1,931.45"},{"v":61.5513264,"d":"61.55"},0,"0_50204000_4500",{"v":29.8733656235,"d":"29.87"},{"v":0,"d":"0.00"},{"v":61.5513264,"d":"61.55"},{"v":0,"d":"0.00"},"0_50204000_4500_886","A",{"v":0.216962835559,"d":"0.22"},{"v":0.00726275165287,"d":"0.01"},{"v":0.447031997548,"d":"0.45"}]
[5,502,50204,{"v":8209.41417999999,"d":"8,209.41"},4313,{"v":0.525372445,"d":"0.53"},"M",310,50204000,{"v":93.5842529149,"d":"93.58"},1993,{"v":21.29631789,"d":"21.30"},{"v":0,"d":"0.00"},{"v":0.969116244,"d":"0.97"},{"v":1931.44867399999,"d":"1,931.45"},{"v":61.5513264,"d":"61.55"},0,"0_50204000_4500",{"v":29.8733656235,"d":"29.87"},{"v":0,"d":"0.00"},{"v":61.5513264,"d":"61.55"},{"v":0,"d":"0.00"},"0_50204000_4500_887","A",{"v":0.180014148582,"d":"0.18"},{"v":0.00602590785554,"d":"0.01"},{"v":0.370902621273,"d":"0.37"}]
[5,502,50204,{"v":8209.41417999999,"d":"8,209.41"},4313,{"v":0.525372445,"d":"0.53"},"M",310,50204000,{"v":93.5842529149,"d":"93.58"},1993,{"v":21.29631789,"d":"21.30"},{"v":0,"d":"0.00"},{"v":0.969116244,"d":"0.97"},{"v":1931.44867399999,"d":"1,931.45"},{"v":61.5513264,"d":"61.55"},0,"0_50204000_4500",{"v":29.8733656235,"d":"29.87"},{"v":0,"d":"0.00"},{"v":61.5513264,"d":"61.55"},{"v":0,"d":"0.00"},"0_50204000_4500_888","B",{"v":0.1884018833,"d":"0.19"},{"v":0.00630668421076,"d":"0.01"},{"v":0.388184778358,"d":"0.39"}]
[5,502,50204,{"v":8209.41417999999,"d":"8,209.41"},4313,{"v":0.525372445,"d":"0.53"},"M",310,50204000,{"v":93.5842529149,"d":"93.58"},1993,{"v":21.29631789,"d":"21.30"},{"v":0,"d":"0.00"},{"v":0.969116244,"d":"0.97"},{"v":1931.44867399999,"d":"1,931.45"},{"v":61.5513264,"d":"61.55"},0,"0_50204000_4500",{"v":29.8733656235,"d":"29.87"},{"v":0,"d":"0.00"},{"v":61.5513264,"d":"61.55"},{"v":0,"d":"0.00"},"0_50204000_4500_889","B",{"v":0.00046724922951,"d":"0.00"},{"v":1.5640997248e-05,"d":"0.00"},{"v":9.62724126839E-4,"d":"0.00"}]
[5,502,50204,{"v":8209.41417999999,"d":"8,209.41"},4313,{"v":0.525372445,"d":"0.53"},"M",310,50204000,{"v":93.5842529149,"d":"93.58"},1993,{"v":21.29631789,"d":"21.30"},{"v":0,"d":"0.00"},{"v":0.969116244,"d":"0.97"},{"v":1931.44867399999,"d":"1,931.45"},{"v":61.5513264,"d":"61.55"},0,"0_50204000_4500",{"v":29.8733656235,"d":"29.87"},{"v":0,"d":"0.00"},{"v":61.5513264,"d":"61.55"},{"v":0,"d":"0.00"},"0_50204000_4500_890","B",{"v":0.86633596071,"d":"0.87"},{"v":0.0290002797686,"d":"0.03"},{"v":1.78500568573,"d":"1.79"}]
[5,502,50204,{"v":8209.41417999999,"d":"8,209.41"},4313,{"v":0.525372445,"d":"0.53"},"M",310,50204000,{"v":93.5842529149,"d":"93.58"},1993,{"v":21.29631789,"d":"21.30"},{"v":0,"d":"0.00"},{"v":0.969116244,"d":"0.97"},{"v":1931.44867399999,"d":"1,931.45"},{"v":61.5513264,"d":"61.55"},0,"0_50204000_4500",{"v":29.8733656235,"d":"29.87"},{"v":0,"d":"0.00"},{"v":61.5513264,"d":"61.55"},{"v":0,"d":"0.00"},"0_50204000_4500_891","B",{"v":0.0772949238261,"d":"0.08"},{"v":2.58741933535E-3,"d":"0.00"},{"v":0.159259092044,"d":"0.16"}]
[5,502,50204,{"v":8209.41417999999,"d":"8,209.41"},4313,{"v":0.525372445,"d":"0.53"},"M",310,50204000,{"v":93.5842529149,"d":"93.58"},1993,{"v":21.29631789,"d":"21.30"},{"v":0,"d":"0.00"},{"v":0.969116244,"d":"0.97"},{"v":1931.44867399999,"d":"1,931.45"},{"v":61.5513264,"d":"61.55"},0,"0_50204000_4500",{"v":29.8733656235,"d":"29.87"},{"v":0,"d":"0.00"},{"v":61.5513264,"d":"61.55"},{"v":0,"d":"0.00"},"0_50204000_4500_892","B",{"v":0.0247347179756,"d":"0.02"},{"v":8.27985647394E-4,"d":"0.00"},{"v":0.0509636148373,"d":"0.05"}]
[5,502,50204,{"v":8209.41417999999,"d":"8,209.41"},4313,{"v":0.525372445,"d":"0.53"},"M",310,50204000,{"v":93.5842529149,"d":"93.58"},1993,{"v":21.29631789,"d":"21.30"},{"v":0,"d":"0.00"},{"v":0.969116244,"d":"0.97"},{"v":1931.44867399999,"d":"1,931.45"},{"v":61.5513264,"d":"61.55"},0,"0_50204000_4500",{"v":29.8733656235,"d":"29.87"},{"v":0,"d":"0.00"},{"v":61.5513264,"d":"61.55"},{"v":0,"d":"0.00"},"0_50204000_4500_893","B",{"v":0.0211595178379,"d":"0.02"},{"v":0.000708307128985,"d":"0.00"},{"v":0.0435972432876,"d":"0.04"}]
[5,502,50204,{"v":8209.41417999999,"d":"8,209.41"},4313,{"v":0.525372445,"d":"0.53"},"M",310,50204000,{"v":93.5842529149,"d":"93.58"},1993,{"v":21.29631789,"d":"21.30"},{"v":0,"d":"0.00"},{"v":0.969116244,"d":"0.97"},{"v":1931.44867399999,"d":"1,931.45"},{"v":61.5513264,"d":"61.55"},0,"0_50204000_4500",{"v":29.8733656235,"d":"29.87"},{"v":0,"d":"0.00"},{"v":61.5513264,"d":"61.55"},{"v":0,"d":"0.00"},"0_50204000_4500_894","B",{"v":0.0752127458662,"d":"0.08"},{"v":2.51771918886E-3,"d":"0.00"},{"v":0.154968955577,"d":"0.15"}]
[5,502,50204,{"v":8209.41417999999,"d":"8,209.41"},4313,{"v":0.525372445,"d":"0.53"},"M",310,50204000,{"v":93.5842529149,"d":"93.58"},1993,{"v":21.29631789,"d":"21.30"},{"v":0,"d":"0.00"},{"v":0.969116244,"d":"0.97"},{"v":1931.44867399999,"d":"1,931.45"},{"v":61.5513264,"d":"61.55"},0,"0_50204000_4500",{"v":29.8733656235,"d":"29.87"},{"v":0,"d":"0.00"},{"v":61.5513264,"d":"61.55"},{"v":0,"d":"0.00"},"0_50204000_4500_895","B",{"v":0.00181978601336,"d":"0.00"},{"v":6.0916671938e-05,"d":"0.00"},{"v":0.00374950195763,"d":"0.00"}]
[5,502,50204,{"v":8209.41417999999,"d":"8,209.41"},4313,{"v":0.525372445,"d":"0.53"},"M",310,50204000,{"v":93.5842529149,"d":"93.58"},1993,{"v":21.29631789,"d":"21.30"},{"v":0,"d":"0.00"},{"v":0.969116244,"d":"0.97"},{"v":1931.44867399999,"d":"1,931.45"},{"v":61.5513264,"d":"61.55"},0,"0_50204000_4500",{"v":29.8733656235,"d":"29.87"},{"v":0,"d":"0.00"},{"v":61.5513264,"d":"61.55"},{"v":0,"d":"0.00"},"0_50204000_4500_896","C",{"v":0.267621855473,"d":"0.27"},{"v":0.0089585438362,"d":"0.01"},{"v":0.551410255731,"d":"0.55"}]
[5,502,50204,{"v":8209.41417999999,"d":"8,209.41"},4313,{"v":0.525372445,"d":"0.53"},"M",310,50204000,{"v":93.5842529149,"d":"93.58"},1993,{"v":21.29631789,"d":"21.30"},{"v":0,"d":"0.00"},{"v":0.969116244,"d":"0.97"},{"v":1931.44867399999,"d":"1,931.45"},{"v":61.5513264,"d":"61.55"},0,"0_50204000_4500",{"v":29.8733656235,"d":"29.87"},{"v":0,"d":"0.00"},{"v":61.5513264,"d":"61.55"},{"v":0,"d":"0.00"},"0_50204000_4500_897","C",{"v":0.23195468991,"d":"0.23"},{"v":0.00776459849999,"d":"0.01"},{"v":0.477921336638,"d":"0.48"}]
[5,502,50204,{"v":8209.41417999999,"d":"8,209.41"},4313,{"v":0.525372445,"d":"0.53"},"M",310,50204000,{"v":93.5842529149,"d":"93.58"},1993,{"v":21.29631789,"d":"21.30"},{"v":0,"d":"0.00"},{"v":0.969116244,"d":"0.97"},{"v":1931.44867399999,"d":"1,931.45"},{"v":61.5513264,"d":"61.55"},0,"0_50204000_4500",{"v":29.8733656235,"d":"29.87"},{"v":0,"d":"0.00"},{"v":61.5513264,"d":"61.55"},{"v":0,"d":"0.00"},"0_50204000_4500_898","C",{"v":0.258378438118,"d":"0.26"},{"v":0.00864912381733,"d":"0.01"},{"v":0.532365043154,"d":"0.53"}]
[5,502,50204,{"v":8209.41417999999,"d":"8,209.41"},4313,{"v":0.525372445,"d":"0.53"},"M",310,50204000,{"v":93.5842529149,"d":"93.58"},1993,{"v":21.29631789,"d":"21.30"},{"v":0,"d":"0.00"},{"v":0.969116244,"d":"0.97"},{"v":1931.44867399999,"d":"1,931.45"},{"v":61.5513264,"d":"61.55"},0,"0_50204000_4500",{"v":29.8733656235,"d":"29.87"},{"v":0,"d":"0.00"},{"v":61.5513264,"d":"61.55"},{"v":0,"d":"0.00"},"0_50204000_4500_899","C",{"v":0.843202647966,"d":"0.84"},{"v":0.0282259005762,"d":"0.03"},{"v":1.7373416193,"d":"1.74"}]
[5,502,50204,{"v":8209.41417999999,"d":"8,209.41"},4313,{"v":0.525372445,"d":"0.53"},"M",310,50204000,{"v":93.5842529149,"d":"93.58"},1993,{"v":21.29631789,"d":"21.30"},{"v":0,"d":"0.00"},{"v":0.969116244,"d":"0.97"},{"v":1931.44867399999,"d":"1,931.45"},{"v":61.5513264,"d":"61.55"},0,"0_50204000_4500",{"v":29.8733656235,"d":"29.87"},{"v":0,"d":"0.00"},{"v":61.5513264,"d":"61.55"},{"v":0,"d":"0.00"},"0_50204000_4500_900","C",{"v":1.47063961711,"d":"1.47"},{"v":0.049229123884,"d":"0.05"},{"v":3.03011787257,"d":"3.03"}]
[5,502,50204,{"v":8209.41417999999,"d":"8,209.41"},4313,{"v":0.525372445,"d":"0.53"},"M",310,50204000,{"v":93.5842529149,"d":"93.58"},1993,{"v":21.29631789,"d":"21.30"},{"v":0,"d":"0.00"},{"v":0.969116244,"d":"0.97"},{"v":1931.44867399999,"d":"1,931.45"},{"v":61.5513264,"d":"61.55"},0,"0_50204000_4500",{"v":29.8733656235,"d":"29.87"},{"v":0,"d":"0.00"},{"v":61.5513264,"d":"61.55"},{"v":0,"d":"0.00"},"0_50204000_4500_901","C",{"v":0.149137431813,"d":"0.15"},{"v":0.00499232104252,"d":"0.00"},{"v":0.307283981982,"d":"0.31"}]
[5,502,50204,{"v":8209.41417999999,"d":"8,209.41"},4313,{"v":0.525372445,"d":"0.53"},"M",310,50204000,{"v":93.5842529149,"d":"93.58"},1993,{"v":21.29631789,"d":"21.30"},{"v":0,"d":"0.00"},{"v":0.969116244,"d":"0.97"},{"v":1931.44867399999,"d":"1,931.45"},{"v":61.5513264,"d":"61.55"},0,"0_50204000_4500",{"v":29.8733656235,"d":"29.87"},{"v":0,"d":"0.00"},{"v":61.5513264,"d":"61.55"},{"v":0,"d":"0.00"},"0_50204000_4500_902","C",{"v":0.129959324526,"d":"0.13"},{"v":0.00435034090781,"d":"0.00"},{"v":0.267769253168,"d":"0.27"}]
[5,502,50204,{"v":8209.41417999999,"d":"8,209.41"},4313,{"v":0.525372445,"d":"0.53"},"M",310,50204000,{"v":93.5842529149,"d":"93.58"},1993,{"v":21.29631789,"d":"21.30"},{"v":0,"d":"0.00"},{"v":0.969116244,"d":"0.97"},{"v":1931.44867399999,"d":"1,931.45"},{"v":61.5513264,"d":"61.55"},0,"0_50204000_4500",{"v":29.8733656235,"d":"29.87"},{"v":0,"d":"0.00"},{"v":61.5513264,"d":"61.55"},{"v":0,"d":"0.00"},"0_50204000_4500_903","C",{"v":0.752171802726,"d":"0.75"},{"v":0.02517867629,"d":"0.03"},{"v":1.54978092265,"d":"1.55"}]
[5,502,50204,{"v":8209.41417999999,"d":"8,209.41"},4313,{"v":0.525372445,"d":"0.53"},"M",310,50204000,{"v":93.5842529149,"d":"93.58"},1993,{"v":21.29631789,"d":"21.30"},{"v":0,"d":"0.00"},{"v":0.969116244,"d":"0.97"},{"v":1931.44867399999,"d":"1,931.45"},{"v":61.5513264,"d":"61.55"},0,"0_50204000_4500",{"v":29.8733656235,"d":"29.87"},{"v":0,"d":"0.00"},{"v":61.5513264,"d":"61.55"},{"v":0,"d":"0.00"},"0_50204000_4500_904","C",{"v":0.0163353597879,"d":"0.02"},{"v":5.46820200769E-4,"d":"0.00"},{"v":0.0336575086596,"d":"0.03"}]
[5,502,50204,{"v":8209.41417999999,"d":"8,209.41"},4313,{"v":0.525372445,"d":"0.53"},"M",310,50204000,{"v":93.5842529149,"d":"93.58"},1993,{"v":21.29631789,"d":"21.30"},{"v":0,"d":"0.00"},{"v":0.969116244,"d":"0.97"},{"v":1931.44867399999,"d":"1,931.45"},{"v":61.5513264,"d":"61.55"},0,"0_50204000_4500",{"v":29.8733656235,"d":"29.87"},{"v":0,"d":"0.00"},{"v":61.5513264,"d":"61.55"},{"v":0,"d":"0.00"},"0_50204000_4500_905","C",{"v":0.427769211801,"d":"0.43"},{"v":0.0143194180794,"d":"0.01"},{"v":0.881379176063,"d":"0.88"}]
[5,502,50204,{"v":8209.41417999999,"d":"8,209.41"},4313,{"v":0.525372445,"d":"0.53"},"M",310,50204000,{"v":93.5842529149,"d":"93.58"},1993,{"v":21.29631789,"d":"21.30"},{"v":0,"d":"0.00"},{"v":0.969116244,"d":"0.97"},{"v":1931.44867399999,"d":"1,931.45"},{"v":61.5513264,"d":"61.55"},0,"0_50204000_4500",{"v":29.8733656235,"d":"29.87"},{"v":0,"d":"0.00"},{"v":61.5513264,"d":"61.55"},{"v":0,"d":"0.00"},"0_50204000_4500_906","C",{"v":0.0107146280645,"d":"0.01"},{"v":0.000358668259865,"d":"0.00"},{"v":0.0220765071323,"d":"0.02"}]
[5,502,50204,{"v":8209.41417999999,"d":"8,209.41"},4313,{"v":0.525372445,"d":"0.53"},"M",310,50204000,{"v":93.5842529149,"d":"93.58"},1993,{"v":21.29631789,"d":"21.30"},{"v":0,"d":"0.00"},{"v":0.969116244,"d":"0.97"},{"v":1931.44867399999,"d":"1,931.45"},{"v":61.5513264,"d":"61.55"},0,"0_50204000_4500",{"v":29.8733656235,"d":"29.87"},{"v":0,"d":"0.00"},{"v":61.5513264,"d":"61.55"},{"v":0,"d":"0.00"},"0_50204000_4500_907","C",{"v":0.00845320223226,"d":"0.01"},{"v":0.000282967856344,"d":"0.00"},{"v":0.0174170468865,"d":"0.02"}]
[5,502,50204,{"v":8209.41417999999,"d":"8,209.41"},4313,{"v":0.525372445,"d":"0.53"},"M",310,50204000,{"v":93.5842529149,"d":"93.58"},1993,{"v":21.29631789,"d":"21.30"},{"v":0,"d":"0.00"},{"v":0.969116244,"d":"0.97"},{"v":1931.44867399999,"d":"1,931.45"},{"v":61.5513264,"d":"61.55"},0,"0_50204000_4500",{"v":29.8733656235,"d":"29.87"},{"v":0,"d":"0.00"},{"v":61.5513264,"d":"61.55"},{"v":0,"d":"0.00"},"0_50204000_4500_908","D",{"v":0.0982485170088,"d":"0.10"},{"v":3.28883321173E-3,"d":"0.00"},{"v":0.20243204649,"d":"0.20"}]
[5,502,50204,{"v":8209.41417999999,"d":"8,209.41"},4313,{"v":0.525372445,"d":"0.53"},"M",310,50204000,{"v":93.5842529149,"d":"93.58"},1993,{"v":21.29631789,"d":"21.30"},{"v":0,"d":"0.00"},{"v":0.969116244,"d":"0.97"},{"v":1931.44867399999,"d":"1,931.45"},{"v":61.5513264,"d":"61.55"},0,"0_50204000_4500",{"v":29.8733656235,"d":"29.87"},{"v":0,"d":"0.00"},{"v":61.5513264,"d":"61.55"},{"v":0,"d":"0.00"},"0_50204000_4500_909","D",{"v":0.787036528909,"d":"0.79"},{"v":0.0263457602611,"d":"0.03"},{"v":1.62161648909,"d":"1.62"}]
[5,502,50204,{"v":8209.41417999999,"d":"8,209.41"},4313,{"v":0.525372445,"d":"0.53"},"M",310,50204000,{"v":93.5842529149,"d":"93.58"},1993,{"v":21.29631789,"d":"21.30"},{"v":0,"d":"0.00"},{"v":0.969116244,"d":"0.97"},{"v":1931.44867399999,"d":"1,931.45"},{"v":61.5513264,"d":"61.55"},0,"0_50204000_4500",{"v":29.8733656235,"d":"29.87"},{"v":0,"d":"0.00"},{"v":61.5513264,"d":"61.55"},{"v":0,"d":"0.00"},"0_50204000_4500_910","D",{"v":0.347296260064,"d":"0.35"},{"v":0.0116256154208,"d":"0.01"},{"v":0.715572049367,"d":"0.72"}]
[5,502,50204,{"v":8209.41417999999,"d":"8,209.41"},4313,{"v":0.525372445,"d":"0.53"},"M",310,50204000,{"v":93.5842529149,"d":"93.58"},1993,{"v":21.29631789,"d":"21.30"},{"v":0,"d":"0.00"},{"v":0.969116244,"d":"0.97"},{"v":1931.44867399999,"d":"1,931.45"},{"v":61.5513264,"d":"61.55"},0,"0_50204000_4500",{"v":29.8733656235,"d":"29.87"},{"v":0,"d":"0.00"},{"v":61.5513264,"d":"61.55"},{"v":0,"d":"0.00"},"0_50204000_4500_911","D",{"v":8.16174423636,"d":"8.16"},{"v":0.273211406415,"d":"0.27"},{"v":16.8165244525,"d":"16.82"}]
[5,502,50204,{"v":8209.41417999999,"d":"8,209.41"},4313,{"v":0.525372445,"d":"0.53"},"M",310,50204000,{"v":93.5842529149,"d":"93.58"},1993,{"v":21.29631789,"d":"21.30"},{"v":0,"d":"0.00"},{"v":0.969116244,"d":"0.97"},{"v":1931.44867399999,"d":"1,931.45"},{"v":61.5513264,"d":"61.55"},0,"0_50204000_4500",{"v":29.8733656235,"d":"29.87"},{"v":0,"d":"0.00"},{"v":61.5513264,"d":"61.55"},{"v":0,"d":"0.00"},"0_50204000_4500_912","D",{"v":0.147671365167,"d":"0.15"},{"v":0.00494324499717,"d":"0.00"},{"v":0.304263286296,"d":"0.30"}]
[5,502,50204,{"v":8209.41417999999,"d":"8,209.41"},4313,{"v":0.525372445,"d":"0.53"},"M",310,50204000,{"v":93.5842529149,"d":"93.58"},1993,{"v":21.29631789,"d":"21.30"},{"v":0,"d":"0.00"},{"v":0.969116244,"d":"0.97"},{"v":1931.44867399999,"d":"1,931.45"},{"v":61.5513264,"d":"61.55"},0,"0_50204000_4500",{"v":29.8733656235,"d":"29.87"},{"v":0,"d":"0.00"},{"v":61.5513264,"d":"61.55"},{"v":0,"d":"0.00"},"0_50204000_4500_913","D",{"v":0.316839008785,"d":"0.32"},{"v":0.0106060700618,"d":"0.01"},{"v":0.652817680195,"d":"0.65"}]
[5,502,50204,{"v":8209.41417999999,"d":"8,209.41"},4313,{"v":0.525372445,"d":"0.53"},"M",310,50204000,{"v":93.5842529149,"d":"93.58"},1993,{"v":21.29631789,"d":"21.30"},{"v":0,"d":"0.00"},{"v":0.969116244,"d":"0.97"},{"v":1931.44867399999,"d":"1,931.45"},{"v":61.5513264,"d":"61.55"},0,"0_50204000_4500",{"v":29.8733656235,"d":"29.87"},{"v":0,"d":"0.00"},{"v":61.5513264,"d":"61.55"},{"v":0,"d":"0.00"},"0_50204000_4500_914","D",{"v":0.733194080692,"d":"0.73"},{"v":0.0245434039784,"d":"0.02"},{"v":1.51067906924,"d":"1.51"}]
[5,502,50204,{"v":8209.41417999999,"d":"8,209.41"},4313,{"v":0.525372445,"d":"0.53"},"M",310,50204000,{"v":93.5842529149,"d":"93.58"},1993,{"v":21.29631789,"d":"21.30"},{"v":0,"d":"0.00"},{"v":0.969116244,"d":"0.97"},{"v":1931.44867399999,"d":"1,931.45"},{"v":61.5513264,"d":"61.55"},0,"0_50204000_4500",{"v":29.8733656235,"d":"29.87"},{"v":0,"d":"0.00"},{"v":61.5513264,"d":"61.55"},{"v":0,"d":"0.00"},"0_50204000_4500_915","E",{"v":4.06925245273E-3,"d":"0.00"},{"v":0.000136216739152,"d":"0.00"},{"v":0.00838432097269,"d":"0.01"}]
[5,502,50204,{"v":8209.41417999999,"d":"8,209.41"},4313,{"v":0.525372445,"d":"0.53"},"M",310,50204000,{"v":93.5842529149,"d":"93.58"},1993,{"v":21.29631789,"d":"21.30"},{"v":0,"d":"0.00"},{"v":0.969116244,"d":"0.97"},{"v":1931.44867399999,"d":"1,931.45"},{"v":61.5513264,"d":"61.55"},0,"0_50204000_4500",{"v":29.8733656235,"d":"29.87"},{"v":0,"d":"0.00"},{"v":61.5513264,"d":"61.55"},{"v":0,"d":"0.00"},"0_50204000_4500_916","E",{"v":5.52730199759,"d":"5.53"},{"v":0.185024414967,"d":"0.19"},{"v":11.3884981576,"d":"11.39"}]
[5,502,50204,{"v":8209.41417999999,"d":"8,209.41"},4313,{"v":0.525372445,"d":"0.53"},"M",310,50204000,{"v":93.5842529149,"d":"93.58"},1993,{"v":21.29631789,"d":"21.30"},{"v":0,"d":"0.00"},{"v":0.969116244,"d":"0.97"},{"v":1931.44867399999,"d":"1,931.45"},{"v":61.5513264,"d":"61.55"},0,"0_50204000_4500",{"v":29.8733656235,"d":"29.87"},{"v":0,"d":"0.00"},{"v":61.5513264,"d":"61.55"},{"v":0,"d":"0.00"},"0_50204000_4500_917","E",{"v":0.517189265059,"d":"0.52"},{"v":0.0173127216925,"d":"0.02"},{"v":1.06562098377,"d":"1.07"}]
[5,502,50204,{"v":8209.41417999999,"d":"8,209.41"},4313,{"v":0.525372445,"d":"0.53"},"M",310,50204000,{"v":93.5842529149,"d":"93.58"},1993,{"v":21.29631789,"d":"21.30"},{"v":0,"d":"0.00"},{"v":0.969116244,"d":"0.97"},{"v":1931.44867399999,"d":"1,931.45"},{"v":61.5513264,"d":"61.55"},0,"0_50204000_4500",{"v":29.8733656235,"d":"29.87"},{"v":0,"d":"0.00"},{"v":61.5513264,"d":"61.55"},{"v":0,"d":"0.00"},"0_50204000_4500_918","E",{"v":0.0891395004631,"d":"0.09"},{"v":0.00298391221085,"d":"0.00"},{"v":0.183663754439,"d":"0.18"}]
[5,502,50204,{"v":8209.41417999999,"d":"8,209.41"},4313,{"v":0.525372445,"d":"0.53"},"M",310,50204000,{"v":93.5842529149,"d":"93.58"},1993,{"v":21.29631789,"d":"21.30"},{"v":0,"d":"0.00"},{"v":0.969116244,"d":"0.97"},{"v":1931.44867399999,"d":"1,931.45"},{"v":61.5513264,"d":"61.55"},0,"0_50204000_4500",{"v":29.8733656235,"d":"29.87"},{"v":0,"d":"0.00"},{"v":61.5513264,"d":"61.55"},{"v":0,"d":"0.00"},"0_50204000_4500_919","G",{"v":0.206952041449,"d":"0.21"},{"v":0.00692764397749,"d":"0.01"},{"v":0.426405675641,"d":"0.43"}]
[5,502,50204,{"v":8209.41417999999,"d":"8,209.41"},4313,{"v":0.525372445,"d":"0.53"},"M",310,50204000,{"v":93.5842529149,"d":"93.58"},1993,{"v":21.29631789,"d":"21.30"},{"v":0,"d":"0.00"},{"v":0.969116244,"d":"0.97"},{"v":1931.44867399999,"d":"1,931.45"},{"v":61.5513264,"d":"61.55"},0,"0_50204000_4500",{"v":29.8733656235,"d":"29.87"},{"v":0,"d":"0.00"},{"v":61.5513264,"d":"61.55"},{"v":0,"d":"0.00"},"0_50204000_4500_920","G",{"v":0.0107442796411,"d":"0.01"},{"v":0.000359660835559,"d":"0.00"},{"v":0.0221376014828,"d":"0.02"}]
[5,502,50204,{"v":8209.41417999999,"d":"8,209.41"},4313,{"v":0.525372445,"d":"0.53"},"M",310,50204000,{"v":93.5842529149,"d":"93.58"},1993,{"v":21.29631789,"d":"21.30"},{"v":0,"d":"0.00"},{"v":0.969116244,"d":"0.97"},{"v":1931.44867399999,"d":"1,931.45"},{"v":61.5513264,"d":"61.55"},0,"0_50204000_4500",{"v":29.8733656235,"d":"29.87"},{"v":0,"d":"0.00"},{"v":61.5513264,"d":"61.55"},{"v":0,"d":"0.00"},"0_50204000_4500_921","G",{"v":5.16838313282,"d":"5.17"},{"v":0.1730097371,"d":"0.17"},{"v":10.6489787986,"d":"10.65"}]
[5,502,50204,{"v":8209.41417999999,"d":"8,209.41"},4313,{"v":0.525372445,"d":"0.53"},"M",310,50204000,{"v":93.5842529149,"d":"93.58"},1993,{"v":21.29631789,"d":"21.30"},{"v":0,"d":"0.00"},{"v":0.969116244,"d":"0.97"},{"v":1931.44867399999,"d":"1,931.45"},{"v":61.5513264,"d":"61.55"},0,"0_50204000_4500",{"v":29.8733656235,"d":"29.87"},{"v":0,"d":"0.00"},{"v":61.5513264,"d":"61.55"},{"v":0,"d":"0.00"},"0_50204000_4500_922","G",{"v":0.0194299534964,"d":"0.02"},{"v":0.00065041059455,"d":"0.00"},{"v":0.0400336347992,"d":"0.04"}]
[5,502,50204,{"v":8209.41417999999,"d":"8,209.41"},4313,{"v":0.525372445,"d":"0.53"},"M",310,50204001,{"v":1302.58734123999,"d":"1,302.59"},1342,{"v":1.03025721,"d":"1.03"},{"v":0,"d":"0.00"},{"v":0.969116244,"d":"0.97"},{"v":1300.55399899999,"d":"1,300.55"},{"v":41.4460010199999,"d":"41.45"},0,"0_50204001_4501",{"v":1207.57852183,"d":"1,207.58"},{"v":0,"d":"0.00"},{"v":41.4460010199999,"d":"41.45"},{"v":0,"d":"0.00"},"0_50204001_4501_923","außerhalb GKL",{"v":81.1080022441,"d":"81.11"},{"v":0.067165820506,"d":"0.07"},{"v":2.7837546652,"d":"2.78"}]
[5,502,50204,{"v":8209.41417999999,"d":"8,209.41"},4313,{"v":0.525372445,"d":"0.53"},"M",310,50204001,{"v":1302.58734123999,"d":"1,302.59"},1342,{"v":1.03025721,"d":"1.03"},{"v":0,"d":"0.00"},{"v":0.969116244,"d":"0.97"},{"v":1300.55399899999,"d":"1,300.55"},{"v":41.4460010199999,"d":"41.45"},0,"0_50204001_4501",{"v":1207.57852183,"d":"1,207.58"},{"v":0,"d":"0.00"},{"v":41.4460010199999,"d":"41.45"},{"v":0,"d":"0.00"},"0_50204001_4501_924","außerhalb GKL",{"v":1008.37079875999,"d":"1,008.37"},{"v":0.835035387373,"d":"0.84"},{"v":34.6088775168,"d":"34.61"}]
[5,502,50204,{"v":8209.41417999999,"d":"8,209.41"},4313,{"v":0.525372445,"d":"0.53"},"M",310,50204001,{"v":1302.58734123999,"d":"1,302.59"},1342,{"v":1.03025721,"d":"1.03"},{"v":0,"d":"0.00"},{"v":0.969116244,"d":"0.97"},{"v":1300.55399899999,"d":"1,300.55"},{"v":41.4460010199999,"d":"41.45"},0,"0_50204001_4501",{"v":1207.57852183,"d":"1,207.58"},{"v":0,"d":"0.00"},{"v":41.4460010199999,"d":"41.45"},{"v":0,"d":"0.00"},"0_50204001_4501_925","D",{"v":0.187487083029,"d":"0.19"},{"v":1.55258709591E-4,"d":"0.00"},{"v":0.00643485263607,"d":"0.01"}]
[5,502,50204,{"v":8209.41417999999,"d":"8,209.41"},4313,{"v":0.525372445,"d":"0.53"},"M",310,50204001,{"v":1302.58734123999,"d":"1,302.59"},1342,{"v":1.03025721,"d":"1.03"},{"v":0,"d":"0.00"},{"v":0.969116244,"d":"0.97"},{"v":1300.55399899999,"d":"1,300.55"},{"v":41.4460010199999,"d":"41.45"},0,"0_50204001_4501",{"v":1207.57852183,"d":"1,207.58"},{"v":0,"d":"0.00"},{"v":41.4460010199999,"d":"41.45"},{"v":0,"d":"0.00"},"0_50204001_4501_926","D",{"v":0.0189180885923,"d":"0.02"},{"v":1.566613537e-05,"d":"0.00"},{"v":0.000649298662504,"d":"0.00"}]
[5,502,50204,{"v":8209.41417999999,"d":"8,209.41"},4313,{"v":0.525372445,"d":"0.53"},"M",310,50204001,{"v":1302.58734123999,"d":"1,302.59"},1342,{"v":1.03025721,"d":"1.03"},{"v":0,"d":"0.00"},{"v":0.969116244,"d":"0.97"},{"v":1300.55399899999,"d":"1,300.55"},{"v":41.4460010199999,"d":"41.45"},0,"0_50204001_4501",{"v":1207.57852183,"d":"1,207.58"},{"v":0,"d":"0.00"},{"v":41.4460010199999,"d":"41.45"},{"v":0,"d":"0.00"},"0_50204001_4501_927","D",{"v":0.138563574403,"d":"0.14"},{"v":1.14744980884E-4,"d":"0.00"},{"v":0.00475572059476,"d":"0.00"}]
[5,502,50204,{"v":8209.41417999999,"d":"8,209.41"},4313,{"v":0.525372445,"d":"0.53"},"M",310,50204001,{"v":1302.58734123999,"d":"1,302.59"},1342,{"v":1.03025721,"d":"1.03"},{"v":0,"d":"0.00"},{"v":0.969116244,"d":"0.97"},{"v":1300.55399899999,"d":"1,300.55"},{"v":41.4460010199999,"d":"41.45"},0,"0_50204001_4501",{"v":1207.57852183,"d":"1,207.58"},{"v":0,"d":"0.00"},{"v":41.4460010199999,"d":"41.45"},{"v":0,"d":"0.00"},"0_50204001_4501_928","E",{"v":0.317971696995,"d":"0.32"},{"v":2.63313475063E-4,"d":"0.00"},{"v":0.010913290556,"d":"0.01"}]
[5,502,50204,{"v":8209.41417999999,"d":"8,209.41"},4313,{"v":0.525372445,"d":"0.53"},"M",310,50204001,{"v":1302.58734123999,"d":"1,302.59"},1342,{"v":1.03025721,"d":"1.03"},{"v":0,"d":"0.00"},{"v":0.969116244,"d":"0.97"},{"v":1300.55399899999,"d":"1,300.55"},{"v":41.4460010199999,"d":"41.45"},0,"0_50204001_4501",{"v":1207.57852183,"d":"1,207.58"},{"v":0,"d":"0.00"},{"v":41.4460010199999,"d":"41.45"},{"v":0,"d":"0.00"},"0_50204001_4501_929","E",{"v":0.0761130150008,"d":"0.08"},{"v":6.3029454089e-05,"d":"0.00"},{"v":0.00261231881847,"d":"0.00"}]
[5,502,50204,{"v":8209.41417999999,"d":"8,209.41"},4313,{"v":0.525372445,"d":"0.53"},"M",310,50204001,{"v":1302.58734123999,"d":"1,302.59"},1342,{"v":1.03025721,"d":"1.03"},{"v":0,"d":"0.00"},{"v":0.969116244,"d":"0.97"},{"v":1300.55399899999,"d":"1,300.55"},{"v":41.4460010199999,"d":"41.45"},0,"0_50204001_4501",{"v":1207.57852183,"d":"1,207.58"},{"v":0,"d":"0.00"},{"v":41.4460010199999,"d":"41.45"},{"v":0,"d":"0.00"},"0_50204001_4501_930","E",{"v":0.00665177820462,"d":"0.01"},{"v":5.50836081e-06,"d":"0.00"},{"v":2.28299527749E-4,"d":"0.00"}]
[5,502,50204,{"v":8209.41417999999,"d":"8,209.41"},4313,{"v":0.525372445,"d":"0.53"},"M",310,50204001,{"v":1302.58734123999,"d":"1,302.59"},1342,{"v":1.03025721,"d":"1.03"},{"v":0,"d":"0.00"},{"v":0.969116244,"d":"0.97"},{"v":1300.55399899999,"d":"1,300.55"},{"v":41.4460010199999,"d":"41.45"},0,"0_50204001_4501",{"v":1207.57852183,"d":"1,207.58"},{"v":0,"d":"0.00"},{"v":41.4460010199999,"d":"41.45"},{"v":0,"d":"0.00"},"0_50204001_4501_931","E",{"v":2.11022255904,"d":"2.11"},{"v":0.00174748268613,"d":"0.00"},{"v":0.0724261691918,"d":"0.07"}]
[5,502,50204,{"v":8209.41417999999,"d":"8,209.41"},4313,{"v":0.525372445,"d":"0.53"},"M",310,50204001,{"v":1302.58734123999,"d":"1,302.59"},1342,{"v":1.03025721,"d":"1.03"},{"v":0,"d":"0.00"},{"v":0.969116244,"d":"0.97"},{"v":1300.55399899999,"d":"1,300.55"},{"v":41.4460010199999,"d":"41.45"},0,"0_50204001_4501",{"v":1207.57852183,"d":"1,207.58"},{"v":0,"d":"0.00"},{"v":41.4460010199999,"d":"41.45"},{"v":0,"d":"0.00"},"0_50204001_4501_932","E",{"v":0.168757167604,"d":"0.17"},{"v":1.3974840108E-4,"d":"0.00"},{"v":0.00579201237371,"d":"0.01"}]
[5,502,50204,{"v":8209.41417999999,"d":"8,209.41"},4313,{"v":0.525372445,"d":"0.53"},"M",310,50204001,{"v":1302.58734123999,"d":"1,302.59"},1342,{"v":1.03025721,"d":"1.03"},{"v":0,"d":"0.00"},{"v":0.969116244,"d":"0.97"},{"v":1300.55399899999,"d":"1,300.55"},{"v":41.4460010199999,"d":"41.45"},0,"0_50204001_4501",{"v":1207.57852183,"d":"1,207.58"},{"v":0,"d":"0.00"},{"v":41.4460010199999,"d":"41.45"},{"v":0,"d":"0.00"},"0_50204001_4501_933","E",{"v":0.058597041148,"d":"0.06"},{"v":4.8524414842e-05,"d":"0.00"},{"v":0.00201114294705,"d":"0.00"}]
[5,502,50204,{"v":8209.41417999999,"d":"8,209.41"},4313,{"v":0.525372445,"d":"0.53"},"M",310,50204001,{"v":1302.58734123999,"d":"1,302.59"},1342,{"v":1.03025721,"d":"1.03"},{"v":0,"d":"0.00"},{"v":0.969116244,"d":"0.97"},{"v":1300.55399899999,"d":"1,300.55"},{"v":41.4460010199999,"d":"41.45"},0,"0_50204001_4501",{"v":1207.57852183,"d":"1,207.58"},{"v":0,"d":"0.00"},{"v":41.4460010199999,"d":"41.45"},{"v":0,"d":"0.00"},"0_50204001_4501_934","E",{"v":0.694240958263,"d":"0.69"},{"v":0.000574903367121,"d":"0.00"},{"v":0.0238274455401,"d":"0.02"}]
[5,502,50204,{"v":8209.41417999999,"d":"8,209.41"},4313,{"v":0.525372445,"d":"0.53"},"M",310,50204001,{"v":1302.58734123999,"d":"1,302.59"},1342,{"v":1.03025721,"d":"1.03"},{"v":0,"d":"0.00"},{"v":0.969116244,"d":"0.97"},{"v":1300.55399899999,"d":"1,300.55"},{"v":41.4460010199999,"d":"41.45"},0,"0_50204001_4501",{"v":1207.57852183,"d":"1,207.58"},{"v":0,"d":"0.00"},{"v":41.4460010199999,"d":"41.45"},{"v":0,"d":"0.00"},"0_50204001_4501_935","F",{"v":5.90946115459,"d":"5.91"},{"v":0.00489364546302,"d":"0.00"},{"v":0.202822034852,"d":"0.20"}]
[5,502,50204,{"v":8209.41417999999,"d":"8,209.41"},4313,{"v":0.525372445,"d":"0.53"},"M",310,50204001,{"v":1302.58734123999,"d":"1,302.59"},1342,{"v":1.03025721,"d":"1.03"},{"v":0,"d":"0.00"},{"v":0.969116244,"d":"0.97"},{"v":1300.55399899999,"d":"1,300.55"},{"v":41.4460010199999,"d":"41.45"},0,"0_50204001_4501",{"v":1207.57852183,"d":"1,207.58"},{"v":0,"d":"0.00"},{"v":41.4460010199999,"d":"41.45"},{"v":0,"d":"0.00"},"0_50204001_4501_936","F",{"v":2.08110919914,"d":"2.08"},{"v":1.72337381091E-3,"d":"0.00"},{"v":0.0714269527248,"d":"0.07"}]
[5,502,50204,{"v":8209.41417999999,"d":"8,209.41"},4313,{"v":0.525372445,"d":"0.53"},"M",310,50204001,{"v":1302.58734123999,"d":"1,302.59"},1342,{"v":1.03025721,"d":"1.03"},{"v":0,"d":"0.00"},{"v":0.969116244,"d":"0.97"},{"v":1300.55399899999,"d":"1,300.55"},{"v":41.4460010199999,"d":"41.45"},0,"0_50204001_4501",{"v":1207.57852183,"d":"1,207.58"},{"v":0,"d":"0.00"},{"v":41.4460010199999,"d":"41.45"},{"v":0,"d":"0.00"},"0_50204001_4501_937","F",{"v":0.00148907177399,"d":"0.00"},{"v":1.233105547E-6,"d":"0.00"},{"v":5.1107293768e-05,"d":"0.00"}]
[5,502,50204,{"v":8209.41417999999,"d":"8,209.41"},4313,{"v":0.525372445,"d":"0.53"},"M",310,50204001,{"v":1302.58734123999,"d":"1,302.59"},1342,{"v":1.03025721,"d":"1.03"},{"v":0,"d":"0.00"},{"v":0.969116244,"d":"0.97"},{"v":1300.55399899999,"d":"1,300.55"},{"v":41.4460010199999,"d":"41.45"},0,"0_50204001_4501",{"v":1207.57852183,"d":"1,207.58"},{"v":0,"d":"0.00"},{"v":41.4460010199999,"d":"41.45"},{"v":0,"d":"0.00"},"0_50204001_4501_938","F",{"v":0.021018128491,"d":"0.02"},{"v":1.7405185759E-5,"d":"0.00"},{"v":0.000721375346721,"d":"0.00"}]
[5,502,50204,{"v":8209.41417999999,"d":"8,209.41"},4313,{"v":0.525372445,"d":"0.53"},"M",310,50204001,{"v":1302.58734123999,"d":"1,302.59"},1342,{"v":1.03025721,"d":"1.03"},{"v":0,"d":"0.00"},{"v":0.969116244,"d":"0.97"},{"v":1300.55399899999,"d":"1,300.55"},{"v":41.4460010199999,"d":"41.45"},0,"0_50204001_4501",{"v":1207.57852183,"d":"1,207.58"},{"v":0,"d":"0.00"},{"v":41.4460010199999,"d":"41.45"},{"v":0,"d":"0.00"},"0_50204001_4501_939","F",{"v":0.312770685772,"d":"0.31"},{"v":0.000259006499468,"d":"0.00"},{"v":0.0107347836411,"d":"0.01"}]
[5,502,50204,{"v":8209.41417999999,"d":"8,209.41"},4313,{"v":0.525372445,"d":"0.53"},"M",310,50204001,{"v":1302.58734123999,"d":"1,302.59"},1342,{"v":1.03025721,"d":"1.03"},{"v":0,"d":"0.00"},{"v":0.969116244,"d":"0.97"},{"v":1300.55399899999,"d":"1,300.55"},{"v":41.4460010199999,"d":"41.45"},0,"0_50204001_4501",{"v":1207.57852183,"d":"1,207.58"},{"v":0,"d":"0.00"},{"v":41.4460010199999,"d":"41.45"},{"v":0,"d":"0.00"},"0_50204001_4501_940","F",{"v":0.166647466719,"d":"0.17"},{"v":0.000138001350394,"d":"0.00"},{"v":0.00571960410919,"d":"0.01"}]
[5,502,50204,{"v":8209.41417999999,"d":"8,209.41"},4313,{"v":0.525372445,"d":"0.53"},"M",310,50204001,{"v":1302.58734123999,"d":"1,302.59"},1342,{"v":1.03025721,"d":"1.03"},{"v":0,"d":"0.00"},{"v":0.969116244,"d":"0.97"},{"v":1300.55399899999,"d":"1,300.55"},{"v":41.4460010199999,"d":"41.45"},0,"0_50204001_4501",{"v":1207.57852183,"d":"1,207.58"},{"v":0,"d":"0.00"},{"v":41.4460010199999,"d":"41.45"},{"v":0,"d":"0.00"},"0_50204001_4501_941","F",{"v":2.846207403,"d":"2.85"},{"v":0.00235695431108,"d":"0.00"},{"v":0.0976863307811,"d":"0.10"}]
[5,502,50204,{"v":8209.41417999999,"d":"8,209.41"},4313,{"v":0.525372445,"d":"0.53"},"M",310,50204001,{"v":1302.58734123999,"d":"1,302.59"},1342,{"v":1.03025721,"d":"1.03"},{"v":0,"d":"0.00"},{"v":0.969116244,"d":"0.97"},{"v":1300.55399899999,"d":"1,300.55"},{"v":41.4460010199999,"d":"41.45"},0,"0_50204001_4501",{"v":1207.57852183,"d":"1,207.58"},{"v":0,"d":"0.00"},{"v":41.4460010199999,"d":"41.45"},{"v":0,"d":"0.00"},"0_50204001_4501_942","F",{"v":0.534751641704,"d":"0.53"},{"v":4.42829705926E-4,"d":"0.00"},{"v":0.0183535204435,"d":"0.02"}]
[5,502,50204,{"v":8209.41417999999,"d":"8,209.41"},4313,{"v":0.525372445,"d":"0.53"},"M",310,50204001,{"v":1302.58734123999,"d":"1,302.59"},1342,{"v":1.03025721,"d":"1.03"},{"v":0,"d":"0.00"},{"v":0.969116244,"d":"0.97"},{"v":1300.55399899999,"d":"1,300.55"},{"v":41.4460010199999,"d":"41.45"},0,"0_50204001_4501",{"v":1207.57852183,"d":"1,207.58"},{"v":0,"d":"0.00"},{"v":41.4460010199999,"d":"41.45"},{"v":0,"d":"0.00"},"0_50204001_4501_943","F",{"v":0.0546526823932,"d":"0.05"},{"v":4.5258077554e-05,"d":"0.00"},{"v":0.00187576632845,"d":"0.00"}]
[5,502,50204,{"v":8209.41417999999,"d":"8,209.41"},4313,{"v":0.525372445,"d":"0.53"},"M",310,50204001,{"v":1302.58734123999,"d":"1,302.59"},1342,{"v":1.03025721,"d":"1.03"},{"v":0,"d":"0.00"},{"v":0.969116244,"d":"0.97"},{"v":1300.55399899999,"d":"1,300.55"},{"v":41.4460010199999,"d":"41.45"},0,"0_50204001_4501",{"v":1207.57852183,"d":"1,207.58"},{"v":0,"d":"0.00"},{"v":41.4460010199999,"d":"41.45"},{"v":0,"d":"0.00"},"0_50204001_4501_944","F",{"v":0.690244455308,"d":"0.69"},{"v":0.000571593849038,"d":"0.00"},{"v":0.0236902792503,"d":"0.02"}]
[5,502,50204,{"v":8209.41417999999,"d":"8,209.41"},4313,{"v":0.525372445,"d":"0.53"},"M",310,50204001,{"v":1302.58734123999,"d":"1,302.59"},1342,{"v":1.03025721,"d":"1.03"},{"v":0,"d":"0.00"},{"v":0.969116244,"d":"0.97"},{"v":1300.55399899999,"d":"1,300.55"},{"v":41.4460010199999,"d":"41.45"},0,"0_50204001_4501",{"v":1207.57852183,"d":"1,207.58"},{"v":0,"d":"0.00"},{"v":41.4460010199999,"d":"41.45"},{"v":0,"d":"0.00"},"0_50204001_4501_945","F",{"v":0.896716552494,"d":"0.90"},{"v":0.000742574115292,"d":"0.00"},{"v":0.0307767275398,"d":"0.03"}]
[5,502,50204,{"v":8209.41417999999,"d":"8,209.41"},4313,{"v":0.525372445,"d":"0.53"},"M",310,50204001,{"v":1302.58734123999,"d":"1,302.59"},1342,{"v":1.03025721,"d":"1.03"},{"v":0,"d":"0.00"},{"v":0.969116244,"d":"0.97"},{"v":1300.55399899999,"d":"1,300.55"},{"v":41.4460010199999,"d":"41.45"},0,"0_50204001_4501",{"v":1207.57852183,"d":"1,207.58"},{"v":0,"d":"0.00"},{"v":41.4460010199999,"d":"41.45"},{"v":0,"d":"0.00"},"0_50204001_4501_946","F",{"v":0.10265155681,"d":"0.10"},{"v":8.5006113436e-05,"d":"0.00"},{"v":3.52316346419E-3,"d":"0.00"}]
[5,502,50204,{"v":8209.41417999999,"d":"8,209.41"},4313,{"v":0.525372445,"d":"0.53"},"M",310,50204001,{"v":1302.58734123999,"d":"1,302.59"},1342,{"v":1.03025721,"d":"1.03"},{"v":0,"d":"0.00"},{"v":0.969116244,"d":"0.97"},{"v":1300.55399899999,"d":"1,300.55"},{"v":41.4460010199999,"d":"41.45"},0,"0_50204001_4501",{"v":1207.57852183,"d":"1,207.58"},{"v":0,"d":"0.00"},{"v":41.4460010199999,"d":"41.45"},{"v":0,"d":"0.00"},"0_50204001_4501_947","F",{"v":0.0131361619292,"d":"0.01"},{"v":1.0878101665E-5,"d":"0.00"},{"v":0.000450853812712,"d":"0.00"}]
[5,502,50204,{"v":8209.41417999999,"d":"8,209.41"},4313,{"v":0.525372445,"d":"0.53"},"M",310,50204001,{"v":1302.58734123999,"d":"1,302.59"},1342,{"v":1.03025721,"d":"1.03"},{"v":0,"d":"0.00"},{"v":0.969116244,"d":"0.97"},{"v":1300.55399899999,"d":"1,300.55"},{"v":41.4460010199999,"d":"41.45"},0,"0_50204001_4501",{"v":1207.57852183,"d":"1,207.58"},{"v":0,"d":"0.00"},{"v":41.4460010199999,"d":"41.45"},{"v":0,"d":"0.00"},"0_50204001_4501_948","F",{"v":5.7587922624e-05,"d":"0.00"},{"v":4.768876e-08,"d":"0.00"},{"v":1.976508406e-06,"d":"0.00"}]
[5,502,50204,{"v":8209.41417999999,"d":"8,209.41"},4313,{"v":0.525372445,"d":"0.53"},"M",310,50204001,{"v":1302.58734123999,"d":"1,302.59"},1342,{"v":1.03025721,"d":"1.03"},{"v":0,"d":"0.00"},{"v":0.969116244,"d":"0.97"},{"v":1300.55399899999,"d":"1,300.55"},{"v":41.4460010199999,"d":"41.45"},0,"0_50204001_4501",{"v":1207.57852183,"d":"1,207.58"},{"v":0,"d":"0.00"},{"v":41.4460010199999,"d":"41.45"},{"v":0,"d":"0.00"},"0_50204001_4501_949","F",{"v":0.0123682568069,"d":"0.01"},{"v":1.0242196746E-5,"d":"0.00"},{"v":0.000424498096786,"d":"0.00"}]
[5,502,50204,{"v":8209.41417999999,"d":"8,209.41"},4313,{"v":0.525372445,"d":"0.53"},"M",310,50204001,{"v":1302.58734123999,"d":"1,302.59"},1342,{"v":1.03025721,"d":"1.03"},{"v":0,"d":"0.00"},{"v":0.969116244,"d":"0.97"},{"v":1300.55399899999,"d":"1,300.55"},{"v":41.4460010199999,"d":"41.45"},0,"0_50204001_4501",{"v":1207.57852183,"d":"1,207.58"},{"v":0,"d":"0.00"},{"v":41.4460010199999,"d":"41.45"},{"v":0,"d":"0.00"},"0_50204001_4501_950","F",{"v":0.00272708338553,"d":"0.00"},{"v":2.258307295e-06,"d":"0.00"},{"v":9.3597806466e-05,"d":"0.00"}]
[5,502,50204,{"v":8209.41417999999,"d":"8,209.41"},4313,{"v":0.525372445,"d":"0.53"},"M",310,50204001,{"v":1302.58734123999,"d":"1,302.59"},1342,{"v":1.03025721,"d":"1.03"},{"v":0,"d":"0.00"},{"v":0.969116244,"d":"0.97"},{"v":1300.55399899999,"d":"1,300.55"},{"v":41.4460010199999,"d":"41.45"},0,"0_50204001_4501",{"v":1207.57852183,"d":"1,207.58"},{"v":0,"d":"0.00"},{"v":41.4460010199999,"d":"41.45"},{"v":0,"d":"0.00"},"0_50204001_4501_951","F",{"v":0.0187658152842,"d":"0.02"},{"v":1.554003731e-05,"d":"0.00"},{"v":0.000644072402209,"d":"0.00"}]
[5,502,50204,{"v":8209.41417999999,"d":"8,209.41"},4313,{"v":0.525372445,"d":"0.53"},"M",310,50204001,{"v":1302.58734123999,"d":"1,302.59"},1342,{"v":1.03025721,"d":"1.03"},{"v":0,"d":"0.00"},{"v":0.969116244,"d":"0.97"},{"v":1300.55399899999,"d":"1,300.55"},{"v":41.4460010199999,"d":"41.45"},0,"0_50204001_4501",{"v":1207.57852183,"d":"1,207.58"},{"v":0,"d":"0.00"},{"v":41.4460010199999,"d":"41.45"},{"v":0,"d":"0.00"},"0_50204001_4501_952","F",{"v":0.379116549036,"d":"0.38"},{"v":0.000313947741023,"d":"0.00"},{"v":0.0130118783947,"d":"0.01"}]
[5,502,50204,{"v":8209.41417999999,"d":"8,209.41"},4313,{"v":0.525372445,"d":"0.53"},"M",310,50204001,{"v":1302.58734123999,"d":"1,302.59"},1342,{"v":1.03025721,"d":"1.03"},{"v":0,"d":"0.00"},{"v":0.969116244,"d":"0.97"},{"v":1300.55399899999,"d":"1,300.55"},{"v":41.4460010199999,"d":"41.45"},0,"0_50204001_4501",{"v":1207.57852183,"d":"1,207.58"},{"v":0,"d":"0.00"},{"v":41.4460010199999,"d":"41.45"},{"v":0,"d":"0.00"},"0_50204001_4501_953","F",{"v":0.0244428089701,"d":"0.02"},{"v":2.0241175649e-05,"d":"0.00"},{"v":0.000838915786586,"d":"0.00"}]
[5,502,50204,{"v":8209.41417999999,"d":"8,209.41"},4313,{"v":0.525372445,"d":"0.53"},"M",310,50204001,{"v":1302.58734123999,"d":"1,302.59"},1342,{"v":1.03025721,"d":"1.03"},{"v":0,"d":"0.00"},{"v":0.969116244,"d":"0.97"},{"v":1300.55399899999,"d":"1,300.55"},{"v":41.4460010199999,"d":"41.45"},0,"0_50204001_4501",{"v":1207.57852183,"d":"1,207.58"},{"v":0,"d":"0.00"},{"v":41.4460010199999,"d":"41.45"},{"v":0,"d":"0.00"},"0_50204001_4501_954","G",{"v":4.04159412793,"d":"4.04"},{"v":0.0033468582414,"d":"0.00"},{"v":0.138713890087,"d":"0.14"}]
[5,502,50204,{"v":8209.41417999999,"d":"8,209.41"},4313,{"v":0.525372445,"d":"0.53"},"M",310,50204001,{"v":1302.58734123999,"d":"1,302.59"},1342,{"v":1.03025721,"d":"1.03"},{"v":0,"d":"0.00"},{"v":0.969116244,"d":"0.97"},{"v":1300.55399899999,"d":"1,300.55"},{"v":41.4460010199999,"d":"41.45"},0,"0_50204001_4501",{"v":1207.57852183,"d":"1,207.58"},{"v":0,"d":"0.00"},{"v":41.4460010199999,"d":"41.45"},{"v":0,"d":"0.00"},"0_50204001_4501_955","G",{"v":0.0384059241213,"d":"0.04"},{"v":3.1804080171e-05,"d":"0.00"},{"v":1.31815193922E-3,"d":"0.00"}]
[5,502,50204,{"v":8209.41417999999,"d":"8,209.41"},4313,{"v":0.525372445,"d":"0.53"},"M",310,50204001,{"v":1302.58734123999,"d":"1,302.59"},1342,{"v":1.03025721,"d":"1.03"},{"v":0,"d":"0.00"},{"v":0.969116244,"d":"0.97"},{"v":1300.55399899999,"d":"1,300.55"},{"v":41.4460010199999,"d":"41.45"},0,"0_50204001_4501",{"v":1207.57852183,"d":"1,207.58"},{"v":0,"d":"0.00"},{"v":41.4460010199999,"d":"41.45"},{"v":0,"d":"0.00"},"0_50204001_4501_956","G",{"v":58.5443061427999,"d":"58.54"},{"v":0.0484807448,"d":"0.05"},{"v":2.00933299843,"d":"2.01"}]
[5,502,50204,{"v":8209.41417999999,"d":"8,209.41"},4313,{"v":0.525372445,"d":"0.53"},"M",310,50204001,{"v":1302.58734123999,"d":"1,302.59"},1342,{"v":1.03025721,"d":"1.03"},{"v":0,"d":"0.00"},{"v":0.969116244,"d":"0.97"},{"v":1300.55399899999,"d":"1,300.55"},{"v":41.4460010199999,"d":"41.45"},0,"0_50204001_4501",{"v":1207.57852183,"d":"1,207.58"},{"v":0,"d":"0.00"},{"v":41.4460010199999,"d":"41.45"},{"v":0,"d":"0.00"},"0_50204001_4501_957","G",{"v":24.0867832598999,"d":"24.09"},{"v":0.0199463495122,"d":"0.02"},{"v":0.826696422228,"d":"0.83"}]
[5,502,50204,{"v":8209.41417999999,"d":"8,209.41"},4313,{"v":0.525372445,"d":"0.53"},"M",310,50204001,{"v":1302.58734123999,"d":"1,302.59"},1342,{"v":1.03025721,"d":"1.03"},{"v":0,"d":"0.00"},{"v":0.969116244,"d":"0.97"},{"v":1300.55399899999,"d":"1,300.55"},{"v":41.4460010199999,"d":"41.45"},0,"0_50204001_4501",{"v":1207.57852183,"d":"1,207.58"},{"v":0,"d":"0.00"},{"v":41.4460010199999,"d":"41.45"},{"v":0,"d":"0.00"},"0_50204001_4501_958","G",{"v":5.38126361962,"d":"5.38"},{"v":0.00445624323581,"d":"0.00"},{"v":0.184693461697,"d":"0.18"}]
[5,502,50204,{"v":8209.41417999999,"d":"8,209.41"},4313,{"v":0.525372445,"d":"0.53"},"M",310,50204001,{"v":1302.58734123999,"d":"1,302.59"},1342,{"v":1.03025721,"d":"1.03"},{"v":0,"d":"0.00"},{"v":0.969116244,"d":"0.97"},{"v":1300.55399899999,"d":"1,300.55"},{"v":41.4460010199999,"d":"41.45"},0,"0_50204001_4501",{"v":1207.57852183,"d":"1,207.58"},{"v":0,"d":"0.00"},{"v":41.4460010199999,"d":"41.45"},{"v":0,"d":"0.00"},"0_50204001_4501_959","G",{"v":1.35289172672,"d":"1.35"},{"v":1.12033437351E-3,"d":"0.00"},{"v":0.0464333795872,"d":"0.05"}]
[5,502,50204,{"v":8209.41417999999,"d":"8,209.41"},4313,{"v":0.525372445,"d":"0.53"},"M",310,50204001,{"v":1302.58734123999,"d":"1,302.59"},1342,{"v":1.03025721,"d":"1.03"},{"v":0,"d":"0.00"},{"v":0.969116244,"d":"0.97"},{"v":1300.55399899999,"d":"1,300.55"},{"v":41.4460010199999,"d":"41.45"},0,"0_50204001_4501",{"v":1207.57852183,"d":"1,207.58"},{"v":0,"d":"0.00"},{"v":41.4460010199999,"d":"41.45"},{"v":0,"d":"0.00"},"0_50204001_4501_960","G",{"v":1.03882590502,"d":"1.04"},{"v":0.000860255367449,"d":"0.00"},{"v":0.0356541448368,"d":"0.04"}]
[5,502,50204,{"v":8209.41417999999,"d":"8,209.41"},4313,{"v":0.525372445,"d":"0.53"},"M",310,50204001,{"v":1302.58734123999,"d":"1,302.59"},1342,{"v":1.03025721,"d":"1.03"},{"v":0,"d":"0.00"},{"v":0.969116244,"d":"0.97"},{"v":1300.55399899999,"d":"1,300.55"},{"v":41.4460010199999,"d":"41.45"},0,"0_50204001_4501",{"v":1207.57852183,"d":"1,207.58"},{"v":0,"d":"0.00"},{"v":41.4460010199999,"d":"41.45"},{"v":0,"d":"0.00"},"0_50204001_4501_961","G",{"v":0.447321035182,"d":"0.45"},{"v":0.00037042811469,"d":"0.00"},{"v":0.0153527640193,"d":"0.02"}]
[5,502,50204,{"v":8209.41417999999,"d":"8,209.41"},4313,{"v":0.525372445,"d":"0.53"},"M",310,50204001,{"v":1302.58734123999,"d":"1,302.59"},1342,{"v":1.03025721,"d":"1.03"},{"v":0,"d":"0.00"},{"v":0.969116244,"d":"0.97"},{"v":1300.55399899999,"d":"1,300.55"},{"v":41.4460010199999,"d":"41.45"},0,"0_50204001_4501",{"v":1207.57852183,"d":"1,207.58"},{"v":0,"d":"0.00"},{"v":41.4460010199999,"d":"41.45"},{"v":0,"d":"0.00"},"0_50204001_4501_962","G",{"v":4.08459960096,"d":"4.08"},{"v":0.00338247122412,"d":"0.00"},{"v":0.140189905805,"d":"0.14"}]
[5,502,50204,{"v":8209.41417999999,"d":"8,209.41"},4313,{"v":0.525372445,"d":"0.53"},"M",310,50204001,{"v":1302.58734123999,"d":"1,302.59"},1342,{"v":1.03025721,"d":"1.03"},{"v":0,"d":"0.00"},{"v":0.969116244,"d":"0.97"},{"v":1300.55399899999,"d":"1,300.55"},{"v":41.4460010199999,"d":"41.45"},0,"0_50204001_4501",{"v":1207.57852183,"d":"1,207.58"},{"v":0,"d":"0.00"},{"v":41.4460010199999,"d":"41.45"},{"v":0,"d":"0.00"},"0_50204001_4501_963","G",{"v":0.779635783887,"d":"0.78"},{"v":6.4561912107E-4,"d":"0.00"},{"v":0.0267583307504,"d":"0.03"}]
[5,502,50204,{"v":8209.41417999999,"d":"8,209.41"},4313,{"v":0.525372445,"d":"0.53"},"M",310,50204001,{"v":1302.58734123999,"d":"1,302.59"},1342,{"v":1.03025721,"d":"1.03"},{"v":0,"d":"0.00"},{"v":0.969116244,"d":"0.97"},{"v":1300.55399899999,"d":"1,300.55"},{"v":41.4460010199999,"d":"41.45"},0,"0_50204001_4501",{"v":1207.57852183,"d":"1,207.58"},{"v":0,"d":"0.00"},{"v":41.4460010199999,"d":"41.45"},{"v":0,"d":"0.00"},"0_50204001_4501_964","G",{"v":0.144447697576,"d":"0.14"},{"v":0.000119617643876,"d":"0.00"},{"v":0.00495767299009,"d":"0.00"}]
[5,502,50204,{"v":8209.41417999999,"d":"8,209.41"},4313,{"v":0.525372445,"d":"0.53"},"M",310,50204001,{"v":1302.58734123999,"d":"1,302.59"},1342,{"v":1.03025721,"d":"1.03"},{"v":0,"d":"0.00"},{"v":0.969116244,"d":"0.97"},{"v":1300.55399899999,"d":"1,300.55"},{"v":41.4460010199999,"d":"41.45"},0,"0_50204001_4501",{"v":1207.57852183,"d":"1,207.58"},{"v":0,"d":"0.00"},{"v":41.4460010199999,"d":"41.45"},{"v":0,"d":"0.00"},"0_50204001_4501_965","G",{"v":0.00797955741853,"d":"0.01"},{"v":6.607899424e-06,"d":"0.00"},{"v":0.000273871006257,"d":"0.00"}]
[5,502,50204,{"v":8209.41417999999,"d":"8,209.41"},4313,{"v":0.525372445,"d":"0.53"},"M",310,50204001,{"v":1302.58734123999,"d":"1,302.59"},1342,{"v":1.03025721,"d":"1.03"},{"v":0,"d":"0.00"},{"v":0.969116244,"d":"0.97"},{"v":1300.55399899999,"d":"1,300.55"},{"v":41.4460010199999,"d":"41.45"},0,"0_50204001_4501",{"v":1207.57852183,"d":"1,207.58"},{"v":0,"d":"0.00"},{"v":41.4460010199999,"d":"41.45"},{"v":0,"d":"0.00"},"0_50204001_4501_966","G",{"v":0.148471465614,"d":"0.15"},{"v":0.000122949740269,"d":"0.00"},{"v":0.0050957750606,"d":"0.01"}]
[5,502,50204,{"v":8209.41417999999,"d":"8,209.41"},4313,{"v":0.525372445,"d":"0.53"},"M",310,50204001,{"v":1302.58734123999,"d":"1,302.59"},1342,{"v":1.03025721,"d":"1.03"},{"v":0,"d":"0.00"},{"v":0.969116244,"d":"0.97"},{"v":1300.55399899999,"d":"1,300.55"},{"v":41.4460010199999,"d":"41.45"},0,"0_50204001_4501",{"v":1207.57852183,"d":"1,207.58"},{"v":0,"d":"0.00"},{"v":41.4460010199999,"d":"41.45"},{"v":0,"d":"0.00"},"0_50204001_4501_967","G",{"v":0.157338570652,"d":"0.16"},{"v":1.30292620983E-4,"d":"0.00"},{"v":0.00540010810216,"d":"0.01"}]
[5,502,50204,{"v":8209.41417999999,"d":"8,209.41"},4313,{"v":0.525372445,"d":"0.53"},"M",310,50204002,{"v":6813.24258601,"d":"6,813.24"},978,{"v":0.143543986,"d":"0.14"},{"v":0,"d":"0.00"},{"v":0.969116244,"d":"0.97"},{"v":947.7956863,"d":"947.80"},{"v":30.20431371,"d":"30.20"},0,"0_50204002_4502",{"v":6702.23683323,"d":"6,702.24"},{"v":0,"d":"0.00"},{"v":30.20431371,"d":"30.20"},{"v":0,"d":"0.00"},"0_50204002_4502_968","außerhalb GKL",{"v":66.4817198416999,"d":"66.48"},{"v":0.00991933312653,"d":"0.01"},{"v":0.299606649548,"d":"0.30"}]
[5,502,50204,{"v":8209.41417999999,"d":"8,209.41"},4313,{"v":0.525372445,"d":"0.53"},"M",310,50204002,{"v":6813.24258601,"d":"6,813.24"},978,{"v":0.143543986,"d":"0.14"},{"v":0,"d":"0.00"},{"v":0.969116244,"d":"0.97"},{"v":947.7956863,"d":"947.80"},{"v":30.20431371,"d":"30.20"},0,"0_50204002_4502",{"v":6702.23683323,"d":"6,702.24"},{"v":0,"d":"0.00"},{"v":30.20431371,"d":"30.20"},{"v":0,"d":"0.00"},"0_50204002_4502_969","außerhalb GKL",{"v":6576.75921059,"d":"6,576.76"},{"v":0.981278246985,"d":"0.98"},{"v":29.6388360087,"d":"29.64"}]
[5,502,50204,{"v":8209.41417999999,"d":"8,209.41"},4313,{"v":0.525372445,"d":"0.53"},"M",310,50204002,{"v":6813.24258601,"d":"6,813.24"},978,{"v":0.143543986,"d":"0.14"},{"v":0,"d":"0.00"},{"v":0.969116244,"d":"0.97"},{"v":947.7956863,"d":"947.80"},{"v":30.20431371,"d":"30.20"},0,"0_50204002_4502",{"v":6702.23683323,"d":"6,702.24"},{"v":0,"d":"0.00"},{"v":30.20431371,"d":"30.20"},{"v":0,"d":"0.00"},"0_50204002_4502_970","außerhalb GKL",{"v":0.392219554028,"d":"0.39"},{"v":5.8520694477e-05,"d":"0.00"},{"v":0.0017675774145,"d":"0.00"}]
[5,502,50204,{"v":8209.41417999999,"d":"8,209.41"},4313,{"v":0.525372445,"d":"0.53"},"M",310,50204002,{"v":6813.24258601,"d":"6,813.24"},978,{"v":0.143543986,"d":"0.14"},{"v":0,"d":"0.00"},{"v":0.969116244,"d":"0.97"},{"v":947.7956863,"d":"947.80"},{"v":30.20431371,"d":"30.20"},0,"0_50204002_4502",{"v":6702.23683323,"d":"6,702.24"},{"v":0,"d":"0.00"},{"v":30.20431371,"d":"30.20"},{"v":0,"d":"0.00"},"0_50204002_4502_971","B",{"v":0.313215062589,"d":"0.31"},{"v":4.6732914754e-05,"d":"0.00"},{"v":1.41153561782E-3,"d":"0.00"}]
[5,502,50204,{"v":8209.41417999999,"d":"8,209.41"},4313,{"v":0.525372445,"d":"0.53"},"M",310,50204002,{"v":6813.24258601,"d":"6,813.24"},978,{"v":0.143543986,"d":"0.14"},{"v":0,"d":"0.00"},{"v":0.969116244,"d":"0.97"},{"v":947.7956863,"d":"947.80"},{"v":30.20431371,"d":"30.20"},0,"0_50204002_4502",{"v":6702.23683323,"d":"6,702.24"},{"v":0,"d":"0.00"},{"v":30.20431371,"d":"30.20"},{"v":0,"d":"0.00"},"0_50204002_4502_972","C",{"v":2.45501971352,"d":"2.46"},{"v":0.000366298561899,"d":"0.00"},{"v":0.0110637966751,"d":"0.01"}]
[5,502,50204,{"v":8209.41417999999,"d":"8,209.41"},4313,{"v":0.525372445,"d":"0.53"},"M",310,50204002,{"v":6813.24258601,"d":"6,813.24"},978,{"v":0.143543986,"d":"0.14"},{"v":0,"d":"0.00"},{"v":0.969116244,"d":"0.97"},{"v":947.7956863,"d":"947.80"},{"v":30.20431371,"d":"30.20"},0,"0_50204002_4502",{"v":6702.23683323,"d":"6,702.24"},{"v":0,"d":"0.00"},{"v":30.20431371,"d":"30.20"},{"v":0,"d":"0.00"},"0_50204002_4502_973","C",{"v":0.330817873414,"d":"0.33"},{"v":4.935932311e-05,"d":"0.00"},{"v":0.00149086447974,"d":"0.00"}]
[5,502,50204,{"v":8209.41417999999,"d":"8,209.41"},4313,{"v":0.525372445,"d":"0.53"},"M",310,50204002,{"v":6813.24258601,"d":"6,813.24"},978,{"v":0.143543986,"d":"0.14"},{"v":0,"d":"0.00"},{"v":0.969116244,"d":"0.97"},{"v":947.7956863,"d":"947.80"},{"v":30.20431371,"d":"30.20"},0,"0_50204002_4502",{"v":6702.23683323,"d":"6,702.24"},{"v":0,"d":"0.00"},{"v":30.20431371,"d":"30.20"},{"v":0,"d":"0.00"},"0_50204002_4502_974","D",{"v":2.24744909006,"d":"2.25"},{"v":0.000335328211459,"d":"0.00"},{"v":0.0101283584947,"d":"0.01"}]
[5,502,50204,{"v":8209.41417999999,"d":"8,209.41"},4313,{"v":0.525372445,"d":"0.53"},"M",310,50204002,{"v":6813.24258601,"d":"6,813.24"},978,{"v":0.143543986,"d":"0.14"},{"v":0,"d":"0.00"},{"v":0.969116244,"d":"0.97"},{"v":947.7956863,"d":"947.80"},{"v":30.20431371,"d":"30.20"},0,"0_50204002_4502",{"v":6702.23683323,"d":"6,702.24"},{"v":0,"d":"0.00"},{"v":30.20431371,"d":"30.20"},{"v":0,"d":"0.00"},"0_50204002_4502_975","D",{"v":1.62320450268,"d":"1.62"},{"v":2.42188472755E-4,"d":"0.00"},{"v":0.00731513660804,"d":"0.01"}]
[5,502,50204,{"v":8209.41417999999,"d":"8,209.41"},4313,{"v":0.525372445,"d":"0.53"},"M",310,50204002,{"v":6813.24258601,"d":"6,813.24"},978,{"v":0.143543986,"d":"0.14"},{"v":0,"d":"0.00"},{"v":0.969116244,"d":"0.97"},{"v":947.7956863,"d":"947.80"},{"v":30.20431371,"d":"30.20"},0,"0_50204002_4502",{"v":6702.23683323,"d":"6,702.24"},{"v":0,"d":"0.00"},{"v":30.20431371,"d":"30.20"},{"v":0,"d":"0.00"},"0_50204002_4502_976","D",{"v":0.0193268507565,"d":"0.02"},{"v":2.88364187e-06,"d":"0.00"},{"v":8.7098423676e-05,"d":"0.00"}]
[5,502,50204,{"v":8209.41417999999,"d":"8,209.41"},4313,{"v":0.525372445,"d":"0.53"},"M",310,50204002,{"v":6813.24258601,"d":"6,813.24"},978,{"v":0.143543986,"d":"0.14"},{"v":0,"d":"0.00"},{"v":0.969116244,"d":"0.97"},{"v":947.7956863,"d":"947.80"},{"v":30.20431371,"d":"30.20"},0,"0_50204002_4502",{"v":6702.23683323,"d":"6,702.24"},{"v":0,"d":"0.00"},{"v":30.20431371,"d":"30.20"},{"v":0,"d":"0.00"},"0_50204002_4502_977","D",{"v":0.582437062413,"d":"0.58"},{"v":8.6901892145e-05,"d":"0.00"},{"v":0.00262481201235,"d":"0.00"}]
[5,502,50204,{"v":8209.41417999999,"d":"8,209.41"},4313,{"v":0.525372445,"d":"0.53"},"M",310,50204002,{"v":6813.24258601,"d":"6,813.24"},978,{"v":0.143543986,"d":"0.14"},{"v":0,"d":"0.00"},{"v":0.969116244,"d":"0.97"},{"v":947.7956863,"d":"947.80"},{"v":30.20431371,"d":"30.20"},0,"0_50204002_4502",{"v":6702.23683323,"d":"6,702.24"},{"v":0,"d":"0.00"},{"v":30.20431371,"d":"30.20"},{"v":0,"d":"0.00"},"0_50204002_4502_978","D",{"v":0.0218838337834,"d":"0.02"},{"v":3.265153758e-06,"d":"0.00"},{"v":9.862172842e-05,"d":"0.00"}]
[5,502,50204,{"v":8209.41417999999,"d":"8,209.41"},4313,{"v":0.525372445,"d":"0.53"},"M",310,50204002,{"v":6813.24258601,"d":"6,813.24"},978,{"v":0.143543986,"d":"0.14"},{"v":0,"d":"0.00"},{"v":0.969116244,"d":"0.97"},{"v":947.7956863,"d":"947.80"},{"v":30.20431371,"d":"30.20"},0,"0_50204002_4502",{"v":6702.23683323,"d":"6,702.24"},{"v":0,"d":"0.00"},{"v":30.20431371,"d":"30.20"},{"v":0,"d":"0.00"},"0_50204002_4502_979","D",{"v":1.63773997392,"d":"1.64"},{"v":0.000244357222025,"d":"0.00"},{"v":0.00738064219135,"d":"0.01"}]
[5,502,50204,{"v":8209.41417999999,"d":"8,209.41"},4313,{"v":0.525372445,"d":"0.53"},"M",310,50204002,{"v":6813.24258601,"d":"6,813.24"},978,{"v":0.143543986,"d":"0.14"},{"v":0,"d":"0.00"},{"v":0.969116244,"d":"0.97"},{"v":947.7956863,"d":"947.80"},{"v":30.20431371,"d":"30.20"},0,"0_50204002_4502",{"v":6702.23683323,"d":"6,702.24"},{"v":0,"d":"0.00"},{"v":30.20431371,"d":"30.20"},{"v":0,"d":"0.00"},"0_50204002_4502_980","D",{"v":0.795320310328,"d":"0.80"},{"v":1.18664906973E-4,"d":"0.00"},{"v":0.00358419207658,"d":"0.00"}]
[5,502,50204,{"v":8209.41417999999,"d":"8,209.41"},4313,{"v":0.525372445,"d":"0.53"},"M",310,50204002,{"v":6813.24258601,"d":"6,813.24"},978,{"v":0.143543986,"d":"0.14"},{"v":0,"d":"0.00"},{"v":0.969116244,"d":"0.97"},{"v":947.7956863,"d":"947.80"},{"v":30.20431371,"d":"30.20"},0,"0_50204002_4502",{"v":6702.23683323,"d":"6,702.24"},{"v":0,"d":"0.00"},{"v":30.20431371,"d":"30.20"},{"v":0,"d":"0.00"},"0_50204002_4502_981","D",{"v":0.12760485403,"d":"0.13"},{"v":1.9039144274e-05,"d":"0.00"},{"v":0.000575064286437,"d":"0.00"}]
[5,502,50204,{"v":8209.41417999999,"d":"8,209.41"},4313,{"v":0.525372445,"d":"0.53"},"M",310,50204002,{"v":6813.24258601,"d":"6,813.24"},978,{"v":0.143543986,"d":"0.14"},{"v":0,"d":"0.00"},{"v":0.969116244,"d":"0.97"},{"v":947.7956863,"d":"947.80"},{"v":30.20431371,"d":"30.20"},0,"0_50204002_4502",{"v":6702.23683323,"d":"6,702.24"},{"v":0,"d":"0.00"},{"v":30.20431371,"d":"30.20"},{"v":0,"d":"0.00"},"0_50204002_4502_982","E",{"v":8.2722765628,"d":"8.27"},{"v":1.23425608027E-3,"d":"0.00"},{"v":0.037279857847,"d":"0.04"}]
[5,502,50204,{"v":8209.41417999999,"d":"8,209.41"},4313,{"v":0.525372445,"d":"0.53"},"M",310,50204002,{"v":6813.24258601,"d":"6,813.24"},978,{"v":0.143543986,"d":"0.14"},{"v":0,"d":"0.00"},{"v":0.969116244,"d":"0.97"},{"v":947.7956863,"d":"947.80"},{"v":30.20431371,"d":"30.20"},0,"0_50204002_4502",{"v":6702.23683323,"d":"6,702.24"},{"v":0,"d":"0.00"},{"v":30.20431371,"d":"30.20"},{"v":0,"d":"0.00"},"0_50204002_4502_983","E",{"v":2.1632719793,"d":"2.16"},{"v":0.000322768656663,"d":"0.00"},{"v":0.0097490057616,"d":"0.01"}]
[5,502,50204,{"v":8209.41417999999,"d":"8,209.41"},4313,{"v":0.525372445,"d":"0.53"},"M",310,50204002,{"v":6813.24258601,"d":"6,813.24"},978,{"v":0.143543986,"d":"0.14"},{"v":0,"d":"0.00"},{"v":0.969116244,"d":"0.97"},{"v":947.7956863,"d":"947.80"},{"v":30.20431371,"d":"30.20"},0,"0_50204002_4502",{"v":6702.23683323,"d":"6,702.24"},{"v":0,"d":"0.00"},{"v":30.20431371,"d":"30.20"},{"v":0,"d":"0.00"},"0_50204002_4502_984","E",{"v":9.71905335306,"d":"9.72"},{"v":1.45012084695E-3,"d":"0.00"},{"v":0.0437999049787,"d":"0.04"}]
[5,502,50204,{"v":8209.41417999999,"d":"8,209.41"},4313,{"v":0.525372445,"d":"0.53"},"M",310,50204002,{"v":6813.24258601,"d":"6,813.24"},978,{"v":0.143543986,"d":"0.14"},{"v":0,"d":"0.00"},{"v":0.969116244,"d":"0.97"},{"v":947.7956863,"d":"947.80"},{"v":30.20431371,"d":"30.20"},0,"0_50204002_4502",{"v":6702.23683323,"d":"6,702.24"},{"v":0,"d":"0.00"},{"v":30.20431371,"d":"30.20"},{"v":0,"d":"0.00"},"0_50204002_4502_985","G",{"v":0.0977378479448,"d":"0.10"},{"v":1.4582869925E-5,"d":"0.00"},{"v":0.000440465578004,"d":"0.00"}]
[5,502,50204,{"v":8209.41417999999,"d":"8,209.41"},4313,{"v":0.525372445,"d":"0.53"},"M",310,50204002,{"v":6813.24258601,"d":"6,813.24"},978,{"v":0.143543986,"d":"0.14"},{"v":0,"d":"0.00"},{"v":0.969116244,"d":"0.97"},{"v":947.7956863,"d":"947.80"},{"v":30.20431371,"d":"30.20"},0,"0_50204002_4502",{"v":6702.23683323,"d":"6,702.24"},{"v":0,"d":"0.00"},{"v":30.20431371,"d":"30.20"},{"v":0,"d":"0.00"},"0_50204002_4502_986","G",{"v":2.30005327063,"d":"2.30"},{"v":0.000343176961343,"d":"0.00"},{"v":0.0103654245984,"d":"0.01"}]
[5,502,50204,{"v":8209.41417999999,"d":"8,209.41"},4313,{"v":0.525372445,"d":"0.53"},"M",310,50204002,{"v":6813.24258601,"d":"6,813.24"},978,{"v":0.143543986,"d":"0.14"},{"v":0,"d":"0.00"},{"v":0.969116244,"d":"0.97"},{"v":947.7956863,"d":"947.80"},{"v":30.20431371,"d":"30.20"},0,"0_50204002_4502",{"v":6702.23683323,"d":"6,702.24"},{"v":0,"d":"0.00"},{"v":30.20431371,"d":"30.20"},{"v":0,"d":"0.00"},"0_50204002_4502_987","G",{"v":6.88454347565,"d":"6.88"},{"v":1.02720086547E-3,"d":"0.00"},{"v":0.0310258971838,"d":"0.03"}]
[5,502,50204,{"v":8209.41417999999,"d":"8,209.41"},4313,{"v":0.525372445,"d":"0.53"},"M",310,50204002,{"v":6813.24258601,"d":"6,813.24"},978,{"v":0.143543986,"d":"0.14"},{"v":0,"d":"0.00"},{"v":0.969116244,"d":"0.97"},{"v":947.7956863,"d":"947.80"},{"v":30.20431371,"d":"30.20"},0,"0_50204002_4502",{"v":6702.23683323,"d":"6,702.24"},{"v":0,"d":"0.00"},{"v":30.20431371,"d":"30.20"},{"v":0,"d":"0.00"},"0_50204002_4502_988","G",{"v":0.457093530161,"d":"0.46"},{"v":6.8200145942e-05,"d":"0.00"},{"v":0.00205993860308,"d":"0.00"}]
[5,502,50204,{"v":8209.41417999999,"d":"8,209.41"},4313,{"v":0.525372445,"d":"0.53"},"M",310,50204002,{"v":6813.24258601,"d":"6,813.24"},978,{"v":0.143543986,"d":"0.14"},{"v":0,"d":"0.00"},{"v":0.969116244,"d":"0.97"},{"v":947.7956863,"d":"947.80"},{"v":30.20431371,"d":"30.20"},0,"0_50204002_4502",{"v":6702.23683323,"d":"6,702.24"},{"v":0,"d":"0.00"},{"v":30.20431371,"d":"30.20"},{"v":0,"d":"0.00"},"0_50204002_4502_989","G",{"v":18.5383848540999,"d":"18.54"},{"v":2.76599966778E-3,"d":"0.00"},{"v":0.0835451216874,"d":"0.08"}]
[5,502,50204,{"v":8209.41417999999,"d":"8,209.41"},4313,{"v":0.525372445,"d":"0.53"},"M",310,50204002,{"v":6813.24258601,"d":"6,813.24"},978,{"v":0.143543986,"d":"0.14"},{"v":0,"d":"0.00"},{"v":0.969116244,"d":"0.97"},{"v":947.7956863,"d":"947.80"},{"v":30.20431371,"d":"30.20"},0,"0_50204002_4502",{"v":6702.23683323,"d":"6,702.24"},{"v":0,"d":"0.00"},{"v":30.20431371,"d":"30.20"},{"v":0,"d":"0.00"},"0_50204002_4502_990","G",{"v":0.0172492363991,"d":"0.02"},{"v":2.573653666e-06,"d":"0.00"},{"v":7.7735442722e-05,"d":"0.00"}]
[5,502,50205,{"v":2699.01415099999,"d":"2,699.01"},21314,{"v":7.896957485,"d":"7.90"},"ST",101,50205000,{"v":88.9360575949999,"d":"88.94"},2222,{"v":24.98424216,"d":"24.98"},{"v":0,"d":"0.00"},{"v":0.965932983,"d":"0.97"},{"v":2146.303088,"d":"2,146.30"},{"v":75.6969117099999,"d":"75.70"},0,"0_50205000_4503",{"v":60.1340606107999,"d":"60.13"},{"v":0,"d":"0.00"},{"v":75.6969117099999,"d":"75.70"},{"v":0,"d":"0.00"},"0_50205000_4503_991","außerhalb GKL",{"v":9.9312889418,"d":"9.93"},{"v":0.165152475002,"d":"0.17"},{"v":12.5015323189,"d":"12.50"}]
[5,502,50205,{"v":2699.01415099999,"d":"2,699.01"},21314,{"v":7.896957485,"d":"7.90"},"ST",101,50205000,{"v":88.9360575949999,"d":"88.94"},2222,{"v":24.98424216,"d":"24.98"},{"v":0,"d":"0.00"},{"v":0.965932983,"d":"0.97"},{"v":2146.303088,"d":"2,146.30"},{"v":75.6969117099999,"d":"75.70"},0,"0_50205000_4503",{"v":60.1340606107999,"d":"60.13"},{"v":0,"d":"0.00"},{"v":75.6969117099999,"d":"75.70"},{"v":0,"d":"0.00"},"0_50205000_4503_992","außerhalb GKL",{"v":0.14690877815,"d":"0.15"},{"v":0.00244302108751,"d":"0.00"},{"v":0.184929151567,"d":"0.18"}]
[5,502,50205,{"v":2699.01415099999,"d":"2,699.01"},21314,{"v":7.896957485,"d":"7.90"},"ST",101,50205000,{"v":88.9360575949999,"d":"88.94"},2222,{"v":24.98424216,"d":"24.98"},{"v":0,"d":"0.00"},{"v":0.965932983,"d":"0.97"},{"v":2146.303088,"d":"2,146.30"},{"v":75.6969117099999,"d":"75.70"},0,"0_50205000_4503",{"v":60.1340606107999,"d":"60.13"},{"v":0,"d":"0.00"},{"v":75.6969117099999,"d":"75.70"},{"v":0,"d":"0.00"},"0_50205000_4503_993","A",{"v":0.773493793277,"d":"0.77"},{"v":0.0128628232556,"d":"0.01"},{"v":0.97367599632,"d":"0.97"}]
[5,502,50205,{"v":2699.01415099999,"d":"2,699.01"},21314,{"v":7.896957485,"d":"7.90"},"ST",101,50205000,{"v":88.9360575949999,"d":"88.94"},2222,{"v":24.98424216,"d":"24.98"},{"v":0,"d":"0.00"},{"v":0.965932983,"d":"0.97"},{"v":2146.303088,"d":"2,146.30"},{"v":75.6969117099999,"d":"75.70"},0,"0_50205000_4503",{"v":60.1340606107999,"d":"60.13"},{"v":0,"d":"0.00"},{"v":75.6969117099999,"d":"75.70"},{"v":0,"d":"0.00"},"0_50205000_4503_994","B",{"v":0.899644468774,"d":"0.90"},{"v":0.0149606472544,"d":"0.01"},{"v":1.13247479434,"d":"1.13"}]
[5,502,50205,{"v":2699.01415099999,"d":"2,699.01"},21314,{"v":7.896957485,"d":"7.90"},"ST",101,50205000,{"v":88.9360575949999,"d":"88.94"},2222,{"v":24.98424216,"d":"24.98"},{"v":0,"d":"0.00"},{"v":0.965932983,"d":"0.97"},{"v":2146.303088,"d":"2,146.30"},{"v":75.6969117099999,"d":"75.70"},0,"0_50205000_4503",{"v":60.1340606107999,"d":"60.13"},{"v":0,"d":"0.00"},{"v":75.6969117099999,"d":"75.70"},{"v":0,"d":"0.00"},"0_50205000_4503_995","B",{"v":0.000874062667805,"d":"0.00"},{"v":1.4535234423e-05,"d":"0.00"},{"v":1.10027235682E-3,"d":"0.00"}]
[5,502,50205,{"v":2699.01415099999,"d":"2,699.01"},21314,{"v":7.896957485,"d":"7.90"},"ST",101,50205000,{"v":88.9360575949999,"d":"88.94"},2222,{"v":24.98424216,"d":"24.98"},{"v":0,"d":"0.00"},{"v":0.965932983,"d":"0.97"},{"v":2146.303088,"d":"2,146.30"},{"v":75.6969117099999,"d":"75.70"},0,"0_50205000_4503",{"v":60.1340606107999,"d":"60.13"},{"v":0,"d":"0.00"},{"v":75.6969117099999,"d":"75.70"},{"v":0,"d":"0.00"},"0_50205000_4503_996","C",{"v":0.0857447074973,"d":"0.09"},{"v":0.00142589252458,"d":"0.00"},{"v":0.107935660541,"d":"0.11"}]
[5,502,50205,{"v":2699.01415099999,"d":"2,699.01"},21314,{"v":7.896957485,"d":"7.90"},"ST",101,50205000,{"v":88.9360575949999,"d":"88.94"},2222,{"v":24.98424216,"d":"24.98"},{"v":0,"d":"0.00"},{"v":0.965932983,"d":"0.97"},{"v":2146.303088,"d":"2,146.30"},{"v":75.6969117099999,"d":"75.70"},0,"0_50205000_4503",{"v":60.1340606107999,"d":"60.13"},{"v":0,"d":"0.00"},{"v":75.6969117099999,"d":"75.70"},{"v":0,"d":"0.00"},"0_50205000_4503_997","C",{"v":0.62656438278,"d":"0.63"},{"v":0.0104194590622,"d":"0.01"},{"v":0.788720872697,"d":"0.79"}]
[5,502,50205,{"v":2699.01415099999,"d":"2,699.01"},21314,{"v":7.896957485,"d":"7.90"},"ST",101,50205000,{"v":88.9360575949999,"d":"88.94"},2222,{"v":24.98424216,"d":"24.98"},{"v":0,"d":"0.00"},{"v":0.965932983,"d":"0.97"},{"v":2146.303088,"d":"2,146.30"},{"v":75.6969117099999,"d":"75.70"},0,"0_50205000_4503",{"v":60.1340606107999,"d":"60.13"},{"v":0,"d":"0.00"},{"v":75.6969117099999,"d":"75.70"},{"v":0,"d":"0.00"},"0_50205000_4503_998","C",{"v":0.0297043180848,"d":"0.03"},{"v":0.000493968273273,"d":"0.00"},{"v":0.0373918727695,"d":"0.04"}]
[5,502,50205,{"v":2699.01415099999,"d":"2,699.01"},21314,{"v":7.896957485,"d":"7.90"},"ST",101,50205014,{"v":300.22136853,"d":"300.22"},4205,{"v":14.00633146,"d":"14.01"},{"v":0,"d":"0.00"},{"v":0.965932983,"d":"0.97"},{"v":4061.74819399999,"d":"4,061.75"},{"v":143.251806399999,"d":"143.25"},0,"0_50205014_4508",{"v":200.895233646,"d":"200.90"},{"v":0,"d":"0.00"},{"v":143.251806399999,"d":"143.25"},{"v":0,"d":"0.00"},"0_50205014_4508_1248","F",{"v":0.219184014606,"d":"0.22"},{"v":1.09103641051E-3,"d":"0.00"},{"v":0.156292936654,"d":"0.16"}]
[5,502,50211,{"v":5600.12681499999,"d":"5,600.13"},1769,{"v":0.315885704,"d":"0.32"}," ",310,50211000,{"v":5600.12681494,"d":"5,600.13"},1769,{"v":0.315885704,"d":"0.32"},{"v":0,"d":"0.00"},{"v":0.969116244,"d":"0.97"},{"v":1714.366635,"d":"1,714.37"},{"v":54.63336498,"d":"54.63"},0,"0_50211000_4526",{"v":5447.43360357999,"d":"5,447.43"},{"v":0,"d":"0.00"},{"v":54.63336498,"d":"54.63"},{"v":0,"d":"0.00"},"0_50211000_4526_1541","F",{"v":3.77423356069,"d":"3.77"},{"v":0.000692846179568,"d":"0.00"},{"v":0.0378525182033,"d":"0.04"}]
[5,504,50402,{"v":10375.1502099999,"d":"10,375.15"},6865,{"v":0.661677167,"d":"0.66"},"M",430,50402004,{"v":170.199105124999,"d":"170.20"},1208,{"v":7.097569632,"d":"7.10"},{"v":0,"d":"0.00"},{"v":0.905906425,"d":"0.91"},{"v":1094.334961,"d":"1,094.33"},{"v":113.665038899999,"d":"113.67"},0,"0_50402004_4631",{"v":81.0171048069999,"d":"81.02"},{"v":0,"d":"0.00"},{"v":113.665038899999,"d":"113.67"},{"v":0,"d":"0.00"},"0_50402004_4631_1845","E",{"v":0.537801318601,"d":"0.54"},{"v":0.00663812067689,"d":"0.01"},{"v":0.754522244962,"d":"0.75"}]
[5,504,50404,{"v":4953.62159499999,"d":"4,953.62"},10580,{"v":2.135811102,"d":"2.14"},"ST",210,50404000,{"v":84.7725795249999,"d":"84.77"},2015,{"v":23.7694784199999,"d":"23.77"},{"v":0,"d":"0.00"},{"v":0.955942851,"d":"0.96"},{"v":1926.22484499999,"d":"1,926.22"},{"v":88.77515452,"d":"88.78"},0,"0_50404000_4638",{"v":23.2905508230999,"d":"23.29"},{"v":0,"d":"0.00"},{"v":88.77515452,"d":"88.78"},{"v":0,"d":"0.00"},"0_50404000_4638_2101","C",{"v":6.4164436532,"d":"6.42"},{"v":0.275495573374,"d":"0.28"},{"v":24.4571620958999,"d":"24.46"}]
[5,504,50411,{"v":12929.58446,"d":"12,929.58"},3802,{"v":0.294054307,"d":"0.29"},"M",430,50411001,{"v":12722.0386223999,"d":"12,722.04"},2253,{"v":0.177094259,"d":"0.18"},{"v":0,"d":"0.00"},{"v":0.905906425,"d":"0.91"},{"v":2041.00717499999,"d":"2,041.01"},{"v":211.992825,"d":"211.99"},0,"0_50411001_4654",{"v":12555.1884883999,"d":"12,555.19"},{"v":0,"d":"0.00"},{"v":211.992825,"d":"211.99"},{"v":0,"d":"0.00"},"0_50411001_4654_2478","G",{"v":33.4647379828999,"d":"33.46"},{"v":0.00266541103814,"d":"0.00"},{"v":0.565048015761,"d":"0.57"}]
[5,504,50418,{"v":7813.50858799999,"d":"7,813.51"},11235,{"v":1.437894369,"d":"1.44"},"ST",220,50418005,{"v":1887.45504475,"d":"1,887.46"},2552,{"v":1.352085183,"d":"1.35"},{"v":0,"d":"0.00"},{"v":0.975109986,"d":"0.98"},{"v":2488.48068499999,"d":"2,488.48"},{"v":63.51931537,"d":"63.52"},0,"0_50418005_4668",{"v":1747.21753057999,"d":"1,747.22"},{"v":0,"d":"0.00"},{"v":63.51931537,"d":"63.52"},{"v":0,"d":"0.00"},"0_50418005_4668_2782","G",{"v":0.0070898914788,"d":"0.01"},{"v":4.05781842e-06,"d":"0.00"},{"v":0.000257749847914,"d":"0.00"}]
[5,504,50424,{"v":15323.75036,"d":"15,323.75"},3058,{"v":0.199559503,"d":"0.20"},"M",410,50424000,{"v":268.13380553,"d":"268.13"},1592,{"v":5.937334149,"d":"5.94"},{"v":0,"d":"0.00"},{"v":0.921559671,"d":"0.92"},{"v":1467.122996,"d":"1,467.12"},{"v":124.8770042,"d":"124.88"},0,"0_50424000_4678",{"v":199.097471979,"d":"199.10"},{"v":0,"d":"0.00"},{"v":124.8770042,"d":"124.88"},{"v":0,"d":"0.00"},"0_50424000_4678_3034","G",{"v":6.0562333736e-05,"d":"0.00"},{"v":3.04184343e-07,"d":"0.00"},{"v":3.7985629497e-05,"d":"0.00"}]
[5,506,50605,{"v":7694.84042099999,"d":"7,694.84"},1244,{"v":0.16166677,"d":"0.16"}," ",420,50605000,{"v":7694.84042059999,"d":"7,694.84"},1244,{"v":0.16166677,"d":"0.16"},{"v":0,"d":"0.00"},{"v":0.920429496,"d":"0.92"},{"v":1145.01429299999,"d":"1,145.01"},{"v":98.9857071699999,"d":"98.99"},0,"0_50605000_4710",{"v":7610.58703737999,"d":"7,610.59"},{"v":0,"d":"0.00"},{"v":98.9857071699999,"d":"98.99"},{"v":0,"d":"0.00"},"0_50605000_4710_3415","F",{"v":0.0263009511349,"d":"0.03"},{"v":3.455837376e-06,"d":"0.00"},{"v":0.000342078506499,"d":"0.00"}]
[5,506,50611,{"v":2953.289302,"d":"2,953.29"},3643,{"v":1.233539836,"d":"1.23"}," ",220,50611001,{"v":2807.23945301,"d":"2,807.24"},2237,{"v":0.796868253,"d":"0.80"},{"v":0,"d":"0.00"},{"v":0.975109986,"d":"0.98"},{"v":2181.32103899999,"d":"2,181.32"},{"v":55.67896101,"d":"55.68"},0,"0_50611001_4721",{"v":2633.43865469999,"d":"2,633.44"},{"v":0,"d":"0.00"},{"v":55.67896101,"d":"55.68"},{"v":0,"d":"0.00"},"0_50611001_4721_3745","E",{"v":0.202362383017,"d":"0.20"},{"v":7.6843401177e-05,"d":"0.00"},{"v":0.00427856073799,"d":"0.00"}]
[5,506,50617,{"v":25332.9943099999,"d":"25,332.99"},3036,{"v":0.119843709,"d":"0.12"},"M",430,50617001,{"v":22632.1836244,"d":"22,632.18"},1622,{"v":0.071667853,"d":"0.07"},{"v":0,"d":"0.00"},{"v":0.905906425,"d":"0.91"},{"v":1469.38022099999,"d":"1,469.38"},{"v":152.619778999999,"d":"152.62"},0,"0_50617001_4734",{"v":22457.7863388,"d":"22,457.79"},{"v":0,"d":"0.00"},{"v":152.619778999999,"d":"152.62"},{"v":0,"d":"0.00"},"0_50617001_4734_4303","außerhalb GKL",{"v":21027.4744275,"d":"21,027.47"},{"v":0.936311090963,"d":"0.94"},{"v":142.899591778,"d":"142.90"}]
[5,506,50619,{"v":11846.40334,"d":"11,846.40"},16705,{"v":1.410132639,"d":"1.41"},"ST",220,50619032,{"v":1207.79903560999,"d":"1,207.80"},956,{"v":0.791522407,"d":"0.79"},{"v":0,"d":"0.00"},{"v":0.975109986,"d":"0.98"},{"v":932.2051467,"d":"932.21"},{"v":23.7948532499999,"d":"23.79"},0,"0_50619032_4746",{"v":1123.47339553,"d":"1,123.47"},{"v":0,"d":"0.00"},{"v":23.7948532499999,"d":"23.79"},{"v":0,"d":"0.00"},"0_50619032_4746_4689","D",{"v":0.572373430388,"d":"0.57"},{"v":0.000509467720967,"d":"0.00"},{"v":0.012122709656,"d":"0.01"}]
[5,506,50623,{"v":10888.0363799999,"d":"10,888.04"},1917,{"v":0.176064805,"d":"0.18"}," ",430,50623000,{"v":1735.73625188,"d":"1,735.74"},1285,{"v":0.740319849,"d":"0.74"},{"v":0,"d":"0.00"},{"v":0.905906425,"d":"0.91"},{"v":1164.089756,"d":"1,164.09"},{"v":120.910244199999,"d":"120.91"},0,"0_50623000_4753",{"v":1621.91822503999,"d":"1,621.92"},{"v":0,"d":"0.00"},{"v":120.910244199999,"d":"120.91"},{"v":0,"d":"0.00"},"0_50623000_4753_5019","E",{"v":0.944601036069,"d":"0.94"},{"v":0.00058239744858,"d":"0.00"},{"v":0.0704178177293,"d":"0.07"}]
[5,506,50627,{"v":6956.723587,"d":"6,956.72"},406,{"v":0.058360807,"d":"0.06"}," ",420,50627000,{"v":6956.72358672999,"d":"6,956.72"},406,{"v":0.058360807,"d":"0.06"},{"v":0,"d":"0.00"},{"v":0.920429496,"d":"0.92"},{"v":373.694375299999,"d":"373.69"},{"v":32.30562469,"d":"32.31"},0,"0_50627000_4759",{"v":6922.21276178999,"d":"6,922.21"},{"v":0,"d":"0.00"},{"v":32.30562469,"d":"32.31"},{"v":0,"d":"0.00"},"0_50627000_4759_5236","E",{"v":7.86497553258,"d":"7.86"},{"v":1.13619384483E-3,"d":"0.00"},{"v":0.0367054519262,"d":"0.04"}]
[7,701,70101,{"v":10481.03324,"d":"10,481.03"},131961,{"v":12.59045716,"d":"12.59"},"SR",101,70101122,{"v":105.145370885,"d":"105.15"},320,{"v":3.0434055,"d":"3.04"},{"v":0,"d":"0.00"},{"v":0.965932983,"d":"0.97"},{"v":309.0985546,"d":"309.10"},{"v":10.90144543,"d":"10.90"},0,"0_70101122_6206",{"v":83.9542179161,"d":"83.95"},{"v":0,"d":"0.00"},{"v":10.90144543,"d":"10.90"},{"v":0,"d":"0.00"},"0_70101122_6206_5626","außerhalb GKL",{"v":2.75988316406,"d":"2.76"},{"v":0.0328736689182,"d":"0.03"},{"v":0.358370507796,"d":"0.36"}]
[7,701,70101,{"v":10481.03324,"d":"10,481.03"},131961,{"v":12.59045716,"d":"12.59"},"SR",101,70101311,{"v":240.19678292,"d":"240.20"},168,{"v":0.69942652,"d":"0.70"},{"v":0,"d":"0.00"},{"v":0.965932983,"d":"0.97"},{"v":162.2767411,"d":"162.28"},{"v":5.723258851,"d":"5.72"},0,"0_70101311_6240",{"v":214.088457841,"d":"214.09"},{"v":0,"d":"0.00"},{"v":5.723258851,"d":"5.72"},{"v":0,"d":"0.00"},"0_70101311_6240_5956","G",{"v":4.37291400075,"d":"4.37"},{"v":0.0204257345064,"d":"0.02"},{"v":0.116901765802,"d":"0.12"}]
[7,701,70101,{"v":10481.03324,"d":"10,481.03"},131961,{"v":12.59045716,"d":"12.59"},"SR",101,70101361,{"v":249.644707659999,"d":"249.64"},1,{"v":0.004005693,"d":"0.00"},{"v":0,"d":"0.00"},{"v":0.965932983,"d":"0.97"},{"v":0.965932983,"d":"0.97"},{"v":0.034067017,"d":"0.03"},0,"0_70101361_6261",{"v":242.289181345999,"d":"242.29"},{"v":0,"d":"0.00"},{"v":0.034067017,"d":"0.03"},{"v":0,"d":"0.00"},"0_70101361_6261_6169","D",{"v":3.66923359716,"d":"3.67"},{"v":0.0151440257331,"d":"0.02"},{"v":0.000515911782098,"d":"0.00"}]
[7,702,70201,{"v":2935.35240599999,"d":"2,935.35"},3164,{"v":1.077894427,"d":"1.08"}," ",103,70201000,{"v":1309.57620111,"d":"1,309.58"},2147,{"v":1.639461681,"d":"1.64"},{"v":0,"d":"0.00"},{"v":0.975480312,"d":"0.98"},{"v":2094.35622999999,"d":"2,094.36"},{"v":52.64377021,"d":"52.64"},0,"0_70201000_6294",{"v":1214.8218007,"d":"1,214.82"},{"v":0,"d":"0.00"},{"v":52.64377021,"d":"52.64"},{"v":0,"d":"0.00"},"0_70201000_6294_6589","D",{"v":0.00618628490493,"d":"0.01"},{"v":5.092339388e-06,"d":"0.00"},{"v":0.000268079944566,"d":"0.00"}]
[7,702,70204,{"v":1081.37242199999,"d":"1,081.37"},801,{"v":0.740725382,"d":"0.74"}," ",310,70204000,{"v":1081.37242162,"d":"1,081.37"},801,{"v":0.740725382,"d":"0.74"},{"v":0,"d":"0.00"},{"v":0.969116244,"d":"0.97"},{"v":776.2621112,"d":"776.26"},{"v":24.73788884,"d":"24.74"},0,"0_70204000_6304",{"v":1032.79680336999,"d":"1,032.80"},{"v":0,"d":"0.00"},{"v":24.73788884,"d":"24.74"},{"v":0,"d":"0.00"},"0_70204000_6304_6893","G",{"v":0.291539151788,"d":"0.29"},{"v":0.000282281229799,"d":"0.00"},{"v":0.00698304168439,"d":"0.01"}]
[7,702,70209,{"v":5033.949271,"d":"5,033.95"},3790,{"v":0.752888,"d":"0.75"}," ",310,70209000,{"v":260.22614511,"d":"260.23"},2645,{"v":10.16423618,"d":"10.16"},{"v":0,"d":"0.00"},{"v":0.969116244,"d":"0.97"},{"v":2563.312464,"d":"2,563.31"},{"v":81.6875355399999,"d":"81.69"},0,"0_70209000_6311",{"v":98.5568764792,"d":"98.56"},{"v":0,"d":"0.00"},{"v":81.6875355399999,"d":"81.69"},{"v":0,"d":"0.00"},"0_70209000_6311_7102","außerhalb GKL",{"v":1.16842529125,"d":"1.17"},{"v":0.0118553401142,"d":"0.01"},{"v":0.968433516918,"d":"0.97"}]
[7,702,70217,{"v":22344.49665,"d":"22,344.50"},1384,{"v":0.061939189,"d":"0.06"}," ",430,70217000,{"v":5345.64957426,"d":"5,345.65"},794,{"v":0.148531996,"d":"0.15"},{"v":0,"d":"0.00"},{"v":0.905906425,"d":"0.91"},{"v":719.2897013,"d":"719.29"},{"v":74.71029873,"d":"74.71"},0,"0_70217000_6322",{"v":5249.34101447,"d":"5,249.34"},{"v":0,"d":"0.00"},{"v":74.71029873,"d":"74.71"},{"v":0,"d":"0.00"},"0_70217000_6322_7526","F",{"v":0.0270020293736,"d":"0.03"},{"v":5.143889357e-06,"d":"0.00"},{"v":0.000384301510467,"d":"0.00"}]
[7,702,70221,{"v":3355.18714399999,"d":"3,355.19"},1547,{"v":0.461077112,"d":"0.46"}," ",310,70221000,{"v":3355.18714395999,"d":"3,355.19"},1547,{"v":0.461077112,"d":"0.46"},{"v":0,"d":"0.00"},{"v":0.969116244,"d":"0.97"},{"v":1499.222829,"d":"1,499.22"},{"v":47.77717107,"d":"47.78"},0,"0_70221000_6329",{"v":3236.48759142,"d":"3,236.49"},{"v":0,"d":"0.00"},{"v":47.77717107,"d":"47.78"},{"v":0,"d":"0.00"},"0_70221000_6329_7830","G",{"v":29.1439566922,"d":"29.14"},{"v":0.00900481026699,"d":"0.01"},{"v":0.430224360579,"d":"0.43"}]
[7,703,70304,{"v":2216.089981,"d":"2,216.09"},6048,{"v":2.72913106,"d":"2.73"}," ",101,70304001,{"v":1956.33603775999,"d":"1,956.34"},1166,{"v":0.596012125,"d":"0.60"},{"v":0,"d":"0.00"},{"v":0.965932983,"d":"0.97"},{"v":1126.27785799999,"d":"1,126.28"},{"v":39.72214179,"d":"39.72"},0,"0_70304001_6343",{"v":1861.61063364999,"d":"1,861.61"},{"v":0,"d":"0.00"},{"v":39.72214179,"d":"39.72"},{"v":0,"d":"0.00"},"0_70304001_6343_8291","F",{"v":3.02968016179,"d":"3.03"},{"v":0.00162745103999,"d":"0.00"},{"v":0.0646458409668,"d":"0.06"}]
[7,703,70308,{"v":1961.570445,"d":"1,961.57"},1309,{"v":0.667322453,"d":"0.67"}," ",310,70308000,{"v":1961.57044464999,"d":"1,961.57"},1309,{"v":0.667322453,"d":"0.67"},{"v":0,"d":"0.00"},{"v":0.969116244,"d":"0.97"},{"v":1268.573163,"d":"1,268.57"},{"v":40.4268370599999,"d":"40.43"},0,"0_70308000_6349",{"v":1883.12496097,"d":"1,883.12"},{"v":0,"d":"0.00"},{"v":40.4268370599999,"d":"40.43"},{"v":0,"d":"0.00"},"0_70308000_6349_8463","außerhalb GKL",{"v":0.00012798381759,"d":"0.00"},{"v":6.7963529e-08,"d":"0.00"},{"v":2.747550506E-6,"d":"0.00"}]
[7,703,70314,{"v":2262.982668,"d":"2,262.98"},616,{"v":0.272207122,"d":"0.27"}," ",310,70314000,{"v":2262.98266813,"d":"2,262.98"},616,{"v":0.272207122,"d":"0.27"},{"v":0,"d":"0.00"},{"v":0.969116244,"d":"0.97"},{"v":596.9756061,"d":"596.98"},{"v":19.02439391,"d":"19.02"},0,"0_70314000_6361",{"v":2219.11932333999,"d":"2,219.12"},{"v":0,"d":"0.00"},{"v":19.02439391,"d":"19.02"},{"v":0,"d":"0.00"},"0_70314000_6361_8767","G",{"v":6.5566565311e-05,"d":"0.00"},{"v":2.954621e-08,"d":"0.00"},{"v":5.62098736e-07,"d":"0.00"}]
[7,703,70330,{"v":2883.06134299999,"d":"2,883.06"},1427,{"v":0.494959985,"d":"0.49"}," ",310,70330000,{"v":110.706977147,"d":"110.71"},997,{"v":9.005755786,"d":"9.01"},{"v":0,"d":"0.00"},{"v":0.969116244,"d":"0.97"},{"v":966.2088949,"d":"966.21"},{"v":30.79110508,"d":"30.79"},0,"0_70330000_6377",{"v":58.1033212695,"d":"58.10"},{"v":0,"d":"0.00"},{"v":30.79110508,"d":"30.79"},{"v":0,"d":"0.00"},"0_70330000_6377_9224","C",{"v":1.13532838207,"d":"1.14"},{"v":0.0195398190201,"d":"0.02"},{"v":0.601652620692,"d":"0.60"}]
[7,703,70335,{"v":1857.97468299999,"d":"1,857.97"},1861,{"v":1.001628288,"d":"1.00"}," ",103,70335000,{"v":1857.97468258999,"d":"1,857.97"},1861,{"v":1.001628288,"d":"1.00"},{"v":0,"d":"0.00"},{"v":0.975480312,"d":"0.98"},{"v":1815.36886099999,"d":"1,815.37"},{"v":45.6311394299999,"d":"45.63"},0,"0_70335000_6387",{"v":1768.09101402999,"d":"1,768.09"},{"v":0,"d":"0.00"},{"v":45.6311394299999,"d":"45.63"},{"v":0,"d":"0.00"},"0_70335000_6387_9737","C",{"v":5.59464265559,"d":"5.59"},{"v":3.16422775253E-3,"d":"0.00"},{"v":0.144387317764,"d":"0.14"}]
[7,703,70344,{"v":2088.313269,"d":"2,088.31"},1420,{"v":0.67997461,"d":"0.68"}," ",310,70344000,{"v":2088.31326894999,"d":"2,088.31"},1420,{"v":0.67997461,"d":"0.68"},{"v":0,"d":"0.00"},{"v":0.969116244,"d":"0.97"},{"v":1376.145066,"d":"1,376.15"},{"v":43.85493402,"d":"43.85"},0,"0_70344000_6396",{"v":1995.94188701999,"d":"1,995.94"},{"v":0,"d":"0.00"},{"v":43.85493402,"d":"43.85"},{"v":0,"d":"0.00"},"0_70344000_6396_10041","außerhalb GKL",{"v":29.7183265498,"d":"29.72"},{"v":0.0148893746572,"d":"0.01"},{"v":0.652972543191,"d":"0.65"}]
[7,703,70346,{"v":855.4053559,"d":"855.41"},9271,{"v":10.83813649,"d":"10.84"},"M",101,70346002,{"v":51.4820864499999,"d":"51.48"},970,{"v":18.84150521,"d":"18.84"},{"v":0,"d":"0.00"},{"v":0.965932983,"d":"0.97"},{"v":936.9549935,"d":"936.95"},{"v":33.04500646,"d":"33.05"},0,"0_70346002_6400",{"v":28.9863958245999,"d":"28.99"},{"v":0,"d":"0.00"},{"v":33.04500646,"d":"33.05"},{"v":0,"d":"0.00"},"0_70346002_6400_10157","A",{"v":0.222287103643,"d":"0.22"},{"v":0.00766866998533,"d":"0.01"},{"v":0.253411249205,"d":"0.25"}]
[7,703,70356,{"v":2736.63054499999,"d":"2,736.63"},1599,{"v":0.584295167,"d":"0.58"}," ",310,70356000,{"v":2736.63054474999,"d":"2,736.63"},1599,{"v":0.584295167,"d":"0.58"},{"v":0,"d":"0.00"},{"v":0.969116244,"d":"0.97"},{"v":1549.616874,"d":"1,549.62"},{"v":49.3831264,"d":"49.38"},0,"0_70356000_6425",{"v":2650.60155961999,"d":"2,650.60"},{"v":0,"d":"0.00"},{"v":49.3831264,"d":"49.38"},{"v":0,"d":"0.00"},"0_70356000_6425_10674","E",{"v":8.58284890382,"d":"8.58"},{"v":0.00323807585213,"d":"0.00"},{"v":0.159906309099,"d":"0.16"}]
[7,703,70358,{"v":2103.962821,"d":"2,103.96"},4058,{"v":1.928741306,"d":"1.93"}," ",101,70358001,{"v":2002.43779238,"d":"2,002.44"},1235,{"v":0.616748248,"d":"0.62"},{"v":0,"d":"0.00"},{"v":0.965932983,"d":"0.97"},{"v":1192.92723399999,"d":"1,192.93"},{"v":42.0727659599999,"d":"42.07"},0,"0_70358001_6433",{"v":1938.64229234999,"d":"1,938.64"},{"v":0,"d":"0.00"},{"v":42.0727659599999,"d":"42.07"},{"v":0,"d":"0.00"},"0_70358001_6433_11004","F",{"v":0.00332862836834,"d":"0.00"},{"v":1.716989453E-6,"d":"0.00"},{"v":7.2238495395e-05,"d":"0.00"}]
[7,703,70368,{"v":3116.587665,"d":"3,116.59"},972,{"v":0.311879563,"d":"0.31"}," ",310,70368000,{"v":3116.58766517,"d":"3,116.59"},972,{"v":0.311879563,"d":"0.31"},{"v":0,"d":"0.00"},{"v":0.969116244,"d":"0.97"},{"v":941.980988799999,"d":"941.98"},{"v":30.0190111699999,"d":"30.02"},0,"0_70368000_6457",{"v":3049.32490534999,"d":"3,049.32"},{"v":0,"d":"0.00"},{"v":30.0190111699999,"d":"30.02"},{"v":0,"d":"0.00"},"0_70368000_6457_11426","E",{"v":0.359125531138,"d":"0.36"},{"v":1.17772143765E-4,"d":"0.00"},{"v":0.0035354032992,"d":"0.00"}]
[7,704,70402,{"v":3132.742995,"d":"3,132.74"},2639,{"v":0.842392754,"d":"0.84"}," ",410,70402000,{"v":275.012971144999,"d":"275.01"},1494,{"v":5.432471035,"d":"5.43"},{"v":0,"d":"0.00"},{"v":0.921559671,"d":"0.92"},{"v":1376.810148,"d":"1,376.81"},{"v":117.189851899999,"d":"117.19"},0,"0_70402000_6462",{"v":172.081317729,"d":"172.08"},{"v":0,"d":"0.00"},{"v":117.189851899999,"d":"117.19"},{"v":0,"d":"0.00"},"0_70402000_6462_11611","D",{"v":0.00052672738948,"d":"0.00"},{"v":3.060921409e-06,"d":"0.00"},{"v":3.58708926567E-4,"d":"0.00"}]
[7,704,70403,{"v":7627.343469,"d":"7,627.34"},4333,{"v":0.568087699,"d":"0.57"},"M",420,70403003,{"v":4214.58716851999,"d":"4,214.59"},781,{"v":0.185308778,"d":"0.19"},{"v":0,"d":"0.00"},{"v":0.920429496,"d":"0.92"},{"v":718.855436299999,"d":"718.86"},{"v":62.14456375,"d":"62.14"},0,"0_70403003_6467",{"v":4129.48148637,"d":"4,129.48"},{"v":0,"d":"0.00"},{"v":62.14456375,"d":"62.14"},{"v":0,"d":"0.00"},"0_70403003_6467_11941","G",{"v":6.9355210748,"d":"6.94"},{"v":1.67951378344E-3,"d":"0.00"},{"v":0.104372651384,"d":"0.10"}]
[7,704,70408,{"v":8779.29725499999,"d":"8,779.30"},1519,{"v":0.173020682,"d":"0.17"}," ",420,70408000,{"v":8779.29725485,"d":"8,779.30"},1519,{"v":0.173020682,"d":"0.17"},{"v":0,"d":"0.00"},{"v":0.920429496,"d":"0.92"},{"v":1398.13240399999,"d":"1,398.13"},{"v":120.8675958,"d":"120.87"},0,"0_70408000_6476",{"v":8613.26888270999,"d":"8,613.27"},{"v":0,"d":"0.00"},{"v":120.8675958,"d":"120.87"},{"v":0,"d":"0.00"},"0_70408000_6476_12359","G",{"v":0.240853324827,"d":"0.24"},{"v":2.7963056548e-05,"d":"0.00"},{"v":3.37982741613E-3,"d":"0.00"}]
[7,704,70409,{"v":9771.730261,"d":"9,771.73"},5230,{"v":0.535217393,"d":"0.54"}," ",410,70409001,{"v":437.726155039999,"d":"437.73"},2268,{"v":5.181321641,"d":"5.18"},{"v":0,"d":"0.00"},{"v":0.921559671,"d":"0.92"},{"v":2090.097333,"d":"2,090.10"},{"v":177.902666799999,"d":"177.90"},0,"0_70409001_6478",{"v":306.16904495,"d":"306.17"},{"v":0,"d":"0.00"},{"v":177.902666799999,"d":"177.90"},{"v":0,"d":"0.00"},"0_70409001_6478_12548","G",{"v":0.00700803337136,"d":"0.01"},{"v":2.2889424934e-05,"d":"0.00"},{"v":0.00407208973721,"d":"0.00"}]
[7,704,70411,{"v":5797.077296,"d":"5,797.08"},8225,{"v":1.418818411,"d":"1.42"},"ST",220,70411003,{"v":1917.09045216,"d":"1,917.09"},2298,{"v":1.198691484,"d":"1.20"},{"v":0,"d":"0.00"},{"v":0.975109986,"d":"0.98"},{"v":2240.802748,"d":"2,240.80"},{"v":57.19725185,"d":"57.20"},0,"0_70411003_6486",{"v":1775.4959831,"d":"1,775.50"},{"v":0,"d":"0.00"},{"v":57.19725185,"d":"57.20"},{"v":0,"d":"0.00"},"0_70411003_6486_12878","E",{"v":5.79774366118,"d":"5.80"},{"v":0.0032654220096,"d":"0.00"},{"v":0.18677316508,"d":"0.19"}]
[7,704,70413,{"v":1770.436373,"d":"1,770.44"},2290,{"v":1.293466422,"d":"1.29"}," ",410,70413000,{"v":1770.43637302,"d":"1,770.44"},2290,{"v":1.293466422,"d":"1.29"},{"v":0,"d":"0.00"},{"v":0.921559671,"d":"0.92"},{"v":2110.371646,"d":"2,110.37"},{"v":179.628354,"d":"179.63"},0,"0_70413000_6493",{"v":1584.30789464999,"d":"1,584.31"},{"v":0,"d":"0.00"},{"v":179.628354,"d":"179.63"},{"v":0,"d":"0.00"},"0_70413000_6493_13292","E",{"v":0.00511340314112,"d":"0.01"},{"v":3.227531188e-06,"d":"0.00"},{"v":0.000579756114755,"d":"0.00"}]
[7,704,70416,{"v":5907.01798299999,"d":"5,907.02"},9547,{"v":1.6162131259999999,"d":"1.62"},"M",210,70416002,{"v":223.553661374999,"d":"223.55"},3186,{"v":14.25161181,"d":"14.25"},{"v":0,"d":"0.00"},{"v":0.955942851,"d":"0.96"},{"v":3045.633924,"d":"3,045.63"},{"v":140.366075599999,"d":"140.37"},0,"0_70416002_6498",{"v":113.072503824999,"d":"113.07"},{"v":0,"d":"0.00"},{"v":140.366075599999,"d":"140.37"},{"v":0,"d":"0.00"},"0_70416002_6498_13511","F",{"v":3.14367728875,"d":"3.14"},{"v":0.0278023142887,"d":"0.03"},{"v":3.9025017493,"d":"3.90"}]
[7,704,70419,{"v":6371.28596099999,"d":"6,371.29"},2050,{"v":0.321756081,"d":"0.32"}," ",420,70419000,{"v":6371.28596145,"d":"6,371.29"},2050,{"v":0.321756081,"d":"0.32"},{"v":0,"d":"0.00"},{"v":0.920429496,"d":"0.92"},{"v":1886.880466,"d":"1,886.88"},{"v":163.119533499999,"d":"163.12"},0,"0_70419000_6504",{"v":6198.95813223,"d":"6,198.96"},{"v":0,"d":"0.00"},{"v":163.119533499999,"d":"163.12"},{"v":0,"d":"0.00"},"0_70419000_6504_13815","F",{"v":11.2781652774999,"d":"11.28"},{"v":0.00181936464756,"d":"0.00"},{"v":0.296773912576,"d":"0.30"}]
[7,705,70505,{"v":3796.22337299999,"d":"3,796.22"},3455,{"v":0.910115043,"d":"0.91"}," ",410,70505001,{"v":3512.6190878,"d":"3,512.62"},1183,{"v":0.336785735,"d":"0.34"},{"v":0,"d":"0.00"},{"v":0.921559671,"d":"0.92"},{"v":1090.20508999999,"d":"1,090.21"},{"v":92.7949095099999,"d":"92.79"},0,"0_70505001_6514",{"v":3456.38832542,"d":"3,456.39"},{"v":0,"d":"0.00"},{"v":92.7949095099999,"d":"92.79"},{"v":0,"d":"0.00"},"0_70505001_6514_14225","G",{"v":0.140327677077,"d":"0.14"},{"v":4.0599511358E-5,"d":"0.00"},{"v":0.00376742798265,"d":"0.00"}]
[7,705,70512,{"v":2685.233486,"d":"2,685.23"},4985,{"v":1.856449365,"d":"1.86"}," ",410,70512001,{"v":119.382294634999,"d":"119.38"},2087,{"v":17.4816542599999,"d":"17.48"},{"v":0,"d":"0.00"},{"v":0.921559671,"d":"0.92"},{"v":1923.295033,"d":"1,923.30"},{"v":163.704967199999,"d":"163.70"},0,"0_70512001_6528",{"v":39.8316855007999,"d":"39.83"},{"v":0,"d":"0.00"},{"v":163.704967199999,"d":"163.70"},{"v":0,"d":"0.00"},"0_70512001_6528_14785","F",{"v":2.2742952651,"d":"2.27"},{"v":0.0570976406473,"d":"0.06"},{"v":9.34716738935999,"d":"9.35"}]
[7,705,70513,{"v":3934.09981599999,"d":"3,934.10"},19527,{"v":4.963524291,"d":"4.96"},"ST",103,70513031,{"v":104.922285119999,"d":"104.92"},4304,{"v":41.0208374199999,"d":"41.02"},{"v":0,"d":"0.00"},{"v":0.975480312,"d":"0.98"},{"v":4198.46726299999,"d":"4,198.47"},{"v":105.532737299999,"d":"105.53"},0,"0_70513031_6542",{"v":63.6979010833,"d":"63.70"},{"v":0,"d":"0.00"},{"v":105.532737299999,"d":"105.53"},{"v":0,"d":"0.00"},"0_70513031_6542_15089","C",{"v":0.0863211961655,"d":"0.09"},{"v":0.00135516547166,"d":"0.00"},{"v":0.143014321719,"d":"0.14"}]
[7,705,70517,{"v":2773.194422,"d":"2,773.19"},3398,{"v":1.225301758,"d":"1.23"}," ",410,70517000,{"v":2323.7133662,"d":"2,323.71"},2014,{"v":0.866716192,"d":"0.87"},{"v":0,"d":"0.00"},{"v":0.921559671,"d":"0.92"},{"v":1856.021177,"d":"1,856.02"},{"v":157.9788231,"d":"157.98"},0,"0_70517000_6551",{"v":2196.94818605999,"d":"2,196.95"},{"v":0,"d":"0.00"},{"v":157.9788231,"d":"157.98"},{"v":0,"d":"0.00"},"0_70517000_6551_15414","F",{"v":0.111525434874,"d":"0.11"},{"v":5.0763798428E-5,"d":"0.00"},{"v":0.00801960513174,"d":"0.01"}]
[7,705,70524,{"v":3144.62289,"d":"3,144.62"},1475,{"v":0.469054654,"d":"0.47"}," ",410,70524000,{"v":3144.62288962,"d":"3,144.62"},1475,{"v":0.469054654,"d":"0.47"},{"v":0,"d":"0.00"},{"v":0.921559671,"d":"0.92"},{"v":1359.300514,"d":"1,359.30"},{"v":115.699485699999,"d":"115.70"},0,"0_70524000_6561",{"v":3027.09050779,"d":"3,027.09"},{"v":0,"d":"0.00"},{"v":115.699485699999,"d":"115.70"},{"v":0,"d":"0.00"},"0_70524000_6561_15722","G",{"v":0.0640722897939,"d":"0.06"},{"v":2.1166294707e-05,"d":"0.00"},{"v":0.00244892941182,"d":"0.00"}]
[7,705,70528,{"v":1948.33812699999,"d":"1,948.34"},1892,{"v":0.971084009,"d":"0.97"}," ",410,70528000,{"v":1948.33812691,"d":"1,948.34"},1892,{"v":0.971084009,"d":"0.97"},{"v":0,"d":"0.00"},{"v":0.921559671,"d":"0.92"},{"v":1743.590897,"d":"1,743.59"},{"v":148.409102999999,"d":"148.41"},0,"0_70528000_6567",{"v":1823.30891627,"d":"1,823.31"},{"v":0,"d":"0.00"},{"v":148.409102999999,"d":"148.41"},{"v":0,"d":"0.00"},"0_70528000_6567_16026","G",{"v":7.72043521745,"d":"7.72"},{"v":0.00423429905298,"d":"0.00"},{"v":0.628408524287,"d":"0.63"}]
[7,705,70531,{"v":1968.17935899999,"d":"1,968.18"},14059,{"v":7.143149802,"d":"7.14"},"ST",103,70531006,{"v":765.54020901,"d":"765.54"},954,{"v":1.246178827,"d":"1.25"},{"v":0,"d":"0.00"},{"v":0.975480312,"d":"0.98"},{"v":930.608217599999,"d":"930.61"},{"v":23.3917823899999,"d":"23.39"},0,"0_70531006_6578",{"v":679.028893564999,"d":"679.03"},{"v":0,"d":"0.00"},{"v":23.3917823899999,"d":"23.39"},{"v":0,"d":"0.00"},"0_70531006_6578_16347","C",{"v":0.213732637976,"d":"0.21"},{"v":0.000314762214099,"d":"0.00"},{"v":0.0073628492168,"d":"0.01"}]
[7,706,70608,{"v":10300.6457499999,"d":"10,300.65"},1604,{"v":0.155718393,"d":"0.16"}," ",430,70608000,{"v":10300.6457518,"d":"10,300.65"},1604,{"v":0.155718393,"d":"0.16"},{"v":0,"d":"0.00"},{"v":0.905906425,"d":"0.91"},{"v":1453.07390499999,"d":"1,453.07"},{"v":150.926094699999,"d":"150.93"},0,"0_70608000_6588",{"v":10195.4893972,"d":"10,195.49"},{"v":0,"d":"0.00"},{"v":150.926094699999,"d":"150.93"},{"v":0,"d":"0.00"},"0_70608000_6588_16659","F",{"v":0.379729514863,"d":"0.38"},{"v":3.7244854079e-05,"d":"0.00"},{"v":5.62122037381E-3,"d":"0.01"}]
[7,706,70615,{"v":9018.493956,"d":"9,018.49"},1535,{"v":0.170205802,"d":"0.17"}," ",430,70615000,{"v":9018.49395584,"d":"9,018.49"},1535,{"v":0.170205802,"d":"0.17"},{"v":0,"d":"0.00"},{"v":0.905906425,"d":"0.91"},{"v":1390.566362,"d":"1,390.57"},{"v":144.433638,"d":"144.43"},0,"0_70615000_6601",{"v":8926.15646695,"d":"8,926.16"},{"v":0,"d":"0.00"},{"v":144.433638,"d":"144.43"},{"v":0,"d":"0.00"},"0_70615000_6601_16963","G",{"v":53.7111308538,"d":"53.71"},{"v":0.00601727418208,"d":"0.01"},{"v":0.869096800961,"d":"0.87"}]
[7,706,70621,{"v":16569.25574,"d":"16,569.26"},2372,{"v":0.143156702,"d":"0.14"}," ",430,70621001,{"v":1288.23580422999,"d":"1,288.24"},626,{"v":0.485935881,"d":"0.49"},{"v":0,"d":"0.00"},{"v":0.905906425,"d":"0.91"},{"v":567.097421899999,"d":"567.10"},{"v":58.9025780899999,"d":"58.90"},0,"0_70621001_6609",{"v":1216.31562447999,"d":"1,216.32"},{"v":0,"d":"0.00"},{"v":58.9025780899999,"d":"58.90"},{"v":0,"d":"0.00"},"0_70621001_6609_17280","außerhalb GKL",{"v":0.0265191766862,"d":"0.03"},{"v":2.1802874314e-05,"d":"0.00"},{"v":0.00128424550684,"d":"0.00"}]
[7,706,70630,{"v":12496.67754,"d":"12,496.68"},3398,{"v":0.271912273,"d":"0.27"}," ",210,70630001,{"v":153.406219139999,"d":"153.41"},1655,{"v":10.7883501,"d":"10.79"},{"v":0,"d":"0.00"},{"v":0.955942851,"d":"0.96"},{"v":1582.085419,"d":"1,582.09"},{"v":72.91458101,"d":"72.91"},0,"0_70630001_6619",{"v":101.544389162,"d":"101.54"},{"v":0,"d":"0.00"},{"v":72.91458101,"d":"72.91"},{"v":0,"d":"0.00"},"0_70630001_6619_17596","G",{"v":0.119410735235,"d":"0.12"},{"v":0.00117594616719,"d":"0.00"},{"v":0.085743622071,"d":"0.09"}]
[7,707,70707,{"v":2417.06820299999,"d":"2,417.07"},2324,{"v":0.961495417,"d":"0.96"}," ",103,70707001,{"v":880.293337749999,"d":"880.29"},684,{"v":0.777013719,"d":"0.78"},{"v":0,"d":"0.00"},{"v":0.975480312,"d":"0.98"},{"v":667.228533399999,"d":"667.23"},{"v":16.77146662,"d":"16.77"},0,"0_70707001_6631",{"v":817.611251562,"d":"817.61"},{"v":0,"d":"0.00"},{"v":16.77146662,"d":"16.77"},{"v":0,"d":"0.00"},"0_70707001_6631_17926","F",{"v":0.246365371921,"d":"0.25"},{"v":0.000301323362968,"d":"0.00"},{"v":0.00505363472384,"d":"0.01"}]
[7,707,70716,{"v":1592.43895599999,"d":"1,592.44"},11905,{"v":7.475953761,"d":"7.48"},"ST",103,70716021,{"v":53.24053003,"d":"53.24"},1755,{"v":32.96360872,"d":"32.96"},{"v":0,"d":"0.00"},{"v":0.975480312,"d":"0.98"},{"v":1711.967947,"d":"1,711.97"},{"v":43.0320524999999,"d":"43.03"},0,"0_70716021_6645",{"v":9.94978176368,"d":"9.95"},{"v":0,"d":"0.00"},{"v":43.0320524999999,"d":"43.03"},{"v":0,"d":"0.00"},"0_70716021_6645_18213","D",{"v":0.000890011410685,"d":"0.00"},{"v":8.9450344925e-05,"d":"0.00"},{"v":3.84923193893E-3,"d":"0.00"}]
[7,707,70721,{"v":6505.96878699999,"d":"6,505.97"},663,{"v":0.101906422,"d":"0.10"}," ",430,70721000,{"v":6505.96878701999,"d":"6,505.97"},663,{"v":0.101906422,"d":"0.10"},{"v":0,"d":"0.00"},{"v":0.905906425,"d":"0.91"},{"v":600.615959599999,"d":"600.62"},{"v":62.38404038,"d":"62.38"},0,"0_70721000_6659",{"v":6431.14389991999,"d":"6,431.14"},{"v":0,"d":"0.00"},{"v":62.38404038,"d":"62.38"},{"v":0,"d":"0.00"},"0_70721000_6659_18533","außerhalb GKL",{"v":6125.10319704999,"d":"6,125.10"},{"v":0.952412711077,"d":"0.95"},{"v":59.4153530262999,"d":"59.42"}]
[7,707,70733,{"v":3631.06057499999,"d":"3,631.06"},223,{"v":0.061414563,"d":"0.06"}," ",430,70733000,{"v":3631.06057496999,"d":"3,631.06"},223,{"v":0.061414563,"d":"0.06"},{"v":0,"d":"0.00"},{"v":0.905906425,"d":"0.91"},{"v":202.017132699999,"d":"202.02"},{"v":20.98286728,"d":"20.98"},0,"0_70733000_6670",{"v":3626.36341812,"d":"3,626.36"},{"v":0,"d":"0.00"},{"v":20.98286728,"d":"20.98"},{"v":0,"d":"0.00"},"0_70733000_6670_18863","F",{"v":9.00251077595,"d":"9.00"},{"v":0.0024825175356,"d":"0.00"},{"v":0.0520903359698,"d":"0.05"}]
[7,708,70828,{"v":10072.66904,"d":"10,072.67"},6918,{"v":0.686809025,"d":"0.69"},"M",103,70828002,{"v":146.242034004999,"d":"146.24"},1360,{"v":9.299651836,"d":"9.30"},{"v":0,"d":"0.00"},{"v":0.975480312,"d":"0.98"},{"v":1326.65322399999,"d":"1,326.65"},{"v":33.3467757299999,"d":"33.35"},0,"0_70828002_6706",{"v":90.5929208665999,"d":"90.59"},{"v":0,"d":"0.00"},{"v":33.3467757299999,"d":"33.35"},{"v":0,"d":"0.00"},"0_70828002_6706_19482","F",{"v":7.65470753013E-3,"d":"0.01"},{"v":8.4495647749e-05,"d":"0.00"},{"v":0.00281765741566,"d":"0.00"}]
[7,709,70904,{"v":600.5434169,"d":"600.54"},1127,{"v":1.876633676,"d":"1.88"}," ",410,70904000,{"v":600.543416885,"d":"600.54"},1127,{"v":1.876633676,"d":"1.88"},{"v":0,"d":"0.00"},{"v":0.921559671,"d":"0.92"},{"v":1038.597749,"d":"1,038.60"},{"v":88.40225107,"d":"88.40"},0,"0_70904000_6724",{"v":544.202069092999,"d":"544.20"},{"v":0,"d":"0.00"},{"v":88.40225107,"d":"88.40"},{"v":0,"d":"0.00"},"0_70904000_6724_19833","F",{"v":0.123896088998,"d":"0.12"},{"v":0.000227665597091,"d":"0.00"},{"v":0.020126151274,"d":"0.02"}]
[7,709,70911,{"v":1064.896966,"d":"1,064.90"},679,{"v":0.637620372,"d":"0.64"}," ",310,70911000,{"v":1064.89696623999,"d":"1,064.90"},679,{"v":0.637620372,"d":"0.64"},{"v":0,"d":"0.00"},{"v":0.969116244,"d":"0.97"},{"v":658.0299294,"d":"658.03"},{"v":20.97007056,"d":"20.97"},0,"0_70911000_6732",{"v":1029.21337597,"d":"1,029.21"},{"v":0,"d":"0.00"},{"v":20.97007056,"d":"20.97"},{"v":0,"d":"0.00"},"0_70911000_6732_20137","außerhalb GKL",{"v":18.8671493667,"d":"18.87"},{"v":0.0183316208351,"d":"0.02"},{"v":0.384415382391,"d":"0.38"}]
[7,709,70920,{"v":17862.88735,"d":"17,862.89"},3937,{"v":0.220401099,"d":"0.22"},"M",430,70920002,{"v":17272.3395248,"d":"17,272.34"},1568,{"v":0.090780985,"d":"0.09"},{"v":0,"d":"0.00"},{"v":0.905906425,"d":"0.91"},{"v":1420.461274,"d":"1,420.46"},{"v":147.538725999999,"d":"147.54"},0,"0_70920002_6748",{"v":17187.2049689,"d":"17,187.20"},{"v":0,"d":"0.00"},{"v":147.538725999999,"d":"147.54"},{"v":0,"d":"0.00"},"0_70920002_6748_20415","E",{"v":0.290485824917,"d":"0.29"},{"v":1.6901283568E-5,"d":"0.00"},{"v":2.49359384536E-3,"d":"0.00"}]
[7,709,70926,{"v":2019.48605599999,"d":"2,019.49"},13791,{"v":6.8289652,"d":"6.83"},"ST",103,70926021,{"v":85.7430422549,"d":"85.74"},2781,{"v":32.43411858,"d":"32.43"},{"v":0,"d":"0.00"},{"v":0.975480312,"d":"0.98"},{"v":2712.81074799999,"d":"2,712.81"},{"v":68.1892524299999,"d":"68.19"},0,"0_70926021_6758",{"v":50.6166832880999,"d":"50.62"},{"v":0,"d":"0.00"},{"v":68.1892524299999,"d":"68.19"},{"v":0,"d":"0.00"},"0_70926021_6758_20770","D",{"v":0.069092230149,"d":"0.07"},{"v":0.00136500903775,"d":"0.00"},{"v":0.0930789458444,"d":"0.09"}]
[7,709,70933,{"v":1521.07775799999,"d":"1,521.08"},2160,{"v":1.420045746,"d":"1.42"}," ",310,70933001,{"v":102.543595054999,"d":"102.54"},904,{"v":8.815762696,"d":"8.82"},{"v":0,"d":"0.00"},{"v":0.969116244,"d":"0.97"},{"v":876.0810843,"d":"876.08"},{"v":27.9189157399999,"d":"27.92"},0,"0_70933001_6770",{"v":63.3619722183999,"d":"63.36"},{"v":0,"d":"0.00"},{"v":27.9189157399999,"d":"27.92"},{"v":0,"d":"0.00"},"0_70933001_6770_21074","F",{"v":2.44336734945,"d":"2.44"},{"v":0.0385620469803,"d":"0.04"},{"v":1.0766105404,"d":"1.08"}]
[7,709,70938,{"v":5538.301349,"d":"5,538.30"},2499,{"v":0.451221384,"d":"0.45"}," ",310,70938000,{"v":5538.30134904999,"d":"5,538.30"},2499,{"v":0.451221384,"d":"0.45"},{"v":0,"d":"0.00"},{"v":0.969116244,"d":"0.97"},{"v":2421.82149299999,"d":"2,421.82"},{"v":77.17850712,"d":"77.18"},0,"0_70938000_6778",{"v":5404.70294893,"d":"5,404.70"},{"v":0,"d":"0.00"},{"v":77.17850712,"d":"77.18"},{"v":0,"d":"0.00"},"0_70938000_6778_21348","F",{"v":7.95489273348,"d":"7.95"},{"v":0.00147184642868,"d":"0.00"},{"v":0.113594910075,"d":"0.11"}]
[8,801,80103,{"v":2994.353955,"d":"2,994.35"},14845,{"v":4.957663731,"d":"4.96"},"ST",103,80103002,{"v":40.6543189300999,"d":"40.65"},1228,{"v":30.20589281,"d":"30.21"},{"v":0,"d":"0.00"},{"v":0.975480312,"d":"0.98"},{"v":1197.88982299999,"d":"1,197.89"},{"v":30.11017691,"d":"30.11"},0,"0_80103002_6787",{"v":10.2251878070999,"d":"10.23"},{"v":0,"d":"0.00"},{"v":30.11017691,"d":"30.11"},{"v":0,"d":"0.00"},"0_80103002_6787_21707","E",{"v":0.00383491807433,"d":"0.00"},{"v":0.000375046223764,"d":"0.00"},{"v":0.011292708147,"d":"0.01"}]
[8,801,80105,{"v":4029.37599,"d":"4,029.38"},729,{"v":0.180921314,"d":"0.18"}," ",410,80105000,{"v":4029.37598988999,"d":"4,029.38"},729,{"v":0.180921314,"d":"0.18"},{"v":0,"d":"0.00"},{"v":0.921559671,"d":"0.92"},{"v":671.817,"d":"671.82"},{"v":57.18300003,"d":"57.18"},0,"0_80105000_6802",{"v":3926.4900639,"d":"3,926.49"},{"v":0,"d":"0.00"},{"v":57.18300003,"d":"57.18"},{"v":0,"d":"0.00"},"0_80105000_6802_22011","F",{"v":0.664678617371,"d":"0.66"},{"v":1.69280605975E-4,"d":"0.00"},{"v":0.00967997289655,"d":"0.01"}]
[8,801,80115,{"v":1126.794055,"d":"1,126.79"},3608,{"v":3.202004824,"d":"3.20"}," ",103,80115000,{"v":176.846791274999,"d":"176.85"},2315,{"v":13.09042694,"d":"13.09"},{"v":0,"d":"0.00"},{"v":0.975480312,"d":"0.98"},{"v":2258.236922,"d":"2,258.24"},{"v":56.7630777999999,"d":"56.76"},0,"0_80115000_6816",{"v":62.0953182936,"d":"62.10"},{"v":0,"d":"0.00"},{"v":56.7630777999999,"d":"56.76"},{"v":0,"d":"0.00"},"0_80115000_6816_22537","G",{"v":0.0189933705045,"d":"0.02"},{"v":0.000305874436696,"d":"0.00"},{"v":0.0173623744472,"d":"0.02"}]
[8,801,80116,{"v":11008.55584,"d":"11,008.56"},6200,{"v":0.563198306,"d":"0.56"},"M",410,80116003,{"v":984.370733169999,"d":"984.37"},1187,{"v":1.205846497,"d":"1.21"},{"v":0,"d":"0.00"},{"v":0.921559671,"d":"0.92"},{"v":1093.891329,"d":"1,093.89"},{"v":93.1086708299999,"d":"93.11"},0,"0_80116003_6822",{"v":868.967346060999,"d":"868.97"},{"v":0,"d":"0.00"},{"v":93.1086708299999,"d":"93.11"},{"v":0,"d":"0.00"},"0_80116003_6822_22644","außerhalb GKL",{"v":55.1299624215999,"d":"55.13"},{"v":0.0634430772013,"d":"0.06"},{"v":5.90710059158,"d":"5.91"}]
[8,801,80122,{"v":1805.74070899999,"d":"1,805.74"},3896,{"v":2.157563365,"d":"2.16"},"M",410,80122001,{"v":258.770632094999,"d":"258.77"},2393,{"v":9.24757179999999,"d":"9.25"},{"v":0,"d":"0.00"},{"v":0.921559671,"d":"0.92"},{"v":2205.292292,"d":"2,205.29"},{"v":187.7077079,"d":"187.71"},0,"0_80122001_6834",{"v":113.624495087,"d":"113.62"},{"v":0,"d":"0.00"},{"v":187.7077079,"d":"187.71"},{"v":0,"d":"0.00"},"0_80122001_6834_22948","D",{"v":0.0972053246148,"d":"0.10"},{"v":0.000855496207401,"d":"0.00"},{"v":0.160583232208,"d":"0.16"}]
[8,802,80201,{"v":2111.746445,"d":"2,111.75"},3233,{"v":1.530960313,"d":"1.53"}," ",310,80201000,{"v":893.374956378999,"d":"893.37"},2020,{"v":2.261088679,"d":"2.26"},{"v":0,"d":"0.00"},{"v":0.969116244,"d":"0.97"},{"v":1957.614812,"d":"1,957.61"},{"v":62.38518783,"d":"62.39"},0,"0_80201000_6846",{"v":758.688926029999,"d":"758.69"},{"v":0,"d":"0.00"},{"v":62.38518783,"d":"62.39"},{"v":0,"d":"0.00"},"0_80201000_6846_23470","C",{"v":1.43986662698,"d":"1.44"},{"v":0.0018978353019,"d":"0.00"},{"v":0.118396811779,"d":"0.12"}]
[8,802,80202,{"v":1956.38410199999,"d":"1,956.38"},2634,{"v":1.34636138,"d":"1.35"}," ",410,80202000,{"v":1524.77660334999,"d":"1,524.78"},2376,{"v":1.558261056,"d":"1.56"},{"v":0,"d":"0.00"},{"v":0.921559671,"d":"0.92"},{"v":2189.625778,"d":"2,189.63"},{"v":186.3742223,"d":"186.37"},0,"0_80202000_6849",{"v":1326.41417739999,"d":"1,326.41"},{"v":0,"d":"0.00"},{"v":186.3742223,"d":"186.37"},{"v":0,"d":"0.00"},"0_80202000_6849_23581","außerhalb GKL",{"v":0.0895362705837,"d":"0.09"},{"v":6.7502498171e-05,"d":"0.00"},{"v":0.0125807255999,"d":"0.01"}]
[8,802,80211,{"v":6531.19076399999,"d":"6,531.19"},3610,{"v":0.552732286,"d":"0.55"},"M",410,80211001,{"v":768.641322299999,"d":"768.64"},1133,{"v":1.474029521,"d":"1.47"},{"v":0,"d":"0.00"},{"v":0.921559671,"d":"0.92"},{"v":1044.127107,"d":"1,044.13"},{"v":88.87289305,"d":"88.87"},0,"0_80211001_6878",{"v":723.401355956999,"d":"723.40"},{"v":0,"d":"0.00"},{"v":88.87289305,"d":"88.87"},{"v":0,"d":"0.00"},"0_80211001_6878_24222","E",{"v":2.92696918437,"d":"2.93"},{"v":4.04612067736E-3,"d":"0.00"},{"v":0.359590450226,"d":"0.36"}]
[8,802,80215,{"v":1784.00218399999,"d":"1,784.00"},13633,{"v":7.641806789,"d":"7.64"},"M",101,80215005,{"v":91.3877316699,"d":"91.39"},2048,{"v":22.4100102099999,"d":"22.41"},{"v":0,"d":"0.00"},{"v":0.965932983,"d":"0.97"},{"v":1978.230749,"d":"1,978.23"},{"v":69.76925076,"d":"69.77"},0,"0_80215005_6889",{"v":29.1493654988,"d":"29.15"},{"v":0,"d":"0.00"},{"v":69.76925076,"d":"69.77"},{"v":0,"d":"0.00"},"0_80215005_6889_24403","C",{"v":0.012348516754,"d":"0.01"},{"v":4.23629006762E-4,"d":"0.00"},{"v":0.029556278402,"d":"0.03"}]
[8,802,80220,{"v":322.1213457,"d":"322.12"},1935,{"v":6.007053013,"d":"6.01"}," ",101,80220000,{"v":210.715706595,"d":"210.72"},1665,{"v":7.901641633,"d":"7.90"},{"v":0,"d":"0.00"},{"v":0.965932983,"d":"0.97"},{"v":1608.27841699999,"d":"1,608.28"},{"v":56.72158326,"d":"56.72"},0,"0_80220000_6905",{"v":142.301632707,"d":"142.30"},{"v":0,"d":"0.00"},{"v":56.72158326,"d":"56.72"},{"v":0,"d":"0.00"},"0_80220000_6905_24855","E",{"v":10.180966391,"d":"10.18"},{"v":0.0715449724457,"d":"0.07"},{"v":4.05814411141,"d":"4.06"}]
[8,802,80226,{"v":1025.397214,"d":"1,025.40"},6059,{"v":5.908929648,"d":"5.91"}," ",101,80226000,{"v":250.980793524999,"d":"250.98"},2222,{"v":8.85326709199999,"d":"8.85"},{"v":0,"d":"0.00"},{"v":0.965932983,"d":"0.97"},{"v":2146.303088,"d":"2,146.30"},{"v":75.6969117099999,"d":"75.70"},0,"0_80226000_6915",{"v":136.639609390999,"d":"136.64"},{"v":0,"d":"0.00"},{"v":75.6969117099999,"d":"75.70"},{"v":0,"d":"0.00"},"0_80226000_6915_25185","F",{"v":15.2787858382999,"d":"15.28"},{"v":0.1118181317,"d":"0.11"},{"v":8.46428724287,"d":"8.46"}]
[8,802,80228,{"v":9681.609532,"d":"9,681.61"},5054,{"v":0.52202064,"d":"0.52"}," ",430,80228000,{"v":2202.53033525999,"d":"2,202.53"},2057,{"v":0.933925843,"d":"0.93"},{"v":0,"d":"0.00"},{"v":0.905906425,"d":"0.91"},{"v":1863.44951599999,"d":"1,863.45"},{"v":193.5504842,"d":"193.55"},0,"0_80228000_6920",{"v":2036.24787138,"d":"2,036.25"},{"v":0,"d":"0.00"},{"v":193.5504842,"d":"193.55"},{"v":0,"d":"0.00"},"0_80228000_6920_25336","F",{"v":1.6075727139,"d":"1.61"},{"v":0.000789477910079,"d":"0.00"},{"v":0.152803831761,"d":"0.15"}]
[8,802,80238,{"v":2303.756134,"d":"2,303.76"},1836,{"v":0.796959354,"d":"0.80"}," ",410,80238000,{"v":2303.75613437999,"d":"2,303.76"},1836,{"v":0.796959354,"d":"0.80"},{"v":0,"d":"0.00"},{"v":0.921559671,"d":"0.92"},{"v":1691.983555,"d":"1,691.98"},{"v":144.0164445,"d":"144.02"},0,"0_80238000_6934",{"v":2225.95427225999,"d":"2,225.95"},{"v":0,"d":"0.00"},{"v":144.0164445,"d":"144.02"},{"v":0,"d":"0.00"},"0_80238000_6934_25792","G",{"v":266.099135841,"d":"266.10"},{"v":0.119543846501,"d":"0.12"},{"v":17.2162797348999,"d":"17.22"}]
[8,803,80301,{"v":12082.88348,"d":"12,082.88"},49872,{"v":4.127491594,"d":"4.13"},"ST",101,80301021,{"v":312.778012509999,"d":"312.78"},2068,{"v":6.611717951,"d":"6.61"},{"v":0,"d":"0.00"},{"v":0.965932983,"d":"0.97"},{"v":1997.54940899999,"d":"1,997.55"},{"v":70.4505910999999,"d":"70.45"},0,"0_80301021_6955",{"v":238.311899852,"d":"238.31"},{"v":0,"d":"0.00"},{"v":70.4505910999999,"d":"70.45"},{"v":0,"d":"0.00"},"0_80301021_6955_26122","D",{"v":2.44790739608E-4,"d":"0.00"},{"v":1.027186388e-06,"d":"0.00"},{"v":7.2365888199e-05,"d":"0.00"}]
[8,803,80301,{"v":12082.88348,"d":"12,082.88"},49872,{"v":4.127491594,"d":"4.13"},"ST",101,80301030,{"v":4340.08121876,"d":"4,340.08"},130,{"v":0.029953357,"d":"0.03"},{"v":0,"d":"0.00"},{"v":0.965932983,"d":"0.97"},{"v":125.571287799999,"d":"125.57"},{"v":4.428712206,"d":"4.43"},0,"0_80301030_6963",{"v":4275.06910564999,"d":"4,275.07"},{"v":0,"d":"0.00"},{"v":4.428712206,"d":"4.43"},{"v":0,"d":"0.00"},"0_80301030_6963_26269","F",{"v":10.7523443626,"d":"10.75"},{"v":0.00251512761475,"d":"0.00"},{"v":0.0111387763671,"d":"0.01"}]
[8,803,80303,{"v":2224.87892,"d":"2,224.88"},23309,{"v":10.47652517,"d":"10.48"},"M",101,80303021,{"v":202.119555445,"d":"202.12"},1648,{"v":8.153590069,"d":"8.15"},{"v":0,"d":"0.00"},{"v":0.965932983,"d":"0.97"},{"v":1591.85755599999,"d":"1,591.86"},{"v":56.14244397,"d":"56.14"},0,"0_80303021_6986",{"v":133.436670872999,"d":"133.44"},{"v":0,"d":"0.00"},{"v":56.14244397,"d":"56.14"},{"v":0,"d":"0.00"},"0_80303021_6986_26755","G",{"v":20.2690028349,"d":"20.27"},{"v":0.151899794129,"d":"0.15"},{"v":8.52802568094,"d":"8.53"}]
[8,804,80404,{"v":3432.762486,"d":"3,432.76"},34210,{"v":9.965734636,"d":"9.97"},"ST",101,80404021,{"v":130.332862785,"d":"130.33"},2638,{"v":20.2404822799999,"d":"20.24"},{"v":0,"d":"0.00"},{"v":0.965932983,"d":"0.97"},{"v":2548.131209,"d":"2,548.13"},{"v":89.86879077,"d":"89.87"},0,"0_80404021_7000",{"v":55.2000189557,"d":"55.20"},{"v":0,"d":"0.00"},{"v":89.86879077,"d":"89.87"},{"v":0,"d":"0.00"},"0_80404021_7000_27059","D",{"v":0.100542424115,"d":"0.10"},{"v":0.00182142010124,"d":"0.00"},{"v":0.163688821983,"d":"0.16"}]
[8,804,80406,{"v":886.3822036,"d":"886.38"},714,{"v":0.805521588,"d":"0.81"}," ",310,80406000,{"v":886.382203645,"d":"886.38"},714,{"v":0.805521588,"d":"0.81"},{"v":0,"d":"0.00"},{"v":0.969116244,"d":"0.97"},{"v":691.948997999999,"d":"691.95"},{"v":22.0510020299999,"d":"22.05"},0,"0_80406000_7018",{"v":842.629480941999,"d":"842.63"},{"v":0,"d":"0.00"},{"v":22.0510020299999,"d":"22.05"},{"v":0,"d":"0.00"},"0_80406000_7018_27538","F",{"v":0.0608598008794,"d":"0.06"},{"v":7.2226052204e-05,"d":"0.00"},{"v":1.59265682378E-3,"d":"0.00"}]
[8,804,80408,{"v":1461.99055199999,"d":"1,461.99"},11765,{"v":8.04724762799999,"d":"8.05"},"M",101,80408003,{"v":876.071132465,"d":"876.07"},1199,{"v":1.368610328,"d":"1.37"},{"v":0,"d":"0.00"},{"v":0.965932983,"d":"0.97"},{"v":1158.153647,"d":"1,158.15"},{"v":40.84635335,"d":"40.85"},0,"0_80408003_7023",{"v":789.864977653999,"d":"789.86"},{"v":0,"d":"0.00"},{"v":40.84635335,"d":"40.85"},{"v":0,"d":"0.00"},"0_80408003_7023_27692","C",{"v":1.151590227e-06,"d":"0.00"},{"v":1.457958E-9,"d":"0.00"},{"v":5.9552281e-08,"d":"0.00"}]
[8,804,80410,{"v":1024.29903399999,"d":"1,024.30"},4718,{"v":4.606076782,"d":"4.61"}," ",310,80410001,{"v":703.576061125,"d":"703.58"},2078,{"v":2.953483091,"d":"2.95"},{"v":0,"d":"0.00"},{"v":0.969116244,"d":"0.97"},{"v":2013.823554,"d":"2,013.82"},{"v":64.1764456899999,"d":"64.18"},0,"0_80410001_7030",{"v":566.704864072999,"d":"566.70"},{"v":0,"d":"0.00"},{"v":64.1764456899999,"d":"64.18"},{"v":0,"d":"0.00"},"0_80410001_7030_27996","F",{"v":1.31844099436,"d":"1.32"},{"v":0.00232650375521,"d":"0.00"},{"v":0.149306741894,"d":"0.15"}]
[8,804,80418,{"v":602.8419202,"d":"602.84"},2481,{"v":4.115506764,"d":"4.12"}," ",410,80418000,{"v":602.8419202,"d":"602.84"},2481,{"v":4.115506764,"d":"4.12"},{"v":0,"d":"0.00"},{"v":0.921559671,"d":"0.92"},{"v":2286.38954299999,"d":"2,286.39"},{"v":194.6104569,"d":"194.61"},0,"0_80418000_7051",{"v":466.022325871,"d":"466.02"},{"v":0,"d":"0.00"},{"v":194.6104569,"d":"194.61"},{"v":0,"d":"0.00"},"0_80418000_7051_28471","G",{"v":29.8427955685,"d":"29.84"},{"v":0.0640372658385,"d":"0.06"},{"v":12.4623215635,"d":"12.46"}]
[8,804,80424,{"v":2260.76661899999,"d":"2,260.77"},3256,{"v":1.440219425,"d":"1.44"}," ",101,80424000,{"v":88.3639619052,"d":"88.36"},1658,{"v":18.76330536,"d":"18.76"},{"v":0,"d":"0.00"},{"v":0.965932983,"d":"0.97"},{"v":1601.516886,"d":"1,601.52"},{"v":56.4831141399999,"d":"56.48"},0,"0_80424000_7057",{"v":20.7712591121,"d":"20.77"},{"v":0,"d":"0.00"},{"v":56.4831141399999,"d":"56.48"},{"v":0,"d":"0.00"},"0_80424000_7057_28629","F",{"v":0.317583755807,"d":"0.32"},{"v":0.0152895765294,"d":"0.02"},{"v":0.863602896262,"d":"0.86"}]
[2,206,20609,{"v":7621.57228,"d":"7,621.57"},1733,{"v":0.227380905,"d":"0.23"},"M",410,20609000,{"v":653.855879699999,"d":"653.86"},1304,{"v":1.994323276,"d":"1.99"},{"v":127.704016699999,"d":"127.70"},{"v":0.921559671,"d":"0.92"},{"v":1201.713811,"d":"1,201.71"},{"v":102.2861893,"d":"102.29"},1,"1_20609000_11588",{"v":0.597088041361,"d":"0.60"},{"v":0.00467556195013,"d":"0.00"},{"v":5.61868736966,"d":"5.62"},{"v":0.19530912035,"d":"0.20"},"1_20609000_11588_29270","F",{"v":0.597088041362,"d":"0.60"},{"v":1,"d":"1.00"},{"v":5.61868736966,"d":"5.62"}]
[2,206,20610,{"v":19314.8195,"d":"19,314.82"},997,{"v":0.051618396,"d":"0.05"}," ",430,20610000,{"v":19314.819499,"d":"19,314.82"},997,{"v":0.051618396,"d":"0.05"},{"v":109.196537699999,"d":"109.20"},{"v":0.905906425,"d":"0.91"},{"v":903.188705499999,"d":"903.19"},{"v":93.8112945,"d":"93.81"},1,"1_20610000_11604",{"v":1.15500232122,"d":"1.16"},{"v":0.0105772796972,"d":"0.01"},{"v":9.55327955743,"d":"9.55"},{"v":0.00565351064791,"d":"0.01"},"1_20610000_11604_29324","G",{"v":0.0234715851729,"d":"0.02"},{"v":0.0203216779236,"d":"0.02"},{"v":0.19413867028,"d":"0.19"}]
[5,502,50204,{"v":8209.41417999999,"d":"8,209.41"},4313,{"v":0.525372445,"d":"0.53"},"M",310,50204001,{"v":1302.58734123999,"d":"1,302.59"},1342,{"v":1.03025721,"d":"1.03"},{"v":95.00881941,"d":"95.01"},{"v":0.969116244,"d":"0.97"},{"v":1300.55399899999,"d":"1,300.55"},{"v":41.4460010199999,"d":"41.45"},1,"1_50204001_57309",{"v":78.9584863208,"d":"78.96"},{"v":0.831064808626,"d":"0.83"},{"v":1080.84466029,"d":"1,080.84"},{"v":0.0729385403973,"d":"0.07"},"1_50204001_57309_29903","E",{"v":1.73175837071,"d":"1.73"},{"v":0.0219325173443,"d":"0.02"},{"v":23.7056442583,"d":"23.71"}]
[5,502,50207,{"v":4712.14618499999,"d":"4,712.15"},7372,{"v":1.564467593,"d":"1.56"},"M",310,50207000,{"v":117.890305854999,"d":"117.89"},1930,{"v":16.3711510099999,"d":"16.37"},{"v":75.1661308799999,"d":"75.17"},{"v":0.969116244,"d":"0.97"},{"v":1870.39435,"d":"1,870.39"},{"v":59.6056497499999,"d":"59.61"},1,"1_50207000_57487",{"v":74.1084577216,"d":"74.11"},{"v":0.9859288599,"d":"0.99"},{"v":1844.07576906,"d":"1,844.08"},{"v":0.637593823638,"d":"0.64"},"1_50207000_57487_30207","F",{"v":0.0269291982181,"d":"0.03"},{"v":0.000363375504578,"d":"0.00"},{"v":0.670091963062,"d":"0.67"}]
[5,502,50211,{"v":5600.12681499999,"d":"5,600.13"},1769,{"v":0.315885704,"d":"0.32"}," ",310,50211000,{"v":5600.12681494,"d":"5,600.13"},1769,{"v":0.315885704,"d":"0.32"},{"v":152.693211399999,"d":"152.69"},{"v":0.969116244,"d":"0.97"},{"v":1714.366635,"d":"1,714.37"},{"v":54.63336498,"d":"54.63"},1,"1_50211000_57836",{"v":0.0796871682823,"d":"0.08"},{"v":0.000521877610351,"d":"0.00"},{"v":0.894689562739,"d":"0.89"},{"v":0.0272660274394,"d":"0.03"},"1_50211000_57836_30593","außerhalb GKL",{"v":0.0796871682822,"d":"0.08"},{"v":0.999999999999,"d":"1.00"},{"v":0.894689562738,"d":"0.89"}]
[5,502,50213,{"v":1756.978049,"d":"1,756.98"},2059,{"v":1.171898534,"d":"1.17"}," ",101,50213000,{"v":1756.97804907999,"d":"1,756.98"},2059,{"v":1.171898534,"d":"1.17"},{"v":116.4958333,"d":"116.50"},{"v":0.965932983,"d":"0.97"},{"v":1988.85601199999,"d":"1,988.86"},{"v":70.1439879499999,"d":"70.14"},1,"1_50213000_57995",{"v":0.0720681212322,"d":"0.07"},{"v":0.000618632608487,"d":"0.00"},{"v":1.23037118261,"d":"1.23"},{"v":0.0663046606422,"d":"0.07"},"1_50213000_57995_30840","D",{"v":0.0720681212323,"d":"0.07"},{"v":1,"d":"1.00"},{"v":1.23037118261,"d":"1.23"}]
[5,504,50403,{"v":17056.66254,"d":"17,056.66"},3944,{"v":0.231229292,"d":"0.23"}," ",430,50403000,{"v":119.560148914999,"d":"119.56"},191,{"v":1.597522266,"d":"1.60"},{"v":37.59646275,"d":"37.60"},{"v":0.905906425,"d":"0.91"},{"v":173.0281271,"d":"173.03"},{"v":17.9718728699999,"d":"17.97"},1,"1_50403000_60033",{"v":37.1314409897999,"d":"37.13"},{"v":0.987631236393,"d":"0.99"},{"v":170.887983098999,"d":"170.89"},{"v":0.314456473091,"d":"0.31"},"1_50403000_60033_31144","E",{"v":0.567457209984,"d":"0.57"},{"v":0.0152823912797,"d":"0.02"},{"v":2.61157702272,"d":"2.61"}]
[5,504,50405,{"v":5412.520816,"d":"5,412.52"},1622,{"v":0.299675522,"d":"0.30"}," ",430,50405000,{"v":5412.52081620999,"d":"5,412.52"},1622,{"v":0.299675522,"d":"0.30"},{"v":111.2777951,"d":"111.28"},{"v":0.905906425,"d":"0.91"},{"v":1469.38022099999,"d":"1,469.38"},{"v":152.619778999999,"d":"152.62"},1,"1_50405000_60156",{"v":0.154298684232,"d":"0.15"},{"v":1.38660802987E-3,"d":"0.00"},{"v":2.03745441337,"d":"2.04"},{"v":0.0205593288005,"d":"0.02"},"1_50405000_60156_31526","F",{"v":0.154298684232,"d":"0.15"},{"v":1,"d":"1.00"},{"v":2.03745441337,"d":"2.04"}]
[5,504,50411,{"v":12929.58446,"d":"12,929.58"},3802,{"v":0.294054307,"d":"0.29"},"M",430,50411001,{"v":12722.0386223999,"d":"12,722.04"},2253,{"v":0.177094259,"d":"0.18"},{"v":166.850134099999,"d":"166.85"},{"v":0.905906425,"d":"0.91"},{"v":2041.00717499999,"d":"2,041.01"},{"v":211.992825,"d":"211.99"},1,"1_50411001_60336",{"v":39.8919720382999,"d":"39.89"},{"v":0.239088642352,"d":"0.24"},{"v":487.981634500999,"d":"487.98"},{"v":0.013115046971,"d":"0.01"},"1_50411001_60336_31777","außerhalb GKL",{"v":8.12766513893,"d":"8.13"},{"v":0.203741873957,"d":"0.20"},{"v":99.4222926698,"d":"99.42"}]
[5,504,50418,{"v":7813.50858799999,"d":"7,813.51"},11235,{"v":1.437894369,"d":"1.44"},"ST",220,50418001,{"v":31.1934631501,"d":"31.19"},1010,{"v":32.37857865,"d":"32.38"},{"v":27.9939487,"d":"27.99"},{"v":0.975109986,"d":"0.98"},{"v":984.861086,"d":"984.86"},{"v":25.138914,"d":"25.14"},1,"1_50418001_60551",{"v":27.9939487022,"d":"27.99"},{"v":1.00000000008,"d":"1.00"},{"v":984.861086078999,"d":"984.86"},{"v":0.897429970032,"d":"0.90"},"1_50418001_60551_32107","E",{"v":6.90391563503,"d":"6.90"},{"v":0.246621714874,"d":"0.25"},{"v":242.888129961,"d":"242.89"}]
[5,504,50418,{"v":7813.50858799999,"d":"7,813.51"},11235,{"v":1.437894369,"d":"1.44"},"ST",220,50418005,{"v":1887.45504475,"d":"1,887.46"},2552,{"v":1.352085183,"d":"1.35"},{"v":140.237514199999,"d":"140.24"},{"v":0.975109986,"d":"0.98"},{"v":2488.48068499999,"d":"2,488.48"},{"v":63.51931537,"d":"63.52"},1,"1_50418005_60740",{"v":0.846132340625,"d":"0.85"},{"v":0.00603356630679,"d":"0.01"},{"v":15.0144132160999,"d":"15.01"},{"v":0.0742997903924,"d":"0.07"},"1_50418005_60740_32459","außerhalb GKL",{"v":0.846132340625,"d":"0.85"},{"v":1,"d":"1.00"},{"v":15.0144132160999,"d":"15.01"}]
[5,504,50421,{"v":319.878918999999,"d":"319.88"},3493,{"v":10.9197568,"d":"10.92"},"M",420,50421001,{"v":207.745487809999,"d":"207.75"},2484,{"v":11.9569384,"d":"11.96"},{"v":56.5245227099999,"d":"56.52"},{"v":0.920429496,"d":"0.92"},{"v":2286.346868,"d":"2,286.35"},{"v":197.6531323,"d":"197.65"},1,"1_50421001_60862",{"v":0.526587045874,"d":"0.53"},{"v":0.00931608124452,"d":"0.01"},{"v":21.2997931754,"d":"21.30"},{"v":0.272085441209,"d":"0.27"},"1_50421001_60862_32714","E",{"v":0.0148881669999,"d":"0.01"},{"v":0.0282729457866,"d":"0.03"},{"v":0.602207897714,"d":"0.60"}]
[5,506,50602,{"v":4568.219707,"d":"4,568.22"},4802,{"v":1.051175361,"d":"1.05"}," ",420,50602002,{"v":2963.79959989,"d":"2,963.80"},1039,{"v":0.350563513,"d":"0.35"},{"v":83.9521155999999,"d":"83.95"},{"v":0.920429496,"d":"0.92"},{"v":956.3262462,"d":"956.33"},{"v":82.67375382,"d":"82.67"},1,"1_50602002_61123",{"v":3.92763469192,"d":"3.93"},{"v":0.0467842253152,"d":"0.05"},{"v":44.7409825770999,"d":"44.74"},{"v":0.02832584079,"d":"0.03"},"1_50602002_61123_33044","F",{"v":1.71794343126,"d":"1.72"},{"v":0.437398985907,"d":"0.44"},{"v":19.5696604076999,"d":"19.57"}]
[5,506,50609,{"v":9035.94620399999,"d":"9,035.95"},3358,{"v":0.371626825,"d":"0.37"}," ",420,50609001,{"v":5705.16133936,"d":"5,705.16"},1339,{"v":0.234699761,"d":"0.23"},{"v":137.6694256,"d":"137.67"},{"v":0.920429496,"d":"0.92"},{"v":1232.455095,"d":"1,232.46"},{"v":106.544905099999,"d":"106.54"},1,"1_50609001_61207",{"v":126.385447908,"d":"126.39"},{"v":0.918035702969,"d":"0.92"},{"v":1131.43777952,"d":"1,131.44"},{"v":0.0241306805208,"d":"0.02"},"1_50609001_61207_33392","D",{"v":0.323891282931,"d":"0.32"},{"v":2.56272607561E-3,"d":"0.00"},{"v":2.89956510051,"d":"2.90"}]
[5,506,50613,{"v":13202.47709,"d":"13,202.48"},5490,{"v":0.415831057,"d":"0.42"},"ST",220,50613002,{"v":164.231668304999,"d":"164.23"},1210,{"v":7.367641165,"d":"7.37"},{"v":76.96618105,"d":"76.97"},{"v":0.975109986,"d":"0.98"},{"v":1179.88308299999,"d":"1,179.88"},{"v":30.11691677,"d":"30.12"},1,"1_50613002_61252",{"v":74.4760798432999,"d":"74.48"},{"v":0.967646813539,"d":"0.97"},{"v":1141.71010561,"d":"1,141.71"},{"v":0.468643970096,"d":"0.47"},"1_50613002_61252_33677","E",{"v":0.0423620100805,"d":"0.04"},{"v":0.00056880021303,"d":"0.00"},{"v":0.649404951289,"d":"0.65"}]
[5,506,50618,{"v":12553.14415,"d":"12,553.14"},2859,{"v":0.227751706,"d":"0.23"}," ",430,50618001,{"v":12212.9403985999,"d":"12,212.94"},1693,{"v":0.138623456,"d":"0.14"},{"v":246.258808499999,"d":"246.26"},{"v":0.905906425,"d":"0.91"},{"v":1533.699577,"d":"1,533.70"},{"v":159.3004229,"d":"159.30"},1,"1_50618001_61482",{"v":27.1196076555,"d":"27.12"},{"v":0.110126447134,"d":"0.11"},{"v":168.900885385999,"d":"168.90"},{"v":0.0201637607704,"d":"0.02"},"1_50618001_61482_34318","G",{"v":0.676838606009,"d":"0.68"},{"v":0.024957536798,"d":"0.02"},{"v":4.21535006224,"d":"4.22"}]
[5,506,50619,{"v":11846.40334,"d":"11,846.40"},16705,{"v":1.410132639,"d":"1.41"},"ST",220,50619033,{"v":6837.39302839999,"d":"6,837.39"},2183,{"v":0.319273734,"d":"0.32"},{"v":149.984940599999,"d":"149.98"},{"v":0.975109986,"d":"0.98"},{"v":2128.6651,"d":"2,128.67"},{"v":54.3349002599999,"d":"54.33"},1,"1_50619033_61548",{"v":22.1209884409,"d":"22.12"},{"v":0.147488063484,"d":"0.15"},{"v":313.952693404999,"d":"313.95"},{"v":0.0219359834921,"d":"0.02"},"1_50619033_61548_34661","G",{"v":0.0445811883247,"d":"0.04"},{"v":0.00201533437097,"d":"0.00"},{"v":0.632719653878,"d":"0.63"}]
[5,506,50624,{"v":16774.50353,"d":"16,774.50"},3037,{"v":0.181048577,"d":"0.18"}," ",420,50624000,{"v":178.071718255,"d":"178.07"},1898,{"v":10.65862686,"d":"10.66"},{"v":105.677769999999,"d":"105.68"},{"v":0.920429496,"d":"0.92"},{"v":1746.975183,"d":"1,746.98"},{"v":151.024816899999,"d":"151.02"},1,"1_50624000_61594",{"v":103.539013596,"d":"103.54"},{"v":0.979761529752,"d":"0.98"},{"v":1711.61907773,"d":"1,711.62"},{"v":0.593456226713,"d":"0.59"},"1_50624000_61594_34951","F",{"v":16.1399700344,"d":"16.14"},{"v":0.155882980471,"d":"0.16"},{"v":266.812283267999,"d":"266.81"}]
[5,506,50628,{"v":5511.97431899999,"d":"5,511.97"},9879,{"v":1.792279758,"d":"1.79"},"ST",220,50628002,{"v":1601.49050325,"d":"1,601.49"},1337,{"v":0.834847286,"d":"0.83"},{"v":69.7162252699999,"d":"69.72"},{"v":0.975109986,"d":"0.98"},{"v":1303.72205099999,"d":"1,303.72"},{"v":33.27794853,"d":"33.28"},1,"1_50628002_61699",{"v":0.556845605802,"d":"0.56"},{"v":0.00798731720837,"d":"0.01"},{"v":10.4132415729,"d":"10.41"},{"v":0.0435320878447,"d":"0.04"},"1_50628002_61699_35255","B",{"v":0.556845605802,"d":"0.56"},{"v":1,"d":"1.00"},{"v":10.4132415729,"d":"10.41"}]
[7,701,70101,{"v":10481.03324,"d":"10,481.03"},131961,{"v":12.59045716,"d":"12.59"},"SR",101,70101150,{"v":152.206190604999,"d":"152.21"},733,{"v":4.815835657,"d":"4.82"},{"v":22.2664183499999,"d":"22.27"},{"v":0.965932983,"d":"0.97"},{"v":708.028876599999,"d":"708.03"},{"v":24.97112344,"d":"24.97"},1,"1_70101150_81537",{"v":22.2664183545,"d":"22.27"},{"v":1.0000000002,"d":"1.00"},{"v":708.028876741999,"d":"708.03"},{"v":0.146291147959,"d":"0.15"},"1_70101150_81537_35594","D",{"v":6.75182894408,"d":"6.75"},{"v":0.303229232317,"d":"0.30"},{"v":214.695052752999,"d":"214.70"}]
[7,701,70101,{"v":10481.03324,"d":"10,481.03"},131961,{"v":12.59045716,"d":"12.59"},"SR",101,70101311,{"v":240.19678292,"d":"240.20"},168,{"v":0.69942652,"d":"0.70"},{"v":26.10832508,"d":"26.11"},{"v":0.965932983,"d":"0.97"},{"v":162.2767411,"d":"162.28"},{"v":5.723258851,"d":"5.72"},1,"1_70101311_81604",{"v":21.0785602330999,"d":"21.08"},{"v":0.807350152433,"d":"0.81"},{"v":131.014151663,"d":"131.01"},{"v":0.108695565205,"d":"0.11"},"1_70101311_81604_35888","F",{"v":0.537525970622,"d":"0.54"},{"v":0.0255010761967,"d":"0.03"},{"v":3.3410018644,"d":"3.34"}]
[7,701,70101,{"v":10481.03324,"d":"10,481.03"},131961,{"v":12.59045716,"d":"12.59"},"SR",101,70101501,{"v":79.0133285499999,"d":"79.01"},324,{"v":4.100573991,"d":"4.10"},{"v":24.38535757,"d":"24.39"},{"v":0.965932983,"d":"0.97"},{"v":312.9622865,"d":"312.96"},{"v":11.0377135,"d":"11.04"},1,"1_70101501_81676",{"v":23.5572519368,"d":"23.56"},{"v":0.966040865678,"d":"0.97"},{"v":302.334358174999,"d":"302.33"},{"v":0.308623342637,"d":"0.31"},"1_70101501_81676_36192","F",{"v":0.411827682802,"d":"0.41"},{"v":0.0174819916986,"d":"0.02"},{"v":5.28540673982,"d":"5.29"}]
[7,702,70202,{"v":4017.71522899999,"d":"4,017.72"},4757,{"v":1.184006265,"d":"1.18"}," ",410,70202000,{"v":903.574362425,"d":"903.57"},2477,{"v":2.741334973,"d":"2.74"},{"v":107.375763599999,"d":"107.38"},{"v":0.921559671,"d":"0.92"},{"v":2282.703304,"d":"2,282.70"},{"v":194.296695599999,"d":"194.30"},1,"1_70202000_81746",{"v":102.893044059999,"d":"102.89"},{"v":0.958252035751,"d":"0.96"},{"v":2187.40508807,"d":"2,187.41"},{"v":0.118834451336,"d":"0.12"},"1_70202000_81746_36447","E",{"v":15.2344427899999,"d":"15.23"},{"v":0.148060959117,"d":"0.15"},{"v":323.869295317,"d":"323.87"}]
[7,702,70208,{"v":19561.1839699999,"d":"19,561.18"},4742,{"v":0.242418864,"d":"0.24"}," ",430,70208001,{"v":16230.8214370999,"d":"16,230.82"},1501,{"v":0.092478376,"d":"0.09"},{"v":73.85839043,"d":"73.86"},{"v":0.905906425,"d":"0.91"},{"v":1359.765544,"d":"1,359.77"},{"v":141.234456399999,"d":"141.23"},1,"1_70208001_81818",{"v":2.40936492468,"d":"2.41"},{"v":0.0326214111985,"d":"0.03"},{"v":44.3574709443999,"d":"44.36"},{"v":4.55050230922E-3,"d":"0.00"},"1_70208001_81818_36825","G",{"v":1.61573513628,"d":"1.62"},{"v":0.67060623309,"d":"0.67"},{"v":29.7463964993999,"d":"29.75"}]
[7,702,70215,{"v":1954.50130899999,"d":"1,954.50"},2367,{"v":1.211050609,"d":"1.21"}," ",310,70215000,{"v":1954.50130852,"d":"1,954.50"},2367,{"v":1.211050609,"d":"1.21"},{"v":153.570967099999,"d":"153.57"},{"v":0.969116244,"d":"0.97"},{"v":2293.898149,"d":"2,293.90"},{"v":73.10185128,"d":"73.10"},1,"1_70215000_81883",{"v":151.318527794,"d":"151.32"},{"v":0.985332909283,"d":"0.99"},{"v":2260.25333675,"d":"2,260.25"},{"v":0.0785729671454,"d":"0.08"},"1_70215000_81883_37129","G",{"v":0.170216859848,"d":"0.17"},{"v":0.00112489106476,"d":"0.00"},{"v":2.5425387826,"d":"2.54"}]
[7,702,70220,{"v":46679.8740499999,"d":"46,679.87"},3041,{"v":0.065145848,"d":"0.07"}," ",430,70220000,{"v":12284.7392237,"d":"12,284.74"},2172,{"v":0.17680473,"d":"0.18"},{"v":201.8068436,"d":"201.81"},{"v":0.905906425,"d":"0.91"},{"v":1967.62875499999,"d":"1,967.63"},{"v":204.371245399999,"d":"204.37"},1,"1_70220000_81937",{"v":159.495926422999,"d":"159.50"},{"v":0.790339532485,"d":"0.79"},{"v":1555.09479033,"d":"1,555.09"},{"v":0.0164274422049,"d":"0.02"},"1_70220000_81937_37380","außerhalb GKL",{"v":3.96217677287,"d":"3.96"},{"v":0.0248418681388,"d":"0.02"},{"v":38.6314597247,"d":"38.63"}]
[7,703,70301,{"v":5187.67827699999,"d":"5,187.68"},7311,{"v":1.409300965,"d":"1.41"}," ",101,70301002,{"v":4873.81648621,"d":"4,873.82"},1407,{"v":0.288685469,"d":"0.29"},{"v":64.16948109,"d":"64.17"},{"v":0.965932983,"d":"0.97"},{"v":1359.06770699999,"d":"1,359.07"},{"v":47.9322928799999,"d":"47.93"},1,"1_70301002_82021",{"v":0.379669313371,"d":"0.38"},{"v":0.00591666485254,"d":"0.01"},{"v":8.04114813422999,"d":"8.04"},{"v":0.0131661668574,"d":"0.01"},"1_70301002_82021_37762","F",{"v":0.379669313371,"d":"0.38"},{"v":1,"d":"1.00"},{"v":8.04114813422999,"d":"8.04"}]
[7,703,70307,{"v":3448.210939,"d":"3,448.21"},1129,{"v":0.327416165,"d":"0.33"}," ",310,70307000,{"v":3448.21093886,"d":"3,448.21"},1129,{"v":0.327416165,"d":"0.33"},{"v":69.79624183,"d":"69.80"},{"v":0.969116244,"d":"0.97"},{"v":1094.132239,"d":"1,094.13"},{"v":34.86776092,"d":"34.87"},1,"1_70307000_82096",{"v":0.28407102236,"d":"0.28"},{"v":0.00407000455772,"d":"0.00"},{"v":4.45312319948,"d":"4.45"},{"v":0.0202412912283,"d":"0.02"},"1_70307000_82096_38092","außerhalb GKL",{"v":0.28407102236,"d":"0.28"},{"v":1,"d":"1.00"},{"v":4.45312319948,"d":"4.45"}]
[7,703,70322,{"v":334.205881499999,"d":"334.21"},1618,{"v":4.841327127,"d":"4.84"}," ",310,70322000,{"v":334.20588148,"d":"334.21"},1618,{"v":4.841327127,"d":"4.84"},{"v":51.8750865499999,"d":"51.88"},{"v":0.969116244,"d":"0.97"},{"v":1568.03008199999,"d":"1,568.03"},{"v":49.96991777,"d":"49.97"},1,"1_70322000_82247",{"v":48.1584724191,"d":"48.16"},{"v":0.928354545928,"d":"0.93"},{"v":1455.68785477999,"d":"1,455.69"},{"v":0.155218951624,"d":"0.16"},"1_70322000_82247_38649","F",{"v":0.305213840043,"d":"0.31"},{"v":0.00633769770326,"d":"0.01"},{"v":9.2257095739,"d":"9.23"}]
[7,703,70332,{"v":732.7370836,"d":"732.74"},2075,{"v":2.831847939,"d":"2.83"}," ",310,70332000,{"v":732.737083624999,"d":"732.74"},2075,{"v":2.831847939,"d":"2.83"},{"v":103.502927299999,"d":"103.50"},{"v":0.969116244,"d":"0.97"},{"v":2010.916206,"d":"2,010.92"},{"v":64.0837944299999,"d":"64.08"},1,"1_70332000_82343",{"v":9.76451892797,"d":"9.76"},{"v":0.0943405098067,"d":"0.09"},{"v":189.710860053,"d":"189.71"},{"v":0.141255205466,"d":"0.14"},"1_70332000_82343_39036","außerhalb GKL",{"v":1.75186578566,"d":"1.75"},{"v":0.179411376903,"d":"0.18"},{"v":34.0362866155999,"d":"34.04"}]
[7,703,70335,{"v":1857.97468299999,"d":"1,857.97"},1861,{"v":1.001628288,"d":"1.00"}," ",103,70335000,{"v":1857.97468258999,"d":"1,857.97"},1861,{"v":1.001628288,"d":"1.00"},{"v":89.88366856,"d":"89.88"},{"v":0.975480312,"d":"0.98"},{"v":1815.36886099999,"d":"1,815.37"},{"v":45.6311394299999,"d":"45.63"},1,"1_70335000_82394",{"v":79.7410683237999,"d":"79.74"},{"v":0.887158586218,"d":"0.89"},{"v":1610.52007219,"d":"1,610.52"},{"v":0.0483772300033,"d":"0.05"},"1_70335000_82394_39366","G",{"v":0.207444268295,"d":"0.21"},{"v":0.00260147340204,"d":"0.00"},{"v":4.18972513125,"d":"4.19"}]
[7,703,70343,{"v":696.2540996,"d":"696.25"},1101,{"v":1.581319235,"d":"1.58"}," ",310,70343000,{"v":696.25409961,"d":"696.25"},1101,{"v":1.581319235,"d":"1.58"},{"v":70.4423702899999,"d":"70.44"},{"v":0.969116244,"d":"0.97"},{"v":1066.996984,"d":"1,067.00"},{"v":34.00301574,"d":"34.00"},1,"1_70343000_82441",{"v":62.8151814155,"d":"62.82"},{"v":0.89172441468,"d":"0.89"},{"v":951.467261022999,"d":"951.47"},{"v":0.101173365197,"d":"0.10"},"1_70343000_82441_39582","außerhalb GKL",{"v":0.0198243107404,"d":"0.02"},{"v":3.15597444657E-4,"d":"0.00"},{"v":0.300280636254,"d":"0.30"}]
[7,703,70354,{"v":551.021068399999,"d":"551.02"},14153,{"v":25.6850433,"d":"25.69"},"ST",101,70354013,{"v":65.3412497,"d":"65.34"},2066,{"v":31.6186177899999,"d":"31.62"},{"v":28.78517995,"d":"28.79"},{"v":0.965932983,"d":"0.97"},{"v":1995.617543,"d":"1,995.62"},{"v":70.3824570599999,"d":"70.38"},1,"1_70354013_82524",{"v":14.0753231111999,"d":"14.08"},{"v":0.488978117755,"d":"0.49"},{"v":975.813309935,"d":"975.81"},{"v":0.440536109765,"d":"0.44"},"1_70354013_82524_39973","B",{"v":7.39366470793,"d":"7.39"},{"v":0.525292716161,"d":"0.53"},{"v":512.587624042,"d":"512.59"}]
[7,703,70357,{"v":4545.57902999999,"d":"4,545.58"},16046,{"v":3.530023325,"d":"3.53"},"M",103,70357005,{"v":3464.09755696,"d":"3,464.10"},3376,{"v":0.974568396,"d":"0.97"},{"v":166.198058699999,"d":"166.20"},{"v":0.975480312,"d":"0.98"},{"v":3293.22153299999,"d":"3,293.22"},{"v":82.7784668099999,"d":"82.78"},1,"1_70357005_82575",{"v":67.3494504741999,"d":"67.35"},{"v":0.405236083989,"d":"0.41"},{"v":1334.53219773999,"d":"1,334.53"},{"v":0.0479773031698,"d":"0.05"},"1_70357005_82575_40303","G",{"v":7.47732969526,"d":"7.48"},{"v":0.111022876098,"d":"0.11"},{"v":148.163602838,"d":"148.16"}]
[7,703,70362,{"v":4870.767071,"d":"4,870.77"},530,{"v":0.10881243,"d":"0.11"}," ",310,70362000,{"v":4870.76707056,"d":"4,870.77"},530,{"v":0.10881243,"d":"0.11"},{"v":54.89248244,"d":"54.89"},{"v":0.969116244,"d":"0.97"},{"v":513.631609099999,"d":"513.63"},{"v":16.3683908699999,"d":"16.37"},1,"1_70362000_82628",{"v":37.5796363596999,"d":"37.58"},{"v":0.684604424673,"d":"0.68"},{"v":351.634472242,"d":"351.63"},{"v":0.0112697818731,"d":"0.01"},"1_70362000_82628_40515","G",{"v":0.225783043897,"d":"0.23"},{"v":0.00600812210464,"d":"0.01"},{"v":2.11266284543,"d":"2.11"}]
[7,704,70401,{"v":5421.22009799999,"d":"5,421.22"},1116,{"v":0.205857718,"d":"0.21"}," ",420,70401000,{"v":5421.22009766999,"d":"5,421.22"},1116,{"v":0.205857718,"d":"0.21"},{"v":168.4109831,"d":"168.41"},{"v":0.920429496,"d":"0.92"},{"v":1027.199317,"d":"1,027.20"},{"v":88.80068264,"d":"88.80"},1,"1_70401000_82749",{"v":20.9797549453,"d":"20.98"},{"v":0.124574743043,"d":"0.12"},{"v":127.963090969,"d":"127.96"},{"v":0.0310651440203,"d":"0.03"},"1_70401000_82749_40936","F",{"v":2.41107589756,"d":"2.41"},{"v":0.11492393042,"d":"0.11"},{"v":14.7060213628,"d":"14.71"}]
[7,704,70403,{"v":7627.343469,"d":"7,627.34"},4333,{"v":0.568087699,"d":"0.57"},"M",420,70403002,{"v":2986.934665,"d":"2,986.93"},772,{"v":0.258458951,"d":"0.26"},{"v":38.2923412399999,"d":"38.29"},{"v":0.920429496,"d":"0.92"},{"v":710.5715708,"d":"710.57"},{"v":61.4284292099999,"d":"61.43"},1,"1_70403002_82879",{"v":0.11274748453,"d":"0.11"},{"v":2.94438733384E-3,"d":"0.00"},{"v":2.09219793285,"d":"2.09"},{"v":0.0128199460432,"d":"0.01"},"1_70403002_82879_41240","außerhalb GKL",{"v":0.11274748453,"d":"0.11"},{"v":1,"d":"1.00"},{"v":2.09219793285,"d":"2.09"}]
[7,704,70404,{"v":2085.92695499999,"d":"2,085.93"},1884,{"v":0.903195577,"d":"0.90"}," ",410,70404000,{"v":2085.92695508999,"d":"2,085.93"},1884,{"v":0.903195577,"d":"0.90"},{"v":200.275484299999,"d":"200.28"},{"v":0.921559671,"d":"0.92"},{"v":1736.21841999999,"d":"1,736.22"},{"v":147.7815803,"d":"147.78"},1,"1_70404000_83000",{"v":105.053070895999,"d":"105.05"},{"v":0.524542837897,"d":"0.52"},{"v":910.720937236,"d":"910.72"},{"v":0.0960127025595,"d":"0.10"},"1_70404000_83000_41448","E",{"v":13.7441561106,"d":"13.74"},{"v":0.130830598224,"d":"0.13"},{"v":119.150165033999,"d":"119.15"}]
[7,704,70406,{"v":16633.4428499999,"d":"16,633.44"},5630,{"v":0.338474725,"d":"0.34"},"M",410,70406004,{"v":12621.8620506999,"d":"12,621.86"},887,{"v":0.070274893,"d":"0.07"},{"v":63.25946436,"d":"63.26"},{"v":0.921559671,"d":"0.92"},{"v":817.423427999999,"d":"817.42"},{"v":69.5765720499999,"d":"69.58"},1,"1_70406004_83222",{"v":0.359729217623,"d":"0.36"},{"v":5.68656755574E-3,"d":"0.01"},{"v":4.64833354497,"d":"4.65"},{"v":0.00501189635142,"d":"0.01"},"1_70406004_83222_41873","G",{"v":0.000732484608579,"d":"0.00"},{"v":0.0020362110518,"d":"0.00"},{"v":0.00946498813672,"d":"0.01"}]
[7,704,70409,{"v":9771.730261,"d":"9,771.73"},5230,{"v":0.535217393,"d":"0.54"}," ",410,70409001,{"v":437.726155039999,"d":"437.73"},2268,{"v":5.181321641,"d":"5.18"},{"v":131.557110099999,"d":"131.56"},{"v":0.921559671,"d":"0.92"},{"v":2090.097333,"d":"2,090.10"},{"v":177.902666799999,"d":"177.90"},1,"1_70409001_83394",{"v":0.215326905548,"d":"0.22"},{"v":1.63675612351E-3,"d":"0.00"},{"v":3.42097960852,"d":"3.42"},{"v":0.300546605647,"d":"0.30"},"1_70409001_83394_42177","G",{"v":0.0695764753905,"d":"0.07"},{"v":0.323120212095,"d":"0.32"},{"v":1.10538765668,"d":"1.11"}]
[7,704,70410,{"v":11293.1877199999,"d":"11,293.19"},3975,{"v":0.351982106,"d":"0.35"}," ",420,70410001,{"v":5153.00514193999,"d":"5,153.01"},1195,{"v":0.231903514,"d":"0.23"},{"v":86.02316543,"d":"86.02"},{"v":0.920429496,"d":"0.92"},{"v":1099.913248,"d":"1,099.91"},{"v":95.0867524699999,"d":"95.09"},1,"1_70410001_83736",{"v":0.179308950937,"d":"0.18"},{"v":0.00208442632913,"d":"0.00"},{"v":2.29268813389,"d":"2.29"},{"v":0.0166937860647,"d":"0.02"},"1_70410001_83736_42717","G",{"v":0.120009849217,"d":"0.12"},{"v":0.66929090037,"d":"0.67"},{"v":1.5344753054,"d":"1.53"}]
[7,704,70410,{"v":11293.1877199999,"d":"11,293.19"},3975,{"v":0.351982106,"d":"0.35"}," ",420,70410002,{"v":4379.32663966,"d":"4,379.33"},359,{"v":0.081976073,"d":"0.08"},{"v":41.83452674,"d":"41.83"},{"v":0.920429496,"d":"0.92"},{"v":330.434189,"d":"330.43"},{"v":28.5658109899999,"d":"28.57"},1,"1_70410002_83791",{"v":0.808633083537,"d":"0.81"},{"v":0.0193293230867,"d":"0.02"},{"v":6.38706919807,"d":"6.39"},{"v":0.00955273040406,"d":"0.01"},"1_70410002_83791_42810","außerhalb GKL",{"v":0.808633083536,"d":"0.81"},{"v":0.999999999999,"d":"1.00"},{"v":6.38706919806,"d":"6.39"}]
[7,704,70411,{"v":5797.077296,"d":"5,797.08"},8225,{"v":1.418818411,"d":"1.42"},"ST",220,70411006,{"v":926.60676016,"d":"926.61"},1141,{"v":1.231374569,"d":"1.23"},{"v":143.621947299999,"d":"143.62"},{"v":0.975109986,"d":"0.98"},{"v":1112.600494,"d":"1,112.60"},{"v":28.39950582,"d":"28.40"},1,"1_70411006_83905",{"v":73.931256962,"d":"73.93"},{"v":0.514762947807,"d":"0.51"},{"v":572.725510022999,"d":"572.73"},{"v":0.1549977331,"d":"0.15"},"1_70411006_83905_43114","B",{"v":0.0436234535465,"d":"0.04"},{"v":5.90054265802E-4,"d":"0.00"},{"v":0.337939130323,"d":"0.34"}]
[7,704,70412,{"v":6928.972778,"d":"6,928.97"},4426,{"v":0.638767122,"d":"0.64"}," ",410,70412001,{"v":6461.15009396999,"d":"6,461.15"},1411,{"v":0.218382173,"d":"0.22"},{"v":140.193081699999,"d":"140.19"},{"v":0.921559671,"d":"0.92"},{"v":1300.32069499999,"d":"1,300.32"},{"v":110.679304599999,"d":"110.68"},1,"1_70412001_84197",{"v":0.294316333558,"d":"0.29"},{"v":0.00209936417681,"d":"0.00"},{"v":2.72984668545,"d":"2.73"},{"v":0.021697852497,"d":"0.02"},"1_70412001_84197_43570","außerhalb GKL",{"v":0.294316333558,"d":"0.29"},{"v":1,"d":"1.00"},{"v":2.72984668545,"d":"2.73"}]
[7,704,70416,{"v":5907.01798299999,"d":"5,907.02"},9547,{"v":1.6162131259999999,"d":"1.62"},"M",210,70416003,{"v":2982.77463417999,"d":"2,982.77"},669,{"v":0.224287813,"d":"0.22"},{"v":68.9505099699999,"d":"68.95"},{"v":0.955942851,"d":"0.96"},{"v":639.525767599999,"d":"639.53"},{"v":29.4742324499999,"d":"29.47"},1,"1_70416003_84471",{"v":0.0717763542141,"d":"0.07"},{"v":0.00104098365981,"d":"0.00"},{"v":0.665735874099,"d":"0.67"},{"v":0.0231162318399,"d":"0.02"},"1_70416003_84471_44084","außerhalb GKL",{"v":0.0717763542138,"d":"0.07"},{"v":0.999999999996,"d":"1.00"},{"v":0.665735874096,"d":"0.67"}]
[7,704,70417,{"v":5199.35430999999,"d":"5,199.35"},1874,{"v":0.36042937,"d":"0.36"}," ",420,70417000,{"v":5199.35430956999,"d":"5,199.35"},1874,{"v":0.36042937,"d":"0.36"},{"v":165.469159899999,"d":"165.47"},{"v":0.920429496,"d":"0.92"},{"v":1724.88487499999,"d":"1,724.88"},{"v":149.115124799999,"d":"149.12"},1,"1_70417000_84640",{"v":129.784176538999,"d":"129.78"},{"v":0.784340578132,"d":"0.78"},{"v":1352.89720007,"d":"1,352.90"},{"v":0.0318249440311,"d":"0.03"},"1_70417000_84640_44388","G",{"v":0.0273507899752,"d":"0.03"},{"v":0.000210740559478,"d":"0.00"},{"v":0.285110312859,"d":"0.29"}]
[7,704,70418,{"v":3082.692943,"d":"3,082.69"},857,{"v":0.278003686,"d":"0.28"}," ",420,70418000,{"v":3082.69294295,"d":"3,082.69"},857,{"v":0.278003686,"d":"0.28"},{"v":83.50439609,"d":"83.50"},{"v":0.920429496,"d":"0.92"},{"v":788.808077899999,"d":"788.81"},{"v":68.1919220599999,"d":"68.19"},1,"1_70418000_84719",{"v":0.243485192363,"d":"0.24"},{"v":2.91583681535E-3,"d":"0.00"},{"v":2.30003563379,"d":"2.30"},{"v":0.0270881328875,"d":"0.03"},"1_70418000_84719_44503","außerhalb GKL",{"v":0.243485192363,"d":"0.24"},{"v":1,"d":"1.00"},{"v":2.30003563379,"d":"2.30"}]
[7,704,70420,{"v":9543.02727,"d":"9,543.03"},3684,{"v":0.386041022,"d":"0.39"}," ",410,70420001,{"v":9160.42665108999,"d":"9,160.43"},1167,{"v":0.127395813,"d":"0.13"},{"v":54.6893345499999,"d":"54.69"},{"v":0.921559671,"d":"0.92"},{"v":1075.46013599999,"d":"1,075.46"},{"v":91.53986424,"d":"91.54"},1,"1_70420001_85068",{"v":9.54854531302,"d":"9.55"},{"v":0.174596114427,"d":"0.17"},{"v":187.771160966999,"d":"187.77"},{"v":0.00597017329357,"d":"0.01"},"1_70420001_85068_45021","E",{"v":1.36605282215,"d":"1.37"},{"v":0.143063972298,"d":"0.14"},{"v":26.8632881708999,"d":"26.86"}]
[7,705,70505,{"v":3796.22337299999,"d":"3,796.22"},3455,{"v":0.910115043,"d":"0.91"}," ",410,70505001,{"v":3512.6190878,"d":"3,512.62"},1183,{"v":0.336785735,"d":"0.34"},{"v":56.23076238,"d":"56.23"},{"v":0.921559671,"d":"0.92"},{"v":1090.20508999999,"d":"1,090.21"},{"v":92.7949095099999,"d":"92.79"},1,"1_70505001_85210",{"v":0.660159805249,"d":"0.66"},{"v":0.0117401894854,"d":"0.01"},{"v":12.7992143345,"d":"12.80"},{"v":0.0160082152304,"d":"0.02"},"1_70505001_85210_45351","außerhalb GKL",{"v":0.0889793706044,"d":"0.09"},{"v":0.134784592908,"d":"0.13"},{"v":1.72513689362,"d":"1.73"}]
[7,705,70511,{"v":1493.211244,"d":"1,493.21"},5858,{"v":3.923088593,"d":"3.92"}," ",103,70511002,{"v":569.851194254999,"d":"569.85"},1690,{"v":2.965686511,"d":"2.97"},{"v":100.9373729,"d":"100.94"},{"v":0.975480312,"d":"0.98"},{"v":1648.561727,"d":"1,648.56"},{"v":41.4382727799999,"d":"41.44"},1,"1_70511002_85364",{"v":13.7011397707999,"d":"13.70"},{"v":0.135739016948,"d":"0.14"},{"v":223.774148201,"d":"223.77"},{"v":0.17712935222,"d":"0.18"},"1_70511002_85364_45772","E",{"v":0.0270070096291,"d":"0.03"},{"v":0.0019711505817,"d":"0.00"},{"v":0.441092542396,"d":"0.44"}]
[7,705,70512,{"v":2685.233486,"d":"2,685.23"},4985,{"v":1.856449365,"d":"1.86"}," ",410,70512003,{"v":346.23530976,"d":"346.24"},990,{"v":2.859327088,"d":"2.86"},{"v":49.69701946,"d":"49.70"},{"v":0.921559671,"d":"0.92"},{"v":912.344073999999,"d":"912.34"},{"v":77.65592596,"d":"77.66"},1,"1_70512003_85398",{"v":0.0500797580034,"d":"0.05"},{"v":1.00770143859E-3,"d":"0.00"},{"v":0.919370435859,"d":"0.92"},{"v":0.14353538781,"d":"0.14"},"1_70512003_85398_45958","D",{"v":0.00338573685403,"d":"0.00"},{"v":0.0676068932641,"d":"0.07"},{"v":0.0621557789273,"d":"0.06"}]
[7,705,70514,{"v":2189.40837199999,"d":"2,189.41"},4725,{"v":2.158117262,"d":"2.16"},"M",410,70514003,{"v":26.4415294950999,"d":"26.44"},842,{"v":31.8438462599999,"d":"31.84"},{"v":24.0140284,"d":"24.01"},{"v":0.921559671,"d":"0.92"},{"v":775.953242799999,"d":"775.95"},{"v":66.0467572299999,"d":"66.05"},1,"1_70514003_85474",{"v":8.24563736749,"d":"8.25"},{"v":0.343367519607,"d":"0.34"},{"v":266.437140311,"d":"266.44"},{"v":0.90819362036,"d":"0.91"},"1_70514003_85474_46288","E",{"v":0.200022399186,"d":"0.20"},{"v":0.0242579670038,"d":"0.02"},{"v":6.46322335825,"d":"6.46"}]
[7,705,70523,{"v":1623.814125,"d":"1,623.81"},542,{"v":0.333782045,"d":"0.33"}," ",410,70523000,{"v":1623.81412455,"d":"1,623.81"},542,{"v":0.333782045,"d":"0.33"},{"v":38.86664906,"d":"38.87"},{"v":0.921559671,"d":"0.92"},{"v":499.4853415,"d":"499.49"},{"v":42.51465846,"d":"42.51"},1,"1_70523000_85599",{"v":1.67829648586,"d":"1.68"},{"v":0.0431808896946,"d":"0.04"},{"v":21.5682214354,"d":"21.57"},{"v":0.023935405212,"d":"0.02"},"1_70523000_85599_46705","außerhalb GKL",{"v":1.67829648586,"d":"1.68"},{"v":1,"d":"1.00"},{"v":21.5682214354,"d":"21.57"}]
[7,705,70526,{"v":4591.66488,"d":"4,591.66"},3657,{"v":0.796443141,"d":"0.80"}," ",410,70526000,{"v":721.9623522,"d":"721.96"},2894,{"v":4.008519269,"d":"4.01"},{"v":191.678067099999,"d":"191.68"},{"v":0.921559671,"d":"0.92"},{"v":2666.993687,"d":"2,666.99"},{"v":227.0063129,"d":"227.01"},1,"1_70526000_85705",{"v":174.933694414,"d":"174.93"},{"v":0.912643251576,"d":"0.91"},{"v":2434.01379043999,"d":"2,434.01"},{"v":0.265495931354,"d":"0.27"},"1_70526000_85705_46895","außerhalb GKL",{"v":0.0163277950036,"d":"0.02"},{"v":9.3337050122e-05,"d":"0.00"},{"v":0.227183667157,"d":"0.23"}]
[7,705,70529,{"v":3921.81420399999,"d":"3,921.81"},1936,{"v":0.493649087,"d":"0.49"}," ",410,70529000,{"v":3921.81420385,"d":"3,921.81"},1936,{"v":0.493649087,"d":"0.49"},{"v":164.260423199999,"d":"164.26"},{"v":0.921559671,"d":"0.92"},{"v":1784.139523,"d":"1,784.14"},{"v":151.8604774,"d":"151.86"},1,"1_70529000_85884",{"v":2.2980322739,"d":"2.30"},{"v":0.0139901762648,"d":"0.01"},{"v":24.9604264078,"d":"24.96"},{"v":0.0418837850704,"d":"0.04"},"1_70529000_85884_47225","außerhalb GKL",{"v":0.676285059298,"d":"0.68"},{"v":0.294288756071,"d":"0.29"},{"v":7.34557283855,"d":"7.35"}]
[7,706,70603,{"v":3768.34415699999,"d":"3,768.34"},1041,{"v":0.276248654,"d":"0.28"}," ",410,70603000,{"v":3768.34415703,"d":"3,768.34"},1041,{"v":0.276248654,"d":"0.28"},{"v":68.5200383699999,"d":"68.52"},{"v":0.921559671,"d":"0.92"},{"v":959.3436172,"d":"959.34"},{"v":81.65638276,"d":"81.66"},1,"1_70603000_86014",{"v":65.0244531443999,"d":"65.02"},{"v":0.948984482368,"d":"0.95"},{"v":910.402205982,"d":"910.40"},{"v":0.0181830627763,"d":"0.02"},"1_70603000_86014_47638","außerhalb GKL",{"v":0.246085185451,"d":"0.25"},{"v":0.00378450219188,"d":"0.00"},{"v":3.44541914403,"d":"3.45"}]
[7,706,70609,{"v":9738.51233099999,"d":"9,738.51"},2571,{"v":0.264003362,"d":"0.26"}," ",430,70609000,{"v":5610.34707691,"d":"5,610.35"},1090,{"v":0.19428388,"d":"0.19"},{"v":114.679062,"d":"114.68"},{"v":0.905906425,"d":"0.91"},{"v":987.438002999999,"d":"987.44"},{"v":102.561997,"d":"102.56"},1,"1_70609000_86062",{"v":61.9718018591999,"d":"61.97"},{"v":0.540393344508,"d":"0.54"},{"v":533.604924934999,"d":"533.60"},{"v":0.0204406359229,"d":"0.02"},"1_70609000_86062_47858","E",{"v":6.52729033231,"d":"6.53"},{"v":0.105326779866,"d":"0.11"},{"v":56.2028884639999,"d":"56.20"}]
[7,706,70616,{"v":5674.13698199999,"d":"5,674.14"},1487,{"v":0.262066285,"d":"0.26"}," ",410,70616000,{"v":5674.13698206,"d":"5,674.14"},1487,{"v":0.262066285,"d":"0.26"},{"v":104.1975086,"d":"104.20"},{"v":0.921559671,"d":"0.92"},{"v":1370.35923,"d":"1,370.36"},{"v":116.640769599999,"d":"116.64"},1,"1_70616000_86139",{"v":55.1789319128,"d":"55.18"},{"v":0.5295609526,"d":"0.53"},{"v":725.688739242999,"d":"725.69"},{"v":0.0183635870846,"d":"0.02"},"1_70616000_86139_48162","E",{"v":5.83769149645,"d":"5.84"},{"v":0.105795659577,"d":"0.11"},{"v":76.7747188158,"d":"76.77"}]
[7,706,70624,{"v":5972.87114999999,"d":"5,972.87"},1139,{"v":0.190695559,"d":"0.19"}," ",430,70624000,{"v":5972.87114962,"d":"5,972.87"},1139,{"v":0.190695559,"d":"0.19"},{"v":97.04466974,"d":"97.04"},{"v":0.905906425,"d":"0.91"},{"v":1031.827418,"d":"1,031.83"},{"v":107.172582199999,"d":"107.17"},1,"1_70624000_86219",{"v":74.9513879534,"d":"74.95"},{"v":0.772339049164,"d":"0.77"},{"v":796.920606918999,"d":"796.92"},{"v":0.0162475746268,"d":"0.02"},"1_70624000_86219_48571","außerhalb GKL",{"v":5.51839808142,"d":"5.52"},{"v":0.0736263627947,"d":"0.07"},{"v":58.6743657235999,"d":"58.67"}]
[7,707,70711,{"v":1796.526593,"d":"1,796.53"},610,{"v":0.339544097,"d":"0.34"}," ",103,70711000,{"v":1796.52659261999,"d":"1,796.53"},610,{"v":0.339544097,"d":"0.34"},{"v":65.3732413799999,"d":"65.37"},{"v":0.975480312,"d":"0.98"},{"v":595.0429903,"d":"595.04"},{"v":14.9570097,"d":"14.96"},1,"1_70711000_86376",{"v":0.610614426062,"d":"0.61"},{"v":0.00934043368773,"d":"0.01"},{"v":5.55795959225,"d":"5.56"},{"v":0.0363886856162,"d":"0.04"},"1_70711000_86376_49132","G",{"v":0.592033622618,"d":"0.59"},{"v":0.969570316961,"d":"0.97"},{"v":5.38883264351,"d":"5.39"}]
[7,707,70716,{"v":1592.43895599999,"d":"1,592.44"},11905,{"v":7.475953761,"d":"7.48"},"ST",103,70716040,{"v":136.867849365,"d":"136.87"},339,{"v":2.476841724,"d":"2.48"},{"v":21.37428559,"d":"21.37"},{"v":0.975480312,"d":"0.98"},{"v":330.687825799999,"d":"330.69"},{"v":8.31217424399999,"d":"8.31"},1,"1_70716040_86446",{"v":0.95524787297,"d":"0.96"},{"v":0.0446914526779,"d":"0.04"},{"v":14.7789193179,"d":"14.78"},{"v":0.156167322634,"d":"0.16"},"1_70716040_86446_49436","D",{"v":0.698830198503,"d":"0.70"},{"v":0.731569489216,"d":"0.73"},{"v":10.8118064565999,"d":"10.81"}]
[7,707,70723,{"v":18024.9065,"d":"18,024.91"},1139,{"v":0.063190342,"d":"0.06"}," ",430,70723000,{"v":18024.9064959999,"d":"18,024.91"},1139,{"v":0.063190342,"d":"0.06"},{"v":73.7815491199999,"d":"73.78"},{"v":0.905906425,"d":"0.91"},{"v":1031.827418,"d":"1,031.83"},{"v":107.172582199999,"d":"107.17"},1,"1_70723000_86589",{"v":56.0890686051999,"d":"56.09"},{"v":0.760204539945,"d":"0.76"},{"v":784.399887603,"d":"784.40"},{"v":4.09331106025E-3,"d":"0.00"},"1_70723000_86589_49766","außerhalb GKL",{"v":8.80594122790999,"d":"8.81"},{"v":0.156999241508,"d":"0.16"},{"v":123.150187392999,"d":"123.15"}]
[7,707,70732,{"v":1878.62416899999,"d":"1,878.62"},1442,{"v":0.767583013,"d":"0.77"}," ",103,70732000,{"v":1878.62416854999,"d":"1,878.62"},1442,{"v":0.767583013,"d":"0.77"},{"v":81.8604057799999,"d":"81.86"},{"v":0.975480312,"d":"0.98"},{"v":1406.64261,"d":"1,406.64"},{"v":35.35739015,"d":"35.36"},1,"1_70732000_86640",{"v":81.3559370575,"d":"81.36"},{"v":0.99383745148,"d":"0.99"},{"v":1397.97410667,"d":"1,397.97"},{"v":0.0435746580665,"d":"0.04"},"1_70732000_86640_49986","G",{"v":2.40722879927,"d":"2.41"},{"v":0.0295888522256,"d":"0.03"},{"v":41.3644492574999,"d":"41.36"}]
[7,708,70813,{"v":5052.007375,"d":"5,052.01"},676,{"v":0.133808197,"d":"0.13"}," ",310,70813000,{"v":5052.00737546999,"d":"5,052.01"},676,{"v":0.133808197,"d":"0.13"},{"v":67.3953527299999,"d":"67.40"},{"v":0.969116244,"d":"0.97"},{"v":655.122580699999,"d":"655.12"},{"v":20.8774192899999,"d":"20.88"},1,"1_70813000_86751",{"v":5.1943338377,"d":"5.19"},{"v":0.0770725818219,"d":"0.08"},{"v":50.4919887044,"d":"50.49"},{"v":0.0133403116269,"d":"0.01"},"1_70813000_86751_50373","G",{"v":2.31840723238,"d":"2.32"},{"v":0.446333890893,"d":"0.45"},{"v":22.5362857774,"d":"22.54"}]
[7,708,70831,{"v":6793.84958999999,"d":"6,793.85"},662,{"v":0.097441074,"d":"0.10"}," ",430,70831000,{"v":6793.84958975999,"d":"6,793.85"},662,{"v":0.097441074,"d":"0.10"},{"v":65.5612103999999,"d":"65.56"},{"v":0.905906425,"d":"0.91"},{"v":599.710053199999,"d":"599.71"},{"v":62.2899468,"d":"62.29"},1,"1_70831000_86831",{"v":3.23895795975,"d":"3.24"},{"v":0.0494035717155,"d":"0.05"},{"v":29.6278186217999,"d":"29.63"},{"v":9.6500827011E-3,"d":"0.01"},"1_70831000_86831_50703","F",{"v":0.788213638194,"d":"0.79"},{"v":0.243354081155,"d":"0.24"},{"v":7.21005057734,"d":"7.21"}]
[7,709,70901,{"v":11390.21677,"d":"11,390.22"},2198,{"v":0.192972622,"d":"0.19"}," ",430,70901001,{"v":6347.64619184,"d":"6,347.65"},919,{"v":0.144778076,"d":"0.14"},{"v":110.124777899999,"d":"110.12"},{"v":0.905906425,"d":"0.91"},{"v":832.528004399999,"d":"832.53"},{"v":86.4719956299999,"d":"86.47"},1,"1_70901001_86886",{"v":0.672913383199,"d":"0.67"},{"v":6.11046302232E-3,"d":"0.01"},{"v":5.08713158593,"d":"5.09"},{"v":0.0173489155778,"d":"0.02"},"1_70901001_86886_50919","außerhalb GKL",{"v":0.6729133832,"d":"0.67"},{"v":1,"d":"1.00"},{"v":5.08713158593,"d":"5.09"}]
[7,709,70914,{"v":2146.750716,"d":"2,146.75"},713,{"v":0.332129853,"d":"0.33"}," ",430,70914000,{"v":2146.75071557,"d":"2,146.75"},713,{"v":0.332129853,"d":"0.33"},{"v":38.17237217,"d":"38.17"},{"v":0.905906425,"d":"0.91"},{"v":645.911280899999,"d":"645.91"},{"v":67.0887191399999,"d":"67.09"},1,"1_70914000_86986",{"v":22.1657238234,"d":"22.17"},{"v":0.580674518332,"d":"0.58"},{"v":375.064221922,"d":"375.06"},{"v":0.0177814647472,"d":"0.02"},"1_70914000_86986_51310","F",{"v":0.703330571651,"d":"0.70"},{"v":0.0317305483572,"d":"0.03"},{"v":11.9009934308,"d":"11.90"}]
[7,709,70922,{"v":896.303778599999,"d":"896.30"},1665,{"v":1.857629121,"d":"1.86"}," ",430,70922000,{"v":896.303778560999,"d":"896.30"},1665,{"v":1.857629121,"d":"1.86"},{"v":81.69262089,"d":"81.69"},{"v":0.905906425,"d":"0.91"},{"v":1508.33419699999,"d":"1,508.33"},{"v":156.665802799999,"d":"156.67"},1,"1_70922000_87089",{"v":39.7147116242,"d":"39.71"},{"v":0.48614809014,"d":"0.49"},{"v":733.273789164,"d":"733.27"},{"v":0.0911438988031,"d":"0.09"},"1_70922000_87089_51640","F",{"v":0.0389026022927,"d":"0.04"},{"v":0.000979551423181,"d":"0.00"},{"v":0.718279383757,"d":"0.72"}]
[7,709,70926,{"v":2019.48605599999,"d":"2,019.49"},13791,{"v":6.8289652,"d":"6.83"},"ST",103,70926011,{"v":313.024472179999,"d":"313.02"},2227,{"v":7.114459724,"d":"7.11"},{"v":59.36952886,"d":"59.37"},{"v":0.975480312,"d":"0.98"},{"v":2172.394655,"d":"2,172.39"},{"v":54.6053452499999,"d":"54.61"},1,"1_70926011_87148",{"v":58.0720965427999,"d":"58.07"},{"v":0.978146494639,"d":"0.98"},{"v":2124.92021676,"d":"2,124.92"},{"v":0.189664176882,"d":"0.19"},"1_70926011_87148_51852","G",{"v":7.03414643573,"d":"7.03"},{"v":0.121127819633,"d":"0.12"},{"v":257.386952749999,"d":"257.39"}]
[7,709,70936,{"v":18240.92581,"d":"18,240.93"},5235,{"v":0.286992012,"d":"0.29"},"M",103,70936000,{"v":15718.0752185,"d":"15,718.08"},1824,{"v":0.116044743,"d":"0.12"},{"v":88.61512168,"d":"88.62"},{"v":0.975480312,"d":"0.98"},{"v":1779.27608899999,"d":"1,779.28"},{"v":44.7239109799999,"d":"44.72"},1,"1_70936000_87249",{"v":0.335942349572,"d":"0.34"},{"v":0.00379102734616,"d":"0.00"},{"v":6.74528430977,"d":"6.75"},{"v":0.00563778455365,"d":"0.01"},"1_70936000_87249_52273","außerhalb GKL",{"v":0.335942349572,"d":"0.34"},{"v":1,"d":"1.00"},{"v":6.74528430977,"d":"6.75"}]
[8,801,80101,{"v":2719.15309399999,"d":"2,719.15"},2359,{"v":0.867549534,"d":"0.87"}," ",410,80101000,{"v":2589.92177665,"d":"2,589.92"},1674,{"v":0.646351567,"d":"0.65"},{"v":206.328590999999,"d":"206.33"},{"v":0.921559671,"d":"0.92"},{"v":1542.69088899999,"d":"1,542.69"},{"v":131.309111199999,"d":"131.31"},1,"1_80101000_87297",{"v":29.7954870366999,"d":"29.80"},{"v":0.144407941199,"d":"0.14"},{"v":222.776815187,"d":"222.78"},{"v":0.079665954725,"d":"0.08"},"1_80101000_87297_52577","G",{"v":0.835547304647,"d":"0.84"},{"v":0.0280427469978,"d":"0.03"},{"v":6.24727386526,"d":"6.25"}]
[8,801,80108,{"v":9424.294334,"d":"9,424.29"},1600,{"v":0.169773984,"d":"0.17"}," ",310,80108000,{"v":4937.31355693,"d":"4,937.31"},982,{"v":0.198893586,"d":"0.20"},{"v":119.6809331,"d":"119.68"},{"v":0.969116244,"d":"0.97"},{"v":951.672151299999,"d":"951.67"},{"v":30.32784874,"d":"30.33"},1,"1_80108000_87443",{"v":1.77086045496,"d":"1.77"},{"v":0.0147965127702,"d":"0.01"},{"v":14.0814291398,"d":"14.08"},{"v":0.024240091645,"d":"0.02"},"1_80108000_87443_53121","G",{"v":1.56056885388,"d":"1.56"},{"v":0.881248914622,"d":"0.88"},{"v":12.4092441458,"d":"12.41"}]
[8,801,80108,{"v":9424.294334,"d":"9,424.29"},1600,{"v":0.169773984,"d":"0.17"}," ",310,80108001,{"v":4486.98077677,"d":"4,486.98"},618,{"v":0.137731814,"d":"0.14"},{"v":92.6320305899999,"d":"92.63"},{"v":0.969116244,"d":"0.97"},{"v":598.913838599999,"d":"598.91"},{"v":19.08616142,"d":"19.09"},1,"1_80108001_87454",{"v":92.0547549765,"d":"92.05"},{"v":0.993768077739,"d":"0.99"},{"v":595.181454117,"d":"595.18"},{"v":0.0206446239016,"d":"0.02"},"1_80108001_87454_53210","G",{"v":3.01769879947,"d":"3.02"},{"v":0.0327815635405,"d":"0.03"},{"v":19.5109786563,"d":"19.51"}]
[8,801,80120,{"v":12798.7772999999,"d":"12,798.78"},2213,{"v":0.172907142,"d":"0.17"}," ",410,80120000,{"v":6631.15228895,"d":"6,631.15"},2086,{"v":0.314575795,"d":"0.31"},{"v":237.7092542,"d":"237.71"},{"v":0.921559671,"d":"0.92"},{"v":1922.373473,"d":"1,922.37"},{"v":163.626526799999,"d":"163.63"},1,"1_80120000_87568",{"v":25.8067127819,"d":"25.81"},{"v":0.108564190607,"d":"0.11"},{"v":208.700920141,"d":"208.70"},{"v":0.035847352593,"d":"0.04"},"1_80120000_87568_53851","G",{"v":0.193590478219,"d":"0.19"},{"v":0.00750155511301,"d":"0.01"},{"v":1.56558145457,"d":"1.57"}]
[8,801,80123,{"v":8865.460929,"d":"8,865.46"},842,{"v":0.094975321,"d":"0.09"}," ",410,80123000,{"v":8865.4609294,"d":"8,865.46"},842,{"v":0.094975321,"d":"0.09"},{"v":161.4242479,"d":"161.42"},{"v":0.921559671,"d":"0.92"},{"v":775.953242799999,"d":"775.95"},{"v":66.0467572299999,"d":"66.05"},1,"1_80123000_87608",{"v":161.424247906999,"d":"161.42"},{"v":1.00000000004,"d":"1.00"},{"v":775.953242831,"d":"775.95"},{"v":0.0182082182963,"d":"0.02"},"1_80123000_87608_54054","G",{"v":0.781393433354,"d":"0.78"},{"v":0.00484061994084,"d":"0.00"},{"v":3.75609474041,"d":"3.76"}]
[8,802,80203,{"v":4492.77377799999,"d":"4,492.77"},1769,{"v":0.393743395,"d":"0.39"}," ",430,80203000,{"v":4492.77377754999,"d":"4,492.77"},1769,{"v":0.393743395,"d":"0.39"},{"v":151.721203099999,"d":"151.72"},{"v":0.905906425,"d":"0.91"},{"v":1602.548465,"d":"1,602.55"},{"v":166.4515346,"d":"166.45"},1,"1_80203000_87686",{"v":138.494110863999,"d":"138.49"},{"v":0.91281975119,"d":"0.91"},{"v":1462.83789109,"d":"1,462.84"},{"v":0.0337700517792,"d":"0.03"},"1_80203000_87686_54484","außerhalb GKL",{"v":1.33317327765,"d":"1.33"},{"v":0.0096262091531,"d":"0.01"},{"v":14.0815834967,"d":"14.08"}]
[8,802,80207,{"v":2998.83265699999,"d":"2,998.83"},29711,{"v":9.907521824,"d":"9.91"},"ST",101,80207051,{"v":1575.34124928,"d":"1,575.34"},142,{"v":0.0901392,"d":"0.09"},{"v":9.01623067799999,"d":"9.02"},{"v":0.965932983,"d":"0.97"},{"v":137.1624836,"d":"137.16"},{"v":4.83751641,"d":"4.84"},1,"1_80207051_87724",{"v":0.559343049294,"d":"0.56"},{"v":0.0620373490065,"d":"0.06"},{"v":8.50919686569,"d":"8.51"},{"v":5.72335084993E-3,"d":"0.01"},"1_80207051_87724_54788","E",{"v":0.0162069668754,"d":"0.02"},{"v":0.0289750036151,"d":"0.03"},{"v":0.246554009945,"d":"0.25"}]
[8,802,80211,{"v":6531.19076399999,"d":"6,531.19"},3610,{"v":0.552732286,"d":"0.55"},"M",410,80211001,{"v":768.641322299999,"d":"768.64"},1133,{"v":1.474029521,"d":"1.47"},{"v":45.23996634,"d":"45.24"},{"v":0.921559671,"d":"0.92"},{"v":1044.127107,"d":"1,044.13"},{"v":88.87289305,"d":"88.87"},1,"1_80211001_87740",{"v":45.2399663433999,"d":"45.24"},{"v":1.00000000008,"d":"1.00"},{"v":1044.12710708,"d":"1,044.13"},{"v":0.0588570572873,"d":"0.06"},"1_80211001_87740_54907","F",{"v":0.0545756408131,"d":"0.05"},{"v":0.00120635900564,"d":"0.00"},{"v":1.25959213866,"d":"1.26"}]
[8,802,80219,{"v":842.7794308,"d":"842.78"},1327,{"v":1.574551955,"d":"1.57"}," ",310,80219000,{"v":842.779430779999,"d":"842.78"},1327,{"v":1.574551955,"d":"1.57"},{"v":62.6616473799999,"d":"62.66"},{"v":0.969116244,"d":"0.97"},{"v":1286.01725499999,"d":"1,286.02"},{"v":40.98274468,"d":"40.98"},1,"1_80219000_87810",{"v":0.15310629268,"d":"0.15"},{"v":0.00244338122411,"d":"0.00"},{"v":3.14223041475,"d":"3.14"},{"v":0.0743511826363,"d":"0.07"},"1_80219000_87810_55421","außerhalb GKL",{"v":0.0925939340109,"d":"0.09"},{"v":0.604768964032,"d":"0.60"},{"v":1.90032343268,"d":"1.90"}]
[8,802,80226,{"v":1025.397214,"d":"1,025.40"},6059,{"v":5.908929648,"d":"5.91"}," ",101,80226000,{"v":250.980793524999,"d":"250.98"},2222,{"v":8.85326709199999,"d":"8.85"},{"v":114.3411841,"d":"114.34"},{"v":0.965932983,"d":"0.97"},{"v":2146.303088,"d":"2,146.30"},{"v":75.6969117099999,"d":"75.70"},1,"1_80226000_87854",{"v":105.752996835,"d":"105.75"},{"v":0.924889816975,"d":"0.92"},{"v":1985.09387022999,"d":"1,985.09"},{"v":0.455577426838,"d":"0.46"},"1_80226000_87854_55725","D",{"v":0.0496080531097,"d":"0.05"},{"v":0.000469093591618,"d":"0.00"},{"v":0.931194813285,"d":"0.93"}]
[8,802,80233,{"v":4760.172018,"d":"4,760.17"},954,{"v":0.200412926,"d":"0.20"}," ",430,80233000,{"v":4760.17201792,"d":"4,760.17"},954,{"v":0.200412926,"d":"0.20"},{"v":82.4083210499999,"d":"82.41"},{"v":0.905906425,"d":"0.91"},{"v":864.234729199999,"d":"864.23"},{"v":89.76527077,"d":"89.77"},1,"1_80233000_87975",{"v":73.5018610223,"d":"73.50"},{"v":0.891922806894,"d":"0.89"},{"v":770.830665482999,"d":"770.83"},{"v":0.017312046863,"d":"0.02"},"1_80233000_87975_56176","G",{"v":0.154866640949,"d":"0.15"},{"v":0.00210697577987,"d":"0.00"},{"v":1.62412154255,"d":"1.62"}]
[8,802,80239,{"v":1931.082983,"d":"1,931.08"},166,{"v":0.085962127,"d":"0.09"}," ",430,80239000,{"v":1931.08298336999,"d":"1,931.08"},166,{"v":0.085962127,"d":"0.09"},{"v":31.24915108,"d":"31.25"},{"v":0.905906425,"d":"0.91"},{"v":150.3804665,"d":"150.38"},{"v":15.61953349,"d":"15.62"},1,"1_80239000_88017",{"v":31.249151076,"d":"31.25"},{"v":0.999999999872,"d":"1.00"},{"v":150.380466481,"d":"150.38"},{"v":0.0161821896568,"d":"0.02"},"1_80239000_88017_56358","F",{"v":8.88601436411999,"d":"8.89"},{"v":0.284360184458,"d":"0.28"},{"v":42.7622171873999,"d":"42.76"}]
[8,803,80301,{"v":12082.88348,"d":"12,082.88"},49872,{"v":4.127491594,"d":"4.13"},"ST",101,80301022,{"v":200.323430239999,"d":"200.32"},1996,{"v":9.96388688799999,"d":"9.96"},{"v":59.8519785399999,"d":"59.85"},{"v":0.965932983,"d":"0.97"},{"v":1928.002234,"d":"1,928.00"},{"v":67.99776588,"d":"68.00"},1,"1_80301022_88061",{"v":59.2108592526,"d":"59.21"},{"v":0.989288252401,"d":"0.99"},{"v":1907.3499607,"d":"1,907.35"},{"v":0.29877672556,"d":"0.30"},"1_80301022_88061_56688","D",{"v":1.00117629125,"d":"1.00"},{"v":0.0169086600649,"d":"0.02"},{"v":32.2507321103,"d":"32.25"}]
[8,803,80302,{"v":2919.09603199999,"d":"2,919.10"},16731,{"v":5.731568888,"d":"5.73"},"ST",101,80302022,{"v":527.682523999999,"d":"527.68"},992,{"v":1.879918237,"d":"1.88"},{"v":36.67093981,"d":"36.67"},{"v":0.965932983,"d":"0.97"},{"v":958.2055192,"d":"958.21"},{"v":33.7944808399999,"d":"33.79"},1,"1_80302022_88126",{"v":31.4862984407,"d":"31.49"},{"v":0.858617166722,"d":"0.86"},{"v":822.731708033,"d":"822.73"},{"v":0.0694943230866,"d":"0.07"},"1_80302022_88126_57109","E",{"v":0.00568714736832,"d":"0.01"},{"v":1.80622926478E-4,"d":"0.00"},{"v":0.148604208811,"d":"0.15"}]
[8,803,80303,{"v":2224.87892,"d":"2,224.88"},23309,{"v":10.47652517,"d":"10.48"},"M",101,80303023,{"v":771.989911344999,"d":"771.99"},1480,{"v":1.917123499,"d":"1.92"},{"v":82.63373316,"d":"82.63"},{"v":0.965932983,"d":"0.97"},{"v":1429.580815,"d":"1,429.58"},{"v":50.41918512,"d":"50.42"},1,"1_80303023_88152",{"v":12.7400888809,"d":"12.74"},{"v":0.154175400211,"d":"0.15"},{"v":220.406194287,"d":"220.41"},{"v":0.107039913276,"d":"0.11"},"1_80303023_88152_57295","F",{"v":0.0696015805037,"d":"0.07"},{"v":0.00546319426453,"d":"0.01"},{"v":1.2041218565,"d":"1.20"}]
[8,804,80404,{"v":3432.762486,"d":"3,432.76"},34210,{"v":9.965734636,"d":"9.97"},"ST",101,80404051,{"v":534.541262015,"d":"534.54"},2014,{"v":3.767716626,"d":"3.77"},{"v":70.49679272,"d":"70.50"},{"v":0.965932983,"d":"0.97"},{"v":1945.389028,"d":"1,945.39"},{"v":68.61097218,"d":"68.61"},1,"1_80404051_88216",{"v":0.470348512341,"d":"0.47"},{"v":0.00667191363172,"d":"0.01"},{"v":12.9794675748999,"d":"12.98"},{"v":0.131882789467,"d":"0.13"},"1_80404051_88216_57625","D",{"v":0.277260261403,"d":"0.28"},{"v":0.589478342396,"d":"0.59"},{"v":7.65111503123,"d":"7.65"}]
[8,804,80408,{"v":1461.99055199999,"d":"1,461.99"},11765,{"v":8.04724762799999,"d":"8.05"},"M",101,80408004,{"v":158.412705265,"d":"158.41"},2667,{"v":16.83577081,"d":"16.84"},{"v":50.2508059199999,"d":"50.25"},{"v":0.965932983,"d":"0.97"},{"v":2576.143266,"d":"2,576.14"},{"v":90.8567342599999,"d":"90.86"},1,"1_80408004_88291",{"v":37.3606552848999,"d":"37.36"},{"v":0.743483703413,"d":"0.74"},{"v":1915.32053593,"d":"1,915.32"},{"v":0.317214492587,"d":"0.32"},"1_80408004_88291_58042","D",{"v":0.558869378866,"d":"0.56"},{"v":0.0149587681106,"d":"0.01"},{"v":28.6508357543999,"d":"28.65"}]
[8,804,80410,{"v":1024.29903399999,"d":"1,024.30"},4718,{"v":4.606076782,"d":"4.61"}," ",310,80410001,{"v":703.576061125,"d":"703.58"},2078,{"v":2.953483091,"d":"2.95"},{"v":136.871197099999,"d":"136.87"},{"v":0.969116244,"d":"0.97"},{"v":2013.823554,"d":"2,013.82"},{"v":64.1764456899999,"d":"64.18"},1,"1_80410001_88332",{"v":62.3587286801,"d":"62.36"},{"v":0.455601543651,"d":"0.46"},{"v":917.501119842999,"d":"917.50"},{"v":0.194536461177,"d":"0.19"},"1_80410001_88332_58232","C",{"v":3.40266219398,"d":"3.40"},{"v":0.0545659327251,"d":"0.05"},{"v":50.0643043805999,"d":"50.06"}]
[1,104,10402,{"v":1090.57643699999,"d":"1,090.58"},1326,{"v":1.215870759,"d":"1.22"}," ",430,10402001,{"v":413.309527464999,"d":"413.31"},575,{"v":1.391209159,"d":"1.39"},{"v":0,"d":"0.00"},{"v":0.905906425,"d":"0.91"},{"v":520.896194199999,"d":"520.90"},{"v":54.10380576,"d":"54.10"},0,"0_10402001_38",{"v":348.842527748,"d":"348.84"},{"v":0,"d":"0.00"},{"v":54.10380576,"d":"54.10"},{"v":0,"d":"0.00"},"0_10402001_38_58899","G",{"v":0.00758770599869,"d":"0.01"},{"v":2.1751092241E-5,"d":"0.00"},{"v":0.00117681686969,"d":"0.00"}]
[1,104,10405,{"v":4928.357694,"d":"4,928.36"},3667,{"v":0.744061253,"d":"0.74"},"ST",430,10405002,{"v":1484.16334806,"d":"1,484.16"},1208,{"v":0.813926581,"d":"0.81"},{"v":0,"d":"0.00"},{"v":0.905906425,"d":"0.91"},{"v":1094.334961,"d":"1,094.33"},{"v":113.665038899999,"d":"113.67"},0,"0_10405002_49",{"v":1357.37523265999,"d":"1,357.38"},{"v":0,"d":"0.00"},{"v":113.665038899999,"d":"113.67"},{"v":0,"d":"0.00"},"0_10405002_49_58975","C",{"v":0.929549784283,"d":"0.93"},{"v":0.000684814163333,"d":"0.00"},{"v":0.0778394285145,"d":"0.08"}]
[1,105,10504,{"v":3790.18339599999,"d":"3,790.18"},4111,{"v":1.084644085,"d":"1.08"},"ST",430,10504003,{"v":812.417702755,"d":"812.42"},476,{"v":0.5859055,"d":"0.59"},{"v":0,"d":"0.00"},{"v":0.905906425,"d":"0.91"},{"v":431.211458199999,"d":"431.21"},{"v":44.7885418099999,"d":"44.79"},0,"0_10504003_104",{"v":812.076521210999,"d":"812.08"},{"v":0,"d":"0.00"},{"v":44.7885418099999,"d":"44.79"},{"v":0,"d":"0.00"},"0_10504003_104_59532","G",{"v":25.2130104778,"d":"25.21"},{"v":0.0310475796544,"d":"0.03"},{"v":1.39057581945,"d":"1.39"}]
[1,108,10804,{"v":4246.21216699999,"d":"4,246.21"},1368,{"v":0.322169488,"d":"0.32"}," ",430,10804001,{"v":1512.27453504999,"d":"1,512.27"},420,{"v":0.277727351,"d":"0.28"},{"v":0,"d":"0.00"},{"v":0.905906425,"d":"0.91"},{"v":380.480698399999,"d":"380.48"},{"v":39.5193015999999,"d":"39.52"},0,"0_10804001_209",{"v":1426.4495002199901,"d":"1,426.45"},{"v":0,"d":"0.00"},{"v":39.5193015999999,"d":"39.52"},{"v":0,"d":"0.00"},"0_10804001_209_59836","F",{"v":0.0904584985855,"d":"0.09"},{"v":6.3415142682e-05,"d":"0.00"},{"v":0.00250612214967,"d":"0.00"}]
[1,108,10815,{"v":5072.033346,"d":"5,072.03"},1380,{"v":0.27208023,"d":"0.27"}," ",430,10815000,{"v":2728.37422396,"d":"2,728.37"},697,{"v":0.25546349,"d":"0.26"},{"v":0,"d":"0.00"},{"v":0.905906425,"d":"0.91"},{"v":631.416778099999,"d":"631.42"},{"v":65.5832219299999,"d":"65.58"},0,"0_10815000_236",{"v":2605.73912361,"d":"2,605.74"},{"v":0,"d":"0.00"},{"v":65.5832219299999,"d":"65.58"},{"v":0,"d":"0.00"},"0_10815000_236_60244","G",{"v":5.79637136924,"d":"5.80"},{"v":0.00222446342257,"d":"0.00"},{"v":0.145887478318,"d":"0.15"}]
[1,108,10822,{"v":1736.85818999999,"d":"1,736.86"},1364,{"v":0.78532606,"d":"0.79"},"M",430,10822000,{"v":1736.8581902,"d":"1,736.86"},1364,{"v":0.78532606,"d":"0.79"},{"v":0,"d":"0.00"},{"v":0.905906425,"d":"0.91"},{"v":1235.656363,"d":"1,235.66"},{"v":128.343636599999,"d":"128.34"},0,"0_10822000_253",{"v":1581.80479755,"d":"1,581.80"},{"v":0,"d":"0.00"},{"v":128.343636599999,"d":"128.34"},{"v":0,"d":"0.00"},"0_10822000_253_60469","E",{"v":1.46903193161,"d":"1.47"},{"v":0.000928706205649,"d":"0.00"},{"v":0.119193531766,"d":"0.12"}]
[1,109,10904,{"v":993.5291805,"d":"993.53"},1256,{"v":1.264180282,"d":"1.26"}," ",420,10904000,{"v":797.155896989999,"d":"797.16"},986,{"v":1.236897329,"d":"1.24"},{"v":0,"d":"0.00"},{"v":0.920429496,"d":"0.92"},{"v":907.543482899999,"d":"907.54"},{"v":78.4565170999999,"d":"78.46"},0,"0_10904000_276",{"v":678.171634499999,"d":"678.17"},{"v":0,"d":"0.00"},{"v":78.4565170999999,"d":"78.46"},{"v":0,"d":"0.00"},"0_10904000_276_60773","G",{"v":14.1572821782999,"d":"14.16"},{"v":0.0208756625286,"d":"0.02"},{"v":1.63783177415,"d":"1.64"}]
[1,109,10914,{"v":2615.90142199999,"d":"2,615.90"},1537,{"v":0.587560367,"d":"0.59"}," ",430,10914005,{"v":394.013451384999,"d":"394.01"},274,{"v":0.69540773,"d":"0.70"},{"v":0,"d":"0.00"},{"v":0.905906425,"d":"0.91"},{"v":248.218360399999,"d":"248.22"},{"v":25.7816396099999,"d":"25.78"},0,"0_10914005_307",{"v":358.538573676999,"d":"358.54"},{"v":0,"d":"0.00"},{"v":25.7816396099999,"d":"25.78"},{"v":0,"d":"0.00"},"0_10914005_307_61177","E",{"v":0.231040180151,"d":"0.23"},{"v":0.000644394207802,"d":"0.00"},{"v":0.0166135392323,"d":"0.02"}]
[1,109,10918,{"v":2741.47994199999,"d":"2,741.48"},5924,{"v":2.160876652,"d":"2.16"},"ST",220,10918002,{"v":1743.04724994999,"d":"1,743.05"},2134,{"v":1.224292686,"d":"1.22"},{"v":0,"d":"0.00"},{"v":0.975109986,"d":"0.98"},{"v":2080.88470999999,"d":"2,080.88"},{"v":53.11528958,"d":"53.12"},0,"0_10918002_321",{"v":1599.82762643,"d":"1,599.83"},{"v":0,"d":"0.00"},{"v":53.11528958,"d":"53.12"},{"v":0,"d":"0.00"},"0_10918002_321_61406","E",{"v":0.000284270348844,"d":"0.00"},{"v":1.77688111E-7,"d":"0.00"},{"v":9.43795547e-06,"d":"0.00"}]
[1,109,10926,{"v":3980.98576,"d":"3,980.99"},809,{"v":0.203215999,"d":"0.20"}," ",420,10926002,{"v":234.722746124999,"d":"234.72"},73,{"v":0.311005223,"d":"0.31"},{"v":0,"d":"0.00"},{"v":0.920429496,"d":"0.92"},{"v":67.1913531999999,"d":"67.19"},{"v":5.808646804,"d":"5.81"},0,"0_10926002_346",{"v":222.064018795999,"d":"222.06"},{"v":0,"d":"0.00"},{"v":5.808646804,"d":"5.81"},{"v":0,"d":"0.00"},"0_10926002_346_61710","außerhalb GKL",{"v":222.064018795999,"d":"222.06"},{"v":1,"d":"1.00"},{"v":5.808646804,"d":"5.81"}]
[2,201,20101,{"v":12003.30138,"d":"12,003.30"},101300,{"v":8.439344879,"d":"8.44"},"SR",101,20101341,{"v":441.739052695999,"d":"441.74"},789,{"v":1.786122362,"d":"1.79"},{"v":0,"d":"0.00"},{"v":0.965932983,"d":"0.97"},{"v":762.1211236,"d":"762.12"},{"v":26.8788763899999,"d":"26.88"},0,"0_20101341_393",{"v":373.839669406999,"d":"373.84"},{"v":0,"d":"0.00"},{"v":26.8788763899999,"d":"26.88"},{"v":0,"d":"0.00"},"0_20101341_393_62030","D",{"v":6.85488511678,"d":"6.85"},{"v":0.0183364305015,"d":"0.02"},{"v":0.492862648884,"d":"0.49"}]
[2,201,20101,{"v":12003.30138,"d":"12,003.30"},101300,{"v":8.439344879,"d":"8.44"},"SR",101,20101580,{"v":80.0466859157999,"d":"80.05"},761,{"v":9.50695198999999,"d":"9.51"},{"v":0,"d":"0.00"},{"v":0.965932983,"d":"0.97"},{"v":735.0750001,"d":"735.08"},{"v":25.92499992,"d":"25.92"},0,"0_20101580_434",{"v":74.662808931,"d":"74.66"},{"v":0,"d":"0.00"},{"v":25.92499992,"d":"25.92"},{"v":0,"d":"0.00"},"0_20101580_434_62343","C",{"v":1.01896257188,"d":"1.02"},{"v":0.0136475252735,"d":"0.01"},{"v":0.353812091624,"d":"0.35"}]
[2,201,20101,{"v":12003.30138,"d":"12,003.30"},101300,{"v":8.439344879,"d":"8.44"},"SR",101,20101720,{"v":557.138128498,"d":"557.14"},664,{"v":1.191804987,"d":"1.19"},{"v":0,"d":"0.00"},{"v":0.965932983,"d":"0.97"},{"v":641.379500699999,"d":"641.38"},{"v":22.62049927,"d":"22.62"},0,"0_20101720_459",{"v":493.231952743,"d":"493.23"},{"v":0,"d":"0.00"},{"v":22.62049927,"d":"22.62"},{"v":0,"d":"0.00"},"0_20101720_459_62647","F",{"v":0.0021592445553,"d":"0.00"},{"v":4.377746704e-06,"d":"0.00"},{"v":9.9026816116e-05,"d":"0.00"}]
[2,202,20201,{"v":13490.3313699999,"d":"13,490.33"},62882,{"v":4.6612643,"d":"4.66"},"SR",102,20201061,{"v":28.2296308499,"d":"28.23"},563,{"v":19.9435834999999,"d":"19.94"},{"v":0,"d":"0.00"},{"v":0.973029842,"d":"0.97"},{"v":547.8158008,"d":"547.82"},{"v":15.1841992099999,"d":"15.18"},0,"0_20201061_484",{"v":23.6691409965999,"d":"23.67"},{"v":0,"d":"0.00"},{"v":15.1841992099999,"d":"15.18"},{"v":0,"d":"0.00"},"0_20201061_484_62963","F",{"v":0.34434127578,"d":"0.34"},{"v":0.0145481103784,"d":"0.01"},{"v":0.220901406115,"d":"0.22"}]
[2,202,20201,{"v":13490.3313699999,"d":"13,490.33"},62882,{"v":4.6612643,"d":"4.66"},"SR",102,20201321,{"v":1179.54890023,"d":"1,179.55"},1554,{"v":1.317452799,"d":"1.32"},{"v":0,"d":"0.00"},{"v":0.973029842,"d":"0.97"},{"v":1512.08837399999,"d":"1,512.09"},{"v":41.91162623,"d":"41.91"},0,"0_20201321_516",{"v":1017.76425535999,"d":"1,017.76"},{"v":0,"d":"0.00"},{"v":41.91162623,"d":"41.91"},{"v":0,"d":"0.00"},"0_20201321_516_63617","außerhalb GKL",{"v":5.723554465E-6,"d":"0.00"},{"v":5.623654e-09,"d":"0.00"},{"v":2.35696503e-07,"d":"0.00"}]
[2,204,20402,{"v":5499.893022,"d":"5,499.89"},8065,{"v":1.466392158,"d":"1.47"},"M",310,20402005,{"v":492.85905212,"d":"492.86"},2837,{"v":5.756209585,"d":"5.76"},{"v":0,"d":"0.00"},{"v":0.969116244,"d":"0.97"},{"v":2749.382783,"d":"2,749.38"},{"v":87.61721676,"d":"87.62"},0,"0_20402005_549",{"v":339.656842207,"d":"339.66"},{"v":0,"d":"0.00"},{"v":87.61721676,"d":"87.62"},{"v":0,"d":"0.00"},"0_20402005_549_63947","E",{"v":1.52063061557,"d":"1.52"},{"v":4.47696152885E-3,"d":"0.00"},{"v":0.392258908699,"d":"0.39"}]
[2,204,20405,{"v":11731.2307799999,"d":"11,731.23"},7123,{"v":0.607182668,"d":"0.61"},"ST",410,20405007,{"v":1517.72586230999,"d":"1,517.73"},1008,{"v":0.664151561,"d":"0.66"},{"v":0,"d":"0.00"},{"v":0.921559671,"d":"0.92"},{"v":928.932148099999,"d":"928.93"},{"v":79.06785189,"d":"79.07"},0,"0_20405007_559",{"v":1432.94312371,"d":"1,432.94"},{"v":0,"d":"0.00"},{"v":79.06785189,"d":"79.07"},{"v":0,"d":"0.00"},"0_20405007_559_64232","G",{"v":9.05350105524,"d":"9.05"},{"v":0.00631811612439,"d":"0.01"},{"v":0.499559869947,"d":"0.50"}]
[2,204,20417,{"v":2551.72719499999,"d":"2,551.73"},2561,{"v":1.003633933,"d":"1.00"}," ",101,20417000,{"v":2551.72719547999,"d":"2,551.73"},2561,{"v":1.003633933,"d":"1.00"},{"v":0,"d":"0.00"},{"v":0.965932983,"d":"0.97"},{"v":2473.75437,"d":"2,473.75"},{"v":87.2456304699999,"d":"87.25"},0,"0_20417000_571",{"v":2369.35025454,"d":"2,369.35"},{"v":0,"d":"0.00"},{"v":87.2456304699999,"d":"87.25"},{"v":0,"d":"0.00"},"0_20417000_571_64554","F",{"v":4.59540302757,"d":"4.60"},{"v":0.00193952034688,"d":"0.00"},{"v":0.169214675473,"d":"0.17"}]
[2,204,20425,{"v":3074.57943199999,"d":"3,074.58"},3199,{"v":1.040467508,"d":"1.04"},"M",310,20425000,{"v":1199.52791180999,"d":"1,199.53"},2537,{"v":2.114998722,"d":"2.11"},{"v":0,"d":"0.00"},{"v":0.969116244,"d":"0.97"},{"v":2458.64791,"d":"2,458.65"},{"v":78.35208986,"d":"78.35"},0,"0_20425000_584",{"v":1015.8942858,"d":"1,015.89"},{"v":0,"d":"0.00"},{"v":78.35208986,"d":"78.35"},{"v":0,"d":"0.00"},"0_20425000_584_64884","F",{"v":3.34997186083,"d":"3.35"},{"v":0.00329755950757,"d":"0.00"},{"v":0.258370678856,"d":"0.26"}]
[2,205,20501,{"v":1227.08384299999,"d":"1,227.08"},4715,{"v":3.842443227,"d":"3.84"},"ST",210,20501002,{"v":185.94091258,"d":"185.94"},1403,{"v":7.545407735,"d":"7.55"},{"v":0,"d":"0.00"},{"v":0.955942851,"d":"0.96"},{"v":1341.18782,"d":"1,341.19"},{"v":61.81217955,"d":"61.81"},0,"0_20501002_595",{"v":133.070787375,"d":"133.07"},{"v":0,"d":"0.00"},{"v":61.81217955,"d":"61.81"},{"v":0,"d":"0.00"},"0_20501002_595_65165","A",{"v":1.375900963E-5,"d":"0.00"},{"v":1.03396169E-7,"d":"0.00"},{"v":6.391142567e-06,"d":"0.00"}]
[2,205,20506,{"v":7470.17621299999,"d":"7,470.18"},809,{"v":0.108297311,"d":"0.11"}," ",430,20506000,{"v":7470.17621280999,"d":"7,470.18"},809,{"v":0.108297311,"d":"0.11"},{"v":0,"d":"0.00"},{"v":0.905906425,"d":"0.91"},{"v":732.878297599999,"d":"732.88"},{"v":76.12170236,"d":"76.12"},0,"0_20506000_608",{"v":7385.08868839,"d":"7,385.09"},{"v":0,"d":"0.00"},{"v":76.12170236,"d":"76.12"},{"v":0,"d":"0.00"},"0_20506000_608_65491","E",{"v":7.85567346931,"d":"7.86"},{"v":0.00106372093834,"d":"0.00"},{"v":0.0809722486624,"d":"0.08"}]
[2,205,20518,{"v":22325.63045,"d":"22,325.63"},1953,{"v":0.087477933,"d":"0.09"},"M",430,20518000,{"v":14662.7400971999,"d":"14,662.74"},1218,{"v":0.083067693,"d":"0.08"},{"v":0,"d":"0.00"},{"v":0.905906425,"d":"0.91"},{"v":1103.394025,"d":"1,103.39"},{"v":114.605974599999,"d":"114.61"},0,"0_20518000_626",{"v":14584.4732029999,"d":"14,584.47"},{"v":0,"d":"0.00"},{"v":114.605974599999,"d":"114.61"},{"v":0,"d":"0.00"},"0_20518000_626_65821","F",{"v":2.35781106041,"d":"2.36"},{"v":1.61665836509E-4,"d":"0.00"},{"v":0.0185278707526,"d":"0.02"}]
[2,205,20527,{"v":5078.86869099999,"d":"5,078.87"},12386,{"v":2.438732079,"d":"2.44"},"ST",103,20527010,{"v":175.685802669999,"d":"175.69"},1605,{"v":9.13562721399999,"d":"9.14"},{"v":0,"d":"0.00"},{"v":0.975480312,"d":"0.98"},{"v":1565.645901,"d":"1,565.65"},{"v":39.3540993,"d":"39.35"},0,"0_20527010_634",{"v":98.138383989,"d":"98.14"},{"v":0,"d":"0.00"},{"v":39.3540993,"d":"39.35"},{"v":0,"d":"0.00"},"0_20527010_634_66098","außerhalb GKL",{"v":1.25943841629,"d":"1.26"},{"v":0.0128332907584,"d":"0.01"},{"v":0.505042598852,"d":"0.51"}]
[2,205,20531,{"v":9579.674123,"d":"9,579.67"},2032,{"v":0.212115775,"d":"0.21"},"M",430,20531002,{"v":8726.68307613999,"d":"8,726.68"},989,{"v":0.113330574,"d":"0.11"},{"v":0,"d":"0.00"},{"v":0.905906425,"d":"0.91"},{"v":895.941454099999,"d":"895.94"},{"v":93.0585458999999,"d":"93.06"},0,"0_20531002_648",{"v":8652.54086341999,"d":"8,652.54"},{"v":0,"d":"0.00"},{"v":93.0585458999999,"d":"93.06"},{"v":0,"d":"0.00"},"0_20531002_648_66454","G",{"v":3.72875931386,"d":"3.73"},{"v":0.000430943854842,"d":"0.00"},{"v":0.0401030084961,"d":"0.04"}]
[2,206,20616,{"v":3437.434991,"d":"3,437.43"},1703,{"v":0.495427551,"d":"0.50"}," ",410,20616000,{"v":3437.43499097999,"d":"3,437.43"},1703,{"v":0.495427551,"d":"0.50"},{"v":0,"d":"0.00"},{"v":0.921559671,"d":"0.92"},{"v":1569.41611899999,"d":"1,569.42"},{"v":133.5838807,"d":"133.58"},0,"0_20616000_672",{"v":3251.38303915999,"d":"3,251.38"},{"v":0,"d":"0.00"},{"v":133.5838807,"d":"133.58"},{"v":0,"d":"0.00"},"0_20616000_672_66758","F",{"v":0.00418913888702,"d":"0.00"},{"v":1.288417525E-6,"d":"0.00"},{"v":0.000172111812906,"d":"0.00"}]
[2,206,20630,{"v":8929.444867,"d":"8,929.44"},5782,{"v":0.647520656,"d":"0.65"},"ST",410,20630003,{"v":336.459541269999,"d":"336.46"},1261,{"v":3.747850322,"d":"3.75"},{"v":0,"d":"0.00"},{"v":0.921559671,"d":"0.92"},{"v":1162.086745,"d":"1,162.09"},{"v":98.91325519,"d":"98.91"},0,"0_20630003_688",{"v":195.797325387,"d":"195.80"},{"v":0,"d":"0.00"},{"v":98.91325519,"d":"98.91"},{"v":0,"d":"0.00"},"0_20630003_688_67031","E",{"v":8.98359031605,"d":"8.98"},{"v":0.0458820890341,"d":"0.05"},{"v":4.53834678128,"d":"4.54"}]
[2,206,20634,{"v":4443.83202199999,"d":"4,443.83"},6506,{"v":1.464051739,"d":"1.46"},"M",410,20634003,{"v":808.975174029999,"d":"808.98"},1457,{"v":1.801044144,"d":"1.80"},{"v":0,"d":"0.00"},{"v":0.921559671,"d":"0.92"},{"v":1342.71244,"d":"1,342.71"},{"v":114.2875597,"d":"114.29"},0,"0_20634003_702",{"v":651.004122162,"d":"651.00"},{"v":0,"d":"0.00"},{"v":114.2875597,"d":"114.29"},{"v":0,"d":"0.00"},"0_20634003_702_67391","G",{"v":7.70036440796,"d":"7.70"},{"v":0.0118284418575,"d":"0.01"},{"v":1.35184375495,"d":"1.35"}]
[2,206,20638,{"v":7379.70258399999,"d":"7,379.70"},1162,{"v":0.15745892,"d":"0.16"}," ",410,20638000,{"v":7379.70258380999,"d":"7,379.70"},1162,{"v":0.15745892,"d":"0.16"},{"v":0,"d":"0.00"},{"v":0.921559671,"d":"0.92"},{"v":1070.852337,"d":"1,070.85"},{"v":91.1476626,"d":"91.15"},0,"0_20638000_721",{"v":7233.32904579,"d":"7,233.33"},{"v":0,"d":"0.00"},{"v":91.1476626,"d":"91.15"},{"v":0,"d":"0.00"},"0_20638000_721_67695","G",{"v":5.3010344263,"d":"5.30"},{"v":0.000732862336656,"d":"0.00"},{"v":0.0667986889938,"d":"0.07"}]
[2,207,20710,{"v":3141.01640399999,"d":"3,141.02"},2088,{"v":0.664752975,"d":"0.66"}," ",410,20710003,{"v":1472.99841822999,"d":"1,473.00"},238,{"v":0.16157519,"d":"0.16"},{"v":0,"d":"0.00"},{"v":0.921559671,"d":"0.92"},{"v":219.3312016,"d":"219.33"},{"v":18.66879836,"d":"18.67"},0,"0_20710003_747",{"v":1468.79641448999,"d":"1,468.80"},{"v":0,"d":"0.00"},{"v":18.66879836,"d":"18.67"},{"v":0,"d":"0.00"},"0_20710003_747_68220","G",{"v":1.4836938515E-5,"d":"0.00"},{"v":1.0101426e-08,"d":"0.00"},{"v":1.88581488e-07,"d":"0.00"}]
[2,207,20722,{"v":7861.712771,"d":"7,861.71"},4292,{"v":0.545937015,"d":"0.55"},"M",410,20722000,{"v":458.013233894999,"d":"458.01"},1182,{"v":2.580711457,"d":"2.58"},{"v":0,"d":"0.00"},{"v":0.921559671,"d":"0.92"},{"v":1089.283531,"d":"1,089.28"},{"v":92.71646918,"d":"92.72"},0,"0_20722000_767",{"v":326.604541841,"d":"326.60"},{"v":0,"d":"0.00"},{"v":92.71646918,"d":"92.72"},{"v":0,"d":"0.00"},"0_20722000_767_68665","F",{"v":4.02598121749,"d":"4.03"},{"v":0.0123267765806,"d":"0.01"},{"v":1.14289520092,"d":"1.14"}]
[2,207,20724,{"v":7103.98807599999,"d":"7,103.99"},4462,{"v":0.628097901,"d":"0.63"},"M",310,20724003,{"v":3303.79420266999,"d":"3,303.79"},882,{"v":0.266965781,"d":"0.27"},{"v":0,"d":"0.00"},{"v":0.969116244,"d":"0.97"},{"v":854.760526899999,"d":"854.76"},{"v":27.2394731,"d":"27.24"},0,"0_20724003_775",{"v":3220.81931431,"d":"3,220.82"},{"v":0,"d":"0.00"},{"v":27.2394731,"d":"27.24"},{"v":0,"d":"0.00"},"0_20724003_775_68969","F",{"v":0.101073211461,"d":"0.10"},{"v":3.13812113e-05,"d":"0.00"},{"v":0.000854807661046,"d":"0.00"}]
[2,207,20725,{"v":5300.55923499999,"d":"5,300.56"},9025,{"v":1.702650532,"d":"1.70"},"M",410,20725005,{"v":636.531925659999,"d":"636.53"},1568,{"v":2.463348556,"d":"2.46"},{"v":0,"d":"0.00"},{"v":0.921559671,"d":"0.92"},{"v":1445.005564,"d":"1,445.01"},{"v":122.9944363,"d":"122.99"},0,"0_20725005_781",{"v":390.527574402,"d":"390.53"},{"v":0,"d":"0.00"},{"v":122.9944363,"d":"122.99"},{"v":0,"d":"0.00"},"0_20725005_781_69153","G",{"v":3.98274553788E-4,"d":"0.00"},{"v":1.019837215E-6,"d":"0.00"},{"v":0.000125434303355,"d":"0.00"}]
[2,208,20803,{"v":6780.98431999999,"d":"6,780.98"},5870,{"v":0.865656035,"d":"0.87"},"M",410,20803002,{"v":418.360475184999,"d":"418.36"},1642,{"v":3.924844954,"d":"3.92"},{"v":0,"d":"0.00"},{"v":0.921559671,"d":"0.92"},{"v":1513.20097899999,"d":"1,513.20"},{"v":128.7990206,"d":"128.80"},0,"0_20803002_797",{"v":268.057496732,"d":"268.06"},{"v":0,"d":"0.00"},{"v":128.7990206,"d":"128.80"},{"v":0,"d":"0.00"},"0_20803002_797_69602","B",{"v":1.99679355788,"d":"2.00"},{"v":0.00744912409548,"d":"0.01"},{"v":0.959439887826,"d":"0.96"}]
[2,208,20808,{"v":7485.98340699999,"d":"7,485.98"},3428,{"v":0.457922468,"d":"0.46"},"M",410,20808000,{"v":238.716267614999,"d":"238.72"},1687,{"v":7.06696706,"d":"7.07"},{"v":0,"d":"0.00"},{"v":0.921559671,"d":"0.92"},{"v":1554.67116499999,"d":"1,554.67"},{"v":132.328835499999,"d":"132.33"},0,"0_20808000_807",{"v":117.164002288,"d":"117.16"},{"v":0,"d":"0.00"},{"v":132.328835499999,"d":"132.33"},{"v":0,"d":"0.00"},"0_20808000_807_69906","E",{"v":0.00565121901656,"d":"0.01"},{"v":4.8233407072E-5,"d":"0.00"},{"v":6.38267059006E-3,"d":"0.01"}]
[2,208,20813,{"v":4108.09092799999,"d":"4,108.09"},4480,{"v":1.090530877,"d":"1.09"}," ",410,20813000,{"v":1563.92785221999,"d":"1,563.93"},2326,{"v":1.487280885,"d":"1.49"},{"v":0,"d":"0.00"},{"v":0.921559671,"d":"0.92"},{"v":2143.547794,"d":"2,143.55"},{"v":182.4522058,"d":"182.45"},0,"0_20813000_814",{"v":1288.78288328,"d":"1,288.78"},{"v":0,"d":"0.00"},{"v":182.4522058,"d":"182.45"},{"v":0,"d":"0.00"},"0_20813000_814_70086","G",{"v":22.7016454235,"d":"22.70"},{"v":0.0176147943288,"d":"0.02"},{"v":3.21385808,"d":"3.21"}]
[2,209,20905,{"v":10093.65423,"d":"10,093.65"},2556,{"v":0.253228409,"d":"0.25"},"M",103,20905000,{"v":180.529561809999,"d":"180.53"},593,{"v":3.284780587,"d":"3.28"},{"v":0,"d":"0.00"},{"v":0.975480312,"d":"0.98"},{"v":578.459825,"d":"578.46"},{"v":14.540175,"d":"14.54"},0,"0_20905000_834",{"v":119.188400211,"d":"119.19"},{"v":0,"d":"0.00"},{"v":14.540175,"d":"14.54"},{"v":0,"d":"0.00"},"0_20905000_834_70539","E",{"v":0.885670350461,"d":"0.89"},{"v":0.0074308435124,"d":"0.01"},{"v":0.108045765068,"d":"0.11"}]
[2,209,20913,{"v":11358.7934299999,"d":"11,358.79"},9873,{"v":0.869194432,"d":"0.87"},"ST",410,20913010,{"v":1979.93427502,"d":"1,979.93"},1970,{"v":0.994982523,"d":"0.99"},{"v":0,"d":"0.00"},{"v":0.921559671,"d":"0.92"},{"v":1815.472551,"d":"1,815.47"},{"v":154.5274486,"d":"154.53"},0,"0_20913010_850",{"v":1812.50991546,"d":"1,812.51"},{"v":0,"d":"0.00"},{"v":154.5274486,"d":"154.53"},{"v":0,"d":"0.00"},"0_20913010_850_70869","G",{"v":40.2098781020999,"d":"40.21"},{"v":0.0221846389689,"d":"0.02"},{"v":3.42813565798,"d":"3.43"}]
[2,209,20923,{"v":27863.0530499999,"d":"27,863.05"},25025,{"v":0.898142783,"d":"0.90"},"ST",103,20923021,{"v":143.055543115,"d":"143.06"},736,{"v":5.144854816,"d":"5.14"},{"v":0,"d":"0.00"},{"v":0.975480312,"d":"0.98"},{"v":717.953509599999,"d":"717.95"},{"v":18.0464903899999,"d":"18.05"},0,"0_20923021_877",{"v":82.7084726956999,"d":"82.71"},{"v":0,"d":"0.00"},{"v":18.0464903899999,"d":"18.05"},{"v":0,"d":"0.00"},"0_20923021_877_71355","F",{"v":0.214406354891,"d":"0.21"},{"v":0.00259231428054,"d":"0.00"},{"v":0.0467821747516,"d":"0.05"}]
[2,209,20923,{"v":27863.0530499999,"d":"27,863.05"},25025,{"v":0.898142783,"d":"0.90"},"ST",103,20923042,{"v":299.518593179999,"d":"299.52"},1561,{"v":5.211696487,"d":"5.21"},{"v":0,"d":"0.00"},{"v":0.975480312,"d":"0.98"},{"v":1522.72476699999,"d":"1,522.72"},{"v":38.27523302,"d":"38.28"},0,"0_20923042_882",{"v":178.36814691,"d":"178.37"},{"v":0,"d":"0.00"},{"v":38.27523302,"d":"38.28"},{"v":0,"d":"0.00"},"0_20923042_882_71476","G",{"v":3.02019667277,"d":"3.02"},{"v":0.016932376801,"d":"0.02"},{"v":0.648090667641,"d":"0.65"}]
[2,210,21002,{"v":7752.80996899999,"d":"7,752.81"},14270,{"v":1.840622956,"d":"1.84"},"ST",210,21002004,{"v":651.003282919999,"d":"651.00"},2006,{"v":3.081397671,"d":"3.08"},{"v":0,"d":"0.00"},{"v":0.955942851,"d":"0.96"},{"v":1917.62136,"d":"1,917.62"},{"v":88.3786401899999,"d":"88.38"},0,"0_21002004_904",{"v":518.755644490999,"d":"518.76"},{"v":0,"d":"0.00"},{"v":88.3786401899999,"d":"88.38"},{"v":0,"d":"0.00"},"0_21002004_904_71806","D",{"v":5.88097996359,"d":"5.88"},{"v":0.0113367054914,"d":"0.01"},{"v":1.00192261556,"d":"1.00"}]
[2,210,21009,{"v":2954.57371899999,"d":"2,954.57"},3808,{"v":1.288849209,"d":"1.29"}," ",410,21009001,{"v":1328.80283643,"d":"1,328.80"},1894,{"v":1.425343134,"d":"1.43"},{"v":0,"d":"0.00"},{"v":0.921559671,"d":"0.92"},{"v":1745.43401599999,"d":"1,745.43"},{"v":148.5659836,"d":"148.57"},0,"0_21009001_920",{"v":1124.24443530999,"d":"1,124.24"},{"v":0,"d":"0.00"},{"v":148.5659836,"d":"148.57"},{"v":0,"d":"0.00"},"0_21009001_920_72288","E",{"v":0.0296338456078,"d":"0.03"},{"v":2.6358899077e-05,"d":"0.00"},{"v":3.91603576793E-3,"d":"0.00"}]
[3,318,31802,{"v":521.932634399999,"d":"521.93"},1779,{"v":3.408485852,"d":"3.41"},"M",410,31802001,{"v":481.209315865,"d":"481.21"},1195,{"v":2.48332682,"d":"2.48"},{"v":0,"d":"0.00"},{"v":0.921559671,"d":"0.92"},{"v":1101.263807,"d":"1,101.26"},{"v":93.7361934599999,"d":"93.74"},0,"0_31802001_2437",{"v":346.130994010999,"d":"346.13"},{"v":0,"d":"0.00"},{"v":93.7361934599999,"d":"93.74"},{"v":0,"d":"0.00"},"0_31802001_2437_72413","D",{"v":0.00359173816713,"d":"0.00"},{"v":1.0376817532E-5,"d":"0.00"},{"v":0.000972683375707,"d":"0.00"}]
[3,318,31812,{"v":1482.27802599999,"d":"1,482.28"},1313,{"v":0.885798734,"d":"0.89"},"M",410,31812000,{"v":1285.92792714999,"d":"1,285.93"},910,{"v":0.707660189,"d":"0.71"},{"v":0,"d":"0.00"},{"v":0.921559671,"d":"0.92"},{"v":838.6193004,"d":"838.62"},{"v":71.38069962,"d":"71.38"},0,"0_31812000_2459",{"v":1208.50359559999,"d":"1,208.50"},{"v":0,"d":"0.00"},{"v":71.38069962,"d":"71.38"},{"v":0,"d":"0.00"},"0_31812000_2459_72743","G",{"v":0.151912533352,"d":"0.15"},{"v":0.000125703004861,"d":"0.00"},{"v":0.00897276843131,"d":"0.01"}]
[3,323,32315,{"v":4393.29924399999,"d":"4,393.30"},2272,{"v":0.517151205,"d":"0.52"},"M",410,32315000,{"v":200.993295345,"d":"200.99"},1076,{"v":5.353412402,"d":"5.35"},{"v":0,"d":"0.00"},{"v":0.921559671,"d":"0.92"},{"v":991.598205699999,"d":"991.60"},{"v":84.40179428,"d":"84.40"},0,"0_32315000_2960",{"v":108.49823252,"d":"108.50"},{"v":0,"d":"0.00"},{"v":84.40179428,"d":"84.40"},{"v":0,"d":"0.00"},"0_32315000_2960_73221","G",{"v":0.00409484138492,"d":"0.00"},{"v":3.7741088401e-05,"d":"0.00"},{"v":0.00318541557915,"d":"0.00"}]
[5,502,50201,{"v":18691.87758,"d":"18,691.88"},5886,{"v":0.314896135,"d":"0.31"},"M",430,50201000,{"v":331.440825265,"d":"331.44"},2587,{"v":7.805314864,"d":"7.81"},{"v":0,"d":"0.00"},{"v":0.905906425,"d":"0.91"},{"v":2343.579921,"d":"2,343.58"},{"v":243.4200791,"d":"243.42"},0,"0_50201000_4493",{"v":193.500104555999,"d":"193.50"},{"v":0,"d":"0.00"},{"v":243.4200791,"d":"243.42"},{"v":0,"d":"0.00"},"0_50201000_4493_73713","F",{"v":0.262864866584,"d":"0.26"},{"v":0.00135847402867,"d":"0.00"},{"v":0.330679855514,"d":"0.33"}]
[5,504,50407,{"v":7564.76357399999,"d":"7,564.76"},1513,{"v":0.200006251,"d":"0.20"}," ",420,50407000,{"v":7564.7635741,"d":"7,564.76"},1513,{"v":0.200006251,"d":"0.20"},{"v":0,"d":"0.00"},{"v":0.920429496,"d":"0.92"},{"v":1392.60982699999,"d":"1,392.61"},{"v":120.3901728,"d":"120.39"},0,"0_50407000_4648",{"v":7396.2051111,"d":"7,396.21"},{"v":0,"d":"0.00"},{"v":120.3901728,"d":"120.39"},{"v":0,"d":"0.00"},"0_50407000_4648_74017","G",{"v":118.872254807,"d":"118.87"},{"v":0.0160720603365,"d":"0.02"},{"v":1.93491812116,"d":"1.93"}]
[5,504,50417,{"v":6084.221145,"d":"6,084.22"},4876,{"v":0.801417286,"d":"0.80"},"ST",220,50417001,{"v":156.817537525,"d":"156.82"},2086,{"v":13.3020836399999,"d":"13.30"},{"v":0,"d":"0.00"},{"v":0.975109986,"d":"0.98"},{"v":2034.079431,"d":"2,034.08"},{"v":51.92056891,"d":"51.92"},0,"0_50417001_4660",{"v":35.0957342978,"d":"35.10"},{"v":0,"d":"0.00"},{"v":51.92056891,"d":"51.92"},{"v":0,"d":"0.00"},"0_50417001_4660_74154","E",{"v":0.710264999124,"d":"0.71"},{"v":0.0202379295756,"d":"0.02"},{"v":1.05076481713,"d":"1.05"}]
[5,505,50510,{"v":11745.09778,"d":"11,745.10"},5741,{"v":0.488799677,"d":"0.49"},"M",220,50510001,{"v":165.03862029,"d":"165.04"},2185,{"v":13.2393254099999,"d":"13.24"},{"v":0,"d":"0.00"},{"v":0.975109986,"d":"0.98"},{"v":2130.61531999999,"d":"2,130.62"},{"v":54.3846802899999,"d":"54.38"},0,"0_50510001_4694",{"v":65.1621582805999,"d":"65.16"},{"v":0,"d":"0.00"},{"v":54.3846802899999,"d":"54.38"},{"v":0,"d":"0.00"},"0_50510001_4694_74650","F",{"v":0.145190329445,"d":"0.15"},{"v":0.00222813874304,"d":"0.00"},{"v":0.121176613182,"d":"0.12"}]
[6,601,60101,{"v":12748.25746,"d":"12,748.26"},291072,{"v":22.83229696,"d":"22.83"},"SR",101,60101145,{"v":24.2629876901,"d":"24.26"},1037,{"v":42.73999613,"d":"42.74"},{"v":0,"d":"0.00"},{"v":0.965932983,"d":"0.97"},{"v":1001.672503,"d":"1,001.67"},{"v":35.3274966,"d":"35.33"},0,"0_60101145_4798",{"v":3.89166458225,"d":"3.89"},{"v":0,"d":"0.00"},{"v":35.3274966,"d":"35.33"},{"v":0,"d":"0.00"},"0_60101145_4798_74954","D",{"v":1.47444969908,"d":"1.47"},{"v":0.378873787275,"d":"0.38"},{"v":13.3846624318,"d":"13.38"}]
[6,601,60101,{"v":12748.25746,"d":"12,748.26"},291072,{"v":22.83229696,"d":"22.83"},"SR",101,60101322,{"v":91.910365545,"d":"91.91"},1587,{"v":17.26682285,"d":"17.27"},{"v":0,"d":"0.00"},{"v":0.965932983,"d":"0.97"},{"v":1532.93564399999,"d":"1,532.94"},{"v":54.0643559299999,"d":"54.06"},0,"0_60101322_4850",{"v":42.5620269491,"d":"42.56"},{"v":0,"d":"0.00"},{"v":54.0643559299999,"d":"54.06"},{"v":0,"d":"0.00"},"0_60101322_4850_75343","F",{"v":0.0543219335891,"d":"0.05"},{"v":1.27630043687E-3,"d":"0.00"},{"v":0.0690023610926,"d":"0.07"}]
[6,601,60101,{"v":12748.25746,"d":"12,748.26"},291072,{"v":22.83229696,"d":"22.83"},"SR",101,60101370,{"v":176.204622655,"d":"176.20"},2129,{"v":12.0825434,"d":"12.08"},{"v":0,"d":"0.00"},{"v":0.965932983,"d":"0.97"},{"v":2056.47132099999,"d":"2,056.47"},{"v":72.52867913,"d":"72.53"},0,"0_60101370_4864",{"v":41.0754191308,"d":"41.08"},{"v":0,"d":"0.00"},{"v":72.52867913,"d":"72.53"},{"v":0,"d":"0.00"},"0_60101370_4864_75587","E",{"v":0.000871473483856,"d":"0.00"},{"v":2.1216423406E-5,"d":"0.00"},{"v":1.5387991655E-3,"d":"0.00"}]
[6,601,60101,{"v":12748.25746,"d":"12,748.26"},291072,{"v":22.83229696,"d":"22.83"},"SR",101,60101431,{"v":183.964076339999,"d":"183.96"},2412,{"v":13.11125546,"d":"13.11"},{"v":0,"d":"0.00"},{"v":0.965932983,"d":"0.97"},{"v":2329.830355,"d":"2,329.83"},{"v":82.1696449399999,"d":"82.17"},0,"0_60101431_4876",{"v":62.3756675648999,"d":"62.38"},{"v":0,"d":"0.00"},{"v":82.1696449399999,"d":"82.17"},{"v":0,"d":"0.00"},"0_60101431_4876_75891","D",{"v":0.187885200832,"d":"0.19"},{"v":0.00301215535107,"d":"0.00"},{"v":0.247507735702,"d":"0.25"}]
[6,601,60101,{"v":12748.25746,"d":"12,748.26"},291072,{"v":22.83229696,"d":"22.83"},"SR",101,60101471,{"v":169.803314575,"d":"169.80"},1801,{"v":10.6063889499999,"d":"10.61"},{"v":0,"d":"0.00"},{"v":0.965932983,"d":"0.97"},{"v":1739.64530199999,"d":"1,739.65"},{"v":61.3546975699999,"d":"61.35"},0,"0_60101471_4889",{"v":50.818842322,"d":"50.82"},{"v":0,"d":"0.00"},{"v":61.3546975699999,"d":"61.35"},{"v":0,"d":"0.00"},"0_60101471_4889_76276","F",{"v":0.0521118882066,"d":"0.05"},{"v":0.00102544422158,"d":"0.00"},{"v":0.0629158200899,"d":"0.06"}]
[6,601,60101,{"v":12748.25746,"d":"12,748.26"},291072,{"v":22.83229696,"d":"22.83"},"SR",101,60101531,{"v":790.405051699999,"d":"790.41"},1738,{"v":2.198872586,"d":"2.20"},{"v":0,"d":"0.00"},{"v":0.965932983,"d":"0.97"},{"v":1678.791525,"d":"1,678.79"},{"v":59.2084754999999,"d":"59.21"},0,"0_60101531_4902",{"v":667.896108378999,"d":"667.90"},{"v":0,"d":"0.00"},{"v":59.2084754999999,"d":"59.21"},{"v":0,"d":"0.00"},"0_60101531_4902_76524","D",{"v":1.42613930652E-3,"d":"0.00"},{"v":2.135271173e-06,"d":"0.00"},{"v":0.000126426150909,"d":"0.00"}]
[6,601,60101,{"v":12748.25746,"d":"12,748.26"},291072,{"v":22.83229696,"d":"22.83"},"SR",101,60101641,{"v":33.375698085,"d":"33.38"},1313,{"v":39.3400011199999,"d":"39.34"},{"v":0,"d":"0.00"},{"v":0.965932983,"d":"0.97"},{"v":1268.270007,"d":"1,268.27"},{"v":44.72999328,"d":"44.73"},0,"0_60101641_4930",{"v":2.28723509818,"d":"2.29"},{"v":0,"d":"0.00"},{"v":44.72999328,"d":"44.73"},{"v":0,"d":"0.00"},"0_60101641_4930_76828","B",{"v":0.121205516764,"d":"0.12"},{"v":0.0529921549649,"d":"0.05"},{"v":2.37033873547,"d":"2.37"}]
[6,603,60305,{"v":1558.526004,"d":"1,558.53"},2930,{"v":1.879981465,"d":"1.88"},"M",210,60305001,{"v":1095.43175319,"d":"1,095.43"},859,{"v":0.784165693,"d":"0.78"},{"v":0,"d":"0.00"},{"v":0.955942851,"d":"0.96"},{"v":821.154909299999,"d":"821.15"},{"v":37.8450906899999,"d":"37.85"},0,"0_60305001_4946",{"v":987.642543609999,"d":"987.64"},{"v":0,"d":"0.00"},{"v":37.8450906899999,"d":"37.85"},{"v":0,"d":"0.00"},"0_60305001_4946_77209","G",{"v":1.1184393858E-4,"d":"0.00"},{"v":1.13243338E-7,"d":"0.00"},{"v":4.285704404e-06,"d":"0.00"}]
[6,603,60326,{"v":1330.404506,"d":"1,330.40"},1619,{"v":1.216923118,"d":"1.22"}," ",310,60326001,{"v":389.970106799999,"d":"389.97"},413,{"v":1.059055535,"d":"1.06"},{"v":0,"d":"0.00"},{"v":0.969116244,"d":"0.97"},{"v":400.2450086,"d":"400.25"},{"v":12.75499137,"d":"12.75"},0,"0_60326001_4957",{"v":360.055598375999,"d":"360.06"},{"v":0,"d":"0.00"},{"v":12.75499137,"d":"12.75"},{"v":0,"d":"0.00"},"0_60326001_4957_77461","E",{"v":4.18868380575,"d":"4.19"},{"v":0.0116334361267,"d":"0.01"},{"v":0.1483843774,"d":"0.15"}]
[6,603,60345,{"v":15203.81401,"d":"15,203.81"},6391,{"v":0.42035505,"d":"0.42"},"M",430,60345000,{"v":238.290205235,"d":"238.29"},1413,{"v":5.929744358,"d":"5.93"},{"v":0,"d":"0.00"},{"v":0.905906425,"d":"0.91"},{"v":1280.04577799999,"d":"1,280.05"},{"v":132.954221799999,"d":"132.95"},0,"0_60345000_4982",{"v":92.8971857063999,"d":"92.90"},{"v":0,"d":"0.00"},{"v":132.954221799999,"d":"132.95"},{"v":0,"d":"0.00"},"0_60345000_4982_77791","G",{"v":0.0783249317845,"d":"0.08"},{"v":0.000843135679396,"d":"0.00"},{"v":0.112098448126,"d":"0.11"}]
[6,603,60350,{"v":9283.696765,"d":"9,283.70"},8749,{"v":0.942404758,"d":"0.94"},"M",410,60350000,{"v":271.299218035,"d":"271.30"},1472,{"v":5.425743615,"d":"5.43"},{"v":0,"d":"0.00"},{"v":0.921559671,"d":"0.92"},{"v":1356.53583499999,"d":"1,356.54"},{"v":115.464164699999,"d":"115.46"},0,"0_60350000_5028",{"v":141.591178342,"d":"141.59"},{"v":0,"d":"0.00"},{"v":115.464164699999,"d":"115.46"},{"v":0,"d":"0.00"},"0_60350000_5028_78142","G",{"v":1.70831473179E-4,"d":"0.00"},{"v":1.206512123E-6,"d":"0.00"},{"v":1.39308914483E-4,"d":"0.00"}]
[6,606,60613,{"v":3461.258233,"d":"3,461.26"},8052,{"v":2.32632166,"d":"2.33"},"M",310,60613004,{"v":2651.47144350999,"d":"2,651.47"},1657,{"v":0.624936016,"d":"0.62"},{"v":0,"d":"0.00"},{"v":0.969116244,"d":"0.97"},{"v":1605.825616,"d":"1,605.83"},{"v":51.1743842699999,"d":"51.17"},0,"0_60613004_5064",{"v":2539.84817559,"d":"2,539.85"},{"v":0,"d":"0.00"},{"v":51.1743842699999,"d":"51.17"},{"v":0,"d":"0.00"},"0_60613004_5064_78735","G",{"v":0.023013447596,"d":"0.02"},{"v":9.060954043e-06,"d":"0.00"},{"v":0.000463688744065,"d":"0.00"}]
[6,606,60623,{"v":1781.710962,"d":"1,781.71"},2802,{"v":1.572645653,"d":"1.57"}," ",310,60623000,{"v":1732.5949986,"d":"1,732.59"},2796,{"v":1.613764326,"d":"1.61"},{"v":0,"d":"0.00"},{"v":0.969116244,"d":"0.97"},{"v":2709.649017,"d":"2,709.65"},{"v":86.35098275,"d":"86.35"},0,"0_60623000_5071",{"v":1532.57699490999,"d":"1,532.58"},{"v":0,"d":"0.00"},{"v":86.35098275,"d":"86.35"},{"v":0,"d":"0.00"},"0_60623000_5071_79065","E",{"v":0.265086345159,"d":"0.27"},{"v":0.000172967717798,"d":"0.00"},{"v":0.0149359324159,"d":"0.01"}]
[6,606,60626,{"v":2941.296389,"d":"2,941.30"},3840,{"v":1.30554677,"d":"1.31"},"M",310,60626001,{"v":1368.74166031999,"d":"1,368.74"},2490,{"v":1.819189166,"d":"1.82"},{"v":0,"d":"0.00"},{"v":0.969116244,"d":"0.97"},{"v":2413.099447,"d":"2,413.10"},{"v":76.90055331,"d":"76.90"},0,"0_60626001_5078",{"v":1188.06084600999,"d":"1,188.06"},{"v":0,"d":"0.00"},{"v":76.90055331,"d":"76.90"},{"v":0,"d":"0.00"},"0_60626001_5078_79411","D",{"v":23.1334870156999,"d":"23.13"},{"v":0.0194716348859,"d":"0.02"},{"v":1.49737949658,"d":"1.50"}]
[6,606,60632,{"v":1125.01197099999,"d":"1,125.01"},2335,{"v":2.07553347,"d":"2.08"},"M",330,60632001,{"v":513.67510847,"d":"513.68"},1583,{"v":3.081714441,"d":"3.08"},{"v":0,"d":"0.00"},{"v":0.990672016,"d":"0.99"},{"v":1568.233801,"d":"1,568.23"},{"v":14.7661985999999,"d":"14.77"},0,"0_60632001_5083",{"v":443.605399546,"d":"443.61"},{"v":0,"d":"0.00"},{"v":14.7661985999999,"d":"14.77"},{"v":0,"d":"0.00"},"0_60632001_5083_79672","E",{"v":0.258837497478,"d":"0.26"},{"v":0.000583485903785,"d":"0.00"},{"v":0.00861586873559,"d":"0.01"}]
[6,606,60648,{"v":1851.186819,"d":"1,851.19"},2288,{"v":1.235963857,"d":"1.24"},"M",310,60648000,{"v":1851.18681878999,"d":"1,851.19"},2288,{"v":1.235963857,"d":"1.24"},{"v":0,"d":"0.00"},{"v":0.969116244,"d":"0.97"},{"v":2217.337965,"d":"2,217.34"},{"v":70.66203453,"d":"70.66"},0,"0_60648000_5093",{"v":1679.51904958999,"d":"1,679.52"},{"v":0,"d":"0.00"},{"v":70.66203453,"d":"70.66"},{"v":0,"d":"0.00"},"0_60648000_5093_80002","E",{"v":13.4908572044999,"d":"13.49"},{"v":0.00803257171021,"d":"0.01"},{"v":0.567597859552,"d":"0.57"}]
[6,606,60655,{"v":623.8378734,"d":"623.84"},2383,{"v":3.819902737,"d":"3.82"}," ",101,60655000,{"v":623.837873404999,"d":"623.84"},2383,{"v":3.819902737,"d":"3.82"},{"v":0,"d":"0.00"},{"v":0.965932983,"d":"0.97"},{"v":2301.818299,"d":"2,301.82"},{"v":81.1817014399999,"d":"81.18"},0,"0_60655000_5100",{"v":420.674130339999,"d":"420.67"},{"v":0,"d":"0.00"},{"v":81.1817014399999,"d":"81.18"},{"v":0,"d":"0.00"},"0_60655000_5100_80344","D",{"v":0.288487754324,"d":"0.29"},{"v":0.0006857748873,"d":"0.00"},{"v":0.0556723721558,"d":"0.06"}]
[6,606,60661,{"v":4935.93601599999,"d":"4,935.94"},6808,{"v":1.379272336,"d":"1.38"},"M",310,60661000,{"v":548.79546199,"d":"548.80"},1838,{"v":3.349153058,"d":"3.35"},{"v":0,"d":"0.00"},{"v":0.969116244,"d":"0.97"},{"v":1781.235656,"d":"1,781.24"},{"v":56.76434417,"d":"56.76"},0,"0_60661000_5110",{"v":419.554413135,"d":"419.55"},{"v":0,"d":"0.00"},{"v":56.76434417,"d":"56.76"},{"v":0,"d":"0.00"},"0_60661000_5110_80635","G",{"v":16.2248794516,"d":"16.22"},{"v":0.0386716929763,"d":"0.04"},{"v":2.19517328974,"d":"2.20"}]
[6,606,60662,{"v":2050.980457,"d":"2,050.98"},4870,{"v":2.374474113,"d":"2.37"}," ",101,60662001,{"v":996.42894662,"d":"996.43"},1339,{"v":1.343798777,"d":"1.34"},{"v":0,"d":"0.00"},{"v":0.965932983,"d":"0.97"},{"v":1293.384264,"d":"1,293.38"},{"v":45.6157357299999,"d":"45.62"},0,"0_60662001_5118",{"v":896.297965229,"d":"896.30"},{"v":0,"d":"0.00"},{"v":45.6157357299999,"d":"45.62"},{"v":0,"d":"0.00"},"0_60662001_5118_80939","F",{"v":0.51130144715,"d":"0.51"},{"v":0.000570459230061,"d":"0.00"},{"v":0.0260219174832,"d":"0.03"}]
[6,606,60664,{"v":8669.835788,"d":"8,669.84"},12846,{"v":1.481688963,"d":"1.48"},"M",310,60664008,{"v":1621.46842214,"d":"1,621.47"},1875,{"v":1.156359245,"d":"1.16"},{"v":0,"d":"0.00"},{"v":0.969116244,"d":"0.97"},{"v":1817.092957,"d":"1,817.09"},{"v":57.90704316,"d":"57.91"},0,"0_60664008_5136",{"v":1430.45418354,"d":"1,430.45"},{"v":0,"d":"0.00"},{"v":57.90704316,"d":"57.91"},{"v":0,"d":"0.00"},"0_60664008_5136_81277","E",{"v":0.1511892442,"d":"0.15"},{"v":1.05693174895E-4,"d":"0.00"},{"v":0.00612037924036,"d":"0.01"}]
[6,606,60666,{"v":2735.088815,"d":"2,735.09"},2640,{"v":0.965233738,"d":"0.97"}," ",310,60666002,{"v":874.478135937,"d":"874.48"},1127,{"v":1.288768642,"d":"1.29"},{"v":0,"d":"0.00"},{"v":0.969116244,"d":"0.97"},{"v":1092.194007,"d":"1,092.19"},{"v":34.8059934099999,"d":"34.81"},0,"0_60666002_5145",{"v":779.108693472,"d":"779.11"},{"v":0,"d":"0.00"},{"v":34.8059934099999,"d":"34.81"},{"v":0,"d":"0.00"},"0_60666002_5145_81572","F",{"v":4.08545843019,"d":"4.09"},{"v":0.00524375926545,"d":"0.01"},{"v":0.182514250437,"d":"0.18"}]
[6,606,60669,{"v":1735.703819,"d":"1,735.70"},11408,{"v":6.572549921,"d":"6.57"}," ",101,60669002,{"v":103.57799321,"d":"103.58"},1342,{"v":12.9564201699999,"d":"12.96"},{"v":0,"d":"0.00"},{"v":0.965932983,"d":"0.97"},{"v":1296.282063,"d":"1,296.28"},{"v":45.71793678,"d":"45.72"},0,"0_60669002_5154",{"v":28.0442829899,"d":"28.04"},{"v":0,"d":"0.00"},{"v":45.71793678,"d":"45.72"},{"v":0,"d":"0.00"},"0_60669002_5154_81876","D",{"v":0.440314936372,"d":"0.44"},{"v":0.0157007022262,"d":"0.02"},{"v":0.717803711779,"d":"0.72"}]
[6,610,61024,{"v":3596.428275,"d":"3,596.43"},2068,{"v":0.575014943,"d":"0.58"}," ",430,61024001,{"v":2824.95792064999,"d":"2,824.96"},1193,{"v":0.422307175,"d":"0.42"},{"v":0,"d":"0.00"},{"v":0.905906425,"d":"0.91"},{"v":1080.74636499999,"d":"1,080.75"},{"v":112.2536352,"d":"112.25"},0,"0_61024001_5182",{"v":2744.70463822,"d":"2,744.70"},{"v":0,"d":"0.00"},{"v":112.2536352,"d":"112.25"},{"v":0,"d":"0.00"},"0_61024001_5182_82466","G",{"v":2.74931256e-07,"d":"0.00"},{"v":1.00168E-10,"d":"0.00"},{"v":1.1244209E-8,"d":"0.00"}]
[6,610,61027,{"v":2076.17869,"d":"2,076.18"},1504,{"v":0.724407782,"d":"0.72"}," ",310,61027002,{"v":641.10738942,"d":"641.11"},353,{"v":0.550609782,"d":"0.55"},{"v":0,"d":"0.00"},{"v":0.969116244,"d":"0.97"},{"v":342.098033999999,"d":"342.10"},{"v":10.90196599,"d":"10.90"},0,"0_61027002_5185",{"v":619.563051195999,"d":"619.56"},{"v":0,"d":"0.00"},{"v":10.90196599,"d":"10.90"},{"v":0,"d":"0.00"},"0_61027002_5185_82509","G",{"v":0.0080133456957,"d":"0.01"},{"v":1.2933866344e-05,"d":"0.00"},{"v":1.41004570999E-4,"d":"0.00"}]
[6,610,61051,{"v":2190.88047499999,"d":"2,190.88"},2774,{"v":1.266157616,"d":"1.27"},"M",410,61051000,{"v":433.513453029999,"d":"433.51"},1010,{"v":2.329800824,"d":"2.33"},{"v":0,"d":"0.00"},{"v":0.921559671,"d":"0.92"},{"v":930.7752675,"d":"930.78"},{"v":79.2247325499999,"d":"79.22"},0,"0_61051000_5216",{"v":326.513656170999,"d":"326.51"},{"v":0,"d":"0.00"},{"v":79.2247325499999,"d":"79.22"},{"v":0,"d":"0.00"},"0_61051000_5216_82813","G",{"v":0.023428737892,"d":"0.02"},{"v":7.1754235846e-05,"d":"0.00"},{"v":0.00568471014427,"d":"0.01"}]
[6,610,61061,{"v":4767.273914,"d":"4,767.27"},6349,{"v":1.33178838,"d":"1.33"},"M",410,61061002,{"v":396.384133689999,"d":"396.38"},893,{"v":2.252865148,"d":"2.25"},{"v":0,"d":"0.00"},{"v":0.921559671,"d":"0.92"},{"v":822.952785999999,"d":"822.95"},{"v":70.04721403,"d":"70.05"},0,"0_61061002_5264",{"v":313.779736323999,"d":"313.78"},{"v":0,"d":"0.00"},{"v":70.04721403,"d":"70.05"},{"v":0,"d":"0.00"},"0_61061002_5264_83399","außerhalb GKL",{"v":39.4995045834999,"d":"39.50"},{"v":0.125882904506,"d":"0.13"},{"v":8.81774675465,"d":"8.82"}]
[6,611,61107,{"v":2748.44270599999,"d":"2,748.44"},1320,{"v":0.480271973,"d":"0.48"},"M",410,61107000,{"v":2748.44270642999,"d":"2,748.44"},1320,{"v":0.480271973,"d":"0.48"},{"v":0,"d":"0.00"},{"v":0.921559671,"d":"0.92"},{"v":1216.458765,"d":"1,216.46"},{"v":103.541234599999,"d":"103.54"},0,"0_61107000_5282",{"v":2618.93769198,"d":"2,618.94"},{"v":0,"d":"0.00"},{"v":103.541234599999,"d":"103.54"},{"v":0,"d":"0.00"},"0_61107000_5282_83783","F",{"v":0.00491525118755,"d":"0.00"},{"v":1.876811045e-06,"d":"0.00"},{"v":0.000194327332753,"d":"0.00"}]
[6,611,61108,{"v":10772.6260899999,"d":"10,772.63"},24471,{"v":2.271590955,"d":"2.27"},"ST",102,61108060,{"v":71.4598165098999,"d":"71.46"},295,{"v":4.128194199,"d":"4.13"},{"v":0,"d":"0.00"},{"v":0.973029842,"d":"0.97"},{"v":287.043803299999,"d":"287.04"},{"v":7.956196743,"d":"7.96"},0,"0_61108060_5301",{"v":44.3465931036,"d":"44.35"},{"v":0,"d":"0.00"},{"v":7.956196743,"d":"7.96"},{"v":0,"d":"0.00"},"0_61108060_5301_84087","G",{"v":0.104088856983,"d":"0.10"},{"v":2.34716693433E-3,"d":"0.00"},{"v":0.0186745219182,"d":"0.02"}]
[6,611,61109,{"v":10878.3354799999,"d":"10,878.34"},1750,{"v":0.1608702,"d":"0.16"},"M",410,61109000,{"v":370.744094544999,"d":"370.74"},1189,{"v":3.207063895,"d":"3.21"},{"v":0,"d":"0.00"},{"v":0.921559671,"d":"0.92"},{"v":1095.734449,"d":"1,095.73"},{"v":93.2655514799999,"d":"93.27"},0,"0_61109000_5318",{"v":274.838346489999,"d":"274.84"},{"v":0,"d":"0.00"},{"v":93.2655514799999,"d":"93.27"},{"v":0,"d":"0.00"},"0_61109000_5318_84332","außerhalb GKL",{"v":0.122754505885,"d":"0.12"},{"v":0.000446642571725,"d":"0.00"},{"v":0.0416563657664,"d":"0.04"}]
[6,611,61114,{"v":2729.62995099999,"d":"2,729.63"},2354,{"v":0.862387958,"d":"0.86"},"M",102,61114001,{"v":223.645804859999,"d":"223.65"},256,{"v":1.144667123,"d":"1.14"},{"v":0,"d":"0.00"},{"v":0.973029842,"d":"0.97"},{"v":249.0956394,"d":"249.10"},{"v":6.904360563,"d":"6.90"},0,"0_61114001_5330",{"v":204.837255652,"d":"204.84"},{"v":0,"d":"0.00"},{"v":6.904360563,"d":"6.90"},{"v":0,"d":"0.00"},"0_61114001_5330_84720","D",{"v":6.43229500179,"d":"6.43"},{"v":0.0314019780304,"d":"0.03"},{"v":0.216810578713,"d":"0.22"}]
[6,611,61120,{"v":14322.8789099999,"d":"14,322.88"},11119,{"v":0.77631041,"d":"0.78"},"ST",310,61120003,{"v":134.419393605,"d":"134.42"},1235,{"v":9.187662337,"d":"9.19"},{"v":0,"d":"0.00"},{"v":0.969116244,"d":"0.97"},{"v":1196.858561,"d":"1,196.86"},{"v":38.1414390899999,"d":"38.14"},0,"0_61120003_5343",{"v":69.0849596885,"d":"69.08"},{"v":0,"d":"0.00"},{"v":38.1414390899999,"d":"38.14"},{"v":0,"d":"0.00"},"0_61120003_5343_85050","C",{"v":1.1704556821,"d":"1.17"},{"v":0.0169422648197,"d":"0.02"},{"v":0.646202361667,"d":"0.65"}]
[6,612,61203,{"v":8632.616689,"d":"8,632.62"},2682,{"v":0.31068216,"d":"0.31"}," ",420,61203000,{"v":1192.47618035,"d":"1,192.48"},2015,{"v":1.689761216,"d":"1.69"},{"v":0,"d":"0.00"},{"v":0.920429496,"d":"0.92"},{"v":1854.665434,"d":"1,854.67"},{"v":160.3345659,"d":"160.33"},0,"0_61203000_5351",{"v":967.4482699,"d":"967.45"},{"v":0,"d":"0.00"},{"v":160.3345659,"d":"160.33"},{"v":0,"d":"0.00"},"0_61203000_5351_85265","F",{"v":0.0340373885498,"d":"0.03"},{"v":3.5182644498e-05,"d":"0.00"},{"v":0.00564099403275,"d":"0.01"}]
[6,612,61217,{"v":8348.37239799999,"d":"8,348.37"},2421,{"v":0.289996647,"d":"0.29"},"M",420,61217000,{"v":217.1642214,"d":"217.16"},867,{"v":3.992370356,"d":"3.99"},{"v":0,"d":"0.00"},{"v":0.920429496,"d":"0.92"},{"v":798.012372899999,"d":"798.01"},{"v":68.98762711,"d":"68.99"},0,"0_61217000_5364",{"v":155.449086652,"d":"155.45"},{"v":0,"d":"0.00"},{"v":68.98762711,"d":"68.99"},{"v":0,"d":"0.00"},"0_61217000_5364_85657","außerhalb GKL",{"v":1.08658414116E-3,"d":"0.00"},{"v":6.989967999e-06,"d":"0.00"},{"v":4.82221305821E-4,"d":"0.00"}]
[6,612,61253,{"v":29972.57501,"d":"29,972.58"},4974,{"v":0.165951707,"d":"0.17"},"M",430,61253003,{"v":4258.4941582,"d":"4,258.49"},173,{"v":0.040624689,"d":"0.04"},{"v":0,"d":"0.00"},{"v":0.905906425,"d":"0.91"},{"v":156.7218115,"d":"156.72"},{"v":16.27818851,"d":"16.28"},0,"0_61253003_5381",{"v":4231.73107239,"d":"4,231.73"},{"v":0,"d":"0.00"},{"v":16.27818851,"d":"16.28"},{"v":0,"d":"0.00"},"0_61253003_5381_85987","außerhalb GKL",{"v":0.332764932231,"d":"0.33"},{"v":7.8635652063e-05,"d":"0.00"},{"v":0.00128004596788,"d":"0.00"}]
[6,612,61255,{"v":19626.40752,"d":"19,626.41"},4920,{"v":0.250682658,"d":"0.25"},"M",430,61255002,{"v":10528.2312447999,"d":"10,528.23"},890,{"v":0.084534617,"d":"0.08"},{"v":0,"d":"0.00"},{"v":0.905906425,"d":"0.91"},{"v":806.256717999999,"d":"806.26"},{"v":83.7432819499999,"d":"83.74"},0,"0_61255002_5389",{"v":10402.8028503,"d":"10,402.80"},{"v":0,"d":"0.00"},{"v":83.7432819499999,"d":"83.74"},{"v":0,"d":"0.00"},"0_61255002_5389_86198","F",{"v":2.1239251347e-05,"d":"0.00"},{"v":2.041685e-09,"d":"0.00"},{"v":1.70977441e-07,"d":"0.00"}]
[6,612,61259,{"v":9176.43952899999,"d":"9,176.44"},8266,{"v":0.9007851,"d":"0.90"},"ST",220,61259007,{"v":3586.44653405999,"d":"3,586.45"},1148,{"v":0.320093995,"d":"0.32"},{"v":0,"d":"0.00"},{"v":0.975109986,"d":"0.98"},{"v":1119.42626399999,"d":"1,119.43"},{"v":28.57373591,"d":"28.57"},0,"0_61259007_5410",{"v":3492.33669585,"d":"3,492.34"},{"v":0,"d":"0.00"},{"v":28.57373591,"d":"28.57"},{"v":0,"d":"0.00"},"0_61259007_5410_86620","F",{"v":8.63024741335,"d":"8.63"},{"v":0.00247119569645,"d":"0.00"},{"v":0.0706112932123,"d":"0.07"}]
[6,612,61265,{"v":21114.3914599999,"d":"21,114.39"},6600,{"v":0.312583008,"d":"0.31"},"ST",220,61265002,{"v":532.313230354999,"d":"532.31"},321,{"v":0.603028408,"d":"0.60"},{"v":0,"d":"0.00"},{"v":0.975109986,"d":"0.98"},{"v":313.010305599999,"d":"313.01"},{"v":7.989694449,"d":"7.99"},0,"0_61265002_5427",{"v":484.459735076,"d":"484.46"},{"v":0,"d":"0.00"},{"v":7.989694449,"d":"7.99"},{"v":0,"d":"0.00"},"0_61265002_5427_86924","F",{"v":0.0187720034005,"d":"0.02"},{"v":3.8748325282e-05,"d":"0.00"},{"v":0.00030958727941,"d":"0.00"}]
[6,614,61439,{"v":16352.13001,"d":"16,352.13"},4891,{"v":0.299104765,"d":"0.30"},"M",430,61439000,{"v":512.851388935,"d":"512.85"},1649,{"v":3.215356408,"d":"3.22"},{"v":0,"d":"0.00"},{"v":0.905906425,"d":"0.91"},{"v":1493.839694,"d":"1,493.84"},{"v":155.160305599999,"d":"155.16"},0,"0_61439000_5458",{"v":379.330946020999,"d":"379.33"},{"v":0,"d":"0.00"},{"v":155.160305599999,"d":"155.16"},{"v":0,"d":"0.00"},"0_61439000_5458_87467","F",{"v":1.08992606767,"d":"1.09"},{"v":0.00287328539657,"d":"0.00"},{"v":0.445819840208,"d":"0.45"}]
[6,614,61439,{"v":16352.13001,"d":"16,352.13"},4891,{"v":0.299104765,"d":"0.30"},"M",430,61439006,{"v":2986.01982736999,"d":"2,986.02"},512,{"v":0.171465707,"d":"0.17"},{"v":0,"d":"0.00"},{"v":0.905906425,"d":"0.91"},{"v":463.8240895,"d":"463.82"},{"v":48.17591052,"d":"48.18"},0,"0_61439006_5464",{"v":2937.10888592999,"d":"2,937.11"},{"v":0,"d":"0.00"},{"v":48.17591052,"d":"48.18"},{"v":0,"d":"0.00"},"0_61439006_5464_87557","außerhalb GKL",{"v":2867.75044208,"d":"2,867.75"},{"v":0.976385470698,"d":"0.98"},{"v":47.0382590693999,"d":"47.04"}]
[6,614,61446,{"v":4227.151425,"d":"4,227.15"},1888,{"v":0.446636472,"d":"0.45"}," ",420,61446001,{"v":2435.27794687999,"d":"2,435.28"},574,{"v":0.235702048,"d":"0.24"},{"v":0,"d":"0.00"},{"v":0.920429496,"d":"0.92"},{"v":528.326530599999,"d":"528.33"},{"v":45.67346939,"d":"45.67"},0,"0_61446001_5488",{"v":2343.37207935,"d":"2,343.37"},{"v":0,"d":"0.00"},{"v":45.67346939,"d":"45.67"},{"v":0,"d":"0.00"},"0_61446001_5488_87861","außerhalb GKL",{"v":0.0714531702655,"d":"0.07"},{"v":3.0491602633E-5,"d":"0.00"},{"v":0.00139265727952,"d":"0.00"}]
[6,616,61625,{"v":2862.08075,"d":"2,862.08"},9419,{"v":3.290962353,"d":"3.29"},"ST",103,61625032,{"v":399.584519974999,"d":"399.58"},657,{"v":1.644207839,"d":"1.64"},{"v":0,"d":"0.00"},{"v":0.975480312,"d":"0.98"},{"v":640.890565,"d":"640.89"},{"v":16.10943504,"d":"16.11"},0,"0_61625032_5519",{"v":339.7902518,"d":"339.79"},{"v":0,"d":"0.00"},{"v":16.10943504,"d":"16.11"},{"v":0,"d":"0.00"},"0_61625032_5519_88400","G",{"v":33.8868718953999,"d":"33.89"},{"v":0.0997287936187,"d":"0.10"},{"v":1.60657452242,"d":"1.61"}]
[6,616,61632,{"v":10420.96284,"d":"10,420.96"},2771,{"v":0.265906332,"d":"0.27"},"M",103,61632000,{"v":257.906429779999,"d":"257.91"},1222,{"v":4.738152519,"d":"4.74"},{"v":0,"d":"0.00"},{"v":0.975480312,"d":"0.98"},{"v":1192.036941,"d":"1,192.04"},{"v":29.96305878,"d":"29.96"},0,"0_61632000_5553",{"v":159.073189213,"d":"159.07"},{"v":0,"d":"0.00"},{"v":29.96305878,"d":"29.96"},{"v":0,"d":"0.00"},"0_61632000_5553_88831","außerhalb GKL",{"v":5.81257169605,"d":"5.81"},{"v":0.0365402348743,"d":"0.04"},{"v":1.09485720537,"d":"1.09"}]
[6,617,61719,{"v":1524.83650899999,"d":"1,524.84"},2310,{"v":1.514916508,"d":"1.51"}," ",410,61719000,{"v":377.311319534999,"d":"377.31"},555,{"v":1.470933871,"d":"1.47"},{"v":0,"d":"0.00"},{"v":0.921559671,"d":"0.92"},{"v":511.4656173,"d":"511.47"},{"v":43.5343827399999,"d":"43.53"},0,"0_61719000_5571",{"v":343.017507948999,"d":"343.02"},{"v":0,"d":"0.00"},{"v":43.5343827399999,"d":"43.53"},{"v":0,"d":"0.00"},"0_61719000_5571_89135","außerhalb GKL",{"v":0.00055874761004,"d":"0.00"},{"v":1.628918633e-06,"d":"0.00"},{"v":7.0913967208e-05,"d":"0.00"}]
[6,617,61727,{"v":1281.269497,"d":"1,281.27"},2463,{"v":1.922312211,"d":"1.92"}," ",210,61727000,{"v":1281.26949689,"d":"1,281.27"},2463,{"v":1.922312211,"d":"1.92"},{"v":0,"d":"0.00"},{"v":0.955942851,"d":"0.96"},{"v":2354.487243,"d":"2,354.49"},{"v":108.5127571,"d":"108.51"},0,"0_61727000_5574",{"v":1068.53975229999,"d":"1,068.54"},{"v":0,"d":"0.00"},{"v":108.5127571,"d":"108.51"},{"v":0,"d":"0.00"},"0_61727000_5574_89253","C",{"v":0.0776546415352,"d":"0.08"},{"v":7.2673610287E-5,"d":"0.00"},{"v":7.8860138207E-3,"d":"0.01"}]
[6,617,61748,{"v":3718.914314,"d":"3,718.91"},4279,{"v":1.150604622,"d":"1.15"},"M",410,61748002,{"v":849.282644864999,"d":"849.28"},1168,{"v":1.375278309,"d":"1.38"},{"v":0,"d":"0.00"},{"v":0.921559671,"d":"0.92"},{"v":1076.381695,"d":"1,076.38"},{"v":91.61830457,"d":"91.62"},0,"0_61748002_5595",{"v":727.071675574999,"d":"727.07"},{"v":0,"d":"0.00"},{"v":91.61830457,"d":"91.62"},{"v":0,"d":"0.00"},"0_61748002_5595_89768","G",{"v":27.9731451219,"d":"27.97"},{"v":0.0384737104492,"d":"0.04"},{"v":3.52489612187,"d":"3.52"}]
[6,617,61757,{"v":8977.02367799999,"d":"8,977.02"},4958,{"v":0.552298866,"d":"0.55"},"M",410,61757003,{"v":3040.44045468,"d":"3,040.44"},1019,{"v":0.33514881,"d":"0.34"},{"v":0,"d":"0.00"},{"v":0.921559671,"d":"0.92"},{"v":939.0693045,"d":"939.07"},{"v":79.93069551,"d":"79.93"},0,"0_61757003_5612",{"v":2995.35556421,"d":"2,995.36"},{"v":0,"d":"0.00"},{"v":79.93069551,"d":"79.93"},{"v":0,"d":"0.00"},"0_61757003_5612_90072","E",{"v":0.186535587656,"d":"0.19"},{"v":6.2274939872e-05,"d":"0.00"},{"v":0.0049776792568,"d":"0.00"}]
[6,617,61762,{"v":2248.399393,"d":"2,248.40"},2180,{"v":0.969578629,"d":"0.97"}," ",410,61762001,{"v":647.069277685999,"d":"647.07"},588,{"v":0.908712591,"d":"0.91"},{"v":0,"d":"0.00"},{"v":0.921559671,"d":"0.92"},{"v":541.8770864,"d":"541.88"},{"v":46.1229135999999,"d":"46.12"},0,"0_61762001_5633",{"v":590.125079597999,"d":"590.13"},{"v":0,"d":"0.00"},{"v":46.1229135999999,"d":"46.12"},{"v":0,"d":"0.00"},"0_61762001_5633_90522","C",{"v":1.80479744885,"d":"1.80"},{"v":3.05833036291E-3,"d":"0.00"},{"v":0.141059107089,"d":"0.14"}]
[6,617,61764,{"v":2813.315462,"d":"2,813.32"},3679,{"v":1.307709729,"d":"1.31"},"M",410,61764001,{"v":1277.69575452999,"d":"1,277.70"},1073,{"v":0.839793039,"d":"0.84"},{"v":0,"d":"0.00"},{"v":0.921559671,"d":"0.92"},{"v":988.833526699999,"d":"988.83"},{"v":84.1664732899999,"d":"84.17"},0,"0_61764001_5644",{"v":1164.73531331,"d":"1,164.74"},{"v":0,"d":"0.00"},{"v":84.1664732899999,"d":"84.17"},{"v":0,"d":"0.00"},"0_61764001_5644_90705","E",{"v":4.15995678842,"d":"4.16"},{"v":0.00357158982035,"d":"0.00"},{"v":0.300608119217,"d":"0.30"}]
[6,617,61766,{"v":1747.37985099999,"d":"1,747.38"},11797,{"v":6.75125102,"d":"6.75"},"ST",103,61766009,{"v":1240.09101852999,"d":"1,240.09"},2416,{"v":1.948244092,"d":"1.95"},{"v":0,"d":"0.00"},{"v":0.975480312,"d":"0.98"},{"v":2356.76043399999,"d":"2,356.76"},{"v":59.2395662899999,"d":"59.24"},0,"0_61766009_5661",{"v":1016.17173386,"d":"1,016.17"},{"v":0,"d":"0.00"},{"v":59.2395662899999,"d":"59.24"},{"v":0,"d":"0.00"},"0_61766009_5661_91009","F",{"v":1.2876387985,"d":"1.29"},{"v":1.26714683709E-3,"d":"0.00"},{"v":0.075065229055,"d":"0.08"}]
[6,620,62034,{"v":4623.62740099999,"d":"4,623.63"},1301,{"v":0.281380805,"d":"0.28"},"M",410,62034000,{"v":4623.62740100999,"d":"4,623.63"},1301,{"v":0.281380805,"d":"0.28"},{"v":0,"d":"0.00"},{"v":0.921559671,"d":"0.92"},{"v":1198.94913199999,"d":"1,198.95"},{"v":102.050868399999,"d":"102.05"},0,"0_62034000_5681",{"v":4462.18136296,"d":"4,462.18"},{"v":0,"d":"0.00"},{"v":102.050868399999,"d":"102.05"},{"v":0,"d":"0.00"},"0_62034000_5681_91455","G",{"v":0.00512297519767,"d":"0.01"},{"v":1.148087624e-06,"d":"0.00"},{"v":1.17163339001E-4,"d":"0.00"}]
[6,620,62038,{"v":870.4917305,"d":"870.49"},6990,{"v":8.029944174,"d":"8.03"},"ST",103,62038005,{"v":142.490719775,"d":"142.49"},1511,{"v":10.60419936,"d":"10.60"},{"v":0,"d":"0.00"},{"v":0.975480312,"d":"0.98"},{"v":1473.950751,"d":"1,473.95"},{"v":37.04924862,"d":"37.05"},0,"0_62038005_5691",{"v":88.6656128451,"d":"88.67"},{"v":0,"d":"0.00"},{"v":37.04924862,"d":"37.05"},{"v":0,"d":"0.00"},"0_62038005_5691_91642","C",{"v":17.0444547733999,"d":"17.04"},{"v":0.192232977662,"d":"0.19"},{"v":7.12208738236,"d":"7.12"}]
[6,620,62041,{"v":1385.17301199999,"d":"1,385.17"},12597,{"v":9.09417082799999,"d":"9.09"},"ST",103,62041008,{"v":103.033912409999,"d":"103.03"},1136,{"v":11.02549611,"d":"11.03"},{"v":0,"d":"0.00"},{"v":0.975480312,"d":"0.98"},{"v":1108.14563399999,"d":"1,108.15"},{"v":27.8543656099999,"d":"27.85"},0,"0_62041008_5719",{"v":55.1823640006999,"d":"55.18"},{"v":0,"d":"0.00"},{"v":27.8543656099999,"d":"27.85"},{"v":0,"d":"0.00"},"0_62041008_5719_91972","außerhalb GKL",{"v":5.56239835296,"d":"5.56"},{"v":0.100800291066,"d":"0.10"},{"v":2.80772816095,"d":"2.81"}]
[6,620,62046,{"v":14824.9096499999,"d":"14,824.91"},2687,{"v":0.181248997,"d":"0.18"}," ",310,62046002,{"v":737.479922084999,"d":"737.48"},1313,{"v":1.780387453,"d":"1.78"},{"v":0,"d":"0.00"},{"v":0.969116244,"d":"0.97"},{"v":1272.449628,"d":"1,272.45"},{"v":40.55037209,"d":"40.55"},0,"0_62046002_5742",{"v":603.937459201,"d":"603.94"},{"v":0,"d":"0.00"},{"v":40.55037209,"d":"40.55"},{"v":0,"d":"0.00"},"0_62046002_5742_92388","G",{"v":16.1778881615,"d":"16.18"},{"v":0.0267873567288,"d":"0.03"},{"v":1.08623728266,"d":"1.09"}]
[6,620,62048,{"v":14963.0734799999,"d":"14,963.07"},4776,{"v":0.319185761,"d":"0.32"},"M",410,62048001,{"v":1388.1621285,"d":"1,388.16"},435,{"v":0.313363973,"d":"0.31"},{"v":0,"d":"0.00"},{"v":0.921559671,"d":"0.92"},{"v":400.878456799999,"d":"400.88"},{"v":34.12154323,"d":"34.12"},0,"0_62048001_5749",{"v":1344.40255501999,"d":"1,344.40"},{"v":0,"d":"0.00"},{"v":34.12154323,"d":"34.12"},{"v":0,"d":"0.00"},"0_62048001_5749_92579","D",{"v":0.763650933577,"d":"0.76"},{"v":0.000568022524746,"d":"0.00"},{"v":0.0193818051337,"d":"0.02"}]
[6,621,62116,{"v":7593.37979999999,"d":"7,593.38"},3902,{"v":0.513868673,"d":"0.51"},"M",210,62116000,{"v":157.935103929999,"d":"157.94"},2025,{"v":12.8217220199999,"d":"12.82"},{"v":0,"d":"0.00"},{"v":0.955942851,"d":"0.96"},{"v":1935.784274,"d":"1,935.78"},{"v":89.2157260099999,"d":"89.22"},0,"0_62116000_5766",{"v":35.2225914357999,"d":"35.22"},{"v":0,"d":"0.00"},{"v":89.2157260099999,"d":"89.22"},{"v":0,"d":"0.00"},"0_62116000_5766_92909","E",{"v":0.442748636996,"d":"0.44"},{"v":0.0125700188132,"d":"0.01"},{"v":1.12144335438,"d":"1.12"}]
[6,621,62132,{"v":7673.448019,"d":"7,673.45"},1855,{"v":0.241742694,"d":"0.24"}," ",410,62132001,{"v":7540.62943061999,"d":"7,540.63"},1032,{"v":0.136858602,"d":"0.14"},{"v":0,"d":"0.00"},{"v":0.921559671,"d":"0.92"},{"v":951.0495802,"d":"951.05"},{"v":80.9504197899999,"d":"80.95"},0,"0_62132001_5780",{"v":7483.77042004,"d":"7,483.77"},{"v":0,"d":"0.00"},{"v":80.9504197899999,"d":"80.95"},{"v":0,"d":"0.00"},"0_62132001_5780_93321","E",{"v":0.00974081086894,"d":"0.01"},{"v":1.301591353E-6,"d":"0.00"},{"v":1.05364366446E-4,"d":"0.00"}]
[6,621,62140,{"v":8202.74981099999,"d":"8,202.75"},22609,{"v":2.756270826,"d":"2.76"},"ST",102,62140013,{"v":33.3572219799999,"d":"33.36"},724,{"v":21.70444531,"d":"21.70"},{"v":0,"d":"0.00"},{"v":0.973029842,"d":"0.97"},{"v":704.4736053,"d":"704.47"},{"v":19.5263947199999,"d":"19.53"},0,"0_62140013_5809",{"v":17.2294883319999,"d":"17.23"},{"v":0,"d":"0.00"},{"v":19.5263947199999,"d":"19.53"},{"v":0,"d":"0.00"},"0_62140013_5809_93879","E",{"v":5.51049498957,"d":"5.51"},{"v":0.319829288217,"d":"0.32"},{"v":6.24511292474,"d":"6.25"}]
[6,621,62141,{"v":9052.389008,"d":"9,052.39"},8150,{"v":0.900314822,"d":"0.90"},"ST",410,62141001,{"v":143.100242619999,"d":"143.10"},1324,{"v":9.252255452,"d":"9.25"},{"v":0,"d":"0.00"},{"v":0.921559671,"d":"0.92"},{"v":1220.14500399999,"d":"1,220.15"},{"v":103.8549959,"d":"103.85"},0,"0_62141001_5823",{"v":26.2803305505999,"d":"26.28"},{"v":0,"d":"0.00"},{"v":103.8549959,"d":"103.85"},{"v":0,"d":"0.00"},"0_62141001_5823_94183","außerhalb GKL",{"v":0.746849099484,"d":"0.75"},{"v":0.028418558056,"d":"0.03"},{"v":2.95140923039,"d":"2.95"}]
[6,621,62143,{"v":5132.38060899999,"d":"5,132.38"},8347,{"v":1.626340803,"d":"1.63"},"ST",210,62143006,{"v":64.0293420800999,"d":"64.03"},928,{"v":14.49335523,"d":"14.49"},{"v":0,"d":"0.00"},{"v":0.955942851,"d":"0.96"},{"v":887.114966099999,"d":"887.11"},{"v":40.88503394,"d":"40.89"},0,"0_62143006_5848",{"v":32.0925713815,"d":"32.09"},{"v":0,"d":"0.00"},{"v":40.88503394,"d":"40.89"},{"v":0,"d":"0.00"},"0_62143006_5848_94590","E",{"v":0.0413770175637,"d":"0.04"},{"v":0.00128930203416,"d":"0.00"},{"v":0.0527131574255,"d":"0.05"}]
[6,621,62145,{"v":11248.9694299999,"d":"11,248.97"},6589,{"v":0.585742547,"d":"0.59"},"M",410,62145005,{"v":915.100586779999,"d":"915.10"},1753,{"v":1.915636407,"d":"1.92"},{"v":0,"d":"0.00"},{"v":0.921559671,"d":"0.92"},{"v":1615.49410299999,"d":"1,615.49"},{"v":137.505897199999,"d":"137.51"},0,"0_62145005_5863",{"v":763.721345993999,"d":"763.72"},{"v":0,"d":"0.00"},{"v":137.505897199999,"d":"137.51"},{"v":0,"d":"0.00"},"0_62145005_5863_94816","außerhalb GKL",{"v":12.2545657898,"d":"12.25"},{"v":0.0160458599908,"d":"0.02"},{"v":2.20640037438,"d":"2.21"}]
[6,622,62211,{"v":2587.27615199999,"d":"2,587.28"},2641,{"v":1.020764636,"d":"1.02"},"ST",420,62211000,{"v":283.826853335,"d":"283.83"},1432,{"v":5.045329514,"d":"5.05"},{"v":0,"d":"0.00"},{"v":0.920429496,"d":"0.92"},{"v":1318.05503799999,"d":"1,318.06"},{"v":113.944962,"d":"113.94"},0,"0_62211000_5888",{"v":153.225411532,"d":"153.23"},{"v":0,"d":"0.00"},{"v":113.944962,"d":"113.94"},{"v":0,"d":"0.00"},"0_62211000_5888_95120","außerhalb GKL",{"v":0.163123048059,"d":"0.16"},{"v":0.00106459526803,"d":"0.00"},{"v":0.121305267361,"d":"0.12"}]
[6,622,62220,{"v":3042.96595399999,"d":"3,042.97"},2179,{"v":0.71607768,"d":"0.72"}," ",420,62220004,{"v":224.40300554,"d":"224.40"},107,{"v":0.476820708,"d":"0.48"},{"v":0,"d":"0.00"},{"v":0.920429496,"d":"0.92"},{"v":98.4859560499999,"d":"98.49"},{"v":8.51404394499999,"d":"8.51"},0,"0_62220004_5907",{"v":206.409171912999,"d":"206.41"},{"v":0,"d":"0.00"},{"v":8.51404394499999,"d":"8.51"},{"v":0,"d":"0.00"},"0_62220004_5907_95523","G",{"v":7.10900309572,"d":"7.11"},{"v":0.0344413139679,"d":"0.03"},{"v":0.293234860646,"d":"0.29"}]
[6,622,62244,{"v":2356.325401,"d":"2,356.33"},2194,{"v":0.931110788,"d":"0.93"}," ",420,62244002,{"v":592.892780431,"d":"592.89"},934,{"v":1.575326991,"d":"1.58"},{"v":0,"d":"0.00"},{"v":0.920429496,"d":"0.92"},{"v":859.681149099999,"d":"859.68"},{"v":74.3188508899999,"d":"74.32"},0,"0_62244002_5923",{"v":453.545412859,"d":"453.55"},{"v":0,"d":"0.00"},{"v":74.3188508899999,"d":"74.32"},{"v":0,"d":"0.00"},"0_62244002_5923_95753","außerhalb GKL",{"v":0.0108564362175,"d":"0.01"},{"v":2.3936822884e-05,"d":"0.00"},{"v":1.7789571707E-3,"d":"0.00"}]
[6,622,62266,{"v":2570.197364,"d":"2,570.20"},2399,{"v":0.933391355,"d":"0.93"}," ",410,62266001,{"v":456.815981029999,"d":"456.82"},662,{"v":1.44916121,"d":"1.45"},{"v":0,"d":"0.00"},{"v":0.921559671,"d":"0.92"},{"v":610.072501999999,"d":"610.07"},{"v":51.9274979699999,"d":"51.93"},0,"0_62266001_5951",{"v":401.836716105999,"d":"401.84"},{"v":0,"d":"0.00"},{"v":51.9274979699999,"d":"51.93"},{"v":0,"d":"0.00"},"0_62266001_5951_96057","D",{"v":10.6311862347999,"d":"10.63"},{"v":0.0264564829661,"d":"0.03"},{"v":1.37381896552,"d":"1.37"}]
[6,622,62269,{"v":3842.03180599999,"d":"3,842.03"},2079,{"v":0.541119935,"d":"0.54"}," ",410,62269000,{"v":866.23134818,"d":"866.23"},702,{"v":0.81040706,"d":"0.81"},{"v":0,"d":"0.00"},{"v":0.921559671,"d":"0.92"},{"v":646.9348889,"d":"646.93"},{"v":55.0651111399999,"d":"55.07"},0,"0_62269000_5971",{"v":788.143697515999,"d":"788.14"},{"v":0,"d":"0.00"},{"v":55.0651111399999,"d":"55.07"},{"v":0,"d":"0.00"},"0_62269000_5971_96376","E",{"v":12.0936325914,"d":"12.09"},{"v":0.0153444513095,"d":"0.02"},{"v":0.84494391674,"d":"0.84"}]
[6,622,62272,{"v":2800.62752899999,"d":"2,800.63"},2994,{"v":1.069046122,"d":"1.07"},"M",420,62272000,{"v":526.553185064999,"d":"526.55"},1169,{"v":2.220098621,"d":"2.22"},{"v":0,"d":"0.00"},{"v":0.920429496,"d":"0.92"},{"v":1075.982081,"d":"1,075.98"},{"v":93.0179193599999,"d":"93.02"},0,"0_62272000_5994",{"v":411.386114243999,"d":"411.39"},{"v":0,"d":"0.00"},{"v":93.0179193599999,"d":"93.02"},{"v":0,"d":"0.00"},"0_62272000_5994_96690","D",{"v":0.805763958204,"d":"0.81"},{"v":0.00195865618771,"d":"0.00"},{"v":0.182190123322,"d":"0.18"}]
[6,622,62277,{"v":2654.85663199999,"d":"2,654.86"},2639,{"v":0.994027311,"d":"0.99"}," ",420,62277000,{"v":207.19171893,"d":"207.19"},981,{"v":4.734745216,"d":"4.73"},{"v":0,"d":"0.00"},{"v":0.920429496,"d":"0.92"},{"v":902.941335399999,"d":"902.94"},{"v":78.0586645799999,"d":"78.06"},0,"0_62277000_6015",{"v":100.182530987,"d":"100.18"},{"v":0,"d":"0.00"},{"v":78.0586645799999,"d":"78.06"},{"v":0,"d":"0.00"},"0_62277000_6015_96994","D",{"v":0.272288311195,"d":"0.27"},{"v":0.00271792206198,"d":"0.00"},{"v":0.212157366591,"d":"0.21"}]
[6,623,62326,{"v":3878.40047899999,"d":"3,878.40"},1731,{"v":0.446318014,"d":"0.45"},"M",420,62326005,{"v":463.525737455,"d":"463.53"},302,{"v":0.651528007,"d":"0.65"},{"v":0,"d":"0.00"},{"v":0.920429496,"d":"0.92"},{"v":277.9697077,"d":"277.97"},{"v":24.03029226,"d":"24.03"},0,"0_62326005_6035",{"v":461.869352879,"d":"461.87"},{"v":0,"d":"0.00"},{"v":24.03029226,"d":"24.03"},{"v":0,"d":"0.00"},"0_62326005_6035_97324","G",{"v":0.599786185339,"d":"0.60"},{"v":1.29860572389E-3,"d":"0.00"},{"v":0.0312058750756,"d":"0.03"}]
[6,623,62379,{"v":6727.19920399999,"d":"6,727.20"},13450,{"v":1.999346175,"d":"2.00"},"ST",220,62379004,{"v":878.185387999999,"d":"878.19"},1402,{"v":1.596473842,"d":"1.60"},{"v":0,"d":"0.00"},{"v":0.975109986,"d":"0.98"},{"v":1367.104201,"d":"1,367.10"},{"v":34.8957994299999,"d":"34.90"},0,"0_62379004_6098",{"v":740.542057242,"d":"740.54"},{"v":0,"d":"0.00"},{"v":34.8957994299999,"d":"34.90"},{"v":0,"d":"0.00"},"0_62379004_6098_97871","F",{"v":0.60318216645,"d":"0.60"},{"v":0.000814514395977,"d":"0.00"},{"v":0.0284231309949,"d":"0.03"}]
[6,623,62383,{"v":3872.713642,"d":"3,872.71"},3521,{"v":0.909181604,"d":"0.91"},"ST",410,62383004,{"v":1126.09775902,"d":"1,126.10"},1032,{"v":0.916439085,"d":"0.92"},{"v":0,"d":"0.00"},{"v":0.921559671,"d":"0.92"},{"v":951.0495802,"d":"951.05"},{"v":80.9504197899999,"d":"80.95"},0,"0_62383004_6132",{"v":991.153060924999,"d":"991.15"},{"v":0,"d":"0.00"},{"v":80.9504197899999,"d":"80.95"},{"v":0,"d":"0.00"},"0_62383004_6132_98294","E",{"v":5.79495166276,"d":"5.79"},{"v":0.0058466768567,"d":"0.01"},{"v":0.473290945926,"d":"0.47"}]
[6,623,62389,{"v":4319.63865499999,"d":"4,319.64"},3898,{"v":0.902390295,"d":"0.90"},"M",410,62389001,{"v":2084.11539985999,"d":"2,084.12"},1911,{"v":0.91693579,"d":"0.92"},{"v":0,"d":"0.00"},{"v":0.921559671,"d":"0.92"},{"v":1761.100531,"d":"1,761.10"},{"v":149.899469199999,"d":"149.90"},0,"0_62389001_6163",{"v":2038.58828861999,"d":"2,038.59"},{"v":0,"d":"0.00"},{"v":149.899469199999,"d":"149.90"},{"v":0,"d":"0.00"},"0_62389001_6163_98598","G",{"v":25.9021900903,"d":"25.90"},{"v":0.0127059447142,"d":"0.01"},{"v":1.90461436834,"d":"1.90"}]
[1,104,10405,{"v":4928.357694,"d":"4,928.36"},3667,{"v":0.744061253,"d":"0.74"},"ST",430,10405002,{"v":1484.16334806,"d":"1,484.16"},1208,{"v":0.813926581,"d":"0.81"},{"v":126.788115399999,"d":"126.79"},{"v":0.905906425,"d":"0.91"},{"v":1094.334961,"d":"1,094.33"},{"v":113.665038899999,"d":"113.67"},1,"1_10405002_7980",{"v":0.985707282193,"d":"0.99"},{"v":0.00777444541299,"d":"0.01"},{"v":8.50784741782,"d":"8.51"},{"v":0.0854273322177,"d":"0.09"},"1_10405002_7980_98804","G",{"v":0.198400570596,"d":"0.20"},{"v":0.201277371264,"d":"0.20"},{"v":1.71243716337,"d":"1.71"}]
[1,104,10427,{"v":1750.27015699999,"d":"1,750.27"},442,{"v":0.252532444,"d":"0.25"}," ",430,10427000,{"v":1750.27015652999,"d":"1,750.27"},442,{"v":0.252532444,"d":"0.25"},{"v":60.49239304,"d":"60.49"},{"v":0.905906425,"d":"0.91"},{"v":400.410639699999,"d":"400.41"},{"v":41.5893602499999,"d":"41.59"},1,"1_10427000_8126",{"v":0.305021792244,"d":"0.31"},{"v":0.00504231651147,"d":"0.01"},{"v":2.01899717993,"d":"2.02"},{"v":0.034561746262,"d":"0.03"},"1_10427000_8126_99231","außerhalb GKL",{"v":0.305021792244,"d":"0.31"},{"v":1,"d":"1.00"},{"v":2.01899717993,"d":"2.02"}]
[1,106,10613,{"v":1768.83182299999,"d":"1,768.83"},1229,{"v":0.694808847,"d":"0.69"}," ",410,10613000,{"v":1768.83182302999,"d":"1,768.83"},1229,{"v":0.694808847,"d":"0.69"},{"v":155.747791,"d":"155.75"},{"v":0.921559671,"d":"0.92"},{"v":1132.596835,"d":"1,132.60"},{"v":96.40316466,"d":"96.40"},1,"1_10613000_8318",{"v":147.238760559,"d":"147.24"},{"v":0.945366605932,"d":"0.95"},{"v":1070.71922579,"d":"1,070.72"},{"v":0.0880512149161,"d":"0.09"},"1_10613000_8318_99535","F",{"v":3.08254618694,"d":"3.08"},{"v":0.0209356977418,"d":"0.02"},{"v":22.4162540775,"d":"22.42"}]
[1,108,10806,{"v":1249.25762,"d":"1,249.26"},606,{"v":0.485088096,"d":"0.49"}," ",430,10806000,{"v":1249.25762011999,"d":"1,249.26"},606,{"v":0.485088096,"d":"0.49"},{"v":95.9438791099999,"d":"95.94"},{"v":0.905906425,"d":"0.91"},{"v":548.979293399999,"d":"548.98"},{"v":57.02070659,"d":"57.02"},1,"1_10806000_8532",{"v":92.3905926742999,"d":"92.39"},{"v":0.962964949211,"d":"0.96"},{"v":528.647817387,"d":"528.65"},{"v":0.0768007155328,"d":"0.08"},"1_10806000_8532_99737","G",{"v":50.0229488323,"d":"50.02"},{"v":0.54142902848,"d":"0.54"},{"v":286.225274176,"d":"286.23"}]
[1,108,10817,{"v":4386.73674899999,"d":"4,386.74"},1629,{"v":0.371346651,"d":"0.37"}," ",430,10817001,{"v":641.87100563,"d":"641.87"},294,{"v":0.458035956,"d":"0.46"},{"v":37.4434236399999,"d":"37.44"},{"v":0.905906425,"d":"0.91"},{"v":266.3364889,"d":"266.34"},{"v":27.6635111199999,"d":"27.66"},1,"1_10817001_8626",{"v":6.39849945911,"d":"6.40"},{"v":0.170884466138,"d":"0.17"},{"v":45.5127687187,"d":"45.51"},{"v":0.058334810751,"d":"0.06"},"1_10817001_8626_100168","F",{"v":1.92784453816,"d":"1.93"},{"v":0.301296350884,"d":"0.30"},{"v":13.7128311336,"d":"13.71"}]
[1,109,10901,{"v":1161.452682,"d":"1,161.45"},1620,{"v":1.394804993,"d":"1.39"}," ",420,10901002,{"v":435.69816249,"d":"435.70"},674,{"v":1.546942489,"d":"1.55"},{"v":89.8693752899999,"d":"89.87"},{"v":0.920429496,"d":"0.92"},{"v":620.369480199999,"d":"620.37"},{"v":53.6305198,"d":"53.63"},1,"1_10901002_8699",{"v":0.174837444311,"d":"0.17"},{"v":1.94546188562E-3,"d":"0.00"},{"v":1.20690517873,"d":"1.21"},{"v":0.206265215296,"d":"0.21"},"1_10901002_8699_100472","außerhalb GKL",{"v":0.174837444312,"d":"0.17"},{"v":1.00000000001,"d":"1.00"},{"v":1.20690517874,"d":"1.21"}]
[1,109,10912,{"v":3229.054525,"d":"3,229.05"},1855,{"v":0.574471563,"d":"0.57"},"M",420,10912000,{"v":1737.60636165999,"d":"1,737.61"},1322,{"v":0.760816736,"d":"0.76"},{"v":187.025144799999,"d":"187.03"},{"v":0.920429496,"d":"0.92"},{"v":1216.807794,"d":"1,216.81"},{"v":105.192206499999,"d":"105.19"},1,"1_10912000_8868",{"v":174.311386738,"d":"174.31"},{"v":0.932021129696,"d":"0.93"},{"v":1134.09057478999,"d":"1,134.09"},{"v":0.107633782269,"d":"0.11"},"1_10912000_8868_100926","G",{"v":0.000156454265291,"d":"0.00"},{"v":8.97556197e-07,"d":"0.00"},{"v":0.00101791002282,"d":"0.00"}]
[1,109,10917,{"v":3646.733548,"d":"3,646.73"},7600,{"v":2.084056842,"d":"2.08"},"ST",220,10917001,{"v":235.940227415,"d":"235.94"},867,{"v":3.674659508,"d":"3.67"},{"v":57.7545244299999,"d":"57.75"},{"v":0.975109986,"d":"0.98"},{"v":845.420357999999,"d":"845.42"},{"v":21.57964202,"d":"21.58"},1,"1_10917001_8931",{"v":0.0744922131025,"d":"0.07"},{"v":1.28980740189E-3,"d":"0.00"},{"v":1.09042943546,"d":"1.09"},{"v":0.244784558626,"d":"0.24"},"1_10917001_8931_101105","D",{"v":0.0349259739291,"d":"0.03"},{"v":0.468854024796,"d":"0.47"},{"v":0.511252229571,"d":"0.51"}]
[1,109,10923,{"v":4206.98797699999,"d":"4,206.99"},1985,{"v":0.471834008,"d":"0.47"},"ST",420,10923000,{"v":879.962202729999,"d":"879.96"},672,{"v":0.763669164,"d":"0.76"},{"v":91.3408199999999,"d":"91.34"},{"v":0.920429496,"d":"0.92"},{"v":618.528621199999,"d":"618.53"},{"v":53.4713787999999,"d":"53.47"},1,"1_10923000_8979",{"v":0.522743123716,"d":"0.52"},{"v":0.00572299573965,"d":"0.01"},{"v":3.53983666398,"d":"3.54"},{"v":0.10380084476,"d":"0.10"},"1_10923000_8979_101409","außerhalb GKL",{"v":0.0140654215941,"d":"0.01"},{"v":0.0269069471333,"d":"0.03"},{"v":0.0952461979782,"d":"0.10"}]
[2,201,20101,{"v":12003.30138,"d":"12,003.30"},101300,{"v":8.439344879,"d":"8.44"},"SR",101,20101280,{"v":1123.79378657,"d":"1,123.79"},537,{"v":0.477845675,"d":"0.48"},{"v":84.6953605399999,"d":"84.70"},{"v":0.965932983,"d":"0.97"},{"v":518.7060119,"d":"518.71"},{"v":18.29398811,"d":"18.29"},1,"1_20101280_9126",{"v":71.9858245476,"d":"71.99"},{"v":0.849938226706,"d":"0.85"},{"v":440.868067935999,"d":"440.87"},{"v":0.0753655711147,"d":"0.08"},"1_20101280_9126_101859","F",{"v":0.000108148652632,"d":"0.00"},{"v":1.502360407e-06,"d":"0.00"},{"v":0.00066234272977,"d":"0.00"}]
[2,201,20101,{"v":12003.30138,"d":"12,003.30"},101300,{"v":8.439344879,"d":"8.44"},"SR",101,20101361,{"v":37.0950347285999,"d":"37.10"},607,{"v":16.36337597,"d":"16.36"},{"v":36.55810282,"d":"36.56"},{"v":0.965932983,"d":"0.97"},{"v":586.3213207,"d":"586.32"},{"v":20.6786792999999,"d":"20.68"},1,"1_20101361_9159",{"v":36.5581028188999,"d":"36.56"},{"v":0.99999999997,"d":"1.00"},{"v":586.321320681999,"d":"586.32"},{"v":0.985525504625,"d":"0.99"},"1_20101361_9159_102042","C",{"v":5.64844063604,"d":"5.65"},{"v":0.154505846871,"d":"0.15"},{"v":90.5900721904999,"d":"90.59"}]
[2,201,20101,{"v":12003.30138,"d":"12,003.30"},101300,{"v":8.439344879,"d":"8.44"},"SR",101,20101565,{"v":8.63287441183,"d":"8.63"},538,{"v":62.3199150499999,"d":"62.32"},{"v":7.582597906,"d":"7.58"},{"v":0.965932983,"d":"0.97"},{"v":519.671944899999,"d":"519.67"},{"v":18.3280551299999,"d":"18.33"},1,"1_20101565_9225",{"v":7.58259790613,"d":"7.58"},{"v":1.00000000002,"d":"1.00"},{"v":519.671944909999,"d":"519.67"},{"v":0.878339883598,"d":"0.88"},"1_20101565_9225_102346","D",{"v":2.08339119903,"d":"2.08"},{"v":0.274759551386,"d":"0.27"},{"v":142.784830451,"d":"142.78"}]
[2,201,20101,{"v":12003.30138,"d":"12,003.30"},101300,{"v":8.439344879,"d":"8.44"},"SR",101,20101781,{"v":1544.67217789,"d":"1,544.67"},896,{"v":0.580058353,"d":"0.58"},{"v":59.1995849099999,"d":"59.20"},{"v":0.965932983,"d":"0.97"},{"v":865.475952799999,"d":"865.48"},{"v":30.5240472099999,"d":"30.52"},1,"1_20101781_9324",{"v":0.846778635279,"d":"0.85"},{"v":0.0143037934568,"d":"0.01"},{"v":12.3795892707,"d":"12.38"},{"v":0.0383250153381,"d":"0.04"},"1_20101781_9324_102792","außerhalb GKL",{"v":0.846778635279,"d":"0.85"},{"v":1,"d":"1.00"},{"v":12.3795892707,"d":"12.38"}]
[2,202,20201,{"v":13490.3313699999,"d":"13,490.33"},62882,{"v":4.6612643,"d":"4.66"},"SR",102,20201224,{"v":54.443980365,"d":"54.44"},743,{"v":13.6470550999999,"d":"13.65"},{"v":36.80744183,"d":"36.81"},{"v":0.973029842,"d":"0.97"},{"v":722.9611723,"d":"722.96"},{"v":20.03882773,"d":"20.04"},1,"1_20201224_9437",{"v":36.7214461298,"d":"36.72"},{"v":0.997663632789,"d":"1.00"},{"v":721.272069522,"d":"721.27"},{"v":0.676060816701,"d":"0.68"},"1_20201224_9437_103316","G",{"v":0.121186445597,"d":"0.12"},{"v":0.00330015449742,"d":"0.00"},{"v":2.3803092641,"d":"2.38"}]
[2,202,20201,{"v":13490.3313699999,"d":"13,490.33"},62882,{"v":4.6612643,"d":"4.66"},"SR",102,20201321,{"v":1179.54890023,"d":"1,179.55"},1554,{"v":1.317452799,"d":"1.32"},{"v":161.784644899999,"d":"161.78"},{"v":0.973029842,"d":"0.97"},{"v":1512.08837399999,"d":"1,512.09"},{"v":41.91162623,"d":"41.91"},1,"1_20201321_9495",{"v":115.791601264999,"d":"115.79"},{"v":0.715714407486,"d":"0.72"},{"v":1082.22343466,"d":"1,082.22"},{"v":0.137158065145,"d":"0.14"},"1_20201321_9495_103646","G",{"v":0.291324975323,"d":"0.29"},{"v":0.00251594219391,"d":"0.00"},{"v":2.7228116025,"d":"2.72"}]
[2,203,20305,{"v":20535.02271,"d":"20,535.02"},6886,{"v":0.335329554,"d":"0.34"},"ST",430,20305001,{"v":1757.80085271,"d":"1,757.80"},416,{"v":0.236659346,"d":"0.24"},{"v":92.5543562799999,"d":"92.55"},{"v":0.905906425,"d":"0.91"},{"v":376.8570727,"d":"376.86"},{"v":39.1429272999999,"d":"39.14"},1,"1_20305001_9530",{"v":28.5119593524,"d":"28.51"},{"v":0.308056373556,"d":"0.31"},{"v":116.093223164999,"d":"116.09"},{"v":0.0526534937887,"d":"0.05"},"1_20305001_9530_103725","G",{"v":0.251789763204,"d":"0.25"},{"v":0.00883102280317,"d":"0.01"},{"v":1.02522190106,"d":"1.03"}]
[2,204,20405,{"v":11731.2307799999,"d":"11,731.23"},7123,{"v":0.607182668,"d":"0.61"},"ST",410,20405002,{"v":139.671332844999,"d":"139.67"},1451,{"v":10.3886743999999,"d":"10.39"},{"v":88.3778652599999,"d":"88.38"},{"v":0.921559671,"d":"0.92"},{"v":1337.183082,"d":"1,337.18"},{"v":113.8169177,"d":"113.82"},1,"1_20405002_9941",{"v":0.143010759444,"d":"0.14"},{"v":0.0016181739514,"d":"0.00"},{"v":2.16379483155,"d":"2.16"},{"v":0.632755938243,"d":"0.63"},"1_20405002_9941_104253","außerhalb GKL",{"v":0.0119712231164,"d":"0.01"},{"v":0.083708548664,"d":"0.08"},{"v":0.181128124956,"d":"0.18"}]
[2,204,20414,{"v":2819.353754,"d":"2,819.35"},3079,{"v":1.092094242,"d":"1.09"}," ",310,20414001,{"v":1051.8222244,"d":"1,051.82"},1509,{"v":1.434653086,"d":"1.43"},{"v":126.0515668,"d":"126.05"},{"v":0.969116244,"d":"0.97"},{"v":1462.396412,"d":"1,462.40"},{"v":46.60358833,"d":"46.60"},1,"1_20414001_10083",{"v":0.0805979596364,"d":"0.08"},{"v":0.000639404663365,"d":"0.00"},{"v":0.935063085521,"d":"0.94"},{"v":0.119841132727,"d":"0.12"},"1_20414001_10083_104583","außerhalb GKL",{"v":0.0805979596364,"d":"0.08"},{"v":1,"d":"1.00"},{"v":0.935063085521,"d":"0.94"}]
[2,204,20421,{"v":3675.652472,"d":"3,675.65"},4478,{"v":1.218287103,"d":"1.22"},"M",310,20421002,{"v":1095.30551196,"d":"1,095.31"},1371,{"v":1.251705561,"d":"1.25"},{"v":71.47710485,"d":"71.48"},{"v":0.969116244,"d":"0.97"},{"v":1328.65837,"d":"1,328.66"},{"v":42.3416299599999,"d":"42.34"},1,"1_20421002_10246",{"v":0.891624899045,"d":"0.89"},{"v":0.0124742727187,"d":"0.01"},{"v":16.5740468573999,"d":"16.57"},{"v":0.0652576875306,"d":"0.07"},"1_20421002_10246_104994","außerhalb GKL",{"v":0.891624899044,"d":"0.89"},{"v":0.999999999999,"d":"1.00"},{"v":16.5740468573999,"d":"16.57"}]
[2,204,20432,{"v":2861.86715199999,"d":"2,861.87"},2630,{"v":0.918980463,"d":"0.92"},"M",310,20432001,{"v":2516.78992491999,"d":"2,516.79"},1428,{"v":0.56738943,"d":"0.57"},{"v":99.9763781599999,"d":"99.98"},{"v":0.969116244,"d":"0.97"},{"v":1383.89799599999,"d":"1,383.90"},{"v":44.10200407,"d":"44.10"},1,"1_20432001_10330",{"v":0.156032595288,"d":"0.16"},{"v":0.00156069461767,"d":"0.00"},{"v":2.15984215376,"d":"2.16"},{"v":0.0397237676336,"d":"0.04"},"1_20432001_10330_105216","außerhalb GKL",{"v":0.156032595288,"d":"0.16"},{"v":1,"d":"1.00"},{"v":2.15984215376,"d":"2.16"}]
[2,204,20442,{"v":4287.704023,"d":"4,287.70"},3529,{"v":0.823051214,"d":"0.82"},"M",310,20442001,{"v":2654.04986976,"d":"2,654.05"},2714,{"v":1.02258817,"d":"1.02"},{"v":284.767841599999,"d":"284.77"},{"v":0.969116244,"d":"0.97"},{"v":2630.181485,"d":"2,630.18"},{"v":83.81851473,"d":"83.82"},1,"1_20442001_10536",{"v":0.235591828718,"d":"0.24"},{"v":0.000827311916241,"d":"0.00"},{"v":2.17598048442,"d":"2.18"},{"v":0.107295588091,"d":"0.11"},"1_20442001_10536_105520","außerhalb GKL",{"v":0.235591828718,"d":"0.24"},{"v":1,"d":"1.00"},{"v":2.17598048442,"d":"2.18"}]
[2,205,20506,{"v":7470.17621299999,"d":"7,470.18"},809,{"v":0.108297311,"d":"0.11"}," ",430,20506000,{"v":7470.17621280999,"d":"7,470.18"},809,{"v":0.108297311,"d":"0.11"},{"v":85.0875244199999,"d":"85.09"},{"v":0.905906425,"d":"0.91"},{"v":732.878297599999,"d":"732.88"},{"v":76.12170236,"d":"76.12"},1,"1_20506000_10702",{"v":0.351567140071,"d":"0.35"},{"v":0.00413182945993,"d":"0.00"},{"v":3.02812814057,"d":"3.03"},{"v":0.0113902968278,"d":"0.01"},"1_20506000_10702_105927","außerhalb GKL",{"v":0.351567140071,"d":"0.35"},{"v":1,"d":"1.00"},{"v":3.02812814057,"d":"3.03"}]
[2,205,20512,{"v":4962.91867199999,"d":"4,962.92"},1939,{"v":0.390697517,"d":"0.39"}," ",410,20512000,{"v":4962.91867233999,"d":"4,962.92"},1939,{"v":0.390697517,"d":"0.39"},{"v":108.393494899999,"d":"108.39"},{"v":0.921559671,"d":"0.92"},{"v":1786.90420199999,"d":"1,786.90"},{"v":152.0957984,"d":"152.10"},1,"1_20512000_10847",{"v":25.5258589507,"d":"25.53"},{"v":0.235492535546,"d":"0.24"},{"v":420.802601306999,"d":"420.80"},{"v":0.0218406752269,"d":"0.02"},"1_20512000_10847_106153","G",{"v":0.570227611178,"d":"0.57"},{"v":0.0223392134337,"d":"0.02"},{"v":9.40039912405,"d":"9.40"}]
[2,205,20518,{"v":22325.63045,"d":"22,325.63"},1953,{"v":0.087477933,"d":"0.09"},"M",430,20518001,{"v":7662.89035459,"d":"7,662.89"},735,{"v":0.09591681,"d":"0.10"},{"v":61.5765716,"d":"61.58"},{"v":0.905906425,"d":"0.91"},{"v":665.841222199999,"d":"665.84"},{"v":69.15877779,"d":"69.16"},1,"1_20518001_11036",{"v":0.717619841916,"d":"0.72"},{"v":0.0116541051778,"d":"0.01"},{"v":7.75978363523,"d":"7.76"},{"v":0.00803568480699,"d":"0.01"},"1_20518001_11036_106457","außerhalb GKL",{"v":0.0237824038545,"d":"0.02"},{"v":0.0331406720737,"d":"0.03"},{"v":0.257164444818,"d":"0.26"}]
[2,205,20527,{"v":5078.86869099999,"d":"5,078.87"},12386,{"v":2.438732079,"d":"2.44"},"ST",103,20527040,{"v":2820.06229434999,"d":"2,820.06"},973,{"v":0.345027839,"d":"0.35"},{"v":44.6076795199999,"d":"44.61"},{"v":0.975480312,"d":"0.98"},{"v":949.1423435,"d":"949.14"},{"v":23.85765646,"d":"23.86"},1,"1_20527040_11185",{"v":0.390692710942,"d":"0.39"},{"v":0.00875841817252,"d":"0.01"},{"v":8.31298554962,"d":"8.31"},{"v":0.0158179766487,"d":"0.02"},"1_20527040_11185_106860","außerhalb GKL",{"v":0.390692710942,"d":"0.39"},{"v":1,"d":"1.00"},{"v":8.31298554962,"d":"8.31"}]
[2,205,20531,{"v":9579.674123,"d":"9,579.67"},2032,{"v":0.212115775,"d":"0.21"},"M",430,20531002,{"v":8726.68307613999,"d":"8,726.68"},989,{"v":0.113330574,"d":"0.11"},{"v":74.14221272,"d":"74.14"},{"v":0.905906425,"d":"0.91"},{"v":895.941454099999,"d":"895.94"},{"v":93.0585458999999,"d":"93.06"},1,"1_20531002_11315",{"v":4.05048513449,"d":"4.05"},{"v":0.0546312955318,"d":"0.05"},{"v":48.9464423581,"d":"48.95"},{"v":0.00849603590197,"d":"0.01"},"1_20531002_11315_107090","G",{"v":2.76269735612,"d":"2.76"},{"v":0.682065793205,"d":"0.68"},{"v":33.3846940314999,"d":"33.38"}]
[2,206,20608,{"v":3154.576336,"d":"3,154.58"},2550,{"v":0.808349435,"d":"0.81"},"ST",410,20608000,{"v":213.798767886999,"d":"213.80"},1096,{"v":5.126315791,"d":"5.13"},{"v":88.37011327,"d":"88.37"},{"v":0.921559671,"d":"0.92"},{"v":1010.029399,"d":"1,010.03"},{"v":85.97060086,"d":"85.97"},1,"1_20608000_11523",{"v":52.7679887653999,"d":"52.77"},{"v":0.597124828891,"d":"0.60"},{"v":603.113632052999,"d":"603.11"},{"v":0.413333126956,"d":"0.41"},"1_20608000_11523_107394","F",{"v":0.0398834746706,"d":"0.04"},{"v":0.000755827076297,"d":"0.00"},{"v":0.455849613189,"d":"0.46"}]
[2,206,20630,{"v":8929.444867,"d":"8,929.44"},5782,{"v":0.647520656,"d":"0.65"},"ST",410,20630005,{"v":3564.31953376,"d":"3,564.32"},616,{"v":0.172824011,"d":"0.17"},{"v":44.0862201699999,"d":"44.09"},{"v":0.921559671,"d":"0.92"},{"v":567.6807572,"d":"567.68"},{"v":48.3192428199999,"d":"48.32"},1,"1_20630005_12065",{"v":0.734979263962,"d":"0.73"},{"v":0.0166714057392,"d":"0.02"},{"v":9.46403623362,"d":"9.46"},{"v":0.0123687620463,"d":"0.01"},"1_20630005_12065_108049","außerhalb GKL",{"v":0.0243775704397,"d":"0.02"},{"v":0.0331676982399,"d":"0.03"},{"v":0.313900297928,"d":"0.31"}]
[2,206,20634,{"v":4443.83202199999,"d":"4,443.83"},6506,{"v":1.464051739,"d":"1.46"},"M",410,20634001,{"v":403.751084805,"d":"403.75"},2404,{"v":5.954163569,"d":"5.95"},{"v":178.612936399999,"d":"178.61"},{"v":0.921559671,"d":"0.92"},{"v":2215.42944799999,"d":"2,215.43"},{"v":188.570551499999,"d":"188.57"},1,"1_20634001_12222",{"v":155.870150620999,"d":"155.87"},{"v":0.872669996713,"d":"0.87"},{"v":1933.33880909999,"d":"1,933.34"},{"v":0.442383793188,"d":"0.44"},"1_20634001_12222_108364","E",{"v":1.02421019239E-3,"d":"0.00"},{"v":6.570919373e-06,"d":"0.00"},{"v":0.0127038134353,"d":"0.01"}]
[2,206,20635,{"v":4856.689183,"d":"4,856.69"},15300,{"v":3.150294248,"d":"3.15"},"ST",103,20635021,{"v":1466.84289863,"d":"1,466.84"},771,{"v":0.525618661,"d":"0.53"},{"v":71.0194680799999,"d":"71.02"},{"v":0.975480312,"d":"0.98"},{"v":752.095320499999,"d":"752.10"},{"v":18.90467947,"d":"18.90"},1,"1_20635021_12311",{"v":0.299933293619,"d":"0.30"},{"v":0.00422325457692,"d":"0.00"},{"v":3.17629000458,"d":"3.18"},{"v":0.048416546957,"d":"0.05"},"1_20635021_12311_108668","G",{"v":0.299933293619,"d":"0.30"},{"v":1,"d":"1.00"},{"v":3.17629000458,"d":"3.18"}]
[2,206,20642,{"v":20748.5187799999,"d":"20,748.52"},1661,{"v":0.080053907,"d":"0.08"}," ",410,20642000,{"v":12888.3346154999,"d":"12,888.33"},1106,{"v":0.085814035,"d":"0.09"},{"v":154.257725099999,"d":"154.26"},{"v":0.921559671,"d":"0.92"},{"v":1019.244996,"d":"1,019.24"},{"v":86.7550041599999,"d":"86.76"},1,"1_20642000_12579",{"v":2.34917909704,"d":"2.35"},{"v":0.0152289235143,"d":"0.02"},{"v":15.5220040864,"d":"15.52"},{"v":0.0119687864803,"d":"0.01"},"1_20642000_12579_108982","E",{"v":1.59460316596,"d":"1.59"},{"v":0.678791654484,"d":"0.68"},{"v":10.5362068347,"d":"10.54"}]
[2,207,20701,{"v":2805.12613499999,"d":"2,805.13"},1404,{"v":0.500512252,"d":"0.50"}," ",310,20701000,{"v":2805.12613472,"d":"2,805.13"},1404,{"v":0.500512252,"d":"0.50"},{"v":176.145197899999,"d":"176.15"},{"v":0.969116244,"d":"0.97"},{"v":1360.639206,"d":"1,360.64"},{"v":43.3607939099999,"d":"43.36"},1,"1_20701000_12819",{"v":164.196976135,"d":"164.20"},{"v":0.932168336648,"d":"0.93"},{"v":1268.34478543999,"d":"1,268.34"},{"v":0.0627940382858,"d":"0.06"},"1_20701000_12819_109301","außerhalb GKL",{"v":3.76424417033E-3,"d":"0.00"},{"v":2.2925173526e-05,"d":"0.00"},{"v":0.0290770242969,"d":"0.03"}]
[2,207,20707,{"v":1932.286205,"d":"1,932.29"},619,{"v":0.320345919,"d":"0.32"}," ",410,20707000,{"v":1932.28620475999,"d":"1,932.29"},619,{"v":0.320345919,"d":"0.32"},{"v":63.42840481,"d":"63.43"},{"v":0.921559671,"d":"0.92"},{"v":570.4454362,"d":"570.45"},{"v":48.5545638099999,"d":"48.55"},1,"1_20707000_12913",{"v":61.0988240563,"d":"61.10"},{"v":0.963272279026,"d":"0.96"},{"v":549.494275388,"d":"549.49"},{"v":0.0328255745209,"d":"0.03"},"1_20707000_12913_109605","F",{"v":1.2045872421,"d":"1.20"},{"v":0.0197153915923,"d":"0.02"},{"v":10.833494817,"d":"10.83"}]
[2,207,20712,{"v":3877.92835599999,"d":"3,877.93"},1216,{"v":0.313569486,"d":"0.31"}," ",410,20712000,{"v":1053.01484228,"d":"1,053.01"},819,{"v":0.777766815,"d":"0.78"},{"v":62.24191271,"d":"62.24"},{"v":0.921559671,"d":"0.92"},{"v":754.7573703,"d":"754.76"},{"v":64.24262966,"d":"64.24"},1,"1_20712000_13020",{"v":46.6379088374999,"d":"46.64"},{"v":0.749300701198,"d":"0.75"},{"v":565.5402268,"d":"565.54"},{"v":0.0591082957342,"d":"0.06"},"1_20712000_13020_109915","außerhalb GKL",{"v":14.9180351924,"d":"14.92"},{"v":0.319869298694,"d":"0.32"},{"v":180.89895573,"d":"180.90"}]
[2,207,20721,{"v":1915.38740099999,"d":"1,915.39"},1822,{"v":0.951243597,"d":"0.95"},"M",410,20721002,{"v":662.312335504999,"d":"662.31"},444,{"v":0.670378575,"d":"0.67"},{"v":41.4807705799999,"d":"41.48"},{"v":0.921559671,"d":"0.92"},{"v":409.172493799999,"d":"409.17"},{"v":34.82750619,"d":"34.83"},1,"1_20721002_13179",{"v":3.12047224445,"d":"3.12"},{"v":0.0752269594036,"d":"0.08"},{"v":30.7808025802,"d":"30.78"},{"v":0.0626302249804,"d":"0.06"},"1_20721002_13179_110238","außerhalb GKL",{"v":3.12047224445,"d":"3.12"},{"v":1,"d":"1.00"},{"v":30.7808025802,"d":"30.78"}]
[2,207,20724,{"v":7103.98807599999,"d":"7,103.99"},4462,{"v":0.628097901,"d":"0.63"},"M",310,20724002,{"v":1197.30064379,"d":"1,197.30"},1363,{"v":1.138394109,"d":"1.14"},{"v":194.945710499999,"d":"194.95"},{"v":0.969116244,"d":"0.97"},{"v":1320.90543999999,"d":"1,320.91"},{"v":42.0945599,"d":"42.09"},1,"1_20724002_13303",{"v":189.321510875,"d":"189.32"},{"v":0.971149918556,"d":"0.97"},{"v":1282.79721048,"d":"1,282.80"},{"v":0.16282101869,"d":"0.16"},"1_20724002_13303_110568","E",{"v":2.40595949277,"d":"2.41"},{"v":0.0127083260727,"d":"0.01"},{"v":16.3022052359,"d":"16.30"}]
[2,207,20725,{"v":5300.55923499999,"d":"5,300.56"},9025,{"v":1.702650532,"d":"1.70"},"M",410,20725006,{"v":893.051347605,"d":"893.05"},730,{"v":0.817422203,"d":"0.82"},{"v":67.1879083299999,"d":"67.19"},{"v":0.921559671,"d":"0.92"},{"v":672.7385596,"d":"672.74"},{"v":57.26144036,"d":"57.26"},1,"1_20725006_13390",{"v":6.65057597767,"d":"6.65"},{"v":0.0989847153003,"d":"0.10"},{"v":66.5908347934999,"d":"66.59"},{"v":0.0752340932133,"d":"0.08"},"1_20725006_13390_110848","G",{"v":0.777049547848,"d":"0.78"},{"v":0.116839436232,"d":"0.12"},{"v":7.78043559549,"d":"7.78"}]
[2,208,20802,{"v":5478.825864,"d":"5,478.83"},787,{"v":0.143643916,"d":"0.14"}," ",410,20802000,{"v":4975.66446084,"d":"4,975.66"},728,{"v":0.146312117,"d":"0.15"},{"v":82.09800764,"d":"82.10"},{"v":0.921559671,"d":"0.92"},{"v":670.8954403,"d":"670.90"},{"v":57.1045597,"d":"57.10"},1,"1_20802000_13494",{"v":0.927074326006,"d":"0.93"},{"v":0.0112922877504,"d":"0.01"},{"v":7.5759443623,"d":"7.58"},{"v":0.0164999083612,"d":"0.02"},"1_20802000_13494_111175","außerhalb GKL",{"v":0.927074326006,"d":"0.93"},{"v":1,"d":"1.00"},{"v":7.5759443623,"d":"7.58"}]
[2,208,20804,{"v":19946.6122099999,"d":"19,946.61"},2272,{"v":0.113904054,"d":"0.11"},"M",430,20804001,{"v":15881.0975593,"d":"15,881.10"},888,{"v":0.055915531,"d":"0.06"},{"v":107.1375101,"d":"107.14"},{"v":0.905906425,"d":"0.91"},{"v":804.444905199999,"d":"804.44"},{"v":83.5550948,"d":"83.56"},1,"1_20804001_13667",{"v":0.885857958212,"d":"0.89"},{"v":0.00826842025155,"d":"0.01"},{"v":6.65148854541,"d":"6.65"},{"v":0.00674622831954,"d":"0.01"},"1_20804001_13667_111505","außerhalb GKL",{"v":0.885857958211,"d":"0.89"},{"v":0.999999999999,"d":"1.00"},{"v":6.6514885454,"d":"6.65"}]
[2,208,20808,{"v":7485.98340699999,"d":"7,485.98"},3428,{"v":0.457922468,"d":"0.46"},"M",410,20808002,{"v":2754.08452229,"d":"2,754.08"},596,{"v":0.216405849,"d":"0.22"},{"v":47.52731415,"d":"47.53"},{"v":0.921559671,"d":"0.92"},{"v":549.2495638,"d":"549.25"},{"v":46.7504362399999,"d":"46.75"},1,"1_20808002_13816",{"v":0.717131554202,"d":"0.72"},{"v":0.015088829803,"d":"0.02"},{"v":8.28753318755,"d":"8.29"},{"v":0.0172570281578,"d":"0.02"},"1_20808002_13816_111781","außerhalb GKL",{"v":0.717131554202,"d":"0.72"},{"v":1,"d":"1.00"},{"v":8.28753318755,"d":"8.29"}]
[2,208,20813,{"v":4108.09092799999,"d":"4,108.09"},4480,{"v":1.090530877,"d":"1.09"}," ",410,20813001,{"v":2380.13865979,"d":"2,380.14"},1543,{"v":0.648281559,"d":"0.65"},{"v":238.649114499999,"d":"238.65"},{"v":0.921559671,"d":"0.92"},{"v":1421.966572,"d":"1,421.97"},{"v":121.033428,"d":"121.03"},1,"1_20813001_14049",{"v":0.552037720422,"d":"0.55"},{"v":0.00231317732554,"d":"0.00"},{"v":3.28926083203,"d":"3.29"},{"v":0.100266895594,"d":"0.10"},"1_20813001_14049_112138","C",{"v":0.000785755427068,"d":"0.00"},{"v":0.00142337271168,"d":"0.00"},{"v":0.00468184410991,"d":"0.00"}]
[2,209,20901,{"v":11182.6184499999,"d":"11,182.62"},4328,{"v":0.387029211,"d":"0.39"},"ST",410,20901000,{"v":562.584254654999,"d":"562.58"},1906,{"v":3.387936979,"d":"3.39"},{"v":146.1881992,"d":"146.19"},{"v":0.921559671,"d":"0.92"},{"v":1756.49273199999,"d":"1,756.49"},{"v":149.5072676,"d":"149.51"},1,"1_20901000_14193",{"v":22.5594161689,"d":"22.56"},{"v":0.154317628183,"d":"0.15"},{"v":271.057792323,"d":"271.06"},{"v":0.259851209824,"d":"0.26"},"1_20901000_14193_112442","F",{"v":1.93043425668,"d":"1.93"},{"v":0.0855711088544,"d":"0.09"},{"v":23.1947158527,"d":"23.19"}]
[2,209,20913,{"v":11358.7934299999,"d":"11,358.79"},9873,{"v":0.869194432,"d":"0.87"},"ST",410,20913020,{"v":313.201507844999,"d":"313.20"},420,{"v":1.340989713,"d":"1.34"},{"v":17.31832099,"d":"17.32"},{"v":0.921559671,"d":"0.92"},{"v":387.0550617,"d":"387.06"},{"v":32.94493829,"d":"32.94"},1,"1_20913020_14505",{"v":6.74023053957,"d":"6.74"},{"v":0.389196536053,"d":"0.39"},{"v":150.640489274999,"d":"150.64"},{"v":0.0552945006847,"d":"0.06"},"1_20913020_14505_113050","F",{"v":5.77044081929,"d":"5.77"},{"v":0.856119206222,"d":"0.86"},{"v":128.966216102999,"d":"128.97"}]
[2,209,20923,{"v":27863.0530499999,"d":"27,863.05"},25025,{"v":0.898142783,"d":"0.90"},"ST",103,20923012,{"v":130.982465955,"d":"130.98"},1538,{"v":11.74202966,"d":"11.74"},{"v":84.7338037199999,"d":"84.73"},{"v":0.975480312,"d":"0.98"},{"v":1500.28872,"d":"1,500.29"},{"v":37.7112801999999,"d":"37.71"},1,"1_20923012_14662",{"v":84.7338037235,"d":"84.73"},{"v":1.00000000004,"d":"1.00"},{"v":1500.28872006,"d":"1,500.29"},{"v":0.646909516493,"d":"0.65"},"1_20923012_14662_113412","F",{"v":0.419797511681,"d":"0.42"},{"v":0.00495430977052,"d":"0.00"},{"v":7.43289506439,"d":"7.43"}]
[2,209,20923,{"v":27863.0530499999,"d":"27,863.05"},25025,{"v":0.898142783,"d":"0.90"},"ST",103,20923043,{"v":3528.12553011999,"d":"3,528.13"},1239,{"v":0.351177981,"d":"0.35"},{"v":90.06229838,"d":"90.06"},{"v":0.975480312,"d":"0.98"},{"v":1208.62010699999,"d":"1,208.62"},{"v":30.37989348,"d":"30.38"},1,"1_20923043_14757",{"v":27.5113657461999,"d":"27.51"},{"v":0.305470393728,"d":"0.31"},{"v":369.197659953,"d":"369.20"},{"v":0.0255269540755,"d":"0.03"},"1_20923043_14757_113716","G",{"v":9.81277939039999,"d":"9.81"},{"v":0.356680925292,"d":"0.36"},{"v":131.685762968,"d":"131.69"}]
[2,210,21001,{"v":9946.341445,"d":"9,946.34"},983,{"v":0.098830309,"d":"0.10"}," ",420,21001000,{"v":9946.34144458,"d":"9,946.34"},983,{"v":0.098830309,"d":"0.10"},{"v":82.16187132,"d":"82.16"},{"v":0.920429496,"d":"0.92"},{"v":904.782194399999,"d":"904.78"},{"v":78.2178055899999,"d":"78.22"},1,"1_21001000_14894",{"v":1.92925066312,"d":"1.93"},{"v":0.02348109448,"d":"0.02"},{"v":21.2452761905,"d":"21.25"},{"v":0.00826051184526,"d":"0.01"},"1_21001000_14894_113983","außerhalb GKL",{"v":1.92925066312,"d":"1.93"},{"v":1,"d":"1.00"},{"v":21.2452761905,"d":"21.25"}]
[2,210,21002,{"v":7752.80996899999,"d":"7,752.81"},14270,{"v":1.840622956,"d":"1.84"},"ST",210,21002020,{"v":1959.65481391999,"d":"1,959.65"},1940,{"v":0.989970267,"d":"0.99"},{"v":177.4114806,"d":"177.41"},{"v":0.955942851,"d":"0.96"},{"v":1854.52913199999,"d":"1,854.53"},{"v":85.4708683799999,"d":"85.47"},1,"1_21002020_15037",{"v":1.43034850065,"d":"1.43"},{"v":0.00806232209896,"d":"0.01"},{"v":14.9518112041,"d":"14.95"},{"v":0.0905320056062,"d":"0.09"},"1_21002020_15037_114349","G",{"v":0.925691947321,"d":"0.93"},{"v":0.647179304135,"d":"0.65"},{"v":9.67650277063,"d":"9.68"}]
[2,210,21005,{"v":5688.216722,"d":"5,688.22"},2273,{"v":0.399597995,"d":"0.40"}," ",420,21005000,{"v":2096.03408274999,"d":"2,096.03"},1199,{"v":0.572032683,"d":"0.57"},{"v":111.4404585,"d":"111.44"},{"v":0.920429496,"d":"0.92"},{"v":1103.594966,"d":"1,103.59"},{"v":95.40503449,"d":"95.41"},1,"1_21005000_15224",{"v":1.48818013633,"d":"1.49"},{"v":0.0133540381686,"d":"0.01"},{"v":14.7374492986,"d":"14.74"},{"v":0.0531672931357,"d":"0.05"},"1_21005000_15224_114653","außerhalb GKL",{"v":1.48818013634,"d":"1.49"},{"v":1.00000000001,"d":"1.00"},{"v":14.7374492987,"d":"14.74"}]
[2,210,21008,{"v":2723.716244,"d":"2,723.72"},1527,{"v":0.560631088,"d":"0.56"}," ",410,21008000,{"v":2723.71624414,"d":"2,723.72"},1527,{"v":0.560631088,"d":"0.56"},{"v":78.31054093,"d":"78.31"},{"v":0.921559671,"d":"0.92"},{"v":1407.22161699999,"d":"1,407.22"},{"v":119.7783828,"d":"119.78"},1,"1_21008000_15320",{"v":1.63785569486,"d":"1.64"},{"v":0.0209148816418,"d":"0.02"},{"v":29.4318735633,"d":"29.43"},{"v":0.0287513580383,"d":"0.03"},"1_21008000_15320_114836","außerhalb GKL",{"v":1.63785569486,"d":"1.64"},{"v":1,"d":"1.00"},{"v":29.4318735633,"d":"29.43"}]
[3,318,31803,{"v":8169.62843499999,"d":"8,169.63"},1855,{"v":0.22706051,"d":"0.23"}," ",410,31803000,{"v":4253.22972546999,"d":"4,253.23"},1373,{"v":0.322813506,"d":"0.32"},{"v":106.5759127,"d":"106.58"},{"v":0.921559671,"d":"0.92"},{"v":1265.30142799999,"d":"1,265.30"},{"v":107.6985721,"d":"107.70"},1,"1_31803000_24186",{"v":0.711253431769,"d":"0.71"},{"v":0.00667367901198,"d":"0.01"},{"v":8.44421558386999,"d":"8.44"},{"v":0.025057643151,"d":"0.03"},"1_31803000_24186_115286","G",{"v":0.342642992474,"d":"0.34"},{"v":0.481745292422,"d":"0.48"},{"v":4.06796110573,"d":"4.07"}]
[3,318,31812,{"v":1482.27802599999,"d":"1,482.28"},1313,{"v":0.885798734,"d":"0.89"},"M",410,31812000,{"v":1285.92792714999,"d":"1,285.93"},910,{"v":0.707660189,"d":"0.71"},{"v":77.42433155,"d":"77.42"},{"v":0.921559671,"d":"0.92"},{"v":838.6193004,"d":"838.62"},{"v":71.38069962,"d":"71.38"},1,"1_31812000_24458",{"v":0.198318154955,"d":"0.20"},{"v":0.00256144484537,"d":"0.00"},{"v":2.14807708424,"d":"2.15"},{"v":0.0602089198899,"d":"0.06"},"1_31812000_24458_115590","außerhalb GKL",{"v":0.198318154955,"d":"0.20"},{"v":1,"d":"1.00"},{"v":2.14807708424,"d":"2.15"}]
[3,318,31840,{"v":2897.75523299999,"d":"2,897.76"},1262,{"v":0.435509523,"d":"0.44"}," ",410,31840000,{"v":2897.75523297,"d":"2,897.76"},1262,{"v":0.435509523,"d":"0.44"},{"v":105.692245999999,"d":"105.69"},{"v":0.921559671,"d":"0.92"},{"v":1163.00830399999,"d":"1,163.01"},{"v":98.9916955199999,"d":"98.99"},1,"1_31840000_25164",{"v":0.0529487057693,"d":"0.05"},{"v":0.000500970579898,"d":"0.00"},{"v":0.582632944481,"d":"0.58"},{"v":0.036473834918,"d":"0.04"},"1_31840000_25164_116105","außerhalb GKL",{"v":0.0529487057693,"d":"0.05"},{"v":1,"d":"1.00"},{"v":0.582632944481,"d":"0.58"}]
[3,318,31843,{"v":3015.28731699999,"d":"3,015.29"},1497,{"v":0.496470101,"d":"0.50"},"M",410,31843000,{"v":625.807845874,"d":"625.81"},788,{"v":1.259172452,"d":"1.26"},{"v":92.15174167,"d":"92.15"},{"v":0.921559671,"d":"0.92"},{"v":726.189020499999,"d":"726.19"},{"v":61.8109794499999,"d":"61.81"},1,"1_31843000_25247",{"v":0.310207435737,"d":"0.31"},{"v":3.36626774617E-3,"d":"0.00"},{"v":2.44454667733,"d":"2.44"},{"v":0.147252455011,"d":"0.15"},"1_31843000_25247_116223","außerhalb GKL",{"v":0.310207435737,"d":"0.31"},{"v":1,"d":"1.00"},{"v":2.44454667733,"d":"2.44"}]
[3,323,32309,{"v":3524.931363,"d":"3,524.93"},1642,{"v":0.465824673,"d":"0.47"},"M",430,32309001,{"v":953.290970549999,"d":"953.29"},346,{"v":0.362953191,"d":"0.36"},{"v":28.68388518,"d":"28.68"},{"v":0.905906425,"d":"0.91"},{"v":313.443623,"d":"313.44"},{"v":32.55637703,"d":"32.56"},1,"1_32309001_29165",{"v":0.152201312896,"d":"0.15"},{"v":0.00530616100089,"d":"0.01"},{"v":1.66318232834,"d":"1.66"},{"v":0.0300893285116,"d":"0.03"},"1_32309001_29165_116553","außerhalb GKL",{"v":0.152201312896,"d":"0.15"},{"v":1,"d":"1.00"},{"v":1.66318232834,"d":"1.66"}]
[3,323,32317,{"v":3533.276691,"d":"3,533.28"},1039,{"v":0.294061318,"d":"0.29"}," ",410,32317000,{"v":3533.27669057999,"d":"3,533.28"},1039,{"v":0.294061318,"d":"0.29"},{"v":112.4223573,"d":"112.42"},{"v":0.921559671,"d":"0.92"},{"v":957.5004979,"d":"957.50"},{"v":81.4995021,"d":"81.50"},1,"1_32317000_29683",{"v":0.214804927023,"d":"0.21"},{"v":0.00191069580982,"d":"0.00"},{"v":1.82949218924,"d":"1.83"},{"v":0.0318181583683,"d":"0.03"},"1_32317000_29683_117038","außerhalb GKL",{"v":0.214804927023,"d":"0.21"},{"v":1,"d":"1.00"},{"v":1.82949218924,"d":"1.83"}]
[3,323,32335,{"v":3844.59479599999,"d":"3,844.59"},1519,{"v":0.395100155,"d":"0.40"},"M",410,32335000,{"v":3844.59479598,"d":"3,844.59"},1519,{"v":0.395100155,"d":"0.40"},{"v":144.5881936,"d":"144.59"},{"v":0.921559671,"d":"0.92"},{"v":1399.84914,"d":"1,399.85"},{"v":119.1508601,"d":"119.15"},1,"1_32335000_30184",{"v":79.899193655,"d":"79.90"},{"v":0.552598325393,"d":"0.55"},{"v":773.554290566999,"d":"773.55"},{"v":0.0376081749242,"d":"0.04"},"1_32335000_30184_117160","außerhalb GKL",{"v":0.568178734285,"d":"0.57"},{"v":0.00711119484808,"d":"0.01"},{"v":5.50089528579,"d":"5.50"}]
[4,407,40706,{"v":11340.1785099999,"d":"11,340.18"},1794,{"v":0.158198568,"d":"0.16"}," ",430,40706000,{"v":11340.1785106999,"d":"11,340.18"},1794,{"v":0.158198568,"d":"0.16"},{"v":268.9819526,"d":"268.98"},{"v":0.905906425,"d":"0.91"},{"v":1625.196126,"d":"1,625.20"},{"v":168.803874,"d":"168.80"},1,"1_40706000_37649",{"v":153.028282445999,"d":"153.03"},{"v":0.568916542418,"d":"0.57"},{"v":924.600960754999,"d":"924.60"},{"v":0.0237193755236,"d":"0.02"},"1_40706000_37649_117490","F",{"v":10.3297540619999,"d":"10.33"},{"v":0.0675022544649,"d":"0.07"},{"v":62.4126493313999,"d":"62.41"}]
[5,504,50408,{"v":11732.7951099999,"d":"11,732.80"},2876,{"v":0.245124881,"d":"0.25"}," ",420,50408000,{"v":10370.9197349,"d":"10,370.92"},1746,{"v":0.168355367,"d":"0.17"},{"v":155.349122599999,"d":"155.35"},{"v":0.920429496,"d":"0.92"},{"v":1607.06989999999,"d":"1,607.07"},{"v":138.930100299999,"d":"138.93"},1,"1_50408000_60221",{"v":6.40028504705,"d":"6.40"},{"v":0.0411993639869,"d":"0.04"},{"v":66.2102577625,"d":"66.21"},{"v":0.014979300445,"d":"0.01"},"1_50408000_60221_117971","F",{"v":0.000727999619545,"d":"0.00"},{"v":0.000113744874516,"d":"0.00"},{"v":0.00753107746087,"d":"0.01"}]
[5,505,50509,{"v":6882.627743,"d":"6,882.63"},3512,{"v":0.510270224,"d":"0.51"},"M",410,50509000,{"v":263.668543805,"d":"263.67"},2129,{"v":8.074531642,"d":"8.07"},{"v":138.7657259,"d":"138.77"},{"v":0.921559671,"d":"0.92"},{"v":1962.00053899999,"d":"1,962.00"},{"v":166.999460999999,"d":"167.00"},1,"1_50509000_61010",{"v":138.424124664999,"d":"138.42"},{"v":0.997538288127,"d":"1.00"},{"v":1957.17065898,"d":"1,957.17"},{"v":0.526288513212,"d":"0.53"},"1_50509000_61010_118434","G",{"v":0.103334715133,"d":"0.10"},{"v":0.000746507990447,"d":"0.00"},{"v":1.4610435356,"d":"1.46"}]
[6,601,60101,{"v":12748.25746,"d":"12,748.26"},291072,{"v":22.83229696,"d":"22.83"},"SR",101,60101031,{"v":11.2273605,"d":"11.23"},537,{"v":47.82958559,"d":"47.83"},{"v":11.20261522,"d":"11.20"},{"v":0.965932983,"d":"0.97"},{"v":518.7060119,"d":"518.71"},{"v":18.29398811,"d":"18.29"},1,"1_60101031_61745",{"v":11.2026152225,"d":"11.20"},{"v":1.00000000022,"d":"1.00"},{"v":518.706012013999,"d":"518.71"},{"v":0.997795984194,"d":"1.00"},"1_60101031_61745_118764","B",{"v":1.09225264712,"d":"1.09"},{"v":0.0974997913814,"d":"0.10"},{"v":50.5737279595999,"d":"50.57"}]
[6,601,60101,{"v":12748.25746,"d":"12,748.26"},291072,{"v":22.83229696,"d":"22.83"},"SR",101,60101093,{"v":24.6781912299,"d":"24.68"},624,{"v":25.28548362,"d":"25.29"},{"v":24.6781912299999,"d":"24.68"},{"v":0.965932983,"d":"0.97"},{"v":602.7421814,"d":"602.74"},{"v":21.2578185899999,"d":"21.26"},1,"1_60101093_61773",{"v":24.6781912299,"d":"24.68"},{"v":0.999999999996,"d":"1.00"},{"v":624,"d":"624.00"},{"v":1,"d":"1.00"},"1_60101093_61773_118904","B",{"v":0.0264407749302,"d":"0.03"},{"v":0.0010714227264,"d":"0.00"},{"v":0.668567781274,"d":"0.67"}]
[6,601,60101,{"v":12748.25746,"d":"12,748.26"},291072,{"v":22.83229696,"d":"22.83"},"SR",101,60101282,{"v":38.89760978,"d":"38.90"},1543,{"v":39.66824719,"d":"39.67"},{"v":37.66671874,"d":"37.67"},{"v":0.965932983,"d":"0.97"},{"v":1490.43459299999,"d":"1,490.43"},{"v":52.56540719,"d":"52.57"},1,"1_60101282_61886",{"v":37.6667187409,"d":"37.67"},{"v":1.00000000002,"d":"1.00"},{"v":1490.43459303,"d":"1,490.43"},{"v":0.968355612415,"d":"0.97"},"1_60101282_61886_119397","A",{"v":3.40692687773,"d":"3.41"},{"v":0.0904492610882,"d":"0.09"},{"v":134.808707639999,"d":"134.81"}]
[6,601,60101,{"v":12748.25746,"d":"12,748.26"},291072,{"v":22.83229696,"d":"22.83"},"SR",101,60101363,{"v":377.354726024999,"d":"377.35"},2658,{"v":7.043770269,"d":"7.04"},{"v":187.6582935,"d":"187.66"},{"v":0.965932983,"d":"0.97"},{"v":2567.449869,"d":"2,567.45"},{"v":90.5501311099999,"d":"90.55"},1,"1_60101363_61928",{"v":27.5351018261999,"d":"27.54"},{"v":0.146730002243,"d":"0.15"},{"v":376.721925037,"d":"376.72"},{"v":0.497299438851,"d":"0.50"},"1_60101363_61928_119701","C",{"v":11.6353599396,"d":"11.64"},{"v":0.422564623623,"d":"0.42"},{"v":159.189358464,"d":"159.19"}]
[6,601,60101,{"v":12748.25746,"d":"12,748.26"},291072,{"v":22.83229696,"d":"22.83"},"SR",101,60101431,{"v":183.964076339999,"d":"183.96"},2412,{"v":13.11125546,"d":"13.11"},{"v":121.588408799999,"d":"121.59"},{"v":0.965932983,"d":"0.97"},{"v":2329.830355,"d":"2,329.83"},{"v":82.1696449399999,"d":"82.17"},1,"1_60101431_61996",{"v":116.619753879,"d":"116.62"},{"v":0.959135455673,"d":"0.96"},{"v":2234.62289917999,"d":"2,234.62"},{"v":0.660935608837,"d":"0.66"},"1_60101431_61996_120173","G",{"v":0.158199741025,"d":"0.16"},{"v":1.35654325929E-3,"d":"0.00"},{"v":3.03136263094,"d":"3.03"}]
[6,601,60101,{"v":12748.25746,"d":"12,748.26"},291072,{"v":22.83229696,"d":"22.83"},"SR",101,60101444,{"v":809.968144625,"d":"809.97"},1503,{"v":1.855628533,"d":"1.86"},{"v":105.945631399999,"d":"105.95"},{"v":0.965932983,"d":"0.97"},{"v":1451.79727299999,"d":"1,451.80"},{"v":51.2027265099999,"d":"51.20"},1,"1_60101444_62047",{"v":0.826175939381,"d":"0.83"},{"v":0.00779811237579,"d":"0.01"},{"v":11.3212782817,"d":"11.32"},{"v":0.130802219943,"d":"0.13"},"1_60101444_62047_120334","D",{"v":0.43227234918,"d":"0.43"},{"v":0.523220694982,"d":"0.52"},{"v":5.92352709064,"d":"5.92"}]
[6,601,60101,{"v":12748.25746,"d":"12,748.26"},291072,{"v":22.83229696,"d":"22.83"},"SR",101,60101481,{"v":69.7859576400999,"d":"69.79"},1790,{"v":25.6498593799999,"d":"25.65"},{"v":69.2930881,"d":"69.29"},{"v":0.965932983,"d":"0.97"},{"v":1729.02004,"d":"1,729.02"},{"v":60.97996038,"d":"60.98"},1,"1_60101481_62119",{"v":69.2930881000999,"d":"69.29"},{"v":1,"d":"1.00"},{"v":1729.02004,"d":"1,729.02"},{"v":0.992937410952,"d":"0.99"},"1_60101481_62119_120638","E",{"v":1.48379187638,"d":"1.48"},{"v":0.0214132739219,"d":"0.02"},{"v":37.0239797329999,"d":"37.02"}]
[6,601,60101,{"v":12748.25746,"d":"12,748.26"},291072,{"v":22.83229696,"d":"22.83"},"SR",101,60101630,{"v":23.5357095749,"d":"23.54"},729,{"v":30.97420954,"d":"30.97"},{"v":22.6029738599999,"d":"22.60"},{"v":0.965932983,"d":"0.97"},{"v":704.165144599999,"d":"704.17"},{"v":24.83485537,"d":"24.83"},1,"1_60101630_62201",{"v":22.6029738561,"d":"22.60"},{"v":0.999999999827,"d":"1.00"},{"v":704.165144478,"d":"704.17"},{"v":0.960369339538,"d":"0.96"},"1_60101630_62201_121106","A",{"v":0.366025696439,"d":"0.37"},{"v":0.0161936964034,"d":"0.02"},{"v":11.4030365674999,"d":"11.40"}]
[6,601,60101,{"v":12748.25746,"d":"12,748.26"},291072,{"v":22.83229696,"d":"22.83"},"SR",101,60101663,{"v":36.0952015399999,"d":"36.10"},602,{"v":16.6781171499999,"d":"16.68"},{"v":16.8952605899999,"d":"16.90"},{"v":0.965932983,"d":"0.97"},{"v":581.491655799999,"d":"581.49"},{"v":20.50834422,"d":"20.51"},1,"1_60101663_62236",{"v":16.8952605947,"d":"16.90"},{"v":1.00000000028,"d":"1.00"},{"v":581.491655962999,"d":"581.49"},{"v":0.468074975874,"d":"0.47"},"1_60101663_62236_121271","E",{"v":3.43620644207,"d":"3.44"},{"v":0.203382861295,"d":"0.20"},{"v":118.265436808999,"d":"118.27"}]
[6,603,60318,{"v":1987.25189599999,"d":"1,987.25"},3537,{"v":1.779844824,"d":"1.78"},"M",310,60318002,{"v":620.496288079999,"d":"620.50"},300,{"v":0.483483956,"d":"0.48"},{"v":25.8896000099999,"d":"25.89"},{"v":0.969116244,"d":"0.97"},{"v":290.7348731,"d":"290.73"},{"v":9.265126905,"d":"9.27"},1,"1_60318002_62315",{"v":0.133784263516,"d":"0.13"},{"v":0.00516749055468,"d":"0.01"},{"v":1.50236971066,"d":"1.50"},{"v":0.0417240207675,"d":"0.04"},"1_60318002_62315_121575","F",{"v":0.0409151438113,"d":"0.04"},{"v":0.305829271216,"d":"0.31"},{"v":0.459468633708,"d":"0.46"}]
[6,603,60344,{"v":17908.49827,"d":"17,908.50"},11663,{"v":0.651255054,"d":"0.65"},"ST",220,60344001,{"v":58.6266157550999,"d":"58.63"},1403,{"v":23.9311101599999,"d":"23.93"},{"v":56.4039530299999,"d":"56.40"},{"v":0.975109986,"d":"0.98"},{"v":1368.07931099999,"d":"1,368.08"},{"v":34.9206894499999,"d":"34.92"},1,"1_60344001_62509",{"v":53.6437080278999,"d":"53.64"},{"v":0.951062915739,"d":"0.95"},{"v":1301.12949847999,"d":"1,301.13"},{"v":0.962087821436,"d":"0.96"},"1_60344001_62509_121959","außerhalb GKL",{"v":0.00870006826908,"d":"0.01"},{"v":0.000162182455108,"d":"0.00"},{"v":0.211020376477,"d":"0.21"}]
[6,603,60344,{"v":17908.49827,"d":"17,908.50"},11663,{"v":0.651255054,"d":"0.65"},"ST",220,60344011,{"v":728.088902699999,"d":"728.09"},623,{"v":0.855664738,"d":"0.86"},{"v":61.52367052,"d":"61.52"},{"v":0.975109986,"d":"0.98"},{"v":607.493521399999,"d":"607.49"},{"v":15.5064786399999,"d":"15.51"},1,"1_60344011_62610",{"v":25.0687963101,"d":"25.07"},{"v":0.407465876113,"d":"0.41"},{"v":247.53287993,"d":"247.53"},{"v":0.0845002173386,"d":"0.08"},"1_60344011_62610_122208","außerhalb GKL",{"v":1.93099241771,"d":"1.93"},{"v":0.0770277277706,"d":"0.08"},{"v":19.0668952895,"d":"19.07"}]
[6,603,60347,{"v":3918.602252,"d":"3,918.60"},3105,{"v":0.792374372,"d":"0.79"}," ",410,60347002,{"v":600.301745772999,"d":"600.30"},418,{"v":0.696316482,"d":"0.70"},{"v":19.9329569699999,"d":"19.93"},{"v":0.921559671,"d":"0.92"},{"v":385.211942399999,"d":"385.21"},{"v":32.7880576299999,"d":"32.79"},1,"1_60347002_63139",{"v":0.259508966803,"d":"0.26"},{"v":0.0130190903032,"d":"0.01"},{"v":5.01510906398,"d":"5.02"},{"v":0.0332048958884,"d":"0.03"},"1_60347002_63139_122849","außerhalb GKL",{"v":0.259508966803,"d":"0.26"},{"v":1,"d":"1.00"},{"v":5.01510906398,"d":"5.02"}]
[6,603,60347,{"v":3918.602252,"d":"3,918.60"},3105,{"v":0.792374372,"d":"0.79"}," ",410,60347004,{"v":262.753377344999,"d":"262.75"},317,{"v":1.206454521,"d":"1.21"},{"v":42.2655170999999,"d":"42.27"},{"v":0.921559671,"d":"0.92"},{"v":292.1344156,"d":"292.13"},{"v":24.86558437,"d":"24.87"},1,"1_60347004_63172",{"v":38.217006306,"d":"38.22"},{"v":0.904212439081,"d":"0.90"},{"v":264.151572468999,"d":"264.15"},{"v":0.160856227718,"d":"0.16"},"1_60347004_63172_122892","außerhalb GKL",{"v":0.168025248091,"d":"0.17"},{"v":0.0043966093719,"d":"0.00"},{"v":1.16137127912,"d":"1.16"}]
[6,603,60350,{"v":9283.696765,"d":"9,283.70"},8749,{"v":0.942404758,"d":"0.94"},"M",410,60350011,{"v":482.60258067,"d":"482.60"},636,{"v":1.317854536,"d":"1.32"},{"v":55.1766273,"d":"55.18"},{"v":0.921559671,"d":"0.92"},{"v":586.1119506,"d":"586.11"},{"v":49.88804941,"d":"49.89"},1,"1_60350011_63602",{"v":3.8946123753,"d":"3.89"},{"v":0.0705844587804,"d":"0.07"},{"v":41.3703948177999,"d":"41.37"},{"v":0.114331397116,"d":"0.11"},"1_60350011_63602_123482","außerhalb GKL",{"v":3.8946123753,"d":"3.89"},{"v":1,"d":"1.00"},{"v":41.3703948177999,"d":"41.37"}]
[6,603,60351,{"v":7657.14233799999,"d":"7,657.14"},4319,{"v":0.564048546,"d":"0.56"},"M",430,60351004,{"v":997.086191869999,"d":"997.09"},608,{"v":0.609776773,"d":"0.61"},{"v":54.05870308,"d":"54.06"},{"v":0.905906425,"d":"0.91"},{"v":550.7911063,"d":"550.79"},{"v":57.20889374,"d":"57.21"},1,"1_60351004_63853",{"v":0.817217103658,"d":"0.82"},{"v":0.0151172162316,"d":"0.02"},{"v":8.32642825238,"d":"8.33"},{"v":0.0542166800832,"d":"0.05"},"1_60351004_63853_123812","außerhalb GKL",{"v":0.81721710366,"d":"0.82"},{"v":1,"d":"1.00"},{"v":8.32642825238,"d":"8.33"}]
[6,606,60613,{"v":3461.258233,"d":"3,461.26"},8052,{"v":2.32632166,"d":"2.33"},"M",310,60613003,{"v":308.899414705,"d":"308.90"},493,{"v":1.59598878,"d":"1.60"},{"v":69.73102317,"d":"69.73"},{"v":0.969116244,"d":"0.97"},{"v":477.774308099999,"d":"477.77"},{"v":15.2256918799999,"d":"15.23"},1,"1_60613003_63917",{"v":0.707313474817,"d":"0.71"},{"v":0.0101434547015,"d":"0.01"},{"v":4.84628205175,"d":"4.85"},{"v":0.225740224327,"d":"0.23"},"1_60613003_63917_124161","G",{"v":0.707313474818,"d":"0.71"},{"v":1,"d":"1.00"},{"v":4.84628205175,"d":"4.85"}]
[6,606,60618,{"v":667.727409899999,"d":"667.73"},1526,{"v":2.285363724,"d":"2.29"}," ",310,60618000,{"v":667.727409857999,"d":"667.73"},1526,{"v":2.285363724,"d":"2.29"},{"v":127.4432663,"d":"127.44"},{"v":0.969116244,"d":"0.97"},{"v":1478.871388,"d":"1,478.87"},{"v":47.1286121899999,"d":"47.13"},1,"1_60618000_64018",{"v":3.19327989201,"d":"3.19"},{"v":0.025056481874,"d":"0.03"},{"v":37.0553141274,"d":"37.06"},{"v":0.190861217345,"d":"0.19"},"1_60618000_64018_124419","außerhalb GKL",{"v":3.19327989201,"d":"3.19"},{"v":1,"d":"1.00"},{"v":37.0553141274,"d":"37.06"}]
[6,606,60624,{"v":1516.00568999999,"d":"1,516.01"},7572,{"v":4.994704208,"d":"4.99"},"M",101,60624000,{"v":512.911521549999,"d":"512.91"},3215,{"v":6.268137612,"d":"6.27"},{"v":145.6634794,"d":"145.66"},{"v":0.965932983,"d":"0.97"},{"v":3105.47454,"d":"3,105.47"},{"v":109.5254596,"d":"109.53"},1,"1_60624000_64120",{"v":145.663479407,"d":"145.66"},{"v":1.00000000005,"d":"1.00"},{"v":3105.47454015999,"d":"3,105.47"},{"v":0.283993385369,"d":"0.28"},"1_60624000_64120_124749","F",{"v":0.00955352444413,"d":"0.01"},{"v":6.5586271061e-05,"d":"0.00"},{"v":0.203676494965,"d":"0.20"}]
[6,606,60626,{"v":2941.296389,"d":"2,941.30"},3840,{"v":1.30554677,"d":"1.31"},"M",310,60626001,{"v":1368.74166031999,"d":"1,368.74"},2490,{"v":1.819189166,"d":"1.82"},{"v":180.6808143,"d":"180.68"},{"v":0.969116244,"d":"0.97"},{"v":2413.099447,"d":"2,413.10"},{"v":76.90055331,"d":"76.90"},1,"1_60626001_64250",{"v":0.502321847289,"d":"0.50"},{"v":2.78016151983E-3,"d":"0.00"},{"v":6.70880622607,"d":"6.71"},{"v":0.132005052186,"d":"0.13"},"1_60626001_64250_125094","F",{"v":0.198116484029,"d":"0.20"},{"v":0.394401488007,"d":"0.39"},{"v":2.64596315831,"d":"2.65"}]
[6,606,60632,{"v":1125.01197099999,"d":"1,125.01"},2335,{"v":2.07553347,"d":"2.08"},"M",330,60632001,{"v":513.67510847,"d":"513.68"},1583,{"v":3.081714441,"d":"3.08"},{"v":70.0697089199999,"d":"70.07"},{"v":0.990672016,"d":"0.99"},{"v":1568.233801,"d":"1,568.23"},{"v":14.7661985999999,"d":"14.77"},1,"1_60632001_64328",{"v":0.458864702602,"d":"0.46"},{"v":0.00654868857991,"d":"0.01"},{"v":10.2698747832,"d":"10.27"},{"v":0.13640861269,"d":"0.14"},"1_60632001_64328_125356","außerhalb GKL",{"v":0.451844160831,"d":"0.45"},{"v":0.984700192167,"d":"0.98"},{"v":10.1127476724999,"d":"10.11"}]
[6,606,60645,{"v":6034.33248,"d":"6,034.33"},3291,{"v":0.545379296,"d":"0.55"},"M",310,60645001,{"v":3479.39998379,"d":"3,479.40"},1754,{"v":0.504109906,"d":"0.50"},{"v":141.2409892,"d":"141.24"},{"v":0.969116244,"d":"0.97"},{"v":1699.829891,"d":"1,699.83"},{"v":54.17010864,"d":"54.17"},1,"1_60645001_64536",{"v":0.412142859546,"d":"0.41"},{"v":0.00291801170383,"d":"0.00"},{"v":4.96012351646,"d":"4.96"},{"v":0.0405934902161,"d":"0.04"},"1_60645001_64536_125686","außerhalb GKL",{"v":0.412142859547,"d":"0.41"},{"v":1,"d":"1.00"},{"v":4.96012351646,"d":"4.96"}]
[6,606,60647,{"v":1300.62329599999,"d":"1,300.62"},706,{"v":0.542816665,"d":"0.54"}," ",310,60647000,{"v":1300.62329574,"d":"1,300.62"},706,{"v":0.542816665,"d":"0.54"},{"v":66.793147,"d":"66.79"},{"v":0.969116244,"d":"0.97"},{"v":684.196067999999,"d":"684.20"},{"v":21.80393198,"d":"21.80"},1,"1_60647000_64767",{"v":1.84248161778,"d":"1.84"},{"v":0.0275848900753,"d":"0.03"},{"v":18.8734733257,"d":"18.87"},{"v":0.0513547214007,"d":"0.05"},"1_60647000_64767_126027","außerhalb GKL",{"v":1.84248161778,"d":"1.84"},{"v":1,"d":"1.00"},{"v":18.8734733257,"d":"18.87"}]
[6,606,60653,{"v":2808.060202,"d":"2,808.06"},4598,{"v":1.637429282,"d":"1.64"},"M",101,60653000,{"v":1528.54536811,"d":"1,528.55"},2037,{"v":1.332639542,"d":"1.33"},{"v":155.837668799999,"d":"155.84"},{"v":0.965932983,"d":"0.97"},{"v":1967.60548599999,"d":"1,967.61"},{"v":69.39451357,"d":"69.39"},1,"1_60653000_64917",{"v":2.89357598276,"d":"2.89"},{"v":0.018567885448,"d":"0.02"},{"v":36.5342732709,"d":"36.53"},{"v":0.101951614948,"d":"0.10"},"1_60653000_64917_126319","F",{"v":0.00507254364895,"d":"0.01"},{"v":0.0017530362704,"d":"0.00"},{"v":0.0640459061566,"d":"0.06"}]
[6,606,60654,{"v":1898.77236399999,"d":"1,898.77"},2670,{"v":1.406171719,"d":"1.41"}," ",310,60654001,{"v":1098.52144627999,"d":"1,098.52"},1058,{"v":0.96311274,"d":"0.96"},{"v":86.5974921899999,"d":"86.60"},{"v":0.969116244,"d":"0.97"},{"v":1025.324986,"d":"1,025.32"},{"v":32.67501422,"d":"32.68"},1,"1_60654001_65030",{"v":53.5207012372,"d":"53.52"},{"v":0.618039851775,"d":"0.62"},{"v":633.691702369,"d":"633.69"},{"v":0.0788309527167,"d":"0.08"},"1_60654001_65030_126623","G",{"v":0.0155286001119,"d":"0.02"},{"v":0.000290141940463,"d":"0.00"},{"v":0.183860540181,"d":"0.18"}]
[6,606,60660,{"v":3791.86022,"d":"3,791.86"},3544,{"v":0.934633608,"d":"0.93"},"M",310,60660001,{"v":1674.9400327,"d":"1,674.94"},1060,{"v":0.632858478,"d":"0.63"},{"v":137.7928333,"d":"137.79"},{"v":0.969116244,"d":"0.97"},{"v":1027.263218,"d":"1,027.26"},{"v":32.7367817299999,"d":"32.74"},1,"1_60660001_65177",{"v":0.668764825659,"d":"0.67"},{"v":0.00485340789969,"d":"0.00"},{"v":4.9857274173,"d":"4.99"},{"v":0.0822673233727,"d":"0.08"},"1_60660001_65177_126960","außerhalb GKL",{"v":0.0109565381116,"d":"0.01"},{"v":0.0163832451876,"d":"0.02"},{"v":0.0816823947162,"d":"0.08"}]
[6,606,60661,{"v":4935.93601599999,"d":"4,935.94"},6808,{"v":1.379272336,"d":"1.38"},"M",310,60661004,{"v":744.552329194999,"d":"744.55"},1083,{"v":1.454565324,"d":"1.45"},{"v":65.27208396,"d":"65.27"},{"v":0.969116244,"d":"0.97"},{"v":1049.55289199999,"d":"1,049.55"},{"v":33.4471081299999,"d":"33.45"},1,"1_60661004_65359",{"v":0.133489512969,"d":"0.13"},{"v":2.0451241154E-3,"d":"0.00"},{"v":2.14646592982,"d":"2.15"},{"v":0.0876662141808,"d":"0.09"},"1_60661004_65359_127256","D",{"v":0.0185094637062,"d":"0.02"},{"v":0.138658560471,"d":"0.14"},{"v":0.297625875929,"d":"0.30"}]
[6,606,60664,{"v":8669.835788,"d":"8,669.84"},12846,{"v":1.481688963,"d":"1.48"},"M",310,60664006,{"v":375.848120325,"d":"375.85"},1224,{"v":3.256634619,"d":"3.26"},{"v":120.152856799999,"d":"120.15"},{"v":0.969116244,"d":"0.97"},{"v":1186.198282,"d":"1,186.20"},{"v":37.80171777,"d":"37.80"},1,"1_60664006_65646",{"v":0.357191171135,"d":"0.36"},{"v":2.97280631229E-3,"d":"0.00"},{"v":3.52633774036,"d":"3.53"},{"v":0.31968460211,"d":"0.32"},"1_60664006_65646_127897","F",{"v":0.357191171134,"d":"0.36"},{"v":0.999999999997,"d":"1.00"},{"v":3.52633774035,"d":"3.53"}]
[6,606,60664,{"v":8669.835788,"d":"8,669.84"},12846,{"v":1.481688963,"d":"1.48"},"M",310,60664008,{"v":1621.46842214,"d":"1,621.47"},1875,{"v":1.156359245,"d":"1.16"},{"v":191.014238599999,"d":"191.01"},{"v":0.969116244,"d":"0.97"},{"v":1817.092957,"d":"1,817.09"},{"v":57.90704316,"d":"57.91"},1,"1_60664008_65793",{"v":1.33232429694,"d":"1.33"},{"v":0.00697499990946,"d":"0.01"},{"v":12.6742232105999,"d":"12.67"},{"v":0.117803243031,"d":"0.12"},"1_60664008_65793_128149","F",{"v":0.609902307535,"d":"0.61"},{"v":0.457773162987,"d":"0.46"},{"v":5.80191924752,"d":"5.80"}]
[6,606,60665,{"v":4888.80784899999,"d":"4,888.81"},7220,{"v":1.476842662,"d":"1.48"},"M",310,60665001,{"v":905.723486634999,"d":"905.72"},1242,{"v":1.371279445,"d":"1.37"},{"v":128.5278403,"d":"128.53"},{"v":0.969116244,"d":"0.97"},{"v":1203.64237499999,"d":"1,203.64"},{"v":38.35762539,"d":"38.36"},1,"1_60665001_66061",{"v":0.252055758457,"d":"0.25"},{"v":0.00196109852829,"d":"0.00"},{"v":2.3604612902,"d":"2.36"},{"v":0.141906268521,"d":"0.14"},"1_60665001_66061_128530","außerhalb GKL",{"v":0.252055758457,"d":"0.25"},{"v":1,"d":"1.00"},{"v":2.3604612902,"d":"2.36"}]
[6,606,60665,{"v":4888.80784899999,"d":"4,888.81"},7220,{"v":1.476842662,"d":"1.48"},"M",310,60665004,{"v":842.328318834,"d":"842.33"},1499,{"v":1.779591124,"d":"1.78"},{"v":118.9927471,"d":"118.99"},{"v":0.969116244,"d":"0.97"},{"v":1452.705249,"d":"1,452.71"},{"v":46.29475077,"d":"46.29"},1,"1_60665004_66267",{"v":6.3659442566,"d":"6.37"},{"v":0.0534985905591,"d":"0.05"},{"v":77.7176833192999,"d":"77.72"},{"v":0.141266468715,"d":"0.14"},"1_60665004_66267_128834","E",{"v":3.41835666631,"d":"3.42"},{"v":0.536975588934,"d":"0.54"},{"v":41.732498771,"d":"41.73"}]
[6,606,60667,{"v":1463.21583899999,"d":"1,463.22"},4676,{"v":3.19570078,"d":"3.20"},"M",101,60667000,{"v":769.169895265,"d":"769.17"},2764,{"v":3.593484375,"d":"3.59"},{"v":191.889738499999,"d":"191.89"},{"v":0.965932983,"d":"0.97"},{"v":2669.83876499999,"d":"2,669.84"},{"v":94.16123491,"d":"94.16"},1,"1_60667000_66408",{"v":171.228318709,"d":"171.23"},{"v":0.892326604057,"d":"0.89"},{"v":2382.36815854999,"d":"2,382.37"},{"v":0.249476402653,"d":"0.25"},"1_60667000_66408_129082","E",{"v":0.0232675209853,"d":"0.02"},{"v":1.35885939667E-4,"d":"0.00"},{"v":0.323730335857,"d":"0.32"}]
[6,606,60670,{"v":2926.24627099999,"d":"2,926.25"},6339,{"v":2.166256498,"d":"2.17"},"M",101,60670000,{"v":828.418780585,"d":"828.42"},1843,{"v":2.224720206,"d":"2.22"},{"v":137.311508,"d":"137.31"},{"v":0.965932983,"d":"0.97"},{"v":1780.214488,"d":"1,780.21"},{"v":62.7855122799999,"d":"62.79"},1,"1_60670000_66527",{"v":114.962334044,"d":"114.96"},{"v":0.83723742983,"d":"0.84"},{"v":1490.46220248,"d":"1,490.46"},{"v":0.165751321938,"d":"0.17"},"1_60670000_66527_129467","F",{"v":0.31094784043,"d":"0.31"},{"v":0.0027047801614,"d":"0.00"},{"v":4.03137259658,"d":"4.03"}]
[6,610,61007,{"v":1423.095861,"d":"1,423.10"},1407,{"v":0.988689545,"d":"0.99"}," ",310,61007000,{"v":1423.095861,"d":"1,423.10"},1407,{"v":0.988689545,"d":"0.99"},{"v":48.0736962,"d":"48.07"},{"v":0.969116244,"d":"0.97"},{"v":1363.54655499999,"d":"1,363.55"},{"v":43.45344518,"d":"43.45"},1,"1_61007000_66659",{"v":1.00955062641,"d":"1.01"},{"v":0.0210000625334,"d":"0.02"},{"v":28.6345629222,"d":"28.63"},{"v":0.0337810666993,"d":"0.03"},"1_61007000_66659_129771","außerhalb GKL",{"v":1.00955062641,"d":"1.01"},{"v":1,"d":"1.00"},{"v":28.6345629222,"d":"28.63"}]
[6,610,61013,{"v":2771.45890599999,"d":"2,771.46"},2256,{"v":0.814011709,"d":"0.81"},"M",410,61013000,{"v":2151.41823406999,"d":"2,151.42"},2060,{"v":0.957507921,"d":"0.96"},{"v":206.540932499999,"d":"206.54"},{"v":0.921559671,"d":"0.92"},{"v":1898.41292199999,"d":"1,898.41"},{"v":161.5870783,"d":"161.59"},1,"1_61013000_66829",{"v":0.151479915353,"d":"0.15"},{"v":0.000733413534642,"d":"0.00"},{"v":1.39232173133,"d":"1.39"},{"v":0.0960022227335,"d":"0.10"},"1_61013000_66829_130015","außerhalb GKL",{"v":0.151479915352,"d":"0.15"},{"v":0.999999999993,"d":"1.00"},{"v":1.39232173132,"d":"1.39"}]
[6,610,61024,{"v":3596.428275,"d":"3,596.43"},2068,{"v":0.575014943,"d":"0.58"}," ",430,61024001,{"v":2824.95792064999,"d":"2,824.96"},1193,{"v":0.422307175,"d":"0.42"},{"v":80.2532824299999,"d":"80.25"},{"v":0.905906425,"d":"0.91"},{"v":1080.74636499999,"d":"1,080.75"},{"v":112.2536352,"d":"112.25"},1,"1_61024001_67108",{"v":0.744457137501,"d":"0.74"},{"v":0.00927634502863,"d":"0.01"},{"v":10.0253761701999,"d":"10.03"},{"v":0.028408664725,"d":"0.03"},"1_61024001_67108_130404","außerhalb GKL",{"v":0.744457137502,"d":"0.74"},{"v":1,"d":"1.00"},{"v":10.0253761701999,"d":"10.03"}]
[6,610,61032,{"v":2702.19598399999,"d":"2,702.20"},1998,{"v":0.739398627,"d":"0.74"}," ",410,61032001,{"v":2268.31964736,"d":"2,268.32"},1293,{"v":0.570025482,"d":"0.57"},{"v":131.372762999999,"d":"131.37"},{"v":0.921559671,"d":"0.92"},{"v":1191.57665399999,"d":"1,191.58"},{"v":101.423345699999,"d":"101.42"},1,"1_61032001_67353",{"v":2.75720371229,"d":"2.76"},{"v":0.020987635864,"d":"0.02"},{"v":25.0083769182,"d":"25.01"},{"v":0.0579163360653,"d":"0.06"},"1_61032001_67353_130734","F",{"v":0.16762223953,"d":"0.17"},{"v":0.0607942890773,"d":"0.06"},{"v":1.52036649572,"d":"1.52"}]
[6,610,61051,{"v":2190.88047499999,"d":"2,190.88"},2774,{"v":1.266157616,"d":"1.27"},"M",410,61051002,{"v":1356.64089067,"d":"1,356.64"},1394,{"v":1.02753795,"d":"1.03"},{"v":116.759254499999,"d":"116.76"},{"v":0.921559671,"d":"0.92"},{"v":1284.654181,"d":"1,284.65"},{"v":109.345819,"d":"109.35"},1,"1_61051002_67753",{"v":1.33322483519,"d":"1.33"},{"v":0.0114185795456,"d":"0.01"},{"v":14.6689259543,"d":"14.67"},{"v":0.0860649677472,"d":"0.09"},"1_61051002_67753_131284","außerhalb GKL",{"v":3.2445361875E-3,"d":"0.00"},{"v":0.00243360017145,"d":"0.00"},{"v":0.0356983007174,"d":"0.04"}]
[6,610,61051,{"v":2190.88047499999,"d":"2,190.88"},2774,{"v":1.266157616,"d":"1.27"},"M",410,61051002,{"v":1356.64089067,"d":"1,356.64"},1394,{"v":1.02753795,"d":"1.03"},{"v":116.759254499999,"d":"116.76"},{"v":0.921559671,"d":"0.92"},{"v":1284.654181,"d":"1,284.65"},{"v":109.345819,"d":"109.35"},1,"1_61051002_67786",{"v":1.97139498701,"d":"1.97"},{"v":0.0168842717903,"d":"0.02"},{"v":21.6904503485,"d":"21.69"},{"v":0.0860649677472,"d":"0.09"},"1_61051002_67786_131341","außerhalb GKL",{"v":1.97139498701,"d":"1.97"},{"v":1,"d":"1.00"},{"v":21.6904503485,"d":"21.69"}]
[6,610,61054,{"v":7574.390867,"d":"7,574.39"},3664,{"v":0.483735269,"d":"0.48"},"M",410,61054002,{"v":2406.33038092,"d":"2,406.33"},1342,{"v":0.557695656,"d":"0.56"},{"v":30.54012227,"d":"30.54"},{"v":0.921559671,"d":"0.92"},{"v":1236.73307799999,"d":"1,236.73"},{"v":105.2669219,"d":"105.27"},1,"1_61054002_67966",{"v":0.224811759821,"d":"0.22"},{"v":0.00736119383654,"d":"0.01"},{"v":9.10383191122,"d":"9.10"},{"v":0.0126915749027,"d":"0.01"},"1_61054002_67966_131671","außerhalb GKL",{"v":0.224811759822,"d":"0.22"},{"v":1,"d":"1.00"},{"v":9.10383191122,"d":"9.10"}]
[6,610,61061,{"v":4767.273914,"d":"4,767.27"},6349,{"v":1.33178838,"d":"1.33"},"M",410,61061005,{"v":567.45353608,"d":"567.45"},506,{"v":0.891702964,"d":"0.89"},{"v":69.70333779,"d":"69.70"},{"v":0.921559671,"d":"0.92"},{"v":466.3091934,"d":"466.31"},{"v":39.6908066,"d":"39.69"},1,"1_61061005_68251",{"v":0.323451706761,"d":"0.32"},{"v":0.00464040485027,"d":"0.00"},{"v":2.16386344278,"d":"2.16"},{"v":0.122835321939,"d":"0.12"},"1_61061005_68251_132217","außerhalb GKL",{"v":0.323451706761,"d":"0.32"},{"v":1,"d":"1.00"},{"v":2.16386344278,"d":"2.16"}]
[6,611,61108,{"v":10772.6260899999,"d":"10,772.63"},24471,{"v":2.271590955,"d":"2.27"},"ST",102,61108021,{"v":199.6586072,"d":"199.66"},826,{"v":4.137061816,"d":"4.14"},{"v":44.88277019,"d":"44.88"},{"v":0.973029842,"d":"0.97"},{"v":803.7226491,"d":"803.72"},{"v":22.27735088,"d":"22.28"},1,"1_61108021_68367",{"v":43.6029044992,"d":"43.60"},{"v":0.971484253637,"d":"0.97"},{"v":780.803897892,"d":"780.80"},{"v":0.224797572313,"d":"0.22"},"1_61108021_68367_132615","G",{"v":6.64668718883,"d":"6.65"},{"v":0.152436798997,"d":"0.15"},{"v":119.023246838999,"d":"119.02"}]
[6,611,61108,{"v":10772.6260899999,"d":"10,772.63"},24471,{"v":2.271590955,"d":"2.27"},"ST",102,61108101,{"v":4578.37933496999,"d":"4,578.38"},425,{"v":0.092827608,"d":"0.09"},{"v":82.86437768,"d":"82.86"},{"v":0.973029842,"d":"0.97"},{"v":413.5376827,"d":"413.54"},{"v":11.46231734,"d":"11.46"},1,"1_61108101_68436",{"v":42.9946936871999,"d":"42.99"},{"v":0.51885617066,"d":"0.52"},{"v":214.566578469,"d":"214.57"},{"v":0.0180990633622,"d":"0.02"},"1_61108101_68436_132945","außerhalb GKL",{"v":0.0315985624012,"d":"0.03"},{"v":0.000734940982045,"d":"0.00"},{"v":0.157693771894,"d":"0.16"}]
[6,611,61110,{"v":1512.70927,"d":"1,512.71"},2382,{"v":1.574658163,"d":"1.57"},"M",102,61110000,{"v":88.3232964950999,"d":"88.32"},1044,{"v":11.82021099,"d":"11.82"},{"v":47.0080324999999,"d":"47.01"},{"v":0.973029842,"d":"0.97"},{"v":1015.843155,"d":"1,015.84"},{"v":28.15684542,"d":"28.16"},1,"1_61110000_68523",{"v":28.4027506422,"d":"28.40"},{"v":0.604210581292,"d":"0.60"},{"v":613.783183183999,"d":"613.78"},{"v":0.532226879718,"d":"0.53"},"1_61110000_68523_133150","E",{"v":0.0176058102744,"d":"0.02"},{"v":0.000619862861037,"d":"0.00"},{"v":0.380461399985,"d":"0.38"}]
[6,611,61115,{"v":7853.112922,"d":"7,853.11"},1910,{"v":0.243215655,"d":"0.24"}," ",310,61115000,{"v":201.794799469999,"d":"201.79"},1006,{"v":4.98526227,"d":"4.99"},{"v":75.9422869699999,"d":"75.94"},{"v":0.969116244,"d":"0.97"},{"v":974.9309411,"d":"974.93"},{"v":31.06905889,"d":"31.07"},1,"1_61115000_68706",{"v":73.0105986923999,"d":"73.01"},{"v":0.961395838938,"d":"0.96"},{"v":937.294550025,"d":"937.29"},{"v":0.376334212623,"d":"0.38"},"1_61115000_68706_133578","E",{"v":13.7565809795,"d":"13.76"},{"v":0.188418958697,"d":"0.19"},{"v":176.604063107999,"d":"176.60"}]
[6,611,61120,{"v":14322.8789099999,"d":"14,322.88"},11119,{"v":0.77631041,"d":"0.78"},"ST",310,61120003,{"v":134.419393605,"d":"134.42"},1235,{"v":9.187662337,"d":"9.19"},{"v":65.3344339199999,"d":"65.33"},{"v":0.969116244,"d":"0.97"},{"v":1196.858561,"d":"1,196.86"},{"v":38.1414390899999,"d":"38.14"},1,"1_61120003_68798",{"v":62.6537652616,"d":"62.65"},{"v":0.958970048448,"d":"0.96"},{"v":1147.75151222999,"d":"1,147.75"},{"v":0.486049164245,"d":"0.49"},"1_61120003_68798_133882","F",{"v":16.2710264303999,"d":"16.27"},{"v":0.259697503613,"d":"0.26"},{"v":298.068202493999,"d":"298.07"}]
[6,611,61120,{"v":14322.8789099999,"d":"14,322.88"},11119,{"v":0.77631041,"d":"0.78"},"ST",310,61120010,{"v":7628.11026753999,"d":"7,628.11"},1563,{"v":0.204900027,"d":"0.20"},{"v":258.3169434,"d":"258.32"},{"v":0.969116244,"d":"0.97"},{"v":1514.728689,"d":"1,514.73"},{"v":48.2713111699999,"d":"48.27"},1,"1_61120010_68869",{"v":139.770859981,"d":"139.77"},{"v":0.541082819196,"d":"0.54"},{"v":819.593669361,"d":"819.59"},{"v":0.0338638187362,"d":"0.03"},"1_61120010_68869_134083","G",{"v":0.0131798228202,"d":"0.01"},{"v":9.4295927077e-05,"d":"0.00"},{"v":0.0772843448785,"d":"0.08"}]
[6,612,61207,{"v":8186.17578099999,"d":"8,186.18"},4830,{"v":0.590019092,"d":"0.59"},"ST",430,61207003,{"v":5556.06917528,"d":"5,556.07"},1279,{"v":0.230198718,"d":"0.23"},{"v":159.2640508,"d":"159.26"},{"v":0.905906425,"d":"0.91"},{"v":1158.65431699999,"d":"1,158.65"},{"v":120.345682699999,"d":"120.35"},1,"1_61207003_69050",{"v":151.616749833,"d":"151.62"},{"v":0.95198350834,"d":"0.95"},{"v":1103.01980165,"d":"1,103.02"},{"v":0.0286648790315,"d":"0.03"},"1_61207003_69050_134515","außerhalb GKL",{"v":0.978676487287,"d":"0.98"},{"v":0.00645493646556,"d":"0.01"},{"v":7.11992273991,"d":"7.12"}]
[6,612,61243,{"v":1677.36492599999,"d":"1,677.36"},1530,{"v":0.912144982,"d":"0.91"}," ",420,61243000,{"v":349.172285825,"d":"349.17"},476,{"v":1.363223885,"d":"1.36"},{"v":36.39985652,"d":"36.40"},{"v":0.920429496,"d":"0.92"},{"v":438.124439999999,"d":"438.12"},{"v":37.8755599799999,"d":"37.88"},1,"1_61243000_69186",{"v":2.04691139289,"d":"2.05"},{"v":0.056234051136,"d":"0.06"},{"v":24.6375121628999,"d":"24.64"},{"v":0.104246121464,"d":"0.10"},"1_61243000_69186_134819","E",{"v":1.22910315826,"d":"1.23"},{"v":0.600467202698,"d":"0.60"},{"v":14.7940180099,"d":"14.79"}]
[6,612,61255,{"v":19626.40752,"d":"19,626.41"},4920,{"v":0.250682658,"d":"0.25"},"M",430,61255002,{"v":10528.2312447999,"d":"10,528.23"},890,{"v":0.084534617,"d":"0.08"},{"v":125.4283937,"d":"125.43"},{"v":0.905906425,"d":"0.91"},{"v":806.256717999999,"d":"806.26"},{"v":83.7432819499999,"d":"83.74"},1,"1_61255002_69394",{"v":1.12544713203,"d":"1.13"},{"v":0.00897282583975,"d":"0.01"},{"v":7.23440111274,"d":"7.23"},{"v":0.0119135295173,"d":"0.01"},"1_61255002_69394_135272","außerhalb GKL",{"v":1.12544713203,"d":"1.13"},{"v":1,"d":"1.00"},{"v":7.23440111274,"d":"7.23"}]
[6,612,61256,{"v":7709.80950399999,"d":"7,709.81"},1300,{"v":0.168616358,"d":"0.17"},"M",430,61256000,{"v":4076.15954486,"d":"4,076.16"},963,{"v":0.236251793,"d":"0.24"},{"v":95.4849830499999,"d":"95.48"},{"v":0.905906425,"d":"0.91"},{"v":872.387887099999,"d":"872.39"},{"v":90.6121129499999,"d":"90.61"},1,"1_61256000_69469",{"v":28.7053630029999,"d":"28.71"},{"v":0.300626989565,"d":"0.30"},{"v":262.263344232,"d":"262.26"},{"v":0.0234252320105,"d":"0.02"},"1_61256000_69469_135452","G",{"v":0.938628272188,"d":"0.94"},{"v":0.0326987076279,"d":"0.03"},{"v":8.57567241456,"d":"8.58"}]
[6,612,61259,{"v":9176.43952899999,"d":"9,176.44"},8266,{"v":0.9007851,"d":"0.90"},"ST",220,61259004,{"v":1002.67920606999,"d":"1,002.68"},898,{"v":0.895600502,"d":"0.90"},{"v":100.3910314,"d":"100.39"},{"v":0.975109986,"d":"0.98"},{"v":875.6487676,"d":"875.65"},{"v":22.35123245,"d":"22.35"},1,"1_61259004_69677",{"v":0.607221505277,"d":"0.61"},{"v":0.00604856327113,"d":"0.01"},{"v":5.29641697412,"d":"5.30"},{"v":0.100122781835,"d":"0.10"},"1_61259004_69677_135756","außerhalb GKL",{"v":0.607221505277,"d":"0.61"},{"v":1,"d":"1.00"},{"v":5.29641697412,"d":"5.30"}]
[6,612,61263,{"v":20535.98285,"d":"20,535.98"},5160,{"v":0.251266279,"d":"0.25"},"ST",420,61263003,{"v":1669.85686108,"d":"1,669.86"},1430,{"v":0.856360825,"d":"0.86"},{"v":133.436054299999,"d":"133.44"},{"v":0.920429496,"d":"0.92"},{"v":1316.214179,"d":"1,316.21"},{"v":113.7858209,"d":"113.79"},1,"1_61263003_69875",{"v":76.3225053616999,"d":"76.32"},{"v":0.571978134111,"d":"0.57"},{"v":752.845730194999,"d":"752.85"},{"v":0.079908678049,"d":"0.08"},"1_61263003_69875_136205","G",{"v":0.473229148028,"d":"0.47"},{"v":0.00620038802166,"d":"0.01"},{"v":4.66793564766,"d":"4.67"}]
[6,612,61265,{"v":21114.3914599999,"d":"21,114.39"},6600,{"v":0.312583008,"d":"0.31"},"ST",220,61265004,{"v":56.140593295,"d":"56.14"},845,{"v":15.05149751,"d":"15.05"},{"v":50.31145509,"d":"50.31"},{"v":0.975109986,"d":"0.98"},{"v":823.9679383,"d":"823.97"},{"v":21.03206171,"d":"21.03"},1,"1_61265004_69989",{"v":50.1208959308999,"d":"50.12"},{"v":0.996212410101,"d":"1.00"},{"v":820.847085659999,"d":"820.85"},{"v":0.896168924073,"d":"0.90"},"1_61265004_69989_136389","G",{"v":0.886340234434,"d":"0.89"},{"v":0.0176840461044,"d":"0.02"},{"v":14.5158977075,"d":"14.52"}]
[6,612,61267,{"v":7295.292857,"d":"7,295.29"},2820,{"v":0.386550623,"d":"0.39"},"M",420,61267003,{"v":1455.84038695,"d":"1,455.84"},540,{"v":0.370919783,"d":"0.37"},{"v":82.51921393,"d":"82.52"},{"v":0.920429496,"d":"0.92"},{"v":497.0319278,"d":"497.03"},{"v":42.9680722499999,"d":"42.97"},1,"1_61267003_70180",{"v":79.5165482003999,"d":"79.52"},{"v":0.963612526264,"d":"0.96"},{"v":478.946191580999,"d":"478.95"},{"v":0.0566814979648,"d":"0.06"},"1_61267003_70180_136693","D",{"v":0.0067733346874,"d":"0.01"},{"v":8.5181447644e-05,"d":"0.00"},{"v":0.0407973299427,"d":"0.04"}]
[6,614,61439,{"v":16352.13001,"d":"16,352.13"},4891,{"v":0.299104765,"d":"0.30"},"M",430,61439003,{"v":3269.58388065999,"d":"3,269.58"},1279,{"v":0.391181278,"d":"0.39"},{"v":140.3420517,"d":"140.34"},{"v":0.905906425,"d":"0.91"},{"v":1158.65431699999,"d":"1,158.65"},{"v":120.345682699999,"d":"120.35"},1,"1_61439003_70402",{"v":0.249113878293,"d":"0.25"},{"v":0.00177504800076,"d":"0.00"},{"v":2.05666702896,"d":"2.06"},{"v":0.0429235207973,"d":"0.04"},"1_61439003_70402_137138","außerhalb GKL",{"v":0.249113878293,"d":"0.25"},{"v":1,"d":"1.00"},{"v":2.05666702896,"d":"2.06"}]
[6,614,61443,{"v":7020.638801,"d":"7,020.64"},1787,{"v":0.254535243,"d":"0.25"},"M",430,61443003,{"v":2656.19852509,"d":"2,656.20"},500,{"v":0.188238942,"d":"0.19"},{"v":29.9908215399999,"d":"29.99"},{"v":0.905906425,"d":"0.91"},{"v":452.953212399999,"d":"452.95"},{"v":47.04678761,"d":"47.05"},1,"1_61443003_70774",{"v":0.533345756561,"d":"0.53"},{"v":0.0177836327641,"d":"0.02"},{"v":8.05515358864,"d":"8.06"},{"v":0.0112908810304,"d":"0.01"},"1_61443003_70774_137663","außerhalb GKL",{"v":0.533345756562,"d":"0.53"},{"v":1,"d":"1.00"},{"v":8.05515358864,"d":"8.06"}]
[6,616,61612,{"v":3461.73240299999,"d":"3,461.73"},3222,{"v":0.930747852,"d":"0.93"},"M",310,61612001,{"v":839.118900974999,"d":"839.12"},824,{"v":0.981982409,"d":"0.98"},{"v":50.95924998,"d":"50.96"},{"v":0.969116244,"d":"0.97"},{"v":798.551784799999,"d":"798.55"},{"v":25.4482152299999,"d":"25.45"},1,"1_61612001_70943",{"v":27.6826412945,"d":"27.68"},{"v":0.543230940514,"d":"0.54"},{"v":433.798037105999,"d":"433.80"},{"v":0.0607294745963,"d":"0.06"},"1_61612001_70943_137993","F",{"v":4.37127433062,"d":"4.37"},{"v":0.15790669265,"d":"0.16"},{"v":68.4996133175,"d":"68.50"}]
[6,616,61615,{"v":1797.379703,"d":"1,797.38"},2207,{"v":1.227898589,"d":"1.23"},"M",310,61615001,{"v":818.68436263,"d":"818.68"},708,{"v":0.864802154,"d":"0.86"},{"v":54.60965359,"d":"54.61"},{"v":0.969116244,"d":"0.97"},{"v":686.134300499999,"d":"686.13"},{"v":21.8656995,"d":"21.87"},1,"1_61615001_71011",{"v":0.11125155406,"d":"0.11"},{"v":0.00203721405917,"d":"0.00"},{"v":1.39780244346,"d":"1.40"},{"v":0.0667041610696,"d":"0.07"},"1_61615001_71011_138071","außerhalb GKL",{"v":0.11125155406,"d":"0.11"},{"v":1,"d":"1.00"},{"v":1.39780244346,"d":"1.40"}]
[6,616,61625,{"v":2862.08075,"d":"2,862.08"},9419,{"v":3.290962353,"d":"3.29"},"ST",103,61625033,{"v":453.93427894,"d":"453.93"},471,{"v":1.037595136,"d":"1.04"},{"v":42.3607275299999,"d":"42.36"},{"v":0.975480312,"d":"0.98"},{"v":459.451226899999,"d":"459.45"},{"v":11.54877306,"d":"11.55"},1,"1_61625033_71254",{"v":2.22141100539,"d":"2.22"},{"v":0.0524403412056,"d":"0.05"},{"v":24.093779106,"d":"24.09"},{"v":0.0933190761203,"d":"0.09"},"1_61625033_71254_138600","G",{"v":0.000392765876657,"d":"0.00"},{"v":0.000176809188261,"d":"0.00"},{"v":0.00426000152587,"d":"0.00"}]
[6,616,61627,{"v":8768.753198,"d":"8,768.75"},1715,{"v":0.195580827,"d":"0.20"},"M",410,61627002,{"v":2197.44640006999,"d":"2,197.45"},212,{"v":0.096475618,"d":"0.10"},{"v":19.68396423,"d":"19.68"},{"v":0.921559671,"d":"0.92"},{"v":195.3706502,"d":"195.37"},{"v":16.6293498,"d":"16.63"},1,"1_61627002_71468",{"v":0.342291863303,"d":"0.34"},{"v":0.0173893764134,"d":"0.02"},{"v":3.39737377646,"d":"3.40"},{"v":0.00895765386103,"d":"0.01"},"1_61627002_71468_138930","außerhalb GKL",{"v":0.342291863302,"d":"0.34"},{"v":0.999999999997,"d":"1.00"},{"v":3.39737377645,"d":"3.40"}]
[6,616,61631,{"v":4330.489738,"d":"4,330.49"},9726,{"v":2.245935353,"d":"2.25"},"ST",103,61631002,{"v":92.21970308,"d":"92.22"},589,{"v":6.386921453,"d":"6.39"},{"v":51.70464012,"d":"51.70"},{"v":0.975480312,"d":"0.98"},{"v":574.557903699999,"d":"574.56"},{"v":14.44209625,"d":"14.44"},1,"1_61631002_71793",{"v":42.7850899195999,"d":"42.79"},{"v":0.827490333949,"d":"0.83"},{"v":475.441111605999,"d":"475.44"},{"v":0.560668039401,"d":"0.56"},"1_61631002_71793_139340","außerhalb GKL",{"v":0.550501472962,"d":"0.55"},{"v":0.0128666662615,"d":"0.01"},{"v":6.11734211003,"d":"6.12"}]
[6,616,61632,{"v":10420.96284,"d":"10,420.96"},2771,{"v":0.265906332,"d":"0.27"},"M",103,61632000,{"v":257.906429779999,"d":"257.91"},1222,{"v":4.738152519,"d":"4.74"},{"v":98.83324057,"d":"98.83"},{"v":0.975480312,"d":"0.98"},{"v":1192.036941,"d":"1,192.04"},{"v":29.96305878,"d":"29.96"},1,"1_61632000_71879",{"v":76.9954429077999,"d":"77.00"},{"v":0.779043998393,"d":"0.78"},{"v":928.649224749,"d":"928.65"},{"v":0.383213557934,"d":"0.38"},"1_61632000_71879_139537","außerhalb GKL",{"v":0.00461620675356,"d":"0.00"},{"v":5.9954285335e-05,"d":"0.00"},{"v":0.0556765005964,"d":"0.06"}]
[6,617,61708,{"v":6157.29064399999,"d":"6,157.29"},1524,{"v":0.24751146,"d":"0.25"}," ",430,61708000,{"v":6157.29064412,"d":"6,157.29"},1524,{"v":0.24751146,"d":"0.25"},{"v":176.8610883,"d":"176.86"},{"v":0.905906425,"d":"0.91"},{"v":1380.60139099999,"d":"1,380.60"},{"v":143.398608599999,"d":"143.40"},1,"1_61708000_72059",{"v":0.188803381718,"d":"0.19"},{"v":1.06752357759E-3,"d":"0.00"},{"v":1.47382453615,"d":"1.47"},{"v":0.0287238492581,"d":"0.03"},"1_61708000_72059_139867","F",{"v":0.188803381718,"d":"0.19"},{"v":1,"d":"1.00"},{"v":1.47382453615,"d":"1.47"}]
[6,617,61719,{"v":1524.83650899999,"d":"1,524.84"},2310,{"v":1.514916508,"d":"1.51"}," ",410,61719002,{"v":575.12584153,"d":"575.13"},478,{"v":0.831122453,"d":"0.83"},{"v":32.0620730699999,"d":"32.06"},{"v":0.921559671,"d":"0.92"},{"v":440.5055226,"d":"440.51"},{"v":37.4944773799999,"d":"37.49"},1,"1_61719002_72315",{"v":0.290542102253,"d":"0.29"},{"v":0.00906186264434,"d":"0.01"},{"v":3.99180053987,"d":"3.99"},{"v":0.055747926375,"d":"0.06"},"1_61719002_72315_140273","F",{"v":0.290542102253,"d":"0.29"},{"v":1,"d":"1.00"},{"v":3.99180053987,"d":"3.99"}]
[6,617,61729,{"v":2103.96953799999,"d":"2,103.97"},2101,{"v":0.998588602,"d":"1.00"}," ",310,61729000,{"v":1028.00077387999,"d":"1,028.00"},1108,{"v":1.0778202,"d":"1.08"},{"v":68.4946552699999,"d":"68.49"},{"v":0.969116244,"d":"0.97"},{"v":1073.780798,"d":"1,073.78"},{"v":34.2192020399999,"d":"34.22"},1,"1_61729000_72441",{"v":0.0921314332133,"d":"0.09"},{"v":1.34508937741E-3,"d":"0.00"},{"v":1.44433114506,"d":"1.44"},{"v":0.066628991933,"d":"0.07"},"1_61729000_72441_140500","außerhalb GKL",{"v":0.0921314332132,"d":"0.09"},{"v":0.999999999999,"d":"1.00"},{"v":1.44433114506,"d":"1.44"}]
[6,617,61731,{"v":2080.76532799999,"d":"2,080.77"},1351,{"v":0.649280331,"d":"0.65"}," ",310,61731000,{"v":2080.76532803,"d":"2,080.77"},1351,{"v":0.649280331,"d":"0.65"},{"v":124.3829635,"d":"124.38"},{"v":0.969116244,"d":"0.97"},{"v":1309.276045,"d":"1,309.28"},{"v":41.7239548299999,"d":"41.72"},1,"1_61731000_72629",{"v":0.373290340735,"d":"0.37"},{"v":0.00300113721551,"d":"0.00"},{"v":3.92931706403,"d":"3.93"},{"v":0.0597775067781,"d":"0.06"},"1_61731000_72629_140804","außerhalb GKL",{"v":0.373290340735,"d":"0.37"},{"v":1,"d":"1.00"},{"v":3.92931706403,"d":"3.93"}]
[6,617,61745,{"v":4040.53166499999,"d":"4,040.53"},1073,{"v":0.265559112,"d":"0.27"}," ",410,61745000,{"v":4040.53166516,"d":"4,040.53"},1073,{"v":0.265559112,"d":"0.27"},{"v":109.8544799,"d":"109.85"},{"v":0.921559671,"d":"0.92"},{"v":988.833526699999,"d":"988.83"},{"v":84.1664732899999,"d":"84.17"},1,"1_61745000_72994",{"v":0.098257940766,"d":"0.10"},{"v":8.94437266968E-4,"d":"0.00"},{"v":0.884449557108,"d":"0.88"},{"v":0.0271881249805,"d":"0.03"},"1_61745000_72994_141206","außerhalb GKL",{"v":0.0982579407661,"d":"0.10"},{"v":1,"d":"1.00"},{"v":0.884449557108,"d":"0.88"}]
[6,617,61746,{"v":4301.33177199999,"d":"4,301.33"},4110,{"v":0.955518016,"d":"0.96"},"M",410,61746004,{"v":775.13052587,"d":"775.13"},547,{"v":0.705687599,"d":"0.71"},{"v":49.0161173099999,"d":"49.02"},{"v":0.921559671,"d":"0.92"},{"v":504.093139899999,"d":"504.09"},{"v":42.9068601,"d":"42.91"},1,"1_61746004_73194",{"v":0.661987710285,"d":"0.66"},{"v":0.0135055109751,"d":"0.01"},{"v":6.80803543339,"d":"6.81"},{"v":0.0632359527513,"d":"0.06"},"1_61746004_73194_141437","außerhalb GKL",{"v":0.661987710285,"d":"0.66"},{"v":1,"d":"1.00"},{"v":6.80803543339,"d":"6.81"}]
[6,617,61748,{"v":3718.914314,"d":"3,718.91"},4279,{"v":1.150604622,"d":"1.15"},"M",410,61748003,{"v":438.374735265,"d":"438.37"},197,{"v":0.449387212,"d":"0.45"},{"v":30.43213334,"d":"30.43"},{"v":0.921559671,"d":"0.92"},{"v":181.5472551,"d":"181.55"},{"v":15.4527448599999,"d":"15.45"},1,"1_61748003_73386",{"v":0.753650918546,"d":"0.75"},{"v":0.0247649716215,"d":"0.02"},{"v":4.49601262051,"d":"4.50"},{"v":0.0694203632005,"d":"0.07"},"1_61748003_73386_141741","außerhalb GKL",{"v":0.753650918546,"d":"0.75"},{"v":1,"d":"1.00"},{"v":4.49601262051,"d":"4.50"}]
[6,617,61757,{"v":8977.02367799999,"d":"8,977.02"},4958,{"v":0.552298866,"d":"0.55"},"M",410,61757001,{"v":1500.91445870999,"d":"1,500.91"},868,{"v":0.578314104,"d":"0.58"},{"v":52.07298333,"d":"52.07"},{"v":0.921559671,"d":"0.92"},{"v":799.913794199999,"d":"799.91"},{"v":68.0862057899999,"d":"68.09"},1,"1_61757001_73825",{"v":0.375595946335,"d":"0.38"},{"v":0.00721287551272,"d":"0.01"},{"v":5.76967861847,"d":"5.77"},{"v":0.0346941712952,"d":"0.03"},"1_61757001_73825_142395","außerhalb GKL",{"v":0.375595946334,"d":"0.38"},{"v":0.999999999997,"d":"1.00"},{"v":5.76967861845,"d":"5.77"}]
[6,617,61760,{"v":3866.612814,"d":"3,866.61"},10926,{"v":2.82572901,"d":"2.83"},"ST",210,61760003,{"v":173.090231315,"d":"173.09"},2932,{"v":16.93914196,"d":"16.94"},{"v":119.836255399999,"d":"119.84"},{"v":0.955942851,"d":"0.96"},{"v":2802.82443999999,"d":"2,802.82"},{"v":129.1755598,"d":"129.18"},1,"1_61760003_74007",{"v":119.836255390999,"d":"119.84"},{"v":0.999999999925,"d":"1.00"},{"v":2802.82443978999,"d":"2,802.82"},{"v":0.692334018446,"d":"0.69"},"1_61760003_74007_142711","F",{"v":2.20141728209E-3,"d":"0.00"},{"v":1.8370210876E-5,"d":"0.00"},{"v":0.0514884760065,"d":"0.05"}]
[6,617,61760,{"v":3866.612814,"d":"3,866.61"},10926,{"v":2.82572901,"d":"2.83"},"ST",210,61760008,{"v":501.87048369,"d":"501.87"},895,{"v":1.783328626,"d":"1.78"},{"v":34.7479862499999,"d":"34.75"},{"v":0.955942851,"d":"0.96"},{"v":855.568851999999,"d":"855.57"},{"v":39.4311480399999,"d":"39.43"},1,"1_61760008_74188",{"v":0.190598694052,"d":"0.19"},{"v":0.00548517236886,"d":"0.01"},{"v":4.69294262665,"d":"4.69"},{"v":0.0692369592938,"d":"0.07"},"1_61760008_74188_143015","außerhalb GKL",{"v":0.190598694052,"d":"0.19"},{"v":1,"d":"1.00"},{"v":4.69294262665,"d":"4.69"}]
[6,617,61763,{"v":8494.355899,"d":"8,494.36"},4414,{"v":0.519639164,"d":"0.52"},"M",410,61763003,{"v":657.139218349999,"d":"657.14"},504,{"v":0.766960769,"d":"0.77"},{"v":51.70696701,"d":"51.71"},{"v":0.921559671,"d":"0.92"},{"v":464.4660741,"d":"464.47"},{"v":39.53392594,"d":"39.53"},1,"1_61763003_74382",{"v":0.73531012501,"d":"0.74"},{"v":0.0142207166177,"d":"0.01"},{"v":6.60504041831,"d":"6.61"},{"v":0.0786849507169,"d":"0.08"},"1_61763003_74382_143328","außerhalb GKL",{"v":0.156499439167,"d":"0.16"},{"v":0.212834603855,"d":"0.21"},{"v":1.40578116088,"d":"1.41"}]
[6,617,61765,{"v":4106.955377,"d":"4,106.96"},5419,{"v":1.319468926,"d":"1.32"},"M",410,61765000,{"v":1178.72412454,"d":"1,178.72"},2537,{"v":2.152327205,"d":"2.15"},{"v":155.4746977,"d":"155.47"},{"v":0.921559671,"d":"0.92"},{"v":2337.996885,"d":"2,338.00"},{"v":199.003115299999,"d":"199.00"},1,"1_61765000_74605",{"v":125.372543289,"d":"125.37"},{"v":0.806385509306,"d":"0.81"},{"v":1885.32680886999,"d":"1,885.33"},{"v":0.13190083622,"d":"0.13"},"1_61765000_74605_143648","E",{"v":9.46323543069999,"d":"9.46"},{"v":0.0754809241517,"d":"0.08"},{"v":142.306209861,"d":"142.31"}]
[6,617,61766,{"v":1747.37985099999,"d":"1,747.38"},11797,{"v":6.75125102,"d":"6.75"},"ST",103,61766009,{"v":1240.09101852999,"d":"1,240.09"},2416,{"v":1.948244092,"d":"1.95"},{"v":223.919284699999,"d":"223.92"},{"v":0.975480312,"d":"0.98"},{"v":2356.76043399999,"d":"2,356.76"},{"v":59.2395662899999,"d":"59.24"},1,"1_61766009_74709",{"v":0.134327288158,"d":"0.13"},{"v":0.000599891556183,"d":"0.00"},{"v":1.4138006843,"d":"1.41"},{"v":0.180566814334,"d":"0.18"},"1_61766009_74709_143952","E",{"v":0.134327288158,"d":"0.13"},{"v":1,"d":"1.00"},{"v":1.4138006843,"d":"1.41"}]
[6,620,62007,{"v":5469.57545399999,"d":"5,469.58"},7657,{"v":1.399925838,"d":"1.40"}," ",103,62007023,{"v":1766.59174437,"d":"1,766.59"},581,{"v":0.328881872,"d":"0.33"},{"v":92.97837517,"d":"92.98"},{"v":0.975480312,"d":"0.98"},{"v":566.754061299999,"d":"566.75"},{"v":14.24593875,"d":"14.25"},1,"1_62007023_74830",{"v":0.0517851287078,"d":"0.05"},{"v":0.00055695884783,"d":"0.00"},{"v":0.315658688985,"d":"0.32"},{"v":0.0526315010054,"d":"0.05"},"1_62007023_74830_144261","außerhalb GKL",{"v":0.0517851287078,"d":"0.05"},{"v":1,"d":"1.00"},{"v":0.315658688985,"d":"0.32"}]
[6,620,62014,{"v":1763.55114299999,"d":"1,763.55"},1907,{"v":1.081340911,"d":"1.08"},"M",310,62014000,{"v":1763.55114281999,"d":"1,763.55"},1907,{"v":1.081340911,"d":"1.08"},{"v":188.0732687,"d":"188.07"},{"v":0.969116244,"d":"0.97"},{"v":1848.104677,"d":"1,848.10"},{"v":58.8953233599999,"d":"58.90"},1,"1_62014000_75092",{"v":0.292757517672,"d":"0.29"},{"v":0.00155661418391,"d":"0.00"},{"v":2.87678595357,"d":"2.88"},{"v":0.106644635437,"d":"0.11"},"1_62014000_75092_144585","G",{"v":0.292757517672,"d":"0.29"},{"v":1,"d":"1.00"},{"v":2.87678595357,"d":"2.88"}]
[6,620,62034,{"v":4623.62740099999,"d":"4,623.63"},1301,{"v":0.281380805,"d":"0.28"},"M",410,62034000,{"v":4623.62740100999,"d":"4,623.63"},1301,{"v":0.281380805,"d":"0.28"},{"v":161.4460381,"d":"161.45"},{"v":0.921559671,"d":"0.92"},{"v":1198.94913199999,"d":"1,198.95"},{"v":102.050868399999,"d":"102.05"},1,"1_62034000_75304",{"v":6.49362177611,"d":"6.49"},{"v":0.0402216235996,"d":"0.04"},{"v":48.2236807024,"d":"48.22"},{"v":0.0349176142664,"d":"0.03"},"1_62034000_75304_144915","G",{"v":6.20683041575,"d":"6.21"},{"v":0.95583491459,"d":"0.96"},{"v":46.0938777253999,"d":"46.09"}]
[6,620,62039,{"v":5439.52764999999,"d":"5,439.53"},1839,{"v":0.338080826,"d":"0.34"}," ",103,62039001,{"v":4702.74067835,"d":"4,702.74"},621,{"v":0.132050658,"d":"0.13"},{"v":79.92913348,"d":"79.93"},{"v":0.975480312,"d":"0.98"},{"v":605.7732737,"d":"605.77"},{"v":15.22672627,"d":"15.23"},1,"1_62039001_75444",{"v":0.608831378513,"d":"0.61"},{"v":0.00761713973373,"d":"0.01"},{"v":4.61425967273,"d":"4.61"},{"v":0.0169962876856,"d":"0.02"},"1_62039001_75444_145219","außerhalb GKL",{"v":0.608831378512,"d":"0.61"},{"v":0.999999999998,"d":"1.00"},{"v":4.61425967272,"d":"4.61"}]
[6,620,62042,{"v":15913.36086,"d":"15,913.36"},3760,{"v":0.23627944,"d":"0.24"},"M",410,62042000,{"v":514.965215495,"d":"514.97"},1472,{"v":2.858445494,"d":"2.86"},{"v":95.96123643,"d":"95.96"},{"v":0.921559671,"d":"0.92"},{"v":1356.53583499999,"d":"1,356.54"},{"v":115.464164699999,"d":"115.46"},1,"1_62042000_75638",{"v":94.4029754153,"d":"94.40"},{"v":0.983761557555,"d":"0.98"},{"v":1334.50780592,"d":"1,334.51"},{"v":0.186345084178,"d":"0.19"},"1_62042000_75638_145756","G",{"v":0.0134934133159,"d":"0.01"},{"v":1.42934195205E-4,"d":"0.00"},{"v":0.190746799234,"d":"0.19"}]
[6,620,62042,{"v":15913.36086,"d":"15,913.36"},3760,{"v":0.23627944,"d":"0.24"},"M",410,62042003,{"v":2780.54300788,"d":"2,780.54"},182,{"v":0.065454841,"d":"0.07"},{"v":7.823256547,"d":"7.82"},{"v":0.921559671,"d":"0.92"},{"v":167.723860099999,"d":"167.72"},{"v":14.27613992,"d":"14.28"},1,"1_62042003_75712",{"v":0.522074655446,"d":"0.52"},{"v":0.0667336744372,"d":"0.07"},{"v":11.1928294753,"d":"11.19"},{"v":0.00281357149479,"d":"0.00"},"1_62042003_75712_145852","außerhalb GKL",{"v":0.522074655446,"d":"0.52"},{"v":1,"d":"1.00"},{"v":11.1928294753,"d":"11.19"}]
[6,620,62044,{"v":27017.6554299999,"d":"27,017.66"},2595,{"v":0.096048305,"d":"0.10"},"M",410,62044000,{"v":9142.69013765999,"d":"9,142.69"},286,{"v":0.031281821,"d":"0.03"},{"v":35.98631635,"d":"35.99"},{"v":0.921559671,"d":"0.92"},{"v":263.566065799999,"d":"263.57"},{"v":22.43393417,"d":"22.43"},1,"1_62044000_75903",{"v":0.271622796436,"d":"0.27"},{"v":0.00754794666379,"d":"0.01"},{"v":1.98938260704,"d":"1.99"},{"v":3.93607524789E-3,"d":"0.00"},"1_62044000_75903_146156","außerhalb GKL",{"v":0.271622796436,"d":"0.27"},{"v":1,"d":"1.00"},{"v":1.98938260704,"d":"1.99"}]
[6,620,62045,{"v":7060.63534799999,"d":"7,060.64"},2036,{"v":0.288359319,"d":"0.29"}," ",310,62045000,{"v":6071.36435118,"d":"6,071.36"},1181,{"v":0.194519705,"d":"0.19"},{"v":149.7540309,"d":"149.75"},{"v":0.969116244,"d":"0.97"},{"v":1144.526284,"d":"1,144.53"},{"v":36.47371625,"d":"36.47"},1,"1_62045000_76296",{"v":0.437229700964,"d":"0.44"},{"v":0.00291965230142,"d":"0.00"},{"v":3.34161879912,"d":"3.34"},{"v":0.0246656306948,"d":"0.02"},"1_62045000_76296_146609","außerhalb GKL",{"v":0.437229700964,"d":"0.44"},{"v":1,"d":"1.00"},{"v":3.34161879912,"d":"3.34"}]
[6,620,62046,{"v":14824.9096499999,"d":"14,824.91"},2687,{"v":0.181248997,"d":"0.18"}," ",310,62046000,{"v":10498.2475985,"d":"10,498.25"},576,{"v":0.0548663,"d":"0.05"},{"v":127.8292524,"d":"127.83"},{"v":0.969116244,"d":"0.97"},{"v":558.2109563,"d":"558.21"},{"v":17.78904366,"d":"17.79"},1,"1_62046000_76459",{"v":0.201364592969,"d":"0.20"},{"v":1.57526222823E-3,"d":"0.00"},{"v":0.879328634844,"d":"0.88"},{"v":0.0121762466736,"d":"0.01"},"1_62046000_76459_146789","außerhalb GKL",{"v":0.20136459297,"d":"0.20"},{"v":1,"d":"1.00"},{"v":0.879328634844,"d":"0.88"}]
[6,621,62105,{"v":6240.26306699999,"d":"6,240.26"},1646,{"v":0.263770931,"d":"0.26"},"M",410,62105000,{"v":250.409273654999,"d":"250.41"},922,{"v":3.681972263,"d":"3.68"},{"v":66.2871745399999,"d":"66.29"},{"v":0.921559671,"d":"0.92"},{"v":849.6780164,"d":"849.68"},{"v":72.32198357,"d":"72.32"},1,"1_62105000_76820",{"v":64.5576220616,"d":"64.56"},{"v":0.973908188267,"d":"0.97"},{"v":827.508377561999,"d":"827.51"},{"v":0.264715334111,"d":"0.26"},"1_62105000_76820_147430","außerhalb GKL",{"v":10.5844425579999,"d":"10.58"},{"v":0.16395341433,"d":"0.16"},{"v":135.672823888,"d":"135.67"}]
[6,621,62115,{"v":9374.413085,"d":"9,374.41"},5356,{"v":0.571342435,"d":"0.57"},"M",410,62115001,{"v":226.65584724,"d":"226.66"},2126,{"v":9.37985949099999,"d":"9.38"},{"v":132.652737999999,"d":"132.65"},{"v":0.921559671,"d":"0.92"},{"v":1959.23586,"d":"1,959.24"},{"v":166.764139999999,"d":"166.76"},1,"1_62115001_76876",{"v":16.9911587195,"d":"16.99"},{"v":0.128087508601,"d":"0.13"},{"v":250.953640068999,"d":"250.95"},{"v":0.585260603754,"d":"0.59"},"1_62115001_76876_147542","G",{"v":0.0208608885998,"d":"0.02"},{"v":1.22774961638E-3,"d":"0.00"},{"v":0.308108235324,"d":"0.31"}]
[6,621,62131,{"v":7313.560027,"d":"7,313.56"},1435,{"v":0.196210873,"d":"0.20"}," ",410,62131001,{"v":517.970091554999,"d":"517.97"},526,{"v":1.015502649,"d":"1.02"},{"v":174.3010744,"d":"174.30"},{"v":0.921559671,"d":"0.92"},{"v":484.7403868,"d":"484.74"},{"v":41.25961319,"d":"41.26"},1,"1_62131001_77113",{"v":0.148828790106,"d":"0.15"},{"v":0.000853860428677,"d":"0.00"},{"v":0.41390063447,"d":"0.41"},{"v":0.336507990021,"d":"0.34"},"1_62131001_77113_148063","G",{"v":0.000197399671084,"d":"0.00"},{"v":1.32635406727E-3,"d":"0.00"},{"v":0.000548978789975,"d":"0.00"}]
[6,621,62135,{"v":13419.73782,"d":"13,419.74"},1604,{"v":0.119525435,"d":"0.12"},"M",410,62135000,{"v":13419.7378198,"d":"13,419.74"},1604,{"v":0.119525435,"d":"0.12"},{"v":183.600552899999,"d":"183.60"},{"v":0.921559671,"d":"0.92"},{"v":1478.181712,"d":"1,478.18"},{"v":125.8182881,"d":"125.82"},1,"1_62135000_77300",{"v":27.9599693151999,"d":"27.96"},{"v":0.152286955968,"d":"0.15"},{"v":225.107793288,"d":"225.11"},{"v":0.0136813815117,"d":"0.01"},"1_62135000_77300_148367","G",{"v":13.3303851067,"d":"13.33"},{"v":0.476766800293,"d":"0.48"},{"v":107.323922327,"d":"107.32"}]
[6,621,62138,{"v":5506.141818,"d":"5,506.14"},2440,{"v":0.44314151,"d":"0.44"},"M",410,62138001,{"v":3896.47999006,"d":"3,896.48"},1390,{"v":0.356732231,"d":"0.36"},{"v":150.948983199999,"d":"150.95"},{"v":0.921559671,"d":"0.92"},{"v":1280.96794199999,"d":"1,280.97"},{"v":109.032057699999,"d":"109.03"},1,"1_62138001_77338",{"v":33.1850710603999,"d":"33.19"},{"v":0.219842958574,"d":"0.22"},{"v":281.611782208,"d":"281.61"},{"v":0.0387398327683,"d":"0.04"},"1_62138001_77338_148475","G",{"v":2.08487444148,"d":"2.08"},{"v":0.0628256735592,"d":"0.06"},{"v":17.6924498994,"d":"17.69"}]
[6,621,62140,{"v":8202.74981099999,"d":"8,202.75"},22609,{"v":2.756270826,"d":"2.76"},"ST",102,62140018,{"v":368.164371974999,"d":"368.16"},329,{"v":0.893622591,"d":"0.89"},{"v":26.39458983,"d":"26.39"},{"v":0.973029842,"d":"0.97"},{"v":320.126817899999,"d":"320.13"},{"v":8.87318213,"d":"8.87"},1,"1_62140018_77459",{"v":25.4811322027,"d":"25.48"},{"v":0.965392240107,"d":"0.97"},{"v":309.047945851,"d":"309.05"},{"v":0.0716924065422,"d":"0.07"},"1_62140018_77459_149000","C",{"v":5.77317794372,"d":"5.77"},{"v":0.22656677489,"d":"0.23"},{"v":70.0199963777999,"d":"70.02"}]
[6,621,62141,{"v":9052.389008,"d":"9,052.39"},8150,{"v":0.900314822,"d":"0.90"},"ST",410,62141004,{"v":3667.40512458,"d":"3,667.41"},469,{"v":0.127883336,"d":"0.13"},{"v":50.38544069,"d":"50.39"},{"v":0.921559671,"d":"0.92"},{"v":432.2114856,"d":"432.21"},{"v":36.7885144199999,"d":"36.79"},1,"1_62141004_77557",{"v":0.389600734778,"d":"0.39"},{"v":0.0077324070097,"d":"0.01"},{"v":3.34203512093,"d":"3.34"},{"v":0.0137387168798,"d":"0.01"},"1_62141004_77557_149330","G",{"v":0.0848437480696,"d":"0.08"},{"v":0.217771016571,"d":"0.22"},{"v":0.727798385701,"d":"0.73"}]
[6,621,62143,{"v":5132.38060899999,"d":"5,132.38"},8347,{"v":1.626340803,"d":"1.63"},"ST",210,62143011,{"v":3211.12581098999,"d":"3,211.13"},333,{"v":0.103701947,"d":"0.10"},{"v":23.54556857,"d":"23.55"},{"v":0.955942851,"d":"0.96"},{"v":318.3289695,"d":"318.33"},{"v":14.6710305,"d":"14.67"},1,"1_62143011_77816",{"v":1.07449998201,"d":"1.07"},{"v":0.045634913373,"d":"0.05"},{"v":14.5269149472,"d":"14.53"},{"v":7.33249643767E-3,"d":"0.01"},"1_62143011_77816_149744","G",{"v":0.0355157550523,"d":"0.04"},{"v":0.033053285851,"d":"0.03"},{"v":0.480162272283,"d":"0.48"}]
[6,621,62146,{"v":2942.46859099999,"d":"2,942.47"},2766,{"v":0.940027027,"d":"0.94"},"M",310,62146001,{"v":131.962168214999,"d":"131.96"},799,{"v":6.054765626,"d":"6.05"},{"v":55.4166042399999,"d":"55.42"},{"v":0.969116244,"d":"0.97"},{"v":774.3238787,"d":"774.32"},{"v":24.67612132,"d":"24.68"},1,"1_62146001_77916",{"v":0.162395290505,"d":"0.16"},{"v":2.93044463356E-3,"d":"0.00"},{"v":2.26911325497,"d":"2.27"},{"v":0.419943116952,"d":"0.42"},"1_62146001_77916_149937","außerhalb GKL",{"v":0.162395290505,"d":"0.16"},{"v":1,"d":"1.00"},{"v":2.26911325497,"d":"2.27"}]
[6,622,62205,{"v":2639.82323899999,"d":"2,639.82"},2145,{"v":0.812554404,"d":"0.81"}," ",420,62205000,{"v":1186.62180035,"d":"1,186.62"},878,{"v":0.739915616,"d":"0.74"},{"v":111.0662875,"d":"111.07"},{"v":0.920429496,"d":"0.92"},{"v":808.1370973,"d":"808.14"},{"v":69.8629026499999,"d":"69.86"},1,"1_62205000_78120",{"v":0.056478110696,"d":"0.06"},{"v":0.000508508134802,"d":"0.00"},{"v":0.410944288012,"d":"0.41"},{"v":0.093598724941,"d":"0.09"},"1_62205000_78120_150267","außerhalb GKL",{"v":0.0564781106962,"d":"0.06"},{"v":1,"d":"1.00"},{"v":0.410944288012,"d":"0.41"}]
[6,622,62214,{"v":2337.61556,"d":"2,337.62"},1820,{"v":0.778571135,"d":"0.78"}," ",420,62214001,{"v":1629.76758659,"d":"1,629.77"},828,{"v":0.5080479,"d":"0.51"},{"v":82.57811691,"d":"82.58"},{"v":0.920429496,"d":"0.92"},{"v":762.1156226,"d":"762.12"},{"v":65.8843774399999,"d":"65.88"},1,"1_62214001_78427",{"v":0.625058444498,"d":"0.63"},{"v":0.00756929883954,"d":"0.01"},{"v":5.76868089774,"d":"5.77"},{"v":0.0506686460017,"d":"0.05"},"1_62214001_78427_150677","außerhalb GKL",{"v":0.625058444498,"d":"0.63"},{"v":1,"d":"1.00"},{"v":5.76868089774,"d":"5.77"}]
[6,622,62219,{"v":2157.88192799999,"d":"2,157.88"},6795,{"v":3.148921131,"d":"3.15"},"ST",220,62219003,{"v":417.429462989999,"d":"417.43"},921,{"v":2.206360791,"d":"2.21"},{"v":130.192177899999,"d":"130.19"},{"v":0.975109986,"d":"0.98"},{"v":898.076297199999,"d":"898.08"},{"v":22.9237027699999,"d":"22.92"},1,"1_62219003_78533",{"v":0.404200666309,"d":"0.40"},{"v":3.1046463223E-3,"d":"0.00"},{"v":2.78820927325,"d":"2.79"},{"v":0.311890246001,"d":"0.31"},"1_62219003_78533_150874","außerhalb GKL",{"v":0.404200666309,"d":"0.40"},{"v":1,"d":"1.00"},{"v":2.78820927325,"d":"2.79"}]
[6,622,62220,{"v":3042.96595399999,"d":"3,042.97"},2179,{"v":0.71607768,"d":"0.72"}," ",420,62220003,{"v":571.04655706,"d":"571.05"},249,{"v":0.436041505,"d":"0.44"},{"v":32.27849251,"d":"32.28"},{"v":0.920429496,"d":"0.92"},{"v":229.1869445,"d":"229.19"},{"v":19.81305554,"d":"19.81"},1,"1_62220003_78725",{"v":0.714074485864,"d":"0.71"},{"v":0.0221222997215,"d":"0.02"},{"v":5.07014227848,"d":"5.07"},{"v":0.0565251503769,"d":"0.06"},"1_62220003_78725_151204","E",{"v":0.00331389736555,"d":"0.00"},{"v":0.00464082869666,"d":"0.00"},{"v":0.0235296617821,"d":"0.02"}]
[6,622,62235,{"v":3395.582938,"d":"3,395.58"},2040,{"v":0.600780495,"d":"0.60"}," ",420,62235002,{"v":1323.81620681999,"d":"1,323.82"},735,{"v":0.555213024,"d":"0.56"},{"v":49.74000749,"d":"49.74"},{"v":0.920429496,"d":"0.92"},{"v":676.515679399999,"d":"676.52"},{"v":58.48432056,"d":"58.48"},1,"1_62235002_79011",{"v":0.148978172208,"d":"0.15"},{"v":0.00299513771159,"d":"0.00"},{"v":2.02625762385,"d":"2.03"},{"v":0.0375731972715,"d":"0.04"},"1_62235002_79011_151610","außerhalb GKL",{"v":0.132756344565,"d":"0.13"},{"v":0.891112722068,"d":"0.89"},{"v":1.8056239468,"d":"1.81"}]
[6,622,62245,{"v":4853.95317299999,"d":"4,853.95"},1454,{"v":0.299549655,"d":"0.30"}," ",430,62245000,{"v":4853.95317249999,"d":"4,853.95"},1454,{"v":0.299549655,"d":"0.30"},{"v":133.9300293,"d":"133.93"},{"v":0.905906425,"d":"0.91"},{"v":1317.187942,"d":"1,317.19"},{"v":136.8120584,"d":"136.81"},1,"1_62245000_79174",{"v":0.905269324077,"d":"0.91"},{"v":0.00675927070881,"d":"0.01"},{"v":8.90322987435999,"d":"8.90"},{"v":0.0275919491887,"d":"0.03"},"1_62245000_79174_151837","außerhalb GKL",{"v":0.905269324077,"d":"0.91"},{"v":1,"d":"1.00"},{"v":8.90322987435999,"d":"8.90"}]
[6,622,62264,{"v":5225.833647,"d":"5,225.83"},3834,{"v":0.733662849,"d":"0.73"},"M",420,62264006,{"v":321.542621235,"d":"321.54"},174,{"v":0.541141325,"d":"0.54"},{"v":14.93250718,"d":"14.93"},{"v":0.920429496,"d":"0.92"},{"v":160.1547323,"d":"160.15"},{"v":13.84526772,"d":"13.85"},1,"1_62264006_79683",{"v":0.177766208625,"d":"0.18"},{"v":0.0119046457827,"d":"0.01"},{"v":1.90658535845,"d":"1.91"},{"v":0.0464402110135,"d":"0.05"},"1_62264006_79683_152478","außerhalb GKL",{"v":0.177766208625,"d":"0.18"},{"v":1,"d":"1.00"},{"v":1.90658535845,"d":"1.91"}]
[6,622,62265,{"v":2910.280267,"d":"2,910.28"},2011,{"v":0.690998741,"d":"0.69"}," ",420,62265003,{"v":495.031262926,"d":"495.03"},415,{"v":0.838330892,"d":"0.84"},{"v":37.4208915999999,"d":"37.42"},{"v":0.920429496,"d":"0.92"},{"v":381.978240799999,"d":"381.98"},{"v":33.02175923,"d":"33.02"},1,"1_62265003_79730",{"v":1.79502628523,"d":"1.80"},{"v":0.0479685600337,"d":"0.05"},{"v":18.3229461753999,"d":"18.32"},{"v":0.0755929865496,"d":"0.08"},"1_62265003_79730_152543","G",{"v":1.65669350054,"d":"1.66"},{"v":0.922935510288,"d":"0.92"},{"v":16.9108976784,"d":"16.91"}]
[6,622,62270,{"v":3382.18654699999,"d":"3,382.19"},2106,{"v":0.622674111,"d":"0.62"}," ",420,62270001,{"v":1474.12977077,"d":"1,474.13"},779,{"v":0.52844737,"d":"0.53"},{"v":22.1540470499999,"d":"22.15"},{"v":0.920429496,"d":"0.92"},{"v":717.0145773,"d":"717.01"},{"v":61.9854227399999,"d":"61.99"},1,"1_62270001_80026",{"v":0.90547062505,"d":"0.91"},{"v":0.0408715673035,"d":"0.04"},{"v":29.3055095536999,"d":"29.31"},{"v":0.0150285595538,"d":"0.02"},"1_62270001_80026_153111","außerhalb GKL",{"v":0.90547062505,"d":"0.91"},{"v":1,"d":"1.00"},{"v":29.3055095536999,"d":"29.31"}]
[6,622,62272,{"v":2800.62752899999,"d":"2,800.63"},2994,{"v":1.069046122,"d":"1.07"},"M",420,62272002,{"v":708.246116004999,"d":"708.25"},731,{"v":1.032127086,"d":"1.03"},{"v":70.6055812299999,"d":"70.61"},{"v":0.920429496,"d":"0.92"},{"v":672.833961499999,"d":"672.83"},{"v":58.16603854,"d":"58.17"},1,"1_62272002_80181",{"v":0.892682267904,"d":"0.89"},{"v":0.0126432252572,"d":"0.01"},{"v":8.50679133593999,"d":"8.51"},{"v":0.0996907425744,"d":"0.10"},"1_62272002_80181_153415","C",{"v":0.892682267904,"d":"0.89"},{"v":1,"d":"1.00"},{"v":8.50679133593999,"d":"8.51"}]
[6,622,62275,{"v":8887.460294,"d":"8,887.46"},5930,{"v":0.667232236,"d":"0.67"},"M",420,62275005,{"v":583.01363687,"d":"583.01"},393,{"v":0.674083718,"d":"0.67"},{"v":44.2783300199999,"d":"44.28"},{"v":0.920429496,"d":"0.92"},{"v":361.728791899999,"d":"361.73"},{"v":31.27120813,"d":"31.27"},1,"1_62275005_80383",{"v":0.0826391151923,"d":"0.08"},{"v":0.00186635573553,"d":"0.00"},{"v":0.675114605469,"d":"0.68"},{"v":0.0759473316228,"d":"0.08"},"1_62275005_80383_153732","außerhalb GKL",{"v":0.0826391151922,"d":"0.08"},{"v":0.999999999999,"d":"1.00"},{"v":0.675114605468,"d":"0.68"}]
[6,622,62277,{"v":2654.85663199999,"d":"2,654.86"},2639,{"v":0.994027311,"d":"0.99"}," ",420,62277000,{"v":207.19171893,"d":"207.19"},981,{"v":4.734745216,"d":"4.73"},{"v":107.0091879,"d":"107.01"},{"v":0.920429496,"d":"0.92"},{"v":902.941335399999,"d":"902.94"},{"v":78.0586645799999,"d":"78.06"},1,"1_62277000_80625",{"v":104.570899913999,"d":"104.57"},{"v":0.977214218388,"d":"0.98"},{"v":882.367111323,"d":"882.37"},{"v":0.516474251252,"d":"0.52"},"1_62277000_80625_154048","G",{"v":0.139428431778,"d":"0.14"},{"v":0.00133333873853,"d":"0.00"},{"v":1.17649425113,"d":"1.18"}]
[6,622,62278,{"v":8128.261808,"d":"8,128.26"},4701,{"v":0.578352434,"d":"0.58"},"M",430,62278002,{"v":1730.33312298,"d":"1,730.33"},737,{"v":0.425929545,"d":"0.43"},{"v":89.4483856199999,"d":"89.45"},{"v":0.905906425,"d":"0.91"},{"v":667.6530351,"d":"667.65"},{"v":69.34696494,"d":"69.35"},1,"1_62278002_80858",{"v":0.753987516712,"d":"0.75"},{"v":0.00842930268094,"d":"0.01"},{"v":5.62784951871,"d":"5.63"},{"v":0.0516943150611,"d":"0.05"},"1_62278002_80858_154352","außerhalb GKL",{"v":0.753987516712,"d":"0.75"},{"v":1,"d":"1.00"},{"v":5.62784951871,"d":"5.63"}]
[6,622,62279,{"v":5396.58542899999,"d":"5,396.59"},1473,{"v":0.272950372,"d":"0.27"}," ",430,62279000,{"v":1868.01113011,"d":"1,868.01"},651,{"v":0.348498994,"d":"0.35"},{"v":30.2553579,"d":"30.26"},{"v":0.905906425,"d":"0.91"},{"v":589.745082499999,"d":"589.75"},{"v":61.25491747,"d":"61.25"},1,"1_62279000_81144",{"v":0.470448119206,"d":"0.47"},{"v":0.0155492498473,"d":"0.02"},{"v":9.17009363401,"d":"9.17"},{"v":0.0161965619007,"d":"0.02"},"1_62279000_81144_154665","außerhalb GKL",{"v":0.470448119205,"d":"0.47"},{"v":0.999999999998,"d":"1.00"},{"v":9.17009363399,"d":"9.17"}]
[6,623,62376,{"v":2999.99755099999,"d":"3,000.00"},3178,{"v":1.059334198,"d":"1.06"},"ST",220,62376002,{"v":59.51036166,"d":"59.51"},103,{"v":1.730791027,"d":"1.73"},{"v":38.36248538,"d":"38.36"},{"v":0.975109986,"d":"0.98"},{"v":100.436328599999,"d":"100.44"},{"v":2.563671428,"d":"2.56"},1,"1_62376002_81294",{"v":12.3194499456,"d":"12.32"},{"v":0.321132737454,"d":"0.32"},{"v":32.2533931430999,"d":"32.25"},{"v":0.644635393063,"d":"0.64"},"1_62376002_81294_154985","F",{"v":0.341420913793,"d":"0.34"},{"v":0.0277139738625,"d":"0.03"},{"v":0.893869694545,"d":"0.89"}]
[6,623,62379,{"v":6727.19920399999,"d":"6,727.20"},13450,{"v":1.999346175,"d":"2.00"},"ST",220,62379005,{"v":663.35776895,"d":"663.36"},898,{"v":1.353718976,"d":"1.35"},{"v":18.22003201,"d":"18.22"},{"v":0.975109986,"d":"0.98"},{"v":875.6487676,"d":"875.65"},{"v":22.35123245,"d":"22.35"},1,"1_62379005_81363",{"v":0.284018896787,"d":"0.28"},{"v":0.0155882764987,"d":"0.02"},{"v":13.6498551051,"d":"13.65"},{"v":0.0274663731441,"d":"0.03"},"1_62379005_81363_155289","F",{"v":0.0804161786567,"d":"0.08"},{"v":0.283136719304,"d":"0.28"},{"v":3.86477519343,"d":"3.86"}]
[6,623,62386,{"v":7112.28250899999,"d":"7,112.28"},4942,{"v":0.694854288,"d":"0.69"},"M",420,62386000,{"v":1419.52203293,"d":"1,419.52"},1139,{"v":0.802382755,"d":"0.80"},{"v":40.54320646,"d":"40.54"},{"v":0.920429496,"d":"0.92"},{"v":1048.369196,"d":"1,048.37"},{"v":90.63080424,"d":"90.63"},1,"1_62386000_81428",{"v":40.5432064574999,"d":"40.54"},{"v":0.999999999938,"d":"1.00"},{"v":1048.36919594,"d":"1,048.37"},{"v":0.0285611674349,"d":"0.03"},"1_62386000_81428_155598","außerhalb GKL",{"v":0.0180145886943,"d":"0.02"},{"v":0.000444330635594,"d":"0.00"},{"v":0.465822551169,"d":"0.47"}]
[4,404,40404,{"v":2484.75617499999,"d":"2,484.76"},17518,{"v":7.050188738,"d":"7.05"},"ST",103,40404012,{"v":41.67977504,"d":"41.68"},615,{"v":14.75535795,"d":"14.76"},{"v":0,"d":"0.00"},{"v":0.975480312,"d":"0.98"},{"v":599.9203919,"d":"599.92"},{"v":15.0796081399999,"d":"15.08"},0,"0_40404012_3463",{"v":13.3656304578,"d":"13.37"},{"v":0,"d":"0.00"},{"v":15.0796081399999,"d":"15.08"},{"v":0,"d":"0.00"},"0_40404012_3463_155922","E",{"v":10.7920881109,"d":"10.79"},{"v":0.807450733056,"d":"0.81"},{"v":12.1760406468,"d":"12.18"}]
[4,404,40406,{"v":2411.57603999999,"d":"2,411.58"},2449,{"v":1.015518466,"d":"1.02"},"M",410,40406000,{"v":2411.57603981,"d":"2,411.58"},2449,{"v":1.015518466,"d":"1.02"},{"v":0,"d":"0.00"},{"v":0.921559671,"d":"0.92"},{"v":2256.89963399999,"d":"2,256.90"},{"v":192.100366299999,"d":"192.10"},0,"0_40406000_3479",{"v":2219.71715998999,"d":"2,219.72"},{"v":0,"d":"0.00"},{"v":192.100366299999,"d":"192.10"},{"v":0,"d":"0.00"},"0_40406000_3479_156252","G",{"v":0.13890877031,"d":"0.14"},{"v":6.2579491123E-5,"d":"0.00"},{"v":0.0120215431677,"d":"0.01"}]
[4,404,40422,{"v":307.9305582,"d":"307.93"},2510,{"v":8.151188419,"d":"8.15"},"M",410,40422001,{"v":194.889300714999,"d":"194.89"},1565,{"v":8.030199679,"d":"8.03"},{"v":0,"d":"0.00"},{"v":0.921559671,"d":"0.92"},{"v":1442.24088499999,"d":"1,442.24"},{"v":122.7591153,"d":"122.76"},0,"0_40422001_3504",{"v":80.828489331,"d":"80.83"},{"v":0,"d":"0.00"},{"v":122.7591153,"d":"122.76"},{"v":0,"d":"0.00"},"0_40422001_3504_156867","außerhalb GKL",{"v":0.00928613932092,"d":"0.01"},{"v":0.000114886958766,"d":"0.00"},{"v":0.0141034214176,"d":"0.01"}]
[4,404,40429,{"v":1149.99939999999,"d":"1,150.00"},980,{"v":0.852174357,"d":"0.85"}," ",310,40429000,{"v":1149.99940037,"d":"1,150.00"},980,{"v":0.852174357,"d":"0.85"},{"v":0,"d":"0.00"},{"v":0.969116244,"d":"0.97"},{"v":949.733918799999,"d":"949.73"},{"v":30.26608122,"d":"30.27"},0,"0_40429000_3513",{"v":999.168301722,"d":"999.17"},{"v":0,"d":"0.00"},{"v":30.26608122,"d":"30.27"},{"v":0,"d":"0.00"},"0_40429000_3513_157196","F",{"v":2.40164562112,"d":"2.40"},{"v":0.0024036447283,"d":"0.00"},{"v":0.0727489065708,"d":"0.07"}]
[4,404,40443,{"v":3230.67910799999,"d":"3,230.68"},2060,{"v":0.637636835,"d":"0.64"}," ",430,40443000,{"v":3230.67910844,"d":"3,230.68"},2060,{"v":0.637636835,"d":"0.64"},{"v":0,"d":"0.00"},{"v":0.905906425,"d":"0.91"},{"v":1866.16723499999,"d":"1,866.17"},{"v":193.832764999999,"d":"193.83"},0,"0_40443000_3529",{"v":3021.96779972,"d":"3,021.97"},{"v":0,"d":"0.00"},{"v":193.832764999999,"d":"193.83"},{"v":0,"d":"0.00"},"0_40443000_3529_157526","F",{"v":19.8362255802,"d":"19.84"},{"v":0.00656400957748,"d":"0.01"},{"v":1.27232012589,"d":"1.27"}]
[5,501,50101,{"v":6564.140019,"d":"6,564.14"},155021,{"v":23.61634571,"d":"23.62"},"SR",101,50101101,{"v":34.887696755,"d":"34.89"},1302,{"v":37.31974653,"d":"37.32"},{"v":0,"d":"0.00"},{"v":0.965932983,"d":"0.97"},{"v":1257.64474399999,"d":"1,257.64"},{"v":44.3552560999999,"d":"44.36"},0,"0_50101101_4361",{"v":23.5788885037,"d":"23.58"},{"v":0,"d":"0.00"},{"v":44.3552560999999,"d":"44.36"},{"v":0,"d":"0.00"},"0_50101101_4361_157800","B",{"v":12.8305787404,"d":"12.83"},{"v":0.544155367561,"d":"0.54"},{"v":24.1361506864,"d":"24.14"}]
[5,501,50101,{"v":6564.140019,"d":"6,564.14"},155021,{"v":23.61634571,"d":"23.62"},"SR",101,50101260,{"v":665.902065204999,"d":"665.90"},2714,{"v":4.0756744,"d":"4.08"},{"v":0,"d":"0.00"},{"v":0.965932983,"d":"0.97"},{"v":2621.542116,"d":"2,621.54"},{"v":92.4578840599999,"d":"92.46"},0,"0_50101260_4403",{"v":507.560709241999,"d":"507.56"},{"v":0,"d":"0.00"},{"v":92.4578840599999,"d":"92.46"},{"v":0,"d":"0.00"},"0_50101260_4403_158133","D",{"v":1.63242852231,"d":"1.63"},{"v":3.21622318786E-3,"d":"0.00"},{"v":0.297365190614,"d":"0.30"}]
[5,501,50101,{"v":6564.140019,"d":"6,564.14"},155021,{"v":23.61634571,"d":"23.62"},"SR",101,50101400,{"v":72.9346654001,"d":"72.93"},394,{"v":5.402095119,"d":"5.40"},{"v":0,"d":"0.00"},{"v":0.965932983,"d":"0.97"},{"v":380.577595299999,"d":"380.58"},{"v":13.42240469,"d":"13.42"},0,"0_50101400_4436",{"v":34.7400763428,"d":"34.74"},{"v":0,"d":"0.00"},{"v":13.42240469,"d":"13.42"},{"v":0,"d":"0.00"},"0_50101400_4436_158463","C",{"v":0.620037340283,"d":"0.62"},{"v":0.0178478980347,"d":"0.02"},{"v":0.239561710288,"d":"0.24"}]
[5,501,50101,{"v":6564.140019,"d":"6,564.14"},155021,{"v":23.61634571,"d":"23.62"},"SR",101,50101484,{"v":120.607076015,"d":"120.61"},1122,{"v":9.302936752,"d":"9.30"},{"v":0,"d":"0.00"},{"v":0.965932983,"d":"0.97"},{"v":1083.77680699999,"d":"1,083.78"},{"v":38.2231930399999,"d":"38.22"},0,"0_50101484_4467",{"v":75.3359686069999,"d":"75.34"},{"v":0,"d":"0.00"},{"v":38.2231930399999,"d":"38.22"},{"v":0,"d":"0.00"},"0_50101484_4467_158733","F",{"v":0.0147133814222,"d":"0.01"},{"v":1.95303540849E-4,"d":"0.00"},{"v":0.00746512494327,"d":"0.01"}]
[5,502,50209,{"v":2101.063508,"d":"2,101.06"},4756,{"v":2.263615537,"d":"2.26"}," ",101,50209002,{"v":130.813042284999,"d":"130.81"},1819,{"v":13.9053413,"d":"13.91"},{"v":0,"d":"0.00"},{"v":0.965932983,"d":"0.97"},{"v":1757.03209599999,"d":"1,757.03"},{"v":61.96790387,"d":"61.97"},0,"0_50209002_4524",{"v":70.7839721677,"d":"70.78"},{"v":0,"d":"0.00"},{"v":61.96790387,"d":"61.97"},{"v":0,"d":"0.00"},"0_50209002_4524_159096","E",{"v":1.73469949586,"d":"1.73"},{"v":0.0245069532372,"d":"0.02"},{"v":1.51864452235,"d":"1.52"}]
[5,503,50303,{"v":1523.621292,"d":"1,523.62"},5583,{"v":3.664296389,"d":"3.66"}," ",101,50303001,{"v":1114.80758523,"d":"1,114.81"},2673,{"v":2.39772319,"d":"2.40"},{"v":0,"d":"0.00"},{"v":0.965932983,"d":"0.97"},{"v":2581.938864,"d":"2,581.94"},{"v":91.06113637,"d":"91.06"},0,"0_50303001_4535",{"v":1021.11308037,"d":"1,021.11"},{"v":0,"d":"0.00"},{"v":91.06113637,"d":"91.06"},{"v":0,"d":"0.00"},"0_50303001_4535_159400","G",{"v":18.4457481150999,"d":"18.45"},{"v":0.0180643539581,"d":"0.02"},{"v":1.64496059921,"d":"1.64"}]
[5,503,50308,{"v":834.5437305,"d":"834.54"},3042,{"v":3.645105569,"d":"3.65"}," ",310,50308000,{"v":141.080810235,"d":"141.08"},936,{"v":6.634495495,"d":"6.63"},{"v":0,"d":"0.00"},{"v":0.969116244,"d":"0.97"},{"v":907.092804099999,"d":"907.09"},{"v":28.90719594,"d":"28.91"},0,"0_50308000_4541",{"v":85.3722513064,"d":"85.37"},{"v":0,"d":"0.00"},{"v":28.90719594,"d":"28.91"},{"v":0,"d":"0.00"},"0_50308000_4541_159666","E",{"v":14.0744133645,"d":"14.07"},{"v":0.164859344215,"d":"0.16"},{"v":4.76562136576,"d":"4.77"}]
[5,503,50310,{"v":2899.66032899999,"d":"2,899.66"},7066,{"v":2.436837146,"d":"2.44"},"M",101,50310003,{"v":542.494632444999,"d":"542.49"},1883,{"v":3.471002084,"d":"3.47"},{"v":0,"d":"0.00"},{"v":0.965932983,"d":"0.97"},{"v":1818.851807,"d":"1,818.85"},{"v":64.14819296,"d":"64.15"},0,"0_50310003_4552",{"v":435.071241847,"d":"435.07"},{"v":0,"d":"0.00"},{"v":64.14819296,"d":"64.15"},{"v":0,"d":"0.00"},"0_50310003_4552_160033","außerhalb GKL",{"v":39.4571576357,"d":"39.46"},{"v":0.0906912566048,"d":"0.09"},{"v":5.81768022847,"d":"5.82"}]
[5,503,50315,{"v":2282.23767899999,"d":"2,282.24"},2631,{"v":1.152815951,"d":"1.15"}," ",310,50315000,{"v":46.8648976998999,"d":"46.86"},1001,{"v":21.35926993,"d":"21.36"},{"v":0,"d":"0.00"},{"v":0.969116244,"d":"0.97"},{"v":970.085359899999,"d":"970.09"},{"v":30.91464011,"d":"30.91"},0,"0_50315000_4561",{"v":1.22298941811,"d":"1.22"},{"v":0,"d":"0.00"},{"v":30.91464011,"d":"30.91"},{"v":0,"d":"0.00"},"0_50315000_4561_160337","F",{"v":3.111919867E-6,"d":"0.00"},{"v":2.544519046e-06,"d":"0.00"},{"v":7.8662890552e-05,"d":"0.00"}]
[5,503,50319,{"v":1963.94182599999,"d":"1,963.94"},3608,{"v":1.837121625,"d":"1.84"}," ",310,50319001,{"v":1614.21374732999,"d":"1,614.21"},1591,{"v":0.985619161,"d":"0.99"},{"v":0,"d":"0.00"},{"v":0.969116244,"d":"0.97"},{"v":1541.86394399999,"d":"1,541.86"},{"v":49.1360563499999,"d":"49.14"},0,"0_50319001_4571",{"v":1500.40652019,"d":"1,500.41"},{"v":0,"d":"0.00"},{"v":49.1360563499999,"d":"49.14"},{"v":0,"d":"0.00"},"0_50319001_4571_160855","E",{"v":0.0739030330542,"d":"0.07"},{"v":4.9255339843e-05,"d":"0.00"},{"v":0.00242021315405,"d":"0.00"}]
[5,503,50320,{"v":2311.84445899999,"d":"2,311.84"},2670,{"v":1.154921989,"d":"1.15"}," ",310,50320000,{"v":2311.84445885,"d":"2,311.84"},2670,{"v":1.154921989,"d":"1.15"},{"v":0,"d":"0.00"},{"v":0.969116244,"d":"0.97"},{"v":2587.540371,"d":"2,587.54"},{"v":82.4596294499999,"d":"82.46"},0,"0_50320000_4572",{"v":2102.51380788999,"d":"2,102.51"},{"v":0,"d":"0.00"},{"v":82.4596294499999,"d":"82.46"},{"v":0,"d":"0.00"},"0_50320000_4572_160970","G",{"v":29.6480217074,"d":"29.65"},{"v":0.0141012256833,"d":"0.01"},{"v":1.16278184464,"d":"1.16"}]
[5,503,50323,{"v":2462.82814599999,"d":"2,462.83"},3392,{"v":1.377278397,"d":"1.38"},"M",310,50323000,{"v":120.132341874999,"d":"120.13"},2006,{"v":16.69825102,"d":"16.70"},{"v":0,"d":"0.00"},{"v":0.969116244,"d":"0.97"},{"v":1944.04718499999,"d":"1,944.05"},{"v":61.95281524,"d":"61.95"},0,"0_50323000_4577",{"v":26.7306898544,"d":"26.73"},{"v":0,"d":"0.00"},{"v":61.95281524,"d":"61.95"},{"v":0,"d":"0.00"},"0_50323000_4577_161274","D",{"v":0.192000924079,"d":"0.19"},{"v":0.00718278971193,"d":"0.01"},{"v":0.444994043931,"d":"0.44"}]
[5,503,50327,{"v":2131.10523899999,"d":"2,131.11"},4901,{"v":2.299745648,"d":"2.30"},"M",310,50327000,{"v":268.971664639999,"d":"268.97"},2540,{"v":9.443373909,"d":"9.44"},{"v":0,"d":"0.00"},{"v":0.969116244,"d":"0.97"},{"v":2461.555259,"d":"2,461.56"},{"v":78.4447411299999,"d":"78.44"},0,"0_50327000_4588",{"v":161.780422745,"d":"161.78"},{"v":0,"d":"0.00"},{"v":78.4447411299999,"d":"78.44"},{"v":0,"d":"0.00"},"0_50327000_4588_161788","G",{"v":4.89891977387,"d":"4.90"},{"v":0.030281289236,"d":"0.03"},{"v":2.3754078952,"d":"2.38"}]
[5,503,50337,{"v":4819.67277099999,"d":"4,819.67"},5971,{"v":1.238880788,"d":"1.24"},"M",310,50337001,{"v":1286.12172886,"d":"1,286.12"},1996,{"v":1.55195263,"d":"1.55"},{"v":0,"d":"0.00"},{"v":0.969116244,"d":"0.97"},{"v":1934.35602199999,"d":"1,934.36"},{"v":61.6439776699999,"d":"61.64"},0,"0_50337001_4607",{"v":1141.45744994999,"d":"1,141.46"},{"v":0,"d":"0.00"},{"v":61.6439776699999,"d":"61.64"},{"v":0,"d":"0.00"},"0_50337001_4607_162244","E",{"v":0.933409216185,"d":"0.93"},{"v":8.17734569279E-4,"d":"0.00"},{"v":0.0504084115286,"d":"0.05"}]
[5,503,50338,{"v":2661.51019099999,"d":"2,661.51"},13404,{"v":5.036238466,"d":"5.04"}," ",101,50338004,{"v":214.154499684999,"d":"214.15"},2191,{"v":10.2309314199999,"d":"10.23"},{"v":0,"d":"0.00"},{"v":0.965932983,"d":"0.97"},{"v":2116.359166,"d":"2,116.36"},{"v":74.64083419,"d":"74.64"},0,"0_50338004_4614",{"v":126.514895852999,"d":"126.51"},{"v":0,"d":"0.00"},{"v":74.64083419,"d":"74.64"},{"v":0,"d":"0.00"},"0_50338004_4614_162548","G",{"v":2.71834481282,"d":"2.72"},{"v":0.0214863617007,"d":"0.02"},{"v":1.60375996105,"d":"1.60"}]
[5,503,50339,{"v":5030.01126199999,"d":"5,030.01"},10951,{"v":2.177132303,"d":"2.18"},"ST",310,50339001,{"v":2144.89554190999,"d":"2,144.90"},1176,{"v":0.548278449,"d":"0.55"},{"v":0,"d":"0.00"},{"v":0.969116244,"d":"0.97"},{"v":1139.68070299999,"d":"1,139.68"},{"v":36.31929747,"d":"36.32"},0,"0_50339001_4618",{"v":2036.47438104,"d":"2,036.47"},{"v":0,"d":"0.00"},{"v":36.31929747,"d":"36.32"},{"v":0,"d":"0.00"},"0_50339001_4618_162721","D",{"v":2.2223302634E-5,"d":"0.00"},{"v":1.0912636E-8,"d":"0.00"},{"v":3.96339255e-07,"d":"0.00"}]
[4,404,40404,{"v":2484.75617499999,"d":"2,484.76"},17518,{"v":7.050188738,"d":"7.05"},"ST",103,40404013,{"v":18.5133846099999,"d":"18.51"},749,{"v":40.457216,"d":"40.46"},{"v":18.5133846099999,"d":"18.51"},{"v":0.975480312,"d":"0.98"},{"v":730.6347537,"d":"730.63"},{"v":18.3652463399999,"d":"18.37"},1,"1_40404013_33195",{"v":18.5133846099999,"d":"18.51"},{"v":1,"d":"1.00"},{"v":749,"d":"749.00"},{"v":1,"d":"1.00"},"1_40404013_33195_163181","E",{"v":0.0938041466107,"d":"0.09"},{"v":0.00506682859924,"d":"0.01"},{"v":3.79505462083,"d":"3.80"}]
[4,404,40406,{"v":2411.57603999999,"d":"2,411.58"},2449,{"v":1.015518466,"d":"1.02"},"M",410,40406000,{"v":2411.57603981,"d":"2,411.58"},2449,{"v":1.015518466,"d":"1.02"},{"v":191.8588798,"d":"191.86"},{"v":0.921559671,"d":"0.92"},{"v":2256.89963399999,"d":"2,256.90"},{"v":192.100366299999,"d":"192.10"},1,"1_40406000_33290",{"v":0.187968224984,"d":"0.19"},{"v":0.000979721267944,"d":"0.00"},{"v":2.21113257104,"d":"2.21"},{"v":0.0795574664173,"d":"0.08"},"1_40406000_33290_163511","G",{"v":0.187968224984,"d":"0.19"},{"v":1,"d":"1.00"},{"v":2.21113257104,"d":"2.21"}]
[4,404,40410,{"v":2661.65978399999,"d":"2,661.66"},1353,{"v":0.50832943,"d":"0.51"}," ",410,40410000,{"v":2661.65978449,"d":"2,661.66"},1353,{"v":0.50832943,"d":"0.51"},{"v":118.7924218,"d":"118.79"},{"v":0.921559671,"d":"0.92"},{"v":1246.870235,"d":"1,246.87"},{"v":106.1297655,"d":"106.13"},1,"1_40410000_33393",{"v":0.721108872769,"d":"0.72"},{"v":0.00607032722999,"d":"0.01"},{"v":7.56891033978,"d":"7.57"},{"v":0.0446309564026,"d":"0.04"},"1_40410000_33393_163654","außerhalb GKL",{"v":0.721108872768,"d":"0.72"},{"v":0.999999999999,"d":"1.00"},{"v":7.56891033977,"d":"7.57"}]
[4,404,40414,{"v":4008.580578,"d":"4,008.58"},3264,{"v":0.814253309,"d":"0.81"}," ",410,40414001,{"v":3689.56011741,"d":"3,689.56"},2019,{"v":0.547219705,"d":"0.55"},{"v":222.170476299999,"d":"222.17"},{"v":0.921559671,"d":"0.92"},{"v":1860.628975,"d":"1,860.63"},{"v":158.371024799999,"d":"158.37"},1,"1_40414001_33743",{"v":0.575189971843,"d":"0.58"},{"v":2.58895772932E-3,"d":"0.00"},{"v":4.81708976622,"d":"4.82"},{"v":0.0602159794745,"d":"0.06"},"1_40414001_33743_164118","außerhalb GKL",{"v":0.110317067139,"d":"0.11"},{"v":0.191792403448,"d":"0.19"},{"v":0.923881223888,"d":"0.92"}]
[4,404,40418,{"v":5815.885056,"d":"5,815.89"},4819,{"v":0.828592717,"d":"0.83"}," ",410,40418002,{"v":759.078108864999,"d":"759.08"},981,{"v":1.292357122,"d":"1.29"},{"v":90.5148270199999,"d":"90.51"},{"v":0.921559671,"d":"0.92"},{"v":904.050036999999,"d":"904.05"},{"v":76.9499629999999,"d":"76.95"},1,"1_40418002_33955",{"v":21.5289762125,"d":"21.53"},{"v":0.237850271843,"d":"0.24"},{"v":215.028547059999,"d":"215.03"},{"v":0.119243100233,"d":"0.12"},"1_40418002_33955_164448","D",{"v":7.42350948412,"d":"7.42"},{"v":0.344814793367,"d":"0.34"},{"v":74.1450240224999,"d":"74.15"}]
[4,404,40426,{"v":3104.236232,"d":"3,104.24"},3099,{"v":0.998313198,"d":"1.00"}," ",430,40426001,{"v":1586.55615067999,"d":"1,586.56"},878,{"v":0.55339989,"d":"0.55"},{"v":98.7535866,"d":"98.75"},{"v":0.905906425,"d":"0.91"},{"v":795.385840899999,"d":"795.39"},{"v":82.6141590499999,"d":"82.61"},1,"1_40426001_34152",{"v":1.30163321174,"d":"1.30"},{"v":0.0131806170951,"d":"0.01"},{"v":10.4836762118,"d":"10.48"},{"v":0.0622439908967,"d":"0.06"},"1_40426001_34152_164923","außerhalb GKL",{"v":1.30163321174,"d":"1.30"},{"v":1,"d":"1.00"},{"v":10.4836762118,"d":"10.48"}]
[4,404,40428,{"v":2182.66576799999,"d":"2,182.67"},3276,{"v":1.500916928,"d":"1.50"},"M",430,40428001,{"v":1897.38880448,"d":"1,897.39"},1435,{"v":0.756302555,"d":"0.76"},{"v":133.6011555,"d":"133.60"},{"v":0.905906425,"d":"0.91"},{"v":1299.97571999999,"d":"1,299.98"},{"v":135.0242805,"d":"135.02"},1,"1_40428001_34248",{"v":0.261768978958,"d":"0.26"},{"v":1.95933169873E-3,"d":"0.00"},{"v":2.54708363578,"d":"2.55"},{"v":0.0704131673933,"d":"0.07"},"1_40428001_34248_165081","D",{"v":0.00433474384938,"d":"0.00"},{"v":0.0165594252865,"d":"0.02"},{"v":0.0421782411652,"d":"0.04"}]
[4,404,40438,{"v":2285.157283,"d":"2,285.16"},2413,{"v":1.055944822,"d":"1.06"}," ",310,40438000,{"v":2285.15728331999,"d":"2,285.16"},2413,{"v":1.055944822,"d":"1.06"},{"v":331.504654399999,"d":"331.50"},{"v":0.969116244,"d":"0.97"},{"v":2338.47749599999,"d":"2,338.48"},{"v":74.5225040699999,"d":"74.52"},1,"1_40438000_34427",{"v":43.5722542545999,"d":"43.57"},{"v":0.131437835567,"d":"0.13"},{"v":307.364420596,"d":"307.36"},{"v":0.145068637866,"d":"0.15"},"1_40438000_34427_165385","F",{"v":0.188725905288,"d":"0.19"},{"v":0.00433133214052,"d":"0.00"},{"v":1.33129739378,"d":"1.33"}]
[4,412,41210,{"v":1349.12161799999,"d":"1,349.12"},639,{"v":0.47364151,"d":"0.47"}," ",410,41210000,{"v":1349.12161783,"d":"1,349.12"},639,{"v":0.47364151,"d":"0.47"},{"v":75.4879154399999,"d":"75.49"},{"v":0.921559671,"d":"0.92"},{"v":588.8766296,"d":"588.88"},{"v":50.1233703899999,"d":"50.12"},1,"1_41210000_45143",{"v":33.0039991481,"d":"33.00"},{"v":0.437209041417,"d":"0.44"},{"v":257.462186739999,"d":"257.46"},{"v":0.0559533806607,"d":"0.06"},"1_41210000_45143_165856","G",{"v":1.78285174085,"d":"1.78"},{"v":0.0540192639337,"d":"0.05"},{"v":13.9079178185,"d":"13.91"}]
[5,501,50101,{"v":6564.140019,"d":"6,564.14"},155021,{"v":23.61634571,"d":"23.62"},"SR",101,50101040,{"v":27.899241685,"d":"27.90"},1195,{"v":42.8327054,"d":"42.83"},{"v":20.36196091,"d":"20.36"},{"v":0.965932983,"d":"0.97"},{"v":1154.289915,"d":"1,154.29"},{"v":40.71008528,"d":"40.71"},1,"1_50101040_56771",{"v":20.3619609074999,"d":"20.36"},{"v":0.999999999877,"d":"1.00"},{"v":1154.28991485999,"d":"1,154.29"},{"v":0.729839224302,"d":"0.73"},"1_50101040_56771_166018","C",{"v":7.07095728941,"d":"7.07"},{"v":0.347263081465,"d":"0.35"},{"v":400.842272738,"d":"400.84"}]
[5,501,50101,{"v":6564.140019,"d":"6,564.14"},155021,{"v":23.61634571,"d":"23.62"},"SR",101,50101208,{"v":59.6650535301,"d":"59.67"},2352,{"v":39.4200601699999,"d":"39.42"},{"v":43.8406645399999,"d":"43.84"},{"v":0.965932983,"d":"0.97"},{"v":2271.874376,"d":"2,271.87"},{"v":80.1256239199999,"d":"80.13"},1,"1_50101208_56849",{"v":43.8406645375999,"d":"43.84"},{"v":0.999999999945,"d":"1.00"},{"v":2271.87437588,"d":"2,271.87"},{"v":0.734779606254,"d":"0.73"},"1_50101208_56849_166322","C",{"v":1.63845756766,"d":"1.64"},{"v":0.0373730093953,"d":"0.04"},{"v":84.9067823947,"d":"84.91"}]
[5,501,50101,{"v":6564.140019,"d":"6,564.14"},155021,{"v":23.61634571,"d":"23.62"},"SR",101,50101381,{"v":23.2666508999,"d":"23.27"},387,{"v":16.63324909,"d":"16.63"},{"v":7.453266156,"d":"7.45"},{"v":0.965932983,"d":"0.97"},{"v":373.8160644,"d":"373.82"},{"v":13.1839355699999,"d":"13.18"},1,"1_50101381_56946",{"v":4.02191995569,"d":"4.02"},{"v":0.539618453375,"d":"0.54"},{"v":201.718046517999,"d":"201.72"},{"v":0.320341169344,"d":"0.32"},"1_50101381_56946_166789","C",{"v":0.247195392038,"d":"0.25"},{"v":0.0614620367291,"d":"0.06"},{"v":12.398001984,"d":"12.40"}]
[5,501,50101,{"v":6564.140019,"d":"6,564.14"},155021,{"v":23.61634571,"d":"23.62"},"SR",101,50101623,{"v":64.367469725,"d":"64.37"},2568,{"v":39.89592897,"d":"39.90"},{"v":49.3167869099999,"d":"49.32"},{"v":0.965932983,"d":"0.97"},{"v":2480.51589999999,"d":"2,480.52"},{"v":87.48409958,"d":"87.48"},1,"1_50101623_57075",{"v":48.7738916355,"d":"48.77"},{"v":0.98899167386,"d":"0.99"},{"v":2453.20957197999,"d":"2,453.21"},{"v":0.766175633759,"d":"0.77"},"1_50101623_57075_167292","E",{"v":0.202741499935,"d":"0.20"},{"v":0.00415676283226,"d":"0.00"},{"v":10.1974103686,"d":"10.20"}]
[5,503,50301,{"v":760.1063646,"d":"760.11"},4243,{"v":5.582113501,"d":"5.58"}," ",101,50301000,{"v":559.964922024999,"d":"559.96"},1846,{"v":3.29663507,"d":"3.30"},{"v":118.478840599999,"d":"118.48"},{"v":0.965932983,"d":"0.97"},{"v":1783.11228699999,"d":"1,783.11"},{"v":62.8877133299999,"d":"62.89"},1,"1_50301000_58032",{"v":0.0773866740737,"d":"0.08"},{"v":0.000653168731917,"d":"0.00"},{"v":1.16467319137,"d":"1.16"},{"v":0.211582611588,"d":"0.21"},"1_50301000_58032_167596","D",{"v":0.0483271717789,"d":"0.05"},{"v":0.624489582443,"d":"0.62"},{"v":0.727326274961,"d":"0.73"}]
[5,503,50304,{"v":1447.08520399999,"d":"1,447.09"},1717,{"v":1.186523085,"d":"1.19"}," ",310,50304000,{"v":1447.08520358,"d":"1,447.09"},1717,{"v":1.186523085,"d":"1.19"},{"v":138.187893699999,"d":"138.19"},{"v":0.969116244,"d":"0.97"},{"v":1663.97259,"d":"1,663.97"},{"v":53.02740965,"d":"53.03"},1,"1_50304000_58209",{"v":75.2795210293,"d":"75.28"},{"v":0.544762055587,"d":"0.54"},{"v":906.469128568999,"d":"906.47"},{"v":0.0954939580324,"d":"0.10"},"1_50304000_58209_167978","F",{"v":0.0580402650551,"d":"0.06"},{"v":0.000770996736716,"d":"0.00"},{"v":0.69888474006,"d":"0.70"}]
[5,503,50308,{"v":834.5437305,"d":"834.54"},3042,{"v":3.645105569,"d":"3.65"}," ",310,50308001,{"v":549.161529149999,"d":"549.16"},649,{"v":1.181801648,"d":"1.18"},{"v":56.9809950699999,"d":"56.98"},{"v":0.969116244,"d":"0.97"},{"v":628.9564421,"d":"628.96"},{"v":20.04355787,"d":"20.04"},1,"1_50308001_58287",{"v":37.0132466617,"d":"37.01"},{"v":0.649571784702,"d":"0.65"},{"v":408.552358594999,"d":"408.55"},{"v":0.103759990541,"d":"0.10"},"1_50308001_58287_168229","E",{"v":3.5746460051,"d":"3.57"},{"v":0.0965774777277,"d":"0.10"},{"v":39.4569563128,"d":"39.46"}]
[5,503,50310,{"v":2899.66032899999,"d":"2,899.66"},7066,{"v":2.436837146,"d":"2.44"},"M",101,50310002,{"v":857.032581589999,"d":"857.03"},1245,{"v":1.452686895,"d":"1.45"},{"v":73.31215186,"d":"73.31"},{"v":0.965932983,"d":"0.97"},{"v":1202.58656399999,"d":"1,202.59"},{"v":42.41343613,"d":"42.41"},1,"1_50310002_58396",{"v":21.5759856067,"d":"21.58"},{"v":0.294302991514,"d":"0.29"},{"v":353.924823339999,"d":"353.92"},{"v":0.0855418492072,"d":"0.09"},"1_50310002_58396_168533","D",{"v":2.27711863371,"d":"2.28"},{"v":0.105539495401,"d":"0.11"},{"v":37.3530472651999,"d":"37.35"}]
[5,503,50316,{"v":1314.155563,"d":"1,314.16"},4250,{"v":3.234015911,"d":"3.23"}," ",101,50316001,{"v":348.96063448,"d":"348.96"},1401,{"v":4.014779495,"d":"4.01"},{"v":69.07554584,"d":"69.08"},{"v":0.965932983,"d":"0.97"},{"v":1353.272109,"d":"1,353.27"},{"v":47.72789078,"d":"47.73"},1,"1_50316001_58545",{"v":1.84726096932,"d":"1.85"},{"v":0.026742618489,"d":"0.03"},{"v":36.1900397228,"d":"36.19"},{"v":0.19794652753,"d":"0.20"},"1_50316001_58545_168911","E",{"v":0.00547569080919,"d":"0.01"},{"v":0.00296422156919,"d":"0.00"},{"v":0.107275296336,"d":"0.11"}]
[5,503,50319,{"v":1963.94182599999,"d":"1,963.94"},3608,{"v":1.837121625,"d":"1.84"}," ",310,50319000,{"v":349.728078885,"d":"349.73"},2017,{"v":5.767337888,"d":"5.77"},{"v":109.4603519,"d":"109.46"},{"v":0.969116244,"d":"0.97"},{"v":1954.70746299999,"d":"1,954.71"},{"v":62.29253656,"d":"62.29"},1,"1_50319000_58620",{"v":0.615409616805,"d":"0.62"},{"v":0.00562221485792,"d":"0.01"},{"v":10.9897853413999,"d":"10.99"},{"v":0.312987027662,"d":"0.31"},"1_50319000_58620_169166","C",{"v":0.545555108105,"d":"0.55"},{"v":0.886491034926,"d":"0.89"},{"v":9.74234618090999,"d":"9.74"}]
[5,503,50321,{"v":2089.684955,"d":"2,089.68"},3636,{"v":1.739975201,"d":"1.74"}," ",310,50321000,{"v":1305.43124798999,"d":"1,305.43"},2357,{"v":1.805533615,"d":"1.81"},{"v":159.990954299999,"d":"159.99"},{"v":0.969116244,"d":"0.97"},{"v":2284.206986,"d":"2,284.21"},{"v":72.79301372,"d":"72.79"},1,"1_50321000_58762",{"v":98.2965891526,"d":"98.30"},{"v":0.614388417037,"d":"0.61"},{"v":1403.39031430999,"d":"1,403.39"},{"v":0.122557932136,"d":"0.12"},"1_50321000_58762_169470","D",{"v":0.00311895681954,"d":"0.00"},{"v":3.1730061505e-05,"d":"0.00"},{"v":0.0445296609886,"d":"0.04"}]
[5,503,50323,{"v":2462.82814599999,"d":"2,462.83"},3392,{"v":1.377278397,"d":"1.38"},"M",310,50323001,{"v":2342.69580404999,"d":"2,342.70"},1386,{"v":0.591626108,"d":"0.59"},{"v":136.954296999999,"d":"136.95"},{"v":0.969116244,"d":"0.97"},{"v":1343.195114,"d":"1,343.20"},{"v":42.8048863,"d":"42.80"},1,"1_50323001_58933",{"v":0.0842363410764,"d":"0.08"},{"v":0.000615068989594,"d":"0.00"},{"v":0.826157661596,"d":"0.83"},{"v":0.0584601281836,"d":"0.06"},"1_50323001_58933_169844","außerhalb GKL",{"v":0.0842363410766,"d":"0.08"},{"v":1,"d":"1.00"},{"v":0.826157661596,"d":"0.83"}]
[5,503,50324,{"v":3631.04618299999,"d":"3,631.05"},6402,{"v":1.763128222,"d":"1.76"},"ST",310,50324002,{"v":3323.66759063,"d":"3,323.67"},1935,{"v":0.582188184,"d":"0.58"},{"v":146.536351099999,"d":"146.54"},{"v":0.969116244,"d":"0.97"},{"v":1875.239931,"d":"1,875.24"},{"v":59.7600685399999,"d":"59.76"},1,"1_50324002_59044",{"v":0.65425453602,"d":"0.65"},{"v":0.00446479341889,"d":"0.00"},{"v":8.37255890277,"d":"8.37"},{"v":0.0440887504855,"d":"0.04"},"1_50324002_59044_170103","F",{"v":0.471201013229,"d":"0.47"},{"v":0.720210540832,"d":"0.72"},{"v":6.03000517551,"d":"6.03"}]
[5,503,50327,{"v":2131.10523899999,"d":"2,131.11"},4901,{"v":2.299745648,"d":"2.30"},"M",310,50327001,{"v":1862.13357457999,"d":"1,862.13"},2361,{"v":1.267900452,"d":"1.27"},{"v":149.408251,"d":"149.41"},{"v":0.969116244,"d":"0.97"},{"v":2288.08345099999,"d":"2,288.08"},{"v":72.9165487399999,"d":"72.92"},1,"1_50327001_59187",{"v":0.334573831216,"d":"0.33"},{"v":2.23932633557E-3,"d":"0.00"},{"v":5.12376552981,"d":"5.12"},{"v":0.0802349804759,"d":"0.08"},"1_50327001_59187_170433","außerhalb GKL",{"v":0.334573831216,"d":"0.33"},{"v":1,"d":"1.00"},{"v":5.12376552981,"d":"5.12"}]
[5,503,50332,{"v":1037.865127,"d":"1,037.87"},1907,{"v":1.837425644,"d":"1.84"}," ",310,50332000,{"v":1037.86512730999,"d":"1,037.87"},1907,{"v":1.837425644,"d":"1.84"},{"v":126.624017199999,"d":"126.62"},{"v":0.969116244,"d":"0.97"},{"v":1848.104677,"d":"1,848.10"},{"v":58.8953233599999,"d":"58.90"},1,"1_50332000_59451",{"v":0.809368467748,"d":"0.81"},{"v":0.00639190325536,"d":"0.01"},{"v":11.8129063012,"d":"11.81"},{"v":0.122004308525,"d":"0.12"},"1_50332000_59451_170777","außerhalb GKL",{"v":0.716840090432,"d":"0.72"},{"v":0.885678302278,"d":"0.89"},{"v":10.4624347978,"d":"10.46"}]
[5,503,50337,{"v":4819.67277099999,"d":"4,819.67"},5971,{"v":1.238880788,"d":"1.24"},"M",310,50337001,{"v":1286.12172886,"d":"1,286.12"},1996,{"v":1.55195263,"d":"1.55"},{"v":144.664278899999,"d":"144.66"},{"v":0.969116244,"d":"0.97"},{"v":1934.35602199999,"d":"1,934.36"},{"v":61.6439776699999,"d":"61.64"},1,"1_50337001_59570",{"v":0.197414462884,"d":"0.20"},{"v":1.36463862665E-3,"d":"0.00"},{"v":2.63969694531,"d":"2.64"},{"v":0.112481016107,"d":"0.11"},"1_50337001_59570_171040","E",{"v":0.126495568675,"d":"0.13"},{"v":0.640761405355,"d":"0.64"},{"v":1.69141592439,"d":"1.69"}]
[5,503,50338,{"v":2661.51019099999,"d":"2,661.51"},13404,{"v":5.036238466,"d":"5.04"}," ",101,50338003,{"v":439.144338769999,"d":"439.14"},3870,{"v":8.812592258,"d":"8.81"},{"v":161.2822921,"d":"161.28"},{"v":0.965932983,"d":"0.97"},{"v":3738.160644,"d":"3,738.16"},{"v":131.839355699999,"d":"131.84"},1,"1_50338003_59746",{"v":158.74851835,"d":"158.75"},{"v":0.984289820556,"d":"0.98"},{"v":3679.43346948999,"d":"3,679.43"},{"v":0.367264878221,"d":"0.37"},"1_50338003_59746_171370","F",{"v":0.00407241359956,"d":"0.00"},{"v":2.565323848e-05,"d":"0.00"},{"v":0.0943893842638,"d":"0.09"}]
[5,503,50339,{"v":5030.01126199999,"d":"5,030.01"},10951,{"v":2.177132303,"d":"2.18"},"ST",310,50339002,{"v":335.62898093,"d":"335.63"},2928,{"v":8.72391887,"d":"8.72"},{"v":107.828242299999,"d":"107.83"},{"v":0.969116244,"d":"0.97"},{"v":2837.572361,"d":"2,837.57"},{"v":90.42763859,"d":"90.43"},1,"1_50339002_59876",{"v":0.384568472956,"d":"0.38"},{"v":0.00356649115995,"d":"0.00"},{"v":10.1201767412,"d":"10.12"},{"v":0.321272144024,"d":"0.32"},"1_50339002_59876_171710","E",{"v":0.287934139762,"d":"0.29"},{"v":0.748720085005,"d":"0.75"},{"v":7.57717958994,"d":"7.58"}]
[1,103,10309,{"v":429.0719619,"d":"429.07"},3486,{"v":8.12451129399999,"d":"8.12"},"ST",310,10309001,{"v":401.780681942999,"d":"401.78"},2752,{"v":6.849508012,"d":"6.85"},{"v":0,"d":"0.00"},{"v":0.969116244,"d":"0.97"},{"v":2667.007903,"d":"2,667.01"},{"v":84.99209747,"d":"84.99"},0,"0_10309001_19",{"v":253.403066179,"d":"253.40"},{"v":0,"d":"0.00"},{"v":84.99209747,"d":"84.99"},{"v":0,"d":"0.00"},"0_10309001_19_172340","G",{"v":0.018859672224,"d":"0.02"},{"v":7.4425588089e-05,"d":"0.00"},{"v":0.00632558683715,"d":"0.01"}]
[1,103,10320,{"v":237.9158778,"d":"237.92"},483,{"v":2.030129323,"d":"2.03"},"M",310,10320000,{"v":237.915877789999,"d":"237.92"},483,{"v":2.030129323,"d":"2.03"},{"v":0,"d":"0.00"},{"v":0.969116244,"d":"0.97"},{"v":468.083145699999,"d":"468.08"},{"v":14.91685432,"d":"14.92"},0,"0_10320000_32",{"v":185.346964743,"d":"185.35"},{"v":0,"d":"0.00"},{"v":14.91685432,"d":"14.92"},{"v":0,"d":"0.00"},"0_10320000_32_172644","F",{"v":0.292500053104,"d":"0.29"},{"v":1.57812162454E-3,"d":"0.00"},{"v":0.0235406103725,"d":"0.02"}]
[1,106,10606,{"v":2817.42679099999,"d":"2,817.43"},7456,{"v":2.64638642,"d":"2.65"},"ST",210,10606002,{"v":407.086345694999,"d":"407.09"},1324,{"v":3.252381255,"d":"3.25"},{"v":0,"d":"0.00"},{"v":0.955942851,"d":"0.96"},{"v":1265.668335,"d":"1,265.67"},{"v":58.3316648099999,"d":"58.33"},0,"0_10606002_136",{"v":337.809452151,"d":"337.81"},{"v":0,"d":"0.00"},{"v":58.3316648099999,"d":"58.33"},{"v":0,"d":"0.00"},"0_10606002_136_172979","D",{"v":0.00297457698861,"d":"0.00"},{"v":8.805487738E-6,"d":"0.00"},{"v":0.000513638759207,"d":"0.00"}]
[1,106,10610,{"v":1520.942688,"d":"1,520.94"},2639,{"v":1.735108115,"d":"1.74"},"M",210,10610000,{"v":439.320568079999,"d":"439.32"},1563,{"v":3.5577665,"d":"3.56"},{"v":0,"d":"0.00"},{"v":0.955942851,"d":"0.96"},{"v":1494.13867699999,"d":"1,494.14"},{"v":68.8613233399999,"d":"68.86"},0,"0_10610000_145",{"v":349.481482846999,"d":"349.48"},{"v":0,"d":"0.00"},{"v":68.8613233399999,"d":"68.86"},{"v":0,"d":"0.00"},"0_10610000_145_173277","F",{"v":31.8134307756999,"d":"31.81"},{"v":0.0910303759631,"d":"0.09"},{"v":6.26847215296,"d":"6.27"}]
[1,106,10618,{"v":1281.80314399999,"d":"1,281.80"},1286,{"v":1.003274181,"d":"1.00"}," ",410,10618001,{"v":637.84228625,"d":"637.84"},545,{"v":0.854443193,"d":"0.85"},{"v":0,"d":"0.00"},{"v":0.921559671,"d":"0.92"},{"v":502.2500206,"d":"502.25"},{"v":42.7499794399999,"d":"42.75"},0,"0_10618001_158",{"v":559.337723892999,"d":"559.34"},{"v":0,"d":"0.00"},{"v":42.7499794399999,"d":"42.75"},{"v":0,"d":"0.00"},"0_10618001_158_173581","G",{"v":0.968465517122,"d":"0.97"},{"v":0.00173145038454,"d":"0.00"},{"v":0.0740194683405,"d":"0.07"}]
[1,107,10712,{"v":3353.771929,"d":"3,353.77"},2238,{"v":0.667308346,"d":"0.67"}," ",420,10712000,{"v":31.2515074,"d":"31.25"},494,{"v":15.80723751,"d":"15.81"},{"v":0,"d":"0.00"},{"v":0.920429496,"d":"0.92"},{"v":454.6921709,"d":"454.69"},{"v":39.30782905,"d":"39.31"},0,"0_10712000_176",{"v":0.0356547227343,"d":"0.04"},{"v":0,"d":"0.00"},{"v":39.30782905,"d":"39.31"},{"v":0,"d":"0.00"},"0_10712000_176_173912","G",{"v":0.0269253386207,"d":"0.03"},{"v":0.755168924503,"d":"0.76"},{"v":29.6840509881999,"d":"29.68"}]
[1,107,10719,{"v":3169.04195399999,"d":"3,169.04"},1369,{"v":0.431991756,"d":"0.43"},"M",430,10719000,{"v":3169.04195372999,"d":"3,169.04"},1369,{"v":0.431991756,"d":"0.43"},{"v":0,"d":"0.00"},{"v":0.905906425,"d":"0.91"},{"v":1240.18589599999,"d":"1,240.19"},{"v":128.8141045,"d":"128.81"},0,"0_10719000_187",{"v":3006.87483212999,"d":"3,006.87"},{"v":0,"d":"0.00"},{"v":128.8141045,"d":"128.81"},{"v":0,"d":"0.00"},"0_10719000_187_174214","D",{"v":3.64319374522,"d":"3.64"},{"v":1.21162135061E-3,"d":"0.00"},{"v":0.156073919272,"d":"0.16"}]
[3,301,30101,{"v":5170.152368,"d":"5,170.15"},25036,{"v":4.842410478,"d":"4.84"},"SR",103,30101041,{"v":517.339864189999,"d":"517.34"},648,{"v":1.252561507,"d":"1.25"},{"v":0,"d":"0.00"},{"v":0.975480312,"d":"0.98"},{"v":632.111242199999,"d":"632.11"},{"v":15.8887578499999,"d":"15.89"},0,"0_30101041_931",{"v":472.495228789,"d":"472.50"},{"v":0,"d":"0.00"},{"v":15.8887578499999,"d":"15.89"},{"v":0,"d":"0.00"},"0_30101041_931_174518","E",{"v":0.257084495396,"d":"0.26"},{"v":0.00054409966436,"d":"0.00"},{"v":8.64506781328E-3,"d":"0.01"}]
[3,301,30101,{"v":5170.152368,"d":"5,170.15"},25036,{"v":4.842410478,"d":"4.84"},"SR",103,30101120,{"v":772.302044714999,"d":"772.30"},1123,{"v":1.454094299,"d":"1.45"},{"v":0,"d":"0.00"},{"v":0.975480312,"d":"0.98"},{"v":1095.46439,"d":"1,095.46"},{"v":27.5356096599999,"d":"27.54"},0,"0_30101120_944",{"v":702.374064748,"d":"702.37"},{"v":0,"d":"0.00"},{"v":27.5356096599999,"d":"27.54"},{"v":0,"d":"0.00"},"0_30101120_944_174765","F",{"v":7.48696220493,"d":"7.49"},{"v":0.0106595083456,"d":"0.01"},{"v":0.293516060972,"d":"0.29"}]
[3,302,30201,{"v":10844.35726,"d":"10,844.36"},55514,{"v":5.11916001,"d":"5.12"},"SR",102,30201064,{"v":40.00610669,"d":"40.01"},1065,{"v":26.6209358499999,"d":"26.62"},{"v":0,"d":"0.00"},{"v":0.973029842,"d":"0.97"},{"v":1036.276781,"d":"1,036.28"},{"v":28.72321875,"d":"28.72"},0,"0_30201064_967",{"v":4.63888755198,"d":"4.64"},{"v":0,"d":"0.00"},{"v":28.72321875,"d":"28.72"},{"v":0,"d":"0.00"},"0_30201064_967_175151","C",{"v":0.221654420725,"d":"0.22"},{"v":0.0477818050645,"d":"0.05"},{"v":1.37244723914,"d":"1.37"}]
[3,302,30201,{"v":10844.35726,"d":"10,844.36"},55514,{"v":5.11916001,"d":"5.12"},"SR",102,30201090,{"v":376.04641541,"d":"376.05"},2289,{"v":6.087014544,"d":"6.09"},{"v":0,"d":"0.00"},{"v":0.973029842,"d":"0.97"},{"v":2227.265307,"d":"2,227.27"},{"v":61.73469269,"d":"61.73"},0,"0_30201090_977",{"v":241.911302005,"d":"241.91"},{"v":0,"d":"0.00"},{"v":61.73469269,"d":"61.73"},{"v":0,"d":"0.00"},"0_30201090_977_175455","F",{"v":5.9127779089e-05,"d":"0.00"},{"v":2.4441925e-07,"d":"0.00"},{"v":1.5089147308E-5,"d":"0.00"}]
[3,304,30401,{"v":6089.04783,"d":"6,089.05"},45823,{"v":7.525478741,"d":"7.53"},"SR",102,30401011,{"v":196.315077,"d":"196.32"},1477,{"v":7.523619798,"d":"7.52"},{"v":0,"d":"0.00"},{"v":0.973029842,"d":"0.97"},{"v":1437.16507599999,"d":"1,437.17"},{"v":39.83492403,"d":"39.83"},0,"0_30401011_1001",{"v":138.021114591,"d":"138.02"},{"v":0,"d":"0.00"},{"v":39.83492403,"d":"39.83"},{"v":0,"d":"0.00"},"0_30401011_1001_176034","E",{"v":0.217086417803,"d":"0.22"},{"v":1.5728493314E-3,"d":"0.00"},{"v":0.062654333627,"d":"0.06"}]
[3,304,30401,{"v":6089.04783,"d":"6,089.05"},45823,{"v":7.525478741,"d":"7.53"},"SR",102,30401020,{"v":17.6326221650999,"d":"17.63"},801,{"v":45.42716293,"d":"45.43"},{"v":0,"d":"0.00"},{"v":0.973029842,"d":"0.97"},{"v":779.3969031,"d":"779.40"},{"v":21.6030969199999,"d":"21.60"},0,"0_30401020_1004",{"v":2.15904052112,"d":"2.16"},{"v":0,"d":"0.00"},{"v":21.6030969199999,"d":"21.60"},{"v":0,"d":"0.00"},"0_30401020_1004_176088","B",{"v":0.0287145633907,"d":"0.03"},{"v":0.0132996871109,"d":"0.01"},{"v":0.287314429662,"d":"0.29"}]
[3,305,30502,{"v":5191.69882799999,"d":"5,191.70"},23816,{"v":4.587323107,"d":"4.59"},"ST",103,30502010,{"v":452.717811229999,"d":"452.72"},1810,{"v":3.998075523,"d":"4.00"},{"v":0,"d":"0.00"},{"v":0.975480312,"d":"0.98"},{"v":1765.619365,"d":"1,765.62"},{"v":44.3806353399999,"d":"44.38"},0,"0_30502010_1024",{"v":373.829709056,"d":"373.83"},{"v":0,"d":"0.00"},{"v":44.3806353399999,"d":"44.38"},{"v":0,"d":"0.00"},"0_30502010_1024_176418","außerhalb GKL",{"v":0.149553681331,"d":"0.15"},{"v":0.000400058309193,"d":"0.00"},{"v":0.017754841935,"d":"0.02"}]
[3,305,30504,{"v":3723.587027,"d":"3,723.59"},3822,{"v":1.026429615,"d":"1.03"},"M",410,30504003,{"v":630.28592229,"d":"630.29"},459,{"v":0.72824092,"d":"0.73"},{"v":0,"d":"0.00"},{"v":0.921559671,"d":"0.92"},{"v":422.9958889,"d":"423.00"},{"v":36.0041111299999,"d":"36.00"},0,"0_30504003_1051",{"v":593.110104177,"d":"593.11"},{"v":0,"d":"0.00"},{"v":36.0041111299999,"d":"36.00"},{"v":0,"d":"0.00"},"0_30504003_1051_176967","außerhalb GKL",{"v":11.9022739273,"d":"11.90"},{"v":0.0200675622342,"d":"0.02"},{"v":0.722514740788,"d":"0.72"}]
[3,305,30514,{"v":5499.878206,"d":"5,499.88"},5639,{"v":1.025295432,"d":"1.03"},"ST",410,30514003,{"v":3373.07986663,"d":"3,373.08"},1824,{"v":0.540752094,"d":"0.54"},{"v":0,"d":"0.00"},{"v":0.921559671,"d":"0.92"},{"v":1680.924839,"d":"1,680.92"},{"v":143.0751606,"d":"143.08"},0,"0_30514003_1065",{"v":3179.25828666999,"d":"3,179.26"},{"v":0,"d":"0.00"},{"v":143.0751606,"d":"143.08"},{"v":0,"d":"0.00"},"0_30514003_1065_177362","D",{"v":2.09523413914,"d":"2.10"},{"v":0.000659032374917,"d":"0.00"},{"v":0.0942911628818,"d":"0.09"}]
[3,305,30524,{"v":3960.45433199999,"d":"3,960.45"},902,{"v":0.227751648,"d":"0.23"}," ",420,30524000,{"v":3960.45433235,"d":"3,960.45"},902,{"v":0.227751648,"d":"0.23"},{"v":0,"d":"0.00"},{"v":0.920429496,"d":"0.92"},{"v":830.2274052,"d":"830.23"},{"v":71.7725947499999,"d":"71.77"},0,"0_30524000_1081",{"v":3917.95343619,"d":"3,917.95"},{"v":0,"d":"0.00"},{"v":71.7725947499999,"d":"71.77"},{"v":0,"d":"0.00"},"0_30524000_1081_177692","E",{"v":0.078431820884,"d":"0.08"},{"v":2.0018568919e-05,"d":"0.00"},{"v":0.00143678463451,"d":"0.00"}]
[3,305,30530,{"v":5983.17349,"d":"5,983.17"},5193,{"v":0.86793405,"d":"0.87"},"M",410,30530004,{"v":2041.30037685999,"d":"2,041.30"},1012,{"v":0.495762413,"d":"0.50"},{"v":0,"d":"0.00"},{"v":0.921559671,"d":"0.92"},{"v":932.6183868,"d":"932.62"},{"v":79.3816132099999,"d":"79.38"},0,"0_30530004_1091",{"v":1966.29621092999,"d":"1,966.30"},{"v":0,"d":"0.00"},{"v":79.3816132099999,"d":"79.38"},{"v":0,"d":"0.00"},"0_30530004_1091_177900","außerhalb GKL",{"v":0.155901273049,"d":"0.16"},{"v":7.928676879e-05,"d":"0.00"},{"v":0.00629391161277,"d":"0.01"}]
[3,305,30538,{"v":2595.34780399999,"d":"2,595.35"},2190,{"v":0.84381754,"d":"0.84"},"M",410,30538000,{"v":2256.11393115,"d":"2,256.11"},1082,{"v":0.479585709,"d":"0.48"},{"v":0,"d":"0.00"},{"v":0.921559671,"d":"0.92"},{"v":997.127563699999,"d":"997.13"},{"v":84.87243625,"d":"84.87"},0,"0_30538000_1110",{"v":2186.80171938,"d":"2,186.80"},{"v":0,"d":"0.00"},{"v":84.87243625,"d":"84.87"},{"v":0,"d":"0.00"},"0_30538000_1110_178299","G",{"v":1.06635964849,"d":"1.07"},{"v":0.000487634356165,"d":"0.00"},{"v":0.0413867158069,"d":"0.04"}]
[3,306,30602,{"v":6353.269597,"d":"6,353.27"},2102,{"v":0.330853267,"d":"0.33"},"M",310,30602000,{"v":739.49517185,"d":"739.50"},592,{"v":0.800546133,"d":"0.80"},{"v":0,"d":"0.00"},{"v":0.969116244,"d":"0.97"},{"v":573.7168162,"d":"573.72"},{"v":18.28318376,"d":"18.28"},0,"0_30602000_1122",{"v":669.777134750999,"d":"669.78"},{"v":0,"d":"0.00"},{"v":18.28318376,"d":"18.28"},{"v":0,"d":"0.00"},"0_30602000_1122_178629","außerhalb GKL",{"v":389.401111271999,"d":"389.40"},{"v":0.581389078647,"d":"0.58"},{"v":10.6296433609999,"d":"10.63"}]
[3,306,30603,{"v":3910.653247,"d":"3,910.65"},12126,{"v":3.100760725,"d":"3.10"},"ST",101,30603011,{"v":206.893271919999,"d":"206.89"},2436,{"v":11.77418665,"d":"11.77"},{"v":0,"d":"0.00"},{"v":0.965932983,"d":"0.97"},{"v":2353.012747,"d":"2,353.01"},{"v":82.9872533399999,"d":"82.99"},0,"0_30603011_1133",{"v":105.230422204999,"d":"105.23"},{"v":0,"d":"0.00"},{"v":82.9872533399999,"d":"82.99"},{"v":0,"d":"0.00"},"0_30603011_1133_178833","G",{"v":0.00221197097342,"d":"0.00"},{"v":2.1020261319E-5,"d":"0.00"},{"v":0.00174441375132,"d":"0.00"}]
[3,306,30607,{"v":4320.155464,"d":"4,320.16"},11229,{"v":2.599212018,"d":"2.60"},"ST",310,30607001,{"v":551.787134219999,"d":"551.79"},2823,{"v":5.116103339,"d":"5.12"},{"v":0,"d":"0.00"},{"v":0.969116244,"d":"0.97"},{"v":2735.815156,"d":"2,735.82"},{"v":87.18484417,"d":"87.18"},0,"0_30607001_1166",{"v":419.594465866999,"d":"419.59"},{"v":0,"d":"0.00"},{"v":87.18484417,"d":"87.18"},{"v":0,"d":"0.00"},"0_30607001_1166_179262","F",{"v":0.685899677905,"d":"0.69"},{"v":1.63467284176E-3,"d":"0.00"},{"v":0.142518696978,"d":"0.14"}]
[3,306,30614,{"v":4645.155023,"d":"4,645.16"},1549,{"v":0.333465728,"d":"0.33"},"M",310,30614000,{"v":946.720934364999,"d":"946.72"},917,{"v":0.968606446,"d":"0.97"},{"v":0,"d":"0.00"},{"v":0.969116244,"d":"0.97"},{"v":888.6795954,"d":"888.68"},{"v":28.32040457,"d":"28.32"},0,"0_30614000_1177",{"v":849.110523531,"d":"849.11"},{"v":0,"d":"0.00"},{"v":28.32040457,"d":"28.32"},{"v":0,"d":"0.00"},"0_30614000_1177_179566","F",{"v":0.46021334793,"d":"0.46"},{"v":0.000541994634593,"d":"0.00"},{"v":0.0153495073264,"d":"0.02"}]
[3,306,30627,{"v":3351.14650699999,"d":"3,351.15"},2930,{"v":0.874327635,"d":"0.87"},"M",101,30627003,{"v":584.29744127,"d":"584.30"},411,{"v":0.703408865,"d":"0.70"},{"v":0,"d":"0.00"},{"v":0.965932983,"d":"0.97"},{"v":396.998455999999,"d":"397.00"},{"v":14.0015439799999,"d":"14.00"},0,"0_30627003_1205",{"v":534.550234689,"d":"534.55"},{"v":0,"d":"0.00"},{"v":14.0015439799999,"d":"14.00"},{"v":0,"d":"0.00"},"0_30627003_1205_180102","F",{"v":2.683175614,"d":"2.68"},{"v":0.00501950133005,"d":"0.01"},{"v":0.0702807686304,"d":"0.07"}]
[3,306,30633,{"v":2018.95835699999,"d":"2,018.96"},1497,{"v":0.74147146,"d":"0.74"},"M",310,30633001,{"v":978.400994549999,"d":"978.40"},936,{"v":0.956662969,"d":"0.96"},{"v":0,"d":"0.00"},{"v":0.969116244,"d":"0.97"},{"v":907.092804099999,"d":"907.09"},{"v":28.90719594,"d":"28.91"},0,"0_30633001_1210",{"v":874.6191158,"d":"874.62"},{"v":0,"d":"0.00"},{"v":28.90719594,"d":"28.91"},{"v":0,"d":"0.00"},"0_30633001_1210_180199","E",{"v":0.012900680097,"d":"0.01"},{"v":1.475005504e-05,"d":"0.00"},{"v":4.26382731164E-4,"d":"0.00"}]
[3,306,30639,{"v":2910.59515599999,"d":"2,910.60"},18758,{"v":6.444730028,"d":"6.44"},"ST",101,30639010,{"v":74.3872208400999,"d":"74.39"},1226,{"v":16.4813255,"d":"16.48"},{"v":0,"d":"0.00"},{"v":0.965932983,"d":"0.97"},{"v":1184.23383699999,"d":"1,184.23"},{"v":41.7661628099999,"d":"41.77"},0,"0_30639010_1224",{"v":29.0668082002,"d":"29.07"},{"v":0,"d":"0.00"},{"v":41.7661628099999,"d":"41.77"},{"v":0,"d":"0.00"},"0_30639010_1224_180503","G",{"v":0.0561805047714,"d":"0.06"},{"v":0.00193280611977,"d":"0.00"},{"v":0.0807258950785,"d":"0.08"}]
[3,307,30710,{"v":2500.65399399999,"d":"2,500.65"},6837,{"v":2.73408477,"d":"2.73"},"ST",320,30710001,{"v":24.06314149,"d":"24.06"},490,{"v":20.3630935,"d":"20.36"},{"v":0,"d":"0.00"},{"v":0.974431631,"d":"0.97"},{"v":477.471499199999,"d":"477.47"},{"v":12.52850082,"d":"12.53"},0,"0_30710001_1251",{"v":4.72191607308,"d":"4.72"},{"v":0,"d":"0.00"},{"v":12.52850082,"d":"12.53"},{"v":0,"d":"0.00"},"0_30710001_1251_181035","F",{"v":3.41201312821,"d":"3.41"},{"v":0.722590803268,"d":"0.72"},{"v":9.05297947127,"d":"9.05"}]
[3,307,30711,{"v":2481.15267799999,"d":"2,481.15"},2012,{"v":0.810913419,"d":"0.81"}," ",310,30711002,{"v":1373.38926594,"d":"1,373.39"},416,{"v":0.302900285,"d":"0.30"},{"v":0,"d":"0.00"},{"v":0.969116244,"d":"0.97"},{"v":403.1523574,"d":"403.15"},{"v":12.84764264,"d":"12.85"},0,"0_30711002_1258",{"v":1325.30791797999,"d":"1,325.31"},{"v":0,"d":"0.00"},{"v":12.84764264,"d":"12.85"},{"v":0,"d":"0.00"},"0_30711002_1258_181136","D",{"v":0.072496061323,"d":"0.07"},{"v":5.4701296461e-05,"d":"0.00"},{"v":0.00070278270887,"d":"0.00"}]
[3,307,30732,{"v":4761.055072,"d":"4,761.06"},7443,{"v":1.563308949,"d":"1.56"},"M",310,30732002,{"v":1635.10594657999,"d":"1,635.11"},1685,{"v":1.030514263,"d":"1.03"},{"v":0,"d":"0.00"},{"v":0.969116244,"d":"0.97"},{"v":1632.96087099999,"d":"1,632.96"},{"v":52.0391294499999,"d":"52.04"},0,"0_30732002_1293",{"v":1580.51975281,"d":"1,580.52"},{"v":0,"d":"0.00"},{"v":52.0391294499999,"d":"52.04"},{"v":0,"d":"0.00"},"0_30732002_1293_181777","G",{"v":0.000587872407581,"d":"0.00"},{"v":3.71948789e-07,"d":"0.00"},{"v":1.9355891164e-05,"d":"0.00"}]
[3,307,30734,{"v":454.1989239,"d":"454.20"},1918,{"v":4.22281934,"d":"4.22"}," ",101,30734000,{"v":454.1989239,"d":"454.20"},1918,{"v":4.22281934,"d":"4.22"},{"v":0,"d":"0.00"},{"v":0.965932983,"d":"0.97"},{"v":1852.65946099999,"d":"1,852.66"},{"v":65.34053855,"d":"65.34"},0,"0_30734000_1298",{"v":353.52350431,"d":"353.52"},{"v":0,"d":"0.00"},{"v":65.34053855,"d":"65.34"},{"v":0,"d":"0.00"},"0_30734000_1298_181888","C",{"v":0.469072461235,"d":"0.47"},{"v":0.00132684943297,"d":"0.00"},{"v":0.086697056525,"d":"0.09"}]
[3,307,30741,{"v":675.9493863,"d":"675.95"},1751,{"v":2.590430638,"d":"2.59"}," ",101,30741000,{"v":675.94938632,"d":"675.95"},1751,{"v":2.590430638,"d":"2.59"},{"v":0,"d":"0.00"},{"v":0.965932983,"d":"0.97"},{"v":1691.348653,"d":"1,691.35"},{"v":59.6513467199999,"d":"59.65"},0,"0_30741000_1317",{"v":545.078838653,"d":"545.08"},{"v":0,"d":"0.00"},{"v":59.6513467199999,"d":"59.65"},{"v":0,"d":"0.00"},"0_30741000_1317_182410","E",{"v":1.14946747131,"d":"1.15"},{"v":0.00210880956992,"d":"0.00"},{"v":0.125793330822,"d":"0.13"}]
[3,308,30810,{"v":2943.43008,"d":"2,943.43"},1128,{"v":0.383226361,"d":"0.38"},"M",330,30810000,{"v":2399.79124615,"d":"2,399.79"},883,{"v":0.367948671,"d":"0.37"},{"v":0,"d":"0.00"},{"v":0.990672016,"d":"0.99"},{"v":874.7633902,"d":"874.76"},{"v":8.236609829,"d":"8.24"},0,"0_30810000_1332",{"v":2286.8877238,"d":"2,286.89"},{"v":0,"d":"0.00"},{"v":8.236609829,"d":"8.24"},{"v":0,"d":"0.00"},"0_30810000_1332_182714","E",{"v":6.77250590503,"d":"6.77"},{"v":0.00296145098622,"d":"0.00"},{"v":0.0243923163012,"d":"0.02"}]
[3,308,30814,{"v":6563.07825799999,"d":"6,563.08"},2085,{"v":0.317686293,"d":"0.32"},"M",330,30814001,{"v":741.138922285,"d":"741.14"},220,{"v":0.296840435,"d":"0.30"},{"v":0,"d":"0.00"},{"v":0.990672016,"d":"0.99"},{"v":217.9478435,"d":"217.95"},{"v":2.052156469,"d":"2.05"},0,"0_30814001_1343",{"v":684.104653695,"d":"684.10"},{"v":0,"d":"0.00"},{"v":2.052156469,"d":"2.05"},{"v":0,"d":"0.00"},"0_30814001_1343_182821","F",{"v":0.00204469865542,"d":"0.00"},{"v":2.988868215e-06,"d":"0.00"},{"v":6.133625243e-06,"d":"0.00"}]
[3,308,30831,{"v":2895.03244499999,"d":"2,895.03"},2923,{"v":1.009660532,"d":"1.01"},"M",310,30831001,{"v":1170.90635668,"d":"1,170.91"},448,{"v":0.382609589,"d":"0.38"},{"v":0,"d":"0.00"},{"v":0.969116244,"d":"0.97"},{"v":434.1640772,"d":"434.16"},{"v":13.83592284,"d":"13.84"},0,"0_30831001_1380",{"v":1100.69680612999,"d":"1,100.70"},{"v":0,"d":"0.00"},{"v":13.83592284,"d":"13.84"},{"v":0,"d":"0.00"},"0_30831001_1380_183347","F",{"v":0.380857152113,"d":"0.38"},{"v":0.000346014588206,"d":"0.00"},{"v":0.00478743114393,"d":"0.00"}]
[3,308,30852,{"v":1789.47074399999,"d":"1,789.47"},1987,{"v":1.110384177,"d":"1.11"},"M",320,30852001,{"v":900.250275729999,"d":"900.25"},718,{"v":0.79755599,"d":"0.80"},{"v":0,"d":"0.00"},{"v":0.974431631,"d":"0.97"},{"v":699.641911,"d":"699.64"},{"v":18.35808896,"d":"18.36"},0,"0_30852001_1401",{"v":835.863694988,"d":"835.86"},{"v":0,"d":"0.00"},{"v":18.35808896,"d":"18.36"},{"v":0,"d":"0.00"},"0_30852001_1401_183677","D",{"v":0.404965738159,"d":"0.40"},{"v":0.000484487770658,"d":"0.00"},{"v":8.89426959377E-3,"d":"0.01"}]
[3,309,30902,{"v":803.8603652,"d":"803.86"},1108,{"v":1.378348838,"d":"1.38"},"M",420,30902001,{"v":156.56882364,"d":"156.57"},729,{"v":4.656099363,"d":"4.66"},{"v":0,"d":"0.00"},{"v":0.920429496,"d":"0.92"},{"v":670.993102499999,"d":"670.99"},{"v":58.00689753,"d":"58.01"},0,"0_30902001_1432",{"v":41.0710877325999,"d":"41.07"},{"v":0,"d":"0.00"},{"v":58.00689753,"d":"58.01"},{"v":0,"d":"0.00"},"0_30902001_1432_184090","G",{"v":0.0627344034684,"d":"0.06"},{"v":1.52745902122E-3,"d":"0.00"},{"v":0.0886031589252,"d":"0.09"}]
[3,309,30908,{"v":2517.910554,"d":"2,517.91"},5338,{"v":2.120011766,"d":"2.12"},"ST",220,30908002,{"v":142.703036109999,"d":"142.70"},1362,{"v":9.544295883,"d":"9.54"},{"v":0,"d":"0.00"},{"v":0.975109986,"d":"0.98"},{"v":1328.099801,"d":"1,328.10"},{"v":33.9001988799999,"d":"33.90"},0,"0_30908002_1446",{"v":52.3410231258,"d":"52.34"},{"v":0,"d":"0.00"},{"v":33.9001988799999,"d":"33.90"},{"v":0,"d":"0.00"},"0_30908002_1446_184284","C",{"v":0.409959712333,"d":"0.41"},{"v":0.00783247418278,"d":"0.01"},{"v":0.265522432519,"d":"0.27"}]
[3,309,30916,{"v":5843.602856,"d":"5,843.60"},3922,{"v":0.671161285,"d":"0.67"},"ST",420,30916002,{"v":1157.82095825999,"d":"1,157.82"},1298,{"v":1.121071432,"d":"1.12"},{"v":0,"d":"0.00"},{"v":0.920429496,"d":"0.92"},{"v":1194.717486,"d":"1,194.72"},{"v":103.282514399999,"d":"103.28"},0,"0_30916002_1476",{"v":1030.05143268,"d":"1,030.05"},{"v":0,"d":"0.00"},{"v":103.282514399999,"d":"103.28"},{"v":0,"d":"0.00"},"0_30916002_1476_184614","E",{"v":2.29731497892,"d":"2.30"},{"v":0.00223029152335,"d":"0.00"},{"v":0.230350116377,"d":"0.23"}]
[3,309,30935,{"v":6081.32012099999,"d":"6,081.32"},5383,{"v":0.885169649,"d":"0.89"},"ST",420,30935001,{"v":121.180473689999,"d":"121.18"},1067,{"v":8.805048928,"d":"8.81"},{"v":0,"d":"0.00"},{"v":0.920429496,"d":"0.92"},{"v":982.0982721,"d":"982.10"},{"v":84.90172794,"d":"84.90"},0,"0_30935001_1510",{"v":52.7569876175,"d":"52.76"},{"v":0,"d":"0.00"},{"v":84.90172794,"d":"84.90"},{"v":0,"d":"0.00"},"0_30935001_1510_185023","E",{"v":0.463779982503,"d":"0.46"},{"v":0.0087908730852,"d":"0.01"},{"v":0.746360315035,"d":"0.75"}]
[3,309,30940,{"v":2272.104009,"d":"2,272.10"},1194,{"v":0.525504112,"d":"0.53"}," ",320,30940001,{"v":413.469052444999,"d":"413.47"},338,{"v":0.817473516,"d":"0.82"},{"v":0,"d":"0.00"},{"v":0.974431631,"d":"0.97"},{"v":329.3578913,"d":"329.36"},{"v":8.642108731,"d":"8.64"},0,"0_30940001_1526",{"v":362.333706597,"d":"362.33"},{"v":0,"d":"0.00"},{"v":8.642108731,"d":"8.64"},{"v":0,"d":"0.00"},"0_30940001_1526_185221","G",{"v":0.897179417286,"d":"0.90"},{"v":0.00247611359625,"d":"0.00"},{"v":0.0213988429291,"d":"0.02"}]
[3,310,31016,{"v":9320.359952,"d":"9,320.36"},1305,{"v":0.140016052,"d":"0.14"},"ST",430,31016007,{"v":963.30583273,"d":"963.31"},116,{"v":0.120418663,"d":"0.12"},{"v":0,"d":"0.00"},{"v":0.905906425,"d":"0.91"},{"v":105.085145299999,"d":"105.09"},{"v":10.91485473,"d":"10.91"},0,"0_31016007_1565",{"v":936.144872223999,"d":"936.14"},{"v":0,"d":"0.00"},{"v":10.91485473,"d":"10.91"},{"v":0,"d":"0.00"},"0_31016007_1565_185551","G",{"v":23.6635434151999,"d":"23.66"},{"v":0.0252776510531,"d":"0.03"},{"v":0.27590188916,"d":"0.28"}]
[3,310,31026,{"v":4309.953287,"d":"4,309.95"},1935,{"v":0.448960782,"d":"0.45"},"ST",420,31026000,{"v":824.859282301999,"d":"824.86"},913,{"v":1.10685546,"d":"1.11"},{"v":0,"d":"0.00"},{"v":0.920429496,"d":"0.92"},{"v":840.352129699999,"d":"840.35"},{"v":72.6478702999999,"d":"72.65"},0,"0_31026000_1610",{"v":741.552732116,"d":"741.55"},{"v":0,"d":"0.00"},{"v":72.6478702999999,"d":"72.65"},{"v":0,"d":"0.00"},"0_31026000_1610_185956","F",{"v":0.889346213606,"d":"0.89"},{"v":1.19930272668E-3,"d":"0.00"},{"v":0.0871267889383,"d":"0.09"}]
[3,310,31036,{"v":2633.725151,"d":"2,633.73"},1603,{"v":0.608643616,"d":"0.61"},"M",430,31036003,{"v":202.870668279999,"d":"202.87"},78,{"v":0.384481407,"d":"0.38"},{"v":0,"d":"0.00"},{"v":0.905906425,"d":"0.91"},{"v":70.66070113,"d":"70.66"},{"v":7.339298868,"d":"7.34"},0,"0_31036003_1637",{"v":190.797240455,"d":"190.80"},{"v":0,"d":"0.00"},{"v":7.339298868,"d":"7.34"},{"v":0,"d":"0.00"},"0_31036003_1637_186184","G",{"v":0.0144719288957,"d":"0.01"},{"v":7.5849780957e-05,"d":"0.00"},{"v":0.000556684211515,"d":"0.00"}]
[3,311,31105,{"v":2354.70341899999,"d":"2,354.70"},3503,{"v":1.487660812,"d":"1.49"},"ST",420,31105002,{"v":363.837401714999,"d":"363.84"},1557,{"v":4.279384122,"d":"4.28"},{"v":0,"d":"0.00"},{"v":0.920429496,"d":"0.92"},{"v":1433.108725,"d":"1,433.11"},{"v":123.891274999999,"d":"123.89"},0,"0_31105002_1721",{"v":262.781444597,"d":"262.78"},{"v":0,"d":"0.00"},{"v":123.891274999999,"d":"123.89"},{"v":0,"d":"0.00"},"0_31105002_1721_186825","G",{"v":21.9768523364,"d":"21.98"},{"v":0.08363167487,"d":"0.08"},{"v":10.36123483,"d":"10.36"}]
[3,311,31106,{"v":5041.646971,"d":"5,041.65"},3476,{"v":0.689457239,"d":"0.69"},"M",420,31106003,{"v":239.014813099999,"d":"239.01"},56,{"v":0.234295102,"d":"0.23"},{"v":0,"d":"0.00"},{"v":0.920429496,"d":"0.92"},{"v":51.54405177,"d":"51.54"},{"v":4.455948233,"d":"4.46"},0,"0_31106003_1728",{"v":231.001402574999,"d":"231.00"},{"v":0,"d":"0.00"},{"v":4.455948233,"d":"4.46"},{"v":0,"d":"0.00"},"0_31106003_1728_186889","außerhalb GKL",{"v":0.0521132647977,"d":"0.05"},{"v":0.000225597179137,"d":"0.00"},{"v":0.00100524935175,"d":"0.00"}]
[3,311,31123,{"v":2944.571326,"d":"2,944.57"},1288,{"v":0.437415113,"d":"0.44"}," ",320,31123002,{"v":592.044189179999,"d":"592.04"},221,{"v":0.373282948,"d":"0.37"},{"v":0,"d":"0.00"},{"v":0.974431631,"d":"0.97"},{"v":215.3493904,"d":"215.35"},{"v":5.650609555,"d":"5.65"},0,"0_31123002_1803",{"v":545.828590773999,"d":"545.83"},{"v":0,"d":"0.00"},{"v":5.650609555,"d":"5.65"},{"v":0,"d":"0.00"},"0_31123002_1803_187458","G",{"v":7.61252663e-06,"d":"0.00"},{"v":1.3946735e-08,"d":"0.00"},{"v":7.8807553e-08,"d":"0.00"}]
[3,312,31202,{"v":985.435559199999,"d":"985.44"},1748,{"v":1.773834914,"d":"1.77"},"M",310,31202001,{"v":356.46141202,"d":"356.46"},643,{"v":1.803841814,"d":"1.80"},{"v":0,"d":"0.00"},{"v":0.969116244,"d":"0.97"},{"v":623.1417447,"d":"623.14"},{"v":19.8582553299999,"d":"19.86"},0,"0_31202001_1834",{"v":287.530452513999,"d":"287.53"},{"v":0,"d":"0.00"},{"v":19.8582553299999,"d":"19.86"},{"v":0,"d":"0.00"},"0_31202001_1834_187762","F",{"v":1.96382641738E-3,"d":"0.00"},{"v":6.829977139E-6,"d":"0.00"},{"v":0.00013563142992,"d":"0.00"}]
[3,312,31208,{"v":6114.446125,"d":"6,114.45"},3800,{"v":0.621479022,"d":"0.62"},"M",310,31208003,{"v":1239.67513278999,"d":"1,239.68"},208,{"v":0.167785894,"d":"0.17"},{"v":0,"d":"0.00"},{"v":0.969116244,"d":"0.97"},{"v":201.5761787,"d":"201.58"},{"v":6.423821321,"d":"6.42"},0,"0_31208003_1870",{"v":1204.85405523999,"d":"1,204.85"},{"v":0,"d":"0.00"},{"v":6.423821321,"d":"6.42"},{"v":0,"d":"0.00"},"0_31208003_1870_188158","G",{"v":26.6880729378999,"d":"26.69"},{"v":0.0221504611466,"d":"0.02"},{"v":0.142290604584,"d":"0.14"}]
[3,312,31214,{"v":1067.18089499999,"d":"1,067.18"},8027,{"v":7.52168638,"d":"7.52"},"M",101,31214004,{"v":212.98112559,"d":"212.98"},1736,{"v":8.150957016,"d":"8.15"},{"v":0,"d":"0.00"},{"v":0.965932983,"d":"0.97"},{"v":1676.85965899999,"d":"1,676.86"},{"v":59.14034146,"d":"59.14"},0,"0_31214004_1884",{"v":98.0494187113999,"d":"98.05"},{"v":0,"d":"0.00"},{"v":59.14034146,"d":"59.14"},{"v":0,"d":"0.00"},"0_31214004_1884_188395","B",{"v":3.65656131932,"d":"3.66"},{"v":0.037293044338,"d":"0.04"},{"v":2.20552337623,"d":"2.21"}]
[3,312,31227,{"v":1269.959812,"d":"1,269.96"},2428,{"v":1.911871522,"d":"1.91"},"M",103,31227000,{"v":1269.95981239,"d":"1,269.96"},2428,{"v":1.911871522,"d":"1.91"},{"v":0,"d":"0.00"},{"v":0.975480312,"d":"0.98"},{"v":2368.466197,"d":"2,368.47"},{"v":59.5338025499999,"d":"59.53"},0,"0_31227000_1906",{"v":1140.98681293,"d":"1,140.99"},{"v":0,"d":"0.00"},{"v":59.5338025499999,"d":"59.53"},{"v":0,"d":"0.00"},"0_31227000_1906_188699","F",{"v":0.0232887553035,"d":"0.02"},{"v":2.0411064387e-05,"d":"0.00"},{"v":1.21514827706E-3,"d":"0.00"}]
[3,312,31235,{"v":3524.24391199999,"d":"3,524.24"},11401,{"v":3.23502013,"d":"3.24"},"ST",310,31235004,{"v":337.01066057,"d":"337.01"},1069,{"v":3.172006483,"d":"3.17"},{"v":0,"d":"0.00"},{"v":0.969116244,"d":"0.97"},{"v":1035.98526399999,"d":"1,035.99"},{"v":33.0147355399999,"d":"33.01"},0,"0_31235004_1929",{"v":276.746503037,"d":"276.75"},{"v":0,"d":"0.00"},{"v":33.0147355399999,"d":"33.01"},{"v":0,"d":"0.00"},"0_31235004_1929_189011","F",{"v":0.207431632603,"d":"0.21"},{"v":0.000749536598752,"d":"0.00"},{"v":0.0247457525853,"d":"0.02"}]
[3,313,31308,{"v":2851.091647,"d":"2,851.09"},3155,{"v":1.106593681,"d":"1.11"},"M",410,31308002,{"v":389.763750479999,"d":"389.76"},535,{"v":1.372626365,"d":"1.37"},{"v":0,"d":"0.00"},{"v":0.921559671,"d":"0.92"},{"v":493.0344238,"d":"493.03"},{"v":41.9655761499999,"d":"41.97"},0,"0_31308002_1946",{"v":349.328948328,"d":"349.33"},{"v":0,"d":"0.00"},{"v":41.9655761499999,"d":"41.97"},{"v":0,"d":"0.00"},"0_31308002_1946_189332","außerhalb GKL",{"v":41.7362267626999,"d":"41.74"},{"v":0.119475431288,"d":"0.12"},{"v":5.01385530977,"d":"5.01"}]
[3,313,31315,{"v":478.647334999999,"d":"478.65"},1956,{"v":4.086516015,"d":"4.09"},"M",410,31315000,{"v":213.006676309999,"d":"213.01"},1612,{"v":7.56783791,"d":"7.57"},{"v":0,"d":"0.00"},{"v":0.921559671,"d":"0.92"},{"v":1485.55418899999,"d":"1,485.55"},{"v":126.4458108,"d":"126.45"},0,"0_31315000_1966",{"v":133.263423488,"d":"133.26"},{"v":0,"d":"0.00"},{"v":126.4458108,"d":"126.45"},{"v":0,"d":"0.00"},"0_31315000_1966_189636","G",{"v":1.16599589396,"d":"1.17"},{"v":0.00874955680592,"d":"0.01"},{"v":1.10634480447,"d":"1.11"}]
[3,313,31326,{"v":3634.800964,"d":"3,634.80"},916,{"v":0.252008297,"d":"0.25"},"M",410,31326003,{"v":243.747187069999,"d":"243.75"},66,{"v":0.270772356,"d":"0.27"},{"v":0,"d":"0.00"},{"v":0.921559671,"d":"0.92"},{"v":60.82293827,"d":"60.82"},{"v":5.177061731,"d":"5.18"},0,"0_31326003_2000",{"v":242.944144929,"d":"242.94"},{"v":0,"d":"0.00"},{"v":5.177061731,"d":"5.18"},{"v":0,"d":"0.00"},"0_31326003_2000_189944","außerhalb GKL",{"v":242.944144929,"d":"242.94"},{"v":1,"d":"1.00"},{"v":5.177061731,"d":"5.18"}]
[3,313,31338,{"v":3920.87479399999,"d":"3,920.87"},1054,{"v":0.268817561,"d":"0.27"},"M",410,31338000,{"v":1489.63610115,"d":"1,489.64"},425,{"v":0.285304579,"d":"0.29"},{"v":0,"d":"0.00"},{"v":0.921559671,"d":"0.92"},{"v":391.662860099999,"d":"391.66"},{"v":33.3371399299999,"d":"33.34"},0,"0_31338000_2018",{"v":1440.38064555,"d":"1,440.38"},{"v":0,"d":"0.00"},{"v":33.3371399299999,"d":"33.34"},{"v":0,"d":"0.00"},"0_31338000_2018_190269","G",{"v":114.676674937,"d":"114.68"},{"v":0.0796155344709,"d":"0.08"},{"v":2.65415421326,"d":"2.65"}]
[3,313,31347,{"v":587.819829,"d":"587.82"},843,{"v":1.434112901,"d":"1.43"},"M",310,31347000,{"v":587.819828974999,"d":"587.82"},843,{"v":1.434112901,"d":"1.43"},{"v":0,"d":"0.00"},{"v":0.969116244,"d":"0.97"},{"v":816.9649934,"d":"816.96"},{"v":26.0350065999999,"d":"26.04"},0,"0_31347000_2039",{"v":534.108357362999,"d":"534.11"},{"v":0,"d":"0.00"},{"v":26.0350065999999,"d":"26.04"},{"v":0,"d":"0.00"},"0_31347000_2039_190599","G",{"v":95.1961793641,"d":"95.20"},{"v":0.17823383224,"d":"0.18"},{"v":4.64031899871,"d":"4.64"}]
[3,314,31407,{"v":5404.850924,"d":"5,404.85"},2664,{"v":0.49289056,"d":"0.49"},"ST",410,31407002,{"v":2553.82203027,"d":"2,553.82"},457,{"v":0.178947473,"d":"0.18"},{"v":0,"d":"0.00"},{"v":0.921559671,"d":"0.92"},{"v":421.152769499999,"d":"421.15"},{"v":35.84723047,"d":"35.85"},0,"0_31407002_2070",{"v":2474.45241707,"d":"2,474.45"},{"v":0,"d":"0.00"},{"v":35.84723047,"d":"35.85"},{"v":0,"d":"0.00"},"0_31407002_2070_191213","G",{"v":1.49417763925,"d":"1.49"},{"v":0.000603841734415,"d":"0.00"},{"v":0.021646053821,"d":"0.02"}]
[3,314,31413,{"v":680.432433299999,"d":"680.43"},3402,{"v":4.999761671,"d":"5.00"},"M",410,31413001,{"v":454.00323248,"d":"454.00"},703,{"v":1.548447125,"d":"1.55"},{"v":0,"d":"0.00"},{"v":0.921559671,"d":"0.92"},{"v":647.8564485,"d":"647.86"},{"v":55.1435514699999,"d":"55.14"},0,"0_31413001_2081",{"v":337.553140369,"d":"337.55"},{"v":0,"d":"0.00"},{"v":55.1435514699999,"d":"55.14"},{"v":0,"d":"0.00"},"0_31413001_2081_191543","G",{"v":3.47992986439,"d":"3.48"},{"v":0.0103092800754,"d":"0.01"},{"v":0.568490316456,"d":"0.57"}]
[3,315,31507,{"v":5428.44868399999,"d":"5,428.45"},2393,{"v":0.440825757,"d":"0.44"},"M",410,31507000,{"v":1586.25041259999,"d":"1,586.25"},684,{"v":0.431205562,"d":"0.43"},{"v":0,"d":"0.00"},{"v":0.921559671,"d":"0.92"},{"v":630.346814799999,"d":"630.35"},{"v":53.6531852099999,"d":"53.65"},0,"0_31507000_2100",{"v":1502.91879113999,"d":"1,502.92"},{"v":0,"d":"0.00"},{"v":53.6531852099999,"d":"53.65"},{"v":0,"d":"0.00"},"0_31507000_2100_191873","G",{"v":34.4615545666,"d":"34.46"},{"v":0.0229297516072,"d":"0.02"},{"v":1.2302542098,"d":"1.23"}]
[3,315,31515,{"v":1770.76203099999,"d":"1,770.76"},1081,{"v":0.610471639,"d":"0.61"}," ",430,31515000,{"v":1770.76203101,"d":"1,770.76"},1081,{"v":0.610471639,"d":"0.61"},{"v":0,"d":"0.00"},{"v":0.905906425,"d":"0.91"},{"v":979.284845199999,"d":"979.28"},{"v":101.715154799999,"d":"101.72"},0,"0_31515000_2118",{"v":1668.02139418,"d":"1,668.02"},{"v":0,"d":"0.00"},{"v":101.715154799999,"d":"101.72"},{"v":0,"d":"0.00"},"0_31515000_2118_192146","außerhalb GKL",{"v":88.8165508487,"d":"88.82"},{"v":0.0532466496884,"d":"0.05"},{"v":5.41599121564,"d":"5.42"}]
[3,315,31522,{"v":1068.36174499999,"d":"1,068.36"},1691,{"v":1.582797221,"d":"1.58"},"M",420,31522001,{"v":291.581668569999,"d":"291.58"},611,{"v":2.095467808,"d":"2.10"},{"v":0,"d":"0.00"},{"v":0.920429496,"d":"0.92"},{"v":562.382422,"d":"562.38"},{"v":48.6175780399999,"d":"48.62"},0,"0_31522001_2134",{"v":230.226190503999,"d":"230.23"},{"v":0,"d":"0.00"},{"v":48.6175780399999,"d":"48.62"},{"v":0,"d":"0.00"},"0_31522001_2134_192480","G",{"v":7.5022823149,"d":"7.50"},{"v":0.0325865719208,"d":"0.03"},{"v":1.58428020342,"d":"1.58"}]
[3,315,31530,{"v":832.4843749,"d":"832.48"},2174,{"v":2.611460426,"d":"2.61"},"M",210,31530001,{"v":584.924744594999,"d":"584.92"},864,{"v":1.477113095,"d":"1.48"},{"v":0,"d":"0.00"},{"v":0.955942851,"d":"0.96"},{"v":825.9346236,"d":"825.93"},{"v":38.06537643,"d":"38.07"},0,"0_31530001_2150",{"v":512.055650119,"d":"512.06"},{"v":0,"d":"0.00"},{"v":38.06537643,"d":"38.07"},{"v":0,"d":"0.00"},"0_31530001_2150_192810","G",{"v":2.1888376135e-05,"d":"0.00"},{"v":4.2746088e-08,"d":"0.00"},{"v":1.627145949E-6,"d":"0.00"}]
[3,315,31537,{"v":3060.797168,"d":"3,060.80"},2313,{"v":0.755685487,"d":"0.76"},"M",420,31537000,{"v":152.112437604999,"d":"152.11"},1093,{"v":7.185474227,"d":"7.19"},{"v":0,"d":"0.00"},{"v":0.920429496,"d":"0.92"},{"v":1006.029439,"d":"1,006.03"},{"v":86.97056105,"d":"86.97"},0,"0_31537000_2173",{"v":84.2206986119,"d":"84.22"},{"v":0,"d":"0.00"},{"v":86.97056105,"d":"86.97"},{"v":0,"d":"0.00"},"0_31537000_2173_193079","G",{"v":37.047403068,"d":"37.05"},{"v":0.439884775104,"d":"0.44"},{"v":38.2570256881,"d":"38.26"}]
[3,315,31549,{"v":2377.617502,"d":"2,377.62"},5627,{"v":2.366654853,"d":"2.37"},"ST",210,31549000,{"v":17.8934721699999,"d":"17.89"},451,{"v":25.20472247,"d":"25.20"},{"v":0,"d":"0.00"},{"v":0.955942851,"d":"0.96"},{"v":431.130225999999,"d":"431.13"},{"v":19.8697740399999,"d":"19.87"},0,"0_31549000_2193",{"v":7.71133043179,"d":"7.71"},{"v":0,"d":"0.00"},{"v":19.8697740399999,"d":"19.87"},{"v":0,"d":"0.00"},"0_31549000_2193_193443","E",{"v":0.000735495658523,"d":"0.00"},{"v":9.5378568592e-05,"d":"0.00"},{"v":1.89515060618E-3,"d":"0.00"}]
[3,315,31552,{"v":4781.947382,"d":"4,781.95"},1995,{"v":0.417194051,"d":"0.42"},"M",420,31552002,{"v":1437.53820623,"d":"1,437.54"},1130,{"v":0.786066064,"d":"0.79"},{"v":0,"d":"0.00"},{"v":0.920429496,"d":"0.92"},{"v":1040.08533,"d":"1,040.09"},{"v":89.9146697,"d":"89.91"},0,"0_31552002_2207",{"v":1359.5955168,"d":"1,359.60"},{"v":0,"d":"0.00"},{"v":89.9146697,"d":"89.91"},{"v":0,"d":"0.00"},"0_31552002_2207_193747","G",{"v":20.9866784015,"d":"20.99"},{"v":0.0154359720536,"d":"0.02"},{"v":1.3879203287,"d":"1.39"}]
[3,316,31612,{"v":5171.44337999999,"d":"5,171.44"},4011,{"v":0.775605514,"d":"0.78"},"M",310,31612000,{"v":1179.05557303,"d":"1,179.06"},1657,{"v":1.405362086,"d":"1.41"},{"v":0,"d":"0.00"},{"v":0.969116244,"d":"0.97"},{"v":1605.825616,"d":"1,605.83"},{"v":51.1743842699999,"d":"51.17"},0,"0_31612000_2237",{"v":1079.52749235999,"d":"1,079.53"},{"v":0,"d":"0.00"},{"v":51.1743842699999,"d":"51.17"},{"v":0,"d":"0.00"},"0_31612000_2237_194051","E",{"v":0.0073524472583,"d":"0.01"},{"v":6.810801309e-06,"d":"0.00"},{"v":0.000348538563385,"d":"0.00"}]
[3,316,31629,{"v":7289.06000599999,"d":"7,289.06"},6241,{"v":0.856214655,"d":"0.86"},"ST",220,31629002,{"v":149.340563155,"d":"149.34"},705,{"v":4.720753592,"d":"4.72"},{"v":0,"d":"0.00"},{"v":0.975109986,"d":"0.98"},{"v":687.4525402,"d":"687.45"},{"v":17.54745977,"d":"17.55"},0,"0_31629002_2273",{"v":93.3631028677999,"d":"93.36"},{"v":0,"d":"0.00"},{"v":17.54745977,"d":"17.55"},{"v":0,"d":"0.00"},"0_31629002_2273_194494","G",{"v":11.8103355936,"d":"11.81"},{"v":0.126498961911,"d":"0.13"},{"v":2.21973544508,"d":"2.22"}]
[3,316,31633,{"v":13156.96599,"d":"13,156.97"},11583,{"v":0.880370141,"d":"0.88"},"ST",220,31633002,{"v":1478.16641595999,"d":"1,478.17"},1873,{"v":1.267110374,"d":"1.27"},{"v":0,"d":"0.00"},{"v":0.975109986,"d":"0.98"},{"v":1826.381004,"d":"1,826.38"},{"v":46.6189959599999,"d":"46.62"},0,"0_31633002_2289",{"v":1381.0611469,"d":"1,381.06"},{"v":0,"d":"0.00"},{"v":46.6189959599999,"d":"46.62"},{"v":0,"d":"0.00"},"0_31633002_2289_194684","G",{"v":30.2555593408,"d":"30.26"},{"v":0.0219074726769,"d":"0.02"},{"v":1.02130438022,"d":"1.02"}]
[3,316,31644,{"v":9727.416836,"d":"9,727.42"},5483,{"v":0.563664547,"d":"0.56"},"ST",420,31644070,{"v":985.069047429999,"d":"985.07"},342,{"v":0.347183785,"d":"0.35"},{"v":0,"d":"0.00"},{"v":0.920429496,"d":"0.92"},{"v":314.7868876,"d":"314.79"},{"v":27.21311242,"d":"27.21"},0,"0_31644070_2318",{"v":943.209298489,"d":"943.21"},{"v":0,"d":"0.00"},{"v":27.21311242,"d":"27.21"},{"v":0,"d":"0.00"},"0_31644070_2318_195014","G",{"v":1.9296488821,"d":"1.93"},{"v":0.00204583318378,"d":"0.00"},{"v":0.0556734884228,"d":"0.06"}]
[3,316,31658,{"v":1539.91700799999,"d":"1,539.92"},533,{"v":0.346122549,"d":"0.35"}," ",430,31658001,{"v":247.986131655,"d":"247.99"},123,{"v":0.495995478,"d":"0.50"},{"v":0,"d":"0.00"},{"v":0.905906425,"d":"0.91"},{"v":111.4264902,"d":"111.43"},{"v":11.5735097499999,"d":"11.57"},0,"0_31658001_2352",{"v":220.387192518,"d":"220.39"},{"v":0,"d":"0.00"},{"v":11.5735097499999,"d":"11.57"},{"v":0,"d":"0.00"},"0_31658001_2352_195427","G",{"v":0.282662807238,"d":"0.28"},{"v":0.00128257365598,"d":"0.00"},{"v":0.0148438787126,"d":"0.01"}]
[3,317,31703,{"v":2706.591933,"d":"2,706.59"},5894,{"v":2.177646334,"d":"2.18"},"M",310,31703001,{"v":1499.56016958999,"d":"1,499.56"},1907,{"v":1.271706223,"d":"1.27"},{"v":0,"d":"0.00"},{"v":0.969116244,"d":"0.97"},{"v":1848.104677,"d":"1,848.10"},{"v":58.8953233599999,"d":"58.90"},0,"0_31703001_2357",{"v":1252.84899184,"d":"1,252.85"},{"v":0,"d":"0.00"},{"v":58.8953233599999,"d":"58.90"},{"v":0,"d":"0.00"},"0_31703001_2357_195621","E",{"v":1.123120408,"d":"1.12"},{"v":0.000896453136264,"d":"0.00"},{"v":0.0527968973374,"d":"0.05"}]
[3,317,31709,{"v":810.930305999999,"d":"810.93"},3910,{"v":4.821622735,"d":"4.82"},"M",101,31709001,{"v":620.15874507,"d":"620.16"},2029,{"v":3.271742947,"d":"3.27"},{"v":0,"d":"0.00"},{"v":0.965932983,"d":"0.97"},{"v":1959.87802299999,"d":"1,959.88"},{"v":69.1219774399999,"d":"69.12"},0,"0_31709001_2369",{"v":558.663982434999,"d":"558.66"},{"v":0,"d":"0.00"},{"v":69.1219774399999,"d":"69.12"},{"v":0,"d":"0.00"},"0_31709001_2369_195951","außerhalb GKL",{"v":427.998196016,"d":"428.00"},{"v":0.766110237053,"d":"0.77"},{"v":52.9550545220999,"d":"52.96"}]
[3,317,31714,{"v":714.460188799999,"d":"714.46"},1111,{"v":1.555020164,"d":"1.56"}," ",310,31714000,{"v":714.460188819999,"d":"714.46"},1111,{"v":1.555020164,"d":"1.56"},{"v":0,"d":"0.00"},{"v":0.969116244,"d":"0.97"},{"v":1076.688147,"d":"1,076.69"},{"v":34.3118533,"d":"34.31"},0,"0_31714000_2384",{"v":627.260575098,"d":"627.26"},{"v":0,"d":"0.00"},{"v":34.3118533,"d":"34.31"},{"v":0,"d":"0.00"},"0_31714000_2384_196360","außerhalb GKL",{"v":259.514740585,"d":"259.51"},{"v":0.413727166807,"d":"0.41"},{"v":14.1957458537,"d":"14.20"}]
[3,317,31723,{"v":1047.405661,"d":"1,047.41"},7329,{"v":6.997288897,"d":"7.00"},"M",101,31723003,{"v":46.9599296025999,"d":"46.96"},412,{"v":8.77343734299999,"d":"8.77"},{"v":0,"d":"0.00"},{"v":0.965932983,"d":"0.97"},{"v":397.964388999999,"d":"397.96"},{"v":14.03561099,"d":"14.04"},0,"0_31723003_2422",{"v":43.6944468939,"d":"43.69"},{"v":0,"d":"0.00"},{"v":14.03561099,"d":"14.04"},{"v":0,"d":"0.00"},"0_31723003_2422_196895","D",{"v":0.00870244115642,"d":"0.01"},{"v":1.99165838569E-4,"d":"0.00"},{"v":0.00279541423265,"d":"0.00"}]
[3,318,31813,{"v":734.043980899999,"d":"734.04"},1579,{"v":2.151097265,"d":"2.15"},"M",410,31813000,{"v":204.914822659999,"d":"204.91"},1096,{"v":5.348563787,"d":"5.35"},{"v":0,"d":"0.00"},{"v":0.921559671,"d":"0.92"},{"v":1010.029399,"d":"1,010.03"},{"v":85.97060086,"d":"85.97"},0,"0_31813000_2462",{"v":106.412615166999,"d":"106.41"},{"v":0,"d":"0.00"},{"v":85.97060086,"d":"85.97"},{"v":0,"d":"0.00"},"0_31813000_2462_197225","G",{"v":0.00197982414316,"d":"0.00"},{"v":1.8605163871E-5,"d":"0.00"},{"v":0.00159949711711,"d":"0.00"}]
[3,318,31817,{"v":1068.138398,"d":"1,068.14"},1697,{"v":1.588745431,"d":"1.59"}," ",410,31817001,{"v":452.873846734999,"d":"452.87"},808,{"v":1.78416132,"d":"1.78"},{"v":0,"d":"0.00"},{"v":0.921559671,"d":"0.92"},{"v":744.620214,"d":"744.62"},{"v":63.3797860399999,"d":"63.38"},0,"0_31817001_2470",{"v":377.879985786,"d":"377.88"},{"v":0,"d":"0.00"},{"v":63.3797860399999,"d":"63.38"},{"v":0,"d":"0.00"},"0_31817001_2470_197293","außerhalb GKL",{"v":0.032993640347,"d":"0.03"},{"v":8.7312484355e-05,"d":"0.00"},{"v":0.00553384657704,"d":"0.01"}]
[3,318,31837,{"v":915.416817899999,"d":"915.42"},1438,{"v":1.570869108,"d":"1.57"}," ",410,31837000,{"v":695.385121999,"d":"695.39"},951,{"v":1.367587499,"d":"1.37"},{"v":0,"d":"0.00"},{"v":0.921559671,"d":"0.92"},{"v":876.403246899999,"d":"876.40"},{"v":74.59675312,"d":"74.60"},0,"0_31837000_2508",{"v":596.213984232,"d":"596.21"},{"v":0,"d":"0.00"},{"v":74.59675312,"d":"74.60"},{"v":0,"d":"0.00"},"0_31837000_2508_197858","F",{"v":2.63373210979,"d":"2.63"},{"v":0.00441742760057,"d":"0.00"},{"v":0.329525756145,"d":"0.33"}]
[3,318,31844,{"v":2157.76611199999,"d":"2,157.77"},1623,{"v":0.752166785,"d":"0.75"},"M",410,31844001,{"v":584.003083309999,"d":"584.00"},537,{"v":0.919515693,"d":"0.92"},{"v":0,"d":"0.00"},{"v":0.921559671,"d":"0.92"},{"v":494.877543199999,"d":"494.88"},{"v":42.12245681,"d":"42.12"},0,"0_31844001_2537",{"v":530.268808540999,"d":"530.27"},{"v":0,"d":"0.00"},{"v":42.12245681,"d":"42.12"},{"v":0,"d":"0.00"},"0_31844001_2537_198162","F",{"v":1.40304897937,"d":"1.40"},{"v":2.64592025171E-3,"d":"0.00"},{"v":0.111452661525,"d":"0.11"}]
[3,319,31903,{"v":4549.183355,"d":"4,549.18"},5096,{"v":1.120201056,"d":"1.12"},"M",410,31903000,{"v":353.38242091,"d":"353.38"},2647,{"v":7.490468805,"d":"7.49"},{"v":0,"d":"0.00"},{"v":0.921559671,"d":"0.92"},{"v":2439.368448,"d":"2,439.37"},{"v":207.6315515,"d":"207.63"},0,"0_31903000_2553",{"v":216.595410281999,"d":"216.60"},{"v":0,"d":"0.00"},{"v":207.6315515,"d":"207.63"},{"v":0,"d":"0.00"},"0_31903000_2553_198562","außerhalb GKL",{"v":0.00467898051818,"d":"0.00"},{"v":2.1602399202e-05,"d":"0.00"},{"v":0.00448533966239,"d":"0.00"}]
[3,319,31905,{"v":887.7648496,"d":"887.76"},4652,{"v":5.240126371,"d":"5.24"},"M",310,31905001,{"v":535.292060734999,"d":"535.29"},2197,{"v":4.104301485,"d":"4.10"},{"v":0,"d":"0.00"},{"v":0.969116244,"d":"0.97"},{"v":2129.148387,"d":"2,129.15"},{"v":67.8516127,"d":"67.85"},0,"0_31905001_2558",{"v":262.850673273999,"d":"262.85"},{"v":0,"d":"0.00"},{"v":67.8516127,"d":"67.85"},{"v":0,"d":"0.00"},"0_31905001_2558_198795","D",{"v":2.00551518374,"d":"2.01"},{"v":0.00762986511984,"d":"0.01"},{"v":0.517698653065,"d":"0.52"}]
[3,319,31912,{"v":4615.76408699999,"d":"4,615.76"},7844,{"v":1.699393611,"d":"1.70"},"ST",410,31912005,{"v":1119.95940885,"d":"1,119.96"},1149,{"v":1.025930039,"d":"1.03"},{"v":0,"d":"0.00"},{"v":0.921559671,"d":"0.92"},{"v":1058.87206199999,"d":"1,058.87"},{"v":90.12793831,"d":"90.13"},0,"0_31912005_2574",{"v":1017.16393933999,"d":"1,017.16"},{"v":0,"d":"0.00"},{"v":90.12793831,"d":"90.13"},{"v":0,"d":"0.00"},"0_31912005_2574_199099","G",{"v":102.588820978,"d":"102.59"},{"v":0.10085770544,"d":"0.10"},{"v":9.09009705397999,"d":"9.09"}]
[3,319,31921,{"v":1819.10578899999,"d":"1,819.11"},3064,{"v":1.684344044,"d":"1.68"},"M",310,31921000,{"v":1146.90830191,"d":"1,146.91"},2468,{"v":2.151872121,"d":"2.15"},{"v":0,"d":"0.00"},{"v":0.969116244,"d":"0.97"},{"v":2391.778889,"d":"2,391.78"},{"v":76.22111067,"d":"76.22"},0,"0_31921000_2591",{"v":890.848334044,"d":"890.85"},{"v":0,"d":"0.00"},{"v":76.22111067,"d":"76.22"},{"v":0,"d":"0.00"},"0_31921000_2591_199495","D",{"v":0.00091316851977,"d":"0.00"},{"v":1.025054978e-06,"d":"0.00"},{"v":7.8130828948e-05,"d":"0.00"}]
[3,319,31926,{"v":5166.14478899999,"d":"5,166.14"},8304,{"v":1.607388167,"d":"1.61"},"ST",310,31926003,{"v":373.736330344999,"d":"373.74"},253,{"v":0.676947836,"d":"0.68"},{"v":0,"d":"0.00"},{"v":0.969116244,"d":"0.97"},{"v":245.186409599999,"d":"245.19"},{"v":7.813590356,"d":"7.81"},0,"0_31926003_2602",{"v":336.854836513999,"d":"336.85"},{"v":0,"d":"0.00"},{"v":7.813590356,"d":"7.81"},{"v":0,"d":"0.00"},"0_31926003_2602_199732","E",{"v":0.375980058314,"d":"0.38"},{"v":0.00111614861228,"d":"0.00"},{"v":0.00872112803277,"d":"0.01"}]
[3,319,31929,{"v":2460.273298,"d":"2,460.27"},4593,{"v":1.866865768,"d":"1.87"},"M",310,31929002,{"v":2087.15086449,"d":"2,087.15"},1304,{"v":0.624775153,"d":"0.62"},{"v":0,"d":"0.00"},{"v":0.969116244,"d":"0.97"},{"v":1263.72758199999,"d":"1,263.73"},{"v":40.2724182799999,"d":"40.27"},0,"0_31929002_2613",{"v":1898.68481081999,"d":"1,898.68"},{"v":0,"d":"0.00"},{"v":40.2724182799999,"d":"40.27"},{"v":0,"d":"0.00"},"0_31929002_2613_200036","E",{"v":2.29315124971,"d":"2.29"},{"v":0.00120775772611,"d":"0.00"},{"v":0.0486393243268,"d":"0.05"}]
[3,319,31935,{"v":3621.979627,"d":"3,621.98"},2537,{"v":0.700445685,"d":"0.70"},"M",410,31935001,{"v":3488.60388709,"d":"3,488.60"},1190,{"v":0.341110667,"d":"0.34"},{"v":0,"d":"0.00"},{"v":0.921559671,"d":"0.92"},{"v":1096.65600799999,"d":"1,096.66"},{"v":93.34399181,"d":"93.34"},0,"0_31935001_2623",{"v":3373.20798326,"d":"3,373.21"},{"v":0,"d":"0.00"},{"v":93.34399181,"d":"93.34"},{"v":0,"d":"0.00"},"0_31935001_2623_200348","G",{"v":0.00339323414631,"d":"0.00"},{"v":1.00593683E-6,"d":"0.00"},{"v":9.3898159241e-05,"d":"0.00"}]
[3,319,31945,{"v":1040.185322,"d":"1,040.19"},1395,{"v":1.341107176,"d":"1.34"}," ",310,31945000,{"v":1040.1853223,"d":"1,040.19"},1395,{"v":1.341107176,"d":"1.34"},{"v":0,"d":"0.00"},{"v":0.969116244,"d":"0.97"},{"v":1351.91715999999,"d":"1,351.92"},{"v":43.0828401099999,"d":"43.08"},0,"0_31945000_2635",{"v":939.603879303999,"d":"939.60"},{"v":0,"d":"0.00"},{"v":43.0828401099999,"d":"43.08"},{"v":0,"d":"0.00"},"0_31945000_2635_200669","E",{"v":2.5156653044,"d":"2.52"},{"v":0.00267736794176,"d":"0.00"},{"v":0.11534861495,"d":"0.12"}]
[3,319,31951,{"v":5888.99457999999,"d":"5,888.99"},7754,{"v":1.31669335,"d":"1.32"},"ST",310,31951003,{"v":213.87357349,"d":"213.87"},1161,{"v":5.428440649,"d":"5.43"},{"v":0,"d":"0.00"},{"v":0.969116244,"d":"0.97"},{"v":1125.14395899999,"d":"1,125.14"},{"v":35.85604112,"d":"35.86"},0,"0_31951003_2656",{"v":121.237975176999,"d":"121.24"},{"v":0,"d":"0.00"},{"v":35.85604112,"d":"35.86"},{"v":0,"d":"0.00"},"0_31951003_2656_201310","D",{"v":0.000916431180632,"d":"0.00"},{"v":7.558944953e-06,"d":"0.00"},{"v":0.000271033841075,"d":"0.00"}]
[3,319,31952,{"v":3025.51791099999,"d":"3,025.52"},9818,{"v":3.245064247,"d":"3.25"},"ST",101,31952004,{"v":1085.38447107999,"d":"1,085.38"},1321,{"v":1.217080247,"d":"1.22"},{"v":0,"d":"0.00"},{"v":0.965932983,"d":"0.97"},{"v":1275.99747099999,"d":"1,276.00"},{"v":45.00252942,"d":"45.00"},0,"0_31952004_2662",{"v":965.280643191999,"d":"965.28"},{"v":0,"d":"0.00"},{"v":45.00252942,"d":"45.00"},{"v":0,"d":"0.00"},"0_31952004_2662_201617","E",{"v":3.80157863638,"d":"3.80"},{"v":0.00393831437851,"d":"0.00"},{"v":0.177234108684,"d":"0.18"}]
[3,320,32001,{"v":24383.7611099999,"d":"24,383.76"},3021,{"v":0.12389393,"d":"0.12"},"M",420,32001003,{"v":15709.105352,"d":"15,709.11"},489,{"v":0.031128444,"d":"0.03"},{"v":0,"d":"0.00"},{"v":0.920429496,"d":"0.92"},{"v":450.090023499999,"d":"450.09"},{"v":38.90997653,"d":"38.91"},0,"0_32001003_2669",{"v":15480.6139208999,"d":"15,480.61"},{"v":0,"d":"0.00"},{"v":38.90997653,"d":"38.91"},{"v":0,"d":"0.00"},"0_32001003_2669_201943","außerhalb GKL",{"v":0.209587073332,"d":"0.21"},{"v":1.3538679693E-5,"d":"0.00"},{"v":0.000526789709117,"d":"0.00"}]
[3,320,32006,{"v":4293.09171599999,"d":"4,293.09"},2954,{"v":0.688082202,"d":"0.69"},"M",420,32006000,{"v":578.33968628,"d":"578.34"},987,{"v":1.706609495,"d":"1.71"},{"v":0,"d":"0.00"},{"v":0.920429496,"d":"0.92"},{"v":908.4639124,"d":"908.46"},{"v":78.5360876099999,"d":"78.54"},0,"0_32006000_2678",{"v":504.237639159,"d":"504.24"},{"v":0,"d":"0.00"},{"v":78.5360876099999,"d":"78.54"},{"v":0,"d":"0.00"},"0_32006000_2678_202273","außerhalb GKL",{"v":4.45577346738,"d":"4.46"},{"v":0.00883665383412,"d":"0.01"},{"v":0.693996219696,"d":"0.69"}]
[3,320,32009,{"v":5181.380398,"d":"5,181.38"},1877,{"v":0.362258675,"d":"0.36"},"M",410,32009003,{"v":987.38625214,"d":"987.39"},518,{"v":0.524617391,"d":"0.52"},{"v":0,"d":"0.00"},{"v":0.921559671,"d":"0.92"},{"v":477.367909399999,"d":"477.37"},{"v":40.63209055,"d":"40.63"},0,"0_32009003_2699",{"v":914.273323690999,"d":"914.27"},{"v":0,"d":"0.00"},{"v":40.63209055,"d":"40.63"},{"v":0,"d":"0.00"},"0_32009003_2699_202550","G",{"v":17.7294813295999,"d":"17.73"},{"v":0.0193918830072,"d":"0.02"},{"v":0.787932746284,"d":"0.79"}]
[3,320,32013,{"v":4596.013377,"d":"4,596.01"},4132,{"v":0.899040029,"d":"0.90"},"ST",220,32013004,{"v":1496.32439266,"d":"1,496.32"},1075,{"v":0.718427104,"d":"0.72"},{"v":0,"d":"0.00"},{"v":0.975109986,"d":"0.98"},{"v":1048.24323499999,"d":"1,048.24"},{"v":26.7567649,"d":"26.76"},0,"0_32013004_2708",{"v":1409.79011343,"d":"1,409.79"},{"v":0,"d":"0.00"},{"v":26.7567649,"d":"26.76"},{"v":0,"d":"0.00"},"0_32013004_2708_202880","F",{"v":1.50017662362E-4,"d":"0.00"},{"v":1.06411345e-07,"d":"0.00"},{"v":2.847223345e-06,"d":"0.00"}]
[3,320,32018,{"v":2028.29870499999,"d":"2,028.30"},1643,{"v":0.81003848,"d":"0.81"}," ",410,32018001,{"v":331.854407696,"d":"331.85"},449,{"v":1.353002972,"d":"1.35"},{"v":0,"d":"0.00"},{"v":0.921559671,"d":"0.92"},{"v":413.7802922,"d":"413.78"},{"v":35.2197078399999,"d":"35.22"},0,"0_32018001_2727",{"v":292.79825461,"d":"292.80"},{"v":0,"d":"0.00"},{"v":35.2197078399999,"d":"35.22"},{"v":0,"d":"0.00"},"0_32018001_2727_203210","F",{"v":4.53375099853E-4,"d":"0.00"},{"v":1.548421456E-6,"d":"0.00"},{"v":5.453495131e-05,"d":"0.00"}]
[3,321,32110,{"v":4341.02518799999,"d":"4,341.03"},3187,{"v":0.734158376,"d":"0.73"},"M",310,32110000,{"v":1318.44957384999,"d":"1,318.45"},1820,{"v":1.38040926,"d":"1.38"},{"v":0,"d":"0.00"},{"v":0.969116244,"d":"0.97"},{"v":1763.79156299999,"d":"1,763.79"},{"v":56.20843656,"d":"56.21"},0,"0_32110000_2743",{"v":1175.87740748999,"d":"1,175.88"},{"v":0,"d":"0.00"},{"v":56.20843656,"d":"56.21"},{"v":0,"d":"0.00"},"0_32110000_2743_203483","C",{"v":4.36744855267,"d":"4.37"},{"v":3.71420398491E-3,"d":"0.00"},{"v":0.208769599057,"d":"0.21"}]
[3,321,32119,{"v":2255.665112,"d":"2,255.67"},2435,{"v":1.079504217,"d":"1.08"},"M",410,32119000,{"v":2255.66511210999,"d":"2,255.67"},2435,{"v":1.079504217,"d":"1.08"},{"v":0,"d":"0.00"},{"v":0.921559671,"d":"0.92"},{"v":2243.99779799999,"d":"2,244.00"},{"v":191.0022017,"d":"191.00"},0,"0_32119000_2771",{"v":2084.18697946,"d":"2,084.19"},{"v":0,"d":"0.00"},{"v":191.0022017,"d":"191.00"},{"v":0,"d":"0.00"},"0_32119000_2771_203817","E",{"v":2.133801505E-3,"d":"0.00"},{"v":1.023805218e-06,"d":"0.00"},{"v":1.95549050763E-4,"d":"0.00"}]
[3,321,32131,{"v":6168.504767,"d":"6,168.50"},7526,{"v":1.220068766,"d":"1.22"},"M",310,32131004,{"v":1194.97148663,"d":"1,194.97"},746,{"v":0.624282678,"d":"0.62"},{"v":0,"d":"0.00"},{"v":0.969116244,"d":"0.97"},{"v":722.960717799999,"d":"722.96"},{"v":23.0392822399999,"d":"23.04"},0,"0_32131004_2778",{"v":1089.72129717,"d":"1,089.72"},{"v":0,"d":"0.00"},{"v":23.0392822399999,"d":"23.04"},{"v":0,"d":"0.00"},"0_32131004_2778_204147","D",{"v":0.00268526950708,"d":"0.00"},{"v":2.464180074E-6,"d":"0.00"},{"v":5.6772940223E-5,"d":"0.00"}]
[3,321,32134,{"v":1835.492617,"d":"1,835.49"},2985,{"v":1.626266416,"d":"1.63"},"M",310,32134002,{"v":416.683775659999,"d":"416.68"},897,{"v":2.152711606,"d":"2.15"},{"v":0,"d":"0.00"},{"v":0.969116244,"d":"0.97"},{"v":869.2972706,"d":"869.30"},{"v":27.70272945,"d":"27.70"},0,"0_32134002_2787",{"v":328.845016207,"d":"328.85"},{"v":0,"d":"0.00"},{"v":27.70272945,"d":"27.70"},{"v":0,"d":"0.00"},"0_32134002_2787_204416","außerhalb GKL",{"v":0.452255491365,"d":"0.45"},{"v":0.00137528461456,"d":"0.00"},{"v":0.0380991375939,"d":"0.04"}]
[3,321,32141,{"v":5375.21236,"d":"5,375.21"},4097,{"v":0.762202444,"d":"0.76"},"M",410,32141001,{"v":159.54762084,"d":"159.55"},1576,{"v":9.877928556,"d":"9.88"},{"v":0,"d":"0.00"},{"v":0.921559671,"d":"0.92"},{"v":1452.37804099999,"d":"1,452.38"},{"v":123.621958899999,"d":"123.62"},0,"0_32141001_2805",{"v":90.139327221,"d":"90.14"},{"v":0,"d":"0.00"},{"v":123.621958899999,"d":"123.62"},{"v":0,"d":"0.00"},"0_32141001_2805_204780","G",{"v":18.4385986541,"d":"18.44"},{"v":0.204556648275,"d":"0.20"},{"v":25.2876935658,"d":"25.29"}]
[3,321,32143,{"v":633.898973999999,"d":"633.90"},1663,{"v":2.62344643,"d":"2.62"}," ",310,32143001,{"v":218.88006199,"d":"218.88"},464,{"v":2.119882441,"d":"2.12"},{"v":0,"d":"0.00"},{"v":0.969116244,"d":"0.97"},{"v":449.6699371,"d":"449.67"},{"v":14.33006295,"d":"14.33"},0,"0_32143001_2817",{"v":182.972902989999,"d":"182.97"},{"v":0,"d":"0.00"},{"v":14.33006295,"d":"14.33"},{"v":0,"d":"0.00"},"0_32143001_2817_205084","E",{"v":0.423267337089,"d":"0.42"},{"v":0.00231327879797,"d":"0.00"},{"v":0.0331494307958,"d":"0.03"}]
[3,322,32207,{"v":4425.541223,"d":"4,425.54"},2721,{"v":0.614840053,"d":"0.61"},"ST",430,32207001,{"v":999.18555302,"d":"999.19"},1341,{"v":1.342093064,"d":"1.34"},{"v":0,"d":"0.00"},{"v":0.905906425,"d":"0.91"},{"v":1214.82051599999,"d":"1,214.82"},{"v":126.1794844,"d":"126.18"},0,"0_32207001_2843",{"v":870.75597086,"d":"870.76"},{"v":0,"d":"0.00"},{"v":126.1794844,"d":"126.18"},{"v":0,"d":"0.00"},"0_32207001_2843_205685","F",{"v":1.00154615626,"d":"1.00"},{"v":0.00115020303021,"d":"0.00"},{"v":0.145132025307,"d":"0.15"}]
[3,322,32207,{"v":4425.541223,"d":"4,425.54"},2721,{"v":0.614840053,"d":"0.61"},"ST",430,32207003,{"v":602.73782229,"d":"602.74"},172,{"v":0.285364538,"d":"0.29"},{"v":0,"d":"0.00"},{"v":0.905906425,"d":"0.91"},{"v":155.8159051,"d":"155.82"},{"v":16.18409494,"d":"16.18"},0,"0_32207003_2845",{"v":532.549712756999,"d":"532.55"},{"v":0,"d":"0.00"},{"v":16.18409494,"d":"16.18"},{"v":0,"d":"0.00"},"0_32207003_2845_205717","außerhalb GKL",{"v":7.29560923836,"d":"7.30"},{"v":0.0136993956876,"d":"0.01"},{"v":0.221712320429,"d":"0.22"}]
[3,323,32301,{"v":2061.22598599999,"d":"2,061.23"},3450,{"v":1.673761161,"d":"1.67"},"M",410,32301000,{"v":1139.98264541,"d":"1,139.98"},2141,{"v":1.878098766,"d":"1.88"},{"v":0,"d":"0.00"},{"v":0.921559671,"d":"0.92"},{"v":1973.05925499999,"d":"1,973.06"},{"v":167.940744899999,"d":"167.94"},0,"0_32301000_2932",{"v":918.496595137999,"d":"918.50"},{"v":0,"d":"0.00"},{"v":167.940744899999,"d":"167.94"},{"v":0,"d":"0.00"},"0_32301000_2932_206358","D",{"v":1.77437818914,"d":"1.77"},{"v":0.00193182881519,"d":"0.00"},{"v":0.324432770242,"d":"0.32"}]
[3,323,32307,{"v":254.600440099999,"d":"254.60"},4359,{"v":17.1209444799999,"d":"17.12"},"M",102,32307000,{"v":66.8321861499999,"d":"66.83"},1857,{"v":27.7860131,"d":"27.79"},{"v":0,"d":"0.00"},{"v":0.973029842,"d":"0.97"},{"v":1806.916416,"d":"1,806.92"},{"v":50.08358424,"d":"50.08"},0,"0_32307000_2944",{"v":26.6356204257999,"d":"26.64"},{"v":0,"d":"0.00"},{"v":50.08358424,"d":"50.08"},{"v":0,"d":"0.00"},"0_32307000_2944_206618","außerhalb GKL",{"v":0.00155618764012,"d":"0.00"},{"v":5.8425056944e-05,"d":"0.00"},{"v":0.00292613626119,"d":"0.00"}]
[3,323,32319,{"v":1829.908597,"d":"1,829.91"},3095,{"v":1.691341308,"d":"1.69"},"M",410,32319000,{"v":786.812818989999,"d":"786.81"},2352,{"v":2.98927514,"d":"2.99"},{"v":0,"d":"0.00"},{"v":0.921559671,"d":"0.92"},{"v":2167.508346,"d":"2,167.51"},{"v":184.491654399999,"d":"184.49"},0,"0_32319000_2968",{"v":619.703144227,"d":"619.70"},{"v":0,"d":"0.00"},{"v":184.491654399999,"d":"184.49"},{"v":0,"d":"0.00"},"0_32319000_2968_206991","B",{"v":0.183456979687,"d":"0.18"},{"v":0.000296040098225,"d":"0.00"},{"v":0.0546169274903,"d":"0.05"}]
[3,323,32327,{"v":1076.75968699999,"d":"1,076.76"},5172,{"v":4.803300181,"d":"4.80"},"M",102,32327002,{"v":643.550721915,"d":"643.55"},2153,{"v":3.345501647,"d":"3.35"},{"v":0,"d":"0.00"},{"v":0.973029842,"d":"0.97"},{"v":2094.933249,"d":"2,094.93"},{"v":58.06675114,"d":"58.07"},0,"0_32327002_2982",{"v":526.691527114999,"d":"526.69"},{"v":0,"d":"0.00"},{"v":58.06675114,"d":"58.07"},{"v":0,"d":"0.00"},"0_32327002_2982_207295","E",{"v":0.0443490289181,"d":"0.04"},{"v":8.4203042265e-05,"d":"0.00"},{"v":0.00488939710042,"d":"0.00"}]
[3,323,32332,{"v":3609.87767699999,"d":"3,609.88"},2042,{"v":0.565670137,"d":"0.57"},"M",410,32332001,{"v":681.954811145,"d":"681.95"},288,{"v":0.422315372,"d":"0.42"},{"v":0,"d":"0.00"},{"v":0.921559671,"d":"0.92"},{"v":265.4091852,"d":"265.41"},{"v":22.5908148299999,"d":"22.59"},0,"0_32332001_2987",{"v":627.250065963999,"d":"627.25"},{"v":0,"d":"0.00"},{"v":22.5908148299999,"d":"22.59"},{"v":0,"d":"0.00"},"0_32332001_2987_207471","D",{"v":6.97289313937,"d":"6.97"},{"v":0.0111166080607,"d":"0.01"},{"v":0.251133234237,"d":"0.25"}]
[3,325,32506,{"v":3415.780381,"d":"3,415.78"},854,{"v":0.250016074,"d":"0.25"},"M",420,32506000,{"v":1533.0840298,"d":"1,533.08"},565,{"v":0.368538181,"d":"0.37"},{"v":0,"d":"0.00"},{"v":0.920429496,"d":"0.92"},{"v":520.0426651,"d":"520.04"},{"v":44.95733485,"d":"44.96"},0,"0_32506000_3017",{"v":1455.94705431,"d":"1,455.95"},{"v":0,"d":"0.00"},{"v":44.95733485,"d":"44.96"},{"v":0,"d":"0.00"},"0_32506000_3017_207928","außerhalb GKL",{"v":1355.12805847999,"d":"1,355.13"},{"v":0.930753666123,"d":"0.93"},{"v":41.8442042308,"d":"41.84"}]
[3,325,32520,{"v":10426.7602499999,"d":"10,426.76"},917,{"v":0.087946781,"d":"0.09"},"M",430,32520001,{"v":1439.83817238,"d":"1,439.84"},285,{"v":0.197938911,"d":"0.20"},{"v":0,"d":"0.00"},{"v":0.905906425,"d":"0.91"},{"v":258.183331099999,"d":"258.18"},{"v":26.81666894,"d":"26.82"},0,"0_32520001_3062",{"v":1382.27225275999,"d":"1,382.27"},{"v":0,"d":"0.00"},{"v":26.81666894,"d":"26.82"},{"v":0,"d":"0.00"},"0_32520001_3062_208232","G",{"v":0.281232714563,"d":"0.28"},{"v":2.03456818294E-4,"d":"0.00"},{"v":0.00545603413978,"d":"0.01"}]
[3,325,32525,{"v":5855.77753699999,"d":"5,855.78"},2017,{"v":0.344446145,"d":"0.34"},"M",420,32525005,{"v":549.748237164999,"d":"549.75"},231,{"v":0.420192343,"d":"0.42"},{"v":0,"d":"0.00"},{"v":0.920429496,"d":"0.92"},{"v":212.6192135,"d":"212.62"},{"v":18.3807864599999,"d":"18.38"},0,"0_32525005_3090",{"v":503.807313525999,"d":"503.81"},{"v":0,"d":"0.00"},{"v":18.3807864599999,"d":"18.38"},{"v":0,"d":"0.00"},"0_32525005_3090_208404","außerhalb GKL",{"v":2.7926073454E-5,"d":"0.00"},{"v":5.5430068e-08,"d":"0.00"},{"v":1.018848236e-06,"d":"0.00"}]
[4,401,40101,{"v":9598.609581,"d":"9,598.61"},206595,{"v":21.5234298499999,"d":"21.52"},"SR",101,40101037,{"v":39.8106093617,"d":"39.81"},968,{"v":24.3151264299999,"d":"24.32"},{"v":0,"d":"0.00"},{"v":0.965932983,"d":"0.97"},{"v":935.023127599999,"d":"935.02"},{"v":32.97687243,"d":"32.98"},0,"0_40101037_3135",{"v":29.6039002700999,"d":"29.60"},{"v":0,"d":"0.00"},{"v":32.97687243,"d":"32.98"},{"v":0,"d":"0.00"},"0_40101037_3135_208865","B",{"v":0.334255579097,"d":"0.33"},{"v":0.0112909304533,"d":"0.01"},{"v":0.372339573174,"d":"0.37"}]
[4,401,40101,{"v":9598.609581,"d":"9,598.61"},206595,{"v":21.5234298499999,"d":"21.52"},"SR",101,40101166,{"v":9.39780007363999,"d":"9.40"},411,{"v":43.7336394499999,"d":"43.73"},{"v":0,"d":"0.00"},{"v":0.965932983,"d":"0.97"},{"v":396.998455999999,"d":"397.00"},{"v":14.0015439799999,"d":"14.00"},0,"0_40101166_3184",{"v":3.32376358017,"d":"3.32"},{"v":0,"d":"0.00"},{"v":14.0015439799999,"d":"14.00"},{"v":0,"d":"0.00"},"0_40101166_3184_209195","B",{"v":0.0582976330282,"d":"0.06"},{"v":0.0175396449302,"d":"0.02"},{"v":0.245582109884,"d":"0.25"}]
[4,401,40101,{"v":9598.609581,"d":"9,598.61"},206595,{"v":21.5234298499999,"d":"21.52"},"SR",101,40101380,{"v":9.67432850516,"d":"9.67"},355,{"v":36.6950532899999,"d":"36.70"},{"v":0,"d":"0.00"},{"v":0.965932983,"d":"0.97"},{"v":342.906208999999,"d":"342.91"},{"v":12.09379103,"d":"12.09"},0,"0_40101380_3247",{"v":2.49556295516,"d":"2.50"},{"v":0,"d":"0.00"},{"v":12.09379103,"d":"12.09"},{"v":0,"d":"0.00"},"0_40101380_3247_209673","E",{"v":0.000593408754514,"d":"0.00"},{"v":2.37785527825E-4,"d":"0.00"},{"v":0.00287572848347,"d":"0.00"}]
[4,401,40101,{"v":9598.609581,"d":"9,598.61"},206595,{"v":21.5234298499999,"d":"21.52"},"SR",101,40101442,{"v":175.738868865,"d":"175.74"},904,{"v":5.143995781,"d":"5.14"},{"v":0,"d":"0.00"},{"v":0.965932983,"d":"0.97"},{"v":873.2034167,"d":"873.20"},{"v":30.79658334,"d":"30.80"},0,"0_40101442_3262",{"v":128.225110274,"d":"128.23"},{"v":0,"d":"0.00"},{"v":30.79658334,"d":"30.80"},{"v":0,"d":"0.00"},"0_40101442_3262_209802","C",{"v":0.781312312461,"d":"0.78"},{"v":0.00609328633675,"d":"0.01"},{"v":0.187652400484,"d":"0.19"}]
[4,401,40101,{"v":9598.609581,"d":"9,598.61"},206595,{"v":21.5234298499999,"d":"21.52"},"SR",101,40101491,{"v":606.4286921,"d":"606.43"},1296,{"v":2.137102048,"d":"2.14"},{"v":0,"d":"0.00"},{"v":0.965932983,"d":"0.97"},{"v":1251.849146,"d":"1,251.85"},{"v":44.150854,"d":"44.15"},0,"0_40101491_3288",{"v":545.659957847999,"d":"545.66"},{"v":0,"d":"0.00"},{"v":44.150854,"d":"44.15"},{"v":0,"d":"0.00"},"0_40101491_3288_210132","C",{"v":6.55140682685E-3,"d":"0.01"},{"v":1.2006391036e-05,"d":"0.00"},{"v":0.000530092417715,"d":"0.00"}]
[4,401,40101,{"v":9598.609581,"d":"9,598.61"},206595,{"v":21.5234298499999,"d":"21.52"},"SR",101,40101665,{"v":67.3069288611,"d":"67.31"},501,{"v":7.443513,"d":"7.44"},{"v":0,"d":"0.00"},{"v":0.965932983,"d":"0.97"},{"v":483.9324245,"d":"483.93"},{"v":17.0675755,"d":"17.07"},0,"0_40101665_3336",{"v":55.4636265988999,"d":"55.46"},{"v":0,"d":"0.00"},{"v":17.0675755,"d":"17.07"},{"v":0,"d":"0.00"},"0_40101665_3336_210606","B",{"v":0.721457251159,"d":"0.72"},{"v":0.0130077547286,"d":"0.01"},{"v":0.222010835916,"d":"0.22"}]
[4,402,40201,{"v":2654.047046,"d":"2,654.05"},38056,{"v":14.3388566,"d":"14.34"},"SR",102,40201094,{"v":1.549752845,"d":"1.55"},288,{"v":185.836084099999,"d":"185.84"},{"v":0,"d":"0.00"},{"v":0.973029842,"d":"0.97"},{"v":0,"d":"0.00"},{"v":288,"d":"288.00"},0,"0_40201094_3380",{"v":1.54975284498,"d":"1.55"},{"v":0,"d":"0.00"},{"v":288,"d":"288.00"},{"v":0,"d":"0.00"},"0_40201094_3380_211076","D",{"v":1.54975284498,"d":"1.55"},{"v":1,"d":"1.00"},{"v":288,"d":"288.00"}]
[4,403,40301,{"v":4588.188916,"d":"4,588.19"},62470,{"v":13.61539404,"d":"13.62"},"SR",102,40301029,{"v":51.9516321649999,"d":"51.95"},4393,{"v":84.5594222299999,"d":"84.56"},{"v":0,"d":"0.00"},{"v":0.973029842,"d":"0.97"},{"v":4274.520094,"d":"4,274.52"},{"v":118.479906099999,"d":"118.48"},0,"0_40301029_3414",{"v":11.441498963,"d":"11.44"},{"v":0,"d":"0.00"},{"v":118.479906099999,"d":"118.48"},{"v":0,"d":"0.00"},"0_40301029_3414_211406","E",{"v":0.284411634337,"d":"0.28"},{"v":0.0248578997609,"d":"0.02"},{"v":2.94516162951,"d":"2.95"}]
[4,403,40301,{"v":4588.188916,"d":"4,588.19"},62470,{"v":13.61539404,"d":"13.62"},"SR",102,40301061,{"v":29.54672658,"d":"29.55"},400,{"v":13.5378786899999,"d":"13.54"},{"v":0,"d":"0.00"},{"v":0.973029842,"d":"0.97"},{"v":389.2119366,"d":"389.21"},{"v":10.78806338,"d":"10.79"},0,"0_40301061_3425",{"v":13.3423094833999,"d":"13.34"},{"v":0,"d":"0.00"},{"v":10.78806338,"d":"10.79"},{"v":0,"d":"0.00"},"0_40301061_3425_211539","D",{"v":0.0175071135924,"d":"0.02"},{"v":0.00131215016517,"d":"0.00"},{"v":0.0141555591459,"d":"0.01"}]
[4,403,40301,{"v":4588.188916,"d":"4,588.19"},62470,{"v":13.61539404,"d":"13.62"},"SR",102,40301162,{"v":261.509434225,"d":"261.51"},310,{"v":1.185425684,"d":"1.19"},{"v":0,"d":"0.00"},{"v":0.973029842,"d":"0.97"},{"v":301.639250899999,"d":"301.64"},{"v":8.36074911899999,"d":"8.36"},0,"0_40301162_3451",{"v":221.258474024999,"d":"221.26"},{"v":0,"d":"0.00"},{"v":8.36074911899999,"d":"8.36"},{"v":0,"d":"0.00"},"0_40301162_3451_212039","G",{"v":0.172238888062,"d":"0.17"},{"v":0.000778451034795,"d":"0.00"},{"v":0.00650843380335,"d":"0.01"}]
[4,405,40503,{"v":280.681771099999,"d":"280.68"},4259,{"v":15.17376773,"d":"15.17"},"ST",210,40503004,{"v":91.01133839,"d":"91.01"},977,{"v":10.7349261899999,"d":"10.73"},{"v":0,"d":"0.00"},{"v":0.955942851,"d":"0.96"},{"v":933.9561658,"d":"933.96"},{"v":43.04383423,"d":"43.04"},0,"0_40503004_3544",{"v":54.0997974706999,"d":"54.10"},{"v":0,"d":"0.00"},{"v":43.04383423,"d":"43.04"},{"v":0,"d":"0.00"},"0_40503004_3544_212343","F",{"v":6.74579051029,"d":"6.75"},{"v":0.124691603771,"d":"0.12"},{"v":5.36720472259,"d":"5.37"}]
[4,405,40506,{"v":3903.554449,"d":"3,903.55"},4073,{"v":1.043408015,"d":"1.04"}," ",410,40506000,{"v":373.21214393,"d":"373.21"},1733,{"v":4.643471624,"d":"4.64"},{"v":0,"d":"0.00"},{"v":0.921559671,"d":"0.92"},{"v":1597.06290899999,"d":"1,597.06"},{"v":135.9370906,"d":"135.94"},0,"0_40506000_3547",{"v":224.054513025999,"d":"224.05"},{"v":0,"d":"0.00"},{"v":135.9370906,"d":"135.94"},{"v":0,"d":"0.00"},"0_40506000_3547_212472","G",{"v":2.13344388307E-3,"d":"0.00"},{"v":9.521985763e-06,"d":"0.00"},{"v":0.0012943910413,"d":"0.00"}]
[4,405,40512,{"v":2878.44895799999,"d":"2,878.45"},1614,{"v":0.560718645,"d":"0.56"}," ",420,40512000,{"v":2878.44895753999,"d":"2,878.45"},1614,{"v":0.560718645,"d":"0.56"},{"v":0,"d":"0.00"},{"v":0.920429496,"d":"0.92"},{"v":1485.573206,"d":"1,485.57"},{"v":128.426793699999,"d":"128.43"},0,"0_40512000_3556",{"v":2794.18858550999,"d":"2,794.19"},{"v":0,"d":"0.00"},{"v":128.426793699999,"d":"128.43"},{"v":0,"d":"0.00"},"0_40512000_3556_212976","F",{"v":8.7680076385,"d":"8.77"},{"v":0.00313794411872,"d":"0.00"},{"v":0.402996101977,"d":"0.40"}]
[4,406,40604,{"v":1504.65564599999,"d":"1,504.66"},2764,{"v":1.83696516,"d":"1.84"},"M",310,40604000,{"v":1504.6556459,"d":"1,504.66"},2764,{"v":1.83696516,"d":"1.84"},{"v":0,"d":"0.00"},{"v":0.969116244,"d":"0.97"},{"v":2678.637297,"d":"2,678.64"},{"v":85.3627025499999,"d":"85.36"},0,"0_40604000_3564",{"v":1296.33676842999,"d":"1,296.34"},{"v":0,"d":"0.00"},{"v":85.3627025499999,"d":"85.36"},{"v":0,"d":"0.00"},"0_40604000_3564_213280","E",{"v":1.01634314896,"d":"1.02"},{"v":0.000784011665573,"d":"0.00"},{"v":0.066925354604,"d":"0.07"}]
[4,406,40612,{"v":4666.791769,"d":"4,666.79"},3173,{"v":0.679910345,"d":"0.68"},"M",310,40612000,{"v":1676.31672314,"d":"1,676.32"},2030,{"v":1.210988336,"d":"1.21"},{"v":0,"d":"0.00"},{"v":0.969116244,"d":"0.97"},{"v":1967.30597499999,"d":"1,967.31"},{"v":62.69402539,"d":"62.69"},0,"0_40612000_3577",{"v":1511.23348317,"d":"1,511.23"},{"v":0,"d":"0.00"},{"v":62.69402539,"d":"62.69"},{"v":0,"d":"0.00"},"0_40612000_3577_213661","F",{"v":1.80231101528,"d":"1.80"},{"v":1.19260923964E-3,"d":"0.00"},{"v":0.0747694739503,"d":"0.07"}]
[4,406,40617,{"v":3500.71516999999,"d":"3,500.72"},1370,{"v":0.391348605,"d":"0.39"},"M",330,40617000,{"v":3500.71517024,"d":"3,500.72"},1370,{"v":0.391348605,"d":"0.39"},{"v":0,"d":"0.00"},{"v":0.990672016,"d":"0.99"},{"v":1357.22066199999,"d":"1,357.22"},{"v":12.77933801,"d":"12.78"},0,"0_40617000_3586",{"v":3381.52916619999,"d":"3,381.53"},{"v":0,"d":"0.00"},{"v":12.77933801,"d":"12.78"},{"v":0,"d":"0.00"},"0_40617000_3586_213913","außerhalb GKL",{"v":0.699015605361,"d":"0.70"},{"v":2.06715829143E-4,"d":"0.00"},{"v":2.64169145264E-3,"d":"0.00"}]
[4,406,40622,{"v":1142.15269499999,"d":"1,142.15"},2181,{"v":1.909552032,"d":"1.91"}," ",310,40622000,{"v":1142.15269499,"d":"1,142.15"},2181,{"v":1.909552032,"d":"1.91"},{"v":0,"d":"0.00"},{"v":0.969116244,"d":"0.97"},{"v":2113.64252699999,"d":"2,113.64"},{"v":67.3574725999999,"d":"67.36"},0,"0_40622000_3595",{"v":964.108944611999,"d":"964.11"},{"v":0,"d":"0.00"},{"v":67.3574725999999,"d":"67.36"},{"v":0,"d":"0.00"},"0_40622000_3595_214217","D",{"v":12.6120322344,"d":"12.61"},{"v":0.0130815426046,"d":"0.01"},{"v":0.881139647555,"d":"0.88"}]
[4,407,40701,{"v":7876.912575,"d":"7,876.91"},9856,{"v":1.251251668,"d":"1.25"},"M",102,40701002,{"v":644.986794274999,"d":"644.99"},1266,{"v":1.962830885,"d":"1.96"},{"v":0,"d":"0.00"},{"v":0.973029842,"d":"0.97"},{"v":1231.85577899999,"d":"1,231.86"},{"v":34.1442205999999,"d":"34.14"},0,"0_40701002_3605",{"v":552.878878983,"d":"552.88"},{"v":0,"d":"0.00"},{"v":34.1442205999999,"d":"34.14"},{"v":0,"d":"0.00"},"0_40701002_3605_214594","F",{"v":0.081006081521,"d":"0.08"},{"v":1.46516867618E-4,"d":"0.00"},{"v":0.00500270424957,"d":"0.01"}]
[4,407,40703,{"v":16305.55282,"d":"16,305.55"},14070,{"v":0.862896227,"d":"0.86"},"ST",220,40703021,{"v":5316.51348157,"d":"5,316.51"},1179,{"v":0.221761875,"d":"0.22"},{"v":0,"d":"0.00"},{"v":0.975109986,"d":"0.98"},{"v":1149.6546739999999,"d":"1,149.65"},{"v":29.34532634,"d":"29.35"},0,"0_40703021_3623",{"v":5218.03911744,"d":"5,218.04"},{"v":0,"d":"0.00"},{"v":29.34532634,"d":"29.35"},{"v":0,"d":"0.00"},"0_40703021_3623_214850","G",{"v":22.0522445287999,"d":"22.05"},{"v":0.00422615546424,"d":"0.00"},{"v":0.124017911262,"d":"0.12"}]
[4,407,40705,{"v":6356.13441899999,"d":"6,356.13"},13275,{"v":2.088533553,"d":"2.09"},"ST",102,40705012,{"v":1347.56660108999,"d":"1,347.57"},1499,{"v":1.112375447,"d":"1.11"},{"v":0,"d":"0.00"},{"v":0.973029842,"d":"0.97"},{"v":1458.571732,"d":"1,458.57"},{"v":40.4282675199999,"d":"40.43"},0,"0_40705012_3638",{"v":1252.54379145999,"d":"1,252.54"},{"v":0,"d":"0.00"},{"v":40.4282675199999,"d":"40.43"},{"v":0,"d":"0.00"},"0_40705012_3638_215154","F",{"v":2.23120588142,"d":"2.23"},{"v":1.78133961993E-3,"d":"0.00"},{"v":0.0720164746985,"d":"0.07"}]
[4,407,40710,{"v":2836.58685199999,"d":"2,836.59"},2188,{"v":0.771349553,"d":"0.77"}," ",410,40710000,{"v":2836.58685225999,"d":"2,836.59"},2188,{"v":0.771349553,"d":"0.77"},{"v":0,"d":"0.00"},{"v":0.921559671,"d":"0.92"},{"v":2016.37256,"d":"2,016.37"},{"v":171.6274404,"d":"171.63"},0,"0_40710000_3653",{"v":2692.51405492999,"d":"2,692.51"},{"v":0,"d":"0.00"},{"v":171.6274404,"d":"171.63"},{"v":0,"d":"0.00"},"0_40710000_3653_215527","E",{"v":0.656142569138,"d":"0.66"},{"v":2.43691418411E-4,"d":"0.00"},{"v":0.0418241343893,"d":"0.04"}]
[4,407,40717,{"v":5643.02530599999,"d":"5,643.03"},2802,{"v":0.496542165,"d":"0.50"},"M",420,40717001,{"v":3084.18081104,"d":"3,084.18"},1514,{"v":0.490892102,"d":"0.49"},{"v":0,"d":"0.00"},{"v":0.920429496,"d":"0.92"},{"v":1393.53025699999,"d":"1,393.53"},{"v":120.4697433,"d":"120.47"},0,"0_40717001_3669",{"v":2935.20320681,"d":"2,935.20"},{"v":0,"d":"0.00"},{"v":120.4697433,"d":"120.47"},{"v":0,"d":"0.00"},"0_40717001_3669_216124","G",{"v":0.264437988454,"d":"0.26"},{"v":9.0091884555e-05,"d":"0.00"},{"v":0.0108533462058,"d":"0.01"}]
[4,407,40720,{"v":4775.226219,"d":"4,775.23"},7524,{"v":1.575632159,"d":"1.58"},"M",410,40720004,{"v":1528.31371557,"d":"1,528.31"},1702,{"v":1.113645702,"d":"1.11"},{"v":0,"d":"0.00"},{"v":0.921559671,"d":"0.92"},{"v":1568.49456,"d":"1,568.49"},{"v":133.505440399999,"d":"133.51"},0,"0_40720004_3679",{"v":1378.13895198999,"d":"1,378.14"},{"v":0,"d":"0.00"},{"v":133.505440399999,"d":"133.51"},{"v":0,"d":"0.00"},"0_40720004_3679_216454","außerhalb GKL",{"v":10.0011602912,"d":"10.00"},{"v":0.00725700429319,"d":"0.01"},{"v":0.968849554147,"d":"0.97"}]
[4,408,40808,{"v":1174.232727,"d":"1,174.23"},4987,{"v":4.247028623,"d":"4.25"},"ST",210,40808000,{"v":96.1132310351,"d":"96.11"},1204,{"v":12.52689132,"d":"12.53"},{"v":0,"d":"0.00"},{"v":0.955942851,"d":"0.96"},{"v":1150.955193,"d":"1,150.96"},{"v":53.04480697,"d":"53.04"},0,"0_40808000_3692",{"v":23.4948296604999,"d":"23.49"},{"v":0,"d":"0.00"},{"v":53.04480697,"d":"53.04"},{"v":0,"d":"0.00"},"0_40808000_3692_216796","G",{"v":0.0825300539421,"d":"0.08"},{"v":0.00351269003158,"d":"0.00"},{"v":0.186329964671,"d":"0.19"}]
[4,408,40812,{"v":2670.508286,"d":"2,670.51"},2509,{"v":0.939521518,"d":"0.94"}," ",420,40812001,{"v":2384.79301563999,"d":"2,384.79"},1141,{"v":0.478448231,"d":"0.48"},{"v":0,"d":"0.00"},{"v":0.920429496,"d":"0.92"},{"v":1050.210055,"d":"1,050.21"},{"v":90.78994525,"d":"90.79"},0,"0_40812001_3701",{"v":2243.42550342,"d":"2,243.43"},{"v":0,"d":"0.00"},{"v":90.78994525,"d":"90.79"},{"v":0,"d":"0.00"},"0_40812001_3701_217061","F",{"v":0.207177357281,"d":"0.21"},{"v":9.2348668126e-05,"d":"0.00"},{"v":0.00838433052308,"d":"0.01"}]
[4,408,40825,{"v":1141.397427,"d":"1,141.40"},1340,{"v":1.173999492,"d":"1.17"}," ",410,40825000,{"v":1141.39742746999,"d":"1,141.40"},1340,{"v":1.173999492,"d":"1.17"},{"v":0,"d":"0.00"},{"v":0.921559671,"d":"0.92"},{"v":1234.889959,"d":"1,234.89"},{"v":105.110041199999,"d":"105.11"},0,"0_40825000_3715",{"v":1073.77343019999,"d":"1,073.77"},{"v":0,"d":"0.00"},{"v":105.110041199999,"d":"105.11"},{"v":0,"d":"0.00"},"0_40825000_3715_217391","F",{"v":6.11694415728,"d":"6.12"},{"v":5.69668049631E-3,"d":"0.01"},{"v":0.59877832167,"d":"0.60"}]
[4,408,40831,{"v":3424.03720999999,"d":"3,424.04"},3715,{"v":1.084976527,"d":"1.08"},"M",420,40831001,{"v":1574.4683588,"d":"1,574.47"},907,{"v":0.576067467,"d":"0.58"},{"v":0,"d":"0.00"},{"v":0.920429496,"d":"0.92"},{"v":834.8295527,"d":"834.83"},{"v":72.1704472699999,"d":"72.17"},0,"0_40831001_3723",{"v":1493.97928170999,"d":"1,493.98"},{"v":0,"d":"0.00"},{"v":72.1704472699999,"d":"72.17"},{"v":0,"d":"0.00"},"0_40831001_3723_217729","D",{"v":12.3934790639999,"d":"12.39"},{"v":0.00829561642235,"d":"0.01"},{"v":0.598698347581,"d":"0.60"}]
[4,408,40833,{"v":1745.542104,"d":"1,745.54"},1688,{"v":0.967034823,"d":"0.97"}," ",410,40833000,{"v":1745.54210373,"d":"1,745.54"},1688,{"v":0.967034823,"d":"0.97"},{"v":0,"d":"0.00"},{"v":0.921559671,"d":"0.92"},{"v":1555.592724,"d":"1,555.59"},{"v":132.4072758,"d":"132.41"},0,"0_40833000_3727",{"v":1604.11701343999,"d":"1,604.12"},{"v":0,"d":"0.00"},{"v":132.4072758,"d":"132.41"},{"v":0,"d":"0.00"},"0_40833000_3727_217998","G",{"v":43.8369855553999,"d":"43.84"},{"v":0.0273277979026,"d":"0.03"},{"v":3.6183992739,"d":"3.62"}]
[4,409,40905,{"v":277.685627,"d":"277.69"},4559,{"v":16.4178465,"d":"16.42"},"ST",210,40905002,{"v":117.27679663,"d":"117.28"},1706,{"v":14.5467820499999,"d":"14.55"},{"v":0,"d":"0.00"},{"v":0.955942851,"d":"0.96"},{"v":1630.838504,"d":"1,630.84"},{"v":75.16149559,"d":"75.16"},0,"0_40905002_3741",{"v":47.1382779236,"d":"47.14"},{"v":0,"d":"0.00"},{"v":75.16149559,"d":"75.16"},{"v":0,"d":"0.00"},"0_40905002_3741_218328","G",{"v":17.6706044579,"d":"17.67"},{"v":0.374867416382,"d":"0.37"},{"v":28.1755956631999,"d":"28.18"}]
[4,409,40908,{"v":5030.92150399999,"d":"5,030.92"},5878,{"v":1.168374421,"d":"1.17"},"M",210,40908002,{"v":3968.59142074,"d":"3,968.59"},1707,{"v":0.430127423,"d":"0.43"},{"v":0,"d":"0.00"},{"v":0.955942851,"d":"0.96"},{"v":1631.79444699999,"d":"1,631.79"},{"v":75.20555274,"d":"75.21"},0,"0_40908002_3751",{"v":3788.24178471,"d":"3,788.24"},{"v":0,"d":"0.00"},{"v":75.20555274,"d":"75.21"},{"v":0,"d":"0.00"},"0_40908002_3751_218662","G",{"v":0.00502233580194,"d":"0.01"},{"v":1.325769602e-06,"d":"0.00"},{"v":9.97052357e-05,"d":"0.00"}]
[4,409,40913,{"v":3115.934189,"d":"3,115.93"},2785,{"v":0.893792947,"d":"0.89"}," ",410,40913000,{"v":1439.86781795999,"d":"1,439.87"},1757,{"v":1.220250899,"d":"1.22"},{"v":0,"d":"0.00"},{"v":0.921559671,"d":"0.92"},{"v":1619.18034099999,"d":"1,619.18"},{"v":137.8196585,"d":"137.82"},0,"0_40913000_3760",{"v":1289.12679073,"d":"1,289.13"},{"v":0,"d":"0.00"},{"v":137.8196585,"d":"137.82"},{"v":0,"d":"0.00"},"0_40913000_3760_218961","F",{"v":1.25456765652,"d":"1.25"},{"v":9.73191826856E-4,"d":"0.00"},{"v":0.134124965232,"d":"0.13"}]
[4,409,40922,{"v":3155.833754,"d":"3,155.83"},2978,{"v":0.943649201,"d":"0.94"},"M",410,40922001,{"v":3007.27915055999,"d":"3,007.28"},1749,{"v":0.581588842,"d":"0.58"},{"v":0,"d":"0.00"},{"v":0.921559671,"d":"0.92"},{"v":1611.807864,"d":"1,611.81"},{"v":137.1921359,"d":"137.19"},0,"0_40922001_3773",{"v":2907.61886017999,"d":"2,907.62"},{"v":0,"d":"0.00"},{"v":137.1921359,"d":"137.19"},{"v":0,"d":"0.00"},"0_40922001_3773_219265","E",{"v":1.33543582306,"d":"1.34"},{"v":0.000459288471866,"d":"0.00"},{"v":0.0630107664495,"d":"0.06"}]
[4,410,41002,{"v":3133.01356799999,"d":"3,133.01"},17092,{"v":5.45545036,"d":"5.46"},"ST",101,41002020,{"v":372.510221624999,"d":"372.51"},2446,{"v":6.566262771,"d":"6.57"},{"v":0,"d":"0.00"},{"v":0.965932983,"d":"0.97"},{"v":2362.67207599999,"d":"2,362.67"},{"v":83.32792351,"d":"83.33"},0,"0_41002020_3788",{"v":261.908216832999,"d":"261.91"},{"v":0,"d":"0.00"},{"v":83.32792351,"d":"83.33"},{"v":0,"d":"0.00"},"0_41002020_3788_219595","E",{"v":18.5021343833,"d":"18.50"},{"v":0.070643581202,"d":"0.07"},{"v":5.88658293087,"d":"5.89"}]
[4,410,41005,{"v":3303.859448,"d":"3,303.86"},11940,{"v":3.61395519,"d":"3.61"},"ST",103,41005006,{"v":1332.51680927,"d":"1,332.52"},1200,{"v":0.900551491,"d":"0.90"},{"v":0,"d":"0.00"},{"v":0.975480312,"d":"0.98"},{"v":1170.57637399999,"d":"1,170.58"},{"v":29.42362564,"d":"29.42"},0,"0_41005006_3800",{"v":1235.44430742,"d":"1,235.44"},{"v":0,"d":"0.00"},{"v":29.42362564,"d":"29.42"},{"v":0,"d":"0.00"},"0_41005006_3800_219898","G",{"v":9.67047026465,"d":"9.67"},{"v":0.00782752424093,"d":"0.01"},{"v":0.230314142953,"d":"0.23"}]
[4,410,41008,{"v":1389.88612899999,"d":"1,389.89"},1948,{"v":1.401553667,"d":"1.40"}," ",310,41008000,{"v":1389.88612858,"d":"1,389.89"},1948,{"v":1.401553667,"d":"1.40"},{"v":0,"d":"0.00"},{"v":0.969116244,"d":"0.97"},{"v":1887.838443,"d":"1,887.84"},{"v":60.1615573699999,"d":"60.16"},0,"0_41008000_3809",{"v":1235.96242417,"d":"1,235.96"},{"v":0,"d":"0.00"},{"v":60.1615573699999,"d":"60.16"},{"v":0,"d":"0.00"},"0_41008000_3809_220202","F",{"v":0.000155107112758,"d":"0.00"},{"v":1.25495007E-7,"d":"0.00"},{"v":7.549975048e-06,"d":"0.00"}]
[4,410,41012,{"v":2403.07490599999,"d":"2,403.07"},28929,{"v":12.03832637,"d":"12.04"},"ST",101,41012060,{"v":596.125226285,"d":"596.13"},1445,{"v":2.423987337,"d":"2.42"},{"v":0,"d":"0.00"},{"v":0.965932983,"d":"0.97"},{"v":1395.77315999999,"d":"1,395.77"},{"v":49.2268395199999,"d":"49.23"},0,"0_41012060_3831",{"v":515.968388534,"d":"515.97"},{"v":0,"d":"0.00"},{"v":49.2268395199999,"d":"49.23"},{"v":0,"d":"0.00"},"0_41012060_3831_220784","außerhalb GKL",{"v":0.498235722722,"d":"0.50"},{"v":0.000965632263127,"d":"0.00"},{"v":0.0475350244523,"d":"0.05"}]
[4,410,41014,{"v":1796.43756699999,"d":"1,796.44"},6637,{"v":3.694534183,"d":"3.69"},"M",310,41014001,{"v":124.295005075,"d":"124.30"},2016,{"v":16.2194771899999,"d":"16.22"},{"v":0,"d":"0.00"},{"v":0.969116244,"d":"0.97"},{"v":1953.73834699999,"d":"1,953.74"},{"v":62.2616528,"d":"62.26"},0,"0_41014001_3841",{"v":19.9917987408999,"d":"19.99"},{"v":0,"d":"0.00"},{"v":62.2616528,"d":"62.26"},{"v":0,"d":"0.00"},"0_41014001_3841_221172","C",{"v":1.5468900884E-3,"d":"0.00"},{"v":7.7376233547e-05,"d":"0.00"},{"v":0.00481757218808,"d":"0.00"}]
[4,410,41017,{"v":1247.117592,"d":"1,247.12"},7629,{"v":6.117306056,"d":"6.12"}," ",101,41017002,{"v":44.0147582649999,"d":"44.01"},1301,{"v":29.5582675299999,"d":"29.56"},{"v":0,"d":"0.00"},{"v":0.965932983,"d":"0.97"},{"v":1256.67881099999,"d":"1,256.68"},{"v":44.32118908,"d":"44.32"},0,"0_41017002_3848",{"v":7.60191514783,"d":"7.60"},{"v":0,"d":"0.00"},{"v":44.32118908,"d":"44.32"},{"v":0,"d":"0.00"},"0_41017002_3848_221476","C",{"v":0.457782603225,"d":"0.46"},{"v":0.060219378186,"d":"0.06"},{"v":2.66899444686,"d":"2.67"}]
[4,410,41020,{"v":3759.124409,"d":"3,759.12"},4828,{"v":1.284341638,"d":"1.28"}," ",310,41020002,{"v":950.897437664999,"d":"950.90"},1714,{"v":1.802507749,"d":"1.80"},{"v":0,"d":"0.00"},{"v":0.969116244,"d":"0.97"},{"v":1661.06524199999,"d":"1,661.07"},{"v":52.9347583799999,"d":"52.93"},0,"0_41020002_3856",{"v":845.679523298,"d":"845.68"},{"v":0,"d":"0.00"},{"v":52.9347583799999,"d":"52.93"},{"v":0,"d":"0.00"},"0_41020002_3856_221717","D",{"v":4.4752837957,"d":"4.48"},{"v":0.00529193822531,"d":"0.01"},{"v":0.280127471319,"d":"0.28"}]
[4,410,41021,{"v":1548.79343799999,"d":"1,548.79"},24756,{"v":15.98405533,"d":"15.98"},"ST",101,41021025,{"v":55.35573638,"d":"55.36"},1351,{"v":24.40578138,"d":"24.41"},{"v":0,"d":"0.00"},{"v":0.965932983,"d":"0.97"},{"v":1304.97546,"d":"1,304.98"},{"v":46.02453993,"d":"46.02"},0,"0_41021025_3876",{"v":29.6808805725,"d":"29.68"},{"v":0,"d":"0.00"},{"v":46.02453993,"d":"46.02"},{"v":0,"d":"0.00"},"0_41021025_3876_222109","B",{"v":0.139866270726,"d":"0.14"},{"v":0.00471233561903,"d":"0.00"},{"v":0.216883078862,"d":"0.22"}]
[4,410,41022,{"v":2998.87870599999,"d":"2,998.88"},5919,{"v":1.973737714,"d":"1.97"},"M",310,41022003,{"v":371.259984579999,"d":"371.26"},1401,{"v":3.773635884,"d":"3.77"},{"v":0,"d":"0.00"},{"v":0.969116244,"d":"0.97"},{"v":1357.73185699999,"d":"1,357.73"},{"v":43.26814265,"d":"43.27"},0,"0_41022003_3882",{"v":272.252967497999,"d":"272.25"},{"v":0,"d":"0.00"},{"v":43.26814265,"d":"43.27"},{"v":0,"d":"0.00"},"0_41022003_3882_222413","E",{"v":0.000274436430388,"d":"0.00"},{"v":1.008019978E-6,"d":"0.00"},{"v":4.3615152215e-05,"d":"0.00"}]
[4,411,41105,{"v":1841.94499199999,"d":"1,841.94"},2910,{"v":1.579851739,"d":"1.58"},"ST",410,41105001,{"v":276.544542079999,"d":"276.54"},1564,{"v":5.65550847,"d":"5.66"},{"v":0,"d":"0.00"},{"v":0.921559671,"d":"0.92"},{"v":1441.31932499999,"d":"1,441.32"},{"v":122.680674999999,"d":"122.68"},0,"0_41105001_3888",{"v":177.208873632999,"d":"177.21"},{"v":0,"d":"0.00"},{"v":122.680674999999,"d":"122.68"},{"v":0,"d":"0.00"},"0_41105001_3888_222650","G",{"v":0.020580720567,"d":"0.02"},{"v":1.16138205413E-4,"d":"0.00"},{"v":0.0142479134334,"d":"0.01"}]
[4,411,41110,{"v":1687.348162,"d":"1,687.35"},4279,{"v":2.535931882,"d":"2.54"},"M",310,41110002,{"v":490.975516299999,"d":"490.98"},692,{"v":1.409438917,"d":"1.41"},{"v":0,"d":"0.00"},{"v":0.969116244,"d":"0.97"},{"v":670.628440599999,"d":"670.63"},{"v":21.37155939,"d":"21.37"},0,"0_41110002_3900",{"v":453.112670419999,"d":"453.11"},{"v":0,"d":"0.00"},{"v":21.37155939,"d":"21.37"},{"v":0,"d":"0.00"},"0_41110002_3900_223046","F",{"v":0.0107267045728,"d":"0.01"},{"v":2.3673371488e-05,"d":"0.00"},{"v":0.000505936864719,"d":"0.00"}]
[4,411,41116,{"v":2646.01932399999,"d":"2,646.02"},8837,{"v":3.339733736,"d":"3.34"},"ST",210,41116001,{"v":220.14770264,"d":"220.15"},2598,{"v":11.80116789,"d":"11.80"},{"v":0,"d":"0.00"},{"v":0.955942851,"d":"0.96"},{"v":2483.53952799999,"d":"2,483.54"},{"v":114.460472199999,"d":"114.46"},0,"0_41116001_3910",{"v":67.9289168103999,"d":"67.93"},{"v":0,"d":"0.00"},{"v":114.460472199999,"d":"114.46"},{"v":0,"d":"0.00"},"0_41116001_3910_223376","außerhalb GKL",{"v":1.41573556848,"d":"1.42"},{"v":0.0208414271117,"d":"0.02"},{"v":2.38551958853,"d":"2.39"}]
[4,411,41117,{"v":1375.241056,"d":"1,375.24"},1006,{"v":0.73150812,"d":"0.73"}," ",420,41117000,{"v":1375.24105632999,"d":"1,375.24"},1006,{"v":0.73150812,"d":"0.73"},{"v":0,"d":"0.00"},{"v":0.920429496,"d":"0.92"},{"v":925.952072799999,"d":"925.95"},{"v":80.04792718,"d":"80.05"},0,"0_41117000_3914",{"v":1276.22731208999,"d":"1,276.23"},{"v":0,"d":"0.00"},{"v":80.04792718,"d":"80.05"},{"v":0,"d":"0.00"},"0_41117000_3914_223583","G",{"v":207.707925963999,"d":"207.71"},{"v":0.162751512992,"d":"0.16"},{"v":13.0279212603999,"d":"13.03"}]
[4,411,41125,{"v":4669.261096,"d":"4,669.26"},2853,{"v":0.611017448,"d":"0.61"},"M",430,41125000,{"v":1700.12022488,"d":"1,700.12"},1324,{"v":0.778768455,"d":"0.78"},{"v":0,"d":"0.00"},{"v":0.905906425,"d":"0.91"},{"v":1199.420106,"d":"1,199.42"},{"v":124.5798936,"d":"124.58"},0,"0_41125000_3929",{"v":1634.46167996,"d":"1,634.46"},{"v":0,"d":"0.00"},{"v":124.5798936,"d":"124.58"},{"v":0,"d":"0.00"},"0_41125000_3929_223983","G",{"v":55.6643447419999,"d":"55.66"},{"v":0.0340566838761,"d":"0.03"},{"v":4.24277805365,"d":"4.24"}]
[4,412,41209,{"v":2251.600093,"d":"2,251.60"},2267,{"v":1.006839539,"d":"1.01"}," ",310,41209000,{"v":2251.60009291999,"d":"2,251.60"},2267,{"v":1.006839539,"d":"1.01"},{"v":0,"d":"0.00"},{"v":0.969116244,"d":"0.97"},{"v":2196.98652399999,"d":"2,196.99"},{"v":70.0134756399999,"d":"70.01"},0,"0_41209000_3943",{"v":2044.50473983,"d":"2,044.50"},{"v":0,"d":"0.00"},{"v":70.0134756399999,"d":"70.01"},{"v":0,"d":"0.00"},"0_41209000_3943_224313","außerhalb GKL",{"v":0.49695224052,"d":"0.50"},{"v":0.000243067296856,"d":"0.00"},{"v":0.0170179862673,"d":"0.02"}]
[4,412,41225,{"v":678.6224736,"d":"678.62"},12220,{"v":18.00706649,"d":"18.01"},"ST",103,41225017,{"v":96.7073148000999,"d":"96.71"},689,{"v":7.124590331,"d":"7.12"},{"v":0,"d":"0.00"},{"v":0.975480312,"d":"0.98"},{"v":672.105934899999,"d":"672.11"},{"v":16.8940650599999,"d":"16.89"},0,"0_41225017_3970",{"v":53.2589846046,"d":"53.26"},{"v":0,"d":"0.00"},{"v":16.8940650599999,"d":"16.89"},{"v":0,"d":"0.00"},"0_41225017_3970_224852","G",{"v":2.73304066776E-3,"d":"0.00"},{"v":5.1316049077E-5,"d":"0.00"},{"v":0.000866936671729,"d":"0.00"}]
[4,412,41229,{"v":1325.61250799999,"d":"1,325.61"},1209,{"v":0.912031225,"d":"0.91"}," ",310,41229000,{"v":1325.61250779,"d":"1,325.61"},1209,{"v":0.912031225,"d":"0.91"},{"v":0,"d":"0.00"},{"v":0.969116244,"d":"0.97"},{"v":1171.66153899999,"d":"1,171.66"},{"v":37.33846143,"d":"37.34"},0,"0_41229000_3976",{"v":1223.45444419,"d":"1,223.45"},{"v":0,"d":"0.00"},{"v":37.33846143,"d":"37.34"},{"v":0,"d":"0.00"},"0_41229000_3976_224946","G",{"v":2.3565714538,"d":"2.36"},{"v":0.00192616199564,"d":"0.00"},{"v":0.0719199253821,"d":"0.07"}]
[4,413,41304,{"v":2643.74102099999,"d":"2,643.74"},2250,{"v":0.85106672,"d":"0.85"},"M",420,41304001,{"v":2533.52726858,"d":"2,533.53"},1128,{"v":0.445229074,"d":"0.45"},{"v":0,"d":"0.00"},{"v":0.920429496,"d":"0.92"},{"v":1038.24447099999,"d":"1,038.24"},{"v":89.75552869,"d":"89.76"},0,"0_41304001_3987",{"v":2478.4530979,"d":"2,478.45"},{"v":0,"d":"0.00"},{"v":89.75552869,"d":"89.76"},{"v":0,"d":"0.00"},"0_41304001_3987_225250","G",{"v":100.795881327,"d":"100.80"},{"v":0.0406688677758,"d":"0.04"},{"v":3.65025572844,"d":"3.65"}]
[4,413,41325,{"v":2300.94042399999,"d":"2,300.94"},1521,{"v":0.661034064,"d":"0.66"}," ",420,41325000,{"v":2300.94042416,"d":"2,300.94"},1521,{"v":0.661034064,"d":"0.66"},{"v":0,"d":"0.00"},{"v":0.920429496,"d":"0.92"},{"v":1399.973263,"d":"1,399.97"},{"v":121.026736799999,"d":"121.03"},0,"0_41325000_4008",{"v":2174.84471937999,"d":"2,174.84"},{"v":0,"d":"0.00"},{"v":121.026736799999,"d":"121.03"},{"v":0,"d":"0.00"},"0_41325000_4008_225785","G",{"v":0.116330676303,"d":"0.12"},{"v":5.348918719e-05,"d":"0.00"},{"v":6.47362177963E-3,"d":"0.01"}]
[4,413,41341,{"v":2720.767474,"d":"2,720.77"},570,{"v":0.209499711,"d":"0.21"}," ",430,41341000,{"v":2720.76747396,"d":"2,720.77"},570,{"v":0.209499711,"d":"0.21"},{"v":0,"d":"0.00"},{"v":0.905906425,"d":"0.91"},{"v":516.366662099999,"d":"516.37"},{"v":53.6333378799999,"d":"53.63"},0,"0_41341000_4022",{"v":2616.00995272,"d":"2,616.01"},{"v":0,"d":"0.00"},{"v":53.6333378799999,"d":"53.63"},{"v":0,"d":"0.00"},"0_41341000_4022_226220","außerhalb GKL",{"v":2.653576549e-06,"d":"0.00"},{"v":1.01436E-9,"d":"0.00"},{"v":5.4403527E-8,"d":"0.00"}]
[4,413,41344,{"v":3794.34830899999,"d":"3,794.35"},5219,{"v":1.375466767,"d":"1.38"},"ST",220,41344002,{"v":3006.23183445999,"d":"3,006.23"},1597,{"v":0.531229821,"d":"0.53"},{"v":0,"d":"0.00"},{"v":0.975109986,"d":"0.98"},{"v":1557.25064799999,"d":"1,557.25"},{"v":39.7493521399999,"d":"39.75"},0,"0_41344002_4030",{"v":2890.27968029,"d":"2,890.28"},{"v":0,"d":"0.00"},{"v":39.7493521399999,"d":"39.75"},{"v":0,"d":"0.00"},"0_41344002_4030_226524","E",{"v":9.72173946040999,"d":"9.72"},{"v":3.36359817588E-3,"d":"0.00"},{"v":0.133700848351,"d":"0.13"}]
[4,414,41402,{"v":3767.19018199999,"d":"3,767.19"},5211,{"v":1.383259073,"d":"1.38"},"M",410,41402001,{"v":220.268580644999,"d":"220.27"},1881,{"v":8.539574707,"d":"8.54"},{"v":0,"d":"0.00"},{"v":0.921559671,"d":"0.92"},{"v":1733.453741,"d":"1,733.45"},{"v":147.5462593,"d":"147.55"},0,"0_41402001_4037",{"v":120.698243048999,"d":"120.70"},{"v":0,"d":"0.00"},{"v":147.5462593,"d":"147.55"},{"v":0,"d":"0.00"},"0_41402001_4037_226718","G",{"v":0.124683064845,"d":"0.12"},{"v":1.03301474566E-3,"d":"0.00"},{"v":0.152417461524,"d":"0.15"}]
[4,414,41415,{"v":2441.10635099999,"d":"2,441.11"},1490,{"v":0.610378978,"d":"0.61"}," ",420,41415000,{"v":2441.10635052999,"d":"2,441.11"},1490,{"v":0.610378978,"d":"0.61"},{"v":0,"d":"0.00"},{"v":0.920429496,"d":"0.92"},{"v":1371.439949,"d":"1,371.44"},{"v":118.5600512,"d":"118.56"},0,"0_41415000_4057",{"v":2336.18742672999,"d":"2,336.19"},{"v":0,"d":"0.00"},{"v":118.5600512,"d":"118.56"},{"v":0,"d":"0.00"},"0_41415000_4057_227157","F",{"v":4.31577065855,"d":"4.32"},{"v":1.84735634186E-3,"d":"0.00"},{"v":0.219022662476,"d":"0.22"}]
[4,414,41422,{"v":395.901688499999,"d":"395.90"},5269,{"v":13.30885963,"d":"13.31"},"ST",220,41422003,{"v":151.91279917,"d":"151.91"},1371,{"v":9.024914342,"d":"9.02"},{"v":0,"d":"0.00"},{"v":0.975109986,"d":"0.98"},{"v":1336.87579099999,"d":"1,336.88"},{"v":34.124209,"d":"34.12"},0,"0_41422003_4068",{"v":62.7302602075999,"d":"62.73"},{"v":0,"d":"0.00"},{"v":34.124209,"d":"34.12"},{"v":0,"d":"0.00"},"0_41422003_4068_227461","C",{"v":3.2793126553e-05,"d":"0.00"},{"v":5.22764077e-07,"d":"0.00"},{"v":1.7838910608e-05,"d":"0.00"}]
[4,415,41503,{"v":1329.85255699999,"d":"1,329.85"},5494,{"v":4.13128506,"d":"4.13"},"ST",410,41503001,{"v":215.058082899999,"d":"215.06"},2698,{"v":12.54544802,"d":"12.55"},{"v":0,"d":"0.00"},{"v":0.921559671,"d":"0.92"},{"v":2486.36799199999,"d":"2,486.37"},{"v":211.632008299999,"d":"211.63"},0,"0_41503001_4084",{"v":120.567418648,"d":"120.57"},{"v":0,"d":"0.00"},{"v":211.632008299999,"d":"211.63"},{"v":0,"d":"0.00"},"0_41503001_4084_227907","E",{"v":2.92742715584,"d":"2.93"},{"v":0.0242804166222,"d":"0.02"},{"v":5.13851333212,"d":"5.14"}]
[4,415,41505,{"v":5898.77327499999,"d":"5,898.77"},1931,{"v":0.327356199,"d":"0.33"},"M",420,41505000,{"v":5898.77327461,"d":"5,898.77"},1931,{"v":0.327356199,"d":"0.33"},{"v":0,"d":"0.00"},{"v":0.920429496,"d":"0.92"},{"v":1777.34935599999,"d":"1,777.35"},{"v":153.6506435,"d":"153.65"},0,"0_41505000_4089",{"v":5696.40466766,"d":"5,696.40"},{"v":0,"d":"0.00"},{"v":153.6506435,"d":"153.65"},{"v":0,"d":"0.00"},"0_41505000_4089_228094","F",{"v":6.51084732627,"d":"6.51"},{"v":1.14297485978E-3,"d":"0.00"},{"v":0.17561882271,"d":"0.18"}]
[4,415,41510,{"v":4586.723342,"d":"4,586.72"},1614,{"v":0.351885187,"d":"0.35"}," ",310,41510000,{"v":4586.72334156,"d":"4,586.72"},1614,{"v":0.351885187,"d":"0.35"},{"v":0,"d":"0.00"},{"v":0.969116244,"d":"0.97"},{"v":1564.15361699999,"d":"1,564.15"},{"v":49.8463827499999,"d":"49.85"},0,"0_41510000_4098",{"v":4529.68713466999,"d":"4,529.69"},{"v":0,"d":"0.00"},{"v":49.8463827499999,"d":"49.85"},{"v":0,"d":"0.00"},"0_41510000_4098_228398","F",{"v":5.09989939301,"d":"5.10"},{"v":0.00112588336487,"d":"0.00"},{"v":0.0561212131372,"d":"0.06"}]
[4,415,41517,{"v":6206.70310299999,"d":"6,206.70"},3389,{"v":0.546022573,"d":"0.55"},"M",410,41517001,{"v":4409.90229328999,"d":"4,409.90"},1666,{"v":0.377786148,"d":"0.38"},{"v":0,"d":"0.00"},{"v":0.921559671,"d":"0.92"},{"v":1535.31841099999,"d":"1,535.32"},{"v":130.6815885,"d":"130.68"},0,"0_41517001_4115",{"v":4317.25637165999,"d":"4,317.26"},{"v":0,"d":"0.00"},{"v":130.6815885,"d":"130.68"},{"v":0,"d":"0.00"},"0_41517001_4115_228840","D",{"v":5.33662746602,"d":"5.34"},{"v":0.00123611548785,"d":"0.00"},{"v":0.161537535522,"d":"0.16"}]
[4,415,41522,{"v":22373.36084,"d":"22,373.36"},4143,{"v":0.185175577,"d":"0.19"},"M",430,41522002,{"v":7513.6880362,"d":"7,513.69"},930,{"v":0.123774103,"d":"0.12"},{"v":0,"d":"0.00"},{"v":0.905906425,"d":"0.91"},{"v":842.492975,"d":"842.49"},{"v":87.5070249599999,"d":"87.51"},0,"0_41522002_4122",{"v":7409.04814967,"d":"7,409.05"},{"v":0,"d":"0.00"},{"v":87.5070249599999,"d":"87.51"},{"v":0,"d":"0.00"},"0_41522002_4122_229031","D",{"v":0.551704576048,"d":"0.55"},{"v":7.4463624058E-5,"d":"0.00"},{"v":0.0065160902091,"d":"0.01"}]
[4,416,41603,{"v":4038.90936899999,"d":"4,038.91"},4260,{"v":1.054740181,"d":"1.05"},"ST",410,41603001,{"v":3606.84317895,"d":"3,606.84"},1890,{"v":0.52400393,"d":"0.52"},{"v":0,"d":"0.00"},{"v":0.921559671,"d":"0.92"},{"v":1741.74777799999,"d":"1,741.75"},{"v":148.2522223,"d":"148.25"},0,"0_41603001_4130",{"v":3426.24277458999,"d":"3,426.24"},{"v":0,"d":"0.00"},{"v":148.2522223,"d":"148.25"},{"v":0,"d":"0.00"},"0_41603001_4130_229335","G",{"v":4.25370757713,"d":"4.25"},{"v":0.00124150793069,"d":"0.00"},{"v":0.184056309728,"d":"0.18"}]
[4,416,41606,{"v":3940.13084299999,"d":"3,940.13"},5395,{"v":1.369243869,"d":"1.37"},"M",310,41606001,{"v":944.689941474999,"d":"944.69"},1515,{"v":1.603700784,"d":"1.60"},{"v":0,"d":"0.00"},{"v":0.969116244,"d":"0.97"},{"v":1468.211109,"d":"1,468.21"},{"v":46.78889087,"d":"46.79"},0,"0_41606001_4138",{"v":751.155166463999,"d":"751.16"},{"v":0,"d":"0.00"},{"v":46.78889087,"d":"46.79"},{"v":0,"d":"0.00"},"0_41606001_4138_229773","G",{"v":8.76185053616,"d":"8.76"},{"v":0.0116645014603,"d":"0.01"},{"v":0.545769085879,"d":"0.55"}]
[4,416,41608,{"v":1082.45740799999,"d":"1,082.46"},813,{"v":0.751068813,"d":"0.75"}," ",310,41608000,{"v":1082.45740784,"d":"1,082.46"},813,{"v":0.751068813,"d":"0.75"},{"v":0,"d":"0.00"},{"v":0.969116244,"d":"0.97"},{"v":787.8915061,"d":"787.89"},{"v":25.10849391,"d":"25.11"},0,"0_41608000_4144",{"v":995.986562928,"d":"995.99"},{"v":0,"d":"0.00"},{"v":25.10849391,"d":"25.11"},{"v":0,"d":"0.00"},"0_41608000_4144_229968","E",{"v":1.20675015923,"d":"1.21"},{"v":0.00121161289132,"d":"0.00"},{"v":0.030421774903,"d":"0.03"}]
[4,416,41613,{"v":1678.256278,"d":"1,678.26"},2201,{"v":1.311480272,"d":"1.31"}," ",310,41613000,{"v":1678.25627817999,"d":"1,678.26"},2201,{"v":1.311480272,"d":"1.31"},{"v":0,"d":"0.00"},{"v":0.969116244,"d":"0.97"},{"v":2133.024852,"d":"2,133.02"},{"v":67.97514773,"d":"67.98"},0,"0_41613000_4152",{"v":1522.56166215,"d":"1,522.56"},{"v":0,"d":"0.00"},{"v":67.97514773,"d":"67.98"},{"v":0,"d":"0.00"},"0_41613000_4152_230298","D",{"v":8.07504192919999,"d":"8.08"},{"v":0.00530358942428,"d":"0.01"},{"v":0.360512274615,"d":"0.36"}]
[4,416,41618,{"v":817.695877799999,"d":"817.70"},4477,{"v":5.475140723,"d":"5.48"}," ",101,41618001,{"v":717.206122854,"d":"717.21"},1864,{"v":2.598973908,"d":"2.60"},{"v":0,"d":"0.00"},{"v":0.965932983,"d":"0.97"},{"v":1800.49908,"d":"1,800.50"},{"v":63.5009196399999,"d":"63.50"},0,"0_41618001_4162",{"v":582.625075918999,"d":"582.63"},{"v":0,"d":"0.00"},{"v":63.5009196399999,"d":"63.50"},{"v":0,"d":"0.00"},"0_41618001_4162_230706","F",{"v":0.0821763190566,"d":"0.08"},{"v":0.000141044940311,"d":"0.00"},{"v":0.00895648342032,"d":"0.01"}]
[4,416,41626,{"v":1532.27385099999,"d":"1,532.27"},4158,{"v":2.713614147,"d":"2.71"},"M",310,41626002,{"v":484.309925737,"d":"484.31"},1383,{"v":2.855609449,"d":"2.86"},{"v":0,"d":"0.00"},{"v":0.969116244,"d":"0.97"},{"v":1340.287765,"d":"1,340.29"},{"v":42.71223503,"d":"42.71"},0,"0_41626002_4176",{"v":358.795801997,"d":"358.80"},{"v":0,"d":"0.00"},{"v":42.71223503,"d":"42.71"},{"v":0,"d":"0.00"},"0_41626002_4176_231242","C",{"v":0.540408768634,"d":"0.54"},{"v":1.5061736108E-3,"d":"0.00"},{"v":0.0643320412605,"d":"0.06"}]
[4,417,41702,{"v":1462.17414499999,"d":"1,462.17"},1604,{"v":1.096996555,"d":"1.10"}," ",410,41702000,{"v":1462.17414508999,"d":"1,462.17"},1604,{"v":1.096996555,"d":"1.10"},{"v":0,"d":"0.00"},{"v":0.921559671,"d":"0.92"},{"v":1478.181712,"d":"1,478.18"},{"v":125.8182881,"d":"125.82"},0,"0_41702000_4184",{"v":1255.27409723,"d":"1,255.27"},{"v":0,"d":"0.00"},{"v":125.8182881,"d":"125.82"},{"v":0,"d":"0.00"},"0_41702000_4184_231572","F",{"v":0.729188530499,"d":"0.73"},{"v":0.000580899846582,"d":"0.00"},{"v":0.0730878242545,"d":"0.07"}]
[4,417,41703,{"v":1232.562384,"d":"1,232.56"},9100,{"v":7.382993445,"d":"7.38"},"ST",102,41703002,{"v":242.86836635,"d":"242.87"},1554,{"v":6.398527825,"d":"6.40"},{"v":0,"d":"0.00"},{"v":0.973029842,"d":"0.97"},{"v":1512.08837399999,"d":"1,512.09"},{"v":41.91162623,"d":"41.91"},0,"0_41703002_4187",{"v":177.53841489,"d":"177.54"},{"v":0,"d":"0.00"},{"v":41.91162623,"d":"41.91"},{"v":0,"d":"0.00"},"0_41703002_4187_231639","F",{"v":3.97521005316,"d":"3.98"},{"v":0.0223907037563,"d":"0.02"},{"v":0.938430806861,"d":"0.94"}]
[4,417,41713,{"v":888.7706467,"d":"888.77"},5219,{"v":5.872156128,"d":"5.87"},"M",102,41713001,{"v":146.098472874999,"d":"146.10"},744,{"v":5.092455693,"d":"5.09"},{"v":0,"d":"0.00"},{"v":0.973029842,"d":"0.97"},{"v":723.934202099999,"d":"723.93"},{"v":20.0657978899999,"d":"20.07"},0,"0_41713001_4206",{"v":107.532664753,"d":"107.53"},{"v":0,"d":"0.00"},{"v":20.0657978899999,"d":"20.07"},{"v":0,"d":"0.00"},"0_41713001_4206_232205","C",{"v":0.112880153452,"d":"0.11"},{"v":0.00104972897037,"d":"0.00"},{"v":0.0210636493587,"d":"0.02"}]
[4,417,41720,{"v":604.396639899999,"d":"604.40"},1376,{"v":2.276650645,"d":"2.28"}," ",310,41720000,{"v":604.396639854999,"d":"604.40"},1376,{"v":2.276650645,"d":"2.28"},{"v":0,"d":"0.00"},{"v":0.969116244,"d":"0.97"},{"v":1333.50395099999,"d":"1,333.50"},{"v":42.4960487399999,"d":"42.50"},0,"0_41720000_4218",{"v":472.272271869,"d":"472.27"},{"v":0,"d":"0.00"},{"v":42.4960487399999,"d":"42.50"},{"v":0,"d":"0.00"},"0_41720000_4218_232509","G",{"v":4.03866268519,"d":"4.04"},{"v":0.00855155579896,"d":"0.01"},{"v":0.363407332035,"d":"0.36"}]
[4,417,41731,{"v":3392.709925,"d":"3,392.71"},6691,{"v":1.972169784,"d":"1.97"},"M",102,41731002,{"v":233.503898819999,"d":"233.50"},1321,{"v":5.657293119,"d":"5.66"},{"v":0,"d":"0.00"},{"v":0.973029842,"d":"0.97"},{"v":1285.372421,"d":"1,285.37"},{"v":35.62757931,"d":"35.63"},0,"0_41731002_4233",{"v":154.602256699,"d":"154.60"},{"v":0,"d":"0.00"},{"v":35.62757931,"d":"35.63"},{"v":0,"d":"0.00"},"0_41731002_4233_232908","G",{"v":0.000245066586275,"d":"0.00"},{"v":1.585142361e-06,"d":"0.00"},{"v":5.6474785202E-5,"d":"0.00"}]
[4,417,41736,{"v":1099.856995,"d":"1,099.86"},1403,{"v":1.275620382,"d":"1.28"}," ",410,41736000,{"v":1099.85699526999,"d":"1,099.86"},1403,{"v":1.275620382,"d":"1.28"},{"v":0,"d":"0.00"},{"v":0.921559671,"d":"0.92"},{"v":1292.94821799999,"d":"1,292.95"},{"v":110.051781899999,"d":"110.05"},0,"0_41736000_4242",{"v":987.209001724,"d":"987.21"},{"v":0,"d":"0.00"},{"v":110.051781899999,"d":"110.05"},{"v":0,"d":"0.00"},"0_41736000_4242_233142","außerhalb GKL",{"v":0.00143778866128,"d":"0.00"},{"v":1.456417698E-6,"d":"0.00"},{"v":0.000160281362805,"d":"0.00"}]
[4,417,41741,{"v":3083.70697299999,"d":"3,083.71"},1493,{"v":0.484157546,"d":"0.48"}," ",410,41741000,{"v":3083.70697337,"d":"3,083.71"},1493,{"v":0.484157546,"d":"0.48"},{"v":0,"d":"0.00"},{"v":0.921559671,"d":"0.92"},{"v":1375.888588,"d":"1,375.89"},{"v":117.111411599999,"d":"117.11"},0,"0_41741000_4256",{"v":2969.99814365,"d":"2,970.00"},{"v":0,"d":"0.00"},{"v":117.111411599999,"d":"117.11"},{"v":0,"d":"0.00"},"0_41741000_4256_233446","D",{"v":1.3773351364,"d":"1.38"},{"v":0.000463749494034,"d":"0.00"},{"v":0.0543103578751,"d":"0.05"}]
[4,417,41746,{"v":1557.94033199999,"d":"1,557.94"},12378,{"v":7.945105309,"d":"7.95"},"ST",102,41746020,{"v":944.501553474,"d":"944.50"},2425,{"v":2.567491807,"d":"2.57"},{"v":0,"d":"0.00"},{"v":0.973029842,"d":"0.97"},{"v":2359.59736599999,"d":"2,359.60"},{"v":65.4026342399999,"d":"65.40"},0,"0_41746020_4274",{"v":800.302349491999,"d":"800.30"},{"v":0,"d":"0.00"},{"v":65.4026342399999,"d":"65.40"},{"v":0,"d":"0.00"},"0_41746020_4274_233841","außerhalb GKL",{"v":0.00141799446725,"d":"0.00"},{"v":1.771823447E-6,"d":"0.00"},{"v":1.1588192082E-4,"d":"0.00"}]
[4,417,41750,{"v":1196.78678599999,"d":"1,196.79"},2007,{"v":1.676990441,"d":"1.68"},"M",410,41750000,{"v":263.484319734999,"d":"263.48"},1183,{"v":4.489830747,"d":"4.49"},{"v":0,"d":"0.00"},{"v":0.921559671,"d":"0.92"},{"v":1090.20508999999,"d":"1,090.21"},{"v":92.7949095099999,"d":"92.79"},0,"0_41750000_4282",{"v":170.411885334999,"d":"170.41"},{"v":0,"d":"0.00"},{"v":92.7949095099999,"d":"92.79"},{"v":0,"d":"0.00"},"0_41750000_4282_234079","außerhalb GKL",{"v":10.5549675315999,"d":"10.55"},{"v":0.0619379775703,"d":"0.06"},{"v":5.74752902387,"d":"5.75"}]
[4,418,41806,{"v":2116.544499,"d":"2,116.54"},2269,{"v":1.072030378,"d":"1.07"}," ",310,41806000,{"v":2116.54449887,"d":"2,116.54"},2269,{"v":1.072030378,"d":"1.07"},{"v":0,"d":"0.00"},{"v":0.969116244,"d":"0.97"},{"v":2198.924757,"d":"2,198.92"},{"v":70.0752431599999,"d":"70.08"},0,"0_41806000_4294",{"v":1921.87803512999,"d":"1,921.88"},{"v":0,"d":"0.00"},{"v":70.0752431599999,"d":"70.08"},{"v":0,"d":"0.00"},"0_41806000_4294_234383","E",{"v":3.04833310397,"d":"3.05"},{"v":1.58612203701E-3,"d":"0.00"},{"v":0.111147887425,"d":"0.11"}]
[4,418,41810,{"v":1533.53528299999,"d":"1,533.54"},3184,{"v":2.076248284,"d":"2.08"}," ",310,41810000,{"v":797.586988625,"d":"797.59"},1724,{"v":2.161519715,"d":"2.16"},{"v":0,"d":"0.00"},{"v":0.969116244,"d":"0.97"},{"v":1670.75640399999,"d":"1,670.76"},{"v":53.24359595,"d":"53.24"},0,"0_41810000_4301",{"v":635.683711639999,"d":"635.68"},{"v":0,"d":"0.00"},{"v":53.24359595,"d":"53.24"},{"v":0,"d":"0.00"},"0_41810000_4301_234694","G",{"v":10.771430661,"d":"10.77"},{"v":0.016944638448,"d":"0.02"},{"v":0.902193483044,"d":"0.90"}]
[4,418,41812,{"v":2313.153702,"d":"2,313.15"},14070,{"v":6.082604882,"d":"6.08"},"ST",102,41812005,{"v":278.944152244999,"d":"278.94"},2135,{"v":7.653861832,"d":"7.65"},{"v":0,"d":"0.00"},{"v":0.973029842,"d":"0.97"},{"v":2077.418712,"d":"2,077.42"},{"v":57.58128829,"d":"57.58"},0,"0_41812005_4311",{"v":187.871788441,"d":"187.87"},{"v":0,"d":"0.00"},{"v":57.58128829,"d":"57.58"},{"v":0,"d":"0.00"},"0_41812005_4311_235016","E",{"v":2.96075321406,"d":"2.96"},{"v":0.0157594348711,"d":"0.02"},{"v":0.9074485626,"d":"0.91"}]
[4,418,41817,{"v":2215.136872,"d":"2,215.14"},2706,{"v":1.221594943,"d":"1.22"},"M",410,41817000,{"v":198.16108778,"d":"198.16"},1793,{"v":9.048194174,"d":"9.05"},{"v":0,"d":"0.00"},{"v":0.921559671,"d":"0.92"},{"v":1652.35648999999,"d":"1,652.36"},{"v":140.643510399999,"d":"140.64"},0,"0_41817000_4320",{"v":82.4974033327,"d":"82.50"},{"v":0,"d":"0.00"},{"v":140.643510399999,"d":"140.64"},{"v":0,"d":"0.00"},"0_41817000_4320_235320","F",{"v":0.0223389853195,"d":"0.02"},{"v":0.000270784102494,"d":"0.00"},{"v":0.0380840267353,"d":"0.04"}]
[6,621,62142,{"v":41358.31079,"d":"41,358.31"},3669,{"v":0.088712521,"d":"0.09"},"ST",430,62142000,{"v":352.832365395,"d":"352.83"},494,{"v":1.400098314,"d":"1.40"},{"v":0,"d":"0.00"},{"v":0.905906425,"d":"0.91"},{"v":447.517773799999,"d":"447.52"},{"v":46.48222616,"d":"46.48"},0,"0_62142000_5833",{"v":300.863216995,"d":"300.86"},{"v":0,"d":"0.00"},{"v":46.48222616,"d":"46.48"},{"v":0,"d":"0.00"},"0_62142000_5833_235963","F",{"v":1.88658235936E-3,"d":"0.00"},{"v":6.270565004e-06,"d":"0.00"},{"v":0.000291469820648,"d":"0.00"}]
[9,902,90201,{"v":1923.612609,"d":"1,923.61"},105848,{"v":55.0256322299999,"d":"55.03"},"SR",101,90201080,{"v":302.93329445,"d":"302.93"},2275,{"v":7.509904133,"d":"7.51"},{"v":0,"d":"0.00"},{"v":0.965932983,"d":"0.97"},{"v":2197.49753599999,"d":"2,197.50"},{"v":77.50246361,"d":"77.50"},0,"0_90201080_7126",{"v":240.249540556999,"d":"240.25"},{"v":0,"d":"0.00"},{"v":77.50246361,"d":"77.50"},{"v":0,"d":"0.00"},"0_90201080_7126_236290","A",{"v":0.00369450797371,"d":"0.00"},{"v":1.5377794127e-05,"d":"0.00"},{"v":1.19181692971E-3,"d":"0.00"}]
[9,904,90401,{"v":177.4244543,"d":"177.42"},33212,{"v":187.1895288,"d":"187.19"},"SR",101,90401013,{"v":4.03055490504,"d":"4.03"},347,{"v":86.092364,"d":"86.09"},{"v":0,"d":"0.00"},{"v":0.965932983,"d":"0.97"},{"v":335.1787451,"d":"335.18"},{"v":11.82125489,"d":"11.82"},0,"0_90401013_7176",{"v":0.000354705682294,"d":"0.00"},{"v":0,"d":"0.00"},{"v":11.82125489,"d":"11.82"},{"v":0,"d":"0.00"},"0_90401013_7176_236594","B",{"v":2.60982740847E-4,"d":"0.00"},{"v":0.735772652863,"d":"0.74"},{"v":8.69775607059,"d":"8.70"}]
[9,910,91001,{"v":3181.213107,"d":"3,181.21"},207193,{"v":65.13018556,"d":"65.13"},"SR",101,91001162,{"v":450.589247764999,"d":"450.59"},520,{"v":1.154044404,"d":"1.15"},{"v":0,"d":"0.00"},{"v":0.965932983,"d":"0.97"},{"v":502.285151199999,"d":"502.29"},{"v":17.71484883,"d":"17.71"},0,"0_91001162_7271",{"v":396.242573263999,"d":"396.24"},{"v":0,"d":"0.00"},{"v":17.71484883,"d":"17.71"},{"v":0,"d":"0.00"},"0_91001162_7271_236896","B",{"v":14.216317975,"d":"14.22"},{"v":0.0358778155964,"d":"0.04"},{"v":0.635570079641,"d":"0.64"}]
[9,911,91101,{"v":2324.21232499999,"d":"2,324.21"},104434,{"v":44.9330721199999,"d":"44.93"},"SR",101,91101070,{"v":20.3891855749999,"d":"20.39"},955,{"v":46.8385554899999,"d":"46.84"},{"v":0,"d":"0.00"},{"v":0.965932983,"d":"0.97"},{"v":922.465998799999,"d":"922.47"},{"v":32.53400121,"d":"32.53"},0,"0_91101070_7310",{"v":8.31934520896,"d":"8.32"},{"v":0,"d":"0.00"},{"v":32.53400121,"d":"32.53"},{"v":0,"d":"0.00"},"0_91101070_7310_237227","A",{"v":1.71444426088E-3,"d":"0.00"},{"v":2.06079230735E-4,"d":"0.00"},{"v":6.70458194209E-3,"d":"0.01"}]
[9,913,91301,{"v":3769.37288699999,"d":"3,769.37"},54040,{"v":14.3366022999999,"d":"14.34"},"SR",101,91301023,{"v":11.480251275,"d":"11.48"},718,{"v":62.54218508,"d":"62.54"},{"v":0,"d":"0.00"},{"v":0.965932983,"d":"0.97"},{"v":693.539881799999,"d":"693.54"},{"v":24.4601181899999,"d":"24.46"},0,"0_91301023_7370",{"v":0.909993334001,"d":"0.91"},{"v":0,"d":"0.00"},{"v":24.4601181899999,"d":"24.46"},{"v":0,"d":"0.00"},"0_91301023_7370_237557","B",{"v":0.00741933296032,"d":"0.01"},{"v":0.00815317286743,"d":"0.01"},{"v":0.199427571961,"d":"0.20"}]
[9,914,91401,{"v":3374.43752799999,"d":"3,374.44"},93634,{"v":27.74803185,"d":"27.75"},"SR",101,91401052,{"v":19.281500433,"d":"19.28"},1668,{"v":86.5077904999999,"d":"86.51"},{"v":0,"d":"0.00"},{"v":0.965932983,"d":"0.97"},{"v":1611.176216,"d":"1,611.18"},{"v":56.82378431,"d":"56.82"},0,"0_91401052_7426",{"v":15.5312917557,"d":"15.53"},{"v":0,"d":"0.00"},{"v":56.82378431,"d":"56.82"},{"v":0,"d":"0.00"},"0_91401052_7426_237829","A",{"v":0.0494449656974,"d":"0.05"},{"v":0.0031835707213,"d":"0.00"},{"v":0.180902536003,"d":"0.18"}]
[9,915,91501,{"v":391.5952173,"d":"391.60"},76813,{"v":196.154080999999,"d":"196.15"},"SR",101,91501041,{"v":6.45631643498,"d":"6.46"},1621,{"v":251.071956599999,"d":"251.07"},{"v":0,"d":"0.00"},{"v":0.965932983,"d":"0.97"},{"v":1565.77736499999,"d":"1,565.78"},{"v":55.2226345099999,"d":"55.22"},0,"0_91501041_7464",{"v":6.7665751117e-05,"d":"0.00"},{"v":0,"d":"0.00"},{"v":55.2226345099999,"d":"55.22"},{"v":0,"d":"0.00"},"0_91501041_7464_238164","A",{"v":6.766575112e-05,"d":"0.00"},{"v":1.00000000005,"d":"1.00"},{"v":55.2226345127999,"d":"55.22"}]
[9,919,91901,{"v":2493.145121,"d":"2,493.15"},73901,{"v":29.64167604,"d":"29.64"},"SR",101,91901010,{"v":243.637439604999,"d":"243.64"},685,{"v":2.811554748,"d":"2.81"},{"v":0,"d":"0.00"},{"v":0.965932983,"d":"0.97"},{"v":661.664093399999,"d":"661.66"},{"v":23.33590663,"d":"23.34"},0,"0_91901010_7523",{"v":187.189486533,"d":"187.19"},{"v":0,"d":"0.00"},{"v":23.33590663,"d":"23.34"},{"v":0,"d":"0.00"},"0_91901010_7523_238494","C",{"v":0.0102924947736,"d":"0.01"},{"v":5.4984363514e-05,"d":"0.00"},{"v":1.28310997308E-3,"d":"0.00"}]
[9,919,91901,{"v":2493.145121,"d":"2,493.15"},73901,{"v":29.64167604,"d":"29.64"},"SR",101,91901062,{"v":92.893782165,"d":"92.89"},499,{"v":5.371726593,"d":"5.37"},{"v":0,"d":"0.00"},{"v":0.965932983,"d":"0.97"},{"v":482.0005585,"d":"482.00"},{"v":16.99944147,"d":"17.00"},0,"0_91901062_7546",{"v":37.0821872483999,"d":"37.08"},{"v":0,"d":"0.00"},{"v":16.99944147,"d":"17.00"},{"v":0,"d":"0.00"},"0_91901062_7546_238762","E",{"v":1.26198357065,"d":"1.26"},{"v":0.0340320694191,"d":"0.03"},{"v":0.578526172193,"d":"0.58"}]
[9,921,92101,{"v":4441.98805199999,"d":"4,441.99"},167968,{"v":37.81369919,"d":"37.81"},"SR",101,92101021,{"v":51.559684005,"d":"51.56"},2191,{"v":42.4944419699999,"d":"42.49"},{"v":0,"d":"0.00"},{"v":0.965932983,"d":"0.97"},{"v":2116.359166,"d":"2,116.36"},{"v":74.64083419,"d":"74.64"},0,"0_92101021_7600",{"v":10.5573834431,"d":"10.56"},{"v":0,"d":"0.00"},{"v":74.64083419,"d":"74.64"},{"v":0,"d":"0.00"},"0_92101021_7600_239127","B",{"v":0.10642062865,"d":"0.11"},{"v":0.0100802087206,"d":"0.01"},{"v":0.752395187715,"d":"0.75"}]
[9,921,92101,{"v":4441.98805199999,"d":"4,441.99"},167968,{"v":37.81369919,"d":"37.81"},"SR",101,92101160,{"v":205.872984865,"d":"205.87"},1292,{"v":6.27571413,"d":"6.28"},{"v":0,"d":"0.00"},{"v":0.965932983,"d":"0.97"},{"v":1247.98541399999,"d":"1,247.99"},{"v":44.01458593,"d":"44.01"},0,"0_92101160_7633",{"v":131.42854815,"d":"131.43"},{"v":0,"d":"0.00"},{"v":44.01458593,"d":"44.01"},{"v":0,"d":"0.00"},"0_92101160_7633_239431","B",{"v":0.400965996817,"d":"0.40"},{"v":3.05082877701E-3,"d":"0.00"},{"v":0.134280965363,"d":"0.13"}]
[9,922,92201,{"v":10224.20103,"d":"10,224.20"},195230,{"v":19.09489058,"d":"19.09"},"SR",101,92201070,{"v":384.420172514999,"d":"384.42"},4675,{"v":12.16117242,"d":"12.16"},{"v":0,"d":"0.00"},{"v":0.965932983,"d":"0.97"},{"v":4515.73669599999,"d":"4,515.74"},{"v":159.263304299999,"d":"159.26"},0,"0_92201070_7684",{"v":237.628585468,"d":"237.63"},{"v":0,"d":"0.00"},{"v":159.263304299999,"d":"159.26"},{"v":0,"d":"0.00"},"0_92201070_7684_240031","C",{"v":1.17873155493E-4,"d":"0.00"},{"v":4.96039461e-07,"d":"0.00"},{"v":7.9000883648e-05,"d":"0.00"}]
[9,922,92201,{"v":10224.20103,"d":"10,224.20"},195230,{"v":19.09489058,"d":"19.09"},"SR",101,92201071,{"v":168.460575694999,"d":"168.46"},261,{"v":1.549323923,"d":"1.55"},{"v":0,"d":"0.00"},{"v":0.965932983,"d":"0.97"},{"v":252.108508599999,"d":"252.11"},{"v":8.89149143,"d":"8.89"},0,"0_92201071_7685",{"v":161.13554177,"d":"161.14"},{"v":0,"d":"0.00"},{"v":8.89149143,"d":"8.89"},{"v":0,"d":"0.00"},"0_92201071_7685_240064","F",{"v":33.5078477086999,"d":"33.51"},{"v":0.207948211429,"d":"0.21"},{"v":1.8489697398,"d":"1.85"}]
[9,923,92301,{"v":3204.284153,"d":"3,204.28"},110464,{"v":34.4738464799999,"d":"34.47"},"SR",101,92301023,{"v":11.582743365,"d":"11.58"},26,{"v":2.244718646,"d":"2.24"},{"v":0,"d":"0.00"},{"v":0.965932983,"d":"0.97"},{"v":0,"d":"0.00"},{"v":26,"d":"26.00"},0,"0_92301023_7754",{"v":11.582743365,"d":"11.58"},{"v":0,"d":"0.00"},{"v":26,"d":"26.00"},{"v":0,"d":"0.00"},"0_92301023_7754_240705","A",{"v":5.91736047474,"d":"5.92"},{"v":0.510877284273,"d":"0.51"},{"v":13.2828093911,"d":"13.28"}]
[9,923,92301,{"v":3204.284153,"d":"3,204.28"},110464,{"v":34.4738464799999,"d":"34.47"},"SR",101,92301130,{"v":59.22068431,"d":"59.22"},791,{"v":13.35681965,"d":"13.36"},{"v":0,"d":"0.00"},{"v":0.965932983,"d":"0.97"},{"v":764.0529896,"d":"764.05"},{"v":26.94701042,"d":"26.95"},0,"0_92301130_7797",{"v":26.4230855136,"d":"26.42"},{"v":0,"d":"0.00"},{"v":26.94701042,"d":"26.95"},{"v":0,"d":"0.00"},"0_92301130_7797_240964","D",{"v":9.98665919416,"d":"9.99"},{"v":0.377952044587,"d":"0.38"},{"v":10.1846776837,"d":"10.18"}]
[1,102,10201,{"v":1999.13953399999,"d":"1,999.14"},1980,{"v":0.990426114,"d":"0.99"},"SR",410,10201000,{"v":1999.13953384999,"d":"1,999.14"},1980,{"v":0.990426114,"d":"0.99"},{"v":136.644011299999,"d":"136.64"},{"v":0.921559671,"d":"0.92"},{"v":1824.68814799999,"d":"1,824.69"},{"v":155.311851899999,"d":"155.31"},1,"1_10201000_7842",{"v":135.194903791999,"d":"135.19"},{"v":0.989395016333,"d":"0.99"},{"v":1805.33735999,"d":"1,805.34"},{"v":0.0683514126885,"d":"0.07"},"1_10201000_7842_241338","G",{"v":23.5531370944,"d":"23.55"},{"v":0.174216160771,"d":"0.17"},{"v":314.518943754,"d":"314.52"}]
[1,103,10312,{"v":4574.66330899999,"d":"4,574.66"},2885,{"v":0.630647505,"d":"0.63"},"ST",410,10312001,{"v":4556.64543548999,"d":"4,556.65"},2542,{"v":0.557866535,"d":"0.56"},{"v":205.1079357,"d":"205.11"},{"v":0.921559671,"d":"0.92"},{"v":2342.604683,"d":"2,342.60"},{"v":199.395317,"d":"199.40"},1,"1_10312001_7886",{"v":204.170435074,"d":"204.17"},{"v":0.995429232795,"d":"1.00"},{"v":2331.89718234,"d":"2,331.90"},{"v":0.0450129242233,"d":"0.05"},"1_10312001_7886_241642","außerhalb GKL",{"v":0.206753441194,"d":"0.21"},{"v":0.00101265122504,"d":"0.00"},{"v":2.36139853836,"d":"2.36"}]
[1,106,10602,{"v":1656.92784099999,"d":"1,656.93"},2778,{"v":1.676596851,"d":"1.68"}," ",410,10602000,{"v":874.137803824999,"d":"874.14"},1945,{"v":2.225049633,"d":"2.23"},{"v":197.4882694,"d":"197.49"},{"v":0.921559671,"d":"0.92"},{"v":1792.43355999999,"d":"1,792.43"},{"v":152.5664404,"d":"152.57"},1,"1_10602000_8219",{"v":154.699864082,"d":"154.70"},{"v":0.783336977695,"d":"0.78"},{"v":1404.07948760999,"d":"1,404.08"},{"v":0.225923496886,"d":"0.23"},"1_10602000_8219_241972","E",{"v":0.113298650591,"d":"0.11"},{"v":0.00073237718251,"d":"0.00"},{"v":1.02831577916,"d":"1.03"}]
[1,106,10608,{"v":785.4007939,"d":"785.40"},762,{"v":0.970205284,"d":"0.97"}," ",410,10608000,{"v":785.40079387,"d":"785.40"},762,{"v":0.970205284,"d":"0.97"},{"v":93.1367132599999,"d":"93.14"},{"v":0.921559671,"d":"0.92"},{"v":702.228469099999,"d":"702.23"},{"v":59.77153089,"d":"59.77"},1,"1_10608000_8285",{"v":2.2079799444,"d":"2.21"},{"v":0.0237068699025,"d":"0.02"},{"v":16.6476389588,"d":"16.65"},{"v":0.118584949222,"d":"0.12"},"1_10608000_8285_242379","F",{"v":0.0100094381331,"d":"0.01"},{"v":0.00453330120071,"d":"0.00"},{"v":0.0754687616809,"d":"0.08"}]
[1,106,10615,{"v":1889.414003,"d":"1,889.41"},2717,{"v":1.438011995,"d":"1.44"},"M",410,10615001,{"v":1464.0611122,"d":"1,464.06"},1412,{"v":0.964440615,"d":"0.96"},{"v":114.1523416,"d":"114.15"},{"v":0.921559671,"d":"0.92"},{"v":1301.24225499999,"d":"1,301.24"},{"v":110.7577449,"d":"110.76"},1,"1_10615001_8330",{"v":109.185316212,"d":"109.19"},{"v":0.956487748579,"d":"0.96"},{"v":1244.62227484,"d":"1,244.62"},{"v":0.0779696562177,"d":"0.08"},"1_10615001_8330_242579","außerhalb GKL",{"v":4.368378967,"d":"4.37"},{"v":0.0400088502608,"d":"0.04"},{"v":49.7959062253,"d":"49.80"}]
[1,107,10705,{"v":3192.65060099999,"d":"3,192.65"},2856,{"v":0.894554512,"d":"0.89"},"ST",430,10705001,{"v":3160.51312190999,"d":"3,160.51"},2489,{"v":0.787530348,"d":"0.79"},{"v":212.534573899999,"d":"212.53"},{"v":0.905906425,"d":"0.91"},{"v":2254.80109099999,"d":"2,254.80"},{"v":234.1989087,"d":"234.20"},1,"1_10705001_8389",{"v":201.242016048,"d":"201.24"},{"v":0.946867196029,"d":"0.95"},{"v":2134.99718664,"d":"2,135.00"},{"v":0.0672468569824,"d":"0.07"},"1_10705001_8389_242909","G",{"v":0.836923525296,"d":"0.84"},{"v":0.00415879119943,"d":"0.00"},{"v":8.87900751061,"d":"8.88"}]
[1,107,10714,{"v":6066.60772699999,"d":"6,066.61"},1797,{"v":0.296211669,"d":"0.30"}," ",330,10714001,{"v":6041.42825784999,"d":"6,041.43"},1420,{"v":0.235043758,"d":"0.24"},{"v":150.315187699999,"d":"150.32"},{"v":0.990672016,"d":"0.99"},{"v":1406.754263,"d":"1,406.75"},{"v":13.24573721,"d":"13.25"},1,"1_10714001_8444",{"v":144.508462987999,"d":"144.51"},{"v":0.961369673944,"d":"0.96"},{"v":1352.41088714,"d":"1,352.41"},{"v":0.0248807370185,"d":"0.02"},"1_10714001_8444_243312","außerhalb GKL",{"v":0.0994673944966,"d":"0.10"},{"v":0.000688315358422,"d":"0.00"},{"v":0.930885184516,"d":"0.93"}]
[1,107,10721,{"v":3388.83166799999,"d":"3,388.83"},1678,{"v":0.495155902,"d":"0.50"},"M",430,10721001,{"v":3359.58579982999,"d":"3,359.59"},1290,{"v":0.383975906,"d":"0.38"},{"v":153.4424922,"d":"153.44"},{"v":0.905906425,"d":"0.91"},{"v":1168.619288,"d":"1,168.62"},{"v":121.380712,"d":"121.38"},1,"1_10721001_8479",{"v":153.442492187999,"d":"153.44"},{"v":0.999999999922,"d":"1.00"},{"v":1168.61928790999,"d":"1,168.62"},{"v":0.0456730386846,"d":"0.05"},"1_10721001_8479_243542","D",{"v":1.24168865031,"d":"1.24"},{"v":0.00809220857016,"d":"0.01"},{"v":9.45671101688,"d":"9.46"}]
[3,301,30101,{"v":5170.152368,"d":"5,170.15"},25036,{"v":4.842410478,"d":"4.84"},"SR",103,30101041,{"v":517.339864189999,"d":"517.34"},648,{"v":1.252561507,"d":"1.25"},{"v":44.8446354,"d":"44.84"},{"v":0.975480312,"d":"0.98"},{"v":632.111242199999,"d":"632.11"},{"v":15.8887578499999,"d":"15.89"},1,"1_30101041_15500",{"v":20.8139868129,"d":"20.81"},{"v":0.464135489725,"d":"0.46"},{"v":293.385260958999,"d":"293.39"},{"v":0.0866831236178,"d":"0.09"},"1_30101041_15500_243846","F",{"v":0.0361619275605,"d":"0.04"},{"v":0.00173738591677,"d":"0.00"},{"v":0.509723420578,"d":"0.51"}]
[3,302,30201,{"v":10844.35726,"d":"10,844.36"},55514,{"v":5.11916001,"d":"5.12"},"SR",102,30201040,{"v":477.049831405,"d":"477.05"},2348,{"v":4.921917681,"d":"4.92"},{"v":113.644722599999,"d":"113.64"},{"v":0.973029842,"d":"0.97"},{"v":2284.67406799999,"d":"2,284.67"},{"v":63.3259320399999,"d":"63.33"},1,"1_30201040_15583",{"v":85.6386339451999,"d":"85.64"},{"v":0.753564547354,"d":"0.75"},{"v":1721.64937989999,"d":"1,721.65"},{"v":0.23822400747,"d":"0.24"},"1_30201040_15583_244245","D",{"v":21.23944544,"d":"21.24"},{"v":0.248012426887,"d":"0.25"},{"v":426.990440956999,"d":"426.99"}]
[3,302,30201,{"v":10844.35726,"d":"10,844.36"},55514,{"v":5.11916001,"d":"5.12"},"SR",102,30201067,{"v":92.1359710849999,"d":"92.14"},618,{"v":6.70747801,"d":"6.71"},{"v":50.79354897,"d":"50.79"},{"v":0.973029842,"d":"0.97"},{"v":601.332442099999,"d":"601.33"},{"v":16.66755792,"d":"16.67"},1,"1_30201067_15615",{"v":50.7935489731999,"d":"50.79"},{"v":1.00000000006,"d":"1.00"},{"v":601.332442136,"d":"601.33"},{"v":0.551289017436,"d":"0.55"},"1_30201067_15615_244479","D",{"v":24.6576046308,"d":"24.66"},{"v":0.485447564292,"d":"0.49"},{"v":291.915369365,"d":"291.92"}]
[3,302,30201,{"v":10844.35726,"d":"10,844.36"},55514,{"v":5.11916001,"d":"5.12"},"SR",102,30201112,{"v":932.956678174999,"d":"932.96"},597,{"v":0.639901095,"d":"0.64"},{"v":59.61962505,"d":"59.62"},{"v":0.973029842,"d":"0.97"},{"v":580.898815399999,"d":"580.90"},{"v":16.1011845899999,"d":"16.10"},1,"1_30201112_15671",{"v":0.129488967678,"d":"0.13"},{"v":0.00217191851793,"d":"0.00"},{"v":1.26166489421,"d":"1.26"},{"v":0.0639039587204,"d":"0.06"},"1_30201112_15671_244783","G",{"v":0.129488967678,"d":"0.13"},{"v":1,"d":"1.00"},{"v":1.26166489421,"d":"1.26"}]
[3,304,30401,{"v":6089.04783,"d":"6,089.05"},45823,{"v":7.525478741,"d":"7.53"},"SR",102,30401002,{"v":123.952226025,"d":"123.95"},1582,{"v":12.76298176,"d":"12.76"},{"v":41.3595524799999,"d":"41.36"},{"v":0.973029842,"d":"0.97"},{"v":1539.33320899999,"d":"1,539.33"},{"v":42.6667906699999,"d":"42.67"},1,"1_30401002_15853",{"v":0.760393183349,"d":"0.76"},{"v":0.018384947074,"d":"0.02"},{"v":28.3005595767,"d":"28.30"},{"v":0.333673333722,"d":"0.33"},"1_30401002_15853_245178","G",{"v":0.0284993515591,"d":"0.03"},{"v":0.0374797567669,"d":"0.04"},{"v":1.0606980893,"d":"1.06"}]
[3,305,30501,{"v":2126.67383199999,"d":"2,126.67"},2152,{"v":1.011908816,"d":"1.01"},"M",410,30501001,{"v":428.045960815,"d":"428.05"},257,{"v":0.600402815,"d":"0.60"},{"v":22.56665368,"d":"22.57"},{"v":0.921559671,"d":"0.92"},{"v":236.8408354,"d":"236.84"},{"v":20.1591646199999,"d":"20.16"},1,"1_30501001_16042",{"v":0.0591791523628,"d":"0.06"},{"v":2.62241594177E-3,"d":"0.00"},{"v":0.621095182415,"d":"0.62"},{"v":0.0527201649959,"d":"0.05"},"1_30501001_16042_245753","außerhalb GKL",{"v":0.0591791523629,"d":"0.06"},{"v":1,"d":"1.00"},{"v":0.621095182415,"d":"0.62"}]
[3,305,30502,{"v":5191.69882799999,"d":"5,191.70"},23816,{"v":4.587323107,"d":"4.59"},"ST",103,30502051,{"v":106.023364409999,"d":"106.02"},994,{"v":9.375291998,"d":"9.38"},{"v":45.40949589,"d":"45.41"},{"v":0.975480312,"d":"0.98"},{"v":969.627430099999,"d":"969.63"},{"v":24.3725699099999,"d":"24.37"},1,"1_30502051_16123",{"v":45.4094958916,"d":"45.41"},{"v":1.00000000004,"d":"1.00"},{"v":969.627430139,"d":"969.63"},{"v":0.428297065866,"d":"0.43"},"1_30502051_16123_246057","G",{"v":13.9769102589,"d":"13.98"},{"v":0.307797080423,"d":"0.31"},{"v":298.448492095,"d":"298.45"}]
[3,305,30504,{"v":3723.587027,"d":"3,723.59"},3822,{"v":1.026429615,"d":"1.03"},"M",410,30504001,{"v":1839.24232753999,"d":"1,839.24"},971,{"v":0.527934784,"d":"0.53"},{"v":95.0338843899999,"d":"95.03"},{"v":0.921559671,"d":"0.92"},{"v":894.834440299999,"d":"894.83"},{"v":76.1655597099999,"d":"76.17"},1,"1_30504001_16315",{"v":0.470809776044,"d":"0.47"},{"v":0.00495412535293,"d":"0.00"},{"v":4.43312198737,"d":"4.43"},{"v":0.0516701268599,"d":"0.05"},"1_30504001_16315_246367","außerhalb GKL",{"v":0.470809776044,"d":"0.47"},{"v":1,"d":"1.00"},{"v":4.43312198737,"d":"4.43"}]
[3,305,30509,{"v":1771.269864,"d":"1,771.27"},2258,{"v":1.274791631,"d":"1.27"}," ",410,30509000,{"v":1771.26986448,"d":"1,771.27"},2258,{"v":1.274791631,"d":"1.27"},{"v":135.692770999999,"d":"135.69"},{"v":0.921559671,"d":"0.92"},{"v":2080.881737,"d":"2,080.88"},{"v":177.1182635,"d":"177.12"},1,"1_30509000_16512",{"v":0.24867413,"d":"0.25"},{"v":1.83262622001E-3,"d":"0.00"},{"v":3.81347843197,"d":"3.81"},{"v":0.076607621301,"d":"0.08"},"1_30509000_16512_246690","außerhalb GKL",{"v":0.24867413,"d":"0.25"},{"v":1,"d":"1.00"},{"v":3.81347843197,"d":"3.81"}]
[3,305,30514,{"v":5499.878206,"d":"5,499.88"},5639,{"v":1.025295432,"d":"1.03"},"ST",410,30514001,{"v":231.274064949999,"d":"231.27"},1284,{"v":5.551854681,"d":"5.55"},{"v":75.66755424,"d":"75.67"},{"v":0.921559671,"d":"0.92"},{"v":1183.282617,"d":"1,183.28"},{"v":100.717382799999,"d":"100.72"},1,"1_30514001_16727",{"v":0.637257590277,"d":"0.64"},{"v":0.00842180769126,"d":"0.01"},{"v":9.96537864477999,"d":"9.97"},{"v":0.327176997803,"d":"0.33"},"1_30514001_16727_246994","G",{"v":0.00631798069582,"d":"0.01"},{"v":9.91432788282E-3,"d":"0.01"},{"v":0.0988000313608,"d":"0.10"}]
[3,305,30514,{"v":5499.878206,"d":"5,499.88"},5639,{"v":1.025295432,"d":"1.03"},"ST",410,30514003,{"v":3373.07986663,"d":"3,373.08"},1824,{"v":0.540752094,"d":"0.54"},{"v":193.82158,"d":"193.82"},{"v":0.921559671,"d":"0.92"},{"v":1680.924839,"d":"1,680.92"},{"v":143.0751606,"d":"143.08"},1,"1_30514003_16951",{"v":0.557947792859,"d":"0.56"},{"v":0.00287866703418,"d":"0.00"},{"v":4.83882292096,"d":"4.84"},{"v":0.0574613076665,"d":"0.06"},"1_30514003_16951_247300","außerhalb GKL",{"v":0.557947792858,"d":"0.56"},{"v":0.999999999998,"d":"1.00"},{"v":4.83882292095,"d":"4.84"}]
[3,305,30521,{"v":4786.50964999999,"d":"4,786.51"},2144,{"v":0.447925557,"d":"0.45"},"M",410,30521000,{"v":1886.12163895,"d":"1,886.12"},994,{"v":0.527007368,"d":"0.53"},{"v":82.71514136,"d":"82.72"},{"v":0.921559671,"d":"0.92"},{"v":916.030312699999,"d":"916.03"},{"v":77.96968728,"d":"77.97"},1,"1_30521000_17117",{"v":0.572085662685,"d":"0.57"},{"v":0.00691633542878,"d":"0.01"},{"v":6.33557290556,"d":"6.34"},{"v":0.0438546166121,"d":"0.04"},"1_30521000_17117_247627","außerhalb GKL",{"v":0.572085662684,"d":"0.57"},{"v":0.999999999998,"d":"1.00"},{"v":6.33557290555,"d":"6.34"}]
[3,305,30529,{"v":2846.04619099999,"d":"2,846.05"},2627,{"v":0.923034914,"d":"0.92"}," ",410,30529000,{"v":1454.50359559,"d":"1,454.50"},1797,{"v":1.235473054,"d":"1.24"},{"v":129.7838615,"d":"129.78"},{"v":0.921559671,"d":"0.92"},{"v":1656.04272799999,"d":"1,656.04"},{"v":140.9572717,"d":"140.96"},1,"1_30529000_17310",{"v":0.490855530067,"d":"0.49"},{"v":0.00378209990359,"d":"0.00"},{"v":6.26331904191,"d":"6.26"},{"v":0.0892289726155,"d":"0.09"},"1_30529000_17310_247931","außerhalb GKL",{"v":0.490855530066,"d":"0.49"},{"v":0.999999999998,"d":"1.00"},{"v":6.2633190419,"d":"6.26"}]
[3,305,30531,{"v":4572.025955,"d":"4,572.03"},9306,{"v":2.035421516,"d":"2.04"},"ST",410,30531001,{"v":262.36354388,"d":"262.36"},2134,{"v":8.133752001,"d":"8.13"},{"v":95.8797759699999,"d":"95.88"},{"v":0.921559671,"d":"0.92"},{"v":1966.60833699999,"d":"1,966.61"},{"v":167.391662599999,"d":"167.39"},1,"1_30531001_17488",{"v":91.6387642929999,"d":"91.64"},{"v":0.955767401059,"d":"0.96"},{"v":1879.62013916,"d":"1,879.62"},{"v":0.365446260376,"d":"0.37"},"1_30531001_17488_248233","G",{"v":10.779021643,"d":"10.78"},{"v":0.117625130873,"d":"0.12"},{"v":221.09056486,"d":"221.09"}]
[3,305,30533,{"v":1829.571331,"d":"1,829.57"},3805,{"v":2.079722138,"d":"2.08"},"M",410,30533001,{"v":65.7796871,"d":"65.78"},1024,{"v":15.5671157,"d":"15.57"},{"v":46.63557885,"d":"46.64"},{"v":0.921559671,"d":"0.92"},{"v":943.677102799999,"d":"943.68"},{"v":80.3228971599999,"d":"80.32"},1,"1_30533001_17721",{"v":46.6355788544,"d":"46.64"},{"v":1.00000000009,"d":"1.00"},{"v":943.677102884999,"d":"943.68"},{"v":0.708966261562,"d":"0.71"},"1_30533001_17721_248564","F",{"v":12.5765330977,"d":"12.58"},{"v":0.269676787694,"d":"0.27"},{"v":254.487809725999,"d":"254.49"}]
[3,305,30539,{"v":3572.90037299999,"d":"3,572.90"},2262,{"v":0.633099097,"d":"0.63"}," ",410,30539000,{"v":3572.90037252999,"d":"3,572.90"},2262,{"v":0.633099097,"d":"0.63"},{"v":115.2331451,"d":"115.23"},{"v":0.921559671,"d":"0.92"},{"v":2084.56797499999,"d":"2,084.57"},{"v":177.432024799999,"d":"177.43"},1,"1_30539000_17935",{"v":0.277786557927,"d":"0.28"},{"v":0.00241064806212,"d":"0.00"},{"v":5.02515974929,"d":"5.03"},{"v":0.0322519894442,"d":"0.03"},"1_30539000_17935_248894","außerhalb GKL",{"v":0.277786557927,"d":"0.28"},{"v":1,"d":"1.00"},{"v":5.02515974929,"d":"5.03"}]
[3,305,30542,{"v":3099.22438999999,"d":"3,099.22"},2047,{"v":0.660487833,"d":"0.66"},"M",410,30542000,{"v":3099.22438985,"d":"3,099.22"},2047,{"v":0.660487833,"d":"0.66"},{"v":263.382332099999,"d":"263.38"},{"v":0.921559671,"d":"0.92"},{"v":1886.43264599999,"d":"1,886.43"},{"v":160.567353999999,"d":"160.57"},1,"1_30542000_18133",{"v":0.635029055198,"d":"0.64"},{"v":0.00241105411337,"d":"0.00"},{"v":4.54829119073,"d":"4.55"},{"v":0.0849833051658,"d":"0.08"},"1_30542000_18133_249166","außerhalb GKL",{"v":0.635029055198,"d":"0.64"},{"v":1,"d":"1.00"},{"v":4.54829119073,"d":"4.55"}]
[3,306,30602,{"v":6353.269597,"d":"6,353.27"},2102,{"v":0.330853267,"d":"0.33"},"M",310,30602000,{"v":739.49517185,"d":"739.50"},592,{"v":0.800546133,"d":"0.80"},{"v":69.7180371,"d":"69.72"},{"v":0.969116244,"d":"0.97"},{"v":573.7168162,"d":"573.72"},{"v":18.28318376,"d":"18.28"},1,"1_30602000_18319",{"v":66.722239215,"d":"66.72"},{"v":0.957029801618,"d":"0.96"},{"v":549.064090792999,"d":"549.06"},{"v":0.0942778800375,"d":"0.09"},"1_30602000_18319_249501","G",{"v":0.111492792032,"d":"0.11"},{"v":1.67099895543E-3,"d":"0.00"},{"v":0.917485522179,"d":"0.92"}]
[3,306,30604,{"v":2688.27892599999,"d":"2,688.28"},25958,{"v":9.655992072,"d":"9.66"},"ST",101,30604022,{"v":24.0551848801,"d":"24.06"},900,{"v":37.4139714399999,"d":"37.41"},{"v":22.7847652799999,"d":"22.78"},{"v":0.965932983,"d":"0.97"},{"v":869.3396847,"d":"869.34"},{"v":30.66031527,"d":"30.66"},1,"1_30604022_18418",{"v":9.95794228037999,"d":"9.96"},{"v":0.437043882524,"d":"0.44"},{"v":379.939591032999,"d":"379.94"},{"v":0.947187285966,"d":"0.95"},"1_30604022_18418_249831","C",{"v":0.39490412066,"d":"0.39"},{"v":0.0396572012109,"d":"0.04"},{"v":15.0673408095999,"d":"15.07"}]
[3,306,30609,{"v":6415.032669,"d":"6,415.03"},863,{"v":0.134527764,"d":"0.13"}," ",310,30609000,{"v":6415.03266884,"d":"6,415.03"},863,{"v":0.134527764,"d":"0.13"},{"v":51.6096539999999,"d":"51.61"},{"v":0.969116244,"d":"0.97"},{"v":836.347318299999,"d":"836.35"},{"v":26.65268173,"d":"26.65"},1,"1_30609000_18584",{"v":0.134319303002,"d":"0.13"},{"v":0.00260260033911,"d":"0.00"},{"v":2.17667781422,"d":"2.18"},{"v":0.00804511164077,"d":"0.01"},"1_30609000_18584_250435","außerhalb GKL",{"v":0.134319303002,"d":"0.13"},{"v":1,"d":"1.00"},{"v":2.17667781422,"d":"2.18"}]
[3,306,30621,{"v":1077.889001,"d":"1,077.89"},2889,{"v":2.680238872,"d":"2.68"}," ",310,30621000,{"v":1077.88900084,"d":"1,077.89"},2889,{"v":2.680238872,"d":"2.68"},{"v":163.2710825,"d":"163.27"},{"v":0.969116244,"d":"0.97"},{"v":2799.776828,"d":"2,799.78"},{"v":89.22317209,"d":"89.22"},1,"1_30621000_18706",{"v":120.267814591,"d":"120.27"},{"v":0.736614302726,"d":"0.74"},{"v":2062.35565594999,"d":"2,062.36"},{"v":0.15147300174,"d":"0.15"},"1_30621000_18706_250801","E",{"v":11.4018847598,"d":"11.40"},{"v":0.0948041236018,"d":"0.09"},{"v":195.519820517999,"d":"195.52"}]
[3,306,30629,{"v":1780.59276799999,"d":"1,780.59"},1748,{"v":0.981695552,"d":"0.98"},"M",310,30629000,{"v":1780.59276844999,"d":"1,780.59"},1748,{"v":0.981695552,"d":"0.98"},{"v":152.215540299999,"d":"152.22"},{"v":0.969116244,"d":"0.97"},{"v":1694.015194,"d":"1,694.02"},{"v":53.9848061,"d":"53.98"},1,"1_30629000_18763",{"v":139.262285071,"d":"139.26"},{"v":0.91490188713,"d":"0.91"},{"v":1549.85769782,"d":"1,549.86"},{"v":0.0854858803187,"d":"0.09"},"1_30629000_18763_251105","F",{"v":8.94150811495,"d":"8.94"},{"v":0.0642062429924,"d":"0.06"},{"v":99.5105399498999,"d":"99.51"}]
[3,306,30639,{"v":2910.59515599999,"d":"2,910.60"},18758,{"v":6.444730028,"d":"6.44"},"ST",101,30639006,{"v":198.098693709999,"d":"198.10"},1656,{"v":8.35946956,"d":"8.36"},{"v":46.3364942899999,"d":"46.34"},{"v":0.965932983,"d":"0.97"},{"v":1599.58501999999,"d":"1,599.59"},{"v":56.41498011,"d":"56.41"},1,"1_30639006_18810",{"v":46.3364942899999,"d":"46.34"},{"v":1,"d":"1.00"},{"v":1599.58501999999,"d":"1,599.59"},{"v":0.233906107215,"d":"0.23"},"1_30639006_18810_251368","G",{"v":0.00478176588272,"d":"0.00"},{"v":1.03196539919E-4,"d":"0.00"},{"v":0.16507163937,"d":"0.17"}]
[3,307,30706,{"v":3146.15220899999,"d":"3,146.15"},3336,{"v":1.06034285,"d":"1.06"},"M",310,30706000,{"v":1858.45917815,"d":"1,858.46"},2049,{"v":1.102526235,"d":"1.10"},{"v":160.178915799999,"d":"160.18"},{"v":0.969116244,"d":"0.97"},{"v":1985.71918299999,"d":"1,985.72"},{"v":63.28081676,"d":"63.28"},1,"1_30706000_18877",{"v":14.6326547529,"d":"14.63"},{"v":0.0913519402964,"d":"0.09"},{"v":181.399300251,"d":"181.40"},{"v":0.0861890956138,"d":"0.09"},"1_30706000_18877_251738","F",{"v":0.000616548037107,"d":"0.00"},{"v":4.2135077163e-05,"d":"0.00"},{"v":0.00764327351332,"d":"0.01"}]
[3,307,30716,{"v":2991.69977999999,"d":"2,991.70"},4138,{"v":1.383160178,"d":"1.38"},"ST",310,30716000,{"v":33.7641726199999,"d":"33.76"},584,{"v":17.29644042,"d":"17.30"},{"v":33.7561042199999,"d":"33.76"},{"v":0.969116244,"d":"0.97"},{"v":565.9638863,"d":"565.96"},{"v":18.0361137099999,"d":"18.04"},1,"1_30716000_18928",{"v":33.7561042183999,"d":"33.76"},{"v":0.999999999953,"d":"1.00"},{"v":565.963886272999,"d":"565.96"},{"v":0.999761036644,"d":"1.00"},"1_30716000_18928_252042","E",{"v":0.0204146532199,"d":"0.02"},{"v":6.04769231894E-4,"d":"0.00"},{"v":0.342277544781,"d":"0.34"}]
[3,307,30726,{"v":3543.246607,"d":"3,543.25"},2984,{"v":0.842165486,"d":"0.84"},"M",310,30726003,{"v":823.339209969999,"d":"823.34"},581,{"v":0.705662979,"d":"0.71"},{"v":57.5495612699999,"d":"57.55"},{"v":0.969116244,"d":"0.97"},{"v":563.056537599999,"d":"563.06"},{"v":17.94346244,"d":"17.94"},1,"1_30726003_18978",{"v":57.5495612695,"d":"57.55"},{"v":0.999999999991,"d":"1.00"},{"v":563.056537595,"d":"563.06"},{"v":0.0698977536514,"d":"0.07"},"1_30726003_18978_252301","F",{"v":0.512789165433,"d":"0.51"},{"v":0.00891039226227,"d":"0.01"},{"v":5.01705461581,"d":"5.02"}]
[3,307,30736,{"v":169.0512141,"d":"169.05"},2179,{"v":12.88958504,"d":"12.89"}," ",101,30736000,{"v":169.05121406,"d":"169.05"},2179,{"v":12.88958504,"d":"12.89"},{"v":90.2623595299999,"d":"90.26"},{"v":0.965932983,"d":"0.97"},{"v":2104.76796999999,"d":"2,104.77"},{"v":74.2320299799999,"d":"74.23"},1,"1_30736000_19040",{"v":90.2623590887999,"d":"90.26"},{"v":0.999999995112,"d":"1.00"},{"v":2104.76795971,"d":"2,104.77"},{"v":0.533934997343,"d":"0.53"},"1_30736000_19040_252675","E",{"v":4.68438448914E-3,"d":"0.00"},{"v":5.1897430296e-05,"d":"0.00"},{"v":0.109232048478,"d":"0.11"}]
[3,307,30741,{"v":675.9493863,"d":"675.95"},1751,{"v":2.590430638,"d":"2.59"}," ",101,30741000,{"v":675.94938632,"d":"675.95"},1751,{"v":2.590430638,"d":"2.59"},{"v":130.8705477,"d":"130.87"},{"v":0.965932983,"d":"0.97"},{"v":1691.348653,"d":"1,691.35"},{"v":59.6513467199999,"d":"59.65"},1,"1_30741000_19089",{"v":120.26091409,"d":"120.26"},{"v":0.918930318575,"d":"0.92"},{"v":1554.23155651999,"d":"1,554.23"},{"v":0.193609980789,"d":"0.19"},"1_30741000_19089_252979","F",{"v":1.27172400405,"d":"1.27"},{"v":0.0105747076153,"d":"0.01"},{"v":16.4355442767,"d":"16.44"}]
[3,308,30821,{"v":8388.845577,"d":"8,388.85"},11600,{"v":1.382788596,"d":"1.38"},"ST",101,30821002,{"v":602.916106689999,"d":"602.92"},3307,{"v":5.48500855,"d":"5.49"},{"v":163.488856099999,"d":"163.49"},{"v":0.965932983,"d":"0.97"},{"v":3194.340375,"d":"3,194.34"},{"v":112.6596251,"d":"112.66"},1,"1_30821002_19156",{"v":163.488856064,"d":"163.49"},{"v":0.99999999978,"d":"1.00"},{"v":3194.34037429999,"d":"3,194.34"},{"v":0.27116352389,"d":"0.27"},"1_30821002_19156_253490","G",{"v":30.3201200469,"d":"30.32"},{"v":0.18545679979,"d":"0.19"},{"v":592.412143258,"d":"592.41"}]
[3,308,30824,{"v":2500.920308,"d":"2,500.92"},1296,{"v":0.518209235,"d":"0.52"},"M",320,30824000,{"v":2500.92030803999,"d":"2,500.92"},1296,{"v":0.518209235,"d":"0.52"},{"v":118.0409041,"d":"118.04"},{"v":0.974431631,"d":"0.97"},{"v":1262.86339399999,"d":"1,262.86"},{"v":33.13660626,"d":"33.14"},1,"1_30824000_19174",{"v":118.040904076999,"d":"118.04"},{"v":0.999999999805,"d":"1.00"},{"v":1262.86339374999,"d":"1,262.86"},{"v":0.0471989865973,"d":"0.05"},"1_30824000_19174_253612","G",{"v":0.219600762415,"d":"0.22"},{"v":1.8603785199E-3,"d":"0.00"},{"v":2.3494039313,"d":"2.35"}]
[3,308,30838,{"v":3576.05503899999,"d":"3,576.06"},2788,{"v":0.779630059,"d":"0.78"},"M",320,30838000,{"v":1796.42810847999,"d":"1,796.43"},1818,{"v":1.012008213,"d":"1.01"},{"v":109.6841497,"d":"109.68"},{"v":0.974431631,"d":"0.97"},{"v":1771.516705,"d":"1,771.52"},{"v":46.48329489,"d":"46.48"},1,"1_30838000_19223",{"v":109.684149715999,"d":"109.68"},{"v":1.00000000015,"d":"1.00"},{"v":1771.51670527,"d":"1,771.52"},{"v":0.0610567988678,"d":"0.06"},"1_30838000_19223_253916","C",{"v":24.213016822,"d":"24.21"},{"v":0.220752195141,"d":"0.22"},{"v":391.066201417,"d":"391.07"}]
[3,308,30863,{"v":8875.27726299999,"d":"8,875.28"},5379,{"v":0.606065573,"d":"0.61"},"ST",420,30863020,{"v":622.319945859999,"d":"622.32"},180,{"v":0.289240287,"d":"0.29"},{"v":30.8191810199999,"d":"30.82"},{"v":0.920429496,"d":"0.92"},{"v":165.677309299999,"d":"165.68"},{"v":14.32269075,"d":"14.32"},1,"1_30863020_19293",{"v":26.7691109087999,"d":"26.77"},{"v":0.868586056567,"d":"0.87"},{"v":143.905000747999,"d":"143.91"},{"v":0.0495230487549,"d":"0.05"},"1_30863020_19293_254423","F",{"v":17.2513603479999,"d":"17.25"},{"v":0.644450254877,"d":"0.64"},{"v":92.7396144101,"d":"92.74"}]
[3,309,30903,{"v":3670.129827,"d":"3,670.13"},1512,{"v":0.411974527,"d":"0.41"},"M",420,30903001,{"v":877.901444155,"d":"877.90"},580,{"v":0.660666415,"d":"0.66"},{"v":90.26486373,"d":"90.26"},{"v":0.920429496,"d":"0.92"},{"v":533.8491076,"d":"533.85"},{"v":46.1508924099999,"d":"46.15"},1,"1_30903001_19326",{"v":90.153995609,"d":"90.15"},{"v":0.998771746653,"d":"1.00"},{"v":533.193405646999,"d":"533.19"},{"v":0.102818903342,"d":"0.10"},"1_30903001_19326_254549","außerhalb GKL",{"v":0.447831445281,"d":"0.45"},{"v":0.00496740540733,"d":"0.00"},{"v":2.64858780636,"d":"2.65"}]
[3,309,30910,{"v":8246.56760399999,"d":"8,246.57"},1310,{"v":0.15885397,"d":"0.16"},"M",430,30910003,{"v":751.37389206,"d":"751.37"},200,{"v":0.266179065,"d":"0.27"},{"v":39.53925164,"d":"39.54"},{"v":0.905906425,"d":"0.91"},{"v":181.181285,"d":"181.18"},{"v":18.81871505,"d":"18.82"},1,"1_30910003_19466",{"v":28.5778714596,"d":"28.58"},{"v":0.722772189008,"d":"0.72"},{"v":130.952793966999,"d":"130.95"},{"v":0.0526226051475,"d":"0.05"},"1_30910003_19466_254879","außerhalb GKL",{"v":28.5778714596,"d":"28.58"},{"v":1,"d":"1.00"},{"v":130.952793966999,"d":"130.95"}]
[3,309,30932,{"v":4939.03772699999,"d":"4,939.04"},1091,{"v":0.220893231,"d":"0.22"},"M",420,30932001,{"v":1141.93688661,"d":"1,141.94"},206,{"v":0.180395259,"d":"0.18"},{"v":56.78656954,"d":"56.79"},{"v":0.920429496,"d":"0.92"},{"v":189.608476099999,"d":"189.61"},{"v":16.39152386,"d":"16.39"},1,"1_30932001_19685",{"v":37.6752324624999,"d":"37.68"},{"v":0.663453220853,"d":"0.66"},{"v":125.79635417,"d":"125.80"},{"v":0.0497282907715,"d":"0.05"},"1_30932001_19685_255356","G",{"v":6.86503500817,"d":"6.87"},{"v":0.182216128726,"d":"0.18"},{"v":22.9221246647,"d":"22.92"}]
[3,310,31014,{"v":2840.90475,"d":"2,840.90"},1154,{"v":0.406208621,"d":"0.41"},"M",420,31014000,{"v":1840.26523648,"d":"1,840.27"},819,{"v":0.445044542,"d":"0.45"},{"v":80.1661887599999,"d":"80.17"},{"v":0.920429496,"d":"0.92"},{"v":753.8317571,"d":"753.83"},{"v":65.16824291,"d":"65.17"},1,"1_31014000_19903",{"v":79.3573690085,"d":"79.36"},{"v":0.989910712184,"d":"0.99"},{"v":746.226131538,"d":"746.23"},{"v":0.0435623013307,"d":"0.04"},"1_31014000_19903_255823","G",{"v":17.4370078687,"d":"17.44"},{"v":0.219727645795,"d":"0.22"},{"v":163.966511114,"d":"163.97"}]
[3,310,31022,{"v":15242.47019,"d":"15,242.47"},11882,{"v":0.779532441,"d":"0.78"},"ST",210,31022003,{"v":311.86794787,"d":"311.87"},1466,{"v":4.700707495,"d":"4.70"},{"v":70.4845358999999,"d":"70.48"},{"v":0.955942851,"d":"0.96"},{"v":1401.41221999999,"d":"1,401.41"},{"v":64.58777992,"d":"64.59"},1,"1_31022003_19980",{"v":69.8357685505,"d":"69.84"},{"v":0.990795607274,"d":"0.99"},{"v":1388.51307156,"d":"1,388.51"},{"v":0.226007630413,"d":"0.23"},"1_31022003_19980_256153","außerhalb GKL",{"v":0.00857205158539,"d":"0.01"},{"v":1.2274586166E-4,"d":"0.00"},{"v":0.170434233395,"d":"0.17"}]
[3,310,31022,{"v":15242.47019,"d":"15,242.47"},11882,{"v":0.779532441,"d":"0.78"},"ST",210,31022080,{"v":1734.5790256,"d":"1,734.58"},220,{"v":0.126831927,"d":"0.13"},{"v":34.72703201,"d":"34.73"},{"v":0.955942851,"d":"0.96"},{"v":210.3074273,"d":"210.31"},{"v":9.692572702,"d":"9.69"},1,"1_31022080_20004",{"v":34.7270320084,"d":"34.73"},{"v":0.999999999954,"d":"1.00"},{"v":210.307427289999,"d":"210.31"},{"v":0.0200204380991,"d":"0.02"},"1_31022080_20004_256289","G",{"v":2.10837634471,"d":"2.11"},{"v":0.0607128286748,"d":"0.06"},{"v":12.7683588021,"d":"12.77"}]
[3,310,31051,{"v":6389.077911,"d":"6,389.08"},2352,{"v":0.368128239,"d":"0.37"},"M",420,31051002,{"v":289.619450734999,"d":"289.62"},110,{"v":0.379808745,"d":"0.38"},{"v":26.68563259,"d":"26.69"},{"v":0.920429496,"d":"0.92"},{"v":101.247244499999,"d":"101.25"},{"v":8.75275545799999,"d":"8.75"},1,"1_31051002_20152",{"v":26.685632591,"d":"26.69"},{"v":1.00000000004,"d":"1.00"},{"v":101.247244503999,"d":"101.25"},{"v":0.0921403328481,"d":"0.09"},"1_31051002_20152_256760","außerhalb GKL",{"v":3.40126971596,"d":"3.40"},{"v":0.127456964131,"d":"0.13"},{"v":12.9046664110999,"d":"12.90"}]
[3,311,31105,{"v":2354.70341899999,"d":"2,354.70"},3503,{"v":1.487660812,"d":"1.49"},"ST",420,31105001,{"v":738.021883255,"d":"738.02"},1054,{"v":1.428141934,"d":"1.43"},{"v":94.5394744999999,"d":"94.54"},{"v":0.920429496,"d":"0.92"},{"v":970.1326886,"d":"970.13"},{"v":83.86731138,"d":"83.87"},1,"1_31105001_20250",{"v":90.5063244203,"d":"90.51"},{"v":0.95733898352,"d":"0.96"},{"v":928.745841983999,"d":"928.75"},{"v":0.128098470581,"d":"0.13"},"1_31105001_20250_257090","F",{"v":12.8617877050999,"d":"12.86"},{"v":0.142109270125,"d":"0.14"},{"v":131.983393736,"d":"131.98"}]
[3,311,31106,{"v":5041.646971,"d":"5,041.65"},3476,{"v":0.689457239,"d":"0.69"},"M",420,31106007,{"v":587.999186424999,"d":"588.00"},414,{"v":0.704082607,"d":"0.70"},{"v":65.74457309,"d":"65.74"},{"v":0.920429496,"d":"0.92"},{"v":381.0578113,"d":"381.06"},{"v":32.9421887199999,"d":"32.94"},1,"1_31106007_20277",{"v":65.6439608901,"d":"65.64"},{"v":0.998469650115,"d":"1.00"},{"v":380.474659522,"d":"380.47"},{"v":0.111810653157,"d":"0.11"},"1_31106007_20277_257222","G",{"v":6.10208025477,"d":"6.10"},{"v":0.0929572221424,"d":"0.09"},{"v":35.3678674447,"d":"35.37"}]
[3,311,31124,{"v":4795.925392,"d":"4,795.93"},1642,{"v":0.342373967,"d":"0.34"},"M",420,31124007,{"v":307.042965634999,"d":"307.04"},101,{"v":0.328944191,"d":"0.33"},{"v":25.1320072,"d":"25.13"},{"v":0.920429496,"d":"0.92"},{"v":92.9633790799999,"d":"92.96"},{"v":8.03662092,"d":"8.04"},1,"1_31124007_20417",{"v":25.132007196,"d":"25.13"},{"v":0.999999999841,"d":"1.00"},{"v":92.9633790652,"d":"92.96"},{"v":0.0818517602187,"d":"0.08"},"1_31124007_20417_257723","F",{"v":11.2392234698,"d":"11.24"},{"v":0.447207554182,"d":"0.45"},{"v":41.5739253802,"d":"41.57"}]
[3,312,31205,{"v":3275.557435,"d":"3,275.56"},2221,{"v":0.678052528,"d":"0.68"},"M",310,31205000,{"v":872.64915882,"d":"872.65"},942,{"v":1.079471619,"d":"1.08"},{"v":88.14833378,"d":"88.15"},{"v":0.969116244,"d":"0.97"},{"v":912.907501499999,"d":"912.91"},{"v":29.09249848,"d":"29.09"},1,"1_31205000_20501",{"v":87.9015100546999,"d":"87.90"},{"v":0.997199904811,"d":"1.00"},{"v":910.351273597,"d":"910.35"},{"v":0.101012340285,"d":"0.10"},"1_31205000_20501_258027","außerhalb GKL",{"v":0.0847932922608,"d":"0.08"},{"v":0.000964639767941,"d":"0.00"},{"v":0.878161041307,"d":"0.88"}]
[3,312,31215,{"v":2788.695571,"d":"2,788.70"},1190,{"v":0.426722806,"d":"0.43"}," ",310,31215000,{"v":1183.77205189,"d":"1,183.77"},732,{"v":0.618362293,"d":"0.62"},{"v":77.9807473399999,"d":"77.98"},{"v":0.969116244,"d":"0.97"},{"v":709.3930904,"d":"709.39"},{"v":22.6069096499999,"d":"22.61"},1,"1_31215000_20580",{"v":67.0311314508,"d":"67.03"},{"v":0.859585650783,"d":"0.86"},{"v":609.784121271999,"d":"609.78"},{"v":0.0658748001488,"d":"0.07"},"1_31215000_20580_258491","außerhalb GKL",{"v":0.250830528415,"d":"0.25"},{"v":3.74200051508E-3,"d":"0.00"},{"v":2.28181249589,"d":"2.28"}]
[3,312,31226,{"v":5509.338772,"d":"5,509.34"},3971,{"v":0.720776152,"d":"0.72"},"M",310,31226002,{"v":827.37116759,"d":"827.37"},306,{"v":0.369846101,"d":"0.37"},{"v":43.1387701299999,"d":"43.14"},{"v":0.969116244,"d":"0.97"},{"v":296.549570599999,"d":"296.55"},{"v":9.450429443,"d":"9.45"},1,"1_31226002_20613",{"v":1.08280789876,"d":"1.08"},{"v":0.0251005741586,"d":"0.03"},{"v":7.44356448855,"d":"7.44"},{"v":0.0521395618071,"d":"0.05"},"1_31226002_20613_258660","außerhalb GKL",{"v":0.218138115521,"d":"0.22"},{"v":0.201455969956,"d":"0.20"},{"v":1.49955050397,"d":"1.50"}]
[3,312,31234,{"v":5035.725645,"d":"5,035.73"},1547,{"v":0.307204981,"d":"0.31"},"M",310,31234001,{"v":953.062143549999,"d":"953.06"},153,{"v":0.160535177,"d":"0.16"},{"v":30.88377123,"d":"30.88"},{"v":0.969116244,"d":"0.97"},{"v":148.274785299999,"d":"148.27"},{"v":4.725214721,"d":"4.73"},1,"1_31234001_20680",{"v":30.0975891050999,"d":"30.10"},{"v":0.974543843139,"d":"0.97"},{"v":144.500279107,"d":"144.50"},{"v":0.0324047822474,"d":"0.03"},"1_31234001_20680_258964","G",{"v":0.000439618528765,"d":"0.00"},{"v":1.4606436656E-5,"d":"0.00"},{"v":0.00211063417357,"d":"0.00"}]
[3,313,31309,{"v":1237.31778,"d":"1,237.32"},2968,{"v":2.398737049,"d":"2.40"},"M",310,31309001,{"v":322.255238589999,"d":"322.26"},1624,{"v":5.039483631,"d":"5.04"},{"v":106.9105339,"d":"106.91"},{"v":0.969116244,"d":"0.97"},{"v":1573.84477999999,"d":"1,573.84"},{"v":50.1552203099999,"d":"50.16"},1,"1_31309001_20812",{"v":106.756754925999,"d":"106.76"},{"v":0.998561610644,"d":"1.00"},{"v":1571.58097842,"d":"1,571.58"},{"v":0.331757318726,"d":"0.33"},"1_31309001_20812_259424","D",{"v":10.4663589706,"d":"10.47"},{"v":0.0980393135578,"d":"0.10"},{"v":154.076720324999,"d":"154.08"}]
[3,313,31311,{"v":8073.01692399999,"d":"8,073.02"},3783,{"v":0.468598051,"d":"0.47"},"ST",410,31311005,{"v":548.588035945,"d":"548.59"},117,{"v":0.213274793,"d":"0.21"},{"v":9.75316779399999,"d":"9.75"},{"v":0.921559671,"d":"0.92"},{"v":107.822481499999,"d":"107.82"},{"v":9.177518523,"d":"9.18"},1,"1_31311005_20868",{"v":0.86842487721,"d":"0.87"},{"v":0.089040288812,"d":"0.09"},{"v":9.60054489318999,"d":"9.60"},{"v":0.0177786738954,"d":"0.02"},"1_31311005_20868_259597","G",{"v":0.645407502702,"d":"0.65"},{"v":0.743193245195,"d":"0.74"},{"v":7.13506011481,"d":"7.14"}]
[3,313,31322,{"v":6693.91576199999,"d":"6,693.92"},7548,{"v":1.127591124,"d":"1.13"},"ST",410,31322000,{"v":39.483619715,"d":"39.48"},857,{"v":21.70520348,"d":"21.71"},{"v":39.00011842,"d":"39.00"},{"v":0.921559671,"d":"0.92"},{"v":789.7766378,"d":"789.78"},{"v":67.22336217,"d":"67.22"},1,"1_31322000_21107",{"v":39.0001184226999,"d":"39.00"},{"v":1.00000000007,"d":"1.00"},{"v":789.776637854999,"d":"789.78"},{"v":0.987754382742,"d":"0.99"},"1_31322000_21107_259901","G",{"v":0.604616638725,"d":"0.60"},{"v":0.0155029436622,"d":"0.02"},{"v":12.2438627223999,"d":"12.24"}]
[3,313,31330,{"v":2842.69104299999,"d":"2,842.69"},1288,{"v":0.453091799,"d":"0.45"},"M",410,31330000,{"v":1044.69312955,"d":"1,044.69"},723,{"v":0.692069259,"d":"0.69"},{"v":86.46397475,"d":"86.46"},{"v":0.921559671,"d":"0.92"},{"v":666.2876419,"d":"666.29"},{"v":56.7123580499999,"d":"56.71"},1,"1_31330000_21255",{"v":84.2306981455,"d":"84.23"},{"v":0.974171016184,"d":"0.97"},{"v":649.078109180999,"d":"649.08"},{"v":0.0827649501124,"d":"0.08"},"1_31330000_21255_260277","F",{"v":9.7117563008e-05,"d":"0.00"},{"v":1.152994872E-6,"d":"0.00"},{"v":0.00074838373127,"d":"0.00"}]
[3,313,31346,{"v":2248.124072,"d":"2,248.12"},1720,{"v":0.765082329,"d":"0.77"},"M",410,31346000,{"v":1258.47161559,"d":"1,258.47"},1364,{"v":1.083854402,"d":"1.08"},{"v":143.4972711,"d":"143.50"},{"v":0.921559671,"d":"0.92"},{"v":1257.007391,"d":"1,257.01"},{"v":106.992609099999,"d":"106.99"},1,"1_31346000_21459",{"v":0.0589882212633,"d":"0.06"},{"v":4.11075561306E-4,"d":"0.00"},{"v":0.516725018821,"d":"0.52"},{"v":0.114025035863,"d":"0.11"},"1_31346000_21459_260871","außerhalb GKL",{"v":0.0589882212632,"d":"0.06"},{"v":0.999999999998,"d":"1.00"},{"v":0.51672501882,"d":"0.52"}]
[3,314,31401,{"v":6351.76600099999,"d":"6,351.77"},516,{"v":0.08123725,"d":"0.08"}," ",430,31401000,{"v":6351.76600062,"d":"6,351.77"},516,{"v":0.08123725,"d":"0.08"},{"v":156.834439699999,"d":"156.83"},{"v":0.905906425,"d":"0.91"},{"v":467.4477152,"d":"467.45"},{"v":48.5522848199999,"d":"48.55"},1,"1_31401000_21573",{"v":3.88845168214,"d":"3.89"},{"v":0.0247933533577,"d":"0.02"},{"v":11.5895963792,"d":"11.59"},{"v":0.0246914700077,"d":"0.02"},"1_31401000_21573_261175","G",{"v":3.88845168214,"d":"3.89"},{"v":1,"d":"1.00"},{"v":11.5895963792,"d":"11.59"}]
[3,314,31405,{"v":4303.801144,"d":"4,303.80"},1057,{"v":0.245596849,"d":"0.25"},"M",310,31405000,{"v":4303.80114448,"d":"4,303.80"},1057,{"v":0.245596849,"d":"0.25"},{"v":149.0265803,"d":"149.03"},{"v":0.969116244,"d":"0.97"},{"v":1024.35587,"d":"1,024.36"},{"v":32.64413046,"d":"32.64"},1,"1_31405000_21786",{"v":0.368344076732,"d":"0.37"},{"v":0.00247166697371,"d":"0.00"},{"v":2.5318665732,"d":"2.53"},{"v":0.0346267346695,"d":"0.03"},"1_31405000_21786_261546","außerhalb GKL",{"v":0.368344076731,"d":"0.37"},{"v":0.999999999997,"d":"1.00"},{"v":2.53186657319,"d":"2.53"}]
[3,314,31407,{"v":5404.850924,"d":"5,404.85"},2664,{"v":0.49289056,"d":"0.49"},"ST",410,31407003,{"v":1974.35758517999,"d":"1,974.36"},466,{"v":0.23602614,"d":"0.24"},{"v":56.7203907,"d":"56.72"},{"v":0.921559671,"d":"0.92"},{"v":429.4468066,"d":"429.45"},{"v":36.55319343,"d":"36.55"},1,"1_31407003_21932",{"v":19.0696382506999,"d":"19.07"},{"v":0.336204282364,"d":"0.34"},{"v":144.381855425999,"d":"144.38"},{"v":0.028728529789,"d":"0.03"},"1_31407003_21932_261808","außerhalb GKL",{"v":0.05300015999,"d":"0.05"},{"v":2.77929551118E-3,"d":"0.00"},{"v":0.401279842681,"d":"0.40"}]
[3,314,31412,{"v":7819.925613,"d":"7,819.93"},3906,{"v":0.499493242,"d":"0.50"},"M",410,31412001,{"v":3344.53794529,"d":"3,344.54"},2038,{"v":0.609351735,"d":"0.61"},{"v":223.0386013,"d":"223.04"},{"v":0.921559671,"d":"0.92"},{"v":1878.138609,"d":"1,878.14"},{"v":159.861390999999,"d":"159.86"},1,"1_31412001_22119",{"v":1.64148719232,"d":"1.64"},{"v":0.00735965515723,"d":"0.01"},{"v":13.8224524997,"d":"13.82"},{"v":0.0666874183963,"d":"0.07"},"1_31412001_22119_262138","C",{"v":0.355618375182,"d":"0.36"},{"v":0.216644014553,"d":"0.22"},{"v":2.9945516005,"d":"2.99"}]
[3,314,31414,{"v":14602.68864,"d":"14,602.69"},1913,{"v":0.131003273,"d":"0.13"},"M",430,31414001,{"v":14343.0971613,"d":"14,343.10"},822,{"v":0.057309798,"d":"0.06"},{"v":104.9309621,"d":"104.93"},{"v":0.905906425,"d":"0.91"},{"v":744.6550812,"d":"744.66"},{"v":77.34491884,"d":"77.34"},1,"1_31414001_22290",{"v":1.17857489779,"d":"1.18"},{"v":0.0112319078583,"d":"0.01"},{"v":8.36389725825,"d":"8.36"},{"v":0.0073157813072,"d":"0.01"},"1_31414001_22290_262479","außerhalb GKL",{"v":1.17857489779,"d":"1.18"},{"v":1,"d":"1.00"},{"v":8.36389725825,"d":"8.36"}]
[3,315,31505,{"v":1696.39008199999,"d":"1,696.39"},2710,{"v":1.597509929,"d":"1.60"},"M",410,31505001,{"v":1490.72998658999,"d":"1,490.73"},1312,{"v":0.880105728,"d":"0.88"},{"v":137.3750229,"d":"137.38"},{"v":0.921559671,"d":"0.92"},{"v":1209.08628799999,"d":"1,209.09"},{"v":102.913712,"d":"102.91"},1,"1_31505001_22432",{"v":0.527934870011,"d":"0.53"},{"v":0.00384301934126,"d":"0.00"},{"v":4.64654199004,"d":"4.65"},{"v":0.0921528540619,"d":"0.09"},"1_31505001_22432_262745","außerhalb GKL",{"v":0.0747762223401,"d":"0.07"},{"v":0.141639104722,"d":"0.14"},{"v":0.658132047522,"d":"0.66"}]
[3,315,31514,{"v":4539.347743,"d":"4,539.35"},2574,{"v":0.567041819,"d":"0.57"},"M",410,31514000,{"v":581.520071219999,"d":"581.52"},1576,{"v":2.710138614,"d":"2.71"},{"v":115.677140899999,"d":"115.68"},{"v":0.921559671,"d":"0.92"},{"v":1452.37804099999,"d":"1,452.38"},{"v":123.621958899999,"d":"123.62"},1,"1_31514000_22607",{"v":110.675876228999,"d":"110.68"},{"v":0.95676531567,"d":"0.96"},{"v":1389.58493487,"d":"1,389.58"},{"v":0.198922009102,"d":"0.20"},"1_31514000_22607_263075","F",{"v":0.540775478035,"d":"0.54"},{"v":0.00488611878632,"d":"0.00"},{"v":6.78967705546,"d":"6.79"}]
[3,315,31521,{"v":3361.965282,"d":"3,361.97"},3219,{"v":0.957475682,"d":"0.96"},"ST",410,31521001,{"v":1385.81189455,"d":"1,385.81"},1027,{"v":0.741081819,"d":"0.74"},{"v":78.27284821,"d":"78.27"},{"v":0.921559671,"d":"0.92"},{"v":946.4417819,"d":"946.44"},{"v":80.55821815,"d":"80.56"},1,"1_31521001_22735",{"v":4.45155044248,"d":"4.45"},{"v":0.0568722174328,"d":"0.06"},{"v":53.8262428076999,"d":"53.83"},{"v":0.0564815820371,"d":"0.06"},"1_31521001_22735_263412","F",{"v":0.297776389908,"d":"0.30"},{"v":0.0668927363074,"d":"0.07"},{"v":3.60058466655,"d":"3.60"}]
[3,315,31524,{"v":2575.271502,"d":"2,575.27"},5630,{"v":2.186177261,"d":"2.19"},"ST",210,31524005,{"v":1526.74758520999,"d":"1,526.75"},444,{"v":0.29081428,"d":"0.29"},{"v":52.72586162,"d":"52.73"},{"v":0.955942851,"d":"0.96"},{"v":424.438625999999,"d":"424.44"},{"v":19.561374,"d":"19.56"},1,"1_31524005_22822",{"v":0.449134305503,"d":"0.45"},{"v":0.00851829238448,"d":"0.01"},{"v":3.61549231553,"d":"3.62"},{"v":0.0345347601206,"d":"0.03"},"1_31524005_22822_263682","außerhalb GKL",{"v":0.449134305504,"d":"0.45"},{"v":1,"d":"1.00"},{"v":3.61549231553,"d":"3.62"}]
[3,315,31533,{"v":1789.775049,"d":"1,789.78"},3948,{"v":2.205863805,"d":"2.21"},"ST",410,31533004,{"v":137.596086735,"d":"137.60"},1426,{"v":10.36366683,"d":"10.36"},{"v":71.77961374,"d":"71.78"},{"v":0.921559671,"d":"0.92"},{"v":1314.14409,"d":"1,314.14"},{"v":111.855909499999,"d":"111.86"},1,"1_31533004_22949",{"v":71.7796137419999,"d":"71.78"},{"v":1.00000000003,"d":"1.00"},{"v":1314.14409004,"d":"1,314.14"},{"v":0.521669005589,"d":"0.52"},"1_31533004_22949_264012","G",{"v":0.000141087603712,"d":"0.00"},{"v":1.965566494e-06,"d":"0.00"},{"v":0.00258303759146,"d":"0.00"}]
[3,315,31540,{"v":2485.31367799999,"d":"2,485.31"},1640,{"v":0.659876463,"d":"0.66"},"M",410,31540001,{"v":1094.06105496999,"d":"1,094.06"},686,{"v":0.627021679,"d":"0.63"},{"v":83.16736885,"d":"83.17"},{"v":0.921559671,"d":"0.92"},{"v":632.189934099999,"d":"632.19"},{"v":53.81006587,"d":"53.81"},1,"1_31540001_23120",{"v":34.775419094,"d":"34.78"},{"v":0.418137781378,"d":"0.42"},{"v":264.342496454,"d":"264.34"},{"v":0.0760171184891,"d":"0.08"},"1_31540001_23120_264345","F",{"v":11.873804742,"d":"11.87"},{"v":0.341442462847,"d":"0.34"},{"v":90.2577530244,"d":"90.26"}]
[3,315,31549,{"v":2377.617502,"d":"2,377.62"},5627,{"v":2.366654853,"d":"2.37"},"ST",210,31549002,{"v":1263.368396,"d":"1,263.37"},1156,{"v":0.915014182,"d":"0.92"},{"v":123.8131852,"d":"123.81"},{"v":0.955942851,"d":"0.96"},{"v":1105.069936,"d":"1,105.07"},{"v":50.93006384,"d":"50.93"},1,"1_31549002_23278",{"v":8.10856460834999,"d":"8.11"},{"v":0.0654903158759,"d":"0.07"},{"v":72.3713791736,"d":"72.37"},{"v":0.0980024398204,"d":"0.10"},"1_31549002_23278_264645","E",{"v":1.27300876737,"d":"1.27"},{"v":0.156995575525,"d":"0.16"},{"v":11.3619863249,"d":"11.36"}]
[3,315,31551,{"v":3248.822974,"d":"3,248.82"},1660,{"v":0.510954279,"d":"0.51"}," ",420,31551001,{"v":1549.2873276,"d":"1,549.29"},452,{"v":0.291747045,"d":"0.29"},{"v":55.7444960899999,"d":"55.74"},{"v":0.920429496,"d":"0.92"},{"v":416.0341321,"d":"416.03"},{"v":35.9658678799999,"d":"35.97"},1,"1_31551001_23411",{"v":0.170443923555,"d":"0.17"},{"v":0.0030575919689,"d":"0.00"},{"v":1.2720626211,"d":"1.27"},{"v":0.035980734559,"d":"0.04"},"1_31551001_23411_264949","außerhalb GKL",{"v":0.170443923556,"d":"0.17"},{"v":1.00000000001,"d":"1.00"},{"v":1.27206262111,"d":"1.27"}]
[3,316,31616,{"v":4268.66245799999,"d":"4,268.66"},1112,{"v":0.260503146,"d":"0.26"},"M",420,31616002,{"v":2095.63689394999,"d":"2,095.64"},484,{"v":0.230956041,"d":"0.23"},{"v":77.2828634699999,"d":"77.28"},{"v":0.920429496,"d":"0.92"},{"v":445.487876,"d":"445.49"},{"v":38.51212401,"d":"38.51"},1,"1_31616002_23636",{"v":75.7812625356,"d":"75.78"},{"v":0.980570066028,"d":"0.98"},{"v":436.832075984,"d":"436.83"},{"v":0.0368779838211,"d":"0.04"},"1_31616002_23636_265614","G",{"v":0.380164396644,"d":"0.38"},{"v":0.00501660151763,"d":"0.01"},{"v":2.19141245533,"d":"2.19"}]
[3,316,31633,{"v":13156.96599,"d":"13,156.97"},11583,{"v":0.880370141,"d":"0.88"},"ST",220,31633000,{"v":29.991164205,"d":"29.99"},802,{"v":26.74120933,"d":"26.74"},{"v":29.99116421,"d":"29.99"},{"v":0.975109986,"d":"0.98"},{"v":782.038208899999,"d":"782.04"},{"v":19.96179112,"d":"19.96"},1,"1_31633000_23693",{"v":29.991164205,"d":"29.99"},{"v":0.999999999833,"d":"1.00"},{"v":802,"d":"802.00"},{"v":1.00000000017,"d":"1.00"},"1_31633000_23693_265919","D",{"v":8.2657231643,"d":"8.27"},{"v":0.275605278535,"d":"0.28"},{"v":221.035433385,"d":"221.04"}]
[3,316,31644,{"v":9727.416836,"d":"9,727.42"},5483,{"v":0.563664547,"d":"0.56"},"ST",420,31644020,{"v":1530.42520736999,"d":"1,530.43"},362,{"v":0.236535571,"d":"0.24"},{"v":62.9435812799999,"d":"62.94"},{"v":0.920429496,"d":"0.92"},{"v":333.195477499999,"d":"333.20"},{"v":28.80452251,"d":"28.80"},1,"1_31644020_23762",{"v":62.9435812828999,"d":"62.94"},{"v":1.00000000005,"d":"1.00"},{"v":333.195477516999,"d":"333.20"},{"v":0.0411281655431,"d":"0.04"},"1_31644020_23762_266223","außerhalb GKL",{"v":0.767736480995,"d":"0.77"},{"v":0.0121972163856,"d":"0.01"},{"v":4.06405733798,"d":"4.06"}]
[3,316,31655,{"v":4459.935158,"d":"4,459.94"},7299,{"v":1.636570878,"d":"1.64"},"ST",210,31655003,{"v":340.848692679999,"d":"340.85"},410,{"v":1.202879779,"d":"1.20"},{"v":48.31300764,"d":"48.31"},{"v":0.955942851,"d":"0.96"},{"v":391.936569099999,"d":"391.94"},{"v":18.06343095,"d":"18.06"},1,"1_31655003_23832",{"v":48.3130076364,"d":"48.31"},{"v":0.999999999925,"d":"1.00"},{"v":391.936569071,"d":"391.94"},{"v":0.141743268135,"d":"0.14"},"1_31655003_23832_266547","G",{"v":11.4388899399999,"d":"11.44"},{"v":0.236766256121,"d":"0.24"},{"v":92.7973540959,"d":"92.80"}]
[3,317,31704,{"v":725.810875399999,"d":"725.81"},11975,{"v":16.49878833,"d":"16.50"},"M",101,31704000,{"v":40.9486375900999,"d":"40.95"},2029,{"v":49.5498780799999,"d":"49.55"},{"v":33.10971786,"d":"33.11"},{"v":0.965932983,"d":"0.97"},{"v":1959.87802299999,"d":"1,959.88"},{"v":69.1219774399999,"d":"69.12"},1,"1_31704000_23874",{"v":32.790551725,"d":"32.79"},{"v":0.990360348694,"d":"0.99"},{"v":1940.98548226,"d":"1,940.99"},{"v":0.808567019773,"d":"0.81"},"1_31704000_23874_266856","C",{"v":0.81456157701,"d":"0.81"},{"v":0.0248413501499,"d":"0.02"},{"v":48.2167000007,"d":"48.22"}]
[3,317,31710,{"v":1485.991213,"d":"1,485.99"},9227,{"v":6.209323393,"d":"6.21"},"M",101,31710003,{"v":230.51045976,"d":"230.51"},3391,{"v":14.71082919,"d":"14.71"},{"v":87.60940682,"d":"87.61"},{"v":0.965932983,"d":"0.97"},{"v":3275.47874499999,"d":"3,275.48"},{"v":115.5212546,"d":"115.52"},1,"1_31710003_23921",{"v":35.560683173,"d":"35.56"},{"v":0.405900284727,"d":"0.41"},{"v":1329.51775520999,"d":"1,329.52"},{"v":0.380066947553,"d":"0.38"},"1_31710003_23921_267160","D",{"v":4.71951283103,"d":"4.72"},{"v":0.132717158668,"d":"0.13"},{"v":176.44981887,"d":"176.45"}]
[3,317,31713,{"v":1748.358107,"d":"1,748.36"},3337,{"v":1.908647883,"d":"1.91"},"M",310,31713001,{"v":405.874608873999,"d":"405.87"},1118,{"v":2.754545309,"d":"2.75"},{"v":50.21912186,"d":"50.22"},{"v":0.969116244,"d":"0.97"},{"v":1083.47196,"d":"1,083.47"},{"v":34.5280396,"d":"34.53"},1,"1_31713001_23948",{"v":50.1340224094999,"d":"50.13"},{"v":0.998305437305,"d":"1.00"},{"v":1081.63594884,"d":"1,081.64"},{"v":0.123730631978,"d":"0.12"},"1_31713001_23948_267400","E",{"v":5.55458636394,"d":"5.55"},{"v":0.110794747698,"d":"0.11"},{"v":119.839582053,"d":"119.84"}]
[3,317,31719,{"v":1257.51517899999,"d":"1,257.52"},14996,{"v":11.9251045599999,"d":"11.93"},"M",101,31719010,{"v":18.5409960550999,"d":"18.54"},559,{"v":30.14940504,"d":"30.15"},{"v":18.54099606,"d":"18.54"},{"v":0.965932983,"d":"0.97"},{"v":539.956537499999,"d":"539.96"},{"v":19.04346249,"d":"19.04"},1,"1_31719010_24013",{"v":18.540996055,"d":"18.54"},{"v":0.99999999973,"d":"1.00"},{"v":559,"d":"559.00"},{"v":1.00000000026,"d":"1.00"},"1_31719010_24013_267793","C",{"v":11.1702367952999,"d":"11.17"},{"v":0.602461526995,"d":"0.60"},{"v":336.775993589999,"d":"336.78"}]
[3,317,31726,{"v":4855.31520699999,"d":"4,855.32"},2880,{"v":0.593164373,"d":"0.59"}," ",310,31726000,{"v":2165.93837831,"d":"2,165.94"},1416,{"v":0.653758211,"d":"0.65"},{"v":163.684238899999,"d":"163.68"},{"v":0.969116244,"d":"0.97"},{"v":1372.26860099999,"d":"1,372.27"},{"v":43.73139899,"d":"43.73"},1,"1_31726000_24069",{"v":4.00870497416,"d":"4.01"},{"v":0.0244904763043,"d":"0.02"},{"v":33.6075116558999,"d":"33.61"},{"v":0.075571974041,"d":"0.08"},"1_31726000_24069_268097","G",{"v":0.567360919722,"d":"0.57"},{"v":0.141532221348,"d":"0.14"},{"v":4.75654577864,"d":"4.76"}]
[3,318,31813,{"v":734.043980899999,"d":"734.04"},1579,{"v":2.151097265,"d":"2.15"},"M",410,31813001,{"v":529.12915824,"d":"529.13"},483,{"v":0.912820608,"d":"0.91"},{"v":86.00209748,"d":"86.00"},{"v":0.921559671,"d":"0.92"},{"v":445.113320999999,"d":"445.11"},{"v":37.88667903,"d":"37.89"},1,"1_31813001_24522",{"v":71.4662055610999,"d":"71.47"},{"v":0.830982123171,"d":"0.83"},{"v":369.881212536,"d":"369.88"},{"v":0.16253516961,"d":"0.16"},"1_31813001_24522_268333","G",{"v":0.75236121588,"d":"0.75"},{"v":0.0105275103103,"d":"0.01"},{"v":3.89392827856,"d":"3.89"}]
[3,318,31826,{"v":8336.023927,"d":"8,336.02"},2694,{"v":0.323175656,"d":"0.32"},"M",410,31826001,{"v":8057.38153501,"d":"8,057.38"},1102,{"v":0.136768998,"d":"0.14"},{"v":151.2206625,"d":"151.22"},{"v":0.921559671,"d":"0.92"},{"v":1015.558757,"d":"1,015.56"},{"v":86.44124284,"d":"86.44"},1,"1_31826001_24766",{"v":15.0880430772,"d":"15.09"},{"v":0.0997750097623,"d":"0.10"},{"v":101.327384894,"d":"101.33"},{"v":0.0187679659754,"d":"0.02"},"1_31826001_24766_268730","F",{"v":3.50772711574,"d":"3.51"},{"v":0.232483901179,"d":"0.23"},{"v":23.5569857364,"d":"23.56"}]
[3,318,31837,{"v":915.416817899999,"d":"915.42"},1438,{"v":1.570869108,"d":"1.57"}," ",410,31837001,{"v":220.03169586,"d":"220.03"},487,{"v":2.213317486,"d":"2.21"},{"v":41.2327209899999,"d":"41.23"},{"v":0.921559671,"d":"0.92"},{"v":448.799559699999,"d":"448.80"},{"v":38.20044035,"d":"38.20"},1,"1_31837001_25035",{"v":37.1440995992999,"d":"37.14"},{"v":0.900840369189,"d":"0.90"},{"v":404.296761052,"d":"404.30"},{"v":0.187394460734,"d":"0.19"},"1_31837001_25035_269060","G",{"v":1.41961980966,"d":"1.42"},{"v":0.0382192548742,"d":"0.04"},{"v":15.4519209555,"d":"15.45"}]
[3,319,31901,{"v":3554.21177699999,"d":"3,554.21"},3025,{"v":0.851102914,"d":"0.85"},"M",310,31901000,{"v":411.153148111999,"d":"411.15"},1753,{"v":4.26361809,"d":"4.26"},{"v":182.0337839,"d":"182.03"},{"v":0.969116244,"d":"0.97"},{"v":1698.860775,"d":"1,698.86"},{"v":54.13922488,"d":"54.14"},1,"1_31901000_25470",{"v":131.204480189,"d":"131.20"},{"v":0.720769943787,"d":"0.72"},{"v":1224.4877853,"d":"1,224.49"},{"v":0.442739608674,"d":"0.44"},"1_31901000_25470_269602","F",{"v":2.34837451107,"d":"2.35"},{"v":0.0178985847716,"d":"0.02"},{"v":21.916598427,"d":"21.92"}]
[3,319,31901,{"v":3554.21177699999,"d":"3,554.21"},3025,{"v":0.851102914,"d":"0.85"},"M",310,31901001,{"v":3143.05862866,"d":"3,143.06"},1272,{"v":0.404701328,"d":"0.40"},{"v":185.4621413,"d":"185.46"},{"v":0.969116244,"d":"0.97"},{"v":1232.715862,"d":"1,232.72"},{"v":39.2841380799999,"d":"39.28"},1,"1_31901001_25502",{"v":0.465377546051,"d":"0.47"},{"v":2.5092859534E-3,"d":"0.00"},{"v":3.09323659705,"d":"3.09"},{"v":0.0590068984424,"d":"0.06"},"1_31901001_25502_269667","G",{"v":0.24766539648,"d":"0.25"},{"v":0.532181663214,"d":"0.53"},{"v":1.64616379693,"d":"1.65"}]
[3,319,31903,{"v":4549.183355,"d":"4,549.18"},5096,{"v":1.120201056,"d":"1.12"},"M",410,31903001,{"v":3277.16609815999,"d":"3,277.17"},1725,{"v":0.526369414,"d":"0.53"},{"v":276.3434581,"d":"276.34"},{"v":0.921559671,"d":"0.92"},{"v":1589.690432,"d":"1,589.69"},{"v":135.309568,"d":"135.31"},1,"1_31903001_25642",{"v":9.91418512321,"d":"9.91"},{"v":0.0358763156232,"d":"0.04"},{"v":57.0322356816,"d":"57.03"},{"v":0.0843239096899,"d":"0.08"},"1_31903001_25642_269997","F",{"v":0.188258857164,"d":"0.19"},{"v":0.0189888381974,"d":"0.02"},{"v":1.08297589539,"d":"1.08"}]
[3,319,31909,{"v":3600.925298,"d":"3,600.93"},2684,{"v":0.745363977,"d":"0.75"},"M",410,31909001,{"v":3198.22338919999,"d":"3,198.22"},1225,{"v":0.383025152,"d":"0.38"},{"v":116.3203098,"d":"116.32"},{"v":0.921559671,"d":"0.92"},{"v":1128.910597,"d":"1,128.91"},{"v":96.08940334,"d":"96.09"},1,"1_31909001_25912",{"v":0.910681860688,"d":"0.91"},{"v":0.0078290873043,"d":"0.01"},{"v":8.83833962266,"d":"8.84"},{"v":0.0363702892652,"d":"0.04"},"1_31909001_25912_270535","außerhalb GKL",{"v":0.910681860687,"d":"0.91"},{"v":0.999999999999,"d":"1.00"},{"v":8.83833962265,"d":"8.84"}]
[3,319,31918,{"v":6340.834345,"d":"6,340.83"},3207,{"v":0.505769403,"d":"0.51"},"M",430,31918001,{"v":6122.25640228999,"d":"6,122.26"},1540,{"v":0.251541245,"d":"0.25"},{"v":239.4498198,"d":"239.45"},{"v":0.905906425,"d":"0.91"},{"v":1395.095894,"d":"1,395.10"},{"v":144.904105899999,"d":"144.90"},1,"1_31918001_26082",{"v":1.51388234418,"d":"1.51"},{"v":0.00632233653567,"d":"0.01"},{"v":8.8202657414,"d":"8.82"},{"v":0.0391113674544,"d":"0.04"},"1_31918001_26082_270941","außerhalb GKL",{"v":1.51388234419,"d":"1.51"},{"v":1.00000000001,"d":"1.00"},{"v":8.82026574148999,"d":"8.82"}]
[3,319,31922,{"v":1667.010776,"d":"1,667.01"},2090,{"v":1.253741146,"d":"1.25"},"M",310,31922000,{"v":878.419607176999,"d":"878.42"},1821,{"v":2.073041158,"d":"2.07"},{"v":127.442043699999,"d":"127.44"},{"v":0.969116244,"d":"0.97"},{"v":1764.76068,"d":"1,764.76"},{"v":56.2393203099999,"d":"56.24"},1,"1_31922000_26259",{"v":12.4440990382999,"d":"12.44"},{"v":0.0976451622794,"d":"0.10"},{"v":172.320342982999,"d":"172.32"},{"v":0.145081055408,"d":"0.15"},"1_31922000_26259_271271","G",{"v":2.37872531159,"d":"2.38"},{"v":0.191152875292,"d":"0.19"},{"v":32.9395290324999,"d":"32.94"}]
[3,319,31926,{"v":5166.14478899999,"d":"5,166.14"},8304,{"v":1.607388167,"d":"1.61"},"ST",310,31926002,{"v":454.535282339999,"d":"454.54"},486,{"v":1.069223928,"d":"1.07"},{"v":57.9627122699999,"d":"57.96"},{"v":0.969116244,"d":"0.97"},{"v":470.990494399999,"d":"470.99"},{"v":15.00950559,"d":"15.01"},1,"1_31926002_26329",{"v":4.33855911259,"d":"4.34"},{"v":0.0748508643346,"d":"0.07"},{"v":35.2540455991999,"d":"35.25"},{"v":0.127520820764,"d":"0.13"},"1_31926002_26329_271468","G",{"v":1.58659271431E-3,"d":"0.00"},{"v":0.000365695769756,"d":"0.00"},{"v":0.0128922553424,"d":"0.01"}]
[3,319,31930,{"v":4155.17950899999,"d":"4,155.18"},2321,{"v":0.558579959,"d":"0.56"},"M",310,31930000,{"v":1755.77372343,"d":"1,755.77"},911,{"v":0.51885957,"d":"0.52"},{"v":82.28315043,"d":"82.28"},{"v":0.969116244,"d":"0.97"},{"v":882.864898,"d":"882.86"},{"v":28.1351020299999,"d":"28.14"},1,"1_31930000_26490",{"v":3.72072821597,"d":"3.72"},{"v":0.0452185920997,"d":"0.05"},{"v":39.9219077018,"d":"39.92"},{"v":0.0468643250164,"d":"0.05"},"1_31930000_26490_271904","F",{"v":2.75810805792,"d":"2.76"},{"v":0.741281786206,"d":"0.74"},{"v":29.5933830499,"d":"29.59"}]
[3,319,31935,{"v":3621.979627,"d":"3,621.98"},2537,{"v":0.700445685,"d":"0.70"},"M",410,31935001,{"v":3488.60388709,"d":"3,488.60"},1190,{"v":0.341110667,"d":"0.34"},{"v":115.395903799999,"d":"115.40"},{"v":0.921559671,"d":"0.92"},{"v":1096.65600799999,"d":"1,096.66"},{"v":93.34399181,"d":"93.34"},1,"1_31935001_26651",{"v":1.13338477045,"d":"1.13"},{"v":9.82170712415E-3,"d":"0.01"},{"v":10.7710341265,"d":"10.77"},{"v":0.0330779611371,"d":"0.03"},"1_31935001_26651_272208","D",{"v":5.5839794367E-5,"d":"0.00"},{"v":4.9268170724e-05,"d":"0.00"},{"v":0.000530669148222,"d":"0.00"}]
[3,319,31943,{"v":4303.44065399999,"d":"4,303.44"},6330,{"v":1.470916067,"d":"1.47"},"ST",410,31943000,{"v":71.9424086098999,"d":"71.94"},1348,{"v":18.73720975,"d":"18.74"},{"v":63.1969726499999,"d":"63.20"},{"v":0.921559671,"d":"0.92"},{"v":1242.26243599999,"d":"1,242.26"},{"v":105.7375638,"d":"105.74"},1,"1_31943000_26757",{"v":62.4052418969,"d":"62.41"},{"v":0.987472014562,"d":"0.99"},{"v":1226.69939029,"d":"1,226.70"},{"v":0.878438376906,"d":"0.88"},"1_31943000_26757_272401","C",{"v":0.166305779999,"d":"0.17"},{"v":0.00266493286371,"d":"0.00"},{"v":3.26907151908,"d":"3.27"}]
[3,319,31947,{"v":4596.19588,"d":"4,596.20"},6492,{"v":1.412472438,"d":"1.41"},"ST",310,31947005,{"v":2422.61236774999,"d":"2,422.61"},1140,{"v":0.470566408,"d":"0.47"},{"v":102.5868169,"d":"102.59"},{"v":0.969116244,"d":"0.97"},{"v":1104.79251799999,"d":"1,104.79"},{"v":35.2074822399999,"d":"35.21"},1,"1_31947005_26920",{"v":0.317482544516,"d":"0.32"},{"v":3.09476942662E-3,"d":"0.00"},{"v":3.41907810746,"d":"3.42"},{"v":0.0423455350372,"d":"0.04"},"1_31947005_26920_272841","außerhalb GKL",{"v":0.317482544516,"d":"0.32"},{"v":1,"d":"1.00"},{"v":3.41907810746,"d":"3.42"}]
[3,319,31950,{"v":2034.839654,"d":"2,034.84"},3642,{"v":1.789821617,"d":"1.79"},"M",310,31950001,{"v":709.560976869999,"d":"709.56"},1944,{"v":2.739722256,"d":"2.74"},{"v":117.0827613,"d":"117.08"},{"v":0.969116244,"d":"0.97"},{"v":1883.961978,"d":"1,883.96"},{"v":60.0380223399999,"d":"60.04"},1,"1_31950001_26997",{"v":116.201748402999,"d":"116.20"},{"v":0.992475297924,"d":"0.99"},{"v":1869.78572538999,"d":"1,869.79"},{"v":0.165007328639,"d":"0.17"},"1_31950001_26997_273145","F",{"v":5.07560804662,"d":"5.08"},{"v":0.0436792743343,"d":"0.04"},{"v":81.6708836457,"d":"81.67"}]
[3,319,31953,{"v":2024.42276199999,"d":"2,024.42"},2905,{"v":1.43497695,"d":"1.43"},"M",310,31953001,{"v":1697.07444504999,"d":"1,697.07"},997,{"v":0.587481594,"d":"0.59"},{"v":107.3608657,"d":"107.36"},{"v":0.969116244,"d":"0.97"},{"v":966.2088949,"d":"966.21"},{"v":30.79110508,"d":"30.79"},1,"1_31953001_27080",{"v":2.14560497826,"d":"2.15"},{"v":0.0199849820907,"d":"0.02"},{"v":19.3096674604999,"d":"19.31"},{"v":0.0632623194658,"d":"0.06"},"1_31953001_27080_273590","F",{"v":1.54805894631,"d":"1.55"},{"v":0.721502309137,"d":"0.72"},{"v":13.9319696614,"d":"13.93"}]
[3,320,32001,{"v":24383.7611099999,"d":"24,383.76"},3021,{"v":0.12389393,"d":"0.12"},"M",420,32001001,{"v":7313.55269683,"d":"7,313.55"},526,{"v":0.07192127,"d":"0.07"},{"v":59.2550347299999,"d":"59.26"},{"v":0.920429496,"d":"0.92"},{"v":484.1459148,"d":"484.15"},{"v":41.8540851899999,"d":"41.85"},1,"1_32001001_27133",{"v":3.39080254443,"d":"3.39"},{"v":0.057223872366,"d":"0.06"},{"v":27.7047040349999,"d":"27.70"},{"v":0.00810208624814,"d":"0.01"},"1_32001001_27133_273778","außerhalb GKL",{"v":0.0690181620012,"d":"0.07"},{"v":0.0203545211191,"d":"0.02"},{"v":0.563915983379,"d":"0.56"}]
[3,320,32004,{"v":5561.66603,"d":"5,561.67"},1488,{"v":0.26754573,"d":"0.27"}," ",420,32004000,{"v":2220.37372027999,"d":"2,220.37"},404,{"v":0.181951352,"d":"0.18"},{"v":43.0649787099999,"d":"43.06"},{"v":0.920429496,"d":"0.92"},{"v":371.8535163,"d":"371.85"},{"v":32.14648368,"d":"32.15"},1,"1_32004000_27271",{"v":0.151393689842,"d":"0.15"},{"v":0.00351547114098,"d":"0.00"},{"v":1.30724030522,"d":"1.31"},{"v":0.0193953739934,"d":"0.02"},"1_32004000_27271_274082","außerhalb GKL",{"v":0.151393689842,"d":"0.15"},{"v":1,"d":"1.00"},{"v":1.30724030522,"d":"1.31"}]
[3,320,32006,{"v":4293.09171599999,"d":"4,293.09"},2954,{"v":0.688082202,"d":"0.69"},"M",420,32006005,{"v":707.408091105,"d":"707.41"},290,{"v":0.409947248,"d":"0.41"},{"v":22.9137052399999,"d":"22.91"},{"v":0.920429496,"d":"0.92"},{"v":266.9245538,"d":"266.92"},{"v":23.0754462099999,"d":"23.08"},1,"1_32006005_27572",{"v":1.26056503431,"d":"1.26"},{"v":0.0550135834038,"d":"0.06"},{"v":14.6844762029999,"d":"14.68"},{"v":0.0323910703427,"d":"0.03"},"1_32006005_27572_274523","außerhalb GKL",{"v":1.26056503431,"d":"1.26"},{"v":1,"d":"1.00"},{"v":14.6844762029999,"d":"14.68"}]
[3,320,32008,{"v":5597.12297399999,"d":"5,597.12"},5372,{"v":0.959778805,"d":"0.96"},"M",410,32008006,{"v":606.150781175,"d":"606.15"},637,{"v":1.050893639,"d":"1.05"},{"v":45.9314696599999,"d":"45.93"},{"v":0.921559671,"d":"0.92"},{"v":587.033510299999,"d":"587.03"},{"v":49.96648974,"d":"49.97"},1,"1_32008006_27680",{"v":1.38160003112,"d":"1.38"},{"v":0.0300795955659,"d":"0.03"},{"v":17.6577305735,"d":"17.66"},{"v":0.0757756503604,"d":"0.08"},"1_32008006_27680_274715","außerhalb GKL",{"v":1.38160003112,"d":"1.38"},{"v":1,"d":"1.00"},{"v":17.6577305735,"d":"17.66"}]
[3,320,32013,{"v":4596.013377,"d":"4,596.01"},4132,{"v":0.899040029,"d":"0.90"},"ST",220,32013004,{"v":1496.32439266,"d":"1,496.32"},1075,{"v":0.718427104,"d":"0.72"},{"v":86.53427924,"d":"86.53"},{"v":0.975109986,"d":"0.98"},{"v":1048.24323499999,"d":"1,048.24"},{"v":26.7567649,"d":"26.76"},1,"1_32013004_28020",{"v":1.2045079465,"d":"1.20"},{"v":0.013919431202,"d":"0.01"},{"v":14.5909495924999,"d":"14.59"},{"v":0.0578312294209,"d":"0.06"},"1_32013004_28020_275356","außerhalb GKL",{"v":1.2045079465,"d":"1.20"},{"v":1,"d":"1.00"},{"v":14.5909495924999,"d":"14.59"}]
[3,320,32013,{"v":4596.013377,"d":"4,596.01"},4132,{"v":0.899040029,"d":"0.90"},"ST",220,32013004,{"v":1496.32439266,"d":"1,496.32"},1075,{"v":0.718427104,"d":"0.72"},{"v":86.53427924,"d":"86.53"},{"v":0.975109986,"d":"0.98"},{"v":1048.24323499999,"d":"1,048.24"},{"v":26.7567649,"d":"26.76"},1,"1_32013004_28076",{"v":34.0434079648999,"d":"34.04"},{"v":0.393409505041,"d":"0.39"},{"v":412.388852244,"d":"412.39"},{"v":0.0578312294209,"d":"0.06"},"1_32013004_28076_275456","F",{"v":0.532851301647,"d":"0.53"},{"v":0.0156521139774,"d":"0.02"},{"v":6.45475731833,"d":"6.45"}]
[3,321,32104,{"v":2601.22130699999,"d":"2,601.22"},3109,{"v":1.195207802,"d":"1.20"},"M",410,32104000,{"v":1175.84608198,"d":"1,175.85"},2332,{"v":1.983252771,"d":"1.98"},{"v":204.9414815,"d":"204.94"},{"v":0.921559671,"d":"0.92"},{"v":2149.07715199999,"d":"2,149.08"},{"v":182.9228478,"d":"182.92"},1,"1_32104000_28312",{"v":0.961616771581,"d":"0.96"},{"v":0.00469215292357,"d":"0.00"},{"v":10.0837986417,"d":"10.08"},{"v":0.174292779166,"d":"0.17"},"1_32104000_28312_275989","G",{"v":0.96161677158,"d":"0.96"},{"v":0.999999999999,"d":"1.00"},{"v":10.0837986417,"d":"10.08"}]
[3,321,32114,{"v":6026.117209,"d":"6,026.12"},3710,{"v":0.615653475,"d":"0.62"},"M",410,32114003,{"v":544.83393461,"d":"544.83"},197,{"v":0.361578065,"d":"0.36"},{"v":28.88465171,"d":"28.88"},{"v":0.921559671,"d":"0.92"},{"v":181.5472551,"d":"181.55"},{"v":15.4527448599999,"d":"15.45"},1,"1_32114003_28387",{"v":0.179072980108,"d":"0.18"},{"v":0.00619958938421,"d":"0.01"},{"v":1.12551843545,"d":"1.13"},{"v":0.0530155151416,"d":"0.05"},"1_32114003_28387_276319","außerhalb GKL",{"v":0.179072980109,"d":"0.18"},{"v":1.00000000001,"d":"1.00"},{"v":1.12551843546,"d":"1.13"}]
[3,321,32131,{"v":6168.504767,"d":"6,168.50"},7526,{"v":1.220068766,"d":"1.22"},"M",310,32131004,{"v":1194.97148663,"d":"1,194.97"},746,{"v":0.624282678,"d":"0.62"},{"v":105.2501895,"d":"105.25"},{"v":0.969116244,"d":"0.97"},{"v":722.960717799999,"d":"722.96"},{"v":23.0392822399999,"d":"23.04"},1,"1_32131004_28463",{"v":94.0998982707999,"d":"94.10"},{"v":0.89405918144,"d":"0.89"},{"v":646.36966757,"d":"646.37"},{"v":0.0880775739652,"d":"0.09"},"1_32131004_28463_276725","E",{"v":0.000550900118494,"d":"0.00"},{"v":5.85441779e-06,"d":"0.00"},{"v":0.00378411808088,"d":"0.00"}]
[3,321,32134,{"v":1835.492617,"d":"1,835.49"},2985,{"v":1.626266416,"d":"1.63"},"M",310,32134000,{"v":856.060301289999,"d":"856.06"},1073,{"v":1.253416375,"d":"1.25"},{"v":123.749868,"d":"123.75"},{"v":0.969116244,"d":"0.97"},{"v":1039.86172899999,"d":"1,039.86"},{"v":33.13827056,"d":"33.14"},1,"1_32134000_28526",{"v":87.3793595024999,"d":"87.38"},{"v":0.706096587533,"d":"0.71"},{"v":734.242818352999,"d":"734.24"},{"v":0.144557419394,"d":"0.14"},"1_32134000_28526_276926","E",{"v":0.810521314886,"d":"0.81"},{"v":0.00927588986118,"d":"0.01"},{"v":6.8107555144,"d":"6.81"}]
[3,321,32140,{"v":1272.451497,"d":"1,272.45"},2299,{"v":1.80674863,"d":"1.81"}," ",310,32140001,{"v":334.10535363,"d":"334.11"},902,{"v":2.699747221,"d":"2.70"},{"v":66.1038981399999,"d":"66.10"},{"v":0.969116244,"d":"0.97"},{"v":874.1428518,"d":"874.14"},{"v":27.85714823,"d":"27.86"},1,"1_32140001_28597",{"v":66.1038981441,"d":"66.10"},{"v":1.00000000006,"d":"1.00"},{"v":874.142851852,"d":"874.14"},{"v":0.197853453774,"d":"0.20"},"1_32140001_28597_277256","G",{"v":0.00475633394785,"d":"0.00"},{"v":7.1952397383e-05,"d":"0.00"},{"v":0.0628966738462,"d":"0.06"}]
[3,321,32144,{"v":7620.013151,"d":"7,620.01"},27500,{"v":3.608917656,"d":"3.61"},"ST",103,32144017,{"v":147.971002354999,"d":"147.97"},1836,{"v":12.4078364699999,"d":"12.41"},{"v":116.8321645,"d":"116.83"},{"v":0.975480312,"d":"0.98"},{"v":1790.981853,"d":"1,790.98"},{"v":45.0181472299999,"d":"45.02"},1,"1_32144017_28670",{"v":116.832164536999,"d":"116.83"},{"v":1.00000000032,"d":"1.00"},{"v":1790.98185357,"d":"1,790.98"},{"v":0.789561215648,"d":"0.79"},"1_32144017_28670_277658","F",{"v":0.0177992023271,"d":"0.02"},{"v":0.00015234847696,"d":"0.00"},{"v":0.272853357654,"d":"0.27"}]
[3,321,32144,{"v":7620.013151,"d":"7,620.01"},27500,{"v":3.608917656,"d":"3.61"},"ST",103,32144033,{"v":994.331689989999,"d":"994.33"},2149,{"v":2.161250639,"d":"2.16"},{"v":165.0380551,"d":"165.04"},{"v":0.975480312,"d":"0.98"},{"v":2096.30718999999,"d":"2,096.31"},{"v":52.69280959,"d":"52.69"},1,"1_32144033_28693",{"v":161.095852310999,"d":"161.10"},{"v":0.976113371025,"d":"0.98"},{"v":2046.23347792999,"d":"2,046.23"},{"v":0.165978874818,"d":"0.17"},"1_32144033_28693_277863","G",{"v":2.71030218911,"d":"2.71"},{"v":0.0168241587243,"d":"0.02"},{"v":34.4261568196999,"d":"34.43"}]
[3,322,32207,{"v":4425.541223,"d":"4,425.54"},2721,{"v":0.614840053,"d":"0.61"},"ST",430,32207005,{"v":843.265847085,"d":"843.27"},99,{"v":0.117400699,"d":"0.12"},{"v":39.87372527,"d":"39.87"},{"v":0.905906425,"d":"0.91"},{"v":89.6847360499999,"d":"89.68"},{"v":9.315263948,"d":"9.32"},1,"1_32207005_28773",{"v":39.8737252745,"d":"39.87"},{"v":1.00000000011,"d":"1.00"},{"v":89.6847360599,"d":"89.68"},{"v":0.0472848810465,"d":"0.05"},"1_32207005_28773_278193","außerhalb GKL",{"v":2.13202809633,"d":"2.13"},{"v":0.0534694985646,"d":"0.05"},{"v":4.79539786602,"d":"4.80"}]
[3,322,32220,{"v":4605.88522099999,"d":"4,605.89"},5365,{"v":1.164814089,"d":"1.16"},"ST",220,32220010,{"v":238.630714254999,"d":"238.63"},1397,{"v":5.854233829,"d":"5.85"},{"v":82.92820783,"d":"82.93"},{"v":0.975109986,"d":"0.98"},{"v":1362.22865099999,"d":"1,362.23"},{"v":34.77134936,"d":"34.77"},1,"1_32220010_28922",{"v":17.2117340857,"d":"17.21"},{"v":0.207549813701,"d":"0.21"},{"v":282.730302732999,"d":"282.73"},{"v":0.347516907406,"d":"0.35"},"1_32220010_28922_278591","E",{"v":1.23022559864,"d":"1.23"},{"v":0.0714759821709,"d":"0.07"},{"v":20.2084260773,"d":"20.21"}]
[3,323,32305,{"v":2061.88617999999,"d":"2,061.89"},4950,{"v":2.400714476,"d":"2.40"}," ",102,32305001,{"v":825.386522133999,"d":"825.39"},1202,{"v":1.456287409,"d":"1.46"},{"v":76.73794402,"d":"76.74"},{"v":0.973029842,"d":"0.97"},{"v":1169.58186999999,"d":"1,169.58"},{"v":32.41813046,"d":"32.42"},1,"1_32305001_29012",{"v":65.4051412653,"d":"65.41"},{"v":0.852318134146,"d":"0.85"},{"v":996.855837168999,"d":"996.86"},{"v":0.0929721311921,"d":"0.09"},"1_32305001_29012_278826","außerhalb GKL",{"v":0.0515858628698,"d":"0.05"},{"v":0.00078871265885,"d":"0.00"},{"v":0.786232817824,"d":"0.79"}]
[3,323,32313,{"v":1626.41263099999,"d":"1,626.41"},3210,{"v":1.973668882,"d":"1.97"}," ",310,32313000,{"v":1626.41263131,"d":"1,626.41"},3210,{"v":1.973668882,"d":"1.97"},{"v":250.4060384,"d":"250.41"},{"v":0.969116244,"d":"0.97"},{"v":3110.863142,"d":"3,110.86"},{"v":99.1368578799999,"d":"99.14"},1,"1_32313000_29327",{"v":130.476128122,"d":"130.48"},{"v":0.521058233882,"d":"0.52"},{"v":1620.94085461999,"d":"1,620.94"},{"v":0.153962182523,"d":"0.15"},"1_32313000_29327_279130","G",{"v":46.2011415648999,"d":"46.20"},{"v":0.354096509683,"d":"0.35"},{"v":573.969499024,"d":"573.97"}]
[3,323,32323,{"v":1674.75660799999,"d":"1,674.76"},2481,{"v":1.481409292,"d":"1.48"},"M",410,32323000,{"v":76.2322560851,"d":"76.23"},1308,{"v":17.1580911699999,"d":"17.16"},{"v":71.03499449,"d":"71.03"},{"v":0.921559671,"d":"0.92"},{"v":1205.400049,"d":"1,205.40"},{"v":102.599950699999,"d":"102.60"},1,"1_32323000_29815",{"v":69.7648199838999,"d":"69.76"},{"v":0.982119031398,"d":"0.98"},{"v":1183.84632856999,"d":"1,183.85"},{"v":0.931823327001,"d":"0.93"},"1_32323000_29815_279524","E",{"v":0.12886900049,"d":"0.13"},{"v":0.00184719175825,"d":"0.00"},{"v":2.18679118117,"d":"2.19"}]
[3,323,32331,{"v":2147.57757499999,"d":"2,147.58"},1499,{"v":0.697995741,"d":"0.70"}," ",410,32331001,{"v":1319.95995913,"d":"1,319.96"},1111,{"v":0.841692199,"d":"0.84"},{"v":75.8838806199999,"d":"75.88"},{"v":0.921559671,"d":"0.92"},{"v":1023.852794,"d":"1,023.85"},{"v":87.1472057999999,"d":"87.15"},1,"1_32331001_30054",{"v":0.54809249102,"d":"0.55"},{"v":0.00722277888982,"d":"0.01"},{"v":7.39506234679,"d":"7.40"},{"v":0.0574895322355,"d":"0.06"},"1_32331001_30054_279763","E",{"v":0.520004773528,"d":"0.52"},{"v":0.948753690386,"d":"0.95"},{"v":7.01609269215,"d":"7.02"}]
[3,325,32506,{"v":3415.780381,"d":"3,415.78"},854,{"v":0.250016074,"d":"0.25"},"M",420,32506000,{"v":1533.0840298,"d":"1,533.08"},565,{"v":0.368538181,"d":"0.37"},{"v":77.1369754899999,"d":"77.14"},{"v":0.920429496,"d":"0.92"},{"v":520.0426651,"d":"520.04"},{"v":44.95733485,"d":"44.96"},1,"1_32506000_30426",{"v":59.5285008323999,"d":"59.53"},{"v":0.771724590629,"d":"0.77"},{"v":401.329712834,"d":"401.33"},{"v":0.0503149038087,"d":"0.05"},"1_32506000_30426_280404","G",{"v":0.0641541002735,"d":"0.06"},{"v":0.00107770394645,"d":"0.00"},{"v":0.432514615349,"d":"0.43"}]
[3,325,32508,{"v":10580.10483,"d":"10,580.10"},4453,{"v":0.420884299,"d":"0.42"},"ST",430,32508004,{"v":1251.42442408,"d":"1,251.42"},359,{"v":0.286873097,"d":"0.29"},{"v":21.2168999499999,"d":"21.22"},{"v":0.905906425,"d":"0.91"},{"v":325.2204065,"d":"325.22"},{"v":33.7795935099999,"d":"33.78"},1,"1_32508004_30692",{"v":0.151543288837,"d":"0.15"},{"v":0.00714257451344,"d":"0.01"},{"v":2.32291098672,"d":"2.32"},{"v":0.0169541999834,"d":"0.02"},"1_32508004_30692_280713","außerhalb GKL",{"v":0.151543288838,"d":"0.15"},{"v":1.00000000001,"d":"1.00"},{"v":2.32291098674,"d":"2.32"}]
[3,325,32515,{"v":5847.251035,"d":"5,847.25"},1465,{"v":0.250545084,"d":"0.25"},"M",430,32515001,{"v":1240.43529138999,"d":"1,240.44"},173,{"v":0.13946717,"d":"0.14"},{"v":29.1429651,"d":"29.14"},{"v":0.905906425,"d":"0.91"},{"v":156.7218115,"d":"156.72"},{"v":16.27818851,"d":"16.28"},1,"1_32515001_30973",{"v":0.2160284409,"d":"0.22"},{"v":0.00741271315938,"d":"0.01"},{"v":1.16173383447,"d":"1.16"},{"v":0.0234941437915,"d":"0.02"},"1_32515001_30973_281037","außerhalb GKL",{"v":0.2160284409,"d":"0.22"},{"v":1,"d":"1.00"},{"v":1.16173383447,"d":"1.16"}]
[3,325,32517,{"v":3374.64710699999,"d":"3,374.65"},1089,{"v":0.322700408,"d":"0.32"},"M",430,32517002,{"v":618.827574245,"d":"618.83"},100,{"v":0.161595902,"d":"0.16"},{"v":15.54041114,"d":"15.54"},{"v":0.905906425,"d":"0.91"},{"v":90.59064248,"d":"90.59"},{"v":9.409357523,"d":"9.41"},1,"1_32517002_31228",{"v":0.129886465471,"d":"0.13"},{"v":0.00835798128511,"d":"0.01"},{"v":0.757154894454,"d":"0.76"},{"v":0.0251126675455,"d":"0.03"},"1_32517002_31228_281341","außerhalb GKL",{"v":0.129886465471,"d":"0.13"},{"v":1,"d":"1.00"},{"v":0.757154894454,"d":"0.76"}]
[3,325,32521,{"v":6573.462281,"d":"6,573.46"},1722,{"v":0.261962407,"d":"0.26"},"M",420,32521001,{"v":1347.00606375999,"d":"1,347.01"},357,{"v":0.265032214,"d":"0.27"},{"v":58.22343553,"d":"58.22"},{"v":0.920429496,"d":"0.92"},{"v":328.593329999999,"d":"328.59"},{"v":28.40666999,"d":"28.41"},1,"1_32521001_31478",{"v":0.105597976059,"d":"0.11"},{"v":0.00181366790018,"d":"0.00"},{"v":0.595959174834,"d":"0.60"},{"v":0.0432243306815,"d":"0.04"},"1_32521001_31478_281646","außerhalb GKL",{"v":0.105597976059,"d":"0.11"},{"v":1,"d":"1.00"},{"v":0.595959174834,"d":"0.60"}]
[3,325,32525,{"v":5855.77753699999,"d":"5,855.78"},2017,{"v":0.344446145,"d":"0.34"},"M",420,32525002,{"v":932.493446924999,"d":"932.49"},203,{"v":0.2176959,"d":"0.22"},{"v":48.14368855,"d":"48.14"},{"v":0.920429496,"d":"0.92"},{"v":186.8471877,"d":"186.85"},{"v":16.15281234,"d":"16.15"},1,"1_32525002_31731",{"v":26.3371013659999,"d":"26.34"},{"v":0.547052005345,"d":"0.55"},{"v":102.215128723999,"d":"102.22"},{"v":0.0516289832478,"d":"0.05"},"1_32525002_31731_281974","außerhalb GKL",{"v":0.637360549819,"d":"0.64"},{"v":0.024200102394,"d":"0.02"},{"v":2.47361658134,"d":"2.47"}]
[3,325,32530,{"v":25617.3143999999,"d":"25,617.31"},10779,{"v":0.420770102,"d":"0.42"},"ST",220,32530010,{"v":2004.95450688,"d":"2,004.95"},600,{"v":0.29925866,"d":"0.30"},{"v":109.6632613,"d":"109.66"},{"v":0.975109986,"d":"0.98"},{"v":585.0659917,"d":"585.07"},{"v":14.93400832,"d":"14.93"},1,"1_32530010_31938",{"v":0.551290818039,"d":"0.55"},{"v":0.00502712404778,"d":"0.01"},{"v":2.94119931641,"d":"2.94"},{"v":0.0546961344627,"d":"0.05"},"1_32530010_31938_282278","F",{"v":0.0370493557593,"d":"0.04"},{"v":0.0672047393989,"d":"0.07"},{"v":0.19766253358,"d":"0.20"}]
[3,325,32530,{"v":25617.3143999999,"d":"25,617.31"},10779,{"v":0.420770102,"d":"0.42"},"ST",220,32530104,{"v":1009.54342912,"d":"1,009.54"},156,{"v":0.154525299,"d":"0.15"},{"v":37.6259171199999,"d":"37.63"},{"v":0.975109986,"d":"0.98"},{"v":152.1171578,"d":"152.12"},{"v":3.882842162,"d":"3.88"},1,"1_32530104_32150",{"v":0.591951242953,"d":"0.59"},{"v":0.0157325399156,"d":"0.02"},{"v":2.39318925694,"d":"2.39"},{"v":0.0372702313092,"d":"0.04"},"1_32530104_32150_282579","außerhalb GKL",{"v":0.591951242954,"d":"0.59"},{"v":1,"d":"1.00"},{"v":2.39318925694,"d":"2.39"}]
[4,401,40101,{"v":9598.609581,"d":"9,598.61"},206595,{"v":21.5234298499999,"d":"21.52"},"SR",101,40101146,{"v":28.6457244061,"d":"28.65"},914,{"v":31.90703042,"d":"31.91"},{"v":20.8411637399999,"d":"20.84"},{"v":0.965932983,"d":"0.97"},{"v":882.862746499999,"d":"882.86"},{"v":31.13725351,"d":"31.14"},1,"1_40101146_32267",{"v":20.8411637385999,"d":"20.84"},{"v":0.999999999933,"d":"1.00"},{"v":882.862746441,"d":"882.86"},{"v":0.727548846192,"d":"0.73"},"1_40101146_32267_282911","B",{"v":6.10680038862,"d":"6.11"},{"v":0.293016285713,"d":"0.29"},{"v":258.693162756999,"d":"258.69"}]
[4,401,40101,{"v":9598.609581,"d":"9,598.61"},206595,{"v":21.5234298499999,"d":"21.52"},"SR",101,40101289,{"v":2.7755538454,"d":"2.78"},536,{"v":193.114610599999,"d":"193.11"},{"v":2.775553845,"d":"2.78"},{"v":0.965932983,"d":"0.97"},{"v":517.740078899999,"d":"517.74"},{"v":18.2599211,"d":"18.26"},1,"1_40101289_32354",{"v":2.77555384539,"d":"2.78"},{"v":1.00000000014,"d":"1.00"},{"v":536,"d":"536.00"},{"v":0.999999999856,"d":"1.00"},"1_40101289_32354_283241","B",{"v":0.567915549375,"d":"0.57"},{"v":0.204613414479,"d":"0.20"},{"v":109.672790160999,"d":"109.67"}]
[4,401,40101,{"v":9598.609581,"d":"9,598.61"},206595,{"v":21.5234298499999,"d":"21.52"},"SR",101,40101420,{"v":71.5155248206,"d":"71.52"},338,{"v":4.726246516,"d":"4.73"},{"v":8.73706104,"d":"8.74"},{"v":0.965932983,"d":"0.97"},{"v":326.485348299999,"d":"326.49"},{"v":11.51465174,"d":"11.51"},1,"1_40101420_32429",{"v":6.82348378391,"d":"6.82"},{"v":0.780981585532,"d":"0.78"},{"v":254.979044968,"d":"254.98"},{"v":0.122170131058,"d":"0.12"},"1_40101420_32429_283512","B",{"v":0.00672702476658,"d":"0.01"},{"v":0.000985863670174,"d":"0.00"},{"v":0.25137457709,"d":"0.25"}]
[4,401,40101,{"v":9598.609581,"d":"9,598.61"},206595,{"v":21.5234298499999,"d":"21.52"},"SR",101,40101484,{"v":234.824585527,"d":"234.82"},244,{"v":1.039073483,"d":"1.04"},{"v":15.52227019,"d":"15.52"},{"v":0.965932983,"d":"0.97"},{"v":235.6876479,"d":"235.69"},{"v":8.312352141,"d":"8.31"},1,"1_40101484_32522",{"v":0.289710990493,"d":"0.29"},{"v":0.0186642151532,"d":"0.02"},{"v":4.39892496936,"d":"4.40"},{"v":0.0661015547208,"d":"0.07"},"1_40101484_32522_283848","D",{"v":0.077887916602,"d":"0.08"},{"v":0.268846951472,"d":"0.27"},{"v":1.18263756777,"d":"1.18"}]
[4,401,40101,{"v":9598.609581,"d":"9,598.61"},206595,{"v":21.5234298499999,"d":"21.52"},"SR",101,40101622,{"v":81.8569323735,"d":"81.86"},960,{"v":11.72777885,"d":"11.73"},{"v":51.8418520099999,"d":"51.84"},{"v":0.965932983,"d":"0.97"},{"v":927.295663699999,"d":"927.30"},{"v":32.70433629,"d":"32.70"},1,"1_40101622_32623",{"v":51.763075717,"d":"51.76"},{"v":0.998480449869,"d":"1.00"},{"v":925.886591453,"d":"925.89"},{"v":0.63332268272,"d":"0.63"},"1_40101622_32623_284178","C",{"v":0.0962862680062,"d":"0.10"},{"v":1.86013421097E-3,"d":"0.00"},{"v":1.72227332424,"d":"1.72"}]
[4,402,40201,{"v":2654.047046,"d":"2,654.05"},38056,{"v":14.3388566,"d":"14.34"},"SR",102,40201083,{"v":73.1859494549999,"d":"73.19"},759,{"v":10.3708431099999,"d":"10.37"},{"v":42.75552656,"d":"42.76"},{"v":0.973029842,"d":"0.97"},{"v":738.5296497,"d":"738.53"},{"v":20.47035026,"d":"20.47"},1,"1_40201083_32793",{"v":42.7555265616,"d":"42.76"},{"v":1.00000000004,"d":"1.00"},{"v":738.529649729999,"d":"738.53"},{"v":0.584204029303,"d":"0.58"},"1_40201083_32793_284781","außerhalb GKL",{"v":0.000450486751905,"d":"0.00"},{"v":1.05363397e-05,"d":"0.00"},{"v":0.00778139926808,"d":"0.01"}]
[4,403,40301,{"v":4588.188916,"d":"4,588.19"},62470,{"v":13.61539404,"d":"13.62"},"SR",102,40301023,{"v":36.6665870698999,"d":"36.67"},719,{"v":19.60913348,"d":"19.61"},{"v":12.4132584099999,"d":"12.41"},{"v":0.973029842,"d":"0.97"},{"v":699.6084561,"d":"699.61"},{"v":19.39154393,"d":"19.39"},1,"1_40301023_32878",{"v":2.50906691217,"d":"2.51"},{"v":0.202127985199,"d":"0.20"},{"v":141.410447659999,"d":"141.41"},{"v":0.338544146101,"d":"0.34"},"1_40301023_32878_285122","C",{"v":0.0282941747357,"d":"0.03"},{"v":0.0112767716949,"d":"0.01"},{"v":1.59465333354,"d":"1.59"}]
[4,403,40301,{"v":4588.188916,"d":"4,588.19"},62470,{"v":13.61539404,"d":"13.62"},"SR",102,40301085,{"v":47.3517993501,"d":"47.35"},474,{"v":10.0101792599999,"d":"10.01"},{"v":15.9734776899999,"d":"15.97"},{"v":0.973029842,"d":"0.97"},{"v":461.2161449,"d":"461.22"},{"v":12.7838551099999,"d":"12.78"},1,"1_40301085_32941",{"v":14.3066877321,"d":"14.31"},{"v":0.895652656845,"d":"0.90"},{"v":413.089465559,"d":"413.09"},{"v":0.337336234509,"d":"0.34"},"1_40301085_32941_285452","D",{"v":3.31692032052E-3,"d":"0.00"},{"v":0.000231844042635,"d":"0.00"},{"v":0.0957723316651,"d":"0.10"}]
[4,403,40301,{"v":4588.188916,"d":"4,588.19"},62470,{"v":13.61539404,"d":"13.62"},"SR",102,40301162,{"v":261.509434225,"d":"261.51"},310,{"v":1.185425684,"d":"1.19"},{"v":40.2509602,"d":"40.25"},{"v":0.973029842,"d":"0.97"},{"v":301.639250899999,"d":"301.64"},{"v":8.36074911899999,"d":"8.36"},1,"1_40301162_33045",{"v":2.28089332856,"d":"2.28"},{"v":0.0566668053936,"d":"0.06"},{"v":17.0929327298,"d":"17.09"},{"v":0.15391781302,"d":"0.15"},"1_40301162_33045_285714","G",{"v":1.91115752462,"d":"1.91"},{"v":0.837898686751,"d":"0.84"},{"v":14.322145887,"d":"14.32"}]
[4,405,40504,{"v":1693.98376899999,"d":"1,693.98"},2391,{"v":1.411465708,"d":"1.41"}," ",210,40504000,{"v":1693.9837691,"d":"1,693.98"},2391,{"v":1.411465708,"d":"1.41"},{"v":172.990413499999,"d":"172.99"},{"v":0.955942851,"d":"0.96"},{"v":2285.65935799999,"d":"2,285.66"},{"v":105.340642399999,"d":"105.34"},1,"1_40504000_34784",{"v":0.590684438408,"d":"0.59"},{"v":0.00341455012713,"d":"0.00"},{"v":7.80449845143,"d":"7.80"},{"v":0.102120466946,"d":"0.10"},"1_40504000_34784_286085","F",{"v":0.439007105204,"d":"0.44"},{"v":0.743217658463,"d":"0.74"},{"v":5.80044106455,"d":"5.80"}]
[4,405,40506,{"v":3903.554449,"d":"3,903.55"},4073,{"v":1.043408015,"d":"1.04"}," ",410,40506002,{"v":2175.67869087999,"d":"2,175.68"},1191,{"v":0.54741539,"d":"0.55"},{"v":123.8759735,"d":"123.88"},{"v":0.921559671,"d":"0.92"},{"v":1097.57756799999,"d":"1,097.58"},{"v":93.4224321399999,"d":"93.42"},1,"1_40506002_34957",{"v":6.54508843614,"d":"6.55"},{"v":0.0528358183691,"d":"0.05"},{"v":57.9914090288,"d":"57.99"},{"v":0.056936703944,"d":"0.06"},"1_40506002_34957_286389","E",{"v":0.24132898461,"d":"0.24"},{"v":0.0368717683443,"d":"0.04"},{"v":2.13824579967,"d":"2.14"}]
[4,405,40508,{"v":2871.66158799999,"d":"2,871.66"},2933,{"v":1.021359903,"d":"1.02"},"M",410,40508001,{"v":2509.38487875,"d":"2,509.38"},1591,{"v":0.63401992,"d":"0.63"},{"v":159.396921099999,"d":"159.40"},{"v":0.921559671,"d":"0.92"},{"v":1466.201436,"d":"1,466.20"},{"v":124.798563799999,"d":"124.80"},1,"1_40508001_35116",{"v":0.20448644771,"d":"0.20"},{"v":0.00128287576886,"d":"0.00"},{"v":1.88095429451,"d":"1.88"},{"v":0.0635203162535,"d":"0.06"},"1_40508001_35116_286647","F",{"v":0.190152060876,"d":"0.19"},{"v":0.92990055334,"d":"0.93"},{"v":1.74910043927,"d":"1.75"}]
[4,405,40510,{"v":2383.68514599999,"d":"2,383.69"},2314,{"v":0.970765793,"d":"0.97"},"M",410,40510000,{"v":2383.68514606999,"d":"2,383.69"},2314,{"v":0.970765793,"d":"0.97"},{"v":291.2835021,"d":"291.28"},{"v":0.921559671,"d":"0.92"},{"v":2132.489078,"d":"2,132.49"},{"v":181.5109219,"d":"181.51"},1,"1_40510000_35341",{"v":132.776422032999,"d":"132.78"},{"v":0.455832277063,"d":"0.46"},{"v":972.057352237,"d":"972.06"},{"v":0.122198815804,"d":"0.12"},"1_40510000_35341_287022","F",{"v":1.66983512697,"d":"1.67"},{"v":0.012576292548,"d":"0.01"},{"v":12.2248776352,"d":"12.22"}]
[4,405,40512,{"v":2878.44895799999,"d":"2,878.45"},1614,{"v":0.560718645,"d":"0.56"}," ",420,40512000,{"v":2878.44895753999,"d":"2,878.45"},1614,{"v":0.560718645,"d":"0.56"},{"v":84.2603720299999,"d":"84.26"},{"v":0.920429496,"d":"0.92"},{"v":1485.573206,"d":"1,485.57"},{"v":128.426793699999,"d":"128.43"},1,"1_40512000_35527",{"v":0.430006064753,"d":"0.43"},{"v":0.00510330128379,"d":"0.01"},{"v":7.58132764934,"d":"7.58"},{"v":0.0292728386964,"d":"0.03"},"1_40512000_35527_287326","G",{"v":0.171535365949,"d":"0.17"},{"v":0.398913829384,"d":"0.40"},{"v":3.02429644441,"d":"3.02"}]
[4,406,40607,{"v":2781.24400699999,"d":"2,781.24"},2136,{"v":0.768001655,"d":"0.77"},"M",310,40607000,{"v":2781.24400740999,"d":"2,781.24"},2136,{"v":0.768001655,"d":"0.77"},{"v":154.245825099999,"d":"154.25"},{"v":0.969116244,"d":"0.97"},{"v":2070.03229599999,"d":"2,070.03"},{"v":65.96770356,"d":"65.97"},1,"1_40607000_35778",{"v":6.3331932865,"d":"6.33"},{"v":0.0410590904642,"d":"0.04"},{"v":84.9936433052999,"d":"84.99"},{"v":0.0554592925644,"d":"0.06"},"1_40607000_35778_287836","außerhalb GKL",{"v":2.30144150278,"d":"2.30"},{"v":0.363393536036,"d":"0.36"},{"v":30.8861405813,"d":"30.89"}]
[4,406,40608,{"v":7337.896278,"d":"7,337.90"},3083,{"v":0.420147667,"d":"0.42"},"M",430,40608001,{"v":5356.83152416,"d":"5,356.83"},1282,{"v":0.239320575,"d":"0.24"},{"v":82.26557486,"d":"82.27"},{"v":0.905906425,"d":"0.91"},{"v":1161.372037,"d":"1,161.37"},{"v":120.627963399999,"d":"120.63"},1,"1_40608001_35871",{"v":0.460583282179,"d":"0.46"},{"v":0.00559873656706,"d":"0.01"},{"v":6.50221609151,"d":"6.50"},{"v":0.0153571331279,"d":"0.02"},"1_40608001_35871_287959","außerhalb GKL",{"v":0.460583282178,"d":"0.46"},{"v":0.999999999998,"d":"1.00"},{"v":6.5022160915,"d":"6.50"}]
[4,406,40610,{"v":2579.61150899999,"d":"2,579.61"},1001,{"v":0.388042927,"d":"0.39"},"M",420,40610000,{"v":2579.6115094,"d":"2,579.61"},1001,{"v":0.388042927,"d":"0.39"},{"v":181.235390099999,"d":"181.24"},{"v":0.920429496,"d":"0.92"},{"v":921.349925299999,"d":"921.35"},{"v":79.65007466,"d":"79.65"},1,"1_40610000_36076",{"v":35.9957756267,"d":"36.00"},{"v":0.198613392268,"d":"0.20"},{"v":182.992434129999,"d":"182.99"},{"v":0.0702568543517,"d":"0.07"},"1_40610000_36076_288263","außerhalb GKL",{"v":0.944111983685,"d":"0.94"},{"v":0.026228410619,"d":"0.03"},{"v":4.79960070253,"d":"4.80"}]
[4,406,40617,{"v":3500.71516999999,"d":"3,500.72"},1370,{"v":0.391348605,"d":"0.39"},"M",330,40617000,{"v":3500.71517024,"d":"3,500.72"},1370,{"v":0.391348605,"d":"0.39"},{"v":119.186003999999,"d":"119.19"},{"v":0.990672016,"d":"0.99"},{"v":1357.22066199999,"d":"1,357.22"},{"v":12.77933801,"d":"12.78"},1,"1_40617000_36361",{"v":0.0938597185342,"d":"0.09"},{"v":0.000787506212006,"d":"0.00"},{"v":1.06881970239,"d":"1.07"},{"v":0.0340461871943,"d":"0.03"},"1_40617000_36361_288769","F",{"v":0.0938597185342,"d":"0.09"},{"v":1,"d":"1.00"},{"v":1.06881970239,"d":"1.07"}]
[4,406,40619,{"v":3853.98834299999,"d":"3,853.99"},1958,{"v":0.508045128,"d":"0.51"}," ",430,40619000,{"v":3853.98834272,"d":"3,853.99"},1958,{"v":0.508045128,"d":"0.51"},{"v":203.941650699999,"d":"203.94"},{"v":0.905906425,"d":"0.91"},{"v":1773.76477999999,"d":"1,773.76"},{"v":184.2352203,"d":"184.24"},1,"1_40619000_36457",{"v":0.0974647691756,"d":"0.10"},{"v":0.000477905169646,"d":"0.00"},{"v":0.847691358098,"d":"0.85"},{"v":0.0529170388087,"d":"0.05"},"1_40619000_36457_288896","außerhalb GKL",{"v":0.0974647691753,"d":"0.10"},{"v":0.999999999997,"d":"1.00"},{"v":0.847691358095,"d":"0.85"}]
[4,406,40620,{"v":3946.995772,"d":"3,947.00"},3122,{"v":0.790981339,"d":"0.79"},"M",410,40620001,{"v":1584.37167298,"d":"1,584.37"},1079,{"v":0.681027071,"d":"0.68"},{"v":75.4902485899999,"d":"75.49"},{"v":0.921559671,"d":"0.92"},{"v":994.362884699999,"d":"994.36"},{"v":84.6371152699999,"d":"84.64"},1,"1_40620001_36686",{"v":0.550782423496,"d":"0.55"},{"v":0.00729607378149,"d":"0.01"},{"v":7.25494497235,"d":"7.25"},{"v":0.0476468052777,"d":"0.05"},"1_40620001_36686_289200","außerhalb GKL",{"v":0.28940544675,"d":"0.29"},{"v":0.525444230615,"d":"0.53"},{"v":3.81206897915,"d":"3.81"}]
[4,406,40621,{"v":4873.11885799999,"d":"4,873.12"},2171,{"v":0.445505243,"d":"0.45"},"M",430,40621001,{"v":4732.09458375,"d":"4,732.09"},1317,{"v":0.278312273,"d":"0.28"},{"v":133.2028122,"d":"133.20"},{"v":0.905906425,"d":"0.91"},{"v":1193.07876099999,"d":"1,193.08"},{"v":123.921238599999,"d":"123.92"},1,"1_40621001_36932",{"v":0.615544846237,"d":"0.62"},{"v":0.00462110999063,"d":"0.00"},{"v":5.51334818207,"d":"5.51"},{"v":0.0281488059553,"d":"0.03"},"1_40621001_36932_289530","außerhalb GKL",{"v":0.615544846237,"d":"0.62"},{"v":1,"d":"1.00"},{"v":5.51334818207,"d":"5.51"}]
[4,406,40626,{"v":4282.691829,"d":"4,282.69"},1570,{"v":0.366591869,"d":"0.37"},"M",420,40626000,{"v":4282.69182856,"d":"4,282.69"},1570,{"v":0.366591869,"d":"0.37"},{"v":239.468301999999,"d":"239.47"},{"v":0.920429496,"d":"0.92"},{"v":1445.07430799999,"d":"1,445.07"},{"v":124.925691499999,"d":"124.93"},1,"1_40626000_37120",{"v":47.7818969357999,"d":"47.78"},{"v":0.199533284935,"d":"0.20"},{"v":288.340423649999,"d":"288.34"},{"v":0.0559153708896,"d":"0.06"},"1_40626000_37120_289928","außerhalb GKL",{"v":0.0360992545077,"d":"0.04"},{"v":0.000755500656581,"d":"0.00"},{"v":0.217841379386,"d":"0.22"}]
[4,407,40701,{"v":7876.912575,"d":"7,876.91"},9856,{"v":1.251251668,"d":"1.25"},"M",102,40701006,{"v":701.743934699999,"d":"701.74"},1358,{"v":1.935178821,"d":"1.94"},{"v":67.95147133,"d":"67.95"},{"v":0.973029842,"d":"0.97"},{"v":1321.37452499999,"d":"1,321.37"},{"v":36.62547517,"d":"36.63"},1,"1_40701006_37447",{"v":0.237248880866,"d":"0.24"},{"v":3.49144582483E-3,"d":"0.00"},{"v":4.61350756835,"d":"4.61"},{"v":0.0968322887736,"d":"0.10"},"1_40701006_37447_290500","außerhalb GKL",{"v":0.237248880866,"d":"0.24"},{"v":1,"d":"1.00"},{"v":4.61350756835,"d":"4.61"}]
[4,407,40704,{"v":19464.5260899999,"d":"19,464.53"},7677,{"v":0.394409808,"d":"0.39"},"M",410,40704009,{"v":2965.25103024,"d":"2,965.25"},579,{"v":0.195261714,"d":"0.20"},{"v":49.6060157,"d":"49.61"},{"v":0.921559671,"d":"0.92"},{"v":533.5830494,"d":"533.58"},{"v":45.41695064,"d":"45.42"},1,"1_40704009_37545",{"v":0.236345399962,"d":"0.24"},{"v":0.00476445037214,"d":"0.00"},{"v":2.54222995828,"d":"2.54"},{"v":0.0167291116988,"d":"0.02"},"1_40704009_37545_290804","F",{"v":0.152597752207,"d":"0.15"},{"v":0.645655689645,"d":"0.65"},{"v":1.64140523695,"d":"1.64"}]
[4,407,40708,{"v":1674.307027,"d":"1,674.31"},2828,{"v":1.689056997,"d":"1.69"}," ",310,40708001,{"v":430.508102104999,"d":"430.51"},938,{"v":2.178820783,"d":"2.18"},{"v":80.38242492,"d":"80.38"},{"v":0.969116244,"d":"0.97"},{"v":909.0310365,"d":"909.03"},{"v":28.96896346,"d":"28.97"},1,"1_40708001_37706",{"v":38.1847790232,"d":"38.18"},{"v":0.475038903855,"d":"0.48"},{"v":431.825107149,"d":"431.83"},{"v":0.186715243051,"d":"0.19"},"1_40708001_37706_291197","F",{"v":0.0335863054179,"d":"0.03"},{"v":0.000879573125132,"d":"0.00"},{"v":0.379821759006,"d":"0.38"}]
[4,407,40711,{"v":3246.06879799999,"d":"3,246.07"},9843,{"v":3.032283237,"d":"3.03"},"ST",102,40711004,{"v":2602.09376121,"d":"2,602.09"},2861,{"v":1.099499197,"d":"1.10"},{"v":172.0703742,"d":"172.07"},{"v":0.973029842,"d":"0.97"},{"v":2783.838377,"d":"2,783.84"},{"v":77.16162332,"d":"77.16"},1,"1_40711004_37785",{"v":8.28387167676,"d":"8.28"},{"v":0.0481423470791,"d":"0.05"},{"v":134.020513357999,"d":"134.02"},{"v":0.0661276610263,"d":"0.07"},"1_40711004_37785_291437","G",{"v":0.0888777290582,"d":"0.09"},{"v":0.0107290084306,"d":"0.01"},{"v":1.43790721769,"d":"1.44"}]
[4,407,40716,{"v":1927.37184999999,"d":"1,927.37"},1144,{"v":0.593554378,"d":"0.59"}," ",310,40716000,{"v":1927.37185029,"d":"1,927.37"},1144,{"v":0.593554378,"d":"0.59"},{"v":99.6223679699999,"d":"99.62"},{"v":0.969116244,"d":"0.97"},{"v":1108.668983,"d":"1,108.67"},{"v":35.33101726,"d":"35.33"},1,"1_40716000_37892",{"v":0.160455059567,"d":"0.16"},{"v":1.61063286124E-3,"d":"0.00"},{"v":1.78565869626,"d":"1.79"},{"v":0.0516881928908,"d":"0.05"},"1_40716000_37892_291741","außerhalb GKL",{"v":0.160455059567,"d":"0.16"},{"v":1,"d":"1.00"},{"v":1.78565869626,"d":"1.79"}]
[4,407,40719,{"v":4785.048609,"d":"4,785.05"},4871,{"v":1.017962491,"d":"1.02"},"M",410,40719003,{"v":2035.28269116999,"d":"2,035.28"},1411,{"v":0.693269788,"d":"0.69"},{"v":117.144204099999,"d":"117.14"},{"v":0.921559671,"d":"0.92"},{"v":1300.32069499999,"d":"1,300.32"},{"v":110.679304599999,"d":"110.68"},1,"1_40719003_37978",{"v":0.135976248029,"d":"0.14"},{"v":1.16075950213E-3,"d":"0.00"},{"v":1.50935960254,"d":"1.51"},{"v":0.0575567239913,"d":"0.06"},"1_40719003_37978_292050","außerhalb GKL",{"v":0.135976248029,"d":"0.14"},{"v":1,"d":"1.00"},{"v":1.50935960254,"d":"1.51"}]
[4,408,40801,{"v":1109.64506,"d":"1,109.65"},921,{"v":0.829995134,"d":"0.83"}," ",410,40801000,{"v":1109.64506004999,"d":"1,109.65"},921,{"v":0.829995134,"d":"0.83"},{"v":101.0986393,"d":"101.10"},{"v":0.921559671,"d":"0.92"},{"v":848.7564568,"d":"848.76"},{"v":72.2435432399999,"d":"72.24"},1,"1_40801000_38121",{"v":69.0654113996999,"d":"69.07"},{"v":0.683148773098,"d":"0.68"},{"v":579.826932122,"d":"579.83"},{"v":0.0911089887567,"d":"0.09"},"1_40801000_38121_292374","E",{"v":23.7266327799,"d":"23.73"},{"v":0.34353857161,"d":"0.34"},{"v":199.192916042,"d":"199.19"}]
[4,408,40806,{"v":4055.33610899999,"d":"4,055.34"},3595,{"v":0.886486324,"d":"0.89"},"M",410,40806001,{"v":2532.25004965,"d":"2,532.25"},975,{"v":0.385033066,"d":"0.39"},{"v":49.0975463099999,"d":"49.10"},{"v":0.921559671,"d":"0.92"},{"v":898.520678999999,"d":"898.52"},{"v":76.47932102,"d":"76.48"},1,"1_40806001_38265",{"v":1.22887852368,"d":"1.23"},{"v":0.0250293266372,"d":"0.03"},{"v":22.4893675649999,"d":"22.49"},{"v":0.019388901312,"d":"0.02"},"1_40806001_38265_292678","außerhalb GKL",{"v":1.22887852368,"d":"1.23"},{"v":1,"d":"1.00"},{"v":22.4893675649999,"d":"22.49"}]
[4,408,40810,{"v":1385.522703,"d":"1,385.52"},702,{"v":0.506667988,"d":"0.51"}," ",430,40810000,{"v":1385.52270311999,"d":"1,385.52"},702,{"v":0.506667988,"d":"0.51"},{"v":84.7716022099999,"d":"84.77"},{"v":0.905906425,"d":"0.91"},{"v":635.946310199999,"d":"635.95"},{"v":66.0536898099999,"d":"66.05"},1,"1_40810000_38405",{"v":2.3009570878,"d":"2.30"},{"v":0.027143017565,"d":"0.03"},{"v":17.2615018682,"d":"17.26"},{"v":0.0611838420396,"d":"0.06"},"1_40810000_38405_292983","außerhalb GKL",{"v":2.3009570878,"d":"2.30"},{"v":1,"d":"1.00"},{"v":17.2615018682,"d":"17.26"}]
[4,408,40814,{"v":1819.81304,"d":"1,819.81"},1530,{"v":0.840745706,"d":"0.84"}," ",410,40814000,{"v":1819.81304002999,"d":"1,819.81"},1530,{"v":0.840745706,"d":"0.84"},{"v":160.3436169,"d":"160.34"},{"v":0.921559671,"d":"0.92"},{"v":1409.986296,"d":"1,409.99"},{"v":120.0137038,"d":"120.01"},1,"1_40814000_38612",{"v":48.0408145707,"d":"48.04"},{"v":0.299611643416,"d":"0.30"},{"v":422.448311338999,"d":"422.45"},{"v":0.0881099395229,"d":"0.09"},"1_40814000_38612_293311","D",{"v":0.0677000962784,"d":"0.07"},{"v":0.00140922040734,"d":"0.00"},{"v":0.595322781385,"d":"0.60"}]
[4,408,40817,{"v":1581.43402799999,"d":"1,581.43"},1638,{"v":1.035768784,"d":"1.04"},"M",430,40817000,{"v":1581.43402764,"d":"1,581.43"},1638,{"v":1.035768784,"d":"1.04"},{"v":120.3188489,"d":"120.32"},{"v":0.905906425,"d":"0.91"},{"v":1483.874724,"d":"1,483.87"},{"v":154.1252762,"d":"154.13"},1,"1_40817000_38862",{"v":0.287890267075,"d":"0.29"},{"v":0.00239272790346,"d":"0.00"},{"v":3.55050845735,"d":"3.55"},{"v":0.0760821171147,"d":"0.08"},"1_40817000_38862_293615","außerhalb GKL",{"v":0.287890267075,"d":"0.29"},{"v":1,"d":"1.00"},{"v":3.55050845735,"d":"3.55"}]
[4,408,40821,{"v":1130.44893999999,"d":"1,130.45"},970,{"v":0.858066177,"d":"0.86"}," ",410,40821000,{"v":1130.44894030999,"d":"1,130.45"},970,{"v":0.858066177,"d":"0.86"},{"v":72.34192369,"d":"72.34"},{"v":0.921559671,"d":"0.92"},{"v":893.912880599999,"d":"893.91"},{"v":76.08711938,"d":"76.09"},1,"1_40821000_39070",{"v":0.907452460413,"d":"0.91"},{"v":0.0125439359935,"d":"0.01"},{"v":11.213185958,"d":"11.21"},{"v":0.0639939771806,"d":"0.06"},"1_40821000_39070_293916","G",{"v":0.643118696093,"d":"0.64"},{"v":0.708707865314,"d":"0.71"},{"v":7.94687308366,"d":"7.95"}]
[4,408,40827,{"v":1982.89597699999,"d":"1,982.90"},3050,{"v":1.538154313,"d":"1.54"},"M",210,40827000,{"v":663.64113438,"d":"663.64"},2395,{"v":3.608878166,"d":"3.61"},{"v":162.9354169,"d":"162.94"},{"v":0.955942851,"d":"0.96"},{"v":2289.483129,"d":"2,289.48"},{"v":105.516870999999,"d":"105.52"},1,"1_40827000_39293",{"v":9.9285663502,"d":"9.93"},{"v":0.060935593618,"d":"0.06"},{"v":139.511013544,"d":"139.51"},{"v":0.245517356383,"d":"0.25"},"1_40827000_39293_294248","G",{"v":0.968951759003,"d":"0.97"},{"v":0.0975923134143,"d":"0.10"},{"v":13.6152025585,"d":"13.62"}]
[4,408,40831,{"v":3424.03720999999,"d":"3,424.04"},3715,{"v":1.084976527,"d":"1.08"},"M",420,40831001,{"v":1574.4683588,"d":"1,574.47"},907,{"v":0.576067467,"d":"0.58"},{"v":80.4890770899999,"d":"80.49"},{"v":0.920429496,"d":"0.92"},{"v":834.8295527,"d":"834.83"},{"v":72.1704472699999,"d":"72.17"},1,"1_40831001_39471",{"v":0.097798852345,"d":"0.10"},{"v":0.00121505744482,"d":"0.00"},{"v":1.01436586316,"d":"1.01"},{"v":0.0511214319679,"d":"0.05"},"1_40831001_39471_294578","außerhalb GKL",{"v":0.0846260834883,"d":"0.08"},{"v":0.865307531317,"d":"0.87"},{"v":0.877738420903,"d":"0.88"}]
[4,409,40902,{"v":4325.46547999999,"d":"4,325.47"},3857,{"v":0.891695938,"d":"0.89"}," ",410,40902000,{"v":1261.30628043,"d":"1,261.31"},1315,{"v":1.04256993,"d":"1.04"},{"v":59.09419083,"d":"59.09"},{"v":0.921559671,"d":"0.92"},{"v":1211.850967,"d":"1,211.85"},{"v":103.149033,"d":"103.15"},1,"1_40902000_39810",{"v":0.119763087381,"d":"0.12"},{"v":0.00202664738613,"d":"0.00"},{"v":2.45599459465,"d":"2.46"},{"v":0.0468515789915,"d":"0.05"},"1_40902000_39810_295185","außerhalb GKL",{"v":0.119763087381,"d":"0.12"},{"v":1,"d":"1.00"},{"v":2.45599459465,"d":"2.46"}]
[4,409,40907,{"v":4214.00405899999,"d":"4,214.00"},6697,{"v":1.589224857,"d":"1.59"},"M",410,40907003,{"v":131.54762217,"d":"131.55"},1494,{"v":11.3571038,"d":"11.36"},{"v":48.9735312099999,"d":"48.97"},{"v":0.921559671,"d":"0.92"},{"v":1376.810148,"d":"1,376.81"},{"v":117.189851899999,"d":"117.19"},1,"1_40907003_39991",{"v":47.4509502976999,"d":"47.45"},{"v":0.968910126048,"d":"0.97"},{"v":1334.00529404,"d":"1,334.01"},{"v":0.372287468235,"d":"0.37"},"1_40907003_39991_295522","D",{"v":0.0425798027878,"d":"0.04"},{"v":0.000897343520428,"d":"0.00"},{"v":1.19706100682,"d":"1.20"}]
[4,409,40909,{"v":19131.3783399999,"d":"19,131.38"},3621,{"v":0.18927021,"d":"0.19"},"M",430,40909001,{"v":18526.8932444999,"d":"18,526.89"},1223,{"v":0.066012147,"d":"0.07"},{"v":97.01071564,"d":"97.01"},{"v":0.905906425,"d":"0.91"},{"v":1107.923557,"d":"1,107.92"},{"v":115.076442499999,"d":"115.08"},1,"1_40909001_40165",{"v":0.511719113163,"d":"0.51"},{"v":0.00527487205704,"d":"0.01"},{"v":5.84415501216,"d":"5.84"},{"v":0.00523621064578,"d":"0.01"},"1_40909001_40165_295852","außerhalb GKL",{"v":0.511719113163,"d":"0.51"},{"v":1,"d":"1.00"},{"v":5.84415501216,"d":"5.84"}]
[4,409,40912,{"v":5469.581213,"d":"5,469.58"},5321,{"v":0.972834993,"d":"0.97"},"M",410,40912001,{"v":3095.94136011,"d":"3,095.94"},1984,{"v":0.640839011,"d":"0.64"},{"v":294.100924599999,"d":"294.10"},{"v":0.921559671,"d":"0.92"},{"v":1828.374387,"d":"1,828.37"},{"v":155.6256132,"d":"155.63"},1,"1_40912001_40333",{"v":41.5466011211999,"d":"41.55"},{"v":0.14126647571,"d":"0.14"},{"v":258.288005929999,"d":"258.29"},{"v":0.0949956379631,"d":"0.09"},"1_40912001_40333_296118","G",{"v":0.0355507847888,"d":"0.04"},{"v":0.000855684552512,"d":"0.00"},{"v":0.221013056773,"d":"0.22"}]
[4,409,40913,{"v":3115.934189,"d":"3,115.93"},2785,{"v":0.893792947,"d":"0.89"}," ",410,40913001,{"v":1676.06637085,"d":"1,676.07"},1028,{"v":0.613340866,"d":"0.61"},{"v":126.6066603,"d":"126.61"},{"v":0.921559671,"d":"0.92"},{"v":947.3633415,"d":"947.36"},{"v":80.63665847,"d":"80.64"},1,"1_40913001_40569",{"v":0.260706482408,"d":"0.26"},{"v":2.05918457836E-3,"d":"0.00"},{"v":1.95079598292,"d":"1.95"},{"v":0.0755379754059,"d":"0.08"},"1_40913001_40569_296459","G",{"v":0.250706474381,"d":"0.25"},{"v":0.961642656774,"d":"0.96"},{"v":1.87596863184,"d":"1.88"}]
[4,409,40922,{"v":3155.833754,"d":"3,155.83"},2978,{"v":0.943649201,"d":"0.94"},"M",410,40922000,{"v":148.554603149999,"d":"148.55"},1229,{"v":8.273052291,"d":"8.27"},{"v":79.6994483499999,"d":"79.70"},{"v":0.921559671,"d":"0.92"},{"v":1132.596835,"d":"1,132.60"},{"v":96.40316466,"d":"96.40"},1,"1_40922000_40913",{"v":36.6185791979999,"d":"36.62"},{"v":0.459458377142,"d":"0.46"},{"v":520.381103765,"d":"520.38"},{"v":0.536499352158,"d":"0.54"},"1_40922000_40913_296789","C",{"v":2.82187704381,"d":"2.82"},{"v":0.0770613471525,"d":"0.08"},{"v":40.1012688888,"d":"40.10"}]
[4,410,41002,{"v":3133.01356799999,"d":"3,133.01"},17092,{"v":5.45545036,"d":"5.46"},"ST",101,41002002,{"v":119.351201575,"d":"119.35"},773,{"v":6.476683852,"d":"6.48"},{"v":49.31364586,"d":"49.31"},{"v":0.965932983,"d":"0.97"},{"v":746.6661959,"d":"746.67"},{"v":26.33380412,"d":"26.33"},1,"1_41002002_41045",{"v":49.3136458601999,"d":"49.31"},{"v":1,"d":"1.00"},{"v":746.6661959,"d":"746.67"},{"v":0.413180975216,"d":"0.41"},"1_41002002_41045_297051","B",{"v":0.0786177138963,"d":"0.08"},{"v":1.59423852212E-3,"d":"0.00"},{"v":1.19036401267,"d":"1.19"}]
[4,410,41005,{"v":3303.859448,"d":"3,303.86"},11940,{"v":3.61395519,"d":"3.61"},"ST",103,41005002,{"v":201.74664849,"d":"201.75"},2321,{"v":11.50452817,"d":"11.50"},{"v":101.5375728,"d":"101.54"},{"v":0.975480312,"d":"0.98"},{"v":2264.089804,"d":"2,264.09"},{"v":56.91019593,"d":"56.91"},1,"1_41005002_41177",{"v":1.29432317,"d":"1.29"},{"v":0.0127472337018,"d":"0.01"},{"v":28.8608818535,"d":"28.86"},{"v":0.503292488673,"d":"0.50"},"1_41005002_41177_297422","G",{"v":1.06124471825,"d":"1.06"},{"v":0.819922522325,"d":"0.82"},{"v":23.6636870458,"d":"23.66"}]
[4,410,41007,{"v":1999.03097899999,"d":"1,999.03"},6209,{"v":3.106004891,"d":"3.11"},"M",310,41007000,{"v":122.27787675,"d":"122.28"},1550,{"v":12.67604608,"d":"12.68"},{"v":58.70767387,"d":"58.71"},{"v":0.969116244,"d":"0.97"},{"v":1502.13017799999,"d":"1,502.13"},{"v":47.8698223399999,"d":"47.87"},1,"1_41007000_41322",{"v":58.0845931172,"d":"58.08"},{"v":0.989386723886,"d":"0.99"},{"v":1486.18765566,"d":"1,486.19"},{"v":0.480116889746,"d":"0.48"},"1_41007000_41322_297726","E",{"v":10.4639774814,"d":"10.46"},{"v":0.180150654758,"d":"0.18"},{"v":267.737679259999,"d":"267.74"}]
[4,410,41008,{"v":1389.88612899999,"d":"1,389.89"},1948,{"v":1.401553667,"d":"1.40"}," ",310,41008000,{"v":1389.88612858,"d":"1,389.89"},1948,{"v":1.401553667,"d":"1.40"},{"v":153.923704399999,"d":"153.92"},{"v":0.969116244,"d":"0.97"},{"v":1887.838443,"d":"1,887.84"},{"v":60.1615573699999,"d":"60.16"},1,"1_41008000_41433",{"v":0.709436188241,"d":"0.71"},{"v":0.00460901191929,"d":"0.00"},{"v":8.70106988548,"d":"8.70"},{"v":0.11074555047,"d":"0.11"},"1_41008000_41433_297984","außerhalb GKL",{"v":0.709436188241,"d":"0.71"},{"v":1,"d":"1.00"},{"v":8.70106988548,"d":"8.70"}]
[4,410,41012,{"v":2403.07490599999,"d":"2,403.07"},28929,{"v":12.03832637,"d":"12.04"},"ST",101,41012002,{"v":34.8561472200999,"d":"34.86"},579,{"v":16.6111302099999,"d":"16.61"},{"v":13.15505737,"d":"13.16"},{"v":0.965932983,"d":"0.97"},{"v":559.275197199999,"d":"559.28"},{"v":19.72480283,"d":"19.72"},1,"1_41012002_41611",{"v":10.9895873723,"d":"10.99"},{"v":0.835388783432,"d":"0.84"},{"v":467.212226593,"d":"467.21"},{"v":0.37740996694,"d":"0.38"},"1_41012002_41611_298359","F",{"v":0.643521633974,"d":"0.64"},{"v":0.0585573973047,"d":"0.06"},{"v":27.3587319782,"d":"27.36"}]
[4,410,41012,{"v":2403.07490599999,"d":"2,403.07"},28929,{"v":12.03832637,"d":"12.04"},"ST",101,41012070,{"v":248.651748456,"d":"248.65"},1094,{"v":4.399727759,"d":"4.40"},{"v":96.3975231499999,"d":"96.40"},{"v":0.965932983,"d":"0.97"},{"v":1056.73068299999,"d":"1,056.73"},{"v":37.26931657,"d":"37.27"},1,"1_41012070_41693",{"v":12.6424894094,"d":"12.64"},{"v":0.131149525385,"d":"0.13"},{"v":138.589727535,"d":"138.59"},{"v":0.387680857861,"d":"0.39"},"1_41012070_41693_298663","D",{"v":9.82204209260999,"d":"9.82"},{"v":0.77690728262,"d":"0.78"},{"v":107.671368618,"d":"107.67"}]
[4,410,41014,{"v":1796.43756699999,"d":"1,796.44"},6637,{"v":3.694534183,"d":"3.69"},"M",310,41014002,{"v":1305.47804072,"d":"1,305.48"},1332,{"v":1.020315898,"d":"1.02"},{"v":125.648392,"d":"125.65"},{"v":0.969116244,"d":"0.97"},{"v":1290.86283699999,"d":"1,290.86"},{"v":41.1371634599999,"d":"41.14"},1,"1_41014002_41960",{"v":7.11897019074,"d":"7.12"},{"v":0.0566578694516,"d":"0.06"},{"v":73.1375380987,"d":"73.14"},{"v":0.0962470360135,"d":"0.10"},"1_41014002_41960_299173","außerhalb GKL",{"v":0.000590216757994,"d":"0.00"},{"v":8.2907603513e-05,"d":"0.00"},{"v":0.0060636580106,"d":"0.01"}]
[4,410,41015,{"v":2077.817065,"d":"2,077.82"},2108,{"v":1.014526272,"d":"1.01"}," ",310,41015000,{"v":2077.81706509,"d":"2,077.82"},2108,{"v":1.014526272,"d":"1.01"},{"v":214.2369907,"d":"214.24"},{"v":0.969116244,"d":"0.97"},{"v":2042.897042,"d":"2,042.90"},{"v":65.10295838,"d":"65.10"},1,"1_41015000_42031",{"v":1.36677579075,"d":"1.37"},{"v":0.0063797376274,"d":"0.01"},{"v":13.0331471278,"d":"13.03"},{"v":0.103106762525,"d":"0.10"},"1_41015000_42031_299296","außerhalb GKL",{"v":1.36677579075,"d":"1.37"},{"v":1,"d":"1.00"},{"v":13.0331471278,"d":"13.03"}]
[4,410,41020,{"v":3759.124409,"d":"3,759.12"},4828,{"v":1.284341638,"d":"1.28"}," ",310,41020001,{"v":2352.2686007,"d":"2,352.27"},1425,{"v":0.605798164,"d":"0.61"},{"v":167.8171733,"d":"167.82"},{"v":0.969116244,"d":"0.97"},{"v":1380.990647,"d":"1,380.99"},{"v":44.0093528,"d":"44.01"},1,"1_41020001_42349",{"v":1.69418192412,"d":"1.69"},{"v":0.0100954025789,"d":"0.01"},{"v":13.9416565392,"d":"13.94"},{"v":0.071342691583,"d":"0.07"},"1_41020001_42349_299937","außerhalb GKL",{"v":1.69418192412,"d":"1.69"},{"v":1,"d":"1.00"},{"v":13.9416565392,"d":"13.94"}]
[4,410,41021,{"v":1548.79343799999,"d":"1,548.79"},24756,{"v":15.98405533,"d":"15.98"},"ST",101,41021002,{"v":146.27478962,"d":"146.27"},984,{"v":6.727064879,"d":"6.73"},{"v":30.13207847,"d":"30.13"},{"v":0.965932983,"d":"0.97"},{"v":950.4780553,"d":"950.48"},{"v":33.5219446999999,"d":"33.52"},1,"1_41021002_42461",{"v":29.2556331032999,"d":"29.26"},{"v":0.97091321239,"d":"0.97"},{"v":922.831701977999,"d":"922.83"},{"v":0.205996389045,"d":"0.21"},"1_41021002_42461_300106","C",{"v":0.127103234441,"d":"0.13"},{"v":0.00434457302606,"d":"0.00"},{"v":4.00930972001,"d":"4.01"}]
[4,411,41101,{"v":2022.65819,"d":"2,022.66"},1267,{"v":0.626403416,"d":"0.63"}," ",410,41101000,{"v":2022.65818953,"d":"2,022.66"},1267,{"v":0.626403416,"d":"0.63"},{"v":117.0138723,"d":"117.01"},{"v":0.921559671,"d":"0.92"},{"v":1167.616103,"d":"1,167.62"},{"v":99.3838971699999,"d":"99.38"},1,"1_41101000_42571",{"v":1.3232558395,"d":"1.32"},{"v":0.0113085381544,"d":"0.01"},{"v":13.2040312505,"d":"13.20"},{"v":0.0578515306767,"d":"0.06"},"1_41101000_42571_300570","G",{"v":1.00964446056,"d":"1.01"},{"v":0.763000192723,"d":"0.76"},{"v":10.0746783889,"d":"10.07"}]
[4,411,41103,{"v":1571.360858,"d":"1,571.36"},1789,{"v":1.138503604,"d":"1.14"},"M",410,41103000,{"v":1571.36085750999,"d":"1,571.36"},1789,{"v":1.138503604,"d":"1.14"},{"v":185.3862569,"d":"185.39"},{"v":0.921559671,"d":"0.92"},{"v":1648.670251,"d":"1,648.67"},{"v":140.329748999999,"d":"140.33"},1,"1_41103000_42772",{"v":125.541983779999,"d":"125.54"},{"v":0.677191426588,"d":"0.68"},{"v":1116.46535924999,"d":"1,116.47"},{"v":0.117978156331,"d":"0.12"},"1_41103000_42772_300874","G",{"v":0.012392113943,"d":"0.01"},{"v":9.8708922465e-05,"d":"0.00"},{"v":0.110205092581,"d":"0.11"}]
[4,411,41105,{"v":1841.94499199999,"d":"1,841.94"},2910,{"v":1.579851739,"d":"1.58"},"ST",410,41105002,{"v":1527.13825836999,"d":"1,527.14"},805,{"v":0.527129745,"d":"0.53"},{"v":55.30515409,"d":"55.31"},{"v":0.921559671,"d":"0.92"},{"v":741.855534899999,"d":"741.86"},{"v":63.14446505,"d":"63.14"},1,"1_41105002_42867",{"v":0.388876530277,"d":"0.39"},{"v":0.00703146997193,"d":"0.01"},{"v":5.21633491716,"d":"5.22"},{"v":0.0362148965798,"d":"0.04"},"1_41105002_42867_301039","außerhalb GKL",{"v":0.388876530277,"d":"0.39"},{"v":1,"d":"1.00"},{"v":5.21633491716,"d":"5.22"}]
[4,411,41108,{"v":3989.75720799999,"d":"3,989.76"},2291,{"v":0.574220405,"d":"0.57"},"M",410,41108001,{"v":2525.17474514,"d":"2,525.17"},744,{"v":0.294633075,"d":"0.29"},{"v":86.8502455499999,"d":"86.85"},{"v":0.921559671,"d":"0.92"},{"v":685.640395,"d":"685.64"},{"v":58.3596049699999,"d":"58.36"},1,"1_41108001_43207",{"v":0.188811159805,"d":"0.19"},{"v":0.00217398533083,"d":"0.00"},{"v":1.49057216095,"d":"1.49"},{"v":0.0343937565973,"d":"0.03"},"1_41108001_43207_301507","außerhalb GKL",{"v":0.188811159805,"d":"0.19"},{"v":1,"d":"1.00"},{"v":1.49057216095,"d":"1.49"}]
[4,411,41111,{"v":1402.798749,"d":"1,402.80"},4924,{"v":3.510125742,"d":"3.51"},"M",310,41111002,{"v":917.813990295,"d":"917.81"},1633,{"v":1.779227618,"d":"1.78"},{"v":137.1460394,"d":"137.15"},{"v":0.969116244,"d":"0.97"},{"v":1582.56682599999,"d":"1,582.57"},{"v":50.4331741199999,"d":"50.43"},1,"1_41111002_43368",{"v":2.53305289503,"d":"2.53"},{"v":0.0184697487883,"d":"0.02"},{"v":29.2296117168999,"d":"29.23"},{"v":0.149426834686,"d":"0.15"},"1_41111002_43368_301837","G",{"v":1.53244103343,"d":"1.53"},{"v":0.604977904898,"d":"0.60"},{"v":17.6832692575,"d":"17.68"}]
[4,411,41114,{"v":3512.60097899999,"d":"3,512.60"},3708,{"v":1.055628015,"d":"1.06"},"M",410,41114002,{"v":1489.67732944999,"d":"1,489.68"},1604,{"v":1.076743244,"d":"1.08"},{"v":145.1717235,"d":"145.17"},{"v":0.921559671,"d":"0.92"},{"v":1478.181712,"d":"1,478.18"},{"v":125.8182881,"d":"125.82"},1,"1_41114002_43691",{"v":0.400767770729,"d":"0.40"},{"v":0.00276064622687,"d":"0.00"},{"v":4.08073676586,"d":"4.08"},{"v":0.0974517908208,"d":"0.10"},"1_41114002_43691_302308","außerhalb GKL",{"v":0.40076777073,"d":"0.40"},{"v":1,"d":"1.00"},{"v":4.08073676586,"d":"4.08"}]
[4,411,41115,{"v":4091.45471099999,"d":"4,091.45"},1694,{"v":0.414033668,"d":"0.41"},"M",430,41115000,{"v":4091.4547112,"d":"4,091.45"},1694,{"v":0.414033668,"d":"0.41"},{"v":173.241039099999,"d":"173.24"},{"v":0.905906425,"d":"0.91"},{"v":1534.60548399999,"d":"1,534.61"},{"v":159.394516399999,"d":"159.39"},1,"1_41115000_43773",{"v":0.211816385614,"d":"0.21"},{"v":1.22266863968E-3,"d":"0.00"},{"v":1.87631399957,"d":"1.88"},{"v":0.0423421622206,"d":"0.04"},"1_41115000_43773_302444","G",{"v":0.211816385614,"d":"0.21"},{"v":1,"d":"1.00"},{"v":1.87631399957,"d":"1.88"}]
[4,411,41116,{"v":2646.01932399999,"d":"2,646.02"},8837,{"v":3.339733736,"d":"3.34"},"ST",210,41116003,{"v":1445.72632702999,"d":"1,445.73"},1917,{"v":1.325977098,"d":"1.33"},{"v":183.9624531,"d":"183.96"},{"v":0.955942851,"d":"0.96"},{"v":1832.54244599999,"d":"1,832.54"},{"v":84.4575539599999,"d":"84.46"},1,"1_41116003_43950",{"v":92.7353896019999,"d":"92.74"},{"v":0.50409954879,"d":"0.50"},{"v":923.783820167,"d":"923.78"},{"v":0.127245696271,"d":"0.13"},"1_41116003_43950_302774","F",{"v":0.00199004863606,"d":"0.00"},{"v":2.1459430371e-05,"d":"0.00"},{"v":0.0198238745665,"d":"0.02"}]
[4,411,41119,{"v":5359.122341,"d":"5,359.12"},1965,{"v":0.366664516,"d":"0.37"},"M",430,41119000,{"v":1631.53759325999,"d":"1,631.54"},924,{"v":0.566336935,"d":"0.57"},{"v":93.0412496699999,"d":"93.04"},{"v":0.905906425,"d":"0.91"},{"v":837.057536499999,"d":"837.06"},{"v":86.9424635099999,"d":"86.94"},1,"1_41119000_44270",{"v":58.9786130685,"d":"58.98"},{"v":0.633897473193,"d":"0.63"},{"v":530.608657304999,"d":"530.61"},{"v":0.057026727459,"d":"0.06"},"1_41119000_44270_303241","G",{"v":0.0695464214131,"d":"0.07"},{"v":1.17918034682E-3,"d":"0.00"},{"v":0.625683300547,"d":"0.63"}]
[4,411,41119,{"v":5359.122341,"d":"5,359.12"},1965,{"v":0.366664516,"d":"0.37"},"M",430,41119001,{"v":3727.58474745,"d":"3,727.58"},1041,{"v":0.279269305,"d":"0.28"},{"v":113.959916699999,"d":"113.96"},{"v":0.905906425,"d":"0.91"},{"v":943.0485882,"d":"943.05"},{"v":97.9514118099999,"d":"97.95"},1,"1_41119001_44430",{"v":1.45057897302,"d":"1.45"},{"v":0.0127288525214,"d":"0.01"},{"v":12.0039263996999,"d":"12.00"},{"v":0.0305720525276,"d":"0.03"},"1_41119001_44430_303407","außerhalb GKL",{"v":1.45057897302,"d":"1.45"},{"v":1,"d":"1.00"},{"v":12.0039263996999,"d":"12.00"}]
[4,411,41123,{"v":1899.806064,"d":"1,899.81"},1756,{"v":0.924304872,"d":"0.92"},"M",410,41123000,{"v":1899.80606368,"d":"1,899.81"},1756,{"v":0.924304872,"d":"0.92"},{"v":130.0308186,"d":"130.03"},{"v":0.921559671,"d":"0.92"},{"v":1618.258782,"d":"1,618.26"},{"v":137.741218199999,"d":"137.74"},1,"1_41123000_44648",{"v":1.26649984543,"d":"1.27"},{"v":0.00973999747957,"d":"0.01"},{"v":15.7618364579999,"d":"15.76"},{"v":0.0684442591725,"d":"0.07"},"1_41123000_44648_303711","F",{"v":1.17555638567,"d":"1.18"},{"v":0.928193074726,"d":"0.93"},{"v":14.6300274453,"d":"14.63"}]
[4,412,41203,{"v":1597.00917099999,"d":"1,597.01"},3097,{"v":1.939249979,"d":"1.94"},"M",103,41203000,{"v":183.19980762,"d":"183.20"},1668,{"v":9.10481305399999,"d":"9.10"},{"v":87.57117399,"d":"87.57"},{"v":0.975480312,"d":"0.98"},{"v":1627.10115999999,"d":"1,627.10"},{"v":40.8988396399999,"d":"40.90"},1,"1_41203000_44897",{"v":83.5338527902,"d":"83.53"},{"v":0.953896687507,"d":"0.95"},{"v":1552.08640676,"d":"1,552.09"},{"v":0.47800909361,"d":"0.48"},"1_41203000_44897_304174","E",{"v":25.9599879613,"d":"25.96"},{"v":0.310772065386,"d":"0.31"},{"v":482.345098285999,"d":"482.35"}]
[4,412,41204,{"v":4043.08743599999,"d":"4,043.09"},3470,{"v":0.858254998,"d":"0.86"},"M",410,41204002,{"v":1871.14823307999,"d":"1,871.15"},1086,{"v":0.580392286,"d":"0.58"},{"v":60.84421712,"d":"60.84"},{"v":0.921559671,"d":"0.92"},{"v":1000.813802,"d":"1,000.81"},{"v":85.18619757,"d":"85.19"},1,"1_41204002_44978",{"v":0.185842413616,"d":"0.19"},{"v":0.00305439731847,"d":"0.00"},{"v":3.05688299312,"d":"3.06"},{"v":0.0325170481121,"d":"0.03"},"1_41204002_44978_304344","außerhalb GKL",{"v":0.185842413617,"d":"0.19"},{"v":1.00000000001,"d":"1.00"},{"v":3.05688299315,"d":"3.06"}]
[4,412,41218,{"v":1558.131636,"d":"1,558.13"},2467,{"v":1.583306534,"d":"1.58"}," ",103,41218000,{"v":1558.13163583,"d":"1,558.13"},2467,{"v":1.583306534,"d":"1.58"},{"v":168.7895489,"d":"168.79"},{"v":0.975480312,"d":"0.98"},{"v":2406.50993,"d":"2,406.51"},{"v":60.4900703799999,"d":"60.49"},1,"1_41218000_45509",{"v":1.3284464435,"d":"1.33"},{"v":0.00787043067629,"d":"0.01"},{"v":18.9402695759,"d":"18.94"},{"v":0.10832817011,"d":"0.11"},"1_41218000_45509_304985","außerhalb GKL",{"v":1.3284464435,"d":"1.33"},{"v":1,"d":"1.00"},{"v":18.9402695759,"d":"18.94"}]
[4,412,41222,{"v":1023.805609,"d":"1,023.81"},690,{"v":0.673956065,"d":"0.67"}," ",310,41222000,{"v":1023.80560927999,"d":"1,023.81"},690,{"v":0.673956065,"d":"0.67"},{"v":68.24862004,"d":"68.25"},{"v":0.969116244,"d":"0.97"},{"v":668.690208099999,"d":"668.69"},{"v":21.3097918799999,"d":"21.31"},1,"1_41222000_45565",{"v":0.118306384919,"d":"0.12"},{"v":1.73346193446E-3,"d":"0.00"},{"v":1.15914902169,"d":"1.16"},{"v":0.0666616977104,"d":"0.07"},"1_41222000_45565_305107","außerhalb GKL",{"v":0.118306384919,"d":"0.12"},{"v":1,"d":"1.00"},{"v":1.15914902169,"d":"1.16"}]
[4,412,41231,{"v":3447.12227299999,"d":"3,447.12"},2416,{"v":0.700874471,"d":"0.70"},"M",410,41231000,{"v":1774.70983952,"d":"1,774.71"},1104,{"v":0.622073522,"d":"0.62"},{"v":130.997206799999,"d":"131.00"},{"v":0.921559671,"d":"0.92"},{"v":1017.401877,"d":"1,017.40"},{"v":86.5981235,"d":"86.60"},1,"1_41231000_45804",{"v":0.397507204517,"d":"0.40"},{"v":0.00303447084276,"d":"0.00"},{"v":3.08727633113,"d":"3.09"},{"v":0.0738133095805,"d":"0.07"},"1_41231000_45804_305618","außerhalb GKL",{"v":0.397507204518,"d":"0.40"},{"v":1,"d":"1.00"},{"v":3.08727633113,"d":"3.09"}]
[4,412,41233,{"v":2033.62534299999,"d":"2,033.63"},1587,{"v":0.780379732,"d":"0.78"}," ",310,41233000,{"v":2033.62534294,"d":"2,033.63"},1587,{"v":0.780379732,"d":"0.78"},{"v":147.671726199999,"d":"147.67"},{"v":0.969116244,"d":"0.97"},{"v":1537.98747899999,"d":"1,537.99"},{"v":49.0125213299999,"d":"49.01"},1,"1_41233000_46035",{"v":0.510532200029,"d":"0.51"},{"v":3.45721021326E-3,"d":"0.00"},{"v":5.31714602026,"d":"5.32"},{"v":0.07261501078,"d":"0.07"},"1_41233000_46035_305922","außerhalb GKL",{"v":0.341078897566,"d":"0.34"},{"v":0.66808498572,"d":"0.67"},{"v":3.55230542302,"d":"3.55"}]
[4,413,41309,{"v":1241.326925,"d":"1,241.33"},2564,{"v":2.065531608,"d":"2.07"},"M",420,41309001,{"v":233.560718165999,"d":"233.56"},1147,{"v":4.910928554,"d":"4.91"},{"v":109.179868099999,"d":"109.18"},{"v":0.920429496,"d":"0.92"},{"v":1055.73263199999,"d":"1,055.73"},{"v":91.26736827,"d":"91.27"},1,"1_41309001_46233",{"v":109.000668532,"d":"109.00"},{"v":0.998358675724,"d":"1.00"},{"v":1053.9998324,"d":"1,054.00"},{"v":0.467458179429,"d":"0.47"},"1_41309001_46233_306296","F",{"v":0.4375616749,"d":"0.44"},{"v":0.00401430267165,"d":"0.00"},{"v":4.23107434312,"d":"4.23"}]
[4,413,41316,{"v":1613.694925,"d":"1,613.69"},1650,{"v":1.022498104,"d":"1.02"}," ",310,41316000,{"v":1613.69492452,"d":"1,613.69"},1650,{"v":1.022498104,"d":"1.02"},{"v":115.078772999999,"d":"115.08"},{"v":0.969116244,"d":"0.97"},{"v":1599.04180199999,"d":"1,599.04"},{"v":50.95819798,"d":"50.96"},1,"1_41316000_46380",{"v":0.285681237113,"d":"0.29"},{"v":0.00248248421204,"d":"0.00"},{"v":3.96959602786,"d":"3.97"},{"v":0.0713138346359,"d":"0.07"},"1_41316000_46380_306555","G",{"v":0.133880223631,"d":"0.13"},{"v":0.468634989767,"d":"0.47"},{"v":1.8602915939,"d":"1.86"}]
[4,413,41323,{"v":2825.63148799999,"d":"2,825.63"},1835,{"v":0.649412355,"d":"0.65"},"M",310,41323000,{"v":2825.63148848999,"d":"2,825.63"},1835,{"v":0.649412355,"d":"0.65"},{"v":105.334230099999,"d":"105.33"},{"v":0.969116244,"d":"0.97"},{"v":1778.32830699999,"d":"1,778.33"},{"v":56.6716928999999,"d":"56.67"},1,"1_41323000_46577",{"v":44.5447679728,"d":"44.54"},{"v":0.422889766513,"d":"0.42"},{"v":752.036842531,"d":"752.04"},{"v":0.0372781201402,"d":"0.04"},"1_41323000_46577_306859","außerhalb GKL",{"v":1.74487340243,"d":"1.74"},{"v":0.039171231142,"d":"0.04"},{"v":29.4582089861,"d":"29.46"}]
[4,413,41329,{"v":2040.31289199999,"d":"2,040.31"},1460,{"v":0.715576521,"d":"0.72"}," ",430,41329000,{"v":2040.31289173,"d":"2,040.31"},1460,{"v":0.715576521,"d":"0.72"},{"v":121.9462601,"d":"121.95"},{"v":0.905906425,"d":"0.91"},{"v":1322.62337999999,"d":"1,322.62"},{"v":137.376619799999,"d":"137.38"},1,"1_41329000_46831",{"v":0.133521935379,"d":"0.13"},{"v":1.0949243976E-3,"d":"0.00"},{"v":1.4481726076,"d":"1.45"},{"v":0.0597684113031,"d":"0.06"},"1_41329000_46831_307229","G",{"v":0.133521935379,"d":"0.13"},{"v":1,"d":"1.00"},{"v":1.4481726076,"d":"1.45"}]
[4,413,41332,{"v":3488.00635899999,"d":"3,488.01"},3774,{"v":1.08199344,"d":"1.08"},"M",310,41332001,{"v":2322.24091287999,"d":"2,322.24"},1736,{"v":0.747553792,"d":"0.75"},{"v":154.676686799999,"d":"154.68"},{"v":0.969116244,"d":"0.97"},{"v":1682.38579899999,"d":"1,682.39"},{"v":53.61420102,"d":"53.61"},1,"1_41332001_47012",{"v":0.156739341599,"d":"0.16"},{"v":0.00101333526624,"d":"0.00"},{"v":1.70482086155,"d":"1.70"},{"v":0.0666066496125,"d":"0.07"},"1_41332001_47012_307492","G",{"v":0.0198588396348,"d":"0.02"},{"v":0.126699777045,"d":"0.13"},{"v":0.21600042306,"d":"0.22"}]
[4,413,41338,{"v":3685.678816,"d":"3,685.68"},2272,{"v":0.616440041,"d":"0.62"},"M",420,41338001,{"v":3254.90983465999,"d":"3,254.91"},947,{"v":0.290945079,"d":"0.29"},{"v":72.1691526299999,"d":"72.17"},{"v":0.920429496,"d":"0.92"},{"v":871.646732599999,"d":"871.65"},{"v":75.3532674399999,"d":"75.35"},1,"1_41338001_47216",{"v":1.21116344193,"d":"1.21"},{"v":0.0167822871378,"d":"0.02"},{"v":14.6282257492,"d":"14.63"},{"v":0.02217239687,"d":"0.02"},"1_41338001_47216_307796","außerhalb GKL",{"v":1.21116344193,"d":"1.21"},{"v":1,"d":"1.00"},{"v":14.6282257492,"d":"14.63"}]
[4,413,41344,{"v":3794.34830899999,"d":"3,794.35"},5219,{"v":1.375466767,"d":"1.38"},"ST",220,41344002,{"v":3006.23183445999,"d":"3,006.23"},1597,{"v":0.531229821,"d":"0.53"},{"v":115.952154199999,"d":"115.95"},{"v":0.975109986,"d":"0.98"},{"v":1557.25064799999,"d":"1,557.25"},{"v":39.7493521399999,"d":"39.75"},1,"1_41344002_47382",{"v":0.945156185008,"d":"0.95"},{"v":0.00815126024634,"d":"0.01"},{"v":12.6935553006,"d":"12.69"},{"v":0.0385705962098,"d":"0.04"},"1_41344002_47382_308162","E",{"v":0.945156185008,"d":"0.95"},{"v":1,"d":"1.00"},{"v":12.6935553006,"d":"12.69"}]
[4,414,41402,{"v":3767.19018199999,"d":"3,767.19"},5211,{"v":1.383259073,"d":"1.38"},"M",410,41402002,{"v":1732.40248148,"d":"1,732.40"},1668,{"v":0.962824758,"d":"0.96"},{"v":177.329006499999,"d":"177.33"},{"v":0.921559671,"d":"0.92"},{"v":1537.16153099999,"d":"1,537.16"},{"v":130.838469199999,"d":"130.84"},1,"1_41402002_47548",{"v":0.888221440248,"d":"0.89"},{"v":0.00500888973428,"d":"0.01"},{"v":7.69947261256,"d":"7.70"},{"v":0.102360166529,"d":"0.10"},"1_41402002_47548_308429","außerhalb GKL",{"v":0.888221440248,"d":"0.89"},{"v":1,"d":"1.00"},{"v":7.69947261256,"d":"7.70"}]
[4,414,41404,{"v":2808.561751,"d":"2,808.56"},1563,{"v":0.556512599,"d":"0.56"}," ",420,41404000,{"v":2808.56175107999,"d":"2,808.56"},1563,{"v":0.556512599,"d":"0.56"},{"v":156.387702499999,"d":"156.39"},{"v":0.920429496,"d":"0.92"},{"v":1438.631302,"d":"1,438.63"},{"v":124.368697999999,"d":"124.37"},1,"1_41404000_47782",{"v":2.18760057031,"d":"2.19"},{"v":0.0139883158032,"d":"0.01"},{"v":20.1240289767,"d":"20.12"},{"v":0.0556824867532,"d":"0.06"},"1_41404000_47782_308759","G",{"v":1.64516718806,"d":"1.65"},{"v":0.752041853704,"d":"0.75"},{"v":15.1341120555999,"d":"15.13"}]
[4,414,41408,{"v":2328.64175199999,"d":"2,328.64"},1778,{"v":0.763535223,"d":"0.76"}," ",430,41408000,{"v":2328.64175209999,"d":"2,328.64"},1778,{"v":0.763535223,"d":"0.76"},{"v":199.751228099999,"d":"199.75"},{"v":0.905906425,"d":"0.91"},{"v":1610.70162299999,"d":"1,610.70"},{"v":167.2983768,"d":"167.30"},1,"1_41408000_48067",{"v":0.264948184006,"d":"0.26"},{"v":1.32639076378E-3,"d":"0.00"},{"v":2.13641975595,"d":"2.14"},{"v":0.0857801454087,"d":"0.09"},"1_41408000_48067_309095","außerhalb GKL",{"v":0.264948184006,"d":"0.26"},{"v":1,"d":"1.00"},{"v":2.13641975595,"d":"2.14"}]
[4,414,41414,{"v":2248.527351,"d":"2,248.53"},2268,{"v":1.008660179,"d":"1.01"},"M",430,41414001,{"v":1960.51711933,"d":"1,960.52"},712,{"v":0.363169489,"d":"0.36"},{"v":99.64892489,"d":"99.65"},{"v":0.905906425,"d":"0.91"},{"v":645.0053744,"d":"645.01"},{"v":66.99462556,"d":"66.99"},1,"1_41414001_48539",{"v":0.181071150953,"d":"0.18"},{"v":0.00181709086328,"d":"0.00"},{"v":1.17203337259,"d":"1.17"},{"v":0.0508278779652,"d":"0.05"},"1_41414001_48539_309703","außerhalb GKL",{"v":0.181071150953,"d":"0.18"},{"v":1,"d":"1.00"},{"v":1.17203337259,"d":"1.17"}]
[4,414,41417,{"v":2863.630152,"d":"2,863.63"},1551,{"v":0.541620222,"d":"0.54"}," ",430,41417000,{"v":2863.63015231999,"d":"2,863.63"},1551,{"v":0.541620222,"d":"0.54"},{"v":141.8199496,"d":"141.82"},{"v":0.905906425,"d":"0.91"},{"v":1405.06086499999,"d":"1,405.06"},{"v":145.9391352,"d":"145.94"},1,"1_41417000_48806",{"v":0.240018138217,"d":"0.24"},{"v":0.00169241449383,"d":"0.00"},{"v":2.37794537264,"d":"2.38"},{"v":0.0495245342647,"d":"0.05"},"1_41417000_48806_310033","außerhalb GKL",{"v":0.240018138216,"d":"0.24"},{"v":0.999999999996,"d":"1.00"},{"v":2.37794537263,"d":"2.38"}]
[4,414,41419,{"v":2491.313449,"d":"2,491.31"},1897,{"v":0.761445735,"d":"0.76"}," ",410,41419000,{"v":2491.31344928999,"d":"2,491.31"},1897,{"v":0.761445735,"d":"0.76"},{"v":215.6871735,"d":"215.69"},{"v":0.921559671,"d":"0.92"},{"v":1748.198695,"d":"1,748.20"},{"v":148.8013046,"d":"148.80"},1,"1_41419000_49014",{"v":0.958049785132,"d":"0.96"},{"v":0.00444184867178,"d":"0.00"},{"v":7.76523405139,"d":"7.77"},{"v":0.0865756870383,"d":"0.09"},"1_41419000_49014_310364","G",{"v":0.958049785132,"d":"0.96"},{"v":1,"d":"1.00"},{"v":7.76523405139,"d":"7.77"}]
[4,414,41422,{"v":395.901688499999,"d":"395.90"},5269,{"v":13.30885963,"d":"13.31"},"ST",220,41422004,{"v":32.2601265950999,"d":"32.26"},1270,{"v":39.36748346,"d":"39.37"},{"v":24.62936882,"d":"24.63"},{"v":0.975109986,"d":"0.98"},{"v":1238.38968199999,"d":"1,238.39"},{"v":31.6103175999999,"d":"31.61"},1,"1_41422004_49188",{"v":24.6293688194,"d":"24.63"},{"v":0.999999999976,"d":"1.00"},{"v":1238.38968197,"d":"1,238.39"},{"v":0.763461629557,"d":"0.76"},"1_41422004_49188_310666","G",{"v":6.72338233416,"d":"6.72"},{"v":0.272982323805,"d":"0.27"},{"v":338.05849316,"d":"338.06"}]
[4,414,41426,{"v":2914.88958199999,"d":"2,914.89"},2915,{"v":1.000037881,"d":"1.00"},"M",410,41426000,{"v":1015.00078684,"d":"1,015.00"},1883,{"v":1.855170976,"d":"1.86"},{"v":177.6689976,"d":"177.67"},{"v":0.921559671,"d":"0.92"},{"v":1735.29685999999,"d":"1,735.30"},{"v":147.703139999999,"d":"147.70"},1,"1_41426000_49370",{"v":142.489879223999,"d":"142.49"},{"v":0.80199630295,"d":"0.80"},{"v":1391.70166623999,"d":"1,391.70"},{"v":0.175043211694,"d":"0.18"},"1_41426000_49370_310970","E",{"v":3.46954182132,"d":"3.47"},{"v":0.0243493912706,"d":"0.02"},{"v":33.8870884032,"d":"33.89"}]
[4,414,41429,{"v":1652.753034,"d":"1,652.75"},1540,{"v":0.931778655,"d":"0.93"}," ",420,41429000,{"v":1652.75303441999,"d":"1,652.75"},1540,{"v":0.931778655,"d":"0.93"},{"v":142.5294848,"d":"142.53"},{"v":0.920429496,"d":"0.92"},{"v":1417.461424,"d":"1,417.46"},{"v":122.538576399999,"d":"122.54"},1,"1_41429000_49642",{"v":0.677458714587,"d":"0.68"},{"v":0.00475311277198,"d":"0.00"},{"v":6.7373539982,"d":"6.74"},{"v":0.0862376179815,"d":"0.09"},"1_41429000_49642_311297","außerhalb GKL",{"v":0.677458714587,"d":"0.68"},{"v":1,"d":"1.00"},{"v":6.7373539982,"d":"6.74"}]
[4,415,41502,{"v":2192.273998,"d":"2,192.27"},2312,{"v":1.0546127,"d":"1.05"}," ",310,41502000,{"v":2192.27399813,"d":"2,192.27"},2312,{"v":1.0546127,"d":"1.05"},{"v":141.5374185,"d":"141.54"},{"v":0.969116244,"d":"0.97"},{"v":2240.596755,"d":"2,240.60"},{"v":71.40324468,"d":"71.40"},1,"1_41502000_49832",{"v":0.642928585556,"d":"0.64"},{"v":0.00454246369879,"d":"0.00"},{"v":10.1778294232,"d":"10.18"},{"v":0.0645619200067,"d":"0.06"},"1_41502000_49832_311603","außerhalb GKL",{"v":0.642928585556,"d":"0.64"},{"v":1,"d":"1.00"},{"v":10.1778294232,"d":"10.18"}]
[4,415,41505,{"v":5898.77327499999,"d":"5,898.77"},1931,{"v":0.327356199,"d":"0.33"},"M",420,41505000,{"v":5898.77327461,"d":"5,898.77"},1931,{"v":0.327356199,"d":"0.33"},{"v":202.368606999999,"d":"202.37"},{"v":0.920429496,"d":"0.92"},{"v":1777.34935599999,"d":"1,777.35"},{"v":153.6506435,"d":"153.65"},1,"1_41505000_49960",{"v":105.801039294999,"d":"105.80"},{"v":0.522813497921,"d":"0.52"},{"v":929.222233837999,"d":"929.22"},{"v":0.0343068969731,"d":"0.03"},"1_41505000_49960_311907","G",{"v":6.7082850344,"d":"6.71"},{"v":0.0634047177523,"d":"0.06"},{"v":58.9170734657,"d":"58.92"}]
[4,415,41508,{"v":3448.20153799999,"d":"3,448.20"},1232,{"v":0.357287701,"d":"0.36"}," ",410,41508000,{"v":3448.20153772999,"d":"3,448.20"},1232,{"v":0.357287701,"d":"0.36"},{"v":106.836877999999,"d":"106.84"},{"v":0.921559671,"d":"0.92"},{"v":1135.36151399999,"d":"1,135.36"},{"v":96.6384856399999,"d":"96.64"},1,"1_41508000_50126",{"v":2.20775436698,"d":"2.21"},{"v":0.020664721848,"d":"0.02"},{"v":23.4619298837,"d":"23.46"},{"v":0.0309833624372,"d":"0.03"},"1_41508000_50126_312230","außerhalb GKL",{"v":2.20775436698,"d":"2.21"},{"v":1,"d":"1.00"},{"v":23.4619298837,"d":"23.46"}]
[4,415,41514,{"v":3909.44009099999,"d":"3,909.44"},3043,{"v":0.778372332,"d":"0.78"}," ",310,41514000,{"v":1746.51679478999,"d":"1,746.52"},2224,{"v":1.273391705,"d":"1.27"},{"v":153.2175722,"d":"153.22"},{"v":0.969116244,"d":"0.97"},{"v":2155.314526,"d":"2,155.31"},{"v":68.6854741199999,"d":"68.69"},1,"1_41514000_50305",{"v":0.127905506625,"d":"0.13"},{"v":0.000834796588854,"d":"0.00"},{"v":1.79924921421,"d":"1.80"},{"v":0.0877275115001,"d":"0.09"},"1_41514000_50305_312540","außerhalb GKL",{"v":0.127905506625,"d":"0.13"},{"v":1,"d":"1.00"},{"v":1.79924921421,"d":"1.80"}]
[4,415,41516,{"v":3827.77344499999,"d":"3,827.77"},9375,{"v":2.449204514,"d":"2.45"},"M",310,41516007,{"v":2111.01267284,"d":"2,111.01"},1127,{"v":0.533866999,"d":"0.53"},{"v":128.086740899999,"d":"128.09"},{"v":0.969116244,"d":"0.97"},{"v":1092.194007,"d":"1,092.19"},{"v":34.8059934099999,"d":"34.81"},1,"1_41516007_50471",{"v":3.45597346016,"d":"3.46"},{"v":0.0269815082801,"d":"0.03"},{"v":29.4690416432999,"d":"29.47"},{"v":0.0606754959589,"d":"0.06"},"1_41516007_50471_312844","außerhalb GKL",{"v":3.45597346016,"d":"3.46"},{"v":1,"d":"1.00"},{"v":29.4690416432999,"d":"29.47"}]
[4,416,41601,{"v":4036.617287,"d":"4,036.62"},4180,{"v":1.035520512,"d":"1.04"}," ",310,41601000,{"v":1452.29612216,"d":"1,452.30"},2073,{"v":1.427394846,"d":"1.43"},{"v":129.3219191,"d":"129.32"},{"v":0.969116244,"d":"0.97"},{"v":2008.977973,"d":"2,008.98"},{"v":64.0220269099999,"d":"64.02"},1,"1_41601000_50792",{"v":102.833683909,"d":"102.83"},{"v":0.795175981184,"d":"0.80"},{"v":1597.49103085999,"d":"1,597.49"},{"v":0.0890465223495,"d":"0.09"},"1_41601000_50792_313419","G",{"v":12.8399875317,"d":"12.84"},{"v":0.124861689707,"d":"0.12"},{"v":199.465429405,"d":"199.47"}]
[4,416,41601,{"v":4036.617287,"d":"4,036.62"},4180,{"v":1.035520512,"d":"1.04"}," ",310,41601001,{"v":1527.69941341,"d":"1,527.70"},636,{"v":0.416312263,"d":"0.42"},{"v":36.7129128799999,"d":"36.71"},{"v":0.969116244,"d":"0.97"},{"v":616.357931,"d":"616.36"},{"v":19.6420690399999,"d":"19.64"},1,"1_41601001_50840",{"v":4.74959851053,"d":"4.75"},{"v":0.129371333897,"d":"0.13"},{"v":79.7390476915,"d":"79.74"},{"v":0.0240315028976,"d":"0.02"},"1_41601001_50840_313477","außerhalb GKL",{"v":4.74959851053,"d":"4.75"},{"v":1,"d":"1.00"},{"v":79.7390476915,"d":"79.74"}]
[4,416,41602,{"v":3631.57175,"d":"3,631.57"},4672,{"v":1.286495303,"d":"1.29"},"M",310,41602001,{"v":1557.20136352,"d":"1,557.20"},2085,{"v":1.338940518,"d":"1.34"},{"v":176.376622999999,"d":"176.38"},{"v":0.969116244,"d":"0.97"},{"v":2020.60736799999,"d":"2,020.61"},{"v":64.3926319899999,"d":"64.39"},1,"1_41602001_51059",{"v":0.360122876969,"d":"0.36"},{"v":2.0417834906E-3,"d":"0.00"},{"v":4.12564276497,"d":"4.13"},{"v":0.113265135218,"d":"0.11"},"1_41602001_51059_313781","außerhalb GKL",{"v":0.360122876969,"d":"0.36"},{"v":1,"d":"1.00"},{"v":4.12564276497,"d":"4.13"}]
[4,416,41605,{"v":4098.677576,"d":"4,098.68"},8840,{"v":2.156793218,"d":"2.16"}," ",310,41605002,{"v":1156.31052875999,"d":"1,156.31"},2329,{"v":2.01416483,"d":"2.01"},{"v":137.9412351,"d":"137.94"},{"v":0.969116244,"d":"0.97"},{"v":2257.071731,"d":"2,257.07"},{"v":71.92826854,"d":"71.93"},1,"1_41605002_51352",{"v":3.84194705476,"d":"3.84"},{"v":0.0278520563628,"d":"0.03"},{"v":62.8640890666999,"d":"62.86"},{"v":0.119294282694,"d":"0.12"},"1_41605002_51352_314352","außerhalb GKL",{"v":1.72297007995,"d":"1.72"},{"v":0.448462733971,"d":"0.45"},{"v":28.1922012514,"d":"28.19"}]
[4,416,41606,{"v":3940.13084299999,"d":"3,940.13"},5395,{"v":1.369243869,"d":"1.37"},"M",310,41606003,{"v":347.63603883,"d":"347.64"},774,{"v":2.226466515,"d":"2.23"},{"v":71.83824439,"d":"71.84"},{"v":0.969116244,"d":"0.97"},{"v":750.095972599999,"d":"750.10"},{"v":23.90402741,"d":"23.90"},1,"1_41606003_51556",{"v":0.25409542383,"d":"0.25"},{"v":0.00353704946422,"d":"0.00"},{"v":2.653126558,"d":"2.65"},{"v":0.206647862609,"d":"0.21"},"1_41606003_51556_314751","E",{"v":0.254095423829,"d":"0.25"},{"v":0.999999999996,"d":"1.00"},{"v":2.65312655799,"d":"2.65"}]
[4,416,41609,{"v":4023.16379499999,"d":"4,023.16"},5114,{"v":1.2711389,"d":"1.27"},"M",310,41609001,{"v":3544.30715426,"d":"3,544.31"},1687,{"v":0.475974549,"d":"0.48"},{"v":117.069134,"d":"117.07"},{"v":0.969116244,"d":"0.97"},{"v":1634.89910299999,"d":"1,634.90"},{"v":52.10089696,"d":"52.10"},1,"1_41609001_51699",{"v":0.832678448959,"d":"0.83"},{"v":0.00711270700063,"d":"0.01"},{"v":11.6285582952,"d":"11.63"},{"v":0.0330301886673,"d":"0.03"},"1_41609001_51699_315055","E",{"v":0.672672742685,"d":"0.67"},{"v":0.807842143058,"d":"0.81"},{"v":9.39403945387,"d":"9.39"}]
[4,416,41611,{"v":1807.60204599999,"d":"1,807.60"},2325,{"v":1.286234437,"d":"1.29"},"M",310,41611000,{"v":1807.60204595999,"d":"1,807.60"},2325,{"v":1.286234437,"d":"1.29"},{"v":154.2151445,"d":"154.22"},{"v":0.969116244,"d":"0.97"},{"v":2253.195266,"d":"2,253.20"},{"v":71.80473351,"d":"71.80"},1,"1_41611000_51849",{"v":0.521235753924,"d":"0.52"},{"v":0.00337992585368,"d":"0.00"},{"v":7.61563293294,"d":"7.62"},{"v":0.0853147654068,"d":"0.09"},"1_41611000_51849_315285","F",{"v":0.521235753924,"d":"0.52"},{"v":1,"d":"1.00"},{"v":7.61563293294,"d":"7.62"}]
[4,416,41614,{"v":1858.777589,"d":"1,858.78"},2728,{"v":1.467631209,"d":"1.47"}," ",310,41614000,{"v":1858.77758915,"d":"1,858.78"},2728,{"v":1.467631209,"d":"1.47"},{"v":172.6963704,"d":"172.70"},{"v":0.969116244,"d":"0.97"},{"v":2643.74911299999,"d":"2,643.75"},{"v":84.25088732,"d":"84.25"},1,"1_41614000_52056",{"v":0.143685539495,"d":"0.14"},{"v":0.000832012503576,"d":"0.00"},{"v":2.19963231833,"d":"2.20"},{"v":0.0929085714225,"d":"0.09"},"1_41614000_52056_315688","außerhalb GKL",{"v":0.143685539496,"d":"0.14"},{"v":1.00000000001,"d":"1.00"},{"v":2.19963231835,"d":"2.20"}]
[4,416,41618,{"v":817.695877799999,"d":"817.70"},4477,{"v":5.475140723,"d":"5.48"}," ",101,41618001,{"v":717.206122854,"d":"717.21"},1864,{"v":2.598973908,"d":"2.60"},{"v":134.581046899999,"d":"134.58"},{"v":0.965932983,"d":"0.97"},{"v":1800.49908,"d":"1,800.50"},{"v":63.5009196399999,"d":"63.50"},1,"1_41618001_52205",{"v":1.50548991185,"d":"1.51"},{"v":0.0111864927977,"d":"0.01"},{"v":20.1412699907,"d":"20.14"},{"v":0.187646260415,"d":"0.19"},"1_41618001_52205_316018","D",{"v":0.000509021916428,"d":"0.00"},{"v":0.000338110479799,"d":"0.00"},{"v":0.00680997446032,"d":"0.01"}]
[4,416,41621,{"v":1206.94893299999,"d":"1,206.95"},1304,{"v":1.080410252,"d":"1.08"}," ",310,41621000,{"v":1206.94893266,"d":"1,206.95"},1304,{"v":1.080410252,"d":"1.08"},{"v":116.530238299999,"d":"116.53"},{"v":0.969116244,"d":"0.97"},{"v":1263.72758199999,"d":"1,263.73"},{"v":40.2724182799999,"d":"40.27"},1,"1_41621000_52283",{"v":0.483206337969,"d":"0.48"},{"v":0.00414661760774,"d":"0.00"},{"v":5.24019504291,"d":"5.24"},{"v":0.0965494356445,"d":"0.10"},"1_41621000_52283_316218","außerhalb GKL",{"v":0.48320633797,"d":"0.48"},{"v":1,"d":"1.00"},{"v":5.24019504291,"d":"5.24"}]
[4,416,41626,{"v":1532.27385099999,"d":"1,532.27"},4158,{"v":2.713614147,"d":"2.71"},"M",310,41626000,{"v":100.008143064999,"d":"100.01"},1699,{"v":16.98861661,"d":"16.99"},{"v":73.99173955,"d":"73.99"},{"v":0.969116244,"d":"0.97"},{"v":1646.52849799999,"d":"1,646.53"},{"v":52.4715020399999,"d":"52.47"},1,"1_41626000_52493",{"v":73.4368703618,"d":"73.44"},{"v":0.992500930623,"d":"0.99"},{"v":1634.18106656,"d":"1,634.18"},{"v":0.739857148451,"d":"0.74"},"1_41626000_52493_316625","A",{"v":8.28766257793,"d":"8.29"},{"v":0.112854245246,"d":"0.11"},{"v":184.424270861999,"d":"184.42"}]
[4,416,41627,{"v":1546.84970399999,"d":"1,546.85"},1754,{"v":1.133917533,"d":"1.13"},"M",310,41627000,{"v":1546.84970438999,"d":"1,546.85"},1754,{"v":1.133917533,"d":"1.13"},{"v":154.074943499999,"d":"154.07"},{"v":0.969116244,"d":"0.97"},{"v":1699.829891,"d":"1,699.83"},{"v":54.17010864,"d":"54.17"},1,"1_41627000_52658",{"v":61.8429714903,"d":"61.84"},{"v":0.401382405766,"d":"0.40"},{"v":682.281811042999,"d":"682.28"},{"v":0.0996056327016,"d":"0.10"},"1_41627000_52658_316955","D",{"v":4.82988267106,"d":"4.83"},{"v":0.078099136485,"d":"0.08"},{"v":53.2856202819,"d":"53.29"}]
[4,417,41701,{"v":2056.20565299999,"d":"2,056.21"},3382,{"v":1.644777114,"d":"1.64"},"M",310,41701001,{"v":1268.39030890999,"d":"1,268.39"},1122,{"v":0.884585756,"d":"0.88"},{"v":123.454189,"d":"123.45"},{"v":0.969116244,"d":"0.97"},{"v":1087.34842499999,"d":"1,087.35"},{"v":34.6515746199999,"d":"34.65"},1,"1_41701001_52752",{"v":0.575745868049,"d":"0.58"},{"v":0.00466363978989,"d":"0.00"},{"v":5.0710013803,"d":"5.07"},{"v":0.0973313877698,"d":"0.10"},"1_41701001_52752_317151","außerhalb GKL",{"v":0.575745868049,"d":"0.58"},{"v":1,"d":"1.00"},{"v":5.0710013803,"d":"5.07"}]
[4,417,41707,{"v":1737.17633099999,"d":"1,737.18"},1857,{"v":1.068976112,"d":"1.07"}," ",410,41707000,{"v":1737.17633088,"d":"1,737.18"},1857,{"v":1.068976112,"d":"1.07"},{"v":177.821384899999,"d":"177.82"},{"v":0.921559671,"d":"0.92"},{"v":1711.336309,"d":"1,711.34"},{"v":145.6636914,"d":"145.66"},1,"1_41707000_52981",{"v":26.0704072109999,"d":"26.07"},{"v":0.146610078567,"d":"0.15"},{"v":250.899150716999,"d":"250.90"},{"v":0.102362311608,"d":"0.10"},"1_41707000_52981_317588","außerhalb GKL",{"v":0.0918487701287,"d":"0.09"},{"v":0.00352310454476,"d":"0.00"},{"v":0.883943938167,"d":"0.88"}]
[4,417,41709,{"v":4855.12100999999,"d":"4,855.12"},4900,{"v":1.00924364,"d":"1.01"},"M",410,41709002,{"v":2453.87860941999,"d":"2,453.88"},1220,{"v":0.497172108,"d":"0.50"},{"v":112.967561799999,"d":"112.97"},{"v":0.921559671,"d":"0.92"},{"v":1124.30279799999,"d":"1,124.30"},{"v":95.69720169,"d":"95.70"},1,"1_41709002_53187",{"v":0.96113982216,"d":"0.96"},{"v":0.00850810451111,"d":"0.01"},{"v":9.56568570752,"d":"9.57"},{"v":0.0460363285153,"d":"0.05"},"1_41709002_53187_317892","außerhalb GKL",{"v":0.96113982216,"d":"0.96"},{"v":1,"d":"1.00"},{"v":9.56568570752,"d":"9.57"}]
[4,417,41713,{"v":888.7706467,"d":"888.77"},5219,{"v":5.872156128,"d":"5.87"},"M",102,41713002,{"v":237.396843294999,"d":"237.40"},1059,{"v":4.460884927,"d":"4.46"},{"v":74.7122193,"d":"74.71"},{"v":0.973029842,"d":"0.97"},{"v":1030.43860199999,"d":"1,030.44"},{"v":28.5613978,"d":"28.56"},1,"1_41713002_53462",{"v":27.7223116657,"d":"27.72"},{"v":0.371054586859,"d":"0.37"},{"v":382.348969748999,"d":"382.35"},{"v":0.314714459818,"d":"0.31"},"1_41713002_53462_318420","D",{"v":0.142129327205,"d":"0.14"},{"v":5.12689305708E-3,"d":"0.01"},{"v":1.96026227839,"d":"1.96"}]
[4,417,41715,{"v":1659.42136299999,"d":"1,659.42"},3832,{"v":2.309238682,"d":"2.31"},"M",410,41715001,{"v":1618.00254083,"d":"1,618.00"},2337,{"v":1.444373504,"d":"1.44"},{"v":123.3029578,"d":"123.30"},{"v":0.921559671,"d":"0.92"},{"v":2153.684951,"d":"2,153.68"},{"v":183.315049499999,"d":"183.32"},1,"1_41715001_53497",{"v":0.0596871359139,"d":"0.06"},{"v":0.000484068971084,"d":"0.00"},{"v":1.04253205827,"d":"1.04"},{"v":0.0762068999822,"d":"0.08"},"1_41715001_53497_318525","außerhalb GKL",{"v":0.059687135914,"d":"0.06"},{"v":1,"d":"1.00"},{"v":1.04253205827,"d":"1.04"}]
[4,417,41718,{"v":2750.219297,"d":"2,750.22"},1151,{"v":0.418512081,"d":"0.42"}," ",410,41718000,{"v":2750.21929656,"d":"2,750.22"},1151,{"v":0.418512081,"d":"0.42"},{"v":170.382128899999,"d":"170.38"},{"v":0.921559671,"d":"0.92"},{"v":1060.715181,"d":"1,060.72"},{"v":90.28481897,"d":"90.28"},1,"1_41718000_53676",{"v":0.202637397301,"d":"0.20"},{"v":0.0011893113357,"d":"0.00"},{"v":1.26152058871,"d":"1.26"},{"v":0.0619521974532,"d":"0.06"},"1_41718000_53676_318829","außerhalb GKL",{"v":0.202637397301,"d":"0.20"},{"v":1,"d":"1.00"},{"v":1.26152058871,"d":"1.26"}]
[4,417,41731,{"v":3392.709925,"d":"3,392.71"},6691,{"v":1.972169784,"d":"1.97"},"M",102,41731000,{"v":190.82932191,"d":"190.83"},721,{"v":3.77824536,"d":"3.78"},{"v":52.5091989599999,"d":"52.51"},{"v":0.973029842,"d":"0.97"},{"v":701.554515799999,"d":"701.55"},{"v":19.4454842399999,"d":"19.45"},1,"1_41731000_54054",{"v":50.5443516751,"d":"50.54"},{"v":0.962580893942,"d":"0.96"},{"v":675.302972967999,"d":"675.30"},{"v":0.275163158546,"d":"0.28"},"1_41731000_54054_319353","außerhalb GKL",{"v":1.14548981732,"d":"1.15"},{"v":0.0226630628222,"d":"0.02"},{"v":15.3044337004,"d":"15.30"}]
[4,417,41734,{"v":1558.324112,"d":"1,558.32"},4455,{"v":2.858840446,"d":"2.86"},"M",410,41734001,{"v":1256.54356034,"d":"1,256.54"},1566,{"v":1.246275935,"d":"1.25"},{"v":122.395370099999,"d":"122.40"},{"v":0.921559671,"d":"0.92"},{"v":1443.162444,"d":"1,443.16"},{"v":122.8375556,"d":"122.84"},1,"1_41734001_54288",{"v":0.0948844800078,"d":"0.09"},{"v":0.000775229323873,"d":"0.00"},{"v":1.1187818457,"d":"1.12"},{"v":0.0974063884159,"d":"0.10"},"1_41734001_54288_319799","außerhalb GKL",{"v":0.0948844800077,"d":"0.09"},{"v":0.999999999999,"d":"1.00"},{"v":1.1187818457,"d":"1.12"}]
[4,417,41739,{"v":2374.61299199999,"d":"2,374.61"},5669,{"v":2.387336386,"d":"2.39"},"M",102,41739000,{"v":77.676177435,"d":"77.68"},974,{"v":12.53923702,"d":"12.54"},{"v":48.87688571,"d":"48.88"},{"v":0.973029842,"d":"0.97"},{"v":947.7310657,"d":"947.73"},{"v":26.26893433,"d":"26.27"},1,"1_41739000_54542",{"v":48.6032500477,"d":"48.60"},{"v":0.994401532374,"d":"0.99"},{"v":942.425224010999,"d":"942.43"},{"v":0.629239070768,"d":"0.63"},"1_41739000_54542_320103","F",{"v":0.0631422419911,"d":"0.06"},{"v":1.29913620857E-3,"d":"0.00"},{"v":1.22433873238,"d":"1.22"}]
[4,417,41739,{"v":2374.61299199999,"d":"2,374.61"},5669,{"v":2.387336386,"d":"2.39"},"M",102,41739003,{"v":758.437486854999,"d":"758.44"},668,{"v":0.880758153,"d":"0.88"},{"v":25.38038376,"d":"25.38"},{"v":0.973029842,"d":"0.97"},{"v":649.9839342,"d":"649.98"},{"v":18.01606584,"d":"18.02"},1,"1_41739003_54584",{"v":1.93620734546,"d":"1.94"},{"v":0.0762875519838,"d":"0.08"},{"v":49.5856831688999,"d":"49.59"},{"v":0.0334640417963,"d":"0.03"},"1_41739003_54584_320206","außerhalb GKL",{"v":0.275410756673,"d":"0.28"},{"v":0.142242388099,"d":"0.14"},{"v":7.05318598946,"d":"7.05"}]
[4,417,41746,{"v":1557.94033199999,"d":"1,557.94"},12378,{"v":7.945105309,"d":"7.95"},"ST",102,41746012,{"v":29.4268653399999,"d":"29.43"},1108,{"v":37.65266831,"d":"37.65"},{"v":25.86539163,"d":"25.87"},{"v":0.973029842,"d":"0.97"},{"v":1078.117064,"d":"1,078.12"},{"v":29.88293556,"d":"29.88"},1,"1_41746012_55032",{"v":25.8653916284,"d":"25.87"},{"v":0.999999999938,"d":"1.00"},{"v":1078.11706393,"d":"1,078.12"},{"v":0.878972032228,"d":"0.88"},"1_41746012_55032_320736","D",{"v":16.3588943640999,"d":"16.36"},{"v":0.632462658951,"d":"0.63"},{"v":681.868784914,"d":"681.87"}]
[4,417,41747,{"v":2743.83429699999,"d":"2,743.83"},5108,{"v":1.861628454,"d":"1.86"},"M",410,41747002,{"v":1570.86582733999,"d":"1,570.87"},1499,{"v":0.954250818,"d":"0.95"},{"v":136.121562899999,"d":"136.12"},{"v":0.921559671,"d":"0.92"},{"v":1381.417946,"d":"1,381.42"},{"v":117.582053599999,"d":"117.58"},1,"1_41747002_55146",{"v":0.286279663565,"d":"0.29"},{"v":0.00210311766531,"d":"0.00"},{"v":2.90528448541,"d":"2.91"},{"v":0.0866538443519,"d":"0.09"},"1_41747002_55146_321040","außerhalb GKL",{"v":0.286279663565,"d":"0.29"},{"v":1,"d":"1.00"},{"v":2.90528448541,"d":"2.91"}]
[4,418,41804,{"v":3213.99446099999,"d":"3,213.99"},4045,{"v":1.258558485,"d":"1.26"},"M",310,41804002,{"v":995.180737225,"d":"995.18"},1251,{"v":1.257058093,"d":"1.26"},{"v":132.0471531,"d":"132.05"},{"v":0.969116244,"d":"0.97"},{"v":1212.36442099999,"d":"1,212.36"},{"v":38.63557919,"d":"38.64"},1,"1_41804002_55428",{"v":0.637411630188,"d":"0.64"},{"v":0.00482715162897,"d":"0.00"},{"v":5.85226688974,"d":"5.85"},{"v":0.132686604715,"d":"0.13"},"1_41804002_55428_321475","F",{"v":0.590503789473,"d":"0.59"},{"v":0.926408872237,"d":"0.93"},{"v":5.42159196935,"d":"5.42"}]
[4,418,41806,{"v":2116.544499,"d":"2,116.54"},2269,{"v":1.072030378,"d":"1.07"}," ",310,41806000,{"v":2116.54449887,"d":"2,116.54"},2269,{"v":1.072030378,"d":"1.07"},{"v":194.666465899999,"d":"194.67"},{"v":0.969116244,"d":"0.97"},{"v":2198.924757,"d":"2,198.92"},{"v":70.0752431599999,"d":"70.08"},1,"1_41806000_55573",{"v":0.371653556291,"d":"0.37"},{"v":1.90918119653E-3,"d":"0.00"},{"v":4.19814579865,"d":"4.20"},{"v":0.09197371754,"d":"0.09"},"1_41806000_55573_321673","E",{"v":0.371653556291,"d":"0.37"},{"v":1,"d":"1.00"},{"v":4.19814579865,"d":"4.20"}]
[4,418,41808,{"v":3623.42779199999,"d":"3,623.43"},6280,{"v":1.733165489,"d":"1.73"},"M",102,41808003,{"v":209.809439349999,"d":"209.81"},2286,{"v":10.8956012999999,"d":"10.90"},{"v":70.9393137099999,"d":"70.94"},{"v":0.973029842,"d":"0.97"},{"v":2224.346218,"d":"2,224.35"},{"v":61.6537822199999,"d":"61.65"},1,"1_41808003_55778",{"v":53.7982878762,"d":"53.80"},{"v":0.758370571445,"d":"0.76"},{"v":1686.87871244,"d":"1,686.88"},{"v":0.338113070269,"d":"0.34"},"1_41808003_55778_322003","G",{"v":0.0313462443128,"d":"0.03"},{"v":0.000582662488905,"d":"0.00"},{"v":0.982880949071,"d":"0.98"}]
[4,418,41812,{"v":2313.153702,"d":"2,313.15"},14070,{"v":6.082604882,"d":"6.08"},"ST",102,41812005,{"v":278.944152244999,"d":"278.94"},2135,{"v":7.653861832,"d":"7.65"},{"v":91.0723638,"d":"91.07"},{"v":0.973029842,"d":"0.97"},{"v":2077.418712,"d":"2,077.42"},{"v":57.58128829,"d":"57.58"},1,"1_41812005_55917",{"v":1.74495418755,"d":"1.74"},{"v":0.0191600845168,"d":"0.02"},{"v":39.8035180987,"d":"39.80"},{"v":0.326489596814,"d":"0.33"},"1_41812005_55917_322408","G",{"v":0.454173161446,"d":"0.45"},{"v":0.260277985913,"d":"0.26"},{"v":10.359979523,"d":"10.36"}]
[4,418,41815,{"v":1834.89228299999,"d":"1,834.89"},923,{"v":0.503026803,"d":"0.50"}," ",310,41815000,{"v":1834.89228340999,"d":"1,834.89"},923,{"v":0.503026803,"d":"0.50"},{"v":85.75889225,"d":"85.76"},{"v":0.969116244,"d":"0.97"},{"v":894.4942929,"d":"894.49"},{"v":28.5057071099999,"d":"28.51"},1,"1_41815000_56030",{"v":5.68180387586,"d":"5.68"},{"v":0.0662532330676,"d":"0.07"},{"v":59.2631388650999,"d":"59.26"},{"v":0.0467378347085,"d":"0.05"},"1_41815000_56030_322610","außerhalb GKL",{"v":5.68164768902,"d":"5.68"},{"v":0.999972511047,"d":"1.00"},{"v":59.2615097835,"d":"59.26"}]
[4,418,41817,{"v":2215.136872,"d":"2,215.14"},2706,{"v":1.221594943,"d":"1.22"},"M",410,41817001,{"v":2016.97578438999,"d":"2,016.98"},913,{"v":0.452657889,"d":"0.45"},{"v":122.443841399999,"d":"122.44"},{"v":0.921559671,"d":"0.92"},{"v":841.3839794,"d":"841.38"},{"v":71.61602061,"d":"71.62"},1,"1_41817001_56225",{"v":1.32551541511,"d":"1.33"},{"v":0.0108254968151,"d":"0.01"},{"v":9.10839958927,"d":"9.11"},{"v":0.060706649206,"d":"0.06"},"1_41817001_56225_322940","außerhalb GKL",{"v":1.08210489785,"d":"1.08"},{"v":0.816365381734,"d":"0.82"},{"v":7.43578210768,"d":"7.44"}]
[4,418,41821,{"v":3260.81133899999,"d":"3,260.81"},2386,{"v":0.731719732,"d":"0.73"},"M",410,41821001,{"v":3079.95109504999,"d":"3,079.95"},1459,{"v":0.47370882,"d":"0.47"},{"v":200.498226899999,"d":"200.50"},{"v":0.921559671,"d":"0.92"},{"v":1344.55556,"d":"1,344.56"},{"v":114.4444404,"d":"114.44"},1,"1_41821001_56448",{"v":2.69009681211,"d":"2.69"},{"v":0.0134170603586,"d":"0.01"},{"v":18.039983104,"d":"18.04"},{"v":0.0650978605544,"d":"0.07"},"1_41821001_56448_323341","außerhalb GKL",{"v":2.69009681211,"d":"2.69"},{"v":1,"d":"1.00"},{"v":18.039983104,"d":"18.04"}]
[4,418,41822,{"v":2511.99029199999,"d":"2,511.99"},2268,{"v":0.902869731,"d":"0.90"}," ",310,41822000,{"v":2511.99029199999,"d":"2,511.99"},2268,{"v":0.902869731,"d":"0.90"},{"v":201.7884256,"d":"201.79"},{"v":0.969116244,"d":"0.97"},{"v":2197.955641,"d":"2,197.96"},{"v":70.0443594,"d":"70.04"},1,"1_41822000_56619",{"v":0.565910505107,"d":"0.57"},{"v":0.00280447455509,"d":"0.00"},{"v":6.1641106684,"d":"6.16"},{"v":0.0803300977088,"d":"0.08"},"1_41822000_56619_323547","F",{"v":0.565910505106,"d":"0.57"},{"v":0.999999999998,"d":"1.00"},{"v":6.16411066839,"d":"6.16"}]
[5,503,50330,{"v":9888.516621,"d":"9,888.52"},3960,{"v":0.400464514,"d":"0.40"}," ",410,50330000,{"v":1610.88450190999,"d":"1,610.88"},2189,{"v":1.358880787,"d":"1.36"},{"v":181.6361405,"d":"181.64"},{"v":0.921559671,"d":"0.92"},{"v":2017.29411899999,"d":"2,017.29"},{"v":171.705880699999,"d":"171.71"},1,"1_50330000_59339",{"v":0.241912020326,"d":"0.24"},{"v":0.0013318495959,"d":"0.00"},{"v":2.6867323572,"d":"2.69"},{"v":0.112755532929,"d":"0.11"},"1_50330000_59339_323877","E",{"v":0.039781371626,"d":"0.04"},{"v":0.16444561776,"d":"0.16"},{"v":0.441821362236,"d":"0.44"}]
[9,902,90201,{"v":1923.612609,"d":"1,923.61"},105848,{"v":55.0256322299999,"d":"55.03"},"SR",101,90201010,{"v":98.445471655,"d":"98.45"},7738,{"v":78.6018886399999,"d":"78.60"},{"v":33.70670312,"d":"33.71"},{"v":0.965932983,"d":"0.97"},{"v":7474.38942299999,"d":"7,474.39"},{"v":263.610577299999,"d":"263.61"},1,"1_90201010_88569",{"v":17.3746218233999,"d":"17.37"},{"v":0.515464884286,"d":"0.52"},{"v":3852.78527904,"d":"3,852.79"},{"v":0.342389574181,"d":"0.34"},"1_90201010_88569_324274","C",{"v":0.100039821777,"d":"0.10"},{"v":0.00575781290631,"d":"0.01"},{"v":22.1836168049,"d":"22.18"}]
[9,905,90501,{"v":201.0391007,"d":"201.04"},55123,{"v":274.190442599999,"d":"274.19"},"SR",101,90501015,{"v":3.61485902502,"d":"3.61"},741,{"v":204.987246999999,"d":"204.99"},{"v":3.614859025,"d":"3.61"},{"v":0.965932983,"d":"0.97"},{"v":715.756340399999,"d":"715.76"},{"v":25.2436595799999,"d":"25.24"},1,"1_90501015_88783",{"v":3.614859025,"d":"3.61"},{"v":1,"d":"1.00"},{"v":741,"d":"741.00"},{"v":0.999999999994,"d":"1.00"},"1_90501015_88783_324847","A",{"v":0.4819094908,"d":"0.48"},{"v":0.133313495068,"d":"0.13"},{"v":98.7852998454,"d":"98.79"}]
[9,909,90901,{"v":296.5855025,"d":"296.59"},41884,{"v":141.2206586,"d":"141.22"},"SR",101,90901052,{"v":9.49102786499,"d":"9.49"},710,{"v":74.80749294,"d":"74.81"},{"v":6.363359904,"d":"6.36"},{"v":0.965932983,"d":"0.97"},{"v":685.8124179,"d":"685.81"},{"v":24.18758205,"d":"24.19"},1,"1_90901052_88947",{"v":6.36335984813,"d":"6.36"},{"v":0.99999999122,"d":"1.00"},{"v":685.812411879,"d":"685.81"},{"v":0.670460564917,"d":"0.67"},"1_90901052_88947_325151","B",{"v":2.49326150182,"d":"2.49"},{"v":0.391815261328,"d":"0.39"},{"v":268.711769382,"d":"268.71"}]
[9,910,91001,{"v":3181.213107,"d":"3,181.21"},207193,{"v":65.13018556,"d":"65.13"},"SR",101,91001162,{"v":450.589247764999,"d":"450.59"},520,{"v":1.154044404,"d":"1.15"},{"v":54.3466744999999,"d":"54.35"},{"v":0.965932983,"d":"0.97"},{"v":502.285151199999,"d":"502.29"},{"v":17.71484883,"d":"17.71"},1,"1_91001162_89065",{"v":38.1490036323,"d":"38.15"},{"v":0.701956540732,"d":"0.70"},{"v":352.582347196999,"d":"352.58"},{"v":0.12061245307,"d":"0.12"},"1_91001162_89065_325543","B",{"v":3.8560295462,"d":"3.86"},{"v":0.101078119454,"d":"0.10"},{"v":35.6383606074,"d":"35.64"}]
[9,911,91101,{"v":2324.21232499999,"d":"2,324.21"},104434,{"v":44.9330721199999,"d":"44.93"},"SR",101,91101042,{"v":39.851758255,"d":"39.85"},21,{"v":0.52695291,"d":"0.53"},{"v":8.323548488,"d":"8.32"},{"v":0.965932983,"d":"0.97"},{"v":20.28459264,"d":"20.28"},{"v":0.715407356,"d":"0.72"},1,"1_91101042_89125",{"v":0.282624440907,"d":"0.28"},{"v":0.0339548020072,"d":"0.03"},{"v":0.688759326888,"d":"0.69"},{"v":0.208862766725,"d":"0.21"},"1_91101042_89125_325784","B",{"v":0.274755508965,"d":"0.27"},{"v":0.972157638183,"d":"0.97"},{"v":0.669582640504,"d":"0.67"}]
[9,912,91201,{"v":809.8651974,"d":"809.87"},97078,{"v":119.8693317,"d":"119.87"},"SR",101,91201071,{"v":6.68043448997,"d":"6.68"},1501,{"v":224.685984499999,"d":"224.69"},{"v":6.674564863,"d":"6.67"},{"v":0.965932983,"d":"0.97"},{"v":1449.86540799999,"d":"1,449.87"},{"v":51.13459247,"d":"51.13"},1,"1_91201071_89204",{"v":6.67456486272,"d":"6.67"},{"v":0.999999999958,"d":"1.00"},{"v":1449.86540794,"d":"1,449.87"},{"v":0.999121370477,"d":"1.00"},"1_91201071_89204_326088","C",{"v":0.220005488402,"d":"0.22"},{"v":0.0329617724791,"d":"0.03"},{"v":47.7901337018,"d":"47.79"}]
[9,913,91301,{"v":3769.37288699999,"d":"3,769.37"},54040,{"v":14.3366022999999,"d":"14.34"},"SR",101,91301110,{"v":36.1150131801,"d":"36.12"},1180,{"v":32.6733924799999,"d":"32.67"},{"v":33.67063134,"d":"33.67"},{"v":0.965932983,"d":"0.97"},{"v":1139.80091999999,"d":"1,139.80"},{"v":40.1990800299999,"d":"40.20"},1,"1_91301110_89293",{"v":33.6706313413,"d":"33.67"},{"v":1.00000000004,"d":"1.00"},{"v":1139.80092005,"d":"1,139.80"},{"v":0.932316739636,"d":"0.93"},"1_91301110_89293_326476","C",{"v":0.0488310099427,"d":"0.05"},{"v":0.00145025525205,"d":"0.00"},{"v":1.65300227059,"d":"1.65"}]
[9,914,91401,{"v":3374.43752799999,"d":"3,374.44"},93634,{"v":27.74803185,"d":"27.75"},"SR",101,91401101,{"v":57.7902967399,"d":"57.79"},530,{"v":9.17108978299999,"d":"9.17"},{"v":44.99459308,"d":"44.99"},{"v":0.965932983,"d":"0.97"},{"v":511.944480999999,"d":"511.94"},{"v":18.055519,"d":"18.06"},1,"1_91401101_89363",{"v":33.8616496853,"d":"33.86"},{"v":0.75257152843,"d":"0.75"},{"v":385.274840536999,"d":"385.27"},{"v":0.778583873388,"d":"0.78"},"1_91401101_89363_326721","außerhalb GKL",{"v":0.0477630690509,"d":"0.05"},{"v":1.41053579772E-3,"d":"0.00"},{"v":0.543443954538,"d":"0.54"}]
[9,915,91501,{"v":391.5952173,"d":"391.60"},76813,{"v":196.154080999999,"d":"196.15"},"SR",101,91501073,{"v":34.9733761649999,"d":"34.97"},743,{"v":21.24473189,"d":"21.24"},{"v":21.1177257599999,"d":"21.12"},{"v":0.965932983,"d":"0.97"},{"v":717.6882064,"d":"717.69"},{"v":25.3117936099999,"d":"25.31"},1,"1_91501073_89450",{"v":21.1177257567999,"d":"21.12"},{"v":0.999999999848,"d":"1.00"},{"v":717.688206291,"d":"717.69"},{"v":0.603822909758,"d":"0.60"},"1_91501073_89450_327025","A",{"v":0.0951616811124,"d":"0.10"},{"v":0.00450624665782,"d":"0.00"},{"v":3.23408008096,"d":"3.23"}]
[9,917,91701,{"v":1138.395473,"d":"1,138.40"},57027,{"v":50.09419075,"d":"50.09"},"SR",101,91701028,{"v":4.39432938656,"d":"4.39"},1047,{"v":238.2616112,"d":"238.26"},{"v":4.394329387,"d":"4.39"},{"v":0.965932983,"d":"0.97"},{"v":1011.33183299999,"d":"1,011.33"},{"v":35.6681667699999,"d":"35.67"},1,"1_91701028_89551",{"v":4.39432938659,"d":"4.39"},{"v":0.999999999907,"d":"1.00"},{"v":1047,"d":"1,047.00"},{"v":1.0000000001,"d":"1.00"},"1_91701028_89551_327329","A",{"v":1.61273414144,"d":"1.61"},{"v":0.367003471875,"d":"0.37"},{"v":384.252635053,"d":"384.25"}]
[9,919,91901,{"v":2493.145121,"d":"2,493.15"},73901,{"v":29.64167604,"d":"29.64"},"SR",101,91901010,{"v":243.637439604999,"d":"243.64"},685,{"v":2.811554748,"d":"2.81"},{"v":56.4479530699999,"d":"56.45"},{"v":0.965932983,"d":"0.97"},{"v":661.664093399999,"d":"661.66"},{"v":23.33590663,"d":"23.34"},1,"1_91901010_89629",{"v":34.7503268064999,"d":"34.75"},{"v":0.615617128993,"d":"0.62"},{"v":407.331749537,"d":"407.33"},{"v":0.231688336413,"d":"0.23"},"1_91901010_89629_327658","C",{"v":0.425661110754,"d":"0.43"},{"v":0.0122491254003,"d":"0.01"},{"v":4.9894576796,"d":"4.99"}]
[9,919,91901,{"v":2493.145121,"d":"2,493.15"},73901,{"v":29.64167604,"d":"29.64"},"SR",101,91901071,{"v":54.3146361949999,"d":"54.31"},1867,{"v":34.3737918699999,"d":"34.37"},{"v":50.6584349199999,"d":"50.66"},{"v":0.965932983,"d":"0.97"},{"v":1803.39687899999,"d":"1,803.40"},{"v":63.6031206899999,"d":"63.60"},1,"1_91901071_89685",{"v":50.6584349178,"d":"50.66"},{"v":0.999999999957,"d":"1.00"},{"v":1803.39687892,"d":"1,803.40"},{"v":0.932684787543,"d":"0.93"},"1_91901071_89685_327962","D",{"v":0.636494040744,"d":"0.64"},{"v":0.012564423709,"d":"0.01"},{"v":22.6586425021999,"d":"22.66"}]
[9,921,92101,{"v":4441.98805199999,"d":"4,441.99"},167968,{"v":37.81369919,"d":"37.81"},"SR",101,92101010,{"v":684.995531554999,"d":"685.00"},232,{"v":0.338688341,"d":"0.34"},{"v":66.10264121,"d":"66.10"},{"v":0.965932983,"d":"0.97"},{"v":224.096452099999,"d":"224.10"},{"v":7.903547937,"d":"7.90"},1,"1_92101010_89771",{"v":10.2699765896,"d":"10.27"},{"v":0.155364088357,"d":"0.16"},{"v":34.8165409846,"d":"34.82"},{"v":0.0965008356477,"d":"0.10"},"1_92101010_89771_328262","außerhalb GKL",{"v":0.885148748623,"d":"0.89"},{"v":0.0861880006152,"d":"0.09"},{"v":3.0007680558,"d":"3.00"}]
[9,921,92101,{"v":4441.98805199999,"d":"4,441.99"},167968,{"v":37.81369919,"d":"37.81"},"SR",101,92101130,{"v":51.2755852849999,"d":"51.28"},829,{"v":16.16753852,"d":"16.17"},{"v":48.2725190199999,"d":"48.27"},{"v":0.965932983,"d":"0.97"},{"v":800.758442899999,"d":"800.76"},{"v":28.2415570699999,"d":"28.24"},1,"1_92101130_89828",{"v":48.2725190232999,"d":"48.27"},{"v":1.00000000007,"d":"1.00"},{"v":800.758442955999,"d":"800.76"},{"v":0.941432823276,"d":"0.94"},"1_92101130_89828_328595","E",{"v":17.3869787379,"d":"17.39"},{"v":0.360183787581,"d":"0.36"},{"v":288.420208920999,"d":"288.42"}]
[9,921,92101,{"v":4441.98805199999,"d":"4,441.99"},167968,{"v":37.81369919,"d":"37.81"},"SR",101,92101301,{"v":25.6418779,"d":"25.64"},1,{"v":0.038998704,"d":"0.04"},{"v":0.481410088,"d":"0.48"},{"v":0.965932983,"d":"0.97"},{"v":0.965932983,"d":"0.97"},{"v":0.034067017,"d":"0.03"},1,"1_92101301_89890",{"v":0.48141008772,"d":"0.48"},{"v":0.999999999418,"d":"1.00"},{"v":0.965932982438,"d":"0.97"},{"v":0.0187743694076,"d":"0.02"},"1_92101301_89890_328925","A",{"v":0.405017482708,"d":"0.41"},{"v":0.841314906022,"d":"0.84"},{"v":0.812653816343,"d":"0.81"}]
[9,922,92201,{"v":10224.20103,"d":"10,224.20"},195230,{"v":19.09489058,"d":"19.09"},"SR",101,92201230,{"v":110.28318674,"d":"110.28"},6223,{"v":56.42745902,"d":"56.43"},{"v":101.859072499999,"d":"101.86"},{"v":0.965932983,"d":"0.97"},{"v":6011.00095299999,"d":"6,011.00"},{"v":211.9990466,"d":"212.00"},1,"1_92201230_90017",{"v":100.216311306999,"d":"100.22"},{"v":0.983872215281,"d":"0.98"},{"v":5914.05682367999,"d":"5,914.06"},{"v":0.923613793825,"d":"0.92"},"1_92201230_90017_329531","C",{"v":0.211521966023,"d":"0.21"},{"v":0.00211065407681,"d":"0.00"},{"v":12.4825281454,"d":"12.48"}]
[9,923,92301,{"v":3204.284153,"d":"3,204.28"},110464,{"v":34.4738464799999,"d":"34.47"},"SR",101,92301025,{"v":14.69523394,"d":"14.70"},231,{"v":15.71938228,"d":"15.72"},{"v":1.164992809,"d":"1.16"},{"v":0.965932983,"d":"0.97"},{"v":223.130519099999,"d":"223.13"},{"v":7.869480921,"d":"7.87"},1,"1_92301025_90068",{"v":1.16499280932,"d":"1.16"},{"v":1.00000000027,"d":"1.00"},{"v":223.13051916,"d":"223.13"},{"v":0.0792769147981,"d":"0.08"},"1_92301025_90068_329869","C",{"v":0.244668591739,"d":"0.24"},{"v":0.210017254855,"d":"0.21"},{"v":46.8612591083999,"d":"46.86"}]
[9,923,92301,{"v":3204.284153,"d":"3,204.28"},110464,{"v":34.4738464799999,"d":"34.47"},"SR",101,92301150,{"v":71.3743211249999,"d":"71.37"},682,{"v":9.55525725799999,"d":"9.56"},{"v":38.69766894,"d":"38.70"},{"v":0.965932983,"d":"0.97"},{"v":658.766294399999,"d":"658.77"},{"v":23.23370557,"d":"23.23"},1,"1_92301150_90145",{"v":5.969397648,"d":"5.97"},{"v":0.154257292791,"d":"0.15"},{"v":101.619505156,"d":"101.62"},{"v":0.542179152531,"d":"0.54"},"1_92301150_90145_330199","E",{"v":0.0341280136496,"d":"0.03"},{"v":5.71716204248E-3,"d":"0.01"},{"v":0.580975177653,"d":"0.58"}]
[2,206,20639,{"v":7810.44823199999,"d":"7,810.45"},761,{"v":0.097433589,"d":"0.10"}," ",430,20639000,{"v":7810.44823219,"d":"7,810.45"},761,{"v":0.097433589,"d":"0.10"},{"v":0,"d":"0.00"},{"v":0.905906425,"d":"0.91"},{"v":689.394789299999,"d":"689.39"},{"v":71.6052107499999,"d":"71.61"},0,"0_20639000_722",{"v":7667.62269711,"d":"7,667.62"},{"v":0,"d":"0.00"},{"v":71.6052107499999,"d":"71.61"},{"v":0,"d":"0.00"},"0_20639000_722_330464","F",{"v":2.49122052185,"d":"2.49"},{"v":0.000324901292129,"d":"0.00"},{"v":0.0232646254958,"d":"0.02"}]
[5,502,50208,{"v":638.8929851,"d":"638.89"},4437,{"v":6.944825039,"d":"6.94"},"M",101,50208000,{"v":162.99519759,"d":"163.00"},2405,{"v":14.75503595,"d":"14.76"},{"v":0,"d":"0.00"},{"v":0.965932983,"d":"0.97"},{"v":2323.06882399999,"d":"2,323.07"},{"v":81.93117582,"d":"81.93"},0,"0_50208000_4520",{"v":67.7571511323999,"d":"67.76"},{"v":0,"d":"0.00"},{"v":81.93117582,"d":"81.93"},{"v":0,"d":"0.00"},"0_50208000_4520_330806","D",{"v":2.45605738563,"d":"2.46"},{"v":0.036247943495,"d":"0.04"},{"v":2.9698366316,"d":"2.97"}]
[2,203,20305,{"v":20535.02271,"d":"20,535.02"},6886,{"v":0.335329554,"d":"0.34"},"ST",430,20305042,{"v":1206.29146287,"d":"1,206.29"},152,{"v":0.126006031,"d":"0.13"},{"v":24.13763557,"d":"24.14"},{"v":0.905906425,"d":"0.91"},{"v":137.697776599999,"d":"137.70"},{"v":14.30222343,"d":"14.30"},1,"1_20305042_9682",{"v":1.14372753975,"d":"1.14"},{"v":0.0473835780822,"d":"0.05"},{"v":6.52461334927,"d":"6.52"},{"v":0.0200097872802,"d":"0.02"},"1_20305042_9682_331136","außerhalb GKL",{"v":1.14372753975,"d":"1.14"},{"v":1,"d":"1.00"},{"v":6.52461334927,"d":"6.52"}]
[5,502,50205,{"v":2699.01415099999,"d":"2,699.01"},21314,{"v":7.896957485,"d":"7.90"},"ST",101,50205020,{"v":307.627203339999,"d":"307.63"},1363,{"v":4.430687485,"d":"4.43"},{"v":65.36001539,"d":"65.36"},{"v":0.965932983,"d":"0.97"},{"v":1316.56665599999,"d":"1,316.57"},{"v":46.43334413,"d":"46.43"},1,"1_50205020_57362",{"v":6.49323078533,"d":"6.49"},{"v":0.099345612858,"d":"0.10"},{"v":130.795121308999,"d":"130.80"},{"v":0.212465005306,"d":"0.21"},"1_50205020_57362_331397","F",{"v":0.0148197876363,"d":"0.01"},{"v":0.00228234420218,"d":"0.00"},{"v":0.298519486793,"d":"0.30"}]
[2,206,20619,{"v":26205.02689,"d":"26,205.03"},1936,{"v":0.073878955,"d":"0.07"}," ",410,20619001,{"v":26085.5900800999,"d":"26,085.59"},1319,{"v":0.050564315,"d":"0.05"},{"v":0,"d":"0.00"},{"v":0.921559671,"d":"0.92"},{"v":1215.53720599999,"d":"1,215.54"},{"v":103.462794299999,"d":"103.46"},0,"0_20619001_675",{"v":25926.0107237999,"d":"25,926.01"},{"v":0,"d":"0.00"},{"v":103.462794299999,"d":"103.46"},{"v":0,"d":"0.00"},"0_20619001_675_331769","F",{"v":0.000676991715169,"d":"0.00"},{"v":2.6112452e-08,"d":"0.00"},{"v":2.701667268e-06,"d":"0.00"}]
[3,318,31829,{"v":8922.86434899999,"d":"8,922.86"},2515,{"v":0.281860163,"d":"0.28"},"M",410,31829002,{"v":7824.57654737,"d":"7,824.58"},743,{"v":0.094957215,"d":"0.09"},{"v":0,"d":"0.00"},{"v":0.921559671,"d":"0.92"},{"v":684.718835399999,"d":"684.72"},{"v":58.28116464,"d":"58.28"},0,"0_31829002_2496",{"v":7639.03499138,"d":"7,639.03"},{"v":0,"d":"0.00"},{"v":58.28116464,"d":"58.28"},{"v":0,"d":"0.00"},"0_31829002_2496_332073","F",{"v":0.916713774624,"d":"0.92"},{"v":1.20003871649E-4,"d":"0.00"},{"v":0.00699396540101,"d":"0.01"}]
[4,407,40703,{"v":16305.55282,"d":"16,305.55"},14070,{"v":0.862896227,"d":"0.86"},"ST",220,40703014,{"v":1377.12536025,"d":"1,377.13"},1360,{"v":0.987564414,"d":"0.99"},{"v":0,"d":"0.00"},{"v":0.975109986,"d":"0.98"},{"v":1326.14958099999,"d":"1,326.15"},{"v":33.8504188499999,"d":"33.85"},0,"0_40703014_3621",{"v":1204.59362789,"d":"1,204.59"},{"v":0,"d":"0.00"},{"v":33.8504188499999,"d":"33.85"},{"v":0,"d":"0.00"},"0_40703014_3621_332330","F",{"v":0.446379860142,"d":"0.45"},{"v":0.000370564686552,"d":"0.00"},{"v":0.0125437698508,"d":"0.01"}]
[6,612,61215,{"v":15153.8781099999,"d":"15,153.88"},1179,{"v":0.077801866,"d":"0.08"}," ",430,61215000,{"v":15153.8781135,"d":"15,153.88"},1179,{"v":0.077801866,"d":"0.08"},{"v":0,"d":"0.00"},{"v":0.905906425,"d":"0.91"},{"v":1068.063675,"d":"1,068.06"},{"v":110.936325199999,"d":"110.94"},0,"0_61215000_5363",{"v":15053.3998348999,"d":"15,053.40"},{"v":0,"d":"0.00"},{"v":110.936325199999,"d":"110.94"},{"v":0,"d":"0.00"},"0_61215000_5363_332706","G",{"v":76.2717266537,"d":"76.27"},{"v":0.00506674422325,"d":"0.01"},{"v":0.562085984856,"d":"0.56"}]
[2,206,20619,{"v":26205.02689,"d":"26,205.03"},1936,{"v":0.073878955,"d":"0.07"}," ",410,20619001,{"v":26085.5900800999,"d":"26,085.59"},1319,{"v":0.050564315,"d":"0.05"},{"v":159.579356399999,"d":"159.58"},{"v":0.921559671,"d":"0.92"},{"v":1215.53720599999,"d":"1,215.54"},{"v":103.462794299999,"d":"103.46"},1,"1_20619001_11770",{"v":0.746910923675,"d":"0.75"},{"v":0.0046804984086,"d":"0.00"},{"v":5.68931995828,"d":"5.69"},{"v":0.00611752909978,"d":"0.01"},"1_20619001_11770_333010","außerhalb GKL",{"v":0.746910923675,"d":"0.75"},{"v":1,"d":"1.00"},{"v":5.68931995828,"d":"5.69"}]
[3,323,32325,{"v":3108.344649,"d":"3,108.34"},1178,{"v":0.378979854,"d":"0.38"},"M",410,32325000,{"v":3108.34464901999,"d":"3,108.34"},1178,{"v":0.378979854,"d":"0.38"},{"v":131.951031999999,"d":"131.95"},{"v":0.921559671,"d":"0.92"},{"v":1085.59729199999,"d":"1,085.60"},{"v":92.40270786,"d":"92.40"},1,"1_32325000_29934",{"v":0.715068586113,"d":"0.72"},{"v":5.41919661616E-3,"d":"0.01"},{"v":5.88306517132,"d":"5.88"},{"v":0.0424505796169,"d":"0.04"},"1_32325000_29934_333519","außerhalb GKL",{"v":0.715068586112,"d":"0.72"},{"v":0.999999999999,"d":"1.00"},{"v":5.88306517131,"d":"5.88"}]
[4,407,40703,{"v":16305.55282,"d":"16,305.55"},14070,{"v":0.862896227,"d":"0.86"},"ST",220,40703011,{"v":210.08262396,"d":"210.08"},2454,{"v":11.6811183799999,"d":"11.68"},{"v":142.1756732,"d":"142.18"},{"v":0.975109986,"d":"0.98"},{"v":2392.919906,"d":"2,392.92"},{"v":61.0800940199999,"d":"61.08"},1,"1_40703011_37486",{"v":141.367162215999,"d":"141.37"},{"v":0.994313295898,"d":"0.99"},{"v":2379.31207855,"d":"2,379.31"},{"v":0.676760745463,"d":"0.68"},"1_40703011_37486_333643","F",{"v":1.54688804232,"d":"1.55"},{"v":0.0109423434557,"d":"0.01"},{"v":26.0352499518,"d":"26.04"}]
[6,612,61264,{"v":12979.13915,"d":"12,979.14"},1798,{"v":0.138529989,"d":"0.14"},"M",430,61264000,{"v":6121.05112874,"d":"6,121.05"},1355,{"v":0.221367208,"d":"0.22"},{"v":216.987866099999,"d":"216.99"},{"v":0.905906425,"d":"0.91"},{"v":1227.503206,"d":"1,227.50"},{"v":127.496794399999,"d":"127.50"},1,"1_61264000_69946",{"v":2.43211642074,"d":"2.43"},{"v":0.0112085365161,"d":"0.01"},{"v":13.7585145080999,"d":"13.76"},{"v":0.0354494451257,"d":"0.04"},"1_61264000_69946_334284","außerhalb GKL",{"v":2.43211642074,"d":"2.43"},{"v":1,"d":"1.00"},{"v":13.7585145080999,"d":"13.76"}]
[4,404,40402,{"v":3146.12109999999,"d":"3,146.12"},2613,{"v":0.830546542,"d":"0.83"},"M",410,40402002,{"v":2877.71741319,"d":"2,877.72"},1087,{"v":0.377729931,"d":"0.38"},{"v":0,"d":"0.00"},{"v":0.921559671,"d":"0.92"},{"v":1001.735362,"d":"1,001.74"},{"v":85.2646378999999,"d":"85.26"},0,"0_40402002_3458",{"v":2754.55968510999,"d":"2,754.56"},{"v":0,"d":"0.00"},{"v":85.2646378999999,"d":"85.26"},{"v":0,"d":"0.00"},"0_40402002_3458_334452","G",{"v":0.0211471157361,"d":"0.02"},{"v":7.677131068e-06,"d":"0.00"},{"v":0.000654587800589,"d":"0.00"}]
[4,417,41742,{"v":3826.97445,"d":"3,826.97"},3994,{"v":1.043644281,"d":"1.04"}," ",410,41742000,{"v":786.364445355,"d":"786.36"},2453,{"v":3.119418756,"d":"3.12"},{"v":0,"d":"0.00"},{"v":0.921559671,"d":"0.92"},{"v":2260.585872,"d":"2,260.59"},{"v":192.414127699999,"d":"192.41"},0,"0_41742000_4257",{"v":606.393158803999,"d":"606.39"},{"v":0,"d":"0.00"},{"v":192.414127699999,"d":"192.41"},{"v":0,"d":"0.00"},"0_41742000_4257_334917","außerhalb GKL",{"v":0.0628930811064,"d":"0.06"},{"v":1.0371667324E-4,"d":"0.00"},{"v":0.0199565532094,"d":"0.02"}]
[5,503,50312,{"v":2140.159384,"d":"2,140.16"},1565,{"v":0.731253949,"d":"0.73"}," ",410,50312000,{"v":2140.15938379999,"d":"2,140.16"},1565,{"v":0.731253949,"d":"0.73"},{"v":0,"d":"0.00"},{"v":0.921559671,"d":"0.92"},{"v":1442.24088499999,"d":"1,442.24"},{"v":122.7591153,"d":"122.76"},0,"0_50312000_4555",{"v":2010.58449180999,"d":"2,010.58"},{"v":0,"d":"0.00"},{"v":122.7591153,"d":"122.76"},{"v":0,"d":"0.00"},"0_50312000_4555_335221","F",{"v":0.596593442033,"d":"0.60"},{"v":2.96726372089E-4,"d":"0.00"},{"v":0.0364258669238,"d":"0.04"}]
[4,404,40433,{"v":1510.424684,"d":"1,510.42"},1004,{"v":0.664713713,"d":"0.66"}," ",410,40433000,{"v":1510.42468407,"d":"1,510.42"},1004,{"v":0.664713713,"d":"0.66"},{"v":134.351711099999,"d":"134.35"},{"v":0.921559671,"d":"0.92"},{"v":925.245909399999,"d":"925.25"},{"v":78.75409057,"d":"78.75"},1,"1_40433000_34343",{"v":0.253531125184,"d":"0.25"},{"v":0.00188707031052,"d":"0.00"},{"v":1.74600408556,"d":"1.75"},{"v":0.0889496262323,"d":"0.09"},"1_40433000_34343_335385","G",{"v":0.167351848437,"d":"0.17"},{"v":0.660084036292,"d":"0.66"},{"v":1.15250942418,"d":"1.15"}]
[5,502,50206,{"v":2972.962978,"d":"2,972.96"},874,{"v":0.293982807,"d":"0.29"}," ",310,50206000,{"v":2972.96297804,"d":"2,972.96"},874,{"v":0.293982807,"d":"0.29"},{"v":83.30515689,"d":"83.31"},{"v":0.969116244,"d":"0.97"},{"v":847.007597,"d":"847.01"},{"v":26.99240305,"d":"26.99"},1,"1_50206000_57463",{"v":53.6175544824999,"d":"53.62"},{"v":0.643628275658,"d":"0.64"},{"v":545.158039125999,"d":"545.16"},{"v":0.0280209197038,"d":"0.03"},"1_50206000_57463_335854","außerhalb GKL",{"v":6.04893724815,"d":"6.05"},{"v":0.112816358496,"d":"0.11"},{"v":61.5027447789999,"d":"61.50"}]
[4,407,40707,{"v":23017.4280199999,"d":"23,017.43"},2060,{"v":0.089497402,"d":"0.09"}," ",410,40707001,{"v":22849.6851004999,"d":"22,849.69"},1239,{"v":0.054223942,"d":"0.05"},{"v":0,"d":"0.00"},{"v":0.921559671,"d":"0.92"},{"v":1141.81243199999,"d":"1,141.81"},{"v":97.18756795,"d":"97.19"},0,"0_40707001_3649",{"v":22713.3324936999,"d":"22,713.33"},{"v":0,"d":"0.00"},{"v":97.18756795,"d":"97.19"},{"v":0,"d":"0.00"},"0_40707001_3649_336184","E",{"v":0.372069693148,"d":"0.37"},{"v":1.6381114187e-05,"d":"0.00"},{"v":0.00159204064816,"d":"0.00"}]
[3,318,31821,{"v":1769.23226999999,"d":"1,769.23"},2060,{"v":1.164346839,"d":"1.16"},"M",410,31821001,{"v":1150.98560260999,"d":"1,150.99"},870,{"v":0.755873921,"d":"0.76"},{"v":119.878921599999,"d":"119.88"},{"v":0.921559671,"d":"0.92"},{"v":801.756913499999,"d":"801.76"},{"v":68.24308645,"d":"68.24"},1,"1_31821001_24686",{"v":67.2144791525,"d":"67.21"},{"v":0.560686384691,"d":"0.56"},{"v":449.534185230999,"d":"449.53"},{"v":0.104153276399,"d":"0.10"},"1_31821001_24686_336654","G",{"v":13.4588922187,"d":"13.46"},{"v":0.200237990213,"d":"0.20"},{"v":90.0138217827,"d":"90.01"}]
[4,404,40402,{"v":3146.12109999999,"d":"3,146.12"},2613,{"v":0.830546542,"d":"0.83"},"M",410,40402002,{"v":2877.71741319,"d":"2,877.72"},1087,{"v":0.377729931,"d":"0.38"},{"v":123.1577281,"d":"123.16"},{"v":0.921559671,"d":"0.92"},{"v":1001.735362,"d":"1,001.74"},{"v":85.2646378999999,"d":"85.26"},1,"1_40402002_33133",{"v":0.158756123208,"d":"0.16"},{"v":1.28904718898E-3,"d":"0.00"},{"v":1.29128415249,"d":"1.29"},{"v":0.0427970194486,"d":"0.04"},"1_40402002_33133_336791","außerhalb GKL",{"v":0.158756123208,"d":"0.16"},{"v":1,"d":"1.00"},{"v":1.29128415249,"d":"1.29"}]
[4,409,40918,{"v":10885.61016,"d":"10,885.61"},2251,{"v":0.206786755,"d":"0.21"}," ",420,40918001,{"v":10507.8459714,"d":"10,507.85"},1066,{"v":0.101448004,"d":"0.10"},{"v":81.5761085299999,"d":"81.58"},{"v":0.920429496,"d":"0.92"},{"v":981.177842599999,"d":"981.18"},{"v":84.82215743,"d":"84.82"},1,"1_40918001_40817",{"v":0.237034314159,"d":"0.24"},{"v":2.90568302939E-3,"d":"0.00"},{"v":2.85099180606,"d":"2.85"},{"v":0.00776335214201,"d":"0.01"},"1_40918001_40817_337121","außerhalb GKL",{"v":0.237034314159,"d":"0.24"},{"v":1,"d":"1.00"},{"v":2.85099180606,"d":"2.85"}]
[4,417,41735,{"v":2355.982366,"d":"2,355.98"},2519,{"v":1.069193062,"d":"1.07"}," ",410,41735000,{"v":2355.98236588,"d":"2,355.98"},2519,{"v":1.069193062,"d":"1.07"},{"v":245.409150799999,"d":"245.41"},{"v":0.921559671,"d":"0.92"},{"v":2321.40881099999,"d":"2,321.41"},{"v":197.591189399999,"d":"197.59"},1,"1_41735000_54352",{"v":42.664362019,"d":"42.66"},{"v":0.173849923199,"d":"0.17"},{"v":403.576743506,"d":"403.58"},{"v":0.104164256216,"d":"0.10"},"1_41735000_54352_337425","G",{"v":17.0722725826999,"d":"17.07"},{"v":0.400153002993,"d":"0.40"},{"v":161.492445852,"d":"161.49"}]
[4,417,41742,{"v":3826.97445,"d":"3,826.97"},3994,{"v":1.043644281,"d":"1.04"}," ",410,41742001,{"v":3040.610005,"d":"3,040.61"},1541,{"v":0.506806199,"d":"0.51"},{"v":149.157155799999,"d":"149.16"},{"v":0.921559671,"d":"0.92"},{"v":1420.12345299999,"d":"1,420.12"},{"v":120.8765474,"d":"120.88"},1,"1_41742001_54813",{"v":11.2827832406,"d":"11.28"},{"v":0.0756435933636,"d":"0.08"},{"v":107.423241004999,"d":"107.42"},{"v":0.0490550105258,"d":"0.05"},"1_41742001_54813_337668","F",{"v":1.26217237847,"d":"1.26"},{"v":0.111867112179,"d":"0.11"},{"v":12.0171277521,"d":"12.02"}]
[4,417,41742,{"v":3826.97445,"d":"3,826.97"},3994,{"v":1.043644281,"d":"1.04"}," ",410,41742001,{"v":3040.610005,"d":"3,040.61"},1541,{"v":0.506806199,"d":"0.51"},{"v":149.157155799999,"d":"149.16"},{"v":0.921559671,"d":"0.92"},{"v":1420.12345299999,"d":"1,420.12"},{"v":120.8765474,"d":"120.88"},1,"1_41742001_54813",{"v":11.2827832406,"d":"11.28"},{"v":0.0756435933636,"d":"0.08"},{"v":107.423241004999,"d":"107.42"},{"v":0.0490550105258,"d":"0.05"},"1_41742001_54813_337669","G",{"v":0.201608452194,"d":"0.20"},{"v":0.017868680794,"d":"0.02"},{"v":1.91951160338,"d":"1.92"}]
[4,417,41742,{"v":3826.97445,"d":"3,826.97"},3994,{"v":1.043644281,"d":"1.04"}," ",410,41742001,{"v":3040.610005,"d":"3,040.61"},1541,{"v":0.506806199,"d":"0.51"},{"v":149.157155799999,"d":"149.16"},{"v":0.921559671,"d":"0.92"},{"v":1420.12345299999,"d":"1,420.12"},{"v":120.8765474,"d":"120.88"},1,"1_41742001_54813",{"v":11.2827832406,"d":"11.28"},{"v":0.0756435933636,"d":"0.08"},{"v":107.423241004999,"d":"107.42"},{"v":0.0490550105258,"d":"0.05"},"1_41742001_54813_337670","G",{"v":4.19424769745,"d":"4.19"},{"v":0.371738746372,"d":"0.37"},{"v":39.9333809423999,"d":"39.93"}]
[4,417,41742,{"v":3826.97445,"d":"3,826.97"},3994,{"v":1.043644281,"d":"1.04"}," ",410,41742001,{"v":3040.610005,"d":"3,040.61"},1541,{"v":0.506806199,"d":"0.51"},{"v":149.157155799999,"d":"149.16"},{"v":0.921559671,"d":"0.92"},{"v":1420.12345299999,"d":"1,420.12"},{"v":120.8765474,"d":"120.88"},1,"1_41742001_54817",{"v":0.56383668273,"d":"0.56"},{"v":3.78015174469E-3,"d":"0.00"},{"v":5.36828214853,"d":"5.37"},{"v":0.0490550105258,"d":"0.05"},"1_41742001_54817_337671","außerhalb GKL",{"v":0.56383668273,"d":"0.56"},{"v":1,"d":"1.00"},{"v":5.36828214853,"d":"5.37"}]
[4,417,41742,{"v":3826.97445,"d":"3,826.97"},3994,{"v":1.043644281,"d":"1.04"}," ",410,41742001,{"v":3040.610005,"d":"3,040.61"},1541,{"v":0.506806199,"d":"0.51"},{"v":149.157155799999,"d":"149.16"},{"v":0.921559671,"d":"0.92"},{"v":1420.12345299999,"d":"1,420.12"},{"v":120.8765474,"d":"120.88"},1,"1_41742001_54818",{"v":4.09460191253,"d":"4.09"},{"v":0.0274515955374,"d":"0.03"},{"v":38.9846546448999,"d":"38.98"},{"v":0.0490550105258,"d":"0.05"},"1_41742001_54818_337672","F",{"v":0.00638811763744,"d":"0.01"},{"v":0.0015601315522,"d":"0.00"},{"v":0.0608211897631,"d":"0.06"}]
[4,417,41742,{"v":3826.97445,"d":"3,826.97"},3994,{"v":1.043644281,"d":"1.04"}," ",410,41742001,{"v":3040.610005,"d":"3,040.61"},1541,{"v":0.506806199,"d":"0.51"},{"v":149.157155799999,"d":"149.16"},{"v":0.921559671,"d":"0.92"},{"v":1420.12345299999,"d":"1,420.12"},{"v":120.8765474,"d":"120.88"},1,"1_41742001_54818",{"v":4.09460191253,"d":"4.09"},{"v":0.0274515955374,"d":"0.03"},{"v":38.9846546448999,"d":"38.98"},{"v":0.0490550105258,"d":"0.05"},"1_41742001_54818_337673","F",{"v":0.00515017211837,"d":"0.01"},{"v":1.25779556313E-3,"d":"0.00"},{"v":0.0490347256425,"d":"0.05"}]
[4,417,41742,{"v":3826.97445,"d":"3,826.97"},3994,{"v":1.043644281,"d":"1.04"}," ",410,41742001,{"v":3040.610005,"d":"3,040.61"},1541,{"v":0.506806199,"d":"0.51"},{"v":149.157155799999,"d":"149.16"},{"v":0.921559671,"d":"0.92"},{"v":1420.12345299999,"d":"1,420.12"},{"v":120.8765474,"d":"120.88"},1,"1_41742001_54818",{"v":4.09460191253,"d":"4.09"},{"v":0.0274515955374,"d":"0.03"},{"v":38.9846546448999,"d":"38.98"},{"v":0.0490550105258,"d":"0.05"},"1_41742001_54818_337674","G",{"v":4.08306362277,"d":"4.08"},{"v":0.997182072884,"d":"1.00"},{"v":38.8747987295,"d":"38.87"}]
[4,417,41742,{"v":3826.97445,"d":"3,826.97"},3994,{"v":1.043644281,"d":"1.04"}," ",410,41742001,{"v":3040.610005,"d":"3,040.61"},1541,{"v":0.506806199,"d":"0.51"},{"v":149.157155799999,"d":"149.16"},{"v":0.921559671,"d":"0.92"},{"v":1420.12345299999,"d":"1,420.12"},{"v":120.8765474,"d":"120.88"},1,"1_41742001_54819",{"v":4.11829813956,"d":"4.12"},{"v":0.0276104630547,"d":"0.03"},{"v":39.2102661321999,"d":"39.21"},{"v":0.0490550105258,"d":"0.05"},"1_41742001_54819_337675","außerhalb GKL",{"v":4.11829813956,"d":"4.12"},{"v":1,"d":"1.00"},{"v":39.2102661321999,"d":"39.21"}]
[4,417,41742,{"v":3826.97445,"d":"3,826.97"},3994,{"v":1.043644281,"d":"1.04"}," ",410,41742001,{"v":3040.610005,"d":"3,040.61"},1541,{"v":0.506806199,"d":"0.51"},{"v":149.157155799999,"d":"149.16"},{"v":0.921559671,"d":"0.92"},{"v":1420.12345299999,"d":"1,420.12"},{"v":120.8765474,"d":"120.88"},1,"1_41742001_54821",{"v":0.430705253551,"d":"0.43"},{"v":0.00288759363398,"d":"0.00"},{"v":4.10073944235,"d":"4.10"},{"v":0.0490550105258,"d":"0.05"},"1_41742001_54821_337676","E",{"v":0.404427597807,"d":"0.40"},{"v":0.938989237936,"d":"0.94"},{"v":3.85055020395,"d":"3.85"}]
[4,417,41742,{"v":3826.97445,"d":"3,826.97"},3994,{"v":1.043644281,"d":"1.04"}," ",410,41742001,{"v":3040.610005,"d":"3,040.61"},1541,{"v":0.506806199,"d":"0.51"},{"v":149.157155799999,"d":"149.16"},{"v":0.921559671,"d":"0.92"},{"v":1420.12345299999,"d":"1,420.12"},{"v":120.8765474,"d":"120.88"},1,"1_41742001_54821",{"v":0.430705253551,"d":"0.43"},{"v":0.00288759363398,"d":"0.00"},{"v":4.10073944235,"d":"4.10"},{"v":0.0490550105258,"d":"0.05"},"1_41742001_54821_337677","F",{"v":0.0262776557501,"d":"0.03"},{"v":0.0610107620779,"d":"0.06"},{"v":0.250189238461,"d":"0.25"}]
[4,417,41742,{"v":3826.97445,"d":"3,826.97"},3994,{"v":1.043644281,"d":"1.04"}," ",410,41742001,{"v":3040.610005,"d":"3,040.61"},1541,{"v":0.506806199,"d":"0.51"},{"v":149.157155799999,"d":"149.16"},{"v":0.921559671,"d":"0.92"},{"v":1420.12345299999,"d":"1,420.12"},{"v":120.8765474,"d":"120.88"},1,"1_41742001_54823",{"v":0.126651001956,"d":"0.13"},{"v":0.000849111135679,"d":"0.00"},{"v":1.20584263798,"d":"1.21"},{"v":0.0490550105258,"d":"0.05"},"1_41742001_54823_337678","außerhalb GKL",{"v":0.126651001956,"d":"0.13"},{"v":1,"d":"1.00"},{"v":1.20584263798,"d":"1.21"}]
[4,417,41742,{"v":3826.97445,"d":"3,826.97"},3994,{"v":1.043644281,"d":"1.04"}," ",410,41742001,{"v":3040.610005,"d":"3,040.61"},1541,{"v":0.506806199,"d":"0.51"},{"v":149.157155799999,"d":"149.16"},{"v":0.921559671,"d":"0.92"},{"v":1420.12345299999,"d":"1,420.12"},{"v":120.8765474,"d":"120.88"},1,"1_41742001_54825",{"v":0.787109374026,"d":"0.79"},{"v":0.00527704735186,"d":"0.01"},{"v":7.49405870697,"d":"7.49"},{"v":0.0490550105258,"d":"0.05"},"1_41742001_54825_337679","außerhalb GKL",{"v":0.787109374026,"d":"0.79"},{"v":1,"d":"1.00"},{"v":7.49405870697,"d":"7.49"}]
[4,417,41742,{"v":3826.97445,"d":"3,826.97"},3994,{"v":1.043644281,"d":"1.04"}," ",410,41742001,{"v":3040.610005,"d":"3,040.61"},1541,{"v":0.506806199,"d":"0.51"},{"v":149.157155799999,"d":"149.16"},{"v":0.921559671,"d":"0.92"},{"v":1420.12345299999,"d":"1,420.12"},{"v":120.8765474,"d":"120.88"},1,"1_41742001_54827",{"v":0.247197041419,"d":"0.25"},{"v":1.65729253882E-3,"d":"0.00"},{"v":2.35356000286,"d":"2.35"},{"v":0.0490550105258,"d":"0.05"},"1_41742001_54827_337680","außerhalb GKL",{"v":0.247197041419,"d":"0.25"},{"v":1,"d":"1.00"},{"v":2.35356000286,"d":"2.35"}]
[4,417,41742,{"v":3826.97445,"d":"3,826.97"},3994,{"v":1.043644281,"d":"1.04"}," ",410,41742001,{"v":3040.610005,"d":"3,040.61"},1541,{"v":0.506806199,"d":"0.51"},{"v":149.157155799999,"d":"149.16"},{"v":0.921559671,"d":"0.92"},{"v":1420.12345299999,"d":"1,420.12"},{"v":120.8765474,"d":"120.88"},1,"1_41742001_54829",{"v":1.38542591267,"d":"1.39"},{"v":0.00928836370766,"d":"0.01"},{"v":13.1906231412,"d":"13.19"},{"v":0.0490550105258,"d":"0.05"},"1_41742001_54829_337681","E",{"v":0.0673710338168,"d":"0.07"},{"v":0.0486283916019,"d":"0.05"},{"v":0.641438787583,"d":"0.64"}]
[4,417,41742,{"v":3826.97445,"d":"3,826.97"},3994,{"v":1.043644281,"d":"1.04"}," ",410,41742001,{"v":3040.610005,"d":"3,040.61"},1541,{"v":0.506806199,"d":"0.51"},{"v":149.157155799999,"d":"149.16"},{"v":0.921559671,"d":"0.92"},{"v":1420.12345299999,"d":"1,420.12"},{"v":120.8765474,"d":"120.88"},1,"1_41742001_54829",{"v":1.38542591267,"d":"1.39"},{"v":0.00928836370766,"d":"0.01"},{"v":13.1906231412,"d":"13.19"},{"v":0.0490550105258,"d":"0.05"},"1_41742001_54829_337682","F",{"v":1.28184227379,"d":"1.28"},{"v":0.92523336114,"d":"0.93"},{"v":12.2044045845,"d":"12.20"}]
[4,417,41742,{"v":3826.97445,"d":"3,826.97"},3994,{"v":1.043644281,"d":"1.04"}," ",410,41742001,{"v":3040.610005,"d":"3,040.61"},1541,{"v":0.506806199,"d":"0.51"},{"v":149.157155799999,"d":"149.16"},{"v":0.921559671,"d":"0.92"},{"v":1420.12345299999,"d":"1,420.12"},{"v":120.8765474,"d":"120.88"},1,"1_41742001_54829",{"v":1.38542591267,"d":"1.39"},{"v":0.00928836370766,"d":"0.01"},{"v":13.1906231412,"d":"13.19"},{"v":0.0490550105258,"d":"0.05"},"1_41742001_54829_337683","G",{"v":0.0362126050647,"d":"0.04"},{"v":0.0261382472592,"d":"0.03"},{"v":0.344779769168,"d":"0.34"}]
[4,417,41742,{"v":3826.97445,"d":"3,826.97"},3994,{"v":1.043644281,"d":"1.04"}," ",410,41742001,{"v":3040.610005,"d":"3,040.61"},1541,{"v":0.506806199,"d":"0.51"},{"v":149.157155799999,"d":"149.16"},{"v":0.921559671,"d":"0.92"},{"v":1420.12345299999,"d":"1,420.12"},{"v":120.8765474,"d":"120.88"},1,"1_41742001_54831",{"v":0.126580728603,"d":"0.13"},{"v":0.000848639999362,"d":"0.00"},{"v":1.20517356625,"d":"1.21"},{"v":0.0490550105258,"d":"0.05"},"1_41742001_54831_337684","außerhalb GKL",{"v":0.126580728603,"d":"0.13"},{"v":1,"d":"1.00"},{"v":1.20517356625,"d":"1.21"}]
[4,417,41742,{"v":3826.97445,"d":"3,826.97"},3994,{"v":1.043644281,"d":"1.04"}," ",410,41742001,{"v":3040.610005,"d":"3,040.61"},1541,{"v":0.506806199,"d":"0.51"},{"v":149.157155799999,"d":"149.16"},{"v":0.921559671,"d":"0.92"},{"v":1420.12345299999,"d":"1,420.12"},{"v":120.8765474,"d":"120.88"},1,"1_41742001_54832",{"v":0.0903131941912,"d":"0.09"},{"v":0.000605490187224,"d":"0.00"},{"v":0.859870815438,"d":"0.86"},{"v":0.0490550105258,"d":"0.05"},"1_41742001_54832_337685","F",{"v":0.0427971813377,"d":"0.04"},{"v":0.473875182037,"d":"0.47"},{"v":0.407471439194,"d":"0.41"}]
[4,417,41742,{"v":3826.97445,"d":"3,826.97"},3994,{"v":1.043644281,"d":"1.04"}," ",410,41742001,{"v":3040.610005,"d":"3,040.61"},1541,{"v":0.506806199,"d":"0.51"},{"v":149.157155799999,"d":"149.16"},{"v":0.921559671,"d":"0.92"},{"v":1420.12345299999,"d":"1,420.12"},{"v":120.8765474,"d":"120.88"},1,"1_41742001_54832",{"v":0.0903131941912,"d":"0.09"},{"v":0.000605490187224,"d":"0.00"},{"v":0.859870815438,"d":"0.86"},{"v":0.0490550105258,"d":"0.05"},"1_41742001_54832_337686","G",{"v":0.047516012853,"d":"0.05"},{"v":0.526124817957,"d":"0.53"},{"v":0.452399376239,"d":"0.45"}]
[4,417,41742,{"v":3826.97445,"d":"3,826.97"},3994,{"v":1.043644281,"d":"1.04"}," ",410,41742001,{"v":3040.610005,"d":"3,040.61"},1541,{"v":0.506806199,"d":"0.51"},{"v":149.157155799999,"d":"149.16"},{"v":0.921559671,"d":"0.92"},{"v":1420.12345299999,"d":"1,420.12"},{"v":120.8765474,"d":"120.88"},1,"1_41742001_54833",{"v":0.881408619274,"d":"0.88"},{"v":0.00590926137299,"d":"0.01"},{"v":8.39188066569,"d":"8.39"},{"v":0.0490550105258,"d":"0.05"},"1_41742001_54833_337687","außerhalb GKL",{"v":0.881408619274,"d":"0.88"},{"v":1,"d":"1.00"},{"v":8.39188066569,"d":"8.39"}]
[4,417,41742,{"v":3826.97445,"d":"3,826.97"},3994,{"v":1.043644281,"d":"1.04"}," ",410,41742001,{"v":3040.610005,"d":"3,040.61"},1541,{"v":0.506806199,"d":"0.51"},{"v":149.157155799999,"d":"149.16"},{"v":0.921559671,"d":"0.92"},{"v":1420.12345299999,"d":"1,420.12"},{"v":120.8765474,"d":"120.88"},1,"1_41742001_54836",{"v":2.58474896684,"d":"2.58"},{"v":0.0173290309337,"d":"0.02"},{"v":24.6093632466999,"d":"24.61"},{"v":0.0490550105258,"d":"0.05"},"1_41742001_54836_337688","außerhalb GKL",{"v":2.58474896684,"d":"2.58"},{"v":1,"d":"1.00"},{"v":24.6093632466999,"d":"24.61"}]
[4,417,41742,{"v":3826.97445,"d":"3,826.97"},3994,{"v":1.043644281,"d":"1.04"}," ",410,41742001,{"v":3040.610005,"d":"3,040.61"},1541,{"v":0.506806199,"d":"0.51"},{"v":149.157155799999,"d":"149.16"},{"v":0.921559671,"d":"0.92"},{"v":1420.12345299999,"d":"1,420.12"},{"v":120.8765474,"d":"120.88"},1,"1_41742001_54837",{"v":0.837400590019,"d":"0.84"},{"v":0.00561421666649,"d":"0.01"},{"v":7.97288075831,"d":"7.97"},{"v":0.0490550105258,"d":"0.05"},"1_41742001_54837_337689","außerhalb GKL",{"v":0.837400590019,"d":"0.84"},{"v":1,"d":"1.00"},{"v":7.97288075831,"d":"7.97"}]
[4,417,41742,{"v":3826.97445,"d":"3,826.97"},3994,{"v":1.043644281,"d":"1.04"}," ",410,41742001,{"v":3040.610005,"d":"3,040.61"},1541,{"v":0.506806199,"d":"0.51"},{"v":149.157155799999,"d":"149.16"},{"v":0.921559671,"d":"0.92"},{"v":1420.12345299999,"d":"1,420.12"},{"v":120.8765474,"d":"120.88"},1,"1_41742001_54838",{"v":0.622811367001,"d":"0.62"},{"v":0.00417553796639,"d":"0.00"},{"v":5.92977939496,"d":"5.93"},{"v":0.0490550105258,"d":"0.05"},"1_41742001_54838_337690","außerhalb GKL",{"v":0.622811367001,"d":"0.62"},{"v":1,"d":"1.00"},{"v":5.92977939496,"d":"5.93"}]
[4,417,41742,{"v":3826.97445,"d":"3,826.97"},3994,{"v":1.043644281,"d":"1.04"}," ",410,41742001,{"v":3040.610005,"d":"3,040.61"},1541,{"v":0.506806199,"d":"0.51"},{"v":149.157155799999,"d":"149.16"},{"v":0.921559671,"d":"0.92"},{"v":1420.12345299999,"d":"1,420.12"},{"v":120.8765474,"d":"120.88"},1,"1_41742001_54839",{"v":1.35469160278,"d":"1.35"},{"v":0.0090823105034,"d":"0.01"},{"v":12.8980021533,"d":"12.90"},{"v":0.0490550105258,"d":"0.05"},"1_41742001_54839_337691","außerhalb GKL",{"v":1.01932281844,"d":"1.02"},{"v":0.752439017374,"d":"0.75"},{"v":9.70496006632,"d":"9.70"}]
[4,417,41742,{"v":3826.97445,"d":"3,826.97"},3994,{"v":1.043644281,"d":"1.04"}," ",410,41742001,{"v":3040.610005,"d":"3,040.61"},1541,{"v":0.506806199,"d":"0.51"},{"v":149.157155799999,"d":"149.16"},{"v":0.921559671,"d":"0.92"},{"v":1420.12345299999,"d":"1,420.12"},{"v":120.8765474,"d":"120.88"},1,"1_41742001_54839",{"v":1.35469160278,"d":"1.35"},{"v":0.0090823105034,"d":"0.01"},{"v":12.8980021533,"d":"12.90"},{"v":0.0490550105258,"d":"0.05"},"1_41742001_54839_337692","G",{"v":0.335368784337,"d":"0.34"},{"v":0.247560982624,"d":"0.25"},{"v":3.19304208696,"d":"3.19"}]
[4,417,41742,{"v":3826.97445,"d":"3,826.97"},3994,{"v":1.043644281,"d":"1.04"}," ",410,41742001,{"v":3040.610005,"d":"3,040.61"},1541,{"v":0.506806199,"d":"0.51"},{"v":149.157155799999,"d":"149.16"},{"v":0.921559671,"d":"0.92"},{"v":1420.12345299999,"d":"1,420.12"},{"v":120.8765474,"d":"120.88"},1,"1_41742001_54842",{"v":0.187577427067,"d":"0.19"},{"v":1.25758248782E-3,"d":"0.00"},{"v":1.78592238504,"d":"1.79"},{"v":0.0490550105258,"d":"0.05"},"1_41742001_54842_337693","außerhalb GKL",{"v":0.187577427067,"d":"0.19"},{"v":1,"d":"1.00"},{"v":1.78592238504,"d":"1.79"}]
[4,417,41742,{"v":3826.97445,"d":"3,826.97"},3994,{"v":1.043644281,"d":"1.04"}," ",410,41742001,{"v":3040.610005,"d":"3,040.61"},1541,{"v":0.506806199,"d":"0.51"},{"v":149.157155799999,"d":"149.16"},{"v":0.921559671,"d":"0.92"},{"v":1420.12345299999,"d":"1,420.12"},{"v":120.8765474,"d":"120.88"},1,"1_41742001_54844",{"v":0.219241470964,"d":"0.22"},{"v":0.00146986894318,"d":"0.00"},{"v":2.08739535905,"d":"2.09"},{"v":0.0490550105258,"d":"0.05"},"1_41742001_54844_337694","außerhalb GKL",{"v":0.219241470964,"d":"0.22"},{"v":1,"d":"1.00"},{"v":2.08739535905,"d":"2.09"}]
[4,417,41742,{"v":3826.97445,"d":"3,826.97"},3994,{"v":1.043644281,"d":"1.04"}," ",410,41742001,{"v":3040.610005,"d":"3,040.61"},1541,{"v":0.506806199,"d":"0.51"},{"v":149.157155799999,"d":"149.16"},{"v":0.921559671,"d":"0.92"},{"v":1420.12345299999,"d":"1,420.12"},{"v":120.8765474,"d":"120.88"},1,"1_41742001_54848",{"v":1.09498513826,"d":"1.09"},{"v":0.00734115056289,"d":"0.01"},{"v":10.4253400864,"d":"10.43"},{"v":0.0490550105258,"d":"0.05"},"1_41742001_54848_337695","außerhalb GKL",{"v":1.09498513826,"d":"1.09"},{"v":1,"d":"1.00"},{"v":10.4253400864,"d":"10.43"}]
[4,417,41742,{"v":3826.97445,"d":"3,826.97"},3994,{"v":1.043644281,"d":"1.04"}," ",410,41742001,{"v":3040.610005,"d":"3,040.61"},1541,{"v":0.506806199,"d":"0.51"},{"v":149.157155799999,"d":"149.16"},{"v":0.921559671,"d":"0.92"},{"v":1420.12345299999,"d":"1,420.12"},{"v":120.8765474,"d":"120.88"},1,"1_41742001_54849",{"v":1.14612133681,"d":"1.15"},{"v":0.00768398492625,"d":"0.01"},{"v":10.9122072063,"d":"10.91"},{"v":0.0490550105258,"d":"0.05"},"1_41742001_54849_337696","außerhalb GKL",{"v":1.14612133682,"d":"1.15"},{"v":1.00000000001,"d":"1.00"},{"v":10.9122072064,"d":"10.91"}]
[4,417,41742,{"v":3826.97445,"d":"3,826.97"},3994,{"v":1.043644281,"d":"1.04"}," ",410,41742001,{"v":3040.610005,"d":"3,040.61"},1541,{"v":0.506806199,"d":"0.51"},{"v":149.157155799999,"d":"149.16"},{"v":0.921559671,"d":"0.92"},{"v":1420.12345299999,"d":"1,420.12"},{"v":120.8765474,"d":"120.88"},1,"1_41742001_54851",{"v":0.142323174643,"d":"0.14"},{"v":0.00095418267987,"d":"0.00"},{"v":1.35505720213,"d":"1.36"},{"v":0.0490550105258,"d":"0.05"},"1_41742001_54851_337697","außerhalb GKL",{"v":0.142323174643,"d":"0.14"},{"v":1,"d":"1.00"},{"v":1.35505720213,"d":"1.36"}]
[4,417,41742,{"v":3826.97445,"d":"3,826.97"},3994,{"v":1.043644281,"d":"1.04"}," ",410,41742001,{"v":3040.610005,"d":"3,040.61"},1541,{"v":0.506806199,"d":"0.51"},{"v":149.157155799999,"d":"149.16"},{"v":0.921559671,"d":"0.92"},{"v":1420.12345299999,"d":"1,420.12"},{"v":120.8765474,"d":"120.88"},1,"1_41742001_54852",{"v":0.486139433977,"d":"0.49"},{"v":0.00325924312092,"d":"0.00"},{"v":4.62852759505,"d":"4.63"},{"v":0.0490550105258,"d":"0.05"},"1_41742001_54852_337698","außerhalb GKL",{"v":0.486139433977,"d":"0.49"},{"v":1,"d":"1.00"},{"v":4.62852759505,"d":"4.63"}]
[4,417,41742,{"v":3826.97445,"d":"3,826.97"},3994,{"v":1.043644281,"d":"1.04"}," ",410,41742001,{"v":3040.610005,"d":"3,040.61"},1541,{"v":0.506806199,"d":"0.51"},{"v":149.157155799999,"d":"149.16"},{"v":0.921559671,"d":"0.92"},{"v":1420.12345299999,"d":"1,420.12"},{"v":120.8765474,"d":"120.88"},1,"1_41742001_54857",{"v":0.148101968069,"d":"0.15"},{"v":0.00099292566471,"d":"0.00"},{"v":1.41007702354,"d":"1.41"},{"v":0.0490550105258,"d":"0.05"},"1_41742001_54857_337699","außerhalb GKL",{"v":0.148101968069,"d":"0.15"},{"v":1,"d":"1.00"},{"v":1.41007702354,"d":"1.41"}]
[4,417,41742,{"v":3826.97445,"d":"3,826.97"},3994,{"v":1.043644281,"d":"1.04"}," ",410,41742001,{"v":3040.610005,"d":"3,040.61"},1541,{"v":0.506806199,"d":"0.51"},{"v":149.157155799999,"d":"149.16"},{"v":0.921559671,"d":"0.92"},{"v":1420.12345299999,"d":"1,420.12"},{"v":120.8765474,"d":"120.88"},1,"1_41742001_54859",{"v":0.489478307518,"d":"0.49"},{"v":0.00328162805795,"d":"0.00"},{"v":4.66031696912,"d":"4.66"},{"v":0.0490550105258,"d":"0.05"},"1_41742001_54859_337700","außerhalb GKL",{"v":0.489478307518,"d":"0.49"},{"v":1,"d":"1.00"},{"v":4.66031696912,"d":"4.66"}]
[4,417,41742,{"v":3826.97445,"d":"3,826.97"},3994,{"v":1.043644281,"d":"1.04"}," ",410,41742001,{"v":3040.610005,"d":"3,040.61"},1541,{"v":0.506806199,"d":"0.51"},{"v":149.157155799999,"d":"149.16"},{"v":0.921559671,"d":"0.92"},{"v":1420.12345299999,"d":"1,420.12"},{"v":120.8765474,"d":"120.88"},1,"1_41742001_54864",{"v":0.528124354308,"d":"0.53"},{"v":0.00354072422121,"d":"0.00"},{"v":5.02826550715,"d":"5.03"},{"v":0.0490550105258,"d":"0.05"},"1_41742001_54864_337701","außerhalb GKL",{"v":0.528124354308,"d":"0.53"},{"v":1,"d":"1.00"},{"v":5.02826550715,"d":"5.03"}]
[4,417,41742,{"v":3826.97445,"d":"3,826.97"},3994,{"v":1.043644281,"d":"1.04"}," ",410,41742001,{"v":3040.610005,"d":"3,040.61"},1541,{"v":0.506806199,"d":"0.51"},{"v":149.157155799999,"d":"149.16"},{"v":0.921559671,"d":"0.92"},{"v":1420.12345299999,"d":"1,420.12"},{"v":120.8765474,"d":"120.88"},1,"1_41742001_54866",{"v":0.240824090073,"d":"0.24"},{"v":0.00161456611841,"d":"0.00"},{"v":2.29288321117,"d":"2.29"},{"v":0.0490550105258,"d":"0.05"},"1_41742001_54866_337702","außerhalb GKL",{"v":0.240824090073,"d":"0.24"},{"v":1,"d":"1.00"},{"v":2.29288321117,"d":"2.29"}]
[4,417,41742,{"v":3826.97445,"d":"3,826.97"},3994,{"v":1.043644281,"d":"1.04"}," ",410,41742001,{"v":3040.610005,"d":"3,040.61"},1541,{"v":0.506806199,"d":"0.51"},{"v":149.157155799999,"d":"149.16"},{"v":0.921559671,"d":"0.92"},{"v":1420.12345299999,"d":"1,420.12"},{"v":120.8765474,"d":"120.88"},1,"1_41742001_54867",{"v":0.0860796902277,"d":"0.09"},{"v":0.000577107345377,"d":"0.00"},{"v":0.819563676068,"d":"0.82"},{"v":0.0490550105258,"d":"0.05"},"1_41742001_54867_337703","außerhalb GKL",{"v":0.0860796902275,"d":"0.09"},{"v":0.999999999998,"d":"1.00"},{"v":0.819563676066,"d":"0.82"}]
[4,417,41742,{"v":3826.97445,"d":"3,826.97"},3994,{"v":1.043644281,"d":"1.04"}," ",410,41742001,{"v":3040.610005,"d":"3,040.61"},1541,{"v":0.506806199,"d":"0.51"},{"v":149.157155799999,"d":"149.16"},{"v":0.921559671,"d":"0.92"},{"v":1420.12345299999,"d":"1,420.12"},{"v":120.8765474,"d":"120.88"},1,"1_41742001_54870",{"v":1.6906853969,"d":"1.69"},{"v":0.011334926493,"d":"0.01"},{"v":16.0969949507,"d":"16.10"},{"v":0.0490550105258,"d":"0.05"},"1_41742001_54870_337704","außerhalb GKL",{"v":1.63822902687,"d":"1.64"},{"v":0.968973310986,"d":"0.97"},{"v":15.5975584942999,"d":"15.60"}]
[4,417,41742,{"v":3826.97445,"d":"3,826.97"},3994,{"v":1.043644281,"d":"1.04"}," ",410,41742001,{"v":3040.610005,"d":"3,040.61"},1541,{"v":0.506806199,"d":"0.51"},{"v":149.157155799999,"d":"149.16"},{"v":0.921559671,"d":"0.92"},{"v":1420.12345299999,"d":"1,420.12"},{"v":120.8765474,"d":"120.88"},1,"1_41742001_54870",{"v":1.6906853969,"d":"1.69"},{"v":0.011334926493,"d":"0.01"},{"v":16.0969949507,"d":"16.10"},{"v":0.0490550105258,"d":"0.05"},"1_41742001_54870_337705","G",{"v":0.052456370025,"d":"0.05"},{"v":0.031026689011,"d":"0.03"},{"v":0.499436456347,"d":"0.50"}]
[4,417,41742,{"v":3826.97445,"d":"3,826.97"},3994,{"v":1.043644281,"d":"1.04"}," ",410,41742001,{"v":3040.610005,"d":"3,040.61"},1541,{"v":0.506806199,"d":"0.51"},{"v":149.157155799999,"d":"149.16"},{"v":0.921559671,"d":"0.92"},{"v":1420.12345299999,"d":"1,420.12"},{"v":120.8765474,"d":"120.88"},1,"1_41742001_54871",{"v":0.772195855667,"d":"0.77"},{"v":0.00517706208278,"d":"0.01"},{"v":7.35206728139,"d":"7.35"},{"v":0.0490550105258,"d":"0.05"},"1_41742001_54871_337706","außerhalb GKL",{"v":0.772195855667,"d":"0.77"},{"v":1,"d":"1.00"},{"v":7.35206728139,"d":"7.35"}]
[4,417,41742,{"v":3826.97445,"d":"3,826.97"},3994,{"v":1.043644281,"d":"1.04"}," ",410,41742001,{"v":3040.610005,"d":"3,040.61"},1541,{"v":0.506806199,"d":"0.51"},{"v":149.157155799999,"d":"149.16"},{"v":0.921559671,"d":"0.92"},{"v":1420.12345299999,"d":"1,420.12"},{"v":120.8765474,"d":"120.88"},1,"1_41742001_54872",{"v":0.757488268632,"d":"0.76"},{"v":0.00507845744691,"d":"0.01"},{"v":7.21203652542,"d":"7.21"},{"v":0.0490550105258,"d":"0.05"},"1_41742001_54872_337707","außerhalb GKL",{"v":0.757488268632,"d":"0.76"},{"v":1,"d":"1.00"},{"v":7.21203652542,"d":"7.21"}]
[4,417,41742,{"v":3826.97445,"d":"3,826.97"},3994,{"v":1.043644281,"d":"1.04"}," ",410,41742001,{"v":3040.610005,"d":"3,040.61"},1541,{"v":0.506806199,"d":"0.51"},{"v":149.157155799999,"d":"149.16"},{"v":0.921559671,"d":"0.92"},{"v":1420.12345299999,"d":"1,420.12"},{"v":120.8765474,"d":"120.88"},1,"1_41742001_54874",{"v":0.106628722549,"d":"0.11"},{"v":0.00071487500534,"d":"0.00"},{"v":1.01521076105,"d":"1.02"},{"v":0.0490550105258,"d":"0.05"},"1_41742001_54874_337708","außerhalb GKL",{"v":0.106628722549,"d":"0.11"},{"v":1,"d":"1.00"},{"v":1.01521076105,"d":"1.02"}]
[4,417,41742,{"v":3826.97445,"d":"3,826.97"},3994,{"v":1.043644281,"d":"1.04"}," ",410,41742001,{"v":3040.610005,"d":"3,040.61"},1541,{"v":0.506806199,"d":"0.51"},{"v":149.157155799999,"d":"149.16"},{"v":0.921559671,"d":"0.92"},{"v":1420.12345299999,"d":"1,420.12"},{"v":120.8765474,"d":"120.88"},1,"1_41742001_54875",{"v":0.465635927441,"d":"0.47"},{"v":0.00312178068121,"d":"0.00"},{"v":4.43331396051,"d":"4.43"},{"v":0.0490550105258,"d":"0.05"},"1_41742001_54875_337709","außerhalb GKL",{"v":0.465635927441,"d":"0.47"},{"v":1,"d":"1.00"},{"v":4.43331396051,"d":"4.43"}]
[4,417,41742,{"v":3826.97445,"d":"3,826.97"},3994,{"v":1.043644281,"d":"1.04"}," ",410,41742001,{"v":3040.610005,"d":"3,040.61"},1541,{"v":0.506806199,"d":"0.51"},{"v":149.157155799999,"d":"149.16"},{"v":0.921559671,"d":"0.92"},{"v":1420.12345299999,"d":"1,420.12"},{"v":120.8765474,"d":"120.88"},1,"1_41742001_54877",{"v":0.0841620394967,"d":"0.08"},{"v":0.000564250766551,"d":"0.00"},{"v":0.801305746952,"d":"0.80"},{"v":0.0490550105258,"d":"0.05"},"1_41742001_54877_337710","außerhalb GKL",{"v":0.0841620394967,"d":"0.08"},{"v":1,"d":"1.00"},{"v":0.801305746952,"d":"0.80"}]
[4,417,41742,{"v":3826.97445,"d":"3,826.97"},3994,{"v":1.043644281,"d":"1.04"}," ",410,41742001,{"v":3040.610005,"d":"3,040.61"},1541,{"v":0.506806199,"d":"0.51"},{"v":149.157155799999,"d":"149.16"},{"v":0.921559671,"d":"0.92"},{"v":1420.12345299999,"d":"1,420.12"},{"v":120.8765474,"d":"120.88"},1,"1_41742001_54878",{"v":0.631087654127,"d":"0.63"},{"v":0.00423102499335,"d":"0.00"},{"v":6.00857782329,"d":"6.01"},{"v":0.0490550105258,"d":"0.05"},"1_41742001_54878_337711","außerhalb GKL",{"v":0.631087654127,"d":"0.63"},{"v":1,"d":"1.00"},{"v":6.00857782329,"d":"6.01"}]
[4,417,41742,{"v":3826.97445,"d":"3,826.97"},3994,{"v":1.043644281,"d":"1.04"}," ",410,41742001,{"v":3040.610005,"d":"3,040.61"},1541,{"v":0.506806199,"d":"0.51"},{"v":149.157155799999,"d":"149.16"},{"v":0.921559671,"d":"0.92"},{"v":1420.12345299999,"d":"1,420.12"},{"v":120.8765474,"d":"120.88"},1,"1_41742001_54880",{"v":0.244790265496,"d":"0.24"},{"v":0.00164115669934,"d":"0.00"},{"v":2.33064511878,"d":"2.33"},{"v":0.0490550105258,"d":"0.05"},"1_41742001_54880_337712","außerhalb GKL",{"v":0.211826192949,"d":"0.21"},{"v":0.86533748603,"d":"0.87"},{"v":2.01679458791,"d":"2.02"}]
[4,417,41742,{"v":3826.97445,"d":"3,826.97"},3994,{"v":1.043644281,"d":"1.04"}," ",410,41742001,{"v":3040.610005,"d":"3,040.61"},1541,{"v":0.506806199,"d":"0.51"},{"v":149.157155799999,"d":"149.16"},{"v":0.921559671,"d":"0.92"},{"v":1420.12345299999,"d":"1,420.12"},{"v":120.8765474,"d":"120.88"},1,"1_41742001_54880",{"v":0.244790265496,"d":"0.24"},{"v":0.00164115669934,"d":"0.00"},{"v":2.33064511878,"d":"2.33"},{"v":0.0490550105258,"d":"0.05"},"1_41742001_54880_337713","G",{"v":0.0329640725481,"d":"0.03"},{"v":0.134662513974,"d":"0.13"},{"v":0.313850530876,"d":"0.31"}]
[4,417,41742,{"v":3826.97445,"d":"3,826.97"},3994,{"v":1.043644281,"d":"1.04"}," ",410,41742001,{"v":3040.610005,"d":"3,040.61"},1541,{"v":0.506806199,"d":"0.51"},{"v":149.157155799999,"d":"149.16"},{"v":0.921559671,"d":"0.92"},{"v":1420.12345299999,"d":"1,420.12"},{"v":120.8765474,"d":"120.88"},1,"1_41742001_54881",{"v":0.0780038872525,"d":"0.08"},{"v":0.000522964431938,"d":"0.00"},{"v":0.74267405488,"d":"0.74"},{"v":0.0490550105258,"d":"0.05"},"1_41742001_54881_337714","G",{"v":0.0780038872524,"d":"0.08"},{"v":0.999999999999,"d":"1.00"},{"v":0.742674054879,"d":"0.74"}]
[4,417,41742,{"v":3826.97445,"d":"3,826.97"},3994,{"v":1.043644281,"d":"1.04"}," ",410,41742001,{"v":3040.610005,"d":"3,040.61"},1541,{"v":0.506806199,"d":"0.51"},{"v":149.157155799999,"d":"149.16"},{"v":0.921559671,"d":"0.92"},{"v":1420.12345299999,"d":"1,420.12"},{"v":120.8765474,"d":"120.88"},1,"1_41742001_54883",{"v":0.569065566635,"d":"0.57"},{"v":0.00381520795018,"d":"0.00"},{"v":5.41806628812,"d":"5.42"},{"v":0.0490550105258,"d":"0.05"},"1_41742001_54883_337715","außerhalb GKL",{"v":0.569065566635,"d":"0.57"},{"v":1,"d":"1.00"},{"v":5.41806628812,"d":"5.42"}]
[4,417,41742,{"v":3826.97445,"d":"3,826.97"},3994,{"v":1.043644281,"d":"1.04"}," ",410,41742001,{"v":3040.610005,"d":"3,040.61"},1541,{"v":0.506806199,"d":"0.51"},{"v":149.157155799999,"d":"149.16"},{"v":0.921559671,"d":"0.92"},{"v":1420.12345299999,"d":"1,420.12"},{"v":120.8765474,"d":"120.88"},1,"1_41742001_54885",{"v":0.294198557941,"d":"0.29"},{"v":0.001972406596,"d":"0.00"},{"v":2.80106086583,"d":"2.80"},{"v":0.0490550105258,"d":"0.05"},"1_41742001_54885_337716","außerhalb GKL",{"v":0.294198557941,"d":"0.29"},{"v":1,"d":"1.00"},{"v":2.80106086583,"d":"2.80"}]
[4,417,41742,{"v":3826.97445,"d":"3,826.97"},3994,{"v":1.043644281,"d":"1.04"}," ",410,41742001,{"v":3040.610005,"d":"3,040.61"},1541,{"v":0.506806199,"d":"0.51"},{"v":149.157155799999,"d":"149.16"},{"v":0.921559671,"d":"0.92"},{"v":1420.12345299999,"d":"1,420.12"},{"v":120.8765474,"d":"120.88"},1,"1_41742001_54886",{"v":0.784669710467,"d":"0.78"},{"v":0.00526069102256,"d":"0.01"},{"v":7.47083070012,"d":"7.47"},{"v":0.0490550105258,"d":"0.05"},"1_41742001_54886_337717","außerhalb GKL",{"v":0.784669710467,"d":"0.78"},{"v":1,"d":"1.00"},{"v":7.47083070012,"d":"7.47"}]
[4,417,41742,{"v":3826.97445,"d":"3,826.97"},3994,{"v":1.043644281,"d":"1.04"}," ",410,41742001,{"v":3040.610005,"d":"3,040.61"},1541,{"v":0.506806199,"d":"0.51"},{"v":149.157155799999,"d":"149.16"},{"v":0.921559671,"d":"0.92"},{"v":1420.12345299999,"d":"1,420.12"},{"v":120.8765474,"d":"120.88"},1,"1_41742001_54887",{"v":0.774486184151,"d":"0.77"},{"v":0.00519241721925,"d":"0.01"},{"v":7.37387347082,"d":"7.37"},{"v":0.0490550105258,"d":"0.05"},"1_41742001_54887_337718","außerhalb GKL",{"v":0.774486184151,"d":"0.77"},{"v":1,"d":"1.00"},{"v":7.37387347082,"d":"7.37"}]
[4,417,41742,{"v":3826.97445,"d":"3,826.97"},3994,{"v":1.043644281,"d":"1.04"}," ",410,41742001,{"v":3040.610005,"d":"3,040.61"},1541,{"v":0.506806199,"d":"0.51"},{"v":149.157155799999,"d":"149.16"},{"v":0.921559671,"d":"0.92"},{"v":1420.12345299999,"d":"1,420.12"},{"v":120.8765474,"d":"120.88"},1,"1_41742001_54888",{"v":0.389379238543,"d":"0.39"},{"v":0.00261053005774,"d":"0.00"},{"v":3.70727495976,"d":"3.71"},{"v":0.0490550105258,"d":"0.05"},"1_41742001_54888_337719","außerhalb GKL",{"v":0.389379238544,"d":"0.39"},{"v":1,"d":"1.00"},{"v":3.70727495976,"d":"3.71"}]
[4,417,41742,{"v":3826.97445,"d":"3,826.97"},3994,{"v":1.043644281,"d":"1.04"}," ",410,41742001,{"v":3040.610005,"d":"3,040.61"},1541,{"v":0.506806199,"d":"0.51"},{"v":149.157155799999,"d":"149.16"},{"v":0.921559671,"d":"0.92"},{"v":1420.12345299999,"d":"1,420.12"},{"v":120.8765474,"d":"120.88"},1,"1_41742001_54889",{"v":0.595679736772,"d":"0.60"},{"v":0.00399363834458,"d":"0.00"},{"v":5.67145947594,"d":"5.67"},{"v":0.0490550105258,"d":"0.05"},"1_41742001_54889_337720","außerhalb GKL",{"v":0.595679736773,"d":"0.60"},{"v":1,"d":"1.00"},{"v":5.67145947594,"d":"5.67"}]
[4,417,41742,{"v":3826.97445,"d":"3,826.97"},3994,{"v":1.043644281,"d":"1.04"}," ",410,41742001,{"v":3040.610005,"d":"3,040.61"},1541,{"v":0.506806199,"d":"0.51"},{"v":149.157155799999,"d":"149.16"},{"v":0.921559671,"d":"0.92"},{"v":1420.12345299999,"d":"1,420.12"},{"v":120.8765474,"d":"120.88"},1,"1_41742001_54891",{"v":0.251588575875,"d":"0.25"},{"v":0.00168673487052,"d":"0.00"},{"v":2.39537174862,"d":"2.40"},{"v":0.0490550105258,"d":"0.05"},"1_41742001_54891_337721","außerhalb GKL",{"v":0.251588575875,"d":"0.25"},{"v":1,"d":"1.00"},{"v":2.39537174862,"d":"2.40"}]
[4,417,41742,{"v":3826.97445,"d":"3,826.97"},3994,{"v":1.043644281,"d":"1.04"}," ",410,41742001,{"v":3040.610005,"d":"3,040.61"},1541,{"v":0.506806199,"d":"0.51"},{"v":149.157155799999,"d":"149.16"},{"v":0.921559671,"d":"0.92"},{"v":1420.12345299999,"d":"1,420.12"},{"v":120.8765474,"d":"120.88"},1,"1_41742001_54893",{"v":0.281983596183,"d":"0.28"},{"v":1.89051336271E-3,"d":"0.00"},{"v":2.68476236459,"d":"2.68"},{"v":0.0490550105258,"d":"0.05"},"1_41742001_54893_337722","außerhalb GKL",{"v":0.281983596183,"d":"0.28"},{"v":1,"d":"1.00"},{"v":2.68476236459,"d":"2.68"}]
[4,417,41751,{"v":2446.98957,"d":"2,446.99"},1624,{"v":0.663672629,"d":"0.66"}," ",410,41751000,{"v":2446.98957014,"d":"2,446.99"},1624,{"v":0.663672629,"d":"0.66"},{"v":80.8068210299999,"d":"80.81"},{"v":0.921559671,"d":"0.92"},{"v":1496.61290499999,"d":"1,496.61"},{"v":127.3870947,"d":"127.39"},1,"1_41751000_55233",{"v":0.672794253276,"d":"0.67"},{"v":0.00832595868394,"d":"0.01"},{"v":12.4607372129,"d":"12.46"},{"v":0.0330229527809,"d":"0.03"},"1_41751000_55233_337723","außerhalb GKL",{"v":0.672794253276,"d":"0.67"},{"v":1,"d":"1.00"},{"v":12.4607372129,"d":"12.46"}]
[4,417,41751,{"v":2446.98957,"d":"2,446.99"},1624,{"v":0.663672629,"d":"0.66"}," ",410,41751000,{"v":2446.98957014,"d":"2,446.99"},1624,{"v":0.663672629,"d":"0.66"},{"v":80.8068210299999,"d":"80.81"},{"v":0.921559671,"d":"0.92"},{"v":1496.61290499999,"d":"1,496.61"},{"v":127.3870947,"d":"127.39"},1,"1_41751000_55238",{"v":19.1587969600999,"d":"19.16"},{"v":0.237093808615,"d":"0.24"},{"v":354.837653669,"d":"354.84"},{"v":0.0330229527809,"d":"0.03"},"1_41751000_55238_337724","außerhalb GKL",{"v":0.814849966628,"d":"0.81"},{"v":0.0425313744034,"d":"0.04"},{"v":15.0917331006,"d":"15.09"}]
[4,417,41751,{"v":2446.98957,"d":"2,446.99"},1624,{"v":0.663672629,"d":"0.66"}," ",410,41751000,{"v":2446.98957014,"d":"2,446.99"},1624,{"v":0.663672629,"d":"0.66"},{"v":80.8068210299999,"d":"80.81"},{"v":0.921559671,"d":"0.92"},{"v":1496.61290499999,"d":"1,496.61"},{"v":127.3870947,"d":"127.39"},1,"1_41751000_55238",{"v":19.1587969600999,"d":"19.16"},{"v":0.237093808615,"d":"0.24"},{"v":354.837653669,"d":"354.84"},{"v":0.0330229527809,"d":"0.03"},"1_41751000_55238_337725","außerhalb GKL",{"v":0.0269991350511,"d":"0.03"},{"v":1.40922914457E-3,"d":"0.00"},{"v":0.500047563141,"d":"0.50"}]
[4,417,41751,{"v":2446.98957,"d":"2,446.99"},1624,{"v":0.663672629,"d":"0.66"}," ",410,41751000,{"v":2446.98957014,"d":"2,446.99"},1624,{"v":0.663672629,"d":"0.66"},{"v":80.8068210299999,"d":"80.81"},{"v":0.921559671,"d":"0.92"},{"v":1496.61290499999,"d":"1,496.61"},{"v":127.3870947,"d":"127.39"},1,"1_41751000_55238",{"v":19.1587969600999,"d":"19.16"},{"v":0.237093808615,"d":"0.24"},{"v":354.837653669,"d":"354.84"},{"v":0.0330229527809,"d":"0.03"},"1_41751000_55238_337726","außerhalb GKL",{"v":0.0738586392389,"d":"0.07"},{"v":0.00385507709032,"d":"0.00"},{"v":1.36792650944,"d":"1.37"}]
[4,417,41751,{"v":2446.98957,"d":"2,446.99"},1624,{"v":0.663672629,"d":"0.66"}," ",410,41751000,{"v":2446.98957014,"d":"2,446.99"},1624,{"v":0.663672629,"d":"0.66"},{"v":80.8068210299999,"d":"80.81"},{"v":0.921559671,"d":"0.92"},{"v":1496.61290499999,"d":"1,496.61"},{"v":127.3870947,"d":"127.39"},1,"1_41751000_55238",{"v":19.1587969600999,"d":"19.16"},{"v":0.237093808615,"d":"0.24"},{"v":354.837653669,"d":"354.84"},{"v":0.0330229527809,"d":"0.03"},"1_41751000_55238_337727","G",{"v":0.339969291731,"d":"0.34"},{"v":0.0177448141676,"d":"0.02"},{"v":6.29652822402,"d":"6.30"}]
[4,417,41751,{"v":2446.98957,"d":"2,446.99"},1624,{"v":0.663672629,"d":"0.66"}," ",410,41751000,{"v":2446.98957014,"d":"2,446.99"},1624,{"v":0.663672629,"d":"0.66"},{"v":80.8068210299999,"d":"80.81"},{"v":0.921559671,"d":"0.92"},{"v":1496.61290499999,"d":"1,496.61"},{"v":127.3870947,"d":"127.39"},1,"1_41751000_55238",{"v":19.1587969600999,"d":"19.16"},{"v":0.237093808615,"d":"0.24"},{"v":354.837653669,"d":"354.84"},{"v":0.0330229527809,"d":"0.03"},"1_41751000_55238_337728","G",{"v":17.9031199275,"d":"17.90"},{"v":0.934459505197,"d":"0.93"},{"v":331.581418272999,"d":"331.58"}]
[5,503,50312,{"v":2140.159384,"d":"2,140.16"},1565,{"v":0.731253949,"d":"0.73"}," ",410,50312000,{"v":2140.15938379999,"d":"2,140.16"},1565,{"v":0.731253949,"d":"0.73"},{"v":129.574892,"d":"129.57"},{"v":0.921559671,"d":"0.92"},{"v":1442.24088499999,"d":"1,442.24"},{"v":122.7591153,"d":"122.76"},1,"1_50312000_58430",{"v":0.520249613881,"d":"0.52"},{"v":0.00401504956594,"d":"0.00"},{"v":5.7906686393,"d":"5.79"},{"v":0.0605445056947,"d":"0.06"},"1_50312000_58430_337729","außerhalb GKL",{"v":0.520249613881,"d":"0.52"},{"v":1,"d":"1.00"},{"v":5.7906686393,"d":"5.79"}]
[5,503,50312,{"v":2140.159384,"d":"2,140.16"},1565,{"v":0.731253949,"d":"0.73"}," ",410,50312000,{"v":2140.15938379999,"d":"2,140.16"},1565,{"v":0.731253949,"d":"0.73"},{"v":129.574892,"d":"129.57"},{"v":0.921559671,"d":"0.92"},{"v":1442.24088499999,"d":"1,442.24"},{"v":122.7591153,"d":"122.76"},1,"1_50312000_58431",{"v":0.379141964376,"d":"0.38"},{"v":0.00292604499625,"d":"0.00"},{"v":4.22006172494,"d":"4.22"},{"v":0.0605445056947,"d":"0.06"},"1_50312000_58431_337730","außerhalb GKL",{"v":0.379141964376,"d":"0.38"},{"v":1,"d":"1.00"},{"v":4.22006172494,"d":"4.22"}]
[5,503,50312,{"v":2140.159384,"d":"2,140.16"},1565,{"v":0.731253949,"d":"0.73"}," ",410,50312000,{"v":2140.15938379999,"d":"2,140.16"},1565,{"v":0.731253949,"d":"0.73"},{"v":129.574892,"d":"129.57"},{"v":0.921559671,"d":"0.92"},{"v":1442.24088499999,"d":"1,442.24"},{"v":122.7591153,"d":"122.76"},1,"1_50312000_58432",{"v":1.5285090731,"d":"1.53"},{"v":0.0117963368482,"d":"0.01"},{"v":17.0131592957,"d":"17.01"},{"v":0.0605445056947,"d":"0.06"},"1_50312000_58432_337731","außerhalb GKL",{"v":1.5285090731,"d":"1.53"},{"v":1,"d":"1.00"},{"v":17.0131592957,"d":"17.01"}]
[5,503,50312,{"v":2140.159384,"d":"2,140.16"},1565,{"v":0.731253949,"d":"0.73"}," ",410,50312000,{"v":2140.15938379999,"d":"2,140.16"},1565,{"v":0.731253949,"d":"0.73"},{"v":129.574892,"d":"129.57"},{"v":0.921559671,"d":"0.92"},{"v":1442.24088499999,"d":"1,442.24"},{"v":122.7591153,"d":"122.76"},1,"1_50312000_58438",{"v":3.2809236573,"d":"3.28"},{"v":0.0253206744506,"d":"0.03"},{"v":36.5185119284,"d":"36.52"},{"v":0.0605445056947,"d":"0.06"},"1_50312000_58438_337732","außerhalb GKL",{"v":3.2809236573,"d":"3.28"},{"v":1,"d":"1.00"},{"v":36.5185119284,"d":"36.52"}]
[5,503,50312,{"v":2140.159384,"d":"2,140.16"},1565,{"v":0.731253949,"d":"0.73"}," ",410,50312000,{"v":2140.15938379999,"d":"2,140.16"},1565,{"v":0.731253949,"d":"0.73"},{"v":129.574892,"d":"129.57"},{"v":0.921559671,"d":"0.92"},{"v":1442.24088499999,"d":"1,442.24"},{"v":122.7591153,"d":"122.76"},1,"1_50312000_58440",{"v":0.299736382213,"d":"0.30"},{"v":2.31322887935E-3,"d":"0.00"},{"v":3.33623326616,"d":"3.34"},{"v":0.0605445056947,"d":"0.06"},"1_50312000_58440_337733","außerhalb GKL",{"v":0.299736382213,"d":"0.30"},{"v":1,"d":"1.00"},{"v":3.33623326616,"d":"3.34"}]
[5,503,50330,{"v":9888.516621,"d":"9,888.52"},3960,{"v":0.400464514,"d":"0.40"}," ",410,50330001,{"v":5951.33837791,"d":"5,951.34"},1631,{"v":0.274056002,"d":"0.27"},{"v":203.911305499999,"d":"203.91"},{"v":0.921559671,"d":"0.92"},{"v":1503.06382299999,"d":"1,503.06"},{"v":127.936177,"d":"127.94"},1,"1_50330001_59342",{"v":0.242708202378,"d":"0.24"},{"v":1.19026358927E-3,"d":"0.00"},{"v":1.78904214087,"d":"1.79"},{"v":0.0342631005921,"d":"0.03"},"1_50330001_59342_337734","außerhalb GKL",{"v":0.242708202378,"d":"0.24"},{"v":1,"d":"1.00"},{"v":1.78904214087,"d":"1.79"}]
[5,503,50330,{"v":9888.516621,"d":"9,888.52"},3960,{"v":0.400464514,"d":"0.40"}," ",410,50330001,{"v":5951.33837791,"d":"5,951.34"},1631,{"v":0.274056002,"d":"0.27"},{"v":203.911305499999,"d":"203.91"},{"v":0.921559671,"d":"0.92"},{"v":1503.06382299999,"d":"1,503.06"},{"v":127.936177,"d":"127.94"},1,"1_50330001_59346",{"v":0.0647677533929,"d":"0.06"},{"v":0.000317627084158,"d":"0.00"},{"v":0.477413779403,"d":"0.48"},{"v":0.0342631005921,"d":"0.03"},"1_50330001_59346_337735","außerhalb GKL",{"v":0.064767753393,"d":"0.06"},{"v":1,"d":"1.00"},{"v":0.477413779403,"d":"0.48"}]
[5,503,50330,{"v":9888.516621,"d":"9,888.52"},3960,{"v":0.400464514,"d":"0.40"}," ",410,50330001,{"v":5951.33837791,"d":"5,951.34"},1631,{"v":0.274056002,"d":"0.27"},{"v":203.911305499999,"d":"203.91"},{"v":0.921559671,"d":"0.92"},{"v":1503.06382299999,"d":"1,503.06"},{"v":127.936177,"d":"127.94"},1,"1_50330001_59347",{"v":0.0653877156332,"d":"0.07"},{"v":0.000320667436623,"d":"0.00"},{"v":0.481983623202,"d":"0.48"},{"v":0.0342631005921,"d":"0.03"},"1_50330001_59347_337736","außerhalb GKL",{"v":0.0653877156333,"d":"0.07"},{"v":1,"d":"1.00"},{"v":0.481983623202,"d":"0.48"}]
[5,503,50330,{"v":9888.516621,"d":"9,888.52"},3960,{"v":0.400464514,"d":"0.40"}," ",410,50330001,{"v":5951.33837791,"d":"5,951.34"},1631,{"v":0.274056002,"d":"0.27"},{"v":203.911305499999,"d":"203.91"},{"v":0.921559671,"d":"0.92"},{"v":1503.06382299999,"d":"1,503.06"},{"v":127.936177,"d":"127.94"},1,"1_50330001_59349",{"v":1.53562015068,"d":"1.54"},{"v":0.007530823987,"d":"0.01"},{"v":11.3193090921999,"d":"11.32"},{"v":0.0342631005921,"d":"0.03"},"1_50330001_59349_337737","außerhalb GKL",{"v":1.24555074757,"d":"1.25"},{"v":0.811106019297,"d":"0.81"},{"v":9.18115973897,"d":"9.18"}]
[5,503,50330,{"v":9888.516621,"d":"9,888.52"},3960,{"v":0.400464514,"d":"0.40"}," ",410,50330001,{"v":5951.33837791,"d":"5,951.34"},1631,{"v":0.274056002,"d":"0.27"},{"v":203.911305499999,"d":"203.91"},{"v":0.921559671,"d":"0.92"},{"v":1503.06382299999,"d":"1,503.06"},{"v":127.936177,"d":"127.94"},1,"1_50330001_59351",{"v":0.839118229272,"d":"0.84"},{"v":4.11511380997E-3,"d":"0.00"},{"v":6.18527869529,"d":"6.19"},{"v":0.0342631005921,"d":"0.03"},"1_50330001_59351_337738","außerhalb GKL",{"v":0.839118229272,"d":"0.84"},{"v":1,"d":"1.00"},{"v":6.18527869529,"d":"6.19"}]
[5,503,50330,{"v":9888.516621,"d":"9,888.52"},3960,{"v":0.400464514,"d":"0.40"}," ",410,50330001,{"v":5951.33837791,"d":"5,951.34"},1631,{"v":0.274056002,"d":"0.27"},{"v":203.911305499999,"d":"203.91"},{"v":0.921559671,"d":"0.92"},{"v":1503.06382299999,"d":"1,503.06"},{"v":127.936177,"d":"127.94"},1,"1_50330001_59352",{"v":1.03408381581,"d":"1.03"},{"v":0.00507124317249,"d":"0.01"},{"v":7.62240215021,"d":"7.62"},{"v":0.0342631005921,"d":"0.03"},"1_50330001_59352_337739","außerhalb GKL",{"v":0.0281290568098,"d":"0.03"},{"v":0.0272019118564,"d":"0.03"},{"v":0.207343911424,"d":"0.21"}]
[5,503,50330,{"v":9888.516621,"d":"9,888.52"},3960,{"v":0.400464514,"d":"0.40"}," ",410,50330001,{"v":5951.33837791,"d":"5,951.34"},1631,{"v":0.274056002,"d":"0.27"},{"v":203.911305499999,"d":"203.91"},{"v":0.921559671,"d":"0.92"},{"v":1503.06382299999,"d":"1,503.06"},{"v":127.936177,"d":"127.94"},1,"1_50330001_59353",{"v":55.7874179163,"d":"55.79"},{"v":0.273586684071,"d":"0.27"},{"v":411.218247281999,"d":"411.22"},{"v":0.0342631005921,"d":"0.03"},"1_50330001_59353_337740","außerhalb GKL",{"v":1.35310315078,"d":"1.35"},{"v":0.0242546294724,"d":"0.02"},{"v":9.97394622010999,"d":"9.97"}]
[5,503,50330,{"v":9888.516621,"d":"9,888.52"},3960,{"v":0.400464514,"d":"0.40"}," ",410,50330001,{"v":5951.33837791,"d":"5,951.34"},1631,{"v":0.274056002,"d":"0.27"},{"v":203.911305499999,"d":"203.91"},{"v":0.921559671,"d":"0.92"},{"v":1503.06382299999,"d":"1,503.06"},{"v":127.936177,"d":"127.94"},1,"1_50330001_59353",{"v":55.7874179163,"d":"55.79"},{"v":0.273586684071,"d":"0.27"},{"v":411.218247281999,"d":"411.22"},{"v":0.0342631005921,"d":"0.03"},"1_50330001_59353_337741","außerhalb GKL",{"v":0.533702684431,"d":"0.53"},{"v":0.00956672139284,"d":"0.01"},{"v":3.9340104034,"d":"3.93"}]
[5,503,50330,{"v":9888.516621,"d":"9,888.52"},3960,{"v":0.400464514,"d":"0.40"}," ",410,50330001,{"v":5951.33837791,"d":"5,951.34"},1631,{"v":0.274056002,"d":"0.27"},{"v":203.911305499999,"d":"203.91"},{"v":0.921559671,"d":"0.92"},{"v":1503.06382299999,"d":"1,503.06"},{"v":127.936177,"d":"127.94"},1,"1_50330001_59353",{"v":55.7874179163,"d":"55.79"},{"v":0.273586684071,"d":"0.27"},{"v":411.218247281999,"d":"411.22"},{"v":0.0342631005921,"d":"0.03"},"1_50330001_59353_337742","außerhalb GKL",{"v":0.262552597029,"d":"0.26"},{"v":0.00470630487726,"d":"0.00"},{"v":1.9353184428,"d":"1.94"}]
[5,503,50330,{"v":9888.516621,"d":"9,888.52"},3960,{"v":0.400464514,"d":"0.40"}," ",410,50330001,{"v":5951.33837791,"d":"5,951.34"},1631,{"v":0.274056002,"d":"0.27"},{"v":203.911305499999,"d":"203.91"},{"v":0.921559671,"d":"0.92"},{"v":1503.06382299999,"d":"1,503.06"},{"v":127.936177,"d":"127.94"},1,"1_50330001_59353",{"v":55.7874179163,"d":"55.79"},{"v":0.273586684071,"d":"0.27"},{"v":411.218247281999,"d":"411.22"},{"v":0.0342631005921,"d":"0.03"},"1_50330001_59353_337743","außerhalb GKL",{"v":0.0396567693407,"d":"0.04"},{"v":0.000710855078473,"d":"0.00"},{"v":0.292316579441,"d":"0.29"}]
[5,503,50330,{"v":9888.516621,"d":"9,888.52"},3960,{"v":0.400464514,"d":"0.40"}," ",410,50330001,{"v":5951.33837791,"d":"5,951.34"},1631,{"v":0.274056002,"d":"0.27"},{"v":203.911305499999,"d":"203.91"},{"v":0.921559671,"d":"0.92"},{"v":1503.06382299999,"d":"1,503.06"},{"v":127.936177,"d":"127.94"},1,"1_50330001_59353",{"v":55.7874179163,"d":"55.79"},{"v":0.273586684071,"d":"0.27"},{"v":411.218247281999,"d":"411.22"},{"v":0.0342631005921,"d":"0.03"},"1_50330001_59353_337744","außerhalb GKL",{"v":26.4778193813,"d":"26.48"},{"v":0.474619911985,"d":"0.47"},{"v":195.172368331999,"d":"195.17"}]
[5,503,50330,{"v":9888.516621,"d":"9,888.52"},3960,{"v":0.400464514,"d":"0.40"}," ",410,50330001,{"v":5951.33837791,"d":"5,951.34"},1631,{"v":0.274056002,"d":"0.27"},{"v":203.911305499999,"d":"203.91"},{"v":0.921559671,"d":"0.92"},{"v":1503.06382299999,"d":"1,503.06"},{"v":127.936177,"d":"127.94"},1,"1_50330001_59354",{"v":1.26737228309,"d":"1.27"},{"v":0.00621531150508,"d":"0.01"},{"v":9.34200987196,"d":"9.34"},{"v":0.0342631005921,"d":"0.03"},"1_50330001_59354_337745","außerhalb GKL",{"v":0.00606206341146,"d":"0.01"},{"v":0.00478317499313,"d":"0.00"},{"v":0.0446844680051,"d":"0.04"}]
[5,503,50330,{"v":9888.516621,"d":"9,888.52"},3960,{"v":0.400464514,"d":"0.40"}," ",410,50330001,{"v":5951.33837791,"d":"5,951.34"},1631,{"v":0.274056002,"d":"0.27"},{"v":203.911305499999,"d":"203.91"},{"v":0.921559671,"d":"0.92"},{"v":1503.06382299999,"d":"1,503.06"},{"v":127.936177,"d":"127.94"},1,"1_50330001_59356",{"v":2.40522826924,"d":"2.41"},{"v":0.0117954630487,"d":"0.01"},{"v":17.729333784,"d":"17.73"},{"v":0.0342631005921,"d":"0.03"},"1_50330001_59356_337746","außerhalb GKL",{"v":0.000764604267771,"d":"0.00"},{"v":0.000317892599862,"d":"0.00"},{"v":0.00563602401042,"d":"0.01"}]
[5,503,50330,{"v":9888.516621,"d":"9,888.52"},3960,{"v":0.400464514,"d":"0.40"}," ",410,50330001,{"v":5951.33837791,"d":"5,951.34"},1631,{"v":0.274056002,"d":"0.27"},{"v":203.911305499999,"d":"203.91"},{"v":0.921559671,"d":"0.92"},{"v":1503.06382299999,"d":"1,503.06"},{"v":127.936177,"d":"127.94"},1,"1_50330001_59357",{"v":2.21582152722,"d":"2.22"},{"v":0.0108665947765,"d":"0.01"},{"v":16.3331854878,"d":"16.33"},{"v":0.0342631005921,"d":"0.03"},"1_50330001_59357_337747","außerhalb GKL",{"v":2.21582152722,"d":"2.22"},{"v":1,"d":"1.00"},{"v":16.3331854878,"d":"16.33"}]
[5,503,50330,{"v":9888.516621,"d":"9,888.52"},3960,{"v":0.400464514,"d":"0.40"}," ",410,50330001,{"v":5951.33837791,"d":"5,951.34"},1631,{"v":0.274056002,"d":"0.27"},{"v":203.911305499999,"d":"203.91"},{"v":0.921559671,"d":"0.92"},{"v":1503.06382299999,"d":"1,503.06"},{"v":127.936177,"d":"127.94"},1,"1_50330001_59358",{"v":1.49005043565,"d":"1.49"},{"v":0.00730734586783,"d":"0.01"},{"v":10.9834072161,"d":"10.98"},{"v":0.0342631005921,"d":"0.03"},"1_50330001_59358_337748","außerhalb GKL",{"v":3.89942060323E-3,"d":"0.00"},{"v":0.00261697222452,"d":"0.00"},{"v":0.0287432716151,"d":"0.03"}]
[5,503,50330,{"v":9888.516621,"d":"9,888.52"},3960,{"v":0.400464514,"d":"0.40"}," ",410,50330001,{"v":5951.33837791,"d":"5,951.34"},1631,{"v":0.274056002,"d":"0.27"},{"v":203.911305499999,"d":"203.91"},{"v":0.921559671,"d":"0.92"},{"v":1503.06382299999,"d":"1,503.06"},{"v":127.936177,"d":"127.94"},1,"1_50330001_59359",{"v":0.114774195411,"d":"0.11"},{"v":0.000562863324962,"d":"0.00"},{"v":0.846019501044,"d":"0.85"},{"v":0.0342631005921,"d":"0.03"},"1_50330001_59359_337749","außerhalb GKL",{"v":0.114774195411,"d":"0.11"},{"v":1,"d":"1.00"},{"v":0.846019501044,"d":"0.85"}]
[5,503,50330,{"v":9888.516621,"d":"9,888.52"},3960,{"v":0.400464514,"d":"0.40"}," ",410,50330001,{"v":5951.33837791,"d":"5,951.34"},1631,{"v":0.274056002,"d":"0.27"},{"v":203.911305499999,"d":"203.91"},{"v":0.921559671,"d":"0.92"},{"v":1503.06382299999,"d":"1,503.06"},{"v":127.936177,"d":"127.94"},1,"1_50330001_59360",{"v":2.41214618281,"d":"2.41"},{"v":0.01182938914,"d":"0.01"},{"v":17.7803268645,"d":"17.78"},{"v":0.0342631005921,"d":"0.03"},"1_50330001_59360_337750","außerhalb GKL",{"v":1.56310196687,"d":"1.56"},{"v":0.648012951292,"d":"0.65"},{"v":11.5218820864,"d":"11.52"}]
[5,503,50330,{"v":9888.516621,"d":"9,888.52"},3960,{"v":0.400464514,"d":"0.40"}," ",410,50330001,{"v":5951.33837791,"d":"5,951.34"},1631,{"v":0.274056002,"d":"0.27"},{"v":203.911305499999,"d":"203.91"},{"v":0.921559671,"d":"0.92"},{"v":1503.06382299999,"d":"1,503.06"},{"v":127.936177,"d":"127.94"},1,"1_50330001_59361",{"v":1.78442504209,"d":"1.78"},{"v":8.7509863061E-3,"d":"0.01"},{"v":13.1532909322999,"d":"13.15"},{"v":0.0342631005921,"d":"0.03"},"1_50330001_59361_337751","außerhalb GKL",{"v":1.78442504209,"d":"1.78"},{"v":1,"d":"1.00"},{"v":13.1532909322999,"d":"13.15"}]
[5,503,50330,{"v":9888.516621,"d":"9,888.52"},3960,{"v":0.400464514,"d":"0.40"}," ",410,50330001,{"v":5951.33837791,"d":"5,951.34"},1631,{"v":0.274056002,"d":"0.27"},{"v":203.911305499999,"d":"203.91"},{"v":0.921559671,"d":"0.92"},{"v":1503.06382299999,"d":"1,503.06"},{"v":127.936177,"d":"127.94"},1,"1_50330001_59362",{"v":4.55844215829,"d":"4.56"},{"v":0.022355024147,"d":"0.02"},{"v":33.6010280575999,"d":"33.60"},{"v":0.0342631005921,"d":"0.03"},"1_50330001_59362_337752","außerhalb GKL",{"v":3.53367436017,"d":"3.53"},{"v":0.775193418599,"d":"0.78"},{"v":26.0472958084,"d":"26.05"}]
[5,503,50330,{"v":9888.516621,"d":"9,888.52"},3960,{"v":0.400464514,"d":"0.40"}," ",410,50330001,{"v":5951.33837791,"d":"5,951.34"},1631,{"v":0.274056002,"d":"0.27"},{"v":203.911305499999,"d":"203.91"},{"v":0.921559671,"d":"0.92"},{"v":1503.06382299999,"d":"1,503.06"},{"v":127.936177,"d":"127.94"},1,"1_50330001_59363",{"v":0.460345889678,"d":"0.46"},{"v":2.25757904178E-3,"d":"0.00"},{"v":3.39328538526,"d":"3.39"},{"v":0.0342631005921,"d":"0.03"},"1_50330001_59363_337753","außerhalb GKL",{"v":0.460345889678,"d":"0.46"},{"v":1,"d":"1.00"},{"v":3.39328538526,"d":"3.39"}]
[5,503,50330,{"v":9888.516621,"d":"9,888.52"},3960,{"v":0.400464514,"d":"0.40"}," ",410,50330001,{"v":5951.33837791,"d":"5,951.34"},1631,{"v":0.274056002,"d":"0.27"},{"v":203.911305499999,"d":"203.91"},{"v":0.921559671,"d":"0.92"},{"v":1503.06382299999,"d":"1,503.06"},{"v":127.936177,"d":"127.94"},1,"1_50330001_59364",{"v":1.08167316692,"d":"1.08"},{"v":0.00530462577476,"d":"0.01"},{"v":7.9731910966,"d":"7.97"},{"v":0.0342631005921,"d":"0.03"},"1_50330001_59364_337754","außerhalb GKL",{"v":0.352813255245,"d":"0.35"},{"v":0.326173622527,"d":"0.33"},{"v":2.60064462308,"d":"2.60"}]
[5,503,50330,{"v":9888.516621,"d":"9,888.52"},3960,{"v":0.400464514,"d":"0.40"}," ",410,50330001,{"v":5951.33837791,"d":"5,951.34"},1631,{"v":0.274056002,"d":"0.27"},{"v":203.911305499999,"d":"203.91"},{"v":0.921559671,"d":"0.92"},{"v":1503.06382299999,"d":"1,503.06"},{"v":127.936177,"d":"127.94"},1,"1_50330001_59365",{"v":0.865644859215,"d":"0.87"},{"v":0.00424520286942,"d":"0.00"},{"v":6.38081085432,"d":"6.38"},{"v":0.0342631005921,"d":"0.03"},"1_50330001_59365_337755","außerhalb GKL",{"v":0.865644859215,"d":"0.87"},{"v":1,"d":"1.00"},{"v":6.38081085432,"d":"6.38"}]
[5,503,50330,{"v":9888.516621,"d":"9,888.52"},3960,{"v":0.400464514,"d":"0.40"}," ",410,50330001,{"v":5951.33837791,"d":"5,951.34"},1631,{"v":0.274056002,"d":"0.27"},{"v":203.911305499999,"d":"203.91"},{"v":0.921559671,"d":"0.92"},{"v":1503.06382299999,"d":"1,503.06"},{"v":127.936177,"d":"127.94"},1,"1_50330001_59366",{"v":0.421940686308,"d":"0.42"},{"v":0.00206923635388,"d":"0.00"},{"v":3.11019430475,"d":"3.11"},{"v":0.0342631005921,"d":"0.03"},"1_50330001_59366_337756","außerhalb GKL",{"v":0.421940686308,"d":"0.42"},{"v":1,"d":"1.00"},{"v":3.11019430475,"d":"3.11"}]
[5,503,50330,{"v":9888.516621,"d":"9,888.52"},3960,{"v":0.400464514,"d":"0.40"}," ",410,50330001,{"v":5951.33837791,"d":"5,951.34"},1631,{"v":0.274056002,"d":"0.27"},{"v":203.911305499999,"d":"203.91"},{"v":0.921559671,"d":"0.92"},{"v":1503.06382299999,"d":"1,503.06"},{"v":127.936177,"d":"127.94"},1,"1_50330001_59367",{"v":0.177724594551,"d":"0.18"},{"v":0.000871577934903,"d":"0.00"},{"v":1.31003726288,"d":"1.31"},{"v":0.0342631005921,"d":"0.03"},"1_50330001_59367_337757","außerhalb GKL",{"v":0.177724594551,"d":"0.18"},{"v":1,"d":"1.00"},{"v":1.31003726288,"d":"1.31"}]
[5,503,50330,{"v":9888.516621,"d":"9,888.52"},3960,{"v":0.400464514,"d":"0.40"}," ",410,50330001,{"v":5951.33837791,"d":"5,951.34"},1631,{"v":0.274056002,"d":"0.27"},{"v":203.911305499999,"d":"203.91"},{"v":0.921559671,"d":"0.92"},{"v":1503.06382299999,"d":"1,503.06"},{"v":127.936177,"d":"127.94"},1,"1_50330001_59369",{"v":52.8525830211999,"d":"52.85"},{"v":0.259193980891,"d":"0.26"},{"v":389.585095817,"d":"389.59"},{"v":0.0342631005921,"d":"0.03"},"1_50330001_59369_337758","außerhalb GKL",{"v":0.416378531968,"d":"0.42"},{"v":7.87811130822E-3,"d":"0.01"},{"v":3.06919474887,"d":"3.07"}]
[5,503,50330,{"v":9888.516621,"d":"9,888.52"},3960,{"v":0.400464514,"d":"0.40"}," ",410,50330001,{"v":5951.33837791,"d":"5,951.34"},1631,{"v":0.274056002,"d":"0.27"},{"v":203.911305499999,"d":"203.91"},{"v":0.921559671,"d":"0.92"},{"v":1503.06382299999,"d":"1,503.06"},{"v":127.936177,"d":"127.94"},1,"1_50330001_59369",{"v":52.8525830211999,"d":"52.85"},{"v":0.259193980891,"d":"0.26"},{"v":389.585095817,"d":"389.59"},{"v":0.0342631005921,"d":"0.03"},"1_50330001_59369_337759","außerhalb GKL",{"v":0.936745815285,"d":"0.94"},{"v":0.0177237471045,"d":"0.02"},{"v":6.90490771394,"d":"6.90"}]
[5,503,50330,{"v":9888.516621,"d":"9,888.52"},3960,{"v":0.400464514,"d":"0.40"}," ",410,50330001,{"v":5951.33837791,"d":"5,951.34"},1631,{"v":0.274056002,"d":"0.27"},{"v":203.911305499999,"d":"203.91"},{"v":0.921559671,"d":"0.92"},{"v":1503.06382299999,"d":"1,503.06"},{"v":127.936177,"d":"127.94"},1,"1_50330001_59369",{"v":52.8525830211999,"d":"52.85"},{"v":0.259193980891,"d":"0.26"},{"v":389.585095817,"d":"389.59"},{"v":0.0342631005921,"d":"0.03"},"1_50330001_59369_337760","außerhalb GKL",{"v":0.092626489248,"d":"0.09"},{"v":0.00175254422685,"d":"0.00"},{"v":0.682765110541,"d":"0.68"}]
[5,503,50330,{"v":9888.516621,"d":"9,888.52"},3960,{"v":0.400464514,"d":"0.40"}," ",410,50330001,{"v":5951.33837791,"d":"5,951.34"},1631,{"v":0.274056002,"d":"0.27"},{"v":203.911305499999,"d":"203.91"},{"v":0.921559671,"d":"0.92"},{"v":1503.06382299999,"d":"1,503.06"},{"v":127.936177,"d":"127.94"},1,"1_50330001_59369",{"v":52.8525830211999,"d":"52.85"},{"v":0.259193980891,"d":"0.26"},{"v":389.585095817,"d":"389.59"},{"v":0.0342631005921,"d":"0.03"},"1_50330001_59369_337761","außerhalb GKL",{"v":10.9918122611,"d":"10.99"},{"v":0.207971146021,"d":"0.21"},{"v":81.0224588498,"d":"81.02"}]
[5,503,50330,{"v":9888.516621,"d":"9,888.52"},3960,{"v":0.400464514,"d":"0.40"}," ",410,50330001,{"v":5951.33837791,"d":"5,951.34"},1631,{"v":0.274056002,"d":"0.27"},{"v":203.911305499999,"d":"203.91"},{"v":0.921559671,"d":"0.92"},{"v":1503.06382299999,"d":"1,503.06"},{"v":127.936177,"d":"127.94"},1,"1_50330001_59369",{"v":52.8525830211999,"d":"52.85"},{"v":0.259193980891,"d":"0.26"},{"v":389.585095817,"d":"389.59"},{"v":0.0342631005921,"d":"0.03"},"1_50330001_59369_337762","außerhalb GKL",{"v":3.00321032086,"d":"3.00"},{"v":0.0568223944638,"d":"0.06"},{"v":22.1371579917,"d":"22.14"}]
[5,503,50330,{"v":9888.516621,"d":"9,888.52"},3960,{"v":0.400464514,"d":"0.40"}," ",410,50330001,{"v":5951.33837791,"d":"5,951.34"},1631,{"v":0.274056002,"d":"0.27"},{"v":203.911305499999,"d":"203.91"},{"v":0.921559671,"d":"0.92"},{"v":1503.06382299999,"d":"1,503.06"},{"v":127.936177,"d":"127.94"},1,"1_50330001_59370",{"v":1.01194136487,"d":"1.01"},{"v":0.00496265453447,"d":"0.00"},{"v":7.45918649681,"d":"7.46"},{"v":0.0342631005921,"d":"0.03"},"1_50330001_59370_337763","außerhalb GKL",{"v":1.01194136487,"d":"1.01"},{"v":1,"d":"1.00"},{"v":7.45918649681,"d":"7.46"}]
[5,503,50330,{"v":9888.516621,"d":"9,888.52"},3960,{"v":0.400464514,"d":"0.40"}," ",410,50330001,{"v":5951.33837791,"d":"5,951.34"},1631,{"v":0.274056002,"d":"0.27"},{"v":203.911305499999,"d":"203.91"},{"v":0.921559671,"d":"0.92"},{"v":1503.06382299999,"d":"1,503.06"},{"v":127.936177,"d":"127.94"},1,"1_50330001_59372",{"v":0.378355237029,"d":"0.38"},{"v":1.85548925844E-3,"d":"0.00"},{"v":2.78891877833,"d":"2.79"},{"v":0.0342631005921,"d":"0.03"},"1_50330001_59372_337764","außerhalb GKL",{"v":0.378355237029,"d":"0.38"},{"v":1,"d":"1.00"},{"v":2.78891877833,"d":"2.79"}]
[5,503,50330,{"v":9888.516621,"d":"9,888.52"},3960,{"v":0.400464514,"d":"0.40"}," ",410,50330001,{"v":5951.33837791,"d":"5,951.34"},1631,{"v":0.274056002,"d":"0.27"},{"v":203.911305499999,"d":"203.91"},{"v":0.921559671,"d":"0.92"},{"v":1503.06382299999,"d":"1,503.06"},{"v":127.936177,"d":"127.94"},1,"1_50330001_59373",{"v":61.2313247028999,"d":"61.23"},{"v":0.300284109078,"d":"0.30"},{"v":451.346180977,"d":"451.35"},{"v":0.0342631005921,"d":"0.03"},"1_50330001_59373_337765","außerhalb GKL",{"v":0.00357140023641,"d":"0.00"},{"v":5.8326359159e-05,"d":"0.00"},{"v":0.0263253794568,"d":"0.03"}]
[5,503,50330,{"v":9888.516621,"d":"9,888.52"},3960,{"v":0.400464514,"d":"0.40"}," ",410,50330001,{"v":5951.33837791,"d":"5,951.34"},1631,{"v":0.274056002,"d":"0.27"},{"v":203.911305499999,"d":"203.91"},{"v":0.921559671,"d":"0.92"},{"v":1503.06382299999,"d":"1,503.06"},{"v":127.936177,"d":"127.94"},1,"1_50330001_59373",{"v":61.2313247028999,"d":"61.23"},{"v":0.300284109078,"d":"0.30"},{"v":451.346180977,"d":"451.35"},{"v":0.0342631005921,"d":"0.03"},"1_50330001_59373_337766","außerhalb GKL",{"v":4.00219240993,"d":"4.00"},{"v":0.0653618459073,"d":"0.07"},{"v":29.5008195319,"d":"29.50"}]
[5,503,50330,{"v":9888.516621,"d":"9,888.52"},3960,{"v":0.400464514,"d":"0.40"}," ",410,50330001,{"v":5951.33837791,"d":"5,951.34"},1631,{"v":0.274056002,"d":"0.27"},{"v":203.911305499999,"d":"203.91"},{"v":0.921559671,"d":"0.92"},{"v":1503.06382299999,"d":"1,503.06"},{"v":127.936177,"d":"127.94"},1,"1_50330001_59373",{"v":61.2313247028999,"d":"61.23"},{"v":0.300284109078,"d":"0.30"},{"v":451.346180977,"d":"451.35"},{"v":0.0342631005921,"d":"0.03"},"1_50330001_59373_337767","außerhalb GKL",{"v":0.833652009549,"d":"0.83"},{"v":0.0136147962435,"d":"0.01"},{"v":6.14498628928,"d":"6.14"}]
[5,503,50330,{"v":9888.516621,"d":"9,888.52"},3960,{"v":0.400464514,"d":"0.40"}," ",410,50330001,{"v":5951.33837791,"d":"5,951.34"},1631,{"v":0.274056002,"d":"0.27"},{"v":203.911305499999,"d":"203.91"},{"v":0.921559671,"d":"0.92"},{"v":1503.06382299999,"d":"1,503.06"},{"v":127.936177,"d":"127.94"},1,"1_50330001_59373",{"v":61.2313247028999,"d":"61.23"},{"v":0.300284109078,"d":"0.30"},{"v":451.346180977,"d":"451.35"},{"v":0.0342631005921,"d":"0.03"},"1_50330001_59373_337768","außerhalb GKL",{"v":0.322443201715,"d":"0.32"},{"v":5.26598441696E-3,"d":"0.01"},{"v":2.37678195568,"d":"2.38"}]
[5,503,50335,{"v":4452.427886,"d":"4,452.43"},7628,{"v":1.713222582,"d":"1.71"},"M",410,50335001,{"v":1897.72974649999,"d":"1,897.73"},924,{"v":0.486897569,"d":"0.49"},{"v":88.73950747,"d":"88.74"},{"v":0.921559671,"d":"0.92"},{"v":851.5211358,"d":"851.52"},{"v":72.4788642299999,"d":"72.48"},1,"1_50335001_59459",{"v":4.9078106791,"d":"4.91"},{"v":0.0553058138255,"d":"0.06"},{"v":47.0940694049999,"d":"47.09"},{"v":0.0467608771131,"d":"0.05"},"1_50335001_59459_337769","außerhalb GKL",{"v":4.9078106791,"d":"4.91"},{"v":1,"d":"1.00"},{"v":47.0940694049999,"d":"47.09"}]
[5,503,50335,{"v":4452.427886,"d":"4,452.43"},7628,{"v":1.713222582,"d":"1.71"},"M",410,50335001,{"v":1897.72974649999,"d":"1,897.73"},924,{"v":0.486897569,"d":"0.49"},{"v":88.73950747,"d":"88.74"},{"v":0.921559671,"d":"0.92"},{"v":851.5211358,"d":"851.52"},{"v":72.4788642299999,"d":"72.48"},1,"1_50335001_59460",{"v":2.09707343243,"d":"2.10"},{"v":0.0236317903065,"d":"0.02"},{"v":20.1229689227999,"d":"20.12"},{"v":0.0467608771131,"d":"0.05"},"1_50335001_59460_337770","außerhalb GKL",{"v":2.09707343243,"d":"2.10"},{"v":1,"d":"1.00"},{"v":20.1229689227999,"d":"20.12"}]
[5,503,50335,{"v":4452.427886,"d":"4,452.43"},7628,{"v":1.713222582,"d":"1.71"},"M",410,50335001,{"v":1897.72974649999,"d":"1,897.73"},924,{"v":0.486897569,"d":"0.49"},{"v":88.73950747,"d":"88.74"},{"v":0.921559671,"d":"0.92"},{"v":851.5211358,"d":"851.52"},{"v":72.4788642299999,"d":"72.48"},1,"1_50335001_59461",{"v":1.81423803699,"d":"1.81"},{"v":0.020444535796,"d":"0.02"},{"v":17.4089543418999,"d":"17.41"},{"v":0.0467608771131,"d":"0.05"},"1_50335001_59461_337771","außerhalb GKL",{"v":1.81423803699,"d":"1.81"},{"v":1,"d":"1.00"},{"v":17.4089543418999,"d":"17.41"}]
[5,503,50335,{"v":4452.427886,"d":"4,452.43"},7628,{"v":1.713222582,"d":"1.71"},"M",410,50335001,{"v":1897.72974649999,"d":"1,897.73"},924,{"v":0.486897569,"d":"0.49"},{"v":88.73950747,"d":"88.74"},{"v":0.921559671,"d":"0.92"},{"v":851.5211358,"d":"851.52"},{"v":72.4788642299999,"d":"72.48"},1,"1_50335001_59462",{"v":3.948261165,"d":"3.95"},{"v":0.0444927099278,"d":"0.04"},{"v":37.8864828924999,"d":"37.89"},{"v":0.0467608771131,"d":"0.05"},"1_50335001_59462_337772","außerhalb GKL",{"v":3.94826116499,"d":"3.95"},{"v":0.999999999997,"d":"1.00"},{"v":37.8864828923999,"d":"37.89"}]
[5,503,50335,{"v":4452.427886,"d":"4,452.43"},7628,{"v":1.713222582,"d":"1.71"},"M",410,50335001,{"v":1897.72974649999,"d":"1,897.73"},924,{"v":0.486897569,"d":"0.49"},{"v":88.73950747,"d":"88.74"},{"v":0.921559671,"d":"0.92"},{"v":851.5211358,"d":"851.52"},{"v":72.4788642299999,"d":"72.48"},1,"1_50335001_59463",{"v":1.41045997086,"d":"1.41"},{"v":0.0158943858387,"d":"0.02"},{"v":13.5344054822,"d":"13.53"},{"v":0.0467608771131,"d":"0.05"},"1_50335001_59463_337773","außerhalb GKL",{"v":1.41045997086,"d":"1.41"},{"v":1,"d":"1.00"},{"v":13.5344054822,"d":"13.53"}]
[5,503,50335,{"v":4452.427886,"d":"4,452.43"},7628,{"v":1.713222582,"d":"1.71"},"M",410,50335001,{"v":1897.72974649999,"d":"1,897.73"},924,{"v":0.486897569,"d":"0.49"},{"v":88.73950747,"d":"88.74"},{"v":0.921559671,"d":"0.92"},{"v":851.5211358,"d":"851.52"},{"v":72.4788642299999,"d":"72.48"},1,"1_50335001_59464",{"v":1.64575543853,"d":"1.65"},{"v":0.0185459158547,"d":"0.02"},{"v":15.7922393329999,"d":"15.79"},{"v":0.0467608771131,"d":"0.05"},"1_50335001_59464_337774","außerhalb GKL",{"v":1.64575543853,"d":"1.65"},{"v":1,"d":"1.00"},{"v":15.7922393329999,"d":"15.79"}]
[5,503,50335,{"v":4452.427886,"d":"4,452.43"},7628,{"v":1.713222582,"d":"1.71"},"M",410,50335001,{"v":1897.72974649999,"d":"1,897.73"},924,{"v":0.486897569,"d":"0.49"},{"v":88.73950747,"d":"88.74"},{"v":0.921559671,"d":"0.92"},{"v":851.5211358,"d":"851.52"},{"v":72.4788642299999,"d":"72.48"},1,"1_50335001_59465",{"v":1.85763711867,"d":"1.86"},{"v":0.0209335973529,"d":"0.02"},{"v":17.8254005943,"d":"17.83"},{"v":0.0467608771131,"d":"0.05"},"1_50335001_59465_337775","außerhalb GKL",{"v":1.85763711867,"d":"1.86"},{"v":1,"d":"1.00"},{"v":17.8254005943,"d":"17.83"}]
[5,503,50335,{"v":4452.427886,"d":"4,452.43"},7628,{"v":1.713222582,"d":"1.71"},"M",410,50335001,{"v":1897.72974649999,"d":"1,897.73"},924,{"v":0.486897569,"d":"0.49"},{"v":88.73950747,"d":"88.74"},{"v":0.921559671,"d":"0.92"},{"v":851.5211358,"d":"851.52"},{"v":72.4788642299999,"d":"72.48"},1,"1_50335001_59466",{"v":0.9245903623,"d":"0.92"},{"v":0.0104191513866,"d":"0.01"},{"v":8.87212762279,"d":"8.87"},{"v":0.0467608771131,"d":"0.05"},"1_50335001_59466_337776","außerhalb GKL",{"v":0.9245903623,"d":"0.92"},{"v":1,"d":"1.00"},{"v":8.87212762279,"d":"8.87"}]
[5,503,50335,{"v":4452.427886,"d":"4,452.43"},7628,{"v":1.713222582,"d":"1.71"},"M",410,50335001,{"v":1897.72974649999,"d":"1,897.73"},924,{"v":0.486897569,"d":"0.49"},{"v":88.73950747,"d":"88.74"},{"v":0.921559671,"d":"0.92"},{"v":851.5211358,"d":"851.52"},{"v":72.4788642299999,"d":"72.48"},1,"1_50335001_59467",{"v":5.27381604344,"d":"5.27"},{"v":0.0594303055516,"d":"0.06"},{"v":50.6061612841999,"d":"50.61"},{"v":0.0467608771131,"d":"0.05"},"1_50335001_59467_337777","außerhalb GKL",{"v":5.27381604344,"d":"5.27"},{"v":1,"d":"1.00"},{"v":50.6061612841999,"d":"50.61"}]
[5,503,50335,{"v":4452.427886,"d":"4,452.43"},7628,{"v":1.713222582,"d":"1.71"},"M",410,50335001,{"v":1897.72974649999,"d":"1,897.73"},924,{"v":0.486897569,"d":"0.49"},{"v":88.73950747,"d":"88.74"},{"v":0.921559671,"d":"0.92"},{"v":851.5211358,"d":"851.52"},{"v":72.4788642299999,"d":"72.48"},1,"1_50335001_59468",{"v":2.57455074943,"d":"2.57"},{"v":0.029012452546,"d":"0.03"},{"v":24.7047165442999,"d":"24.70"},{"v":0.0467608771131,"d":"0.05"},"1_50335001_59468_337778","außerhalb GKL",{"v":2.57455074943,"d":"2.57"},{"v":1,"d":"1.00"},{"v":24.7047165442999,"d":"24.70"}]
[5,503,50335,{"v":4452.427886,"d":"4,452.43"},7628,{"v":1.713222582,"d":"1.71"},"M",410,50335001,{"v":1897.72974649999,"d":"1,897.73"},924,{"v":0.486897569,"d":"0.49"},{"v":88.73950747,"d":"88.74"},{"v":0.921559671,"d":"0.92"},{"v":851.5211358,"d":"851.52"},{"v":72.4788642299999,"d":"72.48"},1,"1_50335001_59469",{"v":3.78993746123,"d":"3.79"},{"v":0.0427085699401,"d":"0.04"},{"v":36.3672499838,"d":"36.37"},{"v":0.0467608771131,"d":"0.05"},"1_50335001_59469_337779","außerhalb GKL",{"v":3.78993746124,"d":"3.79"},{"v":1,"d":"1.00"},{"v":36.3672499838,"d":"36.37"}]
[5,503,50335,{"v":4452.427886,"d":"4,452.43"},7628,{"v":1.713222582,"d":"1.71"},"M",410,50335001,{"v":1897.72974649999,"d":"1,897.73"},924,{"v":0.486897569,"d":"0.49"},{"v":88.73950747,"d":"88.74"},{"v":0.921559671,"d":"0.92"},{"v":851.5211358,"d":"851.52"},{"v":72.4788642299999,"d":"72.48"},1,"1_50335001_59470",{"v":3.1210017967,"d":"3.12"},{"v":0.0351703754695,"d":"0.04"},{"v":29.9483180663,"d":"29.95"},{"v":0.0467608771131,"d":"0.05"},"1_50335001_59470_337780","außerhalb GKL",{"v":3.1210017967,"d":"3.12"},{"v":1,"d":"1.00"},{"v":29.9483180663,"d":"29.95"}]
[5,503,50335,{"v":4452.427886,"d":"4,452.43"},7628,{"v":1.713222582,"d":"1.71"},"M",410,50335001,{"v":1897.72974649999,"d":"1,897.73"},924,{"v":0.486897569,"d":"0.49"},{"v":88.73950747,"d":"88.74"},{"v":0.921559671,"d":"0.92"},{"v":851.5211358,"d":"851.52"},{"v":72.4788642299999,"d":"72.48"},1,"1_50335001_59471",{"v":5.28223374558,"d":"5.28"},{"v":0.0595251641144,"d":"0.06"},{"v":50.6869353554,"d":"50.69"},{"v":0.0467608771131,"d":"0.05"},"1_50335001_59471_337781","außerhalb GKL",{"v":5.28223374558,"d":"5.28"},{"v":1,"d":"1.00"},{"v":50.6869353554,"d":"50.69"}]
[5,503,50335,{"v":4452.427886,"d":"4,452.43"},7628,{"v":1.713222582,"d":"1.71"},"M",410,50335001,{"v":1897.72974649999,"d":"1,897.73"},924,{"v":0.486897569,"d":"0.49"},{"v":88.73950747,"d":"88.74"},{"v":0.921559671,"d":"0.92"},{"v":851.5211358,"d":"851.52"},{"v":72.4788642299999,"d":"72.48"},1,"1_50335001_59472",{"v":1.28643003305,"d":"1.29"},{"v":0.0144967001703,"d":"0.01"},{"v":12.3442465943999,"d":"12.34"},{"v":0.0467608771131,"d":"0.05"},"1_50335001_59472_337782","außerhalb GKL",{"v":1.28643003305,"d":"1.29"},{"v":1,"d":"1.00"},{"v":12.3442465943999,"d":"12.34"}]
[5,503,50335,{"v":4452.427886,"d":"4,452.43"},7628,{"v":1.713222582,"d":"1.71"},"M",410,50335001,{"v":1897.72974649999,"d":"1,897.73"},924,{"v":0.486897569,"d":"0.49"},{"v":88.73950747,"d":"88.74"},{"v":0.921559671,"d":"0.92"},{"v":851.5211358,"d":"851.52"},{"v":72.4788642299999,"d":"72.48"},1,"1_50335001_59473",{"v":2.42581738939,"d":"2.43"},{"v":0.0273363855463,"d":"0.03"},{"v":23.2775100691,"d":"23.28"},{"v":0.0467608771131,"d":"0.05"},"1_50335001_59473_337783","außerhalb GKL",{"v":2.42581738939,"d":"2.43"},{"v":1,"d":"1.00"},{"v":23.2775100691,"d":"23.28"}]
[5,503,50335,{"v":4452.427886,"d":"4,452.43"},7628,{"v":1.713222582,"d":"1.71"},"M",410,50335001,{"v":1897.72974649999,"d":"1,897.73"},924,{"v":0.486897569,"d":"0.49"},{"v":88.73950747,"d":"88.74"},{"v":0.921559671,"d":"0.92"},{"v":851.5211358,"d":"851.52"},{"v":72.4788642299999,"d":"72.48"},1,"1_50335001_59474",{"v":4.52837170915,"d":"4.53"},{"v":0.0510299396318,"d":"0.05"},{"v":43.4530721551,"d":"43.45"},{"v":0.0467608771131,"d":"0.05"},"1_50335001_59474_337784","außerhalb GKL",{"v":4.52837170915,"d":"4.53"},{"v":1,"d":"1.00"},{"v":43.4530721551,"d":"43.45"}]
[5,503,50335,{"v":4452.427886,"d":"4,452.43"},7628,{"v":1.713222582,"d":"1.71"},"M",410,50335005,{"v":1226.02576505999,"d":"1,226.03"},1956,{"v":1.595398772,"d":"1.60"},{"v":129.416462099999,"d":"129.42"},{"v":0.921559671,"d":"0.92"},{"v":1802.57071599999,"d":"1,802.57"},{"v":153.429283999999,"d":"153.43"},1,"1_50335005_59528",{"v":3.51775182891,"d":"3.52"},{"v":0.0271816411284,"d":"0.03"},{"v":48.9968303109,"d":"49.00"},{"v":0.105557701794,"d":"0.11"},"1_50335005_59528_337785","außerhalb GKL",{"v":3.51775182891,"d":"3.52"},{"v":1,"d":"1.00"},{"v":48.9968303109,"d":"49.00"}]
[5,503,50336,{"v":9401.955319,"d":"9,401.96"},3641,{"v":0.387259871,"d":"0.39"}," ",220,50336001,{"v":8456.83176654999,"d":"8,456.83"},2271,{"v":0.268540283,"d":"0.27"},{"v":233.122786899999,"d":"233.12"},{"v":0.975109986,"d":"0.98"},{"v":2214.474779,"d":"2,214.47"},{"v":56.5252214799999,"d":"56.53"},1,"1_50336001_59545",{"v":174.057356862999,"d":"174.06"},{"v":0.746633819789,"d":"0.75"},{"v":1653.40176307,"d":"1,653.40"},{"v":0.0275662084023,"d":"0.03"},"1_50336001_59545_337786","D",{"v":0.0640910021055,"d":"0.06"},{"v":0.000368217714325,"d":"0.00"},{"v":0.608811818059,"d":"0.61"}]
[5,503,50336,{"v":9401.955319,"d":"9,401.96"},3641,{"v":0.387259871,"d":"0.39"}," ",220,50336001,{"v":8456.83176654999,"d":"8,456.83"},2271,{"v":0.268540283,"d":"0.27"},{"v":233.122786899999,"d":"233.12"},{"v":0.975109986,"d":"0.98"},{"v":2214.474779,"d":"2,214.47"},{"v":56.5252214799999,"d":"56.53"},1,"1_50336001_59545",{"v":174.057356862999,"d":"174.06"},{"v":0.746633819789,"d":"0.75"},{"v":1653.40176307,"d":"1,653.40"},{"v":0.0275662084023,"d":"0.03"},"1_50336001_59545_337787","D",{"v":9.24875984005,"d":"9.25"},{"v":0.0531362764938,"d":"0.05"},{"v":87.8556132378,"d":"87.86"}]
[5,503,50336,{"v":9401.955319,"d":"9,401.96"},3641,{"v":0.387259871,"d":"0.39"}," ",220,50336001,{"v":8456.83176654999,"d":"8,456.83"},2271,{"v":0.268540283,"d":"0.27"},{"v":233.122786899999,"d":"233.12"},{"v":0.975109986,"d":"0.98"},{"v":2214.474779,"d":"2,214.47"},{"v":56.5252214799999,"d":"56.53"},1,"1_50336001_59545",{"v":174.057356862999,"d":"174.06"},{"v":0.746633819789,"d":"0.75"},{"v":1653.40176307,"d":"1,653.40"},{"v":0.0275662084023,"d":"0.03"},"1_50336001_59545_337788","E",{"v":6.28032808575,"d":"6.28"},{"v":0.0360819456238,"d":"0.04"},{"v":59.6579525093999,"d":"59.66"}]
[5,503,50336,{"v":9401.955319,"d":"9,401.96"},3641,{"v":0.387259871,"d":"0.39"}," ",220,50336001,{"v":8456.83176654999,"d":"8,456.83"},2271,{"v":0.268540283,"d":"0.27"},{"v":233.122786899999,"d":"233.12"},{"v":0.975109986,"d":"0.98"},{"v":2214.474779,"d":"2,214.47"},{"v":56.5252214799999,"d":"56.53"},1,"1_50336001_59545",{"v":174.057356862999,"d":"174.06"},{"v":0.746633819789,"d":"0.75"},{"v":1653.40176307,"d":"1,653.40"},{"v":0.0275662084023,"d":"0.03"},"1_50336001_59545_337789","E",{"v":7.72574210687,"d":"7.73"},{"v":0.0443861853708,"d":"0.04"},{"v":73.388197148,"d":"73.39"}]
[5,503,50336,{"v":9401.955319,"d":"9,401.96"},3641,{"v":0.387259871,"d":"0.39"}," ",220,50336001,{"v":8456.83176654999,"d":"8,456.83"},2271,{"v":0.268540283,"d":"0.27"},{"v":233.122786899999,"d":"233.12"},{"v":0.975109986,"d":"0.98"},{"v":2214.474779,"d":"2,214.47"},{"v":56.5252214799999,"d":"56.53"},1,"1_50336001_59545",{"v":174.057356862999,"d":"174.06"},{"v":0.746633819789,"d":"0.75"},{"v":1653.40176307,"d":"1,653.40"},{"v":0.0275662084023,"d":"0.03"},"1_50336001_59545_337790","E",{"v":0.818195006386,"d":"0.82"},{"v":0.00470072061953,"d":"0.00"},{"v":7.77217976003,"d":"7.77"}]
[5,503,50336,{"v":9401.955319,"d":"9,401.96"},3641,{"v":0.387259871,"d":"0.39"}," ",220,50336001,{"v":8456.83176654999,"d":"8,456.83"},2271,{"v":0.268540283,"d":"0.27"},{"v":233.122786899999,"d":"233.12"},{"v":0.975109986,"d":"0.98"},{"v":2214.474779,"d":"2,214.47"},{"v":56.5252214799999,"d":"56.53"},1,"1_50336001_59545",{"v":174.057356862999,"d":"174.06"},{"v":0.746633819789,"d":"0.75"},{"v":1653.40176307,"d":"1,653.40"},{"v":0.0275662084023,"d":"0.03"},"1_50336001_59545_337791","E",{"v":3.24509577474,"d":"3.25"},{"v":0.018643830018,"d":"0.02"},{"v":30.8257414220999,"d":"30.83"}]
[5,503,50336,{"v":9401.955319,"d":"9,401.96"},3641,{"v":0.387259871,"d":"0.39"}," ",220,50336001,{"v":8456.83176654999,"d":"8,456.83"},2271,{"v":0.268540283,"d":"0.27"},{"v":233.122786899999,"d":"233.12"},{"v":0.975109986,"d":"0.98"},{"v":2214.474779,"d":"2,214.47"},{"v":56.5252214799999,"d":"56.53"},1,"1_50336001_59545",{"v":174.057356862999,"d":"174.06"},{"v":0.746633819789,"d":"0.75"},{"v":1653.40176307,"d":"1,653.40"},{"v":0.0275662084023,"d":"0.03"},"1_50336001_59545_337792","E",{"v":5.78010303989,"d":"5.78"},{"v":0.0332080363856,"d":"0.03"},{"v":54.906225908,"d":"54.91"}]
[5,503,50336,{"v":9401.955319,"d":"9,401.96"},3641,{"v":0.387259871,"d":"0.39"}," ",220,50336001,{"v":8456.83176654999,"d":"8,456.83"},2271,{"v":0.268540283,"d":"0.27"},{"v":233.122786899999,"d":"233.12"},{"v":0.975109986,"d":"0.98"},{"v":2214.474779,"d":"2,214.47"},{"v":56.5252214799999,"d":"56.53"},1,"1_50336001_59545",{"v":174.057356862999,"d":"174.06"},{"v":0.746633819789,"d":"0.75"},{"v":1653.40176307,"d":"1,653.40"},{"v":0.0275662084023,"d":"0.03"},"1_50336001_59545_337793","E",{"v":5.75911247597,"d":"5.76"},{"v":0.0330874407136,"d":"0.03"},{"v":54.7068328113,"d":"54.71"}]
[5,503,50336,{"v":9401.955319,"d":"9,401.96"},3641,{"v":0.387259871,"d":"0.39"}," ",220,50336001,{"v":8456.83176654999,"d":"8,456.83"},2271,{"v":0.268540283,"d":"0.27"},{"v":233.122786899999,"d":"233.12"},{"v":0.975109986,"d":"0.98"},{"v":2214.474779,"d":"2,214.47"},{"v":56.5252214799999,"d":"56.53"},1,"1_50336001_59545",{"v":174.057356862999,"d":"174.06"},{"v":0.746633819789,"d":"0.75"},{"v":1653.40176307,"d":"1,653.40"},{"v":0.0275662084023,"d":"0.03"},"1_50336001_59545_337794","E",{"v":5.35028099815,"d":"5.35"},{"v":0.0307386087815,"d":"0.03"},{"v":50.8232699536999,"d":"50.82"}]
[5,503,50336,{"v":9401.955319,"d":"9,401.96"},3641,{"v":0.387259871,"d":"0.39"}," ",220,50336001,{"v":8456.83176654999,"d":"8,456.83"},2271,{"v":0.268540283,"d":"0.27"},{"v":233.122786899999,"d":"233.12"},{"v":0.975109986,"d":"0.98"},{"v":2214.474779,"d":"2,214.47"},{"v":56.5252214799999,"d":"56.53"},1,"1_50336001_59545",{"v":174.057356862999,"d":"174.06"},{"v":0.746633819789,"d":"0.75"},{"v":1653.40176307,"d":"1,653.40"},{"v":0.0275662084023,"d":"0.03"},"1_50336001_59545_337795","E",{"v":2.13105351289,"d":"2.13"},{"v":0.0122433981033,"d":"0.01"},{"v":20.24325601,"d":"20.24"}]
[5,503,50336,{"v":9401.955319,"d":"9,401.96"},3641,{"v":0.387259871,"d":"0.39"}," ",220,50336001,{"v":8456.83176654999,"d":"8,456.83"},2271,{"v":0.268540283,"d":"0.27"},{"v":233.122786899999,"d":"233.12"},{"v":0.975109986,"d":"0.98"},{"v":2214.474779,"d":"2,214.47"},{"v":56.5252214799999,"d":"56.53"},1,"1_50336001_59545",{"v":174.057356862999,"d":"174.06"},{"v":0.746633819789,"d":"0.75"},{"v":1653.40176307,"d":"1,653.40"},{"v":0.0275662084023,"d":"0.03"},"1_50336001_59545_337796","E",{"v":2.44133939453,"d":"2.44"},{"v":0.0140260626642,"d":"0.01"},{"v":23.1907167379,"d":"23.19"}]
[5,503,50336,{"v":9401.955319,"d":"9,401.96"},3641,{"v":0.387259871,"d":"0.39"}," ",220,50336001,{"v":8456.83176654999,"d":"8,456.83"},2271,{"v":0.268540283,"d":"0.27"},{"v":233.122786899999,"d":"233.12"},{"v":0.975109986,"d":"0.98"},{"v":2214.474779,"d":"2,214.47"},{"v":56.5252214799999,"d":"56.53"},1,"1_50336001_59545",{"v":174.057356862999,"d":"174.06"},{"v":0.746633819789,"d":"0.75"},{"v":1653.40176307,"d":"1,653.40"},{"v":0.0275662084023,"d":"0.03"},"1_50336001_59545_337797","F",{"v":0.41051580772,"d":"0.41"},{"v":0.00235850879916,"d":"0.00"},{"v":3.89956260675,"d":"3.90"}]
[5,503,50336,{"v":9401.955319,"d":"9,401.96"},3641,{"v":0.387259871,"d":"0.39"}," ",220,50336001,{"v":8456.83176654999,"d":"8,456.83"},2271,{"v":0.268540283,"d":"0.27"},{"v":233.122786899999,"d":"233.12"},{"v":0.975109986,"d":"0.98"},{"v":2214.474779,"d":"2,214.47"},{"v":56.5252214799999,"d":"56.53"},1,"1_50336001_59545",{"v":174.057356862999,"d":"174.06"},{"v":0.746633819789,"d":"0.75"},{"v":1653.40176307,"d":"1,653.40"},{"v":0.0275662084023,"d":"0.03"},"1_50336001_59545_337798","F",{"v":5.32462372035,"d":"5.32"},{"v":0.0305912017528,"d":"0.03"},{"v":50.5795469125,"d":"50.58"}]
[5,503,50336,{"v":9401.955319,"d":"9,401.96"},3641,{"v":0.387259871,"d":"0.39"}," ",220,50336001,{"v":8456.83176654999,"d":"8,456.83"},2271,{"v":0.268540283,"d":"0.27"},{"v":233.122786899999,"d":"233.12"},{"v":0.975109986,"d":"0.98"},{"v":2214.474779,"d":"2,214.47"},{"v":56.5252214799999,"d":"56.53"},1,"1_50336001_59545",{"v":174.057356862999,"d":"174.06"},{"v":0.746633819789,"d":"0.75"},{"v":1653.40176307,"d":"1,653.40"},{"v":0.0275662084023,"d":"0.03"},"1_50336001_59545_337799","F",{"v":0.0570937161756,"d":"0.06"},{"v":3.28016679126E-4,"d":"0.00"},{"v":0.542343355583,"d":"0.54"}]
[5,503,50336,{"v":9401.955319,"d":"9,401.96"},3641,{"v":0.387259871,"d":"0.39"}," ",220,50336001,{"v":8456.83176654999,"d":"8,456.83"},2271,{"v":0.268540283,"d":"0.27"},{"v":233.122786899999,"d":"233.12"},{"v":0.975109986,"d":"0.98"},{"v":2214.474779,"d":"2,214.47"},{"v":56.5252214799999,"d":"56.53"},1,"1_50336001_59545",{"v":174.057356862999,"d":"174.06"},{"v":0.746633819789,"d":"0.75"},{"v":1653.40176307,"d":"1,653.40"},{"v":0.0275662084023,"d":"0.03"},"1_50336001_59545_337800","F",{"v":17.3278372025,"d":"17.33"},{"v":0.0995524550918,"d":"0.10"},{"v":164.600204767,"d":"164.60"}]
[5,503,50336,{"v":9401.955319,"d":"9,401.96"},3641,{"v":0.387259871,"d":"0.39"}," ",220,50336001,{"v":8456.83176654999,"d":"8,456.83"},2271,{"v":0.268540283,"d":"0.27"},{"v":233.122786899999,"d":"233.12"},{"v":0.975109986,"d":"0.98"},{"v":2214.474779,"d":"2,214.47"},{"v":56.5252214799999,"d":"56.53"},1,"1_50336001_59545",{"v":174.057356862999,"d":"174.06"},{"v":0.746633819789,"d":"0.75"},{"v":1653.40176307,"d":"1,653.40"},{"v":0.0275662084023,"d":"0.03"},"1_50336001_59545_337801","F",{"v":0.0223627833598,"d":"0.02"},{"v":1.28479391867E-4,"d":"0.00"},{"v":0.212428053031,"d":"0.21"}]
[5,503,50336,{"v":9401.955319,"d":"9,401.96"},3641,{"v":0.387259871,"d":"0.39"}," ",220,50336001,{"v":8456.83176654999,"d":"8,456.83"},2271,{"v":0.268540283,"d":"0.27"},{"v":233.122786899999,"d":"233.12"},{"v":0.975109986,"d":"0.98"},{"v":2214.474779,"d":"2,214.47"},{"v":56.5252214799999,"d":"56.53"},1,"1_50336001_59545",{"v":174.057356862999,"d":"174.06"},{"v":0.746633819789,"d":"0.75"},{"v":1653.40176307,"d":"1,653.40"},{"v":0.0275662084023,"d":"0.03"},"1_50336001_59545_337802","F",{"v":0.319413188702,"d":"0.32"},{"v":0.00183510306291,"d":"0.00"},{"v":3.03416263963,"d":"3.03"}]
[5,503,50336,{"v":9401.955319,"d":"9,401.96"},3641,{"v":0.387259871,"d":"0.39"}," ",220,50336001,{"v":8456.83176654999,"d":"8,456.83"},2271,{"v":0.268540283,"d":"0.27"},{"v":233.122786899999,"d":"233.12"},{"v":0.975109986,"d":"0.98"},{"v":2214.474779,"d":"2,214.47"},{"v":56.5252214799999,"d":"56.53"},1,"1_50336001_59545",{"v":174.057356862999,"d":"174.06"},{"v":0.746633819789,"d":"0.75"},{"v":1653.40176307,"d":"1,653.40"},{"v":0.0275662084023,"d":"0.03"},"1_50336001_59545_337803","F",{"v":1.11364250826,"d":"1.11"},{"v":0.00639813523732,"d":"0.01"},{"v":10.5786880816999,"d":"10.58"}]
[5,503,50336,{"v":9401.955319,"d":"9,401.96"},3641,{"v":0.387259871,"d":"0.39"}," ",220,50336001,{"v":8456.83176654999,"d":"8,456.83"},2271,{"v":0.268540283,"d":"0.27"},{"v":233.122786899999,"d":"233.12"},{"v":0.975109986,"d":"0.98"},{"v":2214.474779,"d":"2,214.47"},{"v":56.5252214799999,"d":"56.53"},1,"1_50336001_59545",{"v":174.057356862999,"d":"174.06"},{"v":0.746633819789,"d":"0.75"},{"v":1653.40176307,"d":"1,653.40"},{"v":0.0275662084023,"d":"0.03"},"1_50336001_59545_337804","F",{"v":11.3014136558999,"d":"11.30"},{"v":0.0649292501023,"d":"0.06"},{"v":107.354136593999,"d":"107.35"}]
[5,503,50336,{"v":9401.955319,"d":"9,401.96"},3641,{"v":0.387259871,"d":"0.39"}," ",220,50336001,{"v":8456.83176654999,"d":"8,456.83"},2271,{"v":0.268540283,"d":"0.27"},{"v":233.122786899999,"d":"233.12"},{"v":0.975109986,"d":"0.98"},{"v":2214.474779,"d":"2,214.47"},{"v":56.5252214799999,"d":"56.53"},1,"1_50336001_59545",{"v":174.057356862999,"d":"174.06"},{"v":0.746633819789,"d":"0.75"},{"v":1653.40176307,"d":"1,653.40"},{"v":0.0275662084023,"d":"0.03"},"1_50336001_59545_337805","F",{"v":13.9156108532,"d":"13.92"},{"v":0.0799484210492,"d":"0.08"},{"v":132.186860316999,"d":"132.19"}]
[5,503,50336,{"v":9401.955319,"d":"9,401.96"},3641,{"v":0.387259871,"d":"0.39"}," ",220,50336001,{"v":8456.83176654999,"d":"8,456.83"},2271,{"v":0.268540283,"d":"0.27"},{"v":233.122786899999,"d":"233.12"},{"v":0.975109986,"d":"0.98"},{"v":2214.474779,"d":"2,214.47"},{"v":56.5252214799999,"d":"56.53"},1,"1_50336001_59545",{"v":174.057356862999,"d":"174.06"},{"v":0.746633819789,"d":"0.75"},{"v":1653.40176307,"d":"1,653.40"},{"v":0.0275662084023,"d":"0.03"},"1_50336001_59545_337806","F",{"v":5.30844230979,"d":"5.31"},{"v":0.0304982357854,"d":"0.03"},{"v":50.4258368181,"d":"50.43"}]
[5,503,50336,{"v":9401.955319,"d":"9,401.96"},3641,{"v":0.387259871,"d":"0.39"}," ",220,50336001,{"v":8456.83176654999,"d":"8,456.83"},2271,{"v":0.268540283,"d":"0.27"},{"v":233.122786899999,"d":"233.12"},{"v":0.975109986,"d":"0.98"},{"v":2214.474779,"d":"2,214.47"},{"v":56.5252214799999,"d":"56.53"},1,"1_50336001_59545",{"v":174.057356862999,"d":"174.06"},{"v":0.746633819789,"d":"0.75"},{"v":1653.40176307,"d":"1,653.40"},{"v":0.0275662084023,"d":"0.03"},"1_50336001_59545_337807","F",{"v":0.0626648389497,"d":"0.06"},{"v":0.000360024075277,"d":"0.00"},{"v":0.595264440811,"d":"0.60"}]
[5,503,50336,{"v":9401.955319,"d":"9,401.96"},3641,{"v":0.387259871,"d":"0.39"}," ",220,50336001,{"v":8456.83176654999,"d":"8,456.83"},2271,{"v":0.268540283,"d":"0.27"},{"v":233.122786899999,"d":"233.12"},{"v":0.975109986,"d":"0.98"},{"v":2214.474779,"d":"2,214.47"},{"v":56.5252214799999,"d":"56.53"},1,"1_50336001_59545",{"v":174.057356862999,"d":"174.06"},{"v":0.746633819789,"d":"0.75"},{"v":1653.40176307,"d":"1,653.40"},{"v":0.0275662084023,"d":"0.03"},"1_50336001_59545_337808","G",{"v":2.05241935933,"d":"2.05"},{"v":0.0117916266013,"d":"0.01"},{"v":19.4962962120999,"d":"19.50"}]
[5,503,50336,{"v":9401.955319,"d":"9,401.96"},3641,{"v":0.387259871,"d":"0.39"}," ",220,50336001,{"v":8456.83176654999,"d":"8,456.83"},2271,{"v":0.268540283,"d":"0.27"},{"v":233.122786899999,"d":"233.12"},{"v":0.975109986,"d":"0.98"},{"v":2214.474779,"d":"2,214.47"},{"v":56.5252214799999,"d":"56.53"},1,"1_50336001_59545",{"v":174.057356862999,"d":"174.06"},{"v":0.746633819789,"d":"0.75"},{"v":1653.40176307,"d":"1,653.40"},{"v":0.0275662084023,"d":"0.03"},"1_50336001_59545_337809","G",{"v":0.643906647989,"d":"0.64"},{"v":0.00369939346198,"d":"0.00"},{"v":6.11658367233,"d":"6.12"}]
[5,503,50336,{"v":9401.955319,"d":"9,401.96"},3641,{"v":0.387259871,"d":"0.39"}," ",220,50336001,{"v":8456.83176654999,"d":"8,456.83"},2271,{"v":0.268540283,"d":"0.27"},{"v":233.122786899999,"d":"233.12"},{"v":0.975109986,"d":"0.98"},{"v":2214.474779,"d":"2,214.47"},{"v":56.5252214799999,"d":"56.53"},1,"1_50336001_59545",{"v":174.057356862999,"d":"174.06"},{"v":0.746633819789,"d":"0.75"},{"v":1653.40176307,"d":"1,653.40"},{"v":0.0275662084023,"d":"0.03"},"1_50336001_59545_337810","G",{"v":1.1508657203,"d":"1.15"},{"v":0.00661199124841,"d":"0.01"},{"v":10.9322779874999,"d":"10.93"}]
[5,503,50336,{"v":9401.955319,"d":"9,401.96"},3641,{"v":0.387259871,"d":"0.39"}," ",220,50336001,{"v":8456.83176654999,"d":"8,456.83"},2271,{"v":0.268540283,"d":"0.27"},{"v":233.122786899999,"d":"233.12"},{"v":0.975109986,"d":"0.98"},{"v":2214.474779,"d":"2,214.47"},{"v":56.5252214799999,"d":"56.53"},1,"1_50336001_59545",{"v":174.057356862999,"d":"174.06"},{"v":0.746633819789,"d":"0.75"},{"v":1653.40176307,"d":"1,653.40"},{"v":0.0275662084023,"d":"0.03"},"1_50336001_59545_337811","G",{"v":0.0246553268959,"d":"0.02"},{"v":1.41650587716E-4,"d":"0.00"},{"v":0.23420533147,"d":"0.23"}]
[5,503,50336,{"v":9401.955319,"d":"9,401.96"},3641,{"v":0.387259871,"d":"0.39"}," ",220,50336001,{"v":8456.83176654999,"d":"8,456.83"},2271,{"v":0.268540283,"d":"0.27"},{"v":233.122786899999,"d":"233.12"},{"v":0.975109986,"d":"0.98"},{"v":2214.474779,"d":"2,214.47"},{"v":56.5252214799999,"d":"56.53"},1,"1_50336001_59545",{"v":174.057356862999,"d":"174.06"},{"v":0.746633819789,"d":"0.75"},{"v":1653.40176307,"d":"1,653.40"},{"v":0.0275662084023,"d":"0.03"},"1_50336001_59545_337812","G",{"v":25.0589990556,"d":"25.06"},{"v":0.143969778165,"d":"0.14"},{"v":238.039885047,"d":"238.04"}]
[5,503,50336,{"v":9401.955319,"d":"9,401.96"},3641,{"v":0.387259871,"d":"0.39"}," ",220,50336001,{"v":8456.83176654999,"d":"8,456.83"},2271,{"v":0.268540283,"d":"0.27"},{"v":233.122786899999,"d":"233.12"},{"v":0.975109986,"d":"0.98"},{"v":2214.474779,"d":"2,214.47"},{"v":56.5252214799999,"d":"56.53"},1,"1_50336001_59545",{"v":174.057356862999,"d":"174.06"},{"v":0.746633819789,"d":"0.75"},{"v":1653.40176307,"d":"1,653.40"},{"v":0.0275662084023,"d":"0.03"},"1_50336001_59545_337813","G",{"v":10.4130862315999,"d":"10.41"},{"v":0.0598256024294,"d":"0.06"},{"v":98.9157565335,"d":"98.92"}]
[5,503,50336,{"v":9401.955319,"d":"9,401.96"},3641,{"v":0.387259871,"d":"0.39"}," ",220,50336001,{"v":8456.83176654999,"d":"8,456.83"},2271,{"v":0.268540283,"d":"0.27"},{"v":233.122786899999,"d":"233.12"},{"v":0.975109986,"d":"0.98"},{"v":2214.474779,"d":"2,214.47"},{"v":56.5252214799999,"d":"56.53"},1,"1_50336001_59545",{"v":174.057356862999,"d":"174.06"},{"v":0.746633819789,"d":"0.75"},{"v":1653.40176307,"d":"1,653.40"},{"v":0.0275662084023,"d":"0.03"},"1_50336001_59545_337814","G",{"v":9.2081766455,"d":"9.21"},{"v":0.0529031166017,"d":"0.05"},{"v":87.4701062611,"d":"87.47"}]
[5,503,50336,{"v":9401.955319,"d":"9,401.96"},3641,{"v":0.387259871,"d":"0.39"}," ",220,50336001,{"v":8456.83176654999,"d":"8,456.83"},2271,{"v":0.268540283,"d":"0.27"},{"v":233.122786899999,"d":"233.12"},{"v":0.975109986,"d":"0.98"},{"v":2214.474779,"d":"2,214.47"},{"v":56.5252214799999,"d":"56.53"},1,"1_50336001_59546",{"v":28.1953251682,"d":"28.20"},{"v":0.120946242721,"d":"0.12"},{"v":267.832404119999,"d":"267.83"},{"v":0.0275662084023,"d":"0.03"},"1_50336001_59546_337815","außerhalb GKL",{"v":0.166755672554,"d":"0.17"},{"v":0.00591430216035,"d":"0.01"},{"v":1.5840417663,"d":"1.58"}]
[5,503,50336,{"v":9401.955319,"d":"9,401.96"},3641,{"v":0.387259871,"d":"0.39"}," ",220,50336001,{"v":8456.83176654999,"d":"8,456.83"},2271,{"v":0.268540283,"d":"0.27"},{"v":233.122786899999,"d":"233.12"},{"v":0.975109986,"d":"0.98"},{"v":2214.474779,"d":"2,214.47"},{"v":56.5252214799999,"d":"56.53"},1,"1_50336001_59546",{"v":28.1953251682,"d":"28.20"},{"v":0.120946242721,"d":"0.12"},{"v":267.832404119999,"d":"267.83"},{"v":0.0275662084023,"d":"0.03"},"1_50336001_59546_337816","außerhalb GKL",{"v":21.8404606415,"d":"21.84"},{"v":0.774612830716,"d":"0.77"},{"v":207.466416713,"d":"207.47"}]
[5,503,50336,{"v":9401.955319,"d":"9,401.96"},3641,{"v":0.387259871,"d":"0.39"}," ",220,50336001,{"v":8456.83176654999,"d":"8,456.83"},2271,{"v":0.268540283,"d":"0.27"},{"v":233.122786899999,"d":"233.12"},{"v":0.975109986,"d":"0.98"},{"v":2214.474779,"d":"2,214.47"},{"v":56.5252214799999,"d":"56.53"},1,"1_50336001_59547",{"v":0.0913744079282,"d":"0.09"},{"v":0.000391958285774,"d":"0.00"},{"v":0.867981738267,"d":"0.87"},{"v":0.0275662084023,"d":"0.03"},"1_50336001_59547_337817","außerhalb GKL",{"v":0.0911628248199,"d":"0.09"},{"v":0.997684437983,"d":"1.00"},{"v":0.865971872722,"d":"0.87"}]
[5,503,50336,{"v":9401.955319,"d":"9,401.96"},3641,{"v":0.387259871,"d":"0.39"}," ",220,50336001,{"v":8456.83176654999,"d":"8,456.83"},2271,{"v":0.268540283,"d":"0.27"},{"v":233.122786899999,"d":"233.12"},{"v":0.975109986,"d":"0.98"},{"v":2214.474779,"d":"2,214.47"},{"v":56.5252214799999,"d":"56.53"},1,"1_50336001_59548",{"v":30.7787304291999,"d":"30.78"},{"v":0.132027979068,"d":"0.13"},{"v":292.372629768,"d":"292.37"},{"v":0.0275662084023,"d":"0.03"},"1_50336001_59548_337818","außerhalb GKL",{"v":1.43253413051,"d":"1.43"},{"v":0.0465429896079,"d":"0.05"},{"v":13.6078962688999,"d":"13.61"}]
[5,503,50336,{"v":9401.955319,"d":"9,401.96"},3641,{"v":0.387259871,"d":"0.39"}," ",220,50336001,{"v":8456.83176654999,"d":"8,456.83"},2271,{"v":0.268540283,"d":"0.27"},{"v":233.122786899999,"d":"233.12"},{"v":0.975109986,"d":"0.98"},{"v":2214.474779,"d":"2,214.47"},{"v":56.5252214799999,"d":"56.53"},1,"1_50336001_59548",{"v":30.7787304291999,"d":"30.78"},{"v":0.132027979068,"d":"0.13"},{"v":292.372629768,"d":"292.37"},{"v":0.0275662084023,"d":"0.03"},"1_50336001_59548_337819","außerhalb GKL",{"v":0.44947248521,"d":"0.45"},{"v":0.0146033471473,"d":"0.01"},{"v":4.26961900887,"d":"4.27"}]
[6,612,61205,{"v":4304.71733299999,"d":"4,304.72"},810,{"v":0.188165665,"d":"0.19"},"M",430,61205000,{"v":4304.71733312,"d":"4,304.72"},810,{"v":0.188165665,"d":"0.19"},{"v":83.8556750399999,"d":"83.86"},{"v":0.905906425,"d":"0.91"},{"v":733.7842041,"d":"733.78"},{"v":76.21579594,"d":"76.22"},1,"1_61205000_68983",{"v":0.537163720183,"d":"0.54"},{"v":0.00640581236663,"d":"0.01"},{"v":4.70048392906,"d":"4.70"},{"v":0.0194799492164,"d":"0.02"},"1_61205000_68983_337820","außerhalb GKL",{"v":0.537163720182,"d":"0.54"},{"v":0.999999999998,"d":"1.00"},{"v":4.70048392905,"d":"4.70"}]
[6,612,61205,{"v":4304.71733299999,"d":"4,304.72"},810,{"v":0.188165665,"d":"0.19"},"M",430,61205000,{"v":4304.71733312,"d":"4,304.72"},810,{"v":0.188165665,"d":"0.19"},{"v":83.8556750399999,"d":"83.86"},{"v":0.905906425,"d":"0.91"},{"v":733.7842041,"d":"733.78"},{"v":76.21579594,"d":"76.22"},1,"1_61205000_68984",{"v":0.509824613305,"d":"0.51"},{"v":0.00607978664607,"d":"0.01"},{"v":4.46125140518,"d":"4.46"},{"v":0.0194799492164,"d":"0.02"},"1_61205000_68984_337821","außerhalb GKL",{"v":0.450254572169,"d":"0.45"},{"v":0.883155815586,"d":"0.88"},{"v":3.93998012328,"d":"3.94"}]
[6,612,61205,{"v":4304.71733299999,"d":"4,304.72"},810,{"v":0.188165665,"d":"0.19"},"M",430,61205000,{"v":4304.71733312,"d":"4,304.72"},810,{"v":0.188165665,"d":"0.19"},{"v":83.8556750399999,"d":"83.86"},{"v":0.905906425,"d":"0.91"},{"v":733.7842041,"d":"733.78"},{"v":76.21579594,"d":"76.22"},1,"1_61205000_68985",{"v":0.480666561695,"d":"0.48"},{"v":0.00573206955243,"d":"0.01"},{"v":4.20610209438,"d":"4.21"},{"v":0.0194799492164,"d":"0.02"},"1_61205000_68985_337822","außerhalb GKL",{"v":0.480666561695,"d":"0.48"},{"v":1,"d":"1.00"},{"v":4.20610209438,"d":"4.21"}]
[6,612,61205,{"v":4304.71733299999,"d":"4,304.72"},810,{"v":0.188165665,"d":"0.19"},"M",430,61205000,{"v":4304.71733312,"d":"4,304.72"},810,{"v":0.188165665,"d":"0.19"},{"v":83.8556750399999,"d":"83.86"},{"v":0.905906425,"d":"0.91"},{"v":733.7842041,"d":"733.78"},{"v":76.21579594,"d":"76.22"},1,"1_61205000_68987",{"v":0.440784711436,"d":"0.44"},{"v":0.00525646846473,"d":"0.01"},{"v":3.85711352877,"d":"3.86"},{"v":0.0194799492164,"d":"0.02"},"1_61205000_68987_337823","außerhalb GKL",{"v":0.440784711435,"d":"0.44"},{"v":0.999999999998,"d":"1.00"},{"v":3.85711352876,"d":"3.86"}]
[6,612,61205,{"v":4304.71733299999,"d":"4,304.72"},810,{"v":0.188165665,"d":"0.19"},"M",430,61205000,{"v":4304.71733312,"d":"4,304.72"},810,{"v":0.188165665,"d":"0.19"},{"v":83.8556750399999,"d":"83.86"},{"v":0.905906425,"d":"0.91"},{"v":733.7842041,"d":"733.78"},{"v":76.21579594,"d":"76.22"},1,"1_61205000_68988",{"v":78.7890731228,"d":"78.79"},{"v":0.939579498766,"d":"0.94"},{"v":689.448594691,"d":"689.45"},{"v":0.0194799492164,"d":"0.02"},"1_61205000_68988_337824","außerhalb GKL",{"v":0.0989418256074,"d":"0.10"},{"v":0.00125578105803,"d":"0.00"},{"v":0.865796485698,"d":"0.87"}]
[6,612,61205,{"v":4304.71733299999,"d":"4,304.72"},810,{"v":0.188165665,"d":"0.19"},"M",430,61205000,{"v":4304.71733312,"d":"4,304.72"},810,{"v":0.188165665,"d":"0.19"},{"v":83.8556750399999,"d":"83.86"},{"v":0.905906425,"d":"0.91"},{"v":733.7842041,"d":"733.78"},{"v":76.21579594,"d":"76.22"},1,"1_61205000_68988",{"v":78.7890731228,"d":"78.79"},{"v":0.939579498766,"d":"0.94"},{"v":689.448594691,"d":"689.45"},{"v":0.0194799492164,"d":"0.02"},"1_61205000_68988_337825","außerhalb GKL",{"v":0.409371069092,"d":"0.41"},{"v":0.00519578480704,"d":"0.01"},{"v":3.58222653353,"d":"3.58"}]
[6,612,61205,{"v":4304.71733299999,"d":"4,304.72"},810,{"v":0.188165665,"d":"0.19"},"M",430,61205000,{"v":4304.71733312,"d":"4,304.72"},810,{"v":0.188165665,"d":"0.19"},{"v":83.8556750399999,"d":"83.86"},{"v":0.905906425,"d":"0.91"},{"v":733.7842041,"d":"733.78"},{"v":76.21579594,"d":"76.22"},1,"1_61205000_68988",{"v":78.7890731228,"d":"78.79"},{"v":0.939579498766,"d":"0.94"},{"v":689.448594691,"d":"689.45"},{"v":0.0194799492164,"d":"0.02"},"1_61205000_68988_337826","außerhalb GKL",{"v":5.34596482466,"d":"5.35"},{"v":0.0678516019135,"d":"0.07"},{"v":46.7801915868,"d":"46.78"}]
[6,612,61205,{"v":4304.71733299999,"d":"4,304.72"},810,{"v":0.188165665,"d":"0.19"},"M",430,61205000,{"v":4304.71733312,"d":"4,304.72"},810,{"v":0.188165665,"d":"0.19"},{"v":83.8556750399999,"d":"83.86"},{"v":0.905906425,"d":"0.91"},{"v":733.7842041,"d":"733.78"},{"v":76.21579594,"d":"76.22"},1,"1_61205000_68988",{"v":78.7890731228,"d":"78.79"},{"v":0.939579498766,"d":"0.94"},{"v":689.448594691,"d":"689.45"},{"v":0.0194799492164,"d":"0.02"},"1_61205000_68988_337827","außerhalb GKL",{"v":0.71270826783,"d":"0.71"},{"v":0.00904577550645,"d":"0.01"},{"v":6.23659721081,"d":"6.24"}]
[6,612,61205,{"v":4304.71733299999,"d":"4,304.72"},810,{"v":0.188165665,"d":"0.19"},"M",430,61205000,{"v":4304.71733312,"d":"4,304.72"},810,{"v":0.188165665,"d":"0.19"},{"v":83.8556750399999,"d":"83.86"},{"v":0.905906425,"d":"0.91"},{"v":733.7842041,"d":"733.78"},{"v":76.21579594,"d":"76.22"},1,"1_61205000_68988",{"v":78.7890731228,"d":"78.79"},{"v":0.939579498766,"d":"0.94"},{"v":689.448594691,"d":"689.45"},{"v":0.0194799492164,"d":"0.02"},"1_61205000_68988_337828","außerhalb GKL",{"v":1.3087997274,"d":"1.31"},{"v":0.0166114370372,"d":"0.02"},{"v":11.4527319211,"d":"11.45"}]
[6,612,61205,{"v":4304.71733299999,"d":"4,304.72"},810,{"v":0.188165665,"d":"0.19"},"M",430,61205000,{"v":4304.71733312,"d":"4,304.72"},810,{"v":0.188165665,"d":"0.19"},{"v":83.8556750399999,"d":"83.86"},{"v":0.905906425,"d":"0.91"},{"v":733.7842041,"d":"733.78"},{"v":76.21579594,"d":"76.22"},1,"1_61205000_68989",{"v":0.302833376081,"d":"0.30"},{"v":0.0036113641198,"d":"0.00"},{"v":2.64996194636,"d":"2.65"},{"v":0.0194799492164,"d":"0.02"},"1_61205000_68989_337829","außerhalb GKL",{"v":0.30283337608,"d":"0.30"},{"v":0.999999999997,"d":"1.00"},{"v":2.64996194635,"d":"2.65"}]
[6,612,61205,{"v":4304.71733299999,"d":"4,304.72"},810,{"v":0.188165665,"d":"0.19"},"M",430,61205000,{"v":4304.71733312,"d":"4,304.72"},810,{"v":0.188165665,"d":"0.19"},{"v":83.8556750399999,"d":"83.86"},{"v":0.905906425,"d":"0.91"},{"v":733.7842041,"d":"733.78"},{"v":76.21579594,"d":"76.22"},1,"1_61205000_68990",{"v":0.159843361554,"d":"0.16"},{"v":1.90617225939E-3,"d":"0.00"},{"v":1.39871909423,"d":"1.40"},{"v":0.0194799492164,"d":"0.02"},"1_61205000_68990_337830","außerhalb GKL",{"v":0.159843361554,"d":"0.16"},{"v":1,"d":"1.00"},{"v":1.39871909423,"d":"1.40"}]
[6,612,61205,{"v":4304.71733299999,"d":"4,304.72"},810,{"v":0.188165665,"d":"0.19"},"M",430,61205000,{"v":4304.71733312,"d":"4,304.72"},810,{"v":0.188165665,"d":"0.19"},{"v":83.8556750399999,"d":"83.86"},{"v":0.905906425,"d":"0.91"},{"v":733.7842041,"d":"733.78"},{"v":76.21579594,"d":"76.22"},1,"1_61205000_68991",{"v":0.422969462503,"d":"0.42"},{"v":5.04401714376E-3,"d":"0.01"},{"v":3.7012201053,"d":"3.70"},{"v":0.0194799492164,"d":"0.02"},"1_61205000_68991_337831","außerhalb GKL",{"v":0.422969462503,"d":"0.42"},{"v":1,"d":"1.00"},{"v":3.7012201053,"d":"3.70"}]
[6,612,61205,{"v":4304.71733299999,"d":"4,304.72"},810,{"v":0.188165665,"d":"0.19"},"M",430,61205000,{"v":4304.71733312,"d":"4,304.72"},810,{"v":0.188165665,"d":"0.19"},{"v":83.8556750399999,"d":"83.86"},{"v":0.905906425,"d":"0.91"},{"v":733.7842041,"d":"733.78"},{"v":76.21579594,"d":"76.22"},1,"1_61205000_68992",{"v":0.771008793574,"d":"0.77"},{"v":0.00919447363826,"d":"0.01"},{"v":6.74675952077,"d":"6.75"},{"v":0.0194799492164,"d":"0.02"},"1_61205000_68992_337832","außerhalb GKL",{"v":0.771008793574,"d":"0.77"},{"v":1,"d":"1.00"},{"v":6.74675952077,"d":"6.75"}]
[6,612,61205,{"v":4304.71733299999,"d":"4,304.72"},810,{"v":0.188165665,"d":"0.19"},"M",430,61205000,{"v":4304.71733312,"d":"4,304.72"},810,{"v":0.188165665,"d":"0.19"},{"v":83.8556750399999,"d":"83.86"},{"v":0.905906425,"d":"0.91"},{"v":733.7842041,"d":"733.78"},{"v":76.21579594,"d":"76.22"},1,"1_61205000_68993",{"v":0.163817978471,"d":"0.16"},{"v":0.00195357056506,"d":"0.00"},{"v":1.43349922224,"d":"1.43"},{"v":0.0194799492164,"d":"0.02"},"1_61205000_68993_337833","außerhalb GKL",{"v":0.163817978471,"d":"0.16"},{"v":1,"d":"1.00"},{"v":1.43349922224,"d":"1.43"}]
[6,612,61251,{"v":20288.13288,"d":"20,288.13"},451,{"v":0.022229744,"d":"0.02"}," ",430,61251000,{"v":20288.1328848999,"d":"20,288.13"},451,{"v":0.022229744,"d":"0.02"},{"v":191.101203199999,"d":"191.10"},{"v":0.905906425,"d":"0.91"},{"v":408.563797599999,"d":"408.56"},{"v":42.43620243,"d":"42.44"},1,"1_61251000_69235",{"v":0.252669382686,"d":"0.25"},{"v":1.3221757815E-3,"d":"0.00"},{"v":0.540193158384,"d":"0.54"},{"v":0.00941935880863,"d":"0.01"},"1_61251000_69235_337834","außerhalb GKL",{"v":0.252669382686,"d":"0.25"},{"v":1,"d":"1.00"},{"v":0.540193158384,"d":"0.54"}]
[6,612,61258,{"v":25568.01825,"d":"25,568.02"},2685,{"v":0.105014005,"d":"0.11"}," ",430,61258004,{"v":5797.71018309999,"d":"5,797.71"},367,{"v":0.063300853,"d":"0.06"},{"v":44.8546864699999,"d":"44.85"},{"v":0.905906425,"d":"0.91"},{"v":332.4676579,"d":"332.47"},{"v":34.53234211,"d":"34.53"},1,"1_61258004_69653",{"v":0.534933262466,"d":"0.53"},{"v":0.0119259168788,"d":"0.01"},{"v":3.964981653,"d":"3.96"},{"v":0.00773662101992,"d":"0.01"},"1_61258004_69653_337835","außerhalb GKL",{"v":0.534933262466,"d":"0.53"},{"v":1,"d":"1.00"},{"v":3.964981653,"d":"3.96"}]
[6,612,61258,{"v":25568.01825,"d":"25,568.02"},2685,{"v":0.105014005,"d":"0.11"}," ",430,61258004,{"v":5797.71018309999,"d":"5,797.71"},367,{"v":0.063300853,"d":"0.06"},{"v":44.8546864699999,"d":"44.85"},{"v":0.905906425,"d":"0.91"},{"v":332.4676579,"d":"332.47"},{"v":34.53234211,"d":"34.53"},1,"1_61258004_69654",{"v":0.38662986289,"d":"0.39"},{"v":0.00861960908251,"d":"0.01"},{"v":2.86574124368,"d":"2.87"},{"v":0.00773662101992,"d":"0.01"},"1_61258004_69654_337836","außerhalb GKL",{"v":0.386629862889,"d":"0.39"},{"v":0.999999999997,"d":"1.00"},{"v":2.86574124367,"d":"2.87"}]
[6,612,61258,{"v":25568.01825,"d":"25,568.02"},2685,{"v":0.105014005,"d":"0.11"}," ",430,61258004,{"v":5797.71018309999,"d":"5,797.71"},367,{"v":0.063300853,"d":"0.06"},{"v":44.8546864699999,"d":"44.85"},{"v":0.905906425,"d":"0.91"},{"v":332.4676579,"d":"332.47"},{"v":34.53234211,"d":"34.53"},1,"1_61258004_69655",{"v":0.6531655693,"d":"0.65"},{"v":0.0145618132843,"d":"0.01"},{"v":4.84133195741,"d":"4.84"},{"v":0.00773662101992,"d":"0.01"},"1_61258004_69655_337837","außerhalb GKL",{"v":0.6531655693,"d":"0.65"},{"v":1,"d":"1.00"},{"v":4.84133195741,"d":"4.84"}]
[6,612,61258,{"v":25568.01825,"d":"25,568.02"},2685,{"v":0.105014005,"d":"0.11"}," ",430,61258004,{"v":5797.71018309999,"d":"5,797.71"},367,{"v":0.063300853,"d":"0.06"},{"v":44.8546864699999,"d":"44.85"},{"v":0.905906425,"d":"0.91"},{"v":332.4676579,"d":"332.47"},{"v":34.53234211,"d":"34.53"},1,"1_61258004_69656",{"v":0.388619881986,"d":"0.39"},{"v":0.00866397499503,"d":"0.01"},{"v":2.8804914747,"d":"2.88"},{"v":0.00773662101992,"d":"0.01"},"1_61258004_69656_337838","außerhalb GKL",{"v":0.388619881987,"d":"0.39"},{"v":1,"d":"1.00"},{"v":2.8804914747,"d":"2.88"}]
[6,612,61258,{"v":25568.01825,"d":"25,568.02"},2685,{"v":0.105014005,"d":"0.11"}," ",430,61258004,{"v":5797.71018309999,"d":"5,797.71"},367,{"v":0.063300853,"d":"0.06"},{"v":44.8546864699999,"d":"44.85"},{"v":0.905906425,"d":"0.91"},{"v":332.4676579,"d":"332.47"},{"v":34.53234211,"d":"34.53"},1,"1_61258004_69657",{"v":0.564722517612,"d":"0.56"},{"v":0.0125900449218,"d":"0.01"},{"v":4.18578274801,"d":"4.19"},{"v":0.00773662101992,"d":"0.01"},"1_61258004_69657_337839","außerhalb GKL",{"v":0.564722517612,"d":"0.56"},{"v":1,"d":"1.00"},{"v":4.18578274801,"d":"4.19"}]
[6,612,61258,{"v":25568.01825,"d":"25,568.02"},2685,{"v":0.105014005,"d":"0.11"}," ",430,61258004,{"v":5797.71018309999,"d":"5,797.71"},367,{"v":0.063300853,"d":"0.06"},{"v":44.8546864699999,"d":"44.85"},{"v":0.905906425,"d":"0.91"},{"v":332.4676579,"d":"332.47"},{"v":34.53234211,"d":"34.53"},1,"1_61258004_69658",{"v":0.5093757645,"d":"0.51"},{"v":0.0113561325379,"d":"0.01"},{"v":3.77554678768,"d":"3.78"},{"v":0.00773662101992,"d":"0.01"},"1_61258004_69658_337840","außerhalb GKL",{"v":0.5093757645,"d":"0.51"},{"v":1,"d":"1.00"},{"v":3.77554678768,"d":"3.78"}]
[6,612,61258,{"v":25568.01825,"d":"25,568.02"},2685,{"v":0.105014005,"d":"0.11"}," ",430,61258004,{"v":5797.71018309999,"d":"5,797.71"},367,{"v":0.063300853,"d":"0.06"},{"v":44.8546864699999,"d":"44.85"},{"v":0.905906425,"d":"0.91"},{"v":332.4676579,"d":"332.47"},{"v":34.53234211,"d":"34.53"},1,"1_61258004_69659",{"v":7.01891799229,"d":"7.02"},{"v":0.156481263044,"d":"0.16"},{"v":52.0249590295,"d":"52.02"},{"v":0.00773662101992,"d":"0.01"},"1_61258004_69659_337841","außerhalb GKL",{"v":7.01891799229,"d":"7.02"},{"v":1,"d":"1.00"},{"v":52.0249590295,"d":"52.02"}]
[6,612,61258,{"v":25568.01825,"d":"25,568.02"},2685,{"v":0.105014005,"d":"0.11"}," ",430,61258004,{"v":5797.71018309999,"d":"5,797.71"},367,{"v":0.063300853,"d":"0.06"},{"v":44.8546864699999,"d":"44.85"},{"v":0.905906425,"d":"0.91"},{"v":332.4676579,"d":"332.47"},{"v":34.53234211,"d":"34.53"},1,"1_61258004_69660",{"v":32.315781905,"d":"32.32"},{"v":0.72045497245,"d":"0.72"},{"v":239.527977313,"d":"239.53"},{"v":0.00773662101992,"d":"0.01"},"1_61258004_69660_337842","außerhalb GKL",{"v":9.94470421702,"d":"9.94"},{"v":0.307735218855,"d":"0.31"},{"v":73.7111945202999,"d":"73.71"}]
[6,612,61258,{"v":25568.01825,"d":"25,568.02"},2685,{"v":0.105014005,"d":"0.11"}," ",430,61258004,{"v":5797.71018309999,"d":"5,797.71"},367,{"v":0.063300853,"d":"0.06"},{"v":44.8546864699999,"d":"44.85"},{"v":0.905906425,"d":"0.91"},{"v":332.4676579,"d":"332.47"},{"v":34.53234211,"d":"34.53"},1,"1_61258004_69660",{"v":32.315781905,"d":"32.32"},{"v":0.72045497245,"d":"0.72"},{"v":239.527977313,"d":"239.53"},{"v":0.00773662101992,"d":"0.01"},"1_61258004_69660_337843","außerhalb GKL",{"v":8.42535068948,"d":"8.43"},{"v":0.260719382073,"d":"0.26"},{"v":62.4495862341999,"d":"62.45"}]
[6,612,61258,{"v":25568.01825,"d":"25,568.02"},2685,{"v":0.105014005,"d":"0.11"}," ",430,61258004,{"v":5797.71018309999,"d":"5,797.71"},367,{"v":0.063300853,"d":"0.06"},{"v":44.8546864699999,"d":"44.85"},{"v":0.905906425,"d":"0.91"},{"v":332.4676579,"d":"332.47"},{"v":34.53234211,"d":"34.53"},1,"1_61258004_69660",{"v":32.315781905,"d":"32.32"},{"v":0.72045497245,"d":"0.72"},{"v":239.527977313,"d":"239.53"},{"v":0.00773662101992,"d":"0.01"},"1_61258004_69660_337844","außerhalb GKL",{"v":0.771571313692,"d":"0.77"},{"v":0.0238759908691,"d":"0.02"},{"v":5.71896779922,"d":"5.72"}]
[6,612,61258,{"v":25568.01825,"d":"25,568.02"},2685,{"v":0.105014005,"d":"0.11"}," ",430,61258004,{"v":5797.71018309999,"d":"5,797.71"},367,{"v":0.063300853,"d":"0.06"},{"v":44.8546864699999,"d":"44.85"},{"v":0.905906425,"d":"0.91"},{"v":332.4676579,"d":"332.47"},{"v":34.53234211,"d":"34.53"},1,"1_61258004_69661",{"v":2.48253971364,"d":"2.48"},{"v":0.0553462727981,"d":"0.06"},{"v":18.4008456906999,"d":"18.40"},{"v":0.00773662101992,"d":"0.01"},"1_61258004_69661_337845","außerhalb GKL",{"v":2.38413898979,"d":"2.38"},{"v":0.960362880276,"d":"0.96"},{"v":17.671489167,"d":"17.67"}]
[6,612,61264,{"v":12979.13915,"d":"12,979.14"},1798,{"v":0.138529989,"d":"0.14"},"M",430,61264000,{"v":6121.05112874,"d":"6,121.05"},1355,{"v":0.221367208,"d":"0.22"},{"v":216.987866099999,"d":"216.99"},{"v":0.905906425,"d":"0.91"},{"v":1227.503206,"d":"1,227.50"},{"v":127.496794399999,"d":"127.50"},1,"1_61264000_69950",{"v":2.39306113184,"d":"2.39"},{"v":0.0110285481619,"d":"0.01"},{"v":13.5375782263,"d":"13.54"},{"v":0.0354494451257,"d":"0.04"},"1_61264000_69950_337846","F",{"v":0.252679754575,"d":"0.25"},{"v":0.105588508046,"d":"0.11"},{"v":1.42941268747,"d":"1.43"}]
[6,612,61264,{"v":12979.13915,"d":"12,979.14"},1798,{"v":0.138529989,"d":"0.14"},"M",430,61264000,{"v":6121.05112874,"d":"6,121.05"},1355,{"v":0.221367208,"d":"0.22"},{"v":216.987866099999,"d":"216.99"},{"v":0.905906425,"d":"0.91"},{"v":1227.503206,"d":"1,227.50"},{"v":127.496794399999,"d":"127.50"},1,"1_61264000_69950",{"v":2.39306113184,"d":"2.39"},{"v":0.0110285481619,"d":"0.01"},{"v":13.5375782263,"d":"13.54"},{"v":0.0354494451257,"d":"0.04"},"1_61264000_69950_337847","G",{"v":1.43255992542,"d":"1.43"},{"v":0.59863072713,"d":"0.60"},{"v":8.10401029718999,"d":"8.10"}]
[6,612,61264,{"v":12979.13915,"d":"12,979.14"},1798,{"v":0.138529989,"d":"0.14"},"M",430,61264001,{"v":6858.08802378,"d":"6,858.09"},443,{"v":0.064595263,"d":"0.06"},{"v":54.01911269,"d":"54.02"},{"v":0.905906425,"d":"0.91"},{"v":401.3165462,"d":"401.32"},{"v":41.6834538299999,"d":"41.68"},1,"1_61264001_69956",{"v":0.686614248495,"d":"0.69"},{"v":0.0127105799097,"d":"0.01"},{"v":5.10096602956,"d":"5.10"},{"v":0.00787670156794,"d":"0.01"},"1_61264001_69956_337848","außerhalb GKL",{"v":0.686614248495,"d":"0.69"},{"v":1,"d":"1.00"},{"v":5.10096602956,"d":"5.10"}]
[6,612,61264,{"v":12979.13915,"d":"12,979.14"},1798,{"v":0.138529989,"d":"0.14"},"M",430,61264001,{"v":6858.08802378,"d":"6,858.09"},443,{"v":0.064595263,"d":"0.06"},{"v":54.01911269,"d":"54.02"},{"v":0.905906425,"d":"0.91"},{"v":401.3165462,"d":"401.32"},{"v":41.6834538299999,"d":"41.68"},1,"1_61264001_69957",{"v":0.378531503339,"d":"0.38"},{"v":0.00700736247763,"d":"0.01"},{"v":2.81217050749,"d":"2.81"},{"v":0.00787670156794,"d":"0.01"},"1_61264001_69957_337849","außerhalb GKL",{"v":0.378531503339,"d":"0.38"},{"v":1,"d":"1.00"},{"v":2.81217050749,"d":"2.81"}]
[6,612,61264,{"v":12979.13915,"d":"12,979.14"},1798,{"v":0.138529989,"d":"0.14"},"M",430,61264001,{"v":6858.08802378,"d":"6,858.09"},443,{"v":0.064595263,"d":"0.06"},{"v":54.01911269,"d":"54.02"},{"v":0.905906425,"d":"0.91"},{"v":401.3165462,"d":"401.32"},{"v":41.6834538299999,"d":"41.68"},1,"1_61264001_69958",{"v":0.504777514497,"d":"0.50"},{"v":0.00934442439649,"d":"0.01"},{"v":3.75007212503,"d":"3.75"},{"v":0.00787670156794,"d":"0.01"},"1_61264001_69958_337850","außerhalb GKL",{"v":0.504777514497,"d":"0.50"},{"v":1,"d":"1.00"},{"v":3.75007212503,"d":"3.75"}]
[6,612,61264,{"v":12979.13915,"d":"12,979.14"},1798,{"v":0.138529989,"d":"0.14"},"M",430,61264001,{"v":6858.08802378,"d":"6,858.09"},443,{"v":0.064595263,"d":"0.06"},{"v":54.01911269,"d":"54.02"},{"v":0.905906425,"d":"0.91"},{"v":401.3165462,"d":"401.32"},{"v":41.6834538299999,"d":"41.68"},1,"1_61264001_69959",{"v":0.505499219621,"d":"0.51"},{"v":0.00935778457751,"d":"0.01"},{"v":3.75543378673,"d":"3.76"},{"v":0.00787670156794,"d":"0.01"},"1_61264001_69959_337851","außerhalb GKL",{"v":0.505499219622,"d":"0.51"},{"v":1,"d":"1.00"},{"v":3.75543378673,"d":"3.76"}]
[6,612,61264,{"v":12979.13915,"d":"12,979.14"},1798,{"v":0.138529989,"d":"0.14"},"M",430,61264001,{"v":6858.08802378,"d":"6,858.09"},443,{"v":0.064595263,"d":"0.06"},{"v":54.01911269,"d":"54.02"},{"v":0.905906425,"d":"0.91"},{"v":401.3165462,"d":"401.32"},{"v":41.6834538299999,"d":"41.68"},1,"1_61264001_69960",{"v":0.228197073851,"d":"0.23"},{"v":0.00422437656762,"d":"0.00"},{"v":1.69531221397,"d":"1.70"},{"v":0.00787670156794,"d":"0.01"},"1_61264001_69960_337852","G",{"v":0.228197073851,"d":"0.23"},{"v":1,"d":"1.00"},{"v":1.69531221397,"d":"1.70"}]
[6,612,61264,{"v":12979.13915,"d":"12,979.14"},1798,{"v":0.138529989,"d":"0.14"},"M",430,61264001,{"v":6858.08802378,"d":"6,858.09"},443,{"v":0.064595263,"d":"0.06"},{"v":54.01911269,"d":"54.02"},{"v":0.905906425,"d":"0.91"},{"v":401.3165462,"d":"401.32"},{"v":41.6834538299999,"d":"41.68"},1,"1_61264001_69961",{"v":0.55235732157,"d":"0.55"},{"v":0.0102252201872,"d":"0.01"},{"v":4.10355004966,"d":"4.10"},{"v":0.00787670156794,"d":"0.01"},"1_61264001_69961_337853","außerhalb GKL",{"v":0.55235732157,"d":"0.55"},{"v":1,"d":"1.00"},{"v":4.10355004966,"d":"4.10"}]
[6,612,61264,{"v":12979.13915,"d":"12,979.14"},1798,{"v":0.138529989,"d":"0.14"},"M",430,61264001,{"v":6858.08802378,"d":"6,858.09"},443,{"v":0.064595263,"d":"0.06"},{"v":54.01911269,"d":"54.02"},{"v":0.905906425,"d":"0.91"},{"v":401.3165462,"d":"401.32"},{"v":41.6834538299999,"d":"41.68"},1,"1_61264001_69962",{"v":0.510765113503,"d":"0.51"},{"v":0.0094552666282,"d":"0.01"},{"v":3.79455494663,"d":"3.79"},{"v":0.00787670156794,"d":"0.01"},"1_61264001_69962_337854","außerhalb GKL",{"v":0.510765113503,"d":"0.51"},{"v":1,"d":"1.00"},{"v":3.79455494663,"d":"3.79"}]
[6,612,61264,{"v":12979.13915,"d":"12,979.14"},1798,{"v":0.138529989,"d":"0.14"},"M",430,61264001,{"v":6858.08802378,"d":"6,858.09"},443,{"v":0.064595263,"d":"0.06"},{"v":54.01911269,"d":"54.02"},{"v":0.905906425,"d":"0.91"},{"v":401.3165462,"d":"401.32"},{"v":41.6834538299999,"d":"41.68"},1,"1_61264001_69963",{"v":0.252407610837,"d":"0.25"},{"v":0.00467256121524,"d":"0.00"},{"v":1.87517612881,"d":"1.88"},{"v":0.00787670156794,"d":"0.01"},"1_61264001_69963_337855","außerhalb GKL",{"v":0.252407610837,"d":"0.25"},{"v":1,"d":"1.00"},{"v":1.87517612881,"d":"1.88"}]
[6,612,61264,{"v":12979.13915,"d":"12,979.14"},1798,{"v":0.138529989,"d":"0.14"},"M",430,61264001,{"v":6858.08802378,"d":"6,858.09"},443,{"v":0.064595263,"d":"0.06"},{"v":54.01911269,"d":"54.02"},{"v":0.905906425,"d":"0.91"},{"v":401.3165462,"d":"401.32"},{"v":41.6834538299999,"d":"41.68"},1,"1_61264001_69964",{"v":39.5500090569999,"d":"39.55"},{"v":0.73214843946,"d":"0.73"},{"v":293.82328303,"d":"293.82"},{"v":0.00787670156794,"d":"0.01"},"1_61264001_69964_337856","außerhalb GKL",{"v":0.0553963922773,"d":"0.06"},{"v":0.00140066699346,"d":"0.00"},{"v":0.41154857445,"d":"0.41"}]
[6,612,61264,{"v":12979.13915,"d":"12,979.14"},1798,{"v":0.138529989,"d":"0.14"},"M",430,61264001,{"v":6858.08802378,"d":"6,858.09"},443,{"v":0.064595263,"d":"0.06"},{"v":54.01911269,"d":"54.02"},{"v":0.905906425,"d":"0.91"},{"v":401.3165462,"d":"401.32"},{"v":41.6834538299999,"d":"41.68"},1,"1_61264001_69964",{"v":39.5500090569999,"d":"39.55"},{"v":0.73214843946,"d":"0.73"},{"v":293.82328303,"d":"293.82"},{"v":0.00787670156794,"d":"0.01"},"1_61264001_69964_337857","außerhalb GKL",{"v":0.0256805289202,"d":"0.03"},{"v":0.000649317902385,"d":"0.00"},{"v":0.190784717809,"d":"0.19"}]
[6,612,61264,{"v":12979.13915,"d":"12,979.14"},1798,{"v":0.138529989,"d":"0.14"},"M",430,61264001,{"v":6858.08802378,"d":"6,858.09"},443,{"v":0.064595263,"d":"0.06"},{"v":54.01911269,"d":"54.02"},{"v":0.905906425,"d":"0.91"},{"v":401.3165462,"d":"401.32"},{"v":41.6834538299999,"d":"41.68"},1,"1_61264001_69964",{"v":39.5500090569999,"d":"39.55"},{"v":0.73214843946,"d":"0.73"},{"v":293.82328303,"d":"293.82"},{"v":0.00787670156794,"d":"0.01"},"1_61264001_69964_337858","außerhalb GKL",{"v":4.42075931887,"d":"4.42"},{"v":0.111776442642,"d":"0.11"},{"v":32.8425213425,"d":"32.84"}]
[6,612,61264,{"v":12979.13915,"d":"12,979.14"},1798,{"v":0.138529989,"d":"0.14"},"M",430,61264001,{"v":6858.08802378,"d":"6,858.09"},443,{"v":0.064595263,"d":"0.06"},{"v":54.01911269,"d":"54.02"},{"v":0.905906425,"d":"0.91"},{"v":401.3165462,"d":"401.32"},{"v":41.6834538299999,"d":"41.68"},1,"1_61264001_69964",{"v":39.5500090569999,"d":"39.55"},{"v":0.73214843946,"d":"0.73"},{"v":293.82328303,"d":"293.82"},{"v":0.00787670156794,"d":"0.01"},"1_61264001_69964_337859","G",{"v":0.545769173969,"d":"0.55"},{"v":0.0137994702652,"d":"0.01"},{"v":4.0546056574,"d":"4.05"}]
[6,612,61264,{"v":12979.13915,"d":"12,979.14"},1798,{"v":0.138529989,"d":"0.14"},"M",430,61264001,{"v":6858.08802378,"d":"6,858.09"},443,{"v":0.064595263,"d":"0.06"},{"v":54.01911269,"d":"54.02"},{"v":0.905906425,"d":"0.91"},{"v":401.3165462,"d":"401.32"},{"v":41.6834538299999,"d":"41.68"},1,"1_61264001_69964",{"v":39.5500090569999,"d":"39.55"},{"v":0.73214843946,"d":"0.73"},{"v":293.82328303,"d":"293.82"},{"v":0.00787670156794,"d":"0.01"},"1_61264001_69964_337860","G",{"v":0.110806944439,"d":"0.11"},{"v":0.00280169201173,"d":"0.00"},{"v":0.823202344925,"d":"0.82"}]
[6,612,61264,{"v":12979.13915,"d":"12,979.14"},1798,{"v":0.138529989,"d":"0.14"},"M",430,61264001,{"v":6858.08802378,"d":"6,858.09"},443,{"v":0.064595263,"d":"0.06"},{"v":54.01911269,"d":"54.02"},{"v":0.905906425,"d":"0.91"},{"v":401.3165462,"d":"401.32"},{"v":41.6834538299999,"d":"41.68"},1,"1_61264001_69964",{"v":39.5500090569999,"d":"39.55"},{"v":0.73214843946,"d":"0.73"},{"v":293.82328303,"d":"293.82"},{"v":0.00787670156794,"d":"0.01"},"1_61264001_69964_337861","G",{"v":1.62345117716,"d":"1.62"},{"v":0.0410480608189,"d":"0.04"},{"v":12.0608759918,"d":"12.06"}]
[6,612,61264,{"v":12979.13915,"d":"12,979.14"},1798,{"v":0.138529989,"d":"0.14"},"M",430,61264001,{"v":6858.08802378,"d":"6,858.09"},443,{"v":0.064595263,"d":"0.06"},{"v":54.01911269,"d":"54.02"},{"v":0.905906425,"d":"0.91"},{"v":401.3165462,"d":"401.32"},{"v":41.6834538299999,"d":"41.68"},1,"1_61264001_69964",{"v":39.5500090569999,"d":"39.55"},{"v":0.73214843946,"d":"0.73"},{"v":293.82328303,"d":"293.82"},{"v":0.00787670156794,"d":"0.01"},"1_61264001_69964_337862","G",{"v":0.470983029781,"d":"0.47"},{"v":0.01190854417,"d":"0.01"},{"v":3.49900754414,"d":"3.50"}]
[6,612,61264,{"v":12979.13915,"d":"12,979.14"},1798,{"v":0.138529989,"d":"0.14"},"M",430,61264001,{"v":6858.08802378,"d":"6,858.09"},443,{"v":0.064595263,"d":"0.06"},{"v":54.01911269,"d":"54.02"},{"v":0.905906425,"d":"0.91"},{"v":401.3165462,"d":"401.32"},{"v":41.6834538299999,"d":"41.68"},1,"1_61264001_69964",{"v":39.5500090569999,"d":"39.55"},{"v":0.73214843946,"d":"0.73"},{"v":293.82328303,"d":"293.82"},{"v":0.00787670156794,"d":"0.01"},"1_61264001_69964_337863","G",{"v":0.258512105054,"d":"0.26"},{"v":0.00653633491414,"d":"0.01"},{"v":1.92052738346,"d":"1.92"}]
[6,612,61264,{"v":12979.13915,"d":"12,979.14"},1798,{"v":0.138529989,"d":"0.14"},"M",430,61264001,{"v":6858.08802378,"d":"6,858.09"},443,{"v":0.064595263,"d":"0.06"},{"v":54.01911269,"d":"54.02"},{"v":0.905906425,"d":"0.91"},{"v":401.3165462,"d":"401.32"},{"v":41.6834538299999,"d":"41.68"},1,"1_61264001_69964",{"v":39.5500090569999,"d":"39.55"},{"v":0.73214843946,"d":"0.73"},{"v":293.82328303,"d":"293.82"},{"v":0.00787670156794,"d":"0.01"},"1_61264001_69964_337864","G",{"v":4.67425075991E-3,"d":"0.00"},{"v":0.000118185832857,"d":"0.00"},{"v":0.0347257494177,"d":"0.03"}]
[6,612,61264,{"v":12979.13915,"d":"12,979.14"},1798,{"v":0.138529989,"d":"0.14"},"M",430,61264001,{"v":6858.08802378,"d":"6,858.09"},443,{"v":0.064595263,"d":"0.06"},{"v":54.01911269,"d":"54.02"},{"v":0.905906425,"d":"0.91"},{"v":401.3165462,"d":"401.32"},{"v":41.6834538299999,"d":"41.68"},1,"1_61264001_69964",{"v":39.5500090569999,"d":"39.55"},{"v":0.73214843946,"d":"0.73"},{"v":293.82328303,"d":"293.82"},{"v":0.00787670156794,"d":"0.01"},"1_61264001_69964_337865","G",{"v":13.7676286809,"d":"13.77"},{"v":0.348106840154,"d":"0.35"},{"v":102.281894618999,"d":"102.28"}]
[6,612,61264,{"v":12979.13915,"d":"12,979.14"},1798,{"v":0.138529989,"d":"0.14"},"M",430,61264001,{"v":6858.08802378,"d":"6,858.09"},443,{"v":0.064595263,"d":"0.06"},{"v":54.01911269,"d":"54.02"},{"v":0.905906425,"d":"0.91"},{"v":401.3165462,"d":"401.32"},{"v":41.6834538299999,"d":"41.68"},1,"1_61264001_69964",{"v":39.5500090569999,"d":"39.55"},{"v":0.73214843946,"d":"0.73"},{"v":293.82328303,"d":"293.82"},{"v":0.00787670156794,"d":"0.01"},"1_61264001_69964_337866","G",{"v":3.25717224118,"d":"3.26"},{"v":0.0823557900198,"d":"0.08"},{"v":24.1980486001,"d":"24.20"}]
[6,612,61264,{"v":12979.13915,"d":"12,979.14"},1798,{"v":0.138529989,"d":"0.14"},"M",430,61264001,{"v":6858.08802378,"d":"6,858.09"},443,{"v":0.064595263,"d":"0.06"},{"v":54.01911269,"d":"54.02"},{"v":0.905906425,"d":"0.91"},{"v":401.3165462,"d":"401.32"},{"v":41.6834538299999,"d":"41.68"},1,"1_61264001_69965",{"v":0.837962815597,"d":"0.84"},{"v":0.0155123395011,"d":"0.02"},{"v":6.22535851206,"d":"6.23"},{"v":0.00787670156794,"d":"0.01"},"1_61264001_69965_337867","außerhalb GKL",{"v":0.109054686404,"d":"0.11"},{"v":0.130142632076,"d":"0.13"},{"v":0.810184542376,"d":"0.81"}]
[6,612,61264,{"v":12979.13915,"d":"12,979.14"},1798,{"v":0.138529989,"d":"0.14"},"M",430,61264001,{"v":6858.08802378,"d":"6,858.09"},443,{"v":0.064595263,"d":"0.06"},{"v":54.01911269,"d":"54.02"},{"v":0.905906425,"d":"0.91"},{"v":401.3165462,"d":"401.32"},{"v":41.6834538299999,"d":"41.68"},1,"1_61264001_69965",{"v":0.837962815597,"d":"0.84"},{"v":0.0155123395011,"d":"0.02"},{"v":6.22535851206,"d":"6.23"},{"v":0.00787670156794,"d":"0.01"},"1_61264001_69965_337868","G",{"v":0.728908129187,"d":"0.73"},{"v":0.869857367916,"d":"0.87"},{"v":5.41517396963,"d":"5.42"}]
[6,612,61264,{"v":12979.13915,"d":"12,979.14"},1798,{"v":0.138529989,"d":"0.14"},"M",430,61264001,{"v":6858.08802378,"d":"6,858.09"},443,{"v":0.064595263,"d":"0.06"},{"v":54.01911269,"d":"54.02"},{"v":0.905906425,"d":"0.91"},{"v":401.3165462,"d":"401.32"},{"v":41.6834538299999,"d":"41.68"},1,"1_61264001_69966",{"v":0.781134696415,"d":"0.78"},{"v":0.0144603392673,"d":"0.01"},{"v":5.80317341163,"d":"5.80"},{"v":0.00787670156794,"d":"0.01"},"1_61264001_69966_337869","außerhalb GKL",{"v":0.781134696415,"d":"0.78"},{"v":1,"d":"1.00"},{"v":5.80317341163,"d":"5.80"}]
[6,612,61264,{"v":12979.13915,"d":"12,979.14"},1798,{"v":0.138529989,"d":"0.14"},"M",430,61264001,{"v":6858.08802378,"d":"6,858.09"},443,{"v":0.064595263,"d":"0.06"},{"v":54.01911269,"d":"54.02"},{"v":0.905906425,"d":"0.91"},{"v":401.3165462,"d":"401.32"},{"v":41.6834538299999,"d":"41.68"},1,"1_61264001_69967",{"v":0.525123359715,"d":"0.53"},{"v":0.00972106599989,"d":"0.01"},{"v":3.90122463246,"d":"3.90"},{"v":0.00787670156794,"d":"0.01"},"1_61264001_69967_337870","außerhalb GKL",{"v":0.525123359714,"d":"0.53"},{"v":0.999999999998,"d":"1.00"},{"v":3.90122463245,"d":"3.90"}]
[6,612,61264,{"v":12979.13915,"d":"12,979.14"},1798,{"v":0.138529989,"d":"0.14"},"M",430,61264001,{"v":6858.08802378,"d":"6,858.09"},443,{"v":0.064595263,"d":"0.06"},{"v":54.01911269,"d":"54.02"},{"v":0.905906425,"d":"0.91"},{"v":401.3165462,"d":"401.32"},{"v":41.6834538299999,"d":"41.68"},1,"1_61264001_69968",{"v":0.533464647701,"d":"0.53"},{"v":0.00987547964296,"d":"0.01"},{"v":3.96319338238,"d":"3.96"},{"v":0.00787670156794,"d":"0.01"},"1_61264001_69968_337871","außerhalb GKL",{"v":0.533464647701,"d":"0.53"},{"v":1,"d":"1.00"},{"v":3.96319338238,"d":"3.96"}]
[6,612,61264,{"v":12979.13915,"d":"12,979.14"},1798,{"v":0.138529989,"d":"0.14"},"M",430,61264001,{"v":6858.08802378,"d":"6,858.09"},443,{"v":0.064595263,"d":"0.06"},{"v":54.01911269,"d":"54.02"},{"v":0.905906425,"d":"0.91"},{"v":401.3165462,"d":"401.32"},{"v":41.6834538299999,"d":"41.68"},1,"1_61264001_69969",{"v":0.792516752842,"d":"0.79"},{"v":0.0146710435136,"d":"0.01"},{"v":5.88773251203,"d":"5.89"},{"v":0.00787670156794,"d":"0.01"},"1_61264001_69969_337872","außerhalb GKL",{"v":0.792516752842,"d":"0.79"},{"v":1,"d":"1.00"},{"v":5.88773251203,"d":"5.89"}]
[6,612,61264,{"v":12979.13915,"d":"12,979.14"},1798,{"v":0.138529989,"d":"0.14"},"M",430,61264001,{"v":6858.08802378,"d":"6,858.09"},443,{"v":0.064595263,"d":"0.06"},{"v":54.01911269,"d":"54.02"},{"v":0.905906425,"d":"0.91"},{"v":401.3165462,"d":"401.32"},{"v":41.6834538299999,"d":"41.68"},1,"1_61264001_69970",{"v":0.229691932148,"d":"0.23"},{"v":0.00425204933421,"d":"0.00"},{"v":1.70641775308,"d":"1.71"},{"v":0.00787670156794,"d":"0.01"},"1_61264001_69970_337873","außerhalb GKL",{"v":0.229691932149,"d":"0.23"},{"v":1,"d":"1.00"},{"v":1.70641775308,"d":"1.71"}]
[6,612,61264,{"v":12979.13915,"d":"12,979.14"},1798,{"v":0.138529989,"d":"0.14"},"M",430,61264001,{"v":6858.08802378,"d":"6,858.09"},443,{"v":0.064595263,"d":"0.06"},{"v":54.01911269,"d":"54.02"},{"v":0.905906425,"d":"0.91"},{"v":401.3165462,"d":"401.32"},{"v":41.6834538299999,"d":"41.68"},1,"1_61264001_69971",{"v":0.219103317316,"d":"0.22"},{"v":0.00405603325203,"d":"0.00"},{"v":1.62775325598,"d":"1.63"},{"v":0.00787670156794,"d":"0.01"},"1_61264001_69971_337874","außerhalb GKL",{"v":0.219103317317,"d":"0.22"},{"v":1,"d":"1.00"},{"v":1.62775325598,"d":"1.63"}]
[6,612,61264,{"v":12979.13915,"d":"12,979.14"},1798,{"v":0.138529989,"d":"0.14"},"M",430,61264001,{"v":6858.08802378,"d":"6,858.09"},443,{"v":0.064595263,"d":"0.06"},{"v":54.01911269,"d":"54.02"},{"v":0.905906425,"d":"0.91"},{"v":401.3165462,"d":"401.32"},{"v":41.6834538299999,"d":"41.68"},1,"1_61264001_69972",{"v":0.1518870077,"d":"0.15"},{"v":0.00281172718574,"d":"0.00"},{"v":1.12839264304,"d":"1.13"},{"v":0.00787670156794,"d":"0.01"},"1_61264001_69972_337875","außerhalb GKL",{"v":0.1518870077,"d":"0.15"},{"v":1,"d":"1.00"},{"v":1.12839264304,"d":"1.13"}]
[6,612,61264,{"v":12979.13915,"d":"12,979.14"},1798,{"v":0.138529989,"d":"0.14"},"M",430,61264001,{"v":6858.08802378,"d":"6,858.09"},443,{"v":0.064595263,"d":"0.06"},{"v":54.01911269,"d":"54.02"},{"v":0.905906425,"d":"0.91"},{"v":401.3165462,"d":"401.32"},{"v":41.6834538299999,"d":"41.68"},1,"1_61264001_69973",{"v":0.0861709396959,"d":"0.09"},{"v":0.00159519354178,"d":"0.00"},{"v":0.640177562708,"d":"0.64"},{"v":0.00787670156794,"d":"0.01"},"1_61264001_69973_337876","außerhalb GKL",{"v":0.086170939696,"d":"0.09"},{"v":1,"d":"1.00"},{"v":0.640177562708,"d":"0.64"}]
[6,612,61264,{"v":12979.13915,"d":"12,979.14"},1798,{"v":0.138529989,"d":"0.14"},"M",430,61264001,{"v":6858.08802378,"d":"6,858.09"},443,{"v":0.064595263,"d":"0.06"},{"v":54.01911269,"d":"54.02"},{"v":0.905906425,"d":"0.91"},{"v":401.3165462,"d":"401.32"},{"v":41.6834538299999,"d":"41.68"},1,"1_61264001_69974",{"v":1.01412405541,"d":"1.01"},{"v":0.0187734304565,"d":"0.02"},{"v":7.53408827113,"d":"7.53"},{"v":0.00787670156794,"d":"0.01"},"1_61264001_69974_337877","außerhalb GKL",{"v":1.01412405541,"d":"1.01"},{"v":1,"d":"1.00"},{"v":7.53408827113,"d":"7.53"}]
[6,612,61264,{"v":12979.13915,"d":"12,979.14"},1798,{"v":0.138529989,"d":"0.14"},"M",430,61264001,{"v":6858.08802378,"d":"6,858.09"},443,{"v":0.064595263,"d":"0.06"},{"v":54.01911269,"d":"54.02"},{"v":0.905906425,"d":"0.91"},{"v":401.3165462,"d":"401.32"},{"v":41.6834538299999,"d":"41.68"},1,"1_61264001_69975",{"v":1.24268282059,"d":"1.24"},{"v":0.0230045026419,"d":"0.02"},{"v":9.2320875473,"d":"9.23"},{"v":0.00787670156794,"d":"0.01"},"1_61264001_69975_337878","außerhalb GKL",{"v":1.24268282059,"d":"1.24"},{"v":1,"d":"1.00"},{"v":9.2320875473,"d":"9.23"}]
[6,612,61264,{"v":12979.13915,"d":"12,979.14"},1798,{"v":0.138529989,"d":"0.14"},"M",430,61264001,{"v":6858.08802378,"d":"6,858.09"},443,{"v":0.064595263,"d":"0.06"},{"v":54.01911269,"d":"54.02"},{"v":0.905906425,"d":"0.91"},{"v":401.3165462,"d":"401.32"},{"v":41.6834538299999,"d":"41.68"},1,"1_61264001_69976",{"v":1.04856055924,"d":"1.05"},{"v":0.019410917859,"d":"0.02"},{"v":7.78992251375,"d":"7.79"},{"v":0.00787670156794,"d":"0.01"},"1_61264001_69976_337879","außerhalb GKL",{"v":1.04856055924,"d":"1.05"},{"v":1,"d":"1.00"},{"v":7.78992251375,"d":"7.79"}]
[6,612,61264,{"v":12979.13915,"d":"12,979.14"},1798,{"v":0.138529989,"d":"0.14"},"M",430,61264001,{"v":6858.08802378,"d":"6,858.09"},443,{"v":0.064595263,"d":"0.06"},{"v":54.01911269,"d":"54.02"},{"v":0.905906425,"d":"0.91"},{"v":401.3165462,"d":"401.32"},{"v":41.6834538299999,"d":"41.68"},1,"1_61264001_69977",{"v":0.144680522233,"d":"0.14"},{"v":0.00267832096879,"d":"0.00"},{"v":1.07485452081,"d":"1.07"},{"v":0.00787670156794,"d":"0.01"},"1_61264001_69977_337880","außerhalb GKL",{"v":0.144680522233,"d":"0.14"},{"v":1,"d":"1.00"},{"v":1.07485452081,"d":"1.07"}]
[6,612,61264,{"v":12979.13915,"d":"12,979.14"},1798,{"v":0.138529989,"d":"0.14"},"M",430,61264001,{"v":6858.08802378,"d":"6,858.09"},443,{"v":0.064595263,"d":"0.06"},{"v":54.01911269,"d":"54.02"},{"v":0.905906425,"d":"0.91"},{"v":401.3165462,"d":"401.32"},{"v":41.6834538299999,"d":"41.68"},1,"1_61264001_69978",{"v":0.107309894955,"d":"0.11"},{"v":0.00198651717163,"d":"0.00"},{"v":0.797222210286,"d":"0.80"},{"v":0.00787670156794,"d":"0.01"},"1_61264001_69978_337881","außerhalb GKL",{"v":0.107309894955,"d":"0.11"},{"v":1,"d":"1.00"},{"v":0.797222210286,"d":"0.80"}]
[6,621,62142,{"v":41358.31079,"d":"41,358.31"},3669,{"v":0.088712521,"d":"0.09"},"ST",430,62142003,{"v":5805.07758499,"d":"5,805.08"},179,{"v":0.030835075,"d":"0.03"},{"v":40.7703211899999,"d":"40.77"},{"v":0.905906425,"d":"0.91"},{"v":162.15725,"d":"162.16"},{"v":16.84274997,"d":"16.84"},1,"1_62142003_77651",{"v":0.168455126004,"d":"0.17"},{"v":0.00413180767497,"d":"0.00"},{"v":0.670002570102,"d":"0.67"},{"v":0.00702321727713,"d":"0.01"},"1_62142003_77651_337882","außerhalb GKL",{"v":0.168455126004,"d":"0.17"},{"v":1,"d":"1.00"},{"v":0.670002570102,"d":"0.67"}]
[6,621,62142,{"v":41358.31079,"d":"41,358.31"},3669,{"v":0.088712521,"d":"0.09"},"ST",430,62142003,{"v":5805.07758499,"d":"5,805.08"},179,{"v":0.030835075,"d":"0.03"},{"v":40.7703211899999,"d":"40.77"},{"v":0.905906425,"d":"0.91"},{"v":162.15725,"d":"162.16"},{"v":16.84274997,"d":"16.84"},1,"1_62142003_77652",{"v":2.4058403922,"d":"2.41"},{"v":0.0590096011505,"d":"0.06"},{"v":9.56883464615999,"d":"9.57"},{"v":0.00702321727713,"d":"0.01"},"1_62142003_77652_337883","außerhalb GKL",{"v":2.4058403922,"d":"2.41"},{"v":1,"d":"1.00"},{"v":9.56883464615999,"d":"9.57"}]
[6,621,62142,{"v":41358.31079,"d":"41,358.31"},3669,{"v":0.088712521,"d":"0.09"},"ST",430,62142003,{"v":5805.07758499,"d":"5,805.08"},179,{"v":0.030835075,"d":"0.03"},{"v":40.7703211899999,"d":"40.77"},{"v":0.905906425,"d":"0.91"},{"v":162.15725,"d":"162.16"},{"v":16.84274997,"d":"16.84"},1,"1_62142003_77653",{"v":0.168746232652,"d":"0.17"},{"v":4.13894783575E-3,"d":"0.00"},{"v":0.671160398939,"d":"0.67"},{"v":0.00702321727713,"d":"0.01"},"1_62142003_77653_337884","außerhalb GKL",{"v":0.168746232652,"d":"0.17"},{"v":1,"d":"1.00"},{"v":0.671160398939,"d":"0.67"}]
[6,621,62142,{"v":41358.31079,"d":"41,358.31"},3669,{"v":0.088712521,"d":"0.09"},"ST",430,62142003,{"v":5805.07758499,"d":"5,805.08"},179,{"v":0.030835075,"d":"0.03"},{"v":40.7703211899999,"d":"40.77"},{"v":0.905906425,"d":"0.91"},{"v":162.15725,"d":"162.16"},{"v":16.84274997,"d":"16.84"},1,"1_62142003_77654",{"v":0.148891727617,"d":"0.15"},{"v":0.0036519635674,"d":"0.00"},{"v":0.59219236919,"d":"0.59"},{"v":0.00702321727713,"d":"0.01"},"1_62142003_77654_337885","außerhalb GKL",{"v":0.148891727617,"d":"0.15"},{"v":1,"d":"1.00"},{"v":0.59219236919,"d":"0.59"}]
[6,621,62142,{"v":41358.31079,"d":"41,358.31"},3669,{"v":0.088712521,"d":"0.09"},"ST",430,62142003,{"v":5805.07758499,"d":"5,805.08"},179,{"v":0.030835075,"d":"0.03"},{"v":40.7703211899999,"d":"40.77"},{"v":0.905906425,"d":"0.91"},{"v":162.15725,"d":"162.16"},{"v":16.84274997,"d":"16.84"},1,"1_62142003_77655",{"v":0.359651961381,"d":"0.36"},{"v":0.00882141594384,"d":"0.01"},{"v":1.43045655056,"d":"1.43"},{"v":0.00702321727713,"d":"0.01"},"1_62142003_77655_337886","außerhalb GKL",{"v":0.359651961381,"d":"0.36"},{"v":1,"d":"1.00"},{"v":1.43045655056,"d":"1.43"}]
[6,621,62142,{"v":41358.31079,"d":"41,358.31"},3669,{"v":0.088712521,"d":"0.09"},"ST",430,62142003,{"v":5805.07758499,"d":"5,805.08"},179,{"v":0.030835075,"d":"0.03"},{"v":40.7703211899999,"d":"40.77"},{"v":0.905906425,"d":"0.91"},{"v":162.15725,"d":"162.16"},{"v":16.84274997,"d":"16.84"},1,"1_62142003_77656",{"v":0.76043989693,"d":"0.76"},{"v":0.0186518004944,"d":"0.02"},{"v":3.02452467572,"d":"3.02"},{"v":0.00702321727713,"d":"0.01"},"1_62142003_77656_337887","außerhalb GKL",{"v":0.76043989693,"d":"0.76"},{"v":1,"d":"1.00"},{"v":3.02452467572,"d":"3.02"}]
[6,621,62142,{"v":41358.31079,"d":"41,358.31"},3669,{"v":0.088712521,"d":"0.09"},"ST",430,62142003,{"v":5805.07758499,"d":"5,805.08"},179,{"v":0.030835075,"d":"0.03"},{"v":40.7703211899999,"d":"40.77"},{"v":0.905906425,"d":"0.91"},{"v":162.15725,"d":"162.16"},{"v":16.84274997,"d":"16.84"},1,"1_62142003_77657",{"v":0.409035237892,"d":"0.41"},{"v":0.0100326714618,"d":"0.01"},{"v":1.6268704144,"d":"1.63"},{"v":0.00702321727713,"d":"0.01"},"1_62142003_77657_337888","außerhalb GKL",{"v":0.409035237892,"d":"0.41"},{"v":1,"d":"1.00"},{"v":1.6268704144,"d":"1.63"}]
[6,621,62142,{"v":41358.31079,"d":"41,358.31"},3669,{"v":0.088712521,"d":"0.09"},"ST",430,62142003,{"v":5805.07758499,"d":"5,805.08"},179,{"v":0.030835075,"d":"0.03"},{"v":40.7703211899999,"d":"40.77"},{"v":0.905906425,"d":"0.91"},{"v":162.15725,"d":"162.16"},{"v":16.84274997,"d":"16.84"},1,"1_62142003_77658",{"v":1.50517517295,"d":"1.51"},{"v":0.0369184036087,"d":"0.04"},{"v":5.98658680358,"d":"5.99"},{"v":0.00702321727713,"d":"0.01"},"1_62142003_77658_337889","außerhalb GKL",{"v":1.50517517295,"d":"1.51"},{"v":1,"d":"1.00"},{"v":5.98658680358,"d":"5.99"}]
[6,621,62142,{"v":41358.31079,"d":"41,358.31"},3669,{"v":0.088712521,"d":"0.09"},"ST",430,62142003,{"v":5805.07758499,"d":"5,805.08"},179,{"v":0.030835075,"d":"0.03"},{"v":40.7703211899999,"d":"40.77"},{"v":0.905906425,"d":"0.91"},{"v":162.15725,"d":"162.16"},{"v":16.84274997,"d":"16.84"},1,"1_62142003_77659",{"v":0.242900335929,"d":"0.24"},{"v":0.00595777342045,"d":"0.01"},{"v":0.966096153983,"d":"0.97"},{"v":0.00702321727713,"d":"0.01"},"1_62142003_77659_337890","außerhalb GKL",{"v":0.242900335929,"d":"0.24"},{"v":1,"d":"1.00"},{"v":0.966096153983,"d":"0.97"}]
[6,621,62142,{"v":41358.31079,"d":"41,358.31"},3669,{"v":0.088712521,"d":"0.09"},"ST",430,62142003,{"v":5805.07758499,"d":"5,805.08"},179,{"v":0.030835075,"d":"0.03"},{"v":40.7703211899999,"d":"40.77"},{"v":0.905906425,"d":"0.91"},{"v":162.15725,"d":"162.16"},{"v":16.84274997,"d":"16.84"},1,"1_62142003_77662",{"v":0.610814111393,"d":"0.61"},{"v":0.0149818322143,"d":"0.01"},{"v":2.42941271183,"d":"2.43"},{"v":0.00702321727713,"d":"0.01"},"1_62142003_77662_337891","außerhalb GKL",{"v":0.610814111392,"d":"0.61"},{"v":0.999999999998,"d":"1.00"},{"v":2.42941271183,"d":"2.43"}]
[6,621,62142,{"v":41358.31079,"d":"41,358.31"},3669,{"v":0.088712521,"d":"0.09"},"ST",430,62142003,{"v":5805.07758499,"d":"5,805.08"},179,{"v":0.030835075,"d":"0.03"},{"v":40.7703211899999,"d":"40.77"},{"v":0.905906425,"d":"0.91"},{"v":162.15725,"d":"162.16"},{"v":16.84274997,"d":"16.84"},1,"1_62142003_77666",{"v":0.708247155562,"d":"0.71"},{"v":0.0173716354174,"d":"0.02"},{"v":2.81693662729,"d":"2.82"},{"v":0.00702321727713,"d":"0.01"},"1_62142003_77666_337892","außerhalb GKL",{"v":0.144462883108,"d":"0.14"},{"v":0.203972415524,"d":"0.20"},{"v":0.574577368246,"d":"0.57"}]
[6,621,62142,{"v":41358.31079,"d":"41,358.31"},3669,{"v":0.088712521,"d":"0.09"},"ST",430,62142003,{"v":5805.07758499,"d":"5,805.08"},179,{"v":0.030835075,"d":"0.03"},{"v":40.7703211899999,"d":"40.77"},{"v":0.905906425,"d":"0.91"},{"v":162.15725,"d":"162.16"},{"v":16.84274997,"d":"16.84"},1,"1_62142003_77667",{"v":0.463352401594,"d":"0.46"},{"v":0.0113649436176,"d":"0.01"},{"v":1.84290800344,"d":"1.84"},{"v":0.00702321727713,"d":"0.01"},"1_62142003_77667_337893","außerhalb GKL",{"v":0.00902303019472,"d":"0.01"},{"v":0.0194733644709,"d":"0.02"},{"v":0.0358876192373,"d":"0.04"}]
[6,621,62142,{"v":41358.31079,"d":"41,358.31"},3669,{"v":0.088712521,"d":"0.09"},"ST",430,62142003,{"v":5805.07758499,"d":"5,805.08"},179,{"v":0.030835075,"d":"0.03"},{"v":40.7703211899999,"d":"40.77"},{"v":0.905906425,"d":"0.91"},{"v":162.15725,"d":"162.16"},{"v":16.84274997,"d":"16.84"},1,"1_62142003_77669",{"v":0.438716999005,"d":"0.44"},{"v":0.0107606951871,"d":"0.01"},{"v":1.74492473963,"d":"1.74"},{"v":0.00702321727713,"d":"0.01"},"1_62142003_77669_337894","außerhalb GKL",{"v":0.130012397983,"d":"0.13"},{"v":0.296346843815,"d":"0.30"},{"v":0.517102939284,"d":"0.52"}]
[6,621,62142,{"v":41358.31079,"d":"41,358.31"},3669,{"v":0.088712521,"d":"0.09"},"ST",430,62142003,{"v":5805.07758499,"d":"5,805.08"},179,{"v":0.030835075,"d":"0.03"},{"v":40.7703211899999,"d":"40.77"},{"v":0.905906425,"d":"0.91"},{"v":162.15725,"d":"162.16"},{"v":16.84274997,"d":"16.84"},1,"1_62142003_77670",{"v":2.50197592077,"d":"2.50"},{"v":0.0613675793504,"d":"0.06"},{"v":9.95119790661999,"d":"9.95"},{"v":0.00702321727713,"d":"0.01"},"1_62142003_77670_337895","außerhalb GKL",{"v":2.50197592077,"d":"2.50"},{"v":1,"d":"1.00"},{"v":9.95119790661999,"d":"9.95"}]
[6,621,62142,{"v":41358.31079,"d":"41,358.31"},3669,{"v":0.088712521,"d":"0.09"},"ST",430,62142003,{"v":5805.07758499,"d":"5,805.08"},179,{"v":0.030835075,"d":"0.03"},{"v":40.7703211899999,"d":"40.77"},{"v":0.905906425,"d":"0.91"},{"v":162.15725,"d":"162.16"},{"v":16.84274997,"d":"16.84"},1,"1_62142003_77671",{"v":1.7445556607,"d":"1.74"},{"v":0.0427898434395,"d":"0.04"},{"v":6.93868334008,"d":"6.94"},{"v":0.00702321727713,"d":"0.01"},"1_62142003_77671_337896","außerhalb GKL",{"v":1.59993278492,"d":"1.60"},{"v":0.917100451973,"d":"0.92"},{"v":6.36346962728,"d":"6.36"}]
[6,621,62142,{"v":41358.31079,"d":"41,358.31"},3669,{"v":0.088712521,"d":"0.09"},"ST",430,62142003,{"v":5805.07758499,"d":"5,805.08"},179,{"v":0.030835075,"d":"0.03"},{"v":40.7703211899999,"d":"40.77"},{"v":0.905906425,"d":"0.91"},{"v":162.15725,"d":"162.16"},{"v":16.84274997,"d":"16.84"},1,"1_62142003_77672",{"v":1.09096477374,"d":"1.09"},{"v":0.0267587976228,"d":"0.03"},{"v":4.33913303582,"d":"4.34"},{"v":0.00702321727713,"d":"0.01"},"1_62142003_77672_337897","außerhalb GKL",{"v":1.09096477374,"d":"1.09"},{"v":1,"d":"1.00"},{"v":4.33913303582,"d":"4.34"}]
[6,621,62142,{"v":41358.31079,"d":"41,358.31"},3669,{"v":0.088712521,"d":"0.09"},"ST",430,62142003,{"v":5805.07758499,"d":"5,805.08"},179,{"v":0.030835075,"d":"0.03"},{"v":40.7703211899999,"d":"40.77"},{"v":0.905906425,"d":"0.91"},{"v":162.15725,"d":"162.16"},{"v":16.84274997,"d":"16.84"},1,"1_62142003_77673",{"v":1.71561954812,"d":"1.72"},{"v":0.0420801087174,"d":"0.04"},{"v":6.82359470931,"d":"6.82"},{"v":0.00702321727713,"d":"0.01"},"1_62142003_77673_337898","außerhalb GKL",{"v":1.687001958,"d":"1.69"},{"v":0.983319384445,"d":"0.98"},{"v":6.70977294926,"d":"6.71"}]
[6,621,62142,{"v":41358.31079,"d":"41,358.31"},3669,{"v":0.088712521,"d":"0.09"},"ST",430,62142003,{"v":5805.07758499,"d":"5,805.08"},179,{"v":0.030835075,"d":"0.03"},{"v":40.7703211899999,"d":"40.77"},{"v":0.905906425,"d":"0.91"},{"v":162.15725,"d":"162.16"},{"v":16.84274997,"d":"16.84"},1,"1_62142003_77674",{"v":0.200279946971,"d":"0.20"},{"v":0.00491239561341,"d":"0.00"},{"v":0.796580563583,"d":"0.80"},{"v":0.00702321727713,"d":"0.01"},"1_62142003_77674_337899","außerhalb GKL",{"v":0.200279946971,"d":"0.20"},{"v":1,"d":"1.00"},{"v":0.796580563583,"d":"0.80"}]
[6,621,62142,{"v":41358.31079,"d":"41,358.31"},3669,{"v":0.088712521,"d":"0.09"},"ST",430,62142003,{"v":5805.07758499,"d":"5,805.08"},179,{"v":0.030835075,"d":"0.03"},{"v":40.7703211899999,"d":"40.77"},{"v":0.905906425,"d":"0.91"},{"v":162.15725,"d":"162.16"},{"v":16.84274997,"d":"16.84"},1,"1_62142003_77675",{"v":0.498030346993,"d":"0.50"},{"v":0.0122155119817,"d":"0.01"},{"v":1.98083383029,"d":"1.98"},{"v":0.00702321727713,"d":"0.01"},"1_62142003_77675_337900","außerhalb GKL",{"v":0.498030346993,"d":"0.50"},{"v":1,"d":"1.00"},{"v":1.98083383029,"d":"1.98"}]
[6,621,62142,{"v":41358.31079,"d":"41,358.31"},3669,{"v":0.088712521,"d":"0.09"},"ST",430,62142003,{"v":5805.07758499,"d":"5,805.08"},179,{"v":0.030835075,"d":"0.03"},{"v":40.7703211899999,"d":"40.77"},{"v":0.905906425,"d":"0.91"},{"v":162.15725,"d":"162.16"},{"v":16.84274997,"d":"16.84"},1,"1_62142003_77676",{"v":8.01881689310999,"d":"8.02"},{"v":0.19668270102,"d":"0.20"},{"v":31.8935259199999,"d":"31.89"},{"v":0.00702321727713,"d":"0.01"},"1_62142003_77676_337901","außerhalb GKL",{"v":8.01881689310999,"d":"8.02"},{"v":1,"d":"1.00"},{"v":31.8935259199999,"d":"31.89"}]
[6,621,62142,{"v":41358.31079,"d":"41,358.31"},3669,{"v":0.088712521,"d":"0.09"},"ST",430,62142003,{"v":5805.07758499,"d":"5,805.08"},179,{"v":0.030835075,"d":"0.03"},{"v":40.7703211899999,"d":"40.77"},{"v":0.905906425,"d":"0.91"},{"v":162.15725,"d":"162.16"},{"v":16.84274997,"d":"16.84"},1,"1_62142003_77677",{"v":0.193550424142,"d":"0.19"},{"v":0.00474733626061,"d":"0.00"},{"v":0.769814992846,"d":"0.77"},{"v":0.00702321727713,"d":"0.01"},"1_62142003_77677_337902","außerhalb GKL",{"v":0.193550424141,"d":"0.19"},{"v":0.999999999995,"d":"1.00"},{"v":0.769814992842,"d":"0.77"}]
[6,621,62142,{"v":41358.31079,"d":"41,358.31"},3669,{"v":0.088712521,"d":"0.09"},"ST",430,62142003,{"v":5805.07758499,"d":"5,805.08"},179,{"v":0.030835075,"d":"0.03"},{"v":40.7703211899999,"d":"40.77"},{"v":0.905906425,"d":"0.91"},{"v":162.15725,"d":"162.16"},{"v":16.84274997,"d":"16.84"},1,"1_62142003_77678",{"v":0.0540552133436,"d":"0.05"},{"v":1.32584713011E-3,"d":"0.00"},{"v":0.214995724539,"d":"0.21"},{"v":0.00702321727713,"d":"0.01"},"1_62142003_77678_337903","außerhalb GKL",{"v":0.0540552133436,"d":"0.05"},{"v":1,"d":"1.00"},{"v":0.214995724539,"d":"0.21"}]
[6,621,62142,{"v":41358.31079,"d":"41,358.31"},3669,{"v":0.088712521,"d":"0.09"},"ST",430,62142003,{"v":5805.07758499,"d":"5,805.08"},179,{"v":0.030835075,"d":"0.03"},{"v":40.7703211899999,"d":"40.77"},{"v":0.905906425,"d":"0.91"},{"v":162.15725,"d":"162.16"},{"v":16.84274997,"d":"16.84"},1,"1_62142003_77679",{"v":12.6045602728,"d":"12.60"},{"v":0.309160190671,"d":"0.31"},{"v":50.1325663287,"d":"50.13"},{"v":0.00702321727713,"d":"0.01"},"1_62142003_77679_337904","außerhalb GKL",{"v":0.859752759379,"d":"0.86"},{"v":0.0682096591052,"d":"0.07"},{"v":3.41952525935,"d":"3.42"}]
[6,621,62142,{"v":41358.31079,"d":"41,358.31"},3669,{"v":0.088712521,"d":"0.09"},"ST",430,62142004,{"v":5409.53681366,"d":"5,409.54"},113,{"v":0.020889034,"d":"0.02"},{"v":14.49100159,"d":"14.49"},{"v":0.905906425,"d":"0.91"},{"v":102.367425999999,"d":"102.37"},{"v":10.632574,"d":"10.63"},1,"1_62142004_77694",{"v":0.134031685584,"d":"0.13"},{"v":0.00924930445639,"d":"0.01"},{"v":0.946827489491,"d":"0.95"},{"v":2.67878786838E-3,"d":"0.00"},"1_62142004_77694_337905","F",{"v":0.0107791294068,"d":"0.01"},{"v":0.0804222476188,"d":"0.08"},{"v":0.0761459948121,"d":"0.08"}]
[6,621,62142,{"v":41358.31079,"d":"41,358.31"},3669,{"v":0.088712521,"d":"0.09"},"ST",430,62142004,{"v":5409.53681366,"d":"5,409.54"},113,{"v":0.020889034,"d":"0.02"},{"v":14.49100159,"d":"14.49"},{"v":0.905906425,"d":"0.91"},{"v":102.367425999999,"d":"102.37"},{"v":10.632574,"d":"10.63"},1,"1_62142004_77694",{"v":0.134031685584,"d":"0.13"},{"v":0.00924930445639,"d":"0.01"},{"v":0.946827489491,"d":"0.95"},{"v":2.67878786838E-3,"d":"0.00"},"1_62142004_77694_337906","G",{"v":0.123252556183,"d":"0.12"},{"v":0.919577752424,"d":"0.92"},{"v":0.870681494719,"d":"0.87"}]
[6,621,62142,{"v":41358.31079,"d":"41,358.31"},3669,{"v":0.088712521,"d":"0.09"},"ST",430,62142004,{"v":5409.53681366,"d":"5,409.54"},113,{"v":0.020889034,"d":"0.02"},{"v":14.49100159,"d":"14.49"},{"v":0.905906425,"d":"0.91"},{"v":102.367425999999,"d":"102.37"},{"v":10.632574,"d":"10.63"},1,"1_62142004_77695",{"v":0.532376626537,"d":"0.53"},{"v":0.0367384285503,"d":"0.04"},{"v":3.76081836598,"d":"3.76"},{"v":2.67878786838E-3,"d":"0.00"},"1_62142004_77695_337907","außerhalb GKL",{"v":2.31935730815E-4,"d":"0.00"},{"v":0.000435660994968,"d":"0.00"},{"v":1.63844187122E-3,"d":"0.00"}]
[6,621,62142,{"v":41358.31079,"d":"41,358.31"},3669,{"v":0.088712521,"d":"0.09"},"ST",430,62142004,{"v":5409.53681366,"d":"5,409.54"},113,{"v":0.020889034,"d":"0.02"},{"v":14.49100159,"d":"14.49"},{"v":0.905906425,"d":"0.91"},{"v":102.367425999999,"d":"102.37"},{"v":10.632574,"d":"10.63"},1,"1_62142004_77695",{"v":0.532376626537,"d":"0.53"},{"v":0.0367384285503,"d":"0.04"},{"v":3.76081836598,"d":"3.76"},{"v":2.67878786838E-3,"d":"0.00"},"1_62142004_77695_337908","F",{"v":0.292216528798,"d":"0.29"},{"v":0.54889060532,"d":"0.55"},{"v":2.0642778694,"d":"2.06"}]
[6,621,62142,{"v":41358.31079,"d":"41,358.31"},3669,{"v":0.088712521,"d":"0.09"},"ST",430,62142004,{"v":5409.53681366,"d":"5,409.54"},113,{"v":0.020889034,"d":"0.02"},{"v":14.49100159,"d":"14.49"},{"v":0.905906425,"d":"0.91"},{"v":102.367425999999,"d":"102.37"},{"v":10.632574,"d":"10.63"},1,"1_62142004_77695",{"v":0.532376626537,"d":"0.53"},{"v":0.0367384285503,"d":"0.04"},{"v":3.76081836598,"d":"3.76"},{"v":2.67878786838E-3,"d":"0.00"},"1_62142004_77695_337909","G",{"v":0.239928161994,"d":"0.24"},{"v":0.450673733659,"d":"0.45"},{"v":1.69490205461,"d":"1.69"}]
[6,621,62142,{"v":41358.31079,"d":"41,358.31"},3669,{"v":0.088712521,"d":"0.09"},"ST",430,62142004,{"v":5409.53681366,"d":"5,409.54"},113,{"v":0.020889034,"d":"0.02"},{"v":14.49100159,"d":"14.49"},{"v":0.905906425,"d":"0.91"},{"v":102.367425999999,"d":"102.37"},{"v":10.632574,"d":"10.63"},1,"1_62142004_77696",{"v":0.646765638775,"d":"0.65"},{"v":0.0446322246781,"d":"0.04"},{"v":4.56888595695,"d":"4.57"},{"v":2.67878786838E-3,"d":"0.00"},"1_62142004_77696_337910","F",{"v":0.646765638774,"d":"0.65"},{"v":0.999999999998,"d":"1.00"},{"v":4.56888595694,"d":"4.57"}]
[6,621,62142,{"v":41358.31079,"d":"41,358.31"},3669,{"v":0.088712521,"d":"0.09"},"ST",430,62142004,{"v":5409.53681366,"d":"5,409.54"},113,{"v":0.020889034,"d":"0.02"},{"v":14.49100159,"d":"14.49"},{"v":0.905906425,"d":"0.91"},{"v":102.367425999999,"d":"102.37"},{"v":10.632574,"d":"10.63"},1,"1_62142004_77697",{"v":0.145980212782,"d":"0.15"},{"v":0.0100738525129,"d":"0.01"},{"v":1.03123435165,"d":"1.03"},{"v":2.67878786838E-3,"d":"0.00"},"1_62142004_77697_337911","G",{"v":0.145980212782,"d":"0.15"},{"v":1,"d":"1.00"},{"v":1.03123435165,"d":"1.03"}]
[6,621,62142,{"v":41358.31079,"d":"41,358.31"},3669,{"v":0.088712521,"d":"0.09"},"ST",430,62142004,{"v":5409.53681366,"d":"5,409.54"},113,{"v":0.020889034,"d":"0.02"},{"v":14.49100159,"d":"14.49"},{"v":0.905906425,"d":"0.91"},{"v":102.367425999999,"d":"102.37"},{"v":10.632574,"d":"10.63"},1,"1_62142004_77698",{"v":0.248745648101,"d":"0.25"},{"v":0.0171655248642,"d":"0.02"},{"v":1.75719059629,"d":"1.76"},{"v":2.67878786838E-3,"d":"0.00"},"1_62142004_77698_337912","G",{"v":0.248745648101,"d":"0.25"},{"v":1,"d":"1.00"},{"v":1.75719059629,"d":"1.76"}]
[6,621,62142,{"v":41358.31079,"d":"41,358.31"},3669,{"v":0.088712521,"d":"0.09"},"ST",430,62142004,{"v":5409.53681366,"d":"5,409.54"},113,{"v":0.020889034,"d":"0.02"},{"v":14.49100159,"d":"14.49"},{"v":0.905906425,"d":"0.91"},{"v":102.367425999999,"d":"102.37"},{"v":10.632574,"d":"10.63"},1,"1_62142004_77699",{"v":0.626382712487,"d":"0.63"},{"v":0.0432256327209,"d":"0.04"},{"v":4.42489675886,"d":"4.42"},{"v":2.67878786838E-3,"d":"0.00"},"1_62142004_77699_337913","F",{"v":0.626382712488,"d":"0.63"},{"v":1,"d":"1.00"},{"v":4.42489675886,"d":"4.42"}]
[6,621,62142,{"v":41358.31079,"d":"41,358.31"},3669,{"v":0.088712521,"d":"0.09"},"ST",430,62142004,{"v":5409.53681366,"d":"5,409.54"},113,{"v":0.020889034,"d":"0.02"},{"v":14.49100159,"d":"14.49"},{"v":0.905906425,"d":"0.91"},{"v":102.367425999999,"d":"102.37"},{"v":10.632574,"d":"10.63"},1,"1_62142004_77700",{"v":0.055815416367,"d":"0.06"},{"v":0.003851729366,"d":"0.00"},{"v":0.394291620846,"d":"0.39"},{"v":2.67878786838E-3,"d":"0.00"},"1_62142004_77700_337914","F",{"v":0.055815416367,"d":"0.06"},{"v":1,"d":"1.00"},{"v":0.394291620846,"d":"0.39"}]
[6,621,62142,{"v":41358.31079,"d":"41,358.31"},3669,{"v":0.088712521,"d":"0.09"},"ST",430,62142006,{"v":15819.2861319,"d":"15,819.29"},81,{"v":5.120332E-3,"d":"0.01"},{"v":0.910215788,"d":"0.91"},{"v":0.905906425,"d":"0.91"},{"v":73.37842041,"d":"73.38"},{"v":7.621579594,"d":"7.62"},1,"1_62142006_77702",{"v":0.61578259163,"d":"0.62"},{"v":0.676523742774,"d":"0.68"},{"v":49.6422436145999,"d":"49.64"},{"v":5.753836048E-5,"d":"0.00"},"1_62142006_77702_337915","außerhalb GKL",{"v":0.615782591631,"d":"0.62"},{"v":1,"d":"1.00"},{"v":49.6422436145999,"d":"49.64"}]
[6,621,62144,{"v":27457.97249,"d":"27,457.97"},2380,{"v":0.086677922,"d":"0.09"},"M",420,62144002,{"v":5749.27382503999,"d":"5,749.27"},284,{"v":0.049397543,"d":"0.05"},{"v":74.2723726199999,"d":"74.27"},{"v":0.920429496,"d":"0.92"},{"v":261.4019768,"d":"261.40"},{"v":22.5980231799999,"d":"22.60"},1,"1_62144002_77850",{"v":0.15928791557,"d":"0.16"},{"v":0.00214464557885,"d":"0.00"},{"v":0.560614593847,"d":"0.56"},{"v":0.0129185658711,"d":"0.01"},"1_62144002_77850_337916","außerhalb GKL",{"v":0.15928791557,"d":"0.16"},{"v":1,"d":"1.00"},{"v":0.560614593847,"d":"0.56"}]
[6,621,62144,{"v":27457.97249,"d":"27,457.97"},2380,{"v":0.086677922,"d":"0.09"},"M",420,62144004,{"v":10817.2474849999,"d":"10,817.25"},353,{"v":0.032633071,"d":"0.03"},{"v":210.9824725,"d":"210.98"},{"v":0.920429496,"d":"0.92"},{"v":324.911611999999,"d":"324.91"},{"v":28.0883879699999,"d":"28.09"},1,"1_62144004_77862",{"v":35.1107553108,"d":"35.11"},{"v":0.166415507861,"d":"0.17"},{"v":54.0703309208999,"d":"54.07"},{"v":0.0195042660152,"d":"0.02"},"1_62144004_77862_337917","außerhalb GKL",{"v":35.1107553108,"d":"35.11"},{"v":1,"d":"1.00"},{"v":54.0703309208999,"d":"54.07"}]